{"text_format":"3","workbook":"xlsx","n_sheets":24,"sheets":["Schedule","SUMMARY PAGE 1","P&G'S (MV & LV)","Block Breakdown Prev","Block Breakdown This","Block Breakdown Cum","MOff Site  & Advance Payments","Material Credit","CPA","Provisional Amounts","UPS","MH Claim","CLAIM NO.15 SUMMARY","Wage Increase","Training Schedule","Safety Braai","WG 50","SMME NO.LV01","SMME NO.LV03.","SMME NO.LV04","Material offsite Summary","Light Fittings","Cable","IUSS P & G's"],"not_rendered":{"images":2,"defined_names":27,"comments":2},"read":"whole","date_system":"1900"}

{"sheet":"Schedule","index":0,"n_rows":627,"n_cols":15,"rows_kept":627,"merged":[[3,4,3,5],[46,0,46,1],[51,4,51,5],[114,0,114,1],[118,4,118,5],[184,0,184,1],[187,4,187,5],[190,0,190,1],[248,0,248,1],[251,4,251,5],[312,0,312,1],[314,4,314,5],[317,0,317,1],[410,0,410,1],[412,0,412,1],[496,0,496,1],[560,0,560,1],[563,4,563,5],[626,0,626,1]]}
[]
["ALTERATIONS AND ADDITIONS AT PROTEA FLATS - NEW GSA OFFICES"]
[]
["BILL NO. 1 : PROVISIONAL AND SUPERVISION AMOUNTS",{"$nulls":7},"Material","Labour","PC Amounts","SMME Management","Lightning Protection","Busbar Installations","Barloworld"]
["ITEM","DESCRIPTION","UNIT","QTY","RATE","TENDER AMOUNT"]
[]
[null,"A Preliminary and General item is provided to cover the Contractor's  charges for compliance with the Conditions of Contract and this Specification, including the provision, maintenance and removal of his site establishment, etc."]
[{"v":1.1,"d":"1.10"},"FIXED CHARGES"]
["1.1.1","Site Establishment","Sum",1]
["1.1.2","Removal of Site Establishment ","Sum",1]
["1.1.3","Provision of Electricity and Water","Sum",1]
["1.1.4","Provision of Toilet Facilities","Sum",1]
["1.1.5","Other Fixed-charge Obligations","Sum",1]
[null,"(Please Specify).  .  .  .  .  .  .  .  .  .  .  .  . ","Sum",1]
[null," .  .  .  .  .  .  .  .  .  .  .  .  .  .  .  .  .  .  ","Sum",1]
[{"v":1.2,"d":"1.20"},"CONTRACTUAL REQUIREMENTS"]
["1.2.1","Provision of Sureties","Sum",1]
["1.2.2","Insurances","Sum",1]
["1.2.3","Third Party Insurance","Sum",1]
["1.2.4","Guarantee of the Works","Sum",1]
["1.2.5","Provide Test Results","Sum",1]
["1.2.6","Provision of Record Drawings","Sum",1]
["1.2.7","All OHSA Requirements including safety equipment and clothing","Sum",1]
["1.2.8","All HIV / AIDS Specification Requirements","Sum",1]
["1.2.9","Other Value Related Obligations","Sum",1]
[null,"(Please Specify).  .  .  .  .  .  .  .  .  .  .  .  . ","Sum",1]
[null," .  .  .  .  .  .  .  .  .  .  .  .  .  .  .  .  .  .  ","Sum",1]
[{"v":1.3,"d":"1.30"},"TIME-RELATED ITEMS",null,1]
["1.3.1","Contractual Requirements","Sum",1]
["1.3.2","Operation and Maintenance of Site Establishment","Sum",1]
["1.3.3","Supervision for the Duration of Contract","Sum",1]
["1.3.4","Other Time-Related Obligations","Sum",1]
[null,"(Please Specify).  .  .  .  .  .  .  .  .  .  .  .  .  .","Sum",1]
[null," .  .  .  .  .  .  .  .  .  .  .  .  .  .  .  .  .  .  . ","Sum",1]
{"$rows_empty":12}
["TOTAL SCHEDULE NO. 1 TO PRICE SUMMARY"]
[]
[]
[]
[{"$f":"A2","v":"ALTERATIONS AND ADDITIONS AT PROTEA FLATS - NEW GSA OFFICES"}]
["BILL NO. 2 : DISTRIBUTION BOARDS (DB) "]
[]
["ITEM","DESCRIPTION","UNIT","QTY","RATE","TENDER AMOUNT"]
["2.1","Distribution board"]
[null,"Supply and Install new DB to specifications and drawings"]
[]
["2.1.1","MDB"]
[null,"       Supply","each",1,{"$nulls":4},{"$f":"+D59*E59","v":{"v":0,"d":"0.00"}}]
[null,"       Install","each",{"$f":"D59","v":1},{"$nulls":5},{"$f":"+D60*E60","v":{"v":0,"d":"0.00"}}]
[]
["2.1.2","Existing DB"]
["2.1.2.1","Replace existing circuit breaker with new 300A 3pole Circuit Breaker Curve 2 in the existing DB including labling ",{"$nulls":6},{"$f":"+D63*E63","v":{"v":0,"d":"0.00"}}]
[null,"       Supply","each",1,{"$nulls":5},{"$f":"+D64*E64","v":{"v":0,"d":"0.00"}}]
[null,"       Install","each",{"$f":"D64","v":1}]
[]
["2.1.2.2","Remove and dispose existing Distribution Board including feeder cables and conductors","each",1]
{"$rows_empty":47}
["TOTAL SCHEDULE NO. 2 TO PRICE SUMMARY"]
[]
[]
[{"$f":"A2","v":"ALTERATIONS AND ADDITIONS AT PROTEA FLATS - NEW GSA OFFICES"}]
["BILL NO. 3 : GENERAL LIGHTING "]
[]
["ITEM","DESCRIPTION","UNIT","QTY","RATE","TENDER AMOUNT"]
[]
["3.1","Remove and dispose existing Luminaires"]
[null,"Remove and dispose existing lights including; conductors, conduits, etc"]
["3.1.1","Concrete/Wall/Ceiling mounted bulkhead","each",10]
[]
["3.1.2","Open channel fluorescent luminaires","each",15]
[]
["3.1.3","Surface mounted open channel fluorescent luminaire with reflector or diffuser","each",80]
[]
["3.2","Luminaires"]
[null,"Luminaires mounted on concrete or suspended ceilings, or on brickwork including lamps and fixing material."]
["3.2.1","Type-A (40W LED Channel Luminaire)"]
[null,"       Supply","each",2]
[null,"       Install","each",{"$f":"D134","v":2}]
[]
["3.2.2","Type-JSS (600 x 600mm LED luminaire with surface bracket)"]
[null,"       Supply","each",74]
[null,"       Install","each",{"$f":"D138","v":74}]
[]
["3.2.3","Type-N (20W LED Bulk Head - Wall Mounted)"]
[null,"       Supply","each",10]
[null,"       Install","each",{"$f":"D142","v":10}]
[]
["3.2.4","Type-EX (1W LED Maintained Emergency Exit Sign)"," "]
[null,"       Supply","each",1]
[null,"       Install","each",{"$f":"D146","v":1}]
[]
["3.3","Occupancy Sensors"]
[null,"Ceiling mounted occupancy sensors with accessories for a complete installation"]
[]
["3.3.1","Motion Detector (Passive Infra Red) "]
[null,"Supply","each",10]
[null,"Install","each",{"$f":"D153","v":10}]
[]
["3.4","Photo-cell"]
[]
["3.4.1","5 Amp photo-cell."]
[null,"       Supply","each",2]
[null,"       Install","each",{"$f":"D159","v":2},{"$nulls":4},{"$f":"+D134*E134","v":{"v":0,"d":"0.00"}}]
[{"$nulls":9},{"$f":"+D135*E135","v":{"v":0,"d":"0.00"}}]
["3.5","Conduit"]
[" ","Galvanised conduit fixed on steel trusses including cutting, bending, reaming, setting, joining, draw boxes and  fixing material (average)."]
[{"$nulls":8},{"$f":"+D138*E138","v":{"v":0,"d":"0.00"}}]
["3.5.1","20mm",{"$nulls":7},{"$f":"+D139*E139","v":{"v":0,"d":"0.00"}}]
[null,"       Supply","m",{"v":2500,"d":"2,500"}]
[null,"       Install","m",{"$f":"D166","v":{"v":2500,"d":"2,500"}}]
[]
["3.6","Conduit Boxes"]
[" ","Round galvanised box for 20mm conduit, back or side entry for 1, 2, 3 or 4-way fixed on trusses including couplings bushes cover plates and fixing materials (average rate)",{"$nulls":6},{"$f":"+D159*E159","v":{"v":0,"d":"0.00"}}]
["3.6.1","20mm  Galvanised round box",{"$nulls":7},{"$f":"+D160*E160","v":{"v":0,"d":"0.00"}}]
[" ","       Supply","each",100]
[null,"       Install","each",{"$f":"D172","v":100}]
[]
["3.6.2","Galvanised boxes with 20mm knockouts as specified chased into brickwork."]
[]
["3.6.3","100mm x 50mm x 50mm",{"$nulls":6},{"$f":"+D166*E166","v":{"v":0,"d":"0.00"}}]
[null,"       Supply","each",35,{"$nulls":5},{"$f":"+D167*E167","v":{"v":0,"d":"0.00"}}]
[null,"       Install","each",{"$f":"D178","v":35}]
[]
["3.6.4","100mm x 100mm x 50mm"]
[null,"       Supply","each",6]
[null,"       Install","each",{"$f":"D182","v":6},{"$nulls":4},{"$f":"+D172*E172","v":{"v":0,"d":"0.00"}}]
[{"$nulls":9},{"$f":"+D173*E173","v":{"v":0,"d":"0.00"}}]
["TOTAL SCHEDULE NO. 3 TO NEXT PAGE"]
[]
[{"$f":"A2","v":"ALTERATIONS AND ADDITIONS AT PROTEA FLATS - NEW GSA OFFICES"}]
["BILL NO. 3 : GENERAL LIGHTING "]
[]
["ITEM","DESCRIPTION","UNIT","QTY","RATE","TENDER AMOUNT"]
["TOTAL FROM PREVIOUS PAGE"]
["3.7","Conductors"]
[" ","600/1000 grade PVC insulated single core copper"]
[null,"conductors drawn into conduit"]
[]
["3.7.1","1,5mm² red/black"]
[null,"       Supply","m",{"v":5500,"d":"5,500"}]
[null,"       Install","m",{"$f":"D197","v":{"v":5500,"d":"5,500"}}]
[]
["3.7.2","2,5mm² yellow & green",{"$nulls":6},{"$f":"+D182*E182","v":{"v":0,"d":"0.00"}}]
[null,"       Supply","m",{"$f":"D197/2","v":{"v":2750,"d":"2,750"}},{"$nulls":5},{"$f":"+D183*E183","v":{"v":0,"d":"0.00"}}]
[null,"       Install","m",{"$f":"D201","v":{"v":2750,"d":"2,750"}}]
[]
["3.8","Light Switches"]
[null,"16 Amp rocker type light switch with coverplate installed into a flush box measured elsewhere."]
[]
["3.8.1","Single lever, one way"]
[null,"       Supply","each",12,{"$nulls":4},{"$f":"+D197*E197","v":{"v":0,"d":"0.00"}}]
[null,"       Install","each",{"$f":"D208","v":12},{"$nulls":5},{"$f":"+D198*E198","v":{"v":0,"d":"0.00"}}]
[]
["3.8.2","Double lever, one way"]
[null,"       Supply","each",2,{"$nulls":4},{"$f":"+D201*E201","v":{"v":0,"d":"0.00"}}]
[null,"       Install","each",{"$f":"D212","v":2},{"$nulls":5},{"$f":"+D202*E202","v":{"v":0,"d":"0.00"}}]
{"$rows_empty":35}
["TOTAL SCHEDULE NO. 3 TO PRICE SUMMARY"]
[]
[{"$f":"A2","v":"ALTERATIONS AND ADDITIONS AT PROTEA FLATS - NEW GSA OFFICES"},{"$nulls":8},{"$f":"+D209*E209","v":{"v":0,"d":"0.00"}}]
["BILL NO. 4: GENERAL POWER "]
[]
["ITEM","DESCRIPTION","UNIT","QTY","RATE","TENDER AMOUNT"]
["4.1","Remove and dispose existing Socket Outlets and Isolators"]
[null,"Remove and dispose existing light-switches, socket outlets and isolators including conductors, conduits, etc"]
["4.1.1","Isolator","each",10]
[]
["4.1.2","Switch","each",10]
[]
["4.1.3","Socket Outlet","each",20]
[]
["4.2","Socket Outlets"]
[]
["4.2.1","16 Amp 3 pin switched socket outlets with cover plates Standard: installed into existing flush wall Box (single). Colour: White"]
[null,"       Supply ","each",30]
[null,"       Install","each",{"$f":"D266","v":30}]
[]
["4.2.1","16 Amp 3 pin Dedicated switched socket outlets with cover plates Standard: installed into surface-mounted Box (single). Colour: Red"]
[null,"       Supply ","each",6]
[null,"       Install","each",{"$f":"D270","v":6}]
[]
["4.2.4","16 Amp 3 pin standard switched socket outlets with cover plates and craddles installed in power skirting. Colour: White "]
[null,"       Supply ","each",16]
[null,"       Install","each",{"$f":"D274","v":16}]
[]
["4.2.5","16 Amp 3 pin dedicated switched socket outlets with cover plates and craddles installed in a power skirting. Colour: RED"]
[null,"       Supply ","each",16]
[null,"       Install","each",{"$f":"D278","v":16}]
[]
["4.2.6","16 Amp 3 pin Euro switched socket outlets with cover plates and craddles installed in a power skirting. Colour: White"]
[null,"       Supply ","each",16]
[null,"       Install","each",{"$f":"D282","v":16}]
[]
["4.2.7","Purpose made floor flush mounted cluster box with 1 x 16 Amp 3 pin normal switched, 2 x dedicated switched, 1 x euro, 2 x data "]
[null,"       Supply ","each",2]
[null,"       Install","each",{"$f":"D286","v":2}]
[]
["4.2.8","5 amp unswitched Socket outlet for lights in the ceiling void"]
[null,"       Supply ","each",110]
[null,"       Install","each",{"$f":"D290","v":110}]
[]
["4.3","Conduit"]
[" ","Galvanised conduit fixed on steel trusses including cutting, bending, reaming, setting, joining, draw boxes and  fixing material (average)."]
["4.3.1","20mm"]
[null,"       Supply","m",{"v":2000,"d":"2,000"}]
[null,"       Install","m",{"$f":"D296","v":{"v":2000,"d":"2,000"}}]
[]
["4.3","Data and Network"]
["4.4.1","Data and PC network outlets mounted in power skirting complete with cover plate and craddles"]
[null,"       Supply ","each",32]
[null,"       Install","each",{"$f":"D301","v":32}]
[]
["4.5","ISOLATORS FOR HVAC AND VENTILATION"]
[" ","Supply and install complete including all surface boxes, isolators and associated equipment."]
["4.5.1","20 Amp indoor flush wall mounted double isolator. ","Nº",2]
["4.5.2","20 Amp outdoor flush wall mounted double isolator. ","Nº",9]
["4.5.3","20 Amp three phase outdoor surface mount isolator for AC Condenser. ","Nº",1]
[]
[]
[]
[]
["TOTAL SCHEDULE NO. 4 TO NEXT PAGE"]
[{"$f":"A2","v":"ALTERATIONS AND ADDITIONS AT PROTEA FLATS - NEW GSA OFFICES"}]
[{"$f":"A252","v":"BILL NO. 4: GENERAL POWER "}]
[]
["ITEM","DESCRIPTION","UNIT","QTY","RATE","TENDER AMOUNT"]
["TOTAL FROM PREVIOUS PAGE"]
[]
["4.6","Conductors"]
[" ","600/1000 grade PVC insulated single core copper",{"$nulls":6},{"$f":"+D296*E296","v":{"v":0,"d":"0.00"}}]
[null,"conductors drawn into conduit",{"$nulls":7},{"$f":"+D297*E297","v":{"v":0,"d":"0.00"}}]
[]
["4.6.1","2,5mm² red/black"]
[null,"       Supply","m",{"v":4200,"d":"4,200"}]
[null,"       Install","m",{"$f":"D325","v":{"v":4200,"d":"4,200"}}]
[]
["4.6.2","2,5mm² yellow & green",{"$nulls":6},{"$f":"+#REF!*#REF!","v":{"$error":"#REF!"}}]
[null,"       Supply","m",{"$f":"D325/2","v":{"v":2100,"d":"2,100"}},{"$nulls":5},{"$f":"+#REF!*#REF!","v":{"$error":"#REF!"}}]
[null,"       Install","m",{"$f":"D329","v":{"v":2100,"d":"2,100"}}]
[]
["4.6.3","2,5mm² surffix cable"]
[null,"       Supply","m",30]
[null,"       Install","m",{"$f":"D333","v":30}]
{"$rows_empty":32}
["4.6.4","4mm² surffix cable"]
[null,"       Supply","m",120]
[null,"       Install","m",{"$f":"D368","v":120}]
{"$rows_empty":41}
["TOTAL SCHEDULE NO. 4 TO PRICE SUMMARY"]
[{"$f":"A2","v":"ALTERATIONS AND ADDITIONS AT PROTEA FLATS - NEW GSA OFFICES"}]
["BILL NO. 5 : CABLING AND CABLE SLEEVES",{"$nulls":7},{"$f":"+D325*E325","v":{"v":0,"d":"0.00"}}]
[{"$nulls":9},{"$f":"+D326*E326","v":{"v":0,"d":"0.00"}}]
["ITEM","DESCRIPTION","UNIT","QTY","RATE","TENDER AMOUNT"]
["5.1","LV Cabling"]
["5.1.1","Multicore PVCSWAPVC cable with stranded copper conductors to SANS 1507-3  drawn into cable sleeves, installed on cable trays/ladders or laid in open trenches and ducts. All cables to be complete with ECC for earthing ",{"$nulls":6},{"$f":"+D329*E329","v":{"v":0,"d":"0.00"}}]
[{"$nulls":9},{"$f":"+D330*E330","v":{"v":0,"d":"0.00"}}]
["5.1.1.1","120mm2 4 Core "]
[null,"Supply","m",120]
[null,"Install","m",{"$f":"D420","v":120}]
[null,"Terminations","No.",2]
{"$rows_empty":74}
["TOTAL SCHEDULE NO. 5 TO PRICE SUMMARY"]
[{"$f":"A2","v":"ALTERATIONS AND ADDITIONS AT PROTEA FLATS - NEW GSA OFFICES"}]
[]
["BILL NO. 6 : POWER RETICULATION EQUIPMENT "]
["ITEM","DESCRIPTION","UNIT","QTY","RATE","TENDER AMOUNT"]
["6.1","Wiring Duct"]
[]
["6.1.1","P9000 galvanised wiring duct including covers, hangers and splices."]
[null,"       Supply","m",30]
[null,"       Install","m",{"$f":"D505","v":30}]
[]
["6.1.2","External elbow"]
[null,"       Supply","each",1]
[null,"       Install","each",{"$f":"D509","v":1}]
[]
["6.1.3","Tee radiused"]
[null,"       Supply","each",1]
[null,"       Install","each",{"$f":"D513","v":1}]
[]
["6.1.4","Distribution Outlet"]
[null,"       Supply","each",1]
[null,"       Install","each",{"$f":"D517","v":1}]
[]
["6.1.5","Endcap"]
[null,"       Supply","each",2]
[null,"       Install","each",{"$f":"D521","v":2}]
[]
["6.2","Cable Tray"]
[]
[" ","300mm wide wiremash Galvanised Cable tray installed on side mounted angle Brackets.(Medium Duty Cable Tray)"]
[]
["6.2.1","Cable Tray"," "]
[null,"       Supply","m",30]
[null,"       Install","m",{"$f":"D529","v":30}]
[]
["6.2.2","Bend"," "]
[null,"       Supply","m",2]
[null,"       Install","m",{"$f":"D533","v":2}]
[]
["6.2.3","Tee radiused"]
[null,"       Supply","each",2]
[null,"       Install","each",{"$f":"D537","v":2}]
[]
["6.3","POWER SKIRTING"]
[]
["6.3.1","Fixed on walls or worktops 2-Compartment aluminium powerskirting , complete with covers "," "]
[null,"       Supply","m",80]
[null,"       Install","m",{"$f":"D543","v":80}]
[]
["6.3.2","Endcap"]
[null,"       Supply","each",30]
[null,"       Install","each",{"$f":"D547","v":30}]
[]
["6.3.3","Power Skirting Risers matching above power skirting with 3 compartments"]
[null,"       Supply","each",6]
[null,"       Install","each",{"$f":"D551","v":6}]
{"$rows_empty":8}
["TOTAL SCHEDULE NO. 6 TO PRICE SUMMARY"]
[{"$f":"A2","v":"ALTERATIONS AND ADDITIONS AT PROTEA FLATS - NEW GSA OFFICES"}]
[]
["BILL NO. 7 : SUNDRY ITEMS"]
[]
["ITEM","DESCRIPTION","UNIT","QTY","RATE","TENDER AMOUNT"]
[{"$nulls":5}," "]
["7.1","Housekeeping, sundry items, consumable stocks such "]
[null,"as circuit beads engraving, labels etc.","Sum",1]
[]
["7.2","Testing of complete installation in terms of the regulations","Sum",1]
[]
["7.3","Provide Certificate of Compliance for all buildings","Sum",1]
{"$rows_empty":53}
["TOTAL SCHEDULE NO. 7 TO PRICE SUMMARY"]

{"sheet":"SUMMARY PAGE 1","index":1,"n_rows":19,"n_cols":3,"rows_kept":19}
[]
[null,{"$f":"Schedule!A2","v":"ALTERATIONS AND ADDITIONS AT PROTEA FLATS - NEW GSA OFFICES"}]
[]
[null," ELECTRICAL INSTALLATION"]
[null,"SUMMARY OF MAIN BILL"]
[]
[]
[null,"DESCRIPTION","TENDER"]
[]
[null,{"$f":"Schedule!A4","v":"BILL NO. 1 : PROVISIONAL AND SUPERVISION AMOUNTS"}]
[null,{"$f":"Schedule!A52","v":"BILL NO. 2 : DISTRIBUTION BOARDS (DB) "}]
[null,{"$f":"Schedule!A119","v":"BILL NO. 3 : GENERAL LIGHTING "}]
[null,{"$f":"Schedule!A252","v":"BILL NO. 4: GENERAL POWER "}]
[null,{"$f":"Schedule!A413","v":"BILL NO. 5 : CABLING AND CABLE SLEEVES"}]
[null,{"$f":"Schedule!A500","v":"BILL NO. 6 : POWER RETICULATION EQUIPMENT "}]
[null,{"$f":"Schedule!A564","v":"BILL NO. 7 : SUNDRY ITEMS"}]
[null,"SUBTOTAL EXCLUDING VAT @ 15%"]
[null,"MAIN CONTRACTOR'S PROFIT AND ATTENDANCE"]
[null,"TOTAL (EXCLUDING VAT) CARRIED OVER TO SECTION 9 ON FINAL SUMMARY IN BOQ PAGE 345"]

{"sheet":"P&G'S (MV & LV)","index":2,"n_rows":110,"n_cols":95,"rows_kept":110,"hidden":true,"merged":[[3,4,4,4],[3,5,4,5],[3,6,4,6],[3,11,4,11],[3,12,4,12],[3,13,4,13],[3,14,4,14],[3,15,4,15],[3,16,4,16],[3,17,4,17],[3,18,4,18],[3,19,4,19],[3,20,4,20],[3,21,4,21],[3,22,4,22],[3,23,4,23],[3,24,4,24],[3,25,4,25],[3,26,4,26],[3,27,4,27],[3,28,4,28],[3,29,4,29],[3,30,4,30],[3,31,4,31],[3,32,4,32],[3,33,4,33],[3,34,4,34],[3,35,4,35],[3,36,4,36],[3,37,4,37],[3,38,4,38],[3,39,4,39],[3,40,4,40],[3,41,4,41],[3,42,4,42],[3,43,4,43],[3,44,4,44],[3,45,4,45],[3,46,4,46],[3,47,4,47],[3,48,4,48],[3,49,4,49],[3,50,4,50],[3,51,4,51],[3,52,4,52],[3,53,4,53],[3,54,4,54],[3,55,4,55],[3,56,4,56],[3,57,4,57],[3,58,4,58],[3,59,4,59],[3,60,4,60],[3,61,4,61],[3,62,4,62],[3,63,4,63],[3,64,4,64],[3,65,4,65],[3,66,4,66],[3,67,4,67],[3,68,4,68],[3,69,4,69],[3,70,4,70],[3,71,4,71],[3,72,4,72],[3,73,4,73],[3,74,4,74],[3,75,4,75],[3,76,4,76],[3,77,4,77],[3,78,4,78],[3,79,4,79],[3,80,4,80],[3,81,4,81],[3,82,4,82],[3,83,4,83],[3,84,4,84],[3,85,4,85],[3,86,4,86],[3,87,4,87],[3,88,4,88],[3,89,4,89],[3,90,4,90],[3,91,4,91],[76,4,77,4],[76,5,77,5],[76,6,77,6],[76,12,77,12],[76,13,77,13],[76,14,77,14],[76,15,77,15],[76,16,77,16],[76,17,77,17],[76,18,77,18],[76,19,77,19],[76,20,77,20],[76,21,77,21],[76,22,77,22],[76,23,77,23],[76,24,77,24],[76,25,77,25],[76,26,77,26],[76,27,77,27],[76,28,77,28],[76,29,77,29],[76,30,77,30],[76,31,77,31],[76,32,77,32],[76,33,77,33],[76,34,77,34],[76,35,77,35],[76,36,77,36],[76,37,77,37],[76,38,77,38],[76,39,77,39],[76,40,77,40],[76,41,77,41],[76,42,77,42],[76,43,77,43],[76,44,77,44],[76,45,77,45],[76,46,77,46],[76,47,77,47],[76,48,77,48],[76,49,77,49],[76,50,77,50],[76,51,77,51],[76,52,77,52],[76,53,77,53],[76,54,77,54],[76,55,77,55],[76,58,77,58],[76,59,77,59],[76,60,77,60],[76,61,77,61],[76,62,77,62],[76,63,77,63],[76,64,77,64],[76,65,77,65],[76,66,77,66],[76,67,77,67],[76,68,77,68],[76,69,77,69],[76,80,77,80],[76,81,77,81],[76,82,77,82],[76,83,77,83],[76,84,77,84],[76,85,77,85],[76,86,77,86],[76,87,77,87],[76,88,77,88],[76,89,77,89],[76,90,77,90],[76,91,77,91]]}
[]
["SECTION 01 - PRELIMINARIES (LV RETICULATION)"]
[]
[{"$nulls":3},"Tender","Prev.","This","Cum.",null,null,"VALUE","TIME","TENDER AMOUNT","Claim No.1","Sub Total CL1","Claim No2","SubTotal CL 2","Claim No3","SubTotal CL 3","Claim No4","SubTotal CL 4","Claim No5","SubTotal CL 5","Claim No.6","SubTotal CL 6","Claim No.7","SubTotal CL 7","Claim No.8","SubTotal CL 8","Claim No.9","SubTotal CL 9","Claim No.10","SubTotal CL 10","Claim No.11","SubTotal CL 11","Claim No.12","SubTotal CL 12","Claim No.13","SubTotal CL 13","Claim No.14","SubTotal CL 14","Claim No.15","SubTotal CL 15","Claim No.16","SubTotal CL 16","Claim No.17","SubTotal CL 17","Claim No.18","SubTotal CL 18","Claim No.19","SubTotal CL 19","Claim No.20","SubTotal CL 20","Claim No.21","SubTotal CL 21","Claim No.22","SubTotal CL 22","Claim No.23","SubTotal CL 23","Claim No.24","SubTotal CL 24","Claim No.25","SubTotal CL 25","Claim No.26","SubTotal CL 26","Claim No.28","SubTotal CL 28","Claim No.29","SubTotal CL 29","Claim No.30","SubTotal CL 30","Claim No.31","SubTotal CL 31","Claim No.32","SubTotal CL 32","Claim No.33","SubTotal CL 33","Claim No.34","SubTotal CL 34","Claim No.35","SubTotal CL 35","Claim No.49","SubTotal CL 49","Claim No.50","SubTotal CL 50","Claim No.51","SubTotal CL 51","Claim No.52","SubTotal CL 52","Claim No.53","SubTotal CL 53","Total QTY","Total Amount"]
["ITEM","DESCRIPTION","UNIT","Qty",{"$nulls":3},"RATE","FIXED","RELATED","RELATED"]
[]
["A6.0","Subcontractor's Site Represantative","Sum",1,{"v":1.0000000000000002,"d":"1"},null,{"$f":"+E7+F7","v":{"v":1.0000000000000002,"d":"1"}},{"v":851000,"d":"851 000.00"},null,null,{"$f":"+G7*H7","v":{"v":851000.0000000002,"d":"851 000.00"}},{"$f":"+D7*H7","v":{"v":851000,"d":"851 000.00"}},null,null,{"$f":"3/36","v":{"v":0.08333333333333333,"d":"0.08"}},{"$f":"+H7*O7","v":{"v":70916.66666666666,"d":"70,916.67"}},{"$f":"1/36","v":{"v":0.027777777777777776,"d":"0.03"}},{"$f":"+H7*Q7","v":{"v":23638.888888888887,"d":"23,638.89"}},{"$f":"5/36-O7-Q7","v":{"v":0.02777777777777779,"d":"0.03"}},{"$f":"+H7*S7","v":{"v":23638.888888888898,"d":"23,638.89"}},{"$f":"6/36-O7-Q7-S7","v":{"v":0.027777777777777762,"d":"0.03"}},{"$f":"+$H7*U7","v":{"v":23638.888888888876,"d":"23,638.89"}},{"$f":"7/36-O7-Q7-S7-U7","v":{"v":0.02777777777777779,"d":"0.03"}},{"$f":"+$H7*W7","v":{"v":23638.888888888898,"d":"23,638.89"}},{"$f":"8/36-M7-O7-Q7-S7-U7-W7","v":{"v":0.027777777777777776,"d":"0.03"}},{"$f":"+$H7*Y7","v":{"v":23638.888888888887,"d":"23,638.89"}},{"$f":"9/36-O7-Q7-S7-U7-W7-Y7","v":{"v":0.027777777777777776,"d":"0.03"}},{"$f":"+$H7*AA7","v":{"v":23638.888888888887,"d":"23,638.89"}},{"$f":"10/36-O7-Q7-S7-U7-W7-Y7-AA7","v":{"v":0.02777777777777779,"d":"0.03"}},{"$f":"+$H7*AC7","v":{"v":23638.888888888898,"d":"23,638.89"}},{"$f":"11/36-O7-Q7-S7-U7-W7-Y7-AA7-AC7","v":{"v":0.02777777777777779,"d":"0.03"}},{"$f":"+$H7*AE7","v":{"v":23638.888888888898,"d":"23,638.89"}},{"$f":"12/36-O7-Q7-S7-U7-W7-Y7-AA7-AC7-AE7","v":{"v":0.027777777777777735,"d":"0.03"}},{"$f":"+$H7*AG7","v":{"v":23638.88888888885,"d":"23,638.89"}},{"$f":"13/36-O7-Q7-S7-U7-W7-Y7-AA7-AC7-AE7-AG7","v":{"v":0.027777777777777804,"d":"0.03"}},{"$f":"+$H7*AI7","v":{"v":23638.888888888912,"d":"23,638.89"}},{"$f":"14/36-O7-Q7-S7-U7-W7-Y7-AA7-AC7-AE7-AG7-AI7","v":{"v":0.027777777777777776,"d":"0.03"}},{"$f":"+$H7*AK7","v":{"v":23638.888888888887,"d":"23,638.89"}},{"$f":"15/36-Q7-S7-U7-W7-Y7-AA7-AC7-AE7-AG7-AI7-AK7-O7","v":{"v":0.02777777777777779,"d":"0.03"}},{"$f":"+$H7*AM7","v":{"v":23638.888888888898,"d":"23,638.89"}},{"$f":"1/36","v":{"v":0.027777777777777776,"d":"0.03"}},{"$f":"+$H7*AO7","v":{"v":23638.888888888887,"d":"23,638.89"}},{"$f":"1/36","v":{"v":0.027777777777777776,"d":"0.03"}},{"$f":"+$H7*AQ7","v":{"v":23638.888888888887,"d":"23,638.89"}},{"$f":"1/36","v":{"v":0.027777777777777776,"d":"0.03"}},{"$f":"+$H7*AS7","v":{"v":23638.888888888887,"d":"23,638.89"}},{"$f":"1/36","v":{"v":0.027777777777777776,"d":"0.03"}},{"$f":"+$H7*AU7","v":{"v":23638.888888888887,"d":"23,638.89"}},{"$f":"1/36","v":{"v":0.027777777777777776,"d":"0.03"}},{"$f":"+$H7*AW7","v":{"v":23638.888888888887,"d":"23,638.89"}},{"$f":"1/36","v":{"v":0.027777777777777776,"d":"0.03"}},{"$f":"+$H7*AY7","v":{"v":23638.888888888887,"d":"23,638.89"}},{"$f":"1/36","v":{"v":0.027777777777777776,"d":"0.03"}},{"$f":"+$H7*BA7","v":{"v":23638.888888888887,"d":"23,638.89"}},{"$f":"1/36","v":{"v":0.027777777777777776,"d":"0.03"}},{"$f":"+$H7*BC7","v":{"v":23638.888888888887,"d":"23,638.89"}},{"$f":"1/36","v":{"v":0.027777777777777776,"d":"0.03"}},{"$f":"+$H7*BE7","v":{"v":23638.888888888887,"d":"23,638.89"}},{"$f":"1/36","v":{"v":0.027777777777777776,"d":"0.03"}},{"$f":"+$H7*BG7","v":{"v":23638.888888888887,"d":"23,638.89"}},{"$f":"2/36","v":{"v":0.05555555555555555,"d":"0.06"}},{"$f":"+$H7*BI7","v":{"v":47277.777777777774,"d":"47,277.78"}},{"v":0.027777777777777776,"d":"0.03"},{"$f":"+BK7*H7","v":{"v":23638.888888888887,"d":"23,638.89"}},{"v":0.027777777777777776,"d":"0.03"},{"$f":"+BM7*H7","v":{"v":23638.888888888887,"d":"23,638.89"}},{"v":0.027777777777777776,"d":"0.03"},{"$f":"+BO7*H7","v":{"v":23638.888888888887,"d":"23,638.89"}},{"v":0.027777777777777776,"d":"0.028"},{"$f":"+BQ7*H7","v":{"v":23638.888888888887,"d":"23,638.89"}},{"v":0.0277777777777778,"d":"0.028"},{"$f":"+BS7*H7","v":{"v":23638.88888888891,"d":"23,638.89"}},{"v":0.0277777777777778,"d":"0.028"},{"$f":"+BU7*H7","v":{"v":23638.88888888891,"d":"23,638.89"}},{"v":0.0277777777777778,"d":"0.028"},{"$f":"+BW7*H7","v":{"v":23638.88888888891,"d":"23,638.89"}},{"v":0.0277777777777778,"d":"0.028"},{"$f":"+BY7*H7","v":{"v":23638.88888888891,"d":"23,638.89"}},{"v":0.0277777777777778,"d":"0.03"},{"$f":"+CA7*K7","v":{"v":23638.888888888916,"d":"23,638.89"}},null,{"$f":"H7*CC7","v":{"v":0,"d":"0.00"}},null,{"$f":"J7*CE7","v":{"v":0,"d":"0.00"}},null,{"$f":"L7*CG7","v":{"v":0,"d":"0.00"}},null,{"$f":"K7*CI7","v":{"v":0,"d":"0.00"}},null,{"$f":"K7*CK7","v":{"v":0,"d":"0.00"}},{"$f":"M7+O7+Q7+S7+U7+W7+Y7+AA7+AC7+AE7+AG7+AI7+AK7+AM7+AO7+AQ7+AS7+AU7+AW7+AY7+BA7+BC7+BE7+BG7+BI7+BK7+BM7+BO7+BQ7+BS7+BU7+BW7+BY7+CA7+CC7+CE7+CG7+CI7+CK7","v":{"v":1.0000000000000002,"d":"1"}},{"$f":"+H7*CM7","v":{"v":851000.0000000002,"d":"851,000.00"}},{"v":0.33333333333333337,"d":"0.333333333333333"},{"$f":"+I7+J7+K7","v":{"v":851000.0000000002,"d":"851 000.00"}},{"$f":"+CP7-CN7","v":{"v":0,"d":"0.00"}}]
[{"$nulls":40},{"$f":"1/36","v":{"v":0.027777777777777776,"d":"0.03"}},null,{"$f":"1/36","v":{"v":0.027777777777777776,"d":"0.03"}},null,{"$f":"1/36","v":{"v":0.027777777777777776,"d":"0.03"}},null,{"$f":"1/36","v":{"v":0.027777777777777776,"d":"0.03"}},null,{"$f":"1/36","v":{"v":0.027777777777777776,"d":"0.03"}},null,{"$f":"1/36","v":{"v":0.027777777777777776,"d":"0.03"}},null,{"$f":"1/36","v":{"v":0.027777777777777776,"d":"0.03"}},null,{"$f":"1/36","v":{"v":0.027777777777777776,"d":"0.03"}},null,{"$f":"1/36","v":{"v":0.027777777777777776,"d":"0.03"}},{"$nulls":36},{"v":0,"d":" 0.00"},{"$f":"+CP8-CN8","v":{"v":0,"d":"0.00"}}]
["A7.0","Compliance with Laws and Regulations","Sum",1,{"v":0.9999999999777778,"d":"1"},null,{"$f":"+E9+F9","v":{"v":0.9999999999777778,"d":"1"}},{"v":10000,"d":"10 000.00"},{"$f":"+G9*H9","v":{"v":9999.999999777778,"d":"10 000.00"}},null,null,{"$f":"+D9*H9","v":{"v":10000,"d":"10 000.00"}},1,{"$f":"+H9*M9","v":{"v":10000,"d":"10,000.00"}},{"$nulls":51},{"$f":"+BM9*H9","v":{"v":0,"d":"0.00"}},null,{"$f":"+BO9*H9","v":{"v":0,"d":"0.00"}},null,{"$f":"+BQ9*H9","v":{"v":0,"d":"0.00"}},null,{"$f":"+BS9*H9","v":{"v":0,"d":"0.00"}},null,{"$f":"+BU9*H9","v":{"v":0,"d":"0.00"}},null,{"$f":"+BW9*H9","v":{"v":0,"d":"0.00"}},null,{"$f":"+BY9*H9","v":{"v":0,"d":"0.00"}},null,{"$f":"+CA9*K9","v":{"v":0,"d":"0.00"}},null,{"$f":"H9*CC9","v":{"v":0,"d":"0.00"}},null,{"$f":"J9*CE9","v":{"v":0,"d":"0.00"}},null,{"$f":"L9*CG9","v":{"v":0,"d":"0.00"}},null,{"$f":"K9*CI9","v":{"v":0,"d":"0.00"}},null,{"$f":"K9*CK9","v":{"v":0,"d":"0.00"}},{"$f":"M9+O9+Q9+S9+U9+W9+Y9+AA9+AC9+AE9+AG9+AI9+AK9+AM9+AO9+AQ9+AS9+AU9+AW9+AY9+BA9+BC9+BE9+BG9+BI9+BK9+BM9+BO9+BQ9+BS9+BU9+BW9+BY9+CA9+CC9+CE9+CG9+CI9+CK9","v":1},{"$f":"+H9*CM9","v":{"v":10000,"d":"10,000.00"}},1,{"v":9999.999999777778,"d":"10 000.00"},{"v":-2.2222229745239019E-7,"d":"-0.00"}]
[{"$nulls":40},{"v":0.027777777777777776,"d":"0.03"},null,{"v":0.027777777777777776,"d":"0.03"},null,{"v":0.027777777777777776,"d":"0.03"},null,{"v":0.027777777777777776,"d":"0.03"},null,{"$f":"1/36","v":{"v":0.027777777777777776,"d":"0.03"}},null,{"$f":"1/36","v":{"v":0.027777777777777776,"d":"0.03"}},null,{"$f":"1/36","v":{"v":0.027777777777777776,"d":"0.03"}},null,{"$f":"1/36","v":{"v":0.027777777777777776,"d":"0.03"}},null,{"$f":"1/36","v":{"v":0.027777777777777776,"d":"0.03"}},{"$nulls":36},{"v":0,"d":" 0.00"},{"v":0,"d":"0.00"}]
["A10.0","General Insurances","Sum",1,{"v":1.0000000000000002,"d":"1"},null,{"$f":"+E11+F11","v":{"v":1.0000000000000002,"d":"1"}},{"v":5000,"d":"5 000.00"},null,{"$f":"+G11*H11","v":{"v":5000.000000000001,"d":"5 000.00"}},null,{"$f":"+D11*H11","v":{"v":5000,"d":"5 000.00"}},null,null,{"$f":"3/36","v":{"v":0.08333333333333333,"d":"0.08"}},{"$f":"+H11*O11","v":{"v":416.66666666666663,"d":"416.67"}},{"$f":"1/36","v":{"v":0.027777777777777776,"d":"0.03"}},{"$f":"+H11*Q11","v":{"v":138.88888888888889,"d":"138.89"}},{"$f":"5/36-O11-Q11","v":{"v":0.02777777777777779,"d":"0.03"}},{"$f":"+H11*S11","v":{"v":138.88888888888894,"d":"138.89"}},{"$f":"6/36-O11-Q11-S11","v":{"v":0.027777777777777762,"d":"0.03"}},{"$f":"+$H11*U11","v":{"v":138.8888888888888,"d":"138.89"}},{"v":0.027777777777777776,"d":"0.03"},{"$f":"+$H11*W11","v":{"v":138.88888888888889,"d":"138.89"}},{"v":0.027777777777777776,"d":"0.03"},{"$f":"+$H11*Y11","v":{"v":138.88888888888889,"d":"138.89"}},{"v":0.027777777777777776,"d":"0.03"},{"$f":"+$H11*AA11","v":{"v":138.88888888888889,"d":"138.89"}},{"v":0.027777777777777776,"d":"0.03"},{"$f":"+$H11*AC11","v":{"v":138.88888888888889,"d":"138.89"}},{"v":0.027777777777777776,"d":"0.03"},{"$f":"+$H11*AE11","v":{"v":138.88888888888889,"d":"138.89"}},{"v":0.027777777777777776,"d":"0.03"},{"$f":"+$H11*AG11","v":{"v":138.88888888888889,"d":"138.89"}},{"v":0.027777777777777776,"d":"0.03"},{"$f":"+$H11*AI11","v":{"v":138.88888888888889,"d":"138.89"}},{"v":0.027777777777777776,"d":"0.03"},{"$f":"+$H11*AK11","v":{"v":138.88888888888889,"d":"138.89"}},{"v":0.027777777777777776,"d":"0.03"},{"$f":"+$H11*AM11","v":{"v":138.88888888888889,"d":"138.89"}},{"v":0.027777777777777776,"d":"0.03"},{"$f":"+$H11*AO11","v":{"v":138.88888888888889,"d":"138.89"}},{"v":0.027777777777777776,"d":"0.03"},{"$f":"+$H11*AQ11","v":{"v":138.88888888888889,"d":"138.89"}},{"v":0.027777777777777776,"d":"0.03"},{"$f":"+$H11*AS11","v":{"v":138.88888888888889,"d":"138.89"}},{"v":0.027777777777777776,"d":"0.03"},{"$f":"+$H11*AU11","v":{"v":138.88888888888889,"d":"138.89"}},{"$f":"1/36","v":{"v":0.027777777777777776,"d":"0.03"}},{"$f":"+$H11*AW11","v":{"v":138.88888888888889,"d":"138.89"}},{"$f":"1/36","v":{"v":0.027777777777777776,"d":"0.03"}},{"$f":"+$H11*AY11","v":{"v":138.88888888888889,"d":"138.89"}},{"$f":"1/36","v":{"v":0.027777777777777776,"d":"0.03"}},{"$f":"+$H11*BA11","v":{"v":138.88888888888889,"d":"138.89"}},{"$f":"1/36","v":{"v":0.027777777777777776,"d":"0.03"}},{"$f":"+$H11*BC11","v":{"v":138.88888888888889,"d":"138.89"}},{"$f":"1/36","v":{"v":0.027777777777777776,"d":"0.03"}},{"$f":"+$H11*BE11","v":{"v":138.88888888888889,"d":"138.89"}},{"$f":"1/36","v":{"v":0.027777777777777776,"d":"0.03"}},{"$f":"+$H11*BG11","v":{"v":138.88888888888889,"d":"138.89"}},{"$f":"2/36","v":{"v":0.05555555555555555,"d":"0.06"}},{"$f":"+$H11*BI11","v":{"v":277.77777777777777,"d":"277.78"}},{"v":0.027777777777777776,"d":"0.03"},{"$f":"+BK11*H11","v":{"v":138.88888888888889,"d":"138.89"}},{"v":0.027777777777777776,"d":"0.03"},{"$f":"+BM11*H11","v":{"v":138.88888888888889,"d":"138.89"}},{"v":0.027777777777777776,"d":"0.03"},{"$f":"+BO11*H11","v":{"v":138.88888888888889,"d":"138.89"}},{"v":0.027777777777777776,"d":"0.03"},{"$f":"+BQ11*H11","v":{"v":138.88888888888889,"d":"138.89"}},{"v":0.0277777777777778,"d":"0.03"},{"$f":"+BS11*H11","v":{"v":138.888888888889,"d":"138.89"}},{"v":0.0277777777777778,"d":"0.03"},{"$f":"+BU11*H11","v":{"v":138.888888888889,"d":"138.89"}},{"v":0.0277777777777778,"d":"0.03"},{"$f":"+BW11*H11","v":{"v":138.888888888889,"d":"138.89"}},{"v":0.0277777777777778,"d":"0.03"},{"$f":"+BY11*H11","v":{"v":138.888888888889,"d":"138.89"}},{"v":0.0277777777777778,"d":"0.03"},{"$f":"+CA11*K11","v":{"v":0,"d":"0.00"}},null,{"$f":"H11*CC11","v":{"v":0,"d":"0.00"}},null,{"$f":"J11*CE11","v":{"v":0,"d":"0.00"}},null,{"$f":"L11*CG11","v":{"v":0,"d":"0.00"}},null,{"$f":"K11*CI11","v":{"v":0,"d":"0.00"}},null,{"$f":"K11*CK11","v":{"v":0,"d":"0.00"}},{"$f":"M11+O11+Q11+S11+U11+W11+Y11+AA11+AC11+AE11+AG11+AI11+AK11+AM11+AO11+AQ11+AS11+AU11+AW11+AY11+BA11+BC11+BE11+BG11+BI11+BK11+BM11+BO11+BQ11+BS11+BU11+BW11+BY11+CA11+CC11+CE11+CG11+CI11+CK11","v":{"v":1.0000000000000004,"d":"1"}},{"$f":"+H11*CM11","v":{"v":5000.000000000002,"d":"5,000.00"}},0.61,{"v":5000.000000000001,"d":"5 000.00"},{"v":0,"d":"0.00"}]
[{"$nulls":40},{"v":0.027777777777777776,"d":"0.03"},null,{"v":0.027777777777777776,"d":"0.03"},null,{"v":0.027777777777777776,"d":"0.03"},null,{"v":0.027777777777777776,"d":"0.03"},{"$nulls":46},{"v":0,"d":" 0.00"},{"v":0,"d":"0.00"}]
["A11.0","Special Insurances","Sum",1,{"v":0.9999999955555554,"d":"1"},null,{"$f":"+E13+F13","v":{"v":0.9999999955555554,"d":"1"}},{"v":60000,"d":"60 000.00"},{"$f":"+G13*H13","v":{"v":59999.99973333332,"d":"60 000.00"}},null,null,{"$f":"+D13*H13","v":{"v":60000,"d":"60 000.00"}},1,{"$f":"+H13*M13","v":{"v":60000,"d":"60,000.00"}},{"$nulls":51},{"$f":"+BM13*H13","v":{"v":0,"d":"0.00"}},null,{"$f":"+BO13*H13","v":{"v":0,"d":"0.00"}},null,{"$f":"+BQ13*H13","v":{"v":0,"d":"0.00"}},null,{"$f":"+BS13*H13","v":{"v":0,"d":"0.00"}},null,{"$f":"+BU13*H13","v":{"v":0,"d":"0.00"}},null,{"$f":"+BW13*H13","v":{"v":0,"d":"0.00"}},null,{"$f":"+BY13*H13","v":{"v":0,"d":"0.00"}},null,{"$f":"+CA13*K13","v":{"v":0,"d":"0.00"}},null,{"$f":"H13*CC13","v":{"v":0,"d":"0.00"}},null,{"$f":"J13*CE13","v":{"v":0,"d":"0.00"}},null,{"$f":"L13*CG13","v":{"v":0,"d":"0.00"}},null,{"$f":"K13*CI13","v":{"v":0,"d":"0.00"}},null,{"$f":"K13*CK13","v":{"v":0,"d":"0.00"}},{"$f":"M13+O13+Q13+S13+U13+W13+Y13+AA13+AC13+AE13+AG13+AI13+AK13+AM13+AO13+AQ13+AS13+AU13+AW13+AY13+BA13+BC13+BE13+BG13+BI13+BK13+BM13+BO13+BQ13+BS13+BU13+BW13+BY13+CA13+CC13+CE13+CG13+CI13+CK13","v":1},{"$f":"+H13*CM13","v":{"v":60000,"d":"60,000.00"}},1,{"v":59999.99973333332,"d":"60 000.00"},{"v":-2.6666667690733448E-4,"d":"-0.00"}]
[{"$nulls":40},{"v":0.027777777777777776,"d":"0.03"},null,{"v":0.027777777777777776,"d":"0.03"},null,{"v":0.027777777777777776,"d":"0.03"},null,{"v":0.027777777777777776,"d":"0.03"},{"$nulls":46},{"v":0,"d":" 0.00"},{"v":0,"d":"0.00"}]
["A12.0","Effecting Insurances","Sum",1,{"v":1.0000000000000002,"d":"1"},null,{"$f":"+E15+F15","v":{"v":1.0000000000000002,"d":"1"}},{"v":10000,"d":"10 000.00"},null,null,{"$f":"+G15*H15","v":{"v":10000.000000000002,"d":"10 000.00"}},{"$f":"+D15*H15","v":{"v":10000,"d":"10 000.00"}},null,null,{"$f":"3/36","v":{"v":0.08333333333333333,"d":"0.08"}},{"$f":"+H15*O15","v":{"v":833.3333333333333,"d":"833.33"}},{"$f":"4/36-O15","v":{"v":0.027777777777777776,"d":"0.03"}},{"$f":"+H15*Q15","v":{"v":277.77777777777777,"d":"277.78"}},{"$f":"5/36-O15-Q15","v":{"v":0.02777777777777779,"d":"0.03"}},{"$f":"+H15*S15","v":{"v":277.7777777777779,"d":"277.78"}},{"$f":"6/36-O15-Q15-S15","v":{"v":0.027777777777777762,"d":"0.03"}},{"$f":"+$H15*U15","v":{"v":277.7777777777776,"d":"277.78"}},{"$f":"7/36-O15-Q15-S15-U15","v":{"v":0.02777777777777779,"d":"0.03"}},{"$f":"+$H15*W15","v":{"v":277.7777777777779,"d":"277.78"}},{"$f":"8/36-M15-O15-Q15-S15-U15-W15","v":{"v":0.027777777777777776,"d":"0.03"}},{"$f":"+$H15*Y15","v":{"v":277.77777777777777,"d":"277.78"}},{"$f":"9/36-O15-Q15-S15-U15-W15-Y15","v":{"v":0.027777777777777776,"d":"0.03"}},{"$f":"+$H15*AA15","v":{"v":277.77777777777777,"d":"277.78"}},{"$f":"10/36-O15-Q15-S15-U15-W15-Y15-AA15","v":{"v":0.02777777777777779,"d":"0.03"}},{"$f":"+$H15*AC15","v":{"v":277.7777777777779,"d":"277.78"}},{"$f":"11/36-O15-Q15-S15-U15-W15-Y15-AA15-AC15","v":{"v":0.02777777777777779,"d":"0.03"}},{"$f":"+$H15*AE15","v":{"v":277.7777777777779,"d":"277.78"}},{"$f":"12/36-O15-Q15-S15-U15-W15-Y15-AA15-AC15-AE15","v":{"v":0.027777777777777735,"d":"0.03"}},{"$f":"+$H15*AG15","v":{"v":277.7777777777774,"d":"277.78"}},{"$f":"13/36-O15-Q15-S15-U15-W15-Y15-AA15-AC15-AE15-AG15","v":{"v":0.027777777777777804,"d":"0.03"}},{"$f":"+$H15*AI15","v":{"v":277.77777777777806,"d":"277.78"}},{"$f":"14/36-O15-Q15-S15-U15-W15-Y15-AA15-AC15-AE15-AG15-AI15","v":{"v":0.027777777777777776,"d":"0.03"}},{"$f":"+$H15*AK15","v":{"v":277.77777777777777,"d":"277.78"}},{"$f":"15/36-Q15-S15-U15-W15-Y15-AA15-AC15-AE15-AG15-AI15-AK15-O15","v":{"v":0.02777777777777779,"d":"0.03"}},{"$f":"+$H15*AM15","v":{"v":277.7777777777779,"d":"277.78"}},{"v":0.027777777777777776,"d":"0.03"},{"$f":"+$H15*AO15","v":{"v":277.77777777777777,"d":"277.78"}},{"v":0.027777777777777776,"d":"0.03"},{"$f":"+$H15*AQ15","v":{"v":277.77777777777777,"d":"277.78"}},{"v":0.027777777777777776,"d":"0.03"},{"$f":"+$H15*AS15","v":{"v":277.77777777777777,"d":"277.78"}},{"v":0.027777777777777776,"d":"0.03"},{"$f":"+$H15*AU15","v":{"v":277.77777777777777,"d":"277.78"}},{"$f":"1/36","v":{"v":0.027777777777777776,"d":"0.03"}},{"$f":"+$H15*AW15","v":{"v":277.77777777777777,"d":"277.78"}},{"$f":"1/36","v":{"v":0.027777777777777776,"d":"0.03"}},{"$f":"+$H15*AY15","v":{"v":277.77777777777777,"d":"277.78"}},{"$f":"1/36","v":{"v":0.027777777777777776,"d":"0.03"}},{"$f":"+$H15*BA15","v":{"v":277.77777777777777,"d":"277.78"}},{"$f":"1/36","v":{"v":0.027777777777777776,"d":"0.03"}},{"$f":"+$H15*BC15","v":{"v":277.77777777777777,"d":"277.78"}},{"$f":"1/36","v":{"v":0.027777777777777776,"d":"0.03"}},{"$f":"+$H15*BE15","v":{"v":277.77777777777777,"d":"277.78"}},{"$f":"1/36","v":{"v":0.027777777777777776,"d":"0.03"}},{"$f":"+$H15*BG15","v":{"v":277.77777777777777,"d":"277.78"}},{"$f":"2/36","v":{"v":0.05555555555555555,"d":"0.06"}},{"$f":"+$H15*BI15","v":{"v":555.5555555555555,"d":"555.56"}},{"v":0.027777777777777776,"d":"0.03"},{"$f":"+BK15*H15","v":{"v":277.77777777777777,"d":"277.78"}},{"v":0.027777777777777776,"d":"0.03"},{"$f":"+BM15*H15","v":{"v":277.77777777777777,"d":"277.78"}},{"v":0.027777777777777776,"d":"0.03"},{"$f":"+BO15*H15","v":{"v":277.77777777777777,"d":"277.78"}},{"v":0.027777777777777776,"d":"0.03"},{"$f":"+BQ15*H15","v":{"v":277.77777777777777,"d":"277.78"}},{"v":0.027777777777777776,"d":"0.03"},{"$f":"+BS15*H15","v":{"v":277.77777777777777,"d":"277.78"}},{"v":0.027777777777777776,"d":"0.03"},{"$f":"+BU15*H15","v":{"v":277.77777777777777,"d":"277.78"}},{"v":0.027777777777777776,"d":"0.03"},{"$f":"+BW15*H15","v":{"v":277.77777777777777,"d":"277.78"}},{"v":0.027777777777777776,"d":"0.03"},{"$f":"+BY15*H15","v":{"v":277.77777777777777,"d":"277.78"}},{"v":0.027777777777777776,"d":"0.03"},{"$f":"+CA15*K15","v":{"v":277.7777777777778,"d":"277.78"}},null,{"$f":"H15*CC15","v":{"v":0,"d":"0.00"}},null,{"$f":"J15*CE15","v":{"v":0,"d":"0.00"}},null,{"$f":"L15*CG15","v":{"v":0,"d":"0.00"}},null,{"$f":"K15*CI15","v":{"v":0,"d":"0.00"}},null,{"$f":"K15*CK15","v":{"v":0,"d":"0.00"}},{"$f":"M15+O15+Q15+S15+U15+W15+Y15+AA15+AC15+AE15+AG15+AI15+AK15+AM15+AO15+AQ15+AS15+AU15+AW15+AY15+BA15+BC15+BE15+BG15+BI15+BK15+BM15+BO15+BQ15+BS15+BU15+BW15+BY15+CA15+CC15+CE15+CG15+CI15+CK15","v":{"v":1.0000000000000002,"d":"1"}},{"$f":"+H15*CM15","v":{"v":10000.000000000002,"d":"10,000.00"}},null,{"v":10000.000000000002,"d":"10 000.00"},{"v":0,"d":"0.00"}]
[{"$nulls":40},{"v":0.027777777777777776,"d":"0.03"},null,{"v":0.027777777777777776,"d":"0.03"},null,{"v":0.027777777777777776,"d":"0.03"},null,{"v":0.027777777777777776,"d":"0.03"},{"$nulls":46},{"v":0,"d":" 0.00"},{"v":0,"d":"0.00"}]
["A14.0","Security","Sum",1,{"v":0.9999999999777778,"d":"1"},null,{"$f":"+E17+F17","v":{"v":0.9999999999777778,"d":"1"}},{"v":150000,"d":"150 000.00"},{"$f":"+G17*H17","v":{"v":149999.99999666668,"d":"150 000.00"}},null,null,{"$f":"+D17*H17","v":{"v":150000,"d":"150 000.00"}},null,null,1,{"$f":"+H17*O17","v":{"v":150000,"d":"150,000.00"}},{"$nulls":49},{"$f":"+BM17*H17","v":{"v":0,"d":"0.00"}},{"$nulls":3},{"$f":"+BQ17*H17","v":{"v":0,"d":"0.00"}},null,{"$f":"+BS17*H17","v":{"v":0,"d":"0.00"}},null,{"$f":"+BU17*H17","v":{"v":0,"d":"0.00"}},null,{"$f":"+BW17*H17","v":{"v":0,"d":"0.00"}},null,{"$f":"+BY17*H17","v":{"v":0,"d":"0.00"}},null,{"$f":"+CA17*K17","v":{"v":0,"d":"0.00"}},null,{"$f":"H17*CC17","v":{"v":0,"d":"0.00"}},null,{"$f":"J17*CE17","v":{"v":0,"d":"0.00"}},null,{"$f":"L17*CG17","v":{"v":0,"d":"0.00"}},null,{"$f":"K17*CI17","v":{"v":0,"d":"0.00"}},null,{"$f":"K17*CK17","v":{"v":0,"d":"0.00"}},{"$f":"M17+O17+Q17+S17+U17+W17+Y17+AA17+AC17+AE17+AG17+AI17+AK17+AM17+AO17+AQ17+AS17+AU17+AW17+AY17+BA17+BC17+BE17+BG17+BI17+BK17+BM17+BO17+BQ17+BS17+BU17+BW17+BY17+CA17+CC17+CE17+CG17+CI17+CK17","v":1},{"$f":"+H17*CM17","v":{"v":150000,"d":"150,000.00"}},1,{"v":149999.99999666668,"d":"150 000.00"},{"v":-3.3333199098706245E-6,"d":"-0.00"}]
[{"$nulls":40},{"v":0.027777777777777776,"d":"0.03"},null,{"v":0.027777777777777776,"d":"0.03"},null,{"v":0.027777777777777776,"d":"0.03"},null,{"v":0.027777777777777776,"d":"0.03"},{"$nulls":46},{"v":0,"d":" 0.00"},{"v":0,"d":"0.00"}]
["A21.0","Subcontractor's Plant and Services","Sum",1,{"v":1.0000000000000002,"d":"1"},null,{"$f":"+E19+F19","v":{"v":1.0000000000000002,"d":"1"}},{"v":57050,"d":"57 050.00"},{"v":55000,"d":"55 000.00"},null,{"$f":"+G19*H19","v":{"v":57050.000000000015,"d":"57 050.00"}},{"$f":"+D19*(H19+I19)","v":{"v":112050,"d":"112 050.00"}},{"$f":"55000/57050","v":{"v":0.9640666082383874,"d":"0.96"}},{"v":55000,"d":"55,000.00"},{"$f":"3/36","v":{"v":0.08333333333333333,"d":"0.08"}},{"$f":"+H19*O19","v":{"v":4754.166666666666,"d":"4,754.17"}},{"$f":"4/36-O19","v":{"v":0.027777777777777776,"d":"0.03"}},{"$f":"+H19*Q19","v":{"v":1584.7222222222222,"d":"1,584.72"}},{"$f":"5/36-O19-Q19","v":{"v":0.02777777777777779,"d":"0.03"}},{"$f":"+H19*S19","v":{"v":1584.7222222222229,"d":"1,584.72"}},{"$f":"6/36-O19-Q19-S19","v":{"v":0.027777777777777762,"d":"0.03"}},{"$f":"+$H19*U19","v":{"v":1584.7222222222213,"d":"1,584.72"}},{"$f":"7/36-O19-Q19-S19-U19","v":{"v":0.02777777777777779,"d":"0.03"}},{"$f":"+$H19*W19","v":{"v":1584.7222222222229,"d":"1,584.72"}},{"$f":"8/36-M19-O19-Q19-S19-U19-W19","v":{"v":-0.9362888304606097,"d":"-0.94"}},{"$f":"+$H19*Y19","v":{"v":-53415.27777777779,"d":"-53,415.28"}},{"$f":"9/36-O19-Q19-S19-U19-W19-Y19","v":{"v":0.9918443860161653,"d":"0.99"}},{"$f":"+$H19*AA19","v":{"v":56584.72222222223,"d":"56,584.72"}},{"$f":"10/36-O19-Q19-S19-U19-W19-Y19-AA19","v":{"v":0.02777777777777779,"d":"0.03"}},{"$f":"+$H19*AC19","v":{"v":1584.7222222222229,"d":"1,584.72"}},{"$f":"11/36-O19-Q19-S19-U19-W19-Y19-AA19-AC19","v":{"v":0.02777777777777768,"d":"0.03"}},{"$f":"+$H19*AE19","v":{"v":1584.7222222222165,"d":"1,584.72"}},{"$f":"12/36-O19-Q19-S19-U19-W19-Y19-AA19-AC19-AE19","v":{"v":0.0277777777777779,"d":"0.03"}},{"$f":"+$H19*AG19","v":{"v":1584.7222222222292,"d":"1,584.72"}},{"$f":"13/36-O19-Q19-S19-U19-W19-Y19-AA19-AC19-AE19-AG19","v":{"v":0.02777777777777768,"d":"0.03"}},{"$f":"+$H19*AI19","v":{"v":1584.7222222222165,"d":"1,584.72"}},{"$f":"14/36-O19-Q19-S19-U19-W19-Y19-AA19-AC19-AE19-AG19-AI19","v":{"v":0.0277777777777779,"d":"0.03"}},{"$f":"+$H19*AK19","v":{"v":1584.7222222222292,"d":"1,584.72"}},{"$f":"15/36-Q19-S19-U19-W19-Y19-AA19-AC19-AE19-AG19-AI19-AK19-O19","v":{"v":0.02777777777777761,"d":"0.03"}},{"$f":"+$H19*AM19","v":{"v":1584.7222222222126,"d":"1,584.72"}},{"v":0.027777777777777776,"d":"0.03"},{"$f":"+$H19*AO19","v":{"v":1584.7222222222222,"d":"1,584.72"}},{"v":0.027777777777777776,"d":"0.03"},{"$f":"+$H19*AQ19","v":{"v":1584.7222222222222,"d":"1,584.72"}},{"v":0.027777777777777776,"d":"0.03"},{"$f":"+$H19*AS19","v":{"v":1584.7222222222222,"d":"1,584.72"}},{"v":0.027777777777777776,"d":"0.03"},{"$f":"+$H19*AU19","v":{"v":1584.7222222222222,"d":"1,584.72"}},{"$f":"1/36","v":{"v":0.027777777777777776,"d":"0.03"}},{"$f":"+$H19*AW19","v":{"v":1584.7222222222222,"d":"1,584.72"}},{"$f":"1/36","v":{"v":0.027777777777777776,"d":"0.03"}},{"$f":"+$H19*AY19","v":{"v":1584.7222222222222,"d":"1,584.72"}},{"$f":"1/36","v":{"v":0.027777777777777776,"d":"0.03"}},{"$f":"+$H19*BA19","v":{"v":1584.7222222222222,"d":"1,584.72"}},{"$f":"1/36","v":{"v":0.027777777777777776,"d":"0.03"}},{"$f":"+$H19*BC19","v":{"v":1584.7222222222222,"d":"1,584.72"}},{"$f":"1/36","v":{"v":0.027777777777777776,"d":"0.03"}},{"$f":"+$H19*BE19","v":{"v":1584.7222222222222,"d":"1,584.72"}},{"$f":"1/36","v":{"v":0.027777777777777776,"d":"0.03"}},{"$f":"+$H19*BG19","v":{"v":1584.7222222222222,"d":"1,584.72"}},{"$f":"2/36","v":{"v":0.05555555555555555,"d":"0.06"}},{"$f":"+$H19*BI19","v":{"v":3169.4444444444443,"d":"3,169.44"}},{"v":0.027777777777777776,"d":"0.03"},{"$f":"+BK19*H19","v":{"v":1584.7222222222222,"d":"1,584.72"}},{"v":0.027777777777777776,"d":"0.03"},{"$f":"+BM19*H19","v":{"v":1584.7222222222222,"d":"1,584.72"}},{"v":0.027777777777777776,"d":"0.03"},{"$f":"+BO19*H19","v":{"v":1584.7222222222222,"d":"1,584.72"}},{"v":0.027777777777777776,"d":"0.03"},{"$f":"+BQ19*H19","v":{"v":1584.7222222222222,"d":"1,584.72"}},{"v":0.027777777777777776,"d":"0.03"},{"$f":"+BS19*H19","v":{"v":1584.7222222222222,"d":"1,584.72"}},{"v":0.027777777777777776,"d":"0.03"},{"$f":"+BU19*H19","v":{"v":1584.7222222222222,"d":"1,584.72"}},{"v":0.027777777777777776,"d":"0.03"},{"$f":"+BW19*H19","v":{"v":1584.7222222222222,"d":"1,584.72"}},{"v":0.027777777777777776,"d":"0.03"},{"$f":"+BY19*H19","v":{"v":1584.7222222222222,"d":"1,584.72"}},{"v":0.027777777777777776,"d":"0.03"},{"$f":"+CA19*K19","v":{"v":1584.7222222222226,"d":"1,584.72"}},null,{"$f":"H19*CC19","v":{"v":0,"d":"0.00"}},null,{"$f":"J19*CE19","v":{"v":0,"d":"0.00"}},null,{"$f":"L19*CG19","v":{"v":0,"d":"0.00"}},null,{"$f":"K19*CI19","v":{"v":0,"d":"0.00"}},null,{"$f":"K19*CK19","v":{"v":0,"d":"0.00"}},{"$f":"M19+O19+Q19+S19+U19+W19+Y19+AA19+AC19+AE19+AG19+AI19+AK19+AM19+AO19+AQ19+AS19+AU19+AW19+AY19+BA19+BC19+BE19+BG19+BI19+BK19+BM19+BO19+BQ19+BS19+BU19+BW19+BY19+CA19+CC19+CE19+CG19+CI19+CK19","v":{"v":1.9640666082383855,"d":"2"}},{"$f":"+H19*CM19","v":{"v":112049.9999999999,"d":"112,050.00"}},null,{"v":112050.00000000001,"d":"112 050.00"},{"v":1.1641532182693481E-10,"d":"0.00"}]
[{"$nulls":40},{"v":0.027777777777777776,"d":"0.03"},null,{"v":0.027777777777777776,"d":"0.03"},null,{"v":0.027777777777777776,"d":"0.03"},null,{"v":0.027777777777777776,"d":"0.03"},{"$nulls":46},{"v":0,"d":" 0.00"},{"v":0,"d":"0.00"}]
["B4.0","MANAGEMENT OF CONTRACT",{"$nulls":38},{"v":0.027777777777777776,"d":"0.03"},null,{"v":0.027777777777777776,"d":"0.03"},null,{"v":0.027777777777777776,"d":"0.03"},null,{"v":0.027777777777777776,"d":"0.03"},{"$nulls":46},{"v":0,"d":" 0.00"},{"v":0,"d":"0.00"}]
[{"$nulls":40},{"v":0.027777777777777776,"d":"0.03"},null,{"v":0.027777777777777776,"d":"0.03"},null,{"v":0.027777777777777776,"d":"0.03"},null,{"v":0.027777777777777776,"d":"0.03"},{"$nulls":46},{"v":0,"d":" 0.00"},{"v":0,"d":"0.00"}]
["B4.1","Management of Works","Sum",1,{"v":1.3821620625800002,"d":"1.38"},{"v":0.53109105263,"d":"0.53"},{"$f":"+E23+F23","v":{"v":1.9132531152100003,"d":"1.91"}},{"v":703000,"d":"703 000.00"},null,null,{"$f":"G23*H23","v":{"v":1345016.9399926302,"d":"1345 016.94"}},{"$f":"+D23*H23","v":{"v":703000,"d":"703 000.00"}},null,null,{"$f":"3/36","v":{"v":0.08333333333333333,"d":"0.08"}},{"$f":"+H23*O23","v":{"v":58583.33333333333,"d":"58,583.33"}},{"$f":"4/36-O23","v":{"v":0.027777777777777776,"d":"0.03"}},{"$f":"+H23*Q23","v":{"v":19527.777777777777,"d":"19,527.78"}},{"$f":"5/36-O23-Q23","v":{"v":0.02777777777777779,"d":"0.03"}},{"$f":"+H23*S23","v":{"v":19527.777777777785,"d":"19,527.78"}},{"$f":"6/36-O23-Q23-S23","v":{"v":0.027777777777777762,"d":"0.03"}},{"$f":"+$H23*U23","v":{"v":19527.777777777766,"d":"19,527.78"}},{"$f":"7/36-O23-Q23-S23-U23","v":{"v":0.02777777777777779,"d":"0.03"}},{"$f":"+$H23*W23","v":{"v":19527.777777777785,"d":"19,527.78"}},{"$f":"8/36-M23-O23-Q23-S23-U23-W23","v":{"v":0.027777777777777776,"d":"0.03"}},{"$f":"+$H23*Y23","v":{"v":19527.777777777777,"d":"19,527.78"}},{"$f":"9/36-O23-Q23-S23-U23-W23-Y23","v":{"v":0.027777777777777776,"d":"0.03"}},{"$f":"+$H23*AA23","v":{"v":19527.777777777777,"d":"19,527.78"}},{"$f":"10/36-O23-Q23-S23-U23-W23-Y23-AA23","v":{"v":0.02777777777777779,"d":"0.03"}},{"$f":"+$H23*AC23","v":{"v":19527.777777777785,"d":"19,527.78"}},{"$f":"11/36-O23-Q23-S23-U23-W23-Y23-AA23-AC23","v":{"v":0.02777777777777779,"d":"0.03"}},{"$f":"+$H23*AE23","v":{"v":19527.777777777785,"d":"19,527.78"}},{"$f":"12/36-O23-Q23-S23-U23-W23-Y23-AA23-AC23-AE23","v":{"v":0.027777777777777735,"d":"0.03"}},{"$f":"+$H23*AG23","v":{"v":19527.77777777775,"d":"19,527.78"}},{"$f":"13/36-O23-Q23-S23-U23-W23-Y23-AA23-AC23-AE23-AG23","v":{"v":0.027777777777777804,"d":"0.03"}},{"$f":"+$H23*AI23","v":{"v":19527.777777777796,"d":"19,527.78"}},{"$f":"14/36-O23-Q23-S23-U23-W23-Y23-AA23-AC23-AE23-AG23-AI23","v":{"v":0.027777777777777776,"d":"0.03"}},{"$f":"+$H23*AK23","v":{"v":19527.777777777777,"d":"19,527.78"}},{"$f":"15/36-Q23-S23-U23-W23-Y23-AA23-AC23-AE23-AG23-AI23-AK23-O23","v":{"v":0.02777777777777779,"d":"0.03"}},{"$f":"+$H23*AM23","v":{"v":19527.777777777785,"d":"19,527.78"}},{"v":0.027777777777777776,"d":"0.03"},{"$f":"+$H23*AO23","v":{"v":19527.777777777777,"d":"19,527.78"}},{"v":0.027777777777777776,"d":"0.03"},{"$f":"+$H23*AQ23","v":{"v":19527.777777777777,"d":"19,527.78"}},{"v":0.027777777777777776,"d":"0.03"},{"$f":"+$H23*AS23","v":{"v":19527.777777777777,"d":"19,527.78"}},{"v":0.027777777777777776,"d":"0.03"},{"$f":"+$H23*AU23","v":{"v":19527.777777777777,"d":"19,527.78"}},{"$f":"1/36","v":{"v":0.027777777777777776,"d":"0.03"}},{"$f":"+$H23*AW23","v":{"v":19527.777777777777,"d":"19,527.78"}},{"$f":"1/36","v":{"v":0.027777777777777776,"d":"0.03"}},{"$f":"+$H23*AY23","v":{"v":19527.777777777777,"d":"19,527.78"}},{"$f":"1/36","v":{"v":0.027777777777777776,"d":"0.03"}},{"$f":"+$H23*BA23","v":{"v":19527.777777777777,"d":"19,527.78"}},{"$f":"1/36","v":{"v":0.027777777777777776,"d":"0.03"}},{"$f":"+$H23*BC23","v":{"v":19527.777777777777,"d":"19,527.78"}},{"$f":"1/36","v":{"v":0.027777777777777776,"d":"0.03"}},{"$f":"+$H23*BE23","v":{"v":19527.777777777777,"d":"19,527.78"}},{"$f":"1/36","v":{"v":0.027777777777777776,"d":"0.03"}},{"$f":"+$H23*BG23","v":{"v":19527.777777777777,"d":"19,527.78"}},{"$f":"2/36","v":{"v":0.05555555555555555,"d":"0.06"}},{"$f":"+$H23*BI23","v":{"v":39055.555555555555,"d":"39,055.56"}},{"v":0.027777777777777776,"d":"0.03"},{"$f":"+BK23*H23","v":{"v":19527.777777777777,"d":"19,527.78"}},{"v":0.027777777777777776,"d":"0.03"},{"$f":"+BM23*H23","v":{"v":19527.777777777777,"d":"19,527.78"}},{"v":0.027777777777777776,"d":"0.03"},{"$f":"+BO23*H23","v":{"v":19527.777777777777,"d":"19,527.78"}},{"v":0.027777777777777776,"d":"0.03"},{"$f":"+BQ23*H23","v":{"v":19527.777777777777,"d":"19,527.78"}},{"v":0.027777777777777776,"d":"0.03"},{"$f":"+BS23*H23","v":{"v":19527.777777777777,"d":"19,527.78"}},{"v":0.027777777777777776,"d":"0.03"},{"$f":"+BU23*H23","v":{"v":19527.777777777777,"d":"19,527.78"}},{"v":0.027777777777777776,"d":"0.03"},{"$f":"+BW23*H23","v":{"v":19527.777777777777,"d":"19,527.78"}},{"v":0.027777777777777776,"d":"0.03"},{"$f":"+BY23*H23","v":{"v":19527.777777777777,"d":"19,527.78"}},{"v":0.027777777777777776,"d":"0.03"},{"$f":"+CA23*K23","v":{"v":37361.58166646195,"d":"37,361.58"}},{"v":0.38216206258,"d":"0.38"},{"$f":"H23*CC23","v":{"v":268659.92999374,"d":"268,659.93"}},null,{"$f":"J23*CE23","v":{"v":0,"d":"0.00"}},null,{"$f":"L23*CG23","v":{"v":0,"d":"0.00"}},null,{"$f":"L23*CI23","v":{"v":0,"d":"0.00"}},{"v":0.53109105263,"d":"0.53"},{"$f":"L23*CK23","v":{"v":373357.00999889,"d":"373,357.01"}},{"$f":"M23+O23+Q23+S23+U23+W23+Y23+AA23+AC23+AE23+AG23+AI23+AK23+AM23+AO23+AQ23+AS23+AU23+AW23+AY23+BA23+BC23+BE23+BG23+BI23+BK23+BM23+BO23+BQ23+BS23+BU23+BW23+BY23+CA23+CC23+CE23+CG23+CI23+CK23","v":{"v":1.9132531152100003,"d":"1.9133"}},{"$f":"+H23*CM23","v":{"v":1345016.9399926302,"d":"1,345,016.94"}},null,{"v":1345016.9399926302,"d":"1345 016.94"},{"v":0,"d":"0.00"}]
[{"$nulls":40},{"v":0.027777777777777776,"d":"0.03"},null,{"v":0.027777777777777776,"d":"0.03"},null,{"v":0.027777777777777776,"d":"0.03"},null,{"v":0.027777777777777776,"d":"0.03"},{"$nulls":46},{"v":0,"d":" 0.00"},{"v":0,"d":"0.00"}]
["B4.2","Programme for the Works","Sum",1,{"v":1.0000000000000002,"d":"1"},null,{"$f":"+E25+F25","v":{"v":1.0000000000000002,"d":"1"}},{"v":151500,"d":"151 500.00"},null,null,{"$f":"G25*H25","v":{"v":151500.00000000003,"d":"151 500.00"}},{"$f":"+D25*H25","v":{"v":151500,"d":"151 500.00"}},null,null,{"$f":"3/36","v":{"v":0.08333333333333333,"d":"0.08"}},{"$f":"+H25*O25","v":{"v":12625,"d":"12,625.00"}},{"$f":"4/36-O25","v":{"v":0.027777777777777776,"d":"0.03"}},{"$f":"+H25*Q25","v":{"v":4208.333333333333,"d":"4,208.33"}},{"$f":"5/36-O25-Q25","v":{"v":0.02777777777777779,"d":"0.03"}},{"$f":"+H25*S25","v":{"v":4208.333333333335,"d":"4,208.33"}},{"$f":"6/36-O25-Q25-S25","v":{"v":0.027777777777777762,"d":"0.03"}},{"$f":"+$H25*U25","v":{"v":4208.333333333331,"d":"4,208.33"}},{"$f":"7/36-O25-Q25-S25-U25","v":{"v":0.02777777777777779,"d":"0.03"}},{"$f":"+$H25*W25","v":{"v":4208.333333333335,"d":"4,208.33"}},{"$f":"8/36-M25-O25-Q25-S25-U25-W25","v":{"v":0.027777777777777776,"d":"0.03"}},{"$f":"+$H25*Y25","v":{"v":4208.333333333333,"d":"4,208.33"}},{"$f":"9/36-O25-Q25-S25-U25-W25-Y25","v":{"v":0.027777777777777776,"d":"0.03"}},{"$f":"+$H25*AA25","v":{"v":4208.333333333333,"d":"4,208.33"}},{"$f":"10/36-O25-Q25-S25-U25-W25-Y25-AA25","v":{"v":0.02777777777777779,"d":"0.03"}},{"$f":"+$H25*AC25","v":{"v":4208.333333333335,"d":"4,208.33"}},{"$f":"11/36-O25-Q25-S25-U25-W25-Y25-AA25-AC25","v":{"v":0.02777777777777779,"d":"0.03"}},{"$f":"+$H25*AE25","v":{"v":4208.333333333335,"d":"4,208.33"}},{"$f":"12/36-O25-Q25-S25-U25-W25-Y25-AA25-AC25-AE25","v":{"v":0.027777777777777735,"d":"0.03"}},{"$f":"+$H25*AG25","v":{"v":4208.333333333327,"d":"4,208.33"}},{"$f":"13/36-O25-Q25-S25-U25-W25-Y25-AA25-AC25-AE25-AG25","v":{"v":0.027777777777777804,"d":"0.03"}},{"$f":"+$H25*AI25","v":{"v":4208.333333333338,"d":"4,208.33"}},{"$f":"14/36-O25-Q25-S25-U25-W25-Y25-AA25-AC25-AE25-AG25-AI25","v":{"v":0.027777777777777776,"d":"0.03"}},{"$f":"+$H25*AK25","v":{"v":4208.333333333333,"d":"4,208.33"}},{"$f":"15/36-Q25-S25-U25-W25-Y25-AA25-AC25-AE25-AG25-AI25-AK25-O25","v":{"v":0.02777777777777779,"d":"0.03"}},{"$f":"+$H25*AM25","v":{"v":4208.333333333335,"d":"4,208.33"}},{"v":0.027777777777777776,"d":"0.03"},{"$f":"+$H25*AO25","v":{"v":4208.333333333333,"d":"4,208.33"}},{"v":0.027777777777777776,"d":"0.03"},{"$f":"+$H25*AQ25","v":{"v":4208.333333333333,"d":"4,208.33"}},{"v":0.027777777777777776,"d":"0.03"},{"$f":"+$H25*AS25","v":{"v":4208.333333333333,"d":"4,208.33"}},{"v":0.027777777777777776,"d":"0.03"},{"$f":"+$H25*AU25","v":{"v":4208.333333333333,"d":"4,208.33"}},{"$f":"1/36","v":{"v":0.027777777777777776,"d":"0.03"}},{"$f":"+$H25*AW25","v":{"v":4208.333333333333,"d":"4,208.33"}},{"$f":"1/36","v":{"v":0.027777777777777776,"d":"0.03"}},{"$f":"+$H25*AY25","v":{"v":4208.333333333333,"d":"4,208.33"}},{"$f":"1/36","v":{"v":0.027777777777777776,"d":"0.03"}},{"$f":"+$H25*BA25","v":{"v":4208.333333333333,"d":"4,208.33"}},{"$f":"1/36","v":{"v":0.027777777777777776,"d":"0.03"}},{"$f":"+$H25*BC25","v":{"v":4208.333333333333,"d":"4,208.33"}},{"$f":"1/36","v":{"v":0.027777777777777776,"d":"0.03"}},{"$f":"+$H25*BE25","v":{"v":4208.333333333333,"d":"4,208.33"}},{"$f":"1/36","v":{"v":0.027777777777777776,"d":"0.03"}},{"$f":"+$H25*BG25","v":{"v":4208.333333333333,"d":"4,208.33"}},{"$f":"2/36","v":{"v":0.05555555555555555,"d":"0.06"}},{"$f":"+$H25*BI25","v":{"v":8416.666666666666,"d":"8,416.67"}},{"v":0.027777777777777776,"d":"0.03"},{"$f":"+BK25*H25","v":{"v":4208.333333333333,"d":"4,208.33"}},{"v":0.027777777777777776,"d":"0.03"},{"$f":"+BM25*H25","v":{"v":4208.333333333333,"d":"4,208.33"}},{"v":0.027777777777777776,"d":"0.03"},{"$f":"+BO25*H25","v":{"v":4208.333333333333,"d":"4,208.33"}},{"v":0.027777777777777776,"d":"0.03"},{"$f":"+BQ25*H25","v":{"v":4208.333333333333,"d":"4,208.33"}},{"v":0.027777777777777776,"d":"0.03"},{"$f":"+BS25*H25","v":{"v":4208.333333333333,"d":"4,208.33"}},{"v":0.027777777777777776,"d":"0.03"},{"$f":"+BU25*H25","v":{"v":4208.333333333333,"d":"4,208.33"}},{"v":0.027777777777777776,"d":"0.03"},{"$f":"+BW25*H25","v":{"v":4208.333333333333,"d":"4,208.33"}},{"v":0.027777777777777776,"d":"0.03"},{"$f":"+BY25*H25","v":{"v":4208.333333333333,"d":"4,208.33"}},{"v":0.027777777777777776,"d":"0.03"},{"$f":"+CA25*K25","v":{"v":4208.333333333334,"d":"4,208.33"}},null,{"$f":"H25*CC25","v":{"v":0,"d":"0.00"}},null,{"$f":"J25*CE25","v":{"v":0,"d":"0.00"}},null,{"$f":"L25*CG25","v":{"v":0,"d":"0.00"}},null,{"$f":"K25*CI25","v":{"v":0,"d":"0.00"}},null,{"$f":"K25*CK25","v":{"v":0,"d":"0.00"}},{"$f":"M25+O25+Q25+S25+U25+W25+Y25+AA25+AC25+AE25+AG25+AI25+AK25+AM25+AO25+AQ25+AS25+AU25+AW25+AY25+BA25+BC25+BE25+BG25+BI25+BK25+BM25+BO25+BQ25+BS25+BU25+BW25+BY25+CA25+CC25+CE25+CG25+CI25+CK25","v":{"v":1.0000000000000002,"d":"1"}},{"$f":"+H25*CM25","v":{"v":151500.00000000003,"d":"151,500.00"}},null,{"v":151500.00000000003,"d":"151 500.00"},{"v":0,"d":"0.00"}]
[{"$nulls":40},{"v":0.027777777777777776,"d":"0.03"},null,{"v":0.027777777777777776,"d":"0.03"},null,{"v":0.027777777777777776,"d":"0.03"},null,{"v":0.027777777777777776,"d":"0.03"},{"$nulls":46},{"v":0,"d":" 0.00"},{"v":0,"d":"0.00"}]
["B4.3","Progress Meetings","Sum",1,{"v":1.0000000000000002,"d":"1"},null,{"$f":"+E27+F27","v":{"v":1.0000000000000002,"d":"1"}},{"v":75800,"d":"75 800.00"},null,null,{"$f":"G27*H27","v":{"v":75800.00000000001,"d":"75 800.00"}},{"$f":"+D27*H27","v":{"v":75800,"d":"75 800.00"}},null,null,{"$f":"3/36","v":{"v":0.08333333333333333,"d":"0.08"}},{"$f":"+H27*O27","v":{"v":6316.666666666666,"d":"6,316.67"}},{"$f":"4/36-O27","v":{"v":0.027777777777777776,"d":"0.03"}},{"$f":"+H27*Q27","v":{"v":2105.5555555555557,"d":"2,105.56"}},{"$f":"5/36-O27-Q27","v":{"v":0.02777777777777779,"d":"0.03"}},{"$f":"+H27*S27","v":{"v":2105.5555555555566,"d":"2,105.56"}},{"$f":"6/36-O27-Q27-S27","v":{"v":0.027777777777777762,"d":"0.03"}},{"$f":"+$H27*U27","v":{"v":2105.5555555555543,"d":"2,105.56"}},{"$f":"7/36-O27-Q27-S27-U27","v":{"v":0.02777777777777779,"d":"0.03"}},{"$f":"+$H27*W27","v":{"v":2105.5555555555566,"d":"2,105.56"}},{"$f":"8/36-M27-O27-Q27-S27-U27-W27","v":{"v":0.027777777777777776,"d":"0.03"}},{"$f":"+$H27*Y27","v":{"v":2105.5555555555557,"d":"2,105.56"}},{"$f":"9/36-O27-Q27-S27-U27-W27-Y27","v":{"v":0.027777777777777776,"d":"0.03"}},{"$f":"+$H27*AA27","v":{"v":2105.5555555555557,"d":"2,105.56"}},{"$f":"10/36-O27-Q27-S27-U27-W27-Y27-AA27","v":{"v":0.02777777777777779,"d":"0.03"}},{"$f":"+$H27*AC27","v":{"v":2105.5555555555566,"d":"2,105.56"}},{"$f":"11/36-O27-Q27-S27-U27-W27-Y27-AA27-AC27","v":{"v":0.02777777777777779,"d":"0.03"}},{"$f":"+$H27*AE27","v":{"v":2105.5555555555566,"d":"2,105.56"}},{"$f":"12/36-O27-Q27-S27-U27-W27-Y27-AA27-AC27-AE27","v":{"v":0.027777777777777735,"d":"0.03"}},{"$f":"+$H27*AG27","v":{"v":2105.5555555555525,"d":"2,105.56"}},{"$f":"13/36-O27-Q27-S27-U27-W27-Y27-AA27-AC27-AE27-AG27","v":{"v":0.027777777777777804,"d":"0.03"}},{"$f":"+$H27*AI27","v":{"v":2105.5555555555575,"d":"2,105.56"}},{"$f":"14/36-O27-Q27-S27-U27-W27-Y27-AA27-AC27-AE27-AG27-AI27","v":{"v":0.027777777777777776,"d":"0.03"}},{"$f":"+$H27*AK27","v":{"v":2105.5555555555557,"d":"2,105.56"}},{"$f":"15/36-Q27-S27-U27-W27-Y27-AA27-AC27-AE27-AG27-AI27-AK27-O27","v":{"v":0.02777777777777779,"d":"0.03"}},{"$f":"+$H27*AM27","v":{"v":2105.5555555555566,"d":"2,105.56"}},{"v":0.027777777777777776,"d":"0.03"},{"$f":"+$H27*AO27","v":{"v":2105.5555555555557,"d":"2,105.56"}},{"v":0.027777777777777776,"d":"0.03"},{"$f":"+$H27*AQ27","v":{"v":2105.5555555555557,"d":"2,105.56"}},{"v":0.027777777777777776,"d":"0.03"},{"$f":"+$H27*AS27","v":{"v":2105.5555555555557,"d":"2,105.56"}},{"v":0.027777777777777776,"d":"0.03"},{"$f":"+$H27*AU27","v":{"v":2105.5555555555557,"d":"2,105.56"}},{"$f":"1/36","v":{"v":0.027777777777777776,"d":"0.03"}},{"$f":"+$H27*AW27","v":{"v":2105.5555555555557,"d":"2,105.56"}},{"$f":"1/36","v":{"v":0.027777777777777776,"d":"0.03"}},{"$f":"+$H27*AY27","v":{"v":2105.5555555555557,"d":"2,105.56"}},{"$f":"1/36","v":{"v":0.027777777777777776,"d":"0.03"}},{"$f":"+$H27*BA27","v":{"v":2105.5555555555557,"d":"2,105.56"}},{"$f":"1/36","v":{"v":0.027777777777777776,"d":"0.03"}},{"$f":"+$H27*BC27","v":{"v":2105.5555555555557,"d":"2,105.56"}},{"$f":"1/36","v":{"v":0.027777777777777776,"d":"0.03"}},{"$f":"+$H27*BE27","v":{"v":2105.5555555555557,"d":"2,105.56"}},{"$f":"1/36","v":{"v":0.027777777777777776,"d":"0.03"}},{"$f":"+$H27*BG27","v":{"v":2105.5555555555557,"d":"2,105.56"}},{"$f":"2/36","v":{"v":0.05555555555555555,"d":"0.06"}},{"$f":"+$H27*BI27","v":{"v":4211.111111111111,"d":"4,211.11"}},{"v":0.027777777777777776,"d":"0.03"},{"$f":"+BK27*H27","v":{"v":2105.5555555555557,"d":"2,105.56"}},{"v":0.027777777777777776,"d":"0.03"},{"$f":"+BM27*H27","v":{"v":2105.5555555555557,"d":"2,105.56"}},{"v":0.027777777777777776,"d":"0.03"},{"$f":"+BO27*H27","v":{"v":2105.5555555555557,"d":"2,105.56"}},{"v":0.027777777777777776,"d":"0.03"},{"$f":"+BQ27*H27","v":{"v":2105.5555555555557,"d":"2,105.56"}},{"v":0.027777777777777776,"d":"0.03"},{"$f":"+BS27*H27","v":{"v":2105.5555555555557,"d":"2,105.56"}},{"v":0.027777777777777776,"d":"0.03"},{"$f":"+BU27*H27","v":{"v":2105.5555555555557,"d":"2,105.56"}},{"v":0.027777777777777776,"d":"0.03"},{"$f":"+BW27*H27","v":{"v":2105.5555555555557,"d":"2,105.56"}},{"v":0.027777777777777776,"d":"0.03"},{"$f":"+BY27*H27","v":{"v":2105.5555555555557,"d":"2,105.56"}},{"v":0.027777777777777776,"d":"0.03"},{"$f":"+CA27*K27","v":{"v":2105.5555555555557,"d":"2,105.56"}},null,{"$f":"H27*CC27","v":{"v":0,"d":"0.00"}},null,{"$f":"J27*CE27","v":{"v":0,"d":"0.00"}},null,{"$f":"L27*CG27","v":{"v":0,"d":"0.00"}},null,{"$f":"K27*CI27","v":{"v":0,"d":"0.00"}},null,{"$f":"K27*CK27","v":{"v":0,"d":"0.00"}},{"$f":"M27+O27+Q27+S27+U27+W27+Y27+AA27+AC27+AE27+AG27+AI27+AK27+AM27+AO27+AQ27+AS27+AU27+AW27+AY27+BA27+BC27+BE27+BG27+BI27+BK27+BM27+BO27+BQ27+BS27+BU27+BW27+BY27+CA27+CC27+CE27+CG27+CI27+CK27","v":{"v":1.0000000000000002,"d":"1"}},{"$f":"+H27*CM27","v":{"v":75800.00000000001,"d":"75,800.00"}},null,{"v":75800.00000000001,"d":"75 800.00"},{"v":0,"d":"0.00"}]
[{"$nulls":40},{"v":0.027777777777777776,"d":"0.03"},null,{"v":0.027777777777777776,"d":"0.03"},null,{"v":0.027777777777777776,"d":"0.03"},null,{"v":0.027777777777777776,"d":"0.03"},{"$nulls":46},{"v":0,"d":" 0.00"},{"v":0,"d":"0.00"}]
["B4.4","Technical Meetings","Sum",1,{"v":1.0000000000000002,"d":"1"},null,{"$f":"+E29+F29","v":{"v":1.0000000000000002,"d":"1"}},{"v":50500,"d":"50 500.00"},null,null,{"$f":"+G29*H29","v":{"v":50500.000000000015,"d":"50 500.00"}},{"$f":"+D29*H29","v":{"v":50500,"d":"50 500.00"}},null,null,{"$f":"3/36","v":{"v":0.08333333333333333,"d":"0.08"}},{"$f":"+H29*O29","v":{"v":4208.333333333333,"d":"4,208.33"}},{"$f":"4/36-O29","v":{"v":0.027777777777777776,"d":"0.03"}},{"$f":"+H29*Q29","v":{"v":1402.7777777777776,"d":"1,402.78"}},{"$f":"5/36-O29-Q29","v":{"v":0.02777777777777779,"d":"0.03"}},{"$f":"+H29*S29","v":{"v":1402.7777777777785,"d":"1,402.78"}},{"$f":"6/36-O29-Q29-S29","v":{"v":0.027777777777777762,"d":"0.03"}},{"$f":"+$H29*U29","v":{"v":1402.777777777777,"d":"1,402.78"}},{"$f":"7/36-O29-Q29-S29-U29","v":{"v":0.02777777777777779,"d":"0.03"}},{"$f":"+$H29*W29","v":{"v":1402.7777777777785,"d":"1,402.78"}},{"$f":"8/36-M29-O29-Q29-S29-U29-W29","v":{"v":0.027777777777777776,"d":"0.03"}},{"$f":"+$H29*Y29","v":{"v":1402.7777777777776,"d":"1,402.78"}},{"$f":"9/36-O29-Q29-S29-U29-W29-Y29","v":{"v":0.027777777777777776,"d":"0.03"}},{"$f":"+$H29*AA29","v":{"v":1402.7777777777776,"d":"1,402.78"}},{"$f":"10/36-O29-Q29-S29-U29-W29-Y29-AA29","v":{"v":0.02777777777777779,"d":"0.03"}},{"$f":"+$H29*AC29","v":{"v":1402.7777777777785,"d":"1,402.78"}},{"$f":"11/36-O29-Q29-S29-U29-W29-Y29-AA29-AC29","v":{"v":0.02777777777777779,"d":"0.03"}},{"$f":"+$H29*AE29","v":{"v":1402.7777777777785,"d":"1,402.78"}},{"$f":"12/36-O29-Q29-S29-U29-W29-Y29-AA29-AC29-AE29","v":{"v":0.027777777777777735,"d":"0.03"}},{"$f":"+$H29*AG29","v":{"v":1402.7777777777756,"d":"1,402.78"}},{"$f":"13/36-O29-Q29-S29-U29-W29-Y29-AA29-AC29-AE29-AG29","v":{"v":0.027777777777777804,"d":"0.03"}},{"$f":"+$H29*AI29","v":{"v":1402.7777777777792,"d":"1,402.78"}},{"$f":"14/36-O29-Q29-S29-U29-W29-Y29-AA29-AC29-AE29-AG29-AI29","v":{"v":0.027777777777777776,"d":"0.03"}},{"$f":"+$H29*AK29","v":{"v":1402.7777777777776,"d":"1,402.78"}},{"$f":"15/36-Q29-S29-U29-W29-Y29-AA29-AC29-AE29-AG29-AI29-AK29-O29","v":{"v":0.02777777777777779,"d":"0.03"}},{"$f":"+$H29*AM29","v":{"v":1402.7777777777785,"d":"1,402.78"}},{"v":0.027777777777777776,"d":"0.03"},{"$f":"+$H29*AO29","v":{"v":1402.7777777777776,"d":"1,402.78"}},{"v":0.027777777777777776,"d":"0.03"},{"$f":"+$H29*AQ29","v":{"v":1402.7777777777776,"d":"1,402.78"}},{"v":0.027777777777777776,"d":"0.03"},{"$f":"+$H29*AS29","v":{"v":1402.7777777777776,"d":"1,402.78"}},{"v":0.027777777777777776,"d":"0.03"},{"$f":"+$H29*AU29","v":{"v":1402.7777777777776,"d":"1,402.78"}},{"$f":"1/36","v":{"v":0.027777777777777776,"d":"0.03"}},{"$f":"+$H29*AW29","v":{"v":1402.7777777777776,"d":"1,402.78"}},{"$f":"1/36","v":{"v":0.027777777777777776,"d":"0.03"}},{"$f":"+$H29*AY29","v":{"v":1402.7777777777776,"d":"1,402.78"}},{"$f":"1/36","v":{"v":0.027777777777777776,"d":"0.03"}},{"$f":"+$H29*BA29","v":{"v":1402.7777777777776,"d":"1,402.78"}},{"$f":"1/36","v":{"v":0.027777777777777776,"d":"0.03"}},{"$f":"+$H29*BC29","v":{"v":1402.7777777777776,"d":"1,402.78"}},{"$f":"1/36","v":{"v":0.027777777777777776,"d":"0.03"}},{"$f":"+$H29*BE29","v":{"v":1402.7777777777776,"d":"1,402.78"}},{"$f":"1/36","v":{"v":0.027777777777777776,"d":"0.03"}},{"$f":"+$H29*BG29","v":{"v":1402.7777777777776,"d":"1,402.78"}},{"$f":"2/36","v":{"v":0.05555555555555555,"d":"0.06"}},{"$f":"+$H29*BI29","v":{"v":2805.555555555555,"d":"2,805.56"}},{"v":0.027777777777777776,"d":"0.03"},{"$f":"+BK29*H29","v":{"v":1402.7777777777776,"d":"1,402.78"}},{"v":0.027777777777777776,"d":"0.03"},{"$f":"+BM29*H29","v":{"v":1402.7777777777776,"d":"1,402.78"}},{"v":0.027777777777777776,"d":"0.03"},{"$f":"+BO29*H29","v":{"v":1402.7777777777776,"d":"1,402.78"}},{"v":0.027777777777777776,"d":"0.03"},{"$f":"+BQ29*H29","v":{"v":1402.7777777777776,"d":"1,402.78"}},{"v":0.027777777777777776,"d":"0.03"},{"$f":"+BS29*H29","v":{"v":1402.7777777777776,"d":"1,402.78"}},{"v":0.027777777777777776,"d":"0.03"},{"$f":"+BU29*H29","v":{"v":1402.7777777777776,"d":"1,402.78"}},{"v":0.027777777777777776,"d":"0.03"},{"$f":"+BW29*H29","v":{"v":1402.7777777777776,"d":"1,402.78"}},{"v":0.027777777777777776,"d":"0.03"},{"$f":"+BY29*H29","v":{"v":1402.7777777777776,"d":"1,402.78"}},{"v":0.027777777777777776,"d":"0.03"},{"$f":"+CA29*K29","v":{"v":1402.777777777778,"d":"1,402.78"}},null,{"$f":"H29*CC29","v":{"v":0,"d":"0.00"}},null,{"$f":"J29*CE29","v":{"v":0,"d":"0.00"}},null,{"$f":"L29*CG29","v":{"v":0,"d":"0.00"}},null,{"$f":"K29*CI29","v":{"v":0,"d":"0.00"}},null,{"$f":"K29*CK29","v":{"v":0,"d":"0.00"}},{"$f":"M29+O29+Q29+S29+U29+W29+Y29+AA29+AC29+AE29+AG29+AI29+AK29+AM29+AO29+AQ29+AS29+AU29+AW29+AY29+BA29+BC29+BE29+BG29+BI29+BK29+BM29+BO29+BQ29+BS29+BU29+BW29+BY29+CA29+CC29+CE29+CG29+CI29+CK29","v":{"v":1.0000000000000002,"d":"1"}},{"$f":"+H29*CM29","v":{"v":50500.000000000015,"d":"50,500.00"}},null,{"v":50500.000000000015,"d":"50 500.00"},{"v":0,"d":"0.00"}]
[{"$nulls":40},{"v":0.027777777777777776,"d":"0.03"},null,{"v":0.027777777777777776,"d":"0.03"},null,{"v":0.027777777777777776,"d":"0.03"},null,{"v":0.027777777777777776,"d":"0.03"},{"$nulls":46},{"v":0,"d":" 0.00"},{"v":0,"d":"0.00"}]
["B4.5","Labour and Plant Records","Sum",1,{"v":1.0000000000000002,"d":"1"},null,{"$f":"+E31+F31","v":{"v":1.0000000000000002,"d":"1"}},{"v":175750,"d":"175 750.00"},null,null,{"$f":"G31*H31","v":{"v":175750.00000000003,"d":"175 750.00"}},{"$f":"+D31*H31","v":{"v":175750,"d":"175 750.00"}},null,null,{"$f":"3/36","v":{"v":0.08333333333333333,"d":"0.08"}},{"$f":"+H31*O31","v":{"v":14645.833333333332,"d":"14,645.83"}},{"$f":"4/36-O31","v":{"v":0.027777777777777776,"d":"0.03"}},{"$f":"+H31*Q31","v":{"v":4881.944444444444,"d":"4,881.94"}},{"$f":"5/36-O31-Q31","v":{"v":0.02777777777777779,"d":"0.03"}},{"$f":"+H31*S31","v":{"v":4881.944444444446,"d":"4,881.94"}},{"$f":"6/36-O31-Q31-S31","v":{"v":0.027777777777777762,"d":"0.03"}},{"$f":"+$H31*U31","v":{"v":4881.944444444442,"d":"4,881.94"}},{"$f":"7/36-O31-Q31-S31-U31","v":{"v":0.02777777777777779,"d":"0.03"}},{"$f":"+$H31*W31","v":{"v":4881.944444444446,"d":"4,881.94"}},{"$f":"8/36-M31-O31-Q31-S31-U31-W31","v":{"v":0.027777777777777776,"d":"0.03"}},{"$f":"+$H31*Y31","v":{"v":4881.944444444444,"d":"4,881.94"}},{"$f":"9/36-O31-Q31-S31-U31-W31-Y31","v":{"v":0.027777777777777776,"d":"0.03"}},{"$f":"+$H31*AA31","v":{"v":4881.944444444444,"d":"4,881.94"}},{"$f":"10/36-O31-Q31-S31-U31-W31-Y31-AA31","v":{"v":0.02777777777777779,"d":"0.03"}},{"$f":"+$H31*AC31","v":{"v":4881.944444444446,"d":"4,881.94"}},{"$f":"11/36-O31-Q31-S31-U31-W31-Y31-AA31-AC31","v":{"v":0.02777777777777779,"d":"0.03"}},{"$f":"+$H31*AE31","v":{"v":4881.944444444446,"d":"4,881.94"}},{"$f":"12/36-O31-Q31-S31-U31-W31-Y31-AA31-AC31-AE31","v":{"v":0.027777777777777735,"d":"0.03"}},{"$f":"+$H31*AG31","v":{"v":4881.944444444437,"d":"4,881.94"}},{"$f":"13/36-O31-Q31-S31-U31-W31-Y31-AA31-AC31-AE31-AG31","v":{"v":0.027777777777777804,"d":"0.03"}},{"$f":"+$H31*AI31","v":{"v":4881.944444444449,"d":"4,881.94"}},{"$f":"14/36-O31-Q31-S31-U31-W31-Y31-AA31-AC31-AE31-AG31-AI31","v":{"v":0.027777777777777776,"d":"0.03"}},{"$f":"+$H31*AK31","v":{"v":4881.944444444444,"d":"4,881.94"}},{"$f":"15/36-Q31-S31-U31-W31-Y31-AA31-AC31-AE31-AG31-AI31-AK31-O31","v":{"v":0.02777777777777779,"d":"0.03"}},{"$f":"+$H31*AM31","v":{"v":4881.944444444446,"d":"4,881.94"}},{"v":0.027777777777777776,"d":"0.03"},{"$f":"+$H31*AO31","v":{"v":4881.944444444444,"d":"4,881.94"}},{"v":0.027777777777777776,"d":"0.03"},{"$f":"+$H31*AQ31","v":{"v":4881.944444444444,"d":"4,881.94"}},{"v":0.027777777777777776,"d":"0.03"},{"$f":"+$H31*AS31","v":{"v":4881.944444444444,"d":"4,881.94"}},{"v":0.027777777777777776,"d":"0.03"},{"$f":"+$H31*AU31","v":{"v":4881.944444444444,"d":"4,881.94"}},{"$f":"1/36","v":{"v":0.027777777777777776,"d":"0.03"}},{"$f":"+$H31*AW31","v":{"v":4881.944444444444,"d":"4,881.94"}},{"$f":"1/36","v":{"v":0.027777777777777776,"d":"0.03"}},{"$f":"+$H31*AY31","v":{"v":4881.944444444444,"d":"4,881.94"}},{"$f":"1/36","v":{"v":0.027777777777777776,"d":"0.03"}},{"$f":"+$H31*BA31","v":{"v":4881.944444444444,"d":"4,881.94"}},{"$f":"1/36","v":{"v":0.027777777777777776,"d":"0.03"}},{"$f":"+$H31*BC31","v":{"v":4881.944444444444,"d":"4,881.94"}},{"$f":"1/36","v":{"v":0.027777777777777776,"d":"0.03"}},{"$f":"+$H31*BE31","v":{"v":4881.944444444444,"d":"4,881.94"}},{"$f":"1/36","v":{"v":0.027777777777777776,"d":"0.03"}},{"$f":"+$H31*BG31","v":{"v":4881.944444444444,"d":"4,881.94"}},{"$f":"2/36","v":{"v":0.05555555555555555,"d":"0.06"}},{"$f":"+$H31*BI31","v":{"v":9763.888888888889,"d":"9,763.89"}},{"v":0.027777777777777776,"d":"0.03"},{"$f":"+BK31*H31","v":{"v":4881.944444444444,"d":"4,881.94"}},{"v":0.027777777777777776,"d":"0.03"},{"$f":"+BM31*H31","v":{"v":4881.944444444444,"d":"4,881.94"}},{"v":0.027777777777777776,"d":"0.03"},{"$f":"+BO31*H31","v":{"v":4881.944444444444,"d":"4,881.94"}},{"v":0.027777777777777776,"d":"0.03"},{"$f":"+BQ31*H31","v":{"v":4881.944444444444,"d":"4,881.94"}},{"v":0.027777777777777776,"d":"0.03"},{"$f":"+BS31*H31","v":{"v":4881.944444444444,"d":"4,881.94"}},{"v":0.027777777777777776,"d":"0.03"},{"$f":"+BU31*H31","v":{"v":4881.944444444444,"d":"4,881.94"}},{"v":0.027777777777777776,"d":"0.03"},{"$f":"+BW31*H31","v":{"v":4881.944444444444,"d":"4,881.94"}},{"v":0.027777777777777776,"d":"0.03"},{"$f":"+BY31*H31","v":{"v":4881.944444444444,"d":"4,881.94"}},{"v":0.027777777777777776,"d":"0.03"},{"$f":"+CA31*K31","v":{"v":4881.944444444445,"d":"4,881.94"}},null,{"$f":"H31*CC31","v":{"v":0,"d":"0.00"}},null,{"$f":"J31*CE31","v":{"v":0,"d":"0.00"}},null,{"$f":"L31*CG31","v":{"v":0,"d":"0.00"}},null,{"$f":"K31*CI31","v":{"v":0,"d":"0.00"}},null,{"$f":"K31*CK31","v":{"v":0,"d":"0.00"}},{"$f":"M31+O31+Q31+S31+U31+W31+Y31+AA31+AC31+AE31+AG31+AI31+AK31+AM31+AO31+AQ31+AS31+AU31+AW31+AY31+BA31+BC31+BE31+BG31+BI31+BK31+BM31+BO31+BQ31+BS31+BU31+BW31+BY31+CA31+CC31+CE31+CG31+CI31+CK31","v":{"v":1.0000000000000002,"d":"1"}},{"$f":"+H31*CM31","v":{"v":175750.00000000003,"d":"175,750.00"}},null,{"v":175750.00000000003,"d":"175 750.00"},{"v":0,"d":"0.00"}]
[{"$nulls":40},{"v":0.027777777777777776,"d":"0.03"},null,{"v":0.027777777777777776,"d":"0.03"},null,{"v":0.027777777777777776,"d":"0.03"},null,{"v":0.027777777777777776,"d":"0.03"},null,{"$f":"1/36","v":{"v":0.027777777777777776,"d":"0.03"}},{"$nulls":44},{"v":0,"d":" 0.00"},{"v":0,"d":"0.00"}]
["B5.0","SAMPLES, SHOP DRAWINGS AND MANUFACTURE'S INSTRUCTIONS",{"$nulls":38},{"v":0.027777777777777776,"d":"0.03"},null,{"v":0.027777777777777776,"d":"0.03"},null,{"v":0.027777777777777776,"d":"0.03"},null,{"v":0.027777777777777776,"d":"0.03"},{"$nulls":46},{"v":0,"d":" 0.00"},{"v":0,"d":"0.00"}]
[{"$nulls":40},{"v":0.027777777777777776,"d":"0.03"},null,{"v":0.027777777777777776,"d":"0.03"},null,{"v":0.027777777777777776,"d":"0.03"},null,{"v":0.027777777777777776,"d":"0.03"},{"$nulls":46},{"v":0,"d":" 0.00"},{"v":0,"d":"0.00"}]
["B5.1","Samples of Materials","Sum",1,0.9999999999777778,null,{"$f":"+E35+F35","v":0.9999999999777778},{"v":2000,"d":"2 000.00"},{"$f":"+G35*H35","v":{"v":1999.9999999555555,"d":"2 000.00"}},null,null,{"$f":"+D35*H35","v":{"v":2000,"d":"2 000.00"}},1,{"$f":"+H35*M35","v":{"v":2000,"d":"2,000.00"}},{"$nulls":47},{"$f":"+$H35*BI35","v":{"v":0,"d":"0.00"}},null,{"$f":"+BK35*H35","v":{"v":0,"d":"0.00"}},null,{"$f":"+BM35*H35","v":{"v":0,"d":"0.00"}},null,{"$f":"+BO35*H35","v":{"v":0,"d":"0.00"}},null,{"$f":"+BQ35*H35","v":{"v":0,"d":"0.00"}},null,{"$f":"+BS35*H35","v":{"v":0,"d":"0.00"}},null,{"$f":"+BU35*J35","v":{"v":0,"d":"0.00"}},null,{"$f":"+BW35*H35","v":{"v":0,"d":"0.00"}},null,{"$f":"+BY35*H35","v":{"v":0,"d":"0.00"}},null,{"$f":"+CA35*K35","v":{"v":0,"d":"0.00"}},null,{"$f":"H35*CC35","v":{"v":0,"d":"0.00"}},null,{"$f":"J35*CE35","v":{"v":0,"d":"0.00"}},null,{"$f":"L35*CG35","v":{"v":0,"d":"0.00"}},null,{"$f":"K35*CI35","v":{"v":0,"d":"0.00"}},null,{"$f":"K35*CK35","v":{"v":0,"d":"0.00"}},{"$f":"M35+O35+Q35+S35+U35+W35+Y35+AA35+AC35+AE35+AG35+AI35+AK35+AM35+AO35+AQ35+AS35+AU35+AW35+AY35+BA35+BC35+BE35+BG35+BI35+BK35+BM35+BO35+BQ35+BS35+BU35+BW35+BY35+CA35+CC35+CE35+CG35+CI35+CK35","v":1},{"$f":"+H35*CM35","v":{"v":2000,"d":"2,000.00"}},1,{"$f":"+I35+J35+K35","v":{"v":1999.9999999555555,"d":"2 000.00"}},{"$f":"+CP35-CN35","v":{"v":-4.4444504965213127E-8,"d":"-0.00"}}]
[{"$nulls":93},{"$f":"+I36+J36+K36","v":{"v":0,"d":" 0.00"}},{"$f":"+CP36-CN36","v":{"v":0,"d":"0.00"}}]
["B5.3","Shop Drawings","Sum",1,0.9999999999777778,null,{"$f":"+E37+F37","v":0.9999999999777778},{"v":3000,"d":"3 000.00"},{"$f":"+G37*H37","v":{"v":2999.999999933333,"d":"3 000.00"}},null,null,{"$f":"+D37*H37","v":{"v":3000,"d":"3 000.00"}},1,{"$f":"+H37*M37","v":{"v":3000,"d":"3,000.00"}},{"$nulls":47},{"$f":"+$H37*BI37","v":{"v":0,"d":"0.00"}},null,{"$f":"+BK37*H37","v":{"v":0,"d":"0.00"}},null,{"$f":"+BM37*H37","v":{"v":0,"d":"0.00"}},null,{"$f":"+BO37*H37","v":{"v":0,"d":"0.00"}},null,{"$f":"+BQ37*H37","v":{"v":0,"d":"0.00"}},null,{"$f":"+BS37*H37","v":{"v":0,"d":"0.00"}},null,{"$f":"+BU37*J37","v":{"v":0,"d":"0.00"}},null,{"$f":"+BW37*H37","v":{"v":0,"d":"0.00"}},null,{"$f":"+BY37*H37","v":{"v":0,"d":"0.00"}},null,{"$f":"+CA37*K37","v":{"v":0,"d":"0.00"}},null,{"$f":"H37*CC37","v":{"v":0,"d":"0.00"}},null,{"$f":"J37*CE37","v":{"v":0,"d":"0.00"}},null,{"$f":"L37*CG37","v":{"v":0,"d":"0.00"}},null,{"$f":"K37*CI37","v":{"v":0,"d":"0.00"}},null,{"$f":"K37*CK37","v":{"v":0,"d":"0.00"}},{"$f":"M37+O37+Q37+S37+U37+W37+Y37+AA37+AC37+AE37+AG37+AI37+AK37+AM37+AO37+AQ37+AS37+AU37+AW37+AY37+BA37+BC37+BE37+BG37+BI37+BK37+BM37+BO37+BQ37+BS37+BU37+BW37+BY37+CA37+CC37+CE37+CG37+CI37+CK37","v":1},{"$f":"+H37*CM37","v":{"v":3000,"d":"3,000.00"}},1,{"v":2999.999999933333,"d":"3 000.00"},{"v":-6.6666871134657413E-8,"d":"-0.00"}]
[{"$nulls":93},{"v":0,"d":" 0.00"},{"v":0,"d":"0.00"}]
["B6.0","TEMPORARY WORKS AND PLANT",{"$nulls":91},{"v":0,"d":" 0.00"},{"v":0,"d":"0.00"}]
[{"$nulls":93},{"v":0,"d":" 0.00"},{"v":0,"d":"0.00"}]
["B6.2","Enclosure of the Works","Sum",1,0.9999999999777778,null,{"$f":"+E41+F41","v":0.9999999999777778},{"v":5000,"d":"5 000.00"},{"$f":"+G41*H41","v":{"v":4999.999999888889,"d":"5 000.00"}},null,null,{"$f":"+D41*H41","v":{"v":5000,"d":"5 000.00"}},1,{"$f":"+H41*M41","v":{"v":5000,"d":"5,000.00"}},{"$nulls":47},{"$f":"+$H41*BI41","v":{"v":0,"d":"0.00"}},null,{"$f":"+BK41*H41","v":{"v":0,"d":"0.00"}},null,{"$f":"+BM41*H41","v":{"v":0,"d":"0.00"}},null,{"$f":"+BO41*H41","v":{"v":0,"d":"0.00"}},null,{"$f":"+BQ41*H41","v":{"v":0,"d":"0.00"}},null,{"$f":"+BS41*H41","v":{"v":0,"d":"0.00"}},null,{"$f":"+BU41*J41","v":{"v":0,"d":"0.00"}},null,{"$f":"+BW41*H41","v":{"v":0,"d":"0.00"}},null,{"$f":"+BY41*H41","v":{"v":0,"d":"0.00"}},null,{"$f":"+CA41*K41","v":{"v":0,"d":"0.00"}},null,{"$f":"H41*CC41","v":{"v":0,"d":"0.00"}},null,{"$f":"J41*CE41","v":{"v":0,"d":"0.00"}},null,{"$f":"L41*CG41","v":{"v":0,"d":"0.00"}},null,{"$f":"K41*CI41","v":{"v":0,"d":"0.00"}},null,{"$f":"K41*CK41","v":{"v":0,"d":"0.00"}},{"$f":"M41+O41+Q41+S41+U41+W41+Y41+AA41+AC41+AE41+AG41+AI41+AK41+AM41+AO41+AQ41+AS41+AU41+AW41+AY41+BA41+BC41+BE41+BG41+BI41+BK41+BM41+BO41+BQ41+BS41+BU41+BW41+BY41+CA41+CC41+CE41+CG41+CI41+CK41","v":1},{"$f":"+H41*CM41","v":{"v":5000,"d":"5,000.00"}},1,{"v":4999.999999888889,"d":"5 000.00"},{"v":-1.111111487261951E-7,"d":"-0.00"}]
[{"$nulls":93},{"v":0,"d":" 0.00"},{"v":0,"d":"0.00"}]
["B6.4","Plant, Equipment, Sheds and Offices","Sum",1,0.9999999999777778,null,{"$f":"+E43+F43","v":0.9999999999777778},{"v":10000,"d":"10 000.00"},{"$f":"+G43*H43","v":{"v":9999.999999777778,"d":"10 000.00"}},null,null,{"$f":"+D43*H43","v":{"v":10000,"d":"10 000.00"}},1,{"$f":"+H43*M43","v":{"v":10000,"d":"10,000.00"}},{"$nulls":47},{"$f":"+$H43*BI43","v":{"v":0,"d":"0.00"}},null,{"$f":"+BK43*H43","v":{"v":0,"d":"0.00"}},null,{"$f":"+BM43*H43","v":{"v":0,"d":"0.00"}},null,{"$f":"+BO43*H43","v":{"v":0,"d":"0.00"}},null,{"$f":"+BQ43*H43","v":{"v":0,"d":"0.00"}},null,{"$f":"+BS43*H43","v":{"v":0,"d":"0.00"}},null,{"$f":"+BU43*J43","v":{"v":0,"d":"0.00"}},null,{"$f":"+BW43*H43","v":{"v":0,"d":"0.00"}},null,{"$f":"+BY43*H43","v":{"v":0,"d":"0.00"}},null,{"$f":"+CA43*K43","v":{"v":0,"d":"0.00"}},null,{"$f":"H43*CC43","v":{"v":0,"d":"0.00"}},null,{"$f":"J43*CE43","v":{"v":0,"d":"0.00"}},null,{"$f":"L43*CG43","v":{"v":0,"d":"0.00"}},null,{"$f":"K43*CI43","v":{"v":0,"d":"0.00"}},null,{"$f":"K43*CK43","v":{"v":0,"d":"0.00"}},{"$f":"M43+O43+Q43+S43+U43+W43+Y43+AA43+AC43+AE43+AG43+AI43+AK43+AM43+AO43+AQ43+AS43+AU43+AW43+AY43+BA43+BC43+BE43+BG43+BI43+BK43+BM43+BO43+BQ43+BS43+BU43+BW43+BY43+CA43+CC43+CE43+CG43+CI43+CK43","v":1},{"$f":"+H43*CM43","v":{"v":10000,"d":"10,000.00"}},1,{"v":9999.999999777778,"d":"10 000.00"},{"v":-2.2222229745239019E-7,"d":"-0.00"}]
[{"$nulls":40},{"v":0.027777777777777776,"d":"0.03"},null,{"v":0.027777777777777776,"d":"0.03"},null,{"v":0.027777777777777776,"d":"0.03"},null,{"v":0.027777777777777776,"d":"0.03"},{"$nulls":46},{"v":0,"d":" 0.00"},{"v":0,"d":"0.00"}]
["B7.0","TEMPORARY SERVICES",{"$nulls":38},{"v":0.027777777777777776,"d":"0.03"},null,{"v":0.027777777777777776,"d":"0.03"},null,{"v":0.027777777777777776,"d":"0.03"},null,{"v":0.027777777777777776,"d":"0.03"},{"$nulls":16},{"$f":"+BK45*H45","v":{"v":0,"d":"0.00"}},{"$nulls":29},{"v":0,"d":" 0.00"},{"v":0,"d":"0.00"}]
[{"$nulls":40},{"v":0.027777777777777776,"d":"0.03"},null,{"v":0.027777777777777776,"d":"0.03"},null,{"v":0.027777777777777776,"d":"0.03"},null,{"v":0.027777777777777776,"d":"0.03"},{"$nulls":46},{"v":0,"d":" 0.00"},{"v":0,"d":"0.00"}]
["B7.2","Water","Sum",1,{"v":1.0000000000000002,"d":"1"},null,{"$f":"+E47+F47","v":{"v":1.0000000000000002,"d":"1"}},{"v":5000,"d":"5 000.00"},null,null,{"$f":"+G47*H47","v":{"v":5000.000000000001,"d":"5 000.00"}},{"$f":"+D47*H47","v":{"v":5000,"d":"5 000.00"}},null,null,{"$f":"3/36","v":{"v":0.08333333333333333,"d":"0.08"}},{"$f":"+H47*O47","v":{"v":416.66666666666663,"d":"416.67"}},{"$f":"4/36-O47","v":{"v":0.027777777777777776,"d":"0.03"}},{"$f":"+H47*Q47","v":{"v":138.88888888888889,"d":"138.89"}},{"$f":"5/36-O47-Q47","v":{"v":0.02777777777777779,"d":"0.03"}},{"$f":"+H47*S47","v":{"v":138.88888888888894,"d":"138.89"}},{"$f":"6/36-O47-Q47-S47","v":{"v":0.027777777777777762,"d":"0.03"}},{"$f":"+$H47*U47","v":{"v":138.8888888888888,"d":"138.89"}},{"$f":"7/36-O47-Q47-S47-U47","v":{"v":0.02777777777777779,"d":"0.03"}},{"$f":"+$H47*W47","v":{"v":138.88888888888894,"d":"138.89"}},{"$f":"8/36-M47-O47-Q47-S47-U47-W47","v":{"v":0.027777777777777776,"d":"0.03"}},{"$f":"+$H47*Y47","v":{"v":138.88888888888889,"d":"138.89"}},{"$f":"9/36-O47-Q47-S47-U47-W47-Y47","v":{"v":0.027777777777777776,"d":"0.03"}},{"$f":"+$H47*AA47","v":{"v":138.88888888888889,"d":"138.89"}},{"$f":"10/36-O47-Q47-S47-U47-W47-Y47-AA47","v":{"v":0.02777777777777779,"d":"0.03"}},{"$f":"+$H47*AC47","v":{"v":138.88888888888894,"d":"138.89"}},{"$f":"11/36-O47-Q47-S47-U47-W47-Y47-AA47-AC47","v":{"v":0.02777777777777779,"d":"0.03"}},{"$f":"+$H47*AE47","v":{"v":138.88888888888894,"d":"138.89"}},{"$f":"12/36-O47-Q47-S47-U47-W47-Y47-AA47-AC47-AE47","v":{"v":0.027777777777777735,"d":"0.03"}},{"$f":"+$H47*AG47","v":{"v":138.8888888888887,"d":"138.89"}},{"$f":"13/36-O47-Q47-S47-U47-W47-Y47-AA47-AC47-AE47-AG47","v":{"v":0.027777777777777804,"d":"0.03"}},{"$f":"+$H47*AI47","v":{"v":138.88888888888903,"d":"138.89"}},{"$f":"14/36-O47-Q47-S47-U47-W47-Y47-AA47-AC47-AE47-AG47-AI47","v":{"v":0.027777777777777776,"d":"0.03"}},{"$f":"+$H47*AK47","v":{"v":138.88888888888889,"d":"138.89"}},{"$f":"15/36-Q47-S47-U47-W47-Y47-AA47-AC47-AE47-AG47-AI47-AK47-O47","v":{"v":0.02777777777777779,"d":"0.03"}},{"$f":"+$H47*AM47","v":{"v":138.88888888888894,"d":"138.89"}},{"v":0.027777777777777776,"d":"0.03"},{"$f":"+$H47*AO47","v":{"v":138.88888888888889,"d":"138.89"}},{"v":0.027777777777777776,"d":"0.03"},{"$f":"+$H47*AQ47","v":{"v":138.88888888888889,"d":"138.89"}},{"v":0.027777777777777776,"d":"0.03"},{"$f":"+$H47*AS47","v":{"v":138.88888888888889,"d":"138.89"}},{"v":0.027777777777777776,"d":"0.03"},{"$f":"+$H47*AU47","v":{"v":138.88888888888889,"d":"138.89"}},{"$f":"1/36","v":{"v":0.027777777777777776,"d":"0.03"}},{"$f":"+$H47*AW47","v":{"v":138.88888888888889,"d":"138.89"}},{"$f":"1/36","v":{"v":0.027777777777777776,"d":"0.03"}},{"$f":"+$H47*AY47","v":{"v":138.88888888888889,"d":"138.89"}},{"$f":"1/36","v":{"v":0.027777777777777776,"d":"0.03"}},{"$f":"+$H47*BA47","v":{"v":138.88888888888889,"d":"138.89"}},{"$f":"1/36","v":{"v":0.027777777777777776,"d":"0.03"}},{"$f":"+$H47*BC47","v":{"v":138.88888888888889,"d":"138.89"}},{"$f":"1/36","v":{"v":0.027777777777777776,"d":"0.03"}},{"$f":"+$H47*BE47","v":{"v":138.88888888888889,"d":"138.89"}},{"$f":"1/36","v":{"v":0.027777777777777776,"d":"0.03"}},{"$f":"+$H47*BG47","v":{"v":138.88888888888889,"d":"138.89"}},{"$f":"2/36","v":{"v":0.05555555555555555,"d":"0.06"}},{"$f":"+$H47*BI47","v":{"v":277.77777777777777,"d":"277.78"}},{"v":0.027777777777777776,"d":"0.03"},{"$f":"+BK47*H47","v":{"v":138.88888888888889,"d":"138.89"}},{"v":0.027777777777777776,"d":"0.03"},{"$f":"+BM47*H47","v":{"v":138.88888888888889,"d":"138.89"}},{"v":0.027777777777777776,"d":"0.03"},{"$f":"+BO47*H47","v":{"v":138.88888888888889,"d":"138.89"}},{"v":0.027777777777777776,"d":"0.03"},{"$f":"+BQ47*H47","v":{"v":138.88888888888889,"d":"138.89"}},{"v":0.027777777777777776,"d":"0.03"},{"$f":"+BS47*H47","v":{"v":138.88888888888889,"d":"138.89"}},{"v":0.027777777777777776,"d":"0.03"},{"$f":"+BU47*H47","v":{"v":138.88888888888889,"d":"138.89"}},{"v":0.027777777777777776,"d":"0.03"},{"$f":"+BW47*H47","v":{"v":138.88888888888889,"d":"138.89"}},{"v":0.027777777777777776,"d":"0.03"},{"$f":"+BY47*H47","v":{"v":138.88888888888889,"d":"138.89"}},{"v":0.027777777777777776,"d":"0.03"},{"$f":"+CA47*K47","v":{"v":138.8888888888889,"d":"138.89"}},null,{"$f":"H47*CC47","v":{"v":0,"d":"0.00"}},null,{"$f":"J47*CE47","v":{"v":0,"d":"0.00"}},null,{"$f":"L47*CG47","v":{"v":0,"d":"0.00"}},null,{"$f":"K47*CI47","v":{"v":0,"d":"0.00"}},null,{"$f":"K47*CK47","v":{"v":0,"d":"0.00"}},{"$f":"M47+O47+Q47+S47+U47+W47+Y47+AA47+AC47+AE47+AG47+AI47+AK47+AM47+AO47+AQ47+AS47+AU47+AW47+AY47+BA47+BC47+BE47+BG47+BI47+BK47+BM47+BO47+BQ47+BS47+BU47+BW47+BY47+CA47+CC47+CE47+CG47+CI47+CK47","v":{"v":1.0000000000000002,"d":"1"}},{"$f":"+H47*CM47","v":{"v":5000.000000000001,"d":"5,000.00"}},null,{"v":5000.000000000001,"d":"5 000.00"},{"v":0,"d":"0.00"}]
[{"$nulls":40},{"v":0.027777777777777776,"d":"0.03"},null,{"v":0.027777777777777776,"d":"0.03"},null,{"v":0.027777777777777776,"d":"0.03"},null,{"v":0.027777777777777776,"d":"0.03"},{"$nulls":46},{"v":0,"d":" 0.00"},{"v":0,"d":"0.00"}]
["B7.3","Electricity","Sum",1,{"v":1.0000000000000002,"d":"1"},null,{"$f":"+E49+F49","v":{"v":1.0000000000000002,"d":"1"}},{"v":6250,"d":"6 250.00"},null,null,{"$f":"G49*H49","v":{"v":6250.000000000002,"d":"6 250.00"}},{"$f":"+D49*H49","v":{"v":6250,"d":"6 250.00"}},null,null,{"$f":"3/36","v":{"v":0.08333333333333333,"d":"0.08"}},{"$f":"+H49*O49","v":{"v":520.8333333333333,"d":"520.83"}},{"$f":"4/36-O49","v":{"v":0.027777777777777776,"d":"0.03"}},{"$f":"+H49*Q49","v":{"v":173.61111111111111,"d":"173.61"}},{"$f":"5/36-O49-Q49","v":{"v":0.02777777777777779,"d":"0.03"}},{"$f":"+H49*S49","v":{"v":173.6111111111112,"d":"173.61"}},{"$f":"6/36-O49-Q49-S49","v":{"v":0.027777777777777762,"d":"0.03"}},{"$f":"+$H49*U49","v":{"v":173.611111111111,"d":"173.61"}},{"$f":"7/36-O49-Q49-S49-U49","v":{"v":0.02777777777777779,"d":"0.03"}},{"$f":"+$H49*W49","v":{"v":173.6111111111112,"d":"173.61"}},{"$f":"8/36-M49-O49-Q49-S49-U49-W49","v":{"v":0.027777777777777776,"d":"0.03"}},{"$f":"+$H49*Y49","v":{"v":173.61111111111111,"d":"173.61"}},{"$f":"9/36-O49-Q49-S49-U49-W49-Y49","v":{"v":0.027777777777777776,"d":"0.03"}},{"$f":"+$H49*AA49","v":{"v":173.61111111111111,"d":"173.61"}},{"$f":"10/36-O49-Q49-S49-U49-W49-Y49-AA49","v":{"v":0.02777777777777779,"d":"0.03"}},{"$f":"+$H49*AC49","v":{"v":173.6111111111112,"d":"173.61"}},{"$f":"11/36-O49-Q49-S49-U49-W49-Y49-AA49-AC49","v":{"v":0.02777777777777779,"d":"0.03"}},{"$f":"+$H49*AE49","v":{"v":173.6111111111112,"d":"173.61"}},{"$f":"12/36-O49-Q49-S49-U49-W49-Y49-AA49-AC49-AE49","v":{"v":0.027777777777777735,"d":"0.03"}},{"$f":"+$H49*AG49","v":{"v":173.61111111111083,"d":"173.61"}},{"$f":"13/36-O49-Q49-S49-U49-W49-Y49-AA49-AC49-AE49-AG49","v":{"v":0.027777777777777804,"d":"0.03"}},{"$f":"+$H49*AI49","v":{"v":173.61111111111128,"d":"173.61"}},{"$f":"14/36-O49-Q49-S49-U49-W49-Y49-AA49-AC49-AE49-AG49-AI49","v":{"v":0.027777777777777776,"d":"0.03"}},{"$f":"+$H49*AK49","v":{"v":173.61111111111111,"d":"173.61"}},{"$f":"15/36-Q49-S49-U49-W49-Y49-AA49-AC49-AE49-AG49-AI49-AK49-O49","v":{"v":0.02777777777777779,"d":"0.03"}},{"$f":"+$H49*AM49","v":{"v":173.6111111111112,"d":"173.61"}},{"v":0.027777777777777776,"d":"0.03"},{"$f":"+$H49*AO49","v":{"v":173.61111111111111,"d":"173.61"}},{"v":0.027777777777777776,"d":"0.03"},{"$f":"+$H49*AQ49","v":{"v":173.61111111111111,"d":"173.61"}},{"v":0.027777777777777776,"d":"0.03"},{"$f":"+$H49*AS49","v":{"v":173.61111111111111,"d":"173.61"}},{"v":0.027777777777777776,"d":"0.03"},{"$f":"+$H49*AU49","v":{"v":173.61111111111111,"d":"173.61"}},{"$f":"1/36","v":{"v":0.027777777777777776,"d":"0.03"}},{"$f":"+$H49*AW49","v":{"v":173.61111111111111,"d":"173.61"}},{"$f":"1/36","v":{"v":0.027777777777777776,"d":"0.03"}},{"$f":"+$H49*AY49","v":{"v":173.61111111111111,"d":"173.61"}},{"$f":"1/36","v":{"v":0.027777777777777776,"d":"0.03"}},{"$f":"+$H49*BA49","v":{"v":173.61111111111111,"d":"173.61"}},{"$f":"1/36","v":{"v":0.027777777777777776,"d":"0.03"}},{"$f":"+$H49*BC49","v":{"v":173.61111111111111,"d":"173.61"}},{"$f":"1/36","v":{"v":0.027777777777777776,"d":"0.03"}},{"$f":"+$H49*BE49","v":{"v":173.61111111111111,"d":"173.61"}},{"$f":"1/36","v":{"v":0.027777777777777776,"d":"0.03"}},{"$f":"+$H49*BG49","v":{"v":173.61111111111111,"d":"173.61"}},{"$f":"2/36","v":{"v":0.05555555555555555,"d":"0.06"}},{"$f":"+$H49*BI49","v":{"v":347.22222222222223,"d":"347.22"}},{"v":0.027777777777777776,"d":"0.03"},{"$f":"+BK49*H49","v":{"v":173.61111111111111,"d":"173.61"}},{"v":0.027777777777777776,"d":"0.03"},{"$f":"+BM49*H49","v":{"v":173.61111111111111,"d":"173.61"}},{"v":0.027777777777777776,"d":"0.03"},{"$f":"+BO49*H49","v":{"v":173.61111111111111,"d":"173.61"}},{"v":0.027777777777777776,"d":"0.03"},{"$f":"+BQ49*H49","v":{"v":173.61111111111111,"d":"173.61"}},{"v":0.027777777777777776,"d":"0.03"},{"$f":"+BS49*H49","v":{"v":173.61111111111111,"d":"173.61"}},{"v":0.027777777777777776,"d":"0.03"},{"$f":"+BU49*H49","v":{"v":173.61111111111111,"d":"173.61"}},{"v":0.027777777777777776,"d":"0.03"},{"$f":"+BW49*H49","v":{"v":173.61111111111111,"d":"173.61"}},{"v":0.027777777777777776,"d":"0.03"},{"$f":"+BY49*H49","v":{"v":173.61111111111111,"d":"173.61"}},{"v":0.027777777777777776,"d":"0.03"},{"$f":"+CA49*K49","v":{"v":173.61111111111114,"d":"173.61"}},null,{"$f":"H49*CC49","v":{"v":0,"d":"0.00"}},null,{"$f":"J49*CE49","v":{"v":0,"d":"0.00"}},null,{"$f":"L49*CG49","v":{"v":0,"d":"0.00"}},null,{"$f":"K49*CI49","v":{"v":0,"d":"0.00"}},null,{"$f":"K49*CK49","v":{"v":0,"d":"0.00"}},{"$f":"M49+O49+Q49+S49+U49+W49+Y49+AA49+AC49+AE49+AG49+AI49+AK49+AM49+AO49+AQ49+AS49+AU49+AW49+AY49+BA49+BC49+BE49+BG49+BI49+BK49+BM49+BO49+BQ49+BS49+BU49+BW49+BY49+CA49+CC49+CE49+CG49+CI49+CK49","v":{"v":1.0000000000000002,"d":"1"}},{"$f":"+H49*CM49","v":{"v":6250.000000000002,"d":"6,250.00"}},null,{"v":6250.000000000002,"d":"6 250.00"},{"v":0,"d":"0.00"}]
[{"$nulls":40},{"v":0.027777777777777776,"d":"0.03"},null,{"v":0.027777777777777776,"d":"0.03"},null,{"v":0.027777777777777776,"d":"0.03"},null,{"v":0.027777777777777776,"d":"0.03"},{"$nulls":5},{"$f":"1/36","v":{"v":0.027777777777777776,"d":"0.03"}},null,{"$f":"1/36","v":{"v":0.027777777777777776,"d":"0.03"}},null,{"$f":"1/36","v":{"v":0.027777777777777776,"d":"0.03"}},null,{"$f":"1/36","v":{"v":0.027777777777777776,"d":"0.03"}},null,{"$f":"2/36","v":{"v":0.05555555555555555,"d":"0.06"}},null,{"v":0.027777777777777776,"d":"0.03"},{"$nulls":30},{"v":0,"d":" 0.00"},{"v":0,"d":"0.00"}]
["B7.4","Telecommunication Facilities","Sum",1,{"v":1.0000000000000002,"d":"1"},null,{"$f":"+E51+F51","v":{"v":1.0000000000000002,"d":"1"}},{"v":71000,"d":"71 000.00"},null,null,{"$f":"G51*H51","v":{"v":71000.00000000001,"d":"71 000.00"}},{"$f":"+D51*H51","v":{"v":71000,"d":"71 000.00"}},null,null,{"$f":"3/36","v":{"v":0.08333333333333333,"d":"0.08"}},{"$f":"+H51*O51","v":{"v":5916.666666666666,"d":"5,916.67"}},{"$f":"4/36-O51","v":{"v":0.027777777777777776,"d":"0.03"}},{"$f":"+H51*Q51","v":{"v":1972.2222222222222,"d":"1,972.22"}},{"$f":"5/36-O51-Q51","v":{"v":0.02777777777777779,"d":"0.03"}},{"$f":"+H51*S51","v":{"v":1972.222222222223,"d":"1,972.22"}},{"$f":"6/36-O51-Q51-S51","v":{"v":0.027777777777777762,"d":"0.03"}},{"$f":"+$H51*U51","v":{"v":1972.222222222221,"d":"1,972.22"}},{"$f":"7/36-O51-Q51-S51-U51","v":{"v":0.02777777777777779,"d":"0.03"}},{"$f":"+$H51*W51","v":{"v":1972.222222222223,"d":"1,972.22"}},{"$f":"8/36-M51-O51-Q51-S51-U51-W51","v":{"v":0.027777777777777776,"d":"0.03"}},{"$f":"+$H51*Y51","v":{"v":1972.2222222222222,"d":"1,972.22"}},{"$f":"9/36-O51-Q51-S51-U51-W51-Y51","v":{"v":0.027777777777777776,"d":"0.03"}},{"$f":"+$H51*AA51","v":{"v":1972.2222222222222,"d":"1,972.22"}},{"$f":"10/36-O51-Q51-S51-U51-W51-Y51-AA51","v":{"v":0.02777777777777779,"d":"0.03"}},{"$f":"+$H51*AC51","v":{"v":1972.222222222223,"d":"1,972.22"}},{"$f":"11/36-O51-Q51-S51-U51-W51-Y51-AA51-AC51","v":{"v":0.02777777777777779,"d":"0.03"}},{"$f":"+$H51*AE51","v":{"v":1972.222222222223,"d":"1,972.22"}},{"$f":"12/36-O51-Q51-S51-U51-W51-Y51-AA51-AC51-AE51","v":{"v":0.027777777777777735,"d":"0.03"}},{"$f":"+$H51*AG51","v":{"v":1972.2222222222192,"d":"1,972.22"}},{"$f":"13/36-O51-Q51-S51-U51-W51-Y51-AA51-AC51-AE51-AG51","v":{"v":0.027777777777777804,"d":"0.03"}},{"$f":"+$H51*AI51","v":{"v":1972.222222222224,"d":"1,972.22"}},{"$f":"14/36-O51-Q51-S51-U51-W51-Y51-AA51-AC51-AE51-AG51-AI51","v":{"v":0.027777777777777776,"d":"0.03"}},{"$f":"+$H51*AK51","v":{"v":1972.2222222222222,"d":"1,972.22"}},{"$f":"15/36-Q51-S51-U51-W51-Y51-AA51-AC51-AE51-AG51-AI51-AK51-O51","v":{"v":0.02777777777777779,"d":"0.03"}},{"$f":"+$H51*AM51","v":{"v":1972.222222222223,"d":"1,972.22"}},{"v":0.027777777777777776,"d":"0.03"},{"$f":"+$H51*AO51","v":{"v":1972.2222222222222,"d":"1,972.22"}},{"v":0.027777777777777776,"d":"0.03"},{"$f":"+$H51*AQ51","v":{"v":1972.2222222222222,"d":"1,972.22"}},{"v":0.027777777777777776,"d":"0.03"},{"$f":"+$H51*AS51","v":{"v":1972.2222222222222,"d":"1,972.22"}},{"v":0.027777777777777776,"d":"0.03"},{"$f":"+$H51*AU51","v":{"v":1972.2222222222222,"d":"1,972.22"}},{"$f":"1/36","v":{"v":0.027777777777777776,"d":"0.03"}},{"$f":"+$H51*AW51","v":{"v":1972.2222222222222,"d":"1,972.22"}},{"$f":"1/36","v":{"v":0.027777777777777776,"d":"0.03"}},{"$f":"+$H51*AY51","v":{"v":1972.2222222222222,"d":"1,972.22"}},{"$f":"1/36","v":{"v":0.027777777777777776,"d":"0.03"}},{"$f":"+$H51*BA51","v":{"v":1972.2222222222222,"d":"1,972.22"}},{"$f":"1/36","v":{"v":0.027777777777777776,"d":"0.03"}},{"$f":"+$H51*BC51","v":{"v":1972.2222222222222,"d":"1,972.22"}},{"$f":"1/36","v":{"v":0.027777777777777776,"d":"0.03"}},{"$f":"+$H51*BE51","v":{"v":1972.2222222222222,"d":"1,972.22"}},{"$f":"1/36","v":{"v":0.027777777777777776,"d":"0.03"}},{"$f":"+$H51*BG51","v":{"v":1972.2222222222222,"d":"1,972.22"}},{"$f":"2/36","v":{"v":0.05555555555555555,"d":"0.06"}},{"$f":"+$H51*BI51","v":{"v":3944.4444444444443,"d":"3,944.44"}},{"v":0.027777777777777776,"d":"0.03"},{"$f":"+BK51*H51","v":{"v":1972.2222222222222,"d":"1,972.22"}},{"v":0.027777777777777776,"d":"0.03"},{"$f":"+BM51*H51","v":{"v":1972.2222222222222,"d":"1,972.22"}},{"v":0.027777777777777776,"d":"0.03"},{"$f":"+BO51*H51","v":{"v":1972.2222222222222,"d":"1,972.22"}},{"v":0.027777777777777776,"d":"0.03"},{"$f":"+BQ51*H51","v":{"v":1972.2222222222222,"d":"1,972.22"}},{"v":0.027777777777777776,"d":"0.03"},{"$f":"+BS51*H51","v":{"v":1972.2222222222222,"d":"1,972.22"}},{"v":0.027777777777777776,"d":"0.03"},{"$f":"+BU51*H51","v":{"v":1972.2222222222222,"d":"1,972.22"}},{"v":0.027777777777777776,"d":"0.03"},{"$f":"+BW51*H51","v":{"v":1972.2222222222222,"d":"1,972.22"}},{"v":0.027777777777777776,"d":"0.03"},{"$f":"+BY51*H51","v":{"v":1972.2222222222222,"d":"1,972.22"}},{"v":0.027777777777777776,"d":"0.03"},{"$f":"+CA51*K51","v":{"v":1972.2222222222226,"d":"1,972.22"}},null,{"$f":"H51*CC51","v":{"v":0,"d":"0.00"}},null,{"$f":"J51*CE51","v":{"v":0,"d":"0.00"}},null,{"$f":"L51*CG51","v":{"v":0,"d":"0.00"}},null,{"$f":"K51*CI51","v":{"v":0,"d":"0.00"}},null,{"$f":"K51*CK51","v":{"v":0,"d":"0.00"}},{"$f":"M51+O51+Q51+S51+U51+W51+Y51+AA51+AC51+AE51+AG51+AI51+AK51+AM51+AO51+AQ51+AS51+AU51+AW51+AY51+BA51+BC51+BE51+BG51+BI51+BK51+BM51+BO51+BQ51+BS51+BU51+BW51+BY51+CA51+CC51+CE51+CG51+CI51+CK51","v":{"v":1.0000000000000002,"d":"1"}},{"$f":"+H51*CM51","v":{"v":71000.00000000001,"d":"71,000.00"}},null,{"v":71000.00000000001,"d":"71 000.00"},{"v":0,"d":"0.00"}]
[{"$nulls":40},{"v":0.027777777777777776,"d":"0.03"},null,{"v":0.027777777777777776,"d":"0.03"},null,{"v":0.027777777777777776,"d":"0.03"},null,{"v":0.027777777777777776,"d":"0.03"},{"$nulls":5},{"$f":"1/36","v":{"v":0.027777777777777776,"d":"0.03"}},null,{"$f":"1/36","v":{"v":0.027777777777777776,"d":"0.03"}},null,{"$f":"1/36","v":{"v":0.027777777777777776,"d":"0.03"}},null,{"$f":"1/36","v":{"v":0.027777777777777776,"d":"0.03"}},null,{"$f":"2/36","v":{"v":0.05555555555555555,"d":"0.06"}},null,{"v":0.027777777777777776,"d":"0.03"},{"$nulls":30},{"v":0,"d":" 0.00"},{"v":0,"d":"0.00"}]
["B7.5","Ablution Facilities","Sum",1,{"v":1.0000000000000002,"d":"1"},null,{"$f":"+E53+F53","v":{"v":1.0000000000000002,"d":"1"}},{"v":15200,"d":"15 200.00"},null,null,{"$f":"G53*H53","v":{"v":15200.000000000004,"d":"15 200.00"}},{"$f":"+D53*H53","v":{"v":15200,"d":"15 200.00"}},null,null,{"$f":"3/36","v":{"v":0.08333333333333333,"d":"0.08"}},{"$f":"+H53*O53","v":{"v":1266.6666666666665,"d":"1,266.67"}},{"$f":"4/36-O53","v":{"v":0.027777777777777776,"d":"0.03"}},{"$f":"+H53*Q53","v":{"v":422.2222222222222,"d":"422.22"}},{"$f":"5/36-O53-Q53","v":{"v":0.02777777777777779,"d":"0.03"}},{"$f":"+H53*S53","v":{"v":422.2222222222224,"d":"422.22"}},{"$f":"6/36-O53-Q53-S53","v":{"v":0.027777777777777762,"d":"0.03"}},{"$f":"+$H53*U53","v":{"v":422.222222222222,"d":"422.22"}},{"$f":"7/36-O53-Q53-S53-U53","v":{"v":0.02777777777777779,"d":"0.03"}},{"$f":"+$H53*W53","v":{"v":422.2222222222224,"d":"422.22"}},{"$f":"8/36-M53-O53-Q53-S53-U53-W53","v":{"v":0.027777777777777776,"d":"0.03"}},{"$f":"+$H53*Y53","v":{"v":422.2222222222222,"d":"422.22"}},{"$f":"9/36-O53-Q53-S53-U53-W53-Y53","v":{"v":0.027777777777777776,"d":"0.03"}},{"$f":"+$H53*AA53","v":{"v":422.2222222222222,"d":"422.22"}},{"$f":"10/36-O53-Q53-S53-U53-W53-Y53-AA53","v":{"v":0.02777777777777779,"d":"0.03"}},{"$f":"+$H53*AC53","v":{"v":422.2222222222224,"d":"422.22"}},{"$f":"11/36-O53-Q53-S53-U53-W53-Y53-AA53-AC53","v":{"v":0.02777777777777779,"d":"0.03"}},{"$f":"+$H53*AE53","v":{"v":422.2222222222224,"d":"422.22"}},{"$f":"12/36-O53-Q53-S53-U53-W53-Y53-AA53-AC53-AE53","v":{"v":0.027777777777777735,"d":"0.03"}},{"$f":"+$H53*AG53","v":{"v":422.22222222222155,"d":"422.22"}},{"$f":"13/36-O53-Q53-S53-U53-W53-Y53-AA53-AC53-AE53-AG53","v":{"v":0.027777777777777804,"d":"0.03"}},{"$f":"+$H53*AI53","v":{"v":422.2222222222226,"d":"422.22"}},{"$f":"14/36-O53-Q53-S53-U53-W53-Y53-AA53-AC53-AE53-AG53-AI53","v":{"v":0.027777777777777776,"d":"0.03"}},{"$f":"+$H53*AK53","v":{"v":422.2222222222222,"d":"422.22"}},{"$f":"15/36-Q53-S53-U53-W53-Y53-AA53-AC53-AE53-AG53-AI53-AK53-O53","v":{"v":0.02777777777777779,"d":"0.03"}},{"$f":"+$H53*AM53","v":{"v":422.2222222222224,"d":"422.22"}},{"v":0.027777777777777776,"d":"0.03"},{"$f":"+$H53*AO53","v":{"v":422.2222222222222,"d":"422.22"}},{"v":0.027777777777777776,"d":"0.03"},{"$f":"+$H53*AQ53","v":{"v":422.2222222222222,"d":"422.22"}},{"v":0.027777777777777776,"d":"0.03"},{"$f":"+$H53*AS53","v":{"v":422.2222222222222,"d":"422.22"}},{"v":0.027777777777777776,"d":"0.03"},{"$f":"+$H53*AU53","v":{"v":422.2222222222222,"d":"422.22"}},{"$f":"1/36","v":{"v":0.027777777777777776,"d":"0.03"}},{"$f":"+$H53*AW53","v":{"v":422.2222222222222,"d":"422.22"}},{"$f":"1/36","v":{"v":0.027777777777777776,"d":"0.03"}},{"$f":"+$H53*AY53","v":{"v":422.2222222222222,"d":"422.22"}},{"$f":"1/36","v":{"v":0.027777777777777776,"d":"0.03"}},{"$f":"+$H53*BA53","v":{"v":422.2222222222222,"d":"422.22"}},{"$f":"1/36","v":{"v":0.027777777777777776,"d":"0.03"}},{"$f":"+$H53*BC53","v":{"v":422.2222222222222,"d":"422.22"}},{"$f":"1/36","v":{"v":0.027777777777777776,"d":"0.03"}},{"$f":"+$H53*BE53","v":{"v":422.2222222222222,"d":"422.22"}},{"$f":"1/36","v":{"v":0.027777777777777776,"d":"0.03"}},{"$f":"+$H53*BG53","v":{"v":422.2222222222222,"d":"422.22"}},{"$f":"2/36","v":{"v":0.05555555555555555,"d":"0.06"}},{"$f":"+$H53*BI53","v":{"v":844.4444444444443,"d":"844.44"}},{"v":0.027777777777777776,"d":"0.03"},{"$f":"+BK53*H53","v":{"v":422.2222222222222,"d":"422.22"}},{"v":0.027777777777777776,"d":"0.03"},{"$f":"+BM53*H53","v":{"v":422.2222222222222,"d":"422.22"}},{"v":0.027777777777777776,"d":"0.03"},{"$f":"+BO53*H53","v":{"v":422.2222222222222,"d":"422.22"}},{"v":0.027777777777777776,"d":"0.03"},{"$f":"+BQ53*H53","v":{"v":422.2222222222222,"d":"422.22"}},{"v":0.027777777777777776,"d":"0.03"},{"$f":"+BS53*H53","v":{"v":422.2222222222222,"d":"422.22"}},{"v":0.027777777777777776,"d":"0.03"},{"$f":"+BU53*H53","v":{"v":422.2222222222222,"d":"422.22"}},{"v":0.027777777777777776,"d":"0.03"},{"$f":"+BW53*H53","v":{"v":422.2222222222222,"d":"422.22"}},{"v":0.027777777777777776,"d":"0.03"},{"$f":"+BY53*H53","v":{"v":422.2222222222222,"d":"422.22"}},{"v":0.027777777777777776,"d":"0.03"},{"$f":"+CA53*K53","v":{"v":422.2222222222223,"d":"422.22"}},null,{"$f":"H53*CC53","v":{"v":0,"d":"0.00"}},null,{"$f":"J53*CE53","v":{"v":0,"d":"0.00"}},null,{"$f":"L53*CG53","v":{"v":0,"d":"0.00"}},null,{"$f":"K53*CI53","v":{"v":0,"d":"0.00"}},null,{"$f":"K53*CK53","v":{"v":0,"d":"0.00"}},{"$f":"M53+O53+Q53+S53+U53+W53+Y53+AA53+AC53+AE53+AG53+AI53+AK53+AM53+AO53+AQ53+AS53+AU53+AW53+AY53+BA53+BC53+BE53+BG53+BI53+BK53+BM53+BO53+BQ53+BS53+BU53+BW53+BY53+CA53+CC53+CE53+CG53+CI53+CK53","v":{"v":1.0000000000000002,"d":"1"}},{"$f":"+H53*CM53","v":{"v":15200.000000000004,"d":"15,200.00"}},null,{"v":15200.000000000004,"d":"15 200.00"},{"v":0,"d":"0.00"}]
[{"$nulls":40},{"v":0.027777777777777776,"d":"0.03"},null,{"v":0.027777777777777776,"d":"0.03"},null,{"v":0.027777777777777776,"d":"0.03"},null,{"v":0.027777777777777776,"d":"0.03"},{"$nulls":46},{"v":0,"d":" 0.00"},{"v":0,"d":"0.00"}]
["B11.0","GENERAL",{"$nulls":38},{"v":0.027777777777777776,"d":"0.03"},null,{"v":0.027777777777777776,"d":"0.03"},null,{"v":0.027777777777777776,"d":"0.03"},null,{"v":0.027777777777777776,"d":"0.03"},{"$nulls":46},{"v":0,"d":" 0.00"},{"v":0,"d":"0.00"}]
[{"$nulls":40},{"v":0.027777777777777776,"d":"0.03"},null,{"v":0.027777777777777776,"d":"0.03"},null,{"v":0.027777777777777776,"d":"0.03"},null,{"v":0.027777777777777776,"d":"0.03"},{"$nulls":46},{"v":0,"d":" 0.00"},{"v":0,"d":"0.00"}]
["B11.11","As Built Information","Sum",1,0.9999999999777778,null,{"$f":"+E57+F57","v":0.9999999999777778},{"v":10000,"d":"10 000.00"},{"$f":"+G57*H57","v":{"v":9999.999999777778,"d":"10 000.00"}},null,null,{"$f":"+D57*H57","v":{"v":10000,"d":"10 000.00"}},1,{"$f":"+H57*M57","v":{"v":10000,"d":"10,000.00"}},{"$nulls":47},{"$f":"+$H57*BI57","v":{"v":0,"d":"0.00"}},null,{"$f":"+BK57*H57","v":{"v":0,"d":"0.00"}},null,{"$f":"+BM57*H57","v":{"v":0,"d":"0.00"}},null,{"$f":"+BO57*H57","v":{"v":0,"d":"0.00"}},null,{"$f":"+BQ57*H57","v":{"v":0,"d":"0.00"}},null,{"$f":"+BS57*H57","v":{"v":0,"d":"0.00"}},null,{"$f":"+BU57*J57","v":{"v":0,"d":"0.00"}},null,{"$f":"+BW57*H57","v":{"v":0,"d":"0.00"}},null,{"$f":"+BY57*H57","v":{"v":0,"d":"0.00"}},null,{"$f":"+CA57*K57","v":{"v":0,"d":"0.00"}},null,{"$f":"H57*CC57","v":{"v":0,"d":"0.00"}},null,{"$f":"J57*CE57","v":{"v":0,"d":"0.00"}},null,{"$f":"L57*CG57","v":{"v":0,"d":"0.00"}},null,{"$f":"K57*CI57","v":{"v":0,"d":"0.00"}},null,{"$f":"K57*CK57","v":{"v":0,"d":"0.00"}},{"$f":"M57+O57+Q57+S57+U57+W57+Y57+AA57+AC57+AE57+AG57+AI57+AK57+AM57+AO57+AQ57+AS57+AU57+AW57+AY57+BA57+BC57+BE57+BG57+BI57+BK57+BM57+BO57+BQ57+BS57+BU57+BW57+BY57+CA57+CC57+CE57+CG57+CI57+CK57","v":1},{"$f":"+H57*CM57","v":{"v":10000,"d":"10,000.00"}},1,{"v":9999.999999777778,"d":"10 000.00"},{"v":-2.2222229745239019E-7,"d":"-0.00"}]
[{"$nulls":40},{"v":0.027777777777777776,"d":"0.03"},null,{"v":0.027777777777777776,"d":"0.03"},null,{"v":0.027777777777777776,"d":"0.03"},null,{"v":0.027777777777777776,"d":"0.03"},{"$nulls":46},{"v":0,"d":" 0.00"},{"v":0,"d":"0.00"}]
["C10","HIV/AIDS AWARENESS",{"$nulls":38},{"v":0.027777777777777776,"d":"0.03"},null,{"v":0.027777777777777776,"d":"0.03"},null,{"v":0.027777777777777776,"d":"0.03"},null,{"v":0.027777777777777776,"d":"0.03"},{"$nulls":46},{"v":0,"d":" 0.00"},{"v":0,"d":"0.00"}]
[{"$nulls":40},{"v":0.027777777777777776,"d":"0.03"},null,{"v":0.027777777777777776,"d":"0.03"},null,{"v":0.027777777777777776,"d":"0.03"},null,{"v":0.027777777777777776,"d":"0.03"},{"$nulls":46},{"v":0,"d":" 0.00"},{"v":0,"d":"0.00"}]
["C10.1","Awareness Champion","Sum",1,{"v":1.0000000000000002,"d":"1"},null,{"$f":"+E61+F61","v":{"v":1.0000000000000002,"d":"1"}},{"v":25000,"d":"25 000.00"},null,null,{"$f":"G61*H61","v":{"v":25000.000000000007,"d":"25 000.00"}},{"$f":"+D61*H61","v":{"v":25000,"d":"25 000.00"}},null,null,{"$f":"3/36","v":{"v":0.08333333333333333,"d":"0.08"}},{"$f":"+H61*O61","v":{"v":2083.333333333333,"d":"2,083.33"}},{"$f":"4/36-O61","v":{"v":0.027777777777777776,"d":"0.03"}},{"$f":"+H61*Q61","v":{"v":694.4444444444445,"d":"694.44"}},{"$f":"5/36-O61-Q61","v":{"v":0.02777777777777779,"d":"0.03"}},{"$f":"+H61*S61","v":{"v":694.4444444444448,"d":"694.44"}},{"$f":"6/36-O61-Q61-S61","v":{"v":0.027777777777777762,"d":"0.03"}},{"$f":"+$H61*U61","v":{"v":694.444444444444,"d":"694.44"}},{"$f":"7/36-O61-Q61-S61-U61","v":{"v":0.02777777777777779,"d":"0.03"}},{"$f":"+$H61*W61","v":{"v":694.4444444444448,"d":"694.44"}},{"$f":"8/36-M61-O61-Q61-S61-U61-W61","v":{"v":0.027777777777777776,"d":"0.03"}},{"$f":"+$H61*Y61","v":{"v":694.4444444444445,"d":"694.44"}},{"$f":"9/36-O61-Q61-S61-U61-W61-Y61","v":{"v":0.027777777777777776,"d":"0.03"}},{"$f":"+$H61*AA61","v":{"v":694.4444444444445,"d":"694.44"}},{"$f":"10/36-O61-Q61-S61-U61-W61-Y61-AA61","v":{"v":0.02777777777777779,"d":"0.03"}},{"$f":"+$H61*AC61","v":{"v":694.4444444444448,"d":"694.44"}},{"$f":"11/36-O61-Q61-S61-U61-W61-Y61-AA61-AC61","v":{"v":0.02777777777777779,"d":"0.03"}},{"$f":"+$H61*AE61","v":{"v":694.4444444444448,"d":"694.44"}},{"$f":"12/36-O61-Q61-S61-U61-W61-Y61-AA61-AC61-AE61","v":{"v":0.027777777777777735,"d":"0.03"}},{"$f":"+$H61*AG61","v":{"v":694.4444444444433,"d":"694.44"}},{"$f":"13/36-O61-Q61-S61-U61-W61-Y61-AA61-AC61-AE61-AG61","v":{"v":0.027777777777777804,"d":"0.03"}},{"$f":"+$H61*AI61","v":{"v":694.4444444444451,"d":"694.44"}},{"$f":"14/36-O61-Q61-S61-U61-W61-Y61-AA61-AC61-AE61-AG61-AI61","v":{"v":0.027777777777777776,"d":"0.03"}},{"$f":"+$H61*AK61","v":{"v":694.4444444444445,"d":"694.44"}},{"$f":"15/36-Q61-S61-U61-W61-Y61-AA61-AC61-AE61-AG61-AI61-AK61-O61","v":{"v":0.02777777777777779,"d":"0.03"}},{"$f":"+$H61*AM61","v":{"v":694.4444444444448,"d":"694.44"}},{"v":0.027777777777777776,"d":"0.03"},{"$f":"+$H61*AO61","v":{"v":694.4444444444445,"d":"694.44"}},{"v":0.027777777777777776,"d":"0.03"},{"$f":"+$H61*AQ61","v":{"v":694.4444444444445,"d":"694.44"}},{"v":0.027777777777777776,"d":"0.03"},{"$f":"+$H61*AS61","v":{"v":694.4444444444445,"d":"694.44"}},{"v":0.027777777777777776,"d":"0.03"},{"$f":"+$H61*AU61","v":{"v":694.4444444444445,"d":"694.44"}},{"$f":"1/36","v":{"v":0.027777777777777776,"d":"0.03"}},{"$f":"+$H61*AW61","v":{"v":694.4444444444445,"d":"694.44"}},{"$f":"1/36","v":{"v":0.027777777777777776,"d":"0.03"}},{"$f":"+$H61*AY61","v":{"v":694.4444444444445,"d":"694.44"}},{"$f":"1/36","v":{"v":0.027777777777777776,"d":"0.03"}},{"$f":"+$H61*BA61","v":{"v":694.4444444444445,"d":"694.44"}},{"$f":"1/36","v":{"v":0.027777777777777776,"d":"0.03"}},{"$f":"+$H61*BC61","v":{"v":694.4444444444445,"d":"694.44"}},{"$f":"1/36","v":{"v":0.027777777777777776,"d":"0.03"}},{"$f":"+$H61*BE61","v":{"v":694.4444444444445,"d":"694.44"}},{"$f":"1/36","v":{"v":0.027777777777777776,"d":"0.03"}},{"$f":"+$H61*BG61","v":{"v":694.4444444444445,"d":"694.44"}},{"$f":"2/36","v":{"v":0.05555555555555555,"d":"0.06"}},{"$f":"+$H61*BI61","v":{"v":1388.888888888889,"d":"1,388.89"}},{"v":0.027777777777777776,"d":"0.03"},{"$f":"+BK61*H61","v":{"v":694.4444444444445,"d":"694.44"}},{"v":0.027777777777777776,"d":"0.03"},{"$f":"+BM61*H61","v":{"v":694.4444444444445,"d":"694.44"}},{"v":0.027777777777777776,"d":"0.03"},{"$f":"+BO61*H61","v":{"v":694.4444444444445,"d":"694.44"}},{"v":0.027777777777777776,"d":"0.03"},{"$f":"+BQ61*H61","v":{"v":694.4444444444445,"d":"694.44"}},{"v":0.027777777777777776,"d":"0.03"},{"$f":"+BS61*H61","v":{"v":694.4444444444445,"d":"694.44"}},{"v":0.027777777777777776,"d":"0.03"},{"$f":"+BU61*H61","v":{"v":694.4444444444445,"d":"694.44"}},{"v":0.027777777777777776,"d":"0.03"},{"$f":"+BW61*H61","v":{"v":694.4444444444445,"d":"694.44"}},{"v":0.027777777777777776,"d":"0.03"},{"$f":"+BY61*H61","v":{"v":694.4444444444445,"d":"694.44"}},{"v":0.027777777777777776,"d":"0.03"},{"$f":"+CA61*K61","v":{"v":694.4444444444446,"d":"694.44"}},null,{"$f":"H61*CC61","v":{"v":0,"d":"0.00"}},null,{"$f":"J61*CE61","v":{"v":0,"d":"0.00"}},null,{"$f":"L61*CG61","v":{"v":0,"d":"0.00"}},null,{"$f":"K61*CI61","v":{"v":0,"d":"0.00"}},null,{"$f":"K61*CK61","v":{"v":0,"d":"0.00"}},{"$f":"M61+O61+Q61+S61+U61+W61+Y61+AA61+AC61+AE61+AG61+AI61+AK61+AM61+AO61+AQ61+AS61+AU61+AW61+AY61+BA61+BC61+BE61+BG61+BI61+BK61+BM61+BO61+BQ61+BS61+BU61+BW61+BY61+CA61+CC61+CE61+CG61+CI61+CK61","v":{"v":1.0000000000000002,"d":"1"}},{"$f":"+H61*CM61","v":{"v":25000.000000000007,"d":"25,000.00"}},null,{"v":25000.000000000007,"d":"25 000.00"},{"v":0,"d":"0.00"}]
[{"$nulls":40},{"v":0.027777777777777776,"d":"0.03"},null,{"v":0.027777777777777776,"d":"0.03"},null,{"v":0.027777777777777776,"d":"0.03"},null,{"v":0.027777777777777776,"d":"0.03"},{"$nulls":46},{"v":0,"d":" 0.00"},{"v":0,"d":"0.00"}]
["C10.2","Awareness Workshops","Sum",1,{"v":1.0000000000000002,"d":"1"},null,{"$f":"+E63+F63","v":{"v":1.0000000000000002,"d":"1"}},{"v":15000,"d":"15 000.00"},null,null,{"$f":"G63*H63","v":{"v":15000.000000000004,"d":"15 000.00"}},{"$f":"+D63*H63","v":{"v":15000,"d":"15 000.00"}},null,null,{"$f":"3/36","v":{"v":0.08333333333333333,"d":"0.08"}},{"$f":"+H63*O63","v":{"v":1250,"d":"1,250.00"}},{"$f":"4/36-O63","v":{"v":0.027777777777777776,"d":"0.03"}},{"$f":"+H63*Q63","v":{"v":416.66666666666663,"d":"416.67"}},{"$f":"5/36-O63-Q63","v":{"v":0.02777777777777779,"d":"0.03"}},{"$f":"+H63*S63","v":{"v":416.66666666666686,"d":"416.67"}},{"$f":"6/36-O63-Q63-S63","v":{"v":0.027777777777777762,"d":"0.03"}},{"$f":"+$H63*U63","v":{"v":416.66666666666646,"d":"416.67"}},{"$f":"7/36-O63-Q63-S63-U63","v":{"v":0.02777777777777779,"d":"0.03"}},{"$f":"+$H63*W63","v":{"v":416.66666666666686,"d":"416.67"}},{"$f":"8/36-M63-O63-Q63-S63-U63-W63","v":{"v":0.027777777777777776,"d":"0.03"}},{"$f":"+$H63*Y63","v":{"v":416.66666666666663,"d":"416.67"}},{"$f":"9/36-O63-Q63-S63-U63-W63-Y63","v":{"v":0.027777777777777776,"d":"0.03"}},{"$f":"+$H63*AA63","v":{"v":416.66666666666663,"d":"416.67"}},{"$f":"10/36-O63-Q63-S63-U63-W63-Y63-AA63","v":{"v":0.02777777777777779,"d":"0.03"}},{"$f":"+$H63*AC63","v":{"v":416.66666666666686,"d":"416.67"}},{"$f":"11/36-O63-Q63-S63-U63-W63-Y63-AA63-AC63","v":{"v":0.02777777777777779,"d":"0.03"}},{"$f":"+$H63*AE63","v":{"v":416.66666666666686,"d":"416.67"}},{"$f":"12/36-O63-Q63-S63-U63-W63-Y63-AA63-AC63-AE63","v":{"v":0.027777777777777735,"d":"0.03"}},{"$f":"+$H63*AG63","v":{"v":416.666666666666,"d":"416.67"}},{"$f":"13/36-O63-Q63-S63-U63-W63-Y63-AA63-AC63-AE63-AG63","v":{"v":0.027777777777777804,"d":"0.03"}},{"$f":"+$H63*AI63","v":{"v":416.6666666666671,"d":"416.67"}},{"$f":"14/36-O63-Q63-S63-U63-W63-Y63-AA63-AC63-AE63-AG63-AI63","v":{"v":0.027777777777777776,"d":"0.03"}},{"$f":"+$H63*AK63","v":{"v":416.66666666666663,"d":"416.67"}},{"$f":"15/36-Q63-S63-U63-W63-Y63-AA63-AC63-AE63-AG63-AI63-AK63-O63","v":{"v":0.02777777777777779,"d":"0.03"}},{"$f":"+$H63*AM63","v":{"v":416.66666666666686,"d":"416.67"}},{"v":0.027777777777777776,"d":"0.03"},{"$f":"+$H63*AO63","v":{"v":416.66666666666663,"d":"416.67"}},{"v":0.027777777777777776,"d":"0.03"},{"$f":"+$H63*AQ63","v":{"v":416.66666666666663,"d":"416.67"}},{"v":0.027777777777777776,"d":"0.03"},{"$f":"+$H63*AS63","v":{"v":416.66666666666663,"d":"416.67"}},{"v":0.027777777777777776,"d":"0.03"},{"$f":"+$H63*AU63","v":{"v":416.66666666666663,"d":"416.67"}},{"$f":"1/36","v":{"v":0.027777777777777776,"d":"0.03"}},{"$f":"+$H63*AW63","v":{"v":416.66666666666663,"d":"416.67"}},{"$f":"1/36","v":{"v":0.027777777777777776,"d":"0.03"}},{"$f":"+$H63*AY63","v":{"v":416.66666666666663,"d":"416.67"}},{"$f":"1/36","v":{"v":0.027777777777777776,"d":"0.03"}},{"$f":"+$H63*BA63","v":{"v":416.66666666666663,"d":"416.67"}},{"$f":"1/36","v":{"v":0.027777777777777776,"d":"0.03"}},{"$f":"+$H63*BC63","v":{"v":416.66666666666663,"d":"416.67"}},{"$f":"1/36","v":{"v":0.027777777777777776,"d":"0.03"}},{"$f":"+$H63*BE63","v":{"v":416.66666666666663,"d":"416.67"}},{"$f":"1/36","v":{"v":0.027777777777777776,"d":"0.03"}},{"$f":"+$H63*BG63","v":{"v":416.66666666666663,"d":"416.67"}},{"$f":"2/36","v":{"v":0.05555555555555555,"d":"0.06"}},{"$f":"+$H63*BI63","v":{"v":833.3333333333333,"d":"833.33"}},{"v":0.027777777777777776,"d":"0.03"},{"$f":"+BK63*H63","v":{"v":416.66666666666663,"d":"416.67"}},{"v":0.027777777777777776,"d":"0.03"},{"$f":"+BM63*H63","v":{"v":416.66666666666663,"d":"416.67"}},{"v":0.027777777777777776,"d":"0.03"},{"$f":"+BO63*H63","v":{"v":416.66666666666663,"d":"416.67"}},{"v":0.027777777777777776,"d":"0.03"},{"$f":"+BQ63*H63","v":{"v":416.66666666666663,"d":"416.67"}},{"v":0.027777777777777776,"d":"0.03"},{"$f":"+BS63*H63","v":{"v":416.66666666666663,"d":"416.67"}},{"v":0.027777777777777776,"d":"0.03"},{"$f":"+BU63*H63","v":{"v":416.66666666666663,"d":"416.67"}},{"v":0.027777777777777776,"d":"0.03"},{"$f":"+BW63*H63","v":{"v":416.66666666666663,"d":"416.67"}},{"v":0.027777777777777776,"d":"0.03"},{"$f":"+BY63*H63","v":{"v":416.66666666666663,"d":"416.67"}},{"v":0.027777777777777776,"d":"0.03"},{"$f":"+CA63*K63","v":{"v":416.66666666666674,"d":"416.67"}},null,{"$f":"H63*CC63","v":{"v":0,"d":"0.00"}},null,{"$f":"J63*CE63","v":{"v":0,"d":"0.00"}},null,{"$f":"L63*CG63","v":{"v":0,"d":"0.00"}},null,{"$f":"K63*CI63","v":{"v":0,"d":"0.00"}},null,{"$f":"K63*CK63","v":{"v":0,"d":"0.00"}},{"$f":"M63+O63+Q63+S63+U63+W63+Y63+AA63+AC63+AE63+AG63+AI63+AK63+AM63+AO63+AQ63+AS63+AU63+AW63+AY63+BA63+BC63+BE63+BG63+BI63+BK63+BM63+BO63+BQ63+BS63+BU63+BW63+BY63+CA63+CC63+CE63+CG63+CI63+CK63","v":{"v":1.0000000000000002,"d":"1"}},{"$f":"+H63*CM63","v":{"v":15000.000000000004,"d":"15,000.00"}},null,{"v":15000.000000000004,"d":"15 000.00"},{"v":0,"d":"0.00"}]
[{"$nulls":40},{"v":0.027777777777777776,"d":"0.03"},null,{"v":0.027777777777777776,"d":"0.03"},null,{"v":0.027777777777777776,"d":"0.03"},null,{"v":0.027777777777777776,"d":"0.03"},{"$nulls":46},{"v":0,"d":" 0.00"},{"v":0,"d":"0.00"}]
["C10.3","Posters, Booklets, Videos, etc","Sum",1,{"v":1.0000000000000002,"d":"1"},null,{"$f":"+E65+F65","v":{"v":1.0000000000000002,"d":"1"}},{"v":10000,"d":"10 000.00"},null,null,{"$f":"G65*H65","v":{"v":10000.000000000002,"d":"10 000.00"}},{"$f":"+D65*H65","v":{"v":10000,"d":"10 000.00"}},null,null,{"$f":"3/36","v":{"v":0.08333333333333333,"d":"0.08"}},{"$f":"+H65*O65","v":{"v":833.3333333333333,"d":"833.33"}},{"$f":"4/36-O65","v":{"v":0.027777777777777776,"d":"0.03"}},{"$f":"+H65*Q65","v":{"v":277.77777777777777,"d":"277.78"}},{"$f":"5/36-O65-Q65","v":{"v":0.02777777777777779,"d":"0.03"}},{"$f":"+H65*S65","v":{"v":277.7777777777779,"d":"277.78"}},{"$f":"6/36-O65-Q65-S65","v":{"v":0.027777777777777762,"d":"0.03"}},{"$f":"+$H65*U65","v":{"v":277.7777777777776,"d":"277.78"}},{"$f":"7/36-O65-Q65-S65-U65","v":{"v":0.02777777777777779,"d":"0.03"}},{"$f":"+$H65*W65","v":{"v":277.7777777777779,"d":"277.78"}},{"$f":"8/36-M65-O65-Q65-S65-U65-W65","v":{"v":0.027777777777777776,"d":"0.03"}},{"$f":"+$H65*Y65","v":{"v":277.77777777777777,"d":"277.78"}},{"$f":"9/36-O65-Q65-S65-U65-W65-Y65","v":{"v":0.027777777777777776,"d":"0.03"}},{"$f":"+$H65*AA65","v":{"v":277.77777777777777,"d":"277.78"}},{"$f":"10/36-O65-Q65-S65-U65-W65-Y65-AA65","v":{"v":0.02777777777777779,"d":"0.03"}},{"$f":"+$H65*AC65","v":{"v":277.7777777777779,"d":"277.78"}},{"$f":"11/36-O65-Q65-S65-U65-W65-Y65-AA65-AC65","v":{"v":0.02777777777777779,"d":"0.03"}},{"$f":"+$H65*AE65","v":{"v":277.7777777777779,"d":"277.78"}},{"$f":"12/36-O65-Q65-S65-U65-W65-Y65-AA65-AC65-AE65","v":{"v":0.027777777777777735,"d":"0.03"}},{"$f":"+$H65*AG65","v":{"v":277.7777777777774,"d":"277.78"}},{"$f":"13/36-O65-Q65-S65-U65-W65-Y65-AA65-AC65-AE65-AG65","v":{"v":0.027777777777777804,"d":"0.03"}},{"$f":"+$H65*AI65","v":{"v":277.77777777777806,"d":"277.78"}},{"$f":"14/36-O65-Q65-S65-U65-W65-Y65-AA65-AC65-AE65-AG65-AI65","v":{"v":0.027777777777777776,"d":"0.03"}},{"$f":"+$H65*AK65","v":{"v":277.77777777777777,"d":"277.78"}},{"$f":"15/36-Q65-S65-U65-W65-Y65-AA65-AC65-AE65-AG65-AI65-AK65-O65","v":{"v":0.02777777777777779,"d":"0.03"}},{"$f":"+$H65*AM65","v":{"v":277.7777777777779,"d":"277.78"}},{"v":0.027777777777777776,"d":"0.03"},{"$f":"+$H65*AO65","v":{"v":277.77777777777777,"d":"277.78"}},{"v":0.027777777777777776,"d":"0.03"},{"$f":"+$H65*AQ65","v":{"v":277.77777777777777,"d":"277.78"}},{"v":0.027777777777777776,"d":"0.03"},{"$f":"+$H65*AS65","v":{"v":277.77777777777777,"d":"277.78"}},{"v":0.027777777777777776,"d":"0.03"},{"$f":"+$H65*AU65","v":{"v":277.77777777777777,"d":"277.78"}},{"$f":"1/36","v":{"v":0.027777777777777776,"d":"0.03"}},{"$f":"+$H65*AW65","v":{"v":277.77777777777777,"d":"277.78"}},{"$f":"1/36","v":{"v":0.027777777777777776,"d":"0.03"}},{"$f":"+$H65*AY65","v":{"v":277.77777777777777,"d":"277.78"}},{"$f":"1/36","v":{"v":0.027777777777777776,"d":"0.03"}},{"$f":"+$H65*BA65","v":{"v":277.77777777777777,"d":"277.78"}},{"$f":"1/36","v":{"v":0.027777777777777776,"d":"0.03"}},{"$f":"+$H65*BC65","v":{"v":277.77777777777777,"d":"277.78"}},{"$f":"1/36","v":{"v":0.027777777777777776,"d":"0.03"}},{"$f":"+$H65*BE65","v":{"v":277.77777777777777,"d":"277.78"}},{"$f":"1/36","v":{"v":0.027777777777777776,"d":"0.03"}},{"$f":"+$H65*BG65","v":{"v":277.77777777777777,"d":"277.78"}},{"$f":"2/36","v":{"v":0.05555555555555555,"d":"0.06"}},{"$f":"+$H65*BI65","v":{"v":555.5555555555555,"d":"555.56"}},{"v":0.027777777777777776,"d":"0.03"},{"$f":"+BK65*H65","v":{"v":277.77777777777777,"d":"277.78"}},{"v":0.027777777777777776,"d":"0.03"},{"$f":"+BM65*H65","v":{"v":277.77777777777777,"d":"277.78"}},{"v":0.027777777777777776,"d":"0.03"},{"$f":"+BO65*H65","v":{"v":277.77777777777777,"d":"277.78"}},{"v":0.027777777777777776,"d":"0.03"},{"$f":"+BQ65*H65","v":{"v":277.77777777777777,"d":"277.78"}},{"v":0.027777777777777776,"d":"0.03"},{"$f":"+BS65*H65","v":{"v":277.77777777777777,"d":"277.78"}},{"v":0.027777777777777776,"d":"0.03"},{"$f":"+BU65*H65","v":{"v":277.77777777777777,"d":"277.78"}},{"v":0.027777777777777776,"d":"0.03"},{"$f":"+BW65*H65","v":{"v":277.77777777777777,"d":"277.78"}},{"v":0.027777777777777776,"d":"0.03"},{"$f":"+BY65*H65","v":{"v":277.77777777777777,"d":"277.78"}},{"v":0.027777777777777776,"d":"0.03"},{"$f":"+CA65*K65","v":{"v":277.7777777777778,"d":"277.78"}},null,{"$f":"H65*CC65","v":{"v":0,"d":"0.00"}},null,{"$f":"J65*CE65","v":{"v":0,"d":"0.00"}},null,{"$f":"L65*CG65","v":{"v":0,"d":"0.00"}},null,{"$f":"K65*CI65","v":{"v":0,"d":"0.00"}},null,{"$f":"K65*CK65","v":{"v":0,"d":"0.00"}},{"$f":"M65+O65+Q65+S65+U65+W65+Y65+AA65+AC65+AE65+AG65+AI65+AK65+AM65+AO65+AQ65+AS65+AU65+AW65+AY65+BA65+BC65+BE65+BG65+BI65+BK65+BM65+BO65+BQ65+BS65+BU65+BW65+BY65+CA65+CC65+CE65+CG65+CI65+CK65","v":{"v":1.0000000000000002,"d":"1"}},{"$f":"+H65*CM65","v":{"v":10000.000000000002,"d":"10,000.00"}},null,{"v":10000.000000000002,"d":"10 000.00"},{"v":0,"d":"0.00"}]
[{"$nulls":40},{"v":0.027777777777777776,"d":"0.03"},null,{"v":0.027777777777777776,"d":"0.03"},null,{"v":0.027777777777777776,"d":"0.03"},null,{"v":0.027777777777777776,"d":"0.03"},{"$nulls":46},{"v":0,"d":" 0.00"},{"v":0,"d":"0.00"}]
["C10.4","Access to Condoms","Sum",1,{"v":1.0000000000000002,"d":"1"},null,{"$f":"+E67+F67","v":{"v":1.0000000000000002,"d":"1"}},{"v":1000,"d":"1 000.00"},null,null,{"$f":"G67*H67","v":{"v":1000.0000000000002,"d":"1 000.00"}},{"$f":"+D67*H67","v":{"v":1000,"d":"1 000.00"}},null,null,{"$f":"3/36","v":{"v":0.08333333333333333,"d":"0.08"}},{"$f":"+H67*O67","v":{"v":83.33333333333333,"d":"83.33"}},{"$f":"4/36-O67","v":{"v":0.027777777777777776,"d":"0.03"}},{"$f":"+H67*Q67","v":{"v":27.777777777777775,"d":"27.78"}},{"$f":"5/36-O67-Q67","v":{"v":0.02777777777777779,"d":"0.03"}},{"$f":"+H67*S67","v":{"v":27.77777777777779,"d":"27.78"}},{"$f":"6/36-O67-Q67-S67","v":{"v":0.027777777777777762,"d":"0.03"}},{"$f":"+$H67*U67","v":{"v":27.77777777777776,"d":"27.78"}},{"$f":"7/36-O67-Q67-S67-U67","v":{"v":0.02777777777777779,"d":"0.03"}},{"$f":"+$H67*W67","v":{"v":27.77777777777779,"d":"27.78"}},{"$f":"8/36-M67-O67-Q67-S67-U67-W67","v":{"v":0.027777777777777776,"d":"0.03"}},{"$f":"+$H67*Y67","v":{"v":27.777777777777775,"d":"27.78"}},{"$f":"9/36-O67-Q67-S67-U67-W67-Y67","v":{"v":0.027777777777777776,"d":"0.03"}},{"$f":"+$H67*AA67","v":{"v":27.777777777777775,"d":"27.78"}},{"$f":"10/36-O67-Q67-S67-U67-W67-Y67-AA67","v":{"v":0.02777777777777779,"d":"0.03"}},{"$f":"+$H67*AC67","v":{"v":27.77777777777779,"d":"27.78"}},{"$f":"11/36-O67-Q67-S67-U67-W67-Y67-AA67-AC67","v":{"v":0.02777777777777779,"d":"0.03"}},{"$f":"+$H67*AE67","v":{"v":27.77777777777779,"d":"27.78"}},{"$f":"12/36-O67-Q67-S67-U67-W67-Y67-AA67-AC67-AE67","v":{"v":0.027777777777777735,"d":"0.03"}},{"$f":"+$H67*AG67","v":{"v":27.777777777777736,"d":"27.78"}},{"$f":"13/36-O67-Q67-S67-U67-W67-Y67-AA67-AC67-AE67-AG67","v":{"v":0.027777777777777804,"d":"0.03"}},{"$f":"+$H67*AI67","v":{"v":27.777777777777803,"d":"27.78"}},{"$f":"14/36-O67-Q67-S67-U67-W67-Y67-AA67-AC67-AE67-AG67-AI67","v":{"v":0.027777777777777776,"d":"0.03"}},{"$f":"+$H67*AK67","v":{"v":27.777777777777775,"d":"27.78"}},{"$f":"15/36-Q67-S67-U67-W67-Y67-AA67-AC67-AE67-AG67-AI67-AK67-O67","v":{"v":0.02777777777777779,"d":"0.03"}},{"$f":"+$H67*AM67","v":{"v":27.77777777777779,"d":"27.78"}},{"v":0.027777777777777776,"d":"0.03"},{"$f":"+$H67*AO67","v":{"v":27.777777777777775,"d":"27.78"}},{"v":0.027777777777777776,"d":"0.03"},{"$f":"+$H67*AQ67","v":{"v":27.777777777777775,"d":"27.78"}},{"v":0.027777777777777776,"d":"0.03"},{"$f":"+$H67*AS67","v":{"v":27.777777777777775,"d":"27.78"}},{"v":0.027777777777777776,"d":"0.03"},{"$f":"+$H67*AU67","v":{"v":27.777777777777775,"d":"27.78"}},{"$f":"1/36","v":{"v":0.027777777777777776,"d":"0.03"}},{"$f":"+$H67*AW67","v":{"v":27.777777777777775,"d":"27.78"}},{"$f":"1/36","v":{"v":0.027777777777777776,"d":"0.03"}},{"$f":"+$H67*AY67","v":{"v":27.777777777777775,"d":"27.78"}},{"$f":"1/36","v":{"v":0.027777777777777776,"d":"0.03"}},{"$f":"+$H67*BA67","v":{"v":27.777777777777775,"d":"27.78"}},{"$f":"1/36","v":{"v":0.027777777777777776,"d":"0.03"}},{"$f":"+$H67*BC67","v":{"v":27.777777777777775,"d":"27.78"}},{"$f":"1/36","v":{"v":0.027777777777777776,"d":"0.03"}},{"$f":"+$H67*BE67","v":{"v":27.777777777777775,"d":"27.78"}},{"$f":"1/36","v":{"v":0.027777777777777776,"d":"0.03"}},{"$f":"+$H67*BG67","v":{"v":27.777777777777775,"d":"27.78"}},{"$f":"2/36","v":{"v":0.05555555555555555,"d":"0.06"}},{"$f":"+$H67*BI67","v":{"v":55.55555555555555,"d":"55.56"}},{"v":0.027777777777777776,"d":"0.03"},{"$f":"+BK67*H67","v":{"v":27.777777777777775,"d":"27.78"}},{"v":0.027777777777777776,"d":"0.03"},{"$f":"+BM67*H67","v":{"v":27.777777777777775,"d":"27.78"}},{"v":0.027777777777777776,"d":"0.03"},{"$f":"+BO67*H67","v":{"v":27.777777777777775,"d":"27.78"}},{"v":0.027777777777777776,"d":"0.03"},{"$f":"+BQ67*H67","v":{"v":27.777777777777775,"d":"27.78"}},{"v":0.027777777777777776,"d":"0.03"},{"$f":"+BS67*H67","v":{"v":27.777777777777775,"d":"27.78"}},{"v":0.027777777777777776,"d":"0.03"},{"$f":"+BU67*H67","v":{"v":27.777777777777775,"d":"27.78"}},{"v":0.027777777777777776,"d":"0.03"},{"$f":"+BW67*H67","v":{"v":27.777777777777775,"d":"27.78"}},{"v":0.027777777777777776,"d":"0.03"},{"$f":"+BY67*H67","v":{"v":27.777777777777775,"d":"27.78"}},{"v":0.027777777777777776,"d":"0.03"},{"$f":"+CA67*K67","v":{"v":27.777777777777782,"d":"27.78"}},null,{"$f":"H67*CC67","v":{"v":0,"d":"0.00"}},null,{"$f":"J67*CE67","v":{"v":0,"d":"0.00"}},null,{"$f":"L67*CG67","v":{"v":0,"d":"0.00"}},null,{"$f":"K67*CI67","v":{"v":0,"d":"0.00"}},null,{"$f":"K67*CK67","v":{"v":0,"d":"0.00"}},{"$f":"M67+O67+Q67+S67+U67+W67+Y67+AA67+AC67+AE67+AG67+AI67+AK67+AM67+AO67+AQ67+AS67+AU67+AW67+AY67+BA67+BC67+BE67+BG67+BI67+BK67+BM67+BO67+BQ67+BS67+BU67+BW67+BY67+CA67+CC67+CE67+CG67+CI67+CK67","v":{"v":1.0000000000000002,"d":"1"}},{"$f":"+H67*CM67","v":{"v":1000.0000000000002,"d":"1,000.00"}},null,{"v":1000.0000000000002,"d":"1 000.00"},{"v":0,"d":"0.00"}]
[{"$nulls":40},{"v":0.027777777777777776,"d":"0.03"},null,{"v":0.027777777777777776,"d":"0.03"},null,{"v":0.027777777777777776,"d":"0.03"},null,{"v":0.027777777777777776,"d":"0.03"},{"$nulls":46},{"v":0,"d":" 0.00"},{"v":0,"d":"0.00"}]
["C10.5","Monitoring","Sum",1,{"v":1.0000000000000002,"d":"1"},null,{"$f":"+E69+F69","v":{"v":1.0000000000000002,"d":"1"}},{"v":28935.58,"d":"28 935.58"},null,null,{"$f":"G69*H69","v":{"v":28935.58000000001,"d":"28 935.58"}},{"$f":"+D69*H69","v":{"v":28935.58,"d":"28 935.58"}},null,null,{"$f":"3/36","v":{"v":0.08333333333333333,"d":"0.08"}},{"$f":"+H69*O69","v":{"v":2411.298333333333,"d":"2,411.30"}},{"$f":"4/36-O69","v":{"v":0.027777777777777776,"d":"0.03"}},{"$f":"+H69*Q69","v":{"v":803.7661111111111,"d":"803.77"}},{"$f":"5/36-O69-Q69","v":{"v":0.02777777777777779,"d":"0.03"}},{"$f":"+H69*S69","v":{"v":803.7661111111115,"d":"803.77"}},{"$f":"6/36-O69-Q69-S69","v":{"v":0.027777777777777762,"d":"0.03"}},{"$f":"+$H69*U69","v":{"v":803.7661111111107,"d":"803.77"}},{"$f":"7/36-O69-Q69-S69-U69","v":{"v":0.02777777777777779,"d":"0.03"}},{"$f":"+$H69*W69","v":{"v":803.7661111111115,"d":"803.77"}},{"$f":"8/36-M69-O69-Q69-S69-U69-W69","v":{"v":0.027777777777777776,"d":"0.03"}},{"$f":"+$H69*Y69","v":{"v":803.7661111111111,"d":"803.77"}},{"$f":"9/36-O69-Q69-S69-U69-W69-Y69","v":{"v":0.027777777777777776,"d":"0.03"}},{"$f":"+$H69*AA69","v":{"v":803.7661111111111,"d":"803.77"}},{"$f":"10/36-O69-Q69-S69-U69-W69-Y69-AA69","v":{"v":0.02777777777777779,"d":"0.03"}},{"$f":"+$H69*AC69","v":{"v":803.7661111111115,"d":"803.77"}},{"$f":"11/36-O69-Q69-S69-U69-W69-Y69-AA69-AC69","v":{"v":0.02777777777777779,"d":"0.03"}},{"$f":"+$H69*AE69","v":{"v":803.7661111111115,"d":"803.77"}},{"$f":"12/36-O69-Q69-S69-U69-W69-Y69-AA69-AC69-AE69","v":{"v":0.027777777777777735,"d":"0.03"}},{"$f":"+$H69*AG69","v":{"v":803.7661111111099,"d":"803.77"}},{"$f":"13/36-O69-Q69-S69-U69-W69-Y69-AA69-AC69-AE69-AG69","v":{"v":0.027777777777777804,"d":"0.03"}},{"$f":"+$H69*AI69","v":{"v":803.766111111112,"d":"803.77"}},{"$f":"14/36-O69-Q69-S69-U69-W69-Y69-AA69-AC69-AE69-AG69-AI69","v":{"v":0.027777777777777776,"d":"0.03"}},{"$f":"+$H69*AK69","v":{"v":803.7661111111111,"d":"803.77"}},{"$f":"15/36-Q69-S69-U69-W69-Y69-AA69-AC69-AE69-AG69-AI69-AK69-O69","v":{"v":0.02777777777777779,"d":"0.03"}},{"$f":"+$H69*AM69","v":{"v":803.7661111111115,"d":"803.77"}},{"v":0.027777777777777776,"d":"0.03"},{"$f":"+$H69*AO69","v":{"v":803.7661111111111,"d":"803.77"}},{"v":0.027777777777777776,"d":"0.03"},{"$f":"+$H69*AQ69","v":{"v":803.7661111111111,"d":"803.77"}},{"v":0.027777777777777776,"d":"0.03"},{"$f":"+$H69*AS69","v":{"v":803.7661111111111,"d":"803.77"}},{"v":0.027777777777777776,"d":"0.03"},{"$f":"+$H69*AU69","v":{"v":803.7661111111111,"d":"803.77"}},{"$f":"1/36","v":{"v":0.027777777777777776,"d":"0.03"}},{"$f":"+$H69*AW69","v":{"v":803.7661111111111,"d":"803.77"}},{"$f":"1/36","v":{"v":0.027777777777777776,"d":"0.03"}},{"$f":"+$H69*AY69","v":{"v":803.7661111111111,"d":"803.77"}},{"$f":"1/36","v":{"v":0.027777777777777776,"d":"0.03"}},{"$f":"+$H69*BA69","v":{"v":803.7661111111111,"d":"803.77"}},{"$f":"1/36","v":{"v":0.027777777777777776,"d":"0.03"}},{"$f":"+$H69*BC69","v":{"v":803.7661111111111,"d":"803.77"}},{"$f":"1/36","v":{"v":0.027777777777777776,"d":"0.03"}},{"$f":"+$H69*BE69","v":{"v":803.7661111111111,"d":"803.77"}},{"$f":"1/36","v":{"v":0.027777777777777776,"d":"0.03"}},{"$f":"+$H69*BG69","v":{"v":803.7661111111111,"d":"803.77"}},{"$f":"2/36","v":{"v":0.05555555555555555,"d":"0.06"}},{"$f":"+$H69*BI69","v":{"v":1607.5322222222221,"d":"1,607.53"}},{"v":0.027777777777777776,"d":"0.03"},{"$f":"+BK69*H69","v":{"v":803.7661111111111,"d":"803.77"}},{"v":0.027777777777777776,"d":"0.03"},{"$f":"+BM69*H69","v":{"v":803.7661111111111,"d":"803.77"}},{"v":0.027777777777777776,"d":"0.03"},{"$f":"+BO69*H69","v":{"v":803.7661111111111,"d":"803.77"}},{"v":0.027777777777777776,"d":"0.03"},{"$f":"+BQ69*H69","v":{"v":803.7661111111111,"d":"803.77"}},{"v":0.027777777777777776,"d":"0.03"},{"$f":"+BS69*H69","v":{"v":803.7661111111111,"d":"803.77"}},{"v":0.027777777777777776,"d":"0.03"},{"$f":"+BU69*H69","v":{"v":803.7661111111111,"d":"803.77"}},{"v":0.027777777777777776,"d":"0.03"},{"$f":"+BW69*H69","v":{"v":803.7661111111111,"d":"803.77"}},{"v":0.027777777777777776,"d":"0.03"},{"$f":"+BY69*H69","v":{"v":803.7661111111111,"d":"803.77"}},{"v":0.027777777777777776,"d":"0.03"},{"$f":"+CA69*K69","v":{"v":803.7661111111113,"d":"803.77"}},null,{"$f":"H69*CC69","v":{"v":0,"d":"0.00"}},null,{"$f":"J69*CE69","v":{"v":0,"d":"0.00"}},null,{"$f":"L69*CG69","v":{"v":0,"d":"0.00"}},null,{"$f":"K69*CI69","v":{"v":0,"d":"0.00"}},null,{"$f":"K69*CK69","v":{"v":0,"d":"0.00"}},{"$f":"M69+O69+Q69+S69+U69+W69+Y69+AA69+AC69+AE69+AG69+AI69+AK69+AM69+AO69+AQ69+AS69+AU69+AW69+AY69+BA69+BC69+BE69+BG69+BI69+BK69+BM69+BO69+BQ69+BS69+BU69+BW69+BY69+CA69+CC69+CE69+CG69+CI69+CK69","v":{"v":1.0000000000000002,"d":"1"}},{"$f":"+H69*CM69","v":{"v":28935.58000000001,"d":"28,935.58"}},null,{"v":28935.58000000001,"d":"28 935.58"},{"v":0,"d":"0.00"}]
[{"$nulls":40},{"v":0.027777777777777776,"d":"0.03"},null,{"v":0.027777777777777776,"d":"0.03"},null,{"v":0.027777777777777776,"d":"0.03"},null,{"v":0.027777777777777776,"d":"0.03"},{"$nulls":46},{"v":0,"d":" 0.00"},{"v":0,"d":"0.00"}]
["C11","Occupational Health and Safety Act","Sum",1,{"v":1.0000000000000002,"d":"1"},null,{"$f":"+E71+F71","v":{"v":1.0000000000000002,"d":"1"}},{"v":204950,"d":"204 950.00"},null,null,{"$f":"G71*H71","v":{"v":204950.00000000006,"d":"204 950.00"}},{"$f":"+D71*H71","v":{"v":204950,"d":"204 950.00"}},null,null,{"$f":"3/36","v":{"v":0.08333333333333333,"d":"0.08"}},{"$f":"+H71*O71","v":{"v":17079.166666666664,"d":"17,079.17"}},{"$f":"4/36-O71","v":{"v":0.027777777777777776,"d":"0.03"}},{"$f":"+H71*Q71","v":{"v":5693.055555555556,"d":"5,693.06"}},{"$f":"5/36-O71-Q71","v":{"v":0.02777777777777779,"d":"0.03"}},{"$f":"+H71*S71","v":{"v":5693.055555555558,"d":"5,693.06"}},{"$f":"6/36-O71-Q71-S71","v":{"v":0.027777777777777762,"d":"0.03"}},{"$f":"+$H71*U71","v":{"v":5693.055555555552,"d":"5,693.06"}},{"$f":"7/36-O71-Q71-S71-U71","v":{"v":0.02777777777777779,"d":"0.03"}},{"$f":"+$H71*W71","v":{"v":5693.055555555558,"d":"5,693.06"}},{"$f":"8/36-M71-O71-Q71-S71-U71-W71","v":{"v":0.027777777777777776,"d":"0.03"}},{"$f":"+$H71*Y71","v":{"v":5693.055555555556,"d":"5,693.06"}},{"$f":"9/36-O71-Q71-S71-U71-W71-Y71","v":{"v":0.027777777777777776,"d":"0.03"}},{"$f":"+$H71*AA71","v":{"v":5693.055555555556,"d":"5,693.06"}},{"$f":"10/36-O71-Q71-S71-U71-W71-Y71-AA71","v":{"v":0.02777777777777779,"d":"0.03"}},{"$f":"+$H71*AC71","v":{"v":5693.055555555558,"d":"5,693.06"}},{"$f":"11/36-O71-Q71-S71-U71-W71-Y71-AA71-AC71","v":{"v":0.02777777777777779,"d":"0.03"}},{"$f":"+$H71*AE71","v":{"v":5693.055555555558,"d":"5,693.06"}},{"$f":"12/36-O71-Q71-S71-U71-W71-Y71-AA71-AC71-AE71","v":{"v":0.027777777777777735,"d":"0.03"}},{"$f":"+$H71*AG71","v":{"v":5693.055555555547,"d":"5,693.06"}},{"$f":"13/36-O71-Q71-S71-U71-W71-Y71-AA71-AC71-AE71-AG71","v":{"v":0.027777777777777804,"d":"0.03"}},{"$f":"+$H71*AI71","v":{"v":5693.055555555561,"d":"5,693.06"}},{"$f":"14/36-O71-Q71-S71-U71-W71-Y71-AA71-AC71-AE71-AG71-AI71","v":{"v":0.027777777777777776,"d":"0.03"}},{"$f":"+$H71*AK71","v":{"v":5693.055555555556,"d":"5,693.06"}},{"$f":"15/36-Q71-S71-U71-W71-Y71-AA71-AC71-AE71-AG71-AI71-AK71-O71","v":{"v":0.02777777777777779,"d":"0.03"}},{"$f":"+$H71*AM71","v":{"v":5693.055555555558,"d":"5,693.06"}},{"v":0.027777777777777776,"d":"0.03"},{"$f":"+$H71*AO71","v":{"v":5693.055555555556,"d":"5,693.06"}},{"v":0.027777777777777776,"d":"0.03"},{"$f":"+$H71*AQ71","v":{"v":5693.055555555556,"d":"5,693.06"}},{"v":0.027777777777777776,"d":"0.03"},{"$f":"+$H71*AS71","v":{"v":5693.055555555556,"d":"5,693.06"}},{"v":0.027777777777777776,"d":"0.03"},{"$f":"+$H71*AU71","v":{"v":5693.055555555556,"d":"5,693.06"}},{"$f":"1/36","v":{"v":0.027777777777777776,"d":"0.03"}},{"$f":"+$H71*AW71","v":{"v":5693.055555555556,"d":"5,693.06"}},{"$f":"1/36","v":{"v":0.027777777777777776,"d":"0.03"}},{"$f":"+$H71*AY71","v":{"v":5693.055555555556,"d":"5,693.06"}},{"$f":"1/36","v":{"v":0.027777777777777776,"d":"0.03"}},{"$f":"+$H71*BA71","v":{"v":5693.055555555556,"d":"5,693.06"}},{"$f":"1/36","v":{"v":0.027777777777777776,"d":"0.03"}},{"$f":"+$H71*BC71","v":{"v":5693.055555555556,"d":"5,693.06"}},{"$f":"1/36","v":{"v":0.027777777777777776,"d":"0.03"}},{"$f":"+$H71*BE71","v":{"v":5693.055555555556,"d":"5,693.06"}},{"$f":"1/36","v":{"v":0.027777777777777776,"d":"0.03"}},{"$f":"+$H71*BG71","v":{"v":5693.055555555556,"d":"5,693.06"}},{"$f":"2/36","v":{"v":0.05555555555555555,"d":"0.06"}},{"$f":"+$H71*BI71","v":{"v":11386.111111111111,"d":"11,386.11"}},{"v":0.027777777777777776,"d":"0.03"},{"$f":"+BK71*H71","v":{"v":5693.055555555556,"d":"5,693.06"}},{"v":0.027777777777777776,"d":"0.03"},{"$f":"+BM71*H71","v":{"v":5693.055555555556,"d":"5,693.06"}},{"v":0.027777777777777776,"d":"0.03"},{"$f":"+BO71*H71","v":{"v":5693.055555555556,"d":"5,693.06"}},{"v":0.027777777777777776,"d":"0.03"},{"$f":"+BQ71*H71","v":{"v":5693.055555555556,"d":"5,693.06"}},{"v":0.027777777777777776,"d":"0.03"},{"$f":"+BS71*H71","v":{"v":5693.055555555556,"d":"5,693.06"}},{"v":0.027777777777777776,"d":"0.03"},{"$f":"+BU71*H71","v":{"v":5693.055555555556,"d":"5,693.06"}},{"v":0.027777777777777776,"d":"0.03"},{"$f":"+BW71*H71","v":{"v":5693.055555555556,"d":"5,693.06"}},{"v":0.027777777777777776,"d":"0.03"},{"$f":"+BY71*H71","v":{"v":5693.055555555556,"d":"5,693.06"}},{"v":0.027777777777777776,"d":"0.03"},{"$f":"+CA71*K71","v":{"v":5693.055555555557,"d":"5,693.06"}},null,{"$f":"H71*CC71","v":{"v":0,"d":"0.00"}},null,{"$f":"J71*CE71","v":{"v":0,"d":"0.00"}},null,{"$f":"L71*CG71","v":{"v":0,"d":"0.00"}},null,{"$f":"K71*CI71","v":{"v":0,"d":"0.00"}},null,{"$f":"K71*CK71","v":{"v":0,"d":"0.00"}},{"$f":"M71+O71+Q71+S71+U71+W71+Y71+AA71+AC71+AE71+AG71+AI71+AK71+AM71+AO71+AQ71+AS71+AU71+AW71+AY71+BA71+BC71+BE71+BG71+BI71+BK71+BM71+BO71+BQ71+BS71+BU71+BW71+BY71+CA71+CC71+CE71+CG71+CI71+CK71","v":{"v":1.0000000000000002,"d":"1"}},{"$f":"+H71*CM71","v":{"v":204950.00000000006,"d":"204,950.00"}},null,{"v":204950.00000000006,"d":"204 950.00"},{"v":0,"d":"0.00"}]
[]
[null,"Totals to be carried forward to Price Summary",{"$nulls":6},{"$f":"SUM(I6:I72)","v":{"v":304999.9997291111,"d":"305 000.00"}},{"$f":"SUM(J6:J72)","v":{"v":5000.000000000001,"d":"5 000.00"}},{"$f":"SUM(K6:K72)","v":{"v":3098952.5199926305,"d":"3098 952.52"}},{"$f":"SUM(L6:L72)","v":{"v":2766935.58,"d":"2,766,935.58"}},null,{"$f":"SUM(N6:N72)","v":{"v":155000,"d":"155,000.00"}},null,{"$f":"SUM(P6:P72)","v":{"v":355161.2983333333,"d":"355,161.30"}},null,{"$f":"SUM(R6:R72)","v":{"v":68387.09944444445,"d":"68,387.10"}},null,{"$f":"SUM(T6:T72)","v":{"v":68387.09944444448,"d":"68,387.10"}},null,{"$f":"SUM(V6:V72)","v":{"v":68387.0994444444,"d":"68,387.10"}},null,{"$f":"SUM(X6:X72)","v":{"v":68387.09944444448,"d":"68,387.10"}},null,{"$f":"SUM(Z6:Z72)","v":{"v":13387.099444444431,"d":"13,387.10"}},null,{"$f":"SUM(AB6:AB72)","v":{"v":123387.09944444445,"d":"123,387.10"}},null,{"$f":"SUM(AD6:AD72)","v":{"v":68387.09944444448,"d":"68,387.10"}},null,{"$f":"SUM(AF6:AF72)","v":{"v":68387.09944444447,"d":"68,387.10"}},null,{"$f":"SUM(AH6:AH72)","v":{"v":68387.09944444435,"d":"68,387.10"}},null,{"$f":"SUM(AJ6:AJ72)","v":{"v":68387.09944444451,"d":"68,387.10"}},null,{"$f":"SUM(AL6:AL72)","v":{"v":68387.09944444445,"d":"68,387.10"}},null,{"$f":"SUM(AN6:AN72)","v":{"v":68387.09944444447,"d":"68,387.10"}},null,{"$f":"SUM(AP6:AP72)","v":{"v":68387.09944444445,"d":"68,387.10"}},null,{"$f":"SUM(AR6:AR72)","v":{"v":68387.09944444445,"d":"68,387.10"}},null,{"$f":"SUM(AT6:AT72)","v":{"v":68387.09944444445,"d":"68,387.10"}},null,{"$f":"SUM(AV6:AV72)","v":{"v":68387.09944444445,"d":"68,387.10"}},null,{"$f":"SUM(AX6:AX72)","v":{"v":68387.09944444445,"d":"68,387.10"}},null,{"$f":"SUM(AZ6:AZ72)","v":{"v":68387.09944444445,"d":"68,387.10"}},null,{"$f":"SUM(BB6:BB72)","v":{"v":68387.09944444445,"d":"68,387.10"}},null,{"$f":"SUM(BD6:BD72)","v":{"v":68387.09944444445,"d":"68,387.10"}},null,{"$f":"SUM(BF6:BF72)","v":{"v":68387.09944444445,"d":"68,387.10"}},null,{"$f":"SUM(BH6:BH72)","v":{"v":68387.09944444445,"d":"68,387.10"}},null,{"$f":"SUM(BJ6:BJ72)","v":{"v":136774.1988888889,"d":"136,774.20"}},null,{"$f":"SUM(BL6:BL72)","v":{"v":68387.09944444445,"d":"68,387.10"}},null,{"$f":"SUM(BN6:BN72)","v":{"v":68387.09944444445,"d":"68,387.10"}},null,{"$f":"SUM(BP6:BP72)","v":{"v":68387.09944444445,"d":"68,387.10"}},null,{"$f":"SUM(BR6:BR72)","v":{"v":68387.09944444445,"d":"68,387.10"}},null,{"$f":"SUM(BT6:BT72)","v":{"v":68387.09944444447,"d":"68,387.10"}},null,{"$f":"SUM(BV6:BV72)","v":{"v":68387.09944444447,"d":"68,387.10"}},null,{"$f":"SUM(BX6:BX72)","v":{"v":68387.09944444447,"d":"68,387.10"}},null,{"$f":"SUM(BZ6:BZ72)","v":{"v":68387.09944444447,"d":"68,387.10"}},null,{"$f":"SUM(CB6:CB72)","v":{"v":86082.01444423976,"d":"86,082.01"}},null,{"$f":"SUM(CD6:CD72)","v":{"v":268659.92999374,"d":"268,659.93"}},null,{"$f":"SUM(CF6:CF72)","v":{"v":0,"d":"0.00"}},null,{"$f":"SUM(CH6:CH72)","v":{"v":0,"d":"0.00"}},null,{"$f":"SUM(CJ6:CJ72)","v":{"v":0,"d":"0.00"}},null,{"$f":"SUM(CL6:CL72)","v":{"v":373357.00999889,"d":"373,357.01"}},null,{"$f":"SUM(CN6:CN72)","v":{"v":3408952.5199926305,"d":"3,408,952.52"}}]
[]
["SECTION 01 - PRELIMINARIES (MV RETICULATION)",{"$nulls":9},{"$f":"+K73+J73+I73","v":{"v":3408952.519721742,"d":"3,408,952.520"}}]
[]
[{"$nulls":3},"Tender","Prev.","This","Cum.",null,null,"VALUE","TIME",null,"Claim No.1","Sub Total CL1","Claim No2","SubTotal CL 2","Claim No3","SubTotal CL 3","Claim No4","SubTotal CL 4","Claim No5","SubTotal CL 5","Claim No.6","SubTotal CL 6","Claim No.6","SubTotal CL 6","Claim No.8","SubTotal CL 8","Claim No.9","SubTotal CL 9","Claim No.10","SubTotal CL 10","Claim No.11","SubTotal CL 11","Claim No.12","SubTotal CL 12","Claim No.13","SubTotal CL 13","Claim No.14","SubTotal CL 14","Claim No.15","SubTotal CL 15","Claim No.15","SubTotal CL 16","Claim No.17","SubTotal CL 17","Claim No.18","SubTotal CL 18","Claim No.19","SubTotal CL 19","Claim No.20","SubTotal CL 20","Claim No.21","SubTotal CL 21","Claim No.22","SubTotal CL 22",null,null,"Claim No.24","SubTotal CL 24","Claim No.25","SubTotal CL 25","Claim No.26","SubTotal CL 26","Claim No.28","SubTotal CL 28","Claim No.29","SubTotal CL 29","Claim No.30","SubTotal CL 30",{"$nulls":10},"Claim No.49","SubTotal CL 49","Claim No.50","SubTotal CL 50","Claim No.51","SubTotal CL 51","Claim No.52","SubTotal CL 52","Claim No.53","SubTotal CL 53","Total QTY","Total Amount"]
["ITEM","DESCRIPTION","UNIT","Qty",{"$nulls":3},"RATE","FIXED","RELATED","RELATED"]
[]
["A6.0","SUB-CONTRACTOR'S SITE REPRESENTATIVE","Sum",1,{"v":1.0000000000000002,"d":"1"},null,{"$f":"+E80+F80","v":{"v":1.0000000000000002,"d":"1"}},{"v":80000,"d":"80 000.00"},null,null,{"$f":"+G80*H80","v":{"v":80000.00000000001,"d":"80 000.00"}},{"$f":"+D80*H80","v":{"v":80000,"d":"80 000.00"}},null,null,{"$f":"3/36","v":{"v":0.08333333333333333,"d":"0.08"}},{"$f":"+H80*O80","v":{"v":6666.666666666666,"d":"6,666.67"}},{"$f":"4/36-O80","v":{"v":0.027777777777777776,"d":"0.03"}},{"$f":"+H80*Q80","v":{"v":2222.222222222222,"d":"2,222.22"}},{"$f":"5/36-O80-Q80","v":{"v":0.02777777777777779,"d":"0.03"}},{"$f":"+H80*S80","v":{"v":2222.222222222223,"d":"2,222.22"}},{"$f":"6/36-O80-Q80-S80","v":{"v":0.027777777777777762,"d":"0.03"}},{"$f":"+$H80*U80","v":{"v":2222.222222222221,"d":"2,222.22"}},{"$f":"7/36-O80-Q80-S80-U80","v":{"v":0.02777777777777779,"d":"0.03"}},{"$f":"+$H80*W80","v":{"v":2222.222222222223,"d":"2,222.22"}},{"$f":"8/36-M80-O80-Q80-S80-U80-W80","v":{"v":0.027777777777777776,"d":"0.03"}},{"$f":"+$H80*Y80","v":{"v":2222.222222222222,"d":"2,222.22"}},{"$f":"9/36-O80-Q80-S80-U80-W80-Y80","v":{"v":0.027777777777777776,"d":"0.03"}},{"$f":"+$H80*AA80","v":{"v":2222.222222222222,"d":"2,222.22"}},{"$f":"10/36-O80-Q80-S80-U80-W80-Y80-AA80","v":{"v":0.02777777777777779,"d":"0.03"}},{"$f":"+$H80*AC80","v":{"v":2222.222222222223,"d":"2,222.22"}},{"$f":"11/36-O80-Q80-S80-U80-W80-Y80-AA80-AC80","v":{"v":0.02777777777777779,"d":"0.03"}},{"$f":"+$H80*AE80","v":{"v":2222.222222222223,"d":"2,222.22"}},{"$f":"12/36-O80-Q80-S80-U80-W80-Y80-AA80-AC80-AE80","v":{"v":0.027777777777777735,"d":"0.03"}},{"$f":"+$H80*AG80","v":{"v":2222.222222222219,"d":"2,222.22"}},{"$f":"13/36-O80-Q80-S80-U80-W80-Y80-AA80-AC80-AE80-AG80","v":{"v":0.027777777777777804,"d":"0.03"}},{"$f":"+$H80*AI80","v":{"v":2222.2222222222244,"d":"2,222.22"}},{"$f":"14/36-O80-Q80-S80-U80-W80-Y80-AA80-AC80-AE80-AG80-AI80","v":{"v":0.027777777777777776,"d":"0.03"}},{"$f":"+$H80*AK80","v":{"v":2222.222222222222,"d":"2,222.22"}},{"$f":"15/36-O80-S80-Q80-U80-W80-Y80-AA80-AC80-AE80-AG80-AI80-AK80","v":{"v":0.027777777777777735,"d":"0.03"}},{"$f":"+$H80*AM80","v":{"v":2222.222222222219,"d":"2,222.22"}},{"$f":"1/36","v":{"v":0.027777777777777776,"d":"0.03"}},{"$f":"+$H80*AO80","v":{"v":2222.222222222222,"d":"2,222.22"}},{"v":0.027777777777777776,"d":"0.03"},{"$f":"+$H80*AQ80","v":{"v":2222.222222222222,"d":"2,222.22"}},{"$f":"1/36","v":{"v":0.027777777777777776,"d":"0.03"}},{"$f":"+$H80*AS80","v":{"v":2222.222222222222,"d":"2,222.22"}},{"$f":"1/36","v":{"v":0.027777777777777776,"d":"0.03"}},{"$f":"+$H80*AU80","v":{"v":2222.222222222222,"d":"2,222.22"}},{"$f":"1/36","v":{"v":0.027777777777777776,"d":"0.03"}},{"$f":"+$H80*AW80","v":{"v":2222.222222222222,"d":"2,222.22"}},{"$f":"1/36","v":{"v":0.027777777777777776,"d":"0.03"}},{"$f":"+$H80*AY80","v":{"v":2222.222222222222,"d":"2,222.22"}},{"$f":"1/36","v":{"v":0.027777777777777776,"d":"0.03"}},{"$f":"+$H80*BA80","v":{"v":2222.222222222222,"d":"2,222.22"}},{"v":0.027777777777777776,"d":"0.03"},{"$f":"+$H80*BC80","v":{"v":2222.222222222222,"d":"2,222.22"}},{"v":0.027777777777777776,"d":"0.03"},{"$f":"+$H80*BE80","v":{"v":2222.222222222222,"d":"2,222.22"}},{"v":0.027777777777777776,"d":"0.03"},{"$f":"+$H80*BG80","v":{"v":2222.222222222222,"d":"2,222.22"}},{"$f":"2/36","v":{"v":0.05555555555555555,"d":"0.06"}},{"$f":"+$H80*BI80","v":{"v":4444.444444444444,"d":"4,444.44"}},{"v":0.027777777777777776,"d":"0.03"},{"$f":"+$H80*BK80","v":{"v":2222.222222222222,"d":"2,222.22"}},{"v":0.027777777777777776,"d":"0.03"},{"$f":"+BM80*H80","v":{"v":2222.222222222222,"d":"2,222.22"}},{"v":0.027777777777777776,"d":"0.03"},{"$f":"+BO80*H80","v":{"v":2222.222222222222,"d":"2,222.22"}},{"v":0.027777777777777776,"d":"0.03"},{"$f":"+BQ80*H80","v":{"v":2222.222222222222,"d":"2,222.22"}},{"v":0.027777777777777776,"d":"0.03"},{"$f":"+BS80*H80","v":{"v":2222.222222222222,"d":"2,222.22"}},{"v":0.027777777777777776,"d":"0.03"},{"$f":"+BU80*H80","v":{"v":2222.222222222222,"d":"2,222.22"}},{"v":0.027777777777777776,"d":"0.03"},{"$f":"+BW80*H80","v":{"v":2222.222222222222,"d":"2,222.22"}},{"v":0.027777777777777776,"d":"0.03"},{"$f":"+BY80*H80","v":{"v":2222.222222222222,"d":"2,222.22"}},{"v":0.027777777777777776,"d":"0.03"},{"$f":"+CA80*K80","v":{"v":2222.2222222222226,"d":"2,222.22"}},null,{"$f":"H80*CC80","v":{"v":0,"d":"0.00"}},null,{"$f":"J80*CE80","v":{"v":0,"d":"0.00"}},null,{"$f":"L80*CG80","v":{"v":0,"d":"0.00"}},null,{"$f":"K80*CI80","v":{"v":0,"d":"0.00"}},null,{"$f":"K80*CK80","v":{"v":0,"d":"0.00"}},{"$f":"M80+O80+Q80+S80+U80+W80+Y80+AA80+AC80+AE80+AG80+AI80+AK80+AM80+AO80+AQ80+AS80+AU80+AW80+AY80+BA80+BC80+BE80+BG80+BI80+BK80+BM80+BO80+BQ80+BS80+BU80+BW80+BY80+CA80+CC80+CE80+CG80+CI80+CK80","v":{"v":1.0000000000000002,"d":"1"}},{"$f":"+H80*CM80","v":{"v":80000.00000000001,"d":"80,000.00"}}]
[{"$nulls":40},{"v":0.027777777777777776,"d":"0.03"},null,{"v":0.027777777777777776,"d":"0.03"}]
["A12.0","EFFECTING INSURANCES","Sum",1,{"v":1.0000000000000002,"d":"1"},null,{"$f":"+E82+F82","v":{"v":1.0000000000000002,"d":"1"}},{"v":3350,"d":"3 350.00"},null,null,{"$f":"+G82*H82","v":{"v":3350.000000000001,"d":"3 350.00"}},{"$f":"+D82*H82","v":{"v":3350,"d":"3 350.00"}},null,null,{"$f":"3/36","v":{"v":0.08333333333333333,"d":"0.08"}},{"$f":"+H82*O82","v":{"v":279.16666666666663,"d":"279.17"}},{"$f":"4/36-O82","v":{"v":0.027777777777777776,"d":"0.03"}},{"$f":"+H82*Q82","v":{"v":93.05555555555556,"d":"93.06"}},{"$f":"5/36-O82-Q82","v":{"v":0.02777777777777779,"d":"0.03"}},{"$f":"+H82*S82","v":{"v":93.0555555555556,"d":"93.06"}},{"$f":"6/36-O82-Q82-S82","v":{"v":0.027777777777777762,"d":"0.03"}},{"$f":"+$H82*U82","v":{"v":93.0555555555555,"d":"93.06"}},{"$f":"7/36-O82-Q82-S82-U82","v":{"v":0.02777777777777779,"d":"0.03"}},{"$f":"+$H82*W82","v":{"v":93.0555555555556,"d":"93.06"}},{"$f":"8/36-M82-O82-Q82-S82-U82-W82","v":{"v":0.027777777777777776,"d":"0.03"}},{"$f":"+$H82*Y82","v":{"v":93.05555555555556,"d":"93.06"}},{"$f":"9/36-O82-Q82-S82-U82-W82-Y82","v":{"v":0.027777777777777776,"d":"0.03"}},{"$f":"+$H82*AA82","v":{"v":93.05555555555556,"d":"93.06"}},{"$f":"10/36-O82-Q82-S82-U82-W82-Y82-AA82","v":{"v":0.02777777777777779,"d":"0.03"}},{"$f":"+$H82*AC82","v":{"v":93.0555555555556,"d":"93.06"}},{"$f":"11/36-O82-Q82-S82-U82-W82-Y82-AA82-AC82","v":{"v":0.02777777777777779,"d":"0.03"}},{"$f":"+$H82*AE82","v":{"v":93.0555555555556,"d":"93.06"}},{"$f":"12/36-O82-Q82-S82-U82-W82-Y82-AA82-AC82-AE82","v":{"v":0.027777777777777735,"d":"0.03"}},{"$f":"+$H82*AG82","v":{"v":93.05555555555542,"d":"93.06"}},{"$f":"13/36-O82-Q82-S82-U82-W82-Y82-AA82-AC82-AE82-AG82","v":{"v":0.027777777777777804,"d":"0.03"}},{"$f":"+$H82*AI82","v":{"v":93.05555555555564,"d":"93.06"}},{"$f":"14/36-O82-Q82-S82-U82-W82-Y82-AA82-AC82-AE82-AG82-AI82","v":{"v":0.027777777777777776,"d":"0.03"}},{"$f":"+$H82*AK82","v":{"v":93.05555555555556,"d":"93.06"}},{"$f":"15/36-O82-S82-Q82-U82-W82-Y82-AA82-AC82-AE82-AG82-AI82-AK82","v":{"v":0.027777777777777735,"d":"0.03"}},{"$f":"+$H82*AM82","v":{"v":93.05555555555542,"d":"93.06"}},{"v":0.027777777777777776,"d":"0.03"},{"$f":"+$H82*AO82","v":{"v":93.05555555555556,"d":"93.06"}},{"v":0.027777777777777776,"d":"0.03"},{"$f":"+$H82*AQ82","v":{"v":93.05555555555556,"d":"93.06"}},{"$f":"1/36","v":{"v":0.027777777777777776,"d":"0.03"}},{"$f":"+$H82*AS82","v":{"v":93.05555555555556,"d":"93.06"}},{"$f":"1/36","v":{"v":0.027777777777777776,"d":"0.03"}},{"$f":"+$H82*AU82","v":{"v":93.05555555555556,"d":"93.06"}},{"$f":"1/36","v":{"v":0.027777777777777776,"d":"0.03"}},{"$f":"+$H82*AW82","v":{"v":93.05555555555556,"d":"93.06"}},{"$f":"1/36","v":{"v":0.027777777777777776,"d":"0.03"}},{"$f":"+$H82*AY82","v":{"v":93.05555555555556,"d":"93.06"}},{"$f":"1/36","v":{"v":0.027777777777777776,"d":"0.03"}},{"$f":"+$H82*BA82","v":{"v":93.05555555555556,"d":"93.06"}},{"v":0.027777777777777776,"d":"0.03"},{"$f":"+$H82*BC82","v":{"v":93.05555555555556,"d":"93.06"}},{"v":0.027777777777777776,"d":"0.03"},{"$f":"+$H82*BE82","v":{"v":93.05555555555556,"d":"93.06"}},{"v":0.027777777777777776,"d":"0.03"},{"$f":"+$H82*BG82","v":{"v":93.05555555555556,"d":"93.06"}},{"$f":"2/36","v":{"v":0.05555555555555555,"d":"0.06"}},{"$f":"+$H82*BI82","v":{"v":186.11111111111111,"d":"186.11"}},{"v":0.027777777777777776,"d":"0.03"},{"$f":"+$H82*BK82","v":{"v":93.05555555555556,"d":"93.06"}},{"v":0.027777777777777776,"d":"0.03"},{"$f":"+BM82*H82","v":{"v":93.05555555555556,"d":"93.06"}},{"v":0.027777777777777776,"d":"0.03"},{"$f":"+BO82*H82","v":{"v":93.05555555555556,"d":"93.06"}},{"v":0.027777777777777776,"d":"0.03"},{"$f":"+BQ82*H82","v":{"v":93.05555555555556,"d":"93.06"}},{"v":0.027777777777777776,"d":"0.03"},{"$f":"+BS82*H82","v":{"v":93.05555555555556,"d":"93.06"}},{"v":0.027777777777777776,"d":"0.03"},{"$f":"+BU82*H82","v":{"v":93.05555555555556,"d":"93.06"}},{"v":0.027777777777777776,"d":"0.03"},{"$f":"+BW82*H82","v":{"v":93.05555555555556,"d":"93.06"}},{"v":0.027777777777777776,"d":"0.03"},{"$f":"+BY82*H82","v":{"v":93.05555555555556,"d":"93.06"}},{"v":0.027777777777777776,"d":"0.03"},{"$f":"+CA82*K82","v":{"v":93.05555555555557,"d":"93.06"}},null,{"$f":"H82*CC82","v":{"v":0,"d":"0.00"}},null,{"$f":"J82*CE82","v":{"v":0,"d":"0.00"}},null,{"$f":"L82*CG82","v":{"v":0,"d":"0.00"}},null,{"$f":"K82*CI82","v":{"v":0,"d":"0.00"}},null,{"$f":"K82*CK82","v":{"v":0,"d":"0.00"}},{"$f":"M82+O82+Q82+S82+U82+W82+Y82+AA82+AC82+AE82+AG82+AI82+AK82+AM82+AO82+AQ82+AS82+AU82+AW82+AY82+BA82+BC82+BE82+BG82+BI82+BK82+BM82+BO82+BQ82+BS82+BU82+BW82+BY82+CA82+CC82+CE82+CG82+CI82+CK82","v":{"v":1.0000000000000002,"d":"1"}},{"$f":"+H82*CM82","v":{"v":3350.000000000001,"d":"3,350.00"}}]
[{"$nulls":40},{"v":0.027777777777777776,"d":"0.03"},null,{"v":0.027777777777777776,"d":"0.03"}]
["A14.0","SECURITY","Sum",1,0.9999999999777778,null,{"$f":"+E84+F84","v":0.9999999999777778},{"v":16000,"d":"16 000.00"},{"$f":"+G84*H84","v":{"v":15999.999999644444,"d":"16 000.00"}},null,null,{"$f":"+D84*H84","v":{"v":16000,"d":"16 000.00"}},1,{"$f":"+H84*M84","v":{"v":16000,"d":"16,000.00"}},{"$nulls":47},{"v":0,"d":"0.00"},{"$nulls":3},{"v":0,"d":"0.00"},null,{"v":0,"d":"0.00"},null,{"$f":"+BQ84*H84","v":{"v":0,"d":"0.00"}},null,{"v":0,"d":"0.00"},null,{"$f":"+BU84*H84","v":{"v":0,"d":"0.00"}},null,{"$f":"+BW84*H84","v":{"v":0,"d":"0.00"}},null,{"$f":"+BY84*H84","v":{"v":0,"d":"0.00"}},null,{"$f":"+CA84*K84","v":{"v":0,"d":"0.00"}},null,{"$f":"H84*CC84","v":{"v":0,"d":"0.00"}},null,{"$f":"J84*CE84","v":{"v":0,"d":"0.00"}},null,{"$f":"L84*CG84","v":{"v":0,"d":"0.00"}},null,{"$f":"K84*CI84","v":{"v":0,"d":"0.00"}},null,{"$f":"K84*CK84","v":{"v":0,"d":"0.00"}},{"$f":"M84+O84+Q84+S84+U84+W84+Y84+AA84+AC84+AE84+AG84+AI84+AK84+AM84+AO84+AQ84+AS84+AU84+AW84+AY84+BA84+BC84+BE84+BG84+BI84+BK84+BM84+BO84+BQ84+BS84+BU84+BW84+BY84+CA84+CC84+CE84+CG84+CI84+CK84","v":1},{"$f":"+H84*CM84","v":{"v":16000,"d":"16,000.00"}}]
[{"$nulls":40},{"v":0.027777777777777776,"d":"0.03"},null,{"v":0.027777777777777776,"d":"0.03"}]
["B4.0","MANAGEMENT OF CONTRACT",{"$nulls":38},{"v":0.027777777777777776,"d":"0.03"},null,{"v":0.027777777777777776,"d":"0.03"}]
[{"$nulls":40},{"v":0.027777777777777776,"d":"0.03"},null,{"v":0.027777777777777776,"d":"0.03"}]
["B4.1","Management of Works","Sum",1,{"v":1.0000000000000002,"d":"1"},{"v":0.40554,"d":"0"},{"$f":"+E88+F88","v":{"v":1.4055400000000002,"d":"1"}},{"v":77000,"d":"77 000.00"},null,null,{"$f":"G88*H88","v":{"v":108226.58000000002,"d":"108 226.58"}},{"$f":"+D88*H88","v":{"v":77000,"d":"77 000.00"}},null,null,{"$f":"3/36","v":{"v":0.08333333333333333,"d":"0.08"}},{"$f":"+H88*O88","v":{"v":6416.666666666666,"d":"6,416.67"}},{"$f":"4/36-O88","v":{"v":0.027777777777777776,"d":"0.03"}},{"$f":"+H88*Q88","v":{"v":2138.8888888888887,"d":"2,138.89"}},{"$f":"5/36-O88-Q88","v":{"v":0.02777777777777779,"d":"0.03"}},{"$f":"+H88*S88","v":{"v":2138.88888888889,"d":"2,138.89"}},{"$f":"6/36-O88-Q88-S88","v":{"v":0.027777777777777762,"d":"0.03"}},{"$f":"+$H88*U88","v":{"v":2138.888888888888,"d":"2,138.89"}},{"$f":"7/36-O88-Q88-S88-U88","v":{"v":0.02777777777777779,"d":"0.03"}},{"$f":"+$H88*W88","v":{"v":2138.88888888889,"d":"2,138.89"}},{"$f":"8/36-M88-O88-Q88-S88-U88-W88","v":{"v":0.027777777777777776,"d":"0.03"}},{"$f":"+$H88*Y88","v":{"v":2138.8888888888887,"d":"2,138.89"}},{"$f":"9/36-O88-Q88-S88-U88-W88-Y88","v":{"v":0.027777777777777776,"d":"0.03"}},{"$f":"+$H88*AA88","v":{"v":2138.8888888888887,"d":"2,138.89"}},{"$f":"10/36-O88-Q88-S88-U88-W88-Y88-AA88","v":{"v":0.02777777777777779,"d":"0.03"}},{"$f":"+$H88*AC88","v":{"v":2138.88888888889,"d":"2,138.89"}},{"$f":"11/36-O88-Q88-S88-U88-W88-Y88-AA88-AC88","v":{"v":0.02777777777777779,"d":"0.03"}},{"$f":"+$H88*AE88","v":{"v":2138.88888888889,"d":"2,138.89"}},{"$f":"12/36-O88-Q88-S88-U88-W88-Y88-AA88-AC88-AE88","v":{"v":0.027777777777777735,"d":"0.03"}},{"$f":"+$H88*AG88","v":{"v":2138.8888888888855,"d":"2,138.89"}},{"$f":"13/36-O88-Q88-S88-U88-W88-Y88-AA88-AC88-AE88-AG88","v":{"v":0.027777777777777804,"d":"0.03"}},{"$f":"+$H88*AI88","v":{"v":2138.888888888891,"d":"2,138.89"}},{"$f":"14/36-O88-Q88-S88-U88-W88-Y88-AA88-AC88-AE88-AG88-AI88","v":{"v":0.027777777777777776,"d":"0.03"}},{"$f":"+$H88*AK88","v":{"v":2138.8888888888887,"d":"2,138.89"}},{"$f":"15/36-O88-S88-Q88-U88-W88-Y88-AA88-AC88-AE88-AG88-AI88-AK88","v":{"v":0.027777777777777735,"d":"0.03"}},{"$f":"+$H88*AM88","v":{"v":2138.8888888888855,"d":"2,138.89"}},{"v":0.027777777777777776,"d":"0.03"},{"$f":"+$H88*AO88","v":{"v":2138.8888888888887,"d":"2,138.89"}},{"v":0.027777777777777776,"d":"0.03"},{"$f":"+$H88*AQ88","v":{"v":2138.8888888888887,"d":"2,138.89"}},{"$f":"1/36","v":{"v":0.027777777777777776,"d":"0.03"}},{"$f":"+$H88*AS88","v":{"v":2138.8888888888887,"d":"2,138.89"}},{"$f":"1/36","v":{"v":0.027777777777777776,"d":"0.03"}},{"$f":"+$H88*AU88","v":{"v":2138.8888888888887,"d":"2,138.89"}},{"$f":"1/36","v":{"v":0.027777777777777776,"d":"0.03"}},{"$f":"+$H88*AW88","v":{"v":2138.8888888888887,"d":"2,138.89"}},{"$f":"1/36","v":{"v":0.027777777777777776,"d":"0.03"}},{"$f":"+$H88*AY88","v":{"v":2138.8888888888887,"d":"2,138.89"}},{"$f":"1/36","v":{"v":0.027777777777777776,"d":"0.03"}},{"$f":"+$H88*BA88","v":{"v":2138.8888888888887,"d":"2,138.89"}},{"v":0.027777777777777776,"d":"0.03"},{"$f":"+$H88*BC88","v":{"v":2138.8888888888887,"d":"2,138.89"}},{"v":0.027777777777777776,"d":"0.03"},{"$f":"+$H88*BE88","v":{"v":2138.8888888888887,"d":"2,138.89"}},{"v":0.027777777777777776,"d":"0.03"},{"$f":"+$H88*BG88","v":{"v":2138.8888888888887,"d":"2,138.89"}},{"$f":"2/36","v":{"v":0.05555555555555555,"d":"0.06"}},{"v":4277.777777777777,"d":"4,277.78"},{"v":0.027777777777777776,"d":"0.03"},{"$f":"+$H88*BK88","v":{"v":2138.8888888888887,"d":"2,138.89"}},{"v":0.027777777777777776,"d":"0.03"},{"v":2138.8888888888887,"d":"2,138.89"},{"v":0.027777777777777776,"d":"0.03"},{"v":2138.8888888888887,"d":"2,138.89"},{"v":0.027777777777777776,"d":"0.03"},{"$f":"+BQ88*H88","v":{"v":2138.8888888888887,"d":"2,138.89"}},{"v":0.027777777777777776,"d":"0.03"},{"v":2138.8888888888887,"d":"2,138.89"},{"v":0.027777777777777776,"d":"0.03"},{"$f":"+BU88*H88","v":{"v":2138.8888888888887,"d":"2,138.89"}},{"v":0.027777777777777776,"d":"0.03"},{"$f":"+BW88*H88","v":{"v":2138.8888888888887,"d":"2,138.89"}},{"v":0.027777777777777776,"d":"0.03"},{"$f":"+BY88*H88","v":{"v":2138.8888888888887,"d":"2,138.89"}},{"v":0.027777777777777776,"d":"0.03"},{"$f":"+CA88*K88","v":{"v":3006.2938888888893,"d":"3,006.29"}},null,{"$f":"H88*CC88","v":{"v":0,"d":"0.00"}},null,{"$f":"J88*CE88","v":{"v":0,"d":"0.00"}},null,{"$f":"L88*CG88","v":{"v":0,"d":"0.00"}},null,{"$f":"K88*CI88","v":{"v":0,"d":"0.00"}},{"v":0.40554,"d":"0.41"},{"$f":"K88*CK88","v":{"v":43890.20725320001,"d":"43,890.21"}},{"$f":"M88+O88+Q88+S88+U88+W88+Y88+AA88+AC88+AE88+AG88+AI88+AK88+AM88+AO88+AQ88+AS88+AU88+AW88+AY88+BA88+BC88+BE88+BG88+BI88+BK88+BM88+BO88+BQ88+BS88+BU88+BW88+BY88+CA88+CC88+CE88+CG88+CI88+CK88","v":{"v":1.4055400000000002,"d":"1.406"}},{"$f":"+H88*CM88","v":{"v":108226.58000000002,"d":"108,226.58"}}]
[{"$nulls":40},{"v":0.027777777777777776,"d":"0.03"},null,{"v":0.027777777777777776,"d":"0.03"}]
["B4.2","Programme for the Works","Sum",1,{"v":1.0000000000000002,"d":"1"},null,{"$f":"+E90+F90","v":{"v":1.0000000000000002,"d":"1"}},{"v":25000,"d":"25 000.00"},null,null,{"$f":"+G90*H90","v":{"v":25000.000000000007,"d":"25 000.00"}},{"$f":"+D90*H90","v":{"v":25000,"d":"25 000.00"}},null,null,{"$f":"3/36","v":{"v":0.08333333333333333,"d":"0.08"}},{"$f":"+H90*O90","v":{"v":2083.333333333333,"d":"2,083.33"}},{"$f":"4/36-O90","v":{"v":0.027777777777777776,"d":"0.03"}},{"$f":"+H90*Q90","v":{"v":694.4444444444445,"d":"694.44"}},{"$f":"5/36-O90-Q90","v":{"v":0.02777777777777779,"d":"0.03"}},{"$f":"+H90*S90","v":{"v":694.4444444444448,"d":"694.44"}},{"$f":"6/36-O90-Q90-S90","v":{"v":0.027777777777777762,"d":"0.03"}},{"$f":"+$H90*U90","v":{"v":694.444444444444,"d":"694.44"}},{"$f":"7/36-O90-Q90-S90-U90","v":{"v":0.02777777777777779,"d":"0.03"}},{"$f":"+$H90*W90","v":{"v":694.4444444444448,"d":"694.44"}},{"$f":"8/36-M90-O90-Q90-S90-U90-W90","v":{"v":0.027777777777777776,"d":"0.03"}},{"$f":"+$H90*Y90","v":{"v":694.4444444444445,"d":"694.44"}},{"$f":"9/36-O90-Q90-S90-U90-W90-Y90","v":{"v":0.027777777777777776,"d":"0.03"}},{"$f":"+$H90*AA90","v":{"v":694.4444444444445,"d":"694.44"}},{"$f":"10/36-O90-Q90-S90-U90-W90-Y90-AA90","v":{"v":0.02777777777777779,"d":"0.03"}},{"$f":"+$H90*AC90","v":{"v":694.4444444444448,"d":"694.44"}},{"$f":"11/36-O90-Q90-S90-U90-W90-Y90-AA90-AC90","v":{"v":0.02777777777777779,"d":"0.03"}},{"$f":"+$H90*AE90","v":{"v":694.4444444444448,"d":"694.44"}},{"$f":"12/36-O90-Q90-S90-U90-W90-Y90-AA90-AC90-AE90","v":{"v":0.027777777777777735,"d":"0.03"}},{"$f":"+$H90*AG90","v":{"v":694.4444444444433,"d":"694.44"}},{"$f":"13/36-O90-Q90-S90-U90-W90-Y90-AA90-AC90-AE90-AG90","v":{"v":0.027777777777777804,"d":"0.03"}},{"$f":"+$H90*AI90","v":{"v":694.4444444444451,"d":"694.44"}},{"$f":"14/36-O90-Q90-S90-U90-W90-Y90-AA90-AC90-AE90-AG90-AI90","v":{"v":0.027777777777777776,"d":"0.03"}},{"$f":"+$H90*AK90","v":{"v":694.4444444444445,"d":"694.44"}},{"$f":"15/36-O90-S90-Q90-U90-W90-Y90-AA90-AC90-AE90-AG90-AI90-AK90","v":{"v":0.027777777777777735,"d":"0.03"}},{"$f":"+$H90*AM90","v":{"v":694.4444444444433,"d":"694.44"}},{"v":0.027777777777777776,"d":"0.03"},{"$f":"+$H90*AO90","v":{"v":694.4444444444445,"d":"694.44"}},{"v":0.027777777777777776,"d":"0.03"},{"$f":"+$H90*AQ90","v":{"v":694.4444444444445,"d":"694.44"}},{"$f":"1/36","v":{"v":0.027777777777777776,"d":"0.03"}},{"$f":"+$H90*AS90","v":{"v":694.4444444444445,"d":"694.44"}},{"$f":"1/36","v":{"v":0.027777777777777776,"d":"0.03"}},{"$f":"+$H90*AU90","v":{"v":694.4444444444445,"d":"694.44"}},{"$f":"1/36","v":{"v":0.027777777777777776,"d":"0.03"}},{"$f":"+$H90*AW90","v":{"v":694.4444444444445,"d":"694.44"}},{"$f":"1/36","v":{"v":0.027777777777777776,"d":"0.03"}},{"$f":"+$H90*AY90","v":{"v":694.4444444444445,"d":"694.44"}},{"$f":"1/36","v":{"v":0.027777777777777776,"d":"0.03"}},{"$f":"+$H90*BA90","v":{"v":694.4444444444445,"d":"694.44"}},{"v":0.027777777777777776,"d":"0.03"},{"$f":"+$H90*BC90","v":{"v":694.4444444444445,"d":"694.44"}},{"v":0.027777777777777776,"d":"0.03"},{"$f":"+$H90*BE90","v":{"v":694.4444444444445,"d":"694.44"}},{"v":0.027777777777777776,"d":"0.03"},{"$f":"+$H90*BG90","v":{"v":694.4444444444445,"d":"694.44"}},{"$f":"2/36","v":{"v":0.05555555555555555,"d":"0.06"}},{"v":1388.888888888889,"d":"1,388.89"},{"v":0.027777777777777776,"d":"0.03"},{"$f":"+$H90*BK90","v":{"v":694.4444444444445,"d":"694.44"}},{"v":0.027777777777777776,"d":"0.03"},{"v":694.4444444444445,"d":"694.44"},{"v":0.027777777777777776,"d":"0.03"},{"v":694.4444444444445,"d":"694.44"},{"v":0.027777777777777776,"d":"0.03"},{"$f":"+BQ90*H90","v":{"v":694.4444444444445,"d":"694.44"}},{"v":0.027777777777777776,"d":"0.03"},{"v":694.4444444444445,"d":"694.44"},{"v":0.027777777777777776,"d":"0.03"},{"$f":"+BU90*H90","v":{"v":694.4444444444445,"d":"694.44"}},{"v":0.027777777777777776,"d":"0.03"},{"$f":"+BW90*H90","v":{"v":694.4444444444445,"d":"694.44"}},{"v":0.027777777777777776,"d":"0.03"},{"$f":"+BY90*H90","v":{"v":694.4444444444445,"d":"694.44"}},{"v":0.027777777777777776,"d":"0.03"},{"$f":"+CA90*K90","v":{"v":694.4444444444446,"d":"694.44"}},null,{"$f":"H90*CC90","v":{"v":0,"d":"0.00"}},null,{"$f":"J90*CE90","v":{"v":0,"d":"0.00"}},null,{"$f":"L90*CG90","v":{"v":0,"d":"0.00"}},null,{"$f":"K90*CI90","v":{"v":0,"d":"0.00"}},null,{"$f":"K90*CK90","v":{"v":0,"d":"0.00"}},{"$f":"M90+O90+Q90+S90+U90+W90+Y90+AA90+AC90+AE90+AG90+AI90+AK90+AM90+AO90+AQ90+AS90+AU90+AW90+AY90+BA90+BC90+BE90+BG90+BI90+BK90+BM90+BO90+BQ90+BS90+BU90+BW90+BY90+CA90+CC90+CE90+CG90+CI90+CK90","v":{"v":1.0000000000000002,"d":"1"}},{"$f":"+H90*CM90","v":{"v":25000.000000000007,"d":"25,000.00"}}]
[{"$nulls":40},{"v":0.027777777777777776,"d":"0.03"},null,{"v":0.027777777777777776,"d":"0.03"}]
["B4.3","Progress Meetings","Sum",1,{"v":1.0000000000000002,"d":"1"},null,{"$f":"+E92+F92","v":{"v":1.0000000000000002,"d":"1"}},{"v":10000,"d":"10 000.00"},null,null,{"$f":"+G92*H92","v":{"v":10000.000000000002,"d":"10 000.00"}},{"$f":"+D92*H92","v":{"v":10000,"d":"10 000.00"}},null,null,{"$f":"3/36","v":{"v":0.08333333333333333,"d":"0.08"}},{"$f":"+H92*O92","v":{"v":833.3333333333333,"d":"833.33"}},{"$f":"4/36-O92","v":{"v":0.027777777777777776,"d":"0.03"}},{"$f":"+H92*Q92","v":{"v":277.77777777777777,"d":"277.78"}},{"$f":"5/36-O92-Q92","v":{"v":0.02777777777777779,"d":"0.03"}},{"$f":"+H92*S92","v":{"v":277.7777777777779,"d":"277.78"}},{"$f":"6/36-O92-Q92-S92","v":{"v":0.027777777777777762,"d":"0.03"}},{"$f":"+$H92*U92","v":{"v":277.7777777777776,"d":"277.78"}},{"$f":"7/36-O92-Q92-S92-U92","v":{"v":0.02777777777777779,"d":"0.03"}},{"$f":"+$H92*W92","v":{"v":277.7777777777779,"d":"277.78"}},{"$f":"8/36-M92-O92-Q92-S92-U92-W92","v":{"v":0.027777777777777776,"d":"0.03"}},{"$f":"+$H92*Y92","v":{"v":277.77777777777777,"d":"277.78"}},{"$f":"9/36-O92-Q92-S92-U92-W92-Y92","v":{"v":0.027777777777777776,"d":"0.03"}},{"$f":"+$H92*AA92","v":{"v":277.77777777777777,"d":"277.78"}},{"$f":"10/36-O92-Q92-S92-U92-W92-Y92-AA92","v":{"v":0.02777777777777779,"d":"0.03"}},{"$f":"+$H92*AC92","v":{"v":277.7777777777779,"d":"277.78"}},{"$f":"11/36-O92-Q92-S92-U92-W92-Y92-AA92-AC92","v":{"v":0.02777777777777779,"d":"0.03"}},{"$f":"+$H92*AE92","v":{"v":277.7777777777779,"d":"277.78"}},{"$f":"12/36-O92-Q92-S92-U92-W92-Y92-AA92-AC92-AE92","v":{"v":0.027777777777777735,"d":"0.03"}},{"$f":"+$H92*AG92","v":{"v":277.7777777777774,"d":"277.78"}},{"$f":"13/36-O92-Q92-S92-U92-W92-Y92-AA92-AC92-AE92-AG92","v":{"v":0.027777777777777804,"d":"0.03"}},{"$f":"+$H92*AI92","v":{"v":277.77777777777806,"d":"277.78"}},{"$f":"14/36-O92-Q92-S92-U92-W92-Y92-AA92-AC92-AE92-AG92-AI92","v":{"v":0.027777777777777776,"d":"0.03"}},{"$f":"+$H92*AK92","v":{"v":277.77777777777777,"d":"277.78"}},{"$f":"15/36-O92-S92-Q92-U92-W92-Y92-AA92-AC92-AE92-AG92-AI92-AK92","v":{"v":0.027777777777777735,"d":"0.03"}},{"$f":"+$H92*AM92","v":{"v":277.7777777777774,"d":"277.78"}},{"v":0.027777777777777776,"d":"0.03"},{"$f":"+$H92*AO92","v":{"v":277.77777777777777,"d":"277.78"}},{"v":0.027777777777777776,"d":"0.03"},{"$f":"+$H92*AQ92","v":{"v":277.77777777777777,"d":"277.78"}},{"$f":"1/36","v":{"v":0.027777777777777776,"d":"0.03"}},{"$f":"+$H92*AS92","v":{"v":277.77777777777777,"d":"277.78"}},{"$f":"1/36","v":{"v":0.027777777777777776,"d":"0.03"}},{"$f":"+$H92*AU92","v":{"v":277.77777777777777,"d":"277.78"}},{"$f":"1/36","v":{"v":0.027777777777777776,"d":"0.03"}},{"$f":"+$H92*AW92","v":{"v":277.77777777777777,"d":"277.78"}},{"$f":"1/36","v":{"v":0.027777777777777776,"d":"0.03"}},{"$f":"+$H92*AY92","v":{"v":277.77777777777777,"d":"277.78"}},{"$f":"1/36","v":{"v":0.027777777777777776,"d":"0.03"}},{"$f":"+$H92*BA92","v":{"v":277.77777777777777,"d":"277.78"}},{"v":0.027777777777777776,"d":"0.03"},{"$f":"+$H92*BC92","v":{"v":277.77777777777777,"d":"277.78"}},{"v":0.027777777777777776,"d":"0.03"},{"$f":"+$H92*BE92","v":{"v":277.77777777777777,"d":"277.78"}},{"v":0.027777777777777776,"d":"0.03"},{"$f":"+$H92*BG92","v":{"v":277.77777777777777,"d":"277.78"}},{"$f":"2/36","v":{"v":0.05555555555555555,"d":"0.06"}},{"v":555.5555555555555,"d":"555.56"},{"v":0.027777777777777776,"d":"0.03"},{"$f":"+$H92*BK92","v":{"v":277.77777777777777,"d":"277.78"}},{"v":0.027777777777777776,"d":"0.03"},{"v":277.77777777777777,"d":"277.78"},{"v":0.027777777777777776,"d":"0.03"},{"v":277.77777777777777,"d":"277.78"},{"v":0.027777777777777776,"d":"0.03"},{"$f":"+BQ92*H92","v":{"v":277.77777777777777,"d":"277.78"}},{"v":0.027777777777777776,"d":"0.03"},{"v":277.77777777777777,"d":"277.78"},{"v":0.027777777777777776,"d":"0.03"},{"$f":"+BU92*H92","v":{"v":277.77777777777777,"d":"277.78"}},{"v":0.027777777777777776,"d":"0.03"},{"$f":"+BW92*H92","v":{"v":277.77777777777777,"d":"277.78"}},{"v":0.027777777777777776,"d":"0.03"},{"$f":"+BY92*H92","v":{"v":277.77777777777777,"d":"277.78"}},{"v":0.027777777777777776,"d":"0.03"},{"$f":"+CA92*K92","v":{"v":277.7777777777778,"d":"277.78"}},null,{"$f":"H92*CC92","v":{"v":0,"d":"0.00"}},null,{"$f":"J92*CE92","v":{"v":0,"d":"0.00"}},null,{"$f":"L92*CG92","v":{"v":0,"d":"0.00"}},null,{"$f":"K92*CI92","v":{"v":0,"d":"0.00"}},null,{"$f":"K92*CK92","v":{"v":0,"d":"0.00"}},{"$f":"M92+O92+Q92+S92+U92+W92+Y92+AA92+AC92+AE92+AG92+AI92+AK92+AM92+AO92+AQ92+AS92+AU92+AW92+AY92+BA92+BC92+BE92+BG92+BI92+BK92+BM92+BO92+BQ92+BS92+BU92+BW92+BY92+CA92+CC92+CE92+CG92+CI92+CK92","v":{"v":1.0000000000000002,"d":"1"}},{"$f":"+H92*CM92","v":{"v":10000.000000000002,"d":"10,000.00"}}]
[{"$nulls":40},{"v":0.027777777777777776,"d":"0.03"},null,{"v":0.027777777777777776,"d":"0.03"}]
["B4.4","Technical Meetings","Sum",1,{"v":1.0000000000000002,"d":"1"},null,{"$f":"+E94+F94","v":{"v":1.0000000000000002,"d":"1"}},{"v":5000,"d":"5 000.00"},null,null,{"$f":"+G94*H94","v":{"v":5000.000000000001,"d":"5 000.00"}},{"$f":"+D94*H94","v":{"v":5000,"d":"5 000.00"}},null,null,{"$f":"3/36","v":{"v":0.08333333333333333,"d":"0.08"}},{"$f":"+H94*O94","v":{"v":416.66666666666663,"d":"416.67"}},{"$f":"4/36-O94","v":{"v":0.027777777777777776,"d":"0.03"}},{"$f":"+H94*Q94","v":{"v":138.88888888888889,"d":"138.89"}},{"$f":"5/36-O94-Q94","v":{"v":0.02777777777777779,"d":"0.03"}},{"$f":"+H94*S94","v":{"v":138.88888888888894,"d":"138.89"}},{"$f":"6/36-O94-Q94-S94","v":{"v":0.027777777777777762,"d":"0.03"}},{"$f":"+$H94*U94","v":{"v":138.8888888888888,"d":"138.89"}},{"$f":"7/36-O94-Q94-S94-U94","v":{"v":0.02777777777777779,"d":"0.03"}},{"$f":"+$H94*W94","v":{"v":138.88888888888894,"d":"138.89"}},{"$f":"8/36-M94-O94-Q94-S94-U94-W94","v":{"v":0.027777777777777776,"d":"0.03"}},{"$f":"+$H94*Y94","v":{"v":138.88888888888889,"d":"138.89"}},{"$f":"9/36-O94-Q94-S94-U94-W94-Y94","v":{"v":0.027777777777777776,"d":"0.03"}},{"$f":"+$H94*AA94","v":{"v":138.88888888888889,"d":"138.89"}},{"$f":"10/36-O94-Q94-S94-U94-W94-Y94-AA94","v":{"v":0.02777777777777779,"d":"0.03"}},{"$f":"+$H94*AC94","v":{"v":138.88888888888894,"d":"138.89"}},{"$f":"11/36-O94-Q94-S94-U94-W94-Y94-AA94-AC94","v":{"v":0.02777777777777779,"d":"0.03"}},{"$f":"+$H94*AE94","v":{"v":138.88888888888894,"d":"138.89"}},{"$f":"12/36-O94-Q94-S94-U94-W94-Y94-AA94-AC94-AE94","v":{"v":0.027777777777777735,"d":"0.03"}},{"$f":"+$H94*AG94","v":{"v":138.8888888888887,"d":"138.89"}},{"$f":"13/36-O94-Q94-S94-U94-W94-Y94-AA94-AC94-AE94-AG94","v":{"v":0.027777777777777804,"d":"0.03"}},{"$f":"+$H94*AI94","v":{"v":138.88888888888903,"d":"138.89"}},{"$f":"14/36-O94-Q94-S94-U94-W94-Y94-AA94-AC94-AE94-AG94-AI94","v":{"v":0.027777777777777776,"d":"0.03"}},{"$f":"+$H94*AK94","v":{"v":138.88888888888889,"d":"138.89"}},{"$f":"15/36-O94-S94-Q94-U94-W94-Y94-AA94-AC94-AE94-AG94-AI94-AK94","v":{"v":0.027777777777777735,"d":"0.03"}},{"$f":"+$H94*AM94","v":{"v":138.8888888888887,"d":"138.89"}},{"v":0.027777777777777776,"d":"0.03"},{"$f":"+$H94*AO94","v":{"v":138.88888888888889,"d":"138.89"}},{"v":0.027777777777777776,"d":"0.03"},{"$f":"+$H94*AQ94","v":{"v":138.88888888888889,"d":"138.89"}},{"$f":"1/36","v":{"v":0.027777777777777776,"d":"0.03"}},{"$f":"+$H94*AS94","v":{"v":138.88888888888889,"d":"138.89"}},{"$f":"1/36","v":{"v":0.027777777777777776,"d":"0.03"}},{"$f":"+$H94*AU94","v":{"v":138.88888888888889,"d":"138.89"}},{"$f":"1/36","v":{"v":0.027777777777777776,"d":"0.03"}},{"$f":"+$H94*AW94","v":{"v":138.88888888888889,"d":"138.89"}},{"$f":"1/36","v":{"v":0.027777777777777776,"d":"0.03"}},{"$f":"+$H94*AY94","v":{"v":138.88888888888889,"d":"138.89"}},{"$f":"1/36","v":{"v":0.027777777777777776,"d":"0.03"}},{"$f":"+$H94*BA94","v":{"v":138.88888888888889,"d":"138.89"}},{"v":0.027777777777777776,"d":"0.03"},{"$f":"+$H94*BC94","v":{"v":138.88888888888889,"d":"138.89"}},{"v":0.027777777777777776,"d":"0.03"},{"$f":"+$H94*BE94","v":{"v":138.88888888888889,"d":"138.89"}},{"v":0.027777777777777776,"d":"0.03"},{"$f":"+$H94*BG94","v":{"v":138.88888888888889,"d":"138.89"}},{"$f":"2/36","v":{"v":0.05555555555555555,"d":"0.06"}},{"v":277.77777777777777,"d":"277.78"},{"v":0.027777777777777776,"d":"0.03"},{"$f":"+$H94*BK94","v":{"v":138.88888888888889,"d":"138.89"}},{"v":0.027777777777777776,"d":"0.03"},{"v":138.88888888888889,"d":"138.89"},{"v":0.027777777777777776,"d":"0.03"},{"v":138.88888888888889,"d":"138.89"},{"v":0.027777777777777776,"d":"0.03"},{"$f":"+BQ94*H94","v":{"v":138.88888888888889,"d":"138.89"}},{"v":0.027777777777777776,"d":"0.03"},{"v":138.88888888888889,"d":"138.89"},{"v":0.027777777777777776,"d":"0.03"},{"$f":"+BU94*H94","v":{"v":138.88888888888889,"d":"138.89"}},{"v":0.027777777777777776,"d":"0.03"},{"$f":"+BW94*H94","v":{"v":138.88888888888889,"d":"138.89"}},{"v":0.027777777777777776,"d":"0.03"},{"$f":"+BY94*H94","v":{"v":138.88888888888889,"d":"138.89"}},{"v":0.027777777777777776,"d":"0.03"},{"$f":"+CA94*K94","v":{"v":138.8888888888889,"d":"138.89"}},null,{"$f":"H94*CC94","v":{"v":0,"d":"0.00"}},null,{"$f":"J94*CE94","v":{"v":0,"d":"0.00"}},null,{"$f":"L94*CG94","v":{"v":0,"d":"0.00"}},null,{"$f":"K94*CI94","v":{"v":0,"d":"0.00"}},null,{"$f":"K94*CK94","v":{"v":0,"d":"0.00"}},{"$f":"M94+O94+Q94+S94+U94+W94+Y94+AA94+AC94+AE94+AG94+AI94+AK94+AM94+AO94+AQ94+AS94+AU94+AW94+AY94+BA94+BC94+BE94+BG94+BI94+BK94+BM94+BO94+BQ94+BS94+BU94+BW94+BY94+CA94+CC94+CE94+CG94+CI94+CK94","v":{"v":1.0000000000000002,"d":"1"}},{"$f":"+H94*CM94","v":{"v":5000.000000000001,"d":"5,000.00"}}]
[{"$nulls":40},{"v":0.027777777777777776,"d":"0.03"},null,{"v":0.027777777777777776,"d":"0.03"}]
["B4.5","Labour and Plant Records","Sum",1,{"v":1.0000000000000002,"d":"1"},null,{"$f":"+E96+F96","v":{"v":1.0000000000000002,"d":"1"}},{"v":5000,"d":"5 000.00"},null,null,{"$f":"G96*H96","v":{"v":5000.000000000001,"d":"5 000.00"}},{"$f":"+D96*H96","v":{"v":5000,"d":"5 000.00"}},null,null,{"$f":"3/36","v":{"v":0.08333333333333333,"d":"0.08"}},{"$f":"+H96*O96","v":{"v":416.66666666666663,"d":"416.67"}},{"$f":"4/36-O96","v":{"v":0.027777777777777776,"d":"0.03"}},{"$f":"+H96*Q96","v":{"v":138.88888888888889,"d":"138.89"}},{"$f":"5/36-O96-Q96","v":{"v":0.02777777777777779,"d":"0.03"}},{"$f":"+H96*S96","v":{"v":138.88888888888894,"d":"138.89"}},{"$f":"6/36-O96-Q96-S96","v":{"v":0.027777777777777762,"d":"0.03"}},{"$f":"+$H96*U96","v":{"v":138.8888888888888,"d":"138.89"}},{"$f":"7/36-O96-Q96-S96-U96","v":{"v":0.02777777777777779,"d":"0.03"}},{"$f":"+$H96*W96","v":{"v":138.88888888888894,"d":"138.89"}},{"$f":"8/36-M96-O96-Q96-S96-U96-W96","v":{"v":0.027777777777777776,"d":"0.03"}},{"$f":"+$H96*Y96","v":{"v":138.88888888888889,"d":"138.89"}},{"$f":"9/36-O96-Q96-S96-U96-W96-Y96","v":{"v":0.027777777777777776,"d":"0.03"}},{"$f":"+$H96*AA96","v":{"v":138.88888888888889,"d":"138.89"}},{"$f":"10/36-O96-Q96-S96-U96-W96-Y96-AA96","v":{"v":0.02777777777777779,"d":"0.03"}},{"$f":"+$H96*AC96","v":{"v":138.88888888888894,"d":"138.89"}},{"$f":"11/36-O96-Q96-S96-U96-W96-Y96-AA96-AC96","v":{"v":0.02777777777777779,"d":"0.03"}},{"$f":"+$H96*AE96","v":{"v":138.88888888888894,"d":"138.89"}},{"$f":"12/36-O96-Q96-S96-U96-W96-Y96-AA96-AC96-AE96","v":{"v":0.027777777777777735,"d":"0.03"}},{"$f":"+$H96*AG96","v":{"v":138.8888888888887,"d":"138.89"}},{"$f":"13/36-O96-Q96-S96-U96-W96-Y96-AA96-AC96-AE96-AG96","v":{"v":0.027777777777777804,"d":"0.03"}},{"$f":"+$H96*AI96","v":{"v":138.88888888888903,"d":"138.89"}},{"$f":"14/36-O96-Q96-S96-U96-W96-Y96-AA96-AC96-AE96-AG96-AI96","v":{"v":0.027777777777777776,"d":"0.03"}},{"$f":"+$H96*AK96","v":{"v":138.88888888888889,"d":"138.89"}},{"$f":"15/36-O96-S96-Q96-U96-W96-Y96-AA96-AC96-AE96-AG96-AI96-AK96","v":{"v":0.027777777777777735,"d":"0.03"}},{"$f":"+$H96*AM96","v":{"v":138.8888888888887,"d":"138.89"}},{"v":0.027777777777777776,"d":"0.03"},{"$f":"+$H96*AO96","v":{"v":138.88888888888889,"d":"138.89"}},{"v":0.027777777777777776,"d":"0.03"},{"$f":"+$H96*AQ96","v":{"v":138.88888888888889,"d":"138.89"}},{"$f":"1/36","v":{"v":0.027777777777777776,"d":"0.03"}},{"$f":"+$H96*AS96","v":{"v":138.88888888888889,"d":"138.89"}},{"$f":"1/36","v":{"v":0.027777777777777776,"d":"0.03"}},{"$f":"+$H96*AU96","v":{"v":138.88888888888889,"d":"138.89"}},{"$f":"1/36","v":{"v":0.027777777777777776,"d":"0.03"}},{"$f":"+$H96*AW96","v":{"v":138.88888888888889,"d":"138.89"}},{"$f":"1/36","v":{"v":0.027777777777777776,"d":"0.03"}},{"$f":"+$H96*AY96","v":{"v":138.88888888888889,"d":"138.89"}},{"$f":"1/36","v":{"v":0.027777777777777776,"d":"0.03"}},{"$f":"+$H96*BA96","v":{"v":138.88888888888889,"d":"138.89"}},{"v":0.027777777777777776,"d":"0.03"},{"$f":"+$H96*BC96","v":{"v":138.88888888888889,"d":"138.89"}},{"v":0.027777777777777776,"d":"0.03"},{"$f":"+$H96*BE96","v":{"v":138.88888888888889,"d":"138.89"}},{"v":0.027777777777777776,"d":"0.03"},{"$f":"+$H96*BG96","v":{"v":138.88888888888889,"d":"138.89"}},{"$f":"2/36","v":{"v":0.05555555555555555,"d":"0.06"}},{"v":277.77777777777777,"d":"277.78"},{"v":0.027777777777777776,"d":"0.03"},{"$f":"+$H96*BK96","v":{"v":138.88888888888889,"d":"138.89"}},{"v":0.027777777777777776,"d":"0.03"},{"v":138.88888888888889,"d":"138.89"},{"v":0.027777777777777776,"d":"0.03"},{"v":138.88888888888889,"d":"138.89"},{"v":0.027777777777777776,"d":"0.03"},{"$f":"+BQ96*H96","v":{"v":138.88888888888889,"d":"138.89"}},{"v":0.027777777777777776,"d":"0.03"},{"v":138.88888888888889,"d":"138.89"},{"v":0.027777777777777776,"d":"0.03"},{"$f":"+BU96*H96","v":{"v":138.88888888888889,"d":"138.89"}},{"v":0.027777777777777776,"d":"0.03"},{"$f":"+BW96*H96","v":{"v":138.88888888888889,"d":"138.89"}},{"v":0.027777777777777776,"d":"0.03"},{"$f":"+BY96*H96","v":{"v":138.88888888888889,"d":"138.89"}},{"v":0.027777777777777776,"d":"0.03"},{"$f":"+CA96*K96","v":{"v":138.8888888888889,"d":"138.89"}},null,{"$f":"H96*CC96","v":{"v":0,"d":"0.00"}},null,{"$f":"J96*CE96","v":{"v":0,"d":"0.00"}},null,{"$f":"L96*CG96","v":{"v":0,"d":"0.00"}},null,{"$f":"K96*CI96","v":{"v":0,"d":"0.00"}},null,{"$f":"K96*CK96","v":{"v":0,"d":"0.00"}},{"$f":"M96+O96+Q96+S96+U96+W96+Y96+AA96+AC96+AE96+AG96+AI96+AK96+AM96+AO96+AQ96+AS96+AU96+AW96+AY96+BA96+BC96+BE96+BG96+BI96+BK96+BM96+BO96+BQ96+BS96+BU96+BW96+BY96+CA96+CC96+CE96+CG96+CI96+CK96","v":{"v":1.0000000000000002,"d":"1"}},{"$f":"+H96*CM96","v":{"v":5000.000000000001,"d":"5,000.00"}}]
[]
["B11.0","GENERAL"]
[]
["B11.11","As Built Information","Sum",1,1,null,{"$f":"+E100+F100","v":1},{"v":2557.87,"d":"2 557.87"},{"$f":"+G100*H100","v":{"v":2557.87,"d":"2 557.87"}},null,null,{"$f":"+D100*H100","v":{"v":2557.87,"d":"2 557.87"}},1,{"$f":"+H100*M100","v":{"v":2557.87,"d":"2,557.87"}},{"$nulls":55},{"$f":"+BQ100*H100","v":{"v":0,"d":"0.00"}},{"$nulls":20},{"$f":"M100+O100+Q100+S100+U100+W100+Y100+AA100+AC100+AE100+AG100+AI100+AK100+AM100+AO100+AQ100+AS100+AU100+AW100+AY100+BA100+BC100+BE100+BG100+BI100+BK100+BM100+BO100+BQ100+BS100+BU100+BW100+BY100+CA100+CC100+CE100+CG100+CI100+CK100","v":1},{"$f":"+H100*CM100","v":{"v":2557.87,"d":"2,557.87"}}]
[]
[null,"Totals to be carried forward to Price Summary",{"$nulls":6},{"$f":"SUM(I79:I101)","v":{"v":18557.869999644445,"d":"18 557.87"}},{"$f":"SUM(J79:J101)","v":{"v":0,"d":" 0.00"}},{"$f":"SUM(K79:K101)","v":{"v":236576.58000000002,"d":"236 576.58"}},{"$f":"SUM(L79:L101)","v":{"v":223907.87,"d":"223,907.87"}},null,{"$f":"SUM(N79:N101)","v":{"v":18557.87,"d":"18,557.87"}},null,{"$f":"SUM(P79:P101)","v":{"v":17112.5,"d":"17,112.50"}},null,{"$f":"SUM(R79:R101)","v":{"v":5704.166666666665,"d":"5,704.17"}},null,{"$f":"SUM(T79:T101)","v":{"v":5704.166666666669,"d":"5,704.17"}},null,{"$f":"SUM(V79:V101)","v":{"v":5704.166666666663,"d":"5,704.17"}},null,{"$f":"SUM(X79:X101)","v":{"v":5704.166666666669,"d":"5,704.17"}},null,{"$f":"SUM(Z79:Z101)","v":{"v":5704.166666666665,"d":"5,704.17"}},null,{"$f":"SUM(AB79:AB101)","v":{"v":5704.166666666665,"d":"5,704.17"}},null,{"$f":"SUM(AD79:AD101)","v":{"v":5704.166666666669,"d":"5,704.17"}},null,{"$f":"SUM(AF79:AF101)","v":{"v":5704.166666666669,"d":"5,704.17"}},null,{"$f":"SUM(AH79:AH101)","v":{"v":5704.166666666658,"d":"5,704.17"}},null,{"$f":"SUM(AJ79:AJ101)","v":{"v":5704.166666666672,"d":"5,704.17"}},null,{"$f":"SUM(AL79:AL101)","v":{"v":5704.166666666665,"d":"5,704.17"}},null,{"$f":"SUM(AN79:AN101)","v":{"v":5704.166666666658,"d":"5,704.17"}},null,{"$f":"SUM(AP79:AP101)","v":{"v":5704.166666666665,"d":"5,704.17"}},null,{"$f":"SUM(AR79:AR101)","v":{"v":5704.166666666665,"d":"5,704.17"}},null,{"$f":"SUM(AT79:AT101)","v":{"v":5704.166666666665,"d":"5,704.17"}},null,{"$f":"SUM(AV79:AV101)","v":{"v":5704.166666666665,"d":"5,704.17"}},null,{"$f":"SUM(AX79:AX101)","v":{"v":5704.166666666665,"d":"5,704.17"}},null,{"$f":"SUM(AZ79:AZ101)","v":{"v":5704.166666666665,"d":"5,704.17"}},null,{"$f":"SUM(BB79:BB101)","v":{"v":5704.166666666665,"d":"5,704.17"}},null,{"v":5704.166666666665,"d":"5,704.17"},null,{"v":5704.166666666665,"d":"5,704.17"},null,{"v":5704.166666666665,"d":"5,704.17"},null,{"$f":"SUM(BJ79:BJ101)","v":{"v":11408.33333333333,"d":"11,408.33"}},null,{"$f":"SUM(BL79:BL101)","v":{"v":5704.166666666665,"d":"5,704.17"}},null,{"$f":"SUM(BN79:BN101)","v":{"v":5704.166666666665,"d":"5,704.17"}},null,{"$f":"SUM(BP79:BP101)","v":{"v":5704.166666666665,"d":"5,704.17"}},null,{"$f":"SUM(BR79:BR101)","v":{"v":5704.166666666665,"d":"5,704.17"}},null,{"$f":"SUM(BT79:BT101)","v":{"v":5704.166666666665,"d":"5,704.17"}},null,{"$f":"SUM(BV79:BV101)","v":{"v":5704.166666666665,"d":"5,704.17"}},null,{"$f":"SUM(BX79:BX101)","v":{"v":5704.166666666665,"d":"5,704.17"}},null,{"$f":"SUM(BZ79:BZ101)","v":{"v":5704.166666666665,"d":"5,704.17"}},null,{"$f":"SUM(CB79:CB101)","v":{"v":6571.571666666667,"d":"6,571.57"}},null,{"$f":"SUM(CD79:CD101)","v":{"v":0,"d":"0.00"}},null,{"$f":"SUM(CF79:CF101)","v":{"v":0,"d":"0.00"}},null,{"$f":"SUM(CH79:CH101)","v":{"v":0,"d":"0.00"}},null,{"$f":"SUM(CJ79:CJ101)","v":{"v":0,"d":"0.00"}},null,{"$f":"SUM(CL79:CL101)","v":{"v":43890.20725320001,"d":"43,890.21"}},null,{"$f":"SUM(CN79:CN101)","v":{"v":255134.45,"d":"255,134.45"}}]
[]
[{"$nulls":10},{"$f":"SUM(I102:K102)","v":{"v":255134.44999964445,"d":"255 134.45"}}]
[]
[]
[]
[{"$nulls":7},"Fixed",{"$f":"+I102+I73","v":{"v":323557.86972875556,"d":"323,557.87"}}]
[{"$nulls":7},"Value",{"$f":"+J73+J102","v":{"v":5000.000000000001,"d":"5,000.00"}}]
[{"$nulls":7},"Time",{"$f":"+K102+K73","v":{"v":3335529.0999926305,"d":"3,335,529.10"}}]

{"sheet":"Block Breakdown Prev","index":3,"n_rows":2305,"n_cols":45,"rows_kept":2305,"hidden":true,"merged":[[4,4,4,5],[5,6,5,25],[5,26,5,43],[50,4,50,5],[76,4,76,5],[143,4,143,5],[205,4,205,5],[267,4,267,5],[326,4,326,5],[384,4,384,5],[442,4,442,5],[469,4,469,5],[530,4,530,5],[565,4,565,5],[626,4,626,5],[688,4,688,5],[789,4,789,5],[847,4,847,5],[904,4,904,5],[957,4,957,5],[998,4,998,5],[1187,4,1187,5],[1234,4,1234,5],[1287,4,1287,5],[1354,4,1354,5],[1418,4,1418,5],[1484,4,1484,5],[1536,4,1536,5],[1582,4,1582,5],[1647,4,1647,5],[1710,4,1710,5],[1770,4,1770,5],[2189,0,2189,1]]}
[]
["MAIN HOSPITAL ELECTRICAL INSTALLATION"]
["CECILIA MAKIWANE HOSPITAL : PHASE 4C"]
[]
["BILL NO. 1 : PROVISIONAL AND SUPERVISION AMOUNTS",{"$nulls":3},"Besamandla"]
["ITEM","DESCRIPTION","UNIT","QTY","RATE","TENDER AMOUNT","Total Quantity Claimed to Date",{"$nulls":19},"Total Value Claimed Previously",{"$nulls":17},"Total Claimed"]
[{"$nulls":6},"A","B","D","E1","E2","F1","F2","G1","G2","H1","H2","J1","J2","J3","Substation","G/House","K","N","Other","Total Qty","A","B","D","E1","E2","F1","F2","G1","G2","H1","H2","J1","J2","J3","K","N","Other","Total Amount"]
[]
[null,"P&G Claim amounts For LV and MV",{"$nulls":3},"WG 190",{"$nulls":38},{"$f":"#REF!+#REF!+#REF!+#REF!+#REF!+#REF!+#REF!+#REF!+#REF!+#REF!+#REF!+#REF!+#REF!+#REF!+#REF!+#REF!+#REF!+#REF!+#REF!+#REF!+#REF!+#REF!+#REF!+#REF!+#REF!+#REF!+#REF!+#REF!+#REF!+#REF!+#REF!+#REF!+#REF!+#REF!+#REF!+#REF!","v":{"$error":"#REF!"}}]
[]
[]
[{"v":1,"d":"1.00"},"Provisional amounts, pertaining specifically to the Electrical Installation Contract"]
[]
[" ","Provisional Amounts"]
[]
[{"v":1.1,"d":"1.10"},"An amount to receive, store, install and connect complete new Digital Xray viewing panels from Radiology Contractor or supplier ","Sum",1,{"v":125000,"d":"125,000.00"},{"$f":"$D16*E16","v":{"v":125000,"d":"125,000.00"}},{"v":0,"d":"0.00"},{"v":0,"d":"0.00"},{"v":0,"d":"0.00"},{"v":0,"d":"0.00"},{"v":0,"d":"0.00"},{"v":0,"d":"0.00"},{"v":0,"d":"0.00"},{"v":0,"d":"0.00"},{"v":0,"d":"0.00"},{"v":0,"d":"0.00"},{"v":0,"d":"0.00"},{"v":0,"d":"0.00"},{"v":0,"d":"0.00"},{"v":0,"d":"0.00"},{"$nulls":3},{"v":0,"d":"0.00"},{"v":0,"d":"0.00"},{"$f":"SUM(G16:Y16)","v":{"v":0,"d":"0.00"}},{"$f":"G16*E16","v":0},{"$f":"H16*E16","v":0},{"$f":"I16*E16","v":0},{"$f":"J16*E16","v":0},{"$f":"K16*E16","v":0},{"$f":"L16*E16","v":0},{"$f":"+M16*E16","v":0},{"$f":"N16*E16","v":0},{"$f":"O16*E16","v":0},{"$f":"P16*E16","v":0},{"$f":"Q16*E16","v":0},{"$f":"R16*E16","v":0},{"$f":"S16*E16","v":0},{"$f":"T16*E16","v":0},{"$f":"W16*E16","v":0},{"$f":"X16*E16","v":0},{"$f":"Y16*E16","v":0},{"$f":"SUM(AA16:AQ16)","v":0},{"$f":"+E16*Z16","v":{"v":0,"d":"0.00"}}]
[{"$nulls":32},0]
["1.1.1","Contractor's Profit on the above amount","%"," ",{"v":0.1,"d":"0.10"},{"$f":"F16*E18","v":{"v":12500,"d":"12,500.00"}},{"v":0,"d":"0.00"},{"v":0,"d":"0.00"},{"v":0,"d":"0.00"},{"v":0,"d":"0.00"},{"v":0,"d":"0.00"},{"v":0,"d":"0.00"},{"v":0,"d":"0.00"},{"v":0,"d":"0.00"},{"v":0,"d":"0.00"},{"v":0,"d":"0.00"},{"v":0,"d":"0.00"},{"v":0,"d":"0.00"},{"v":0,"d":"0.00"},{"v":0,"d":"0.00"},{"$nulls":3},{"v":0,"d":"0.00"},{"v":0,"d":"0.00"},{"$f":"SUM(G18:Y18)","v":{"v":0,"d":"0.00"}},{"$f":"G18*E18","v":0},{"$f":"H18*E18","v":0},{"$f":"I18*E18","v":0},{"$f":"J18*E18","v":0},{"$f":"K18*E18","v":0},{"$f":"L18*E18","v":0},0,{"$f":"N18*E18","v":0},{"$f":"O18*E18","v":0},{"$f":"P18*E18","v":0},{"$f":"Q18*E18","v":0},{"$f":"R18*E18","v":0},{"$f":"S18*E18","v":0},{"$f":"T18*E18","v":0},{"$f":"W18*E18","v":0},{"$f":"X18*E18","v":0},{"$f":"Y18*E18","v":0},{"$f":"SUM(AA18:AQ18)","v":0},{"$f":"+E18*Z18","v":{"v":0,"d":"0.00"}}]
[{"$nulls":32},0]
[{"v":1.3,"d":"1.30"},"Specialist Lighting Contractor to complete the main Entrance and Façade of the Main Hospital","Sum",1,{"v":250000,"d":"250,000.00"},{"$f":"$D20*E20","v":{"v":250000,"d":"250,000.00"}},{"v":0,"d":"0.00"},{"v":0,"d":"0.00"},{"v":0,"d":"0.00"},{"v":0,"d":"0.00"},{"v":0,"d":"0.00"},{"v":0,"d":"0.00"},{"v":0,"d":"0.00"},{"v":0,"d":"0.00"},{"v":0,"d":"0.00"},{"v":0,"d":"0.00"},{"v":0,"d":"0.00"},{"v":0,"d":"0.00"},{"v":0,"d":"0.00"},{"v":0,"d":"0.00"},{"$nulls":3},{"v":0,"d":"0.00"},{"v":0,"d":"0.00"},{"v":0,"d":"0.00"},{"$f":"G20*E20","v":0},{"$f":"H20*E20","v":0},{"$f":"I20*E20","v":0},{"$f":"J20*E20","v":0},{"$f":"K20*E20","v":0},{"$f":"L20*E20","v":0},0,{"$f":"N20*E20","v":0},{"$f":"O20*E20","v":0},{"$f":"P20*E20","v":0},{"$f":"Q20*E20","v":0},{"$f":"R20*E20","v":0},{"$f":"S20*E20","v":0},{"$f":"T20*E20","v":0},{"$f":"W20*E20","v":0},{"$f":"X20*E20","v":0},{"$f":"Y20*E20","v":0},0,{"$f":"+E20*Z20","v":{"v":0,"d":"0.00"}}]
[" ",{"$nulls":31},0]
["1.3.1","Contractor's Profit on the above amount","%"," ",{"v":0.1,"d":"0.10"},{"$f":"F20*E22","v":{"v":25000,"d":"25,000.00"}},{"v":0,"d":"0.00"},{"v":0,"d":"0.00"},{"v":0,"d":"0.00"},{"v":0,"d":"0.00"},{"v":0,"d":"0.00"},{"v":0,"d":"0.00"},{"v":0,"d":"0.00"},{"v":0,"d":"0.00"},{"v":0,"d":"0.00"},{"v":0,"d":"0.00"},{"v":0,"d":"0.00"},{"v":0,"d":"0.00"},{"v":0,"d":"0.00"},{"v":0,"d":"0.00"},{"$nulls":3},{"v":0,"d":"0.00"},{"v":0,"d":"0.00"},{"v":0,"d":"0.00"},{"$f":"G22*E22","v":0},{"$f":"H22*E22","v":0},{"$f":"I22*E22","v":0},{"$f":"J22*E22","v":0},{"$f":"K22*E22","v":0},{"$f":"L22*E22","v":0},0,{"$f":"N22*E22","v":0},{"$f":"O22*E22","v":0},{"$f":"P22*E22","v":0},{"$f":"Q22*E22","v":0},{"$f":"R22*E22","v":0},{"$f":"S22*E22","v":0},{"$f":"T22*E22","v":0},{"$f":"W22*E22","v":0},{"$f":"X22*E22","v":0},{"$f":"Y22*E22","v":0},0,{"$f":"+E22*Z22","v":{"v":0,"d":"0.00"}}]
[{"$nulls":32},0]
[{"v":1.4,"d":"1.40"},"UPS System complete for the Main Hospital","Sum",1,{"v":3200000,"d":"3,200,000.00"},{"$f":"$D24*E24","v":{"v":3200000,"d":"3,200,000.00"}},{"v":0,"d":"0.00"},{"v":0,"d":"0.00"},{"v":0,"d":"0.00"},{"v":0,"d":"0.00"},{"v":0,"d":"0.00"},{"v":0,"d":"0.00"},{"v":0,"d":"0.00"},{"v":0,"d":"0.00"},{"v":0,"d":"0.00"},{"v":0,"d":"0.00"},{"v":0,"d":"0.00"},{"v":0,"d":"0.00"},{"v":0,"d":"0.00"},{"v":0,"d":"0.00"},{"$nulls":3},{"v":0,"d":"0.00"},{"v":0,"d":"0.00"},{"v":0,"d":"0.00"},{"$f":"G24*E24","v":0},{"$f":"H24*E24","v":0},{"$f":"I24*E24","v":0},{"$f":"J24*E24","v":0},{"$f":"K24*E24","v":0},{"$f":"L24*E24","v":0},0,{"$f":"N24*E24","v":0},{"$f":"O24*E24","v":0},{"$f":"P24*E24","v":0},{"$f":"Q24*E24","v":0},{"$f":"R24*E24","v":0},{"$f":"S24*E24","v":0},{"$f":"T24*E24","v":0},{"$f":"W24*E24","v":0},{"$f":"X24*E24","v":0},{"$f":"Y24*E24","v":0},0,{"$f":"+E24*Z24","v":{"v":0,"d":"0.00"}}]
[{"$nulls":32},0]
["1.4.1","Contractor's Profit on the above amount","%"," ",{"v":0.025,"d":"0.03"},{"$f":"F24*E26","v":{"v":80000,"d":"80,000.00"}},{"v":0,"d":"0.00"},{"v":0,"d":"0.00"},{"v":0,"d":"0.00"},{"v":0,"d":"0.00"},{"v":0,"d":"0.00"},{"v":0,"d":"0.00"},{"v":0,"d":"0.00"},{"v":0,"d":"0.00"},{"v":0,"d":"0.00"},{"v":0,"d":"0.00"},{"v":0,"d":"0.00"},{"v":0,"d":"0.00"},{"v":0,"d":"0.00"},{"v":0,"d":"0.00"},{"$nulls":3},{"v":0,"d":"0.00"},{"v":0,"d":"0.00"},{"v":0,"d":"0.00"},{"$f":"G26*E26","v":0},{"$f":"H26*E26","v":0},{"$f":"I26*E26","v":0},{"$f":"J26*E26","v":0},{"$f":"K26*E26","v":0},{"$f":"L26*E26","v":0},0,{"$f":"N26*E26","v":0},{"$f":"O26*E26","v":0},{"$f":"P26*E26","v":0},{"$f":"Q26*E26","v":0},{"$f":"R26*E26","v":0},{"$f":"S26*E26","v":0},{"$f":"T26*E26","v":0},{"$f":"W26*E26","v":0},{"$f":"X26*E26","v":0},{"$f":"Y26*E26","v":0},0,{"$f":"+E26*Z26","v":{"v":0,"d":"0.00"}}]
[{"$nulls":32},0]
[{"v":1.5,"d":"1.50"},"Connection Fees for Power Supply ","Sum",1,{"v":9000000,"d":"9,000,000.00"},{"$f":"$D28*E28","v":{"v":9000000,"d":"9,000,000.00"}},{"v":0,"d":"0.00"},{"v":0,"d":"0.00"},{"v":0,"d":"0.00"},{"v":0,"d":"0.00"},{"v":0,"d":"0.00"},{"v":0,"d":"0.00"},{"v":0,"d":"0.00"},{"v":0,"d":"0.00"},{"v":0,"d":"0.00"},{"v":0,"d":"0.00"},{"v":0,"d":"0.00"},{"v":0,"d":"0.00"},{"v":0,"d":"0.00"},{"v":0,"d":"0.00"},{"$nulls":3},{"v":0,"d":"0.00"},{"v":0,"d":"0.00"},{"v":0,"d":"0.00"},{"$f":"G28*E28","v":0},{"$f":"H28*E28","v":0},{"$f":"I28*E28","v":0},{"$f":"J28*E28","v":0},{"$f":"K28*E28","v":0},{"$f":"L28*E28","v":0},0,{"$f":"N28*E28","v":0},{"$f":"O28*E28","v":0},{"$f":"P28*E28","v":0},{"$f":"Q28*E28","v":0},{"$f":"R28*E28","v":0},{"$f":"S28*E28","v":0},{"$f":"T28*E28","v":0},{"$f":"W28*E28","v":0},{"$f":"X28*E28","v":0},{"$f":"Y28*E28","v":0},0,{"$f":"+E28*Z28","v":{"v":0,"d":"0.00"}}]
[{"$nulls":32},0]
["1.5.1","Contractor's Profit on the above amount","%"," ",0.01,{"$f":"F28*E30","v":{"v":90000,"d":"90,000.00"}},{"v":0,"d":"0.00"},{"v":0,"d":"0.00"},{"v":0,"d":"0.00"},{"v":0,"d":"0.00"},{"v":0,"d":"0.00"},{"v":0,"d":"0.00"},{"v":0,"d":"0.00"},{"v":0,"d":"0.00"},{"v":0,"d":"0.00"},{"v":0,"d":"0.00"},{"v":0,"d":"0.00"},{"v":0,"d":"0.00"},{"v":0,"d":"0.00"},{"v":0,"d":"0.00"},{"$nulls":3},{"v":0,"d":"0.00"},{"v":0,"d":"0.00"},{"v":0,"d":"0.00"},{"$f":"G30*E30","v":0},{"$f":"H30*E30","v":0},{"$f":"I30*E30","v":0},{"$f":"J30*E30","v":0},{"$f":"K30*E30","v":0},{"$f":"L30*E30","v":0},0,{"$f":"N30*E30","v":0},{"$f":"O30*E30","v":0},{"$f":"P30*E30","v":0},{"$f":"Q30*E30","v":0},{"$f":"R30*E30","v":0},{"$f":"S30*E30","v":0},{"$f":"T30*E30","v":0},{"$f":"W30*E30","v":0},{"$f":"X30*E30","v":0},{"$f":"Y30*E30","v":0},0,{"$f":"+E30*Z30","v":{"v":0,"d":"0.00"}}]
[{"$nulls":32},0]
[{"v":1.6,"d":"1.60"},"Dome lighting System complete as per specialist lighting Engineer","Sum",1,{"v":350000,"d":"350,000.00"},{"$f":"$D32*E32","v":{"v":350000,"d":"350,000.00"}},{"v":0,"d":"0.00"},{"v":0,"d":"0.00"},{"v":0,"d":"0.00"},{"v":0,"d":"0.00"},{"v":0,"d":"0.00"},{"v":0,"d":"0.00"},{"v":0,"d":"0.00"},{"v":0,"d":"0.00"},{"v":0,"d":"0.00"},{"v":0,"d":"0.00"},{"v":0,"d":"0.00"},{"v":0,"d":"0.00"},{"v":0,"d":"0.00"},{"v":0,"d":"0.00"},{"$nulls":3},{"v":0,"d":"0.00"},{"v":0,"d":"0.00"},{"v":0,"d":"0.00"},{"$f":"G32*E32","v":0},{"$f":"H32*E32","v":0},{"$f":"I32*E32","v":0},{"$f":"J32*E32","v":0},{"$f":"K32*E32","v":0},{"$f":"L32*E32","v":0},0,{"$f":"N32*E32","v":0},{"$f":"O32*E32","v":0},{"$f":"P32*E32","v":0},{"$f":"Q32*E32","v":0},{"$f":"R32*E32","v":0},{"$f":"S32*E32","v":0},{"$f":"T32*E32","v":0},{"$f":"W32*E32","v":0},{"$f":"X32*E32","v":0},{"$f":"Y32*E32","v":0},0,{"$f":"+E32*Z32","v":{"v":0,"d":"0.00"}}]
[{"$nulls":32},0]
["1.6.1","Contractor's Profit on the above amount","%"," ",{"v":0.1,"d":"0.10"},{"$f":"F32*E34","v":{"v":35000,"d":"35,000.00"}},{"v":0,"d":"0.00"},{"v":0,"d":"0.00"},{"v":0,"d":"0.00"},{"v":0,"d":"0.00"},{"v":0,"d":"0.00"},{"v":0,"d":"0.00"},{"v":0,"d":"0.00"},{"v":0,"d":"0.00"},{"v":0,"d":"0.00"},{"v":0,"d":"0.00"},{"v":0,"d":"0.00"},{"v":0,"d":"0.00"},{"v":0,"d":"0.00"},{"v":0,"d":"0.00"},{"$nulls":3},{"v":0,"d":"0.00"},{"v":0,"d":"0.00"},{"v":0,"d":"0.00"},{"$f":"G34*E34","v":0},{"$f":"H34*E34","v":0},{"$f":"I34*E34","v":0},{"$f":"J34*E34","v":0},{"$f":"K34*E34","v":0},{"$f":"L34*E34","v":0},0,{"$f":"N34*E34","v":0},{"$f":"O34*E34","v":0},{"$f":"P34*E34","v":0},{"$f":"Q34*E34","v":0},{"$f":"R34*E34","v":0},{"$f":"S34*E34","v":0},{"$f":"T34*E34","v":0},{"$f":"W34*E34","v":0},{"$f":"X34*E34","v":0},{"$f":"Y34*E34","v":0},0,{"$f":"+E34*Z34","v":{"v":0,"d":"0.00"}}]
[{"$nulls":32},0]
[{"v":1.7,"d":"1.70"},"Power Monitoring System complete as per specialist Contractor","Sum",1,{"v":2000000,"d":"2,000,000.00"},{"$f":"$D36*E36","v":{"v":2000000,"d":"2,000,000.00"}},{"v":0,"d":"0.00"},{"v":0,"d":"0.00"},{"v":0,"d":"0.00"},{"v":0,"d":"0.00"},{"v":0,"d":"0.00"},{"v":0,"d":"0.00"},{"v":0,"d":"0.00"},{"v":0,"d":"0.00"},{"v":0,"d":"0.00"},{"v":0,"d":"0.00"},{"v":0,"d":"0.00"},{"v":0,"d":"0.00"},{"v":0,"d":"0.00"},{"v":0,"d":"0.00"},{"$nulls":3},{"v":0,"d":"0.00"},{"v":0,"d":"0.00"},{"v":0,"d":"0.00"},{"$f":"G36*E36","v":0},{"$f":"H36*E36","v":0},{"$f":"I36*E36","v":0},{"$f":"J36*E36","v":0},{"$f":"K36*E36","v":0},{"$f":"L36*E36","v":0},0,{"$f":"N36*E36","v":0},{"$f":"O36*E36","v":0},{"$f":"P36*E36","v":0},{"$f":"Q36*E36","v":0},{"$f":"R36*E36","v":0},{"$f":"S36*E36","v":0},{"$f":"T36*E36","v":0},{"$f":"W36*E36","v":0},{"$f":"X36*E36","v":0},{"$f":"Y36*E36","v":0},0,{"$f":"+E36*Z36","v":{"v":0,"d":"0.00"}}]
[{"$nulls":32},0]
["1.7.1","Contractor's Profit on the above amount","%"," ",{"v":0.025,"d":"0.03"},{"$f":"F36*E38","v":{"v":50000,"d":"50,000.00"}},{"v":0,"d":"0.00"},{"v":0,"d":"0.00"},{"v":0,"d":"0.00"},{"v":0,"d":"0.00"},{"v":0,"d":"0.00"},{"v":0,"d":"0.00"},{"v":0,"d":"0.00"},{"v":0,"d":"0.00"},{"v":0,"d":"0.00"},{"v":0,"d":"0.00"},{"v":0,"d":"0.00"},{"v":0,"d":"0.00"},{"v":0,"d":"0.00"},{"v":0,"d":"0.00"},{"$nulls":3},{"v":0,"d":"0.00"},{"v":0,"d":"0.00"},{"v":0,"d":"0.00"},{"$f":"G38*E38","v":0},{"$f":"H38*E38","v":0},{"$f":"I38*E38","v":0},{"$f":"J38*E38","v":0},{"$f":"K38*E38","v":0},{"$f":"L38*E38","v":0},0,{"$f":"N38*E38","v":0},{"$f":"O38*E38","v":0},{"$f":"P38*E38","v":0},{"$f":"Q38*E38","v":0},{"$f":"R38*E38","v":0},{"$f":"S38*E38","v":0},{"$f":"T38*E38","v":0},{"$f":"W38*E38","v":0},{"$f":"X38*E38","v":0},{"$f":"Y38*E38","v":0},0,{"$f":"+E38*Z38","v":{"v":0,"d":"0.00"}}]
[{"$nulls":32},0]
[{"v":1.8,"d":"1.80"},"Building Management System complete as per specialist Contractor","Sum",1,{"v":2100000,"d":"2,100,000.00"},{"$f":"$D40*E40","v":{"v":2100000,"d":"2,100,000.00"}},{"v":0,"d":"0.00"},{"v":0,"d":"0.00"},{"v":0,"d":"0.00"},{"v":0,"d":"0.00"},{"v":0,"d":"0.00"},{"v":0,"d":"0.00"},{"v":0,"d":"0.00"},{"v":0,"d":"0.00"},{"v":0,"d":"0.00"},{"v":0,"d":"0.00"},{"v":0,"d":"0.00"},{"v":0,"d":"0.00"},{"v":0,"d":"0.00"},{"v":0,"d":"0.00"},{"$nulls":3},{"v":0,"d":"0.00"},{"v":0,"d":"0.00"},{"v":0,"d":"0.00"},{"$f":"G40*E40","v":0},{"$f":"H40*E40","v":0},{"$f":"I40*E40","v":0},{"$f":"J40*E40","v":0},{"$f":"K40*E40","v":0},{"$f":"L40*E40","v":0},0,{"$f":"N40*E40","v":0},{"$f":"O40*E40","v":0},{"$f":"P40*E40","v":0},{"$f":"Q40*E40","v":0},{"$f":"R40*E40","v":0},{"$f":"S40*E40","v":0},{"$f":"T40*E40","v":0},{"$f":"W40*E40","v":0},{"$f":"X40*E40","v":0},{"$f":"Y40*E40","v":0},0,{"$f":"+E40*Z40","v":{"v":0,"d":"0.00"}}]
[{"$nulls":32},0]
["1.8.1","Contractor's Profit on the above amount","%"," ",{"v":0.025,"d":"0.03"},{"$f":"F40*E42","v":{"v":52500,"d":"52,500.00"}},{"v":0,"d":"0.00"},{"v":0,"d":"0.00"},{"v":0,"d":"0.00"},{"v":0,"d":"0.00"},{"v":0,"d":"0.00"},{"v":0,"d":"0.00"},{"v":0,"d":"0.00"},{"v":0,"d":"0.00"},{"v":0,"d":"0.00"},{"v":0,"d":"0.00"},{"v":0,"d":"0.00"},{"v":0,"d":"0.00"},{"v":0,"d":"0.00"},{"v":0,"d":"0.00"},{"$nulls":3},{"v":0,"d":"0.00"},{"v":0,"d":"0.00"},{"v":0,"d":"0.00"},{"$f":"G42*E42","v":0},{"$f":"H42*E42","v":0},{"$f":"I42*E42","v":0},{"$f":"J42*E42","v":0},{"$f":"K42*E42","v":0},{"$f":"L42*E42","v":0},0,{"$f":"N42*E42","v":0},{"$f":"O42*E42","v":0},{"$f":"P42*E42","v":0},{"$f":"Q42*E42","v":0},{"$f":"R42*E42","v":0},{"$f":"S42*E42","v":0},{"$f":"T42*E42","v":0},{"$f":"W42*E42","v":0},{"$f":"X42*E42","v":0},{"$f":"Y42*E42","v":0},0,{"$f":"+E42*Z42","v":{"v":0,"d":"0.00"}}]
[]
[]
[]
[null,"Amount Carried Forward",{"$nulls":3},{"$f":"SUM(F16:F45)","v":{"v":17370000,"d":"17,370,000.00"}},{"$nulls":38},{"$f":"SUM(AS16:AS45)","v":{"v":0,"d":"0.00"}}]
[]
["MAIN HOSPITAL ELECTRICAL INSTALLATION"]
["CECILIA MAKIWANE HOSPITAL : PHASE 4C"]
[]
["BILL NO. 2 : DISTRIBUTION BOARDS"]
["ITEM","DESCRIPTION","UNIT","QTY","RATE","TENDER AMOUNT","A","B","D","E1","E2","F1","F2","G1","G2","H1","H2","J1","J2","J3",null,"G/House",null,"N","Other","Total Qty","A","B","D","E1","E2","F1","F2","G1","G2","H1","H2","J1","J2","J3","K","N","Other","Total Amount","Total Claimed"]
[null,"AMOUNT CARRIED FORWARD FROM PREVIOUS BILL",{"$nulls":3},{"$f":"F46","v":{"v":17370000,"d":"17,370,000.00"}},{"$nulls":38},{"$f":"+AS46","v":{"v":0,"d":"0.00"}}]
[]
[{"v":1.1,"d":"1.10"},"Technical Training","Sum",1,{"v":250000,"d":"250,000.00"},{"$f":"$D55*E55","v":{"v":250000,"d":"250,000.00"}},{"v":0,"d":"0.00"},{"v":0,"d":"0.00"},{"v":0,"d":"0.00"},{"v":0,"d":"0.00"},{"v":0,"d":"0.00"},{"v":0,"d":"0.00"},{"v":0,"d":"0.00"},{"v":0,"d":"0.00"},{"v":0,"d":"0.00"},{"v":0,"d":"0.00"},{"v":0,"d":"0.00"},{"v":0,"d":"0.00"},{"v":0,"d":"0.00"},{"v":0,"d":"0.00"},{"$nulls":3},{"v":0,"d":"0.00"},{"v":0.1,"d":"0.10"},{"$f":"SUM(G55:Y55)","v":{"v":0.1,"d":"0.10"}},{"$f":"G55*E55","v":0},{"$f":"H55*E55","v":{"v":0,"d":"0.00"}},{"$f":"I55*E55","v":{"v":0,"d":"0.00"}},{"$f":"J55*E55","v":{"v":0,"d":"0.00"}},{"$f":"K55*E55","v":{"v":0,"d":"0.00"}},{"$f":"L55*E5","v":{"$error":"#VALUE!"}},{"$f":"+M55*E55","v":{"v":0,"d":"0.00"}},{"$f":"N55*E55","v":{"v":0,"d":"0.00"}},{"$f":"O55*E55","v":{"v":0,"d":"0.00"}},{"$f":"P55*E55","v":{"v":0,"d":"0.00"}},{"$f":"Q55*E55","v":{"v":0,"d":"0.00"}},{"$f":"R55*E55","v":{"v":0,"d":"0.00"}},{"$f":"S55*E55","v":{"v":0,"d":"0.00"}},{"$f":"T55*E55","v":{"v":0,"d":"0.00"}},{"$f":"W55*E55","v":{"v":0,"d":"0.00"}},{"$f":"X55*E55","v":{"v":0,"d":"0.00"}},{"$f":"Y55*E55","v":{"v":25000,"d":"25,000.00"}},{"$f":"SUM(AA55:AQ55)","v":{"$error":"#VALUE!"}},{"$f":"+E55*Z55","v":{"v":25000,"d":"25,000.00"}}]
[{"$nulls":3}," ",{"$nulls":28},{"v":0,"d":"0.00"},{"$nulls":11}," "]
["1.10.1","Contractor's Profit on the above amount","%"," ",{"v":0.1,"d":"0.10"},{"$f":"F55*E57","v":{"v":25000,"d":"25,000.00"}},{"v":0,"d":"0.00"},{"v":0,"d":"0.00"},{"v":0,"d":"0.00"},{"v":0,"d":"0.00"},{"v":0,"d":"0.00"},{"v":0,"d":"0.00"},{"v":0,"d":"0.00"},{"v":0,"d":"0.00"},{"v":0,"d":"0.00"},{"v":0,"d":"0.00"},{"v":0,"d":"0.00"},{"v":0,"d":"0.00"},{"v":0,"d":"0.00"},{"v":0,"d":"0.00"},{"$nulls":3},{"v":0,"d":"0.00"},{"v":0.4,"d":"0.40"},{"$f":"SUM(G57:Y57)","v":{"v":0.4,"d":"0.40"}},{"$f":"G57*E57","v":0},{"$f":"H57*E57","v":{"v":0,"d":"0.00"}},{"$f":"I57*E57","v":{"v":0,"d":"0.00"}},{"$f":"J57*E57","v":{"v":0,"d":"0.00"}},{"$f":"K57*E57","v":{"v":0,"d":"0.00"}},{"$f":"L57*E7","v":{"v":0,"d":"0.00"}},{"v":0,"d":"0.00"},{"$f":"N57*E57","v":{"v":0,"d":"0.00"}},{"$f":"O57*E57","v":{"v":0,"d":"0.00"}},{"$f":"P57*E57","v":{"v":0,"d":"0.00"}},{"$f":"Q57*E57","v":{"v":0,"d":"0.00"}},{"$f":"R57*E57","v":{"v":0,"d":"0.00"}},{"$f":"S57*E57","v":{"v":0,"d":"0.00"}},{"$f":"T57*E57","v":{"v":0,"d":"0.00"}},{"$f":"W57*E57","v":{"v":0,"d":"0.00"}},{"$f":"X57*E57","v":{"v":0,"d":"0.00"}},{"$f":"Y57*E57","v":{"v":0.04000000000000001,"d":"0.04"}},{"$f":"SUM(AA57:AQ57)","v":{"v":0.04000000000000001,"d":"0.04"}},{"$f":"+AS55*E57","v":{"v":2500,"d":"2,500.00"}}]
[{"$nulls":3}," ",{"$nulls":28},{"v":0,"d":"0.00"},{"$nulls":11}," "]
[1.11,"Life Skills Training","Sum",1,{"v":50000,"d":"50,000.00"},{"$f":"$D59*E59","v":{"v":50000,"d":"50,000.00"}},{"v":0,"d":"0.00"},{"v":0,"d":"0.00"},{"v":0,"d":"0.00"},{"v":0,"d":"0.00"},{"v":0,"d":"0.00"},{"v":0,"d":"0.00"},{"v":0,"d":"0.00"},{"v":0,"d":"0.00"},{"v":0,"d":"0.00"},{"v":0,"d":"0.00"},{"v":0,"d":"0.00"},{"v":0,"d":"0.00"},{"v":0,"d":"0.00"},{"v":0,"d":"0.00"},{"$nulls":3},{"v":0,"d":"0.00"},{"v":0,"d":"0.00"},{"v":0,"d":"0.00"},{"$f":"G59*E59","v":0},{"$f":"H59*E59","v":{"v":0,"d":"0.00"}},{"$f":"I59*E59","v":{"v":0,"d":"0.00"}},{"$f":"J59*E59","v":{"v":0,"d":"0.00"}},{"$f":"K59*E59","v":{"v":0,"d":"0.00"}},{"$f":"L59*E9","v":{"v":0,"d":"0.00"}},{"v":0,"d":"0.00"},{"$f":"N59*E59","v":{"v":0,"d":"0.00"}},{"$f":"O59*E59","v":{"v":0,"d":"0.00"}},{"$f":"P59*E59","v":{"v":0,"d":"0.00"}},{"$f":"Q59*E59","v":{"v":0,"d":"0.00"}},{"$f":"R59*E59","v":{"v":0,"d":"0.00"}},{"$f":"S59*E59","v":{"v":0,"d":"0.00"}},{"$f":"T59*E59","v":{"v":0,"d":"0.00"}},{"$f":"W59*E59","v":{"v":0,"d":"0.00"}},{"$f":"X59*E59","v":{"v":0,"d":"0.00"}},{"$f":"Y59*E59","v":{"v":0,"d":"0.00"}},{"v":0,"d":"0.00"},{"$f":"+E59*Z59","v":{"v":0,"d":"0.00"}}]
[{"$nulls":3}," ",{"$nulls":28},{"v":0,"d":"0.00"},{"$nulls":11}," "]
["1.11.1","Contractor's Profit on the above amount","%"," ",{"v":0.1,"d":"0.10"},{"$f":"F59*E61","v":{"v":5000,"d":"5,000.00"}},{"v":0,"d":"0.00"},{"v":0,"d":"0.00"},{"v":0,"d":"0.00"},{"v":0,"d":"0.00"},{"v":0,"d":"0.00"},{"v":0,"d":"0.00"},{"v":0,"d":"0.00"},{"v":0,"d":"0.00"},{"v":0,"d":"0.00"},{"v":0,"d":"0.00"},{"v":0,"d":"0.00"},{"v":0,"d":"0.00"},{"v":0,"d":"0.00"},{"v":0,"d":"0.00"},{"$nulls":3},{"v":0,"d":"0.00"},{"v":0,"d":"0.00"},{"v":0,"d":"0.00"},{"$f":"G61*E61","v":0},{"$f":"H61*E61","v":{"v":0,"d":"0.00"}},{"$f":"I61*E61","v":{"v":0,"d":"0.00"}},{"$f":"J61*E61","v":{"v":0,"d":"0.00"}},{"$f":"K61*E61","v":{"v":0,"d":"0.00"}},{"$f":"L61*E11","v":{"v":0,"d":"0.00"}},{"v":0,"d":"0.00"},{"$f":"N61*E61","v":{"v":0,"d":"0.00"}},{"$f":"O61*E61","v":{"v":0,"d":"0.00"}},{"$f":"P61*E61","v":{"v":0,"d":"0.00"}},{"$f":"Q61*E61","v":{"v":0,"d":"0.00"}},{"$f":"R61*E61","v":{"v":0,"d":"0.00"}},{"$f":"S61*E61","v":{"v":0,"d":"0.00"}},{"$f":"T61*E61","v":{"v":0,"d":"0.00"}},{"$f":"W61*E61","v":{"v":0,"d":"0.00"}},{"$f":"X61*E61","v":{"v":0,"d":"0.00"}},{"$f":"Y61*E61","v":{"v":0,"d":"0.00"}},{"v":0,"d":"0.00"},{"$f":"+F61*Z61","v":{"v":0,"d":"0.00"}}]
[{"$nulls":32},{"v":0,"d":"0.00"},{"$nulls":11}," "]
["1.12.","Learners Stipend","Sum",1,{"v":75000,"d":"75,000.00"},{"$f":"$D63*E63","v":{"v":75000,"d":"75,000.00"}},{"v":0,"d":"0.00"},{"v":0,"d":"0.00"},{"v":0,"d":"0.00"},{"v":0,"d":"0.00"},{"v":0,"d":"0.00"},{"v":0,"d":"0.00"},{"v":0,"d":"0.00"},{"v":0,"d":"0.00"},{"v":0,"d":"0.00"},{"v":0,"d":"0.00"},{"v":0,"d":"0.00"},{"v":0,"d":"0.00"},{"v":0,"d":"0.00"},{"v":0,"d":"0.00"},{"$nulls":3},{"v":0,"d":"0.00"},{"v":0,"d":"0.00"},{"v":0,"d":"0.00"},{"$f":"G63*E63","v":0},{"$f":"H63*E63","v":{"v":0,"d":"0.00"}},{"$f":"I63*E63","v":{"v":0,"d":"0.00"}},{"$f":"J63*E63","v":{"v":0,"d":"0.00"}},{"$f":"K63*E63","v":{"v":0,"d":"0.00"}},{"$f":"L63*E13","v":{"v":0,"d":"0.00"}},{"v":0,"d":"0.00"},{"$f":"N63*E63","v":{"v":0,"d":"0.00"}},{"$f":"O63*E63","v":{"v":0,"d":"0.00"}},{"$f":"P63*E63","v":{"v":0,"d":"0.00"}},{"$f":"Q63*E63","v":{"v":0,"d":"0.00"}},{"$f":"R63*E63","v":{"v":0,"d":"0.00"}},{"$f":"S63*E63","v":{"v":0,"d":"0.00"}},{"$f":"T63*E63","v":{"v":0,"d":"0.00"}},{"$f":"W63*E63","v":{"v":0,"d":"0.00"}},{"$f":"X63*E63","v":{"v":0,"d":"0.00"}},{"$f":"Y63*E63","v":{"v":0,"d":"0.00"}},{"v":0,"d":"0.00"},{"$f":"+E63*Z63","v":{"v":0,"d":"0.00"}}]
[{"$nulls":3}," ",{"$nulls":28},{"v":0,"d":"0.00"},{"$nulls":11}," "]
["1.12.1","Contractor's Profit on the above amount","%"," ",{"v":0.1,"d":"0.10"},{"$f":"F63*E65","v":{"v":7500,"d":"7,500.00"}},{"v":0,"d":"0.00"},{"v":0,"d":"0.00"},{"v":0,"d":"0.00"},{"v":0,"d":"0.00"},{"v":0,"d":"0.00"},{"v":0,"d":"0.00"},{"v":0,"d":"0.00"},{"v":0,"d":"0.00"},{"v":0,"d":"0.00"},{"v":0,"d":"0.00"},{"v":0,"d":"0.00"},{"v":0,"d":"0.00"},{"v":0,"d":"0.00"},{"v":0,"d":"0.00"},{"$nulls":3},{"v":0,"d":"0.00"},{"v":0,"d":"0.00"},{"v":0,"d":"0.00"},{"$f":"G65*E65","v":0},{"$f":"H65*E65","v":{"v":0,"d":"0.00"}},{"$f":"I65*E65","v":{"v":0,"d":"0.00"}},{"$f":"J65*E65","v":{"v":0,"d":"0.00"}},{"$f":"K65*E65","v":{"v":0,"d":"0.00"}},{"$f":"L65*E15","v":{"v":0,"d":"0.00"}},{"v":0,"d":"0.00"},{"$f":"N65*E65","v":{"v":0,"d":"0.00"}},{"$f":"O65*E65","v":{"v":0,"d":"0.00"}},{"$f":"P65*E65","v":{"v":0,"d":"0.00"}},{"$f":"Q65*E65","v":{"v":0,"d":"0.00"}},{"$f":"R65*E65","v":{"v":0,"d":"0.00"}},{"$f":"S65*E65","v":{"v":0,"d":"0.00"}},{"$f":"T65*E65","v":{"v":0,"d":"0.00"}},{"$f":"W65*E65","v":{"v":0,"d":"0.00"}},{"$f":"X65*E65","v":{"v":0,"d":"0.00"}},{"$f":"Y65*E65","v":{"v":0,"d":"0.00"}},{"v":0,"d":"0.00"},{"$f":"+F65*Z65","v":{"v":0,"d":"0.00"}}]
[{"$nulls":32},{"v":0,"d":"0.00"},{"$nulls":11}," "]
[1.13,"SMME MANAGER",{"$nulls":30},{"v":0,"d":"0.00"},{"$nulls":11}," "]
[{"$nulls":32},{"v":0,"d":"0.00"}]
["1.13.1","SMME Manager for all SMME Contracts as per Specification for the duration of the Project","Sum",1,{"v":320000,"d":"320,000.00"},{"$f":"$D69*E69","v":{"v":320000,"d":"320,000.00"}},{"v":0,"d":"0.00"},{"v":0,"d":"0.00"},{"v":0,"d":"0.00"},{"v":0,"d":"0.00"},{"v":0,"d":"0.00"},{"v":0,"d":"0.00"},{"v":0,"d":"0.00"},{"v":0,"d":"0.00"},{"v":0,"d":"0.00"},{"v":0,"d":"0.00"},{"v":0,"d":"0.00"},{"v":0,"d":"0.00"},{"v":0,"d":"0.00"},{"v":0,"d":"0.00"},{"$nulls":3},{"v":0,"d":"0.00"},{"v":0.6155555555600001,"d":"0.62"},{"$f":"SUM(G69:Y69)","v":{"v":0.6155555555600001,"d":"0.62"}},{"$f":"G69*E69","v":0},{"$f":"H69*E69","v":{"v":0,"d":"0.00"}},{"$f":"I69*E69","v":{"v":0,"d":"0.00"}},{"$f":"J69*E69","v":{"v":0,"d":"0.00"}},{"$f":"K69*E69","v":{"v":0,"d":"0.00"}},{"$f":"L69*E19","v":{"v":0,"d":"0.00"}},{"v":0,"d":"0.00"},{"$f":"N69*E69","v":{"v":0,"d":"0.00"}},{"$f":"O69*E69","v":{"v":0,"d":"0.00"}},{"$f":"P69*E69","v":{"v":0,"d":"0.00"}},{"$f":"Q69*E69","v":{"v":0,"d":"0.00"}},{"$f":"R69*E69","v":{"v":0,"d":"0.00"}},{"$f":"S69*E69","v":{"v":0,"d":"0.00"}},{"$f":"T69*E69","v":{"v":0,"d":"0.00"}},{"$f":"W69*E69","v":{"v":0,"d":"0.00"}},{"$f":"X69*E69","v":{"v":0,"d":"0.00"}},{"$f":"Y69*E69","v":{"v":196977.77777920003,"d":"196,977.78"}},{"v":196977.77777920003,"d":"196,977.78"},{"$f":"+E69*Z69","v":{"v":196977.77777920003,"d":"196,977.78"}}]
[]
[{"$nulls":3}," "]
[null,"Amount Carried Forward to Summary Page",{"$nulls":3},{"$f":"SUM(F53:F71)","v":{"v":18102500,"d":"18,102,500.00"}},{"$nulls":38},{"$f":"SUM(AS53:AS71)","v":{"v":224477.77777920003,"d":"224,477.78"}}]
[]
["MAIN HOSPITAL ELECTRICAL INSTALLATION"]
["CECILIA MAKIWANE HOSPITAL : PHASE 4C"]
[]
["BILL NO. 2 : DISTRIBUTION BOARDS"]
[]
["ITEM","DESCRIPTION","UNIT","QTY","RATE","TENDER AMOUNT","A-LV05","B-LV04","D-LV03","E1-LV03","E2","F1","F2","G1","G2","H1","H2","J1","J2","J3",null,"G/House",null,"N","Other","Total Qty","A","B","D","E1","E2","F1","F2","G1","G2","H1","H2","J1","J2","J3","K","N","Other","Total Amount","Total Claimed"]
[]
[]
["2.0.","Distrubution Board"]
[null,"Flush mounted Distribution Boards fitted into frames and Trays with Doors to Specification"]
[]
[{"v":2.1,"d":"2.10"},"Peadiatric Ward"]
[null,"       Supply","each",1,{"v":39286.8,"d":"39,286.80"},{"$f":"E86*D86","v":{"v":39286.8,"d":"39,286.80"}},{"v":1,"d":"1.00"},{"v":0,"d":"0.00"},{"v":0,"d":"0.00"},{"v":0,"d":"0.00"},{"v":0,"d":"0.00"},{"v":0,"d":"0.00"},{"v":0,"d":"0.00"},{"v":0,"d":"0.00"},{"v":0,"d":"0.00"},{"v":0,"d":"0.00"},{"v":0,"d":"0.00"},{"v":0,"d":"0.00"},{"v":0,"d":"0.00"},{"v":0,"d":"0.00"},{"$nulls":3},{"v":0,"d":"0.00"},{"v":0,"d":"0.00"},{"$f":"SUM(G86:Y86)","v":{"v":1,"d":"1.00"}},{"$f":"G86*E86","v":{"v":39286.8,"d":"39,287"}},{"$f":"H86*E86","v":0},{"$f":"I86*E86","v":0},{"$f":"J86*E86","v":0},{"$f":"K86*E86","v":0},{"$f":"L86*E86","v":0},{"$f":"+M86*E86","v":0},{"$f":"N86*E86","v":0},{"$f":"O86*E86","v":0},{"$f":"P86*E86","v":0},{"$f":"Q86*E86","v":0},{"$f":"R86*E86","v":0},{"$f":"S86*E86","v":0},{"$f":"T86*E86","v":0},{"$f":"W86*E86","v":0},{"$f":"X86*E86","v":0},{"$f":"Y86*E86","v":0},{"$f":"SUM(AA86:AQ86)","v":{"v":39286.8,"d":"39,287"}},{"$f":"+E86*Z86","v":{"v":39286.8,"d":"39,286.80"}}]
[null,"       Install","each",1,{"v":3929,"d":"3,929.00"},{"$f":"E87*D87","v":{"v":3929,"d":"3,929.00"}},{"v":1,"d":"1.00"},{"v":0,"d":"0.00"},{"v":0,"d":"0.00"},{"v":0,"d":"0.00"},{"v":0,"d":"0.00"},{"v":0,"d":"0.00"},{"v":0,"d":"0.00"},{"v":0,"d":"0.00"},{"v":0,"d":"0.00"},{"v":0,"d":"0.00"},{"v":0,"d":"0.00"},{"v":0,"d":"0.00"},{"v":0,"d":"0.00"},{"v":0,"d":"0.00"},{"$nulls":3},{"v":0,"d":"0.00"},{"v":0,"d":"0.00"},{"$f":"SUM(G87:Y87)","v":{"v":1,"d":"1.00"}},{"$f":"G87*E87","v":{"v":3929,"d":"3,929"}},{"$f":"H87*E87","v":0},{"$f":"I87*E87","v":0},{"$f":"J87*E87","v":0},{"$f":"K87*E87","v":0},{"$f":"L87*E87","v":0},0,{"$f":"N87*E87","v":0},{"$f":"O87*E87","v":0},{"$f":"P87*E87","v":0},{"$f":"Q87*E87","v":0},{"$f":"R87*E87","v":0},{"$f":"S87*E87","v":0},{"$f":"T87*E87","v":0},{"$f":"W87*E87","v":0},{"$f":"X87*E87","v":0},{"$f":"Y87*E87","v":0},{"$f":"SUM(AA87:AQ87)","v":{"v":3929,"d":"3,929"}},{"$f":"+E87*Z87","v":{"v":3929,"d":"3,929.00"}}]
[{"$nulls":32},0,{"$nulls":11}," "]
[{"v":2.2,"d":"2.20"},"Babies and Toddlers Ward",{"$nulls":30},0,{"$nulls":11}," "]
[null,"       Supply","each",1,{"v":39438.99,"d":"39,438.99"},{"v":39438.99,"d":"39,438.99"},{"v":1,"d":"1.00"},{"v":0,"d":"0.00"},{"v":0,"d":"0.00"},{"v":0,"d":"0.00"},{"v":0,"d":"0.00"},{"v":0,"d":"0.00"},{"v":0,"d":"0.00"},{"v":0,"d":"0.00"},{"v":0,"d":"0.00"},{"v":0,"d":"0.00"},{"v":0,"d":"0.00"},{"v":0,"d":"0.00"},{"v":0,"d":"0.00"},{"v":0,"d":"0.00"},{"$nulls":3},{"v":0,"d":"0.00"},{"v":0,"d":"0.00"},{"v":1,"d":"1.00"},{"$f":"G90*E90","v":{"v":39438.99,"d":"39,439"}},{"$f":"H90*E90","v":0},{"$f":"I90*E90","v":0},{"$f":"J90*E90","v":0},{"$f":"K90*E90","v":0},{"$f":"L90*E90","v":0},0,{"$f":"N90*E90","v":0},{"$f":"O90*E90","v":0},{"$f":"P90*E90","v":0},{"$f":"Q90*E90","v":0},{"$f":"R90*E90","v":0},{"$f":"S90*E90","v":0},{"$f":"T90*E90","v":0},{"$f":"W90*E90","v":0},{"$f":"X90*E90","v":0},{"$f":"Y90*E90","v":0},{"v":39438.99,"d":"39,439"},{"$f":"+E90*Z90","v":{"v":39438.99,"d":"39,438.99"}}]
[null,"       Install","each",1,{"v":3944,"d":"3,944.00"},{"v":3944,"d":"3,944.00"},{"v":1,"d":"1.00"},{"v":0,"d":"0.00"},{"v":0,"d":"0.00"},{"v":0,"d":"0.00"},{"v":0,"d":"0.00"},{"v":0,"d":"0.00"},{"v":0,"d":"0.00"},{"v":0,"d":"0.00"},{"v":0,"d":"0.00"},{"v":0,"d":"0.00"},{"v":0,"d":"0.00"},{"v":0,"d":"0.00"},{"v":0,"d":"0.00"},{"v":0,"d":"0.00"},{"$nulls":3},{"v":0,"d":"0.00"},{"v":0,"d":"0.00"},{"v":1,"d":"1.00"},{"$f":"G91*E91","v":{"v":3944,"d":"3,944"}},{"$f":"H91*E91","v":0},{"$f":"I91*E91","v":0},{"$f":"J91*E91","v":0},{"$f":"K91*E91","v":0},{"$f":"L91*E91","v":0},0,{"$f":"N91*E91","v":0},{"$f":"O91*E91","v":0},{"$f":"P91*E91","v":0},{"$f":"Q91*E91","v":0},{"$f":"R91*E91","v":0},{"$f":"S91*E91","v":0},{"$f":"T91*E91","v":0},{"$f":"W91*E91","v":0},{"$f":"X91*E91","v":0},{"$f":"Y91*E91","v":0},{"v":3944,"d":"3,944"},{"$f":"+E91*Z91","v":{"v":3944,"d":"3,944.00"}}]
[{"$nulls":32},0,{"$nulls":11}," "]
[{"v":2.3,"d":"2.30"},"Male Medical Ward - Block D",{"$nulls":30},0,{"$nulls":11}," "]
[null,"       Supply","each",1,{"v":34635.14,"d":"34,635.14"},{"v":34635.14,"d":"34,635.14"},{"v":0,"d":"0.00"},{"v":0,"d":"0.00"},{"v":1,"d":"1.00"},{"v":0,"d":"0.00"},{"v":0,"d":"0.00"},{"v":0,"d":"0.00"},{"v":0,"d":"0.00"},{"v":0,"d":"0.00"},{"v":0,"d":"0.00"},{"v":0,"d":"0.00"},{"v":0,"d":"0.00"},{"v":0,"d":"0.00"},{"v":0,"d":"0.00"},{"v":0,"d":"0.00"},{"$nulls":3},{"v":0,"d":"0.00"},{"v":0,"d":"0.00"},{"v":1,"d":"1.00"},{"$f":"G94*E94","v":0},{"$f":"H94*E94","v":0},{"$f":"I94*E94","v":{"v":34635.14,"d":"34,635"}},{"$f":"J94*E94","v":0},{"$f":"K94*E94","v":0},{"$f":"L94*E94","v":0},0,{"$f":"N94*E94","v":0},{"$f":"O94*E94","v":0},{"$f":"P94*E94","v":0},{"$f":"Q94*E94","v":0},{"$f":"R94*E94","v":0},{"$f":"S94*E94","v":0},{"$f":"T94*E94","v":0},{"$f":"W94*E94","v":0},{"$f":"X94*E94","v":0},{"$f":"Y94*E94","v":0},{"v":34635.14,"d":"34,635"},{"$f":"+E94*Z94","v":{"v":34635.14,"d":"34,635.14"}}]
[null,"       Install","each",1,{"v":3464,"d":"3,464.00"},{"v":3464,"d":"3,464.00"},{"v":0,"d":"0.00"},{"v":0,"d":"0.00"},{"v":1,"d":"1.00"},{"v":0,"d":"0.00"},{"v":0,"d":"0.00"},{"v":0,"d":"0.00"},{"v":0,"d":"0.00"},{"v":0,"d":"0.00"},{"v":0,"d":"0.00"},{"v":0,"d":"0.00"},{"v":0,"d":"0.00"},{"v":0,"d":"0.00"},{"v":0,"d":"0.00"},{"v":0,"d":"0.00"},{"$nulls":3},{"v":0,"d":"0.00"},{"v":0,"d":"0.00"},{"v":1,"d":"1.00"},{"$f":"G95*E95","v":0},{"$f":"H95*E95","v":0},{"$f":"I95*E95","v":{"v":3464,"d":"3,464"}},{"$f":"J95*E95","v":0},{"$f":"K95*E95","v":0},{"$f":"L95*E95","v":0},0,{"$f":"N95*E95","v":0},{"$f":"O95*E95","v":0},{"$f":"P95*E95","v":0},{"$f":"Q95*E95","v":0},{"$f":"R95*E95","v":0},{"$f":"S95*E95","v":0},{"$f":"T95*E95","v":0},{"$f":"W95*E95","v":0},{"$f":"X95*E95","v":0},{"$f":"Y95*E95","v":0},{"v":3464,"d":"3,464"},{"$f":"+E95*Z95","v":{"v":3464,"d":"3,464.00"}}]
[{"$nulls":32},0,{"$nulls":11}," "]
[{"v":2.4,"d":"2.40"},"Acute Psyciatric Unit Ward",{"$nulls":30},0,{"$nulls":11}," "]
[null,"       Supply","each",1,{"v":19184.41,"d":"19,184.41"},{"v":19184.41,"d":"19,184.41"},{"v":0,"d":"0.00"},{"v":1,"d":"1.00"},{"v":0,"d":"0.00"},{"v":0,"d":"0.00"},{"v":0,"d":"0.00"},{"v":0,"d":"0.00"},{"v":0,"d":"0.00"},{"v":0,"d":"0.00"},{"v":0,"d":"0.00"},{"v":0,"d":"0.00"},{"v":0,"d":"0.00"},{"v":0,"d":"0.00"},{"v":0,"d":"0.00"},{"v":0,"d":"0.00"},{"$nulls":3},{"v":0,"d":"0.00"},{"v":0,"d":"0.00"},{"v":1,"d":"1.00"},{"$f":"G98*E98","v":0},{"$f":"H98*E98","v":{"v":19184.41,"d":"19,184"}},{"$f":"I98*E98","v":0},{"$f":"J98*E98","v":0},{"$f":"K98*E98","v":0},{"$f":"L98*E98","v":0},0,{"$f":"N98*E98","v":0},{"$f":"O98*E98","v":0},{"$f":"P98*E98","v":0},{"$f":"Q98*E98","v":0},{"$f":"R98*E98","v":0},{"$f":"S98*E98","v":0},{"$f":"T98*E98","v":0},{"$f":"W98*E98","v":0},{"$f":"X98*E98","v":0},{"$f":"Y98*E98","v":0},{"v":19184.41,"d":"19,184"},{"$f":"+E98*Z98","v":{"v":19184.41,"d":"19,184.41"}}]
[null,"       Install","each",1,{"v":1919,"d":"1,919.00"},{"v":1919,"d":"1,919.00"},{"v":0,"d":"0.00"},{"v":1,"d":"1.00"},{"v":0,"d":"0.00"},{"v":0,"d":"0.00"},{"v":0,"d":"0.00"},{"v":0,"d":"0.00"},{"v":0,"d":"0.00"},{"v":0,"d":"0.00"},{"v":0,"d":"0.00"},{"v":0,"d":"0.00"},{"v":0,"d":"0.00"},{"v":0,"d":"0.00"},{"v":0,"d":"0.00"},{"v":0,"d":"0.00"},{"$nulls":3},{"v":0,"d":"0.00"},{"v":0,"d":"0.00"},{"v":1,"d":"1.00"},{"$f":"G99*E99","v":0},{"$f":"H99*E99","v":{"v":1919,"d":"1,919"}},{"$f":"I99*E99","v":0},{"$f":"J99*E99","v":0},{"$f":"K99*E99","v":0},{"$f":"L99*E99","v":0},0,{"$f":"N99*E99","v":0},{"$f":"O99*E99","v":0},{"$f":"P99*E99","v":0},{"$f":"Q99*E99","v":0},{"$f":"R99*E99","v":0},{"$f":"S99*E99","v":0},{"$f":"T99*E99","v":0},{"$f":"W99*E99","v":0},{"$f":"X99*E99","v":0},{"$f":"Y99*E99","v":0},{"v":1919,"d":"1,919"},{"$f":"+E99*Z99","v":{"v":1919,"d":"1,919.00"}}]
[{"$nulls":32},0,{"$nulls":11}," "]
[{"v":2.5,"d":"2.50"},"Female Medical No1 Ward",{"$nulls":30},0,{"$nulls":11}," "]
[null,"       Supply","each",1,{"v":40020.42,"d":"40,020.42"},{"v":40020.42,"d":"40,020.42"},{"v":0,"d":"0.00"},{"v":0,"d":"0.00"},{"v":1,"d":"1.00"},{"v":0,"d":"0.00"},{"v":0,"d":"0.00"},{"v":0,"d":"0.00"},{"v":0,"d":"0.00"},{"v":0,"d":"0.00"},{"v":0,"d":"0.00"},{"v":0,"d":"0.00"},{"v":0,"d":"0.00"},{"v":0,"d":"0.00"},{"v":0,"d":"0.00"},{"v":0,"d":"0.00"},{"$nulls":3},{"v":0,"d":"0.00"},{"v":0,"d":"0.00"},{"v":1,"d":"1.00"},{"$f":"G102*E102","v":0},{"$f":"H102*E102","v":0},{"$f":"I102*E102","v":{"v":40020.42,"d":"40,020"}},{"$f":"J102*E102","v":0},{"$f":"K102*E102","v":0},{"$f":"L102*E102","v":0},0,{"$f":"N102*E102","v":0},{"$f":"O102*E102","v":0},{"$f":"P102*E102","v":0},{"$f":"Q102*E102","v":0},{"$f":"R102*E102","v":0},{"$f":"S102*E102","v":0},{"$f":"T102*E102","v":0},{"$f":"W102*E102","v":0},{"$f":"X102*E102","v":0},{"$f":"Y102*E102","v":0},{"v":40020.42,"d":"40,020"},{"$f":"+E102*Z102","v":{"v":40020.42,"d":"40,020.42"}}]
[null,"       Install","each",1,{"v":4003,"d":"4,003.00"},{"v":4003,"d":"4,003.00"},{"v":0,"d":"0.00"},{"v":0,"d":"0.00"},{"v":1,"d":"1.00"},{"v":0,"d":"0.00"},{"v":0,"d":"0.00"},{"v":0,"d":"0.00"},{"v":0,"d":"0.00"},{"v":0,"d":"0.00"},{"v":0,"d":"0.00"},{"v":0,"d":"0.00"},{"v":0,"d":"0.00"},{"v":0,"d":"0.00"},{"v":0,"d":"0.00"},{"v":0,"d":"0.00"},{"$nulls":3},{"v":0,"d":"0.00"},{"v":0,"d":"0.00"},{"v":1,"d":"1.00"},{"$f":"G103*E103","v":0},{"$f":"H103*E103","v":0},{"$f":"I103*E103","v":{"v":4003,"d":"4,003"}},{"$f":"J103*E103","v":0},{"$f":"K103*E103","v":0},{"$f":"L103*E103","v":0},0,{"$f":"N103*E103","v":0},{"$f":"O103*E103","v":0},{"$f":"P103*E103","v":0},{"$f":"Q103*E103","v":0},{"$f":"R103*E103","v":0},{"$f":"S103*E103","v":0},{"$f":"T103*E103","v":0},{"$f":"W103*E103","v":0},{"$f":"X103*E103","v":0},{"$f":"Y103*E103","v":0},{"v":4003,"d":"4,003"},{"$f":"+E103*Z103","v":{"v":4003,"d":"4,003.00"}}]
[{"$nulls":32},0,{"$nulls":11}," "]
[{"v":2.6,"d":"2.60"},"Female Medical No2 Ward",{"$nulls":30},0,{"$nulls":11}," "]
[null,"       Supply","each",1,{"v":40020.42,"d":"40,020.42"},{"v":40020.42,"d":"40,020.42"},{"v":0,"d":"0.00"},{"v":0,"d":"0.00"},{"v":1,"d":"1.00"},{"v":0,"d":"0.00"},{"v":0,"d":"0.00"},{"v":0,"d":"0.00"},{"v":0,"d":"0.00"},{"v":0,"d":"0.00"},{"v":0,"d":"0.00"},{"v":0,"d":"0.00"},{"v":0,"d":"0.00"},{"v":0,"d":"0.00"},{"v":0,"d":"0.00"},{"v":0,"d":"0.00"},{"$nulls":3},{"v":0,"d":"0.00"},{"v":0,"d":"0.00"},{"v":1,"d":"1.00"},{"$f":"G106*E106","v":0},{"$f":"H106*E106","v":0},{"$f":"I106*E106","v":{"v":40020.42,"d":"40,020"}},{"$f":"J106*E106","v":0},{"$f":"K106*E106","v":0},{"$f":"L106*E106","v":0},0,{"$f":"N106*E106","v":0},{"$f":"O106*E106","v":0},{"$f":"P106*E106","v":0},{"$f":"Q106*E106","v":0},{"$f":"R106*E106","v":0},{"$f":"S106*E106","v":0},{"$f":"T106*E106","v":0},{"$f":"W106*E106","v":0},{"$f":"X106*E106","v":0},{"$f":"Y106*E106","v":0},{"v":40020.42,"d":"40,020"},{"$f":"+E106*Z106","v":{"v":40020.42,"d":"40,020.42"}}]
[null,"       Install","each",1,{"v":4003,"d":"4,003.00"},{"v":4003,"d":"4,003.00"},{"v":0,"d":"0.00"},{"v":0,"d":"0.00"},{"v":1,"d":"1.00"},{"v":0,"d":"0.00"},{"v":0,"d":"0.00"},{"v":0,"d":"0.00"},{"v":0,"d":"0.00"},{"v":0,"d":"0.00"},{"v":0,"d":"0.00"},{"v":0,"d":"0.00"},{"v":0,"d":"0.00"},{"v":0,"d":"0.00"},{"v":0,"d":"0.00"},{"v":0,"d":"0.00"},{"$nulls":3},{"v":0,"d":"0.00"},{"v":0,"d":"0.00"},{"v":1,"d":"1.00"},{"$f":"G107*E107","v":0},{"$f":"H107*E107","v":0},{"$f":"I107*E107","v":{"v":4003,"d":"4,003"}},{"$f":"J107*E107","v":0},{"$f":"K107*E107","v":0},{"$f":"L107*E107","v":0},0,{"$f":"N107*E107","v":0},{"$f":"O107*E107","v":0},{"$f":"P107*E107","v":0},{"$f":"Q107*E107","v":0},{"$f":"R107*E107","v":0},{"$f":"S107*E107","v":0},{"$f":"T107*E107","v":0},{"$f":"W107*E107","v":0},{"$f":"X107*E107","v":0},{"$f":"Y107*E107","v":0},{"v":4003,"d":"4,003"},{"$f":"+E107*Z107","v":{"v":4003,"d":"4,003.00"}}]
[{"$nulls":32},0,{"$nulls":11}," "]
[{"v":2.7,"d":"2.70"},"Rehab / Stepdown Ward",{"$nulls":30},0,{"$nulls":11}," "]
[null,"       Supply","each",1,{"v":39305.55,"d":"39,305.55"},{"v":39305.55,"d":"39,305.55"},{"v":0,"d":"0.00"},{"v":0,"d":"0.00"},{"v":1,"d":"1.00"},{"v":0,"d":"0.00"},{"v":0,"d":"0.00"},{"v":0,"d":"0.00"},{"v":0,"d":"0.00"},{"v":0,"d":"0.00"},{"v":0,"d":"0.00"},{"v":0,"d":"0.00"},{"v":0,"d":"0.00"},{"v":0,"d":"0.00"},{"v":0,"d":"0.00"},{"v":0,"d":"0.00"},{"$nulls":3},{"v":0,"d":"0.00"},{"v":0,"d":"0.00"},{"v":1,"d":"1.00"},{"$f":"G110*E110","v":0},{"$f":"H110*E110","v":0},{"$f":"I110*E110","v":{"v":39305.55,"d":"39,306"}},{"$f":"J110*E110","v":0},{"$f":"K110*E110","v":0},{"$f":"L110*E110","v":0},0,{"$f":"N110*E110","v":0},{"$f":"O110*E110","v":0},{"$f":"P110*E110","v":0},{"$f":"Q110*E110","v":0},{"$f":"R110*E110","v":0},{"$f":"S110*E110","v":0},{"$f":"T110*E110","v":0},{"$f":"W110*E110","v":0},{"$f":"X110*E110","v":0},{"$f":"Y110*E110","v":0},{"v":39305.55,"d":"39,306"},{"$f":"+E110*Z110","v":{"v":39305.55,"d":"39,305.55"}}]
[null,"       Install","each",1,{"v":3931,"d":"3,931.00"},{"v":3931,"d":"3,931.00"},{"v":0,"d":"0.00"},{"v":0,"d":"0.00"},{"v":1,"d":"1.00"},{"v":0,"d":"0.00"},{"v":0,"d":"0.00"},{"v":0,"d":"0.00"},{"v":0,"d":"0.00"},{"v":0,"d":"0.00"},{"v":0,"d":"0.00"},{"v":0,"d":"0.00"},{"v":0,"d":"0.00"},{"v":0,"d":"0.00"},{"v":0,"d":"0.00"},{"v":0,"d":"0.00"},{"$nulls":3},{"v":0,"d":"0.00"},{"v":0,"d":"0.00"},{"v":1,"d":"1.00"},{"$f":"G111*E111","v":0},{"$f":"H111*E111","v":0},{"$f":"I111*E111","v":{"v":3931,"d":"3,931"}},{"$f":"J111*E111","v":0},{"$f":"K111*E111","v":0},{"$f":"L111*E111","v":0},0,{"$f":"N111*E111","v":0},{"$f":"O111*E111","v":0},{"$f":"P111*E111","v":0},{"$f":"Q111*E111","v":0},{"$f":"R111*E111","v":0},{"$f":"S111*E111","v":0},{"$f":"T111*E111","v":0},{"$f":"W111*E111","v":0},{"$f":"X111*E111","v":0},{"$f":"Y111*E111","v":0},{"v":3931,"d":"3,931"},{"$f":"+E111*Z111","v":{"v":3931,"d":"3,931.00"}}]
[{"$nulls":32},0,{"$nulls":11}," "]
[{"v":2.8,"d":"2.80"},"Female Surgical Ward No1",{"$nulls":30},0,{"$nulls":11}," "]
[null,"       Supply","each",1,{"v":25541.19,"d":"25,541.19"},{"v":25541.19,"d":"25,541.19"},{"v":1,"d":"1.00"},{"v":0,"d":"0.00"},{"v":0,"d":"0.00"},{"v":0,"d":"0.00"},{"v":0,"d":"0.00"},{"v":0,"d":"0.00"},{"v":0,"d":"0.00"},{"v":0,"d":"0.00"},{"v":0,"d":"0.00"},{"v":0,"d":"0.00"},{"v":0,"d":"0.00"},{"v":0,"d":"0.00"},{"v":0,"d":"0.00"},{"v":0,"d":"0.00"},{"$nulls":3},{"v":0,"d":"0.00"},{"v":0,"d":"0.00"},{"v":1,"d":"1.00"},{"$f":"G114*E114","v":{"v":25541.19,"d":"25,541"}},{"$f":"H114*E114","v":0},{"$f":"I114*E114","v":0},{"$f":"J114*E114","v":0},{"$f":"K114*E114","v":0},{"$f":"L114*E114","v":0},0,{"$f":"N114*E114","v":0},{"$f":"O114*E114","v":0},{"$f":"P114*E114","v":0},{"$f":"Q114*E114","v":0},{"$f":"R114*E114","v":0},{"$f":"S114*E114","v":0},{"$f":"T114*E114","v":0},{"$f":"W114*E114","v":0},{"$f":"X114*E114","v":0},{"$f":"Y114*E114","v":0},{"v":25541.19,"d":"25,541"},{"$f":"+E114*Z114","v":{"v":25541.19,"d":"25,541.19"}}]
[null,"       Install","each",1,{"v":2555,"d":"2,555.00"},{"v":2555,"d":"2,555.00"},{"v":1,"d":"1.00"},{"v":0,"d":"0.00"},{"v":0,"d":"0.00"},{"v":0,"d":"0.00"},{"v":0,"d":"0.00"},{"v":0,"d":"0.00"},{"v":0,"d":"0.00"},{"v":0,"d":"0.00"},{"v":0,"d":"0.00"},{"v":0,"d":"0.00"},{"v":0,"d":"0.00"},{"v":0,"d":"0.00"},{"v":0,"d":"0.00"},{"v":0,"d":"0.00"},{"$nulls":3},{"v":0,"d":"0.00"},{"v":0,"d":"0.00"},{"v":1,"d":"1.00"},{"$f":"G115*E115","v":{"v":2555,"d":"2,555"}},{"$f":"H115*E115","v":0},{"$f":"I115*E115","v":0},{"$f":"J115*E115","v":0},{"$f":"K115*E115","v":0},{"$f":"L115*E115","v":0},0,{"$f":"N115*E115","v":0},{"$f":"O115*E115","v":0},{"$f":"P115*E115","v":0},{"$f":"Q115*E115","v":0},{"$f":"R115*E115","v":0},{"$f":"S115*E115","v":0},{"$f":"T115*E115","v":0},{"$f":"W115*E115","v":0},{"$f":"X115*E115","v":0},{"$f":"Y115*E115","v":0},{"v":2555,"d":"2,555"},{"$f":"+E115*Z115","v":{"v":2555,"d":"2,555.00"}}]
[{"$nulls":32},0,{"$nulls":11}," "]
[{"v":2.9,"d":"2.90"},"Female Surgical Ward No 2",{"$nulls":30},0,{"$nulls":11}," "]
[null,"       Supply","each",1,{"v":26841.97,"d":"26,841.97"},{"v":26841.97,"d":"26,841.97"},{"v":1,"d":"1.00"},{"v":0,"d":"0.00"},{"v":0,"d":"0.00"},{"v":0,"d":"0.00"},{"v":0,"d":"0.00"},{"v":0,"d":"0.00"},{"v":0,"d":"0.00"},{"v":0,"d":"0.00"},{"v":0,"d":"0.00"},{"v":0,"d":"0.00"},{"v":0,"d":"0.00"},{"v":0,"d":"0.00"},{"v":0,"d":"0.00"},{"v":0,"d":"0.00"},{"$nulls":3},{"v":0,"d":"0.00"},{"v":0,"d":"0.00"},{"v":1,"d":"1.00"},{"$f":"G118*E118","v":{"v":26841.97,"d":"26,842"}},{"$f":"H118*E118","v":0},{"$f":"I118*E118","v":0},{"$f":"J118*E118","v":0},{"$f":"K118*E118","v":0},{"$f":"L118*E118","v":0},{"$f":"+M118*E118","v":0},{"$f":"N118*E118","v":0},{"$f":"O118*E118","v":0},{"$f":"P118*E118","v":0},{"$f":"Q118*E118","v":0},{"$f":"R118*E118","v":0},{"$f":"S118*E118","v":0},{"$f":"T118*E118","v":0},{"$f":"W118*E118","v":0},{"$f":"X118*E118","v":0},{"$f":"Y118*E118","v":0},{"v":26841.97,"d":"26,842"},{"$f":"+E118*Z118","v":{"v":26841.97,"d":"26,841.97"}}]
[null,"       Install","each",1,{"v":2685,"d":"2,685.00"},{"v":2685,"d":"2,685.00"},{"v":1,"d":"1.00"},{"v":0,"d":"0.00"},{"v":0,"d":"0.00"},{"v":0,"d":"0.00"},{"v":0,"d":"0.00"},{"v":0,"d":"0.00"},{"v":0,"d":"0.00"},{"v":0,"d":"0.00"},{"v":0,"d":"0.00"},{"v":0,"d":"0.00"},{"v":0,"d":"0.00"},{"v":0,"d":"0.00"},{"v":0,"d":"0.00"},{"v":0,"d":"0.00"},{"$nulls":3},{"v":0,"d":"0.00"},{"v":0,"d":"0.00"},{"v":1,"d":"1.00"},{"$f":"G119*E119","v":{"v":2685,"d":"2,685"}},{"$f":"H119*E119","v":0},{"$f":"I119*E119","v":0},{"$f":"J119*E119","v":0},{"$f":"K119*E119","v":0},{"$f":"L119*E119","v":0},0,{"$f":"N119*E119","v":0},{"$f":"O119*E119","v":0},{"$f":"P119*E119","v":0},{"$f":"Q119*E119","v":0},{"$f":"R119*E119","v":0},{"$f":"S119*E119","v":0},{"$f":"T119*E119","v":0},{"$f":"W119*E119","v":0},{"$f":"X119*E119","v":0},{"$f":"Y119*E119","v":0},{"v":2685,"d":"2,685"},{"$f":"+E119*Z119","v":{"v":2685,"d":"2,685.00"}}]
[{"$nulls":32},0,{"$nulls":11}," "]
[{"v":2.1,"d":"2.10"},"Male Surgical Ward No 1",{"$nulls":30},0,{"$nulls":11}," "]
[null,"       Supply","each",1,{"v":25838.15,"d":"25,838.15"},{"v":25838.15,"d":"25,838.15"},{"v":0,"d":"0.00"},{"v":1,"d":"1.00"},{"v":0,"d":"0.00"},{"v":0,"d":"0.00"},{"v":0,"d":"0.00"},{"v":0,"d":"0.00"},{"v":0,"d":"0.00"},{"v":0,"d":"0.00"},{"v":0,"d":"0.00"},{"v":0,"d":"0.00"},{"v":0,"d":"0.00"},{"v":0,"d":"0.00"},{"v":0,"d":"0.00"},{"v":0,"d":"0.00"},{"$nulls":3},{"v":0,"d":"0.00"},{"v":0,"d":"0.00"},{"v":1,"d":"1.00"},{"$f":"G122*E122","v":0},{"$f":"H122*E122","v":{"v":25838.15,"d":"25,838"}},{"$f":"I122*E122","v":0},{"$f":"J122*E122","v":0},{"$f":"K122*E122","v":0},{"$f":"L122*E122","v":0},0,{"$f":"N122*E122","v":0},{"$f":"O122*E122","v":0},{"$f":"P122*E122","v":0},{"$f":"Q122*E122","v":0},{"$f":"R122*E122","v":0},{"$f":"S122*E122","v":0},{"$f":"T122*E122","v":0},{"$f":"W122*E122","v":0},{"$f":"X122*E122","v":0},{"$f":"Y122*E122","v":0},{"v":25838.15,"d":"25,838"},{"$f":"+E122*Z122","v":{"v":25838.15,"d":"25,838.15"}}]
[null,"       Install","each",1,{"v":2584,"d":"2,584.00"},{"v":2584,"d":"2,584.00"},{"v":0,"d":"0.00"},{"v":1,"d":"1.00"},{"v":0,"d":"0.00"},{"v":0,"d":"0.00"},{"v":0,"d":"0.00"},{"v":0,"d":"0.00"},{"v":0,"d":"0.00"},{"v":0,"d":"0.00"},{"v":0,"d":"0.00"},{"v":0,"d":"0.00"},{"v":0,"d":"0.00"},{"v":0,"d":"0.00"},{"v":0,"d":"0.00"},{"v":0,"d":"0.00"},{"$nulls":3},{"v":0,"d":"0.00"},{"v":0,"d":"0.00"},{"v":1,"d":"1.00"},{"$f":"G123*E123","v":0},{"$f":"H123*E123","v":{"v":2584,"d":"2,584"}},{"$f":"I123*E123","v":0},{"$f":"J123*E123","v":0},{"$f":"K123*E123","v":0},{"$f":"L123*E123","v":0},0,{"$f":"N123*E123","v":0},{"$f":"O123*E123","v":0},{"$f":"P123*E123","v":0},{"$f":"Q123*E123","v":0},{"$f":"R123*E123","v":0},{"$f":"S123*E123","v":0},{"$f":"T123*E123","v":0},{"$f":"W123*E123","v":0},{"$f":"X123*E123","v":0},{"$f":"Y123*E123","v":0},{"v":2584,"d":"2,584"},{"$f":"+E123*Z123","v":{"v":2584,"d":"2,584.00"}}]
[{"$nulls":32},0,{"$nulls":11}," "]
[2.11,"Male Surgical Ward No 2",{"$nulls":30},0,{"$nulls":11}," "]
[null,"       Supply","each",1,{"v":26662.65,"d":"26,662.65"},{"$f":"E126*D126","v":{"v":26662.65,"d":"26,662.65"}},{"v":0,"d":"0.00"},{"v":1,"d":"1.00"},{"v":0,"d":"0.00"},{"v":0,"d":"0.00"},{"v":0,"d":"0.00"},{"v":0,"d":"0.00"},{"v":0,"d":"0.00"},{"v":0,"d":"0.00"},{"v":0,"d":"0.00"},{"v":0,"d":"0.00"},{"v":0,"d":"0.00"},{"v":0,"d":"0.00"},{"v":0,"d":"0.00"},{"v":0,"d":"0.00"},{"$nulls":3},{"v":0,"d":"0.00"},{"v":0,"d":"0.00"},{"v":1,"d":"1.00"},{"$f":"G126*E126","v":0},{"$f":"H126*E126","v":{"v":26662.65,"d":"26,663"}},{"$f":"I126*E126","v":0},{"$f":"J126*E126","v":0},{"$f":"K126*E126","v":0},{"$f":"L126*E126","v":0},0,{"$f":"N126*E126","v":0},{"$f":"O126*E126","v":0},{"$f":"P126*E126","v":0},{"$f":"Q126*E126","v":0},{"$f":"R126*E126","v":0},{"$f":"S126*E126","v":0},{"$f":"T126*E126","v":0},{"$f":"W126*E126","v":0},{"$f":"X126*E126","v":0},{"$f":"Y126*E126","v":0},{"v":26662.65,"d":"26,663"},{"$f":"+E126*Z126","v":{"v":26662.65,"d":"26,662.65"}}]
[null,"       Install","each",1,{"v":2667,"d":"2,667.00"},{"v":2667,"d":"2,667.00"},{"v":0,"d":"0.00"},{"v":1,"d":"1.00"},{"v":0,"d":"0.00"},{"v":0,"d":"0.00"},{"v":0,"d":"0.00"},{"v":0,"d":"0.00"},{"v":0,"d":"0.00"},{"v":0,"d":"0.00"},{"v":0,"d":"0.00"},{"v":0,"d":"0.00"},{"v":0,"d":"0.00"},{"v":0,"d":"0.00"},{"v":0,"d":"0.00"},{"v":0,"d":"0.00"},{"$nulls":3},{"v":0,"d":"0.00"},{"v":0,"d":"0.00"},{"v":1,"d":"1.00"},{"$f":"G127*E127","v":0},{"$f":"H127*E127","v":{"v":2667,"d":"2,667"}},{"$f":"I127*E127","v":0},{"$f":"J127*E127","v":0},{"$f":"K127*E127","v":0},{"$f":"L127*E127","v":0},0,{"$f":"N127*E127","v":0},{"$f":"O127*E127","v":0},{"$f":"P127*E127","v":0},{"$f":"Q127*E127","v":0},{"$f":"R127*E127","v":0},{"$f":"S127*E127","v":0},{"$f":"T127*E127","v":0},{"$f":"W127*E127","v":0},{"$f":"X127*E127","v":0},{"$f":"Y127*E127","v":0},{"v":2667,"d":"2,667"},{"$f":"+E127*Z127","v":{"v":2667,"d":"2,667.00"}}]
[{"$nulls":32},0,{"$nulls":11}," "]
[2.12,"Female Medical Ward",{"$nulls":30},0,{"$nulls":11}," "]
[null,"       Supply","each",1,{"v":27180.07,"d":"27,180.07"},{"v":27180.07,"d":"27,180.07"},{"v":0,"d":"0.00"},{"v":1,"d":"1.00"},{"v":0,"d":"0.00"},{"v":0,"d":"0.00"},{"v":0,"d":"0.00"},{"v":0,"d":"0.00"},{"v":0,"d":"0.00"},{"v":0,"d":"0.00"},{"v":0,"d":"0.00"},{"v":0,"d":"0.00"},{"v":0,"d":"0.00"},{"v":0,"d":"0.00"},{"v":0,"d":"0.00"},{"v":0,"d":"0.00"},{"$nulls":3},{"v":0,"d":"0.00"},{"v":0,"d":"0.00"},{"v":1,"d":"1.00"},{"$f":"G130*E130","v":0},{"$f":"H130*E130","v":{"v":27180.07,"d":"27,180"}},{"$f":"I130*E130","v":0},{"$f":"J130*E130","v":0},{"$f":"K130*E130","v":0},{"$f":"L130*E130","v":0},0,{"$f":"N130*E130","v":0},{"$f":"O130*E130","v":0},{"$f":"P130*E130","v":0},{"$f":"Q130*E130","v":0},{"$f":"R130*E130","v":0},{"$f":"S130*E130","v":0},{"$f":"T130*E130","v":0},{"$f":"W130*E130","v":0},{"$f":"X130*E130","v":0},{"$f":"Y130*E130","v":0},{"v":27180.07,"d":"27,180"},{"$f":"+E130*Z130","v":{"v":27180.07,"d":"27,180.07"}}]
[null,"       Install","each",1,{"v":2719,"d":"2,719.00"},{"v":2719,"d":"2,719.00"},{"v":0,"d":"0.00"},{"v":1,"d":"1.00"},{"v":0,"d":"0.00"},{"v":0,"d":"0.00"},{"v":0,"d":"0.00"},{"v":0,"d":"0.00"},{"v":0,"d":"0.00"},{"v":0,"d":"0.00"},{"v":0,"d":"0.00"},{"v":0,"d":"0.00"},{"v":0,"d":"0.00"},{"v":0,"d":"0.00"},{"v":0,"d":"0.00"},{"v":0,"d":"0.00"},{"$nulls":3},{"v":0,"d":"0.00"},{"v":0,"d":"0.00"},{"v":1,"d":"1.00"},{"$f":"G131*E131","v":0},{"$f":"H131*E131","v":{"v":2719,"d":"2,719"}},{"$f":"I131*E131","v":0},{"$f":"J131*E131","v":0},{"$f":"K131*E131","v":0},{"$f":"L131*E131","v":0},0,{"$f":"N131*E131","v":0},{"$f":"O131*E131","v":0},{"$f":"P131*E131","v":0},{"$f":"Q131*E131","v":0},{"$f":"R131*E131","v":0},{"$f":"S131*E131","v":0},{"$f":"T131*E131","v":0},{"$f":"W131*E131","v":0},{"$f":"X131*E131","v":0},{"$f":"Y131*E131","v":0},{"v":2719,"d":"2,719"},{"$f":"+E131*Z131","v":{"v":2719,"d":"2,719.00"}}]
[{"$nulls":32},0,{"$nulls":11}," "]
[2.13,"Male Medical Ward - Block B",{"$nulls":30},0,{"$nulls":11}," "]
[null,"       Supply","each",1,{"v":24680.15,"d":"24,680.15"},{"v":24680.15,"d":"24,680.15"},{"v":0,"d":"0.00"},{"v":1,"d":"1.00"},{"v":0,"d":"0.00"},{"v":0,"d":"0.00"},{"v":0,"d":"0.00"},{"v":0,"d":"0.00"},{"v":0,"d":"0.00"},{"v":0,"d":"0.00"},{"v":0,"d":"0.00"},{"v":0,"d":"0.00"},{"v":0,"d":"0.00"},{"v":0,"d":"0.00"},{"v":0,"d":"0.00"},{"v":0,"d":"0.00"},{"$nulls":3},{"v":0,"d":"0.00"},{"v":0,"d":"0.00"},{"v":1,"d":"1.00"},{"$f":"G134*E134","v":0},{"$f":"H134*E134","v":{"v":24680.15,"d":"24,680"}},{"$f":"I134*E134","v":0},{"$f":"J134*E134","v":0},{"$f":"K134*E134","v":0},{"$f":"L134*E134","v":0},0,{"$f":"N134*E134","v":0},{"$f":"O134*E134","v":0},{"$f":"P134*E134","v":0},{"$f":"Q134*E134","v":0},{"$f":"R134*E134","v":0},{"$f":"S134*E134","v":0},{"$f":"T134*E134","v":0},{"$f":"W134*E134","v":0},{"$f":"X134*E134","v":0},{"$f":"Y134*E134","v":0},{"v":24680.15,"d":"24,680"},{"$f":"+E134*Z134","v":{"v":24680.15,"d":"24,680.15"}}]
[null,"       Install","each",1,{"v":2469,"d":"2,469.00"},{"v":2469,"d":"2,469.00"},{"v":0,"d":"0.00"},{"v":1,"d":"1.00"},{"v":0,"d":"0.00"},{"v":0,"d":"0.00"},{"v":0,"d":"0.00"},{"v":0,"d":"0.00"},{"v":0,"d":"0.00"},{"v":0,"d":"0.00"},{"v":0,"d":"0.00"},{"v":0,"d":"0.00"},{"v":0,"d":"0.00"},{"v":0,"d":"0.00"},{"v":0,"d":"0.00"},{"v":0,"d":"0.00"},{"$nulls":3},{"v":0,"d":"0.00"},{"v":0,"d":"0.00"},{"v":1,"d":"1.00"},{"$f":"G135*E135","v":0},{"$f":"H135*E135","v":{"v":2469,"d":"2,469"}},{"$f":"I135*E135","v":0},{"$f":"J135*E135","v":0},{"$f":"K135*E135","v":0},{"$f":"L135*E135","v":0},0,{"$f":"N135*E135","v":0},{"$f":"O135*E135","v":0},{"$f":"P135*E135","v":0},{"$f":"Q135*E135","v":0},{"$f":"R135*E135","v":0},{"$f":"S135*E135","v":0},{"$f":"T135*E135","v":0},{"$f":"W135*E135","v":0},{"$f":"X135*E135","v":0},{"$f":"Y135*E135","v":0},{"$f":"SUM(AA135:AQ135)","v":{"v":2469,"d":"2,469"}},{"$f":"+E135*Z135","v":{"v":2469,"d":"2,469.00"}}]
[{"$nulls":5}," "]
[]
[]
[null,"Amount Carried Forward",{"$nulls":3},{"$f":"SUM(F81:F138)","v":{"v":449507.9100000001,"d":"449,507.91"}},{"$nulls":38},{"$f":"SUM(AS81:AS138)","v":{"v":449507.9100000001,"d":"449,507.91"}}]
[]
["MAIN HOSPITAL ELECTRICAL INSTALLATION"]
["CECILIA MAKIWANE HOSPITAL : PHASE 4C"]
[]
["BILL NO. 2 : DISTRIBUTION BOARDS"]
["ITEM","DESCRIPTION","UNIT","QTY","RATE","TENDER AMOUNT","A-LV05","B-LV04","D-LV03","E1-LV03","E2","F1","F2","G1","G2","H1","H2","J1","J2","J3",null,"G/House",null,"N","Other","Total Qty","A","B","D","E1","E2","F1","F2","G1","G2","H1","H2","J1","J2","J3","K","N","Other","Total Amount","Total Claimed"]
[null,"AMOUNT CARRIED FORWARD FROM PREVIOUS BILL",{"$nulls":3},{"$f":"F139","v":{"v":449507.9100000001,"d":"449,507.91"}},{"$nulls":38},{"$f":"AS139","v":{"v":449507.9100000001,"d":"449,507.91"}}]
[]
[]
[2.14,"Delivery Ward"]
[null,"       Supply","each",1,{"v":29249.98,"d":"29,249.98"},{"$f":"$D150*E150","v":{"v":29249.98,"d":"29,249.98"}},{"v":0,"d":"0.00"},{"v":0,"d":"0.00"},{"v":0,"d":"0.00"},{"v":0,"d":"0.00"},{"v":0,"d":"0.00"},{"v":0,"d":"0.00"},{"v":0,"d":"0.00"},{"v":0,"d":"0.00"},{"v":0,"d":"0.00"},{"v":0,"d":"0.00"},{"v":0,"d":"0.00"},{"v":0,"d":"0.00"},{"v":0,"d":"0.00"},{"v":0,"d":"0.00"},{"$nulls":3},{"v":0,"d":"0.00"},{"v":0,"d":"0.00"},{"$f":"SUM(G150:Y150)","v":{"v":0,"d":"0.00"}},{"$f":"G150*E150","v":0},{"$f":"H150*E150","v":0},{"$f":"I150*E150","v":0},{"$f":"J150*E150","v":0},{"$f":"K150*E150","v":0},{"$f":"L150*E150","v":0},{"$f":"+M150*E150","v":0},{"$f":"N150*E150","v":0},{"$f":"O150*E150","v":0},{"$f":"P150*E150","v":0},{"$f":"Q150*E150","v":0},{"$f":"R150*E150","v":0},{"$f":"S150*E150","v":0},{"$f":"T150*E150","v":0},{"$f":"W150*E150","v":0},{"$f":"X150*E150","v":0},{"$f":"Y150*E150","v":0},{"$f":"SUM(AA150:AQ150)","v":0},{"$f":"+E150*Z150","v":{"v":0,"d":"0.00"}}]
[null,"       Install","each",1,{"v":2925,"d":"2,925.00"},{"$f":"$D151*E151","v":{"v":2925,"d":"2,925.00"}},{"v":0,"d":"0.00"},{"v":0,"d":"0.00"},{"v":0,"d":"0.00"},{"v":0,"d":"0.00"},{"v":0,"d":"0.00"},{"v":0,"d":"0.00"},{"v":0,"d":"0.00"},{"v":0,"d":"0.00"},{"v":0,"d":"0.00"},{"v":0,"d":"0.00"},{"v":0,"d":"0.00"},{"v":0,"d":"0.00"},{"v":0,"d":"0.00"},{"v":0,"d":"0.00"},{"$nulls":3},{"v":0,"d":"0.00"},{"v":0,"d":"0.00"},{"$f":"SUM(G151:Y151)","v":{"v":0,"d":"0.00"}},{"$f":"G151*E151","v":0},{"$f":"H151*E151","v":0},{"$f":"I151*E151","v":0},{"$f":"J151*E151","v":0},{"$f":"K151*E151","v":0},{"$f":"L151*E151","v":0},0,{"$f":"N151*E151","v":0},{"$f":"O151*E151","v":0},{"$f":"P151*E151","v":0},{"$f":"Q151*E151","v":0},{"$f":"R151*E151","v":0},{"$f":"S151*E151","v":0},{"$f":"T151*E151","v":0},{"$f":"W151*E151","v":0},{"$f":"X151*E151","v":0},{"$f":"Y151*E151","v":0},{"$f":"SUM(AA151:AQ151)","v":0},{"$f":"+E151*Z151","v":{"v":0,"d":"0.00"}}]
[{"$nulls":32},0,{"$nulls":11}," "]
[2.15,"Antenatal Ward",{"$nulls":30},0,{"$nulls":11}," "]
[null,"       Supply","each",1,{"v":20787.62,"d":"20,787.62"},{"$f":"$D154*E154","v":{"v":20787.62,"d":"20,787.62"}},{"v":0,"d":"0.00"},{"v":0,"d":"0.00"},{"v":0,"d":"0.00"},{"v":0,"d":"0.00"},{"v":0,"d":"0.00"},{"v":0,"d":"0.00"},{"v":0,"d":"0.00"},{"v":0,"d":"0.00"},{"v":0,"d":"0.00"},{"v":0,"d":"0.00"},{"v":0,"d":"0.00"},{"v":0,"d":"0.00"},{"v":0,"d":"0.00"},{"v":0,"d":"0.00"},{"$nulls":3},{"v":0,"d":"0.00"},{"v":0,"d":"0.00"},{"v":0,"d":"0.00"},{"$f":"G154*E154","v":0},{"$f":"H154*E154","v":0},{"$f":"I154*E154","v":0},{"$f":"J154*E154","v":0},{"$f":"K154*E154","v":0},{"$f":"L154*E154","v":0},0,{"$f":"N154*E154","v":0},{"$f":"O154*E154","v":0},{"$f":"P154*E154","v":0},{"$f":"Q154*E154","v":0},{"$f":"R154*E154","v":0},{"$f":"S154*E154","v":0},{"$f":"T154*E154","v":0},{"$f":"W154*E154","v":0},{"$f":"X154*E154","v":0},{"$f":"Y154*E154","v":0},0,{"$f":"+E154*Z154","v":{"v":0,"d":"0.00"}}]
[null,"       Install","each",1,{"v":2079,"d":"2,079.00"},{"v":2079,"d":"2,079.00"},{"v":0,"d":"0.00"},{"v":0,"d":"0.00"},{"v":0,"d":"0.00"},{"v":0,"d":"0.00"},{"v":0,"d":"0.00"},{"v":0,"d":"0.00"},{"v":0,"d":"0.00"},{"v":0,"d":"0.00"},{"v":0,"d":"0.00"},{"v":0,"d":"0.00"},{"v":0,"d":"0.00"},{"v":0,"d":"0.00"},{"v":0,"d":"0.00"},{"v":0,"d":"0.00"},{"$nulls":3},{"v":0,"d":"0.00"},{"v":0,"d":"0.00"},{"v":0,"d":"0.00"},{"$f":"G155*E155","v":0},{"$f":"H155*E155","v":0},{"$f":"I155*E155","v":0},{"$f":"J155*E155","v":0},{"$f":"K155*E155","v":0},{"$f":"L155*E155","v":0},0,{"$f":"N155*E155","v":0},{"$f":"O155*E155","v":0},{"$f":"P155*E155","v":0},{"$f":"Q155*E155","v":0},{"$f":"R155*E155","v":0},{"$f":"S155*E155","v":0},{"$f":"T155*E155","v":0},{"$f":"W155*E155","v":0},{"$f":"X155*E155","v":0},{"$f":"Y155*E155","v":0},0,{"$f":"+E155*Z155","v":{"v":0,"d":"0.00"}}]
[{"$nulls":32},0,{"$nulls":11}," "]
[2.16,"Neonatal Ward",{"$nulls":30},0,{"$nulls":11}," "]
[null,"       Supply","each",1,{"v":42850.58,"d":"42,850.58"},{"v":42850.58,"d":"42,850.58"},{"v":0,"d":"0.00"},{"v":0,"d":"0.00"},{"v":0,"d":"0.00"},{"v":0,"d":"0.00"},{"v":0,"d":"0.00"},{"v":0,"d":"0.00"},{"v":0,"d":"0.00"},{"v":0,"d":"0.00"},{"v":0,"d":"0.00"},{"v":0,"d":"0.00"},{"v":0,"d":"0.00"},{"v":0,"d":"0.00"},{"v":0,"d":"0.00"},{"v":0,"d":"0.00"},{"$nulls":3},{"v":0,"d":"0.00"},{"v":0,"d":"0.00"},{"v":0,"d":"0.00"},{"$f":"G158*E158","v":0},{"$f":"H158*E158","v":0},{"$f":"I158*E158","v":0},{"$f":"J158*E158","v":0},{"$f":"K158*E158","v":0},{"$f":"L158*E158","v":0},0,{"$f":"N158*E158","v":0},{"$f":"O158*E158","v":0},{"$f":"P158*E158","v":0},{"$f":"Q158*E158","v":0},{"$f":"R158*E158","v":0},{"$f":"S158*E158","v":0},{"$f":"T158*E158","v":0},{"$f":"W158*E158","v":0},{"$f":"X158*E158","v":0},{"$f":"Y158*E158","v":0},0,{"$f":"+E158*Z158","v":{"v":0,"d":"0.00"}}]
[null,"       Install","each",1,{"v":4286,"d":"4,286.00"},{"v":4286,"d":"4,286.00"},{"v":0,"d":"0.00"},{"v":0,"d":"0.00"},{"v":0,"d":"0.00"},{"v":0,"d":"0.00"},{"v":0,"d":"0.00"},{"v":0,"d":"0.00"},{"v":0,"d":"0.00"},{"v":0,"d":"0.00"},{"v":0,"d":"0.00"},{"v":0,"d":"0.00"},{"v":0,"d":"0.00"},{"v":0,"d":"0.00"},{"v":0,"d":"0.00"},{"v":0,"d":"0.00"},{"$nulls":3},{"v":0,"d":"0.00"},{"v":0,"d":"0.00"},{"v":0,"d":"0.00"},{"$f":"G159*E159","v":0},{"$f":"H159*E159","v":0},{"$f":"I159*E159","v":0},{"$f":"J159*E159","v":0},{"$f":"K159*E159","v":0},{"$f":"L159*E159","v":0},0,{"$f":"N159*E159","v":0},{"$f":"O159*E159","v":0},{"$f":"P159*E159","v":0},{"$f":"Q159*E159","v":0},{"$f":"R159*E159","v":0},{"$f":"S159*E159","v":0},{"$f":"T159*E159","v":0},{"$f":"W159*E159","v":0},{"$f":"X159*E159","v":0},{"$f":"Y159*E159","v":0},0,{"$f":"+E159*Z159","v":{"v":0,"d":"0.00"}}]
[{"$nulls":32},0,{"$nulls":11}," "]
[2.17,"Main Dist Board  5 CSSD ",{"$nulls":30},0,{"$nulls":11}," "]
[null,"       Supply","each",1,{"v":86988.3,"d":"86,988.30"},{"v":86988.3,"d":"86,988.30"},{"v":0,"d":"0.00"},{"v":0,"d":"0.00"},{"v":0,"d":"0.00"},{"v":0,"d":"0.00"},{"v":0,"d":"0.00"},{"v":0,"d":"0.00"},{"v":0,"d":"0.00"},{"v":0,"d":"0.00"},{"v":0,"d":"0.00"},{"v":1,"d":"1.00"},{"v":0,"d":"0.00"},{"v":0,"d":"0.00"},{"v":0,"d":"0.00"},{"v":0,"d":"0.00"},{"$nulls":3},{"v":0,"d":"0.00"},{"v":0,"d":"0.00"},{"v":1,"d":"1.00"},{"$f":"G162*E162","v":0},{"$f":"H162*E162","v":0},{"$f":"I162*E162","v":0},{"$f":"J162*E162","v":0},{"$f":"K162*E162","v":0},{"$f":"L162*E162","v":0},0,{"$f":"N162*E162","v":0},{"$f":"O162*E162","v":0},{"$f":"P162*E162","v":{"v":86988.3,"d":"86,988"}},{"$f":"Q162*E162","v":0},{"$f":"R162*E162","v":0},{"$f":"S162*E162","v":0},{"$f":"T162*E162","v":0},{"$f":"W162*E162","v":0},{"$f":"X162*E162","v":0},{"$f":"Y162*E162","v":0},{"v":86988.3,"d":"86,988"},{"$f":"+E162*Z162","v":{"v":86988.3,"d":"86,988.30"}}]
[null,"       Install","each",1,{"v":6525,"d":"6,525.00"},{"v":6525,"d":"6,525.00"},{"v":0,"d":"0.00"},{"v":0,"d":"0.00"},{"v":0,"d":"0.00"},{"v":0,"d":"0.00"},{"v":0,"d":"0.00"},{"v":0,"d":"0.00"},{"v":0,"d":"0.00"},{"v":0,"d":"0.00"},{"v":0,"d":"0.00"},{"v":0,"d":"0.00"},{"v":0,"d":"0.00"},{"v":0,"d":"0.00"},{"v":0,"d":"0.00"},{"v":0,"d":"0.00"},{"$nulls":3},{"v":0,"d":"0.00"},{"v":1,"d":"1.00"},{"v":1,"d":"1.00"},{"$f":"G163*E163","v":0},{"$f":"H163*E163","v":0},{"$f":"I163*E163","v":0},{"$f":"J163*E163","v":0},{"$f":"K163*E163","v":0},{"$f":"L163*E163","v":0},0,{"$f":"N163*E163","v":0},{"$f":"O163*E163","v":0},{"$f":"P163*E163","v":0},{"$f":"Q163*E163","v":0},{"$f":"R163*E163","v":0},{"$f":"S163*E163","v":0},{"$f":"T163*E163","v":0},{"$f":"W163*E163","v":0},{"$f":"X163*E163","v":0},{"$f":"Y163*E163","v":{"v":6525,"d":"6,525"}},{"v":6525,"d":"6,525"},{"$f":"+E163*Z163","v":{"v":6525,"d":"6,525.00"}}]
[{"$nulls":32},0,{"$nulls":11}," "]
[2.18,"Post Natal Wards",{"$nulls":30},0,{"$nulls":11}," "]
[null,"       Supply","each",1,{"v":25531.91,"d":"25,531.91"},{"v":25531.91,"d":"25,531.91"},{"v":0,"d":"0.00"},{"v":0,"d":"0.00"},{"v":0,"d":"0.00"},{"v":0,"d":"0.00"},{"v":0,"d":"0.00"},{"v":0,"d":"0.00"},{"v":0,"d":"0.00"},{"v":0,"d":"0.00"},{"v":0,"d":"0.00"},{"v":0,"d":"0.00"},{"v":0,"d":"0.00"},{"v":0,"d":"0.00"},{"v":0,"d":"0.00"},{"v":0,"d":"0.00"},{"$nulls":3},{"v":0,"d":"0.00"},{"v":0,"d":"0.00"},{"v":0,"d":"0.00"},{"$f":"G166*E166","v":0},{"$f":"H166*E166","v":0},{"$f":"I166*E166","v":0},{"$f":"J166*E166","v":0},{"$f":"K166*E166","v":0},{"$f":"L166*E166","v":0},0,{"$f":"N166*E166","v":0},{"$f":"O166*E166","v":0},{"$f":"P166*E166","v":0},{"$f":"Q166*E166","v":0},{"$f":"R166*E166","v":0},{"$f":"S166*E166","v":0},{"$f":"T166*E166","v":0},{"$f":"W166*E166","v":0},{"$f":"X166*E166","v":0},{"$f":"Y166*E166","v":0},0,{"$f":"+E166*Z166","v":{"v":0,"d":"0.00"}}]
[null,"       Install","each",1,{"v":2554,"d":"2,554.00"},{"v":2554,"d":"2,554.00"},{"v":0,"d":"0.00"},{"v":0,"d":"0.00"},{"v":0,"d":"0.00"},{"v":0,"d":"0.00"},{"v":0,"d":"0.00"},{"v":0,"d":"0.00"},{"v":0,"d":"0.00"},{"v":0,"d":"0.00"},{"v":0,"d":"0.00"},{"v":0,"d":"0.00"},{"v":0,"d":"0.00"},{"v":0,"d":"0.00"},{"v":0,"d":"0.00"},{"v":0,"d":"0.00"},{"$nulls":3},{"v":0,"d":"0.00"},{"v":0,"d":"0.00"},{"v":0,"d":"0.00"},{"$f":"G167*E167","v":0},{"$f":"H167*E167","v":0},{"$f":"I167*E167","v":0},{"$f":"J167*E167","v":0},{"$f":"K167*E167","v":0},{"$f":"L167*E167","v":0},0,{"$f":"N167*E167","v":0},{"$f":"O167*E167","v":0},{"$f":"P167*E167","v":0},{"$f":"Q167*E167","v":0},{"$f":"R167*E167","v":0},{"$f":"S167*E167","v":0},{"$f":"T167*E167","v":0},{"$f":"W167*E167","v":0},{"$f":"X167*E167","v":0},{"$f":"Y167*E167","v":0},0,{"$f":"+E167*Z167","v":{"v":0,"d":"0.00"}}]
[{"$nulls":32},0,{"$nulls":11}," "]
[2.19,"Post Caesarian Ward",{"$nulls":30},0,{"$nulls":11}," "]
[null,"       Supply","each",1,{"v":22622.41,"d":"22,622.41"},{"v":22622.41,"d":"22,622.41"},{"v":0,"d":"0.00"},{"v":0,"d":"0.00"},{"v":0,"d":"0.00"},{"v":0,"d":"0.00"},{"v":0,"d":"0.00"},{"v":0,"d":"0.00"},{"v":0,"d":"0.00"},{"v":0,"d":"0.00"},{"v":0,"d":"0.00"},{"v":0,"d":"0.00"},{"v":0,"d":"0.00"},{"v":0,"d":"0.00"},{"v":0,"d":"0.00"},{"v":0,"d":"0.00"},{"$nulls":3},{"v":0,"d":"0.00"},{"v":0,"d":"0.00"},{"v":0,"d":"0.00"},{"$f":"G170*E170","v":0},{"$f":"H170*E170","v":0},{"$f":"I170*E170","v":0},{"$f":"J170*E170","v":0},{"$f":"K170*E170","v":0},{"$f":"L170*E170","v":0},0,{"$f":"N170*E170","v":0},{"$f":"O170*E170","v":0},{"$f":"P170*E170","v":0},{"$f":"Q170*E170","v":0},{"$f":"R170*E170","v":0},{"$f":"S170*E170","v":0},{"$f":"T170*E170","v":0},{"$f":"W170*E170","v":0},{"$f":"X170*E170","v":0},{"$f":"Y170*E170","v":0},0,{"$f":"+E170*Z170","v":{"v":0,"d":"0.00"}}]
[null,"       Install","each",1,{"v":2263,"d":"2,263.00"},{"v":2263,"d":"2,263.00"},{"v":0,"d":"0.00"},{"v":0,"d":"0.00"},{"v":0,"d":"0.00"},{"v":0,"d":"0.00"},{"v":0,"d":"0.00"},{"v":0,"d":"0.00"},{"v":0,"d":"0.00"},{"v":0,"d":"0.00"},{"v":1,"d":"1.00"},{"v":0,"d":"0.00"},{"v":0,"d":"0.00"},{"v":0,"d":"0.00"},{"v":0,"d":"0.00"},{"v":0,"d":"0.00"},{"$nulls":3},{"v":0,"d":"0.00"},{"v":0,"d":"0.00"},{"v":1,"d":"1.00"},{"$f":"G171*E171","v":0},{"$f":"H171*E171","v":0},{"$f":"I171*E171","v":0},{"$f":"J171*E171","v":0},{"$f":"K171*E171","v":0},{"$f":"L171*E171","v":0},0,{"$f":"N171*E171","v":0},{"$f":"O171*E171","v":{"v":2263,"d":"2,263"}},{"$f":"P171*E171","v":0},{"$f":"Q171*E171","v":0},{"$f":"R171*E171","v":0},{"$f":"S171*E171","v":0},{"$f":"T171*E171","v":0},{"$f":"W171*E171","v":0},{"$f":"X171*E171","v":0},{"$f":"Y171*E171","v":0},{"v":2263,"d":"2,263"},{"$f":"+E171*Z171","v":{"v":2263,"d":"2,263.00"}}]
[{"$nulls":32},0,{"$nulls":11}," "]
[{"v":2.2,"d":"2.20"}," Main Dist Board 2 Peadiatric OPD",{"$nulls":30},0,{"$nulls":11}," "]
[null,"       Supply","each",1,{"v":85455.24,"d":"85,455.24"},{"v":85455.24,"d":"85,455.24"},{"v":0,"d":"0.00"},{"v":0,"d":"0.00"},{"v":0,"d":"0.00"},{"v":0,"d":"0.00"},{"v":0,"d":"0.00"},{"v":0,"d":"0.00"},{"v":0,"d":"0.00"},{"v":0,"d":"0.00"},{"v":0,"d":"0.00"},{"v":1,"d":"1.00"},{"v":0,"d":"0.00"},{"v":0,"d":"0.00"},{"v":0,"d":"0.00"},{"v":0,"d":"0.00"},{"$nulls":3},{"v":0,"d":"0.00"},{"v":0,"d":"0.00"},{"v":1,"d":"1.00"},{"$f":"G174*E174","v":0},{"$f":"H174*E174","v":0},{"$f":"I174*E174","v":0},{"$f":"J174*E174","v":0},{"$f":"K174*E174","v":0},{"$f":"L174*E174","v":0},0,{"$f":"N174*E174","v":0},{"$f":"O174*E174","v":0},{"$f":"P174*E174","v":{"v":85455.24,"d":"85,455"}},{"$f":"Q174*E174","v":0},{"$f":"R174*E174","v":0},{"$f":"S174*E174","v":0},{"$f":"T174*E174","v":0},{"$f":"W174*E174","v":0},{"$f":"X174*E174","v":0},{"$f":"Y174*E174","v":0},{"v":85455.24,"d":"85,455"},{"$f":"+E174*Z174","v":{"v":85455.24,"d":"85,455.24"}}]
[null,"       Install","each",1,{"v":6410,"d":"6,410.00"},{"v":6410,"d":"6,410.00"},{"v":0,"d":"0.00"},{"v":0,"d":"0.00"},{"v":0,"d":"0.00"},{"v":0,"d":"0.00"},{"v":0,"d":"0.00"},{"v":0,"d":"0.00"},{"v":0,"d":"0.00"},{"v":0,"d":"0.00"},{"v":0,"d":"0.00"},{"v":0,"d":"0.00"},{"v":0,"d":"0.00"},{"v":0,"d":"0.00"},{"v":0,"d":"0.00"},{"v":0,"d":"0.00"},{"$nulls":3},{"v":0,"d":"0.00"},{"v":1,"d":"1.00"},{"v":1,"d":"1.00"},{"$f":"G175*E175","v":0},{"$f":"H175*E175","v":0},{"$f":"I175*E175","v":0},{"$f":"J175*E175","v":0},{"$f":"K175*E175","v":0},{"$f":"L175*E175","v":0},0,{"$f":"N175*E175","v":0},{"$f":"O175*E175","v":0},{"$f":"P175*E175","v":0},{"$f":"Q175*E175","v":0},{"$f":"R175*E175","v":0},{"$f":"S175*E175","v":0},{"$f":"T175*E175","v":0},{"$f":"W175*E175","v":0},{"$f":"X175*E175","v":0},{"$f":"Y175*E175","v":{"v":6410,"d":"6,410"}},{"v":6410,"d":"6,410"},{"$f":"+E175*Z175","v":{"v":6410,"d":"6,410.00"}}]
[{"$nulls":32},0,{"$nulls":11}," "]
[2.21,"Laboratory",{"$nulls":30},0,{"$nulls":11}," "]
[null,"       Supply","each",1,{"v":15044.66,"d":"15,044.66"},{"v":15044.66,"d":"15,044.66"},{"v":0,"d":"0.00"},{"v":0,"d":"0.00"},{"v":0,"d":"0.00"},{"v":0,"d":"0.00"},{"v":0,"d":"0.00"},{"v":0,"d":"0.00"},{"v":0,"d":"0.00"},{"v":0,"d":"0.00"},{"v":0,"d":"0.00"},{"v":0,"d":"0.00"},{"v":0,"d":"0.00"},{"v":0,"d":"0.00"},{"v":0,"d":"0.00"},{"v":0,"d":"0.00"},{"$nulls":3},{"v":0,"d":"0.00"},{"v":1,"d":"1.00"},{"v":1,"d":"1.00"},{"$f":"G178*E178","v":0},{"$f":"H178*E178","v":0},{"$f":"I178*E178","v":0},{"$f":"J178*E178","v":0},{"$f":"K178*E178","v":0},{"$f":"L178*E178","v":0},0,{"$f":"N178*E178","v":0},{"$f":"O178*E178","v":0},{"$f":"P178*E178","v":0},{"$f":"Q178*E178","v":0},{"$f":"R178*E178","v":0},{"$f":"S178*E178","v":0},{"$f":"T178*E178","v":0},{"$f":"W178*E178","v":0},{"$f":"X178*E178","v":0},{"$f":"Y178*E178","v":{"v":15044.66,"d":"15,045"}},{"v":15044.66,"d":"15,045"},{"$f":"+E178*Z178","v":{"v":15044.66,"d":"15,044.66"}}]
[null,"       Install","each",1,{"v":1505,"d":"1,505.00"},{"v":1505,"d":"1,505.00"},{"v":0,"d":"0.00"},{"v":0,"d":"0.00"},{"v":0,"d":"0.00"},{"v":0,"d":"0.00"},{"v":0,"d":"0.00"},{"v":0,"d":"0.00"},{"v":0,"d":"0.00"},{"v":0,"d":"0.00"},{"v":0,"d":"0.00"},{"v":0,"d":"0.00"},{"v":0,"d":"0.00"},{"v":0,"d":"0.00"},{"v":0,"d":"0.00"},{"v":0,"d":"0.00"},{"$nulls":3},{"v":0,"d":"0.00"},{"v":0,"d":"0.00"},{"v":0,"d":"0.00"},{"$f":"G179*E179","v":0},{"$f":"H179*E179","v":0},{"$f":"I179*E179","v":0},{"$f":"J179*E179","v":0},{"$f":"K179*E179","v":0},{"$f":"L179*E179","v":0},0,{"$f":"N179*E179","v":0},{"$f":"O179*E179","v":0},{"$f":"P179*E179","v":0},{"$f":"Q179*E179","v":0},{"$f":"R179*E179","v":0},{"$f":"S179*E179","v":0},{"$f":"T179*E179","v":0},{"$f":"W179*E179","v":0},{"$f":"X179*E179","v":0},{"$f":"Y179*E179","v":0},0,{"$f":"+E179*Z179","v":{"v":0,"d":"0.00"}}]
[{"$nulls":32},0,{"$nulls":11}," "]
[2.22,"Pharmacy",{"$nulls":30},0,{"$nulls":11}," "]
[null,"       Supply","each",1,{"v":18937.44,"d":"18,937.44"},{"v":18937.44,"d":"18,937.44"},{"v":0,"d":"0.00"},{"v":0,"d":"0.00"},{"v":0,"d":"0.00"},{"v":0,"d":"0.00"},{"v":0,"d":"0.00"},{"v":0,"d":"0.00"},{"v":0,"d":"0.00"},{"v":0,"d":"0.00"},{"v":0,"d":"0.00"},{"v":0,"d":"0.00"},{"v":0,"d":"0.00"},{"v":0,"d":"0.00"},{"v":0,"d":"0.00"},{"v":0,"d":"0.00"},{"$nulls":3},{"v":0,"d":"0.00"},{"v":1,"d":"1.00"},{"v":1,"d":"1.00"},{"$f":"G182*E182","v":0},{"$f":"H182*E182","v":0},{"$f":"I182*E182","v":0},{"$f":"J182*E182","v":0},{"$f":"K182*E182","v":0},{"$f":"L182*E182","v":0},{"$f":"+M182*E182","v":0},{"$f":"N182*E182","v":0},{"$f":"O182*E182","v":0},{"$f":"P182*E182","v":0},{"$f":"Q182*E182","v":0},{"$f":"R182*E182","v":0},{"$f":"S182*E182","v":0},{"$f":"T182*E182","v":0},{"$f":"W182*E182","v":0},{"$f":"X182*E182","v":0},{"$f":"Y182*E182","v":{"v":18937.44,"d":"18,937"}},{"v":18937.44,"d":"18,937"},{"$f":"+E182*Z182","v":{"v":18937.44,"d":"18,937.44"}}]
[null,"       Install","each",1,{"v":1894,"d":"1,894.00"},{"v":1894,"d":"1,894.00"},{"v":0,"d":"0.00"},{"v":0,"d":"0.00"},{"v":0,"d":"0.00"},{"v":0,"d":"0.00"},{"v":0,"d":"0.00"},{"v":0,"d":"0.00"},{"v":0,"d":"0.00"},{"v":0,"d":"0.00"},{"v":0,"d":"0.00"},{"v":0,"d":"0.00"},{"v":0,"d":"0.00"},{"v":0,"d":"0.00"},{"v":0,"d":"0.00"},{"v":0,"d":"0.00"},{"$nulls":3},{"v":0,"d":"0.00"},{"v":1,"d":"1.00"},{"v":1,"d":"1.00"},{"$f":"G183*E183","v":0},{"$f":"H183*E183","v":0},{"$f":"I183*E183","v":0},{"$f":"J183*E183","v":0},{"$f":"K183*E183","v":0},{"$f":"L183*E183","v":0},0,{"$f":"N183*E183","v":0},{"$f":"O183*E183","v":0},{"$f":"P183*E183","v":0},{"$f":"Q183*E183","v":0},{"$f":"R183*E183","v":0},{"$f":"S183*E183","v":0},{"$f":"T183*E183","v":0},{"$f":"W183*E183","v":0},{"$f":"X183*E183","v":0},{"$f":"Y183*E183","v":{"v":1894,"d":"1,894"}},{"v":1894,"d":"1,894"},{"$f":"+E183*Z183","v":{"v":1894,"d":"1,894.00"}}]
[{"$nulls":32},0,{"$nulls":11}," "]
[2.23,"Ent, Opthalmology and Dental OPD",{"$nulls":30},0,{"$nulls":11}," "]
[null,"       Supply","each",1,{"v":17672.39,"d":"17,672.39"},{"v":17672.39,"d":"17,672.39"},{"v":0,"d":"0.00"},{"v":0,"d":"0.00"},{"v":0,"d":"0.00"},{"v":0,"d":"0.00"},{"v":0,"d":"0.00"},{"v":0,"d":"0.00"},{"v":0,"d":"0.00"},{"v":0,"d":"0.00"},{"v":0,"d":"0.00"},{"v":0,"d":"0.00"},{"v":0,"d":"0.00"},{"v":0,"d":"0.00"},{"v":0,"d":"0.00"},{"v":0,"d":"0.00"},{"$nulls":3},{"v":0,"d":"0.00"},{"v":0,"d":"0.00"},{"v":0,"d":"0.00"},{"$f":"G186*E186","v":0},{"$f":"H186*E186","v":0},{"$f":"I186*E186","v":0},{"$f":"J186*E186","v":0},{"$f":"K186*E186","v":0},{"$f":"L186*E186","v":0},0,{"$f":"N186*E186","v":0},{"$f":"O186*E186","v":0},{"$f":"P186*E186","v":0},{"$f":"Q186*E186","v":0},{"$f":"R186*E186","v":0},{"$f":"S186*E186","v":0},{"$f":"T186*E186","v":0},{"$f":"W186*E186","v":0},{"$f":"X186*E186","v":0},{"$f":"Y186*E186","v":0},0,{"$f":"+E186*Z186","v":{"v":0,"d":"0.00"}}]
[null,"       Install","each",1,{"v":1768,"d":"1,768.00"},{"v":1768,"d":"1,768.00"},{"v":0,"d":"0.00"},{"v":0,"d":"0.00"},{"v":0,"d":"0.00"},{"v":0,"d":"0.00"},{"v":0,"d":"0.00"},{"v":0,"d":"0.00"},{"v":0,"d":"0.00"},{"v":0,"d":"0.00"},{"v":0,"d":"0.00"},{"v":0,"d":"0.00"},{"v":0,"d":"0.00"},{"v":0,"d":"0.00"},{"v":0,"d":"0.00"},{"v":0,"d":"0.00"},{"$nulls":3},{"v":0,"d":"0.00"},{"v":0,"d":"0.00"},{"v":0,"d":"0.00"},{"$f":"G187*E187","v":0},{"$f":"H187*E187","v":0},{"$f":"I187*E187","v":0},{"$f":"J187*E187","v":0},{"$f":"K187*E187","v":0},{"$f":"L187*E187","v":0},0,{"$f":"N187*E187","v":0},{"$f":"O187*E187","v":0},{"$f":"P187*E187","v":0},{"$f":"Q187*E187","v":0},{"$f":"R187*E187","v":0},{"$f":"S187*E187","v":0},{"$f":"T187*E187","v":0},{"$f":"W187*E187","v":0},{"$f":"X187*E187","v":0},{"$f":"Y187*E187","v":0},0,{"$f":"+E187*Z187","v":{"v":0,"d":"0.00"}}]
[{"$nulls":32},0,{"$nulls":11}," "]
[2.24,"Main Dist Board 3 OPD",{"$nulls":30},0,{"$nulls":11}," "]
[null,"       Supply","each",1,{"v":64169.02,"d":"64,169.02"},{"v":64169.02,"d":"64,169.02"},{"v":0,"d":"0.00"},{"v":0,"d":"0.00"},{"v":0,"d":"0.00"},{"v":0,"d":"0.00"},{"v":0,"d":"0.00"},{"v":0,"d":"0.00"},{"v":0,"d":"0.00"},{"v":0,"d":"0.00"},{"v":0,"d":"0.00"},{"v":0,"d":"0.00"},{"v":0,"d":"0.00"},{"v":0,"d":"0.00"},{"v":0,"d":"0.00"},{"v":0,"d":"0.00"},{"$nulls":3},{"v":0,"d":"0.00"},{"v":1,"d":"1.00"},{"v":1,"d":"1.00"},{"$f":"G190*E190","v":0},{"$f":"H190*E190","v":0},{"$f":"I190*E190","v":0},{"$f":"J190*E190","v":0},{"$f":"K190*E190","v":0},{"$f":"L190*E190","v":0},0,{"$f":"N190*E190","v":0},{"$f":"O190*E190","v":0},{"$f":"P190*E190","v":0},{"$f":"Q190*E190","v":0},{"$f":"R190*E190","v":0},{"$f":"S190*E190","v":0},{"$f":"T190*E190","v":0},{"$f":"W190*E190","v":0},{"$f":"X190*E190","v":0},{"$f":"Y190*E190","v":{"v":64169.02,"d":"64,169"}},{"v":64169.02,"d":"64,169"},{"$f":"+E190*Z190","v":{"v":64169.02,"d":"64,169.02"}}]
[null,"       Install","each",1,{"v":6417,"d":"6,417.00"},{"v":6417,"d":"6,417.00"},{"v":0,"d":"0.00"},{"v":0,"d":"0.00"},{"v":0,"d":"0.00"},{"v":0,"d":"0.00"},{"v":0,"d":"0.00"},{"v":0,"d":"0.00"},{"v":0,"d":"0.00"},{"v":0,"d":"0.00"},{"v":0,"d":"0.00"},{"v":0,"d":"0.00"},{"v":0,"d":"0.00"},{"v":0,"d":"0.00"},{"v":0,"d":"0.00"},{"v":0,"d":"0.00"},{"$nulls":3},{"v":0,"d":"0.00"},{"v":1,"d":"1.00"},{"v":1,"d":"1.00"},{"$f":"G191*E191","v":0},{"$f":"H191*E191","v":0},{"$f":"I191*E191","v":0},{"$f":"J191*E191","v":0},{"$f":"K191*E191","v":0},{"$f":"L191*E191","v":0},0,{"$f":"N191*E191","v":0},{"$f":"O191*E191","v":0},{"$f":"P191*E191","v":0},{"$f":"Q191*E191","v":0},{"$f":"R191*E191","v":0},{"$f":"S191*E191","v":0},{"$f":"T191*E191","v":0},{"$f":"W191*E191","v":0},{"$f":"X191*E191","v":0},{"$f":"Y191*E191","v":{"v":6417,"d":"6,417"}},{"v":6417,"d":"6,417"},{"$f":"+E191*Z191","v":{"v":6417,"d":"6,417.00"}}]
[{"$nulls":32},0,{"$nulls":11}," "]
[2.25,"Radiology",{"$nulls":30},0,{"$nulls":11}," "]
[null,"       Supply","each",1,{"v":38396.48,"d":"38,396.48"},{"v":38396.48,"d":"38,396.48"},{"v":0,"d":"0.00"},{"v":0,"d":"0.00"},{"v":0,"d":"0.00"},{"v":0,"d":"0.00"},{"v":0,"d":"0.00"},{"v":0,"d":"0.00"},{"v":0,"d":"0.00"},{"v":0,"d":"0.00"},{"v":0,"d":"0.00"},{"v":0,"d":"0.00"},{"v":0,"d":"0.00"},{"v":0,"d":"0.00"},{"v":0,"d":"0.00"},{"v":0,"d":"0.00"},{"$nulls":3},{"v":0,"d":"0.00"},{"v":0,"d":"0.00"},{"v":0,"d":"0.00"},{"$f":"G194*E194","v":0},{"$f":"H194*E194","v":0},{"$f":"I194*E194","v":0},{"$f":"J194*E194","v":0},{"$f":"K194*E194","v":0},{"$f":"L194*E194","v":0},0,{"$f":"N194*E194","v":0},{"$f":"O194*E194","v":0},{"$f":"P194*E194","v":0},{"$f":"Q194*E194","v":0},{"$f":"R194*E194","v":0},{"$f":"S194*E194","v":0},{"$f":"T194*E194","v":0},{"$f":"W194*E194","v":0},{"$f":"X194*E194","v":0},{"$f":"Y194*E194","v":0},0,{"$f":"+E194*Z194","v":{"v":0,"d":"0.00"}}]
[null,"       Install","each",1,{"v":3840,"d":"3,840.00"},{"v":3840,"d":"3,840.00"},{"v":0,"d":"0.00"},{"v":0,"d":"0.00"},{"v":0,"d":"0.00"},{"v":0,"d":"0.00"},{"v":0,"d":"0.00"},{"v":0,"d":"0.00"},{"v":0,"d":"0.00"},{"v":0,"d":"0.00"},{"v":0,"d":"0.00"},{"v":0,"d":"0.00"},{"v":0,"d":"0.00"},{"v":0,"d":"0.00"},{"v":0,"d":"0.00"},{"v":0,"d":"0.00"},{"$nulls":3},{"v":0,"d":"0.00"},{"v":1,"d":"1.00"},{"v":1,"d":"1.00"},{"$f":"G195*E195","v":0},{"$f":"H195*E195","v":0},{"$f":"I195*E195","v":0},{"$f":"J195*E195","v":0},{"$f":"K195*E195","v":0},{"$f":"L195*E195","v":0},0,{"$f":"N195*E195","v":0},{"$f":"O195*E195","v":0},{"$f":"P195*E195","v":0},{"$f":"Q195*E195","v":0},{"$f":"R195*E195","v":0},{"$f":"S195*E195","v":0},{"$f":"T195*E195","v":0},{"$f":"W195*E195","v":0},{"$f":"X195*E195","v":0},{"$f":"Y195*E195","v":{"v":3840,"d":"3,840"}},{"v":3840,"d":"3,840"},{"$f":"+E195*Z195","v":{"v":3840,"d":"3,840.00"}}]
[{"$nulls":32},0,{"$nulls":11}," "]
[2.26,"Main Dist Board 1  Admissions",{"$nulls":30},0,{"$nulls":11}," "]
[null,"       Supply","each",1,{"v":62978.27,"d":"62,978.27"},{"v":62978.27,"d":"62,978.27"},{"v":0,"d":"0.00"},{"v":0,"d":"0.00"},{"v":0,"d":"0.00"},{"v":0,"d":"0.00"},{"v":0,"d":"0.00"},{"v":0,"d":"0.00"},{"v":0,"d":"0.00"},{"v":0,"d":"0.00"},{"v":0,"d":"0.00"},{"v":0,"d":"0.00"},{"v":0,"d":"0.00"},{"v":0,"d":"0.00"},{"v":0,"d":"0.00"},{"v":0,"d":"0.00"},{"$nulls":3},{"v":0,"d":"0.00"},{"v":0,"d":"0.00"},{"v":0,"d":"0.00"},{"$f":"G198*E198","v":0},{"$f":"H198*E198","v":0},{"$f":"I198*E198","v":0},{"$f":"J198*E198","v":0},{"$f":"K198*E198","v":0},{"$f":"L198*E198","v":0},0,{"$f":"N198*E198","v":0},{"$f":"O198*E198","v":0},{"$f":"P198*E198","v":0},{"$f":"Q198*E198","v":0},{"$f":"R198*E198","v":0},{"$f":"S198*E198","v":0},{"$f":"T198*E198","v":0},{"$f":"W198*E198","v":0},{"$f":"X198*E198","v":0},{"$f":"Y198*E198","v":0},0,{"$f":"+E198*Z198","v":{"v":0,"d":"0.00"}}]
[null,"       Install","each",1,{"v":6298,"d":"6,298.00"},{"v":6298,"d":"6,298.00"},{"v":0,"d":"0.00"},{"v":0,"d":"0.00"},{"v":0,"d":"0.00"},{"v":0,"d":"0.00"},{"v":0,"d":"0.00"},{"v":1,"d":"1.00"},{"v":0,"d":"0.00"},{"v":0,"d":"0.00"},{"v":0,"d":"0.00"},{"v":0,"d":"0.00"},{"v":0,"d":"0.00"},{"v":0,"d":"0.00"},{"v":0,"d":"0.00"},{"v":0,"d":"0.00"},{"$nulls":3},{"v":0,"d":"0.00"},{"v":0,"d":"0.00"},{"v":1,"d":"1.00"},{"$f":"G199*E199","v":0},{"$f":"H199*E199","v":0},{"$f":"I199*E199","v":0},{"$f":"J199*E199","v":0},{"$f":"K199*E199","v":0},{"$f":"L199*E199","v":{"v":6298,"d":"6,298"}},0,{"$f":"N199*E199","v":0},{"$f":"O199*E199","v":0},{"$f":"P199*E199","v":0},{"$f":"Q199*E199","v":0},{"$f":"R199*E199","v":0},{"$f":"S199*E199","v":0},{"$f":"T199*E199","v":0},{"$f":"W199*E199","v":0},{"$f":"X199*E199","v":0},{"$f":"Y199*E199","v":0},{"v":6298,"d":"6,298"},{"$f":"+E199*Z199","v":{"v":6298,"d":"6,298.00"}}]
[]
[null,"Amount Carried Forward",{"$nulls":3},{"$f":"SUM(F146:F199)","v":{"v":1028956.2100000002,"d":"1,028,956.21"}},{"$nulls":38},{"$f":"SUM(AS146:AS199)","v":{"v":753749.5700000001,"d":"753,749.57"}}]
[]
["MAIN HOSPITAL ELECTRICAL INSTALLATION"]
["CECILIA MAKIWANE HOSPITAL : PHASE 4C"]
[]
["BILL NO. 2 : DISTRIBUTION BOARDS"]
["ITEM","DESCRIPTION","UNIT","QTY","RATE","TENDER AMOUNT","A-LV05","B-LV04","D-LV03","E1-LV03","E2","F1","F2","G1","G2","H1","H2","J1","J2","J3",null,"G/House",null,"N","Other","Total Qty","A","B","D","E1","E2","F1","F2","G1","G2","H1","H2","J1","J2","J3","K","N","Other","Total Amount","Total Claimed"]
[null,"AMOUNT CARRIED FORWARD FROM PREVIOUS BILL",{"$nulls":3},{"$f":"F201","v":{"v":1028956.2100000002,"d":"1,028,956.21"}},{"$nulls":38},{"$f":"AS201","v":{"v":753749.5700000001,"d":"753,749.57"}}]
[]
[2.27,"Cafeteria"]
[null,"       Supply","each",1,{"v":18612.34,"d":"18,612.34"},{"$f":"$D211*E211","v":{"v":18612.34,"d":"18,612.34"}},{"v":0,"d":"0.00"},{"v":0,"d":"0.00"},{"v":0,"d":"0.00"},{"v":0,"d":"0.00"},{"v":0,"d":"0.00"},{"v":0,"d":"0.00"},{"v":0,"d":"0.00"},{"v":0,"d":"0.00"},{"v":0,"d":"0.00"},{"v":0,"d":"0.00"},{"v":0,"d":"0.00"},{"v":0,"d":"0.00"},{"v":0,"d":"0.00"},{"v":0,"d":"0.00"},{"$nulls":3},{"v":0,"d":"0.00"},{"v":0,"d":"0.00"},{"$f":"SUM(G211:Y211)","v":{"v":0,"d":"0.00"}},{"$f":"G211*E211","v":0},{"$f":"H211*E211","v":0},{"$f":"I211*E211","v":0},{"$f":"J211*E211","v":0},{"$f":"K211*E211","v":0},{"$f":"L211*E211","v":0},{"$f":"+M211*E211","v":0},{"$f":"N211*E211","v":0},{"$f":"O211*E211","v":0},{"$f":"P211*E211","v":0},{"$f":"Q211*E211","v":0},{"$f":"R211*E211","v":0},{"$f":"S211*E211","v":0},{"$f":"T211*E211","v":0},{"$f":"W211*E211","v":0},{"$f":"X211*E211","v":0},{"$f":"Y211*E211","v":0},{"$f":"SUM(AA211:AQ211)","v":0},{"$f":"+E211*Z211","v":{"v":0,"d":"0.00"}}]
[null,"       Install","each",1,{"v":1862,"d":"1,862.00"},{"$f":"$D212*E212","v":{"v":1862,"d":"1,862.00"}},{"v":0,"d":"0.00"},{"v":0,"d":"0.00"},{"v":0,"d":"0.00"},{"v":2,"d":"2.00"},{"v":0,"d":"0.00"},{"v":0,"d":"0.00"},{"v":0,"d":"0.00"},{"v":0,"d":"0.00"},{"v":0,"d":"0.00"},{"v":0,"d":"0.00"},{"v":0,"d":"0.00"},{"v":0,"d":"0.00"},{"v":0,"d":"0.00"},{"v":0,"d":"0.00"},{"$nulls":3},{"v":0,"d":"0.00"},{"v":-1,"d":"-1.00"},{"$f":"SUM(G212:Y212)","v":{"v":1,"d":"1.00"}},{"$f":"G212*E212","v":0},{"$f":"H212*E212","v":0},{"$f":"I212*E212","v":0},{"$f":"J212*E212","v":{"v":3724,"d":"3,724"}},{"$f":"K212*E212","v":0},{"$f":"L212*E212","v":0},0,{"$f":"N212*E212","v":0},{"$f":"O212*E212","v":0},{"$f":"P212*E212","v":0},{"$f":"Q212*E212","v":0},{"$f":"R212*E212","v":0},{"$f":"S212*E212","v":0},{"$f":"T212*E212","v":0},{"$f":"W212*E212","v":0},{"$f":"X212*E212","v":0},{"$f":"Y212*E212","v":{"v":-1862,"d":"-1,862"}},{"$f":"SUM(AA212:AQ212)","v":{"v":1862,"d":"1,862"}},{"$f":"+E212*Z212","v":{"v":1862,"d":"1,862.00"}}]
[{"$nulls":32},0,{"$nulls":11}," "]
[2.28,"Rehabilatation No1",{"$nulls":30},0,{"$nulls":11}," "]
[null,"       Supply","each",1,{"v":17559.16,"d":"17,559.16"},{"$f":"$D215*E215","v":{"v":17559.16,"d":"17,559.16"}},{"v":0,"d":"0.00"},{"v":0,"d":"0.00"},{"v":2,"d":"2.00"},{"v":0,"d":"0.00"},{"v":0,"d":"0.00"},{"v":0,"d":"0.00"},{"v":0,"d":"0.00"},{"v":0,"d":"0.00"},{"v":0,"d":"0.00"},{"v":0,"d":"0.00"},{"v":0,"d":"0.00"},{"v":0,"d":"0.00"},{"v":0,"d":"0.00"},{"v":0,"d":"0.00"},{"$nulls":3},{"v":0,"d":"0.00"},{"v":-1,"d":"-1.00"},{"v":1,"d":"1.00"},{"$f":"G215*E215","v":0},{"$f":"H215*E215","v":0},{"$f":"I215*E215","v":{"v":35118.32,"d":"35,118"}},{"$f":"J215*E215","v":0},{"$f":"K215*E215","v":0},{"$f":"L215*E215","v":0},0,{"$f":"N215*E215","v":0},{"$f":"O215*E215","v":0},{"$f":"P215*E215","v":0},{"$f":"Q215*E215","v":0},{"$f":"R215*E215","v":0},{"$f":"S215*E215","v":0},{"$f":"T215*E215","v":0},{"$f":"W215*E215","v":0},{"$f":"X215*E215","v":0},{"$f":"Y215*E215","v":{"v":-17559.16,"d":"-17,559"}},{"v":17559.16,"d":"17,559"},{"$f":"+E215*Z215","v":{"v":17559.16,"d":"17,559.16"}}]
[null,"       Install","each",1,{"v":1756,"d":"1,756.00"},{"v":1756,"d":"1,756.00"},{"v":0,"d":"0.00"},{"v":0,"d":"0.00"},{"v":2,"d":"2.00"},{"v":0,"d":"0.00"},{"v":0,"d":"0.00"},{"v":0,"d":"0.00"},{"v":0,"d":"0.00"},{"v":0,"d":"0.00"},{"v":0,"d":"0.00"},{"v":0,"d":"0.00"},{"v":0,"d":"0.00"},{"v":0,"d":"0.00"},{"v":0,"d":"0.00"},{"v":0,"d":"0.00"},{"$nulls":3},{"v":0,"d":"0.00"},{"v":-1,"d":"-1.00"},{"v":1,"d":"1.00"},{"$f":"G216*E216","v":0},{"$f":"H216*E216","v":0},{"$f":"I216*E216","v":{"v":3512,"d":"3,512"}},{"$f":"J216*E216","v":0},{"$f":"K216*E216","v":0},{"$f":"L216*E216","v":0},0,{"$f":"N216*E216","v":0},{"$f":"O216*E216","v":0},{"$f":"P216*E216","v":0},{"$f":"Q216*E216","v":0},{"$f":"R216*E216","v":0},{"$f":"S216*E216","v":0},{"$f":"T216*E216","v":0},{"$f":"W216*E216","v":0},{"$f":"X216*E216","v":0},{"$f":"Y216*E216","v":{"v":-1756,"d":"-1,756"}},{"v":1756,"d":"1,756"},{"$f":"+E216*Z216","v":{"v":1756,"d":"1,756.00"}}]
[{"$nulls":32},0,{"$nulls":11}," "]
[2.29,"Rehabilatation No2",{"$nulls":30},0,{"$nulls":11}," "]
[null,"       Supply","each",1,{"v":17946.75,"d":"17,946.75"},{"v":17946.75,"d":"17,946.75"},{"v":0,"d":"0.00"},{"v":0,"d":"0.00"},{"v":2,"d":"2.00"},{"v":0,"d":"0.00"},{"v":0,"d":"0.00"},{"v":0,"d":"0.00"},{"v":0,"d":"0.00"},{"v":0,"d":"0.00"},{"v":0,"d":"0.00"},{"v":0,"d":"0.00"},{"v":0,"d":"0.00"},{"v":0,"d":"0.00"},{"v":0,"d":"0.00"},{"v":0,"d":"0.00"},{"$nulls":3},{"v":0,"d":"0.00"},{"v":-1,"d":"-1.00"},{"v":1,"d":"1.00"},{"$f":"G219*E219","v":0},{"$f":"H219*E219","v":0},{"$f":"I219*E219","v":{"v":35893.5,"d":"35,894"}},{"$f":"J219*E219","v":0},{"$f":"K219*E219","v":0},{"$f":"L219*E219","v":0},0,{"$f":"N219*E219","v":0},{"$f":"O219*E219","v":0},{"$f":"P219*E219","v":0},{"$f":"Q219*E219","v":0},{"$f":"R219*E219","v":0},{"$f":"S219*E219","v":0},{"$f":"T219*E219","v":0},{"$f":"W219*E219","v":0},{"$f":"X219*E219","v":0},{"$f":"Y219*E219","v":{"v":-17946.75,"d":"-17,947"}},{"v":17946.75,"d":"17,947"},{"$f":"+E219*Z219","v":{"v":17946.75,"d":"17,946.75"}}]
[null,"       Install","each",1,{"v":1795,"d":"1,795.00"},{"v":1795,"d":"1,795.00"},{"v":0,"d":"0.00"},{"v":0,"d":"0.00"},{"v":2,"d":"2.00"},{"v":0,"d":"0.00"},{"v":0,"d":"0.00"},{"v":0,"d":"0.00"},{"v":0,"d":"0.00"},{"v":0,"d":"0.00"},{"v":0,"d":"0.00"},{"v":0,"d":"0.00"},{"v":0,"d":"0.00"},{"v":0,"d":"0.00"},{"v":0,"d":"0.00"},{"v":0,"d":"0.00"},{"$nulls":3},{"v":0,"d":"0.00"},{"v":-1,"d":"-1.00"},{"v":1,"d":"1.00"},{"$f":"G220*E220","v":0},{"$f":"H220*E220","v":0},{"$f":"I220*E220","v":{"v":3590,"d":"3,590"}},{"$f":"J220*E220","v":0},{"$f":"K220*E220","v":0},{"$f":"L220*E220","v":0},0,{"$f":"N220*E220","v":0},{"$f":"O220*E220","v":0},{"$f":"P220*E220","v":0},{"$f":"Q220*E220","v":0},{"$f":"R220*E220","v":0},{"$f":"S220*E220","v":0},{"$f":"T220*E220","v":0},{"$f":"W220*E220","v":0},{"$f":"X220*E220","v":0},{"$f":"Y220*E220","v":{"v":-1795,"d":"-1,795"}},{"v":1795,"d":"1,795"},{"$f":"+E220*Z220","v":{"v":1795,"d":"1,795.00"}}]
[{"$nulls":32},0,{"$nulls":11}," "]
[{"v":2.3,"d":"2.30"},"Accident and Emergency No1",{"$nulls":30},0,{"$nulls":11}," "]
[null,"       Supply","each",1,{"v":32030.88,"d":"32,030.88"},{"v":32030.88,"d":"32,030.88"},{"v":0,"d":"0.00"},{"v":0,"d":"0.00"},{"v":0,"d":"0.00"},{"v":0,"d":"0.00"},{"v":0,"d":"0.00"},{"v":0,"d":"0.00"},{"v":0,"d":"0.00"},{"v":0,"d":"0.00"},{"v":0,"d":"0.00"},{"v":0,"d":"0.00"},{"v":0,"d":"0.00"},{"v":0,"d":"0.00"},{"v":0,"d":"0.00"},{"v":0,"d":"0.00"},{"$nulls":3},{"v":0,"d":"0.00"},{"v":0,"d":"0.00"},{"v":0,"d":"0.00"},{"$f":"G223*E223","v":0},{"$f":"H223*E223","v":0},{"$f":"I223*E223","v":0},{"$f":"J223*E223","v":0},{"$f":"K223*E223","v":0},{"$f":"L223*E223","v":0},0,{"$f":"N223*E223","v":0},{"$f":"O223*E223","v":0},{"$f":"P223*E223","v":0},{"$f":"Q223*E223","v":0},{"$f":"R223*E223","v":0},{"$f":"S223*E223","v":0},{"$f":"T223*E223","v":0},{"$f":"W223*E223","v":0},{"$f":"X223*E223","v":0},{"$f":"Y223*E223","v":0},0,{"$f":"+E223*Z223","v":{"v":0,"d":"0.00"}}]
[null,"       Install","each",1,{"v":3204,"d":"3,204.00"},{"v":3204,"d":"3,204.00"},{"v":0,"d":"0.00"},{"v":0,"d":"0.00"},{"v":0,"d":"0.00"},{"v":0,"d":"0.00"},{"v":0,"d":"0.00"},{"v":0,"d":"0.00"},{"v":0,"d":"0.00"},{"v":0,"d":"0.00"},{"v":0,"d":"0.00"},{"v":0,"d":"0.00"},{"v":0,"d":"0.00"},{"v":0,"d":"0.00"},{"v":0,"d":"0.00"},{"v":0,"d":"0.00"},{"$nulls":3},{"v":0,"d":"0.00"},{"v":0,"d":"0.00"},{"v":0,"d":"0.00"},{"$f":"G224*E224","v":0},{"$f":"H224*E224","v":0},{"$f":"I224*E224","v":0},{"$f":"J224*E224","v":0},{"$f":"K224*E224","v":0},{"$f":"L224*E224","v":0},0,{"$f":"N224*E224","v":0},{"$f":"O224*E224","v":0},{"$f":"P224*E224","v":0},{"$f":"Q224*E224","v":0},{"$f":"R224*E224","v":0},{"$f":"S224*E224","v":0},{"$f":"T224*E224","v":0},{"$f":"W224*E224","v":0},{"$f":"X224*E224","v":0},{"$f":"Y224*E224","v":0},0,{"$f":"+E224*Z224","v":{"v":0,"d":"0.00"}}]
[{"$nulls":32},0,{"$nulls":11}," "]
[2.31,"Accident and Emergency No2",{"$nulls":30},0,{"$nulls":11}," "]
[null,"       Supply","each",1,{"v":47906.01,"d":"47,906.01"},{"v":47906.01,"d":"47,906.01"},{"v":0,"d":"0.00"},{"v":0,"d":"0.00"},{"v":0,"d":"0.00"},{"v":0,"d":"0.00"},{"v":0,"d":"0.00"},{"v":0,"d":"0.00"},{"v":0,"d":"0.00"},{"v":0,"d":"0.00"},{"v":0,"d":"0.00"},{"v":0,"d":"0.00"},{"v":0,"d":"0.00"},{"v":0,"d":"0.00"},{"v":0,"d":"0.00"},{"v":0,"d":"0.00"},{"$nulls":3},{"v":0,"d":"0.00"},{"v":0,"d":"0.00"},{"v":0,"d":"0.00"},{"$f":"G227*E227","v":0},{"$f":"H227*E227","v":0},{"$f":"I227*E227","v":0},{"$f":"J227*E227","v":0},{"$f":"K227*E227","v":0},{"$f":"L227*E227","v":0},0,{"$f":"N227*E227","v":0},{"$f":"O227*E227","v":0},{"$f":"P227*E227","v":0},{"$f":"Q227*E227","v":0},{"$f":"R227*E227","v":0},{"$f":"S227*E227","v":0},{"$f":"T227*E227","v":0},{"$f":"W227*E227","v":0},{"$f":"X227*E227","v":0},{"$f":"Y227*E227","v":0},0,{"$f":"+E227*Z227","v":{"v":0,"d":"0.00"}}]
[null,"       Install","each",1,{"v":4791,"d":"4,791.00"},{"v":4791,"d":"4,791.00"},{"v":0,"d":"0.00"},{"v":0,"d":"0.00"},{"v":0,"d":"0.00"},{"v":0,"d":"0.00"},{"v":0,"d":"0.00"},{"v":0,"d":"0.00"},{"v":0,"d":"0.00"},{"v":0,"d":"0.00"},{"v":0,"d":"0.00"},{"v":0,"d":"0.00"},{"v":0,"d":"0.00"},{"v":0,"d":"0.00"},{"v":0,"d":"0.00"},{"v":0,"d":"0.00"},{"$nulls":3},{"v":0,"d":"0.00"},{"v":0,"d":"0.00"},{"v":0,"d":"0.00"},{"$f":"G228*E228","v":0},{"$f":"H228*E228","v":0},{"$f":"I228*E228","v":0},{"$f":"J228*E228","v":0},{"$f":"K228*E228","v":0},{"$f":"L228*E228","v":0},0,{"$f":"N228*E228","v":0},{"$f":"O228*E228","v":0},{"$f":"P228*E228","v":0},{"$f":"Q228*E228","v":0},{"$f":"R228*E228","v":0},{"$f":"S228*E228","v":0},{"$f":"T228*E228","v":0},{"$f":"W228*E228","v":0},{"$f":"X228*E228","v":0},{"$f":"Y228*E228","v":0},0,{"$f":"+E228*Z228","v":{"v":0,"d":"0.00"}}]
[{"$nulls":32},0,{"$nulls":11}," "]
[2.32,"Burns Unit",{"$nulls":30},0,{"$nulls":11}," "]
[null,"       Supply","each",1,{"v":29463.63,"d":"29,463.63"},{"v":29463.63,"d":"29,463.63"},{"v":0,"d":"0.00"},{"v":0,"d":"0.00"},{"v":0,"d":"0.00"},{"v":0,"d":"0.00"},{"v":0,"d":"0.00"},{"v":0,"d":"0.00"},{"v":0,"d":"0.00"},{"v":1,"d":"1.00"},{"v":0,"d":"0.00"},{"v":0,"d":"0.00"},{"v":0,"d":"0.00"},{"v":0,"d":"0.00"},{"v":0,"d":"0.00"},{"v":0,"d":"0.00"},{"$nulls":3},{"v":0,"d":"0.00"},{"v":0,"d":"0.00"},{"v":1,"d":"1.00"},{"$f":"G231*E231","v":0},{"$f":"H231*E231","v":0},{"$f":"I231*E231","v":0},{"$f":"J231*E231","v":0},{"$f":"K231*E231","v":0},{"$f":"L231*E231","v":0},0,{"$f":"N231*E231","v":{"v":29463.63,"d":"29,464"}},{"$f":"O231*E231","v":0},{"$f":"P231*E231","v":0},{"$f":"Q231*E231","v":0},{"$f":"R231*E231","v":0},{"$f":"S231*E231","v":0},{"$f":"T231*E231","v":0},{"$f":"W231*E231","v":0},{"$f":"X231*E231","v":0},{"$f":"Y231*E231","v":0},{"v":29463.63,"d":"29,464"},{"$f":"+E231*Z231","v":{"v":29463.63,"d":"29,463.63"}}]
[null,"       Install","each",1,{"v":2947,"d":"2,947.00"},{"v":2947,"d":"2,947.00"},{"v":0,"d":"0.00"},{"v":0,"d":"0.00"},{"v":0,"d":"0.00"},{"v":0,"d":"0.00"},{"v":0,"d":"0.00"},{"v":0,"d":"0.00"},{"v":0,"d":"0.00"},{"v":0,"d":"0.00"},{"v":0,"d":"0.00"},{"v":0,"d":"0.00"},{"v":0,"d":"0.00"},{"v":0,"d":"0.00"},{"v":0,"d":"0.00"},{"v":0,"d":"0.00"},{"$nulls":3},{"v":0,"d":"0.00"},{"v":1,"d":"1.00"},{"v":1,"d":"1.00"},{"$f":"G232*E232","v":0},{"$f":"H232*E232","v":0},{"$f":"I232*E232","v":0},{"$f":"J232*E232","v":0},{"$f":"K232*E232","v":0},{"$f":"L232*E232","v":0},0,{"$f":"N232*E232","v":0},{"$f":"O232*E232","v":0},{"$f":"P232*E232","v":0},{"$f":"Q232*E232","v":0},{"$f":"R232*E232","v":0},{"$f":"S232*E232","v":0},{"$f":"T232*E232","v":0},{"$f":"W232*E232","v":0},{"$f":"X232*E232","v":0},{"$f":"Y232*E232","v":{"v":2947,"d":"2,947"}},{"v":2947,"d":"2,947"},{"$f":"+E232*Z232","v":{"v":2947,"d":"2,947.00"}}]
[{"$nulls":32},0,{"$nulls":11}," "]
[2.33,"Night Matron",{"$nulls":30},0,{"$nulls":11}," "]
[null,"       Supply","each",1,{"v":2793.21,"d":"2,793.21"},{"v":2793.21,"d":"2,793.21"},{"v":0,"d":"0.00"},{"v":0,"d":"0.00"},{"v":0,"d":"0.00"},{"v":0,"d":"0.00"},{"v":0,"d":"0.00"},{"v":0,"d":"0.00"},{"v":0,"d":"0.00"},{"v":0,"d":"0.00"},{"v":0,"d":"0.00"},{"v":0,"d":"0.00"},{"v":0,"d":"0.00"},{"v":0,"d":"0.00"},{"v":0,"d":"0.00"},{"v":0,"d":"0.00"},{"$nulls":3},{"v":0,"d":"0.00"},{"v":0,"d":"0.00"},{"v":0,"d":"0.00"},{"$f":"G235*E235","v":0},{"$f":"H235*E235","v":0},{"$f":"I235*E235","v":0},{"$f":"J235*E235","v":0},{"$f":"K235*E235","v":0},{"$f":"L235*E235","v":0},0,{"$f":"N235*E235","v":0},{"$f":"O235*E235","v":0},{"$f":"P235*E235","v":0},{"$f":"Q235*E235","v":0},{"$f":"R235*E235","v":0},{"$f":"S235*E235","v":0},{"$f":"T235*E235","v":0},{"$f":"W235*E235","v":0},{"$f":"X235*E235","v":0},{"$f":"Y235*E235","v":0},0,{"$f":"+E235*Z235","v":{"v":0,"d":"0.00"}}]
[null,"       Install","each",1,{"v":1250,"d":"1,250.00"},{"v":1250,"d":"1,250.00"},{"v":0,"d":"0.00"},{"v":0,"d":"0.00"},{"v":0,"d":"0.00"},{"v":0,"d":"0.00"},{"v":0,"d":"0.00"},{"v":0,"d":"0.00"},{"v":0,"d":"0.00"},{"v":0,"d":"0.00"},{"v":0,"d":"0.00"},{"v":0,"d":"0.00"},{"v":0,"d":"0.00"},{"v":0,"d":"0.00"},{"v":0,"d":"0.00"},{"v":0,"d":"0.00"},{"$nulls":3},{"v":0,"d":"0.00"},{"v":0,"d":"0.00"},{"v":0,"d":"0.00"},{"$f":"G236*E236","v":0},{"$f":"H236*E236","v":0},{"$f":"I236*E236","v":0},{"$f":"J236*E236","v":0},{"$f":"K236*E236","v":0},{"$f":"L236*E236","v":0},0,{"$f":"N236*E236","v":0},{"$f":"O236*E236","v":0},{"$f":"P236*E236","v":0},{"$f":"Q236*E236","v":0},{"$f":"R236*E236","v":0},{"$f":"S236*E236","v":0},{"$f":"T236*E236","v":0},{"$f":"W236*E236","v":0},{"$f":"X236*E236","v":0},{"$f":"Y236*E236","v":0},0,{"$f":"+E236*Z236","v":{"v":0,"d":"0.00"}}]
[{"$nulls":32},0,{"$nulls":11}," "]
[2.34,"Gynaecology Ward",{"$nulls":30},0,{"$nulls":11}," "]
[null,"       Supply","each",1,{"v":23629.95,"d":"23,629.95"},{"v":23629.95,"d":"23,629.95"},{"v":0,"d":"0.00"},{"v":0,"d":"0.00"},{"v":0,"d":"0.00"},{"v":0,"d":"0.00"},{"v":0,"d":"0.00"},{"v":0,"d":"0.00"},{"v":0,"d":"0.00"},{"v":0,"d":"0.00"},{"v":0,"d":"0.00"},{"v":1,"d":"1.00"},{"v":0,"d":"0.00"},{"v":0,"d":"0.00"},{"v":0,"d":"0.00"},{"v":0,"d":"0.00"},{"$nulls":3},{"v":0,"d":"0.00"},{"v":0,"d":"0.00"},{"v":1,"d":"1.00"},{"$f":"G239*E239","v":0},{"$f":"H239*E239","v":0},{"$f":"I239*E239","v":0},{"$f":"J239*E239","v":0},{"$f":"K239*E239","v":0},{"$f":"L239*E239","v":0},0,{"$f":"N239*E239","v":0},{"$f":"O239*E239","v":0},{"$f":"P239*E239","v":{"v":23629.95,"d":"23,630"}},{"$f":"Q239*E239","v":0},{"$f":"R239*E239","v":0},{"$f":"S239*E239","v":0},{"$f":"T239*E239","v":0},{"$f":"W239*E239","v":0},{"$f":"X239*E239","v":0},{"$f":"Y239*E239","v":0},{"v":23629.95,"d":"23,630"},{"$f":"+E239*Z239","v":{"v":23629.95,"d":"23,629.95"}}]
[null,"       Install","each",1,{"v":2363,"d":"2,363.00"},{"v":2363,"d":"2,363.00"},{"v":0,"d":"0.00"},{"v":0,"d":"0.00"},{"v":0,"d":"0.00"},{"v":0,"d":"0.00"},{"v":0,"d":"0.00"},{"v":0,"d":"0.00"},{"v":0,"d":"0.00"},{"v":0,"d":"0.00"},{"v":0,"d":"0.00"},{"v":0,"d":"0.00"},{"v":0,"d":"0.00"},{"v":0,"d":"0.00"},{"v":0,"d":"0.00"},{"v":0,"d":"0.00"},{"$nulls":3},{"v":0,"d":"0.00"},{"v":1,"d":"1.00"},{"v":1,"d":"1.00"},{"$f":"G240*E240","v":0},{"$f":"H240*E240","v":0},{"$f":"I240*E240","v":0},{"$f":"J240*E240","v":0},{"$f":"K240*E240","v":0},{"$f":"L240*E240","v":0},0,{"$f":"N240*E240","v":0},{"$f":"O240*E240","v":0},{"$f":"P240*E240","v":0},{"$f":"Q240*E240","v":0},{"$f":"R240*E240","v":0},{"$f":"S240*E240","v":0},{"$f":"T240*E240","v":0},{"$f":"W240*E240","v":0},{"$f":"X240*E240","v":0},{"$f":"Y240*E240","v":{"v":2363,"d":"2,363"}},{"v":2363,"d":"2,363"},{"$f":"+E240*Z240","v":{"v":2363,"d":"2,363.00"}}]
[{"$nulls":32},0,{"$nulls":11}," "]
[2.35,"Clinical Engineering",{"$nulls":30},0,{"$nulls":11}," "]
[null,"       Supply","each",1,{"v":15243.19,"d":"15,243.19"},{"v":15243.19,"d":"15,243.19"},{"v":0,"d":"0.00"},{"v":0,"d":"0.00"},{"v":0,"d":"0.00"},{"v":0,"d":"0.00"},{"v":0,"d":"0.00"},{"v":0,"d":"0.00"},{"v":0,"d":"0.00"},{"v":0,"d":"0.00"},{"v":0,"d":"0.00"},{"v":0,"d":"0.00"},{"v":0,"d":"0.00"},{"v":0,"d":"0.00"},{"v":0,"d":"0.00"},{"v":0,"d":"0.00"},{"$nulls":3},{"v":0,"d":"0.00"},{"v":0,"d":"0.00"},{"v":0,"d":"0.00"},{"$f":"G243*E243","v":0},{"$f":"H243*E243","v":0},{"$f":"I243*E243","v":0},{"$f":"J243*E243","v":0},{"$f":"K243*E243","v":0},{"$f":"L243*E243","v":0},{"$f":"+M243*E243","v":0},{"$f":"N243*E243","v":0},{"$f":"O243*E243","v":0},{"$f":"P243*E243","v":0},{"$f":"Q243*E243","v":0},{"$f":"R243*E243","v":0},{"$f":"S243*E243","v":0},{"$f":"T243*E243","v":0},{"$f":"W243*E243","v":0},{"$f":"X243*E243","v":0},{"$f":"Y243*E243","v":0},0,{"$f":"+E243*Z243","v":{"v":0,"d":"0.00"}}]
[null,"       Install","each",1,{"v":1525,"d":"1,525.00"},{"v":1525,"d":"1,525.00"},{"v":0,"d":"0.00"},{"v":0,"d":"0.00"},{"v":0,"d":"0.00"},{"v":0,"d":"0.00"},{"v":0,"d":"0.00"},{"v":0,"d":"0.00"},{"v":0,"d":"0.00"},{"v":0,"d":"0.00"},{"v":0,"d":"0.00"},{"v":0,"d":"0.00"},{"v":0,"d":"0.00"},{"v":0,"d":"0.00"},{"v":0,"d":"0.00"},{"v":0,"d":"0.00"},{"$nulls":3},{"v":0,"d":"0.00"},{"v":0,"d":"0.00"},{"v":0,"d":"0.00"},{"$f":"G244*E244","v":0},{"$f":"H244*E244","v":0},{"$f":"I244*E244","v":0},{"$f":"J244*E244","v":0},{"$f":"K244*E244","v":0},{"$f":"L244*E244","v":0},0,{"$f":"N244*E244","v":0},{"$f":"O244*E244","v":0},{"$f":"P244*E244","v":0},{"$f":"Q244*E244","v":0},{"$f":"R244*E244","v":0},{"$f":"S244*E244","v":0},{"$f":"T244*E244","v":0},{"$f":"W244*E244","v":0},{"$f":"X244*E244","v":0},{"$f":"Y244*E244","v":0},0,{"$f":"+E244*Z244","v":{"v":0,"d":"0.00"}}]
[{"$nulls":32},0,{"$nulls":11}," "]
[2.36,"Theatre Suite DB",{"$nulls":30},0,{"$nulls":11}," "]
[null,"       Supply","each",1,{"v":45134.9,"d":"45,134.90"},{"v":45134.9,"d":"45,134.90"},{"v":0,"d":"0.00"},{"v":0,"d":"0.00"},{"v":0,"d":"0.00"},{"v":0,"d":"0.00"},{"v":0,"d":"0.00"},{"v":0,"d":"0.00"},{"v":0,"d":"0.00"},{"v":0,"d":"0.00"},{"v":0,"d":"0.00"},{"v":0,"d":"0.00"},{"v":0,"d":"0.00"},{"v":0,"d":"0.00"},{"v":0,"d":"0.00"},{"v":0,"d":"0.00"},{"$nulls":3},{"v":0,"d":"0.00"},{"v":0,"d":"0.00"},{"v":0,"d":"0.00"},{"$f":"G247*E247","v":0},{"$f":"H247*E247","v":0},{"$f":"I247*E247","v":0},{"$f":"J247*E247","v":0},{"$f":"K247*E247","v":0},{"$f":"L247*E247","v":0},0,{"$f":"N247*E247","v":0},{"$f":"O247*E247","v":0},{"$f":"P247*E247","v":0},{"$f":"Q247*E247","v":0},{"$f":"R247*E247","v":0},{"$f":"S247*E247","v":0},{"$f":"T247*E247","v":0},{"$f":"W247*E247","v":0},{"$f":"X247*E247","v":0},{"$f":"Y247*E247","v":0},0,{"$f":"+E247*Z247","v":{"v":0,"d":"0.00"}}]
[null,"       Install","each",1,{"v":4514,"d":"4,514.00"},{"v":4514,"d":"4,514.00"},{"v":0,"d":"0.00"},{"v":0,"d":"0.00"},{"v":0,"d":"0.00"},{"v":0,"d":"0.00"},{"v":0,"d":"0.00"},{"v":0,"d":"0.00"},{"v":0,"d":"0.00"},{"v":0,"d":"0.00"},{"v":0,"d":"0.00"},{"v":0,"d":"0.00"},{"v":0,"d":"0.00"},{"v":0,"d":"0.00"},{"v":0,"d":"0.00"},{"v":0,"d":"0.00"},{"$nulls":3},{"v":0,"d":"0.00"},{"v":0,"d":"0.00"},{"v":0,"d":"0.00"},{"$f":"G248*E248","v":0},{"$f":"H248*E248","v":0},{"$f":"I248*E248","v":0},{"$f":"J248*E248","v":0},{"$f":"K248*E248","v":0},{"$f":"L248*E248","v":0},0,{"$f":"N248*E248","v":0},{"$f":"O248*E248","v":0},{"$f":"P248*E248","v":0},{"$f":"Q248*E248","v":0},{"$f":"R248*E248","v":0},{"$f":"S248*E248","v":0},{"$f":"T248*E248","v":0},{"$f":"W248*E248","v":0},{"$f":"X248*E248","v":0},{"$f":"Y248*E248","v":0},0,{"$f":"+E248*Z248","v":{"v":0,"d":"0.00"}}]
[{"$nulls":32},0,{"$nulls":11}," "]
[2.37,"EndoscopyAdministration/Bloodbank DB",{"$nulls":30},0,{"$nulls":11}," "]
[null,"       Supply","each",1,{"v":23559.03,"d":"23,559.03"},{"v":23559.03,"d":"23,559.03"},{"v":0,"d":"0.00"},{"v":0,"d":"0.00"},{"v":0,"d":"0.00"},{"v":0,"d":"0.00"},{"v":0,"d":"0.00"},{"v":0,"d":"0.00"},{"v":0,"d":"0.00"},{"v":0,"d":"0.00"},{"v":0,"d":"0.00"},{"v":0,"d":"0.00"},{"v":0,"d":"0.00"},{"v":0,"d":"0.00"},{"v":0,"d":"0.00"},{"v":0,"d":"0.00"},{"$nulls":3},{"v":0,"d":"0.00"},{"v":0,"d":"0.00"},{"v":0,"d":"0.00"},{"$f":"G251*E251","v":0},{"$f":"H251*E251","v":0},{"$f":"I251*E251","v":0},{"$f":"J251*E251","v":0},{"$f":"K251*E251","v":0},{"$f":"L251*E251","v":0},0,{"$f":"N251*E251","v":0},{"$f":"O251*E251","v":0},{"$f":"P251*E251","v":0},{"$f":"Q251*E251","v":0},{"$f":"R251*E251","v":0},{"$f":"S251*E251","v":0},{"$f":"T251*E251","v":0},{"$f":"W251*E251","v":0},{"$f":"X251*E251","v":0},{"$f":"Y251*E251","v":0},0,{"$f":"+E251*Z251","v":{"v":0,"d":"0.00"}}]
[null,"       Install","each",1,{"v":2356,"d":"2,356.00"},{"v":2356,"d":"2,356.00"},{"v":0,"d":"0.00"},{"v":0,"d":"0.00"},{"v":0,"d":"0.00"},{"v":0,"d":"0.00"},{"v":0,"d":"0.00"},{"v":0,"d":"0.00"},{"v":0,"d":"0.00"},{"v":0,"d":"0.00"},{"v":0,"d":"0.00"},{"v":0,"d":"0.00"},{"v":0,"d":"0.00"},{"v":0,"d":"0.00"},{"v":0,"d":"0.00"},{"v":0,"d":"0.00"},{"$nulls":3},{"v":0,"d":"0.00"},{"v":0,"d":"0.00"},{"v":0,"d":"0.00"},{"$f":"G252*E252","v":0},{"$f":"H252*E252","v":0},{"$f":"I252*E252","v":0},{"$f":"J252*E252","v":0},{"$f":"K252*E252","v":0},{"$f":"L252*E252","v":0},0,{"$f":"N252*E252","v":0},{"$f":"O252*E252","v":0},{"$f":"P252*E252","v":0},{"$f":"Q252*E252","v":0},{"$f":"R252*E252","v":0},{"$f":"S252*E252","v":0},{"$f":"T252*E252","v":0},{"$f":"W252*E252","v":0},{"$f":"X252*E252","v":0},{"$f":"Y252*E252","v":0},0,{"$f":"+E252*Z252","v":{"v":0,"d":"0.00"}}]
[{"$nulls":32},0,{"$nulls":11}," "]
[2.38,"Resource Centre",{"$nulls":30},0,{"$nulls":11}," "]
[null,"       Supply","each",1,{"v":22205.64,"d":"22,205.64"},{"v":22205.64,"d":"22,205.64"},{"v":0,"d":"0.00"},{"v":0,"d":"0.00"},{"v":0,"d":"0.00"},{"v":0,"d":"0.00"},{"v":0,"d":"0.00"},{"v":0,"d":"0.00"},{"v":0,"d":"0.00"},{"v":0,"d":"0.00"},{"v":0,"d":"0.00"},{"v":0,"d":"0.00"},{"v":0,"d":"0.00"},{"v":0,"d":"0.00"},{"v":0,"d":"0.00"},{"v":0,"d":"0.00"},{"$nulls":3},{"v":0,"d":"0.00"},{"v":1,"d":"1.00"},{"v":1,"d":"1.00"},{"$f":"G255*E255","v":0},{"$f":"H255*E255","v":0},{"$f":"I255*E255","v":0},{"$f":"J255*E255","v":0},{"$f":"K255*E255","v":0},{"$f":"L255*E255","v":0},0,{"$f":"N255*E255","v":0},{"$f":"O255*E255","v":0},{"$f":"P255*E255","v":0},{"$f":"Q255*E255","v":0},{"$f":"R255*E255","v":0},{"$f":"S255*E255","v":0},{"$f":"T255*E255","v":0},{"$f":"W255*E255","v":0},{"$f":"X255*E255","v":0},{"$f":"Y255*E255","v":{"v":22205.64,"d":"22,206"}},{"v":22205.64,"d":"22,206"},{"$f":"+E255*Z255","v":{"v":22205.64,"d":"22,205.64"}}]
[null,"       Install","each",1,{"v":2221,"d":"2,221.00"},{"v":2221,"d":"2,221.00"},{"v":0,"d":"0.00"},{"v":0,"d":"0.00"},{"v":0,"d":"0.00"},{"v":0,"d":"0.00"},{"v":0,"d":"0.00"},{"v":0,"d":"0.00"},{"v":0,"d":"0.00"},{"v":0,"d":"0.00"},{"v":0,"d":"0.00"},{"v":0,"d":"0.00"},{"v":0,"d":"0.00"},{"v":0,"d":"0.00"},{"v":0,"d":"0.00"},{"v":0,"d":"0.00"},{"$nulls":3},{"v":0,"d":"0.00"},{"v":1,"d":"1.00"},{"v":1,"d":"1.00"},{"$f":"G256*E256","v":0},{"$f":"H256*E256","v":0},{"$f":"I256*E256","v":0},{"$f":"J256*E256","v":0},{"$f":"K256*E256","v":0},{"$f":"L256*E256","v":0},0,{"$f":"N256*E256","v":0},{"$f":"O256*E256","v":0},{"$f":"P256*E256","v":0},{"$f":"Q256*E256","v":0},{"$f":"R256*E256","v":0},{"$f":"S256*E256","v":0},{"$f":"T256*E256","v":0},{"$f":"W256*E256","v":0},{"$f":"X256*E256","v":0},{"$f":"Y256*E256","v":{"v":2221,"d":"2,221"}},{"v":2221,"d":"2,221"},{"$f":"+E256*Z256","v":{"v":2221,"d":"2,221.00"}}]
[{"$nulls":32},0,{"$nulls":11}," "]
[2.39,"Security and IT DB",{"$nulls":30},0,{"$nulls":11}," "]
[null,"       Supply","each",1,{"v":20834.1,"d":"20,834.10"},{"v":20834.1,"d":"20,834.10"},{"v":0,"d":"0.00"},{"v":0,"d":"0.00"},{"v":0,"d":"0.00"},{"v":0,"d":"0.00"},{"v":0,"d":"0.00"},{"v":0,"d":"0.00"},{"v":0,"d":"0.00"},{"v":0,"d":"0.00"},{"v":0,"d":"0.00"},{"v":0,"d":"0.00"},{"v":0,"d":"0.00"},{"v":0,"d":"0.00"},{"v":0,"d":"0.00"},{"v":0,"d":"0.00"},{"$nulls":3},{"v":0,"d":"0.00"},{"v":0,"d":"0.00"},{"v":0,"d":"0.00"},{"$f":"G259*E259","v":0},{"$f":"H259*E259","v":0},{"$f":"I259*E259","v":0},{"$f":"J259*E259","v":0},{"$f":"K259*E259","v":0},{"$f":"L259*E259","v":0},0,{"$f":"N259*E259","v":0},{"$f":"O259*E259","v":0},{"$f":"P259*E259","v":0},{"$f":"Q259*E259","v":0},{"$f":"R259*E259","v":0},{"$f":"S259*E259","v":0},{"$f":"T259*E259","v":0},{"$f":"W259*E259","v":0},{"$f":"X259*E259","v":0},{"$f":"Y259*E259","v":0},0,{"$f":"+E259*Z259","v":{"v":0,"d":"0.00"}}]
[null,"       Install","each",1,{"v":2084,"d":"2,084.00"},{"v":2084,"d":"2,084.00"},{"v":0,"d":"0.00"},{"v":0,"d":"0.00"},{"v":0,"d":"0.00"},{"v":0,"d":"0.00"},{"v":0,"d":"0.00"},{"v":0,"d":"0.00"},{"v":0,"d":"0.00"},{"v":0,"d":"0.00"},{"v":0,"d":"0.00"},{"v":0,"d":"0.00"},{"v":0,"d":"0.00"},{"v":0,"d":"0.00"},{"v":0,"d":"0.00"},{"v":0,"d":"0.00"},{"$nulls":3},{"v":0,"d":"0.00"},{"v":0,"d":"0.00"},{"v":0,"d":"0.00"},{"$f":"G260*E260","v":0},{"$f":"H260*E260","v":0},{"$f":"I260*E260","v":0},{"$f":"J260*E260","v":0},{"$f":"K260*E260","v":0},{"$f":"L260*E260","v":0},0,{"$f":"N260*E260","v":0},{"$f":"O260*E260","v":0},{"$f":"P260*E260","v":0},{"$f":"Q260*E260","v":0},{"$f":"R260*E260","v":0},{"$f":"S260*E260","v":0},{"$f":"T260*E260","v":0},{"$f":"W260*E260","v":0},{"$f":"X260*E260","v":0},{"$f":"Y260*E260","v":0},0,{"$f":"+E260*Z260","v":{"v":0,"d":"0.00"}}]
[{"$nulls":44}," "]
[{"$nulls":4},"."]
[null,"Amount Carried Forward",{"$nulls":3},{"$f":"SUM(F208:F262)","v":{"v":1378542.9999999998,"d":"1,378,543.00"}},{"$nulls":38},{"$f":"SUM(AS208:AS262)","v":{"v":877498.7000000001,"d":"877,498.70"}}]
[]
["MAIN HOSPITAL ELECTRICAL INSTALLATION"]
["CECILIA MAKIWANE HOSPITAL : PHASE 4C"]
[]
["BILL NO. 2 : DISTRIBUTION BOARDS"]
["ITEM","DESCRIPTION","UNIT","QTY","RATE","TENDER AMOUNT","A-LV05","B-LV04","D-LV03","E1-LV03","E2","F1","F2","G1","G2","H1","H2","J1","J2","J3",null,"G/House",null,"N","Other","Total Qty","A","B","D","E1","E2","F1","F2","G1","G2","H1","H2","J1","J2","J3","K","N","Other","Total Amount","Total Claimed"]
[null,"AMOUNT CARRIED FORWARD FROM PREVIOUS BILL",{"$nulls":3},{"$f":"F263","v":{"v":1378542.9999999998,"d":"1,378,543.00"}},{"$nulls":38},{"$f":"AS263","v":{"v":877498.7000000001,"d":"877,498.70"}}]
[]
[]
[{"v":2.4,"d":"2.40"},"Main Dist Board 4 ICU / Highcare"]
[null,"       Supply","each",1,{"v":86742.68,"d":"86,742.68"},{"$f":"$D274*E274","v":{"v":86742.68,"d":"86,742.68"}},{"v":0,"d":"0.00"},{"v":0,"d":"0.00"},{"v":0,"d":"0.00"},{"v":0,"d":"0.00"},{"v":0,"d":"0.00"},{"v":0,"d":"0.00"},{"v":0,"d":"0.00"},{"v":0,"d":"0.00"},{"v":0,"d":"0.00"},{"v":0,"d":"0.00"},{"v":0,"d":"0.00"},{"v":0,"d":"0.00"},{"v":0,"d":"0.00"},{"v":0,"d":"0.00"},{"$nulls":3},{"v":0,"d":"0.00"},{"v":0,"d":"0.00"},{"$f":"SUM(G274:Y274)","v":{"v":0,"d":"0.00"}},{"$f":"G274*E274","v":0},{"$f":"H274*E274","v":0},{"$f":"I274*E274","v":0},{"$f":"J274*E274","v":0},{"$f":"K274*E274","v":0},{"$f":"L274*E274","v":0},{"$f":"+M274*E274","v":0},{"$f":"N274*E274","v":0},{"$f":"O274*E274","v":0},{"$f":"P274*E274","v":0},{"$f":"Q274*E274","v":0},{"$f":"R274*E274","v":0},{"$f":"S274*E274","v":0},{"$f":"T274*E274","v":0},{"$f":"W274*E274","v":0},{"$f":"X274*E274","v":0},{"$f":"Y274*E274","v":0},{"$f":"SUM(AA274:AQ274)","v":0},{"$f":"+E274*Z274","v":{"v":0,"d":"0.00"}}]
[null,"       Install","each",1,{"v":4338,"d":"4,338.00"},{"v":4338,"d":"4,338.00"},{"v":0,"d":"0.00"},{"v":0,"d":"0.00"},{"v":0,"d":"0.00"},{"v":0,"d":"0.00"},{"v":0,"d":"0.00"},{"v":1,"d":"1.00"},{"v":0,"d":"0.00"},{"v":0,"d":"0.00"},{"v":0,"d":"0.00"},{"v":0,"d":"0.00"},{"v":0,"d":"0.00"},{"v":0,"d":"0.00"},{"v":0,"d":"0.00"},{"v":0,"d":"0.00"},{"$nulls":3},{"v":0,"d":"0.00"},{"v":0,"d":"0.00"},{"$f":"SUM(G275:Y275)","v":{"v":1,"d":"1.00"}},{"$f":"G275*E275","v":0},{"$f":"H275*E275","v":0},{"$f":"I275*E275","v":0},{"$f":"J275*E275","v":0},{"$f":"K275*E275","v":0},{"$f":"L275*E275","v":{"v":4338,"d":"4,338"}},0,{"$f":"N275*E275","v":0},{"$f":"O275*E275","v":0},{"$f":"P275*E275","v":0},{"$f":"Q275*E275","v":0},{"$f":"R275*E275","v":0},{"$f":"S275*E275","v":0},{"$f":"T275*E275","v":0},{"$f":"W275*E275","v":0},{"$f":"X275*E275","v":0},{"$f":"Y275*E275","v":0},{"$f":"SUM(AA275:AQ275)","v":{"v":4338,"d":"4,338"}},{"$f":"+E275*Z275","v":{"v":4338,"d":"4,338.00"}}]
[{"$nulls":32},0]
[2.41,"Renal Ward",{"$nulls":30},0]
[null,"       Supply","each",1,{"v":20747.6,"d":"20,747.60"},{"v":20747.6,"d":"20,747.60"},{"v":0,"d":"0.00"},{"v":0,"d":"0.00"},{"v":0,"d":"0.00"},{"v":0,"d":"0.00"},{"v":0,"d":"0.00"},{"v":0,"d":"0.00"},{"v":0,"d":"0.00"},{"v":0,"d":"0.00"},{"v":0,"d":"0.00"},{"v":0,"d":"0.00"},{"v":0,"d":"0.00"},{"v":0,"d":"0.00"},{"v":0,"d":"0.00"},{"v":0,"d":"0.00"},{"$nulls":3},{"v":0,"d":"0.00"},{"v":0,"d":"0.00"},{"v":0,"d":"0.00"},{"$f":"G278*E278","v":0},{"$f":"H278*E278","v":0},{"$f":"I278*E278","v":0},{"$f":"J278*E278","v":0},{"$f":"K278*E278","v":0},{"$f":"L278*E278","v":0},0,{"$f":"N278*E278","v":0},{"$f":"O278*E278","v":0},{"$f":"P278*E278","v":0},{"$f":"Q278*E278","v":0},{"$f":"R278*E278","v":0},{"$f":"S278*E278","v":0},{"$f":"T278*E278","v":0},{"$f":"W278*E278","v":0},{"$f":"X278*E278","v":0},{"$f":"Y278*E278","v":0},0,{"$f":"+E278*Z278","v":{"v":0,"d":"0.00"}}]
[null,"       Install","each",1,{"v":2075,"d":"2,075.00"},{"v":2075,"d":"2,075.00"},{"v":0,"d":"0.00"},{"v":0,"d":"0.00"},{"v":0,"d":"0.00"},{"v":0,"d":"0.00"},{"v":0,"d":"0.00"},{"v":0,"d":"0.00"},{"v":0,"d":"0.00"},{"v":0,"d":"0.00"},{"v":0,"d":"0.00"},{"v":0,"d":"0.00"},{"v":0,"d":"0.00"},{"v":0,"d":"0.00"},{"v":0,"d":"0.00"},{"v":0,"d":"0.00"},{"$nulls":3},{"v":0,"d":"0.00"},{"v":0,"d":"0.00"},{"v":0,"d":"0.00"},{"$f":"G279*E279","v":0},{"$f":"H279*E279","v":0},{"$f":"I279*E279","v":0},{"$f":"J279*E279","v":0},{"$f":"K279*E279","v":0},{"$f":"L279*E279","v":0},0,{"$f":"N279*E279","v":0},{"$f":"O279*E279","v":0},{"$f":"P279*E279","v":0},{"$f":"Q279*E279","v":0},{"$f":"R279*E279","v":0},{"$f":"S279*E279","v":0},{"$f":"T279*E279","v":0},{"$f":"W279*E279","v":0},{"$f":"X279*E279","v":0},{"$f":"Y279*E279","v":0},0,{"$f":"+E279*Z279","v":{"v":0,"d":"0.00"}}]
[{"$nulls":32},0]
[2.42,"Senior Management SDB",{"$nulls":30},0]
[null,"       Supply","each",1,{"v":15164.31,"d":"15,164.31"},{"v":15164.31,"d":"15,164.31"},{"v":0,"d":"0.00"},{"v":0,"d":"0.00"},{"v":0,"d":"0.00"},{"v":0,"d":"0.00"},{"v":0,"d":"0.00"},{"v":0,"d":"0.00"},{"v":0,"d":"0.00"},{"v":0,"d":"0.00"},{"v":0,"d":"0.00"},{"v":0,"d":"0.00"},{"v":0,"d":"0.00"},{"v":0,"d":"0.00"},{"v":0,"d":"0.00"},{"v":0,"d":"0.00"},{"$nulls":3},{"v":0,"d":"0.00"},{"v":0,"d":"0.00"},{"v":0,"d":"0.00"},{"$f":"G282*E282","v":0},{"$f":"H282*E282","v":0},{"$f":"I282*E282","v":0},{"$f":"J282*E282","v":0},{"$f":"K282*E282","v":0},{"$f":"L282*E282","v":0},0,{"$f":"N282*E282","v":0},{"$f":"O282*E282","v":0},{"$f":"P282*E282","v":0},{"$f":"Q282*E282","v":0},{"$f":"R282*E282","v":0},{"$f":"S282*E282","v":0},{"$f":"T282*E282","v":0},{"$f":"W282*E282","v":0},{"$f":"X282*E282","v":0},{"$f":"Y282*E282","v":0},0,{"$f":"+E282*Z282","v":{"v":0,"d":"0.00"}}]
[null,"       Install","each",1,{"v":1517,"d":"1,517.00"},{"v":1517,"d":"1,517.00"},{"v":0,"d":"0.00"},{"v":0,"d":"0.00"},{"v":0,"d":"0.00"},{"v":0,"d":"0.00"},{"v":0,"d":"0.00"},{"v":0,"d":"0.00"},{"v":0,"d":"0.00"},{"v":0,"d":"0.00"},{"v":0,"d":"0.00"},{"v":0,"d":"0.00"},{"v":0,"d":"0.00"},{"v":0,"d":"0.00"},{"v":0,"d":"0.00"},{"v":0,"d":"0.00"},{"$nulls":3},{"v":0,"d":"0.00"},{"v":0,"d":"0.00"},{"v":0,"d":"0.00"},{"$f":"G283*E283","v":0},{"$f":"H283*E283","v":0},{"$f":"I283*E283","v":0},{"$f":"J283*E283","v":0},{"$f":"K283*E283","v":0},{"$f":"L283*E283","v":0},0,{"$f":"N283*E283","v":0},{"$f":"O283*E283","v":0},{"$f":"P283*E283","v":0},{"$f":"Q283*E283","v":0},{"$f":"R283*E283","v":0},{"$f":"S283*E283","v":0},{"$f":"T283*E283","v":0},{"$f":"W283*E283","v":0},{"$f":"X283*E283","v":0},{"$f":"Y283*E283","v":0},0,{"$f":"+E283*Z283","v":{"v":0,"d":"0.00"}}]
[{"$nulls":32},0]
[2.43,"Financial Resources SDB",{"$nulls":30},0]
[null,"       Supply","each",1,{"v":23023.26,"d":"23,023.26"},{"v":23023.26,"d":"23,023.26"},{"v":0,"d":"0.00"},{"v":0,"d":"0.00"},{"v":0,"d":"0.00"},{"v":0,"d":"0.00"},{"v":0,"d":"0.00"},{"v":0,"d":"0.00"},{"v":0,"d":"0.00"},{"v":0,"d":"0.00"},{"v":0,"d":"0.00"},{"v":0,"d":"0.00"},{"v":0,"d":"0.00"},{"v":0,"d":"0.00"},{"v":0,"d":"0.00"},{"v":0,"d":"0.00"},{"$nulls":3},{"v":0,"d":"0.00"},{"v":0,"d":"0.00"},{"v":0,"d":"0.00"},{"$f":"G286*E286","v":0},{"$f":"H286*E286","v":0},{"$f":"I286*E286","v":0},{"$f":"J286*E286","v":0},{"$f":"K286*E286","v":0},{"$f":"L286*E286","v":0},0,{"$f":"N286*E286","v":0},{"$f":"O286*E286","v":0},{"$f":"P286*E286","v":0},{"$f":"Q286*E286","v":0},{"$f":"R286*E286","v":0},{"$f":"S286*E286","v":0},{"$f":"T286*E286","v":0},{"$f":"W286*E286","v":0},{"$f":"X286*E286","v":0},{"$f":"Y286*E286","v":0},0,{"$f":"+E286*Z286","v":{"v":0,"d":"0.00"}}]
[null,"       Install","each",1,{"v":2303,"d":"2,303.00"},{"v":2303,"d":"2,303.00"},{"v":0,"d":"0.00"},{"v":0,"d":"0.00"},{"v":0,"d":"0.00"},{"v":0,"d":"0.00"},{"v":0,"d":"0.00"},{"v":0,"d":"0.00"},{"v":0,"d":"0.00"},{"v":0,"d":"0.00"},{"v":0,"d":"0.00"},{"v":0,"d":"0.00"},{"v":0,"d":"0.00"},{"v":0,"d":"0.00"},{"v":0,"d":"0.00"},{"v":0,"d":"0.00"},{"$nulls":3},{"v":0,"d":"0.00"},{"v":0,"d":"0.00"},{"v":0,"d":"0.00"},{"$f":"G287*E287","v":0},{"$f":"H287*E287","v":0},{"$f":"I287*E287","v":0},{"$f":"J287*E287","v":0},{"$f":"K287*E287","v":0},{"$f":"L287*E287","v":0},0,{"$f":"N287*E287","v":0},{"$f":"O287*E287","v":0},{"$f":"P287*E287","v":0},{"$f":"Q287*E287","v":0},{"$f":"R287*E287","v":0},{"$f":"S287*E287","v":0},{"$f":"T287*E287","v":0},{"$f":"W287*E287","v":0},{"$f":"X287*E287","v":0},{"$f":"Y287*E287","v":0},0,{"$f":"+E287*Z287","v":{"v":0,"d":"0.00"}}]
[{"$nulls":32},0]
[2.44,"Main LV Panel No 1 Mains / Standby",{"$nulls":30},0]
[null,"       Supply","each",1,{"v":1873581.65,"d":"1,873,581.65"},{"v":1873581.65,"d":"1,873,581.65"},{"v":0,"d":"0.00"},{"v":0,"d":"0.00"},{"v":0,"d":"0.00"},{"v":0,"d":"0.00"},{"v":0,"d":"0.00"},{"v":0,"d":"0.00"},{"v":0,"d":"0.00"},{"v":0,"d":"0.00"},{"v":0,"d":"0.00"},{"v":0,"d":"0.00"},{"v":0,"d":"0.00"},{"v":0,"d":"0.00"},{"v":0,"d":"0.00"},{"v":0,"d":"0.00"},{"$nulls":3},{"v":0,"d":"0.00"},{"v":1,"d":"1.00"},{"v":1,"d":"1.00"},{"$f":"G290*E290","v":0},{"$f":"H290*E290","v":0},{"$f":"I290*E290","v":0},{"$f":"J290*E290","v":0},{"$f":"K290*E290","v":0},{"$f":"L290*E290","v":0},0,{"$f":"N290*E290","v":0},{"$f":"O290*E290","v":0},{"$f":"P290*E290","v":0},{"$f":"Q290*E290","v":0},{"$f":"R290*E290","v":0},{"$f":"S290*E290","v":0},{"$f":"T290*E290","v":0},{"$f":"W290*E290","v":0},{"$f":"X290*E290","v":0},{"$f":"Y290*E290","v":{"v":1873581.65,"d":"1,873,582"}},{"v":1873581.65,"d":"1,873,582"},{"$f":"+E290*Z290","v":{"v":1873581.65,"d":"1,873,581.65"}}]
[null,"       Install","each",1,{"v":11250,"d":"11,250.00"},{"v":11250,"d":"11,250.00"},{"v":0,"d":"0.00"},{"v":0,"d":"0.00"},{"v":0,"d":"0.00"},{"v":0,"d":"0.00"},{"v":0,"d":"0.00"},{"v":0,"d":"0.00"},{"v":0,"d":"0.00"},{"v":0,"d":"0.00"},{"v":0,"d":"0.00"},{"v":0,"d":"0.00"},{"v":0,"d":"0.00"},{"v":0,"d":"0.00"},{"v":0,"d":"0.00"},{"v":0,"d":"0.00"},{"$nulls":3},{"v":0,"d":"0.00"},{"v":1,"d":"1.00"},{"v":1,"d":"1.00"},{"$f":"G291*E291","v":0},{"$f":"H291*E291","v":0},{"$f":"I291*E291","v":0},{"$f":"J291*E291","v":0},{"$f":"K291*E291","v":0},{"$f":"L291*E291","v":0},0,{"$f":"N291*E291","v":0},{"$f":"O291*E291","v":0},{"$f":"P291*E291","v":0},{"$f":"Q291*E291","v":0},{"$f":"R291*E291","v":0},{"$f":"S291*E291","v":0},{"$f":"T291*E291","v":0},{"$f":"W291*E291","v":0},{"$f":"X291*E291","v":0},{"$f":"Y291*E291","v":{"v":11250,"d":"11,250"}},{"v":11250,"d":"11,250"},{"$f":"+E291*Z291","v":{"v":11250,"d":"11,250.00"}}]
[{"$nulls":32},0]
[2.45,"Main LV Panel No 2  UPS",{"$nulls":30},0]
[null,"       Supply","each",1,{"v":85455.24,"d":"85,455.24"},{"v":85455.24,"d":"85,455.24"},{"v":0,"d":"0.00"},{"v":0,"d":"0.00"},{"v":0,"d":"0.00"},{"v":0,"d":"0.00"},{"v":0,"d":"0.00"},{"v":0,"d":"0.00"},{"v":0,"d":"0.00"},{"v":0,"d":"0.00"},{"v":0,"d":"0.00"},{"v":0,"d":"0.00"},{"v":0,"d":"0.00"},{"v":0,"d":"0.00"},{"v":0,"d":"0.00"},{"v":0,"d":"0.00"},{"$nulls":3},{"v":0,"d":"0.00"},{"v":1,"d":"1.00"},{"v":1,"d":"1.00"},{"$f":"G294*E294","v":0},{"$f":"H294*E294","v":0},{"$f":"I294*E294","v":0},{"$f":"J294*E294","v":0},{"$f":"K294*E294","v":0},{"$f":"L294*E294","v":0},0,{"$f":"N294*E294","v":0},{"$f":"O294*E294","v":0},{"$f":"P294*E294","v":0},{"$f":"Q294*E294","v":0},{"$f":"R294*E294","v":0},{"$f":"S294*E294","v":0},{"$f":"T294*E294","v":0},{"$f":"W294*E294","v":0},{"$f":"X294*E294","v":0},{"$f":"Y294*E294","v":{"v":85455.24,"d":"85,455"}},{"v":85455.24,"d":"85,455"},{"$f":"+E294*Z294","v":{"v":85455.24,"d":"85,455.24"}}]
[null,"       Install","each",1,{"v":4273,"d":"4,273.00"},{"v":4273,"d":"4,273.00"},{"v":0,"d":"0.00"},{"v":0,"d":"0.00"},{"v":0,"d":"0.00"},{"v":0,"d":"0.00"},{"v":0,"d":"0.00"},{"v":0,"d":"0.00"},{"v":0,"d":"0.00"},{"v":0,"d":"0.00"},{"v":0,"d":"0.00"},{"v":0,"d":"0.00"},{"v":0,"d":"0.00"},{"v":0,"d":"0.00"},{"v":0,"d":"0.00"},{"v":0,"d":"0.00"},{"$nulls":3},{"v":0,"d":"0.00"},{"v":1,"d":"1.00"},{"v":1,"d":"1.00"},{"$f":"G295*E295","v":0},{"$f":"H295*E295","v":0},{"$f":"I295*E295","v":0},{"$f":"J295*E295","v":0},{"$f":"K295*E295","v":0},{"$f":"L295*E295","v":0},0,{"$f":"N295*E295","v":0},{"$f":"O295*E295","v":0},{"$f":"P295*E295","v":0},{"$f":"Q295*E295","v":0},{"$f":"R295*E295","v":0},{"$f":"S295*E295","v":0},{"$f":"T295*E295","v":0},{"$f":"W295*E295","v":0},{"$f":"X295*E295","v":0},{"$f":"Y295*E295","v":{"v":4273,"d":"4,273"}},{"v":4273,"d":"4,273"},{"$f":"+E295*Z295","v":{"v":4273,"d":"4,273.00"}}]
[{"$nulls":32},0]
[2.46,"Hospital Substation Local DB",{"$nulls":30},0]
[null,"       Supply","each",1,{"v":5008.95,"d":"5,008.95"},{"v":5008.95,"d":"5,008.95"},{"v":0,"d":"0.00"},{"v":0,"d":"0.00"},{"v":0,"d":"0.00"},{"v":0,"d":"0.00"},{"v":0,"d":"0.00"},{"v":0,"d":"0.00"},{"v":0,"d":"0.00"},{"v":0,"d":"0.00"},{"v":0,"d":"0.00"},{"v":0,"d":"0.00"},{"v":0,"d":"0.00"},{"v":0,"d":"0.00"},{"v":0,"d":"0.00"},{"v":0,"d":"0.00"},{"$nulls":3},{"v":0,"d":"0.00"},{"v":0,"d":"0.00"},{"v":0,"d":"0.00"},{"$f":"G298*E298","v":0},{"$f":"H298*E298","v":0},{"$f":"I298*E298","v":0},{"$f":"J298*E298","v":0},{"$f":"K298*E298","v":0},{"$f":"L298*E298","v":0},0,{"$f":"N298*E298","v":0},{"$f":"O298*E298","v":0},{"$f":"P298*E298","v":0},{"$f":"Q298*E298","v":0},{"$f":"R298*E298","v":0},{"$f":"S298*E298","v":0},{"$f":"T298*E298","v":0},{"$f":"W298*E298","v":0},{"$f":"X298*E298","v":0},{"$f":"Y298*E298","v":0},0,{"$f":"+E298*Z298","v":{"v":0,"d":"0.00"}}]
[null,"       Install","each",1,{"v":1250,"d":"1,250.00"},{"v":1250,"d":"1,250.00"},{"v":0,"d":"0.00"},{"v":0,"d":"0.00"},{"v":0,"d":"0.00"},{"v":0,"d":"0.00"},{"v":0,"d":"0.00"},{"v":0,"d":"0.00"},{"v":0,"d":"0.00"},{"v":0,"d":"0.00"},{"v":0,"d":"0.00"},{"v":0,"d":"0.00"},{"v":0,"d":"0.00"},{"v":0,"d":"0.00"},{"v":0,"d":"0.00"},{"v":0,"d":"0.00"},{"$nulls":3},{"v":0,"d":"0.00"},{"v":0,"d":"0.00"},{"v":0,"d":"0.00"},{"$f":"G299*E299","v":0},{"$f":"H299*E299","v":0},{"$f":"I299*E299","v":0},{"$f":"J299*E299","v":0},{"$f":"K299*E299","v":0},{"$f":"L299*E299","v":0},0,{"$f":"N299*E299","v":0},{"$f":"O299*E299","v":0},{"$f":"P299*E299","v":0},{"$f":"Q299*E299","v":0},{"$f":"R299*E299","v":0},{"$f":"S299*E299","v":0},{"$f":"T299*E299","v":0},{"$f":"W299*E299","v":0},{"$f":"X299*E299","v":0},{"$f":"Y299*E299","v":0},0,{"$f":"+E299*Z299","v":{"v":0,"d":"0.00"}}]
[{"$nulls":32},0]
[2.47,"Main Intake Substation Plant Room ",{"$nulls":30},0]
[null,"       Supply","each",1,{"v":5008.95,"d":"5,008.95"},{"v":5008.95,"d":"5,008.95"},{"v":0,"d":"0.00"},{"v":0,"d":"0.00"},{"v":0,"d":"0.00"},{"v":0,"d":"0.00"},{"v":0,"d":"0.00"},{"v":0,"d":"0.00"},{"v":0,"d":"0.00"},{"v":0,"d":"0.00"},{"v":0,"d":"0.00"},{"v":0,"d":"0.00"},{"v":0,"d":"0.00"},{"v":0,"d":"0.00"},{"v":0,"d":"0.00"},{"v":0,"d":"0.00"},{"$nulls":3},{"v":0,"d":"0.00"},{"v":1,"d":"1.00"},{"v":1,"d":"1.00"},{"$f":"G302*E302","v":0},{"$f":"H302*E302","v":0},{"$f":"I302*E302","v":0},{"$f":"J302*E302","v":0},{"$f":"K302*E302","v":0},{"$f":"L302*E302","v":0},0,{"$f":"N302*E302","v":0},{"$f":"O302*E302","v":0},{"$f":"P302*E302","v":0},{"$f":"Q302*E302","v":0},{"$f":"R302*E302","v":0},{"$f":"S302*E302","v":0},{"$f":"T302*E302","v":0},{"$f":"W302*E302","v":0},{"$f":"X302*E302","v":0},{"$f":"Y302*E302","v":{"v":5008.95,"d":"5,009"}},{"v":5008.95,"d":"5,009"},{"$f":"+E302*Z302","v":{"v":5008.95,"d":"5,008.95"}}]
[null,"       Install","each",1,{"v":1250,"d":"1,250.00"},{"v":1250,"d":"1,250.00"},{"v":0,"d":"0.00"},{"v":0,"d":"0.00"},{"v":0,"d":"0.00"},{"v":0,"d":"0.00"},{"v":0,"d":"0.00"},{"v":0,"d":"0.00"},{"v":0,"d":"0.00"},{"v":0,"d":"0.00"},{"v":0,"d":"0.00"},{"v":0,"d":"0.00"},{"v":0,"d":"0.00"},{"v":0,"d":"0.00"},{"v":0,"d":"0.00"},{"v":0,"d":"0.00"},{"$nulls":3},{"v":0,"d":"0.00"},{"v":1,"d":"1.00"},{"v":1,"d":"1.00"},{"$f":"G303*E303","v":0},{"$f":"H303*E303","v":0},{"$f":"I303*E303","v":0},{"$f":"J303*E303","v":0},{"$f":"K303*E303","v":0},{"$f":"L303*E303","v":0},0,{"$f":"N303*E303","v":0},{"$f":"O303*E303","v":0},{"$f":"P303*E303","v":0},{"$f":"Q303*E303","v":0},{"$f":"R303*E303","v":0},{"$f":"S303*E303","v":0},{"$f":"T303*E303","v":0},{"$f":"W303*E303","v":0},{"$f":"X303*E303","v":0},{"$f":"Y303*E303","v":{"v":1250,"d":"1,250"}},{"v":1250,"d":"1,250"},{"$f":"+E303*Z303","v":{"v":1250,"d":"1,250.00"}}]
[{"$nulls":32},0]
[2.48,"Theatre DB No 1",{"$nulls":30},0]
[null,"       Supply","each",1,{"v":12369.24,"d":"12,369.24"},{"v":12369.24,"d":"12,369.24"},{"v":0,"d":"0.00"},{"v":0,"d":"0.00"},{"v":0,"d":"0.00"},{"v":0,"d":"0.00"},{"v":0,"d":"0.00"},{"v":0,"d":"0.00"},{"v":0,"d":"0.00"},{"v":1,"d":"1.00"},{"v":0,"d":"0.00"},{"v":0,"d":"0.00"},{"v":0,"d":"0.00"},{"v":0,"d":"0.00"},{"v":0,"d":"0.00"},{"v":0,"d":"0.00"},{"$nulls":3},{"v":0,"d":"0.00"},{"v":0,"d":"0.00"},{"v":1,"d":"1.00"},{"$f":"G306*E306","v":0},{"$f":"H306*E306","v":0},{"$f":"I306*E306","v":0},{"$f":"J306*E306","v":0},{"$f":"K306*E306","v":0},{"$f":"L306*E306","v":0},0,{"$f":"N306*E306","v":{"v":12369.24,"d":"12,369"}},{"$f":"O306*E306","v":0},{"$f":"P306*E306","v":0},{"$f":"Q306*E306","v":0},{"$f":"R306*E306","v":0},{"$f":"S306*E306","v":0},{"$f":"T306*E306","v":0},{"$f":"W306*E306","v":0},{"$f":"X306*E306","v":0},{"$f":"Y306*E306","v":0},{"v":12369.24,"d":"12,369"},{"$f":"+E306*Z306","v":{"v":12369.24,"d":"12,369.24"}}]
[null,"       Install","each",1,{"v":1250,"d":"1,250.00"},{"v":1250,"d":"1,250.00"},{"v":0,"d":"0.00"},{"v":0,"d":"0.00"},{"v":0,"d":"0.00"},{"v":0,"d":"0.00"},{"v":0,"d":"0.00"},{"v":0,"d":"0.00"},{"v":0,"d":"0.00"},{"v":2,"d":"2.00"},{"v":0,"d":"0.00"},{"v":0,"d":"0.00"},{"v":0,"d":"0.00"},{"v":0,"d":"0.00"},{"v":0,"d":"0.00"},{"v":0,"d":"0.00"},{"$nulls":3},{"v":0,"d":"0.00"},{"v":-1,"d":"-1.00"},{"v":1,"d":"1.00"},{"$f":"G307*E307","v":0},{"$f":"H307*E307","v":0},{"$f":"I307*E307","v":0},{"$f":"J307*E307","v":0},{"$f":"K307*E307","v":0},{"$f":"L307*E307","v":0},0,{"$f":"N307*E307","v":{"v":2500,"d":"2,500"}},{"$f":"O307*E307","v":0},{"$f":"P307*E307","v":0},{"$f":"Q307*E307","v":0},{"$f":"R307*E307","v":0},{"$f":"S307*E307","v":0},{"$f":"T307*E307","v":0},{"$f":"W307*E307","v":0},{"$f":"X307*E307","v":0},{"$f":"Y307*E307","v":{"v":-1250,"d":"-1,250"}},{"v":1250,"d":"1,250"},{"$f":"+E307*Z307","v":{"v":1250,"d":"1,250.00"}}]
[{"$nulls":32},0]
[2.49,"Theatre DB No 2",{"$nulls":30},0]
[null,"       Supply","each",1,{"v":12369.24,"d":"12,369.24"},{"v":12369.24,"d":"12,369.24"},{"v":0,"d":"0.00"},{"v":0,"d":"0.00"},{"v":0,"d":"0.00"},{"v":0,"d":"0.00"},{"v":0,"d":"0.00"},{"v":0,"d":"0.00"},{"v":0,"d":"0.00"},{"v":1,"d":"1.00"},{"v":0,"d":"0.00"},{"v":0,"d":"0.00"},{"v":0,"d":"0.00"},{"v":0,"d":"0.00"},{"v":0,"d":"0.00"},{"v":0,"d":"0.00"},{"$nulls":3},{"v":0,"d":"0.00"},{"v":0,"d":"0.00"},{"v":1,"d":"1.00"},{"$f":"G310*E310","v":0},{"$f":"H310*E310","v":0},{"$f":"I310*E310","v":0},{"$f":"J310*E310","v":0},{"$f":"K310*E310","v":0},{"$f":"L310*E310","v":0},0,{"$f":"N310*E310","v":{"v":12369.24,"d":"12,369"}},{"$f":"O310*E310","v":0},{"$f":"P310*E310","v":0},{"$f":"Q310*E310","v":0},{"$f":"R310*E310","v":0},{"$f":"S310*E310","v":0},{"$f":"T310*E310","v":0},{"$f":"W310*E310","v":0},{"$f":"X310*E310","v":0},{"$f":"Y310*E310","v":0},{"v":12369.24,"d":"12,369"},{"$f":"+E310*Z310","v":{"v":12369.24,"d":"12,369.24"}}]
[null,"       Install","each",1,{"v":1250,"d":"1,250.00"},{"v":1250,"d":"1,250.00"},{"v":0,"d":"0.00"},{"v":0,"d":"0.00"},{"v":0,"d":"0.00"},{"v":0,"d":"0.00"},{"v":0,"d":"0.00"},{"v":0,"d":"0.00"},{"v":0,"d":"0.00"},{"v":2,"d":"2.00"},{"v":0,"d":"0.00"},{"v":0,"d":"0.00"},{"v":0,"d":"0.00"},{"v":0,"d":"0.00"},{"v":0,"d":"0.00"},{"v":0,"d":"0.00"},{"$nulls":3},{"v":0,"d":"0.00"},{"v":-1,"d":"-1.00"},{"v":1,"d":"1.00"},{"$f":"G311*E311","v":0},{"$f":"H311*E311","v":0},{"$f":"I311*E311","v":0},{"$f":"J311*E311","v":0},{"$f":"K311*E311","v":0},{"$f":"L311*E311","v":0},0,{"$f":"N311*E311","v":{"v":2500,"d":"2,500"}},{"$f":"O311*E311","v":0},{"$f":"P311*E311","v":0},{"$f":"Q311*E311","v":0},{"$f":"R311*E311","v":0},{"$f":"S311*E311","v":0},{"$f":"T311*E311","v":0},{"$f":"W311*E311","v":0},{"$f":"X311*E311","v":0},{"$f":"Y311*E311","v":{"v":-1250,"d":"-1,250"}},{"v":1250,"d":"1,250"},{"$f":"+E311*Z311","v":{"v":1250,"d":"1,250.00"}}]
[{"$nulls":32},0]
[{"v":2.5,"d":"2.50"},"Theatre DB No 3",{"$nulls":30},0]
[null,"       Supply","each",1,{"v":12369.24,"d":"12,369.24"},{"v":12369.24,"d":"12,369.24"},{"v":0,"d":"0.00"},{"v":0,"d":"0.00"},{"v":0,"d":"0.00"},{"v":0,"d":"0.00"},{"v":0,"d":"0.00"},{"v":0,"d":"0.00"},{"v":0,"d":"0.00"},{"v":1,"d":"1.00"},{"v":0,"d":"0.00"},{"v":0,"d":"0.00"},{"v":0,"d":"0.00"},{"v":0,"d":"0.00"},{"v":0,"d":"0.00"},{"v":0,"d":"0.00"},{"$nulls":3},{"v":0,"d":"0.00"},{"v":0,"d":"0.00"},{"v":1,"d":"1.00"},{"$f":"G314*E314","v":0},{"$f":"H314*E314","v":0},{"$f":"I314*E314","v":0},{"$f":"J314*E314","v":0},{"$f":"K314*E314","v":0},{"$f":"L314*E314","v":0},0,{"$f":"N314*E314","v":{"v":12369.24,"d":"12,369"}},{"$f":"O314*E314","v":0},{"$f":"P314*E314","v":0},{"$f":"Q314*E314","v":0},{"$f":"R314*E314","v":0},{"$f":"S314*E314","v":0},{"$f":"T314*E314","v":0},{"$f":"W314*E314","v":0},{"$f":"X314*E314","v":0},{"$f":"Y314*E314","v":0},{"v":12369.24,"d":"12,369"},{"$f":"+E314*Z314","v":{"v":12369.24,"d":"12,369.24"}}]
[null,"       Install","each",1,{"v":1250,"d":"1,250.00"},{"v":1250,"d":"1,250.00"},{"v":0,"d":"0.00"},{"v":0,"d":"0.00"},{"v":0,"d":"0.00"},{"v":0,"d":"0.00"},{"v":0,"d":"0.00"},{"v":0,"d":"0.00"},{"v":0,"d":"0.00"},{"v":2,"d":"2.00"},{"v":0,"d":"0.00"},{"v":0,"d":"0.00"},{"v":0,"d":"0.00"},{"v":0,"d":"0.00"},{"v":0,"d":"0.00"},{"v":0,"d":"0.00"},{"$nulls":3},{"v":0,"d":"0.00"},{"v":-1,"d":"-1.00"},{"v":1,"d":"1.00"},{"$f":"G315*E315","v":0},{"$f":"H315*E315","v":0},{"$f":"I315*E315","v":0},{"$f":"J315*E315","v":0},{"$f":"K315*E315","v":0},{"$f":"L315*E315","v":0},0,{"$f":"N315*E315","v":{"v":2500,"d":"2,500"}},{"$f":"O315*E315","v":0},{"$f":"P315*E315","v":0},{"$f":"Q315*E315","v":0},{"$f":"R315*E315","v":0},{"$f":"S315*E315","v":0},{"$f":"T315*E315","v":0},{"$f":"W315*E315","v":0},{"$f":"X315*E315","v":0},{"$f":"Y315*E315","v":{"v":-1250,"d":"-1,250"}},{"v":1250,"d":"1,250"},{"$f":"+E315*Z315","v":{"v":1250,"d":"1,250.00"}}]
[{"$nulls":32},0]
[2.51,"Theatre DB No 4",{"$nulls":30},0]
[null,"       Supply","each",1,{"v":12369.24,"d":"12,369.24"},{"v":12369.24,"d":"12,369.24"},{"v":0,"d":"0.00"},{"v":0,"d":"0.00"},{"v":0,"d":"0.00"},{"v":0,"d":"0.00"},{"v":0,"d":"0.00"},{"v":0,"d":"0.00"},{"v":0,"d":"0.00"},{"v":1,"d":"1.00"},{"v":0,"d":"0.00"},{"v":0,"d":"0.00"},{"v":0,"d":"0.00"},{"v":0,"d":"0.00"},{"v":0,"d":"0.00"},{"v":0,"d":"0.00"},{"$nulls":3},{"v":0,"d":"0.00"},{"v":0,"d":"0.00"},{"v":1,"d":"1.00"},{"$f":"G318*E318","v":0},{"$f":"H318*E318","v":0},{"$f":"I318*E318","v":0},{"$f":"J318*E318","v":0},{"$f":"K318*E318","v":0},{"$f":"L318*E318","v":0},0,{"$f":"N318*E318","v":{"v":12369.24,"d":"12,369"}},{"$f":"O318*E318","v":0},{"$f":"P318*E318","v":0},{"$f":"Q318*E318","v":0},{"$f":"R318*E318","v":0},{"$f":"S318*E318","v":0},{"$f":"T318*E318","v":0},{"$f":"W318*E318","v":0},{"$f":"X318*E318","v":0},{"$f":"Y318*E318","v":0},{"v":12369.24,"d":"12,369"},{"$f":"+E318*Z318","v":{"v":12369.24,"d":"12,369.24"}}]
[null,"       Install","each",1,{"v":1250,"d":"1,250.00"},{"v":1250,"d":"1,250.00"},{"v":0,"d":"0.00"},{"v":0,"d":"0.00"},{"v":0,"d":"0.00"},{"v":0,"d":"0.00"},{"v":0,"d":"0.00"},{"v":0,"d":"0.00"},{"v":0,"d":"0.00"},{"v":2,"d":"2.00"},{"v":0,"d":"0.00"},{"v":0,"d":"0.00"},{"v":0,"d":"0.00"},{"v":0,"d":"0.00"},{"v":0,"d":"0.00"},{"v":0,"d":"0.00"},{"$nulls":3},{"v":0,"d":"0.00"},{"v":-1,"d":"-1.00"},{"v":1,"d":"1.00"},{"$f":"G319*E319","v":0},{"$f":"H319*E319","v":0},{"$f":"I319*E319","v":0},{"$f":"J319*E319","v":0},{"$f":"K319*E319","v":0},{"$f":"L319*E319","v":0},0,{"$f":"N319*E319","v":{"v":2500,"d":"2,500"}},{"$f":"O319*E319","v":0},{"$f":"P319*E319","v":0},{"$f":"Q319*E319","v":0},{"$f":"R319*E319","v":0},{"$f":"S319*E319","v":0},{"$f":"T319*E319","v":0},{"$f":"W319*E319","v":0},{"$f":"X319*E319","v":0},{"$f":"Y319*E319","v":{"v":-1250,"d":"-1,250"}},{"$f":"SUM(AA319:AQ319)","v":{"v":1250,"d":"1,250"}},{"$f":"+E319*Z319","v":{"v":1250,"d":"1,250.00"}}]
[]
[]
[null,"Amount Carried Forward",{"$nulls":3},{"$f":"SUM(F270:F321)","v":{"v":3576008.6000000015,"d":"3,576,008.60"}},{"$nulls":38},{"$f":"SUM(AS270:AS321)","v":{"v":2917132.5000000014,"d":"2,917,132.50"}}]
[]
["MAIN HOSPITAL ELECTRICAL INSTALLATION"]
["CECILIA MAKIWANE HOSPITAL : PHASE 4C"]
[]
["BILL NO. 2 : DISTRIBUTION BOARDS"]
["ITEM","DESCRIPTION","UNIT","QTY","RATE","TENDER AMOUNT","A-LV05","B-LV04","D-LV03","E1-LV03","E2","F1","F2","G1","G2","H1","H2","J1","J2","J3",null,"G/House",null,"N","Other","Total Qty","A","B","D","E1","E2","F1","F2","G1","G2","H1","H2","J1","J2","J3","K","N","Other","Total Amount","Total Claimed"]
[null,"AMOUNT CARRIED FORWARD FROM PREVIOUS BILL",{"$nulls":3},{"$f":"F322","v":{"v":3576008.6000000015,"d":"3,576,008.60"}},{"$nulls":38},{"$f":"AS322","v":{"v":2917132.5000000014,"d":"2,917,132.50"}}]
[]
[2.52,"Theatre DB No 5"]
[null,"       Supply","each",1,{"v":12369.24,"d":"12,369.24"},{"$f":"$D332*E332","v":{"v":12369.24,"d":"12,369.24"}},{"v":0,"d":"0.00"},{"v":0,"d":"0.00"},{"v":0,"d":"0.00"},{"v":0,"d":"0.00"},{"v":0,"d":"0.00"},{"v":0,"d":"0.00"},{"v":0,"d":"0.00"},{"v":1,"d":"1.00"},{"v":0,"d":"0.00"},{"v":0,"d":"0.00"},{"v":0,"d":"0.00"},{"v":0,"d":"0.00"},{"v":0,"d":"0.00"},{"v":0,"d":"0.00"},{"$nulls":3},{"v":0,"d":"0.00"},{"v":0,"d":"0.00"},{"$f":"SUM(G332:Y332)","v":{"v":1,"d":"1.00"}},{"$f":"G332*E332","v":0},{"$f":"H332*E332","v":0},{"$f":"I332*E332","v":0},{"$f":"J332*E332","v":0},{"$f":"K332*E332","v":0},{"$f":"L332*E332","v":0},{"$f":"+M332*E332","v":0},{"$f":"N332*E332","v":{"v":12369.24,"d":"12,369"}},{"$f":"O332*E332","v":0},{"$f":"P332*E332","v":0},{"$f":"Q332*E332","v":0},{"$f":"R332*E332","v":0},{"$f":"S332*E332","v":0},{"$f":"T332*E332","v":0},{"$f":"W332*E332","v":0},{"$f":"X332*E332","v":0},{"$f":"Y332*E332","v":0},{"$f":"SUM(AA332:AQ332)","v":{"v":12369.24,"d":"12,369"}},{"$f":"+E332*Z332","v":{"v":12369.24,"d":"12,369.24"}}]
[null,"       Install","each",1,{"v":1250,"d":"1,250.00"},{"v":1250,"d":"1,250.00"},{"v":0,"d":"0.00"},{"v":0,"d":"0.00"},{"v":0,"d":"0.00"},{"v":0,"d":"0.00"},{"v":0,"d":"0.00"},{"v":0,"d":"0.00"},{"v":0,"d":"0.00"},{"v":2,"d":"2.00"},{"v":0,"d":"0.00"},{"v":0,"d":"0.00"},{"v":0,"d":"0.00"},{"v":0,"d":"0.00"},{"v":0,"d":"0.00"},{"v":0,"d":"0.00"},{"$nulls":3},{"v":0,"d":"0.00"},{"v":-1,"d":"-1.00"},{"$f":"SUM(G333:Y333)","v":{"v":1,"d":"1.00"}},{"$f":"G333*E333","v":0},{"$f":"H333*E333","v":0},{"$f":"I333*E333","v":0},{"$f":"J333*E333","v":0},{"$f":"K333*E333","v":0},{"$f":"L333*E333","v":0},0,{"$f":"N333*E333","v":{"v":2500,"d":"2,500"}},{"$f":"O333*E333","v":0},{"$f":"P333*E333","v":0},{"$f":"Q333*E333","v":0},{"$f":"R333*E333","v":0},{"$f":"S333*E333","v":0},{"$f":"T333*E333","v":0},{"$f":"W333*E333","v":0},{"$f":"X333*E333","v":0},{"$f":"Y333*E333","v":{"v":-1250,"d":"-1,250"}},{"$f":"SUM(AA333:AQ333)","v":{"v":1250,"d":"1,250"}},{"$f":"+E333*Z333","v":{"v":1250,"d":"1,250.00"}}]
[{"$nulls":32},0]
[2.53,"Theatre Delivery Ward",{"$nulls":30},0]
[null,"       Supply","each",1,{"v":12369.24,"d":"12,369.24"},{"v":12369.24,"d":"12,369.24"},{"v":0,"d":"0.00"},{"v":0,"d":"0.00"},{"v":0,"d":"0.00"},{"v":0,"d":"0.00"},{"v":0,"d":"0.00"},{"v":0,"d":"0.00"},{"v":0,"d":"0.00"},{"v":0,"d":"0.00"},{"v":0,"d":"0.00"},{"v":0,"d":"0.00"},{"v":0,"d":"0.00"},{"v":0,"d":"0.00"},{"v":0,"d":"0.00"},{"v":0,"d":"0.00"},{"$nulls":3},{"v":0,"d":"0.00"},{"v":0,"d":"0.00"},{"v":0,"d":"0.00"},{"$f":"G336*E336","v":0},{"$f":"H336*E336","v":0},{"$f":"I336*E336","v":0},{"$f":"J336*E336","v":0},{"$f":"K336*E336","v":0},{"$f":"L336*E336","v":0},0,{"$f":"N336*E336","v":0},{"$f":"O336*E336","v":0},{"$f":"P336*E336","v":0},{"$f":"Q336*E336","v":0},{"$f":"R336*E336","v":0},{"$f":"S336*E336","v":0},{"$f":"T336*E336","v":0},{"$f":"W336*E336","v":0},{"$f":"X336*E336","v":0},{"$f":"Y336*E336","v":0},0,{"$f":"+E336*Z336","v":{"v":0,"d":"0.00"}}]
[null,"       Install","each",1,{"v":1250,"d":"1,250.00"},{"v":1250,"d":"1,250.00"},{"v":0,"d":"0.00"},{"v":0,"d":"0.00"},{"v":0,"d":"0.00"},{"v":0,"d":"0.00"},{"v":0,"d":"0.00"},{"v":0,"d":"0.00"},{"v":0,"d":"0.00"},{"v":1,"d":"1.00"},{"v":0,"d":"0.00"},{"v":0,"d":"0.00"},{"v":0,"d":"0.00"},{"v":0,"d":"0.00"},{"v":0,"d":"0.00"},{"v":0,"d":"0.00"},{"$nulls":3},{"v":0,"d":"0.00"},{"v":0,"d":"0.00"},{"v":1,"d":"1.00"},{"$f":"G337*E337","v":0},{"$f":"H337*E337","v":0},{"$f":"I337*E337","v":0},{"$f":"J337*E337","v":0},{"$f":"K337*E337","v":0},{"$f":"L337*E337","v":0},0,{"$f":"N337*E337","v":{"v":1250,"d":"1,250"}},{"$f":"O337*E337","v":0},{"$f":"P337*E337","v":0},{"$f":"Q337*E337","v":0},{"$f":"R337*E337","v":0},{"$f":"S337*E337","v":0},{"$f":"T337*E337","v":0},{"$f":"W337*E337","v":0},{"$f":"X337*E337","v":0},{"$f":"Y337*E337","v":0},{"v":1250,"d":"1,250"},{"$f":"+E337*Z337","v":{"v":1250,"d":"1,250.00"}}]
[{"$nulls":32},0]
[2.54,"Theatre A&E",{"$nulls":30},0]
[null,"       Supply","each",1,{"v":12369.24,"d":"12,369.24"},{"v":12369.24,"d":"12,369.24"},{"v":0,"d":"0.00"},{"v":0,"d":"0.00"},{"v":0,"d":"0.00"},{"v":0,"d":"0.00"},{"v":0,"d":"0.00"},{"v":0,"d":"0.00"},{"v":0,"d":"0.00"},{"v":0,"d":"0.00"},{"v":0,"d":"0.00"},{"v":0,"d":"0.00"},{"v":0,"d":"0.00"},{"v":0,"d":"0.00"},{"v":0,"d":"0.00"},{"v":0,"d":"0.00"},{"$nulls":3},{"v":0,"d":"0.00"},{"v":1,"d":"1.00"},{"v":1,"d":"1.00"},{"$f":"G340*E340","v":0},{"$f":"H340*E340","v":0},{"$f":"I340*E340","v":0},{"$f":"J340*E340","v":0},{"$f":"K340*E340","v":0},{"$f":"L340*E340","v":0},0,{"$f":"N340*E340","v":0},{"$f":"O340*E340","v":0},{"$f":"P340*E340","v":0},{"$f":"Q340*E340","v":0},{"$f":"R340*E340","v":0},{"$f":"S340*E340","v":0},{"$f":"T340*E340","v":0},{"$f":"W340*E340","v":0},{"$f":"X340*E340","v":0},{"$f":"Y340*E340","v":{"v":12369.24,"d":"12,369"}},{"v":12369.24,"d":"12,369"},{"$f":"+E340*Z340","v":{"v":12369.24,"d":"12,369.24"}}]
[null,"       Install","each",1,{"v":1250,"d":"1,250.00"},{"v":1250,"d":"1,250.00"},{"v":0,"d":"0.00"},{"v":0,"d":"0.00"},{"v":0,"d":"0.00"},{"v":0,"d":"0.00"},{"v":0,"d":"0.00"},{"v":0,"d":"0.00"},{"v":0,"d":"0.00"},{"v":0,"d":"0.00"},{"v":0,"d":"0.00"},{"v":0,"d":"0.00"},{"v":0,"d":"0.00"},{"v":0,"d":"0.00"},{"v":0,"d":"0.00"},{"v":0,"d":"0.00"},{"$nulls":3},{"v":0,"d":"0.00"},{"v":1,"d":"1.00"},{"v":1,"d":"1.00"},{"$f":"G341*E341","v":0},{"$f":"H341*E341","v":0},{"$f":"I341*E341","v":0},{"$f":"J341*E341","v":0},{"$f":"K341*E341","v":0},{"$f":"L341*E341","v":0},0,{"$f":"N341*E341","v":0},{"$f":"O341*E341","v":0},{"$f":"P341*E341","v":0},{"$f":"Q341*E341","v":0},{"$f":"R341*E341","v":0},{"$f":"S341*E341","v":0},{"$f":"T341*E341","v":0},{"$f":"W341*E341","v":0},{"$f":"X341*E341","v":0},{"$f":"Y341*E341","v":{"v":1250,"d":"1,250"}},{"v":1250,"d":"1,250"},{"$f":"+E341*Z341","v":{"v":1250,"d":"1,250.00"}}]
[{"$nulls":32},0]
[2.55,"Roof Plantroom DB No 1",{"$nulls":30},0]
[null,"       Supply","each",1,{"v":9377.1,"d":"9,377.10"},{"v":9377.1,"d":"9,377.10"},{"v":0,"d":"0.00"},{"v":0,"d":"0.00"},{"v":0,"d":"0.00"},{"v":0,"d":"0.00"},{"v":0,"d":"0.00"},{"v":0,"d":"0.00"},{"v":0,"d":"0.00"},{"v":0,"d":"0.00"},{"v":0,"d":"0.00"},{"v":0,"d":"0.00"},{"v":0,"d":"0.00"},{"v":0,"d":"0.00"},{"v":0,"d":"0.00"},{"v":0,"d":"0.00"},{"$nulls":3},{"v":0,"d":"0.00"},{"v":0,"d":"0.00"},{"v":0,"d":"0.00"},{"$f":"G344*E344","v":0},{"$f":"H344*E344","v":0},{"$f":"I344*E344","v":0},{"$f":"J344*E344","v":0},{"$f":"K344*E344","v":0},{"$f":"L344*E344","v":0},0,{"$f":"N344*E344","v":0},{"$f":"O344*E344","v":0},{"$f":"P344*E344","v":0},{"$f":"Q344*E344","v":0},{"$f":"R344*E344","v":0},{"$f":"S344*E344","v":0},{"$f":"T344*E344","v":0},{"$f":"W344*E344","v":0},{"$f":"X344*E344","v":0},{"$f":"Y344*E344","v":0},0,{"$f":"+E344*Z344","v":{"v":0,"d":"0.00"}}]
[null,"       Install","each",1,{"v":1250,"d":"1,250.00"},{"v":1250,"d":"1,250.00"},{"v":0,"d":"0.00"},{"v":0,"d":"0.00"},{"v":0,"d":"0.00"},{"v":0,"d":"0.00"},{"v":0,"d":"0.00"},{"v":0,"d":"0.00"},{"v":0,"d":"0.00"},{"v":0,"d":"0.00"},{"v":0,"d":"0.00"},{"v":0,"d":"0.00"},{"v":0,"d":"0.00"},{"v":0,"d":"0.00"},{"v":0,"d":"0.00"},{"v":0,"d":"0.00"},{"$nulls":3},{"v":0,"d":"0.00"},{"v":0,"d":"0.00"},{"v":0,"d":"0.00"},{"$f":"G345*E345","v":0},{"$f":"H345*E345","v":0},{"$f":"I345*E345","v":0},{"$f":"J345*E345","v":0},{"$f":"K345*E345","v":0},{"$f":"L345*E345","v":0},0,{"$f":"N345*E345","v":0},{"$f":"O345*E345","v":0},{"$f":"P345*E345","v":0},{"$f":"Q345*E345","v":0},{"$f":"R345*E345","v":0},{"$f":"S345*E345","v":0},{"$f":"T345*E345","v":0},{"$f":"W345*E345","v":0},{"$f":"X345*E345","v":0},{"$f":"Y345*E345","v":0},0,{"$f":"+E345*Z345","v":{"v":0,"d":"0.00"}}]
[{"$nulls":32},0]
[2.56,"Roof Plantroom DB No 2",{"$nulls":30},0]
[null,"       Supply","each",1,{"v":9377.1,"d":"9,377.10"},{"v":9377.1,"d":"9,377.10"},{"v":0,"d":"0.00"},{"v":0,"d":"0.00"},{"v":0,"d":"0.00"},{"v":0,"d":"0.00"},{"v":0,"d":"0.00"},{"v":0,"d":"0.00"},{"v":0,"d":"0.00"},{"v":0,"d":"0.00"},{"v":0,"d":"0.00"},{"v":0,"d":"0.00"},{"v":0,"d":"0.00"},{"v":0,"d":"0.00"},{"v":0,"d":"0.00"},{"v":0,"d":"0.00"},{"$nulls":3},{"v":0,"d":"0.00"},{"v":0,"d":"0.00"},{"v":0,"d":"0.00"},{"$f":"G348*E348","v":0},{"$f":"H348*E348","v":0},{"$f":"I348*E348","v":0},{"$f":"J348*E348","v":0},{"$f":"K348*E348","v":0},{"$f":"L348*E348","v":0},0,{"$f":"N348*E348","v":0},{"$f":"O348*E348","v":0},{"$f":"P348*E348","v":0},{"$f":"Q348*E348","v":0},{"$f":"R348*E348","v":0},{"$f":"S348*E348","v":0},{"$f":"T348*E348","v":0},{"$f":"W348*E348","v":0},{"$f":"X348*E348","v":0},{"$f":"Y348*E348","v":0},0,{"$f":"+E348*Z348","v":{"v":0,"d":"0.00"}}]
[null,"       Install","each",1,{"v":1250,"d":"1,250.00"},{"v":1250,"d":"1,250.00"},{"v":0,"d":"0.00"},{"v":0,"d":"0.00"},{"v":0,"d":"0.00"},{"v":0,"d":"0.00"},{"v":0,"d":"0.00"},{"v":0,"d":"0.00"},{"v":0,"d":"0.00"},{"v":0,"d":"0.00"},{"v":0,"d":"0.00"},{"v":0,"d":"0.00"},{"v":0,"d":"0.00"},{"v":0,"d":"0.00"},{"v":0,"d":"0.00"},{"v":0,"d":"0.00"},{"$nulls":3},{"v":0,"d":"0.00"},{"v":0,"d":"0.00"},{"v":0,"d":"0.00"},{"$f":"G349*E349","v":0},{"$f":"H349*E349","v":0},{"$f":"I349*E349","v":0},{"$f":"J349*E349","v":0},{"$f":"K349*E349","v":0},{"$f":"L349*E349","v":0},0,{"$f":"N349*E349","v":0},{"$f":"O349*E349","v":0},{"$f":"P349*E349","v":0},{"$f":"Q349*E349","v":0},{"$f":"R349*E349","v":0},{"$f":"S349*E349","v":0},{"$f":"T349*E349","v":0},{"$f":"W349*E349","v":0},{"$f":"X349*E349","v":0},{"$f":"Y349*E349","v":0},0,{"$f":"+E349*Z349","v":{"v":0,"d":"0.00"}}]
[{"$nulls":32},0]
[2.57,"Roof Plantroom DB No 3",{"$nulls":30},0]
[null,"       Supply","each",1,{"v":9377.1,"d":"9,377.10"},{"v":9377.1,"d":"9,377.10"},{"v":0,"d":"0.00"},{"v":0,"d":"0.00"},{"v":0,"d":"0.00"},{"v":0,"d":"0.00"},{"v":0,"d":"0.00"},{"v":0,"d":"0.00"},{"v":0,"d":"0.00"},{"v":0,"d":"0.00"},{"v":0,"d":"0.00"},{"v":0,"d":"0.00"},{"v":0,"d":"0.00"},{"v":0,"d":"0.00"},{"v":0,"d":"0.00"},{"v":0,"d":"0.00"},{"$nulls":3},{"v":0,"d":"0.00"},{"v":0,"d":"0.00"},{"v":0,"d":"0.00"},{"$f":"G352*E352","v":0},{"$f":"H352*E352","v":0},{"$f":"I352*E352","v":0},{"$f":"J352*E352","v":0},{"$f":"K352*E352","v":0},{"$f":"L352*E352","v":0},0,{"$f":"N352*E352","v":0},{"$f":"O352*E352","v":0},{"$f":"P352*E352","v":0},{"$f":"Q352*E352","v":0},{"$f":"R352*E352","v":0},{"$f":"S352*E352","v":0},{"$f":"T352*E352","v":0},{"$f":"W352*E352","v":0},{"$f":"X352*E352","v":0},{"$f":"Y352*E352","v":0},0,{"$f":"+E352*Z352","v":{"v":0,"d":"0.00"}}]
[null,"       Install","each",1,{"v":1250,"d":"1,250.00"},{"v":1250,"d":"1,250.00"},{"v":0,"d":"0.00"},{"v":0,"d":"0.00"},{"v":0,"d":"0.00"},{"v":0,"d":"0.00"},{"v":0,"d":"0.00"},{"v":0,"d":"0.00"},{"v":0,"d":"0.00"},{"v":0,"d":"0.00"},{"v":0,"d":"0.00"},{"v":0,"d":"0.00"},{"v":0,"d":"0.00"},{"v":0,"d":"0.00"},{"v":0,"d":"0.00"},{"v":0,"d":"0.00"},{"$nulls":3},{"v":0,"d":"0.00"},{"v":0,"d":"0.00"},{"v":0,"d":"0.00"},{"$f":"G353*E353","v":0},{"$f":"H353*E353","v":0},{"$f":"I353*E353","v":0},{"$f":"J353*E353","v":0},{"$f":"K353*E353","v":0},{"$f":"L353*E353","v":0},0,{"$f":"N353*E353","v":0},{"$f":"O353*E353","v":0},{"$f":"P353*E353","v":0},{"$f":"Q353*E353","v":0},{"$f":"R353*E353","v":0},{"$f":"S353*E353","v":0},{"$f":"T353*E353","v":0},{"$f":"W353*E353","v":0},{"$f":"X353*E353","v":0},{"$f":"Y353*E353","v":0},0,{"$f":"+E353*Z353","v":{"v":0,"d":"0.00"}}]
[{"$nulls":32},0]
[2.58,"Roof Plantroom DB No 4",{"$nulls":30},0]
[null,"       Supply","each",1,{"v":9554.77,"d":"9,554.77"},{"v":9554.77,"d":"9,554.77"},{"v":0,"d":"0.00"},{"v":0,"d":"0.00"},{"v":0,"d":"0.00"},{"v":0,"d":"0.00"},{"v":0,"d":"0.00"},{"v":0,"d":"0.00"},{"v":0,"d":"0.00"},{"v":0,"d":"0.00"},{"v":0,"d":"0.00"},{"v":0,"d":"0.00"},{"v":0,"d":"0.00"},{"v":0,"d":"0.00"},{"v":0,"d":"0.00"},{"v":0,"d":"0.00"},{"$nulls":3},{"v":0,"d":"0.00"},{"v":0,"d":"0.00"},{"v":0,"d":"0.00"},{"$f":"G356*E356","v":0},{"$f":"H356*E356","v":0},{"$f":"I356*E356","v":0},{"$f":"J356*E356","v":0},{"$f":"K356*E356","v":0},{"$f":"L356*E356","v":0},0,{"$f":"N356*E356","v":0},{"$f":"O356*E356","v":0},{"$f":"P356*E356","v":0},{"$f":"Q356*E356","v":0},{"$f":"R356*E356","v":0},{"$f":"S356*E356","v":0},{"$f":"T356*E356","v":0},{"$f":"W356*E356","v":0},{"$f":"X356*E356","v":0},{"$f":"Y356*E356","v":0},0,{"$f":"+E356*Z356","v":{"v":0,"d":"0.00"}}]
[null,"       Install","each",1,{"v":1250,"d":"1,250.00"},{"v":1250,"d":"1,250.00"},{"v":0,"d":"0.00"},{"v":0,"d":"0.00"},{"v":0,"d":"0.00"},{"v":0,"d":"0.00"},{"v":0,"d":"0.00"},{"v":0,"d":"0.00"},{"v":0,"d":"0.00"},{"v":0,"d":"0.00"},{"v":0,"d":"0.00"},{"v":0,"d":"0.00"},{"v":0,"d":"0.00"},{"v":0,"d":"0.00"},{"v":0,"d":"0.00"},{"v":0,"d":"0.00"},{"$nulls":3},{"v":0,"d":"0.00"},{"v":0,"d":"0.00"},{"v":0,"d":"0.00"},{"$f":"G357*E357","v":0},{"$f":"H357*E357","v":0},{"$f":"I357*E357","v":0},{"$f":"J357*E357","v":0},{"$f":"K357*E357","v":0},{"$f":"L357*E357","v":0},0,{"$f":"N357*E357","v":0},{"$f":"O357*E357","v":0},{"$f":"P357*E357","v":0},{"$f":"Q357*E357","v":0},{"$f":"R357*E357","v":0},{"$f":"S357*E357","v":0},{"$f":"T357*E357","v":0},{"$f":"W357*E357","v":0},{"$f":"X357*E357","v":0},{"$f":"Y357*E357","v":0},0,{"$f":"+E357*Z357","v":{"v":0,"d":"0.00"}}]
[{"$nulls":32},0,{"$nulls":11}," "]
[2.59,"Roof Plantroom DB No 5",{"$nulls":30},0,{"$nulls":11}," "]
[null,"       Supply","each",1,{"v":9294.51,"d":"9,294.51"},{"v":9294.51,"d":"9,294.51"},{"v":0,"d":"0.00"},{"v":0,"d":"0.00"},{"v":0,"d":"0.00"},{"v":0,"d":"0.00"},{"v":0,"d":"0.00"},{"v":0,"d":"0.00"},{"v":0,"d":"0.00"},{"v":0,"d":"0.00"},{"v":0,"d":"0.00"},{"v":0,"d":"0.00"},{"v":0,"d":"0.00"},{"v":0,"d":"0.00"},{"v":0,"d":"0.00"},{"v":0,"d":"0.00"},{"$nulls":3},{"v":0,"d":"0.00"},{"v":0,"d":"0.00"},{"v":0,"d":"0.00"},{"$f":"G360*E360","v":0},{"$f":"H360*E360","v":0},{"$f":"I360*E360","v":0},{"$f":"J360*E360","v":0},{"$f":"K360*E360","v":0},{"$f":"L360*E360","v":0},0,{"$f":"N360*E360","v":0},{"$f":"O360*E360","v":0},{"$f":"P360*E360","v":0},{"$f":"Q360*E360","v":0},{"$f":"R360*E360","v":0},{"$f":"S360*E360","v":0},{"$f":"T360*E360","v":0},{"$f":"W360*E360","v":0},{"$f":"X360*E360","v":0},{"$f":"Y360*E360","v":0},0,{"$f":"+E360*Z360","v":{"v":0,"d":"0.00"}}]
[null,"       Install","each",1,{"v":1250,"d":"1,250.00"},{"v":1250,"d":"1,250.00"},{"v":0,"d":"0.00"},{"v":0,"d":"0.00"},{"v":0,"d":"0.00"},{"v":0,"d":"0.00"},{"v":0,"d":"0.00"},{"v":0,"d":"0.00"},{"v":0,"d":"0.00"},{"v":0,"d":"0.00"},{"v":0,"d":"0.00"},{"v":0,"d":"0.00"},{"v":0,"d":"0.00"},{"v":0,"d":"0.00"},{"v":0,"d":"0.00"},{"v":0,"d":"0.00"},{"$nulls":3},{"v":0,"d":"0.00"},{"v":0,"d":"0.00"},{"v":0,"d":"0.00"},{"$f":"G361*E361","v":0},{"$f":"H361*E361","v":0},{"$f":"I361*E361","v":0},{"$f":"J361*E361","v":0},{"$f":"K361*E361","v":0},{"$f":"L361*E361","v":0},0,{"$f":"N361*E361","v":0},{"$f":"O361*E361","v":0},{"$f":"P361*E361","v":0},{"$f":"Q361*E361","v":0},{"$f":"R361*E361","v":0},{"$f":"S361*E361","v":0},{"$f":"T361*E361","v":0},{"$f":"W361*E361","v":0},{"$f":"X361*E361","v":0},{"$f":"Y361*E361","v":0},0,{"$f":"+E361*Z361","v":{"v":0,"d":"0.00"}}]
[{"$nulls":32},0,{"$nulls":11}," "]
[{"v":2.6,"d":"2.60"},"Roof Plantroom DB No 6",{"$nulls":30},0,{"$nulls":11}," "]
[null,"       Supply","each",1,{"v":9294.51,"d":"9,294.51"},{"v":9294.51,"d":"9,294.51"},{"v":0,"d":"0.00"},{"v":0,"d":"0.00"},{"v":0,"d":"0.00"},{"v":0,"d":"0.00"},{"v":0,"d":"0.00"},{"v":0,"d":"0.00"},{"v":0,"d":"0.00"},{"v":0,"d":"0.00"},{"v":0,"d":"0.00"},{"v":0,"d":"0.00"},{"v":0,"d":"0.00"},{"v":0,"d":"0.00"},{"v":0,"d":"0.00"},{"v":0,"d":"0.00"},{"$nulls":3},{"v":0,"d":"0.00"},{"v":0,"d":"0.00"},{"v":0,"d":"0.00"},{"$f":"G364*E364","v":0},{"$f":"H364*E364","v":0},{"$f":"I364*E364","v":0},{"$f":"J364*E364","v":0},{"$f":"K364*E364","v":0},{"$f":"L364*E364","v":0},0,{"$f":"N364*E364","v":0},{"$f":"O364*E364","v":0},{"$f":"P364*E364","v":0},{"$f":"Q364*E364","v":0},{"$f":"R364*E364","v":0},{"$f":"S364*E364","v":0},{"$f":"T364*E364","v":0},{"$f":"W364*E364","v":0},{"$f":"X364*E364","v":0},{"$f":"Y364*E364","v":0},0,{"$f":"+E364*Z364","v":{"v":0,"d":"0.00"}}]
[null,"       Install","each",1,{"v":1250,"d":"1,250.00"},{"v":1250,"d":"1,250.00"},{"v":0,"d":"0.00"},{"v":0,"d":"0.00"},{"v":0,"d":"0.00"},{"v":0,"d":"0.00"},{"v":0,"d":"0.00"},{"v":0,"d":"0.00"},{"v":0,"d":"0.00"},{"v":0,"d":"0.00"},{"v":0,"d":"0.00"},{"v":0,"d":"0.00"},{"v":0,"d":"0.00"},{"v":0,"d":"0.00"},{"v":0,"d":"0.00"},{"v":0,"d":"0.00"},{"$nulls":3},{"v":0,"d":"0.00"},{"v":0,"d":"0.00"},{"v":0,"d":"0.00"},{"$f":"G365*E365","v":0},{"$f":"H365*E365","v":0},{"$f":"I365*E365","v":0},{"$f":"J365*E365","v":0},{"$f":"K365*E365","v":0},{"$f":"L365*E365","v":0},0,{"$f":"N365*E365","v":0},{"$f":"O365*E365","v":0},{"$f":"P365*E365","v":0},{"$f":"Q365*E365","v":0},{"$f":"R365*E365","v":0},{"$f":"S365*E365","v":0},{"$f":"T365*E365","v":0},{"$f":"W365*E365","v":0},{"$f":"X365*E365","v":0},{"$f":"Y365*E365","v":0},0,{"$f":"+E365*Z365","v":{"v":0,"d":"0.00"}}]
[{"$nulls":32},0]
[2.61,"Roof Plantroom DB No 7",{"$nulls":30},0]
[null,"       Supply","each",1,{"v":9294.51,"d":"9,294.51"},{"v":9294.51,"d":"9,294.51"},{"v":0,"d":"0.00"},{"v":0,"d":"0.00"},{"v":0,"d":"0.00"},{"v":0,"d":"0.00"},{"v":0,"d":"0.00"},{"v":0,"d":"0.00"},{"v":0,"d":"0.00"},{"v":0,"d":"0.00"},{"v":0,"d":"0.00"},{"v":0,"d":"0.00"},{"v":0,"d":"0.00"},{"v":0,"d":"0.00"},{"v":0,"d":"0.00"},{"v":0,"d":"0.00"},{"$nulls":3},{"v":0,"d":"0.00"},{"v":0,"d":"0.00"},{"v":0,"d":"0.00"},{"$f":"G368*E368","v":0},{"$f":"H368*E368","v":0},{"$f":"I368*E368","v":0},{"$f":"J368*E368","v":0},{"$f":"K368*E368","v":0},{"$f":"L368*E368","v":0},0,{"$f":"N368*E368","v":0},{"$f":"O368*E368","v":0},{"$f":"P368*E368","v":0},{"$f":"Q368*E368","v":0},{"$f":"R368*E368","v":0},{"$f":"S368*E368","v":0},{"$f":"T368*E368","v":0},{"$f":"W368*E368","v":0},{"$f":"X368*E368","v":0},{"$f":"Y368*E368","v":0},0,{"$f":"+E368*Z368","v":{"v":0,"d":"0.00"}}]
[null,"       Install","each",1,{"v":1250,"d":"1,250.00"},{"v":1250,"d":"1,250.00"},{"v":0,"d":"0.00"},{"v":0,"d":"0.00"},{"v":0,"d":"0.00"},{"v":0,"d":"0.00"},{"v":0,"d":"0.00"},{"v":0,"d":"0.00"},{"v":0,"d":"0.00"},{"v":0,"d":"0.00"},{"v":0,"d":"0.00"},{"v":0,"d":"0.00"},{"v":0,"d":"0.00"},{"v":0,"d":"0.00"},{"v":0,"d":"0.00"},{"v":0,"d":"0.00"},{"$nulls":3},{"v":0,"d":"0.00"},{"v":0,"d":"0.00"},{"v":0,"d":"0.00"},{"$f":"G369*E369","v":0},{"$f":"H369*E369","v":0},{"$f":"I369*E369","v":0},{"$f":"J369*E369","v":0},{"$f":"K369*E369","v":0},{"$f":"L369*E369","v":0},0,{"$f":"N369*E369","v":0},{"$f":"O369*E369","v":0},{"$f":"P369*E369","v":0},{"$f":"Q369*E369","v":0},{"$f":"R369*E369","v":0},{"$f":"S369*E369","v":0},{"$f":"T369*E369","v":0},{"$f":"W369*E369","v":0},{"$f":"X369*E369","v":0},{"$f":"Y369*E369","v":0},0,{"$f":"+E369*Z369","v":{"v":0,"d":"0.00"}}]
[{"$nulls":32},0]
[2.62,"Roof Plantroom DB No 8",{"$nulls":30},0]
[null,"       Supply","each",1,{"v":9864.37,"d":"9,864.37"},{"v":9864.37,"d":"9,864.37"},{"v":0,"d":"0.00"},{"v":0,"d":"0.00"},{"v":0,"d":"0.00"},{"v":0,"d":"0.00"},{"v":0,"d":"0.00"},{"v":0,"d":"0.00"},{"v":0,"d":"0.00"},{"v":0,"d":"0.00"},{"v":0,"d":"0.00"},{"v":0,"d":"0.00"},{"v":0,"d":"0.00"},{"v":0,"d":"0.00"},{"v":0,"d":"0.00"},{"v":0,"d":"0.00"},{"$nulls":3},{"v":0,"d":"0.00"},{"v":0,"d":"0.00"},{"v":0,"d":"0.00"},{"$f":"G372*E372","v":0},{"$f":"H372*E372","v":0},{"$f":"I372*E372","v":0},{"$f":"J372*E372","v":0},{"$f":"K372*E372","v":0},{"$f":"L372*E372","v":0},0,{"$f":"N372*E372","v":0},{"$f":"O372*E372","v":0},{"$f":"P372*E372","v":0},{"$f":"Q372*E372","v":0},{"$f":"R372*E372","v":0},{"$f":"S372*E372","v":0},{"$f":"T372*E372","v":0},{"$f":"W372*E372","v":0},{"$f":"X372*E372","v":0},{"$f":"Y372*E372","v":0},0,{"$f":"+E372*Z372","v":{"v":0,"d":"0.00"}}]
[null,"       Install","each",1,{"v":1250,"d":"1,250.00"},{"v":1250,"d":"1,250.00"},{"v":0,"d":"0.00"},{"v":0,"d":"0.00"},{"v":0,"d":"0.00"},{"v":0,"d":"0.00"},{"v":0,"d":"0.00"},{"v":0,"d":"0.00"},{"v":0,"d":"0.00"},{"v":0,"d":"0.00"},{"v":0,"d":"0.00"},{"v":0,"d":"0.00"},{"v":0,"d":"0.00"},{"v":0,"d":"0.00"},{"v":0,"d":"0.00"},{"v":0,"d":"0.00"},{"$nulls":3},{"v":0,"d":"0.00"},{"v":0,"d":"0.00"},{"v":0,"d":"0.00"},{"$f":"G373*E373","v":0},{"$f":"H373*E373","v":0},{"$f":"I373*E373","v":0},{"$f":"J373*E373","v":0},{"$f":"K373*E373","v":0},{"$f":"L373*E373","v":0},0,{"$f":"N373*E373","v":0},{"$f":"O373*E373","v":0},{"$f":"P373*E373","v":0},{"$f":"Q373*E373","v":0},{"$f":"R373*E373","v":0},{"$f":"S373*E373","v":0},{"$f":"T373*E373","v":0},{"$f":"W373*E373","v":0},{"$f":"X373*E373","v":0},{"$f":"Y373*E373","v":0},0,{"$f":"+E373*Z373","v":{"v":0,"d":"0.00"}}]
[{"$nulls":32},0]
[2.63,"Roof Plantroom DB No 9",{"$nulls":30},0]
[null,"       Supply","each",1,{"v":9864.37,"d":"9,864.37"},{"v":9864.37,"d":"9,864.37"},{"v":0,"d":"0.00"},{"v":0,"d":"0.00"},{"v":0,"d":"0.00"},{"v":0,"d":"0.00"},{"v":0,"d":"0.00"},{"v":0,"d":"0.00"},{"v":0,"d":"0.00"},{"v":0,"d":"0.00"},{"v":0,"d":"0.00"},{"v":0,"d":"0.00"},{"v":0,"d":"0.00"},{"v":0,"d":"0.00"},{"v":0,"d":"0.00"},{"v":0,"d":"0.00"},{"$nulls":3},{"v":0,"d":"0.00"},{"v":0,"d":"0.00"},{"v":0,"d":"0.00"},{"$f":"G376*E376","v":0},{"$f":"H376*E376","v":0},{"$f":"I376*E376","v":0},{"$f":"J376*E376","v":0},{"$f":"K376*E376","v":0},{"$f":"L376*E376","v":0},0,{"$f":"N376*E376","v":0},{"$f":"O376*E376","v":0},{"$f":"P376*E376","v":0},{"$f":"Q376*E376","v":0},{"$f":"R376*E376","v":0},{"$f":"S376*E376","v":0},{"$f":"T376*E376","v":0},{"$f":"W376*E376","v":0},{"$f":"X376*E376","v":0},{"$f":"Y376*E376","v":0},0,{"$f":"+E376*Z376","v":{"v":0,"d":"0.00"}}]
[null,"       Install","each",1,{"v":1250,"d":"1,250.00"},{"v":1250,"d":"1,250.00"},{"v":0,"d":"0.00"},{"v":0,"d":"0.00"},{"v":0,"d":"0.00"},{"v":0,"d":"0.00"},{"v":0,"d":"0.00"},{"v":0,"d":"0.00"},{"v":0,"d":"0.00"},{"v":0,"d":"0.00"},{"v":0,"d":"0.00"},{"v":0,"d":"0.00"},{"v":0,"d":"0.00"},{"v":0,"d":"0.00"},{"v":0,"d":"0.00"},{"v":0,"d":"0.00"},{"$nulls":3},{"v":0,"d":"0.00"},{"v":0,"d":"0.00"},{"v":0,"d":"0.00"},{"$f":"G377*E377","v":0},{"$f":"H377*E377","v":0},{"$f":"I377*E377","v":0},{"$f":"J377*E377","v":0},{"$f":"K377*E377","v":0},{"$f":"L377*E377","v":0},0,{"$f":"N377*E377","v":0},{"$f":"O377*E377","v":0},{"$f":"P377*E377","v":0},{"$f":"Q377*E377","v":0},{"$f":"R377*E377","v":0},{"$f":"S377*E377","v":0},{"$f":"T377*E377","v":0},{"$f":"W377*E377","v":0},{"$f":"X377*E377","v":0},{"$f":"Y377*E377","v":0},0,{"$f":"+E377*Z377","v":{"v":0,"d":"0.00"}}]
[{"$nulls":5}," ",{"$nulls":38}," "]
[]
[null,"Amount Carried Forward",{"$nulls":3},{"$f":"SUM(F329:F379)","v":{"v":3713414.660000002,"d":"3,713,414.66"}},{"$nulls":38},{"$f":"SUM(AS329:AS379)","v":{"v":2945620.980000002,"d":"2,945,620.98"}}]
[]
["MAIN HOSPITAL ELECTRICAL INSTALLATION"]
["CECILIA MAKIWANE HOSPITAL : PHASE 4C"]
[]
["BILL NO. 2 : DISTRIBUTION BOARDS"]
["ITEM","DESCRIPTION","UNIT","QTY","RATE","TENDER AMOUNT","A-LV05","B-LV04","D-LV03","E1-LV03","E2","F1","F2","G1","G2","H1","H2","J1","J2","J3",null,"G/House",null,"N","Other","Total Qty","A","B","D","E1","E2","F1","F2","G1","G2","H1","H2","J1","J2","J3","K","N","Other","Total Amount","Total Claimed"]
[null,"AMOUNT CARRIED FORWARD FROM PREVIOUS BILL",{"$nulls":3},{"$f":"F380","v":{"v":3713414.660000002,"d":"3,713,414.66"}},{"$nulls":38},{"$f":"AS380","v":{"v":2945620.980000002,"d":"2,945,620.98"}}]
[]
[2.64,"Roof Plantroom DB No 10"]
[null,"       Supply","each",1,{"v":9494.14,"d":"9,494.14"},{"$f":"$D390*E390","v":{"v":9494.14,"d":"9,494.14"}},{"v":0,"d":"0.00"},{"v":0,"d":"0.00"},{"v":0,"d":"0.00"},{"v":0,"d":"0.00"},{"v":0,"d":"0.00"},{"v":0,"d":"0.00"},{"v":0,"d":"0.00"},{"v":0,"d":"0.00"},{"v":0,"d":"0.00"},{"v":0,"d":"0.00"},{"v":0,"d":"0.00"},{"v":0,"d":"0.00"},{"v":0,"d":"0.00"},{"v":0,"d":"0.00"},{"$nulls":3},{"v":0,"d":"0.00"},{"v":0,"d":"0.00"},{"$f":"SUM(G390:Y390)","v":{"v":0,"d":"0.00"}},{"$f":"G390*E390","v":0},{"$f":"H390*E390","v":0},{"$f":"I390*E390","v":0},{"$f":"J390*E390","v":0},{"$f":"K390*E390","v":0},{"$f":"L390*E390","v":0},{"$f":"+M390*E390","v":0},{"$f":"N390*E390","v":0},{"$f":"O390*E390","v":0},{"$f":"P390*E390","v":0},{"$f":"Q390*E390","v":0},{"$f":"R390*E390","v":0},{"$f":"S390*E390","v":0},{"$f":"T390*E390","v":0},{"$f":"W390*E390","v":0},{"$f":"X390*E390","v":0},{"$f":"Y390*E390","v":0},{"$f":"SUM(AA390:AQ390)","v":0},{"$f":"+E390*Z390","v":{"v":0,"d":"0.00"}}]
[null,"       Install","each",1,{"v":1250,"d":"1,250.00"},{"v":1250,"d":"1,250.00"},{"v":0,"d":"0.00"},{"v":0,"d":"0.00"},{"v":0,"d":"0.00"},{"v":0,"d":"0.00"},{"v":0,"d":"0.00"},{"v":0,"d":"0.00"},{"v":0,"d":"0.00"},{"v":0,"d":"0.00"},{"v":0,"d":"0.00"},{"v":0,"d":"0.00"},{"v":0,"d":"0.00"},{"v":0,"d":"0.00"},{"v":0,"d":"0.00"},{"v":0,"d":"0.00"},{"$nulls":3},{"v":0,"d":"0.00"},{"v":0,"d":"0.00"},{"$f":"SUM(G391:Y391)","v":{"v":0,"d":"0.00"}},{"$f":"G391*E391","v":0},{"$f":"H391*E391","v":0},{"$f":"I391*E391","v":0},{"$f":"J391*E391","v":0},{"$f":"K391*E391","v":0},{"$f":"L391*E391","v":0},0,{"$f":"N391*E391","v":0},{"$f":"O391*E391","v":0},{"$f":"P391*E391","v":0},{"$f":"Q391*E391","v":0},{"$f":"R391*E391","v":0},{"$f":"S391*E391","v":0},{"$f":"T391*E391","v":0},{"$f":"W391*E391","v":0},{"$f":"X391*E391","v":0},{"$f":"Y391*E391","v":0},{"$f":"SUM(AA391:AQ391)","v":0},{"$f":"+E391*Z391","v":{"v":0,"d":"0.00"}}]
[{"$nulls":32},0]
[2.65,"Roof Plantroom DB No 11",{"$nulls":30},0]
[null,"       Supply","each",1,{"v":9294.51,"d":"9,294.51"},{"v":9294.51,"d":"9,294.51"},{"v":0,"d":"0.00"},{"v":0,"d":"0.00"},{"v":0,"d":"0.00"},{"v":0,"d":"0.00"},{"v":0,"d":"0.00"},{"v":0,"d":"0.00"},{"v":0,"d":"0.00"},{"v":0,"d":"0.00"},{"v":0,"d":"0.00"},{"v":0,"d":"0.00"},{"v":0,"d":"0.00"},{"v":0,"d":"0.00"},{"v":0,"d":"0.00"},{"v":0,"d":"0.00"},{"$nulls":3},{"v":0,"d":"0.00"},{"v":0,"d":"0.00"},{"v":0,"d":"0.00"},{"$f":"G394*E394","v":0},{"$f":"H394*E394","v":0},{"$f":"I394*E394","v":0},{"$f":"J394*E394","v":0},{"$f":"K394*E394","v":0},{"$f":"L394*E394","v":0},0,{"$f":"N394*E394","v":0},{"$f":"O394*E394","v":0},{"$f":"P394*E394","v":0},{"$f":"Q394*E394","v":0},{"$f":"R394*E394","v":0},{"$f":"S394*E394","v":0},{"$f":"T394*E394","v":0},{"$f":"W394*E394","v":0},{"$f":"X394*E394","v":0},{"$f":"Y394*E394","v":0},0,{"$f":"+E394*Z394","v":{"v":0,"d":"0.00"}}]
[null,"       Install","each",1,{"v":1250,"d":"1,250.00"},{"v":1250,"d":"1,250.00"},{"v":0,"d":"0.00"},{"v":0,"d":"0.00"},{"v":0,"d":"0.00"},{"v":0,"d":"0.00"},{"v":0,"d":"0.00"},{"v":0,"d":"0.00"},{"v":0,"d":"0.00"},{"v":0,"d":"0.00"},{"v":0,"d":"0.00"},{"v":0,"d":"0.00"},{"v":0,"d":"0.00"},{"v":0,"d":"0.00"},{"v":0,"d":"0.00"},{"v":0,"d":"0.00"},{"$nulls":3},{"v":0,"d":"0.00"},{"v":0,"d":"0.00"},{"v":0,"d":"0.00"},{"$f":"G395*E395","v":0},{"$f":"H395*E395","v":0},{"$f":"I395*E395","v":0},{"$f":"J395*E395","v":0},{"$f":"K395*E395","v":0},{"$f":"L395*E395","v":0},0,{"$f":"N395*E395","v":0},{"$f":"O395*E395","v":0},{"$f":"P395*E395","v":0},{"$f":"Q395*E395","v":0},{"$f":"R395*E395","v":0},{"$f":"S395*E395","v":0},{"$f":"T395*E395","v":0},{"$f":"W395*E395","v":0},{"$f":"X395*E395","v":0},{"$f":"Y395*E395","v":0},0,{"$f":"+E395*Z395","v":{"v":0,"d":"0.00"}}]
[{"$nulls":32},0]
[2.66,"Roof Plantroom DB No 12",{"$nulls":30},0]
[null,"       Supply","each",1,{"v":9294.5,"d":"9,294.50"},{"v":9294.5,"d":"9,294.50"},{"v":0,"d":"0.00"},{"v":0,"d":"0.00"},{"v":0,"d":"0.00"},{"v":0,"d":"0.00"},{"v":0,"d":"0.00"},{"v":0,"d":"0.00"},{"v":0,"d":"0.00"},{"v":0,"d":"0.00"},{"v":0,"d":"0.00"},{"v":0,"d":"0.00"},{"v":0,"d":"0.00"},{"v":0,"d":"0.00"},{"v":0,"d":"0.00"},{"v":0,"d":"0.00"},{"$nulls":3},{"v":0,"d":"0.00"},{"v":0,"d":"0.00"},{"v":0,"d":"0.00"},{"$f":"G398*E398","v":0},{"$f":"H398*E398","v":0},{"$f":"I398*E398","v":0},{"$f":"J398*E398","v":0},{"$f":"K398*E398","v":0},{"$f":"L398*E398","v":0},0,{"$f":"N398*E398","v":0},{"$f":"O398*E398","v":0},{"$f":"P398*E398","v":0},{"$f":"Q398*E398","v":0},{"$f":"R398*E398","v":0},{"$f":"S398*E398","v":0},{"$f":"T398*E398","v":0},{"$f":"W398*E398","v":0},{"$f":"X398*E398","v":0},{"$f":"Y398*E398","v":0},0,{"$f":"+E398*Z398","v":{"v":0,"d":"0.00"}}]
[null,"       Install","each",1,{"v":1250,"d":"1,250.00"},{"v":1250,"d":"1,250.00"},{"v":0,"d":"0.00"},{"v":0,"d":"0.00"},{"v":0,"d":"0.00"},{"v":0,"d":"0.00"},{"v":0,"d":"0.00"},{"v":0,"d":"0.00"},{"v":0,"d":"0.00"},{"v":0,"d":"0.00"},{"v":0,"d":"0.00"},{"v":0,"d":"0.00"},{"v":0,"d":"0.00"},{"v":0,"d":"0.00"},{"v":0,"d":"0.00"},{"v":0,"d":"0.00"},{"$nulls":3},{"v":0,"d":"0.00"},{"v":0,"d":"0.00"},{"v":0,"d":"0.00"},{"$f":"G399*E399","v":0},{"$f":"H399*E399","v":0},{"$f":"I399*E399","v":0},{"$f":"J399*E399","v":0},{"$f":"K399*E399","v":0},{"$f":"L399*E399","v":0},0,{"$f":"N399*E399","v":0},{"$f":"O399*E399","v":0},{"$f":"P399*E399","v":0},{"$f":"Q399*E399","v":0},{"$f":"R399*E399","v":0},{"$f":"S399*E399","v":0},{"$f":"T399*E399","v":0},{"$f":"W399*E399","v":0},{"$f":"X399*E399","v":0},{"$f":"Y399*E399","v":0},0,{"$f":"+E399*Z399","v":{"v":0,"d":"0.00"}}]
[{"$nulls":32},0]
[2.67,"Roof Plantroom DB No 13",{"$nulls":30},0]
[null,"       Supply","each",1,{"v":9294.5,"d":"9,294.50"},{"v":9294.5,"d":"9,294.50"},{"v":0,"d":"0.00"},{"v":0,"d":"0.00"},{"v":0,"d":"0.00"},{"v":0,"d":"0.00"},{"v":0,"d":"0.00"},{"v":0,"d":"0.00"},{"v":0,"d":"0.00"},{"v":0,"d":"0.00"},{"v":0,"d":"0.00"},{"v":0,"d":"0.00"},{"v":0,"d":"0.00"},{"v":0,"d":"0.00"},{"v":0,"d":"0.00"},{"v":0,"d":"0.00"},{"$nulls":3},{"v":0,"d":"0.00"},{"v":0,"d":"0.00"},{"v":0,"d":"0.00"},{"$f":"G402*E402","v":0},{"$f":"H402*E402","v":0},{"$f":"I402*E402","v":0},{"$f":"J402*E402","v":0},{"$f":"K402*E402","v":0},{"$f":"L402*E402","v":0},0,{"$f":"N402*E402","v":0},{"$f":"O402*E402","v":0},{"$f":"P402*E402","v":0},{"$f":"Q402*E402","v":0},{"$f":"R402*E402","v":0},{"$f":"S402*E402","v":0},{"$f":"T402*E402","v":0},{"$f":"W402*E402","v":0},{"$f":"X402*E402","v":0},{"$f":"Y402*E402","v":0},0,{"$f":"+E402*Z402","v":{"v":0,"d":"0.00"}}]
[null,"       Install","each",1,{"v":1250,"d":"1,250.00"},{"v":1250,"d":"1,250.00"},{"v":0,"d":"0.00"},{"v":0,"d":"0.00"},{"v":0,"d":"0.00"},{"v":0,"d":"0.00"},{"v":0,"d":"0.00"},{"v":0,"d":"0.00"},{"v":0,"d":"0.00"},{"v":0,"d":"0.00"},{"v":0,"d":"0.00"},{"v":0,"d":"0.00"},{"v":0,"d":"0.00"},{"v":0,"d":"0.00"},{"v":0,"d":"0.00"},{"v":0,"d":"0.00"},{"$nulls":3},{"v":0,"d":"0.00"},{"v":0,"d":"0.00"},{"v":0,"d":"0.00"},{"$f":"G403*E403","v":0},{"$f":"H403*E403","v":0},{"$f":"I403*E403","v":0},{"$f":"J403*E403","v":0},{"$f":"K403*E403","v":0},{"$f":"L403*E403","v":0},0,{"$f":"N403*E403","v":0},{"$f":"O403*E403","v":0},{"$f":"P403*E403","v":0},{"$f":"Q403*E403","v":0},{"$f":"R403*E403","v":0},{"$f":"S403*E403","v":0},{"$f":"T403*E403","v":0},{"$f":"W403*E403","v":0},{"$f":"X403*E403","v":0},{"$f":"Y403*E403","v":0},0,{"$f":"+E403*Z403","v":{"v":0,"d":"0.00"}}]
[{"$nulls":32},0]
[2.68,"Roof Plantroom DB No 14",{"$nulls":30},0]
[null,"       Supply","each",1,{"v":9294.5,"d":"9,294.50"},{"v":9294.5,"d":"9,294.50"},{"v":0,"d":"0.00"},{"v":0,"d":"0.00"},{"v":0,"d":"0.00"},{"v":0,"d":"0.00"},{"v":0,"d":"0.00"},{"v":0,"d":"0.00"},{"v":0,"d":"0.00"},{"v":0,"d":"0.00"},{"v":0,"d":"0.00"},{"v":0,"d":"0.00"},{"v":0,"d":"0.00"},{"v":0,"d":"0.00"},{"v":0,"d":"0.00"},{"v":0,"d":"0.00"},{"$nulls":3},{"v":0,"d":"0.00"},{"v":0,"d":"0.00"},{"v":0,"d":"0.00"},{"$f":"G406*E406","v":0},{"$f":"H406*E406","v":0},{"$f":"I406*E406","v":0},{"$f":"J406*E406","v":0},{"$f":"K406*E406","v":0},{"$f":"L406*E406","v":0},0,{"$f":"N406*E406","v":0},{"$f":"O406*E406","v":0},{"$f":"P406*E406","v":0},{"$f":"Q406*E406","v":0},{"$f":"R406*E406","v":0},{"$f":"S406*E406","v":0},{"$f":"T406*E406","v":0},{"$f":"W406*E406","v":0},{"$f":"X406*E406","v":0},{"$f":"Y406*E406","v":0},0,{"$f":"+E406*Z406","v":{"v":0,"d":"0.00"}}]
[null,"       Install","each",1,{"v":1250,"d":"1,250.00"},{"v":1250,"d":"1,250.00"},{"v":0,"d":"0.00"},{"v":0,"d":"0.00"},{"v":0,"d":"0.00"},{"v":0,"d":"0.00"},{"v":0,"d":"0.00"},{"v":0,"d":"0.00"},{"v":0,"d":"0.00"},{"v":0,"d":"0.00"},{"v":0,"d":"0.00"},{"v":0,"d":"0.00"},{"v":0,"d":"0.00"},{"v":0,"d":"0.00"},{"v":0,"d":"0.00"},{"v":0,"d":"0.00"},{"$nulls":3},{"v":0,"d":"0.00"},{"v":0,"d":"0.00"},{"v":0,"d":"0.00"},{"$f":"G407*E407","v":0},{"$f":"H407*E407","v":0},{"$f":"I407*E407","v":0},{"$f":"J407*E407","v":0},{"$f":"K407*E407","v":0},{"$f":"L407*E407","v":0},0,{"$f":"N407*E407","v":0},{"$f":"O407*E407","v":0},{"$f":"P407*E407","v":0},{"$f":"Q407*E407","v":0},{"$f":"R407*E407","v":0},{"$f":"S407*E407","v":0},{"$f":"T407*E407","v":0},{"$f":"W407*E407","v":0},{"$f":"X407*E407","v":0},{"$f":"Y407*E407","v":0},0,{"$f":"+E407*Z407","v":{"v":0,"d":"0.00"}}]
[{"$nulls":32},0]
[2.69,"Roof Plantroom DB No 15",{"$nulls":30},0]
[null,"       Supply","each",1,{"v":9377.1,"d":"9,377.10"},{"v":9377.1,"d":"9,377.10"},{"v":0,"d":"0.00"},{"v":0,"d":"0.00"},{"v":0,"d":"0.00"},{"v":0,"d":"0.00"},{"v":0,"d":"0.00"},{"v":0,"d":"0.00"},{"v":0,"d":"0.00"},{"v":0,"d":"0.00"},{"v":0,"d":"0.00"},{"v":0,"d":"0.00"},{"v":0,"d":"0.00"},{"v":0,"d":"0.00"},{"v":0,"d":"0.00"},{"v":0,"d":"0.00"},{"$nulls":3},{"v":0,"d":"0.00"},{"v":0,"d":"0.00"},{"v":0,"d":"0.00"},{"$f":"G410*E410","v":0},{"$f":"H410*E410","v":0},{"$f":"I410*E410","v":0},{"$f":"J410*E410","v":0},{"$f":"K410*E410","v":0},{"$f":"L410*E410","v":0},0,{"$f":"N410*E410","v":0},{"$f":"O410*E410","v":0},{"$f":"P410*E410","v":0},{"$f":"Q410*E410","v":0},{"$f":"R410*E410","v":0},{"$f":"S410*E410","v":0},{"$f":"T410*E410","v":0},{"$f":"W410*E410","v":0},{"$f":"X410*E410","v":0},{"$f":"Y410*E410","v":0},0,{"$f":"+E410*Z410","v":{"v":0,"d":"0.00"}}]
[null,"       Install","each",1,{"v":1250,"d":"1,250.00"},{"v":1250,"d":"1,250.00"},{"v":0,"d":"0.00"},{"v":0,"d":"0.00"},{"v":0,"d":"0.00"},{"v":0,"d":"0.00"},{"v":0,"d":"0.00"},{"v":0,"d":"0.00"},{"v":0,"d":"0.00"},{"v":0,"d":"0.00"},{"v":0,"d":"0.00"},{"v":0,"d":"0.00"},{"v":0,"d":"0.00"},{"v":0,"d":"0.00"},{"v":0,"d":"0.00"},{"v":0,"d":"0.00"},{"$nulls":3},{"v":0,"d":"0.00"},{"v":0,"d":"0.00"},{"v":0,"d":"0.00"},{"$f":"G411*E411","v":0},{"$f":"H411*E411","v":0},{"$f":"I411*E411","v":0},{"$f":"J411*E411","v":0},{"$f":"K411*E411","v":0},{"$f":"L411*E411","v":0},0,{"$f":"N411*E411","v":0},{"$f":"O411*E411","v":0},{"$f":"P411*E411","v":0},{"$f":"Q411*E411","v":0},{"$f":"R411*E411","v":0},{"$f":"S411*E411","v":0},{"$f":"T411*E411","v":0},{"$f":"W411*E411","v":0},{"$f":"X411*E411","v":0},{"$f":"Y411*E411","v":0},0,{"$f":"+E411*Z411","v":{"v":0,"d":"0.00"}}]
[{"$nulls":32},0]
[{"v":2.7,"d":"2.70"},"Roof Plantroom DB No 16",{"$nulls":30},0]
[null,"       Supply","each",1,{"v":9294.51,"d":"9,294.51"},{"v":9294.51,"d":"9,294.51"},{"v":0,"d":"0.00"},{"v":0,"d":"0.00"},{"v":0,"d":"0.00"},{"v":0,"d":"0.00"},{"v":0,"d":"0.00"},{"v":0,"d":"0.00"},{"v":0,"d":"0.00"},{"v":0,"d":"0.00"},{"v":0,"d":"0.00"},{"v":0,"d":"0.00"},{"v":0,"d":"0.00"},{"v":0,"d":"0.00"},{"v":0,"d":"0.00"},{"v":0,"d":"0.00"},{"$nulls":3},{"v":0,"d":"0.00"},{"v":0,"d":"0.00"},{"v":0,"d":"0.00"},{"$f":"G414*E414","v":0},{"$f":"H414*E414","v":0},{"$f":"I414*E414","v":0},{"$f":"J414*E414","v":0},{"$f":"K414*E414","v":0},{"$f":"L414*E414","v":0},0,{"$f":"N414*E414","v":0},{"$f":"O414*E414","v":0},{"$f":"P414*E414","v":0},{"$f":"Q414*E414","v":0},{"$f":"R414*E414","v":0},{"$f":"S414*E414","v":0},{"$f":"T414*E414","v":0},{"$f":"W414*E414","v":0},{"$f":"X414*E414","v":0},{"$f":"Y414*E414","v":0},0,{"$f":"+E414*Z414","v":{"v":0,"d":"0.00"}}]
[null,"       Install","each",1,{"v":1250,"d":"1,250.00"},{"v":1250,"d":"1,250.00"},{"v":0,"d":"0.00"},{"v":0,"d":"0.00"},{"v":0,"d":"0.00"},{"v":0,"d":"0.00"},{"v":0,"d":"0.00"},{"v":0,"d":"0.00"},{"v":0,"d":"0.00"},{"v":0,"d":"0.00"},{"v":0,"d":"0.00"},{"v":0,"d":"0.00"},{"v":0,"d":"0.00"},{"v":0,"d":"0.00"},{"v":0,"d":"0.00"},{"v":0,"d":"0.00"},{"$nulls":3},{"v":0,"d":"0.00"},{"v":0,"d":"0.00"},{"v":0,"d":"0.00"},{"$f":"G415*E415","v":0},{"$f":"H415*E415","v":0},{"$f":"I415*E415","v":0},{"$f":"J415*E415","v":0},{"$f":"K415*E415","v":0},{"$f":"L415*E415","v":0},0,{"$f":"N415*E415","v":0},{"$f":"O415*E415","v":0},{"$f":"P415*E415","v":0},{"$f":"Q415*E415","v":0},{"$f":"R415*E415","v":0},{"$f":"S415*E415","v":0},{"$f":"T415*E415","v":0},{"$f":"W415*E415","v":0},{"$f":"X415*E415","v":0},{"$f":"Y415*E415","v":0},0,{"$f":"+E415*Z415","v":{"v":0,"d":"0.00"}}]
[{"$nulls":32},0]
[2.71,"Outdoor Lighting DB No 1",{"$nulls":30},0]
[null,"       Supply","each",1,{"v":6584.03,"d":"6,584.03"},{"v":6584.03,"d":"6,584.03"},{"v":0,"d":"0.00"},{"v":0,"d":"0.00"},{"v":0,"d":"0.00"},{"v":0,"d":"0.00"},{"v":0,"d":"0.00"},{"v":0,"d":"0.00"},{"v":0,"d":"0.00"},{"v":0,"d":"0.00"},{"v":0,"d":"0.00"},{"v":0,"d":"0.00"},{"v":0,"d":"0.00"},{"v":0,"d":"0.00"},{"v":0,"d":"0.00"},{"v":0,"d":"0.00"},{"$nulls":3},{"v":0,"d":"0.00"},{"v":0,"d":"0.00"},{"v":0,"d":"0.00"},{"$f":"G418*E418","v":0},{"$f":"H418*E418","v":0},{"$f":"I418*E418","v":0},{"$f":"J418*E418","v":0},{"$f":"K418*E418","v":0},{"$f":"L418*E418","v":0},0,{"$f":"N418*E418","v":0},{"$f":"O418*E418","v":0},{"$f":"P418*E418","v":0},{"$f":"Q418*E418","v":0},{"$f":"R418*E418","v":0},{"$f":"S418*E418","v":0},{"$f":"T418*E418","v":0},{"$f":"W418*E418","v":0},{"$f":"X418*E418","v":0},{"$f":"Y418*E418","v":0},0,{"$f":"+E418*Z418","v":{"v":0,"d":"0.00"}}]
[null,"       Install","each",1,{"v":1250,"d":"1,250.00"},{"v":1250,"d":"1,250.00"},{"v":0,"d":"0.00"},{"v":0,"d":"0.00"},{"v":0,"d":"0.00"},{"v":0,"d":"0.00"},{"v":0,"d":"0.00"},{"v":0,"d":"0.00"},{"v":0,"d":"0.00"},{"v":0,"d":"0.00"},{"v":0,"d":"0.00"},{"v":0,"d":"0.00"},{"v":0,"d":"0.00"},{"v":0,"d":"0.00"},{"v":0,"d":"0.00"},{"v":0,"d":"0.00"},{"$nulls":3},{"v":0,"d":"0.00"},{"v":0,"d":"0.00"},{"v":0,"d":"0.00"},{"$f":"G419*E419","v":0},{"$f":"H419*E419","v":0},{"$f":"I419*E419","v":0},{"$f":"J419*E419","v":0},{"$f":"K419*E419","v":0},{"$f":"L419*E419","v":0},0,{"$f":"N419*E419","v":0},{"$f":"O419*E419","v":0},{"$f":"P419*E419","v":0},{"$f":"Q419*E419","v":0},{"$f":"R419*E419","v":0},{"$f":"S419*E419","v":0},{"$f":"T419*E419","v":0},{"$f":"W419*E419","v":0},{"$f":"X419*E419","v":0},{"$f":"Y419*E419","v":0},0,{"$f":"+E419*Z419","v":{"v":0,"d":"0.00"}}]
[{"$nulls":32},0]
[2.72,"Outdoor Lighting DB No 2",{"$nulls":30},0]
[null,"       Supply","each",1,{"v":5575.58,"d":"5,575.58"},{"v":5575.58,"d":"5,575.58"},{"v":0,"d":"0.00"},{"v":0,"d":"0.00"},{"v":0,"d":"0.00"},{"v":0,"d":"0.00"},{"v":0,"d":"0.00"},{"v":0,"d":"0.00"},{"v":0,"d":"0.00"},{"v":0,"d":"0.00"},{"v":0,"d":"0.00"},{"v":0,"d":"0.00"},{"v":0,"d":"0.00"},{"v":0,"d":"0.00"},{"v":0,"d":"0.00"},{"v":0,"d":"0.00"},{"$nulls":3},{"v":0,"d":"0.00"},{"v":0,"d":"0.00"},{"v":0,"d":"0.00"},{"$f":"G422*E422","v":0},{"$f":"H422*E422","v":0},{"$f":"I422*E422","v":0},{"$f":"J422*E422","v":0},{"$f":"K422*E422","v":0},{"$f":"L422*E422","v":0},0,{"$f":"N422*E422","v":0},{"$f":"O422*E422","v":0},{"$f":"P422*E422","v":0},{"$f":"Q422*E422","v":0},{"$f":"R422*E422","v":0},{"$f":"S422*E422","v":0},{"$f":"T422*E422","v":0},{"$f":"W422*E422","v":0},{"$f":"X422*E422","v":0},{"$f":"Y422*E422","v":0},0,{"$f":"+E422*Z422","v":{"v":0,"d":"0.00"}}]
[null,"       Install","each",1,{"v":1250,"d":"1,250.00"},{"v":1250,"d":"1,250.00"},{"v":0,"d":"0.00"},{"v":0,"d":"0.00"},{"v":0,"d":"0.00"},{"v":0,"d":"0.00"},{"v":0,"d":"0.00"},{"v":0,"d":"0.00"},{"v":0,"d":"0.00"},{"v":0,"d":"0.00"},{"v":0,"d":"0.00"},{"v":0,"d":"0.00"},{"v":0,"d":"0.00"},{"v":0,"d":"0.00"},{"v":0,"d":"0.00"},{"v":0,"d":"0.00"},{"$nulls":3},{"v":0,"d":"0.00"},{"v":0,"d":"0.00"},{"v":0,"d":"0.00"},{"$f":"G423*E423","v":0},{"$f":"H423*E423","v":0},{"$f":"I423*E423","v":0},{"$f":"J423*E423","v":0},{"$f":"K423*E423","v":0},{"$f":"L423*E423","v":0},0,{"$f":"N423*E423","v":0},{"$f":"O423*E423","v":0},{"$f":"P423*E423","v":0},{"$f":"Q423*E423","v":0},{"$f":"R423*E423","v":0},{"$f":"S423*E423","v":0},{"$f":"T423*E423","v":0},{"$f":"W423*E423","v":0},{"$f":"X423*E423","v":0},{"$f":"Y423*E423","v":0},0,{"$f":"+E423*Z423","v":{"v":0,"d":"0.00"}}]
[{"$nulls":32},0]
[2.73,"Outdoor Lighting DB No 3",{"$nulls":30},0]
[null,"       Supply","each",1,{"v":6865.17,"d":"6,865.17"},{"v":6865.17,"d":"6,865.17"},{"v":0,"d":"0.00"},{"v":0,"d":"0.00"},{"v":0,"d":"0.00"},{"v":0,"d":"0.00"},{"v":0,"d":"0.00"},{"v":0,"d":"0.00"},{"v":0,"d":"0.00"},{"v":0,"d":"0.00"},{"v":0,"d":"0.00"},{"v":0,"d":"0.00"},{"v":0,"d":"0.00"},{"v":0,"d":"0.00"},{"v":0,"d":"0.00"},{"v":0,"d":"0.00"},{"$nulls":3},{"v":0,"d":"0.00"},{"v":0,"d":"0.00"},{"v":0,"d":"0.00"},{"$f":"G426*E426","v":0},{"$f":"H426*E426","v":0},{"$f":"I426*E426","v":0},{"$f":"J426*E426","v":0},{"$f":"K426*E426","v":0},{"$f":"L426*E426","v":0},0,{"$f":"N426*E426","v":0},{"$f":"O426*E426","v":0},{"$f":"P426*E426","v":0},{"$f":"Q426*E426","v":0},{"$f":"R426*E426","v":0},{"$f":"S426*E426","v":0},{"$f":"T426*E426","v":0},{"$f":"W426*E426","v":0},{"$f":"X426*E426","v":0},{"$f":"Y426*E426","v":0},0,{"$f":"+E426*Z426","v":{"v":0,"d":"0.00"}}]
[null,"       Install","each",1,{"v":1250,"d":"1,250.00"},{"v":1250,"d":"1,250.00"},{"v":0,"d":"0.00"},{"v":0,"d":"0.00"},{"v":0,"d":"0.00"},{"v":0,"d":"0.00"},{"v":0,"d":"0.00"},{"v":0,"d":"0.00"},{"v":0,"d":"0.00"},{"v":0,"d":"0.00"},{"v":0,"d":"0.00"},{"v":0,"d":"0.00"},{"v":0,"d":"0.00"},{"v":0,"d":"0.00"},{"v":0,"d":"0.00"},{"v":0,"d":"0.00"},{"$nulls":3},{"v":0,"d":"0.00"},{"v":0,"d":"0.00"},{"v":0,"d":"0.00"},{"$f":"G427*E427","v":0},{"$f":"H427*E427","v":0},{"$f":"I427*E427","v":0},{"$f":"J427*E427","v":0},{"$f":"K427*E427","v":0},{"$f":"L427*E427","v":0},0,{"$f":"N427*E427","v":0},{"$f":"O427*E427","v":0},{"$f":"P427*E427","v":0},{"$f":"Q427*E427","v":0},{"$f":"R427*E427","v":0},{"$f":"S427*E427","v":0},{"$f":"T427*E427","v":0},{"$f":"W427*E427","v":0},{"$f":"X427*E427","v":0},{"$f":"Y427*E427","v":0},0,{"$f":"+E427*Z427","v":{"v":0,"d":"0.00"}}]
[{"$nulls":32},0]
[2.74,"Outdoor Lighting DB No 4",{"$nulls":30},0]
[null,"       Supply","each",1,{"v":9971.46,"d":"9,971.46"},{"v":9971.46,"d":"9,971.46"},{"v":0,"d":"0.00"},{"v":0,"d":"0.00"},{"v":0,"d":"0.00"},{"v":0,"d":"0.00"},{"v":0,"d":"0.00"},{"v":0,"d":"0.00"},{"v":0,"d":"0.00"},{"v":0,"d":"0.00"},{"v":0,"d":"0.00"},{"v":0,"d":"0.00"},{"v":0,"d":"0.00"},{"v":0,"d":"0.00"},{"v":0,"d":"0.00"},{"v":0,"d":"0.00"},{"$nulls":3},{"v":0,"d":"0.00"},{"v":0,"d":"0.00"},{"v":0,"d":"0.00"},{"$f":"G430*E430","v":0},{"$f":"H430*E430","v":0},{"$f":"I430*E430","v":0},{"$f":"J430*E430","v":0},{"$f":"K430*E430","v":0},{"$f":"L430*E430","v":0},0,{"$f":"N430*E430","v":0},{"$f":"O430*E430","v":0},{"$f":"P430*E430","v":0},{"$f":"Q430*E430","v":0},{"$f":"R430*E430","v":0},{"$f":"S430*E430","v":0},{"$f":"T430*E430","v":0},{"$f":"W430*E430","v":0},{"$f":"X430*E430","v":0},{"$f":"Y430*E430","v":0},0,{"$f":"+E430*Z430","v":{"v":0,"d":"0.00"}}]
[null,"       Install","each",1,{"v":1250,"d":"1,250.00"},{"v":1250,"d":"1,250.00"},{"v":0,"d":"0.00"},{"v":0,"d":"0.00"},{"v":0,"d":"0.00"},{"v":0,"d":"0.00"},{"v":0,"d":"0.00"},{"v":0,"d":"0.00"},{"v":0,"d":"0.00"},{"v":0,"d":"0.00"},{"v":0,"d":"0.00"},{"v":0,"d":"0.00"},{"v":0,"d":"0.00"},{"v":0,"d":"0.00"},{"v":0,"d":"0.00"},{"v":0,"d":"0.00"},{"$nulls":3},{"v":0,"d":"0.00"},{"v":0,"d":"0.00"},{"v":0,"d":"0.00"},{"$f":"G431*E431","v":0},{"$f":"H431*E431","v":0},{"$f":"I431*E431","v":0},{"$f":"J431*E431","v":0},{"$f":"K431*E431","v":0},{"$f":"L431*E431","v":0},0,{"$f":"N431*E431","v":0},{"$f":"O431*E431","v":0},{"$f":"P431*E431","v":0},{"$f":"Q431*E431","v":0},{"$f":"R431*E431","v":0},{"$f":"S431*E431","v":0},{"$f":"T431*E431","v":0},{"$f":"W431*E431","v":0},{"$f":"X431*E431","v":0},{"$f":"Y431*E431","v":0},0,{"$f":"+E431*Z431","v":{"v":0,"d":"0.00"}}]
[{"$nulls":32},0,{"$nulls":11}," "]
[2.75,"Pedistrian Gate House",{"$nulls":30},0,{"$nulls":11}," "]
[null,"       Supply","each",1,{"v":2163.47,"d":"2,163.47"},{"v":2163.47,"d":"2,163.47"},{"v":0,"d":"0.00"},{"v":0,"d":"0.00"},{"v":0,"d":"0.00"},{"v":0,"d":"0.00"},{"v":0,"d":"0.00"},{"v":0,"d":"0.00"},{"v":0,"d":"0.00"},{"v":0,"d":"0.00"},{"v":0,"d":"0.00"},{"v":0,"d":"0.00"},{"v":0,"d":"0.00"},{"v":0,"d":"0.00"},{"v":0,"d":"0.00"},{"v":0,"d":"0.00"},{"$nulls":3},{"v":0,"d":"0.00"},{"v":0,"d":"0.00"},{"v":0,"d":"0.00"},{"$f":"G434*E434","v":0},{"$f":"H434*E434","v":0},{"$f":"I434*E434","v":0},{"$f":"J434*E434","v":0},{"$f":"K434*E434","v":0},{"$f":"L434*E434","v":0},0,{"$f":"N434*E434","v":0},{"$f":"O434*E434","v":0},{"$f":"P434*E434","v":0},{"$f":"Q434*E434","v":0},{"$f":"R434*E434","v":0},{"$f":"S434*E434","v":0},{"$f":"T434*E434","v":0},{"$f":"W434*E434","v":0},{"$f":"X434*E434","v":0},{"$f":"Y434*E434","v":0},0,{"$f":"+E434*Z434","v":{"v":0,"d":"0.00"}}]
[null,"       Install","each",1,{"v":1250,"d":"1,250.00"},{"v":1250,"d":"1,250.00"},{"v":0,"d":"0.00"},{"v":0,"d":"0.00"},{"v":0,"d":"0.00"},{"v":0,"d":"0.00"},{"v":0,"d":"0.00"},{"v":0,"d":"0.00"},{"v":0,"d":"0.00"},{"v":0,"d":"0.00"},{"v":0,"d":"0.00"},{"v":0,"d":"0.00"},{"v":0,"d":"0.00"},{"v":0,"d":"0.00"},{"v":0,"d":"0.00"},{"v":0,"d":"0.00"},{"$nulls":3},{"v":0,"d":"0.00"},{"v":0,"d":"0.00"},{"v":0,"d":"0.00"},{"$f":"G435*E435","v":0},{"$f":"H435*E435","v":0},{"$f":"I435*E435","v":0},{"$f":"J435*E435","v":0},{"$f":"K435*E435","v":0},{"$f":"L435*E435","v":0},0,{"$f":"N435*E435","v":0},{"$f":"O435*E435","v":0},{"$f":"P435*E435","v":0},{"$f":"Q435*E435","v":0},{"$f":"R435*E435","v":0},{"$f":"S435*E435","v":0},{"$f":"T435*E435","v":0},{"$f":"W435*E435","v":0},{"$f":"X435*E435","v":0},{"$f":"Y435*E435","v":0},0,{"$f":"+E435*Z435","v":{"v":0,"d":"0.00"}}]
[{"$nulls":5}," ",{"$nulls":38}," "]
[]
[null,"Amount Carried Forward",{"$nulls":3},{"$f":"SUM(F387:F437)","v":{"v":3824918.1300000018,"d":"3,824,918.13"}},{"$nulls":38},{"$f":"SUM(AS387:AS437)","v":{"v":2945620.980000002,"d":"2,945,620.98"}}]
[]
["MAIN HOSPITAL ELECTRICAL INSTALLATION"]
["CECILIA MAKIWANE HOSPITAL : PHASE 4C"]
[]
["BILL NO. 2 : DISTRIBUTION BOARDS"]
["ITEM","DESCRIPTION","UNIT","QTY","RATE","TENDER AMOUNT","A-LV05","B-LV04","D-LV03","E1-LV03","E2","F1","F2","G1","G2","H1","H2","J1","J2","J3",null,"G/House",null,"N","Other","Total Qty","A","B","D","E1","E2","F1","F2","G1","G2","H1","H2","J1","J2","J3","K","N","Other","Total Amount","Total Claimed"]
[null,"AMOUNT CARRIED FORWARD FROM PREVIOUS BILL",{"$nulls":3},{"$f":"F438","v":{"v":3824918.1300000018,"d":"3,824,918.13"}},{"$nulls":38},{"$f":"AS438","v":{"v":2945620.980000002,"d":"2,945,620.98"}}]
[]
[]
[2.76,"Vehicle Gate House"]
[null,"       Supply","each",1,{"v":2322.53,"d":"2,322.53"},{"$f":"$D449*E449","v":{"v":2322.53,"d":"2,322.53"}},{"v":0,"d":"0.00"},{"v":0,"d":"0.00"},{"v":0,"d":"0.00"},{"v":0,"d":"0.00"},{"v":0,"d":"0.00"},{"v":0,"d":"0.00"},{"v":0,"d":"0.00"},{"v":0,"d":"0.00"},{"v":0,"d":"0.00"},{"v":0,"d":"0.00"},{"v":0,"d":"0.00"},{"v":0,"d":"0.00"},{"v":0,"d":"0.00"},{"v":0,"d":"0.00"},{"$nulls":3},{"v":0,"d":"0.00"},{"v":0,"d":"0.00"},{"$f":"SUM(G449:Y449)","v":{"v":0,"d":"0.00"}},{"$f":"G449*E449","v":0},{"$f":"H449*E449","v":0},{"$f":"I449*E449","v":0},{"$f":"J449*E449","v":0},{"$f":"K449*E449","v":0},{"$f":"L449*E449","v":0},{"$f":"+M449*E449","v":0},{"$f":"N449*E449","v":0},{"$f":"O449*E449","v":0},{"$f":"P449*E449","v":0},{"$f":"Q449*E449","v":0},{"$f":"R449*E449","v":0},{"$f":"S449*E449","v":0},{"$f":"T449*E449","v":0},{"$f":"W449*E449","v":0},{"$f":"X449*E449","v":0},{"$f":"Y449*E449","v":0},{"$f":"SUM(AA449:AQ449)","v":0},{"$f":"+E449*Z449","v":{"v":0,"d":"0.00"}}]
[null,"       Install","each",1,{"v":1250,"d":"1,250.00"},{"v":1250,"d":"1,250.00"},{"v":0,"d":"0.00"},{"v":0,"d":"0.00"},{"v":0,"d":"0.00"},{"v":0,"d":"0.00"},{"v":0,"d":"0.00"},{"v":0,"d":"0.00"},{"v":0,"d":"0.00"},{"v":0,"d":"0.00"},{"v":0,"d":"0.00"},{"v":0,"d":"0.00"},{"v":0,"d":"0.00"},{"v":0,"d":"0.00"},{"v":0,"d":"0.00"},{"v":0,"d":"0.00"},{"$nulls":3},{"v":0,"d":"0.00"},{"v":0,"d":"0.00"},{"$f":"SUM(G450:Y450)","v":{"v":0,"d":"0.00"}},0,0,0,0,0,0,0,0,0,0,0,0,0,0,0,0,0,{"$f":"SUM(AA450:AQ450)","v":0},{"$f":"+E450*Z450","v":{"v":0,"d":"0.00"}}]
[{"$nulls":5}," ",{"$nulls":20},0,0,0,0,0,0,0,0,0,0,0,0,0,0,0,0,0,0," "]
[2.77,"IT SDB",{"$nulls":3}," ",{"$nulls":20},0,0,0,0,0,0,0,0,0,0,0,0,0,0,0,0,0,0," "]
[null,"       Supply","each",1,{"v":4359.09,"d":"4,359.09"},{"v":4359.09,"d":"4,359.09"},{"v":0,"d":"0.00"},{"v":0,"d":"0.00"},{"v":0,"d":"0.00"},{"v":0,"d":"0.00"},{"v":0,"d":"0.00"},{"v":0,"d":"0.00"},{"v":0,"d":"0.00"},{"v":0,"d":"0.00"},{"v":0,"d":"0.00"},{"v":0,"d":"0.00"},{"v":0,"d":"0.00"},{"v":0,"d":"0.00"},{"v":0,"d":"0.00"},{"v":0,"d":"0.00"},{"$nulls":3},{"v":0,"d":"0.00"},{"v":0,"d":"0.00"},{"v":0,"d":"0.00"},0,0,0,0,0,0,0,0,0,0,0,0,0,0,0,0,0,0,{"$f":"+E453*Z453","v":{"v":0,"d":"0.00"}}]
[null,"       Install","each",1,{"v":1250,"d":"1,250.00"},{"v":1250,"d":"1,250.00"},{"v":0,"d":"0.00"},{"v":0,"d":"0.00"},{"v":0,"d":"0.00"},{"v":1,"d":"1.00"},{"v":0,"d":"0.00"},{"v":0,"d":"0.00"},{"v":0,"d":"0.00"},{"v":0,"d":"0.00"},{"v":0,"d":"0.00"},{"v":0,"d":"0.00"},{"v":0,"d":"0.00"},{"v":0,"d":"0.00"},{"v":0,"d":"0.00"},{"v":0,"d":"0.00"},{"$nulls":3},{"v":0,"d":"0.00"},{"v":0,"d":"0.00"},{"v":1,"d":"1.00"},0,0,0,{"v":1250,"d":"1,250"},0,0,0,0,0,0,0,0,0,0,0,0,0,{"v":1250,"d":"1,250"},{"$f":"+E454*Z454","v":{"v":1250,"d":"1,250.00"}}]
[{"$nulls":5}," ",{"$nulls":20},0,0,0,0,0,0,0,0,0,0,0,0,0,0,0,0,0,0," "]
[2.78,"Security SDB",{"$nulls":3}," ",{"$nulls":20},0,0,0,0,0,0,0,0,0,0,0,0,0,0,0,0,0,0," "]
[null,"       Supply","each",1,{"v":4359.09,"d":"4,359.09"},{"v":4359.09,"d":"4,359.09"},{"v":0,"d":"0.00"},{"v":0,"d":"0.00"},{"v":0,"d":"0.00"},{"v":0,"d":"0.00"},{"v":0,"d":"0.00"},{"v":0,"d":"0.00"},{"v":0,"d":"0.00"},{"v":0,"d":"0.00"},{"v":0,"d":"0.00"},{"v":0,"d":"0.00"},{"v":0,"d":"0.00"},{"v":0,"d":"0.00"},{"v":0,"d":"0.00"},{"v":0,"d":"0.00"},{"$nulls":3},{"v":0,"d":"0.00"},{"v":0,"d":"0.00"},{"v":0,"d":"0.00"},0,0,0,0,0,0,0,0,0,0,0,0,0,0,0,0,0,0,{"$f":"+E457*Z457","v":{"v":0,"d":"0.00"}}]
[null,"       Install","each",1,{"v":1250,"d":"1,250.00"},{"v":1250,"d":"1,250.00"},{"v":0,"d":"0.00"},{"v":0,"d":"0.00"},{"v":0,"d":"0.00"},{"v":1,"d":"1.00"},{"v":0,"d":"0.00"},{"v":0,"d":"0.00"},{"v":0,"d":"0.00"},{"v":0,"d":"0.00"},{"v":0,"d":"0.00"},{"v":0,"d":"0.00"},{"v":0,"d":"0.00"},{"v":0,"d":"0.00"},{"v":0,"d":"0.00"},{"v":0,"d":"0.00"},{"$nulls":3},{"v":0,"d":"0.00"},{"v":0,"d":"0.00"},{"v":1,"d":"1.00"},0,0,0,{"v":1250,"d":"1,250"},0,0,0,0,0,0,0,0,0,0,0,0,0,{"v":1250,"d":"1,250"},{"$f":"+E458*Z458","v":{"v":1250,"d":"1,250.00"}}]
[{"$nulls":5}," ",{"$nulls":20},0,0,0,0,0,0,0,0,0,0,0,0,0,0,0,0,0,0," "]
[2.79,"Kitchen SDB",{"$nulls":3}," ",{"$nulls":20},0,0,0,0,0,0,0,0,0,0,0,0,0,0,0,0,0,0," "]
[null,"       Supply","each",1,{"v":4968.33,"d":"4,968.33"},{"v":4968.33,"d":"4,968.33"},{"v":0,"d":"0.00"},{"v":0,"d":"0.00"},{"v":0,"d":"0.00"},{"v":0,"d":"0.00"},{"v":0,"d":"0.00"},{"v":0,"d":"0.00"},{"v":0,"d":"0.00"},{"v":0,"d":"0.00"},{"v":0,"d":"0.00"},{"v":0,"d":"0.00"},{"v":0,"d":"0.00"},{"v":0,"d":"0.00"},{"v":0,"d":"0.00"},{"v":0,"d":"0.00"},{"$nulls":3},{"v":0,"d":"0.00"},{"v":0,"d":"0.00"},{"v":0,"d":"0.00"},0,0,0,0,0,0,0,0,0,0,0,0,0,0,0,0,0,0,{"$f":"+E461*Z461","v":{"v":0,"d":"0.00"}}]
[null,"       Install","each",1,{"v":1250,"d":"1,250.00"},{"v":1250,"d":"1,250.00"},{"v":0,"d":"0.00"},{"v":0,"d":"0.00"},{"v":0,"d":"0.00"},{"v":1,"d":"1.00"},{"v":0,"d":"0.00"},{"v":0,"d":"0.00"},{"v":0,"d":"0.00"},{"v":0,"d":"0.00"},{"v":0,"d":"0.00"},{"v":0,"d":"0.00"},{"v":0,"d":"0.00"},{"v":0,"d":"0.00"},{"v":0,"d":"0.00"},{"v":0,"d":"0.00"},{"$nulls":3},{"v":0,"d":"0.00"},{"v":0,"d":"0.00"},{"v":1,"d":"1.00"},0,0,0,{"v":1250,"d":"1,250"},0,0,0,0,0,0,0,0,0,0,0,0,0,{"v":1250,"d":"1,250"},{"$f":"+E462*Z462","v":{"v":1250,"d":"1,250.00"}}]
[]
[{"$nulls":5}," "]
[null,"Amount Carried Forward to Summary Page",{"$nulls":3},{"$f":"SUM(F445:F464)","v":{"v":3845927.1700000013,"d":"3,845,927.17"}},{"$nulls":38},{"$f":"SUM(AS445:AS464)","v":{"v":2949370.980000002,"d":"2,949,370.98"}}]
[]
["MAIN HOSPITAL ELECTRICAL INSTALLATION"]
["CECILIA MAKIWANE HOSPITAL : PHASE 4C"]
[]
["BILL NO. 3 : SLEEVES (SMME PACKAGE No1)"]
["ITEM","DESCRIPTION","UNIT","QTY","RATE","TENDER AMOUNT","A","B","D","E1","E2","F1","F2","G1","G2","H1","H2","J1","J2","J3",null,"G/House",null,"N","Other","Total Qty","A","B","D","E1","E2","F1","F2","G1","G2","H1","H2","J1","J2","J3","K","N","Other","Total Amount","Total Claimed"]
[]
[]
[]
[{"v":3.1,"d":"3.10"},"Sleeves"]
[null,"Solid or flexible PVC cable sleeves chased or built into brickwork or laid in the open trench or under concrete floor including couplings,backfilling and compacting. NOTE:  Sleeves for future use to be sealed at both ends"]
["3.1.1","200mm diameter (power cables)"]
[null,"       Supply","m",200,{"v":50,"d":"50.00"},{"$f":"$D478*E478","v":{"v":10000,"d":"10,000.00"}},{"v":0,"d":"0.00"},{"v":0,"d":"0.00"},{"v":0,"d":"0.00"},{"v":0,"d":"0.00"},{"v":0,"d":"0.00"},{"v":0,"d":"0.00"},{"v":0,"d":"0.00"},{"v":0,"d":"0.00"},{"v":0,"d":"0.00"},{"v":0,"d":"0.00"},{"v":0,"d":"0.00"},{"v":0,"d":"0.00"},{"v":0,"d":"0.00"},{"v":0,"d":"0.00"},{"$nulls":3},{"v":0,"d":"0.00"},{"v":0,"d":"0.00"},{"$f":"SUM(G478:Y478)","v":{"v":0,"d":"0.00"}},{"$f":"G478*E478","v":0},{"$f":"H478*E478","v":0},{"$f":"I478*E478","v":0},{"$f":"J478*E478","v":0},{"$f":"K478*E478","v":0},{"$f":"L478*E478","v":0},{"$f":"+M478*E478","v":0},{"$f":"N478*E478","v":0},{"$f":"O478*E478","v":0},{"$f":"P478*E478","v":0},{"$f":"Q478*E478","v":0},{"$f":"R478*E478","v":0},{"$f":"S478*E478","v":0},{"$f":"T478*E478","v":0},{"$f":"W478*E478","v":0},{"$f":"X478*E478","v":0},{"$f":"Y478*E478","v":0},{"$f":"SUM(AA478:AQ478)","v":0},{"$f":"+E478*Z478","v":{"v":0,"d":"0.00"}}]
[null,"       Install","m",{"$f":"D478","v":200},{"v":19,"d":"19.00"},{"v":3800,"d":"3,800.00"},{"v":0,"d":"0.00"},{"v":0,"d":"0.00"},{"v":0,"d":"0.00"},{"v":0,"d":"0.00"},{"v":0,"d":"0.00"},{"v":0,"d":"0.00"},{"v":0,"d":"0.00"},{"v":0,"d":"0.00"},{"v":0,"d":"0.00"},{"v":0,"d":"0.00"},{"v":0,"d":"0.00"},{"v":0,"d":"0.00"},{"v":0,"d":"0.00"},{"v":0,"d":"0.00"},{"$nulls":3},{"v":0,"d":"0.00"},{"v":0,"d":"0.00"},{"$f":"SUM(G479:Y479)","v":{"v":0,"d":"0.00"}},0,0,0,0,0,0,0,0,0,0,0,0,0,0,0,0,0,{"$f":"SUM(AA479:AQ479)","v":0},{"$f":"+E479*Z479","v":{"v":0,"d":"0.00"}}]
[{"$nulls":5}," ",{"$nulls":20},0,0,0,0,0,0,0,0,0,0,0,0,0,0,0,0,0,0,"  "]
["3.1.2","160mm diameter (power cables)",{"$nulls":3}," ",{"$nulls":20},0,0,0,0,0,0,0,0,0,0,0,0,0,0,0,0,0,0," "]
[null,"       Supply","m",200,{"v":42,"d":"42.00"},{"v":8400,"d":"8,400.00"},{"v":0,"d":"0.00"},{"v":0,"d":"0.00"},{"v":0,"d":"0.00"},{"v":0,"d":"0.00"},{"v":0,"d":"0.00"},{"v":0,"d":"0.00"},{"v":0,"d":"0.00"},{"v":0,"d":"0.00"},{"v":0,"d":"0.00"},{"v":0,"d":"0.00"},{"v":0,"d":"0.00"},{"v":0,"d":"0.00"},{"v":0,"d":"0.00"},{"v":0,"d":"0.00"},{"$nulls":3},{"v":0,"d":"0.00"},{"v":156,"d":"156.00"},{"v":156,"d":"156.00"},0,0,0,0,0,0,0,0,0,0,0,0,0,0,0,0,{"v":6552,"d":"6,552"},{"v":6552,"d":"6,552"},{"$f":"+E482*Z482","v":{"v":6552,"d":"6,552.00"}}]
[null,"       Install","m",{"$f":"D482","v":200},{"v":17,"d":"17.00"},{"v":3400,"d":"3,400.00"},{"v":0,"d":"0.00"},{"v":0,"d":"0.00"},{"v":0,"d":"0.00"},{"v":0,"d":"0.00"},{"v":0,"d":"0.00"},{"v":0,"d":"0.00"},{"v":0,"d":"0.00"},{"v":0,"d":"0.00"},{"v":0,"d":"0.00"},{"v":0,"d":"0.00"},{"v":0,"d":"0.00"},{"v":0,"d":"0.00"},{"v":0,"d":"0.00"},{"v":0,"d":"0.00"},{"$nulls":3},{"v":0,"d":"0.00"},{"v":156,"d":"156.00"},{"v":156,"d":"156.00"},0,0,0,0,0,0,0,0,0,0,0,0,0,0,0,0,{"v":2652,"d":"2,652"},{"v":2652,"d":"2,652"},{"$f":"+E483*Z483","v":{"v":2652,"d":"2,652.00"}}]
[{"$nulls":5}," ",{"$nulls":20},0,0,0,0,0,0,0,0,0,0,0,0,0,0,0,0,0,0," "]
["3.1.3","110mm diameter (power cables)",{"$nulls":3}," ",{"$nulls":20},0,0,0,0,0,0,0,0,0,0,0,0,0,0,0,0,0,0," "]
[null,"       Supply","m",600,{"v":17.5,"d":"17.50"},{"v":10500,"d":"10,500.00"},{"v":0,"d":"0.00"},{"v":0,"d":"0.00"},{"v":0,"d":"0.00"},{"v":0,"d":"0.00"},{"v":0,"d":"0.00"},{"v":0,"d":"0.00"},{"v":0,"d":"0.00"},{"v":0,"d":"0.00"},{"v":0,"d":"0.00"},{"v":0,"d":"0.00"},{"v":0,"d":"0.00"},{"v":0,"d":"0.00"},{"v":0,"d":"0.00"},{"v":0,"d":"0.00"},{"$nulls":3},{"v":0,"d":"0.00"},{"v":646,"d":"646.00"},{"v":646,"d":"646.00"},0,0,0,0,0,0,0,0,0,0,0,0,0,0,0,0,{"v":11305,"d":"11,305"},{"v":11305,"d":"11,305"},{"$f":"+E486*Z486","v":{"v":11305,"d":"11,305.00"}}]
[null,"       Install","m",{"$f":"D486","v":600},{"v":15,"d":"15.00"},{"v":9000,"d":"9,000.00"},{"v":0,"d":"0.00"},{"v":0,"d":"0.00"},{"v":0,"d":"0.00"},{"v":0,"d":"0.00"},{"v":0,"d":"0.00"},{"v":0,"d":"0.00"},{"v":0,"d":"0.00"},{"v":0,"d":"0.00"},{"v":0,"d":"0.00"},{"v":0,"d":"0.00"},{"v":0,"d":"0.00"},{"v":0,"d":"0.00"},{"v":0,"d":"0.00"},{"v":0,"d":"0.00"},{"$nulls":3},{"v":0,"d":"0.00"},{"v":464,"d":"464.00"},{"v":464,"d":"464.00"},0,0,0,0,0,0,0,0,0,0,0,0,0,0,0,0,{"v":6960,"d":"6,960"},{"v":6960,"d":"6,960"},{"$f":"+E487*Z487","v":{"v":6960,"d":"6,960.00"}}]
[{"$nulls":5}," ",{"$nulls":20},0,0,0,0,0,0,0,0,0,0,0,0,0,0,0,0,0,0," "]
["3.1.4","75mm diameter (power cables)",{"$nulls":3}," ",{"$nulls":20},0,0,0,0,0,0,0,0,0,0,0,0,0,0,0,0,0,0," "]
[null,"       Supply","m",400,{"v":13.5,"d":"13.50"},{"v":5400,"d":"5,400.00"},{"v":0,"d":"0.00"},{"v":0,"d":"0.00"},{"v":0,"d":"0.00"},{"v":0,"d":"0.00"},{"v":0,"d":"0.00"},{"v":0,"d":"0.00"},{"v":0,"d":"0.00"},{"v":0,"d":"0.00"},{"v":0,"d":"0.00"},{"v":0,"d":"0.00"},{"v":0,"d":"0.00"},{"v":0,"d":"0.00"},{"v":0,"d":"0.00"},{"v":0,"d":"0.00"},{"$nulls":3},{"v":0,"d":"0.00"},{"v":0,"d":"0.00"},{"v":0,"d":"0.00"},0,0,0,0,0,0,0,0,0,0,0,0,0,0,0,0,0,0,{"$f":"+E490*Z490","v":{"v":0,"d":"0.00"}}]
[null,"       Install","m",{"$f":"D490","v":400},{"v":12,"d":"12.00"},{"v":4800,"d":"4,800.00"},{"v":0,"d":"0.00"},{"v":0,"d":"0.00"},{"v":0,"d":"0.00"},{"v":0,"d":"0.00"},{"v":0,"d":"0.00"},{"v":0,"d":"0.00"},{"v":0,"d":"0.00"},{"v":0,"d":"0.00"},{"v":0,"d":"0.00"},{"v":0,"d":"0.00"},{"v":0,"d":"0.00"},{"v":0,"d":"0.00"},{"v":0,"d":"0.00"},{"v":0,"d":"0.00"},{"$nulls":3},{"v":0,"d":"0.00"},{"v":0,"d":"0.00"},{"v":0,"d":"0.00"},0,0,0,0,0,0,0,0,0,0,0,0,0,0,0,0,0,0,{"$f":"+E491*Z491","v":{"v":0,"d":"0.00"}}]
[{"$nulls":5}," ",{"$nulls":20},0,0,0,0,0,0,0,0,0,0,0,0,0,0,0,0,0,0," "]
["3.1.5","50mm diameter (power cables)",{"$nulls":3}," ",{"$nulls":20},0,0,0,0,0,0,0,0,0,0,0,0,0,0,0,0,0,0," "]
[null,"       Supply","m",600,{"v":14.5,"d":"14.50"},{"v":8700,"d":"8,700.00"},{"v":0,"d":"0.00"},{"v":0,"d":"0.00"},{"v":0,"d":"0.00"},{"v":0,"d":"0.00"},{"v":0,"d":"0.00"},{"v":0,"d":"0.00"},{"v":0,"d":"0.00"},{"v":0,"d":"0.00"},{"v":0,"d":"0.00"},{"v":0,"d":"0.00"},{"v":0,"d":"0.00"},{"v":0,"d":"0.00"},{"v":0,"d":"0.00"},{"v":0,"d":"0.00"},{"$nulls":3},{"v":0,"d":"0.00"},{"v":0,"d":"0.00"},{"v":0,"d":"0.00"},0,0,0,0,0,0,0,0,0,0,0,0,0,0,0,0,0,0,{"$f":"+E494*Z494","v":{"v":0,"d":"0.00"}}]
[null,"       Install","m",{"$f":"D494","v":600},{"v":10,"d":"10.00"},{"v":6000,"d":"6,000.00"},{"v":0,"d":"0.00"},{"v":0,"d":"0.00"},{"v":0,"d":"0.00"},{"v":0,"d":"0.00"},{"v":0,"d":"0.00"},{"v":0,"d":"0.00"},{"v":0,"d":"0.00"},{"v":0,"d":"0.00"},{"v":0,"d":"0.00"},{"v":0,"d":"0.00"},{"v":0,"d":"0.00"},{"v":0,"d":"0.00"},{"v":0,"d":"0.00"},{"v":0,"d":"0.00"},{"$nulls":3},{"v":0,"d":"0.00"},{"v":0,"d":"0.00"},{"v":0,"d":"0.00"},0,0,0,0,0,0,0,0,0,0,0,0,0,0,0,0,0,0,{"$f":"+E495*Z495","v":{"v":0,"d":"0.00"}}]
[{"$nulls":5}," ",{"$nulls":20},0,0,0,0,0,0,0,0,0,0,0,0,0,0,0,0,0,0," "]
["3.1.6","32mm diameter (power cables)",{"$nulls":3}," ",{"$nulls":20},0,0,0,0,0,0,0,0,0,0,0,0,0,0,0,0,0,0," "]
[null,"       Supply","m",500,5.65,{"v":2825,"d":"2,825.00"},{"v":0,"d":"0.00"},{"v":0,"d":"0.00"},{"v":0,"d":"0.00"},{"v":0,"d":"0.00"},{"v":0,"d":"0.00"},{"v":0,"d":"0.00"},{"v":0,"d":"0.00"},{"v":0,"d":"0.00"},{"v":0,"d":"0.00"},{"v":0,"d":"0.00"},{"v":0,"d":"0.00"},{"v":0,"d":"0.00"},{"v":0,"d":"0.00"},{"v":0,"d":"0.00"},{"$nulls":3},{"v":0,"d":"0.00"},{"v":428,"d":"428.00"},{"v":428,"d":"428.00"},0,0,0,0,0,0,0,0,0,0,0,0,0,0,0,0,{"v":2418.2000000000003,"d":"2,418"},{"v":2418.2000000000003,"d":"2,418"},{"$f":"+E498*Z498","v":{"v":2418.2000000000003,"d":"2,418.20"}}]
[null,"       Install","m",{"$f":"D498","v":500},{"v":8,"d":"8.00"},{"v":4000,"d":"4,000.00"},{"v":0,"d":"0.00"},{"v":0,"d":"0.00"},{"v":0,"d":"0.00"},{"v":0,"d":"0.00"},{"v":0,"d":"0.00"},{"v":0,"d":"0.00"},{"v":0,"d":"0.00"},{"v":0,"d":"0.00"},{"v":0,"d":"0.00"},{"v":0,"d":"0.00"},{"v":0,"d":"0.00"},{"v":0,"d":"0.00"},{"v":0,"d":"0.00"},{"v":0,"d":"0.00"},{"$nulls":3},{"v":0,"d":"0.00"},{"v":368,"d":"368.00"},{"v":368,"d":"368.00"},0,0,0,0,0,0,0,0,0,0,0,0,0,0,0,0,{"v":2944,"d":"2,944"},{"v":2944,"d":"2,944"},{"$f":"+E499*Z499","v":{"v":2944,"d":"2,944.00"}}]
[{"$nulls":5}," ",{"$nulls":20},0,0,0,0,0,0,0,0,0,0,0,0,0,0,0,0,0,0," "]
["3.1.7","90 degrees slow bends for 200mm dia. sleeve",{"$nulls":3}," ",{"$nulls":20},0,0,0,0,0,0,0,0,0,0,0,0,0,0,0,0,0,0," "]
[null,"       Supply","each",50,{"v":190,"d":"190.00"},{"v":9500,"d":"9,500.00"},{"v":0,"d":"0.00"},{"v":0,"d":"0.00"},{"v":0,"d":"0.00"},{"v":0,"d":"0.00"},{"v":0,"d":"0.00"},{"v":0,"d":"0.00"},{"v":0,"d":"0.00"},{"v":0,"d":"0.00"},{"v":0,"d":"0.00"},{"v":0,"d":"0.00"},{"v":0,"d":"0.00"},{"v":0,"d":"0.00"},{"v":0,"d":"0.00"},{"v":0,"d":"0.00"},{"$nulls":3},{"v":0,"d":"0.00"},{"v":0,"d":"0.00"},{"v":0,"d":"0.00"},0,0,0,0,0,0,0,0,0,0,0,0,0,0,0,0,0,0,{"$f":"+E502*Z502","v":{"v":0,"d":"0.00"}}]
[null,"       Install","each",{"$f":"D502","v":50},{"v":30,"d":"30.00"},{"v":1500,"d":"1,500.00"},{"v":0,"d":"0.00"},{"v":0,"d":"0.00"},{"v":0,"d":"0.00"},{"v":0,"d":"0.00"},{"v":0,"d":"0.00"},{"v":0,"d":"0.00"},{"v":0,"d":"0.00"},{"v":0,"d":"0.00"},{"v":0,"d":"0.00"},{"v":0,"d":"0.00"},{"v":0,"d":"0.00"},{"v":0,"d":"0.00"},{"v":0,"d":"0.00"},{"v":0,"d":"0.00"},{"$nulls":3},{"v":0,"d":"0.00"},{"v":0,"d":"0.00"},{"v":0,"d":"0.00"},0,0,0,0,0,0,0,0,0,0,0,0,0,0,0,0,0,0,{"$f":"+E503*Z503","v":{"v":0,"d":"0.00"}}]
[{"$nulls":5}," ",{"$nulls":20},0,0,0,0,0,0,0,0,0,0,0,0,0,0,0,0,0,0," "]
["3.1.8","90 degrees slow bends for 160mm dia. sleeve",{"$nulls":3}," ",{"$nulls":20},0,0,0,0,0,0,0,0,0,0,0,0,0,0,0,0,0,0," "]
[null,"       Supply","each",80,{"v":175,"d":"175.00"},{"v":14000,"d":"14,000.00"},{"v":0,"d":"0.00"},{"v":0,"d":"0.00"},{"v":0,"d":"0.00"},{"v":0,"d":"0.00"},{"v":0,"d":"0.00"},{"v":0,"d":"0.00"},{"v":0,"d":"0.00"},{"v":0,"d":"0.00"},{"v":0,"d":"0.00"},{"v":0,"d":"0.00"},{"v":0,"d":"0.00"},{"v":0,"d":"0.00"},{"v":0,"d":"0.00"},{"v":0,"d":"0.00"},{"$nulls":3},{"v":0,"d":"0.00"},{"v":0,"d":"0.00"},{"v":0,"d":"0.00"},0,0,0,0,0,0,0,0,0,0,0,0,0,0,0,0,0,0,{"$f":"+E506*Z506","v":{"v":0,"d":"0.00"}}]
[null,"       Install","each",{"$f":"D506","v":80},{"v":28,"d":"28.00"},{"v":2240,"d":"2,240.00"},{"v":0,"d":"0.00"},{"v":0,"d":"0.00"},{"v":0,"d":"0.00"},{"v":0,"d":"0.00"},{"v":0,"d":"0.00"},{"v":0,"d":"0.00"},{"v":0,"d":"0.00"},{"v":0,"d":"0.00"},{"v":0,"d":"0.00"},{"v":0,"d":"0.00"},{"v":0,"d":"0.00"},{"v":0,"d":"0.00"},{"v":0,"d":"0.00"},{"v":0,"d":"0.00"},{"$nulls":3},{"v":0,"d":"0.00"},{"v":0,"d":"0.00"},{"v":0,"d":"0.00"},0,0,0,0,0,0,0,0,0,0,0,0,0,0,0,0,0,0,{"$f":"+E507*Z507","v":{"v":0,"d":"0.00"}}]
[{"$nulls":5}," ",{"$nulls":20},0,0,0,0,0,0,0,0,0,0,0,0,0,0,0,0,0,0]
["3.1.9","90 degrees slow bends for 110mm dia. sleeve",{"$nulls":3}," ",{"$nulls":20},0,0,0,0,0,0,0,0,0,0,0,0,0,0,0,0,0,0," "]
[null,"       Supply","each",80,{"v":46,"d":"46.00"},{"v":3680,"d":"3,680.00"},{"v":0,"d":"0.00"},{"v":0,"d":"0.00"},{"v":0,"d":"0.00"},{"v":0,"d":"0.00"},{"v":0,"d":"0.00"},{"v":0,"d":"0.00"},{"v":0,"d":"0.00"},{"v":0,"d":"0.00"},{"v":0,"d":"0.00"},{"v":0,"d":"0.00"},{"v":0,"d":"0.00"},{"v":0,"d":"0.00"},{"v":0,"d":"0.00"},{"v":0,"d":"0.00"},{"$nulls":3},{"v":0,"d":"0.00"},{"v":0,"d":"0.00"},{"v":0,"d":"0.00"},0,0,0,0,0,0,0,0,0,0,0,0,0,0,0,0,0,0,{"$f":"+E510*Z510","v":{"v":0,"d":"0.00"}}]
[null,"       Install","each",{"$f":"D510","v":80},{"v":25,"d":"25.00"},{"v":2000,"d":"2,000.00"},{"v":0,"d":"0.00"},{"v":0,"d":"0.00"},{"v":0,"d":"0.00"},{"v":0,"d":"0.00"},{"v":0,"d":"0.00"},{"v":0,"d":"0.00"},{"v":0,"d":"0.00"},{"v":0,"d":"0.00"},{"v":0,"d":"0.00"},{"v":0,"d":"0.00"},{"v":0,"d":"0.00"},{"v":0,"d":"0.00"},{"v":0,"d":"0.00"},{"v":0,"d":"0.00"},{"$nulls":3},{"v":0,"d":"0.00"},{"v":0,"d":"0.00"},{"v":0,"d":"0.00"},0,0,0,0,0,0,0,0,0,0,0,0,0,0,0,0,0,0,{"$f":"+E511*Z511","v":{"v":0,"d":"0.00"}}]
[{"$nulls":5}," ",{"$nulls":20},0,0,0,0,0,0,0,0,0,0,0,0,0,0,0,0,0,0," "]
["3.1.10","90 degrees slow bends for 75mm dia. sleeve",{"$nulls":3}," ",{"$nulls":20},0,0,0,0,0,0,0,0,0,0,0,0,0,0,0,0,0,0," "]
[null,"       Supply","each",60,{"v":27.7,"d":"27.70"},{"v":1662,"d":"1,662.00"},{"v":0,"d":"0.00"},{"v":0,"d":"0.00"},{"v":0,"d":"0.00"},{"v":0,"d":"0.00"},{"v":0,"d":"0.00"},{"v":0,"d":"0.00"},{"v":0,"d":"0.00"},{"v":0,"d":"0.00"},{"v":0,"d":"0.00"},{"v":0,"d":"0.00"},{"v":0,"d":"0.00"},{"v":0,"d":"0.00"},{"v":0,"d":"0.00"},{"v":0,"d":"0.00"},{"$nulls":3},{"v":0,"d":"0.00"},{"v":0,"d":"0.00"},{"v":0,"d":"0.00"},0,0,0,0,0,0,0,0,0,0,0,0,0,0,0,0,0,0,{"$f":"+E514*Z514","v":{"v":0,"d":"0.00"}}]
[null,"       Install","each",{"$f":"D514","v":60},{"v":22,"d":"22.00"},{"v":1320,"d":"1,320.00"},{"v":0,"d":"0.00"},{"v":0,"d":"0.00"},{"v":0,"d":"0.00"},{"v":0,"d":"0.00"},{"v":0,"d":"0.00"},{"v":0,"d":"0.00"},{"v":0,"d":"0.00"},{"v":0,"d":"0.00"},{"v":0,"d":"0.00"},{"v":0,"d":"0.00"},{"v":0,"d":"0.00"},{"v":0,"d":"0.00"},{"v":0,"d":"0.00"},{"v":0,"d":"0.00"},{"$nulls":3},{"v":0,"d":"0.00"},{"v":0,"d":"0.00"},{"v":0,"d":"0.00"},0,0,0,0,0,0,0,0,0,0,0,0,0,0,0,0,0,0,{"$f":"+E515*Z515","v":{"v":0,"d":"0.00"}}]
[{"$nulls":5}," ",{"$nulls":20},0,0,0,0,0,0,0,0,0,0,0,0,0,0,0,0,0,0," "]
["3.1.11","90 degrees slow bends for 50mm dia. Sleeve",{"$nulls":3}," ",{"$nulls":20},0,0,0,0,0,0,0,0,0,0,0,0,0,0,0,0,0,0," "]
[null,"       Supply","each",80,{"v":19,"d":"19.00"},{"v":1520,"d":"1,520.00"},{"v":0,"d":"0.00"},{"v":0,"d":"0.00"},{"v":0,"d":"0.00"},{"v":0,"d":"0.00"},{"v":0,"d":"0.00"},{"v":0,"d":"0.00"},{"v":0,"d":"0.00"},{"v":0,"d":"0.00"},{"v":0,"d":"0.00"},{"v":0,"d":"0.00"},{"v":0,"d":"0.00"},{"v":0,"d":"0.00"},{"v":0,"d":"0.00"},{"v":0,"d":"0.00"},{"$nulls":3},{"v":0,"d":"0.00"},{"v":0,"d":"0.00"},{"v":0,"d":"0.00"},0,0,0,0,0,0,0,0,0,0,0,0,0,0,0,0,0,0,{"$f":"+E518*Z518","v":{"v":0,"d":"0.00"}}]
[null,"       Install","each",{"$f":"D518","v":80},{"v":20,"d":"20.00"},{"v":1600,"d":"1,600.00"},{"v":0,"d":"0.00"},{"v":0,"d":"0.00"},{"v":0,"d":"0.00"},{"v":0,"d":"0.00"},{"v":0,"d":"0.00"},{"v":0,"d":"0.00"},{"v":0,"d":"0.00"},{"v":0,"d":"0.00"},{"v":0,"d":"0.00"},{"v":0,"d":"0.00"},{"v":0,"d":"0.00"},{"v":0,"d":"0.00"},{"v":0,"d":"0.00"},{"v":0,"d":"0.00"},{"$nulls":3},{"v":0,"d":"0.00"},{"v":0,"d":"0.00"},{"v":0,"d":"0.00"},0,0,0,0,0,0,0,0,0,0,0,0,0,0,0,0,0,0,{"$f":"+E519*Z519","v":{"v":0,"d":"0.00"}}]
[{"$nulls":5}," ",{"$nulls":20},0,0,0,0,0,0,0,0,0,0,0,0,0,0,0,0,0,0," "]
["3.1.12","90 degrees slow bends for 32mm dia. sleeve",{"$nulls":3}," ",{"$nulls":20},0,0,0,0,0,0,0,0,0,0,0,0,0,0,0,0,0,0," "]
[null,"       Supply","each",70,{"v":8,"d":"8.00"},{"v":560,"d":"560.00"},{"v":0,"d":"0.00"},{"v":0,"d":"0.00"},{"v":0,"d":"0.00"},{"v":0,"d":"0.00"},{"v":0,"d":"0.00"},{"v":0,"d":"0.00"},{"v":0,"d":"0.00"},{"v":0,"d":"0.00"},{"v":0,"d":"0.00"},{"v":0,"d":"0.00"},{"v":0,"d":"0.00"},{"v":0,"d":"0.00"},{"v":0,"d":"0.00"},{"v":0,"d":"0.00"},{"$nulls":3},{"v":0,"d":"0.00"},{"v":0,"d":"0.00"},{"v":0,"d":"0.00"},0,0,0,0,0,0,0,0,0,0,0,0,0,0,0,0,0,0,{"$f":"+E522*Z522","v":{"v":0,"d":"0.00"}}]
[null,"       Install","each",{"$f":"D522","v":70},{"v":18,"d":"18.00"},{"v":1260,"d":"1,260.00"},{"v":0,"d":"0.00"},{"v":0,"d":"0.00"},{"v":0,"d":"0.00"},{"v":0,"d":"0.00"},{"v":0,"d":"0.00"},{"v":0,"d":"0.00"},{"v":0,"d":"0.00"},{"v":0,"d":"0.00"},{"v":0,"d":"0.00"},{"v":0,"d":"0.00"},{"v":0,"d":"0.00"},{"v":0,"d":"0.00"},{"v":0,"d":"0.00"},{"v":0,"d":"0.00"},{"$nulls":3},{"v":0,"d":"0.00"},{"v":0,"d":"0.00"},{"v":0,"d":"0.00"},0,0,0,0,0,0,0,0,0,0,0,0,0,0,0,0,0,{"$f":"SUM(AA523:AQ523)","v":0},{"$f":"+E523*Z523","v":{"v":0,"d":"0.00"}}]
[{"$nulls":5}," ",{"$nulls":38}," "]
[]
[null,"Amount Carried Forward",{"$nulls":3},{"$f":"SUM(F474:F525)","v":{"v":117667,"d":"117,667.00"}},{"$nulls":38},{"$f":"SUM(AS474:AS525)","v":{"v":32831.2,"d":"32,831.20"}}]
[]
["MAIN HOSPITAL ELECTRICAL INSTALLATION"]
["CECILIA MAKIWANE HOSPITAL : PHASE 4C"]
[]
[{"$f":"A470","v":"BILL NO. 3 : SLEEVES (SMME PACKAGE No1)"}]
["ITEM","DESCRIPTION","UNIT","QTY","RATE","TENDER AMOUNT","A","B","D","E1","E2","F1","F2","G1","G2","H1","H2","J1","J2","J3",null,"G/House",null,"N","Other","Total Qty","A","B","D","E1","E2","F1","F2","G1","G2","H1","H2","J1","J2","J3","K","N","Other","Total Amount","Total Claimed"]
[null,"AMOUNT CARRIED FORWARD FROM PREVIOUS BILL",{"$nulls":3},{"$f":"F526","v":{"v":117667,"d":"117,667.00"}},{"$nulls":38},{"$f":"+AS526","v":{"v":32831.2,"d":"32,831.20"}}]
[]
[{"v":3.2,"d":"3.20"},"Cable Tape"]
[" ","Laid in an open trench and 150mm above a cable 150mm wide 800 gauge cable marker tape."]
[null,"       Supply","m",{"v":5500,"d":"5,500"},1.35,{"$f":"$D537*E537","v":{"v":7425.000000000001,"d":"7,425.00"}},{"v":0,"d":"0.00"},{"v":0,"d":"0.00"},{"v":0,"d":"0.00"},{"v":0,"d":"0.00"},{"v":0,"d":"0.00"},{"v":0,"d":"0.00"},{"v":0,"d":"0.00"},{"v":0,"d":"0.00"},{"v":0,"d":"0.00"},{"v":0,"d":"0.00"},{"v":0,"d":"0.00"},{"v":0,"d":"0.00"},{"v":0,"d":"0.00"},{"v":0,"d":"0.00"},{"$nulls":3},{"v":0,"d":"0.00"},{"v":680,"d":"680.00"},{"$f":"SUM(G537:Y537)","v":{"v":680,"d":"680.00"}},{"$f":"G537*E537","v":0},{"$f":"H537*E537","v":0},{"$f":"I537*E537","v":0},{"$f":"J537*E537","v":0},{"$f":"K537*E537","v":0},{"$f":"L537*E537","v":0},{"$f":"+M537*E537","v":0},{"$f":"N537*E537","v":0},{"$f":"O537*E537","v":0},{"$f":"P537*E537","v":0},{"$f":"Q537*E537","v":0},{"$f":"R537*E537","v":0},{"$f":"S537*E537","v":0},{"$f":"T537*E537","v":0},{"$f":"W537*E537","v":0},{"$f":"X537*E537","v":0},{"$f":"Y537*E537","v":{"v":918.0000000000001,"d":"918"}},{"$f":"SUM(AA537:AQ537)","v":{"v":918.0000000000001,"d":"918"}},{"$f":"+E537*Z537","v":{"v":918.0000000000001,"d":"918.00"}}]
[null,"       Install","m",{"$f":"D537","v":{"v":5500,"d":"5,500"}},{"v":2,"d":"2.00"},{"$f":"$D538*E538","v":{"v":11000,"d":"11,000.00"}},{"v":0,"d":"0.00"},{"v":0,"d":"0.00"},{"v":0,"d":"0.00"},{"v":0,"d":"0.00"},{"v":0,"d":"0.00"},{"v":0,"d":"0.00"},{"v":0,"d":"0.00"},{"v":0,"d":"0.00"},{"v":0,"d":"0.00"},{"v":0,"d":"0.00"},{"v":0,"d":"0.00"},{"v":0,"d":"0.00"},{"v":0,"d":"0.00"},{"v":0,"d":"0.00"},{"$nulls":3},{"v":0,"d":"0.00"},{"v":566,"d":"566.00"},{"$f":"SUM(G538:Y538)","v":{"v":566,"d":"566.00"}},0,0,0,0,0,0,0,0,0,0,0,0,0,0,0,0,{"v":1132,"d":"1,132"},{"$f":"SUM(AA538:AQ538)","v":{"v":1132,"d":"1,132"}},{"$f":"+E538*Z538","v":{"v":1132,"d":"1,132.00"}}]
[{"$nulls":26},0,0,0,0,0,0,0,0,0,0,0,0,0,0,0,0,0,0]
[{"v":3.3,"d":"3.30"},"LV Trenching",{"$nulls":24},0,0,0,0,0,0,0,0,0,0,0,0,0,0,0,0,0,0]
[null,"Excavation of cable trench 600mm deep, 400mm wide including backfilling, compacting & rubble removal (see Specification for classification of materials)",{"$nulls":24},0,0,0,0,0,0,0,0,0,0,0,0,0,0,0,0,0,0]
[{"$nulls":26},0,0,0,0,0,0,0,0,0,0,0,0,0,0,0,0,0,0]
["3.3.1","In earth","m",{"v":5500,"d":"5,500"},{"v":29,"d":"29.00"},{"$f":"$D543*E543","v":{"v":159500,"d":"159,500.00"}},{"v":0,"d":"0.00"},{"v":0,"d":"0.00"},{"v":0,"d":"0.00"},{"v":0,"d":"0.00"},{"v":0,"d":"0.00"},{"v":0,"d":"0.00"},{"v":0,"d":"0.00"},{"v":0,"d":"0.00"},{"v":0,"d":"0.00"},{"v":0,"d":"0.00"},{"v":0,"d":"0.00"},{"v":0,"d":"0.00"},{"v":0,"d":"0.00"},{"v":0,"d":"0.00"},{"$nulls":3},{"v":0,"d":"0.00"},{"v":396,"d":"396.00"},{"v":396,"d":"396.00"},0,0,0,0,0,0,0,0,0,0,0,0,0,0,0,0,{"v":11484,"d":"11,484"},{"v":11484,"d":"11,484"},{"$f":"+E543*Z543","v":{"v":11484,"d":"11,484.00"}}]
["3.3.2","Soft rock EXTRA OVER earth ","m",{"$f":"D543*0.25","v":{"v":1375,"d":"1,375"}},{"v":39,"d":"39.00"},{"$f":"$D544*E544","v":{"v":53625,"d":"53,625.00"}},{"v":0,"d":"0.00"},{"v":0,"d":"0.00"},{"v":0,"d":"0.00"},{"v":0,"d":"0.00"},{"v":0,"d":"0.00"},{"v":0,"d":"0.00"},{"v":0,"d":"0.00"},{"v":0,"d":"0.00"},{"v":0,"d":"0.00"},{"v":0,"d":"0.00"},{"v":0,"d":"0.00"},{"v":0,"d":"0.00"},{"v":0,"d":"0.00"},{"v":0,"d":"0.00"},{"$nulls":3},{"v":0,"d":"0.00"},{"v":0,"d":"0.00"},{"v":0,"d":"0.00"},0,0,0,0,0,0,0,0,0,0,0,0,0,0,0,0,0,0,{"$f":"+E544*Z544","v":{"v":0,"d":"0.00"}}]
["3.3.3","Hard rock","m",{"$f":"D544*0.8","v":{"v":1100,"d":"1,100"}},{"v":49,"d":"49.00"},{"$f":"$D545*E545","v":{"v":53900,"d":"53,900.00"}},{"v":0,"d":"0.00"},{"v":0,"d":"0.00"},{"v":0,"d":"0.00"},{"v":0,"d":"0.00"},{"v":0,"d":"0.00"},{"v":0,"d":"0.00"},{"v":0,"d":"0.00"},{"v":0,"d":"0.00"},{"v":0,"d":"0.00"},{"v":0,"d":"0.00"},{"v":0,"d":"0.00"},{"v":0,"d":"0.00"},{"v":0,"d":"0.00"},{"v":0,"d":"0.00"},{"$nulls":3},{"v":0,"d":"0.00"},{"v":0,"d":"0.00"},{"v":0,"d":"0.00"},0,0,0,0,0,0,0,0,0,0,0,0,0,0,0,0,0,0,{"$f":"+E545*Z545","v":{"v":0,"d":"0.00"}}]
["3.3.4","Imported fines bedding 100mm under cable and 100mm on top of cable.",{"$nulls":3}," ",{"$nulls":20},0,0,0,0,0,0,0,0,0,0,0,0,0,0,0,0,0,0," "]
[null,"           Supply","m",{"v":6600,"d":"6,600"},{"v":8,"d":"8.00"},{"$f":"$D547*E547","v":{"v":52800,"d":"52,800.00"}},{"v":0,"d":"0.00"},{"v":0,"d":"0.00"},{"v":0,"d":"0.00"},{"v":0,"d":"0.00"},{"v":0,"d":"0.00"},{"v":0,"d":"0.00"},{"v":0,"d":"0.00"},{"v":0,"d":"0.00"},{"v":0,"d":"0.00"},{"v":0,"d":"0.00"},{"v":0,"d":"0.00"},{"v":0,"d":"0.00"},{"v":0,"d":"0.00"},{"v":0,"d":"0.00"},{"$nulls":3},{"v":0,"d":"0.00"},{"v":216,"d":"216.00"},{"v":216,"d":"216.00"},0,0,0,0,0,0,0,0,0,0,0,0,0,0,0,0,{"v":1728,"d":"1,728"},{"v":1728,"d":"1,728"},{"$f":"+E547*Z547","v":{"v":1728,"d":"1,728.00"}}]
[null,"           Install","m",{"$f":"D547","v":{"v":6600,"d":"6,600"}},{"v":5,"d":"5.00"},{"$f":"$D548*E548","v":{"v":33000,"d":"33,000.00"}},{"v":0,"d":"0.00"},{"v":0,"d":"0.00"},{"v":0,"d":"0.00"},{"v":0,"d":"0.00"},{"v":0,"d":"0.00"},{"v":0,"d":"0.00"},{"v":0,"d":"0.00"},{"v":0,"d":"0.00"},{"v":0,"d":"0.00"},{"v":0,"d":"0.00"},{"v":0,"d":"0.00"},{"v":0,"d":"0.00"},{"v":0,"d":"0.00"},{"v":0,"d":"0.00"},{"$nulls":3},{"v":0,"d":"0.00"},{"v":216,"d":"216.00"},{"v":216,"d":"216.00"},0,0,0,0,0,0,0,0,0,0,0,0,0,0,0,0,{"v":1080,"d":"1,080"},{"v":1080,"d":"1,080"},{"$f":"+E548*Z548","v":{"v":1080,"d":"1,080.00"}}]
[{"$nulls":5}," ",{"$nulls":20},0,0,0,0,0,0,0,0,0,0,0,0,0,0,0,0,0,0," "]
[{"v":3.4,"d":"3.40"},"Sleeve Sealing"," ",null,null," ",{"$nulls":20},0,0,0,0,0,0,0,0,0,0,0,0,0,0,0,0,0,0," "]
[null,"Sealing off of all sleeves against ingress of moisture, mud, sand and vermin after Cables have been installed, including spare sleeves","Sum",1,{"v":1400,"d":"1,400.00"},{"$f":"$D551*E551","v":{"v":1400,"d":"1,400.00"}},{"v":0,"d":"0.00"},{"v":0,"d":"0.00"},{"v":0,"d":"0.00"},{"v":0,"d":"0.00"},{"v":0,"d":"0.00"},{"v":0,"d":"0.00"},{"v":0,"d":"0.00"},{"v":0,"d":"0.00"},{"v":0,"d":"0.00"},{"v":0,"d":"0.00"},{"v":0,"d":"0.00"},{"v":0,"d":"0.00"},{"v":0,"d":"0.00"},{"v":0,"d":"0.00"},{"$nulls":3},{"v":0,"d":"0.00"},{"v":0,"d":"0.00"},{"v":0,"d":"0.00"},0,0,0,0,0,0,0,0,0,0,0,0,0,0,0,0,0,0,{"$f":"+E551*Z551","v":{"v":0,"d":"0.00"}}]
[{"$nulls":5}," ",{"$nulls":20},0,0,0,0,0,0,0,0,0,0,0,0,0,0,0,0,0,0," "]
[{"v":3.5,"d":"3.50"},"Pyramid Concrete Cable Markers",{"$nulls":3}," ",{"$nulls":20},0,0,0,0,0,0,0,0,0,0,0,0,0,0,0,0,0,0," "]
[null,"           Supply","m",470,{"v":95,"d":"95.00"},{"$f":"$D554*E554","v":{"v":44650,"d":"44,650.00"}},{"v":0,"d":"0.00"},{"v":0,"d":"0.00"},{"v":0,"d":"0.00"},{"v":0,"d":"0.00"},{"v":0,"d":"0.00"},{"v":0,"d":"0.00"},{"v":0,"d":"0.00"},{"v":0,"d":"0.00"},{"v":0,"d":"0.00"},{"v":0,"d":"0.00"},{"v":0,"d":"0.00"},{"v":0,"d":"0.00"},{"v":0,"d":"0.00"},{"v":0,"d":"0.00"},{"$nulls":3},{"v":0,"d":"0.00"},{"v":16,"d":"16.00"},{"v":16,"d":"16.00"},0,0,0,0,0,0,0,0,0,0,0,0,0,0,0,0,{"v":1520,"d":"1,520"},{"v":1520,"d":"1,520"},{"$f":"+E554*Z554","v":{"v":1520,"d":"1,520.00"}}]
[null,"           Install","m",{"$f":"D554","v":470},{"v":30,"d":"30.00"},{"$f":"$D555*E555","v":{"v":14100,"d":"14,100.00"}},{"v":0,"d":"0.00"},{"v":0,"d":"0.00"},{"v":0,"d":"0.00"},{"v":0,"d":"0.00"},{"v":0,"d":"0.00"},{"v":0,"d":"0.00"},{"v":0,"d":"0.00"},{"v":0,"d":"0.00"},{"v":0,"d":"0.00"},{"v":0,"d":"0.00"},{"v":0,"d":"0.00"},{"v":0,"d":"0.00"},{"v":0,"d":"0.00"},{"v":0,"d":"0.00"},{"$nulls":3},{"v":0,"d":"0.00"},{"v":16,"d":"16.00"},{"v":16,"d":"16.00"},0,0,0,0,0,0,0,0,0,0,0,0,0,0,0,0,480,480,{"$f":"+E555*Z555","v":{"v":480,"d":"480.00"}}]
[{"$nulls":5}," ",{"$nulls":20},0,0,0,0,0,0,0,0,0,0,0,0,0,0,0,0,0,0," "]
[{"v":3.6,"d":"3.60"},"Mentoring and Management",{"$nulls":3}," ",{"$nulls":20},0,0,0,0,0,0,0,0,0,0,0,0,0,0,0,0,0,0," "]
[null,"A percentage of the SMME Package amoiunt to provide the Mentoring and Management of the SMME Contractors","%",1,{"v":549067,"d":"549,067.00"},{"$f":"E558*2.5%","v":{"v":13726.675000000001,"d":"13,726.68"}},{"v":0,"d":"0.00"},{"v":0,"d":"0.00"},{"v":0,"d":"0.00"},{"v":0,"d":"0.00"},{"v":0,"d":"0.00"},{"v":0,"d":"0.00"},{"v":0,"d":"0.00"},{"v":0,"d":"0.00"},{"v":0,"d":"0.00"},{"v":0,"d":"0.00"},{"v":0,"d":"0.00"},{"v":0,"d":"0.00"},{"v":0,"d":"0.00"},{"v":0,"d":"0.00"},{"$nulls":3},{"v":0,"d":"0.00"},0.05,0.05,0,0,0,0,0,0,0,0,0,0,0,0,0,0,0,0,{"v":27453.350000000002,"d":"27,453"},{"v":27453.350000000002,"d":"27,453"},{"$f":"+E558*Z558","v":{"v":27453.350000000002,"d":"27,453.35"}}]
[null," "," "," "]
[]
[null,"Amount Carried Forward to Summary Page",{"$nulls":3},{"$f":"SUM(F533:F560)","v":{"v":562793.675,"d":"562,793.68"}},{"$nulls":38},{"$f":"SUM(AS533:AS560)","v":{"v":78626.55,"d":"78,626.55"}}]
[]
["MAIN HOSPITAL ELECTRICAL INSTALLATION"]
["CECILIA MAKIWANE HOSPITAL : PHASE 4C"]
[]
["BILL NO. 4 : CABLES (SMME PACKAGE No2)"]
["ITEM","DESCRIPTION","UNIT","QTY","RATE","TENDER AMOUNT","A","B","D","E1","E2","F1","F2","G1","G2","H1","H2","J1","J2","J3",null,"G/House",null,"N","Other","Total Qty","A","B","D","E1","E2","F1","F2","G1","G2","H1","H2","J1","J2","J3","K","N","Other","Total Amount","Total Claimed"]
[]
[{"$nulls":3}," "]
[{"v":4.1,"d":"4.10"},"Cables"]
[null,"PVC SWA PVC ECC Cable drawn into building entry sleeve, mounted on Tray or Wire Basket. All 600/1000V Copper Cables as specified must be Fire Retardant type."]
[]
["4.1.1","630mm² 1 Core"]
[null,"       Supply","m",600,{"v":580,"d":"580.00"},{"$f":"$D574*E574","v":{"v":348000,"d":"348,000.00"}},{"v":0,"d":"0.00"},{"v":0,"d":"0.00"},{"v":0,"d":"0.00"},{"v":0,"d":"0.00"},{"v":0,"d":"0.00"},{"v":0,"d":"0.00"},{"v":0,"d":"0.00"},{"v":0,"d":"0.00"},{"v":0,"d":"0.00"},{"v":0,"d":"0.00"},{"v":0,"d":"0.00"},{"v":0,"d":"0.00"},{"v":0,"d":"0.00"},{"v":0,"d":"0.00"},{"$nulls":3},{"v":0,"d":"0.00"},{"v":0,"d":"0.00"},{"$f":"SUM(G574:Y574)","v":{"v":0,"d":"0.00"}},{"$f":"G574*E574","v":0},{"$f":"H574*E574","v":0},{"$f":"I574*E574","v":0},{"$f":"J574*E574","v":0},{"$f":"K574*E574","v":0},{"$f":"L574*E574","v":0},{"$f":"+M574*E574","v":0},{"$f":"N574*E574","v":0},{"$f":"O574*E574","v":0},{"$f":"P574*E574","v":0},{"$f":"Q574*E574","v":0},{"$f":"R574*E574","v":0},{"$f":"S574*E574","v":0},{"$f":"T574*E574","v":0},{"$f":"W574*E574","v":0},{"$f":"X574*E574","v":0},{"$f":"Y574*E574","v":0},{"$f":"SUM(AA574:AQ574)","v":0},{"$f":"+E574*Z574","v":{"v":0,"d":"0.00"}}]
[null,"       Install","m",{"$f":"D574","v":600},{"v":29,"d":"29.00"},{"$f":"$D575*E575","v":{"v":17400,"d":"17,400.00"}},{"v":0,"d":"0.00"},{"v":0,"d":"0.00"},{"v":0,"d":"0.00"},{"v":0,"d":"0.00"},{"v":0,"d":"0.00"},{"v":0,"d":"0.00"},{"v":0,"d":"0.00"},{"v":0,"d":"0.00"},{"v":0,"d":"0.00"},{"v":0,"d":"0.00"},{"v":0,"d":"0.00"},{"v":0,"d":"0.00"},{"v":0,"d":"0.00"},{"v":0,"d":"0.00"},{"$nulls":3},{"v":0,"d":"0.00"},{"v":0,"d":"0.00"},{"$f":"SUM(G575:Y575)","v":{"v":0,"d":"0.00"}},0,0,0,0,0,0,0,0,0,0,0,0,0,0,0,0,0,{"$f":"SUM(AA575:AQ575)","v":0},{"$f":"+E575*Z575","v":{"v":0,"d":"0.00"}}]
[{"$nulls":5}," ",{"$nulls":20},0,0,0,0,0,0,0,0,0,0,0,0,0,0,0,0,0,0," "]
["4.1.2","Termination for 630mm² 1 core cable"," ",null,null," ",{"$nulls":20},0,0,0,0,0,0,0,0,0,0,0,0,0,0,0,0,0,0," "]
[null,"       Supply","each",12,609.63,{"$f":"$D578*E578","v":{"v":7315.5599999999995,"d":"7,315.56"}},{"v":0,"d":"0.00"},{"v":0,"d":"0.00"},{"v":0,"d":"0.00"},{"v":0,"d":"0.00"},{"v":0,"d":"0.00"},{"v":0,"d":"0.00"},{"v":0,"d":"0.00"},{"v":0,"d":"0.00"},{"v":0,"d":"0.00"},{"v":0,"d":"0.00"},{"v":0,"d":"0.00"},{"v":0,"d":"0.00"},{"v":0,"d":"0.00"},{"v":0,"d":"0.00"},{"$nulls":3},{"v":0,"d":"0.00"},{"v":0,"d":"0.00"},{"v":0,"d":"0.00"},0,0,0,0,0,0,0,0,0,0,0,0,0,0,0,0,0,0,{"$f":"+E578*Z578","v":{"v":0,"d":"0.00"}}]
[null,"       Install","each",{"$f":"D578","v":12},{"v":220,"d":"220.00"},{"$f":"$D579*E579","v":{"v":2640,"d":"2,640.00"}},{"v":0,"d":"0.00"},{"v":0,"d":"0.00"},{"v":0,"d":"0.00"},{"v":0,"d":"0.00"},{"v":0,"d":"0.00"},{"v":0,"d":"0.00"},{"v":0,"d":"0.00"},{"v":0,"d":"0.00"},{"v":0,"d":"0.00"},{"v":0,"d":"0.00"},{"v":0,"d":"0.00"},{"v":0,"d":"0.00"},{"v":0,"d":"0.00"},{"v":0,"d":"0.00"},{"$nulls":3},{"v":0,"d":"0.00"},{"v":0,"d":"0.00"},{"v":0,"d":"0.00"},0,0,0,0,0,0,0,0,0,0,0,0,0,0,0,0,0,0,{"$f":"+E579*Z579","v":{"v":0,"d":"0.00"}}]
[{"$nulls":5}," ",{"$nulls":20},0,0,0,0,0,0,0,0,0,0,0,0,0,0,0,0,0,0,{"$f":"+E580*Z580","v":{"v":0,"d":"0.00"}}]
["4.1.3","500mm² 1 Core",{"$nulls":3}," ",{"$nulls":20},0,0,0,0,0,0,0,0,0,0,0,0,0,0,0,0,0,0," "]
[null,"       Supply","m",400,{"v":448,"d":"448.00"},{"$f":"$D582*E582","v":{"v":179200,"d":"179,200.00"}},{"v":0,"d":"0.00"},{"v":0,"d":"0.00"},{"v":0,"d":"0.00"},{"v":0,"d":"0.00"},{"v":0,"d":"0.00"},{"v":0,"d":"0.00"},{"v":0,"d":"0.00"},{"v":0,"d":"0.00"},{"v":0,"d":"0.00"},{"v":0,"d":"0.00"},{"v":0,"d":"0.00"},{"v":0,"d":"0.00"},{"v":0,"d":"0.00"},{"v":0,"d":"0.00"},{"$nulls":3},{"v":0,"d":"0.00"},{"v":0,"d":"0.00"},{"v":0,"d":"0.00"},0,0,0,0,0,0,0,0,0,0,0,0,0,0,0,0,0,0,{"$f":"+E582*Z582","v":{"v":0,"d":"0.00"}}]
[" ","       Install","m",{"$f":"D582","v":400},{"v":27,"d":"27.00"},{"$f":"$D583*E583","v":{"v":10800,"d":"10,800.00"}},{"v":0,"d":"0.00"},{"v":0,"d":"0.00"},{"v":0,"d":"0.00"},{"v":0,"d":"0.00"},{"v":0,"d":"0.00"},{"v":0,"d":"0.00"},{"v":0,"d":"0.00"},{"v":0,"d":"0.00"},{"v":0,"d":"0.00"},{"v":0,"d":"0.00"},{"v":0,"d":"0.00"},{"v":0,"d":"0.00"},{"v":0,"d":"0.00"},{"v":0,"d":"0.00"},{"$nulls":3},{"v":0,"d":"0.00"},{"v":0,"d":"0.00"},{"v":0,"d":"0.00"},0,0,0,0,0,0,0,0,0,0,0,0,0,0,0,0,0,0,{"$f":"+E583*Z583","v":{"v":0,"d":"0.00"}}]
[{"$nulls":5}," ",{"$nulls":20},0,0,0,0,0,0,0,0,0,0,0,0,0,0,0,0,0,0," "]
["4.1.4","Termination for 500mm² 1 core cable",{"$nulls":3}," ",{"$nulls":20},0,0,0,0,0,0,0,0,0,0,0,0,0,0,0,0,0,0," "]
[null,"       Supply","each",16,399.66,{"$f":"$D586*E586","v":{"v":6394.56,"d":"6,394.56"}},{"v":0,"d":"0.00"},{"v":0,"d":"0.00"},{"v":0,"d":"0.00"},{"v":0,"d":"0.00"},{"v":0,"d":"0.00"},{"v":0,"d":"0.00"},{"v":0,"d":"0.00"},{"v":0,"d":"0.00"},{"v":0,"d":"0.00"},{"v":0,"d":"0.00"},{"v":0,"d":"0.00"},{"v":0,"d":"0.00"},{"v":0,"d":"0.00"},{"v":0,"d":"0.00"},{"$nulls":3},{"v":0,"d":"0.00"},{"v":0,"d":"0.00"},{"v":0,"d":"0.00"},0,0,0,0,0,0,0,0,0,0,0,0,0,0,0,0,0,0,{"$f":"+E586*Z586","v":{"v":0,"d":"0.00"}}]
[null,"       Install","each",{"$f":"D586","v":16},{"v":200,"d":"200.00"},{"$f":"$D587*E587","v":{"v":3200,"d":"3,200.00"}},{"v":0,"d":"0.00"},{"v":0,"d":"0.00"},{"v":0,"d":"0.00"},{"v":0,"d":"0.00"},{"v":0,"d":"0.00"},{"v":0,"d":"0.00"},{"v":0,"d":"0.00"},{"v":0,"d":"0.00"},{"v":0,"d":"0.00"},{"v":0,"d":"0.00"},{"v":0,"d":"0.00"},{"v":0,"d":"0.00"},{"v":0,"d":"0.00"},{"v":0,"d":"0.00"},{"$nulls":3},{"v":0,"d":"0.00"},{"v":0,"d":"0.00"},{"v":0,"d":"0.00"},0,0,0,0,0,0,0,0,0,0,0,0,0,0,0,0,0,0,{"$f":"+E587*Z587","v":{"v":0,"d":"0.00"}}]
[{"$nulls":5}," ",{"$nulls":20},0,0,0,0,0,0,0,0,0,0,0,0,0,0,0,0,0,0," "]
["4.1.5","240mm² 4 Core",{"$nulls":3}," ",{"$nulls":20},0,0,0,0,0,0,0,0,0,0,0,0,0,0,0,0,0,0," "]
[null,"       Supply","m",920,{"v":922,"d":"922.00"},{"$f":"$D590*E590","v":{"v":848240,"d":"848,240.00"}},{"v":0,"d":"0.00"},{"v":0,"d":"0.00"},{"v":0,"d":"0.00"},{"v":0,"d":"0.00"},{"v":0,"d":"0.00"},{"v":0,"d":"0.00"},{"v":0,"d":"0.00"},{"v":0,"d":"0.00"},{"v":0,"d":"0.00"},{"v":0,"d":"0.00"},{"v":0,"d":"0.00"},{"v":0,"d":"0.00"},{"v":0,"d":"0.00"},{"v":0,"d":"0.00"},{"$nulls":3},{"v":0,"d":"0.00"},{"v":186,"d":"186.00"},{"v":186,"d":"186.00"},0,0,0,0,0,0,0,0,0,0,0,0,0,0,0,0,{"v":171492,"d":"171,492"},{"v":171492,"d":"171,492"},{"$f":"+E590*Z590","v":{"v":171492,"d":"171,492.00"}}]
[null,"       Install","m",{"$f":"D590","v":920},{"v":29,"d":"29.00"},{"$f":"$D591*E591","v":{"v":26680,"d":"26,680.00"}},{"v":0,"d":"0.00"},{"v":0,"d":"0.00"},{"v":0,"d":"0.00"},{"v":0,"d":"0.00"},{"v":0,"d":"0.00"},{"v":0,"d":"0.00"},{"v":193,"d":"193.00"},{"v":0,"d":"0.00"},{"v":0,"d":"0.00"},{"v":0,"d":"0.00"},{"v":0,"d":"0.00"},{"v":0,"d":"0.00"},{"v":0,"d":"0.00"},{"v":0,"d":"0.00"},{"$nulls":3},{"v":0,"d":"0.00"},{"v":180,"d":"180.00"},{"v":373,"d":"373.00"},0,0,0,0,0,0,{"v":5597,"d":"5,597"},0,0,0,0,0,0,0,0,0,{"v":5220,"d":"5,220"},{"v":10817,"d":"10,817"},{"$f":"+E591*Z591","v":{"v":10817,"d":"10,817.00"}}]
[{"$nulls":5}," ",{"$nulls":20},0,0,0,0,0,0,0,0,0,0,0,0,0,0,0,0,0,0," "]
["4.1.6","Termination for 240mm² 4 core cable",{"$nulls":3}," ",{"$nulls":20},0,0,0,0,0,0,0,0,0,0,0,0,0,0,0,0,0,0," "]
[null,"       Supply","each",16,{"v":948.3,"d":"948.30"},{"$f":"$D594*E594","v":{"v":15172.8,"d":"15,172.80"}},{"v":0,"d":"0.00"},{"v":0,"d":"0.00"},{"v":0,"d":"0.00"},{"v":0,"d":"0.00"},{"v":0,"d":"0.00"},{"v":0,"d":"0.00"},{"v":0,"d":"0.00"},{"v":0,"d":"0.00"},{"v":0,"d":"0.00"},{"v":0,"d":"0.00"},{"v":0,"d":"0.00"},{"v":0,"d":"0.00"},{"v":0,"d":"0.00"},{"v":0,"d":"0.00"},{"$nulls":3},{"v":0,"d":"0.00"},{"v":3,"d":"3.00"},{"v":3,"d":"3.00"},0,0,0,0,0,0,0,0,0,0,0,0,0,0,0,0,{"v":2844.8999999999996,"d":"2,845"},{"v":2844.8999999999996,"d":"2,845"},{"$f":"+E594*Z594","v":{"v":2844.8999999999996,"d":"2,844.90"}}]
[null,"       Install","each",{"$f":"D594","v":16},{"v":420,"d":"420.00"},{"$f":"$D595*E595","v":{"v":6720,"d":"6,720.00"}},{"v":0,"d":"0.00"},{"v":0,"d":"0.00"},{"v":0,"d":"0.00"},{"v":0,"d":"0.00"},{"v":0,"d":"0.00"},{"v":0,"d":"0.00"},{"v":0,"d":"0.00"},{"v":0,"d":"0.00"},{"v":0,"d":"0.00"},{"v":0,"d":"0.00"},{"v":0,"d":"0.00"},{"v":0,"d":"0.00"},{"v":0,"d":"0.00"},{"v":0,"d":"0.00"},{"$nulls":3},{"v":0,"d":"0.00"},{"v":3,"d":"3.00"},{"v":3,"d":"3.00"},0,0,0,0,0,0,0,0,0,0,0,0,0,0,0,0,{"v":1260,"d":"1,260"},{"v":1260,"d":"1,260"},{"$f":"+E595*Z595","v":{"v":1260,"d":"1,260.00"}}]
[{"$nulls":5}," ",{"$nulls":20},0,0,0,0,0,0,0,0,0,0,0,0,0,0,0,0,0,0," "]
["4.1.7","185mm² 4 Core",{"$nulls":3}," ",{"$nulls":20},0,0,0,0,0,0,0,0,0,0,0,0,0,0,0,0,0,0," "]
[null,"       Supply","m",{"v":1160,"d":"1,160"},667.93,{"$f":"$D598*E598","v":{"v":774798.7999999999,"d":"774,798.80"}},{"v":0,"d":"0.00"},{"v":0,"d":"0.00"},{"v":0,"d":"0.00"},{"v":0,"d":"0.00"},{"v":0,"d":"0.00"},{"v":0,"d":"0.00"},{"v":0,"d":"0.00"},{"v":0,"d":"0.00"},{"v":0,"d":"0.00"},{"v":0,"d":"0.00"},{"v":0,"d":"0.00"},{"v":0,"d":"0.00"},{"v":0,"d":"0.00"},{"v":0,"d":"0.00"},{"$nulls":3},{"v":0,"d":"0.00"},{"v":631,"d":"631.00"},{"v":631,"d":"631.00"},0,0,0,0,0,0,0,0,0,0,0,0,0,0,0,0,{"v":421463.82999999996,"d":"421,464"},{"v":421463.82999999996,"d":"421,464"},{"$f":"+E598*Z598","v":{"v":421463.82999999996,"d":"421,463.83"}}]
[null,"       Install","m",{"$f":"D598","v":{"v":1160,"d":"1,160"}},{"v":27,"d":"27.00"},{"$f":"$D599*E599","v":{"v":31320,"d":"31,320.00"}},{"v":0,"d":"0.00"},{"v":0,"d":"0.00"},{"v":0,"d":"0.00"},{"v":0,"d":"0.00"},{"v":0,"d":"0.00"},{"v":0,"d":"0.00"},{"v":193,"d":"193.00"},{"v":0,"d":"0.00"},{"v":0,"d":"0.00"},{"v":0,"d":"0.00"},{"v":0,"d":"0.00"},{"v":0,"d":"0.00"},{"v":0,"d":"0.00"},{"v":0,"d":"0.00"},{"$nulls":3},{"v":0,"d":"0.00"},{"v":631,"d":"631.00"},{"v":824,"d":"824.00"},0,0,0,0,0,0,{"v":5211,"d":"5,211"},0,0,0,0,0,0,0,0,0,{"v":17037,"d":"17,037"},{"v":22248,"d":"22,248"},{"$f":"+E599*Z599","v":{"v":22248,"d":"22,248.00"}}]
[{"$nulls":5}," ",{"$nulls":20},0,0,0,0,0,0,0,0,0,0,0,0,0,0,0,0,0,0," "]
["4.1.8","Termination for 185mm² 4 core cable",{"$nulls":3}," ",{"$nulls":20},0,0,0,0,0,0,0,0,0,0,0,0,0,0,0,0,0,0," "]
[null,"       Supply","each",20,538.85,{"$f":"$D602*E602","v":{"v":10777,"d":"10,777.00"}},{"v":0,"d":"0.00"},{"v":0,"d":"0.00"},{"v":0,"d":"0.00"},{"v":0,"d":"0.00"},{"v":0,"d":"0.00"},{"v":0,"d":"0.00"},{"v":0,"d":"0.00"},{"v":0,"d":"0.00"},{"v":0,"d":"0.00"},{"v":0,"d":"0.00"},{"v":0,"d":"0.00"},{"v":0,"d":"0.00"},{"v":0,"d":"0.00"},{"v":0,"d":"0.00"},{"$nulls":3},{"v":0,"d":"0.00"},{"v":12,"d":"12.00"},{"v":12,"d":"12.00"},0,0,0,0,0,0,0,0,0,0,0,0,0,0,0,0,{"v":6466.200000000001,"d":"6,466"},{"v":6466.200000000001,"d":"6,466"},{"$f":"+E602*Z602","v":{"v":6466.200000000001,"d":"6,466.20"}}]
[null,"       Install","each",{"$f":"D602","v":20},{"v":400,"d":"400.00"},{"$f":"$D603*E603","v":{"v":8000,"d":"8,000.00"}},{"v":0,"d":"0.00"},{"v":0,"d":"0.00"},{"v":0,"d":"0.00"},{"v":0,"d":"0.00"},{"v":0,"d":"0.00"},{"v":0,"d":"0.00"},{"v":0,"d":"0.00"},{"v":0,"d":"0.00"},{"v":0,"d":"0.00"},{"v":0,"d":"0.00"},{"v":0,"d":"0.00"},{"v":0,"d":"0.00"},{"v":0,"d":"0.00"},{"v":0,"d":"0.00"},{"$nulls":3},{"v":0,"d":"0.00"},{"v":12,"d":"12.00"},{"v":12,"d":"12.00"},0,0,0,0,0,0,0,0,0,0,0,0,0,0,0,0,{"v":4800,"d":"4,800"},{"v":4800,"d":"4,800"},{"$f":"+E603*Z603","v":{"v":4800,"d":"4,800.00"}}]
[{"$nulls":5}," ",{"$nulls":20},0,0,0,0,0,0,0,0,0,0,0,0,0,0,0,0,0,0," "]
["4.1.9","150mm² 4 Core",{"$nulls":3}," ",{"$nulls":20},0,0,0,0,0,0,0,0,0,0,0,0,0,0,0,0,0,0," "]
[null,"       Supply","m",550,{"v":580,"d":"580.00"},{"$f":"$D606*E606","v":{"v":319000,"d":"319,000.00"}},{"v":0,"d":"0.00"},{"v":0,"d":"0.00"},{"v":0,"d":"0.00"},{"v":0,"d":"0.00"},{"v":0,"d":"0.00"},{"v":0,"d":"0.00"},{"v":0,"d":"0.00"},{"v":0,"d":"0.00"},{"v":0,"d":"0.00"},{"v":0,"d":"0.00"},{"v":0,"d":"0.00"},{"v":0,"d":"0.00"},{"v":0,"d":"0.00"},{"v":0,"d":"0.00"},{"$nulls":3},{"v":0,"d":"0.00"},{"v":300,"d":"300.00"},{"v":300,"d":"300.00"},0,0,0,0,0,0,0,0,0,0,0,0,0,0,0,0,{"v":174000,"d":"174,000"},{"v":174000,"d":"174,000"},{"$f":"+E606*Z606","v":{"v":174000,"d":"174,000.00"}}]
[null,"       Install","m",{"$f":"D606","v":550},{"v":25,"d":"25.00"},{"$f":"$D607*E607","v":{"v":13750,"d":"13,750.00"}},{"v":0,"d":"0.00"},{"v":0,"d":"0.00"},{"v":0,"d":"0.00"},{"v":0,"d":"0.00"},{"v":0,"d":"0.00"},{"v":130,"d":"130.00"},{"v":0,"d":"0.00"},{"v":0,"d":"0.00"},{"v":0,"d":"0.00"},{"v":0,"d":"0.00"},{"v":0,"d":"0.00"},{"v":0,"d":"0.00"},{"v":0,"d":"0.00"},{"v":0,"d":"0.00"},{"$nulls":3},{"v":0,"d":"0.00"},{"v":250,"d":"250.00"},{"v":380,"d":"380.00"},0,0,0,0,0,{"v":3250,"d":"3,250"},0,0,0,0,0,0,0,0,0,0,{"v":6250,"d":"6,250"},{"v":9500,"d":"9,500"},{"$f":"+E607*Z607","v":{"v":9500,"d":"9,500.00"}}]
[{"$nulls":5}," ",{"$nulls":20},0,0,0,0,0,0,0,0,0,0,0,0,0,0,0,0,0,0," "]
["4.1.10","Termination for 150mm² 4 core cable",{"$nulls":3}," ",{"$nulls":20},0,0,0,0,0,0,0,0,0,0,0,0,0,0,0,0,0,0," "]
[null,"       Supply","each",6,493.97,{"$f":"$D610*E610","v":{"v":2963.82,"d":"2,963.82"}},{"v":0,"d":"0.00"},{"v":0,"d":"0.00"},{"v":0,"d":"0.00"},{"v":0,"d":"0.00"},{"v":0,"d":"0.00"},{"v":0,"d":"0.00"},{"v":0,"d":"0.00"},{"v":0,"d":"0.00"},{"v":0,"d":"0.00"},{"v":0,"d":"0.00"},{"v":0,"d":"0.00"},{"v":0,"d":"0.00"},{"v":0,"d":"0.00"},{"v":0,"d":"0.00"},{"$nulls":3},{"v":0,"d":"0.00"},{"v":8,"d":"8.00"},{"v":8,"d":"8.00"},0,0,0,0,0,0,0,0,0,0,0,0,0,0,0,0,{"v":3951.76,"d":"3,952"},{"v":3951.76,"d":"3,952"},{"$f":"+E610*Z610","v":{"v":3951.76,"d":"3,951.76"}}]
[null,"       Install","each",{"$f":"D610","v":6},{"v":380,"d":"380.00"},{"$f":"$D611*E611","v":{"v":2280,"d":"2,280.00"}},{"v":0,"d":"0.00"},{"v":0,"d":"0.00"},{"v":0,"d":"0.00"},{"v":0,"d":"0.00"},{"v":0,"d":"0.00"},{"v":0,"d":"0.00"},{"v":0,"d":"0.00"},{"v":0,"d":"0.00"},{"v":0,"d":"0.00"},{"v":0,"d":"0.00"},{"v":0,"d":"0.00"},{"v":0,"d":"0.00"},{"v":0,"d":"0.00"},{"v":0,"d":"0.00"},{"$nulls":3},{"v":0,"d":"0.00"},{"v":8,"d":"8.00"},{"v":8,"d":"8.00"},0,0,0,0,0,0,0,0,0,0,0,0,0,0,0,0,{"v":3040,"d":"3,040"},{"v":3040,"d":"3,040"},{"$f":"+E611*Z611","v":{"v":3040,"d":"3,040.00"}}]
[{"$nulls":5}," ",{"$nulls":20},0,0,0,0,0,0,0,0,0,0,0,0,0,0,0,0,0,0," "]
["4.1.11","120mm² 4 Core",{"$nulls":3}," ",{"$nulls":20},0,0,0,0,0,0,0,0,0,0,0,0,0,0,0,0,0,0," "]
[null,"       Supply","m",200,{"v":470,"d":"470.00"},{"$f":"$D614*E614","v":{"v":94000,"d":"94,000.00"}},{"v":0,"d":"0.00"},{"v":0,"d":"0.00"},{"v":0,"d":"0.00"},{"v":0,"d":"0.00"},{"v":0,"d":"0.00"},{"v":0,"d":"0.00"},{"v":0,"d":"0.00"},{"v":0,"d":"0.00"},{"v":0,"d":"0.00"},{"v":0,"d":"0.00"},{"v":0,"d":"0.00"},{"v":0,"d":"0.00"},{"v":0,"d":"0.00"},{"v":0,"d":"0.00"},{"$nulls":3},{"v":0,"d":"0.00"},{"v":0,"d":"0.00"},{"v":0,"d":"0.00"},0,0,0,0,0,0,0,0,0,0,0,0,0,0,0,0,0,0,{"$f":"+E614*Z614","v":{"v":0,"d":"0.00"}}]
[null,"       Install","m",{"$f":"D614","v":200},{"v":22,"d":"22.00"},{"$f":"$D615*E615","v":{"v":4400,"d":"4,400.00"}},{"v":0,"d":"0.00"},{"v":0,"d":"0.00"},{"v":0,"d":"0.00"},{"v":0,"d":"0.00"},{"v":0,"d":"0.00"},{"v":0,"d":"0.00"},{"v":0,"d":"0.00"},{"v":0,"d":"0.00"},{"v":0,"d":"0.00"},{"v":0,"d":"0.00"},{"v":0,"d":"0.00"},{"v":0,"d":"0.00"},{"v":0,"d":"0.00"},{"v":0,"d":"0.00"},{"$nulls":3},{"v":0,"d":"0.00"},{"v":0,"d":"0.00"},{"v":0,"d":"0.00"},0,0,0,0,0,0,0,0,0,0,0,0,0,0,0,0,0,0,{"$f":"+E615*Z615","v":{"v":0,"d":"0.00"}}]
[{"$nulls":26},0,0,0,0,0,0,0,0,0,0,0,0,0,0,0,0,0,0,{"$f":"+E616*Z616","v":{"v":0,"d":"0.00"}}]
["4.1.12","Termination for 120mm² 4 core cable",{"$nulls":3}," ",{"$nulls":20},0,0,0,0,0,0,0,0,0,0,0,0,0,0,0,0,0,0," "]
[null,"       Supply","each",8,362.09,{"$f":"$D618*E618","v":{"v":2896.72,"d":"2,896.72"}},{"v":0,"d":"0.00"},{"v":0,"d":"0.00"},{"v":0,"d":"0.00"},{"v":0,"d":"0.00"},{"v":0,"d":"0.00"},{"v":0,"d":"0.00"},{"v":0,"d":"0.00"},{"v":0,"d":"0.00"},{"v":0,"d":"0.00"},{"v":0,"d":"0.00"},{"v":0,"d":"0.00"},{"v":0,"d":"0.00"},{"v":0,"d":"0.00"},{"v":0,"d":"0.00"},{"$nulls":3},{"v":0,"d":"0.00"},{"v":12,"d":"12.00"},{"v":12,"d":"12.00"},0,0,0,0,0,0,0,0,0,0,0,0,0,0,0,0,{"v":4345.08,"d":"4,345"},{"v":4345.08,"d":"4,345"},{"$f":"+E618*Z618","v":{"v":4345.08,"d":"4,345.08"}}]
[null,"       Install","each",{"$f":"D618","v":8},{"v":320,"d":"320.00"},{"$f":"$D619*E619","v":{"v":2560,"d":"2,560.00"}},{"v":0,"d":"0.00"},{"v":0,"d":"0.00"},{"v":0,"d":"0.00"},{"v":0,"d":"0.00"},{"v":0,"d":"0.00"},{"v":0,"d":"0.00"},{"v":0,"d":"0.00"},{"v":0,"d":"0.00"},{"v":0,"d":"0.00"},{"v":0,"d":"0.00"},{"v":0,"d":"0.00"},{"v":0,"d":"0.00"},{"v":0,"d":"0.00"},{"v":0,"d":"0.00"},{"$nulls":3},{"v":0,"d":"0.00"},{"v":0,"d":"0.00"},{"v":0,"d":"0.00"},0,0,0,0,0,0,0,0,0,0,0,0,0,0,0,0,0,{"$f":"SUM(AA619:AQ619)","v":0},{"$f":"+E619*Z619","v":{"v":0,"d":"0.00"}}]
[{"$nulls":5}," ",{"$nulls":38}," "]
[]
[null,"Amount Carried Forward",{"$nulls":3},{"$f":"SUM(F570:F621)","v":{"v":2738509.2600000002,"d":"2,738,509.26"}},{"$nulls":38},{"$f":"SUM(AS568:AS621)","v":{"v":836228.7699999999,"d":"836,228.77"}}]
[]
["MAIN HOSPITAL ELECTRICAL INSTALLATION"]
["CECILIA MAKIWANE HOSPITAL : PHASE 4C"]
[]
[{"$f":"A566","v":"BILL NO. 4 : CABLES (SMME PACKAGE No2)"}]
["ITEM","DESCRIPTION","UNIT","QTY","RATE","TENDER AMOUNT","A","B","D","E1","E2","F1","F2","G1","G2","H1","H2","J1","J2","J3",null,"G/House",null,"N","Other","Total Qty","A","B","D","E1","E2","F1","F2","G1","G2","H1","H2","J1","J2","J3","K","N","Other","Total Amount","Total Claimed"]
[null,"AMOUNT CARRIED FORWARD FROM PREVIOUS BILL",{"$nulls":3},{"$f":"F622","v":{"v":2738509.2600000002,"d":"2,738,509.26"}},{"$nulls":38},{"$f":"AS622","v":{"v":836228.7699999999,"d":"836,228.77"}}]
[]
["4.1.13","95mm² 4 Core",null," ",null," "]
[null,"       Supply","m",{"v":2000,"d":"2,000"},{"v":376,"d":"376.00"},{"$f":"$D632*E632","v":{"v":752000,"d":"752,000.00"}},{"v":0,"d":"0.00"},{"v":0,"d":"0.00"},{"v":0,"d":"0.00"},{"v":0,"d":"0.00"},{"v":0,"d":"0.00"},{"v":0,"d":"0.00"},{"v":0,"d":"0.00"},{"v":0,"d":"0.00"},{"v":0,"d":"0.00"},{"v":0,"d":"0.00"},{"v":0,"d":"0.00"},{"v":0,"d":"0.00"},{"v":0,"d":"0.00"},{"v":0,"d":"0.00"},{"$nulls":3},{"v":0,"d":"0.00"},{"v":0,"d":"0.00"},{"$f":"SUM(G632:Y632)","v":{"v":0,"d":"0.00"}},{"$f":"G632*E632","v":0},{"$f":"H632*E632","v":0},{"$f":"I632*E632","v":0},{"$f":"J632*E632","v":0},{"$f":"K632*E632","v":0},{"$f":"L632*E632","v":0},{"$f":"+M632*E632","v":0},{"$f":"N632*E632","v":0},{"$f":"O632*E632","v":0},{"$f":"P632*E632","v":0},{"$f":"Q632*E632","v":0},{"$f":"R632*E632","v":0},{"$f":"S632*E632","v":0},{"$f":"T632*E632","v":0},{"$f":"W632*E632","v":0},{"$f":"X632*E632","v":0},{"$f":"Y632*E632","v":0},{"$f":"SUM(AA632:AQ632)","v":0},{"$f":"+E632*Z632","v":{"v":0,"d":"0.00"}}]
[null,"       Install","m",{"$f":"D632","v":{"v":2000,"d":"2,000"}},{"v":20,"d":"20.00"},{"v":40000,"d":"40,000.00"},{"v":0,"d":"0.00"},{"v":0,"d":"0.00"},{"v":0,"d":"0.00"},{"v":0,"d":"0.00"},{"v":0,"d":"0.00"},{"v":0,"d":"0.00"},{"v":0,"d":"0.00"},{"v":0,"d":"0.00"},{"v":0,"d":"0.00"},{"v":0,"d":"0.00"},{"v":0,"d":"0.00"},{"v":0,"d":"0.00"},{"v":0,"d":"0.00"},{"v":0,"d":"0.00"},{"$nulls":3},{"v":0,"d":"0.00"},{"v":0,"d":"0.00"},{"$f":"SUM(G633:Y633)","v":{"v":0,"d":"0.00"}},0,0,0,0,0,0,0,0,0,0,0,0,0,0,0,0,0,{"$f":"SUM(AA633:AQ633)","v":0},{"$f":"+E633*Z633","v":{"v":0,"d":"0.00"}}]
[{"$nulls":5}," ",{"$nulls":20},0,0,0,0,0,0,0,0,0,0,0,0,0,0,0,0,0,0," "]
["4.1.14","Termination for 95mm² 4 core cable",{"$nulls":3}," ",{"$nulls":20},0,0,0,0,0,0,0,0,0,0,0,0,0,0,0,0,0,0," "]
[null,"       Supply","each",28,313.96,{"v":8790.88,"d":"8,790.88"},{"v":0,"d":"0.00"},{"v":0,"d":"0.00"},{"v":0,"d":"0.00"},{"v":0,"d":"0.00"},{"v":0,"d":"0.00"},{"v":0,"d":"0.00"},{"v":0,"d":"0.00"},{"v":0,"d":"0.00"},{"v":0,"d":"0.00"},{"v":0,"d":"0.00"},{"v":0,"d":"0.00"},{"v":0,"d":"0.00"},{"v":0,"d":"0.00"},{"v":0,"d":"0.00"},{"$nulls":3},{"v":0,"d":"0.00"},{"v":0,"d":"0.00"},{"v":0,"d":"0.00"},0,0,0,0,0,0,0,0,0,0,0,0,0,0,0,0,0,0,{"$f":"+E636*Z636","v":{"v":0,"d":"0.00"}}]
[null,"       Install","each",{"$f":"D636","v":28},{"v":300,"d":"300.00"},{"v":8400,"d":"8,400.00"},{"v":0,"d":"0.00"},{"v":0,"d":"0.00"},{"v":0,"d":"0.00"},{"v":0,"d":"0.00"},{"v":0,"d":"0.00"},{"v":0,"d":"0.00"},{"v":0,"d":"0.00"},{"v":0,"d":"0.00"},{"v":0,"d":"0.00"},{"v":0,"d":"0.00"},{"v":0,"d":"0.00"},{"v":0,"d":"0.00"},{"v":0,"d":"0.00"},{"v":0,"d":"0.00"},{"$nulls":3},{"v":0,"d":"0.00"},{"v":0,"d":"0.00"},{"v":0,"d":"0.00"},0,0,0,0,0,0,0,0,0,0,0,0,0,0,0,0,0,0,{"$f":"+E637*Z637","v":{"v":0,"d":"0.00"}}]
[{"$nulls":5}," ",{"$nulls":20},0,0,0,0,0,0,0,0,0,0,0,0,0,0,0,0,0,0," "]
["4.1.15","70mm² 4 Core",{"$nulls":3}," ",{"$nulls":20},0,0,0,0,0,0,0,0,0,0,0,0,0,0,0,0,0,0," "]
[null,"       Supply","m",700,{"v":272,"d":"272.00"},{"v":190400,"d":"190,400.00"},{"v":0,"d":"0.00"},{"v":0,"d":"0.00"},{"v":0,"d":"0.00"},{"v":0,"d":"0.00"},{"v":0,"d":"0.00"},{"v":0,"d":"0.00"},{"v":0,"d":"0.00"},{"v":0,"d":"0.00"},{"v":0,"d":"0.00"},{"v":0,"d":"0.00"},{"v":0,"d":"0.00"},{"v":0,"d":"0.00"},{"v":0,"d":"0.00"},{"v":0,"d":"0.00"},{"$nulls":3},{"v":0,"d":"0.00"},{"v":500,"d":"500.00"},{"v":500,"d":"500.00"},0,0,0,0,0,0,0,0,0,0,0,0,0,0,0,0,{"v":136000,"d":"136,000"},{"v":136000,"d":"136,000"},{"$f":"+E640*Z640","v":{"v":136000,"d":"136,000.00"}}]
[null,"       Install","m",{"$f":"D640","v":700},{"v":18,"d":"18.00"},{"v":12600,"d":"12,600.00"},{"v":0,"d":"0.00"},{"v":0,"d":"0.00"},{"v":0,"d":"0.00"},{"v":0,"d":"0.00"},{"v":0,"d":"0.00"},{"v":0,"d":"0.00"},{"v":0,"d":"0.00"},{"v":0,"d":"0.00"},{"v":0,"d":"0.00"},{"v":0,"d":"0.00"},{"v":0,"d":"0.00"},{"v":0,"d":"0.00"},{"v":0,"d":"0.00"},{"v":0,"d":"0.00"},{"$nulls":3},{"v":0,"d":"0.00"},{"v":467,"d":"467.00"},{"v":467,"d":"467.00"},0,0,0,0,0,0,0,0,0,0,0,0,0,0,0,0,{"v":8406,"d":"8,406"},{"v":8406,"d":"8,406"},{"$f":"+E641*Z641","v":{"v":8406,"d":"8,406.00"}}]
[{"$nulls":5}," ",{"$nulls":20},0,0,0,0,0,0,0,0,0,0,0,0,0,0,0,0,0,0," "]
["4.1.16","Termination for 70mm² 4 core cable",{"$nulls":3}," ",{"$nulls":20},0,0,0,0,0,0,0,0,0,0,0,0,0,0,0,0,0,0," "]
[null,"       Supply","each",16,289.56,{"v":4632.96,"d":"4,632.96"},{"v":0,"d":"0.00"},{"v":0,"d":"0.00"},{"v":0,"d":"0.00"},{"v":0,"d":"0.00"},{"v":0,"d":"0.00"},{"v":0,"d":"0.00"},{"v":0,"d":"0.00"},{"v":0,"d":"0.00"},{"v":0,"d":"0.00"},{"v":0,"d":"0.00"},{"v":0,"d":"0.00"},{"v":0,"d":"0.00"},{"v":0,"d":"0.00"},{"v":0,"d":"0.00"},{"$nulls":3},{"v":0,"d":"0.00"},{"v":18,"d":"18.00"},{"v":18,"d":"18.00"},0,0,0,0,0,0,0,0,0,0,0,0,0,0,0,0,{"v":5212.08,"d":"5,212"},{"v":5212.08,"d":"5,212"},{"$f":"+E644*Z644","v":{"v":5212.08,"d":"5,212.08"}}]
[null,"       Install","each",{"$f":"D644","v":16},{"v":280,"d":"280.00"},{"v":4480,"d":"4,480.00"},{"v":0,"d":"0.00"},{"v":0,"d":"0.00"},{"v":0,"d":"0.00"},{"v":0,"d":"0.00"},{"v":0,"d":"0.00"},{"v":0,"d":"0.00"},{"v":0,"d":"0.00"},{"v":0,"d":"0.00"},{"v":0,"d":"0.00"},{"v":0,"d":"0.00"},{"v":0,"d":"0.00"},{"v":0,"d":"0.00"},{"v":0,"d":"0.00"},{"v":0,"d":"0.00"},{"$nulls":3},{"v":0,"d":"0.00"},{"v":2,"d":"2.00"},{"v":2,"d":"2.00"},0,0,0,0,0,0,0,0,0,0,0,0,0,0,0,0,560,560,{"$f":"+E645*Z645","v":{"v":560,"d":"560.00"}}]
[{"$nulls":5}," ",{"$nulls":20},0,0,0,0,0,0,0,0,0,0,0,0,0,0,0,0,0,0," "]
["4.1.17","50mm² 4 core",{"$nulls":3}," ",{"$nulls":20},0,0,0,0,0,0,0,0,0,0,0,0,0,0,0,0,0,0," "]
[null,"       Supply","m",{"v":1700,"d":"1,700"},{"v":193,"d":"193.00"},{"v":328100,"d":"328,100.00"},{"v":35,"d":"35.00"},{"v":0,"d":"0.00"},{"v":0,"d":"0.00"},{"v":125,"d":"125.00"},{"v":0,"d":"0.00"},{"v":0,"d":"0.00"},{"v":0,"d":"0.00"},{"v":0,"d":"0.00"},{"v":0,"d":"0.00"},{"v":0,"d":"0.00"},{"v":0,"d":"0.00"},{"v":0,"d":"0.00"},{"v":0,"d":"0.00"},{"v":0,"d":"0.00"},{"$nulls":3},{"v":0,"d":"0.00"},{"v":375,"d":"375.00"},{"v":535,"d":"535.00"},{"v":6755,"d":"6,755"},0,0,{"v":24125,"d":"24,125"},0,0,0,0,0,0,0,0,0,0,0,0,{"v":72375,"d":"72,375"},{"v":103255,"d":"103,255"},{"$f":"+E648*Z648","v":{"v":103255,"d":"103,255.00"}}]
[null,"       Install","m",{"v":1700,"d":"1,700"},{"v":16,"d":"16.00"},{"v":27200,"d":"27,200.00"},{"v":35,"d":"35.00"},{"v":0,"d":"0.00"},{"v":0,"d":"0.00"},{"v":125,"d":"125.00"},{"v":0,"d":"0.00"},{"v":130,"d":"130.00"},{"v":193,"d":"193.00"},{"v":0,"d":"0.00"},{"v":0,"d":"0.00"},{"v":0,"d":"0.00"},{"v":0,"d":"0.00"},{"v":0,"d":"0.00"},{"v":0,"d":"0.00"},{"v":0,"d":"0.00"},{"$nulls":3},{"v":0,"d":"0.00"},{"v":-160,"d":"-160.00"},{"v":323,"d":"323.00"},560,0,0,{"v":2000,"d":"2,000"},0,{"v":2080,"d":"2,080"},{"v":3088,"d":"3,088"},0,0,0,0,0,0,0,0,0,{"v":-2560,"d":"-2,560"},{"v":5168,"d":"5,168"},{"$f":"+E649*Z649","v":{"v":5168,"d":"5,168.00"}}]
[{"$nulls":5}," ",{"$nulls":20},0,0,0,0,0,0,0,0,0,0,0,0,0,0,0,0,0,0," "]
["4.1.18","Termination for 50mm² 4 core cable",{"$nulls":3}," ",{"$nulls":20},0,0,0,0,0,0,0,0,0,0,0,0,0,0,0,0,0,0," "]
[null,"       Supply","each",44,185.38,{"v":8156.719999999999,"d":"8,156.72"},{"v":2,"d":"2.00"},{"v":0,"d":"0.00"},{"v":0,"d":"0.00"},{"v":0,"d":"0.00"},{"v":0,"d":"0.00"},{"v":0,"d":"0.00"},{"v":0,"d":"0.00"},{"v":0,"d":"0.00"},{"v":0,"d":"0.00"},{"v":0,"d":"0.00"},{"v":0,"d":"0.00"},{"v":0,"d":"0.00"},{"v":0,"d":"0.00"},{"v":0,"d":"0.00"},{"$nulls":3},{"v":0,"d":"0.00"},{"v":14,"d":"14.00"},{"v":16,"d":"16.00"},{"v":370.76,"d":"371"},0,0,0,0,0,0,0,0,0,0,0,0,0,0,0,{"v":2595.3199999999997,"d":"2,595"},{"v":2966.08,"d":"2,966"},{"$f":"+E652*Z652","v":{"v":2966.08,"d":"2,966.08"}}]
[null,"       Install","each",{"$f":"D652","v":44},{"v":260,"d":"260.00"},{"v":11440,"d":"11,440.00"},{"v":2,"d":"2.00"},{"v":0,"d":"0.00"},{"v":0,"d":"0.00"},{"v":0,"d":"0.00"},{"v":0,"d":"0.00"},{"v":0,"d":"0.00"},{"v":0,"d":"0.00"},{"v":0,"d":"0.00"},{"v":0,"d":"0.00"},{"v":0,"d":"0.00"},{"v":0,"d":"0.00"},{"v":0,"d":"0.00"},{"v":0,"d":"0.00"},{"v":0,"d":"0.00"},{"$nulls":3},{"v":0,"d":"0.00"},{"v":0,"d":"0.00"},{"v":2,"d":"2.00"},520,0,0,0,0,0,0,0,0,0,0,0,0,0,0,0,0,520,{"$f":"+E653*Z653","v":{"v":520,"d":"520.00"}}]
[{"$nulls":5}," ",{"$nulls":20},0,0,0,0,0,0,0,0,0,0,0,0,0,0,0,0,0,0," "]
["4.1.19","35mm² 4 core",{"$nulls":3}," ",{"$nulls":20},0,0,0,0,0,0,0,0,0,0,0,0,0,0,0,0,0,0," "]
[null,"       Supply","m",{"v":1500,"d":"1,500"},{"v":144,"d":"144.00"},{"v":216000,"d":"216,000.00"},{"v":0,"d":"0.00"},{"v":0,"d":"0.00"},{"v":0,"d":"0.00"},{"v":0,"d":"0.00"},{"v":0,"d":"0.00"},{"v":0,"d":"0.00"},{"v":0,"d":"0.00"},{"v":0,"d":"0.00"},{"v":0,"d":"0.00"},{"v":0,"d":"0.00"},{"v":0,"d":"0.00"},{"v":0,"d":"0.00"},{"v":0,"d":"0.00"},{"v":0,"d":"0.00"},{"$nulls":3},{"v":0,"d":"0.00"},{"v":690,"d":"690.00"},{"v":690,"d":"690.00"},0,0,0,0,0,0,0,0,0,0,0,0,0,0,0,0,{"v":99360,"d":"99,360"},{"v":99360,"d":"99,360"},{"$f":"+E656*Z656","v":{"v":99360,"d":"99,360.00"}}]
[null,"       Install","m",{"$f":"D656","v":{"v":1500,"d":"1,500"}},{"v":14,"d":"14.00"},{"v":21000,"d":"21,000.00"},{"v":0,"d":"0.00"},{"v":0,"d":"0.00"},{"v":0,"d":"0.00"},{"v":0,"d":"0.00"},{"v":0,"d":"0.00"},{"v":0,"d":"0.00"},{"v":0,"d":"0.00"},{"v":0,"d":"0.00"},{"v":0,"d":"0.00"},{"v":0,"d":"0.00"},{"v":0,"d":"0.00"},{"v":0,"d":"0.00"},{"v":0,"d":"0.00"},{"v":0,"d":"0.00"},{"$nulls":3},{"v":0,"d":"0.00"},{"v":159,"d":"159.00"},{"v":159,"d":"159.00"},0,0,0,0,0,0,0,0,0,0,0,0,0,0,0,0,{"v":2226,"d":"2,226"},{"v":2226,"d":"2,226"},{"$f":"+E657*Z657","v":{"v":2226,"d":"2,226.00"}}]
[{"$nulls":5}," ",{"$nulls":20},0,0,0,0,0,0,0,0,0,0,0,0,0,0,0,0,0,0," "]
["4.1.20","Termination for 35mm² 4 core cable",{"$nulls":3}," ",{"$nulls":20},0,0,0,0,0,0,0,0,0,0,0,0,0,0,0,0,0,0," "]
[null,"       Supply","each",18,164.05,{"v":2952.9,"d":"2,952.90"},{"v":0,"d":"0.00"},{"v":0,"d":"0.00"},{"v":0,"d":"0.00"},{"v":0,"d":"0.00"},{"v":0,"d":"0.00"},{"v":0,"d":"0.00"},{"v":0,"d":"0.00"},{"v":0,"d":"0.00"},{"v":0,"d":"0.00"},{"v":0,"d":"0.00"},{"v":0,"d":"0.00"},{"v":0,"d":"0.00"},{"v":0,"d":"0.00"},{"v":0,"d":"0.00"},{"$nulls":3},{"v":0,"d":"0.00"},{"v":2,"d":"2.00"},{"v":2,"d":"2.00"},0,0,0,0,0,0,0,0,0,0,0,0,0,0,0,0,{"v":328.1,"d":"328"},{"v":328.1,"d":"328"},{"$f":"+E660*Z660","v":{"v":328.1,"d":"328.10"}}]
[null,"       Install","each",{"$f":"D660","v":18},{"v":240,"d":"240.00"},{"v":4320,"d":"4,320.00"},{"v":0,"d":"0.00"},{"v":0,"d":"0.00"},{"v":0,"d":"0.00"},{"v":0,"d":"0.00"},{"v":0,"d":"0.00"},{"v":0,"d":"0.00"},{"v":0,"d":"0.00"},{"v":0,"d":"0.00"},{"v":0,"d":"0.00"},{"v":0,"d":"0.00"},{"v":0,"d":"0.00"},{"v":0,"d":"0.00"},{"v":0,"d":"0.00"},{"v":0,"d":"0.00"},{"$nulls":3},{"v":0,"d":"0.00"},{"v":2,"d":"2.00"},{"v":2,"d":"2.00"},0,0,0,0,0,0,0,0,0,0,0,0,0,0,0,0,480,480,{"$f":"+E661*Z661","v":{"v":480,"d":"480.00"}}]
[{"$nulls":5}," ",{"$nulls":20},0,0,0,0,0,0,0,0,0,0,0,0,0,0,0,0,0,0," "]
["4.1.21","25mm² 4 core",{"$nulls":3}," ",{"$nulls":20},0,0,0,0,0,0,0,0,0,0,0,0,0,0,0,0,0,0," "]
[null,"       Supply","m",900,{"v":108.9,"d":"108.90"},{"v":98010,"d":"98,010.00"},{"v":85,"d":"85.00"},{"v":0,"d":"0.00"},{"v":0,"d":"0.00"},{"v":0,"d":"0.00"},{"v":0,"d":"0.00"},{"v":0,"d":"0.00"},{"v":0,"d":"0.00"},{"v":450,"d":"450.00"},{"v":0,"d":"0.00"},{"v":0,"d":"0.00"},{"v":0,"d":"0.00"},{"v":0,"d":"0.00"},{"v":0,"d":"0.00"},{"v":0,"d":"0.00"},{"$nulls":3},{"v":0,"d":"0.00"},{"v":2165,"d":"2,165.00"},{"v":2700,"d":"2,700.00"},{"$f":"G664*E664","v":{"v":9256.5,"d":"9,257"}},{"$f":"H664*E664","v":0},{"$f":"I664*E664","v":0},{"$f":"J664*E664","v":0},{"$f":"K664*E664","v":0},{"$f":"L664*E664","v":0},{"$f":"+M664*E664","v":0},{"$f":"N664*E664","v":{"v":49005,"d":"49,005"}},{"$f":"O664*E664","v":0},{"$f":"P664*E664","v":0},{"$f":"Q664*E664","v":0},{"$f":"R664*E664","v":0},{"$f":"S664*E664","v":0},{"$f":"T664*E664","v":0},{"$f":"W664*E664","v":0},{"$f":"X664*E664","v":0},{"$f":"Y664*E664","v":{"v":235768.5,"d":"235,769"}},{"v":294030,"d":"294,030"},{"$f":"+E664*Z664","v":{"v":294030,"d":"294,030.00"}}]
[null,"       Install","m",{"$f":"D664","v":900},{"v":12,"d":"12.00"},{"v":10800,"d":"10,800.00"},{"v":35,"d":"35.00"},{"v":0,"d":"0.00"},{"v":0,"d":"0.00"},{"v":0,"d":"0.00"},{"v":0,"d":"0.00"},{"v":0,"d":"0.00"},{"v":0,"d":"0.00"},{"v":0,"d":"0.00"},{"v":0,"d":"0.00"},{"v":0,"d":"0.00"},{"v":0,"d":"0.00"},{"v":0,"d":"0.00"},{"v":0,"d":"0.00"},{"v":0,"d":"0.00"},{"$nulls":3},{"v":0,"d":"0.00"},{"v":1053,"d":"1,053.00"},{"v":1088,"d":"1,088.00"},420,0,0,0,0,0,0,0,0,0,0,0,0,0,0,0,{"v":12636,"d":"12,636"},{"v":13056,"d":"13,056"},{"$f":"+E665*Z665","v":{"v":13056,"d":"13,056.00"}}]
[{"$nulls":5}," ",{"$nulls":20},0,0,0,0,0,0,0,0,0,0,0,0,0,0,0,0,0,0," "]
["4.1.22","Termination for 25mm² 4 core cable",{"$nulls":3}," ",{"$nulls":20},0,0,0,0,0,0,0,0,0,0,0,0,0,0,0,0,0,0," "]
[null,"       Supply","each",32,116.45,{"v":3726.4,"d":"3,726.40"},{"v":2,"d":"2.00"},{"v":0,"d":"0.00"},{"v":0,"d":"0.00"},{"v":0,"d":"0.00"},{"v":0,"d":"0.00"},{"v":0,"d":"0.00"},{"v":0,"d":"0.00"},{"v":2,"d":"2.00"},{"v":0,"d":"0.00"},{"v":0,"d":"0.00"},{"v":0,"d":"0.00"},{"v":0,"d":"0.00"},{"v":0,"d":"0.00"},{"v":0,"d":"0.00"},{"$nulls":3},{"v":0,"d":"0.00"},{"v":72,"d":"72.00"},{"v":76,"d":"76.00"},{"v":232.9,"d":"233"},0,0,0,0,0,0,{"v":232.9,"d":"233"},0,0,0,0,0,0,0,0,{"v":8384.4,"d":"8,384"},{"v":8850.199999999999,"d":"8,850"},{"$f":"+E668*Z668","v":{"v":8850.2,"d":"8,850.20"}}]
[null,"       Install","each",{"$f":"D668","v":32},{"v":220,"d":"220.00"},{"v":7040,"d":"7,040.00"},{"v":2,"d":"2.00"},{"v":0,"d":"0.00"},{"v":0,"d":"0.00"},{"v":0,"d":"0.00"},{"v":0,"d":"0.00"},{"v":0,"d":"0.00"},{"v":0,"d":"0.00"},{"v":2,"d":"2.00"},{"v":0,"d":"0.00"},{"v":0,"d":"0.00"},{"v":0,"d":"0.00"},{"v":0,"d":"0.00"},{"v":0,"d":"0.00"},{"v":0,"d":"0.00"},{"$nulls":3},{"v":0,"d":"0.00"},{"v":68,"d":"68.00"},{"v":72,"d":"72.00"},440,0,0,0,0,0,0,440,0,0,0,0,0,0,0,0,{"v":14960,"d":"14,960"},{"v":15840,"d":"15,840"},{"$f":"+E669*Z669","v":{"v":15840,"d":"15,840.00"}}]
[{"$nulls":26},0,0,0,0,0,0,0,0,0,0,0,0,0,0,0,0,0,0]
["4.1.23","16mm² 4 core",{"$nulls":3}," ",{"$nulls":20},0,0,0,0,0,0,0,0,0,0,0,0,0,0,0,0,0,0," "]
[null,"       Supply","m",{"$f":"3000+385","v":{"v":3385,"d":"3,385"}},{"v":69.5,"d":"69.50"},{"v":235257.5,"d":"235,257.50"},{"v":35,"d":"35.00"},{"v":0,"d":"0.00"},{"v":0,"d":"0.00"},{"v":0,"d":"0.00"},{"v":0,"d":"0.00"},{"v":0,"d":"0.00"},{"v":0,"d":"0.00"},{"v":0,"d":"0.00"},{"v":0,"d":"0.00"},{"v":0,"d":"0.00"},{"v":0,"d":"0.00"},{"v":0,"d":"0.00"},{"v":0,"d":"0.00"},{"v":0,"d":"0.00"},{"$nulls":3},{"v":0,"d":"0.00"},{"v":898,"d":"898.00"},{"v":933,"d":"933.00"},{"v":2432.5,"d":"2,433"},0,0,0,0,0,0,0,0,0,0,0,0,0,0,0,{"v":62411,"d":"62,411"},{"v":64843.5,"d":"64,844"},{"$f":"+E672*Z672","v":{"v":64843.5,"d":"64,843.50"}}]
[null,"       Install","m",{"$f":"D672","v":{"v":3385,"d":"3,385"}},{"v":11,"d":"11.00"},{"v":37235,"d":"37,235.00"},{"v":35,"d":"35.00"},{"v":0,"d":"0.00"},{"v":0,"d":"0.00"},{"v":0,"d":"0.00"},{"v":0,"d":"0.00"},{"v":0,"d":"0.00"},{"v":0,"d":"0.00"},{"v":0,"d":"0.00"},{"v":0,"d":"0.00"},{"v":0,"d":"0.00"},{"v":0,"d":"0.00"},{"v":0,"d":"0.00"},{"v":0,"d":"0.00"},{"v":0,"d":"0.00"},{"$nulls":3},{"v":0,"d":"0.00"},{"v":575,"d":"575.00"},{"v":610,"d":"610.00"},385,0,0,0,0,0,0,0,0,0,0,0,0,0,0,0,{"v":6325,"d":"6,325"},{"v":6710,"d":"6,710"},{"$f":"+E673*Z673","v":{"v":6710,"d":"6,710.00"}}]
[{"$nulls":5}," ",{"$nulls":20},0,0,0,0,0,0,0,0,0,0,0,0,0,0,0,0,0,0," "]
["4.1.24","Termination for 16mm² 4 core cable",{"$nulls":3}," ",{"$nulls":20},0,0,0,0,0,0,0,0,0,0,0,0,0,0,0,0,0,0," "]
[null,"       Supply","each",90,106.33,{"v":9569.7,"d":"9,569.70"},{"v":0,"d":"0.00"},{"v":0,"d":"0.00"},{"v":0,"d":"0.00"},{"v":0,"d":"0.00"},{"v":0,"d":"0.00"},{"v":0,"d":"0.00"},{"v":0,"d":"0.00"},{"v":0,"d":"0.00"},{"v":0,"d":"0.00"},{"v":0,"d":"0.00"},{"v":0,"d":"0.00"},{"v":0,"d":"0.00"},{"v":0,"d":"0.00"},{"v":0,"d":"0.00"},{"$nulls":3},{"v":0,"d":"0.00"},{"v":100,"d":"100.00"},{"v":100,"d":"100.00"},0,0,0,0,0,0,0,0,0,0,0,0,0,0,0,0,{"v":10633,"d":"10,633"},{"v":10633,"d":"10,633"},{"$f":"+E676*Z676","v":{"v":10633,"d":"10,633.00"}}]
[null,"       Install","each",{"$f":"D676","v":90},{"v":200,"d":"200.00"},{"v":18000,"d":"18,000.00"},{"v":0,"d":"0.00"},{"v":0,"d":"0.00"},{"v":0,"d":"0.00"},{"v":0,"d":"0.00"},{"v":0,"d":"0.00"},{"v":0,"d":"0.00"},{"v":0,"d":"0.00"},{"v":0,"d":"0.00"},{"v":0,"d":"0.00"},{"v":0,"d":"0.00"},{"v":0,"d":"0.00"},{"v":0,"d":"0.00"},{"v":0,"d":"0.00"},{"v":0,"d":"0.00"},{"$nulls":3},{"v":0,"d":"0.00"},{"v":94,"d":"94.00"},{"v":94,"d":"94.00"},0,0,0,0,0,0,0,0,0,0,0,0,0,0,0,0,{"v":18800,"d":"18,800"},{"v":18800,"d":"18,800"},{"$f":"+E677*Z677","v":{"v":18800,"d":"18,800.00"}}]
[{"$nulls":5}," ",{"$nulls":20},0,0,0,0,0,0,0,0,0,0,0,0,0,0,0,0,0,0," "]
["4.1.25","10mm² 4 core",{"$nulls":3}," ",{"$nulls":20},0,0,0,0,0,0,0,0,0,0,0,0,0,0,0,0,0,0," "]
[null,"       Supply","each",{"$f":"2500+780+450","v":{"v":3730,"d":"3,730"}},51.55,{"v":192281.5,"d":"192,281.50"},{"v":0,"d":"0.00"},{"v":0,"d":"0.00"},{"v":0,"d":"0.00"},{"v":0,"d":"0.00"},{"v":0,"d":"0.00"},{"v":0,"d":"0.00"},{"v":0,"d":"0.00"},{"v":0,"d":"0.00"},{"v":0,"d":"0.00"},{"v":0,"d":"0.00"},{"v":0,"d":"0.00"},{"v":0,"d":"0.00"},{"v":0,"d":"0.00"},{"v":0,"d":"0.00"},{"$nulls":3},{"v":0,"d":"0.00"},{"v":874,"d":"874.00"},{"v":874,"d":"874.00"},0,0,0,0,0,0,0,0,0,0,0,0,0,0,0,0,{"v":45054.7,"d":"45,055"},{"v":45054.7,"d":"45,055"},{"$f":"+E680*Z680","v":{"v":45054.7,"d":"45,054.70"}}]
[null,"       Install","each",{"$f":"D680","v":{"v":3730,"d":"3,730"}},{"v":9,"d":"9.00"},{"v":33570,"d":"33,570.00"},{"v":0,"d":"0.00"},{"v":0,"d":"0.00"},{"v":0,"d":"0.00"},{"v":0,"d":"0.00"},{"v":198,"d":"198.00"},{"v":0,"d":"0.00"},{"v":0,"d":"0.00"},{"v":0,"d":"0.00"},{"v":0,"d":"0.00"},{"v":0,"d":"0.00"},{"v":0,"d":"0.00"},{"v":0,"d":"0.00"},{"v":0,"d":"0.00"},{"v":0,"d":"0.00"},{"$nulls":3},{"v":0,"d":"0.00"},{"v":440,"d":"440.00"},{"v":638,"d":"638.00"},0,0,0,0,{"v":1782,"d":"1,782"},0,0,0,0,0,0,0,0,0,0,0,{"v":3960,"d":"3,960"},{"$f":"SUM(AA681:AQ681)","v":{"v":5742,"d":"5,742"}},{"$f":"+E681*Z681","v":{"v":5742,"d":"5,742.00"}}]
[{"$nulls":5}," ",{"$nulls":38}," "]
[]
[null,"Amount Carried Forward",{"$nulls":3},{"$f":"SUM(F629:F683)","v":{"v":5024472.820000001,"d":"5,024,472.82"}},{"$nulls":38},{"$f":"SUM(AS629:AS683)","v":{"v":1684269.43,"d":"1,684,269.43"}}]
[]
["MAIN HOSPITAL ELECTRICAL INSTALLATION"]
["CECILIA MAKIWANE HOSPITAL : PHASE 4C"]
[]
[{"$f":"A627","v":"BILL NO. 4 : CABLES (SMME PACKAGE No2)"}]
["ITEM","DESCRIPTION","UNIT","QTY","RATE","TENDER AMOUNT","A","B","D","E1","E2","F1","F2","G1","G2","H1","H2","J1","J2","J3",null,"G/House",null,"N","Other","Total Qty","A","B","D","E1","E2","F1","F2","G1","G2","H1","H2","J1","J2","J3","K","N","Other","Total Amount","Total Claimed"]
[null,"AMOUNT CARRIED FORWARD FROM PREVIOUS BILL",{"$nulls":3},{"$f":"F684","v":{"v":5024472.820000001,"d":"5,024,472.82"}},{"$nulls":38},{"$f":"AS684","v":{"v":1684269.43,"d":"1,684,269.43"}}]
[]
["4.1.26","Termination for 10mm² 4 core cable",{"$nulls":3}," "]
[null,"       Supply","each",86,84.47,{"$f":"$D694*E694","v":{"v":7264.42,"d":"7,264.42"}},{"v":0,"d":"0.00"},{"v":0,"d":"0.00"},{"v":0,"d":"0.00"},{"v":0,"d":"0.00"},{"v":0,"d":"0.00"},{"v":0,"d":"0.00"},{"v":0,"d":"0.00"},{"v":0,"d":"0.00"},{"v":0,"d":"0.00"},{"v":0,"d":"0.00"},{"v":0,"d":"0.00"},{"v":0,"d":"0.00"},{"v":0,"d":"0.00"},{"v":0,"d":"0.00"},{"$nulls":3},{"v":0,"d":"0.00"},{"v":88,"d":"88.00"},{"$f":"SUM(G694:Y694)","v":{"v":88,"d":"88.00"}},{"$f":"G694*E694","v":0},{"$f":"H694*E694","v":0},{"$f":"I694*E694","v":0},{"$f":"J694*E694","v":0},{"$f":"K694*E694","v":0},{"$f":"L694*E694","v":0},{"$f":"+M694*E694","v":0},{"$f":"N694*E694","v":0},{"$f":"O694*E694","v":0},{"$f":"P694*E694","v":0},{"$f":"Q694*E694","v":0},{"$f":"R694*E694","v":0},{"$f":"S694*E694","v":0},{"$f":"T694*E694","v":0},{"$f":"W694*E694","v":0},{"$f":"X694*E694","v":0},{"$f":"Y694*E694","v":{"v":7433.36,"d":"7,433"}},{"$f":"SUM(AA694:AQ694)","v":{"v":7433.36,"d":"7,433"}},{"$f":"+E694*Z694","v":{"v":7433.36,"d":"7,433.36"}}]
[null,"       Install","each",{"$f":"D694","v":86},{"v":180,"d":"180.00"},{"v":15480,"d":"15,480.00"},{"v":0,"d":"0.00"},{"v":0,"d":"0.00"},{"v":0,"d":"0.00"},{"v":0,"d":"0.00"},{"v":0,"d":"0.00"},{"v":0,"d":"0.00"},{"v":0,"d":"0.00"},{"v":0,"d":"0.00"},{"v":0,"d":"0.00"},{"v":0,"d":"0.00"},{"v":0,"d":"0.00"},{"v":0,"d":"0.00"},{"v":0,"d":"0.00"},{"v":0,"d":"0.00"},{"$nulls":3},{"v":0,"d":"0.00"},{"v":88,"d":"88.00"},{"$f":"SUM(G695:Y695)","v":{"v":88,"d":"88.00"}},0,0,0,0,0,0,0,0,0,0,0,0,0,0,0,0,{"v":15840,"d":"15,840"},{"$f":"SUM(AA695:AQ695)","v":{"v":15840,"d":"15,840"}},{"$f":"+E695*Z695","v":{"v":15840,"d":"15,840.00"}}]
[{"$nulls":5}," ",{"$nulls":20},0,0,0,0,0,0,0,0,0,0,0,0,0,0,0,0,0,0," "]
["4.1.27","6.0mm² 4 core",null," ",null," ",{"$nulls":20},0,0,0,0,0,0,0,0,0,0,0,0,0,0,0,0,0,0," "]
[null,"       Supply","each",{"$f":"2200+900","v":{"v":3100,"d":"3,100"}},35.89,{"v":111259,"d":"111,259.00"},{"v":0,"d":"0.00"},{"v":0,"d":"0.00"},{"v":0,"d":"0.00"},{"v":0,"d":"0.00"},{"v":0,"d":"0.00"},{"v":0,"d":"0.00"},{"v":0,"d":"0.00"},{"v":0,"d":"0.00"},{"v":0,"d":"0.00"},{"v":0,"d":"0.00"},{"v":0,"d":"0.00"},{"v":0,"d":"0.00"},{"v":0,"d":"0.00"},{"v":0,"d":"0.00"},{"$nulls":3},{"v":0,"d":"0.00"},{"v":500,"d":"500.00"},{"v":500,"d":"500.00"},0,0,0,0,0,0,0,0,0,0,0,0,0,0,0,0,{"v":17945,"d":"17,945"},{"v":17945,"d":"17,945"},{"$f":"+E698*Z698","v":{"v":17945,"d":"17,945.00"}}]
[null,"       Install","each",{"$f":"D698","v":{"v":3100,"d":"3,100"}},{"v":7,"d":"7.00"},{"v":21700,"d":"21,700.00"},{"v":0,"d":"0.00"},{"v":0,"d":"0.00"},{"v":0,"d":"0.00"},{"v":0,"d":"0.00"},{"v":0,"d":"0.00"},{"v":0,"d":"0.00"},{"v":0,"d":"0.00"},{"v":0,"d":"0.00"},{"v":0,"d":"0.00"},{"v":0,"d":"0.00"},{"v":0,"d":"0.00"},{"v":0,"d":"0.00"},{"v":0,"d":"0.00"},{"v":0,"d":"0.00"},{"$nulls":3},{"v":0,"d":"0.00"},{"v":490,"d":"490.00"},{"v":490,"d":"490.00"},0,0,0,0,0,0,0,0,0,0,0,0,0,0,0,0,{"v":3430,"d":"3,430"},{"v":3430,"d":"3,430"},{"$f":"+E699*Z699","v":{"v":3430,"d":"3,430.00"}}]
[{"$nulls":5}," ",{"$nulls":20},0,0,0,0,0,0,0,0,0,0,0,0,0,0,0,0,0,0," "]
["4.1.28","Termination for 6.0mm² 4 core cable",{"$nulls":3}," ",{"$nulls":20},0,0,0,0,0,0,0,0,0,0,0,0,0,0,0,0,0,0," "]
[null,"       Supply","each",80,{"v":76.4,"d":"76.40"},{"v":6112,"d":"6,112.00"},{"v":0,"d":"0.00"},{"v":0,"d":"0.00"},{"v":0,"d":"0.00"},{"v":0,"d":"0.00"},{"v":0,"d":"0.00"},{"v":0,"d":"0.00"},{"v":0,"d":"0.00"},{"v":0,"d":"0.00"},{"v":0,"d":"0.00"},{"v":0,"d":"0.00"},{"v":0,"d":"0.00"},{"v":0,"d":"0.00"},{"v":0,"d":"0.00"},{"v":0,"d":"0.00"},{"$nulls":3},{"v":0,"d":"0.00"},{"v":36,"d":"36.00"},{"v":36,"d":"36.00"},0,0,0,0,0,0,0,0,0,0,0,0,0,0,0,0,{"v":2750.4,"d":"2,750"},{"v":2750.4,"d":"2,750"},{"$f":"+E702*Z702","v":{"v":2750.4,"d":"2,750.40"}}]
[null,"       Install","each",{"$f":"D702","v":80},{"v":160,"d":"160.00"},{"v":12800,"d":"12,800.00"},{"v":0,"d":"0.00"},{"v":0,"d":"0.00"},{"v":0,"d":"0.00"},{"v":0,"d":"0.00"},{"v":0,"d":"0.00"},{"v":0,"d":"0.00"},{"v":0,"d":"0.00"},{"v":0,"d":"0.00"},{"v":0,"d":"0.00"},{"v":0,"d":"0.00"},{"v":0,"d":"0.00"},{"v":0,"d":"0.00"},{"v":0,"d":"0.00"},{"v":0,"d":"0.00"},{"$nulls":3},{"v":0,"d":"0.00"},{"v":36,"d":"36.00"},{"v":36,"d":"36.00"},0,0,0,0,0,0,0,0,0,0,0,0,0,0,0,0,{"v":5760,"d":"5,760"},{"v":5760,"d":"5,760"},{"$f":"+E703*Z703","v":{"v":5760,"d":"5,760.00"}}]
[{"$nulls":5}," ",{"$nulls":20},0,0,0,0,0,0,0,0,0,0,0,0,0,0,0,0,0,0," "]
["4.1.29","4.0mm² 4 core",{"$nulls":3}," ",{"$nulls":20},0,0,0,0,0,0,0,0,0,0,0,0,0,0,0,0,0,0," "]
[null,"       Supply","each",{"v":1800,"d":"1,800"},27.76,{"v":49968,"d":"49,968.00"},{"v":0,"d":"0.00"},{"v":0,"d":"0.00"},{"v":0,"d":"0.00"},{"v":0,"d":"0.00"},{"v":0,"d":"0.00"},{"v":0,"d":"0.00"},{"v":0,"d":"0.00"},{"v":0,"d":"0.00"},{"v":0,"d":"0.00"},{"v":0,"d":"0.00"},{"v":0,"d":"0.00"},{"v":0,"d":"0.00"},{"v":0,"d":"0.00"},{"v":0,"d":"0.00"},{"$nulls":3},{"v":0,"d":"0.00"},{"v":0,"d":"0.00"},{"v":0,"d":"0.00"},0,0,0,0,0,0,0,0,0,0,0,0,0,0,0,0,0,0,{"$f":"+E706*Z706","v":{"v":0,"d":"0.00"}}]
[null,"       Install","each",{"$f":"D706","v":{"v":1800,"d":"1,800"}},{"v":6,"d":"6.00"},{"v":10800,"d":"10,800.00"},{"v":0,"d":"0.00"},{"v":0,"d":"0.00"},{"v":0,"d":"0.00"},{"v":0,"d":"0.00"},{"v":0,"d":"0.00"},{"v":0,"d":"0.00"},{"v":0,"d":"0.00"},{"v":0,"d":"0.00"},{"v":0,"d":"0.00"},{"v":0,"d":"0.00"},{"v":0,"d":"0.00"},{"v":0,"d":"0.00"},{"v":0,"d":"0.00"},{"v":0,"d":"0.00"},{"$nulls":3},{"v":0,"d":"0.00"},{"v":0,"d":"0.00"},{"v":0,"d":"0.00"},0,0,0,0,0,0,0,0,0,0,0,0,0,0,0,0,0,0,{"$f":"+E707*Z707","v":{"v":0,"d":"0.00"}}]
[{"$nulls":5}," ",{"$nulls":20},0,0,0,0,0,0,0,0,0,0,0,0,0,0,0,0,0,0," "]
["4.1.30","Termination for 4.0mm² 4 core cable",{"$nulls":3}," ",{"$nulls":20},0,0,0,0,0,0,0,0,0,0,0,0,0,0,0,0,0,0," "]
[null,"       Supply","each",280,62.61,{"v":17530.8,"d":"17,530.80"},{"v":0,"d":"0.00"},{"v":0,"d":"0.00"},{"v":0,"d":"0.00"},{"v":0,"d":"0.00"},{"v":0,"d":"0.00"},{"v":0,"d":"0.00"},{"v":0,"d":"0.00"},{"v":0,"d":"0.00"},{"v":0,"d":"0.00"},{"v":0,"d":"0.00"},{"v":0,"d":"0.00"},{"v":0,"d":"0.00"},{"v":0,"d":"0.00"},{"v":0,"d":"0.00"},{"$nulls":3},{"v":0,"d":"0.00"},{"v":36,"d":"36.00"},{"v":36,"d":"36.00"},0,0,0,0,0,0,0,0,0,0,0,0,0,0,0,0,{"v":2253.96,"d":"2,254"},{"v":2253.96,"d":"2,254"},{"$f":"+E710*Z710","v":{"v":2253.96,"d":"2,253.96"}}]
[null,"       Install","each",{"$f":"D710","v":280},{"v":140,"d":"140.00"},{"v":39200,"d":"39,200.00"},{"v":0,"d":"0.00"},{"v":0,"d":"0.00"},{"v":0,"d":"0.00"},{"v":0,"d":"0.00"},{"v":0,"d":"0.00"},{"v":0,"d":"0.00"},{"v":0,"d":"0.00"},{"v":0,"d":"0.00"},{"v":0,"d":"0.00"},{"v":0,"d":"0.00"},{"v":0,"d":"0.00"},{"v":0,"d":"0.00"},{"v":0,"d":"0.00"},{"v":0,"d":"0.00"},{"$nulls":3},{"v":0,"d":"0.00"},{"v":36,"d":"36.00"},{"v":36,"d":"36.00"},0,0,0,0,0,0,0,0,0,0,0,0,0,0,0,0,{"v":5040,"d":"5,040"},{"v":5040,"d":"5,040"},{"$f":"+E711*Z711","v":{"v":5040,"d":"5,040.00"}}]
[{"$nulls":5}," ",{"$nulls":20},0,0,0,0,0,0,0,0,0,0,0,0,0,0,0,0,0,0," "]
["4.1.31","2.5mm² 4 core",{"$nulls":3}," ",{"$nulls":20},0,0,0,0,0,0,0,0,0,0,0,0,0,0,0,0,0,0," "]
[null,"       Supply","each",{"v":1100,"d":"1,100"},19.64,{"v":21604,"d":"21,604.00"},{"v":0,"d":"0.00"},{"v":0,"d":"0.00"},{"v":0,"d":"0.00"},{"v":0,"d":"0.00"},{"v":0,"d":"0.00"},{"v":0,"d":"0.00"},{"v":0,"d":"0.00"},{"v":0,"d":"0.00"},{"v":0,"d":"0.00"},{"v":0,"d":"0.00"},{"v":0,"d":"0.00"},{"v":0,"d":"0.00"},{"v":0,"d":"0.00"},{"v":0,"d":"0.00"},{"$nulls":3},{"v":0,"d":"0.00"},{"v":100,"d":"100.00"},{"v":100,"d":"100.00"},0,0,0,0,0,0,0,0,0,0,0,0,0,0,0,0,{"v":1964,"d":"1,964"},{"v":1964,"d":"1,964"},{"$f":"+E714*Z714","v":{"v":1964,"d":"1,964.00"}}]
[null,"       Install","each",{"$f":"D714","v":{"v":1100,"d":"1,100"}},{"v":5,"d":"5.00"},{"v":5500,"d":"5,500.00"},{"v":0,"d":"0.00"},{"v":0,"d":"0.00"},{"v":0,"d":"0.00"},{"v":0,"d":"0.00"},{"v":0,"d":"0.00"},{"v":0,"d":"0.00"},{"v":0,"d":"0.00"},{"v":0,"d":"0.00"},{"v":0,"d":"0.00"},{"v":0,"d":"0.00"},{"v":0,"d":"0.00"},{"v":0,"d":"0.00"},{"v":0,"d":"0.00"},{"v":0,"d":"0.00"},{"$nulls":3},{"v":0,"d":"0.00"},{"v":100,"d":"100.00"},{"v":100,"d":"100.00"},0,0,0,0,0,0,0,0,0,0,0,0,0,0,0,0,500,500,{"$f":"+E715*Z715","v":{"v":500,"d":"500.00"}}]
[{"$nulls":26},0,0,0,0,0,0,0,0,0,0,0,0,0,0,0,0,0,0,{"$f":"+E716*Z716","v":{"v":0,"d":"0.00"}}]
["4.1.32","Termination for 2.5mm² 4 core cable",{"$nulls":3}," ",{"$nulls":20},0,0,0,0,0,0,0,0,0,0,0,0,0,0,0,0,0,0," "]
[null,"       Supply","each",120,58.78,{"v":7053.6,"d":"7,053.60"},{"v":0,"d":"0.00"},{"v":0,"d":"0.00"},{"v":0,"d":"0.00"},{"v":0,"d":"0.00"},{"v":0,"d":"0.00"},{"v":0,"d":"0.00"},{"v":0,"d":"0.00"},{"v":0,"d":"0.00"},{"v":0,"d":"0.00"},{"v":0,"d":"0.00"},{"v":0,"d":"0.00"},{"v":0,"d":"0.00"},{"v":0,"d":"0.00"},{"v":0,"d":"0.00"},{"$nulls":3},{"v":0,"d":"0.00"},{"v":2,"d":"2.00"},{"v":2,"d":"2.00"},0,0,0,0,0,0,0,0,0,0,0,0,0,0,0,0,{"v":117.56,"d":"118"},{"v":117.56,"d":"118"},{"$f":"+E718*Z718","v":117.56}]
[null,"       Install","each",{"$f":"D718","v":120},{"v":120,"d":"120.00"},{"v":14400,"d":"14,400.00"},{"v":0,"d":"0.00"},{"v":0,"d":"0.00"},{"v":0,"d":"0.00"},{"v":0,"d":"0.00"},{"v":0,"d":"0.00"},{"v":0,"d":"0.00"},{"v":0,"d":"0.00"},{"v":0,"d":"0.00"},{"v":0,"d":"0.00"},{"v":0,"d":"0.00"},{"v":0,"d":"0.00"},{"v":0,"d":"0.00"},{"v":0,"d":"0.00"},{"v":0,"d":"0.00"},{"$nulls":3},{"v":0,"d":"0.00"},{"v":2,"d":"2.00"},{"v":2,"d":"2.00"},0,0,0,0,0,0,0,0,0,0,0,0,0,0,0,0,240,240,{"$f":"+E719*Z719","v":{"v":240,"d":"240.00"}}]
[{"$nulls":26},0,0,0,0,0,0,0,0,0,0,0,0,0,0,0,0,0,0]
[{"v":4.2,"d":"4.20"},"Bare copper earth wire tied to a corresponding cable including termination",{"$nulls":24},0,0,0,0,0,0,0,0,0,0,0,0,0,0,0,0,0,0]
[{"$nulls":26},0,0,0,0,0,0,0,0,0,0,0,0,0,0,0,0,0,0]
["4.2.1","95mm²",{"$nulls":24},0,0,0,0,0,0,0,0,0,0,0,0,0,0,0,0,0,0]
[" ","       Supply","m",{"$f":"D632","v":{"v":2000,"d":"2,000"}},{"v":72,"d":"72.00"},{"v":144000,"d":"144,000.00"},{"v":0,"d":"0.00"},{"v":0,"d":"0.00"},{"v":0,"d":"0.00"},{"v":0,"d":"0.00"},{"v":0,"d":"0.00"},{"v":0,"d":"0.00"},{"v":0,"d":"0.00"},{"v":0,"d":"0.00"},{"v":0,"d":"0.00"},{"v":0,"d":"0.00"},{"v":0,"d":"0.00"},{"v":0,"d":"0.00"},{"v":0,"d":"0.00"},{"v":0,"d":"0.00"},{"$nulls":3},{"v":0,"d":"0.00"},{"v":0,"d":"0.00"},{"v":0,"d":"0.00"},0,0,0,0,0,0,0,0,0,0,0,0,0,0,0,0,0,0,{"$f":"+E724*Z724","v":{"v":0,"d":"0.00"}}]
[" ","       Install","m",{"$f":"D724","v":{"v":2000,"d":"2,000"}},{"v":2,"d":"2.00"},{"v":4000,"d":"4,000.00"},{"v":0,"d":"0.00"},{"v":0,"d":"0.00"},{"v":0,"d":"0.00"},{"v":0,"d":"0.00"},{"v":0,"d":"0.00"},{"v":0,"d":"0.00"},{"v":0,"d":"0.00"},{"v":192,"d":"192.00"},{"v":0,"d":"0.00"},{"v":0,"d":"0.00"},{"v":0,"d":"0.00"},{"v":0,"d":"0.00"},{"v":0,"d":"0.00"},{"v":0,"d":"0.00"},{"$nulls":3},{"v":0,"d":"0.00"},{"v":0,"d":"0.00"},{"v":192,"d":"192.00"},0,0,0,0,0,0,0,384,0,0,0,0,0,0,0,0,0,384,{"$f":"+E725*Z725","v":{"v":384,"d":"384.00"}}]
[" ",{"$nulls":4}," ",{"$nulls":20},0,0,0,0,0,0,0,0,0,0,0,0,0,0,0,0,0,0," "]
["4.2.2","70mm²",{"$nulls":3}," ",{"$nulls":20},0,0,0,0,0,0,0,0,0,0,0,0,0,0,0,0,0,0," "]
[" ","       Supply","m",{"$f":"D640","v":700},{"v":53,"d":"53.00"},{"v":37100,"d":"37,100.00"},{"v":0,"d":"0.00"},{"v":0,"d":"0.00"},{"v":0,"d":"0.00"},{"v":0,"d":"0.00"},{"v":0,"d":"0.00"},{"v":0,"d":"0.00"},{"v":0,"d":"0.00"},{"v":0,"d":"0.00"},{"v":0,"d":"0.00"},{"v":0,"d":"0.00"},{"v":0,"d":"0.00"},{"v":0,"d":"0.00"},{"v":0,"d":"0.00"},{"v":0,"d":"0.00"},{"$nulls":3},{"v":0,"d":"0.00"},{"v":957,"d":"957.00"},{"v":957,"d":"957.00"},0,0,0,0,0,0,0,0,0,0,0,0,0,0,0,0,{"v":50721,"d":"50,721"},{"v":50721,"d":"50,721"},{"$f":"+E728*Z728","v":{"v":50721,"d":"50,721.00"}}]
[" ","       Install","m",{"$f":"D728","v":700},{"v":2,"d":"2.00"},{"v":1400,"d":"1,400.00"},{"v":0,"d":"0.00"},{"v":0,"d":"0.00"},{"v":0,"d":"0.00"},{"v":0,"d":"0.00"},{"v":0,"d":"0.00"},{"v":0,"d":"0.00"},{"v":168,"d":"168.00"},{"v":240,"d":"240.00"},{"v":0,"d":"0.00"},{"v":0,"d":"0.00"},{"v":0,"d":"0.00"},{"v":142,"d":"142.00"},{"v":192,"d":"192.00"},{"v":0,"d":"0.00"},{"$nulls":3},{"v":0,"d":"0.00"},{"v":315,"d":"315.00"},{"v":1057,"d":"1,057.00"},0,0,0,0,0,0,336,480,0,0,0,284,384,0,0,0,630,{"v":2114,"d":"2,114"},{"$f":"+E729*Z729","v":{"v":2114,"d":"2,114.00"}}]
[" ",{"$nulls":4}," ",{"$nulls":20},0,0,0,0,0,0,0,0,0,0,0,0,0,0,0,0,0,0," "]
["4.2.3","50mm²",{"$nulls":3}," ",{"$nulls":20},0,0,0,0,0,0,0,0,0,0,0,0,0,0,0,0,0,0," "]
[" ","       Supply","m",{"$f":"D648","v":{"v":1700,"d":"1,700"}},{"v":38,"d":"38.00"},{"v":64600,"d":"64,600.00"},{"v":0,"d":"0.00"},{"v":0,"d":"0.00"},{"v":0,"d":"0.00"},{"v":0,"d":"0.00"},{"v":0,"d":"0.00"},{"v":0,"d":"0.00"},{"v":0,"d":"0.00"},{"v":0,"d":"0.00"},{"v":0,"d":"0.00"},{"v":0,"d":"0.00"},{"v":0,"d":"0.00"},{"v":0,"d":"0.00"},{"v":0,"d":"0.00"},{"v":0,"d":"0.00"},{"$nulls":3},{"v":0,"d":"0.00"},{"v":0,"d":"0.00"},{"v":0,"d":"0.00"},0,0,0,0,0,0,0,0,0,0,0,0,0,0,0,0,0,0,{"$f":"+E732*Z732","v":{"v":0,"d":"0.00"}}]
[" ","       Install","m",{"$f":"D732","v":{"v":1700,"d":"1,700"}},{"v":2,"d":"2.00"},{"v":3400,"d":"3,400.00"},{"v":0,"d":"0.00"},{"v":0,"d":"0.00"},{"v":0,"d":"0.00"},{"v":0,"d":"0.00"},{"v":0,"d":"0.00"},{"v":0,"d":"0.00"},{"v":0,"d":"0.00"},{"v":0,"d":"0.00"},{"v":0,"d":"0.00"},{"v":0,"d":"0.00"},{"v":0,"d":"0.00"},{"v":0,"d":"0.00"},{"v":0,"d":"0.00"},{"v":0,"d":"0.00"},{"$nulls":3},{"v":0,"d":"0.00"},{"v":0,"d":"0.00"},{"v":0,"d":"0.00"},0,0,0,0,0,0,0,0,0,0,0,0,0,0,0,0,0,0,{"$f":"+E733*Z733","v":{"v":0,"d":"0.00"}}]
[" ",{"$nulls":4}," ",{"$nulls":20},0,0,0,0,0,0,0,0,0,0,0,0,0,0,0,0,0,0," "]
["4.2.4","35mm²",{"$nulls":3}," ",{"$nulls":20},0,0,0,0,0,0,0,0,0,0,0,0,0,0,0,0,0,0," "]
[" ","       Supply","m",{"$f":"D656","v":{"v":1500,"d":"1,500"}},{"v":28,"d":"28.00"},{"v":42000,"d":"42,000.00"},{"v":0,"d":"0.00"},{"v":0,"d":"0.00"},{"v":0,"d":"0.00"},{"v":0,"d":"0.00"},{"v":0,"d":"0.00"},{"v":0,"d":"0.00"},{"v":0,"d":"0.00"},{"v":0,"d":"0.00"},{"v":0,"d":"0.00"},{"v":0,"d":"0.00"},{"v":0,"d":"0.00"},{"v":0,"d":"0.00"},{"v":0,"d":"0.00"},{"v":0,"d":"0.00"},{"$nulls":3},{"v":0,"d":"0.00"},{"v":0,"d":"0.00"},{"v":0,"d":"0.00"},0,0,0,0,0,0,0,0,0,0,0,0,0,0,0,0,0,0,{"$f":"+E736*Z736","v":{"v":0,"d":"0.00"}}]
[" ","       Install","m",{"$f":"D736","v":{"v":1500,"d":"1,500"}},{"v":2,"d":"2.00"},{"v":3000,"d":"3,000.00"},{"v":0,"d":"0.00"},{"v":0,"d":"0.00"},{"v":0,"d":"0.00"},{"v":0,"d":"0.00"},{"v":0,"d":"0.00"},{"v":0,"d":"0.00"},{"v":0,"d":"0.00"},{"v":0,"d":"0.00"},{"v":0,"d":"0.00"},{"v":0,"d":"0.00"},{"v":0,"d":"0.00"},{"v":0,"d":"0.00"},{"v":0,"d":"0.00"},{"v":0,"d":"0.00"},{"$nulls":3},{"v":0,"d":"0.00"},{"v":0,"d":"0.00"},{"v":0,"d":"0.00"},0,0,0,0,0,0,0,0,0,0,0,0,0,0,0,0,0,0,{"$f":"+E737*Z737","v":{"v":0,"d":"0.00"}}]
[" ",{"$nulls":4}," ",{"$nulls":20},0,0,0,0,0,0,0,0,0,0,0,0,0,0,0,0,0,0," "]
["4.2.5","25mm²",{"$nulls":3}," ",{"$nulls":20},0,0,0,0,0,0,0,0,0,0,0,0,0,0,0,0,0,0," "]
[" ","       Supply","m",{"$f":"D664","v":900},{"v":19,"d":"19.00"},{"v":17100,"d":"17,100.00"},{"v":0,"d":"0.00"},{"v":0,"d":"0.00"},{"v":0,"d":"0.00"},{"v":0,"d":"0.00"},{"v":0,"d":"0.00"},{"v":0,"d":"0.00"},{"v":0,"d":"0.00"},{"v":0,"d":"0.00"},{"v":0,"d":"0.00"},{"v":0,"d":"0.00"},{"v":0,"d":"0.00"},{"v":0,"d":"0.00"},{"v":0,"d":"0.00"},{"v":0,"d":"0.00"},{"$nulls":3},{"v":0,"d":"0.00"},{"v":0,"d":"0.00"},{"v":0,"d":"0.00"},0,0,0,0,0,0,0,0,0,0,0,0,0,0,0,0,0,0,{"$f":"+E740*Z740","v":{"v":0,"d":"0.00"}}]
[null,"       Install","m",{"$f":"D740","v":900},{"v":2,"d":"2.00"},{"v":1800,"d":"1,800.00"},{"v":0,"d":"0.00"},{"v":0,"d":"0.00"},{"v":0,"d":"0.00"},{"v":0,"d":"0.00"},{"v":0,"d":"0.00"},{"v":0,"d":"0.00"},{"v":0,"d":"0.00"},{"v":0,"d":"0.00"},{"v":0,"d":"0.00"},{"v":0,"d":"0.00"},{"v":0,"d":"0.00"},{"v":0,"d":"0.00"},{"v":0,"d":"0.00"},{"v":0,"d":"0.00"},{"$nulls":3},{"v":0,"d":"0.00"},{"v":0,"d":"0.00"},{"v":0,"d":"0.00"},0,0,0,0,0,0,0,0,0,0,0,0,0,0,0,0,0,0,{"$f":"+E741*Z741","v":{"v":0,"d":"0.00"}}]
[" "]
[]
[null,"Amount Carried Forward",{"$nulls":3},{"$f":"SUM(F691:F743)","v":{"v":5683544.640000001,"d":"5,683,544.64"}},{"$nulls":38},{"$f":"SUM(AS691:AS743)","v":{"v":1800762.71,"d":"1,800,762.71"}}]
[]
["MAIN HOSPITAL ELECTRICAL INSTALLATION"]
["CECILIA MAKIWANE HOSPITAL : PHASE 4C"]
[]
[{"$f":"A689","v":"BILL NO. 4 : CABLES (SMME PACKAGE No2)"}]
["ITEM","DESCRIPTION","UNIT","QTY","RATE","TENDER AMOUNT","A","B","D","E1","E2","F1","F2","G1","G2","H1","H2","J1","J2","J3",null,"G/House",null,"N","Other","Total Qty","A","B","D","E1","E2","F1","F2","G1","G2","H1","H2","J1","J2","J3","K","N","Other","Total Amount","Total Claimed"]
[null,"AMOUNT CARRIED FORWARD FROM PREVIOUS BILL",{"$nulls":3},{"$f":"F744","v":{"v":5683544.640000001,"d":"5,683,544.64"}},{"$nulls":38},{"$f":"AS744","v":{"v":1800762.71,"d":"1,800,762.71"}}]
[]
["4.2.6","16mm²",null," ",null," "]
[" ","       Supply","m",{"$f":"D672","v":{"v":3385,"d":"3,385"}},{"v":13,"d":"13.00"},{"$f":"$D754*E754","v":{"v":44005,"d":"44,005.00"}},{"v":0,"d":"0.00"},{"v":0,"d":"0.00"},{"v":0,"d":"0.00"},{"v":0,"d":"0.00"},{"v":0,"d":"0.00"},{"v":0,"d":"0.00"},{"v":0,"d":"0.00"},{"v":0,"d":"0.00"},{"v":0,"d":"0.00"},{"v":0,"d":"0.00"},{"v":0,"d":"0.00"},{"v":0,"d":"0.00"},{"v":0,"d":"0.00"},{"v":0,"d":"0.00"},{"$nulls":3},{"v":0,"d":"0.00"},{"v":100,"d":"100.00"},{"$f":"SUM(G754:Y754)","v":{"v":100,"d":"100.00"}},{"$f":"G754*E754","v":0},{"$f":"H754*E754","v":0},{"$f":"I754*E754","v":0},{"$f":"J754*E754","v":0},{"$f":"K754*E754","v":0},{"$f":"L754*E754","v":0},{"$f":"+M754*E754","v":0},{"$f":"N754*E754","v":0},{"$f":"O754*E754","v":0},{"$f":"P754*E754","v":0},{"$f":"Q754*E754","v":0},{"$f":"R754*E754","v":0},{"$f":"S754*E754","v":0},{"$f":"T754*E754","v":0},{"$f":"W754*E754","v":0},{"$f":"X754*E754","v":0},{"$f":"Y754*E754","v":{"v":1300,"d":"1,300"}},{"$f":"SUM(AA754:AQ754)","v":{"v":1300,"d":"1,300"}},{"$f":"+E754*Z754","v":{"v":1300,"d":"1,300.00"}}]
[" ","       Install","m",{"$f":"D754","v":{"v":3385,"d":"3,385"}},{"v":2,"d":"2.00"},{"v":6770,"d":"6,770.00"},{"v":0,"d":"0.00"},{"v":0,"d":"0.00"},{"v":0,"d":"0.00"},{"v":0,"d":"0.00"},{"v":0,"d":"0.00"},{"v":0,"d":"0.00"},{"v":0,"d":"0.00"},{"v":0,"d":"0.00"},{"v":0,"d":"0.00"},{"v":0,"d":"0.00"},{"v":0,"d":"0.00"},{"v":0,"d":"0.00"},{"v":0,"d":"0.00"},{"v":0,"d":"0.00"},{"$nulls":3},{"v":0,"d":"0.00"},{"v":100,"d":"100.00"},{"$f":"SUM(G755:Y755)","v":{"v":100,"d":"100.00"}},0,0,0,0,0,0,0,0,0,0,0,0,0,0,0,0,200,{"$f":"SUM(AA755:AQ755)","v":200},{"$f":"+E755*Z755","v":{"v":200,"d":"200.00"}}]
[" ",{"$nulls":4}," ",{"$nulls":20},0,0,0,0,0,0,0,0,0,0,0,0,0,0,0,0,0,0," "]
["4.2.7","10mm²",{"$nulls":3}," ",{"$nulls":20},0,0,0,0,0,0,0,0,0,0,0,0,0,0,0,0,0,0," "]
[null,"       Supply","m",{"$f":"D680","v":{"v":3730,"d":"3,730"}},{"v":8.5,"d":"8.50"},{"v":31705,"d":"31,705.00"},{"v":0,"d":"0.00"},{"v":0,"d":"0.00"},{"v":0,"d":"0.00"},{"v":0,"d":"0.00"},{"v":0,"d":"0.00"},{"v":0,"d":"0.00"},{"v":0,"d":"0.00"},{"v":0,"d":"0.00"},{"v":0,"d":"0.00"},{"v":0,"d":"0.00"},{"v":0,"d":"0.00"},{"v":0,"d":"0.00"},{"v":0,"d":"0.00"},{"v":0,"d":"0.00"},{"$nulls":3},{"v":0,"d":"0.00"},{"v":120,"d":"120.00"},{"$f":"SUM(G758:Y758)","v":{"v":120,"d":"120.00"}},0,0,0,0,0,0,0,0,0,0,0,0,0,0,0,0,{"v":1020,"d":"1,020"},{"v":1020,"d":"1,020"},{"$f":"+E758*Z758","v":{"v":1020,"d":"1,020.00"}}]
[null,"       Install","m",{"$f":"D758","v":{"v":3730,"d":"3,730"}},{"v":2,"d":"2.00"},{"v":7460,"d":"7,460.00"},{"v":0,"d":"0.00"},{"v":0,"d":"0.00"},{"v":0,"d":"0.00"},{"v":0,"d":"0.00"},{"v":0,"d":"0.00"},{"v":0,"d":"0.00"},{"v":0,"d":"0.00"},{"v":0,"d":"0.00"},{"v":0,"d":"0.00"},{"v":0,"d":"0.00"},{"v":0,"d":"0.00"},{"v":0,"d":"0.00"},{"v":0,"d":"0.00"},{"v":0,"d":"0.00"},{"$nulls":3},{"v":0,"d":"0.00"},{"v":120,"d":"120.00"},{"$f":"SUM(G759:Y759)","v":{"v":120,"d":"120.00"}},0,0,0,0,0,0,0,0,0,0,0,0,0,0,0,0,240,240,{"$f":"+E759*Z759","v":{"v":240,"d":"240.00"}}]
[{"$nulls":5}," ",{"$nulls":20},0,0,0,0,0,0,0,0,0,0,0,0,0,0,0,0,0,0," "]
["4.2.8","6.0mm²",{"$nulls":3}," ",{"$nulls":20},0,0,0,0,0,0,0,0,0,0,0,0,0,0,0,0,0,0," "]
[" ","       Supply","m",{"$f":"D698","v":{"v":3100,"d":"3,100"}},{"v":5,"d":"5.00"},{"v":15500,"d":"15,500.00"},{"v":0,"d":"0.00"},{"v":0,"d":"0.00"},{"v":0,"d":"0.00"},{"v":0,"d":"0.00"},{"v":0,"d":"0.00"},{"v":0,"d":"0.00"},{"v":0,"d":"0.00"},{"v":0,"d":"0.00"},{"v":0,"d":"0.00"},{"v":0,"d":"0.00"},{"v":0,"d":"0.00"},{"v":0,"d":"0.00"},{"v":0,"d":"0.00"},{"v":0,"d":"0.00"},{"$nulls":3},{"v":0,"d":"0.00"},{"v":0,"d":"0.00"},{"$f":"SUM(G762:Y762)","v":{"v":0,"d":"0.00"}},0,0,0,0,0,0,0,0,0,0,0,0,0,0,0,0,0,0,{"$f":"+E762*Z762","v":{"v":0,"d":"0.00"}}]
[" ","       Install","m",{"$f":"D762","v":{"v":3100,"d":"3,100"}},{"v":2,"d":"2.00"},{"v":6200,"d":"6,200.00"},{"v":0,"d":"0.00"},{"v":0,"d":"0.00"},{"v":0,"d":"0.00"},{"v":0,"d":"0.00"},{"v":0,"d":"0.00"},{"v":0,"d":"0.00"},{"v":0,"d":"0.00"},{"v":0,"d":"0.00"},{"v":0,"d":"0.00"},{"v":0,"d":"0.00"},{"v":0,"d":"0.00"},{"v":0,"d":"0.00"},{"v":0,"d":"0.00"},{"v":0,"d":"0.00"},{"$nulls":3},{"v":0,"d":"0.00"},{"v":0,"d":"0.00"},{"$f":"SUM(G763:Y763)","v":{"v":0,"d":"0.00"}},0,0,0,0,0,0,0,0,0,0,0,0,0,0,0,0,0,0,{"$f":"+E763*Z763","v":{"v":0,"d":"0.00"}}]
[" ",{"$nulls":4}," ",{"$nulls":20},0,0,0,0,0,0,0,0,0,0,0,0,0,0,0,0,0,0," "]
["4.2.9","4.0mm²",{"$nulls":3}," ",{"$nulls":20},0,0,0,0,0,0,0,0,0,0,0,0,0,0,0,0,0,0," "]
[" ","       Supply","m",{"$f":"D706","v":{"v":1800,"d":"1,800"}},3.31,{"v":5958,"d":"5,958.00"},{"v":0,"d":"0.00"},{"v":0,"d":"0.00"},{"v":0,"d":"0.00"},{"v":0,"d":"0.00"},{"v":0,"d":"0.00"},{"v":0,"d":"0.00"},{"v":0,"d":"0.00"},{"v":0,"d":"0.00"},{"v":0,"d":"0.00"},{"v":0,"d":"0.00"},{"v":0,"d":"0.00"},{"v":0,"d":"0.00"},{"v":0,"d":"0.00"},{"v":0,"d":"0.00"},{"$nulls":3},{"v":0,"d":"0.00"},{"v":0,"d":"0.00"},{"$f":"SUM(G766:Y766)","v":{"v":0,"d":"0.00"}},0,0,0,0,0,0,0,0,0,0,0,0,0,0,0,0,0,0,{"$f":"+E766*Z766","v":{"v":0,"d":"0.00"}}]
[" ","       Install","m",{"$f":"D766","v":{"v":1800,"d":"1,800"}},{"v":2,"d":"2.00"},{"v":3600,"d":"3,600.00"},{"v":0,"d":"0.00"},{"v":0,"d":"0.00"},{"v":0,"d":"0.00"},{"v":0,"d":"0.00"},{"v":0,"d":"0.00"},{"v":0,"d":"0.00"},{"v":0,"d":"0.00"},{"v":0,"d":"0.00"},{"v":0,"d":"0.00"},{"v":0,"d":"0.00"},{"v":0,"d":"0.00"},{"v":0,"d":"0.00"},{"v":0,"d":"0.00"},{"v":0,"d":"0.00"},{"$nulls":3},{"v":0,"d":"0.00"},{"v":0,"d":"0.00"},{"$f":"SUM(G767:Y767)","v":{"v":0,"d":"0.00"}},0,0,0,0,0,0,0,0,0,0,0,0,0,0,0,0,0,0,{"$f":"+E767*Z767","v":{"v":0,"d":"0.00"}}]
[" ",{"$nulls":4}," ",{"$nulls":20},0,0,0,0,0,0,0,0,0,0,0,0,0,0,0,0,0,0," "]
["4.2.10","2.5mm²",{"$nulls":3}," ",{"$nulls":20},0,0,0,0,0,0,0,0,0,0,0,0,0,0,0,0,0,0," "]
[null,"       Supply","m",{"$f":"D714","v":{"v":1100,"d":"1,100"}},2.12,{"v":2332,"d":"2,332.00"},{"v":0,"d":"0.00"},{"v":0,"d":"0.00"},{"v":0,"d":"0.00"},{"v":0,"d":"0.00"},{"v":0,"d":"0.00"},{"v":0,"d":"0.00"},{"v":0,"d":"0.00"},{"v":0,"d":"0.00"},{"v":0,"d":"0.00"},{"v":0,"d":"0.00"},{"v":0,"d":"0.00"},{"v":0,"d":"0.00"},{"v":0,"d":"0.00"},{"v":0,"d":"0.00"},{"$nulls":3},{"v":0,"d":"0.00"},{"v":100,"d":"100.00"},{"$f":"SUM(G770:Y770)","v":{"v":100,"d":"100.00"}},0,0,0,0,0,0,0,0,0,0,0,0,0,0,0,0,212,212,{"$f":"+E770*Z770","v":{"v":212,"d":"212.00"}}]
[null,"       Install","m",{"$f":"D770","v":{"v":1100,"d":"1,100"}},{"v":2,"d":"2.00"},{"v":2200,"d":"2,200.00"},{"v":0,"d":"0.00"},{"v":0,"d":"0.00"},{"v":0,"d":"0.00"},{"v":0,"d":"0.00"},{"v":0,"d":"0.00"},{"v":0,"d":"0.00"},{"v":0,"d":"0.00"},{"v":0,"d":"0.00"},{"v":0,"d":"0.00"},{"v":0,"d":"0.00"},{"v":0,"d":"0.00"},{"v":0,"d":"0.00"},{"v":0,"d":"0.00"},{"v":0,"d":"0.00"},{"$nulls":3},{"v":0,"d":"0.00"},{"v":100,"d":"100.00"},{"$f":"SUM(G771:Y771)","v":{"v":100,"d":"100.00"}},0,0,0,0,0,0,0,0,0,0,0,0,0,0,0,0,200,200,{"$f":"+E771*Z771","v":{"v":200,"d":"200.00"}}]
[{"$nulls":5}," ",{"$nulls":20},0,0,0,0,0,0,0,0,0,0,0,0,0,0,0,0,0,0," "]
[{"v":4.3,"d":"4.30"},"Manholes",{"$nulls":3}," ",{"$nulls":20},0,0,0,0,0,0,0,0,0,0,0,0,0,0,0,0,0,0," "]
[" ","Supply and build either pre-cast or full wall manhole with light duty cover with the following minimum inside ",{"$nulls":3}," ",{"$nulls":20},0,0,0,0,0,0,0,0,0,0,0,0,0,0,0,0,0,0," "]
[null,"dimensions:  - 1200 x 1200 x 1000mm deep","each",20,{"v":3419.67,"d":"3,419.67"},{"v":68393.4,"d":"68,393.40"},{"v":0,"d":"0.00"},{"v":0,"d":"0.00"},{"v":0,"d":"0.00"},{"v":0,"d":"0.00"},{"v":0,"d":"0.00"},{"v":0,"d":"0.00"},{"v":0,"d":"0.00"},{"v":0,"d":"0.00"},{"v":0,"d":"0.00"},{"v":0,"d":"0.00"},{"v":0,"d":"0.00"},{"v":0,"d":"0.00"},{"v":0,"d":"0.00"},{"v":0,"d":"0.00"},{"$nulls":3},{"v":0,"d":"0.00"},{"v":0,"d":"0.00"},{"$f":"SUM(G775:Y775)","v":{"v":0,"d":"0.00"}},0,0,0,0,0,0,0,0,0,0,0,0,0,0,0,0,0,0,{"$f":"+E775*Z775","v":{"v":0,"d":"0.00"}}]
[null,"dimensions:  - 800 x 800 x 600mm deep","each",15,{"v":2801.78,"d":"2,801.78"},{"v":42026.700000000004,"d":"42,026.70"},{"v":0,"d":"0.00"},{"v":0,"d":"0.00"},{"v":0,"d":"0.00"},{"v":0,"d":"0.00"},{"v":0,"d":"0.00"},{"v":0,"d":"0.00"},{"v":0,"d":"0.00"},{"v":0,"d":"0.00"},{"v":0,"d":"0.00"},{"v":0,"d":"0.00"},{"v":0,"d":"0.00"},{"v":0,"d":"0.00"},{"v":0,"d":"0.00"},{"v":0,"d":"0.00"},{"$nulls":3},{"v":0,"d":"0.00"},{"v":0,"d":"0.00"},{"$f":"SUM(G776:Y776)","v":{"v":0,"d":"0.00"}},0,0,0,0,0,0,0,0,0,0,0,0,0,0,0,0,0,0,{"$f":"+E776*Z776","v":{"v":0,"d":"0.00"}}]
[{"$nulls":5}," ",{"$nulls":20},0,0,0,0,0,0,0,0,0,0,0,0,0,0,0,0,0,0," "]
[{"v":4.4,"d":"4.40"},"As Installed Drawings"," ",null,null," ",{"$nulls":20},0,0,0,0,0,0,0,0,0,0,0,0,0,0,0,0,0,0," "]
[null,"Allow for the marking up of prints for the production of \"as installed\" records by the Engineer.","Sum",1,{"v":2500,"d":"2,500.00"},{"v":2500,"d":"2,500.00"},{"v":0,"d":"0.00"},{"v":0,"d":"0.00"},{"v":0,"d":"0.00"},{"v":0,"d":"0.00"},{"v":0,"d":"0.00"},{"v":0,"d":"0.00"},{"v":0,"d":"0.00"},{"v":0,"d":"0.00"},{"v":0,"d":"0.00"},{"v":0,"d":"0.00"},{"v":0,"d":"0.00"},{"v":0,"d":"0.00"},{"v":0,"d":"0.00"},{"v":0,"d":"0.00"},{"$nulls":3},{"v":0,"d":"0.00"},{"v":0,"d":"0.00"},{"$f":"SUM(G779:Y779)","v":{"v":0,"d":"0.00"}},0,0,0,0,0,0,0,0,0,0,0,0,0,0,0,0,0,0,{"$f":"+E779*Z779","v":{"v":0,"d":"0.00"}}]
[{"$nulls":5}," ",{"$nulls":20},0,0,0,0,0,0,0,0,0,0,0,0,0,0,0,0,0,0," "]
[{"v":4.5,"d":"4.50"},"Mentoring and Management",{"$nulls":3}," ",{"$nulls":20},0,0,0,0,0,0,0,0,0,0,0,0,0,0,0,0,0,0," "]
[null,"A percentage of the SMME Package amoiunt to provide the Mentoring and Management of the SMME Contractors","%",1,{"$f":"5922194.74","v":{"v":5922194.74,"d":"5,922,194.74"}},{"$f":"E782*2.5%","v":{"v":148054.8685,"d":"148,054.87"}},{"v":0,"d":"0.00"},{"v":0,"d":"0.00"},{"v":0,"d":"0.00"},{"v":0,"d":"0.00"},{"v":0,"d":"0.00"},{"v":0,"d":"0.00"},{"v":0,"d":"0.00"},{"v":0,"d":"0.00"},{"v":0,"d":"0.00"},{"v":0,"d":"0.00"},{"v":0,"d":"0.00"},{"v":0,"d":"0.00"},{"v":0,"d":"0.00"},{"v":0,"d":"0.00"},{"$nulls":3},{"v":0,"d":"0.00"},{"v":0,"d":"0.00"},{"$f":"SUM(G782:Y782)","v":{"v":0,"d":"0.00"}},0,0,0,0,0,0,0,0,0,0,0,0,0,0,0,0,0,0,{"$f":"+E782*Z782","v":{"v":0,"d":"0.00"}}]
[{"$nulls":44}," "]
[]
[null,"Amount Carried Forward to Summary Page",{"$nulls":3},{"$f":"SUM(F751:F784)","v":{"v":6070249.608500001,"d":"6,070,249.61"}},{"$nulls":38},{"$f":"SUM(AS751:AS784)","v":{"v":1803934.71,"d":"1,803,934.71"}}]
[]
["MAIN HOSPITAL ELECTRICAL INSTALLATION"]
["CECILIA MAKIWANE HOSPITAL : PHASE 4C"]
[]
["BILL NO. 5 : LUMINAIRES (SMME PACKAGE No3)"]
["ITEM","DESCRIPTION","UNIT","QTY","RATE","TENDER AMOUNT","A-LV05","B-LV04","D-LV03","E1-LV03","E2","F1","F2","G1","G2","H1","H2","J1","J2","J3",null,"G/House",null,"N","Other","Total Qty","A","B","D","E1","E2","F1","F2","G1","G2","H1","H2","J1","J2","J3","K","N","Other","Total Amount","Total Claimed"]
[]
[{"$nulls":3}," ",null," "]
[{"v":5.1,"d":"5.10"},"Luminaires"]
[null,"Luminaires mounted on concrete or suspended ceilings, or on brickwork including lamps and fixing material."]
[null,"NOTE:  See Part One of the contract document for detailed technical specifications."]
[]
["5.1.1","Type-A"]
[null,"       Supply","each",347,{"v":175,"d":"175.00"},{"$f":"$D799*E799","v":{"v":60725,"d":"60,725.00"}},{"v":0,"d":"0.00"},{"v":0,"d":"0.00"},{"v":0,"d":"0.00"},{"v":0,"d":"0.00"},{"v":0,"d":"0.00"},{"v":0,"d":"0.00"},{"v":0,"d":"0.00"},{"v":0,"d":"0.00"},{"v":0,"d":"0.00"},{"v":0,"d":"0.00"},{"v":0,"d":"0.00"},{"v":0,"d":"0.00"},{"v":0,"d":"0.00"},{"v":0,"d":"0.00"},{"$nulls":3},{"v":0,"d":"0.00"},{"v":401,"d":"401.00"},{"$f":"SUM(G799:Y799)","v":{"v":401,"d":"401.00"}},{"$f":"G799*E799","v":0},{"$f":"H799*E799","v":0},{"$f":"I799*E799","v":0},{"$f":"J799*E799","v":0},{"$f":"K799*E799","v":0},{"$f":"L799*E799","v":0},{"$f":"+M799*E799","v":0},{"$f":"N799*E799","v":0},{"$f":"O799*E799","v":0},{"$f":"P799*E799","v":0},{"$f":"Q799*E799","v":0},{"$f":"R799*E799","v":0},{"$f":"S799*E799","v":0},{"$f":"T799*E799","v":0},{"$f":"W799*E799","v":0},{"$f":"X799*E799","v":0},{"$f":"Y799*E799","v":{"v":70175,"d":"70,175"}},{"$f":"SUM(AA799:AQ799)","v":{"v":70175,"d":"70,175"}},{"$f":"+E799*Z799","v":{"v":70175,"d":"70,175.00"}}]
[null,"       Install","each",{"$f":"D799","v":347},{"v":70,"d":"70.00"},{"v":24290,"d":"24,290.00"},{"v":0,"d":"0.00"},{"v":0,"d":"0.00"},{"v":0,"d":"0.00"},{"v":0,"d":"0.00"},{"v":0,"d":"0.00"},{"v":0,"d":"0.00"},{"v":0,"d":"0.00"},{"v":0,"d":"0.00"},{"v":0,"d":"0.00"},{"v":0,"d":"0.00"},{"v":0,"d":"0.00"},{"v":0,"d":"0.00"},{"v":0,"d":"0.00"},{"v":0,"d":"0.00"},{"$nulls":3},{"v":0,"d":"0.00"},{"v":0,"d":"0.00"},{"$f":"SUM(G800:Y800)","v":{"v":0,"d":"0.00"}},0,0,0,0,0,0,0,0,0,0,0,0,0,0,0,0,0,{"$f":"SUM(AA800:AQ800)","v":0},{"$f":"+E800*Z800","v":{"v":0,"d":"0.00"}}]
[{"$nulls":5}," ",{"$nulls":20},0,0,0,0,0,0,0,0,0,0,0,0,0,0,0,0,0,0," "]
["5.1.2","Type-B",{"$nulls":3}," ",{"$nulls":20},0,0,0,0,0,0,0,0,0,0,0,0,0,0,0,0,0,0," "]
[null,"       Supply","each",{"$f":"120+28","v":148},{"v":195,"d":"195.00"},{"v":28860,"d":"28,860.00"},{"v":0,"d":"0.00"},{"v":0,"d":"0.00"},{"v":0,"d":"0.00"},{"v":0,"d":"0.00"},{"v":0,"d":"0.00"},{"v":0,"d":"0.00"},{"v":0,"d":"0.00"},{"v":13,"d":"13.00"},{"v":4,"d":"4.00"},{"v":0,"d":"0.00"},{"v":0,"d":"0.00"},{"v":0,"d":"0.00"},{"v":0,"d":"0.00"},{"v":0,"d":"0.00"},{"$nulls":3},{"v":0,"d":"0.00"},{"v":224,"d":"224.00"},{"v":241,"d":"241.00"},0,0,0,0,0,0,0,{"v":2535,"d":"2,535"},780,0,0,0,0,0,0,0,{"v":43680,"d":"43,680"},{"v":46995,"d":"46,995"},{"$f":"+E803*Z803","v":{"v":46995,"d":"46,995.00"}}]
[null,"       Install","each",{"$f":"D803","v":148},{"v":70,"d":"70.00"},{"v":10360,"d":"10,360.00"},{"v":0,"d":"0.00"},{"v":0,"d":"0.00"},{"v":0,"d":"0.00"},{"v":0,"d":"0.00"},{"v":0,"d":"0.00"},{"v":0,"d":"0.00"},{"v":0,"d":"0.00"},{"v":26,"d":"26.00"},{"v":4,"d":"4.00"},{"v":0,"d":"0.00"},{"v":0,"d":"0.00"},{"v":0,"d":"0.00"},{"v":0,"d":"0.00"},{"v":0,"d":"0.00"},{"$nulls":3},{"v":0,"d":"0.00"},{"v":0,"d":"0.00"},{"v":30,"d":"30.00"},0,0,0,0,0,0,0,{"v":1820,"d":"1,820"},280,0,0,0,0,0,0,0,0,{"v":2100,"d":"2,100"},{"$f":"+E804*Z804","v":{"v":2100,"d":"2,100.00"}}]
[{"$nulls":5}," ",{"$nulls":20},0,0,0,0,0,0,0,0,0,0,0,0,0,0,0,0,0,0," "]
["5.1.3","Type-C",{"$nulls":3}," ",{"$nulls":20},0,0,0,0,0,0,0,0,0,0,0,0,0,0,0,0,0,0," "]
[null,"       Supply","each",{"$f":"58+22+17","v":97},{"v":311,"d":"311.00"},{"v":30167,"d":"30,167.00"},{"v":0,"d":"0.00"},{"v":0,"d":"0.00"},{"v":0,"d":"0.00"},{"v":0,"d":"0.00"},{"v":0,"d":"0.00"},{"v":0,"d":"0.00"},{"v":0,"d":"0.00"},{"v":0,"d":"0.00"},{"v":0,"d":"0.00"},{"v":0,"d":"0.00"},{"v":0,"d":"0.00"},{"v":0,"d":"0.00"},{"v":0,"d":"0.00"},{"v":0,"d":"0.00"},{"$nulls":3},{"v":0,"d":"0.00"},{"v":0,"d":"0.00"},{"v":0,"d":"0.00"},0,0,0,0,0,0,0,0,0,0,0,0,0,0,0,0,0,0,{"$f":"+E807*Z807","v":{"v":0,"d":"0.00"}}]
[null,"       Install","each",{"$f":"D807","v":97},{"v":70,"d":"70.00"},{"v":6790,"d":"6,790.00"},{"v":0,"d":"0.00"},{"v":0,"d":"0.00"},{"v":0,"d":"0.00"},{"v":0,"d":"0.00"},{"v":0,"d":"0.00"},{"v":0,"d":"0.00"},{"v":0,"d":"0.00"},{"v":0,"d":"0.00"},{"v":0,"d":"0.00"},{"v":0,"d":"0.00"},{"v":0,"d":"0.00"},{"v":0,"d":"0.00"},{"v":0,"d":"0.00"},{"v":0,"d":"0.00"},{"$nulls":3},{"v":0,"d":"0.00"},{"v":0,"d":"0.00"},{"v":0,"d":"0.00"},0,0,0,0,0,0,0,0,0,0,0,0,0,0,0,0,0,0,{"$f":"+E808*Z808","v":{"v":0,"d":"0.00"}}]
[{"$nulls":5}," ",{"$nulls":20},0,0,0,0,0,0,0,0,0,0,0,0,0,0,0,0,0,0," "]
["5.1.4","Type-M",{"$nulls":3}," ",{"$nulls":20},0,0,0,0,0,0,0,0,0,0,0,0,0,0,0,0,0,0," "]
[null,"       Supply","each",{"$f":"277+350","v":627},655.73,{"v":411142.71,"d":"411,142.71"},{"v":0,"d":"0.00"},{"v":0,"d":"0.00"},{"v":0,"d":"0.00"},{"v":0,"d":"0.00"},{"v":0,"d":"0.00"},{"v":0,"d":"0.00"},{"v":0,"d":"0.00"},{"v":65,"d":"65.00"},{"v":32,"d":"32.00"},{"v":0,"d":"0.00"},{"v":0,"d":"0.00"},{"v":0,"d":"0.00"},{"v":0,"d":"0.00"},{"v":0,"d":"0.00"},{"$nulls":3},{"v":0,"d":"0.00"},{"v":268,"d":"268.00"},{"v":365,"d":"365.00"},0,0,0,0,0,0,0,{"v":42622.450000000004,"d":"42,622"},{"v":20983.36,"d":"20,983"},0,0,0,0,0,0,0,{"v":175735.64,"d":"175,736"},{"v":239341.45,"d":"239,341"},{"$f":"+E811*Z811","v":{"v":239341.45,"d":"239,341.45"}}]
[null,"       Install","each",{"$f":"D811","v":627},{"v":90,"d":"90.00"},{"v":56430,"d":"56,430.00"},{"v":0,"d":"0.00"},{"v":0,"d":"0.00"},{"v":0,"d":"0.00"},{"v":0,"d":"0.00"},{"v":0,"d":"0.00"},{"v":0,"d":"0.00"},{"v":0,"d":"0.00"},{"v":66,"d":"66.00"},{"v":32,"d":"32.00"},{"v":0,"d":"0.00"},{"v":0,"d":"0.00"},{"v":0,"d":"0.00"},{"v":0,"d":"0.00"},{"v":0,"d":"0.00"},{"$nulls":3},{"v":0,"d":"0.00"},{"v":0,"d":"0.00"},{"v":98,"d":"98.00"},0,0,0,0,0,0,0,{"v":5940,"d":"5,940"},{"v":2880,"d":"2,880"},0,0,0,0,0,0,0,0,{"v":8820,"d":"8,820"},{"$f":"+E812*Z812","v":{"v":8820,"d":"8,820.00"}}]
[{"$nulls":5}," ",{"$nulls":20},0,0,0,0,0,0,0,0,0,0,0,0,0,0,0,0,0,0," "]
["5.1.5","Type-N",{"$nulls":3}," ",{"$nulls":20},0,0,0,0,0,0,0,0,0,0,0,0,0,0,0,0,0,0," "]
[null,"       Supply","each",{"$f":"204+76","v":280},655.73,{"v":183604.4,"d":"183,604.40"},{"v":0,"d":"0.00"},{"v":0,"d":"0.00"},{"v":0,"d":"0.00"},{"v":0,"d":"0.00"},{"v":0,"d":"0.00"},{"v":0,"d":"0.00"},{"v":0,"d":"0.00"},{"v":0,"d":"0.00"},{"v":0,"d":"0.00"},{"v":0,"d":"0.00"},{"v":0,"d":"0.00"},{"v":0,"d":"0.00"},{"v":0,"d":"0.00"},{"v":0,"d":"0.00"},{"$nulls":3},{"v":0,"d":"0.00"},{"v":0,"d":"0.00"},{"v":0,"d":"0.00"},0,0,0,0,0,0,0,0,0,0,0,0,0,0,0,0,0,0,{"$f":"+E815*Z815","v":{"v":0,"d":"0.00"}}]
[null,"       Install","each",{"$f":"D815","v":280},{"v":90,"d":"90.00"},{"v":25200,"d":"25,200.00"},{"v":0,"d":"0.00"},{"v":0,"d":"0.00"},{"v":0,"d":"0.00"},{"v":0,"d":"0.00"},{"v":0,"d":"0.00"},{"v":0,"d":"0.00"},{"v":0,"d":"0.00"},{"v":0,"d":"0.00"},{"v":0,"d":"0.00"},{"v":0,"d":"0.00"},{"v":0,"d":"0.00"},{"v":0,"d":"0.00"},{"v":0,"d":"0.00"},{"v":0,"d":"0.00"},{"$nulls":3},{"v":0,"d":"0.00"},{"v":0,"d":"0.00"},{"v":0,"d":"0.00"},0,0,0,0,0,0,0,0,0,0,0,0,0,0,0,0,0,0,{"$f":"+E816*Z816","v":{"v":0,"d":"0.00"}}]
[{"$nulls":5}," ",{"$nulls":20},0,0,0,0,0,0,0,0,0,0,0,0,0,0,0,0,0,0," "]
["5.1.6","Type-DL",{"$nulls":3}," ",{"$nulls":20},0,0,0,0,0,0,0,0,0,0,0,0,0,0,0,0,0,0," "]
[null,"       Supply","each",{"$f":"336+59+25","v":420},{"v":550,"d":"550.00"},{"v":231000,"d":"231,000.00"},{"v":0,"d":"0.00"},{"v":0,"d":"0.00"},{"v":0,"d":"0.00"},{"v":0,"d":"0.00"},{"v":0,"d":"0.00"},{"v":0,"d":"0.00"},{"v":0,"d":"0.00"},{"v":0,"d":"0.00"},{"v":0,"d":"0.00"},{"v":0,"d":"0.00"},{"v":0,"d":"0.00"},{"v":0,"d":"0.00"},{"v":0,"d":"0.00"},{"v":0,"d":"0.00"},{"$nulls":3},{"v":0,"d":"0.00"},{"v":10,"d":"10.00"},{"v":10,"d":"10.00"},0,0,0,0,0,0,0,0,0,0,0,0,0,0,0,0,{"v":5500,"d":"5,500"},{"v":5500,"d":"5,500"},{"$f":"+E819*Z819","v":{"v":5500,"d":"5,500.00"}}]
[null,"       Install","each",{"$f":"D819","v":420},{"v":90,"d":"90.00"},{"v":37800,"d":"37,800.00"},{"v":0,"d":"0.00"},{"v":0,"d":"0.00"},{"v":0,"d":"0.00"},{"v":0,"d":"0.00"},{"v":0,"d":"0.00"},{"v":0,"d":"0.00"},{"v":0,"d":"0.00"},{"v":0,"d":"0.00"},{"v":0,"d":"0.00"},{"v":0,"d":"0.00"},{"v":0,"d":"0.00"},{"v":0,"d":"0.00"},{"v":0,"d":"0.00"},{"v":0,"d":"0.00"},{"$nulls":3},{"v":0,"d":"0.00"},{"v":10,"d":"10.00"},{"v":10,"d":"10.00"},0,0,0,0,0,0,0,0,0,0,0,0,0,0,0,0,900,900,{"$f":"+E820*Z820","v":{"v":900,"d":"900.00"}}]
[{"$nulls":5}," ",{"$nulls":20},0,0,0,0,0,0,0,0,0,0,0,0,0,0,0,0,0,0," "]
["5.1.7","Type-ME",{"$nulls":3}," ",{"$nulls":20},0,0,0,0,0,0,0,0,0,0,0,0,0,0,0,0,0,0," "]
[" ","       Supply","each",{"$f":"61","v":61},{"v":1259,"d":"1,259.00"},{"v":76799,"d":"76,799.00"},{"v":0,"d":"0.00"},{"v":0,"d":"0.00"},{"v":0,"d":"0.00"},{"v":0,"d":"0.00"},{"v":0,"d":"0.00"},{"v":0,"d":"0.00"},{"v":0,"d":"0.00"},{"v":0,"d":"0.00"},{"v":0,"d":"0.00"},{"v":0,"d":"0.00"},{"v":0,"d":"0.00"},{"v":0,"d":"0.00"},{"v":0,"d":"0.00"},{"v":0,"d":"0.00"},{"$nulls":3},{"v":0,"d":"0.00"},{"v":0,"d":"0.00"},{"v":0,"d":"0.00"},0,0,0,0,0,0,0,0,0,0,0,0,0,0,0,0,0,0,{"$f":"+E823*Z823","v":{"v":0,"d":"0.00"}}]
[null,"       Install","each",{"$f":"D823","v":61},{"v":90,"d":"90.00"},{"v":5490,"d":"5,490.00"},{"v":0,"d":"0.00"},{"v":0,"d":"0.00"},{"v":0,"d":"0.00"},{"v":0,"d":"0.00"},{"v":0,"d":"0.00"},{"v":0,"d":"0.00"},{"v":0,"d":"0.00"},{"v":0,"d":"0.00"},{"v":0,"d":"0.00"},{"v":0,"d":"0.00"},{"v":0,"d":"0.00"},{"v":0,"d":"0.00"},{"v":0,"d":"0.00"},{"v":0,"d":"0.00"},{"$nulls":3},{"v":0,"d":"0.00"},{"v":0,"d":"0.00"},{"v":0,"d":"0.00"},0,0,0,0,0,0,0,0,0,0,0,0,0,0,0,0,0,0,{"$f":"+E824*Z824","v":{"v":0,"d":"0.00"}}]
[{"$nulls":5}," ",{"$nulls":20},0,0,0,0,0,0,0,0,0,0,0,0,0,0,0,0,0,0," "]
["5.1.8","Type-G",{"$nulls":3}," ",{"$nulls":20},0,0,0,0,0,0,0,0,0,0,0,0,0,0,0,0,0,0," "]
[null,"       Supply","each",{"$f":"70+511","v":581},{"v":345,"d":"345.00"},{"v":200445,"d":"200,445.00"},{"v":0,"d":"0.00"},{"v":0,"d":"0.00"},{"v":0,"d":"0.00"},{"v":0,"d":"0.00"},{"v":0,"d":"0.00"},{"v":0,"d":"0.00"},{"v":0,"d":"0.00"},{"v":16,"d":"16.00"},{"v":0,"d":"0.00"},{"v":0,"d":"0.00"},{"v":0,"d":"0.00"},{"v":0,"d":"0.00"},{"v":0,"d":"0.00"},{"v":0,"d":"0.00"},{"$nulls":3},{"v":0,"d":"0.00"},{"v":36,"d":"36.00"},{"v":52,"d":"52.00"},0,0,0,0,0,0,0,{"v":5520,"d":"5,520"},0,0,0,0,0,0,0,0,{"v":12420,"d":"12,420"},{"v":17940,"d":"17,940"},{"$f":"+E827*Z827","v":{"v":17940,"d":"17,940.00"}}]
[null,"       Install","each",{"$f":"D827","v":581},{"v":80,"d":"80.00"},{"v":46480,"d":"46,480.00"},{"v":0,"d":"0.00"},{"v":0,"d":"0.00"},{"v":0,"d":"0.00"},{"v":0,"d":"0.00"},{"v":0,"d":"0.00"},{"v":0,"d":"0.00"},{"v":0,"d":"0.00"},{"v":17,"d":"17.00"},{"v":0,"d":"0.00"},{"v":0,"d":"0.00"},{"v":0,"d":"0.00"},{"v":0,"d":"0.00"},{"v":0,"d":"0.00"},{"v":0,"d":"0.00"},{"$nulls":3},{"v":0,"d":"0.00"},{"v":36,"d":"36.00"},{"v":53,"d":"53.00"},0,0,0,0,0,0,0,{"v":1360,"d":"1,360"},0,0,0,0,0,0,0,0,{"v":2880,"d":"2,880"},{"v":4240,"d":"4,240"},{"$f":"+E828*Z828","v":{"v":4240,"d":"4,240.00"}}]
[{"$nulls":5}," ",{"$nulls":20},0,0,0,0,0,0,0,0,0,0,0,0,0,0,0,0,0,0," "]
["5.1.9","Type-J 1200*600",{"$nulls":3}," ",{"$nulls":20},0,0,0,0,0,0,0,0,0,0,0,0,0,0,0,0,0,0," "]
[null,"       Supply","each",{"$f":"102+506+1+20","v":629},{"v":576,"d":"576.00"},{"v":362304,"d":"362,304.00"},{"v":0,"d":"0.00"},{"v":0,"d":"0.00"},{"v":0,"d":"0.00"},{"v":0,"d":"0.00"},{"v":0,"d":"0.00"},{"v":0,"d":"0.00"},{"v":0,"d":"0.00"},{"v":6,"d":"6.00"},{"v":0,"d":"0.00"},{"v":0,"d":"0.00"},{"v":0,"d":"0.00"},{"v":0,"d":"0.00"},{"v":0,"d":"0.00"},{"v":0,"d":"0.00"},{"$nulls":3},{"v":0,"d":"0.00"},{"v":259,"d":"259.00"},{"v":265,"d":"265.00"},0,0,0,0,0,0,0,{"v":3456,"d":"3,456"},0,0,0,0,0,0,0,0,{"v":149184,"d":"149,184"},{"v":152640,"d":"152,640"},{"$f":"+E831*Z831","v":{"v":152640,"d":"152,640.00"}}]
[null,"       Install","each",{"$f":"D831","v":629},{"v":80,"d":"80.00"},{"v":50320,"d":"50,320.00"},{"v":0,"d":"0.00"},{"v":0,"d":"0.00"},{"v":0,"d":"0.00"},{"v":0,"d":"0.00"},{"v":0,"d":"0.00"},{"v":0,"d":"0.00"},{"v":0,"d":"0.00"},{"v":10,"d":"10.00"},{"v":0,"d":"0.00"},{"v":0,"d":"0.00"},{"v":0,"d":"0.00"},{"v":0,"d":"0.00"},{"v":0,"d":"0.00"},{"v":0,"d":"0.00"},{"$nulls":3},{"v":0,"d":"0.00"},{"v":2,"d":"2.00"},{"v":12,"d":"12.00"},0,0,0,0,0,0,0,800,0,0,0,0,0,0,0,0,160,960,{"$f":"+E832*Z832","v":{"v":960,"d":"960.00"}}]
[{"$nulls":5}," ",{"$nulls":20},0,0,0,0,0,0,0,0,0,0,0,0,0,0,0,0,0,0," "]
["5.1.10","Type-J/NL 1200*600",{"$nulls":3}," ",{"$nulls":20},0,0,0,0,0,0,0,0,0,0,0,0,0,0,0,0,0,0," "]
[null,"       Supply","each",{"$f":"96+24","v":120},{"v":683,"d":"683.00"},{"v":81960,"d":"81,960.00"},{"v":0,"d":"0.00"},{"v":0,"d":"0.00"},{"v":0,"d":"0.00"},{"v":0,"d":"0.00"},{"v":0,"d":"0.00"},{"v":0,"d":"0.00"},{"v":0,"d":"0.00"},{"v":0,"d":"0.00"},{"v":0,"d":"0.00"},{"v":0,"d":"0.00"},{"v":0,"d":"0.00"},{"v":0,"d":"0.00"},{"v":0,"d":"0.00"},{"v":0,"d":"0.00"},{"$nulls":3},{"v":0,"d":"0.00"},{"v":4,"d":"4.00"},{"v":4,"d":"4.00"},0,0,0,0,0,0,0,0,0,0,0,0,0,0,0,0,{"v":2732,"d":"2,732"},{"v":2732,"d":"2,732"},{"$f":"+E835*Z835","v":{"v":2732,"d":"2,732.00"}}]
[null,"       Install","each",{"$f":"D835","v":120},{"v":90,"d":"90.00"},{"v":10800,"d":"10,800.00"},{"v":0,"d":"0.00"},{"v":0,"d":"0.00"},{"v":0,"d":"0.00"},{"v":0,"d":"0.00"},{"v":0,"d":"0.00"},{"v":0,"d":"0.00"},{"v":0,"d":"0.00"},{"v":0,"d":"0.00"},{"v":0,"d":"0.00"},{"v":0,"d":"0.00"},{"v":0,"d":"0.00"},{"v":0,"d":"0.00"},{"v":0,"d":"0.00"},{"v":0,"d":"0.00"},{"$nulls":3},{"v":0,"d":"0.00"},{"v":0,"d":"0.00"},{"v":0,"d":"0.00"},0,0,0,0,0,0,0,0,0,0,0,0,0,0,0,0,0,0,{"$f":"+E836*Z836","v":{"v":0,"d":"0.00"}}]
[{"$nulls":5}," ",{"$nulls":20},0,0,0,0,0,0,0,0,0,0,0,0,0,0,0,0,0,0," "]
["5.1.11","Type-JS 600*600",{"$nulls":3}," ",{"$nulls":20},0,0,0,0,0,0,0,0,0,0,0,0,0,0,0,0,0,0," "]
[null,"       Supply","each",{"$f":"330+997+16+1239+12+400","v":{"v":2994,"d":"2,994"}},{"v":500,"d":"500.00"},{"v":1497000,"d":"1,497,000.00"},{"v":0,"d":"0.00"},{"v":0,"d":"0.00"},{"v":0,"d":"0.00"},{"v":0,"d":"0.00"},{"v":0,"d":"0.00"},{"v":0,"d":"0.00"},{"v":0,"d":"0.00"},{"v":251,"d":"251.00"},{"v":154,"d":"154.00"},{"v":0,"d":"0.00"},{"v":0,"d":"0.00"},{"v":0,"d":"0.00"},{"v":0,"d":"0.00"},{"v":0,"d":"0.00"},{"$nulls":3},{"v":0,"d":"0.00"},{"v":1224,"d":"1,224.00"},{"v":1629,"d":"1,629.00"},0,0,0,0,0,0,0,{"v":125500,"d":"125,500"},{"v":77000,"d":"77,000"},0,0,0,0,0,0,0,{"v":612000,"d":"612,000"},{"v":814500,"d":"814,500"},{"$f":"+E839*Z839","v":{"v":814500,"d":"814,500.00"}}]
[null,"       Install","each",{"$f":"D839","v":{"v":2994,"d":"2,994"}},{"v":80,"d":"80.00"},{"v":239520,"d":"239,520.00"},{"v":0,"d":"0.00"},{"v":0,"d":"0.00"},{"v":0,"d":"0.00"},{"v":0,"d":"0.00"},{"v":0,"d":"0.00"},{"v":0,"d":"0.00"},{"v":0,"d":"0.00"},{"v":255,"d":"255.00"},{"v":155,"d":"155.00"},{"v":0,"d":"0.00"},{"v":0,"d":"0.00"},{"v":0,"d":"0.00"},{"v":0,"d":"0.00"},{"v":0,"d":"0.00"},{"$nulls":3},{"v":0,"d":"0.00"},{"v":-119,"d":"-119.00"},{"v":291,"d":"291.00"},0,0,0,0,0,0,0,{"v":20400,"d":"20,400"},{"v":12400,"d":"12,400"},0,0,0,0,0,0,0,{"v":-9520,"d":"-9,520"},{"v":23280,"d":"23,280"},{"$f":"+E840*Z840","v":{"v":23280,"d":"23,280.00"}}]
[{"$nulls":5}," ",{"$nulls":38}," "]
[]
[null,"Amount Carried Forward ",{"$nulls":3},{"$f":"SUM(F794:F842)","v":{"v":3677487.11,"d":"3,677,487.11"}},{"$nulls":37},{"$f":"SUM(AR792:AR842)","v":{"v":1390123.45,"d":"1,390,123"}},{"$f":"SUM(AS792:AS842)","v":{"v":1390123.45,"d":"1,390,123.45"}}]
[]
["MAIN HOSPITAL ELECTRICAL INSTALLATION"]
["CECILIA MAKIWANE HOSPITAL : PHASE 4C"]
[]
[{"$f":"A790","v":"BILL NO. 5 : LUMINAIRES (SMME PACKAGE No3)"}]
["ITEM","DESCRIPTION","UNIT","QTY","RATE","TENDER AMOUNT","A-LV05","B-LV04","D-LV03","E1-LV03","E2","F1","F2","G1","G2","H1","H2","J1","J2","J3",null,"G/House",null,"N","Other","Total Qty","A","B","D","E1","E2","F1","F2","G1","G2","H1","H2","J1","J2","J3","K","N","Other","Total Amount","Total Claimed"]
[null,"AMOUNT CARRIED FORWARD FROM PREVIOUS BILL",{"$nulls":3},{"$f":"F843","v":{"v":3677487.11,"d":"3,677,487.11"}},{"$nulls":37},{"$f":"+AR843","v":{"v":1390123.45,"d":"1,390,123"}},{"$f":"AS843","v":{"v":1390123.45,"d":"1,390,123.45"}}]
[]
["5.1.12","Type-JS/NL 600*600"]
[" ","       Supply","each",{"$f":"37+15+6","v":58},{"v":585,"d":"585.00"},{"$f":"$D853*E853","v":{"v":33930,"d":"33,930.00"}},{"v":0,"d":"0.00"},{"v":0,"d":"0.00"},{"v":0,"d":"0.00"},{"v":0,"d":"0.00"},{"v":0,"d":"0.00"},{"v":0,"d":"0.00"},{"v":0,"d":"0.00"},{"v":0,"d":"0.00"},{"v":0,"d":"0.00"},{"v":0,"d":"0.00"},{"v":0,"d":"0.00"},{"v":0,"d":"0.00"},{"v":0,"d":"0.00"},{"v":0,"d":"0.00"},{"$nulls":3},{"v":0,"d":"0.00"},{"v":0,"d":"0.00"},{"$f":"SUM(G853:Y853)","v":{"v":0,"d":"0.00"}},{"$f":"G853*E853","v":0},{"$f":"H853*E853","v":0},{"$f":"I853*E853","v":0},{"$f":"J853*E853","v":0},{"$f":"K853*E853","v":0},{"$f":"L853*E853","v":0},{"$f":"+M853*E853","v":0},{"$f":"N853*E853","v":0},{"$f":"O853*E853","v":0},{"$f":"P853*E853","v":0},{"$f":"Q853*E853","v":0},{"$f":"R853*E853","v":0},{"$f":"S853*E853","v":0},{"$f":"T853*E853","v":0},{"$f":"W853*E853","v":0},{"$f":"X853*E853","v":0},{"$f":"Y853*E853","v":0},{"$f":"SUM(AA853:AQ853)","v":0},{"$f":"+E853*Z853","v":{"v":0,"d":"0.00"}}]
[null,"       Install","each",{"$f":"D853","v":58},{"v":90,"d":"90.00"},{"v":5220,"d":"5,220.00"},{"v":0,"d":"0.00"},{"v":0,"d":"0.00"},{"v":0,"d":"0.00"},{"v":0,"d":"0.00"},{"v":0,"d":"0.00"},{"v":0,"d":"0.00"},{"v":0,"d":"0.00"},{"v":0,"d":"0.00"},{"v":0,"d":"0.00"},{"v":0,"d":"0.00"},{"v":0,"d":"0.00"},{"v":0,"d":"0.00"},{"v":0,"d":"0.00"},{"v":0,"d":"0.00"},{"$nulls":3},{"v":0,"d":"0.00"},{"v":0,"d":"0.00"},{"$f":"SUM(G854:Y854)","v":{"v":0,"d":"0.00"}},0,0,0,0,0,0,0,0,0,0,0,0,0,0,0,0,0,{"$f":"SUM(AA854:AQ854)","v":0},{"$f":"+E854*Z854","v":{"v":0,"d":"0.00"}}]
[{"$nulls":5}," ",{"$nulls":20},0,0,0,0,0,0,0,0,0,0,0,0,0,0,0,0,0,0," "]
["5.1.13","Type-Z/ES 1X18W",{"$nulls":3}," ",{"$nulls":20},0,0,0,0,0,0,0,0,0,0,0,0,0,0,0,0,0,0," "]
[null,"       Supply","each",{"$f":"139+378","v":517},{"v":175,"d":"175.00"},{"v":90475,"d":"90,475.00"},{"v":0,"d":"0.00"},{"v":0,"d":"0.00"},{"v":0,"d":"0.00"},{"v":0,"d":"0.00"},{"v":22,"d":"22.00"},{"v":0,"d":"0.00"},{"v":0,"d":"0.00"},{"v":16,"d":"16.00"},{"v":9,"d":"9.00"},{"v":0,"d":"0.00"},{"v":0,"d":"0.00"},{"v":0,"d":"0.00"},{"v":0,"d":"0.00"},{"v":0,"d":"0.00"},{"$nulls":3},{"v":0,"d":"0.00"},{"v":-22,"d":"-22.00"},{"v":25,"d":"25.00"},0,0,0,0,{"v":3850,"d":"3,850"},0,0,{"v":2800,"d":"2,800"},{"v":1575,"d":"1,575"},0,0,0,0,0,0,0,{"v":-3850,"d":"-3,850"},{"v":4375,"d":"4,375"},{"$f":"+E857*Z857","v":{"v":4375,"d":"4,375.00"}}]
[null,"       Install","each",{"$f":"D857","v":517},{"v":70,"d":"70.00"},{"v":36190,"d":"36,190.00"},{"v":0,"d":"0.00"},{"v":0,"d":"0.00"},{"v":0,"d":"0.00"},{"v":0,"d":"0.00"},{"v":0,"d":"0.00"},{"v":0,"d":"0.00"},{"v":0,"d":"0.00"},{"v":16,"d":"16.00"},{"v":8,"d":"8.00"},{"v":0,"d":"0.00"},{"v":0,"d":"0.00"},{"v":0,"d":"0.00"},{"v":0,"d":"0.00"},{"v":0,"d":"0.00"},{"$nulls":3},{"v":0,"d":"0.00"},{"v":0,"d":"0.00"},{"v":24,"d":"24.00"},0,0,0,0,0,0,0,{"v":1120,"d":"1,120"},560,0,0,0,0,0,0,0,0,{"v":1680,"d":"1,680"},{"$f":"+E858*Z858","v":{"v":1680,"d":"1,680.00"}}]
[{"$nulls":5}," ",{"$nulls":20},0,0,0,0,0,0,0,0,0,0,0,0,0,0,0,0,0,0," "]
["5.1.14","Type-Z/UPS 2X18W",{"$nulls":3}," ",{"$nulls":20},0,0,0,0,0,0,0,0,0,0,0,0,0,0,0,0,0,0," "]
[" ","       Supply","each",{"v":1145,"d":"1,145"},{"v":230,"d":"230.00"},{"v":263350,"d":"263,350.00"},{"v":0,"d":"0.00"},{"v":0,"d":"0.00"},{"v":0,"d":"0.00"},{"v":0,"d":"0.00"},{"v":3,"d":"3.00"},{"v":0,"d":"0.00"},{"v":0,"d":"0.00"},{"v":0,"d":"0.00"},{"v":0,"d":"0.00"},{"v":0,"d":"0.00"},{"v":0,"d":"0.00"},{"v":0,"d":"0.00"},{"v":0,"d":"0.00"},{"v":0,"d":"0.00"},{"$nulls":3},{"v":0,"d":"0.00"},{"v":0,"d":"0.00"},{"v":3,"d":"3.00"},0,0,0,0,690,0,0,0,0,0,0,0,0,0,0,0,0,690,{"$f":"+E861*Z861","v":{"v":690,"d":"690.00"}}]
[null,"       Install","each",{"$f":"D861","v":{"v":1145,"d":"1,145"}},{"v":70,"d":"70.00"},{"v":80150,"d":"80,150.00"},{"v":0,"d":"0.00"},{"v":0,"d":"0.00"},{"v":0,"d":"0.00"},{"v":0,"d":"0.00"},{"v":0,"d":"0.00"},{"v":0,"d":"0.00"},{"v":0,"d":"0.00"},{"v":0,"d":"0.00"},{"v":0,"d":"0.00"},{"v":0,"d":"0.00"},{"v":0,"d":"0.00"},{"v":0,"d":"0.00"},{"v":0,"d":"0.00"},{"v":0,"d":"0.00"},{"$nulls":3},{"v":0,"d":"0.00"},{"v":0,"d":"0.00"},{"v":0,"d":"0.00"},0,0,0,0,0,0,0,0,0,0,0,0,0,0,0,0,0,0,{"$f":"+E862*Z862","v":{"v":0,"d":"0.00"}}]
[{"$nulls":5}," ",{"$nulls":20},0,0,0,0,0,0,0,0,0,0,0,0,0,0,0,0,0,0," "]
["5.1.15","Type-R (Directional)"," "," ",null," ",{"$nulls":20},0,0,0,0,0,0,0,0,0,0,0,0,0,0,0,0,0,0," "]
[" ","       Supply","each",{"$f":"40+69","v":109},{"v":850,"d":"850.00"},{"v":92650,"d":"92,650.00"},{"v":0,"d":"0.00"},{"v":0,"d":"0.00"},{"v":0,"d":"0.00"},{"v":0,"d":"0.00"},{"v":2,"d":"2.00"},{"v":0,"d":"0.00"},{"v":0,"d":"0.00"},{"v":0,"d":"0.00"},{"v":0,"d":"0.00"},{"v":0,"d":"0.00"},{"v":0,"d":"0.00"},{"v":0,"d":"0.00"},{"v":0,"d":"0.00"},{"v":0,"d":"0.00"},{"$nulls":3},{"v":0,"d":"0.00"},{"v":0,"d":"0.00"},{"v":2,"d":"2.00"},0,0,0,0,{"v":1700,"d":"1,700"},0,0,0,0,0,0,0,0,0,0,0,0,{"v":1700,"d":"1,700"},{"$f":"+E865*Z865","v":{"v":1700,"d":"1,700.00"}}]
[" ","       Install","each",{"$f":"D865","v":109},{"v":70,"d":"70.00"},{"v":7630,"d":"7,630.00"},{"v":0,"d":"0.00"},{"v":0,"d":"0.00"},{"v":0,"d":"0.00"},{"v":0,"d":"0.00"},{"v":0,"d":"0.00"},{"v":0,"d":"0.00"},{"v":0,"d":"0.00"},{"v":0,"d":"0.00"},{"v":0,"d":"0.00"},{"v":0,"d":"0.00"},{"v":0,"d":"0.00"},{"v":0,"d":"0.00"},{"v":0,"d":"0.00"},{"v":0,"d":"0.00"},{"$nulls":3},{"v":0,"d":"0.00"},{"v":0,"d":"0.00"},{"v":0,"d":"0.00"},0,0,0,0,0,0,0,0,0,0,0,0,0,0,0,0,0,0,{"$f":"+E866*Z866","v":{"v":0,"d":"0.00"}}]
[{"$nulls":5}," ",{"$nulls":20},0,0,0,0,0,0,0,0,0,0,0,0,0,0,0,0,0,0," "]
["5.1.16","Type-Exit"," "," ",null," ",{"$nulls":20},0,0,0,0,0,0,0,0,0,0,0,0,0,0,0,0,0,0," "]
[null,"       Supply","each",{"$f":"46+89","v":135},{"v":850,"d":"850.00"},{"v":114750,"d":"114,750.00"},{"v":0,"d":"0.00"},{"v":0,"d":"0.00"},{"v":0,"d":"0.00"},{"v":0,"d":"0.00"},{"v":0,"d":"0.00"},{"v":0,"d":"0.00"},{"v":0,"d":"0.00"},{"v":16,"d":"16.00"},{"v":1,"d":"1.00"},{"v":0,"d":"0.00"},{"v":0,"d":"0.00"},{"v":0,"d":"0.00"},{"v":0,"d":"0.00"},{"v":0,"d":"0.00"},{"$nulls":3},{"v":0,"d":"0.00"},{"v":36,"d":"36.00"},{"v":53,"d":"53.00"},0,0,0,0,0,0,0,{"v":13600,"d":"13,600"},850,0,0,0,0,0,0,0,{"v":30600,"d":"30,600"},{"v":45050,"d":"45,050"},{"$f":"+E869*Z869","v":{"v":45050,"d":"45,050.00"}}]
[null,"       Install","each",{"$f":"D869","v":135},{"v":70,"d":"70.00"},{"v":9450,"d":"9,450.00"},{"v":0,"d":"0.00"},{"v":0,"d":"0.00"},{"v":0,"d":"0.00"},{"v":0,"d":"0.00"},{"v":0,"d":"0.00"},{"v":0,"d":"0.00"},{"v":0,"d":"0.00"},{"v":16,"d":"16.00"},{"v":1,"d":"1.00"},{"v":0,"d":"0.00"},{"v":0,"d":"0.00"},{"v":0,"d":"0.00"},{"v":0,"d":"0.00"},{"v":0,"d":"0.00"},{"$nulls":3},{"v":0,"d":"0.00"},{"v":0,"d":"0.00"},{"v":17,"d":"17.00"},0,0,0,0,0,0,0,{"v":1120,"d":"1,120"},70,0,0,0,0,0,0,0,0,{"v":1190,"d":"1,190"},{"$f":"+E870*Z870","v":{"v":1190,"d":"1,190.00"}}]
[{"$nulls":5}," ",{"$nulls":20},0,0,0,0,0,0,0,0,0,0,0,0,0,0,0,0,0,0," "]
["5.1.17","Type-ZD",{"$nulls":3}," ",{"$nulls":20},0,0,0,0,0,0,0,0,0,0,0,0,0,0,0,0,0,0," "]
[null,"       Supply","each",{"$f":"173+4","v":177},{"v":610,"d":"610.00"},{"v":107970,"d":"107,970.00"},{"v":0,"d":"0.00"},{"v":0,"d":"0.00"},{"v":0,"d":"0.00"},{"v":0,"d":"0.00"},{"v":0,"d":"0.00"},{"v":0,"d":"0.00"},{"v":0,"d":"0.00"},{"v":0,"d":"0.00"},{"v":0,"d":"0.00"},{"v":0,"d":"0.00"},{"v":0,"d":"0.00"},{"v":0,"d":"0.00"},{"v":0,"d":"0.00"},{"v":0,"d":"0.00"},{"$nulls":3},{"v":0,"d":"0.00"},{"v":103,"d":"103.00"},{"v":103,"d":"103.00"},0,0,0,0,0,0,0,0,0,0,0,0,0,0,0,0,{"v":62830,"d":"62,830"},{"v":62830,"d":"62,830"},{"$f":"+E873*Z873","v":{"v":62830,"d":"62,830.00"}}]
[null,"       Install","each",{"$f":"D873","v":177},{"v":70,"d":"70.00"},{"v":12390,"d":"12,390.00"},{"v":0,"d":"0.00"},{"v":0,"d":"0.00"},{"v":0,"d":"0.00"},{"v":0,"d":"0.00"},{"v":0,"d":"0.00"},{"v":0,"d":"0.00"},{"v":0,"d":"0.00"},{"v":0,"d":"0.00"},{"v":0,"d":"0.00"},{"v":0,"d":"0.00"},{"v":0,"d":"0.00"},{"v":0,"d":"0.00"},{"v":0,"d":"0.00"},{"v":0,"d":"0.00"},{"$nulls":3},{"v":0,"d":"0.00"},{"v":4,"d":"4.00"},{"v":4,"d":"4.00"},0,0,0,0,0,0,0,0,0,0,0,0,0,0,0,0,280,280,{"$f":"+E874*Z874","v":{"v":280,"d":"280.00"}}]
[{"$nulls":5}," ",{"$nulls":20},0,0,0,0,0,0,0,0,0,0,0,0,0,0,0,0,0,0," "]
["5.1.18","Type-Z",{"$nulls":3}," ",{"$nulls":20},0,0,0,0,0,0,0,0,0,0,0,0,0,0,0,0,0,0," "]
[" ","       Supply","each",{"$f":"143","v":143},{"v":289,"d":"289.00"},{"v":41327,"d":"41,327.00"},{"v":0,"d":"0.00"},{"v":0,"d":"0.00"},{"v":0,"d":"0.00"},{"v":0,"d":"0.00"},{"v":0,"d":"0.00"},{"v":0,"d":"0.00"},{"v":0,"d":"0.00"},{"v":16,"d":"16.00"},{"v":0,"d":"0.00"},{"v":0,"d":"0.00"},{"v":0,"d":"0.00"},{"v":0,"d":"0.00"},{"v":0,"d":"0.00"},{"v":0,"d":"0.00"},{"$nulls":3},{"v":0,"d":"0.00"},{"v":482,"d":"482.00"},{"v":498,"d":"498.00"},0,0,0,0,0,0,0,{"v":4624,"d":"4,624"},0,0,0,0,0,0,0,0,{"v":139298,"d":"139,298"},{"v":143922,"d":"143,922"},{"$f":"+E877*Z877","v":{"v":143922,"d":"143,922.00"}}]
[" ","       Install","each",{"$f":"D877","v":143},{"v":70,"d":"70.00"},{"v":10010,"d":"10,010.00"},{"v":0,"d":"0.00"},{"v":0,"d":"0.00"},{"v":0,"d":"0.00"},{"v":0,"d":"0.00"},{"v":0,"d":"0.00"},{"v":0,"d":"0.00"},{"v":0,"d":"0.00"},{"v":16,"d":"16.00"},{"v":0,"d":"0.00"},{"v":0,"d":"0.00"},{"v":0,"d":"0.00"},{"v":0,"d":"0.00"},{"v":0,"d":"0.00"},{"v":0,"d":"0.00"},{"$nulls":3},{"v":0,"d":"0.00"},{"v":0,"d":"0.00"},{"v":16,"d":"16.00"},0,0,0,0,0,0,0,{"v":1120,"d":"1,120"},0,0,0,0,0,0,0,0,0,{"v":1120,"d":"1,120"},{"$f":"+E878*Z878","v":{"v":1120,"d":"1,120.00"}}]
[{"$nulls":5}," ",{"$nulls":20},0,0,0,0,0,0,0,0,0,0,0,0,0,0,0,0,0,0," "]
["5.1.19","Type-Z NL","each",46,{"v":489,"d":"489.00"},{"v":22494,"d":"22,494.00"},{"v":0,"d":"0.00"},{"v":0,"d":"0.00"},{"v":0,"d":"0.00"},{"v":0,"d":"0.00"},{"v":26,"d":"26.00"},{"v":0,"d":"0.00"},{"v":0,"d":"0.00"},{"v":0,"d":"0.00"},{"v":0,"d":"0.00"},{"v":0,"d":"0.00"},{"v":0,"d":"0.00"},{"v":0,"d":"0.00"},{"v":0,"d":"0.00"},{"v":0,"d":"0.00"},{"$nulls":3},{"v":0,"d":"0.00"},{"v":0,"d":"0.00"},{"v":26,"d":"26.00"},0,0,0,0,{"v":12714,"d":"12,714"},0,0,0,0,0,0,0,0,0,0,0,0,{"v":12714,"d":"12,714"},{"$f":"+E880*Z880","v":{"v":12714,"d":"12,714.00"}}]
[null,"       Supply","each",{"$f":"D880","v":46},{"v":80,"d":"80.00"},{"v":3680,"d":"3,680.00"},{"v":0,"d":"0.00"},{"v":0,"d":"0.00"},{"v":0,"d":"0.00"},{"v":0,"d":"0.00"},{"v":0,"d":"0.00"},{"v":0,"d":"0.00"},{"v":0,"d":"0.00"},{"v":0,"d":"0.00"},{"v":0,"d":"0.00"},{"v":0,"d":"0.00"},{"v":0,"d":"0.00"},{"v":0,"d":"0.00"},{"v":0,"d":"0.00"},{"v":0,"d":"0.00"},{"$nulls":3},{"v":0,"d":"0.00"},{"v":0,"d":"0.00"},{"v":0,"d":"0.00"},0,0,0,0,0,0,0,0,0,0,0,0,0,0,0,0,0,0,{"$f":"+E881*Z881","v":{"v":0,"d":"0.00"}}]
[null,"       Install",{"$nulls":3}," ",{"$nulls":20},0,0,0,0,0,0,0,0,0,0,0,0,0,0,0,0,0,0," "]
[{"$nulls":5}," ",{"$nulls":20},0,0,0,0,0,0,0,0,0,0,0,0,0,0,0,0,0,0," "]
["5.1.20","Type-AD",{"$nulls":3}," ",{"$nulls":20},0,0,0,0,0,0,0,0,0,0,0,0,0,0,0,0,0,0," "]
[null,"       Supply","each",{"$f":"146","v":146},{"v":620,"d":"620.00"},{"v":90520,"d":"90,520.00"},{"v":0,"d":"0.00"},{"v":0,"d":"0.00"},{"v":0,"d":"0.00"},{"v":0,"d":"0.00"},{"v":0,"d":"0.00"},{"v":0,"d":"0.00"},{"v":0,"d":"0.00"},{"v":0,"d":"0.00"},{"v":0,"d":"0.00"},{"v":0,"d":"0.00"},{"v":0,"d":"0.00"},{"v":0,"d":"0.00"},{"v":0,"d":"0.00"},{"v":0,"d":"0.00"},{"$nulls":3},{"v":0,"d":"0.00"},{"v":0,"d":"0.00"},{"v":0,"d":"0.00"},0,0,0,0,0,0,0,0,0,0,0,0,0,0,0,0,0,0,{"$f":"+E885*Z885","v":{"v":0,"d":"0.00"}}]
[null,"       Install","each",{"$f":"D885","v":146},{"v":70,"d":"70.00"},{"v":10220,"d":"10,220.00"},{"v":0,"d":"0.00"},{"v":0,"d":"0.00"},{"v":0,"d":"0.00"},{"v":0,"d":"0.00"},{"v":0,"d":"0.00"},{"v":0,"d":"0.00"},{"v":0,"d":"0.00"},{"v":0,"d":"0.00"},{"v":0,"d":"0.00"},{"v":0,"d":"0.00"},{"v":0,"d":"0.00"},{"v":0,"d":"0.00"},{"v":0,"d":"0.00"},{"v":0,"d":"0.00"},{"$nulls":3},{"v":0,"d":"0.00"},{"v":0,"d":"0.00"},{"v":0,"d":"0.00"},0,0,0,0,0,0,0,0,0,0,0,0,0,0,0,0,0,0,{"$f":"+E886*Z886","v":{"v":0,"d":"0.00"}}]
[{"$nulls":5}," ",{"$nulls":20},0,0,0,0,0,0,0,0,0,0,0,0,0,0,0,0,0,0," "]
["5.1.21","Type-UP LIGHTER/WASHER"," ",null,null," ",{"$nulls":20},0,0,0,0,0,0,0,0,0,0,0,0,0,0,0,0,0,0," "]
[" ","       Supply","each",48,{"v":140,"d":"140.00"},{"v":6720,"d":"6,720.00"},{"v":0,"d":"0.00"},{"v":0,"d":"0.00"},{"v":0,"d":"0.00"},{"v":0,"d":"0.00"},{"v":0,"d":"0.00"},{"v":0,"d":"0.00"},{"v":0,"d":"0.00"},{"v":0,"d":"0.00"},{"v":0,"d":"0.00"},{"v":0,"d":"0.00"},{"v":0,"d":"0.00"},{"v":0,"d":"0.00"},{"v":0,"d":"0.00"},{"v":0,"d":"0.00"},{"$nulls":3},{"v":0,"d":"0.00"},{"v":1,"d":"1.00"},{"v":1,"d":"1.00"},0,0,0,0,0,0,0,0,0,0,0,0,0,0,0,0,140,140,{"$f":"+E889*Z889","v":{"v":140,"d":"140.00"}}]
[" ","       Install","each",{"$f":"D889","v":48},{"v":90,"d":"90.00"},{"v":4320,"d":"4,320.00"},{"v":0,"d":"0.00"},{"v":0,"d":"0.00"},{"v":0,"d":"0.00"},{"v":0,"d":"0.00"},{"v":0,"d":"0.00"},{"v":0,"d":"0.00"},{"v":0,"d":"0.00"},{"v":0,"d":"0.00"},{"v":0,"d":"0.00"},{"v":0,"d":"0.00"},{"v":0,"d":"0.00"},{"v":0,"d":"0.00"},{"v":0,"d":"0.00"},{"v":0,"d":"0.00"},{"$nulls":3},{"v":0,"d":"0.00"},{"v":0,"d":"0.00"},{"v":0,"d":"0.00"},0,0,0,0,0,0,0,0,0,0,0,0,0,0,0,0,0,0,{"$f":"+E890*Z890","v":{"v":0,"d":"0.00"}}]
[{"$nulls":5}," ",{"$nulls":20},0,0,0,0,0,0,0,0,0,0,0,0,0,0,0,0,0,0," "]
["5.1.22","Type-DOWN LIGHTER/WASHER"," ",null,null," ",{"$nulls":20},0,0,0,0,0,0,0,0,0,0,0,0,0,0,0,0,0,0," "]
[null,"       Supply","each",42,{"v":195,"d":"195.00"},{"v":8190,"d":"8,190.00"},{"v":0,"d":"0.00"},{"v":0,"d":"0.00"},{"v":0,"d":"0.00"},{"v":0,"d":"0.00"},{"v":0,"d":"0.00"},{"v":0,"d":"0.00"},{"v":0,"d":"0.00"},{"v":0,"d":"0.00"},{"v":0,"d":"0.00"},{"v":0,"d":"0.00"},{"v":0,"d":"0.00"},{"v":0,"d":"0.00"},{"v":0,"d":"0.00"},{"v":0,"d":"0.00"},{"$nulls":3},{"v":0,"d":"0.00"},{"v":1,"d":"1.00"},{"v":1,"d":"1.00"},0,0,0,0,0,0,0,0,0,0,0,0,0,0,0,0,195,195,{"$f":"+E893*Z893","v":{"v":195,"d":"195.00"}}]
[null,"       Install","each",{"$f":"D893","v":42},{"v":90,"d":"90.00"},{"v":3780,"d":"3,780.00"},{"v":0,"d":"0.00"},{"v":0,"d":"0.00"},{"v":0,"d":"0.00"},{"v":0,"d":"0.00"},{"v":0,"d":"0.00"},{"v":0,"d":"0.00"},{"v":0,"d":"0.00"},{"v":0,"d":"0.00"},{"v":0,"d":"0.00"},{"v":0,"d":"0.00"},{"v":0,"d":"0.00"},{"v":0,"d":"0.00"},{"v":0,"d":"0.00"},{"v":0,"d":"0.00"},{"$nulls":3},{"v":0,"d":"0.00"},{"v":0,"d":"0.00"},{"v":0,"d":"0.00"},0,0,0,0,0,0,0,0,0,0,0,0,0,0,0,0,0,0,{"$f":"+E894*Z894","v":{"v":0,"d":"0.00"}}]
[{"$nulls":5}," ",{"$nulls":20},0,0,0,0,0,0,0,0,0,0,0,0,0,0,0,0,0,0," "]
["5.1.23","Type-Tuckshop suspension fittings Radiant JC 63 (1x18w)",{"$nulls":3}," ",{"$nulls":20},0,0,0,0,0,0,0,0,0,0,0,0,0,0,0,0,0,0," "]
[null,"       Supply","each",24,{"v":1145,"d":"1,145.00"},{"v":27480,"d":"27,480.00"},{"v":0,"d":"0.00"},{"v":0,"d":"0.00"},{"v":0,"d":"0.00"},{"v":0,"d":"0.00"},{"v":0,"d":"0.00"},{"v":0,"d":"0.00"},{"v":0,"d":"0.00"},{"v":0,"d":"0.00"},{"v":0,"d":"0.00"},{"v":0,"d":"0.00"},{"v":0,"d":"0.00"},{"v":0,"d":"0.00"},{"v":0,"d":"0.00"},{"v":0,"d":"0.00"},{"$nulls":3},{"v":0,"d":"0.00"},{"v":1,"d":"1.00"},{"v":1,"d":"1.00"},0,0,0,0,0,0,0,0,0,0,0,0,0,0,0,0,{"v":1145,"d":"1,145"},{"v":1145,"d":"1,145"},{"$f":"+E897*Z897","v":{"v":1145,"d":"1,145.00"}}]
[null,"       Install","each",{"$f":"D897","v":24},{"v":90,"d":"90.00"},{"v":2160,"d":"2,160.00"},{"v":0,"d":"0.00"},{"v":0,"d":"0.00"},{"v":0,"d":"0.00"},{"v":0,"d":"0.00"},{"v":0,"d":"0.00"},{"v":0,"d":"0.00"},{"v":0,"d":"0.00"},{"v":0,"d":"0.00"},{"v":0,"d":"0.00"},{"v":0,"d":"0.00"},{"v":0,"d":"0.00"},{"v":0,"d":"0.00"},{"v":0,"d":"0.00"},{"v":0,"d":"0.00"},{"$nulls":3},{"v":0,"d":"0.00"},{"v":0,"d":"0.00"},{"v":0,"d":"0.00"},0,0,0,0,0,0,0,0,0,0,0,0,0,0,0,0,0,0,{"$f":"+E898*Z898","v":{"v":0,"d":"0.00"}}]
[]
[null,"Amount Carried Forward ",{"$nulls":3},{"$f":"SUM(F850:F899)","v":{"v":4762543.109999999,"d":"4,762,543.11"}},{"$nulls":37},{"$f":"SUM(AR850:AR899)","v":{"v":1667154.45,"d":"1,667,154"}},{"$f":"SUM(AS850:AS899)","v":{"v":1667154.45,"d":"1,667,154.45"}}]
[]
["MAIN HOSPITAL ELECTRICAL INSTALLATION"]
["CECILIA MAKIWANE HOSPITAL : PHASE 4C"]
[]
[{"$f":"A848","v":"BILL NO. 5 : LUMINAIRES (SMME PACKAGE No3)"}]
["ITEM","DESCRIPTION","UNIT","QTY","RATE","TENDER AMOUNT","A-LV05","B-LV04","D-LV03","E1-LV03","E2","F1","F2","G1","G2","H1","H2","J1","J2","J3",null,"G/House",null,"N","Other","Total Qty","A","B","D","E1","E2","F1","F2","G1","G2","H1","H2","J1","J2","J3","K","N","Other","Total Amount","Total Claimed"]
[null,"AMOUNT CARRIED FORWARD FROM PREVIOUS BILL",{"$nulls":3},{"$f":"F900","v":{"v":4762543.109999999,"d":"4,762,543.11"}},{"$nulls":37},{"$f":"+AR900","v":{"v":1667154.45,"d":"1,667,154"}},{"$f":"AS900","v":{"v":1667154.45,"d":"1,667,154.45"}}]
[]
["5.1.24","Type-XS"]
[" ","       Supply","each",40,{"v":199,"d":"199.00"},{"$f":"$D910*E910","v":{"v":7960,"d":"7,960.00"}},{"v":0,"d":"0.00"},{"v":0,"d":"0.00"},{"v":0,"d":"0.00"},{"v":0,"d":"0.00"},{"v":0,"d":"0.00"},{"v":0,"d":"0.00"},{"v":0,"d":"0.00"},{"v":0,"d":"0.00"},{"v":0,"d":"0.00"},{"v":0,"d":"0.00"},{"v":0,"d":"0.00"},{"v":0,"d":"0.00"},{"v":0,"d":"0.00"},{"v":0,"d":"0.00"},{"$nulls":3},{"v":0,"d":"0.00"},{"v":1,"d":"1.00"},{"$f":"SUM(G910:Y910)","v":{"v":1,"d":"1.00"}},{"$f":"G910*E910","v":0},{"$f":"H910*E910","v":0},{"$f":"I910*E910","v":0},{"$f":"J910*E910","v":0},{"$f":"K910*E910","v":0},{"$f":"L910*E910","v":0},{"$f":"+M910*E910","v":0},{"$f":"N910*E910","v":0},{"$f":"O910*E910","v":0},{"$f":"P910*E910","v":0},{"$f":"Q910*E910","v":0},{"$f":"R910*E910","v":0},{"$f":"S910*E910","v":0},{"$f":"T910*E910","v":0},{"$f":"W910*E910","v":0},{"$f":"X910*E910","v":0},{"$f":"Y910*E910","v":199},{"$f":"SUM(AA910:AQ910)","v":199},{"$f":"+E910*Z910","v":{"v":199,"d":"199.00"}}]
[null,"       Install","each",{"$f":"D910","v":40},{"v":70,"d":"70.00"},{"v":2800,"d":"2,800.00"},{"v":0,"d":"0.00"},{"v":0,"d":"0.00"},{"v":0,"d":"0.00"},{"v":0,"d":"0.00"},{"v":0,"d":"0.00"},{"v":0,"d":"0.00"},{"v":0,"d":"0.00"},{"v":0,"d":"0.00"},{"v":0,"d":"0.00"},{"v":0,"d":"0.00"},{"v":0,"d":"0.00"},{"v":0,"d":"0.00"},{"v":0,"d":"0.00"},{"v":0,"d":"0.00"},{"$nulls":3},{"v":0,"d":"0.00"},{"v":0,"d":"0.00"},{"$f":"SUM(G911:Y911)","v":{"v":0,"d":"0.00"}},0,0,0,0,0,0,0,0,0,0,0,0,0,0,0,0,0,{"$f":"SUM(AA911:AQ911)","v":0},{"$f":"+E911*Z911","v":{"v":0,"d":"0.00"}}]
[{"$nulls":5}," ",{"$nulls":20},0,0,0,0,0,0,0,0,0,0,0,0,0,0,0,0,0,0]
["5.1.25","Type-Flame Proof",{"$nulls":3}," ",{"$nulls":20},0,0,0,0,0,0,0,0,0,0,0,0,0,0,0,0,0,0]
[null,"       Supply","each",24,{"v":2560,"d":"2,560.00"},{"v":61440,"d":"61,440.00"},{"v":0,"d":"0.00"},{"v":0,"d":"0.00"},{"v":0,"d":"0.00"},{"v":0,"d":"0.00"},{"v":0,"d":"0.00"},{"v":0,"d":"0.00"},{"v":0,"d":"0.00"},{"v":0,"d":"0.00"},{"v":0,"d":"0.00"},{"v":0,"d":"0.00"},{"v":0,"d":"0.00"},{"v":0,"d":"0.00"},{"v":0,"d":"0.00"},{"v":0,"d":"0.00"},{"$nulls":3},{"v":0,"d":"0.00"},{"v":1,"d":"1.00"},{"v":1,"d":"1.00"},0,0,0,0,0,0,0,0,0,0,0,0,0,0,0,0,{"v":2560,"d":"2,560"},{"v":2560,"d":"2,560"},{"$f":"+E914*Z914","v":{"v":2560,"d":"2,560.00"}}]
[null,"       Install","each",{"$f":"D914","v":24},{"v":120,"d":"120.00"},{"v":2880,"d":"2,880.00"},{"v":0,"d":"0.00"},{"v":0,"d":"0.00"},{"v":0,"d":"0.00"},{"v":0,"d":"0.00"},{"v":0,"d":"0.00"},{"v":0,"d":"0.00"},{"v":0,"d":"0.00"},{"v":0,"d":"0.00"},{"v":0,"d":"0.00"},{"v":0,"d":"0.00"},{"v":0,"d":"0.00"},{"v":0,"d":"0.00"},{"v":0,"d":"0.00"},{"v":0,"d":"0.00"},{"$nulls":3},{"v":0,"d":"0.00"},{"v":0,"d":"0.00"},{"v":0,"d":"0.00"},0,0,0,0,0,0,0,0,0,0,0,0,0,0,0,0,0,0,{"$f":"+E915*Z915","v":{"v":0,"d":"0.00"}}]
[{"$nulls":5}," ",{"$nulls":20},0,0,0,0,0,0,0,0,0,0,0,0,0,0,0,0,0,0]
["5.1.26","Type NR (52218)",{"$nulls":3}," ",{"$nulls":20},0,0,0,0,0,0,0,0,0,0,0,0,0,0,0,0,0,0]
[null,"Supply","each",60,679.62,{"v":40777.2,"d":"40,777.20"},{"v":0,"d":"0.00"},{"v":0,"d":"0.00"},{"v":0,"d":"0.00"},{"v":0,"d":"0.00"},{"v":0,"d":"0.00"},{"v":0,"d":"0.00"},{"v":0,"d":"0.00"},{"v":0,"d":"0.00"},{"v":0,"d":"0.00"},{"v":0,"d":"0.00"},{"v":0,"d":"0.00"},{"v":0,"d":"0.00"},{"v":0,"d":"0.00"},{"v":0,"d":"0.00"},{"$nulls":3},{"v":0,"d":"0.00"},{"v":0,"d":"0.00"},{"v":0,"d":"0.00"},0,0,0,0,0,0,0,0,0,0,0,0,0,0,0,0,0,0,{"$f":"+E918*Z918","v":{"v":0,"d":"0.00"}}]
[null,"Install","each",{"$f":"D918","v":60},{"v":90,"d":"90.00"},{"v":5400,"d":"5,400.00"},{"v":0,"d":"0.00"},{"v":0,"d":"0.00"},{"v":0,"d":"0.00"},{"v":0,"d":"0.00"},{"v":0,"d":"0.00"},{"v":0,"d":"0.00"},{"v":0,"d":"0.00"},{"v":0,"d":"0.00"},{"v":0,"d":"0.00"},{"v":0,"d":"0.00"},{"v":0,"d":"0.00"},{"v":0,"d":"0.00"},{"v":0,"d":"0.00"},{"v":0,"d":"0.00"},{"$nulls":3},{"v":0,"d":"0.00"},{"v":0,"d":"0.00"},{"v":0,"d":"0.00"},0,0,0,0,0,0,0,0,0,0,0,0,0,0,0,0,0,0,{"$f":"+E919*Z919","v":{"v":0,"d":"0.00"}}]
[{"$nulls":5}," ",{"$nulls":20},0,0,0,0,0,0,0,0,0,0,0,0,0,0,0,0,0,0]
["5.1.27","Type Spike",{"$nulls":3}," ",{"$nulls":20},0,0,0,0,0,0,0,0,0,0,0,0,0,0,0,0,0,0]
[null,"Supply","each",70,{"v":3694.95,"d":"3,694.95"},{"v":258646.5,"d":"258,646.50"},{"v":0,"d":"0.00"},{"v":0,"d":"0.00"},{"v":0,"d":"0.00"},{"v":0,"d":"0.00"},{"v":0,"d":"0.00"},{"v":0,"d":"0.00"},{"v":0,"d":"0.00"},{"v":0,"d":"0.00"},{"v":0,"d":"0.00"},{"v":0,"d":"0.00"},{"v":0,"d":"0.00"},{"v":0,"d":"0.00"},{"v":0,"d":"0.00"},{"v":0,"d":"0.00"},{"$nulls":3},{"v":0,"d":"0.00"},{"v":0,"d":"0.00"},{"v":0,"d":"0.00"},0,0,0,0,0,0,0,0,0,0,0,0,0,0,0,0,0,0,{"$f":"+E922*Z922","v":{"v":0,"d":"0.00"}}]
[null,"Install","each",{"$f":"D922","v":70},{"v":90,"d":"90.00"},{"v":6300,"d":"6,300.00"},{"v":0,"d":"0.00"},{"v":0,"d":"0.00"},{"v":0,"d":"0.00"},{"v":0,"d":"0.00"},{"v":0,"d":"0.00"},{"v":0,"d":"0.00"},{"v":0,"d":"0.00"},{"v":0,"d":"0.00"},{"v":0,"d":"0.00"},{"v":0,"d":"0.00"},{"v":0,"d":"0.00"},{"v":0,"d":"0.00"},{"v":0,"d":"0.00"},{"v":0,"d":"0.00"},{"$nulls":3},{"v":0,"d":"0.00"},{"v":0,"d":"0.00"},{"v":0,"d":"0.00"},0,0,0,0,0,0,0,0,0,0,0,0,0,0,0,0,0,0,{"$f":"+E923*Z923","v":{"v":0,"d":"0.00"}}]
[{"$nulls":5}," ",{"$nulls":20},0,0,0,0,0,0,0,0,0,0,0,0,0,0,0,0,0,0]
["5.1.28","Reading Lamp Wall mounted",{"$nulls":3}," ",{"$nulls":20},0,0,0,0,0,0,0,0,0,0,0,0,0,0,0,0,0,0]
[null,"       Supply","each",{"$f":"8+3+3+5","v":19},{"v":310,"d":"310.00"},{"v":5890,"d":"5,890.00"},{"v":0,"d":"0.00"},{"v":0,"d":"0.00"},{"v":0,"d":"0.00"},{"v":0,"d":"0.00"},{"v":0,"d":"0.00"},{"v":0,"d":"0.00"},{"v":0,"d":"0.00"},{"v":1,"d":"1.00"},{"v":0,"d":"0.00"},{"v":0,"d":"0.00"},{"v":0,"d":"0.00"},{"v":0,"d":"0.00"},{"v":0,"d":"0.00"},{"v":0,"d":"0.00"},{"$nulls":3},{"v":0,"d":"0.00"},{"v":23,"d":"23.00"},{"v":24,"d":"24.00"},0,0,0,0,0,0,0,310,0,0,0,0,0,0,0,0,{"v":7130,"d":"7,130"},{"v":7440,"d":"7,440"},{"$f":"+E926*Z926","v":{"v":7440,"d":"7,440.00"}}]
[null,"       Install","each",{"$f":"D926","v":19},{"v":70,"d":"70.00"},{"v":1330,"d":"1,330.00"},{"v":0,"d":"0.00"},{"v":0,"d":"0.00"},{"v":0,"d":"0.00"},{"v":0,"d":"0.00"},{"v":0,"d":"0.00"},{"v":0,"d":"0.00"},{"v":0,"d":"0.00"},{"v":1,"d":"1.00"},{"v":0,"d":"0.00"},{"v":0,"d":"0.00"},{"v":0,"d":"0.00"},{"v":0,"d":"0.00"},{"v":0,"d":"0.00"},{"v":0,"d":"0.00"},{"$nulls":3},{"v":0,"d":"0.00"},{"v":0,"d":"0.00"},{"v":1,"d":"1.00"},0,0,0,0,0,0,0,70,0,0,0,0,0,0,0,0,0,70,{"$f":"+E927*Z927","v":{"v":70,"d":"70.00"}}]
[{"$nulls":5}," ",{"$nulls":20},0,0,0,0,0,0,0,0,0,0,0,0,0,0,0,0,0,0]
["5.1.29","Xray warning lamps Lamp Wall mounted",{"$nulls":3}," ",{"$nulls":20},0,0,0,0,0,0,0,0,0,0,0,0,0,0,0,0,0,0]
[" ","       Supply","each",7,{"v":425,"d":"425.00"},{"v":2975,"d":"2,975.00"},{"v":0,"d":"0.00"},{"v":0,"d":"0.00"},{"v":0,"d":"0.00"},{"v":0,"d":"0.00"},{"v":0,"d":"0.00"},{"v":0,"d":"0.00"},{"v":0,"d":"0.00"},{"v":0,"d":"0.00"},{"v":0,"d":"0.00"},{"v":0,"d":"0.00"},{"v":0,"d":"0.00"},{"v":0,"d":"0.00"},{"v":0,"d":"0.00"},{"v":0,"d":"0.00"},{"$nulls":3},{"v":0,"d":"0.00"},{"v":0,"d":"0.00"},{"v":0,"d":"0.00"},0,0,0,0,0,0,0,0,0,0,0,0,0,0,0,0,0,0,{"$f":"+E930*Z930","v":{"v":0,"d":"0.00"}}]
[" ","       Install","each",{"$f":"D930","v":7},{"v":90,"d":"90.00"},{"v":630,"d":"630.00"},{"v":0,"d":"0.00"},{"v":0,"d":"0.00"},{"v":0,"d":"0.00"},{"v":0,"d":"0.00"},{"v":0,"d":"0.00"},{"v":0,"d":"0.00"},{"v":0,"d":"0.00"},{"v":0,"d":"0.00"},{"v":0,"d":"0.00"},{"v":0,"d":"0.00"},{"v":0,"d":"0.00"},{"v":0,"d":"0.00"},{"v":0,"d":"0.00"},{"v":0,"d":"0.00"},{"$nulls":3},{"v":0,"d":"0.00"},{"v":0,"d":"0.00"},{"v":0,"d":"0.00"},0,0,0,0,0,0,0,0,0,0,0,0,0,0,0,0,0,0,{"$f":"+E931*Z931","v":{"v":0,"d":"0.00"}}]
[{"$nulls":5}," ",{"$nulls":20},0,0,0,0,0,0,0,0,0,0,0,0,0,0,0,0,0,0]
["5.1.30","Street Lighting Beka Lane ",{"$nulls":3}," ",{"$nulls":20},0,0,0,0,0,0,0,0,0,0,0,0,0,0,0,0,0,0]
[null,"Supply","each",80,{"v":5216,"d":"5,216.00"},{"v":417280,"d":"417,280.00"},{"v":0,"d":"0.00"},{"v":0,"d":"0.00"},{"v":0,"d":"0.00"},{"v":0,"d":"0.00"},{"v":0,"d":"0.00"},{"v":0,"d":"0.00"},{"v":0,"d":"0.00"},{"v":0,"d":"0.00"},{"v":0,"d":"0.00"},{"v":0,"d":"0.00"},{"v":0,"d":"0.00"},{"v":0,"d":"0.00"},{"v":0,"d":"0.00"},{"v":0,"d":"0.00"},{"$nulls":3},{"v":0,"d":"0.00"},{"v":69,"d":"69.00"},{"v":69,"d":"69.00"},0,0,0,0,0,0,0,0,0,0,0,0,0,0,0,0,{"v":359904,"d":"359,904"},{"v":359904,"d":"359,904"},{"$f":"+E934*Z934","v":{"v":359904,"d":"359,904.00"}}]
[null,"Install","each",{"$f":"D934","v":80},{"v":650,"d":"650.00"},{"v":52000,"d":"52,000.00"},{"v":0,"d":"0.00"},{"v":0,"d":"0.00"},{"v":0,"d":"0.00"},{"v":0,"d":"0.00"},{"v":0,"d":"0.00"},{"v":0,"d":"0.00"},{"v":0,"d":"0.00"},{"v":0,"d":"0.00"},{"v":0,"d":"0.00"},{"v":0,"d":"0.00"},{"v":0,"d":"0.00"},{"v":0,"d":"0.00"},{"v":0,"d":"0.00"},{"v":0,"d":"0.00"},{"$nulls":3},{"v":0,"d":"0.00"},{"v":0,"d":"0.00"},{"v":0,"d":"0.00"},0,0,0,0,0,0,0,0,0,0,0,0,0,0,0,0,0,0,{"$f":"+E935*Z935","v":{"v":0,"d":"0.00"}}]
[{"$nulls":5}," ",{"$nulls":20},0,0,0,0,0,0,0,0,0,0,0,0,0,0,0,0,0,0]
["5.1.31","Street Lighting Beka Lane Double",{"$nulls":3}," ",{"$nulls":20},0,0,0,0,0,0,0,0,0,0,0,0,0,0,0,0,0,0]
[null,"Supply","each",6,{"v":7000,"d":"7,000.00"},{"v":42000,"d":"42,000.00"},{"v":0,"d":"0.00"},{"v":0,"d":"0.00"},{"v":0,"d":"0.00"},{"v":0,"d":"0.00"},{"v":0,"d":"0.00"},{"v":0,"d":"0.00"},{"v":0,"d":"0.00"},{"v":0,"d":"0.00"},{"v":0,"d":"0.00"},{"v":0,"d":"0.00"},{"v":0,"d":"0.00"},{"v":0,"d":"0.00"},{"v":0,"d":"0.00"},{"v":0,"d":"0.00"},{"$nulls":3},{"v":0,"d":"0.00"},{"v":14,"d":"14.00"},{"v":14,"d":"14.00"},0,0,0,0,0,0,0,0,0,0,0,0,0,0,0,0,{"v":98000,"d":"98,000"},{"v":98000,"d":"98,000"},{"$f":"+E938*Z938","v":{"v":98000,"d":"98,000.00"}}]
[null,"Install","each",{"$f":"D938","v":6},{"v":850,"d":"850.00"},{"v":5100,"d":"5,100.00"},{"v":0,"d":"0.00"},{"v":0,"d":"0.00"},{"v":0,"d":"0.00"},{"v":0,"d":"0.00"},{"v":0,"d":"0.00"},{"v":0,"d":"0.00"},{"v":0,"d":"0.00"},{"v":0,"d":"0.00"},{"v":0,"d":"0.00"},{"v":0,"d":"0.00"},{"v":0,"d":"0.00"},{"v":0,"d":"0.00"},{"v":0,"d":"0.00"},{"v":0,"d":"0.00"},{"$nulls":3},{"v":0,"d":"0.00"},{"v":14,"d":"14.00"},{"v":14,"d":"14.00"},0,0,0,0,0,0,0,0,0,0,0,0,0,0,0,0,{"v":11900,"d":"11,900"},{"v":11900,"d":"11,900"},{"$f":"+E939*Z939","v":{"v":11900,"d":"11,900.00"}}]
[{"$nulls":5}," ",{"$nulls":20},0,0,0,0,0,0,0,0,0,0,0,0,0,0,0,0,0,0]
["5.1.32","Walkway Lighting Beka Brite",{"$nulls":3}," ",{"$nulls":20},0,0,0,0,0,0,0,0,0,0,0,0,0,0,0,0,0,0]
[null,"Supply","each",120,{"v":2860.13,"d":"2,860.13"},{"v":343215.60000000003,"d":"343,215.60"},{"v":0,"d":"0.00"},{"v":0,"d":"0.00"},{"v":0,"d":"0.00"},{"v":0,"d":"0.00"},{"v":0,"d":"0.00"},{"v":0,"d":"0.00"},{"v":0,"d":"0.00"},{"v":0,"d":"0.00"},{"v":0,"d":"0.00"},{"v":0,"d":"0.00"},{"v":0,"d":"0.00"},{"v":0,"d":"0.00"},{"v":0,"d":"0.00"},{"v":0,"d":"0.00"},{"$nulls":3},{"v":0,"d":"0.00"},{"v":1,"d":"1.00"},{"v":1,"d":"1.00"},0,0,0,0,0,0,0,0,0,0,0,0,0,0,0,0,{"v":2860.13,"d":"2,860"},{"v":2860.13,"d":"2,860"},{"$f":"+E942*Z942","v":{"v":2860.13,"d":"2,860.13"}}]
[null,"Install","each",{"$f":"D942","v":120},{"v":450,"d":"450.00"},{"v":54000,"d":"54,000.00"},{"v":0,"d":"0.00"},{"v":0,"d":"0.00"},{"v":0,"d":"0.00"},{"v":0,"d":"0.00"},{"v":0,"d":"0.00"},{"v":0,"d":"0.00"},{"v":0,"d":"0.00"},{"v":0,"d":"0.00"},{"v":0,"d":"0.00"},{"v":0,"d":"0.00"},{"v":0,"d":"0.00"},{"v":0,"d":"0.00"},{"v":0,"d":"0.00"},{"v":0,"d":"0.00"},{"$nulls":3},{"v":0,"d":"0.00"},{"v":0,"d":"0.00"},{"v":0,"d":"0.00"},0,0,0,0,0,0,0,0,0,0,0,0,0,0,0,0,0,0,{"$f":"+E943*Z943","v":{"v":0,"d":"0.00"}}]
[{"$nulls":5}," ",{"$nulls":20},0,0,0,0,0,0,0,0,0,0,0,0,0,0,0,0,0,0]
["5.1.33","Walkway Lighting Beka Shine",{"$nulls":3}," ",{"$nulls":20},0,0,0,0,0,0,0,0,0,0,0,0,0,0,0,0,0,0]
[null,"Supply","each",48,{"v":4096.3,"d":"4,096.30"},{"v":196622.40000000002,"d":"196,622.40"},{"v":0,"d":"0.00"},{"v":0,"d":"0.00"},{"v":0,"d":"0.00"},{"v":0,"d":"0.00"},{"v":0,"d":"0.00"},{"v":0,"d":"0.00"},{"v":0,"d":"0.00"},{"v":0,"d":"0.00"},{"v":0,"d":"0.00"},{"v":0,"d":"0.00"},{"v":0,"d":"0.00"},{"v":0,"d":"0.00"},{"v":0,"d":"0.00"},{"v":0,"d":"0.00"},{"$nulls":3},{"v":0,"d":"0.00"},{"v":1,"d":"1.00"},{"v":1,"d":"1.00"},0,0,0,0,0,0,0,0,0,0,0,0,0,0,0,0,{"v":4096.3,"d":"4,096"},{"v":4096.3,"d":"4,096"},{"$f":"+E946*Z946","v":{"v":4096.3,"d":"4,096.30"}}]
[null,"Install","each",{"$f":"D946","v":48},{"v":450,"d":"450.00"},{"v":21600,"d":"21,600.00"},{"v":0,"d":"0.00"},{"v":0,"d":"0.00"},{"v":0,"d":"0.00"},{"v":0,"d":"0.00"},{"v":0,"d":"0.00"},{"v":0,"d":"0.00"},{"v":0,"d":"0.00"},{"v":0,"d":"0.00"},{"v":0,"d":"0.00"},{"v":0,"d":"0.00"},{"v":0,"d":"0.00"},{"v":0,"d":"0.00"},{"v":0,"d":"0.00"},{"v":0,"d":"0.00"},{"$nulls":3},{"v":0,"d":"0.00"},{"v":0,"d":"0.00"},{"v":0,"d":"0.00"},0,0,0,0,0,0,0,0,0,0,0,0,0,0,0,0,0,0,{"$f":"+E947*Z947","v":{"v":0,"d":"0.00"}}]
[{"$nulls":5}," ",{"$nulls":20},0,0,0,0,0,0,0,0,0,0,0,0,0,0,0,0,0,0]
["5.1.34","Walkway Lighting Beka Star",{"$nulls":3}," ",{"$nulls":20},0,0,0,0,0,0,0,0,0,0,0,0,0,0,0,0,0,0]
[null,"Supply","each",{"$f":"89+12+6+14","v":121},{"v":2889,"d":"2,889.00"},{"v":349569,"d":"349,569.00"},{"v":0,"d":"0.00"},{"v":0,"d":"0.00"},{"v":0,"d":"0.00"},{"v":0,"d":"0.00"},{"v":0,"d":"0.00"},{"v":0,"d":"0.00"},{"v":0,"d":"0.00"},{"v":0,"d":"0.00"},{"v":0,"d":"0.00"},{"v":0,"d":"0.00"},{"v":0,"d":"0.00"},{"v":0,"d":"0.00"},{"v":0,"d":"0.00"},{"v":0,"d":"0.00"},{"$nulls":3},{"v":0,"d":"0.00"},{"v":1,"d":"1.00"},{"v":1,"d":"1.00"},0,0,0,0,0,0,0,0,0,0,0,0,0,0,0,0,{"v":2889,"d":"2,889"},{"v":2889,"d":"2,889"},{"$f":"+E950*Z950","v":{"v":2889,"d":"2,889.00"}}]
[null,"Install","each",{"$f":"D950","v":121},{"v":450,"d":"450.00"},{"v":54450,"d":"54,450.00"},{"v":0,"d":"0.00"},{"v":0,"d":"0.00"},{"v":0,"d":"0.00"},{"v":0,"d":"0.00"},{"v":0,"d":"0.00"},{"v":0,"d":"0.00"},{"v":0,"d":"0.00"},{"v":0,"d":"0.00"},{"v":0,"d":"0.00"},{"v":0,"d":"0.00"},{"v":0,"d":"0.00"},{"v":0,"d":"0.00"},{"v":0,"d":"0.00"},{"v":0,"d":"0.00"},{"$nulls":3},{"v":0,"d":"0.00"},{"v":0,"d":"0.00"},{"v":0,"d":"0.00"},0,0,0,0,0,0,0,0,0,0,0,0,0,0,0,0,0,0,{"$f":"+E951*Z951","v":{"v":0,"d":"0.00"}}]
[]
[null,"Amount Carried Forward ",{"$nulls":3},{"$f":"SUM(F907:F952)","v":{"v":6695408.81,"d":"6,695,408.81"}},{"$nulls":37},{"$f":"SUM(AR907:AR952)","v":{"v":2157072.88,"d":"2,157,073"}},{"$f":"SUM(AS907:AS952)","v":{"v":2157072.88,"d":"2,157,072.88"}}]
[]
["MAIN HOSPITAL ELECTRICAL INSTALLATION"]
["CECILIA MAKIWANE HOSPITAL : PHASE 4C"]
[]
[{"$f":"A905","v":"BILL NO. 5 : LUMINAIRES (SMME PACKAGE No3)"}]
["ITEM","DESCRIPTION","UNIT","QTY","RATE","TENDER AMOUNT","A-LV05","B-LV04","D-LV03","E1-LV03","E2","F1","F2","G1","G2","H1","H2","J1","J2","J3",null,"G/House",null,"N","Other","Total Qty","A","B","D","E1","E2","F1","F2","G1","G2","H1","H2","J1","J2","J3","K","N","Other","Total Amount","Total Claimed"]
[null,"AMOUNT CARRIED FORWARD FROM PREVIOUS BILL",{"$nulls":3},{"$f":"F953","v":{"v":6695408.81,"d":"6,695,408.81"}},{"$nulls":37},{"$f":"+AR953","v":{"v":2157072.88,"d":"2,157,073"}},{"$f":"AS953","v":{"v":2157072.88,"d":"2,157,072.88"}}]
[]
["5.1.35","Type T-Bay"]
[null,"Supply","each",48,{"v":975,"d":"975.00"},{"$f":"$D963*E963","v":{"v":46800,"d":"46,800.00"}},{"v":0,"d":"0.00"},{"v":0,"d":"0.00"},{"v":0,"d":"0.00"},{"v":0,"d":"0.00"},{"v":0,"d":"0.00"},{"v":0,"d":"0.00"},{"v":0,"d":"0.00"},{"v":0,"d":"0.00"},{"v":0,"d":"0.00"},{"v":0,"d":"0.00"},{"v":0,"d":"0.00"},{"v":0,"d":"0.00"},{"v":0,"d":"0.00"},{"v":0,"d":"0.00"},{"$nulls":3},{"v":0,"d":"0.00"},{"v":1,"d":"1.00"},{"$f":"SUM(G963:Y963)","v":{"v":1,"d":"1.00"}},{"$f":"G963*E963","v":0},{"$f":"H963*E963","v":0},{"$f":"I963*E963","v":0},{"$f":"J963*E963","v":0},{"$f":"K963*E963","v":0},{"$f":"L963*E963","v":0},{"$f":"+M963*E963","v":0},{"$f":"N963*E963","v":0},{"$f":"O963*E963","v":0},{"$f":"P963*E963","v":0},{"$f":"Q963*E963","v":0},{"$f":"R963*E963","v":0},{"$f":"S963*E963","v":0},{"$f":"T963*E963","v":0},{"$f":"W963*E963","v":0},{"$f":"X963*E963","v":0},{"$f":"Y963*E963","v":975},{"$f":"SUM(AA963:AQ963)","v":975},{"$f":"+E963*Z963","v":{"v":975,"d":"975.00"}}]
[null,"Install","each",{"$f":"D963","v":48},{"v":120,"d":"120.00"},{"$f":"$D964*E964","v":{"v":5760,"d":"5,760.00"}},{"v":0,"d":"0.00"},{"v":0,"d":"0.00"},{"v":0,"d":"0.00"},{"v":0,"d":"0.00"},{"v":0,"d":"0.00"},{"v":0,"d":"0.00"},{"v":0,"d":"0.00"},{"v":0,"d":"0.00"},{"v":0,"d":"0.00"},{"v":0,"d":"0.00"},{"v":0,"d":"0.00"},{"v":0,"d":"0.00"},{"v":0,"d":"0.00"},{"v":0,"d":"0.00"},{"$nulls":3},{"v":0,"d":"0.00"},{"v":0,"d":"0.00"},{"$f":"SUM(G964:Y964)","v":{"v":0,"d":"0.00"}},0,0,0,0,0,0,0,0,0,0,0,0,0,0,0,0,0,{"$f":"SUM(AA964:AQ964)","v":0},{"$f":"+E964*Z964","v":{"v":0,"d":"0.00"}}]
[{"$nulls":5}," ",{"$nulls":20},0,0,0,0,0,0,0,0,0,0,0,0,0,0,0,0,0,0]
["5.1.36","Type-SE (8 X Beka Projectolux 400 MH/T  Wide Beam) ",{"$nulls":3}," ",{"$nulls":20},0,0,0,0,0,0,0,0,0,0,0,0,0,0,0,0,0,0]
[null,"Supply","each",6,{"v":39437.5,"d":"39,437.50"},{"v":236625,"d":"236,625.00"},{"v":0,"d":"0.00"},{"v":0,"d":"0.00"},{"v":0,"d":"0.00"},{"v":0,"d":"0.00"},{"v":0,"d":"0.00"},{"v":0,"d":"0.00"},{"v":0,"d":"0.00"},{"v":0,"d":"0.00"},{"v":0,"d":"0.00"},{"v":0,"d":"0.00"},{"v":0,"d":"0.00"},{"v":0,"d":"0.00"},{"v":0,"d":"0.00"},{"v":0,"d":"0.00"},{"$nulls":3},{"v":0,"d":"0.00"},{"v":0,"d":"0.00"},{"v":0,"d":"0.00"},0,0,0,0,0,0,0,0,0,0,0,0,0,0,0,0,0,0,{"$f":"+E967*Z967","v":{"v":0,"d":"0.00"}}]
[null,"Install","each",{"$f":"D967","v":6},{"v":1750,"d":"1,750.00"},{"v":10500,"d":"10,500.00"},{"v":0,"d":"0.00"},{"v":0,"d":"0.00"},{"v":0,"d":"0.00"},{"v":0,"d":"0.00"},{"v":0,"d":"0.00"},{"v":0,"d":"0.00"},{"v":0,"d":"0.00"},{"v":0,"d":"0.00"},{"v":0,"d":"0.00"},{"v":0,"d":"0.00"},{"v":0,"d":"0.00"},{"v":0,"d":"0.00"},{"v":0,"d":"0.00"},{"v":0,"d":"0.00"},{"$nulls":3},{"v":0,"d":"0.00"},{"v":0,"d":"0.00"},{"v":0,"d":"0.00"},0,0,0,0,0,0,0,0,0,0,0,0,0,0,0,0,0,0,{"$f":"+E968*Z968","v":{"v":0,"d":"0.00"}}]
[{"$nulls":5}," ",{"$nulls":20},0,0,0,0,0,0,0,0,0,0,0,0,0,0,0,0,0,0]
["5.1.37","Honeywell Aircraft Landing Strip Lights",{"$nulls":3}," ",{"$nulls":20},0,0,0,0,0,0,0,0,0,0,0,0,0,0,0,0,0,0]
[null,"Supply","each",28,{"v":2400,"d":"2,400.00"},{"v":67200,"d":"67,200.00"},{"v":0,"d":"0.00"},{"v":0,"d":"0.00"},{"v":0,"d":"0.00"},{"v":0,"d":"0.00"},{"v":0,"d":"0.00"},{"v":0,"d":"0.00"},{"v":0,"d":"0.00"},{"v":0,"d":"0.00"},{"v":0,"d":"0.00"},{"v":0,"d":"0.00"},{"v":0,"d":"0.00"},{"v":0,"d":"0.00"},{"v":0,"d":"0.00"},{"v":0,"d":"0.00"},{"$nulls":3},{"v":0,"d":"0.00"},{"v":0,"d":"0.00"},{"v":0,"d":"0.00"},0,0,0,0,0,0,0,0,0,0,0,0,0,0,0,0,0,0,{"$f":"+E971*Z971","v":{"v":0,"d":"0.00"}}]
[null,"Install","each",{"$f":"D971","v":28},{"v":225,"d":"225.00"},{"v":6300,"d":"6,300.00"},{"v":0,"d":"0.00"},{"v":0,"d":"0.00"},{"v":0,"d":"0.00"},{"v":0,"d":"0.00"},{"v":0,"d":"0.00"},{"v":0,"d":"0.00"},{"v":0,"d":"0.00"},{"v":0,"d":"0.00"},{"v":0,"d":"0.00"},{"v":0,"d":"0.00"},{"v":0,"d":"0.00"},{"v":0,"d":"0.00"},{"v":0,"d":"0.00"},{"v":0,"d":"0.00"},{"$nulls":3},{"v":0,"d":"0.00"},{"v":0,"d":"0.00"},{"v":0,"d":"0.00"},0,0,0,0,0,0,0,0,0,0,0,0,0,0,0,0,0,0,{"$f":"+E972*Z972","v":{"v":0,"d":"0.00"}}]
[{"$nulls":5}," ",{"$nulls":20},0,0,0,0,0,0,0,0,0,0,0,0,0,0,0,0,0,0]
["5.1.38","WTT 2255 Motion Detector Ceiling Mounted including B230E Back up Power ",{"$nulls":3}," ",{"$nulls":20},0,0,0,0,0,0,0,0,0,0,0,0,0,0,0,0,0,0]
[null,"Supply","each",180,{"v":1420,"d":"1,420.00"},{"v":255600,"d":"255,600.00"},{"v":0,"d":"0.00"},{"v":0,"d":"0.00"},{"v":0,"d":"0.00"},{"v":0,"d":"0.00"},{"v":0,"d":"0.00"},{"v":0,"d":"0.00"},{"v":0,"d":"0.00"},{"v":0,"d":"0.00"},{"v":0,"d":"0.00"},{"v":0,"d":"0.00"},{"v":0,"d":"0.00"},{"v":0,"d":"0.00"},{"v":0,"d":"0.00"},{"v":0,"d":"0.00"},{"$nulls":3},{"v":0,"d":"0.00"},{"v":0,"d":"0.00"},{"v":0,"d":"0.00"},0,0,0,0,0,0,0,0,0,0,0,0,0,0,0,0,0,0,{"$f":"+E975*Z975","v":{"v":0,"d":"0.00"}}]
[null,"Install","each",{"$f":"D975","v":180},{"v":90,"d":"90.00"},{"v":16200,"d":"16,200.00"},{"v":0,"d":"0.00"},{"v":0,"d":"0.00"},{"v":0,"d":"0.00"},{"v":0,"d":"0.00"},{"v":0,"d":"0.00"},{"v":0,"d":"0.00"},{"v":0,"d":"0.00"},{"v":0,"d":"0.00"},{"v":0,"d":"0.00"},{"v":0,"d":"0.00"},{"v":2,"d":"2.00"},{"v":0,"d":"0.00"},{"v":0,"d":"0.00"},{"v":0,"d":"0.00"},{"$nulls":3},{"v":0,"d":"0.00"},{"v":0,"d":"0.00"},{"v":2,"d":"2.00"},0,0,0,0,0,0,0,0,0,0,180,0,0,0,0,0,0,180,{"$f":"+E976*Z976","v":{"v":180,"d":"180.00"}}]
[{"$nulls":5}," ",{"$nulls":20},0,0,0,0,0,0,0,0,0,0,0,0,0,0,0,0,0,0]
["5.1.39","C3155 Motion Detector Ceiling mounted Passive Infra Red ",{"$nulls":3}," ",{"$nulls":20},0,0,0,0,0,0,0,0,0,0,0,0,0,0,0,0,0,0]
[null,"Supply","each",600,{"v":1475,"d":"1,475.00"},{"v":885000,"d":"885,000.00"},{"v":0,"d":"0.00"},{"v":0,"d":"0.00"},{"v":0,"d":"0.00"},{"v":0,"d":"0.00"},{"v":0,"d":"0.00"},{"v":0,"d":"0.00"},{"v":0,"d":"0.00"},{"v":0,"d":"0.00"},{"v":0,"d":"0.00"},{"v":0,"d":"0.00"},{"v":0,"d":"0.00"},{"v":0,"d":"0.00"},{"v":0,"d":"0.00"},{"v":0,"d":"0.00"},{"$nulls":3},{"v":0,"d":"0.00"},{"v":0,"d":"0.00"},{"v":0,"d":"0.00"},0,0,0,0,0,0,0,0,0,0,0,0,0,0,0,0,0,0,{"$f":"+E979*Z979","v":{"v":0,"d":"0.00"}}]
[null,"Install","each",{"$f":"D979","v":600},{"v":90,"d":"90.00"},{"v":54000,"d":"54,000.00"},{"v":0,"d":"0.00"},{"v":0,"d":"0.00"},{"v":0,"d":"0.00"},{"v":0,"d":"0.00"},{"v":0,"d":"0.00"},{"v":0,"d":"0.00"},{"v":0,"d":"0.00"},{"v":0,"d":"0.00"},{"v":0,"d":"0.00"},{"v":0,"d":"0.00"},{"v":1,"d":"1.00"},{"v":0,"d":"0.00"},{"v":0,"d":"0.00"},{"v":0,"d":"0.00"},{"$nulls":3},{"v":0,"d":"0.00"},{"v":0,"d":"0.00"},{"v":1,"d":"1.00"},0,0,0,0,0,0,0,0,0,0,90,0,0,0,0,0,0,90,{"$f":"+E980*Z980","v":{"v":90,"d":"90.00"}}]
[{"$nulls":5}," ",{"$nulls":20},0,0,0,0,0,0,0,0,0,0,0,0,0,0,0,0,0,0]
["5.1.40","Type-JD 600*600",{"$nulls":3}," ",{"$nulls":20},0,0,0,0,0,0,0,0,0,0,0,0,0,0,0,0,0,0]
[null,"       Supply","each",24,{"v":620,"d":"620.00"},{"v":14880,"d":"14,880.00"},{"v":0,"d":"0.00"},{"v":0,"d":"0.00"},{"v":0,"d":"0.00"},{"v":0,"d":"0.00"},{"v":2,"d":"2.00"},{"v":0,"d":"0.00"},{"v":0,"d":"0.00"},{"v":0,"d":"0.00"},{"v":0,"d":"0.00"},{"v":0,"d":"0.00"},{"v":0,"d":"0.00"},{"v":0,"d":"0.00"},{"v":0,"d":"0.00"},{"v":0,"d":"0.00"},{"$nulls":3},{"v":0,"d":"0.00"},{"v":0,"d":"0.00"},{"v":2,"d":"2.00"},0,0,0,0,{"v":1240,"d":"1,240"},0,0,0,0,0,0,0,0,0,0,0,0,{"v":1240,"d":"1,240"},{"$f":"+E983*Z983","v":{"v":1240,"d":"1,240.00"}}]
[null,"       Install","each",{"$f":"D983","v":24},{"v":70,"d":"70.00"},{"v":1680,"d":"1,680.00"},{"v":0,"d":"0.00"},{"v":0,"d":"0.00"},{"v":0,"d":"0.00"},{"v":0,"d":"0.00"},{"v":0,"d":"0.00"},{"v":0,"d":"0.00"},{"v":0,"d":"0.00"},{"v":0,"d":"0.00"},{"v":0,"d":"0.00"},{"v":0,"d":"0.00"},{"v":0,"d":"0.00"},{"v":0,"d":"0.00"},{"v":0,"d":"0.00"},{"v":0,"d":"0.00"},{"$nulls":3},{"v":0,"d":"0.00"},{"v":0,"d":"0.00"},{"v":0,"d":"0.00"},0,0,0,0,0,0,0,0,0,0,0,0,0,0,0,0,0,0,{"$f":"+E984*Z984","v":{"v":0,"d":"0.00"}}]
[{"$nulls":5}," ",{"$nulls":20},0,0,0,0,0,0,0,0,0,0,0,0,0,0,0,0,0,0]
["5.1.40","Type-Exam Light",{"$nulls":3}," ",{"$nulls":20},0,0,0,0,0,0,0,0,0,0,0,0,0,0,0,0,0,0]
[null,"       Supply","each",{"$f":"94+24+14","v":132},{"v":4420,"d":"4,420.00"},{"v":583440,"d":"583,440.00"},{"v":0,"d":"0.00"},{"v":0,"d":"0.00"},{"v":0,"d":"0.00"},{"v":0,"d":"0.00"},{"v":0,"d":"0.00"},{"v":0,"d":"0.00"},{"v":0,"d":"0.00"},{"v":2,"d":"2.00"},{"v":0,"d":"0.00"},{"v":0,"d":"0.00"},{"v":0,"d":"0.00"},{"v":0,"d":"0.00"},{"v":0,"d":"0.00"},{"v":0,"d":"0.00"},{"$nulls":3},{"v":0,"d":"0.00"},{"v":83,"d":"83.00"},{"v":85,"d":"85.00"},0,0,0,0,0,0,0,{"v":8840,"d":"8,840"},0,0,0,0,0,0,0,0,{"v":366860,"d":"366,860"},{"v":375700,"d":"375,700"},{"$f":"+E987*Z987","v":{"v":375700,"d":"375,700.00"}}]
[null,"       Install","each",{"$f":"D987","v":132},{"v":175,"d":"175.00"},{"v":23100,"d":"23,100.00"},{"v":0,"d":"0.00"},{"v":0,"d":"0.00"},{"v":0,"d":"0.00"},{"v":0,"d":"0.00"},{"v":0,"d":"0.00"},{"v":0,"d":"0.00"},{"v":0,"d":"0.00"},{"v":2,"d":"2.00"},{"v":0,"d":"0.00"},{"v":0,"d":"0.00"},{"v":0,"d":"0.00"},{"v":0,"d":"0.00"},{"v":0,"d":"0.00"},{"v":0,"d":"0.00"},{"$nulls":3},{"v":0,"d":"0.00"},{"v":0,"d":"0.00"},{"v":2,"d":"2.00"},0,0,0,0,0,0,0,350,0,0,0,0,0,0,0,0,0,350,{"$f":"+E988*Z988","v":{"v":350,"d":"350.00"}}]
[{"$nulls":26},0,0,0,0,0,0,0,0,0,0,0,0,0,0,0,0,0,0]
[{"v":5.2,"d":"5.20"},"Mentoring and Management",{"$nulls":24},0,0,0,0,0,0,0,0,0,0,0,0,0,0,0,0,0,0]
[null,"A percentage of the SMME Package amoiunt to provide the Mentoring and Management of the SMME Contractors","%",1,{"v":8902493.81,"d":"8,902,493.81"},{"$f":"E991*2.5%","v":{"v":222562.34525,"d":"222,562.35"}},{"v":0,"d":"0.00"},{"v":0,"d":"0.00"},{"v":0,"d":"0.00"},{"v":0,"d":"0.00"},{"v":0,"d":"0.00"},{"v":0,"d":"0.00"},{"v":0,"d":"0.00"},{"v":0,"d":"0.00"},{"v":0,"d":"0.00"},{"v":0,"d":"0.00"},{"v":0,"d":"0.00"},{"v":0,"d":"0.00"},{"v":0,"d":"0.00"},{"v":0,"d":"0.00"},{"$nulls":3},{"v":0,"d":"0.00"},{"v":0,"d":"0.00"},{"v":0,"d":"0.00"},0,0,0,0,0,0,0,0,0,0,0,0,0,0,0,0,0,0,{"$f":"+E991*Z991","v":{"v":0,"d":"0.00"}}]
[]
[]
[null,"Amount Carried Forward ",{"$nulls":3},{"$f":"SUM(F960:F993)","v":{"v":9125056.155249998,"d":"9,125,056.16"}},{"$nulls":37},{"$f":"SUM(AR960:AR993)","v":{"v":2535607.88,"d":"2,535,608"}},{"$f":"SUM(AS960:AS993)","v":{"v":2535607.88,"d":"2,535,607.88"}}]
[]
["MAIN HOSPITAL ELECTRICAL INSTALLATION"]
["CECILIA MAKIWANE HOSPITAL : PHASE 4C"]
[]
["BILL NO. 6 : SWITCHGEAR EQUIPMENT (SMME PACKAGE No 4)"]
["ITEM","DESCRIPTION","UNIT","QTY","RATE","TENDER AMOUNT","A-LV05","B-LV04","D-LV03","E1-LV03","E2","F1","F2","G1","G2","H1","H2","J1","J2","J3",null,"G/House",null,"N","Other","Total Qty","A","B","D","E1","E2","F1","F2","G1","G2","H1","H2","J1","J2","J3","K","N","Other","Total Amount","Total Claimed"]
[]
[null," "]
[{"v":6.1,"d":"6.10"},"Switchgear"]
[null,"16 Amp rocker type light switch with coverplate installed into a flush box measured elsewhere."]
[]
["6.1.1","Single lever, one way"]
[null,"       Supply","each",{"$f":"2000+74+351","v":{"v":2425,"d":"2,425"}},{"v":19,"d":"19.00"},{"$f":"$D1007*E1007","v":{"v":46075,"d":"46,075.00"}},{"v":0,"d":"0.00"},{"v":0,"d":"0.00"},{"v":0,"d":"0.00"},{"v":0,"d":"0.00"},{"v":21,"d":"21.00"},{"v":12,"d":"12.00"},{"v":12,"d":"12.00"},{"v":38,"d":"38.00"},{"v":33,"d":"33.00"},{"v":1,"d":"1.00"},{"v":50,"d":"50.00"},{"v":21,"d":"21.00"},{"v":24,"d":"24.00"},{"v":0,"d":"0.00"},{"$nulls":3},{"v":0,"d":"0.00"},{"v":662,"d":"662.00"},{"$f":"SUM(G1007:Y1007)","v":{"v":874,"d":"874.00"}},{"$f":"G1007*E1007","v":0},{"$f":"H1007*E1007","v":0},{"$f":"I1007*E1007","v":0},{"$f":"J1007*E1007","v":0},{"$f":"K1007*E1007","v":399},{"$f":"L1007*E1007","v":228},{"$f":"+M1007*E1007","v":228},{"$f":"N1007*E1007","v":722},{"$f":"O1007*E1007","v":627},{"$f":"P1007*E1007","v":19},{"$f":"Q1007*E1007","v":950},{"$f":"R1007*E1007","v":399},{"$f":"S1007*E1007","v":456},{"$f":"T1007*E1007","v":0},{"$f":"W1007*E1007","v":0},{"$f":"X1007*E1007","v":0},{"$f":"Y1007*E1007","v":{"v":12578,"d":"12,578"}},{"$f":"SUM(AA1007:AQ1007)","v":{"v":16606,"d":"16,606"}},{"$f":"+E1007*Z1007","v":{"v":16606,"d":"16,606.00"}}]
[null,"       Install","each",{"$f":"D1007","v":{"v":2425,"d":"2,425"}},{"v":15,"d":"15.00"},{"v":36375,"d":"36,375.00"},{"v":0,"d":"0.00"},{"v":0,"d":"0.00"},{"v":0,"d":"0.00"},{"v":0,"d":"0.00"},{"v":15,"d":"15.00"},{"v":0,"d":"0.00"},{"v":0,"d":"0.00"},{"v":28,"d":"28.00"},{"v":12,"d":"12.00"},{"v":0,"d":"0.00"},{"v":0,"d":"0.00"},{"v":0,"d":"0.00"},{"v":0,"d":"0.00"},{"v":0,"d":"0.00"},{"$nulls":3},{"v":0,"d":"0.00"},{"v":110,"d":"110.00"},{"$f":"SUM(G1008:Y1008)","v":{"v":165,"d":"165.00"}},0,0,0,0,225,0,0,420,180,0,0,0,0,0,0,0,{"v":1650,"d":"1,650"},{"$f":"SUM(AA1008:AQ1008)","v":{"v":2475,"d":"2,475"}},{"$f":"+E1008*Z1008","v":{"v":2475,"d":"2,475.00"}}]
[{"$nulls":5}," ",{"$nulls":20},0,0,0,0,0,0,0,0,0,0,0,0,0,0,0,0,0,0]
["6.1.2","Single lever, Two way",{"$nulls":3}," ",{"$nulls":20},0,0,0,0,0,0,0,0,0,0,0,0,0,0,0,0,0,0]
[null,"       Supply","each",240,{"v":29.5,"d":"29.50"},{"v":7080,"d":"7,080.00"},{"v":0,"d":"0.00"},{"v":0,"d":"0.00"},{"v":0,"d":"0.00"},{"v":0,"d":"0.00"},{"v":6,"d":"6.00"},{"v":6,"d":"6.00"},{"v":6,"d":"6.00"},{"v":4,"d":"4.00"},{"v":6,"d":"6.00"},{"v":4,"d":"4.00"},{"v":10,"d":"10.00"},{"v":0,"d":"0.00"},{"v":0,"d":"0.00"},{"v":0,"d":"0.00"},{"$nulls":3},{"v":0,"d":"0.00"},{"v":98,"d":"98.00"},{"v":140,"d":"140.00"},0,0,0,0,177,177,177,118,177,118,295,0,0,0,0,0,{"v":2891,"d":"2,891"},{"v":4130,"d":"4,130"},{"$f":"+E1011*Z1011","v":{"v":4130,"d":"4,130.00"}}]
[null,"       Install","each",{"$f":"D1011","v":240},{"v":18,"d":"18.00"},{"v":4320,"d":"4,320.00"},{"v":0,"d":"0.00"},{"v":0,"d":"0.00"},{"v":0,"d":"0.00"},{"v":0,"d":"0.00"},{"v":4,"d":"4.00"},{"v":0,"d":"0.00"},{"v":0,"d":"0.00"},{"v":2,"d":"2.00"},{"v":3,"d":"3.00"},{"v":0,"d":"0.00"},{"v":0,"d":"0.00"},{"v":0,"d":"0.00"},{"v":0,"d":"0.00"},{"v":0,"d":"0.00"},{"$nulls":3},{"v":0,"d":"0.00"},{"v":0,"d":"0.00"},{"v":9,"d":"9.00"},0,0,0,0,72,0,0,36,54,0,0,0,0,0,0,0,0,162,{"$f":"+E1012*Z1012","v":{"v":162,"d":"162.00"}}]
[{"$nulls":5}," ",{"$nulls":20},0,0,0,0,0,0,0,0,0,0,0,0,0,0,0,0,0,0]
["6.1.3","Four lever, one way",{"$nulls":3}," ",{"$nulls":20},0,0,0,0,0,0,0,0,0,0,0,0,0,0,0,0,0,0]
[null,"       Supply","each",{"$f":"89+20","v":109},{"v":46.5,"d":"46.50"},{"v":5068.5,"d":"5,068.50"},{"v":0,"d":"0.00"},{"v":0,"d":"0.00"},{"v":0,"d":"0.00"},{"v":0,"d":"0.00"},{"v":1,"d":"1.00"},{"v":0,"d":"0.00"},{"v":0,"d":"0.00"},{"v":0,"d":"0.00"},{"v":3,"d":"3.00"},{"v":5,"d":"5.00"},{"v":0,"d":"0.00"},{"v":0,"d":"0.00"},{"v":0,"d":"0.00"},{"v":0,"d":"0.00"},{"$nulls":3},{"v":0,"d":"0.00"},{"v":1,"d":"1.00"},{"v":10,"d":"10.00"},0,0,0,0,{"v":46.5,"d":"47"},0,0,0,{"v":139.5,"d":"140"},{"v":232.5,"d":"233"},0,0,0,0,0,0,{"v":46.5,"d":"47"},465,{"$f":"+E1015*Z1015","v":{"v":465,"d":"465.00"}}]
[null,"       Install","each",{"$f":"D1015","v":109},{"v":20,"d":"20.00"},{"v":2180,"d":"2,180.00"},{"v":0,"d":"0.00"},{"v":0,"d":"0.00"},{"v":0,"d":"0.00"},{"v":0,"d":"0.00"},{"v":1,"d":"1.00"},{"v":0,"d":"0.00"},{"v":0,"d":"0.00"},{"v":0,"d":"0.00"},{"v":1,"d":"1.00"},{"v":0,"d":"0.00"},{"v":0,"d":"0.00"},{"v":0,"d":"0.00"},{"v":0,"d":"0.00"},{"v":0,"d":"0.00"},{"$nulls":3},{"v":0,"d":"0.00"},{"v":1,"d":"1.00"},{"v":3,"d":"3.00"},0,0,0,0,20,0,0,0,20,0,0,0,0,0,0,0,20,60,{"$f":"+E1016*Z1016","v":{"v":60,"d":"60.00"}}]
[{"$nulls":5}," ",{"$nulls":20},0,0,0,0,0,0,0,0,0,0,0,0,0,0,0,0,0,0]
["6.1.4","Two lever, one way",{"$nulls":3}," ",{"$nulls":20},0,0,0,0,0,0,0,0,0,0,0,0,0,0,0,0,0,0]
[null,"       Supply","each",154,{"v":28,"d":"28.00"},{"v":4312,"d":"4,312.00"},{"v":0,"d":"0.00"},{"v":0,"d":"0.00"},{"v":0,"d":"0.00"},{"v":0,"d":"0.00"},{"v":1,"d":"1.00"},{"v":1,"d":"1.00"},{"v":1,"d":"1.00"},{"v":8,"d":"8.00"},{"v":10,"d":"10.00"},{"v":0,"d":"0.00"},{"v":0,"d":"0.00"},{"v":0,"d":"0.00"},{"v":0,"d":"0.00"},{"v":0,"d":"0.00"},{"$nulls":3},{"v":0,"d":"0.00"},{"v":58,"d":"58.00"},{"v":79,"d":"79.00"},0,0,0,0,28,28,28,224,280,0,0,0,0,0,0,0,{"v":1624,"d":"1,624"},{"v":2212,"d":"2,212"},{"$f":"+E1019*Z1019","v":{"v":2212,"d":"2,212.00"}}]
[null,"       Install","each",{"$f":"D1019","v":154},{"v":15,"d":"15.00"},{"v":2310,"d":"2,310.00"},{"v":0,"d":"0.00"},{"v":0,"d":"0.00"},{"v":0,"d":"0.00"},{"v":0,"d":"0.00"},{"v":1,"d":"1.00"},{"v":0,"d":"0.00"},{"v":0,"d":"0.00"},{"v":6,"d":"6.00"},{"v":8,"d":"8.00"},{"v":0,"d":"0.00"},{"v":0,"d":"0.00"},{"v":0,"d":"0.00"},{"v":0,"d":"0.00"},{"v":0,"d":"0.00"},{"$nulls":3},{"v":0,"d":"0.00"},{"v":0,"d":"0.00"},{"v":15,"d":"15.00"},0,0,0,0,15,0,0,90,120,0,0,0,0,0,0,0,0,225,{"$f":"+E1020*Z1020","v":{"v":225,"d":"225.00"}}]
[{"$nulls":5}," ",{"$nulls":20},0,0,0,0,0,0,0,0,0,0,0,0,0,0,0,0,0,0]
["6.1.5","Two lever, Two way",{"$nulls":3}," ",{"$nulls":20},0,0,0,0,0,0,0,0,0,0,0,0,0,0,0,0,0,0]
[null,"       Supply","each",70,{"v":47.5,"d":"47.50"},{"v":3325,"d":"3,325.00"},{"v":0,"d":"0.00"},{"v":0,"d":"0.00"},{"v":0,"d":"0.00"},{"v":0,"d":"0.00"},{"v":0,"d":"0.00"},{"v":0,"d":"0.00"},{"v":0,"d":"0.00"},{"v":0,"d":"0.00"},{"v":0,"d":"0.00"},{"v":3,"d":"3.00"},{"v":0,"d":"0.00"},{"v":0,"d":"0.00"},{"v":0,"d":"0.00"},{"v":0,"d":"0.00"},{"$nulls":3},{"v":0,"d":"0.00"},{"v":0,"d":"0.00"},{"v":3,"d":"3.00"},0,0,0,0,0,0,0,0,0,{"v":142.5,"d":"143"},0,0,0,0,0,0,0,{"v":142.5,"d":"143"},{"$f":"+E1023*Z1023","v":{"v":142.5,"d":"142.50"}}]
[null,"       Install","each",{"$f":"D1023","v":70},{"v":18,"d":"18.00"},{"v":1260,"d":"1,260.00"},{"v":0,"d":"0.00"},{"v":0,"d":"0.00"},{"v":0,"d":"0.00"},{"v":0,"d":"0.00"},{"v":0,"d":"0.00"},{"v":0,"d":"0.00"},{"v":0,"d":"0.00"},{"v":0,"d":"0.00"},{"v":0,"d":"0.00"},{"v":0,"d":"0.00"},{"v":0,"d":"0.00"},{"v":0,"d":"0.00"},{"v":0,"d":"0.00"},{"v":0,"d":"0.00"},{"$nulls":3},{"v":0,"d":"0.00"},{"v":0,"d":"0.00"},{"v":0,"d":"0.00"},0,0,0,0,0,0,0,0,0,0,0,0,0,0,0,0,0,0,{"$f":"+E1024*Z1024","v":{"v":0,"d":"0.00"}}]
[{"$nulls":5}," ",{"$nulls":20},0,0,0,0,0,0,0,0,0,0,0,0,0,0,0,0,0,0]
["6.1.6","Three lever, one way",null," ",null," ",{"$nulls":20},0,0,0,0,0,0,0,0,0,0,0,0,0,0,0,0,0,0]
[null,"       Supply","each",{"$f":"25+14","v":39},{"v":38,"d":"38.00"},{"v":1482,"d":"1,482.00"},{"v":0,"d":"0.00"},{"v":0,"d":"0.00"},{"v":0,"d":"0.00"},{"v":0,"d":"0.00"},{"v":0,"d":"0.00"},{"v":1,"d":"1.00"},{"v":1,"d":"1.00"},{"v":1,"d":"1.00"},{"v":1,"d":"1.00"},{"v":0,"d":"0.00"},{"v":1,"d":"1.00"},{"v":0,"d":"0.00"},{"v":0,"d":"0.00"},{"v":0,"d":"0.00"},{"$nulls":3},{"v":0,"d":"0.00"},{"v":13,"d":"13.00"},{"v":18,"d":"18.00"},0,0,0,0,0,38,38,38,38,0,38,0,0,0,0,0,494,684,{"$f":"+E1027*Z1027","v":{"v":684,"d":"684.00"}}]
[null,"       Install","each",{"$f":"D1027","v":39},{"v":20,"d":"20.00"},{"v":780,"d":"780.00"},{"v":0,"d":"0.00"},{"v":0,"d":"0.00"},{"v":0,"d":"0.00"},{"v":0,"d":"0.00"},{"v":0,"d":"0.00"},{"v":0,"d":"0.00"},{"v":0,"d":"0.00"},{"v":0,"d":"0.00"},{"v":0,"d":"0.00"},{"v":0,"d":"0.00"},{"v":0,"d":"0.00"},{"v":0,"d":"0.00"},{"v":0,"d":"0.00"},{"v":0,"d":"0.00"},{"$nulls":3},{"v":0,"d":"0.00"},{"v":12,"d":"12.00"},{"v":12,"d":"12.00"},0,0,0,0,0,0,0,0,0,0,0,0,0,0,0,0,240,240,{"$f":"+E1028*Z1028","v":{"v":240,"d":"240.00"}}]
[{"$nulls":5}," ",{"$nulls":20},0,0,0,0,0,0,0,0,0,0,0,0,0,0,0,0,0,0]
["6.1.7","10a Electronic Dimmer Switch",{"$nulls":3}," ",{"$nulls":20},0,0,0,0,0,0,0,0,0,0,0,0,0,0,0,0,0,0]
[null,"       Supply","each",{"$f":"4+3+9","v":16},{"v":120,"d":"120.00"},{"v":1920,"d":"1,920.00"},{"v":0,"d":"0.00"},{"v":0,"d":"0.00"},{"v":0,"d":"0.00"},{"v":0,"d":"0.00"},{"v":0,"d":"0.00"},{"v":0,"d":"0.00"},{"v":0,"d":"0.00"},{"v":1,"d":"1.00"},{"v":1,"d":"1.00"},{"v":0,"d":"0.00"},{"v":4,"d":"4.00"},{"v":0,"d":"0.00"},{"v":0,"d":"0.00"},{"v":0,"d":"0.00"},{"$nulls":3},{"v":0,"d":"0.00"},{"v":46,"d":"46.00"},{"v":52,"d":"52.00"},0,0,0,0,0,0,0,120,120,0,480,0,0,0,0,0,{"v":5520,"d":"5,520"},{"v":6240,"d":"6,240"},{"$f":"+E1031*Z1031","v":{"v":6240,"d":"6,240.00"}}]
[null,"       Install","each",{"$f":"D1031","v":16},{"v":15,"d":"15.00"},{"v":240,"d":"240.00"},{"v":0,"d":"0.00"},{"v":0,"d":"0.00"},{"v":0,"d":"0.00"},{"v":0,"d":"0.00"},{"v":0,"d":"0.00"},{"v":0,"d":"0.00"},{"v":0,"d":"0.00"},{"v":0,"d":"0.00"},{"v":0,"d":"0.00"},{"v":0,"d":"0.00"},{"v":0,"d":"0.00"},{"v":0,"d":"0.00"},{"v":0,"d":"0.00"},{"v":0,"d":"0.00"},{"$nulls":3},{"v":0,"d":"0.00"},{"v":0,"d":"0.00"},{"v":0,"d":"0.00"},0,0,0,0,0,0,0,0,0,0,0,0,0,0,0,0,0,0,{"$f":"+E1032*Z1032","v":{"v":0,"d":"0.00"}}]
[{"$nulls":5}," ",{"$nulls":20},0,0,0,0,0,0,0,0,0,0,0,0,0,0,0,0,0,0]
["6.1.8","Rotary switch weatherproof",{"$nulls":3}," ",{"$nulls":20},0,0,0,0,0,0,0,0,0,0,0,0,0,0,0,0,0,0]
[null,"       Supply","each",{"$f":"12+15","v":27},{"v":44.5,"d":"44.50"},{"v":1201.5,"d":"1,201.50"},{"v":0,"d":"0.00"},{"v":0,"d":"0.00"},{"v":0,"d":"0.00"},{"v":0,"d":"0.00"},{"v":0,"d":"0.00"},{"v":0,"d":"0.00"},{"v":0,"d":"0.00"},{"v":0,"d":"0.00"},{"v":0,"d":"0.00"},{"v":0,"d":"0.00"},{"v":0,"d":"0.00"},{"v":0,"d":"0.00"},{"v":0,"d":"0.00"},{"v":0,"d":"0.00"},{"$nulls":3},{"v":0,"d":"0.00"},{"v":0,"d":"0.00"},{"v":0,"d":"0.00"},0,0,0,0,0,0,0,0,0,0,0,0,0,0,0,0,0,0,{"$f":"+E1035*Z1035","v":{"v":0,"d":"0.00"}}]
[null,"       Install","each",{"$f":"D1035","v":27},{"v":20,"d":"20.00"},{"v":540,"d":"540.00"},{"v":0,"d":"0.00"},{"v":0,"d":"0.00"},{"v":0,"d":"0.00"},{"v":0,"d":"0.00"},{"v":0,"d":"0.00"},{"v":0,"d":"0.00"},{"v":0,"d":"0.00"},{"v":0,"d":"0.00"},{"v":0,"d":"0.00"},{"v":0,"d":"0.00"},{"v":0,"d":"0.00"},{"v":0,"d":"0.00"},{"v":0,"d":"0.00"},{"v":0,"d":"0.00"},{"$nulls":3},{"v":0,"d":"0.00"},{"v":0,"d":"0.00"},{"v":0,"d":"0.00"},0,0,0,0,0,0,0,0,0,0,0,0,0,0,0,0,0,0,{"$f":"+E1036*Z1036","v":{"v":0,"d":"0.00"}}]
[{"$nulls":5}," ",{"$nulls":20},0,0,0,0,0,0,0,0,0,0,0,0,0,0,0,0,0,0]
["6.1.9","Nurse Base Custom Made MULTI-WAY Switch panel Single Way Twenty Lever",{"$nulls":3}," ",{"$nulls":20},0,0,0,0,0,0,0,0,0,0,0,0,0,0,0,0,0,0]
[null,"       Supply","each",6,{"v":3668.81,"d":"3,668.81"},{"v":22012.86,"d":"22,012.86"},{"v":0,"d":"0.00"},{"v":0,"d":"0.00"},{"v":0,"d":"0.00"},{"v":0,"d":"0.00"},{"v":0,"d":"0.00"},{"v":0,"d":"0.00"},{"v":0,"d":"0.00"},{"v":0,"d":"0.00"},{"v":0,"d":"0.00"},{"v":0,"d":"0.00"},{"v":0,"d":"0.00"},{"v":0,"d":"0.00"},{"v":0,"d":"0.00"},{"v":0,"d":"0.00"},{"$nulls":3},{"v":0,"d":"0.00"},{"v":0,"d":"0.00"},{"v":0,"d":"0.00"},0,0,0,0,0,0,0,0,0,0,0,0,0,0,0,0,0,0,{"$f":"+E1039*Z1039","v":{"v":0,"d":"0.00"}}]
[null,"       Install","each",{"$f":"D1039","v":6},{"v":300,"d":"300.00"},{"v":1800,"d":"1,800.00"},{"v":0,"d":"0.00"},{"v":0,"d":"0.00"},{"v":0,"d":"0.00"},{"v":0,"d":"0.00"},{"v":0,"d":"0.00"},{"v":0,"d":"0.00"},{"v":0,"d":"0.00"},{"v":0,"d":"0.00"},{"v":0,"d":"0.00"},{"v":0,"d":"0.00"},{"v":0,"d":"0.00"},{"v":0,"d":"0.00"},{"v":0,"d":"0.00"},{"v":0,"d":"0.00"},{"$nulls":3},{"v":0,"d":"0.00"},{"v":0,"d":"0.00"},{"v":0,"d":"0.00"},0,0,0,0,0,0,0,0,0,0,0,0,0,0,0,0,0,0,{"$f":"+E1040*Z1040","v":{"v":0,"d":"0.00"}}]
[{"$nulls":5}," ",{"$nulls":20},0,0,0,0,0,0,0,0,0,0,0,0,0,0,0,0,0,0]
["6.1.10","Nurse Base Custom Made MULTI-WAY Switch panel Single Way Ten Lever",{"$nulls":3}," ",{"$nulls":20},0,0,0,0,0,0,0,0,0,0,0,0,0,0,0,0,0,0]
[null,"       Supply","each",9,{"v":2526.26,"d":"2,526.26"},{"v":22736.340000000004,"d":"22,736.34"},{"v":0,"d":"0.00"},{"v":0,"d":"0.00"},{"v":0,"d":"0.00"},{"v":0,"d":"0.00"},{"v":0,"d":"0.00"},{"v":0,"d":"0.00"},{"v":0,"d":"0.00"},{"v":0,"d":"0.00"},{"v":0,"d":"0.00"},{"v":0,"d":"0.00"},{"v":0,"d":"0.00"},{"v":0,"d":"0.00"},{"v":0,"d":"0.00"},{"v":0,"d":"0.00"},{"$nulls":3},{"v":0,"d":"0.00"},{"v":0,"d":"0.00"},{"v":0,"d":"0.00"},0,0,0,0,0,0,0,0,0,0,0,0,0,0,0,0,0,0,{"$f":"+E1043*Z1043","v":{"v":0,"d":"0.00"}}]
[null,"       Install","each",{"$f":"D1043","v":9},{"v":200,"d":"200.00"},{"v":1800,"d":"1,800.00"},{"v":0,"d":"0.00"},{"v":0,"d":"0.00"},{"v":0,"d":"0.00"},{"v":0,"d":"0.00"},{"v":0,"d":"0.00"},{"v":0,"d":"0.00"},{"v":0,"d":"0.00"},{"v":0,"d":"0.00"},{"v":0,"d":"0.00"},{"v":0,"d":"0.00"},{"v":0,"d":"0.00"},{"v":0,"d":"0.00"},{"v":0,"d":"0.00"},{"v":0,"d":"0.00"},{"$nulls":3},{"v":0,"d":"0.00"},{"v":0,"d":"0.00"},{"v":0,"d":"0.00"},0,0,0,0,0,0,0,0,0,0,0,0,0,0,0,0,0,0,{"$f":"+E1044*Z1044","v":{"v":0,"d":"0.00"}}]
[]
[null,"Amount Carried Forward to Summary",{"$nulls":3},{"$f":"SUM(F1002:F1045)","v":{"v":166818.19999999998,"d":"166,818.20"}},{"$nulls":37},{"$f":"SUM(AR1001:AR1045)","v":{"v":33641.5,"d":"33,642"}},{"$f":"SUM(AS1002:AS1045)","v":{"v":33641.5,"d":"33,641.50"}}]
[]
["MAIN HOSPITAL ELECTRICAL INSTALLATION"]
["CECILIA MAKIWANE HOSPITAL : PHASE 4C"]
[]
[{"$f":"A999","v":"BILL NO. 6 : SWITCHGEAR EQUIPMENT (SMME PACKAGE No 4)"}]
["ITEM","DESCRIPTION","UNIT","QTY","RATE","TENDER AMOUNT","A-LV05","B-LV04","D-LV03","E1-LV03","E2","F1","F2","G1","G2","H1","H2","J1","J2","J3",null,"G/House",null,"N","Other","Total Qty","A","B","D","E1","E2","F1","F2","G1","G2","H1","H2","J1","J2","J3","K","N","Other","Total Amount","Total Claimed"]
[null,"AMOUNT CARRIED FORWARD FROM PREVIOUS BILL",{"$nulls":3},{"$f":"F1046","v":{"v":166818.19999999998,"d":"166,818.20"}},{"$nulls":37},{"$f":"+AR1046","v":{"v":33641.5,"d":"33,642"}},{"$f":"AS1046","v":{"v":33641.5,"d":"33,641.50"}}]
[]
[{"v":6.2,"d":"6.20"},"Switchgear"]
[null,"16 Amp rocker type Power Outlets with coverplate installed into boxes or Skirting measured elsewhere."]
[]
["6.2.1","16 Amp 3 pin switched socket outlets with cover plates Standard: installed in Power Skirting (single). Colour: White"]
[null,"       Supply ","each",601,36.29,{"$f":"$D1059*E1059","v":{"v":21810.29,"d":"21,810.29"}},{"v":0,"d":"0.00"},{"v":0,"d":"0.00"},{"v":0,"d":"0.00"},{"v":0,"d":"0.00"},{"v":8,"d":"8.00"},{"v":8,"d":"8.00"},{"v":8,"d":"8.00"},{"v":6,"d":"6.00"},{"v":0,"d":"0.00"},{"v":20,"d":"20.00"},{"v":10,"d":"10.00"},{"v":30,"d":"30.00"},{"v":42,"d":"42.00"},{"v":0,"d":"0.00"},{"$nulls":3},{"v":0,"d":"0.00"},{"v":197,"d":"197.00"},{"$f":"SUM(G1059:Y1059)","v":{"v":329,"d":"329.00"}},{"$f":"G1059*E1059","v":0},{"$f":"H1059*E1059","v":0},{"$f":"I1059*E1059","v":0},{"$f":"J1059*E1059","v":0},{"$f":"K1059*E1059","v":{"v":290.32,"d":"290"}},{"$f":"L1059*E1059","v":{"v":290.32,"d":"290"}},{"$f":"+M1059*E1059","v":{"v":290.32,"d":"290"}},{"$f":"N1059*E1059","v":{"v":217.74,"d":"218"}},{"$f":"O1059*E1059","v":0},{"$f":"P1059*E1059","v":{"v":725.8,"d":"726"}},{"$f":"Q1059*E1059","v":{"v":362.9,"d":"363"}},{"$f":"R1059*E1059","v":{"v":1088.7,"d":"1,089"}},{"$f":"S1059*E1059","v":{"v":1524.18,"d":"1,524"}},{"$f":"T1059*E1059","v":0},{"$f":"W1059*E1059","v":0},{"$f":"X1059*E1059","v":0},{"$f":"Y1059*E1059","v":{"v":7149.13,"d":"7,149"}},{"$f":"SUM(AA1059:AQ1059)","v":{"v":11939.41,"d":"11,939"}},{"$f":"+E1059*Z1059","v":{"v":11939.41,"d":"11,939.41"}}]
[null,"       Install","each",{"$f":"D1059","v":601},{"v":20,"d":"20.00"},{"$f":"$D1060*E1060","v":{"v":12020,"d":"12,020.00"}},{"v":0,"d":"0.00"},{"v":0,"d":"0.00"},{"v":0,"d":"0.00"},{"v":0,"d":"0.00"},{"v":6,"d":"6.00"},{"v":0,"d":"0.00"},{"v":0,"d":"0.00"},{"v":21,"d":"21.00"},{"v":0,"d":"0.00"},{"v":0,"d":"0.00"},{"v":0,"d":"0.00"},{"v":0,"d":"0.00"},{"v":0,"d":"0.00"},{"v":0,"d":"0.00"},{"$nulls":3},{"v":0,"d":"0.00"},{"v":0,"d":"0.00"},{"$f":"SUM(G1060:Y1060)","v":{"v":27,"d":"27.00"}},0,0,0,0,120,0,0,420,0,0,0,0,0,0,0,0,0,{"$f":"SUM(AA1060:AQ1060)","v":540},{"$f":"+E1060*Z1060","v":{"v":540,"d":"540.00"}}]
[{"$nulls":26},0,0,0,0,0,0,0,0,0,0,0,0,0,0,0,0,0,0]
["6.2.2","16 Amp 3 pin switched socket outlets with cover plates Standard: installed in Power Skirting (single). Colour: Red",{"$nulls":24},0,0,0,0,0,0,0,0,0,0,0,0,0,0,0,0,0,0]
[null,"       Supply ","each",734,51.69,{"$f":"$D1063*E1063","v":{"v":37940.46,"d":"37,940.46"}},{"v":0,"d":"0.00"},{"v":0,"d":"0.00"},{"v":0,"d":"0.00"},{"v":0,"d":"0.00"},{"v":47,"d":"47.00"},{"v":47,"d":"47.00"},{"v":47,"d":"47.00"},{"v":13,"d":"13.00"},{"v":0,"d":"0.00"},{"v":17,"d":"17.00"},{"v":29,"d":"29.00"},{"v":55,"d":"55.00"},{"v":63,"d":"63.00"},{"v":0,"d":"0.00"},{"$nulls":3},{"v":0,"d":"0.00"},{"v":321,"d":"321.00"},{"v":639,"d":"639.00"},0,0,0,0,{"v":2429.43,"d":"2,429"},{"v":2429.43,"d":"2,429"},{"v":2429.43,"d":"2,429"},{"v":671.97,"d":"672"},0,{"v":878.73,"d":"879"},{"v":1499.01,"d":"1,499"},{"v":2842.95,"d":"2,843"},{"v":3256.47,"d":"3,256"},0,0,0,{"v":16592.489999999998,"d":"16,592"},{"v":33029.91,"d":"33,030"},{"$f":"+E1063*Z1063","v":{"v":33029.909999999996,"d":"33,029.91"}}]
[null,"       Install","each",{"$f":"D1063","v":734},{"v":20,"d":"20.00"},{"$f":"$D1064*E1064","v":{"v":14680,"d":"14,680.00"}},{"v":0,"d":"0.00"},{"v":0,"d":"0.00"},{"v":0,"d":"0.00"},{"v":0,"d":"0.00"},{"v":33,"d":"33.00"},{"v":0,"d":"0.00"},{"v":0,"d":"0.00"},{"v":30,"d":"30.00"},{"v":11,"d":"11.00"},{"v":0,"d":"0.00"},{"v":0,"d":"0.00"},{"v":0,"d":"0.00"},{"v":0,"d":"0.00"},{"v":0,"d":"0.00"},{"$nulls":3},{"v":0,"d":"0.00"},{"v":0,"d":"0.00"},{"v":74,"d":"74.00"},0,0,0,0,660,0,0,600,220,0,0,0,0,0,0,0,0,{"v":1480,"d":"1,480"},{"$f":"+E1064*Z1064","v":{"v":1480,"d":"1,480.00"}}]
[{"$nulls":26},0,0,0,0,0,0,0,0,0,0,0,0,0,0,0,0,0,0]
["6.2.3","16 Amp 3 pin switched socket outlets with cover plates Standard: installed in Power Skirting (single). Colour: Blue",{"$nulls":24},0,0,0,0,0,0,0,0,0,0,0,0,0,0,0,0,0,0]
[null,"       Supply ","each",289,36.29,{"$f":"$D1067*E1067","v":{"v":10487.81,"d":"10,487.81"}},{"v":0,"d":"0.00"},{"v":0,"d":"0.00"},{"v":0,"d":"0.00"},{"v":0,"d":"0.00"},{"v":33,"d":"33.00"},{"v":33,"d":"33.00"},{"v":33,"d":"33.00"},{"v":7,"d":"7.00"},{"v":0,"d":"0.00"},{"v":26,"d":"26.00"},{"v":16,"d":"16.00"},{"v":18,"d":"18.00"},{"v":20,"d":"20.00"},{"v":0,"d":"0.00"},{"$nulls":3},{"v":0,"d":"0.00"},{"v":204,"d":"204.00"},{"v":390,"d":"390.00"},0,0,0,0,{"v":1197.57,"d":"1,198"},{"v":1197.57,"d":"1,198"},{"v":1197.57,"d":"1,198"},{"v":254.03,"d":"254"},0,{"v":943.54,"d":"944"},{"v":580.64,"d":"581"},{"v":653.22,"d":"653"},{"v":725.8,"d":"726"},0,0,0,{"v":7403.16,"d":"7,403"},{"v":14153.100000000002,"d":"14,153"},{"$f":"+E1067*Z1067","v":{"v":14153.1,"d":"14,153.10"}}]
[null,"       Install","each",{"$f":"D1067","v":289},{"v":20,"d":"20.00"},{"$f":"$D1068*E1068","v":{"v":5780,"d":"5,780.00"}},{"v":0,"d":"0.00"},{"v":0,"d":"0.00"},{"v":0,"d":"0.00"},{"v":0,"d":"0.00"},{"v":26,"d":"26.00"},{"v":0,"d":"0.00"},{"v":0,"d":"0.00"},{"v":19,"d":"19.00"},{"v":13,"d":"13.00"},{"v":0,"d":"0.00"},{"v":0,"d":"0.00"},{"v":0,"d":"0.00"},{"v":0,"d":"0.00"},{"v":0,"d":"0.00"},{"$nulls":3},{"v":0,"d":"0.00"},{"v":0,"d":"0.00"},{"v":58,"d":"58.00"},0,0,0,0,520,0,0,380,260,0,0,0,0,0,0,0,0,{"v":1160,"d":"1,160"},{"$f":"+E1068*Z1068","v":{"v":1160,"d":"1,160.00"}}]
[{"$nulls":26},0,0,0,0,0,0,0,0,0,0,0,0,0,0,0,0,0,0]
["6.2.4","13 Amp 2 pin un-switched socket outlets with cover plates Standard: installed in Ceiling space (single). Colour: Blue",{"$nulls":24},0,0,0,0,0,0,0,0,0,0,0,0,0,0,0,0,0,0]
[null,"       Supply ","each",612,{"v":89,"d":"89.00"},{"$f":"$D1071*E1071","v":{"v":54468,"d":"54,468.00"}},{"v":0,"d":"0.00"},{"v":0,"d":"0.00"},{"v":0,"d":"0.00"},{"v":0,"d":"0.00"},{"v":0,"d":"0.00"},{"v":0,"d":"0.00"},{"v":0,"d":"0.00"},{"v":0,"d":"0.00"},{"v":10,"d":"10.00"},{"v":0,"d":"0.00"},{"v":0,"d":"0.00"},{"v":0,"d":"0.00"},{"v":0,"d":"0.00"},{"v":0,"d":"0.00"},{"$nulls":3},{"v":0,"d":"0.00"},{"v":0,"d":"0.00"},{"v":10,"d":"10.00"},0,0,0,0,0,0,0,0,890,0,0,0,0,0,0,0,0,890,{"$f":"+E1071*Z1071","v":{"v":890,"d":"890.00"}}]
[null,"       Install","each",{"$f":"D1071","v":612},{"v":20,"d":"20.00"},{"$f":"$D1072*E1072","v":{"v":12240,"d":"12,240.00"}},{"v":0,"d":"0.00"},{"v":0,"d":"0.00"},{"v":0,"d":"0.00"},{"v":0,"d":"0.00"},{"v":0,"d":"0.00"},{"v":0,"d":"0.00"},{"v":0,"d":"0.00"},{"v":0,"d":"0.00"},{"v":3,"d":"3.00"},{"v":0,"d":"0.00"},{"v":0,"d":"0.00"},{"v":0,"d":"0.00"},{"v":0,"d":"0.00"},{"v":0,"d":"0.00"},{"$nulls":3},{"v":0,"d":"0.00"},{"v":0,"d":"0.00"},{"v":3,"d":"3.00"},0,0,0,0,0,0,0,0,60,0,0,0,0,0,0,0,0,60,{"$f":"+E1072*Z1072","v":{"v":60,"d":"60.00"}}]
[{"$nulls":26},0,0,0,0,0,0,0,0,0,0,0,0,0,0,0,0,0,0]
["6.2.5","16 Amp 3 pin switched socket outlets with cover plates Standard: installed in a Cabstrut reticulation wall Box (single). Colour: White",{"$nulls":24},0,0,0,0,0,0,0,0,0,0,0,0,0,0,0,0,0,0]
[null,"       Supply ","each",71,23.17,{"$f":"$D1075*E1075","v":{"v":1645.0700000000002,"d":"1,645.07"}},{"v":0,"d":"0.00"},{"v":0,"d":"0.00"},{"v":0,"d":"0.00"},{"v":0,"d":"0.00"},{"v":3,"d":"3.00"},{"v":3,"d":"3.00"},{"v":3,"d":"3.00"},{"v":25,"d":"25.00"},{"v":2,"d":"2.00"},{"v":0,"d":"0.00"},{"v":0,"d":"0.00"},{"v":6,"d":"6.00"},{"v":0,"d":"0.00"},{"v":0,"d":"0.00"},{"$nulls":3},{"v":0,"d":"0.00"},{"v":1065,"d":"1,065.00"},{"v":1107,"d":"1,107.00"},0,0,0,0,{"v":69.51,"d":"70"},{"v":69.51,"d":"70"},{"v":69.51,"d":"70"},{"v":579.25,"d":"579"},{"v":46.34,"d":"46"},0,0,{"v":139.02,"d":"139"},0,0,0,0,{"v":24676.050000000003,"d":"24,676"},{"v":25649.190000000002,"d":"25,649"},{"$f":"+E1075*Z1075","v":{"v":25649.190000000002,"d":"25,649.19"}}]
[null,"       Install","each",{"$f":"D1075","v":71},{"v":20,"d":"20.00"},{"$f":"$D1076*E1076","v":{"v":1420,"d":"1,420.00"}},{"v":0,"d":"0.00"},{"v":0,"d":"0.00"},{"v":0,"d":"0.00"},{"v":0,"d":"0.00"},{"v":2,"d":"2.00"},{"v":0,"d":"0.00"},{"v":0,"d":"0.00"},{"v":39,"d":"39.00"},{"v":2,"d":"2.00"},{"v":0,"d":"0.00"},{"v":0,"d":"0.00"},{"v":0,"d":"0.00"},{"v":0,"d":"0.00"},{"v":0,"d":"0.00"},{"$nulls":3},{"v":0,"d":"0.00"},{"v":0,"d":"0.00"},{"v":43,"d":"43.00"},0,0,0,0,40,0,0,780,40,0,0,0,0,0,0,0,0,860,{"$f":"+E1076*Z1076","v":{"v":860,"d":"860.00"}}]
[{"$nulls":26},0,0,0,0,0,0,0,0,0,0,0,0,0,0,0,0,0,0]
["6.2.6","16 Amp 3 pin switched socket outlets with cover plates Standard: installed in a Cabstrut reticulation wall Box (single). Colour: Red",{"$nulls":24},0,0,0,0,0,0,0,0,0,0,0,0,0,0,0,0,0,0]
[null,"       Supply ","each",248,38.33,{"$f":"$D1079*E1079","v":{"v":9505.84,"d":"9,505.84"}},{"v":0,"d":"0.00"},{"v":0,"d":"0.00"},{"v":0,"d":"0.00"},{"v":0,"d":"0.00"},{"v":9,"d":"9.00"},{"v":9,"d":"9.00"},{"v":9,"d":"9.00"},{"v":1,"d":"1.00"},{"v":0,"d":"0.00"},{"v":0,"d":"0.00"},{"v":99,"d":"99.00"},{"v":4,"d":"4.00"},{"v":4,"d":"4.00"},{"v":0,"d":"0.00"},{"$nulls":3},{"v":0,"d":"0.00"},{"v":480,"d":"480.00"},{"v":615,"d":"615.00"},0,0,0,0,{"v":344.96999999999997,"d":"345"},{"v":344.96999999999997,"d":"345"},{"v":344.96999999999997,"d":"345"},{"v":38.33,"d":"38"},0,0,{"v":3794.6699999999996,"d":"3,795"},{"v":153.32,"d":"153"},{"v":153.32,"d":"153"},0,0,0,{"v":18398.399999999998,"d":"18,398"},{"v":23572.949999999997,"d":"23,573"},{"$f":"+E1079*Z1079","v":{"v":23572.95,"d":"23,572.95"}}]
[null,"       Install","each",{"$f":"D1079","v":248},{"v":20,"d":"20.00"},{"$f":"$D1080*E1080","v":{"v":4960,"d":"4,960.00"}},{"v":0,"d":"0.00"},{"v":0,"d":"0.00"},{"v":0,"d":"0.00"},{"v":0,"d":"0.00"},{"v":6,"d":"6.00"},{"v":0,"d":"0.00"},{"v":0,"d":"0.00"},{"v":35,"d":"35.00"},{"v":38,"d":"38.00"},{"v":0,"d":"0.00"},{"v":0,"d":"0.00"},{"v":0,"d":"0.00"},{"v":0,"d":"0.00"},{"v":0,"d":"0.00"},{"$nulls":3},{"v":0,"d":"0.00"},{"v":23,"d":"23.00"},{"v":102,"d":"102.00"},0,0,0,0,120,0,0,700,760,0,0,0,0,0,0,0,460,{"v":2040,"d":"2,040"},{"$f":"+E1080*Z1080","v":{"v":2040,"d":"2,040.00"}}]
[{"$nulls":26},0,0,0,0,0,0,0,0,0,0,0,0,0,0,0,0,0,0]
["6.2.7","16 Amp 3 pin switched socket outlets with cover plates Standard: installed in a Cabstrut reticulation wall Box (single). Colour: Blue",{"$nulls":24},0,0,0,0,0,0,0,0,0,0,0,0,0,0,0,0,0,0]
[null,"       Supply ","each",{"$f":"248+71","v":319},38.33,{"$f":"$D1083*E1083","v":{"v":12227.269999999999,"d":"12,227.27"}},{"v":0,"d":"0.00"},{"v":0,"d":"0.00"},{"v":0,"d":"0.00"},{"v":0,"d":"0.00"},{"v":7,"d":"7.00"},{"v":7,"d":"7.00"},{"v":7,"d":"7.00"},{"v":6,"d":"6.00"},{"v":0,"d":"0.00"},{"v":0,"d":"0.00"},{"v":18,"d":"18.00"},{"v":0,"d":"0.00"},{"v":0,"d":"0.00"},{"v":0,"d":"0.00"},{"$nulls":3},{"v":0,"d":"0.00"},{"v":60,"d":"60.00"},{"v":105,"d":"105.00"},0,0,0,0,{"v":268.31,"d":"268"},{"v":268.31,"d":"268"},{"v":268.31,"d":"268"},{"v":229.98,"d":"230"},0,0,{"v":689.9399999999999,"d":"690"},0,0,0,0,0,{"v":2299.7999999999997,"d":"2,300"},{"v":4024.6499999999996,"d":"4,025"},{"$f":"+E1083*Z1083","v":{"v":4024.6499999999996,"d":"4,024.65"}}]
[null,"       Install","each",{"$f":"D1083","v":319},{"v":20,"d":"20.00"},{"$f":"$D1084*E1084","v":{"v":6380,"d":"6,380.00"}},{"v":0,"d":"0.00"},{"v":0,"d":"0.00"},{"v":0,"d":"0.00"},{"v":0,"d":"0.00"},{"v":5,"d":"5.00"},{"v":0,"d":"0.00"},{"v":0,"d":"0.00"},{"v":32,"d":"32.00"},{"v":8,"d":"8.00"},{"v":0,"d":"0.00"},{"v":0,"d":"0.00"},{"v":0,"d":"0.00"},{"v":0,"d":"0.00"},{"v":0,"d":"0.00"},{"$nulls":3},{"v":0,"d":"0.00"},{"v":0,"d":"0.00"},{"v":45,"d":"45.00"},0,0,0,0,100,0,0,640,160,0,0,0,0,0,0,0,0,900,{"$f":"+E1084*Z1084","v":{"v":900,"d":"900.00"}}]
[{"$nulls":26},0,0,0,0,0,0,0,0,0,0,0,0,0,0,0,0,0,0]
["6.2.8","16 Amp 3 pin switched socket outlets with cover plates Standard: installed in a wall flush box (single)",{"$nulls":24},0,0,0,0,0,0,0,0,0,0,0,0,0,0,0,0,0,0]
[null,"       Supply ","each",{"v":1836,"d":"1,836"},{"v":44.1,"d":"44.10"},{"$f":"$D1087*E1087","v":{"v":80967.6,"d":"80,967.60"}},{"v":0,"d":"0.00"},{"v":0,"d":"0.00"},{"v":0,"d":"0.00"},{"v":0,"d":"0.00"},{"v":46,"d":"46.00"},{"v":46,"d":"46.00"},{"v":46,"d":"46.00"},{"v":50,"d":"50.00"},{"v":0,"d":"0.00"},{"v":151,"d":"151.00"},{"v":51,"d":"51.00"},{"v":0,"d":"0.00"},{"v":0,"d":"0.00"},{"v":0,"d":"0.00"},{"$nulls":3},{"v":18,"d":"18.00"},{"v":0,"d":"0.00"},{"v":408,"d":"408.00"},0,0,0,0,{"v":2028.6000000000001,"d":"2,029"},{"v":2028.6000000000001,"d":"2,029"},{"v":2028.6000000000001,"d":"2,029"},{"v":2205,"d":"2,205"},0,{"v":6659.1,"d":"6,659"},{"v":2249.1,"d":"2,249"},0,0,0,0,{"v":793.8000000000001,"d":"794"},0,{"v":17992.8,"d":"17,993"},{"$f":"+E1087*Z1087","v":{"v":17992.8,"d":"17,992.80"}}]
[null,"       Install","each",{"$f":"D1087","v":{"v":1836,"d":"1,836"}},{"v":20,"d":"20.00"},{"$f":"$D1088*E1088","v":{"v":36720,"d":"36,720.00"}},{"v":0,"d":"0.00"},{"v":0,"d":"0.00"},{"v":0,"d":"0.00"},{"v":0,"d":"0.00"},{"v":33,"d":"33.00"},{"v":0,"d":"0.00"},{"v":0,"d":"0.00"},{"v":87,"d":"87.00"},{"v":40,"d":"40.00"},{"v":0,"d":"0.00"},{"v":0,"d":"0.00"},{"v":0,"d":"0.00"},{"v":0,"d":"0.00"},{"v":0,"d":"0.00"},{"$nulls":3},{"v":0,"d":"0.00"},{"v":0,"d":"0.00"},{"v":160,"d":"160.00"},0,0,0,0,660,0,0,{"v":1740,"d":"1,740"},800,0,0,0,0,0,0,0,0,{"v":3200,"d":"3,200"},{"$f":"+E1088*Z1088","v":{"v":3200,"d":"3,200.00"}}]
[null,"Amount Carried Forward ",{"$nulls":3},{"$f":"SUM(F1053:F1088)","v":{"v":490070.54000000004,"d":"490,070.54"}},{"$nulls":37},{"$f":"SUM(AR1053:AR1088)","v":{"v":175133.50999999998,"d":"175,134"}},{"$f":"SUM(AS1053:AS1088)","v":{"v":175133.51,"d":"175,133.51"}}]
[]
["MAIN HOSPITAL ELECTRICAL INSTALLATION"]
["CECILIA MAKIWANE HOSPITAL : PHASE 4C"]
[]
[{"$f":"A999","v":"BILL NO. 6 : SWITCHGEAR EQUIPMENT (SMME PACKAGE No 4)"}]
["ITEM","DESCRIPTION","UNIT","QTY","RATE","TENDER AMOUNT","A-LV05","B-LV04","D-LV03","E1-LV03","E2","F1","F2","G1","G2","H1","H2","J1","J2","J3",null,"G/House",null,"N","Other","Total Qty","A","B","D","E1","E2","F1","F2","G1","G2","H1","H2","J1","J2","J3","K","N","Other","Total Amount","Total Claimed"]
[null,"AMOUNT CARRIED FORWARD FROM PREVIOUS BILL",{"$nulls":3},{"$f":"F1089","v":{"v":490070.54000000004,"d":"490,070.54"}},{"$nulls":37},{"$f":"+AR1089","v":{"v":175133.50999999998,"d":"175,134"}},{"$f":"AS1089","v":{"v":175133.51,"d":"175,133.51"}}]
[null," "," "," "]
[]
["6.2.9","16 Amp 3 pin switched socket outlets with cover plates Standard: installed in a 3F Floor Duct system (single)"]
[" ","       Supply ","each",106,75.96,{"$f":"$D1100*E1100","v":{"v":8051.759999999999,"d":"8,051.76"}},{"v":0,"d":"0.00"},{"v":0,"d":"0.00"},{"v":0,"d":"0.00"},{"v":0,"d":"0.00"},{"v":0,"d":"0.00"},{"v":0,"d":"0.00"},{"v":0,"d":"0.00"},{"v":0,"d":"0.00"},{"v":0,"d":"0.00"},{"v":2,"d":"2.00"},{"v":30,"d":"30.00"},{"v":4,"d":"4.00"},{"v":6,"d":"6.00"},{"v":0,"d":"0.00"},{"$nulls":3},{"v":0,"d":"0.00"},{"v":0,"d":"0.00"},{"$f":"SUM(G1100:Y1100)","v":{"v":42,"d":"42.00"}},{"$f":"G1100*E1100","v":0},{"$f":"H1100*E1100","v":0},{"$f":"I1100*E1100","v":0},{"$f":"J1100*E1100","v":0},{"$f":"K1100*E1100","v":0},{"$f":"L1100*E1100","v":0},{"$f":"+M1100*E1100","v":0},{"$f":"N1100*E1100","v":0},{"$f":"O1100*E1100","v":0},{"$f":"P1100*E1100","v":{"v":151.92,"d":"152"}},{"$f":"Q1100*E1100","v":{"v":2278.7999999999997,"d":"2,279"}},{"$f":"R1100*E1100","v":{"v":303.84,"d":"304"}},{"$f":"S1100*E1100","v":{"v":455.76,"d":"456"}},{"$f":"T1100*E1100","v":0},{"$f":"W1100*E1100","v":0},{"$f":"X1100*E1100","v":0},{"$f":"Y1100*E1100","v":0},{"$f":"SUM(AA1100:AQ1100)","v":{"v":3190.3199999999997,"d":"3,190"}},{"$f":"+E1100*Z1100","v":{"v":3190.3199999999997,"d":"3,190.32"}}]
[" ","       Install","each",{"$f":"D1100","v":106},{"v":20,"d":"20.00"},{"v":2120,"d":"2,120.00"},{"v":0,"d":"0.00"},{"v":0,"d":"0.00"},{"v":0,"d":"0.00"},{"v":0,"d":"0.00"},{"v":0,"d":"0.00"},{"v":0,"d":"0.00"},{"v":0,"d":"0.00"},{"v":0,"d":"0.00"},{"v":0,"d":"0.00"},{"v":0,"d":"0.00"},{"v":0,"d":"0.00"},{"v":0,"d":"0.00"},{"v":0,"d":"0.00"},{"v":0,"d":"0.00"},{"$nulls":3},{"v":0,"d":"0.00"},{"v":0,"d":"0.00"},{"$f":"SUM(G1101:Y1101)","v":{"v":0,"d":"0.00"}},0,0,0,0,0,0,0,0,0,0,0,0,0,0,0,0,0,{"$f":"SUM(AA1101:AQ1101)","v":0},{"$f":"+E1101*Z1101","v":{"v":0,"d":"0.00"}}]
[{"$nulls":26},0,0,0,0,0,0,0,0,0,0,0,0,0,0,0,0,0,0,{"$f":"+E1102*Z1102","v":{"v":0,"d":"0.00"}}]
["6.2.10","16 Amp 3 pin Double switched socket outlets with cover plates Standard: installed in a flush box (single)",{"$nulls":24},0,0,0,0,0,0,0,0,0,0,0,0,0,0,0,0,0,0]
[" ","       Supply ","each",356,36.17,{"v":12876.52,"d":"12,876.52"},{"v":0,"d":"0.00"},{"v":0,"d":"0.00"},{"v":0,"d":"0.00"},{"v":0,"d":"0.00"},{"v":0,"d":"0.00"},{"v":6,"d":"6.00"},{"v":6,"d":"6.00"},{"v":4,"d":"4.00"},{"v":4,"d":"4.00"},{"v":64,"d":"64.00"},{"v":32,"d":"32.00"},{"v":5,"d":"5.00"},{"v":4,"d":"4.00"},{"v":0,"d":"0.00"},{"$nulls":3},{"v":4,"d":"4.00"},{"v":0,"d":"0.00"},{"v":129,"d":"129.00"},0,0,0,0,0,{"v":217.02,"d":"217"},{"v":217.02,"d":"217"},{"v":144.68,"d":"145"},{"v":144.68,"d":"145"},{"v":2314.88,"d":"2,315"},{"v":1157.44,"d":"1,157"},{"v":180.85000000000002,"d":"181"},{"v":144.68,"d":"145"},0,0,{"v":144.68,"d":"145"},0,{"v":4665.930000000001,"d":"4,666"},{"$f":"+E1104*Z1104","v":{"v":4665.93,"d":"4,665.93"}}]
[" ","       Install","each",{"$f":"D1104","v":356},{"v":20,"d":"20.00"},{"v":7120,"d":"7,120.00"},{"v":0,"d":"0.00"},{"v":0,"d":"0.00"},{"v":0,"d":"0.00"},{"v":0,"d":"0.00"},{"v":0,"d":"0.00"},{"v":0,"d":"0.00"},{"v":0,"d":"0.00"},{"v":1,"d":"1.00"},{"v":2,"d":"2.00"},{"v":0,"d":"0.00"},{"v":0,"d":"0.00"},{"v":0,"d":"0.00"},{"v":0,"d":"0.00"},{"v":0,"d":"0.00"},{"$nulls":3},{"v":0,"d":"0.00"},{"v":5,"d":"5.00"},{"v":8,"d":"8.00"},0,0,0,0,0,0,0,20,40,0,0,0,0,0,0,0,100,160,{"$f":"+E1105*Z1105","v":{"v":160,"d":"160.00"}}]
[{"$nulls":5}," ",{"$nulls":20},0,0,0,0,0,0,0,0,0,0,0,0,0,0,0,0,0,0]
["6.2.11","5amp unswitched Socket outlet",{"$nulls":3}," ",{"$nulls":20},0,0,0,0,0,0,0,0,0,0,0,0,0,0,0,0,0,0]
[null,"       Supply ","each",{"$f":"4200+1000","v":{"v":5200,"d":"5,200"}},{"v":11.5,"d":"11.50"},{"v":59800,"d":"59,800.00"},{"v":0,"d":"0.00"},{"v":0,"d":"0.00"},{"v":0,"d":"0.00"},{"v":0,"d":"0.00"},{"v":368,"d":"368.00"},{"v":542,"d":"542.00"},{"v":542,"d":"542.00"},{"v":412,"d":"412.00"},{"v":412,"d":"412.00"},{"v":814,"d":"814.00"},{"v":828,"d":"828.00"},{"v":542,"d":"542.00"},{"v":588,"d":"588.00"},{"v":0,"d":"0.00"},{"$nulls":3},{"v":612,"d":"612.00"},{"v":568,"d":"568.00"},{"v":6228,"d":"6,228.00"},0,0,0,0,{"v":4232,"d":"4,232"},{"v":6233,"d":"6,233"},{"v":6233,"d":"6,233"},{"v":4738,"d":"4,738"},{"v":4738,"d":"4,738"},{"v":9361,"d":"9,361"},{"v":9522,"d":"9,522"},{"v":6233,"d":"6,233"},{"v":6762,"d":"6,762"},0,0,{"v":7038,"d":"7,038"},{"v":6532,"d":"6,532"},{"v":71622,"d":"71,622"},{"$f":"+E1108*Z1108","v":{"v":71622,"d":"71,622.00"}}]
[null,"       Install","each",{"$f":"D1108","v":{"v":5200,"d":"5,200"}},{"v":15,"d":"15.00"},{"v":78000,"d":"78,000.00"},{"v":0,"d":"0.00"},{"v":0,"d":"0.00"},{"v":0,"d":"0.00"},{"v":0,"d":"0.00"},{"v":258,"d":"258.00"},{"v":0,"d":"0.00"},{"v":0,"d":"0.00"},{"v":103,"d":"103.00"},{"v":108,"d":"108.00"},{"v":0,"d":"0.00"},{"v":110,"d":"110.00"},{"v":0,"d":"0.00"},{"v":0,"d":"0.00"},{"v":0,"d":"0.00"},{"$nulls":3},{"v":0,"d":"0.00"},{"v":432,"d":"432.00"},{"v":1011,"d":"1,011.00"},0,0,0,0,{"v":3870,"d":"3,870"},0,0,{"v":1545,"d":"1,545"},{"v":1620,"d":"1,620"},0,{"v":1650,"d":"1,650"},0,0,0,0,0,{"v":6480,"d":"6,480"},{"v":15165,"d":"15,165"},{"$f":"+E1109*Z1109","v":{"v":15165,"d":"15,165.00"}}]
[{"$nulls":5}," ",{"$nulls":20},0,0,0,0,0,0,0,0,0,0,0,0,0,0,0,0,0,0]
["6.2.12","16 Amp 3 pin  Pop-up Pedistal switched socket outlets with cover plates complete, floor or Desktop mounted. (for Standard SSOs)",{"$nulls":3}," ",{"$nulls":20},0,0,0,0,0,0,0,0,0,0,0,0,0,0,0,0,0,0]
[" ","       Supply","each",24,{"v":324,"d":"324.00"},{"v":7776,"d":"7,776.00"},{"v":0,"d":"0.00"},{"v":0,"d":"0.00"},{"v":0,"d":"0.00"},{"v":0,"d":"0.00"},{"v":0,"d":"0.00"},{"v":0,"d":"0.00"},{"v":0,"d":"0.00"},{"v":0,"d":"0.00"},{"v":0,"d":"0.00"},{"v":0,"d":"0.00"},{"v":0,"d":"0.00"},{"v":0,"d":"0.00"},{"v":0,"d":"0.00"},{"v":0,"d":"0.00"},{"$nulls":3},{"v":0,"d":"0.00"},{"v":0,"d":"0.00"},{"v":0,"d":"0.00"},0,0,0,0,0,0,0,0,0,0,0,0,0,0,0,0,0,0,{"$f":"+E1112*Z1112","v":{"v":0,"d":"0.00"}}]
[null,"       Install","each",{"$f":"D1112","v":24},{"v":40,"d":"40.00"},{"v":960,"d":"960.00"},{"v":0,"d":"0.00"},{"v":0,"d":"0.00"},{"v":0,"d":"0.00"},{"v":0,"d":"0.00"},{"v":0,"d":"0.00"},{"v":0,"d":"0.00"},{"v":0,"d":"0.00"},{"v":0,"d":"0.00"},{"v":0,"d":"0.00"},{"v":0,"d":"0.00"},{"v":0,"d":"0.00"},{"v":0,"d":"0.00"},{"v":0,"d":"0.00"},{"v":0,"d":"0.00"},{"$nulls":3},{"v":0,"d":"0.00"},{"v":0,"d":"0.00"},{"v":0,"d":"0.00"},0,0,0,0,0,0,0,0,0,0,0,0,0,0,0,0,0,0,{"$f":"+E1113*Z1113","v":{"v":0,"d":"0.00"}}]
[{"$nulls":5}," ",{"$nulls":20},0,0,0,0,0,0,0,0,0,0,0,0,0,0,0,0,0,0]
["6.2.13","16 Amp 3 pin Industrial switched socket outlets with cover plates complete, surface mounted. (for Standard SSOs)",{"$nulls":3}," ",{"$nulls":20},0,0,0,0,0,0,0,0,0,0,0,0,0,0,0,0,0,0]
[null,"       Supply","each",90,{"v":41.5,"d":"41.50"},{"v":3735,"d":"3,735.00"},{"v":0,"d":"0.00"},{"v":0,"d":"0.00"},{"v":0,"d":"0.00"},{"v":0,"d":"0.00"},{"v":0,"d":"0.00"},{"v":21,"d":"21.00"},{"v":21,"d":"21.00"},{"v":0,"d":"0.00"},{"v":0,"d":"0.00"},{"v":0,"d":"0.00"},{"v":0,"d":"0.00"},{"v":21,"d":"21.00"},{"v":29,"d":"29.00"},{"v":0,"d":"0.00"},{"$nulls":3},{"v":29,"d":"29.00"},{"v":0,"d":"0.00"},{"v":121,"d":"121.00"},0,0,0,0,0,{"v":871.5,"d":"872"},{"v":871.5,"d":"872"},0,0,0,0,{"v":871.5,"d":"872"},{"v":1203.5,"d":"1,204"},0,0,{"v":1203.5,"d":"1,204"},0,{"v":5021.5,"d":"5,022"},{"$f":"+E1116*Z1116","v":{"v":5021.5,"d":"5,021.50"}}]
[null,"       Install","each",{"$f":"D1116","v":90},{"v":20,"d":"20.00"},{"v":1800,"d":"1,800.00"},{"v":0,"d":"0.00"},{"v":0,"d":"0.00"},{"v":0,"d":"0.00"},{"v":0,"d":"0.00"},{"v":0,"d":"0.00"},{"v":0,"d":"0.00"},{"v":0,"d":"0.00"},{"v":0,"d":"0.00"},{"v":0,"d":"0.00"},{"v":0,"d":"0.00"},{"v":0,"d":"0.00"},{"v":0,"d":"0.00"},{"v":0,"d":"0.00"},{"v":0,"d":"0.00"},{"$nulls":3},{"v":0,"d":"0.00"},{"v":0,"d":"0.00"},{"v":0,"d":"0.00"},0,0,0,0,0,0,0,0,0,0,0,0,0,0,0,0,0,0,{"$f":"+E1117*Z1117","v":{"v":0,"d":"0.00"}}]
[{"$nulls":26},0,0,0,0,0,0,0,0,0,0,0,0,0,0,0,0,0,0]
[{"v":6.3,"d":"6.30"},"Mentoring and Management",{"$nulls":24},0,0,0,0,0,0,0,0,0,0,0,0,0,0,0,0,0,0]
[null,"A percentage of the SMME Package amoiunt to provide the Mentoring and Management of the SMME Contractors","%",1,{"v":672309.82,"d":"672,309.82"},{"$f":"E1120*2.5%","v":{"v":16807.7455,"d":"16,807.75"}},{"v":0,"d":"0.00"},{"v":0,"d":"0.00"},{"v":0,"d":"0.00"},{"v":0,"d":"0.00"},{"v":0,"d":"0.00"},{"v":0,"d":"0.00"},{"v":0,"d":"0.00"},{"v":0,"d":"0.00"},{"v":0,"d":"0.00"},{"v":0,"d":"0.00"},{"v":0,"d":"0.00"},{"v":0,"d":"0.00"},{"v":0,"d":"0.00"},{"v":0,"d":"0.00"},{"$nulls":3},{"v":0,"d":"0.00"},{"v":0,"d":"0.00"},{"v":0,"d":"0.00"},0,0,0,0,0,0,0,0,0,0,0,0,0,0,0,0,0,{"$f":"SUM(AA1120:AQ1120)","v":0},{"$f":"+E1120*Z1120","v":{"v":0,"d":"0.00"}}]
[]
[]
[null,"TOTAL CARRIED FORWARD TO SUMMARY PAGE",{"$nulls":3},{"$f":"SUM(F1096:F1122)","v":{"v":689117.5655,"d":"689,117.57"}},{"$nulls":37},{"$f":"SUM(AR1096:AR1122)","v":{"v":274958.26,"d":"274,958"}},{"$f":"SUM(AS1096:AS1122)","v":{"v":274958.26,"d":"274,958.26"}}]
[]
["MAIN HOSPITAL ELECTRICAL INSTALLATION"]
["CECILIA MAKIWANE HOSPITAL : PHASE 4C"]
[]
["BILL NO. 7 : CONDUITS AND EQUIPMENT (SMME PACKAGE No5)"]
["ITEM","DESCRIPTION","UNIT","QTY","RATE","TENDER AMOUNT","A-LV05","B-LV04","D-LV03","E1-LV03","E2","F1","F2","G1","G2","H1","H2","J1","J2","J3",null,"G/House",null,"N","Other","Total Qty","A","B","D","E1","E2","F1","F2","G1","G2","H1","H2","J1","J2","J3","K","N","Other","Total Amount","Total Claimed"]
[]
[]
[{"v":7.1,"d":"7.10"},"Conduit"]
[" ","PVC conduit chased into brickwork, cast in concrete or fixed on trusses in ceiling void including cutting, bending, reaming, setting, joining, draw boxes and  fixing material (average)."]
[]
["7.1.1","20mm"]
[null,"       Supply","m",{"v":92655,"d":"92,655"},1.97,{"$f":"$D1136*E1136","v":{"v":182530.35,"d":"182,530.35"}},{"v":0,"d":"0.00"},{"v":3314,"d":"3,314.00"},{"v":0,"d":"0.00"},{"v":0,"d":"0.00"},{"v":0,"d":"0.00"},{"$f":"5462+702.875","v":{"v":6164.875,"d":"6,164.88"}},{"v":0,"d":"0.00"},{"$f":"1250+702.875","v":{"v":1952.875,"d":"1,952.88"}},{"$f":"1164+702.875","v":{"v":1866.875,"d":"1,866.88"}},{"$f":"497+702.875","v":{"v":1199.875,"d":"1,199.88"}},{"$f":"593+702.875","v":{"v":1295.875,"d":"1,295.88"}},{"$f":"275+702.875","v":{"v":977.875,"d":"977.88"}},{"$f":"305+702.875","v":{"v":1007.875,"d":"1,007.88"}},{"v":702.875,"d":"702.88"},{"$nulls":3},{"v":109,"d":"109.00"},{"v":22740,"d":"22,740.00"},{"$f":"SUM(G1136:Y1136)","v":{"v":41332,"d":"41,332.00"}},{"$f":"G1136*E1136","v":0},{"$f":"H1136*E1136","v":{"v":6528.58,"d":"6,529"}},{"$f":"I1136*E1136","v":0},{"$f":"J1136*E1136","v":0},{"$f":"K1136*E1136","v":0},{"$f":"L1136*E1136","v":{"v":12144.80375,"d":"12,145"}},{"$f":"+M1136*E1136","v":0},{"$f":"N1136*E1136","v":{"v":3847.16375,"d":"3,847"}},{"$f":"O1136*E1136","v":{"v":3677.74375,"d":"3,678"}},{"$f":"P1136*E1136","v":{"v":2363.75375,"d":"2,364"}},{"$f":"Q1136*E1136","v":{"v":2552.8737499999997,"d":"2,553"}},{"$f":"R1136*E1136","v":{"v":1926.41375,"d":"1,926"}},{"$f":"S1136*E1136","v":{"v":1985.51375,"d":"1,986"}},{"$f":"T1136*E1136","v":{"v":1384.66375,"d":"1,385"}},{"$f":"W1136*E1136","v":0},{"$f":"X1136*E1136","v":{"v":214.73,"d":"215"}},{"$f":"Y1136*E1136","v":{"v":44797.8,"d":"44,798"}},{"$f":"SUM(AA1136:AQ1136)","v":{"v":81424.04000000001,"d":"81,424"}},{"$f":"+E1136*Z1136","v":{"v":81424.04,"d":"81,424.04"}}]
[null,"       Install","m",{"v":92655,"d":"92,655"},{"v":5,"d":"5.00"},{"$f":"$D1137*E1137","v":{"v":463275,"d":"463,275.00"}},{"v":0,"d":"0.00"},{"v":2652,"d":"2,652.00"},{"v":0,"d":"0.00"},{"v":0,"d":"0.00"},{"v":0,"d":"0.00"},{"v":9918,"d":"9,918.00"},{"v":0,"d":"0.00"},{"v":2250,"d":"2,250.00"},{"v":2135,"d":"2,135.00"},{"v":1200,"d":"1,200.00"},{"v":1296,"d":"1,296.00"},{"v":978,"d":"978.00"},{"v":1008,"d":"1,008.00"},{"v":703,"d":"703.00"},{"$nulls":3},{"v":28,"d":"28.00"},{"v":7316,"d":"7,316.00"},{"$f":"SUM(G1137:Y1137)","v":{"v":29484,"d":"29,484.00"}},0,{"v":13260,"d":"13,260"},0,0,0,{"v":49590,"d":"49,590"},0,{"v":11250,"d":"11,250"},{"v":10675,"d":"10,675"},{"v":6000,"d":"6,000"},{"v":6480,"d":"6,480"},{"v":4890,"d":"4,890"},{"v":5040,"d":"5,040"},{"v":3515,"d":"3,515"},0,140,{"v":36580,"d":"36,580"},{"$f":"SUM(AA1137:AQ1137)","v":{"v":147420,"d":"147,420"}},{"$f":"+E1137*Z1137","v":{"v":147420,"d":"147,420.00"}}]
[{"$nulls":5}," ",{"$nulls":20},0,0,0,0,0,0,0,0,0,0,0,0,0,0,0,0,0,0]
["7.1.2","25mm",{"$nulls":3}," ",{"$nulls":20},0,0,0,0,0,0,0,0,0,0,0,0,0,0,0,0,0,0]
[null,"       Supply","m",{"v":23164,"d":"23,164"},{"v":2.9,"d":"2.90"},{"$f":"$D1140*E1140","v":{"v":67175.59999999999,"d":"67,175.60"}},{"v":0,"d":"0.00"},{"v":0,"d":"0.00"},{"v":0,"d":"0.00"},{"v":0,"d":"0.00"},{"v":0,"d":"0.00"},{"v":4891,"d":"4,891.00"},{"v":0,"d":"0.00"},{"v":1422,"d":"1,422.00"},{"v":1490,"d":"1,490.00"},{"v":170,"d":"170.00"},{"v":0,"d":"0.00"},{"v":0,"d":"0.00"},{"v":0,"d":"0.00"},{"v":0,"d":"0.00"},{"$nulls":3},{"v":0,"d":"0.00"},{"v":26709,"d":"26,709.00"},{"$f":"SUM(G1140:Y1140)","v":{"v":34682,"d":"34,682.00"}},0,0,0,0,0,{"v":14183.9,"d":"14,184"},0,{"v":4123.8,"d":"4,124"},{"v":4321,"d":"4,321"},493,0,0,0,0,0,0,{"v":77456.09999999999,"d":"77,456"},{"v":100577.79999999999,"d":"100,578"},{"$f":"+E1140*Z1140","v":{"v":100577.8,"d":"100,577.80"}}]
[null,"       Install","m",{"v":23164,"d":"23,164"},{"v":7,"d":"7.00"},{"$f":"$D1141*E1141","v":{"v":162148,"d":"162,148.00"}},{"v":0,"d":"0.00"},{"v":928,"d":"928.00"},{"v":730,"d":"730.00"},{"v":0,"d":"0.00"},{"v":0,"d":"0.00"},{"v":4915,"d":"4,915.00"},{"v":0,"d":"0.00"},{"v":1437,"d":"1,437.00"},{"v":1490,"d":"1,490.00"},{"v":190,"d":"190.00"},{"v":276,"d":"276.00"},{"v":40,"d":"40.00"},{"v":8,"d":"8.00"},{"v":407,"d":"407.00"},{"$nulls":3},{"v":0,"d":"0.00"},{"v":16252,"d":"16,252.00"},{"$f":"SUM(G1141:Y1141)","v":{"v":26673,"d":"26,673.00"}},0,{"v":6496,"d":"6,496"},{"v":5110,"d":"5,110"},0,0,{"v":34405,"d":"34,405"},0,{"v":10059,"d":"10,059"},{"v":10430,"d":"10,430"},{"v":1330,"d":"1,330"},{"v":1932,"d":"1,932"},280,56,{"v":2849,"d":"2,849"},0,0,{"v":113764,"d":"113,764"},{"v":186711,"d":"186,711"},{"$f":"+E1141*Z1141","v":{"v":186711,"d":"186,711.00"}}]
[{"$nulls":5}," ",{"$nulls":20},0,0,0,0,0,0,0,0,0,0,0,0,0,0,0,0,0,0]
["7.1.3","32mm",{"$nulls":3}," ",{"$nulls":20},0,0,0,0,0,0,0,0,0,0,0,0,0,0,0,0,0,0]
[null,"       Supply","m",{"v":11582,"d":"11,582"},5.51,{"$f":"$D1144*E1144","v":{"v":63816.82,"d":"63,816.82"}},{"v":0,"d":"0.00"},{"v":1398,"d":"1,398.00"},{"v":876,"d":"876.00"},{"v":1249,"d":"1,249.00"},{"v":0,"d":"0.00"},{"v":1674.75,"d":"1,674.75"},{"v":0,"d":"0.00"},524.75,396.75,274.75,312.75,314.75,309.75,274.75,{"$nulls":3},{"v":14,"d":"14.00"},{"v":4162,"d":"4,162.00"},{"$f":"SUM(G1144:Y1144)","v":{"v":11782,"d":"11,782.00"}},0,{"v":7702.98,"d":"7,703"},{"v":4826.76,"d":"4,827"},{"v":6881.99,"d":"6,882"},0,{"v":9227.8725,"d":"9,228"},0,{"v":2891.3725,"d":"2,891"},{"v":2186.0924999999997,"d":"2,186"},{"v":1513.8725,"d":"1,514"},{"v":1723.2524999999998,"d":"1,723"},{"v":1734.2725,"d":"1,734"},{"v":1706.7224999999999,"d":"1,707"},{"v":1513.8725,"d":"1,514"},0,{"v":77.14,"d":"77"},{"v":22932.62,"d":"22,933"},{"v":64918.81999999999,"d":"64,919"},{"$f":"+E1144*Z1144","v":{"v":64918.82,"d":"64,918.82"}}]
[null,"       Install","m",{"v":11582,"d":"11,582"},{"v":9,"d":"9.00"},{"$f":"$D1145*E1145","v":{"v":104238,"d":"104,238.00"}},{"v":0,"d":"0.00"},{"v":680,"d":"680.00"},{"v":178,"d":"178.00"},{"v":0,"d":"0.00"},{"v":0,"d":"0.00"},{"v":639,"d":"639.00"},{"v":0,"d":"0.00"},{"v":403,"d":"403.00"},{"v":299,"d":"299.00"},{"v":153,"d":"153.00"},{"v":153,"d":"153.00"},{"v":157,"d":"157.00"},{"v":180,"d":"180.00"},{"v":153,"d":"153.00"},{"$nulls":3},{"v":0,"d":"0.00"},{"v":52,"d":"52.00"},{"$f":"SUM(G1145:Y1145)","v":{"v":3047,"d":"3,047.00"}},0,{"v":6120,"d":"6,120"},{"v":1602,"d":"1,602"},0,0,{"v":5751,"d":"5,751"},0,{"v":3627,"d":"3,627"},{"v":2691,"d":"2,691"},{"v":1377,"d":"1,377"},{"v":1377,"d":"1,377"},{"v":1413,"d":"1,413"},{"v":1620,"d":"1,620"},{"v":1377,"d":"1,377"},0,0,468,{"v":27423,"d":"27,423"},{"$f":"+E1145*Z1145","v":{"v":27423,"d":"27,423.00"}}]
[{"$nulls":5}," ",{"$nulls":20},0,0,0,0,0,0,0,0,0,0,0,0,0,0,0,0,0,0]
[{"v":7.2,"d":"7.20"},"Galvanised metal conduit chased into brickwork, cast in concrete or fixed on trusses in ceiling void including cutting, bending, reaming, setting, joining, draw boxes and  fixing material (average).",{"$nulls":24},0,0,0,0,0,0,0,0,0,0,0,0,0,0,0,0,0,0]
[{"$nulls":26},0,0,0,0,0,0,0,0,0,0,0,0,0,0,0,0,0,0]
["7.2.1","20mm",{"$nulls":24},0,0,0,0,0,0,0,0,0,0,0,0,0,0,0,0,0,0]
[null,"       Supply","m",{"v":11582,"d":"11,582"},12.84,{"$f":"$D1150*E1150","v":{"v":148712.88,"d":"148,712.88"}},{"v":0,"d":"0.00"},{"v":0,"d":"0.00"},{"v":0,"d":"0.00"},{"v":0,"d":"0.00"},{"v":0,"d":"0.00"},{"v":0,"d":"0.00"},{"v":0,"d":"0.00"},{"v":0,"d":"0.00"},{"v":0,"d":"0.00"},{"v":0,"d":"0.00"},{"v":0,"d":"0.00"},{"v":0,"d":"0.00"},{"v":0,"d":"0.00"},{"v":0,"d":"0.00"},{"$nulls":3},{"v":0,"d":"0.00"},{"v":1390,"d":"1,390.00"},{"$f":"SUM(G1150:Y1150)","v":{"v":1390,"d":"1,390.00"}},0,0,0,0,0,0,0,0,0,0,0,0,0,0,0,0,{"v":17847.6,"d":"17,848"},{"v":17847.6,"d":"17,848"},{"$f":"+E1150*Z1150","v":{"v":17847.6,"d":"17,847.60"}}]
[null,"       Install","m",{"$f":"D1150","v":{"v":11582,"d":"11,582"}},{"v":7,"d":"7.00"},{"$f":"$D1151*E1151","v":{"v":81074,"d":"81,074.00"}},{"v":0,"d":"0.00"},{"v":0,"d":"0.00"},{"v":0,"d":"0.00"},{"v":0,"d":"0.00"},{"v":0,"d":"0.00"},{"v":8,"d":"8.00"},{"v":0,"d":"0.00"},{"v":55,"d":"55.00"},{"v":0,"d":"0.00"},{"v":0,"d":"0.00"},{"v":0,"d":"0.00"},{"v":0,"d":"0.00"},{"v":114,"d":"114.00"},{"v":0,"d":"0.00"},{"$nulls":3},{"v":0,"d":"0.00"},{"v":790,"d":"790.00"},{"$f":"SUM(G1151:Y1151)","v":{"v":967,"d":"967.00"}},0,0,0,0,0,56,0,385,0,0,0,0,798,0,0,0,{"v":5530,"d":"5,530"},{"v":6769,"d":"6,769"},{"$f":"+E1151*Z1151","v":{"v":6769,"d":"6,769.00"}}]
[{"$nulls":5}," ",{"$nulls":20},0,0,0,0,0,0,0,0,0,0,0,0,0,0,0,0,0,0]
["7.2.2","25mm",{"$nulls":3}," ",{"$nulls":20},0,0,0,0,0,0,0,0,0,0,0,0,0,0,0,0,0,0]
[null,"       Supply","m",{"v":5791,"d":"5,791"},18.79,{"$f":"$D1154*E1154","v":{"v":108812.89,"d":"108,812.89"}},{"v":0,"d":"0.00"},{"v":0,"d":"0.00"},{"v":0,"d":"0.00"},{"v":0,"d":"0.00"},{"v":0,"d":"0.00"},{"v":0,"d":"0.00"},{"v":0,"d":"0.00"},{"v":0,"d":"0.00"},{"v":0,"d":"0.00"},{"v":0,"d":"0.00"},{"v":0,"d":"0.00"},{"v":0,"d":"0.00"},{"v":0,"d":"0.00"},{"v":0,"d":"0.00"},{"$nulls":3},{"v":0,"d":"0.00"},{"v":200,"d":"200.00"},{"$f":"SUM(G1154:Y1154)","v":{"v":200,"d":"200.00"}},0,0,0,0,0,0,0,0,0,0,0,0,0,0,0,0,{"v":3758,"d":"3,758"},{"v":3758,"d":"3,758"},{"$f":"+E1154*Z1154","v":{"v":3758,"d":"3,758.00"}}]
[null,"       Install","m",{"$f":"D1154","v":{"v":5791,"d":"5,791"}},{"v":9,"d":"9.00"},{"$f":"$D1155*E1155","v":{"v":52119,"d":"52,119.00"}},{"v":0,"d":"0.00"},{"v":0,"d":"0.00"},{"v":0,"d":"0.00"},{"v":0,"d":"0.00"},{"v":0,"d":"0.00"},{"v":0,"d":"0.00"},{"v":0,"d":"0.00"},{"v":0,"d":"0.00"},{"v":0,"d":"0.00"},{"v":0,"d":"0.00"},{"v":0,"d":"0.00"},{"v":0,"d":"0.00"},{"v":0,"d":"0.00"},{"v":0,"d":"0.00"},{"$nulls":3},{"v":0,"d":"0.00"},{"v":100,"d":"100.00"},{"$f":"SUM(G1155:Y1155)","v":{"v":100,"d":"100.00"}},0,0,0,0,0,0,0,0,0,0,0,0,0,0,0,0,900,900,{"$f":"+E1155*Z1155","v":{"v":900,"d":"900.00"}}]
[{"$nulls":5}," ",{"$nulls":20},0,0,0,0,0,0,0,0,0,0,0,0,0,0,0,0,0,0]
["7.2.3","32mm",{"$nulls":3}," ",{"$nulls":20},0,0,0,0,0,0,0,0,0,0,0,0,0,0,0,0,0,0]
[null,"       Supply","m",{"v":5791,"d":"5,791"},24.42,{"$f":"$D1158*E1158","v":{"v":141416.22,"d":"141,416.22"}},{"v":0,"d":"0.00"},{"v":0,"d":"0.00"},{"v":0,"d":"0.00"},{"v":0,"d":"0.00"},{"v":0,"d":"0.00"},{"v":0,"d":"0.00"},{"v":0,"d":"0.00"},{"v":0,"d":"0.00"},{"v":0,"d":"0.00"},{"v":0,"d":"0.00"},{"v":0,"d":"0.00"},{"v":0,"d":"0.00"},{"v":0,"d":"0.00"},{"v":0,"d":"0.00"},{"$nulls":3},{"v":0,"d":"0.00"},{"v":0,"d":"0.00"},{"$f":"SUM(G1158:Y1158)","v":{"v":0,"d":"0.00"}},0,0,0,0,0,0,0,0,0,0,0,0,0,0,0,0,0,0,{"$f":"+E1158*Z1158","v":{"v":0,"d":"0.00"}}]
[null,"       Install","m",{"v":5791,"d":"5,791"},{"v":11,"d":"11.00"},{"$f":"$D1159*E1159","v":{"v":63701,"d":"63,701.00"}},{"v":0,"d":"0.00"},{"v":0,"d":"0.00"},{"v":0,"d":"0.00"},{"v":0,"d":"0.00"},{"v":0,"d":"0.00"},{"v":0,"d":"0.00"},{"v":0,"d":"0.00"},{"v":0,"d":"0.00"},{"v":0,"d":"0.00"},{"v":0,"d":"0.00"},{"v":0,"d":"0.00"},{"v":0,"d":"0.00"},{"v":0,"d":"0.00"},{"v":0,"d":"0.00"},{"$nulls":3},{"v":0,"d":"0.00"},{"v":0,"d":"0.00"},{"$f":"SUM(G1159:Y1159)","v":{"v":0,"d":"0.00"}},0,0,0,0,0,0,0,0,0,0,0,0,0,0,0,0,0,0,{"$f":"+E1159*Z1159","v":{"v":0,"d":"0.00"}}]
[{"$nulls":26},0,0,0,0,0,0,0,0,0,0,0,0,0,0,0,0,0,0]
[{"v":7.3,"d":"7.30"},"Conduit Boxes",{"$nulls":24},0,0,0,0,0,0,0,0,0,0,0,0,0,0,0,0,0,0]
[" ","Round PVC box for 20mm conduit, back or side entry for 1, 2, 3 or 4-way chased into brickwork, cast into concrete or fixed in trusses including couplings bushes cover plates and fixing materials (average rate)",{"$nulls":24},0,0,0,0,0,0,0,0,0,0,0,0,0,0,0,0,0,0]
[{"$nulls":26},0,0,0,0,0,0,0,0,0,0,0,0,0,0,0,0,0,0]
["7.3.1","20mm  PVC round box",{"$nulls":24},0,0,0,0,0,0,0,0,0,0,0,0,0,0,0,0,0,0]
[" ","       Supply","each",{"v":10076,"d":"10,076"},2.29,{"$f":"$D1165*E1165","v":{"v":23074.04,"d":"23,074.04"}},{"v":0,"d":"0.00"},{"v":0,"d":"0.00"},{"v":0,"d":"0.00"},{"v":0,"d":"0.00"},{"v":0,"d":"0.00"},{"v":542,"d":"542.00"},{"v":0,"d":"0.00"},{"v":660,"d":"660.00"},{"v":462,"d":"462.00"},{"v":122,"d":"122.00"},{"v":83,"d":"83.00"},{"v":37,"d":"37.00"},{"v":45,"d":"45.00"},{"v":0,"d":"0.00"},{"$nulls":3},{"v":65,"d":"65.00"},{"v":6230,"d":"6,230.00"},{"$f":"SUM(G1165:Y1165)","v":{"v":8246,"d":"8,246.00"}},0,0,0,0,0,{"v":1241.18,"d":"1,241"},0,{"v":1511.4,"d":"1,511"},{"v":1057.98,"d":"1,058"},{"v":279.38,"d":"279"},{"v":190.07,"d":"190"},{"v":84.73,"d":"85"},{"v":103.05,"d":"103"},0,0,{"v":148.85,"d":"149"},{"v":14266.7,"d":"14,267"},{"v":18883.34,"d":"18,883"},{"$f":"+E1165*Z1165","v":{"v":18883.34,"d":"18,883.34"}}]
[null,"       Install","each",{"v":10076,"d":"10,076"},{"v":5,"d":"5.00"},{"$f":"$D1166*E1166","v":{"v":50380,"d":"50,380.00"}},{"v":0,"d":"0.00"},{"v":0,"d":"0.00"},{"v":0,"d":"0.00"},{"v":0,"d":"0.00"},{"v":0,"d":"0.00"},{"v":564,"d":"564.00"},{"v":0,"d":"0.00"},{"v":661,"d":"661.00"},{"v":452,"d":"452.00"},{"v":34,"d":"34.00"},{"v":209,"d":"209.00"},{"v":0,"d":"0.00"},{"v":98,"d":"98.00"},{"v":0,"d":"0.00"},{"$nulls":3},{"v":0,"d":"0.00"},{"v":5747,"d":"5,747.00"},{"$f":"SUM(G1166:Y1166)","v":{"v":7765,"d":"7,765.00"}},0,0,0,0,0,{"v":2820,"d":"2,820"},0,{"v":3305,"d":"3,305"},{"v":2260,"d":"2,260"},170,{"v":1045,"d":"1,045"},0,490,0,0,0,{"v":28735,"d":"28,735"},{"v":38825,"d":"38,825"},{"$f":"+E1166*Z1166","v":{"v":38825,"d":"38,825.00"}}]
[{"$nulls":5}," ",{"$nulls":20},0,0,0,0,0,0,0,0,0,0,0,0,0,0,0,0,0,0]
["7.3.2","25mm  PVC round box",{"$nulls":3}," ",{"$nulls":20},0,0,0,0,0,0,0,0,0,0,0,0,0,0,0,0,0,0]
[" ","       Supply","each",{"v":10076,"d":"10,076"},2.89,{"$f":"$D1169*E1169","v":{"v":29119.640000000003,"d":"29,119.64"}},{"v":0,"d":"0.00"},{"v":0,"d":"0.00"},{"v":0,"d":"0.00"},{"v":0,"d":"0.00"},{"v":0,"d":"0.00"},{"v":218,"d":"218.00"},{"v":0,"d":"0.00"},{"v":0,"d":"0.00"},{"v":30,"d":"30.00"},{"v":25,"d":"25.00"},{"v":0,"d":"0.00"},{"v":9,"d":"9.00"},{"v":11,"d":"11.00"},{"v":0,"d":"0.00"},{"$nulls":3},{"v":0,"d":"0.00"},{"v":10998,"d":"10,998.00"},{"$f":"SUM(G1169:Y1169)","v":{"v":11291,"d":"11,291.00"}},0,0,0,0,0,{"v":630.02,"d":"630"},0,0,{"v":86.7,"d":"87"},{"v":72.25,"d":"72"},0,{"v":26.01,"d":"26"},{"v":31.790000000000003,"d":"32"},0,0,0,{"v":31784.22,"d":"31,784"},{"v":32630.99,"d":"32,631"},{"$f":"+E1169*Z1169","v":{"v":32630.99,"d":"32,630.99"}}]
[null,"       Install","each",{"v":10076,"d":"10,076"},{"v":5,"d":"5.00"},{"$f":"$D1170*E1170","v":{"v":50380,"d":"50,380.00"}},{"v":0,"d":"0.00"},{"v":0,"d":"0.00"},{"v":0,"d":"0.00"},{"v":0,"d":"0.00"},{"v":0,"d":"0.00"},{"v":751,"d":"751.00"},{"v":0,"d":"0.00"},{"v":730,"d":"730.00"},{"v":27,"d":"27.00"},{"v":347,"d":"347.00"},{"v":182,"d":"182.00"},{"v":0,"d":"0.00"},{"v":68,"d":"68.00"},{"v":0,"d":"0.00"},{"$nulls":3},{"v":0,"d":"0.00"},{"v":5143,"d":"5,143.00"},{"$f":"SUM(G1170:Y1170)","v":{"v":7248,"d":"7,248.00"}},0,0,0,0,0,{"v":3755,"d":"3,755"},0,{"v":3650,"d":"3,650"},135,{"v":1735,"d":"1,735"},910,0,340,0,0,0,{"v":25715,"d":"25,715"},{"v":36240,"d":"36,240"},{"$f":"+E1170*Z1170","v":{"v":36240,"d":"36,240.00"}}]
[{"$nulls":5}," ",{"$nulls":20},0,0,0,0,0,0,0,0,0,0,0,0,0,0,0,0,0,0]
[{"v":7.4,"d":"7.40"},"PVC boxes with 20mm knockouts as specified chased into brickwork.",{"$nulls":3}," ",{"$nulls":20},0,0,0,0,0,0,0,0,0,0,0,0,0,0,0,0,0,0]
[{"$nulls":5}," ",{"$nulls":20},0,0,0,0,0,0,0,0,0,0,0,0,0,0,0,0,0,0]
["7.4.1","100mm x 50mm x 50mm",null," ",null," ",{"$nulls":20},0,0,0,0,0,0,0,0,0,0,0,0,0,0,0,0,0,0]
[null,"       Supply","each",680,2.42,{"$f":"$D1175*E1175","v":{"v":1645.6,"d":"1,645.60"}},{"v":0,"d":"0.00"},{"v":0,"d":"0.00"},{"v":0,"d":"0.00"},{"v":0,"d":"0.00"},{"v":0,"d":"0.00"},{"v":441,"d":"441.00"},{"v":0,"d":"0.00"},{"v":543,"d":"543.00"},{"v":111,"d":"111.00"},{"v":247,"d":"247.00"},{"v":419,"d":"419.00"},{"v":318,"d":"318.00"},{"v":84,"d":"84.00"},{"v":0,"d":"0.00"},{"$nulls":3},{"v":4,"d":"4.00"},{"v":2228,"d":"2,228.00"},{"$f":"SUM(G1175:Y1175)","v":{"v":4395,"d":"4,395.00"}},0,0,0,0,0,{"v":1067.22,"d":"1,067"},0,{"v":1314.06,"d":"1,314"},{"v":268.62,"d":"269"},{"v":597.74,"d":"598"},{"v":1013.98,"d":"1,014"},{"v":769.56,"d":"770"},{"v":203.28,"d":"203"},0,0,{"v":9.68,"d":"10"},{"v":5391.76,"d":"5,392"},{"v":10635.899999999998,"d":"10,636"},{"$f":"+E1175*Z1175","v":{"v":10635.9,"d":"10,635.90"}}]
[null,"       Install","each",{"$f":"D1175","v":680},{"v":5,"d":"5.00"},{"$f":"$D1176*E1176","v":{"v":3400,"d":"3,400.00"}},{"v":0,"d":"0.00"},{"v":0,"d":"0.00"},{"v":0,"d":"0.00"},{"v":0,"d":"0.00"},{"v":0,"d":"0.00"},{"v":369,"d":"369.00"},{"v":0,"d":"0.00"},{"v":439,"d":"439.00"},{"v":109,"d":"109.00"},{"v":162,"d":"162.00"},{"v":321,"d":"321.00"},{"v":235,"d":"235.00"},{"v":55,"d":"55.00"},{"v":0,"d":"0.00"},{"$nulls":3},{"v":0,"d":"0.00"},{"v":195,"d":"195.00"},{"$f":"SUM(G1176:Y1176)","v":{"v":1885,"d":"1,885.00"}},0,0,0,0,0,{"v":1845,"d":"1,845"},0,{"v":2195,"d":"2,195"},545,810,{"v":1605,"d":"1,605"},{"v":1175,"d":"1,175"},275,0,0,0,975,{"v":9425,"d":"9,425"},{"$f":"+E1176*Z1176","v":{"v":9425,"d":"9,425.00"}}]
[{"$nulls":5}," ",{"$nulls":20},0,0,0,0,0,0,0,0,0,0,0,0,0,0,0,0,0,0]
["7.4.2","100mm x 100mm x 50mm",{"$nulls":3}," ",{"$nulls":20},0,0,0,0,0,0,0,0,0,0,0,0,0,0,0,0,0,0]
[null,"       Supply","each",{"v":12254,"d":"12,254"},3.08,{"$f":"$D1179*E1179","v":{"v":37742.32,"d":"37,742.32"}},{"v":0,"d":"0.00"},{"v":0,"d":"0.00"},{"v":0,"d":"0.00"},{"v":0,"d":"0.00"},{"v":0,"d":"0.00"},{"v":165,"d":"165.00"},{"v":0,"d":"0.00"},{"v":364,"d":"364.00"},{"v":299,"d":"299.00"},{"v":236,"d":"236.00"},{"v":325,"d":"325.00"},{"v":106,"d":"106.00"},{"v":108,"d":"108.00"},{"v":0,"d":"0.00"},{"$nulls":3},{"v":105,"d":"105.00"},{"v":7769,"d":"7,769.00"},{"$f":"SUM(G1179:Y1179)","v":{"v":9477,"d":"9,477.00"}},0,0,0,0,0,{"v":508.2,"d":"508"},0,{"v":1121.1200000000001,"d":"1,121"},{"v":920.9200000000001,"d":"921"},{"v":726.88,"d":"727"},{"v":1001,"d":"1,001"},{"v":326.48,"d":"326"},{"v":332.64,"d":"333"},0,0,{"v":323.40000000000003,"d":"323"},{"v":23928.52,"d":"23,929"},{"v":29189.16,"d":"29,189"},{"$f":"+E1179*Z1179","v":{"v":29189.16,"d":"29,189.16"}}]
[null,"       Install","each",{"v":12254,"d":"12,254"},{"v":5,"d":"5.00"},{"$f":"$D1180*E1180","v":{"v":61270,"d":"61,270.00"}},{"v":0,"d":"0.00"},{"v":222,"d":"222.00"},{"v":123,"d":"123.00"},{"v":0,"d":"0.00"},{"v":0,"d":"0.00"},{"v":156,"d":"156.00"},{"v":0,"d":"0.00"},{"v":257,"d":"257.00"},{"v":138,"d":"138.00"},{"v":253,"d":"253.00"},{"v":108,"d":"108.00"},{"v":70,"d":"70.00"},{"v":45,"d":"45.00"},{"v":45,"d":"45.00"},{"$nulls":3},{"v":0,"d":"0.00"},{"v":239,"d":"239.00"},{"$f":"SUM(G1180:Y1180)","v":{"v":1656,"d":"1,656.00"}},0,{"v":1110,"d":"1,110"},615,0,0,780,0,{"v":1285,"d":"1,285"},690,{"v":1265,"d":"1,265"},540,350,225,225,0,0,{"v":1195,"d":"1,195"},{"v":8280,"d":"8,280"},{"$f":"+E1180*Z1180","v":{"v":8280,"d":"8,280.00"}}]
[{"$nulls":5}," "]
[{"$nulls":3}," "]
[null,"Amount Carried Forward ",{"$nulls":3},{"$f":"SUM(F1131:F1182)","v":{"v":1896031.3599999999,"d":"1,896,031.36"}},{"$nulls":38},{"$f":"SUM(AS1131:AS1182)","v":{"v":821858.6499999999,"d":"821,858.65"}}]
[]
["MAIN HOSPITAL ELECTRICAL INSTALLATION"]
["CECILIA MAKIWANE HOSPITAL : PHASE 4C"]
[]
[{"$f":"A1128","v":"BILL NO. 7 : CONDUITS AND EQUIPMENT (SMME PACKAGE No5)"}]
["ITEM","DESCRIPTION","UNIT","QTY","RATE","TENDER AMOUNT","A-LV05","B-LV04","D-LV03","E1-LV03","E2","F1","F2","G1","G2","H1","H2","J1","J2","J3",null,"G/House",null,"N","Other","Total Qty","A","B","D","E1","E2","F1","F2","G1","G2","H1","H2","J1","J2","J3","K","N","Other","Total Amount","Total Claimed"]
[null,"AMOUNT CARRIED FORWARD FROM PREVIOUS BILL",{"$nulls":3},{"$f":"F1183","v":{"v":1896031.3599999999,"d":"1,896,031.36"}},{"$nulls":38},{"$f":"AS1183","v":{"v":821858.6499999999,"d":"821,858.65"}}]
[]
[]
["7.4.3","50mm Galvanised round box"]
[null,"       Supply","each",{"v":6127,"d":"6,127"},31.69,{"$f":"$D1194*E1194","v":{"v":194164.63,"d":"194,164.63"}},{"v":0,"d":"0.00"},{"v":0,"d":"0.00"},{"v":0,"d":"0.00"},{"v":0,"d":"0.00"},{"v":0,"d":"0.00"},{"v":0,"d":"0.00"},{"v":0,"d":"0.00"},{"v":0,"d":"0.00"},{"v":0,"d":"0.00"},{"v":0,"d":"0.00"},{"v":0,"d":"0.00"},{"v":0,"d":"0.00"},{"v":0,"d":"0.00"},{"v":0,"d":"0.00"},{"$nulls":3},{"v":0,"d":"0.00"},{"v":142,"d":"142.00"},{"$f":"SUM(G1194:Y1194)","v":{"v":142,"d":"142.00"}},{"$f":"G1194*E1194","v":0},{"$f":"H1194*E1194","v":0},{"$f":"I1194*E1194","v":0},{"$f":"J1194*E1194","v":0},{"$f":"K1194*E1194","v":0},{"$f":"L1194*E1194","v":0},{"$f":"+M1194*E1194","v":0},{"$f":"N1194*E1194","v":0},{"$f":"O1194*E1194","v":0},{"$f":"P1194*E1194","v":0},{"$f":"Q1194*E1194","v":0},{"$f":"R1194*E1194","v":0},{"$f":"S1194*E1194","v":0},{"$f":"T1194*E1194","v":0},{"$f":"W1194*E1194","v":0},{"$f":"X1194*E1194","v":0},{"$f":"Y1194*E1194","v":{"v":4499.9800000000005,"d":"4,500"}},{"$f":"SUM(AA1194:AQ1194)","v":{"v":4499.9800000000005,"d":"4,500"}},{"$f":"+E1194*Z1194","v":{"v":4499.9800000000005,"d":"4,499.98"}}]
[null,"       Install","each",{"v":6127,"d":"6,127"},{"v":6,"d":"6.00"},{"v":36762,"d":"36,762.00"},{"v":0,"d":"0.00"},{"v":0,"d":"0.00"},{"v":0,"d":"0.00"},{"v":0,"d":"0.00"},{"v":0,"d":"0.00"},{"v":0,"d":"0.00"},{"v":0,"d":"0.00"},{"v":12,"d":"12.00"},{"v":0,"d":"0.00"},{"v":0,"d":"0.00"},{"v":0,"d":"0.00"},{"v":0,"d":"0.00"},{"v":0,"d":"0.00"},{"v":0,"d":"0.00"},{"$nulls":3},{"v":0,"d":"0.00"},{"v":122,"d":"122.00"},{"$f":"SUM(G1195:Y1195)","v":{"v":134,"d":"134.00"}},0,0,0,0,0,0,0,72,0,0,0,0,0,0,0,0,732,{"$f":"SUM(AA1195:AQ1195)","v":804},{"$f":"+E1195*Z1195","v":{"v":804,"d":"804.00"}}]
[{"$nulls":26},0,0,0,0,0,0,0,0,0,0,0,0,0,0,0,0,0,0]
[7.5,"Galvanised steel boxes with 20mm knockouts as specified chased into brickwork.",{"$nulls":24},0,0,0,0,0,0,0,0,0,0,0,0,0,0,0,0,0,0]
[{"$nulls":26},0,0,0,0,0,0,0,0,0,0,0,0,0,0,0,0,0,0]
["7.5.1","275mm x 66mm x 62mm Single Tier Wall Retic Multi Box",{"$nulls":24},0,0,0,0,0,0,0,0,0,0,0,0,0,0,0,0,0,0]
[null,"       Supply","each",205,{"v":112.9,"d":"112.90"},{"v":23144.5,"d":"23,144.50"},{"v":0,"d":"0.00"},{"v":0,"d":"0.00"},{"v":0,"d":"0.00"},{"v":0,"d":"0.00"},{"v":0,"d":"0.00"},{"v":0,"d":"0.00"},{"v":0,"d":"0.00"},{"v":0,"d":"0.00"},{"v":0,"d":"0.00"},{"v":0,"d":"0.00"},{"v":0,"d":"0.00"},{"v":0,"d":"0.00"},{"v":0,"d":"0.00"},{"v":0,"d":"0.00"},{"$nulls":3},{"v":0,"d":"0.00"},{"v":0,"d":"0.00"},{"v":0,"d":"0.00"},0,0,0,0,0,0,0,0,0,0,0,0,0,0,0,0,0,0,{"$f":"+E1200*Z1200","v":{"v":0,"d":"0.00"}}]
[null,"       Install","each",205,{"v":30,"d":"30.00"},{"v":6150,"d":"6,150.00"},{"v":0,"d":"0.00"},{"v":0,"d":"0.00"},{"v":0,"d":"0.00"},{"v":0,"d":"0.00"},{"v":0,"d":"0.00"},{"v":0,"d":"0.00"},{"v":0,"d":"0.00"},{"v":0,"d":"0.00"},{"v":0,"d":"0.00"},{"v":0,"d":"0.00"},{"v":0,"d":"0.00"},{"v":0,"d":"0.00"},{"v":0,"d":"0.00"},{"v":0,"d":"0.00"},{"$nulls":3},{"v":0,"d":"0.00"},{"v":0,"d":"0.00"},{"v":0,"d":"0.00"},0,0,0,0,0,0,0,0,0,0,0,0,0,0,0,0,0,0,{"$f":"+E1201*Z1201","v":{"v":0,"d":"0.00"}}]
[{"$nulls":5}," ",{"$nulls":20},0,0,0,0,0,0,0,0,0,0,0,0,0,0,0,0,0,0]
["7.5.2","100mm x 50mm x 50mm",{"$nulls":3}," ",{"$nulls":20},0,0,0,0,0,0,0,0,0,0,0,0,0,0,0,0,0,0]
[null,"       Supply","each",617,2.87,{"v":1770.79,"d":"1,770.79"},{"v":0,"d":"0.00"},{"v":0,"d":"0.00"},{"v":0,"d":"0.00"},{"v":0,"d":"0.00"},{"v":0,"d":"0.00"},{"v":0,"d":"0.00"},{"v":0,"d":"0.00"},{"v":0,"d":"0.00"},{"v":0,"d":"0.00"},{"v":0,"d":"0.00"},{"v":0,"d":"0.00"},{"v":0,"d":"0.00"},{"v":0,"d":"0.00"},{"v":0,"d":"0.00"},{"$nulls":3},{"v":0,"d":"0.00"},{"v":502,"d":"502.00"},{"v":502,"d":"502.00"},0,0,0,0,0,0,0,0,0,0,0,0,0,0,0,0,{"v":1440.74,"d":"1,441"},{"v":1440.74,"d":"1,441"},{"$f":"+E1204*Z1204","v":{"v":1440.74,"d":"1,440.74"}}]
[null,"       Install","each",617,{"v":6,"d":"6.00"},{"v":3702,"d":"3,702.00"},{"v":0,"d":"0.00"},{"v":0,"d":"0.00"},{"v":0,"d":"0.00"},{"v":0,"d":"0.00"},{"v":0,"d":"0.00"},{"v":0,"d":"0.00"},{"v":0,"d":"0.00"},{"v":0,"d":"0.00"},{"v":0,"d":"0.00"},{"v":0,"d":"0.00"},{"v":0,"d":"0.00"},{"v":0,"d":"0.00"},{"v":0,"d":"0.00"},{"v":0,"d":"0.00"},{"$nulls":3},{"v":0,"d":"0.00"},{"v":502,"d":"502.00"},{"v":502,"d":"502.00"},0,0,0,0,0,0,0,0,0,0,0,0,0,0,0,0,{"v":3012,"d":"3,012"},{"v":3012,"d":"3,012"},{"$f":"+E1205*Z1205","v":{"v":3012,"d":"3,012.00"}}]
[{"$nulls":5}," ",{"$nulls":20},0,0,0,0,0,0,0,0,0,0,0,0,0,0,0,0,0,0]
["7.5.3","100mm x 100mm x 50mm",{"$nulls":3}," ",{"$nulls":20},0,0,0,0,0,0,0,0,0,0,0,0,0,0,0,0,0,0]
[null,"       Supply","each",{"v":1234,"d":"1,234"},3.64,{"v":4491.76,"d":"4,491.76"},{"v":0,"d":"0.00"},{"v":0,"d":"0.00"},{"v":0,"d":"0.00"},{"v":0,"d":"0.00"},{"v":0,"d":"0.00"},{"v":0,"d":"0.00"},{"v":0,"d":"0.00"},{"v":0,"d":"0.00"},{"v":0,"d":"0.00"},{"v":0,"d":"0.00"},{"v":0,"d":"0.00"},{"v":0,"d":"0.00"},{"v":0,"d":"0.00"},{"v":0,"d":"0.00"},{"$nulls":3},{"v":0,"d":"0.00"},{"v":20,"d":"20.00"},{"v":20,"d":"20.00"},0,0,0,0,0,0,0,0,0,0,0,0,0,0,0,0,{"v":72.8,"d":"73"},{"v":72.8,"d":"73"},{"$f":"+E1208*Z1208","v":{"v":72.8,"d":"72.80"}}]
[null,"       Install","each",{"v":1234,"d":"1,234"},{"v":6,"d":"6.00"},{"v":7404,"d":"7,404.00"},{"v":0,"d":"0.00"},{"v":0,"d":"0.00"},{"v":0,"d":"0.00"},{"v":0,"d":"0.00"},{"v":0,"d":"0.00"},{"v":0,"d":"0.00"},{"v":0,"d":"0.00"},{"v":0,"d":"0.00"},{"v":0,"d":"0.00"},{"v":0,"d":"0.00"},{"v":0,"d":"0.00"},{"v":0,"d":"0.00"},{"v":0,"d":"0.00"},{"v":0,"d":"0.00"},{"$nulls":3},{"v":0,"d":"0.00"},{"v":20,"d":"20.00"},{"v":20,"d":"20.00"},0,0,0,0,0,0,0,0,0,0,0,0,0,0,0,0,120,120,{"$f":"+E1209*Z1209","v":{"v":120,"d":"120.00"}}]
["7.5.4","300mm X  300mm Galvanised Bonding Tray with Lid",{"$nulls":3}," ",{"$nulls":20},0,0,0,0,0,0,0,0,0,0,0,0,0,0,0,0,0,0]
[null,"       Supply","each",140,{"v":129,"d":"129.00"},{"v":18060,"d":"18,060.00"},{"v":0,"d":"0.00"},{"v":0,"d":"0.00"},{"v":0,"d":"0.00"},{"v":0,"d":"0.00"},{"v":0,"d":"0.00"},{"v":0,"d":"0.00"},{"v":0,"d":"0.00"},{"v":0,"d":"0.00"},{"v":0,"d":"0.00"},{"v":0,"d":"0.00"},{"v":0,"d":"0.00"},{"v":0,"d":"0.00"},{"v":0,"d":"0.00"},{"v":0,"d":"0.00"},{"$nulls":3},{"v":0,"d":"0.00"},{"v":0,"d":"0.00"},{"v":0,"d":"0.00"},0,0,0,0,0,0,0,0,0,0,0,0,0,0,0,0,0,0,{"$f":"+E1211*Z1211","v":{"v":0,"d":"0.00"}}]
[null,"       Install","each",140,{"v":30,"d":"30.00"},{"v":4200,"d":"4,200.00"},{"v":0,"d":"0.00"},{"v":0,"d":"0.00"},{"v":0,"d":"0.00"},{"v":0,"d":"0.00"},{"v":0,"d":"0.00"},{"v":2,"d":"2.00"},{"v":0,"d":"0.00"},{"v":0,"d":"0.00"},{"v":0,"d":"0.00"},{"v":0,"d":"0.00"},{"v":0,"d":"0.00"},{"v":0,"d":"0.00"},{"v":0,"d":"0.00"},{"v":0,"d":"0.00"},{"$nulls":3},{"v":0,"d":"0.00"},{"v":0,"d":"0.00"},{"v":2,"d":"2.00"},0,0,0,0,0,60,0,0,0,0,0,0,0,0,0,0,0,60,{"$f":"+E1212*Z1212","v":{"v":60,"d":"60.00"}}]
[{"$nulls":5}," ",{"$nulls":20},0,0,0,0,0,0,0,0,0,0,0,0,0,0,0,0,0,0]
["7.5.5","600mm X  600mm Galvanised Bonding Tray with Lid",{"$nulls":3}," ",{"$nulls":20},0,0,0,0,0,0,0,0,0,0,0,0,0,0,0,0,0,0]
[null,"       Supply","each",80,{"v":344,"d":"344.00"},{"v":27520,"d":"27,520.00"},{"v":0,"d":"0.00"},{"v":0,"d":"0.00"},{"v":0,"d":"0.00"},{"v":0,"d":"0.00"},{"v":0,"d":"0.00"},{"v":0,"d":"0.00"},{"v":0,"d":"0.00"},{"v":0,"d":"0.00"},{"v":0,"d":"0.00"},{"v":0,"d":"0.00"},{"v":0,"d":"0.00"},{"v":0,"d":"0.00"},{"v":0,"d":"0.00"},{"v":0,"d":"0.00"},{"$nulls":3},{"v":0,"d":"0.00"},{"v":0,"d":"0.00"},{"v":0,"d":"0.00"},0,0,0,0,0,0,0,0,0,0,0,0,0,0,0,0,0,0,{"$f":"+E1215*Z1215","v":{"v":0,"d":"0.00"}}]
[null,"       Install","each",80,{"v":450,"d":"450.00"},{"v":36000,"d":"36,000.00"},{"v":0,"d":"0.00"},{"v":0,"d":"0.00"},{"v":0,"d":"0.00"},{"v":0,"d":"0.00"},{"v":0,"d":"0.00"},{"v":0,"d":"0.00"},{"v":0,"d":"0.00"},{"v":0,"d":"0.00"},{"v":0,"d":"0.00"},{"v":0,"d":"0.00"},{"v":0,"d":"0.00"},{"v":0,"d":"0.00"},{"v":0,"d":"0.00"},{"v":0,"d":"0.00"},{"$nulls":3},{"v":0,"d":"0.00"},{"v":0,"d":"0.00"},{"v":0,"d":"0.00"},0,0,0,0,0,0,0,0,0,0,0,0,0,0,0,0,0,0,{"$f":"+E1216*Z1216","v":{"v":0,"d":"0.00"}}]
[{"$nulls":5}," ",{"$nulls":20},0,0,0,0,0,0,0,0,0,0,0,0,0,0,0,0,0,0]
["7.5.6","900mm X  900mm Galvanised Bonding Tray with Lid",{"$nulls":3}," ",{"$nulls":20},0,0,0,0,0,0,0,0,0,0,0,0,0,0,0,0,0,0]
[null,"       Supply","each",60,{"v":645,"d":"645.00"},{"v":38700,"d":"38,700.00"},{"v":0,"d":"0.00"},{"v":0,"d":"0.00"},{"v":0,"d":"0.00"},{"v":0,"d":"0.00"},{"v":0,"d":"0.00"},{"v":0,"d":"0.00"},{"v":0,"d":"0.00"},{"v":0,"d":"0.00"},{"v":0,"d":"0.00"},{"v":0,"d":"0.00"},{"v":0,"d":"0.00"},{"v":0,"d":"0.00"},{"v":0,"d":"0.00"},{"v":0,"d":"0.00"},{"$nulls":3},{"v":0,"d":"0.00"},{"v":0,"d":"0.00"},{"v":0,"d":"0.00"},0,0,0,0,0,0,0,0,0,0,0,0,0,0,0,0,0,0,{"$f":"+E1219*Z1219","v":{"v":0,"d":"0.00"}}]
[null,"       Install","each",60,{"v":650,"d":"650.00"},{"v":39000,"d":"39,000.00"},{"v":0,"d":"0.00"},{"v":0,"d":"0.00"},{"v":0,"d":"0.00"},{"v":0,"d":"0.00"},{"v":0,"d":"0.00"},{"v":0,"d":"0.00"},{"v":0,"d":"0.00"},{"v":0,"d":"0.00"},{"v":0,"d":"0.00"},{"v":0,"d":"0.00"},{"v":0,"d":"0.00"},{"v":0,"d":"0.00"},{"v":0,"d":"0.00"},{"v":0,"d":"0.00"},{"$nulls":3},{"v":0,"d":"0.00"},{"v":0,"d":"0.00"},{"v":0,"d":"0.00"},0,0,0,0,0,0,0,0,0,0,0,0,0,0,0,0,0,0,{"$f":"+E1220*Z1220","v":{"v":0,"d":"0.00"}}]
[{"$nulls":5}," ",{"$nulls":20},0,0,0,0,0,0,0,0,0,0,0,0,0,0,0,0,0,0]
["7.5.7","Bedhead Ducting back entry Boxes suitable for 3 compartment HU 10 Bed head Duct",{"$nulls":3}," ",{"$nulls":20},0,0,0,0,0,0,0,0,0,0,0,0,0,0,0,0,0,0]
[null,"       Supply","each",600,{"v":167,"d":"167.00"},{"v":100200,"d":"100,200.00"},{"v":0,"d":"0.00"},{"v":0,"d":"0.00"},{"v":0,"d":"0.00"},{"v":0,"d":"0.00"},{"v":0,"d":"0.00"},{"v":0,"d":"0.00"},{"v":0,"d":"0.00"},{"v":64,"d":"64.00"},{"v":78,"d":"78.00"},{"v":0,"d":"0.00"},{"v":96,"d":"96.00"},{"v":0,"d":"0.00"},{"v":0,"d":"0.00"},{"v":0,"d":"0.00"},{"$nulls":3},{"v":0,"d":"0.00"},{"v":226,"d":"226.00"},{"v":464,"d":"464.00"},0,0,0,0,0,0,0,{"v":10688,"d":"10,688"},{"v":13026,"d":"13,026"},0,{"v":16032,"d":"16,032"},0,0,0,0,0,{"v":37742,"d":"37,742"},{"v":77488,"d":"77,488"},{"$f":"+E1223*Z1223","v":{"v":77488,"d":"77,488.00"}}]
[null,"       Install","each",{"$f":"D1223","v":600},{"v":20,"d":"20.00"},{"v":12000,"d":"12,000.00"},{"v":0,"d":"0.00"},{"v":0,"d":"0.00"},{"v":0,"d":"0.00"},{"v":0,"d":"0.00"},{"v":0,"d":"0.00"},{"v":3,"d":"3.00"},{"v":0,"d":"0.00"},{"v":44,"d":"44.00"},{"v":72,"d":"72.00"},{"v":0,"d":"0.00"},{"v":60,"d":"60.00"},{"v":0,"d":"0.00"},{"v":0,"d":"0.00"},{"v":0,"d":"0.00"},{"$nulls":3},{"v":0,"d":"0.00"},{"v":-58,"d":"-58.00"},{"v":121,"d":"121.00"},0,0,0,0,0,60,0,880,{"v":1440,"d":"1,440"},0,{"v":1200,"d":"1,200"},0,0,0,0,0,{"v":-1160,"d":"-1,160"},{"v":2420,"d":"2,420"},{"$f":"+E1224*Z1224","v":{"v":2420,"d":"2,420.00"}}]
[{"$nulls":5}," ",{"$nulls":20},0,0,0,0,0,0,0,0,0,0,0,0,0,0,0,0,0,0]
[{"v":7.6,"d":"7.60"},"Mentoring and Management",{"$nulls":3}," ",{"$nulls":20},0,0,0,0,0,0,0,0,0,0,0,0,0,0,0,0,0,0]
[null,"A percentage of the SMME Package amoiunt to provide the Mentoring and Management of the SMME Contractors","%",1,{"v":2449290.32,"d":"2,449,290.32"},{"$f":"E1227/100*2.5","v":{"v":61232.257999999994,"d":"61,232.26"}},{"v":0,"d":"0.00"},{"v":0,"d":"0.00"},{"v":0,"d":"0.00"},{"v":0,"d":"0.00"},{"v":0,"d":"0.00"},{"v":0,"d":"0.00"},{"v":0,"d":"0.00"},{"v":0,"d":"0.00"},{"v":0,"d":"0.00"},{"v":0,"d":"0.00"},{"v":0,"d":"0.00"},{"v":0,"d":"0.00"},{"v":0,"d":"0.00"},{"v":0,"d":"0.00"},{"$nulls":3},{"v":0,"d":"0.00"},{"v":0,"d":"0.00"},{"v":0,"d":"0.00"},0,0,0,0,0,0,0,0,0,0,0,0,0,0,0,0,0,0,{"$f":"+E1227*Z1227","v":{"v":0,"d":"0.00"}}]
[]
[]
[null,"TOTAL CARRIED FORWARD TO SUMMARY PAGE",{"$nulls":3},{"$f":"SUM(F1190:F1228)","v":{"v":2510533.2979999995,"d":"2,510,533.30"}},{"$nulls":38},{"$f":"SUM(AS1190:AS1228)","v":{"v":911776.1699999999,"d":"911,776.17"}}]
[]
["MAIN HOSPITAL ELECTRICAL INSTALLATION"]
["CECILIA MAKIWANE HOSPITAL : PHASE 4C"]
[]
["BILL NO. 8 : CONDUCTORS (SMME PACKAGE No 6)"]
["ITEM","DESCRIPTION","UNIT","QTY","RATE","TENDER AMOUNT","A-LV05","B-LV04","D-LV03","E1-LV03","E2","F1","F2","G1","G2","H1","H2","J1","J2","J3",null,"G/House",null,"N","Other","Total Qty","A","B","D","E1","E2","F1","F2","G1","G2","H1","H2","J1","J2","J3","K","N","Other","Total Amount","Total Claimed"]
[]
[]
[{"v":8.1,"d":"8.10"},"Conductors"]
[" ","600/1000 grade PVC insulated single core copper"]
[null,"conductors drawn into conduit"]
[]
["8.1.1","1,5mm² red/black"]
[null,"       Supply","m",{"v":297696,"d":"297,696"},1.33,{"$f":"$D1244*E1244","v":{"v":395935.68,"d":"395,935.68"}},{"v":0,"d":"0.00"},{"v":0,"d":"0.00"},{"v":0,"d":"0.00"},{"v":0,"d":"0.00"},{"v":0,"d":"0.00"},{"v":0,"d":"0.00"},{"v":0,"d":"0.00"},{"v":0,"d":"0.00"},{"v":0,"d":"0.00"},{"v":0,"d":"0.00"},{"v":0,"d":"0.00"},{"v":0,"d":"0.00"},{"v":0,"d":"0.00"},{"v":0,"d":"0.00"},{"$nulls":3},{"v":0,"d":"0.00"},{"v":0,"d":"0.00"},{"$f":"SUM(G1244:Y1244)","v":{"v":0,"d":"0.00"}},{"$f":"G1244*E1244","v":0},{"$f":"H1244*E1244","v":0},{"$f":"I1244*E1244","v":0},{"$f":"J1244*E1244","v":0},{"$f":"K1244*E1244","v":0},{"$f":"L1244*E1244","v":0},{"$f":"+M1244*E1244","v":0},{"$f":"N1244*E1244","v":0},{"$f":"O1244*E1244","v":0},{"$f":"P1244*E1244","v":0},{"$f":"Q1244*E1244","v":0},{"$f":"R1244*E1244","v":0},{"$f":"S1244*E1244","v":0},{"$f":"T1244*E1244","v":0},{"$f":"W1244*E1244","v":0},{"$f":"X1244*E1244","v":0},{"$f":"Y1244*E1244","v":0},{"$f":"SUM(AA1244:AQ1244)","v":0},{"$f":"+E1244*Z1244","v":{"v":0,"d":"0.00"}}]
[null,"       Install","m",{"v":297696,"d":"297,696"},{"v":1,"d":"1.00"},{"v":297696,"d":"297,696.00"},{"v":0,"d":"0.00"},{"v":0,"d":"0.00"},{"v":0,"d":"0.00"},{"v":0,"d":"0.00"},{"v":0,"d":"0.00"},{"v":0,"d":"0.00"},{"v":0,"d":"0.00"},{"v":0,"d":"0.00"},{"v":0,"d":"0.00"},{"v":0,"d":"0.00"},{"v":0,"d":"0.00"},{"v":0,"d":"0.00"},{"v":0,"d":"0.00"},{"v":0,"d":"0.00"},{"$nulls":3},{"v":0,"d":"0.00"},{"v":0,"d":"0.00"},{"$f":"SUM(G1245:Y1245)","v":{"v":0,"d":"0.00"}},0,0,0,0,0,0,0,0,0,0,0,0,0,0,0,0,0,{"$f":"SUM(AA1245:AQ1245)","v":0},{"$f":"+E1245*Z1245","v":{"v":0,"d":"0.00"}}]
[{"$nulls":5}," ",{"$nulls":20},0,0,0,0,0,0,0,0,0,0,0,0,0,0,0,0,0,0]
["8.1.2","2,5mm² red/black/Yellow-Green",{"$nulls":3}," ",{"$nulls":20},0,0,0,0,0,0,0,0,0,0,0,0,0,0,0,0,0,0]
[null,"       Supply","m",{"v":147048,"d":"147,048"},2.03,{"v":298507.43999999994,"d":"298,507.44"},{"v":0,"d":"0.00"},{"v":0,"d":"0.00"},{"v":0,"d":"0.00"},{"v":1000,"d":"1,000.00"},{"v":7047,"d":"7,047.00"},{"v":8623,"d":"8,623.00"},{"v":8623,"d":"8,623.00"},{"v":4286,"d":"4,286.00"},{"v":7916,"d":"7,916.00"},{"v":12419,"d":"12,419.00"},{"v":19359,"d":"19,359.00"},{"v":7047,"d":"7,047.00"},{"v":9257,"d":"9,257.00"},{"v":0,"d":"0.00"},{"$nulls":3},{"v":1653,"d":"1,653.00"},{"v":100600,"d":"100,600.00"},{"$f":"SUM(G1248:Y1248)","v":{"v":187830,"d":"187,830.00"}},0,0,0,{"v":2029.9999999999998,"d":"2,030"},{"v":14305.409999999998,"d":"14,305"},{"v":17504.69,"d":"17,505"},{"v":17504.69,"d":"17,505"},{"v":8700.58,"d":"8,701"},{"v":16069.479999999998,"d":"16,069"},{"v":25210.569999999996,"d":"25,211"},{"v":39298.77,"d":"39,299"},{"v":14305.409999999998,"d":"14,305"},{"v":18791.71,"d":"18,792"},0,0,{"v":3355.5899999999997,"d":"3,356"},{"v":204217.99999999997,"d":"204,218"},{"v":381294.8999999999,"d":"381,295"},{"$f":"+E1248*Z1248","v":{"v":381294.89999999997,"d":"381,294.90"}}]
[null,"       Install","m",{"v":147048,"d":"147,048"},{"v":1.2,"d":"1.20"},{"v":176457.6,"d":"176,457.60"},{"v":0,"d":"0.00"},{"v":0,"d":"0.00"},{"v":0,"d":"0.00"},{"v":0,"d":"0.00"},{"v":0,"d":"0.00"},{"v":0,"d":"0.00"},{"v":0,"d":"0.00"},{"v":4286,"d":"4,286.00"},{"v":0,"d":"0.00"},{"v":0,"d":"0.00"},{"v":13300,"d":"13,300.00"},{"v":0,"d":"0.00"},{"v":0,"d":"0.00"},{"v":0,"d":"0.00"},{"$nulls":3},{"v":0,"d":"0.00"},{"v":111000,"d":"111,000.00"},{"$f":"SUM(G1249:Y1249)","v":{"v":128586,"d":"128,586.00"}},0,0,0,0,0,0,0,{"v":5143.2,"d":"5,143"},0,0,{"v":15960,"d":"15,960"},0,0,0,0,0,{"v":133200,"d":"133,200"},{"v":154303.2,"d":"154,303"},{"$f":"+E1249*Z1249","v":{"v":154303.19999999998,"d":"154,303.20"}}]
[{"$nulls":5}," ",{"$nulls":20},0,0,0,0,0,0,0,0,0,0,0,0,0,0,0,0,0,0]
["8.1.3","4.0mm² red/black/Yellow-Green",{"$nulls":3}," ",{"$nulls":20},0,0,0,0,0,0,0,0,0,0,0,0,0,0,0,0,0,0]
[null,"       Supply","m",{"v":290016,"d":"290,016"},3.43,{"v":994754.88,"d":"994,754.88"},{"v":0,"d":"0.00"},{"v":0,"d":"0.00"},{"v":0,"d":"0.00"},{"v":0,"d":"0.00"},{"v":0,"d":"0.00"},{"v":3427,"d":"3,427.00"},{"v":3427,"d":"3,427.00"},{"v":1867,"d":"1,867.00"},{"v":1867,"d":"1,867.00"},{"v":4286,"d":"4,286.00"},{"v":3408,"d":"3,408.00"},{"v":1889,"d":"1,889.00"},{"v":2623,"d":"2,623.00"},{"v":0,"d":"0.00"},{"$nulls":3},{"v":498,"d":"498.00"},{"v":97540,"d":"97,540.00"},{"$f":"SUM(G1252:Y1252)","v":{"v":120832,"d":"120,832.00"}},0,0,0,0,0,{"v":11754.61,"d":"11,755"},{"v":11754.61,"d":"11,755"},{"v":6403.81,"d":"6,404"},{"v":6403.81,"d":"6,404"},{"v":14700.980000000001,"d":"14,701"},{"v":11689.44,"d":"11,689"},{"v":6479.27,"d":"6,479"},{"v":8996.890000000001,"d":"8,997"},0,0,{"v":1708.14,"d":"1,708"},{"v":334562.2,"d":"334,562"},{"v":414453.76,"d":"414,454"},{"$f":"+E1252*Z1252","v":{"v":414453.76,"d":"414,453.76"}}]
[null,"       Install","m",{"$f":"D1252","v":{"v":290016,"d":"290,016"}},{"v":1.4,"d":"1.40"},{"v":406022.39999999997,"d":"406,022.40"},{"v":0,"d":"0.00"},{"v":0,"d":"0.00"},{"v":0,"d":"0.00"},{"v":0,"d":"0.00"},{"v":0,"d":"0.00"},{"v":0,"d":"0.00"},{"v":0,"d":"0.00"},{"v":500,"d":"500.00"},{"v":0,"d":"0.00"},{"v":0,"d":"0.00"},{"v":2650,"d":"2,650.00"},{"v":0,"d":"0.00"},{"v":0,"d":"0.00"},{"v":0,"d":"0.00"},{"$nulls":3},{"v":0,"d":"0.00"},{"v":71300,"d":"71,300.00"},{"$f":"SUM(G1253:Y1253)","v":{"v":74450,"d":"74,450.00"}},0,0,0,0,0,0,0,700,0,0,{"v":3709.9999999999995,"d":"3,710"},0,0,0,0,0,{"v":99820,"d":"99,820"},{"v":104230,"d":"104,230"},{"$f":"+E1253*Z1253","v":{"v":104230,"d":"104,230.00"}}]
[{"$nulls":5}," ",{"$nulls":20},0,0,0,0,0,0,0,0,0,0,0,0,0,0,0,0,0,0]
["8.1.4","6.0mm² red/black/Yellow-Green",{"$nulls":3}," ",{"$nulls":20},0,0,0,0,0,0,0,0,0,0,0,0,0,0,0,0,0,0]
[null,"       Supply","m",{"v":39213,"d":"39,213"},4.96,{"v":194496.48,"d":"194,496.48"},{"v":0,"d":"0.00"},{"v":0,"d":"0.00"},{"v":0,"d":"0.00"},{"v":0,"d":"0.00"},{"v":0,"d":"0.00"},{"v":0,"d":"0.00"},{"v":0,"d":"0.00"},{"v":0,"d":"0.00"},{"v":0,"d":"0.00"},{"v":0,"d":"0.00"},{"v":0,"d":"0.00"},{"v":0,"d":"0.00"},{"v":0,"d":"0.00"},{"v":0,"d":"0.00"},{"$nulls":3},{"v":225,"d":"225.00"},{"v":1000,"d":"1,000.00"},{"$f":"SUM(G1256:Y1256)","v":{"v":1225,"d":"1,225.00"}},0,0,0,0,0,0,0,0,0,0,0,0,0,0,0,{"v":1116,"d":"1,116"},{"v":4960,"d":"4,960"},{"v":6076,"d":"6,076"},{"$f":"+E1256*Z1256","v":{"v":6076,"d":"6,076.00"}}]
[null,"       Install","m",{"$f":"D1256","v":{"v":39213,"d":"39,213"}},{"v":1.6,"d":"1.60"},{"v":62740.8,"d":"62,740.80"},{"v":0,"d":"0.00"},{"v":0,"d":"0.00"},{"v":0,"d":"0.00"},{"v":0,"d":"0.00"},{"v":0,"d":"0.00"},{"v":0,"d":"0.00"},{"v":0,"d":"0.00"},{"v":0,"d":"0.00"},{"v":0,"d":"0.00"},{"v":0,"d":"0.00"},{"v":0,"d":"0.00"},{"v":0,"d":"0.00"},{"v":0,"d":"0.00"},{"v":0,"d":"0.00"},{"$nulls":3},{"v":225,"d":"225.00"},{"v":975,"d":"975.00"},{"$f":"SUM(G1257:Y1257)","v":{"v":1200,"d":"1,200.00"}},0,0,0,0,0,0,0,0,0,0,0,0,0,0,0,360,{"v":1560,"d":"1,560"},{"v":1920,"d":"1,920"},{"$f":"+E1257*Z1257","v":{"v":1920,"d":"1,920.00"}}]
[{"$nulls":5}," ",{"$nulls":20},0,0,0,0,0,0,0,0,0,0,0,0,0,0,0,0,0,0]
["8.1.5","10.0mm² red/black/Yellow-Green",{"$nulls":3}," ",{"$nulls":20},0,0,0,0,0,0,0,0,0,0,0,0,0,0,0,0,0,0]
[null,"       Supply","m",{"v":19606,"d":"19,606"},8.24,{"v":161553.44,"d":"161,553.44"},{"v":0,"d":"0.00"},{"v":0,"d":"0.00"},{"v":0,"d":"0.00"},{"v":0,"d":"0.00"},{"v":0,"d":"0.00"},{"v":0,"d":"0.00"},{"v":0,"d":"0.00"},{"v":0,"d":"0.00"},{"v":0,"d":"0.00"},{"v":0,"d":"0.00"},{"v":0,"d":"0.00"},{"v":0,"d":"0.00"},{"v":0,"d":"0.00"},{"v":0,"d":"0.00"},{"$nulls":3},{"v":0,"d":"0.00"},{"v":300,"d":"300.00"},{"$f":"SUM(G1260:Y1260)","v":{"v":300,"d":"300.00"}},0,0,0,0,0,0,0,0,0,0,0,0,0,0,0,0,{"v":2472,"d":"2,472"},{"v":2472,"d":"2,472"},{"$f":"+E1260*Z1260","v":{"v":2472,"d":"2,472.00"}}]
[null,"       Install","m",{"v":19606,"d":"19,606"},{"v":1.7,"d":"1.70"},{"v":33330.2,"d":"33,330.20"},{"v":0,"d":"0.00"},{"v":0,"d":"0.00"},{"v":0,"d":"0.00"},{"v":0,"d":"0.00"},{"v":0,"d":"0.00"},{"v":0,"d":"0.00"},{"v":0,"d":"0.00"},{"v":0,"d":"0.00"},{"v":0,"d":"0.00"},{"v":0,"d":"0.00"},{"v":0,"d":"0.00"},{"v":0,"d":"0.00"},{"v":0,"d":"0.00"},{"v":0,"d":"0.00"},{"$nulls":3},{"v":0,"d":"0.00"},{"v":300,"d":"300.00"},{"$f":"SUM(G1261:Y1261)","v":{"v":300,"d":"300.00"}},0,0,0,0,0,0,0,0,0,0,0,0,0,0,0,0,510,510,{"$f":"+E1261*Z1261","v":{"v":510,"d":"510.00"}}]
[{"$nulls":5}," ",{"$nulls":20},0,0,0,0,0,0,0,0,0,0,0,0,0,0,0,0,0,0]
["8.1.6","16.0mm² red/black/Yellow-Green",null," ",null," ",{"$nulls":20},0,0,0,0,0,0,0,0,0,0,0,0,0,0,0,0,0,0]
[null,"       Supply","m",{"v":14400,"d":"14,400"},{"v":12.5,"d":"12.50"},{"v":180000,"d":"180,000.00"},{"v":0,"d":"0.00"},{"v":0,"d":"0.00"},{"v":0,"d":"0.00"},{"v":0,"d":"0.00"},{"v":0,"d":"0.00"},{"v":0,"d":"0.00"},{"v":0,"d":"0.00"},{"v":0,"d":"0.00"},{"v":0,"d":"0.00"},{"v":0,"d":"0.00"},{"v":0,"d":"0.00"},{"v":0,"d":"0.00"},{"v":0,"d":"0.00"},{"v":0,"d":"0.00"},{"$nulls":3},{"v":0,"d":"0.00"},{"v":0,"d":"0.00"},{"$f":"SUM(G1264:Y1264)","v":{"v":0,"d":"0.00"}},0,0,0,0,0,0,0,0,0,0,0,0,0,0,0,0,0,0,{"$f":"+E1264*Z1264","v":{"v":0,"d":"0.00"}}]
[null,"       Install","m",{"v":14400,"d":"14,400"},{"v":1.8,"d":"1.80"},{"v":25920,"d":"25,920.00"},{"v":0,"d":"0.00"},{"v":0,"d":"0.00"},{"v":0,"d":"0.00"},{"v":0,"d":"0.00"},{"v":0,"d":"0.00"},{"v":0,"d":"0.00"},{"v":0,"d":"0.00"},{"v":0,"d":"0.00"},{"v":0,"d":"0.00"},{"v":0,"d":"0.00"},{"v":0,"d":"0.00"},{"v":0,"d":"0.00"},{"v":0,"d":"0.00"},{"v":0,"d":"0.00"},{"$nulls":3},{"v":0,"d":"0.00"},{"v":0,"d":"0.00"},{"$f":"SUM(G1265:Y1265)","v":{"v":0,"d":"0.00"}},0,0,0,0,0,0,0,0,0,0,0,0,0,0,0,0,0,0,{"$f":"+E1265*Z1265","v":{"v":0,"d":"0.00"}}]
[{"$nulls":5}," ",{"$nulls":20},0,0,0,0,0,0,0,0,0,0,0,0,0,0,0,0,0,0]
["8.1.7","25mm² red/black/Yellow-Green",{"$nulls":3}," ",{"$nulls":20},0,0,0,0,0,0,0,0,0,0,0,0,0,0,0,0,0,0]
[null,"       Supply","m",{"v":6800,"d":"6,800"},{"v":22.5,"d":"22.50"},{"v":153000,"d":"153,000.00"},{"v":0,"d":"0.00"},{"v":0,"d":"0.00"},{"v":0,"d":"0.00"},{"v":0,"d":"0.00"},{"v":0,"d":"0.00"},{"v":0,"d":"0.00"},{"v":0,"d":"0.00"},{"v":0,"d":"0.00"},{"v":0,"d":"0.00"},{"v":0,"d":"0.00"},{"v":0,"d":"0.00"},{"v":0,"d":"0.00"},{"v":0,"d":"0.00"},{"v":0,"d":"0.00"},{"$nulls":3},{"v":0,"d":"0.00"},{"v":0,"d":"0.00"},{"$f":"SUM(G1268:Y1268)","v":{"v":0,"d":"0.00"}},0,0,0,0,0,0,0,0,0,0,0,0,0,0,0,0,0,0,{"$f":"+E1268*Z1268","v":{"v":0,"d":"0.00"}}]
[null,"       Install","m",{"$f":"D1268","v":{"v":6800,"d":"6,800"}},1.85,{"v":12580,"d":"12,580.00"},{"v":0,"d":"0.00"},{"v":0,"d":"0.00"},{"v":0,"d":"0.00"},{"v":0,"d":"0.00"},{"v":0,"d":"0.00"},{"v":0,"d":"0.00"},{"v":0,"d":"0.00"},{"v":0,"d":"0.00"},{"v":0,"d":"0.00"},{"v":0,"d":"0.00"},{"v":0,"d":"0.00"},{"v":0,"d":"0.00"},{"v":0,"d":"0.00"},{"v":0,"d":"0.00"},{"$nulls":3},{"v":0,"d":"0.00"},{"v":0,"d":"0.00"},{"$f":"SUM(G1269:Y1269)","v":{"v":0,"d":"0.00"}},0,0,0,0,0,0,0,0,0,0,0,0,0,0,0,0,0,0,{"$f":"+E1269*Z1269","v":{"v":0,"d":"0.00"}}]
[{"$nulls":5}," ",{"$nulls":20},0,0,0,0,0,0,0,0,0,0,0,0,0,0,0,0,0,0]
["8.1.8","50mm² red/black/Yellow-Green",{"$nulls":3}," ",{"$nulls":20},0,0,0,0,0,0,0,0,0,0,0,0,0,0,0,0,0,0]
[null,"       Supply","m",{"v":8500,"d":"8,500"},41.48,{"v":352580,"d":"352,580.00"},{"v":0,"d":"0.00"},{"v":0,"d":"0.00"},{"v":0,"d":"0.00"},{"v":0,"d":"0.00"},{"v":0,"d":"0.00"},{"v":0,"d":"0.00"},{"v":0,"d":"0.00"},{"v":0,"d":"0.00"},{"v":0,"d":"0.00"},{"v":0,"d":"0.00"},{"v":0,"d":"0.00"},{"v":0,"d":"0.00"},{"v":0,"d":"0.00"},{"v":0,"d":"0.00"},{"$nulls":3},{"v":0,"d":"0.00"},{"v":0,"d":"0.00"},{"$f":"SUM(G1272:Y1272)","v":{"v":0,"d":"0.00"}},0,0,0,0,0,0,0,0,0,0,0,0,0,0,0,0,0,0,{"$f":"+E1272*Z1272","v":{"v":0,"d":"0.00"}}]
[null,"       Install","m",{"$f":"D1272","v":{"v":8500,"d":"8,500"}},{"v":1.9,"d":"1.90"},{"v":16150,"d":"16,150.00"},{"v":0,"d":"0.00"},{"v":0,"d":"0.00"},{"v":0,"d":"0.00"},{"v":0,"d":"0.00"},{"v":0,"d":"0.00"},{"v":0,"d":"0.00"},{"v":0,"d":"0.00"},{"v":0,"d":"0.00"},{"v":0,"d":"0.00"},{"v":0,"d":"0.00"},{"v":0,"d":"0.00"},{"v":0,"d":"0.00"},{"v":0,"d":"0.00"},{"v":0,"d":"0.00"},{"$nulls":3},{"v":0,"d":"0.00"},{"v":0,"d":"0.00"},{"$f":"SUM(G1273:Y1273)","v":{"v":0,"d":"0.00"}},0,0,0,0,0,0,0,0,0,0,0,0,0,0,0,0,0,0,{"$f":"+E1273*Z1273","v":{"v":0,"d":"0.00"}}]
[{"$nulls":5}," ",{"$nulls":20},0,0,0,0,0,0,0,0,0,0,0,0,0,0,0,0,0,0]
["8.1.9","70mm² red/black/Yellow-Green",null," ",null," ",{"$nulls":20},0,0,0,0,0,0,0,0,0,0,0,0,0,0,0,0,0,0]
[null,"       Supply","m",{"v":4580,"d":"4,580"},58.83,{"v":269441.39999999997,"d":"269,441.40"},{"v":0,"d":"0.00"},{"v":0,"d":"0.00"},{"v":0,"d":"0.00"},{"v":0,"d":"0.00"},{"v":0,"d":"0.00"},{"v":0,"d":"0.00"},{"v":0,"d":"0.00"},{"v":0,"d":"0.00"},{"v":0,"d":"0.00"},{"v":0,"d":"0.00"},{"v":0,"d":"0.00"},{"v":0,"d":"0.00"},{"v":0,"d":"0.00"},{"v":0,"d":"0.00"},{"$nulls":3},{"v":0,"d":"0.00"},{"v":4580.002908380078,"d":"4,580.00"},{"$f":"SUM(G1276:Y1276)","v":{"v":4580.002908380078,"d":"4,580.00"}},0,0,0,0,0,0,0,0,0,0,0,0,0,0,0,0,{"v":269441.5711,"d":"269,442"},{"v":269441.5711,"d":"269,442"},{"$f":"+E1276*Z1276","v":{"v":269441.5711,"d":"269,441.57"}}]
[null,"       Install","m",{"$f":"D1276","v":{"v":4580,"d":"4,580"}},{"v":2,"d":"2.00"},{"v":9160,"d":"9,160.00"},{"v":0,"d":"0.00"},{"v":0,"d":"0.00"},{"v":0,"d":"0.00"},{"v":0,"d":"0.00"},{"v":0,"d":"0.00"},{"v":0,"d":"0.00"},{"v":0,"d":"0.00"},{"v":0,"d":"0.00"},{"v":0,"d":"0.00"},{"v":0,"d":"0.00"},{"v":0,"d":"0.00"},{"v":0,"d":"0.00"},{"v":0,"d":"0.00"},{"v":0,"d":"0.00"},{"$nulls":3},{"v":0,"d":"0.00"},{"v":3633,"d":"3,633.00"},{"$f":"SUM(G1277:Y1277)","v":{"v":3633,"d":"3,633.00"}},0,0,0,0,0,0,0,0,0,0,0,0,0,0,0,0,{"v":7266,"d":"7,266"},{"v":7266,"d":"7,266"},{"$f":"+E1277*Z1277","v":{"v":7266,"d":"7,266.00"}}]
[{"$nulls":5}," ",{"$nulls":20},0,0,0,0,0,0,0,0,0,0,0,0,0,0,0,0,0,0]
[{"v":8.2,"d":"8.20"},"Mentoring and Management",{"$nulls":24},0,0,0,0,0,0,0,0,0,0,0,0,0,0,0,0,0,0]
[null,"A percentage of the SMME Package amoiunt to provide the Mentoring and Management of the SMME Contractors","%",1,{"v":4040328.98,"d":"4,040,328.98"},{"$f":"E1280*2.5%","v":{"v":101008.22450000001,"d":"101,008.22"}},{"v":0,"d":"0.00"},{"v":0,"d":"0.00"},{"v":0,"d":"0.00"},{"v":0,"d":"0.00"},{"v":0,"d":"0.00"},{"v":0,"d":"0.00"},{"v":0,"d":"0.00"},{"v":0,"d":"0.00"},{"v":0,"d":"0.00"},{"v":0,"d":"0.00"},{"v":0,"d":"0.00"},{"v":0,"d":"0.00"},{"v":0,"d":"0.00"},{"v":0,"d":"0.00"},{"$nulls":3},{"v":0,"d":"0.00"},{"v":0,"d":"0.00"},{"$f":"SUM(G1280:Y1280)","v":{"v":0,"d":"0.00"}},0,0,0,0,0,0,0,0,0,0,0,0,0,0,0,0,0,0,{"$f":"+E1280*Z1280","v":{"v":0,"d":"0.00"}}]
[]
[]
[null,"TOTAL CARRIED FORWARD TO SUMMARY PAGE",{"$nulls":3},{"$f":"SUM(F1238:F1282)","v":{"v":4141334.5445,"d":"4,141,334.54"}},{"$nulls":38},{"$f":"SUM(AS1238:AS1282)","v":{"v":1341967.4311,"d":"1,341,967.43"}}]
[]
["MAIN HOSPITAL ELECTRICAL INSTALLATION"]
["CECILIA MAKIWANE HOSPITAL : PHASE 4C"]
[]
["BILL NO. 9 : POWER RETICULATION EQUIPMENT (SMME PACKAGE No 7)"]
["ITEM","DESCRIPTION","UNIT","QTY","RATE","TENDER AMOUNT","A-LV05","B-LV04","D-LV03","E1-LV03","E2","F1","F2","G1","G2","H1","H2","J1","J2","J3",null,"G/House",null,"N","Other","Total Qty","A","B","D","E1","E2","F1","F2","G1","G2","H1","H2","J1","J2","J3","K","N","Other","Total Amount","Total Claimed"]
[]
[]
[9.1,"Cable Trays"]
[null,"Cabstrut 600mm wide medium duty hot dipped galvanised welded wire mesh cable tray including splice clamps, hold down saddles, suspesion rods complete"]
[" ","       Supply","m",{"$f":"161+1304+420+1586","v":{"v":3471,"d":"3,471"}},53.21,{"$f":"$D1294*E1294","v":{"v":184691.91,"d":"184,691.91"}},{"v":0,"d":"0.00"},{"v":0,"d":"0.00"},{"v":0,"d":"0.00"},{"v":0,"d":"0.00"},{"v":0,"d":"0.00"},{"v":0,"d":"0.00"},{"v":0,"d":"0.00"},{"v":0,"d":"0.00"},{"v":0,"d":"0.00"},{"v":0,"d":"0.00"},{"v":0,"d":"0.00"},{"v":0,"d":"0.00"},{"v":0,"d":"0.00"},{"v":0,"d":"0.00"},{"$nulls":3},{"v":0,"d":"0.00"},{"v":0,"d":"0.00"},{"$f":"SUM(G1294:Y1294)","v":{"v":0,"d":"0.00"}},{"$f":"G1294*E1294","v":0},{"$f":"H1294*E1294","v":0},{"$f":"I1294*E1294","v":0},{"$f":"J1294*E1294","v":0},{"$f":"K1294*E1294","v":0},{"$f":"L1294*E1294","v":0},{"$f":"+M1294*E1294","v":0},{"$f":"N1294*E1294","v":0},{"$f":"O1294*E1294","v":0},{"$f":"P1294*E1294","v":0},{"$f":"Q1294*E1294","v":0},{"$f":"R1294*E1294","v":0},{"$f":"S1294*E1294","v":0},{"$f":"T1294*E1294","v":0},{"$f":"W1294*E1294","v":0},{"$f":"X1294*E1294","v":0},{"$f":"Y1294*E1294","v":0},{"$f":"SUM(AA1294:AQ1294)","v":0},{"$f":"+E1294*Z1294","v":{"v":0,"d":"0.00"}}]
[null,"       Install","m",{"$f":"D1294","v":{"v":3471,"d":"3,471"}},{"v":39,"d":"39.00"},{"v":135369,"d":"135,369.00"},{"v":0,"d":"0.00"},{"v":0,"d":"0.00"},{"v":0,"d":"0.00"},{"v":0,"d":"0.00"},{"v":0,"d":"0.00"},{"v":0,"d":"0.00"},{"v":0,"d":"0.00"},{"v":0,"d":"0.00"},{"v":0,"d":"0.00"},{"v":0,"d":"0.00"},{"v":0,"d":"0.00"},{"v":0,"d":"0.00"},{"v":0,"d":"0.00"},{"v":0,"d":"0.00"},{"$nulls":3},{"v":0,"d":"0.00"},{"v":0,"d":"0.00"},{"$f":"SUM(G1295:Y1295)","v":{"v":0,"d":"0.00"}},0,0,0,0,0,0,0,0,0,0,0,0,0,0,0,0,0,{"$f":"SUM(AA1295:AQ1295)","v":0},{"$f":"+E1295*Z1295","v":{"v":0,"d":"0.00"}}]
[{"$nulls":5}," ",{"$nulls":20},0,0,0,0,0,0,0,0,0,0,0,0,0,0,0,0,0,0]
["9.1.1","90 degrees Horizontal elbow",{"$nulls":3}," ",{"$nulls":20},0,0,0,0,0,0,0,0,0,0,0,0,0,0,0,0,0,0]
[null,"       Supply","each",56,181.95,{"v":10189.199999999999,"d":"10,189.20"},{"v":0,"d":"0.00"},{"v":0,"d":"0.00"},{"v":0,"d":"0.00"},{"v":0,"d":"0.00"},{"v":0,"d":"0.00"},{"v":0,"d":"0.00"},{"v":0,"d":"0.00"},{"v":0,"d":"0.00"},{"v":0,"d":"0.00"},{"v":0,"d":"0.00"},{"v":0,"d":"0.00"},{"v":0,"d":"0.00"},{"v":0,"d":"0.00"},{"v":0,"d":"0.00"},{"$nulls":3},{"v":0,"d":"0.00"},{"v":36,"d":"36.00"},{"v":36,"d":"36.00"},0,0,0,0,0,0,0,0,0,0,0,0,0,0,0,0,{"v":6550.2,"d":"6,550"},{"v":6550.2,"d":"6,550"},{"$f":"+E1298*Z1298","v":{"v":6550.2,"d":"6,550.20"}}]
[null,"       Install","each",{"$f":"D1298","v":56},{"v":120,"d":"120.00"},{"v":6720,"d":"6,720.00"},{"v":0,"d":"0.00"},{"v":0,"d":"0.00"},{"v":0,"d":"0.00"},{"v":0,"d":"0.00"},{"v":0,"d":"0.00"},{"v":0,"d":"0.00"},{"v":0,"d":"0.00"},{"v":0,"d":"0.00"},{"v":0,"d":"0.00"},{"v":0,"d":"0.00"},{"v":0,"d":"0.00"},{"v":0,"d":"0.00"},{"v":0,"d":"0.00"},{"v":0,"d":"0.00"},{"$nulls":3},{"v":0,"d":"0.00"},{"v":12,"d":"12.00"},{"v":12,"d":"12.00"},0,0,0,0,0,0,0,0,0,0,0,0,0,0,0,0,{"v":1440,"d":"1,440"},{"v":1440,"d":"1,440"},{"$f":"+E1299*Z1299","v":{"v":1440,"d":"1,440.00"}}]
[{"$nulls":5}," ",{"$nulls":20},0,0,0,0,0,0,0,0,0,0,0,0,0,0,0,0,0,0]
["9.1.2","Tee piece",{"$nulls":3}," ",{"$nulls":20},0,0,0,0,0,0,0,0,0,0,0,0,0,0,0,0,0,0]
[null,"       Supply","each",23,341.46,{"v":7853.58,"d":"7,853.58"},{"v":0,"d":"0.00"},{"v":0,"d":"0.00"},{"v":0,"d":"0.00"},{"v":0,"d":"0.00"},{"v":0,"d":"0.00"},{"v":0,"d":"0.00"},{"v":0,"d":"0.00"},{"v":0,"d":"0.00"},{"v":0,"d":"0.00"},{"v":0,"d":"0.00"},{"v":0,"d":"0.00"},{"v":0,"d":"0.00"},{"v":0,"d":"0.00"},{"v":0,"d":"0.00"},{"$nulls":3},{"v":0,"d":"0.00"},{"v":11,"d":"11.00"},{"v":11,"d":"11.00"},0,0,0,0,0,0,0,0,0,0,0,0,0,0,0,0,{"v":3756.06,"d":"3,756"},{"v":3756.06,"d":"3,756"},{"$f":"+E1302*Z1302","v":{"v":3756.06,"d":"3,756.06"}}]
[null,"       Install","each",{"$f":"D1302","v":23},{"v":160,"d":"160.00"},{"v":3680,"d":"3,680.00"},{"v":0,"d":"0.00"},{"v":0,"d":"0.00"},{"v":0,"d":"0.00"},{"v":0,"d":"0.00"},{"v":0,"d":"0.00"},{"v":0,"d":"0.00"},{"v":0,"d":"0.00"},{"v":0,"d":"0.00"},{"v":0,"d":"0.00"},{"v":0,"d":"0.00"},{"v":0,"d":"0.00"},{"v":0,"d":"0.00"},{"v":0,"d":"0.00"},{"v":0,"d":"0.00"},{"$nulls":3},{"v":0,"d":"0.00"},{"v":11,"d":"11.00"},{"v":11,"d":"11.00"},0,0,0,0,0,0,0,0,0,0,0,0,0,0,0,0,{"v":1760,"d":"1,760"},{"v":1760,"d":"1,760"},{"$f":"+E1303*Z1303","v":{"v":1760,"d":"1,760.00"}}]
[{"$nulls":3}," ",null," ",{"$nulls":20},0,0,0,0,0,0,0,0,0,0,0,0,0,0,0,0,0,0]
["9.1.3","4 Way Cross Over",{"$nulls":3}," ",{"$nulls":20},0,0,0,0,0,0,0,0,0,0,0,0,0,0,0,0,0,0]
[null,"       Supply","each",18,403.95,{"v":7271.099999999999,"d":"7,271.10"},{"v":0,"d":"0.00"},{"v":0,"d":"0.00"},{"v":0,"d":"0.00"},{"v":0,"d":"0.00"},{"v":0,"d":"0.00"},{"v":0,"d":"0.00"},{"v":0,"d":"0.00"},{"v":0,"d":"0.00"},{"v":0,"d":"0.00"},{"v":0,"d":"0.00"},{"v":0,"d":"0.00"},{"v":0,"d":"0.00"},{"v":0,"d":"0.00"},{"v":0,"d":"0.00"},{"$nulls":3},{"v":0,"d":"0.00"},{"v":0,"d":"0.00"},{"v":0,"d":"0.00"},0,0,0,0,0,0,0,0,0,0,0,0,0,0,0,0,0,0,{"$f":"+E1306*Z1306","v":{"v":0,"d":"0.00"}}]
[null,"       Install","each",{"$f":"D1306","v":18},{"v":200,"d":"200.00"},{"v":3600,"d":"3,600.00"},{"v":0,"d":"0.00"},{"v":0,"d":"0.00"},{"v":0,"d":"0.00"},{"v":0,"d":"0.00"},{"v":0,"d":"0.00"},{"v":0,"d":"0.00"},{"v":0,"d":"0.00"},{"v":0,"d":"0.00"},{"v":0,"d":"0.00"},{"v":0,"d":"0.00"},{"v":0,"d":"0.00"},{"v":0,"d":"0.00"},{"v":0,"d":"0.00"},{"v":0,"d":"0.00"},{"$nulls":3},{"v":0,"d":"0.00"},{"v":0,"d":"0.00"},{"v":0,"d":"0.00"},0,0,0,0,0,0,0,0,0,0,0,0,0,0,0,0,0,0,{"$f":"+E1307*Z1307","v":{"v":0,"d":"0.00"}}]
[{"$nulls":5}," ",{"$nulls":20},0,0,0,0,0,0,0,0,0,0,0,0,0,0,0,0,0,0]
["9.1.4","External dropper",{"$nulls":3}," ",{"$nulls":20},0,0,0,0,0,0,0,0,0,0,0,0,0,0,0,0,0,0]
[null,"       Supply","each",58,140.37,{"v":8141.46,"d":"8,141.46"},{"v":0,"d":"0.00"},{"v":0,"d":"0.00"},{"v":0,"d":"0.00"},{"v":0,"d":"0.00"},{"v":0,"d":"0.00"},{"v":0,"d":"0.00"},{"v":0,"d":"0.00"},{"v":0,"d":"0.00"},{"v":0,"d":"0.00"},{"v":0,"d":"0.00"},{"v":0,"d":"0.00"},{"v":0,"d":"0.00"},{"v":0,"d":"0.00"},{"v":0,"d":"0.00"},{"$nulls":3},{"v":0,"d":"0.00"},{"v":11,"d":"11.00"},{"v":11,"d":"11.00"},0,0,0,0,0,0,0,0,0,0,0,0,0,0,0,0,{"v":1544.0700000000002,"d":"1,544"},{"v":1544.0700000000002,"d":"1,544"},{"$f":"+E1310*Z1310","v":{"v":1544.0700000000002,"d":"1,544.07"}}]
[null,"       Install","each",{"$f":"D1310","v":58},{"v":120,"d":"120.00"},{"v":6960,"d":"6,960.00"},{"v":0,"d":"0.00"},{"v":0,"d":"0.00"},{"v":0,"d":"0.00"},{"v":0,"d":"0.00"},{"v":0,"d":"0.00"},{"v":0,"d":"0.00"},{"v":0,"d":"0.00"},{"v":0,"d":"0.00"},{"v":0,"d":"0.00"},{"v":0,"d":"0.00"},{"v":0,"d":"0.00"},{"v":0,"d":"0.00"},{"v":0,"d":"0.00"},{"v":0,"d":"0.00"},{"$nulls":3},{"v":0,"d":"0.00"},{"v":11,"d":"11.00"},{"v":11,"d":"11.00"},0,0,0,0,0,0,0,0,0,0,0,0,0,0,0,0,{"v":1320,"d":"1,320"},{"v":1320,"d":"1,320"},{"$f":"+E1311*Z1311","v":{"v":1320,"d":"1,320.00"}}]
[{"$nulls":5}," ",{"$nulls":20},0,0,0,0,0,0,0,0,0,0,0,0,0,0,0,0,0,0]
["9.1.5","Internal Riser",{"$nulls":3}," ",{"$nulls":20},0,0,0,0,0,0,0,0,0,0,0,0,0,0,0,0,0,0]
[null,"       Supply","each",12,140.37,{"v":1684.44,"d":"1,684.44"},{"v":0,"d":"0.00"},{"v":0,"d":"0.00"},{"v":0,"d":"0.00"},{"v":0,"d":"0.00"},{"v":0,"d":"0.00"},{"v":0,"d":"0.00"},{"v":0,"d":"0.00"},{"v":0,"d":"0.00"},{"v":0,"d":"0.00"},{"v":0,"d":"0.00"},{"v":0,"d":"0.00"},{"v":0,"d":"0.00"},{"v":0,"d":"0.00"},{"v":0,"d":"0.00"},{"$nulls":3},{"v":0,"d":"0.00"},{"v":11,"d":"11.00"},{"v":11,"d":"11.00"},0,0,0,0,0,0,0,0,0,0,0,0,0,0,0,0,{"v":1544.0700000000002,"d":"1,544"},{"v":1544.0700000000002,"d":"1,544"},{"$f":"+E1314*Z1314","v":{"v":1544.0700000000002,"d":"1,544.07"}}]
[null,"       Install","each",{"$f":"D1314","v":12},{"v":140,"d":"140.00"},{"v":1680,"d":"1,680.00"},{"v":0,"d":"0.00"},{"v":0,"d":"0.00"},{"v":0,"d":"0.00"},{"v":0,"d":"0.00"},{"v":0,"d":"0.00"},{"v":0,"d":"0.00"},{"v":0,"d":"0.00"},{"v":0,"d":"0.00"},{"v":0,"d":"0.00"},{"v":0,"d":"0.00"},{"v":0,"d":"0.00"},{"v":0,"d":"0.00"},{"v":0,"d":"0.00"},{"v":0,"d":"0.00"},{"$nulls":3},{"v":0,"d":"0.00"},{"v":11,"d":"11.00"},{"v":11,"d":"11.00"},0,0,0,0,0,0,0,0,0,0,0,0,0,0,0,0,{"v":1540,"d":"1,540"},{"v":1540,"d":"1,540"},{"$f":"+E1315*Z1315","v":{"v":1540,"d":"1,540.00"}}]
[{"$nulls":5}," ",{"$nulls":20},0,0,0,0,0,0,0,0,0,0,0,0,0,0,0,0,0,0]
["9.1.6","P2000 Angle Hanger Bracket complete for size of Mesh using P1458 angle brackets.",{"$nulls":3}," ",{"$nulls":20},0,0,0,0,0,0,0,0,0,0,0,0,0,0,0,0,0,0]
[null,"       Supply","each",{"$f":"347","v":347},42.68,{"v":14809.96,"d":"14,809.96"},{"v":0,"d":"0.00"},{"v":0,"d":"0.00"},{"v":0,"d":"0.00"},{"v":0,"d":"0.00"},{"v":0,"d":"0.00"},{"v":0,"d":"0.00"},{"v":0,"d":"0.00"},{"v":0,"d":"0.00"},{"v":0,"d":"0.00"},{"v":0,"d":"0.00"},{"v":0,"d":"0.00"},{"v":0,"d":"0.00"},{"v":0,"d":"0.00"},{"v":0,"d":"0.00"},{"$nulls":3},{"v":0,"d":"0.00"},{"v":0,"d":"0.00"},{"v":0,"d":"0.00"},0,0,0,0,0,0,0,0,0,0,0,0,0,0,0,0,0,0,{"$f":"+E1318*Z1318","v":{"v":0,"d":"0.00"}}]
[null,"       Install","each",{"$f":"D1318","v":347},{"v":60,"d":"60.00"},{"v":20820,"d":"20,820.00"},{"v":0,"d":"0.00"},{"v":0,"d":"0.00"},{"v":0,"d":"0.00"},{"v":0,"d":"0.00"},{"v":0,"d":"0.00"},{"v":0,"d":"0.00"},{"v":0,"d":"0.00"},{"v":0,"d":"0.00"},{"v":0,"d":"0.00"},{"v":0,"d":"0.00"},{"v":0,"d":"0.00"},{"v":0,"d":"0.00"},{"v":0,"d":"0.00"},{"v":0,"d":"0.00"},{"$nulls":3},{"v":0,"d":"0.00"},{"v":0,"d":"0.00"},{"v":0,"d":"0.00"},0,0,0,0,0,0,0,0,0,0,0,0,0,0,0,0,0,0,{"$f":"+E1319*Z1319","v":{"v":0,"d":"0.00"}}]
[{"$nulls":5}," ",{"$nulls":20},0,0,0,0,0,0,0,0,0,0,0,0,0,0,0,0,0,0]
["9.1.7","P2000 Hanger Bracket complete with 600mm Threaded Rods,  Etc"," ",null,null," ",{"$nulls":20},0,0,0,0,0,0,0,0,0,0,0,0,0,0,0,0,0,0]
[null,"       Supply","each",{"$f":"D1318","v":347},15.96,{"v":5538.12,"d":"5,538.12"},{"v":0,"d":"0.00"},{"v":386,"d":"386.00"},{"v":0,"d":"0.00"},{"v":0,"d":"0.00"},{"v":0,"d":"0.00"},{"v":0,"d":"0.00"},{"v":0,"d":"0.00"},{"v":0,"d":"0.00"},{"v":0,"d":"0.00"},{"v":0,"d":"0.00"},{"v":0,"d":"0.00"},{"v":0,"d":"0.00"},{"v":0,"d":"0.00"},{"v":0,"d":"0.00"},{"$nulls":3},{"v":0,"d":"0.00"},{"v":0,"d":"0.00"},{"v":386,"d":"386.00"},0,{"v":6160.56,"d":"6,161"},0,0,0,0,0,0,0,0,0,0,0,0,0,0,0,{"v":6160.56,"d":"6,161"},{"$f":"+E1322*Z1322","v":{"v":6160.56,"d":"6,160.56"}}]
[null,"       Install","each",{"$f":"D1322","v":347},{"v":60,"d":"60.00"},{"v":20820,"d":"20,820.00"},{"v":0,"d":"0.00"},{"v":386,"d":"386.00"},{"v":0,"d":"0.00"},{"v":0,"d":"0.00"},{"v":0,"d":"0.00"},{"v":0,"d":"0.00"},{"v":0,"d":"0.00"},{"v":0,"d":"0.00"},{"v":0,"d":"0.00"},{"v":0,"d":"0.00"},{"v":0,"d":"0.00"},{"v":0,"d":"0.00"},{"v":0,"d":"0.00"},{"v":0,"d":"0.00"},{"$nulls":3},{"v":0,"d":"0.00"},{"v":0,"d":"0.00"},{"v":386,"d":"386.00"},0,{"v":23160,"d":"23,160"},0,0,0,0,0,0,0,0,0,0,0,0,0,0,0,{"v":23160,"d":"23,160"},{"$f":"+E1323*Z1323","v":{"v":23160,"d":"23,160.00"}}]
[{"$nulls":5}," ",{"$nulls":20},0,0,0,0,0,0,0,0,0,0,0,0,0,0,0,0,0,0]
["9.1.8","900x450x100 Power /Lighting DB Bonding Tray"," ",null,null," ",{"$nulls":20},0,0,0,0,0,0,0,0,0,0,0,0,0,0,0,0,0,0]
[null,"       Supply","each",24,{"v":350,"d":"350.00"},{"v":8400,"d":"8,400.00"},{"v":0,"d":"0.00"},{"v":0,"d":"0.00"},{"v":0,"d":"0.00"},{"v":0,"d":"0.00"},{"v":0,"d":"0.00"},{"v":0,"d":"0.00"},{"v":0,"d":"0.00"},{"v":0,"d":"0.00"},{"v":0,"d":"0.00"},{"v":0,"d":"0.00"},{"v":0,"d":"0.00"},{"v":0,"d":"0.00"},{"v":0,"d":"0.00"},{"v":0,"d":"0.00"},{"$nulls":3},{"v":0,"d":"0.00"},{"v":0,"d":"0.00"},{"v":0,"d":"0.00"},{"$f":"G1326*E1326","v":0},{"$f":"H1326*E1326","v":0},{"$f":"I1326*E1326","v":0},{"$f":"J1326*E1326","v":0},{"$f":"K1326*E1326","v":0},{"$f":"L1326*E1326","v":0},{"$f":"+M1326*E1326","v":0},{"$f":"N1326*E1326","v":0},{"$f":"O1326*E1326","v":0},{"$f":"P1326*E1326","v":0},{"$f":"Q1326*E1326","v":0},{"$f":"R1326*E1326","v":0},{"$f":"S1326*E1326","v":0},{"$f":"T1326*E1326","v":0},{"$f":"W1326*E1326","v":0},{"$f":"X1326*E1326","v":0},{"$f":"Y1326*E1326","v":0},0,{"$f":"+E1326*Z1326","v":{"v":0,"d":"0.00"}}]
[null,"       Install","each",{"$f":"D1326","v":24},{"v":650,"d":"650.00"},{"v":15600,"d":"15,600.00"},{"v":0,"d":"0.00"},{"v":0,"d":"0.00"},{"v":0,"d":"0.00"},{"v":0,"d":"0.00"},{"v":0,"d":"0.00"},{"v":0,"d":"0.00"},{"v":0,"d":"0.00"},{"v":0,"d":"0.00"},{"v":0,"d":"0.00"},{"v":0,"d":"0.00"},{"v":0,"d":"0.00"},{"v":0,"d":"0.00"},{"v":0,"d":"0.00"},{"v":0,"d":"0.00"},{"$nulls":3},{"v":0,"d":"0.00"},{"v":0,"d":"0.00"},{"v":0,"d":"0.00"},0,0,0,0,0,0,0,0,0,0,0,0,0,0,0,0,0,0,{"$f":"+E1327*Z1327","v":{"v":0,"d":"0.00"}}]
[{"$nulls":5}," ",{"$nulls":20},0,0,0,0,0,0,0,0,0,0,0,0,0,0,0,0,0,0]
[9.2,"Cable Trays",{"$nulls":24},0,0,0,0,0,0,0,0,0,0,0,0,0,0,0,0,0,0]
[null,"Cabstrut 1000mm wide Heavy duty hot dipped galvanised welded wire mesh cable tray including splice clamps, hold down saddles, suspesion rods complete",{"$nulls":24},0,0,0,0,0,0,0,0,0,0,0,0,0,0,0,0,0,0]
[" ","       Supply","m",940,126.81,{"v":119201.40000000001,"d":"119,201.40"},{"v":0,"d":"0.00"},{"v":0,"d":"0.00"},{"v":0,"d":"0.00"},{"v":0,"d":"0.00"},{"v":0,"d":"0.00"},{"v":0,"d":"0.00"},{"v":0,"d":"0.00"},{"v":0,"d":"0.00"},{"v":0,"d":"0.00"},{"v":0,"d":"0.00"},{"v":0,"d":"0.00"},{"v":0,"d":"0.00"},{"v":0,"d":"0.00"},{"v":0,"d":"0.00"},{"$nulls":3},{"v":0,"d":"0.00"},{"v":0,"d":"0.00"},{"v":0,"d":"0.00"},0,0,0,0,0,0,0,0,0,0,0,0,0,0,0,0,0,0,{"$f":"+E1331*Z1331","v":{"v":0,"d":"0.00"}}]
[null,"       Install","m",{"$f":"D1331","v":940},{"v":49,"d":"49.00"},{"v":46060,"d":"46,060.00"},{"v":0,"d":"0.00"},{"v":0,"d":"0.00"},{"v":0,"d":"0.00"},{"v":0,"d":"0.00"},{"v":0,"d":"0.00"},{"v":0,"d":"0.00"},{"v":0,"d":"0.00"},{"v":0,"d":"0.00"},{"v":0,"d":"0.00"},{"v":0,"d":"0.00"},{"v":0,"d":"0.00"},{"v":0,"d":"0.00"},{"v":0,"d":"0.00"},{"v":0,"d":"0.00"},{"$nulls":3},{"v":0,"d":"0.00"},{"v":0,"d":"0.00"},{"v":0,"d":"0.00"},0,0,0,0,0,0,0,0,0,0,0,0,0,0,0,0,0,0,{"$f":"+E1332*Z1332","v":{"v":0,"d":"0.00"}}]
[{"$nulls":5}," ",{"$nulls":20},0,0,0,0,0,0,0,0,0,0,0,0,0,0,0,0,0,0]
["9.2.1","90 degrees Horizontal elbow",{"$nulls":3}," ",{"$nulls":20},0,0,0,0,0,0,0,0,0,0,0,0,0,0,0,0,0,0]
[null,"       Supply","each",12,496.47,{"v":5957.64,"d":"5,957.64"},{"v":0,"d":"0.00"},{"v":0,"d":"0.00"},{"v":0,"d":"0.00"},{"v":0,"d":"0.00"},{"v":0,"d":"0.00"},{"v":0,"d":"0.00"},{"v":0,"d":"0.00"},{"v":0,"d":"0.00"},{"v":0,"d":"0.00"},{"v":0,"d":"0.00"},{"v":0,"d":"0.00"},{"v":0,"d":"0.00"},{"v":0,"d":"0.00"},{"v":0,"d":"0.00"},{"$nulls":3},{"v":0,"d":"0.00"},{"v":0,"d":"0.00"},{"v":0,"d":"0.00"},0,0,0,0,0,0,0,0,0,0,0,0,0,0,0,0,0,0,{"$f":"+E1335*Z1335","v":{"v":0,"d":"0.00"}}]
[null,"       Install","each",{"$f":"D1335","v":12},{"v":140,"d":"140.00"},{"v":1680,"d":"1,680.00"},{"v":0,"d":"0.00"},{"v":0,"d":"0.00"},{"v":0,"d":"0.00"},{"v":0,"d":"0.00"},{"v":0,"d":"0.00"},{"v":0,"d":"0.00"},{"v":0,"d":"0.00"},{"v":0,"d":"0.00"},{"v":0,"d":"0.00"},{"v":0,"d":"0.00"},{"v":0,"d":"0.00"},{"v":0,"d":"0.00"},{"v":0,"d":"0.00"},{"v":0,"d":"0.00"},{"$nulls":3},{"v":0,"d":"0.00"},{"v":0,"d":"0.00"},{"v":0,"d":"0.00"},0,0,0,0,0,0,0,0,0,0,0,0,0,0,0,0,0,0,{"$f":"+E1336*Z1336","v":{"v":0,"d":"0.00"}}]
[{"$nulls":5}," ",{"$nulls":20},0,0,0,0,0,0,0,0,0,0,0,0,0,0,0,0,0,0]
["9.2.2","Tee piece",{"$nulls":3}," ",{"$nulls":20},0,0,0,0,0,0,0,0,0,0,0,0,0,0,0,0,0,0]
[null,"       Supply","each",6,660.96,{"v":3965.76,"d":"3,965.76"},{"v":0,"d":"0.00"},{"v":0,"d":"0.00"},{"v":0,"d":"0.00"},{"v":0,"d":"0.00"},{"v":0,"d":"0.00"},{"v":0,"d":"0.00"},{"v":0,"d":"0.00"},{"v":0,"d":"0.00"},{"v":0,"d":"0.00"},{"v":0,"d":"0.00"},{"v":0,"d":"0.00"},{"v":0,"d":"0.00"},{"v":0,"d":"0.00"},{"v":0,"d":"0.00"},{"$nulls":3},{"v":0,"d":"0.00"},{"v":0,"d":"0.00"},{"v":0,"d":"0.00"},0,0,0,0,0,0,0,0,0,0,0,0,0,0,0,0,0,0,{"$f":"+E1339*Z1339","v":{"v":0,"d":"0.00"}}]
[null,"       Install","each",{"$f":"D1339","v":6},{"v":180,"d":"180.00"},{"v":1080,"d":"1,080.00"},{"v":0,"d":"0.00"},{"v":0,"d":"0.00"},{"v":0,"d":"0.00"},{"v":0,"d":"0.00"},{"v":0,"d":"0.00"},{"v":0,"d":"0.00"},{"v":0,"d":"0.00"},{"v":0,"d":"0.00"},{"v":0,"d":"0.00"},{"v":0,"d":"0.00"},{"v":0,"d":"0.00"},{"v":0,"d":"0.00"},{"v":0,"d":"0.00"},{"v":0,"d":"0.00"},{"$nulls":3},{"v":0,"d":"0.00"},{"v":0,"d":"0.00"},{"v":0,"d":"0.00"},0,0,0,0,0,0,0,0,0,0,0,0,0,0,0,0,0,0,{"$f":"+E1340*Z1340","v":{"v":0,"d":"0.00"}}]
[{"$nulls":5}," ",{"$nulls":20},0,0,0,0,0,0,0,0,0,0,0,0,0,0,0,0,0,0]
["9.2.3","4 Way Cross Over",{"$nulls":3}," ",{"$nulls":20},0,0,0,0,0,0,0,0,0,0,0,0,0,0,0,0,0,0]
[null,"       Supply","each",4,854.16,{"v":3416.64,"d":"3,416.64"},{"v":0,"d":"0.00"},{"v":0,"d":"0.00"},{"v":0,"d":"0.00"},{"v":0,"d":"0.00"},{"v":0,"d":"0.00"},{"v":0,"d":"0.00"},{"v":0,"d":"0.00"},{"v":0,"d":"0.00"},{"v":0,"d":"0.00"},{"v":0,"d":"0.00"},{"v":0,"d":"0.00"},{"v":0,"d":"0.00"},{"v":0,"d":"0.00"},{"v":0,"d":"0.00"},{"$nulls":3},{"v":0,"d":"0.00"},{"v":0,"d":"0.00"},{"v":0,"d":"0.00"},0,0,0,0,0,0,0,0,0,0,0,0,0,0,0,0,0,0,{"$f":"+E1343*Z1343","v":{"v":0,"d":"0.00"}}]
[null,"       Install","each",{"$f":"D1343","v":4},{"v":220,"d":"220.00"},{"v":880,"d":"880.00"},{"v":0,"d":"0.00"},{"v":0,"d":"0.00"},{"v":0,"d":"0.00"},{"v":0,"d":"0.00"},{"v":0,"d":"0.00"},{"v":0,"d":"0.00"},{"v":0,"d":"0.00"},{"v":0,"d":"0.00"},{"v":0,"d":"0.00"},{"v":0,"d":"0.00"},{"v":0,"d":"0.00"},{"v":0,"d":"0.00"},{"v":0,"d":"0.00"},{"v":0,"d":"0.00"},{"$nulls":3},{"v":0,"d":"0.00"},{"v":0,"d":"0.00"},{"v":0,"d":"0.00"},0,0,0,0,0,0,0,0,0,0,0,0,0,0,0,0,0,0,{"$f":"+E1344*Z1344","v":{"v":0,"d":"0.00"}}]
[{"$nulls":5}," ",{"$nulls":20},0,0,0,0,0,0,0,0,0,0,0,0,0,0,0,0,0,0]
["9.2.4","External dropper",null," ",null," ",{"$nulls":20},0,0,0,0,0,0,0,0,0,0,0,0,0,0,0,0,0,0]
[null,"       Supply","each",4,{"v":338.4,"d":"338.40"},{"v":1353.6,"d":"1,353.60"},{"v":0,"d":"0.00"},{"v":0,"d":"0.00"},{"v":0,"d":"0.00"},{"v":0,"d":"0.00"},{"v":0,"d":"0.00"},{"v":0,"d":"0.00"},{"v":0,"d":"0.00"},{"v":0,"d":"0.00"},{"v":0,"d":"0.00"},{"v":0,"d":"0.00"},{"v":0,"d":"0.00"},{"v":0,"d":"0.00"},{"v":0,"d":"0.00"},{"v":0,"d":"0.00"},{"$nulls":3},{"v":0,"d":"0.00"},{"v":0,"d":"0.00"},{"v":0,"d":"0.00"},0,0,0,0,0,0,0,0,0,0,0,0,0,0,0,0,0,0,{"$f":"+E1347*Z1347","v":{"v":0,"d":"0.00"}}]
[null,"       Install","each",{"$f":"D1347","v":4},{"v":160,"d":"160.00"},{"v":640,"d":"640.00"},{"v":0,"d":"0.00"},{"v":0,"d":"0.00"},{"v":0,"d":"0.00"},{"v":0,"d":"0.00"},{"v":0,"d":"0.00"},{"v":0,"d":"0.00"},{"v":0,"d":"0.00"},{"v":0,"d":"0.00"},{"v":0,"d":"0.00"},{"v":0,"d":"0.00"},{"v":0,"d":"0.00"},{"v":0,"d":"0.00"},{"v":0,"d":"0.00"},{"v":0,"d":"0.00"},{"$nulls":3},{"v":0,"d":"0.00"},{"v":0,"d":"0.00"},{"v":0,"d":"0.00"},0,0,0,0,0,0,0,0,0,0,0,0,0,0,0,0,0,0,{"$f":"+E1348*Z1348","v":{"v":0,"d":"0.00"}}]
[{"$nulls":5}," "]
[null,"Amount Carried Forward ",{"$nulls":3},{"$f":"SUM(F1292:F1348)","v":{"v":648063.81,"d":"648,063.81"}},{"$nulls":38},{"$f":"SUM(AS1292:AS1348)","v":{"v":48774.96000000001,"d":"48,774.96"}}]
[]
["MAIN HOSPITAL ELECTRICAL INSTALLATION"]
["CECILIA MAKIWANE HOSPITAL : PHASE 4C"]
[]
[{"$f":"A1288","v":"BILL NO. 9 : POWER RETICULATION EQUIPMENT (SMME PACKAGE No 7)"}]
["ITEM","DESCRIPTION","UNIT","QTY","RATE","TENDER AMOUNT","A","B","D-LV03","E1-LV03","E2","F1","F2","G1","G2","H1","H2","J1","J2","J3",null,"G/House",null,"N","Other","Total Qty","A","B","D","E1","E2","F1","F2","G1","G2","H1","H2","J1","J2","J3","K","N","Other","Total Amount","Total Claimed"]
[null,"AMOUNT CARRIED FORWARD FROM PREVIOUS BILL",{"$nulls":3},{"$f":"F1350","v":{"v":648063.81,"d":"648,063.81"}},{"$nulls":38},{"$f":"AS1350","v":{"v":48774.96000000001,"d":"48,774.96"}}]
[]
[]
["9.2.5","Internal Riser"]
[null,"       Supply","each",9,{"v":338.4,"d":"338.40"},{"$f":"$D1361*E1361","v":{"v":3045.6,"d":"3,045.60"}},{"v":0,"d":"0.00"},{"v":0,"d":"0.00"},{"v":0,"d":"0.00"},{"v":0,"d":"0.00"},{"v":0,"d":"0.00"},{"v":0,"d":"0.00"},{"v":0,"d":"0.00"},{"v":0,"d":"0.00"},{"v":0,"d":"0.00"},{"v":0,"d":"0.00"},{"v":0,"d":"0.00"},{"v":0,"d":"0.00"},{"v":0,"d":"0.00"},{"v":0,"d":"0.00"},{"$nulls":3},{"v":0,"d":"0.00"},{"v":0,"d":"0.00"},{"$f":"SUM(G1361:Y1361)","v":{"v":0,"d":"0.00"}},{"$f":"G1361*E1361","v":0},{"$f":"H1361*E1361","v":0},{"$f":"I1361*E1361","v":0},{"$f":"J1361*E1361","v":0},{"$f":"K1361*E1361","v":0},{"$f":"L1361*E1361","v":0},{"$f":"+M1361*E1361","v":0},{"$f":"N1361*E1361","v":0},{"$f":"O1361*E1361","v":0},{"$f":"P1361*E1361","v":0},{"$f":"Q1361*E1361","v":0},{"$f":"R1361*E1361","v":0},{"$f":"S1361*E1361","v":0},{"$f":"T1361*E1361","v":0},{"$f":"W1361*E1361","v":0},{"$f":"X1361*E1361","v":0},{"$f":"Y1361*E1361","v":0},{"$f":"SUM(AA1361:AQ1361)","v":0},{"$f":"+E1361*Z1361","v":{"v":0,"d":"0.00"}}]
[null,"       Install","each",{"$f":"D1361","v":9},{"v":160,"d":"160.00"},{"v":1440,"d":"1,440.00"},{"v":0,"d":"0.00"},{"v":0,"d":"0.00"},{"v":0,"d":"0.00"},{"v":0,"d":"0.00"},{"v":0,"d":"0.00"},{"v":0,"d":"0.00"},{"v":0,"d":"0.00"},{"v":0,"d":"0.00"},{"v":0,"d":"0.00"},{"v":0,"d":"0.00"},{"v":0,"d":"0.00"},{"v":0,"d":"0.00"},{"v":0,"d":"0.00"},{"v":0,"d":"0.00"},{"$nulls":3},{"v":0,"d":"0.00"},{"v":0,"d":"0.00"},{"$f":"SUM(G1362:Y1362)","v":{"v":0,"d":"0.00"}},0,0,0,0,0,0,0,0,0,0,0,0,0,0,0,0,0,{"$f":"SUM(AA1362:AQ1362)","v":0},{"$f":"+E1362*Z1362","v":{"v":0,"d":"0.00"}}]
[{"$nulls":5}," ",{"$nulls":20},0,0,0,0,0,0,0,0,0,0,0,0,0,0,0,0,0,0]
["9.2.6","Distribution Outlet",{"$nulls":3}," ",{"$nulls":20},0,0,0,0,0,0,0,0,0,0,0,0,0,0,0,0,0,0]
[null,"       Supply","each",6,{"v":338.4,"d":"338.40"},{"v":2030.3999999999999,"d":"2,030.40"},{"v":0,"d":"0.00"},{"v":3,"d":"3.00"},{"v":0,"d":"0.00"},{"v":0,"d":"0.00"},{"v":0,"d":"0.00"},{"v":0,"d":"0.00"},{"v":0,"d":"0.00"},{"v":3,"d":"3.00"},{"v":6,"d":"6.00"},{"v":0,"d":"0.00"},{"v":0,"d":"0.00"},{"v":0,"d":"0.00"},{"v":0,"d":"0.00"},{"v":0,"d":"0.00"},{"$nulls":3},{"v":0,"d":"0.00"},{"v":0,"d":"0.00"},{"v":12,"d":"12.00"},0,{"v":1015.1999999999999,"d":"1,015"},0,0,0,0,0,{"v":1015.1999999999999,"d":"1,015"},{"v":2030.3999999999999,"d":"2,030"},0,0,0,0,0,0,0,0,{"v":4060.7999999999997,"d":"4,061"},{"$f":"+E1365*Z1365","v":{"v":4060.7999999999997,"d":"4,060.80"}}]
[null,"       Install","each",{"$f":"D1365","v":6},{"v":180,"d":"180.00"},{"v":1080,"d":"1,080.00"},{"v":0,"d":"0.00"},{"v":3,"d":"3.00"},{"v":0,"d":"0.00"},{"v":0,"d":"0.00"},{"v":0,"d":"0.00"},{"v":0,"d":"0.00"},{"v":0,"d":"0.00"},{"v":3,"d":"3.00"},{"v":6,"d":"6.00"},{"v":0,"d":"0.00"},{"v":0,"d":"0.00"},{"v":0,"d":"0.00"},{"v":0,"d":"0.00"},{"v":0,"d":"0.00"},{"$nulls":3},{"v":0,"d":"0.00"},{"v":0,"d":"0.00"},{"v":12,"d":"12.00"},0,540,0,0,0,0,0,540,{"v":1080,"d":"1,080"},0,0,0,0,0,0,0,0,{"v":2160,"d":"2,160"},{"$f":"+E1366*Z1366","v":{"v":2160,"d":"2,160.00"}}]
[{"$nulls":5}," ",{"$nulls":20},0,0,0,0,0,0,0,0,0,0,0,0,0,0,0,0,0,0]
["9.2.7","P2000 Angle Hanger Bracket complete for size of Mesh using P1458 angle brackets."," ",null,null," ",{"$nulls":20},0,0,0,0,0,0,0,0,0,0,0,0,0,0,0,0,0,0]
[null,"       Supply","each",180,67.04,{"v":12067.2,"d":"12,067.20"},{"v":0,"d":"0.00"},{"v":0,"d":"0.00"},{"v":0,"d":"0.00"},{"v":0,"d":"0.00"},{"v":0,"d":"0.00"},{"v":0,"d":"0.00"},{"v":0,"d":"0.00"},{"v":0,"d":"0.00"},{"v":0,"d":"0.00"},{"v":0,"d":"0.00"},{"v":0,"d":"0.00"},{"v":0,"d":"0.00"},{"v":0,"d":"0.00"},{"v":0,"d":"0.00"},{"$nulls":3},{"v":0,"d":"0.00"},{"v":0,"d":"0.00"},{"v":0,"d":"0.00"},0,0,0,0,0,0,0,0,0,0,0,0,0,0,0,0,0,0,{"$f":"+E1369*Z1369","v":{"v":0,"d":"0.00"}}]
[null,"       Install","each",{"$f":"D1369","v":180},{"v":80,"d":"80.00"},{"v":14400,"d":"14,400.00"},{"v":0,"d":"0.00"},{"v":0,"d":"0.00"},{"v":0,"d":"0.00"},{"v":0,"d":"0.00"},{"v":0,"d":"0.00"},{"v":0,"d":"0.00"},{"v":0,"d":"0.00"},{"v":0,"d":"0.00"},{"v":0,"d":"0.00"},{"v":0,"d":"0.00"},{"v":0,"d":"0.00"},{"v":0,"d":"0.00"},{"v":0,"d":"0.00"},{"v":0,"d":"0.00"},{"$nulls":3},{"v":0,"d":"0.00"},{"v":0,"d":"0.00"},{"v":0,"d":"0.00"},0,0,0,0,0,0,0,0,0,0,0,0,0,0,0,0,0,0,{"$f":"+E1370*Z1370","v":{"v":0,"d":"0.00"}}]
[{"$nulls":5}," ",{"$nulls":20},0,0,0,0,0,0,0,0,0,0,0,0,0,0,0,0,0,0]
["9.2.8","900x450x100 Power /Lighting DB Bonding Tray"," ",null,null," ",{"$nulls":20},0,0,0,0,0,0,0,0,0,0,0,0,0,0,0,0,0,0]
[null,"       Supply","each",17,{"v":350,"d":"350.00"},{"v":5950,"d":"5,950.00"},{"v":0,"d":"0.00"},{"v":0,"d":"0.00"},{"v":0,"d":"0.00"},{"v":0,"d":"0.00"},{"v":0,"d":"0.00"},{"v":0,"d":"0.00"},{"v":0,"d":"0.00"},{"v":0,"d":"0.00"},{"v":0,"d":"0.00"},{"v":0,"d":"0.00"},{"v":0,"d":"0.00"},{"v":0,"d":"0.00"},{"v":0,"d":"0.00"},{"v":0,"d":"0.00"},{"$nulls":3},{"v":0,"d":"0.00"},{"v":0,"d":"0.00"},{"v":0,"d":"0.00"},0,0,0,0,0,0,0,0,0,0,0,0,0,0,0,0,0,0,{"$f":"+E1373*Z1373","v":{"v":0,"d":"0.00"}}]
[null,"       Install","each",{"$f":"D1373","v":17},{"v":650,"d":"650.00"},{"v":11050,"d":"11,050.00"},{"v":0,"d":"0.00"},{"v":0,"d":"0.00"},{"v":0,"d":"0.00"},{"v":0,"d":"0.00"},{"v":0,"d":"0.00"},{"v":0,"d":"0.00"},{"v":0,"d":"0.00"},{"v":0,"d":"0.00"},{"v":0,"d":"0.00"},{"v":0,"d":"0.00"},{"v":0,"d":"0.00"},{"v":0,"d":"0.00"},{"v":0,"d":"0.00"},{"v":0,"d":"0.00"},{"$nulls":3},{"v":0,"d":"0.00"},{"v":0,"d":"0.00"},{"v":0,"d":"0.00"},0,0,0,0,0,0,0,0,0,0,0,0,0,0,0,0,0,0,{"$f":"+E1374*Z1374","v":{"v":0,"d":"0.00"}}]
[{"$nulls":26},0,0,0,0,0,0,0,0,0,0,0,0,0,0,0,0,0,0]
[9.3,"Cable Trays",{"$nulls":24},0,0,0,0,0,0,0,0,0,0,0,0,0,0,0,0,0,0]
[null,"Cabstrut 800mm wide medium duty hot dipped galvanised welded wire mesh cable tray including splice clamps, hold down saddles, suspesion rods complete",{"$nulls":24},0,0,0,0,0,0,0,0,0,0,0,0,0,0,0,0,0,0]
[" ","       Supply","m",{"$f":"300","v":300},107.56,{"v":32268,"d":"32,268.00"},{"v":0,"d":"0.00"},{"v":0,"d":"0.00"},{"v":0,"d":"0.00"},{"v":0,"d":"0.00"},{"v":0,"d":"0.00"},{"v":0,"d":"0.00"},{"v":0,"d":"0.00"},{"v":0,"d":"0.00"},{"v":0,"d":"0.00"},{"v":0,"d":"0.00"},{"v":0,"d":"0.00"},{"v":0,"d":"0.00"},{"v":0,"d":"0.00"},{"v":0,"d":"0.00"},{"$nulls":3},{"v":0,"d":"0.00"},{"v":0,"d":"0.00"},{"v":0,"d":"0.00"},0,0,0,0,0,0,0,0,0,0,0,0,0,0,0,0,0,0,{"$f":"+E1378*Z1378","v":{"v":0,"d":"0.00"}}]
[null,"       Install","m",{"$f":"D1378","v":300},{"v":45,"d":"45.00"},{"v":13500,"d":"13,500.00"},{"v":0,"d":"0.00"},{"v":0,"d":"0.00"},{"v":0,"d":"0.00"},{"v":0,"d":"0.00"},{"v":0,"d":"0.00"},{"v":0,"d":"0.00"},{"v":0,"d":"0.00"},{"v":0,"d":"0.00"},{"v":0,"d":"0.00"},{"v":0,"d":"0.00"},{"v":0,"d":"0.00"},{"v":0,"d":"0.00"},{"v":0,"d":"0.00"},{"v":0,"d":"0.00"},{"$nulls":3},{"v":0,"d":"0.00"},{"v":0,"d":"0.00"},{"v":0,"d":"0.00"},0,0,0,0,0,0,0,0,0,0,0,0,0,0,0,0,0,0,{"$f":"+E1379*Z1379","v":{"v":0,"d":"0.00"}}]
[{"$nulls":5}," ",{"$nulls":20},0,0,0,0,0,0,0,0,0,0,0,0,0,0,0,0,0,0]
["9.3.1","90 degrees Horizontal elbow",{"$nulls":3}," ",{"$nulls":20},0,0,0,0,0,0,0,0,0,0,0,0,0,0,0,0,0,0]
[null,"       Supply","each",3,387.24,{"v":1161.72,"d":"1,161.72"},{"v":0,"d":"0.00"},{"v":0,"d":"0.00"},{"v":0,"d":"0.00"},{"v":0,"d":"0.00"},{"v":0,"d":"0.00"},{"v":0,"d":"0.00"},{"v":0,"d":"0.00"},{"v":0,"d":"0.00"},{"v":0,"d":"0.00"},{"v":0,"d":"0.00"},{"v":0,"d":"0.00"},{"v":0,"d":"0.00"},{"v":0,"d":"0.00"},{"v":0,"d":"0.00"},{"$nulls":3},{"v":0,"d":"0.00"},{"v":0,"d":"0.00"},{"v":0,"d":"0.00"},0,0,0,0,0,0,0,0,0,0,0,0,0,0,0,0,0,0,{"$f":"+E1382*Z1382","v":{"v":0,"d":"0.00"}}]
[null,"       Install","each",{"$f":"D1382","v":3},{"v":130,"d":"130.00"},{"v":390,"d":"390.00"},{"v":0,"d":"0.00"},{"v":0,"d":"0.00"},{"v":0,"d":"0.00"},{"v":0,"d":"0.00"},{"v":0,"d":"0.00"},{"v":0,"d":"0.00"},{"v":0,"d":"0.00"},{"v":0,"d":"0.00"},{"v":0,"d":"0.00"},{"v":0,"d":"0.00"},{"v":0,"d":"0.00"},{"v":0,"d":"0.00"},{"v":0,"d":"0.00"},{"v":0,"d":"0.00"},{"$nulls":3},{"v":0,"d":"0.00"},{"v":0,"d":"0.00"},{"v":0,"d":"0.00"},0,0,0,0,0,0,0,0,0,0,0,0,0,0,0,0,0,0,{"$f":"+E1383*Z1383","v":{"v":0,"d":"0.00"}}]
[{"$nulls":5}," ",{"$nulls":20},0,0,0,0,0,0,0,0,0,0,0,0,0,0,0,0,0,0]
["9.3.2","Tee piece",{"$nulls":3}," ",{"$nulls":20},0,0,0,0,0,0,0,0,0,0,0,0,0,0,0,0,0,0]
[null,"       Supply","each",1,589.68,589.68,{"v":0,"d":"0.00"},{"v":0,"d":"0.00"},{"v":0,"d":"0.00"},{"v":0,"d":"0.00"},{"v":0,"d":"0.00"},{"v":0,"d":"0.00"},{"v":0,"d":"0.00"},{"v":0,"d":"0.00"},{"v":0,"d":"0.00"},{"v":0,"d":"0.00"},{"v":0,"d":"0.00"},{"v":0,"d":"0.00"},{"v":0,"d":"0.00"},{"v":0,"d":"0.00"},{"$nulls":3},{"v":0,"d":"0.00"},{"v":0,"d":"0.00"},{"v":0,"d":"0.00"},0,0,0,0,0,0,0,0,0,0,0,0,0,0,0,0,0,0,{"$f":"+E1386*Z1386","v":{"v":0,"d":"0.00"}}]
[null,"       Install","each",{"$f":"D1386","v":1},{"v":170,"d":"170.00"},{"v":170,"d":"170.00"},{"v":0,"d":"0.00"},{"v":0,"d":"0.00"},{"v":0,"d":"0.00"},{"v":0,"d":"0.00"},{"v":0,"d":"0.00"},{"v":0,"d":"0.00"},{"v":0,"d":"0.00"},{"v":0,"d":"0.00"},{"v":0,"d":"0.00"},{"v":0,"d":"0.00"},{"v":0,"d":"0.00"},{"v":0,"d":"0.00"},{"v":0,"d":"0.00"},{"v":0,"d":"0.00"},{"$nulls":3},{"v":0,"d":"0.00"},{"v":0,"d":"0.00"},{"v":0,"d":"0.00"},0,0,0,0,0,0,0,0,0,0,0,0,0,0,0,0,0,0,{"$f":"+E1387*Z1387","v":{"v":0,"d":"0.00"}}]
[{"$nulls":5}," ",{"$nulls":20},0,0,0,0,0,0,0,0,0,0,0,0,0,0,0,0,0,0]
["9.3.3","4 Way Cross Over",{"$nulls":3}," ",{"$nulls":20},0,0,0,0,0,0,0,0,0,0,0,0,0,0,0,0,0,0]
[null,"       Supply","each",2,823.47,{"v":1646.94,"d":"1,646.94"},{"v":0,"d":"0.00"},{"v":0,"d":"0.00"},{"v":0,"d":"0.00"},{"v":0,"d":"0.00"},{"v":0,"d":"0.00"},{"v":0,"d":"0.00"},{"v":0,"d":"0.00"},{"v":0,"d":"0.00"},{"v":0,"d":"0.00"},{"v":0,"d":"0.00"},{"v":0,"d":"0.00"},{"v":0,"d":"0.00"},{"v":0,"d":"0.00"},{"v":0,"d":"0.00"},{"$nulls":3},{"v":0,"d":"0.00"},{"v":0,"d":"0.00"},{"v":0,"d":"0.00"},0,0,0,0,0,0,0,0,0,0,0,0,0,0,0,0,0,0,{"$f":"+E1390*Z1390","v":{"v":0,"d":"0.00"}}]
[null,"       Install","each",2,{"v":210,"d":"210.00"},{"v":420,"d":"420.00"},{"v":0,"d":"0.00"},{"v":0,"d":"0.00"},{"v":0,"d":"0.00"},{"v":0,"d":"0.00"},{"v":0,"d":"0.00"},{"v":0,"d":"0.00"},{"v":0,"d":"0.00"},{"v":0,"d":"0.00"},{"v":0,"d":"0.00"},{"v":0,"d":"0.00"},{"v":0,"d":"0.00"},{"v":0,"d":"0.00"},{"v":0,"d":"0.00"},{"v":0,"d":"0.00"},{"$nulls":3},{"v":0,"d":"0.00"},{"v":0,"d":"0.00"},{"v":0,"d":"0.00"},0,0,0,0,0,0,0,0,0,0,0,0,0,0,0,0,0,0,{"$f":"+E1391*Z1391","v":{"v":0,"d":"0.00"}}]
[{"$nulls":5}," ",{"$nulls":20},0,0,0,0,0,0,0,0,0,0,0,0,0,0,0,0,0,0]
["9.3.4","External dropper",{"$nulls":3}," ",{"$nulls":20},{"$f":"G1393*E1393","v":0},{"$f":"H1393*E1393","v":0},{"$f":"I1393*E1393","v":0},{"$f":"J1393*E1393","v":0},{"$f":"K1393*E1393","v":0},{"$f":"L1393*E1393","v":0},{"$f":"+M1393*E1393","v":0},{"$f":"N1393*E1393","v":0},{"$f":"O1393*E1393","v":0},{"$f":"P1393*E1393","v":0},{"$f":"Q1393*E1393","v":0},{"$f":"R1393*E1393","v":0},{"$f":"S1393*E1393","v":0},{"$f":"T1393*E1393","v":0},{"$f":"W1393*E1393","v":0},{"$f":"X1393*E1393","v":0},{"$f":"Y1393*E1393","v":0},0]
[null,"       Supply","each",2,319.26,638.52,{"v":0,"d":"0.00"},{"v":0,"d":"0.00"},{"v":0,"d":"0.00"},{"v":0,"d":"0.00"},{"v":0,"d":"0.00"},{"v":0,"d":"0.00"},{"v":0,"d":"0.00"},{"v":0,"d":"0.00"},{"v":0,"d":"0.00"},{"v":0,"d":"0.00"},{"v":0,"d":"0.00"},{"v":0,"d":"0.00"},{"v":0,"d":"0.00"},{"v":0,"d":"0.00"},{"$nulls":3},{"v":0,"d":"0.00"},{"v":0,"d":"0.00"},{"v":0,"d":"0.00"},0,0,0,0,0,0,0,0,0,0,0,0,0,0,0,0,0,0,{"$f":"+E1394*Z1394","v":{"v":0,"d":"0.00"}}]
[null,"       Install","each",{"$f":"D1394","v":2},{"v":150,"d":"150.00"},{"v":300,"d":"300.00"},{"v":0,"d":"0.00"},{"v":0,"d":"0.00"},{"v":0,"d":"0.00"},{"v":0,"d":"0.00"},{"v":0,"d":"0.00"},{"v":0,"d":"0.00"},{"v":0,"d":"0.00"},{"v":0,"d":"0.00"},{"v":0,"d":"0.00"},{"v":0,"d":"0.00"},{"v":0,"d":"0.00"},{"v":0,"d":"0.00"},{"v":0,"d":"0.00"},{"v":0,"d":"0.00"},{"$nulls":3},{"v":0,"d":"0.00"},{"v":0,"d":"0.00"},{"v":0,"d":"0.00"},0,0,0,0,0,0,0,0,0,0,0,0,0,0,0,0,0,0,{"$f":"+E1395*Z1395","v":{"v":0,"d":"0.00"}}]
[{"$nulls":5}," ",{"$nulls":20},0,0,0,0,0,0,0,0,0,0,0,0,0,0,0,0,0,0]
["9.3.5","Internal Riser",{"$nulls":3}," ",{"$nulls":20},0,0,0,0,0,0,0,0,0,0,0,0,0,0,0,0,0,0]
[null,"       Supply","each",2,319.26,638.52,{"v":0,"d":"0.00"},{"v":0,"d":"0.00"},{"v":0,"d":"0.00"},{"v":0,"d":"0.00"},{"v":0,"d":"0.00"},{"v":0,"d":"0.00"},{"v":0,"d":"0.00"},{"v":0,"d":"0.00"},{"v":0,"d":"0.00"},{"v":0,"d":"0.00"},{"v":0,"d":"0.00"},{"v":0,"d":"0.00"},{"v":0,"d":"0.00"},{"v":0,"d":"0.00"},{"$nulls":3},{"v":0,"d":"0.00"},{"v":0,"d":"0.00"},{"v":0,"d":"0.00"},0,0,0,0,0,0,0,0,0,0,0,0,0,0,0,0,0,0,{"$f":"+E1398*Z1398","v":{"v":0,"d":"0.00"}}]
[null,"       Install","each",{"$f":"D1398","v":2},{"v":150,"d":"150.00"},{"v":300,"d":"300.00"},{"v":0,"d":"0.00"},{"v":0,"d":"0.00"},{"v":0,"d":"0.00"},{"v":0,"d":"0.00"},{"v":0,"d":"0.00"},{"v":0,"d":"0.00"},{"v":0,"d":"0.00"},{"v":0,"d":"0.00"},{"v":0,"d":"0.00"},{"v":0,"d":"0.00"},{"v":0,"d":"0.00"},{"v":0,"d":"0.00"},{"v":0,"d":"0.00"},{"v":0,"d":"0.00"},{"$nulls":3},{"v":0,"d":"0.00"},{"v":0,"d":"0.00"},{"v":0,"d":"0.00"},0,0,0,0,0,0,0,0,0,0,0,0,0,0,0,0,0,0,{"$f":"+E1399*Z1399","v":{"v":0,"d":"0.00"}}]
[{"$nulls":5}," ",{"$nulls":20},0,0,0,0,0,0,0,0,0,0,0,0,0,0,0,0,0,0]
["9.3.6","P2000 Angle Hanger Bracket complete for size of Mesh using P1458 angle brackets.",{"$nulls":3}," ",{"$nulls":20},0,0,0,0,0,0,0,0,0,0,0,0,0,0,0,0,0,0]
[null,"       Supply","m",100,46.88,{"v":4688,"d":"4,688.00"},{"v":0,"d":"0.00"},{"v":0,"d":"0.00"},{"v":0,"d":"0.00"},{"v":0,"d":"0.00"},{"v":0,"d":"0.00"},{"v":0,"d":"0.00"},{"v":0,"d":"0.00"},{"v":0,"d":"0.00"},{"v":6,"d":"6.00"},{"v":0,"d":"0.00"},{"v":0,"d":"0.00"},{"v":0,"d":"0.00"},{"v":0,"d":"0.00"},{"v":0,"d":"0.00"},{"$nulls":3},{"v":0,"d":"0.00"},{"v":0,"d":"0.00"},{"v":6,"d":"6.00"},0,0,0,0,0,0,0,0,{"v":281.28000000000003,"d":"281"},0,0,0,0,0,0,0,0,{"v":281.28000000000003,"d":"281"},{"$f":"+E1402*Z1402","v":{"v":281.28000000000003,"d":"281.28"}}]
[null,"       Install","m",{"$f":"D1402","v":100},{"v":80,"d":"80.00"},{"v":8000,"d":"8,000.00"},{"v":0,"d":"0.00"},{"v":0,"d":"0.00"},{"v":0,"d":"0.00"},{"v":0,"d":"0.00"},{"v":0,"d":"0.00"},{"v":0,"d":"0.00"},{"v":0,"d":"0.00"},{"v":0,"d":"0.00"},{"v":5,"d":"5.00"},{"v":0,"d":"0.00"},{"v":0,"d":"0.00"},{"v":0,"d":"0.00"},{"v":0,"d":"0.00"},{"v":0,"d":"0.00"},{"$nulls":3},{"v":0,"d":"0.00"},{"v":0,"d":"0.00"},{"v":5,"d":"5.00"},0,0,0,0,0,0,0,0,400,0,0,0,0,0,0,0,0,400,{"$f":"+E1403*Z1403","v":{"v":400,"d":"400.00"}}]
[{"$nulls":5}," ",{"$nulls":20},0,0,0,0,0,0,0,0,0,0,0,0,0,0,0,0,0,0]
["9.3.7","P2000 Hanger Bracket complete with 600mm Threaded Rods,  Etc"," ",null,null," ",{"$nulls":20},0,0,0,0,0,0,0,0,0,0,0,0,0,0,0,0,0,0]
[null,"       Supply","m",200,15.96,{"v":3192,"d":"3,192.00"},{"v":0,"d":"0.00"},{"v":63,"d":"63.00"},{"v":0,"d":"0.00"},{"v":0,"d":"0.00"},{"v":0,"d":"0.00"},{"v":0,"d":"0.00"},{"v":0,"d":"0.00"},{"v":0,"d":"0.00"},{"v":0,"d":"0.00"},{"v":0,"d":"0.00"},{"v":0,"d":"0.00"},{"v":0,"d":"0.00"},{"v":0,"d":"0.00"},{"v":0,"d":"0.00"},{"$nulls":3},{"v":0,"d":"0.00"},{"v":640,"d":"640.00"},{"v":703,"d":"703.00"},0,{"v":1005.48,"d":"1,005"},0,0,0,0,0,0,0,0,0,0,0,0,0,0,{"v":10214.400000000001,"d":"10,214"},{"v":11219.880000000001,"d":"11,220"},{"$f":"+E1406*Z1406","v":{"v":11219.880000000001,"d":"11,219.88"}}]
[null,"       Install","m",{"$f":"D1406","v":200},{"v":80,"d":"80.00"},{"v":16000,"d":"16,000.00"},{"v":0,"d":"0.00"},{"v":63,"d":"63.00"},{"v":0,"d":"0.00"},{"v":0,"d":"0.00"},{"v":0,"d":"0.00"},{"v":0,"d":"0.00"},{"v":0,"d":"0.00"},{"v":0,"d":"0.00"},{"v":0,"d":"0.00"},{"v":0,"d":"0.00"},{"v":0,"d":"0.00"},{"v":0,"d":"0.00"},{"v":0,"d":"0.00"},{"v":0,"d":"0.00"},{"$nulls":3},{"v":0,"d":"0.00"},{"v":640,"d":"640.00"},{"v":703,"d":"703.00"},0,{"v":5040,"d":"5,040"},0,0,0,0,0,0,0,0,0,0,0,0,0,0,{"v":51200,"d":"51,200"},{"v":56240,"d":"56,240"},{"$f":"+E1407*Z1407","v":{"v":56240,"d":"56,240.00"}}]
[{"$nulls":5}," ",{"$nulls":20},0,0,0,0,0,0,0,0,0,0,0,0,0,0,0,0,0,0]
["9.3.8","900x450x100 Power /Lighting DB Bonding Tray"," ",null,null," ",{"$nulls":20},0,0,0,0,0,0,0,0,0,0,0,0,0,0,0,0,0,0]
[null,"       Supply","each",1,{"v":350,"d":"350.00"},{"v":350,"d":"350.00"},{"v":0,"d":"0.00"},{"v":0,"d":"0.00"},{"v":0,"d":"0.00"},{"v":0,"d":"0.00"},{"v":0,"d":"0.00"},{"v":0,"d":"0.00"},{"v":0,"d":"0.00"},{"v":0,"d":"0.00"},{"v":0,"d":"0.00"},{"v":0,"d":"0.00"},{"v":0,"d":"0.00"},{"v":0,"d":"0.00"},{"v":0,"d":"0.00"},{"v":0,"d":"0.00"},{"$nulls":3},{"v":0,"d":"0.00"},{"v":0,"d":"0.00"},{"v":0,"d":"0.00"},0,0,0,0,0,0,0,0,0,0,0,0,0,0,0,0,0,0,{"$f":"+E1410*Z1410","v":{"v":0,"d":"0.00"}}]
[null,"       Install","each",{"$f":"D1410","v":1},{"v":650,"d":"650.00"},{"v":650,"d":"650.00"},{"v":0,"d":"0.00"},{"v":0,"d":"0.00"},{"v":0,"d":"0.00"},{"v":0,"d":"0.00"},{"v":0,"d":"0.00"},{"v":0,"d":"0.00"},{"v":0,"d":"0.00"},{"v":0,"d":"0.00"},{"v":0,"d":"0.00"},{"v":0,"d":"0.00"},{"v":0,"d":"0.00"},{"v":0,"d":"0.00"},{"v":0,"d":"0.00"},{"v":0,"d":"0.00"},{"$nulls":3},{"v":0,"d":"0.00"},{"v":0,"d":"0.00"},{"v":0,"d":"0.00"},0,0,0,0,0,0,0,0,0,0,0,0,0,0,0,0,0,0,{"$f":"+E1411*Z1411","v":{"v":0,"d":"0.00"}}]
[]
[]
[null,"Amount Carried Forward ",{"$nulls":3},{"$f":"SUM(F1357:F1413)","v":{"v":784030.39,"d":"784,030.39"}},{"$nulls":38},{"$f":"SUM(AS1357:AS1413)","v":{"v":123136.92000000001,"d":"123,136.92"}}]
[]
["MAIN HOSPITAL ELECTRICAL INSTALLATION"]
["CECILIA MAKIWANE HOSPITAL : PHASE 4C"]
[]
[{"$f":"A1355","v":"BILL NO. 9 : POWER RETICULATION EQUIPMENT (SMME PACKAGE No 7)"}]
["ITEM","DESCRIPTION","UNIT","QTY","RATE","TENDER AMOUNT","A","B","D-LV03","E1-LV03","E2","F1","F2","G1","G2","H1","H2","J1","J2","J3",null,"G/House",null,"N","Other","Total Qty","A","B","D","E1","E2","F1","F2","G1","G2","H1","H2","J1","J2","J3","K","N","Other","Total Amount","Total Claimed"]
[null,"AMOUNT CARRIED FORWARD FROM PREVIOUS BILL",{"$nulls":3},{"$f":"F1414","v":{"v":784030.39,"d":"784,030.39"}},{"$nulls":38},{"$f":"AS1414","v":{"v":123136.92000000001,"d":"123,136.92"}}]
[]
[]
[9.4,"Wiring Duct"]
[]
[null,"P9000 Cabstrut galvanised wiring duct including covers, hangers and splices."]
["9.4.1","       Supply","m",{"$f":"360+1088+1320+360","v":{"v":3128,"d":"3,128"}},50.59,{"$f":"$D1427*E1427","v":{"v":158245.52000000002,"d":"158,245.52"}},{"v":0,"d":"0.00"},{"v":299,"d":"299.00"},{"v":0,"d":"0.00"},{"v":0,"d":"0.00"},{"v":278,"d":"278.00"},{"v":68,"d":"68.00"},{"v":261,"d":"261.00"},{"v":130,"d":"130.00"},{"v":162,"d":"162.00"},{"v":68,"d":"68.00"},{"v":68,"d":"68.00"},{"v":140,"d":"140.00"},{"v":209,"d":"209.00"},{"v":0,"d":"0.00"},{"$nulls":3},{"v":0,"d":"0.00"},{"v":455,"d":"455.00"},{"$f":"SUM(G1427:Y1427)","v":{"v":2138,"d":"2,138.00"}},{"$f":"G1427*E1427","v":0},{"$f":"H1427*E1427","v":{"v":15126.410000000002,"d":"15,126"}},{"$f":"I1427*E1427","v":0},{"$f":"J1427*E1427","v":0},{"$f":"K1427*E1427","v":{"v":14064.02,"d":"14,064"}},{"$f":"L1427*E1427","v":{"v":3440.1200000000003,"d":"3,440"}},{"$f":"+M1427*E1427","v":{"v":13203.990000000002,"d":"13,204"}},{"$f":"N1427*E1427","v":{"v":6576.700000000001,"d":"6,577"}},{"$f":"O1427*E1427","v":{"v":8195.58,"d":"8,196"}},{"$f":"P1427*E1427","v":{"v":3440.1200000000003,"d":"3,440"}},{"$f":"Q1427*E1427","v":{"v":3440.1200000000003,"d":"3,440"}},{"$f":"R1427*E1427","v":{"v":7082.6,"d":"7,083"}},{"$f":"S1427*E1427","v":{"v":10573.310000000001,"d":"10,573"}},{"$f":"T1427*E1427","v":0},{"$f":"W1427*E1427","v":0},{"$f":"X1427*E1427","v":0},{"$f":"Y1427*E1427","v":{"v":23018.45,"d":"23,018"}},{"$f":"SUM(AA1427:AQ1427)","v":{"v":108161.42000000001,"d":"108,161"}},{"$f":"+E1427*Z1427","v":{"v":108161.42000000001,"d":"108,161.42"}}]
[null,"       Install","m",{"$f":"D1427","v":{"v":3128,"d":"3,128"}},{"v":29,"d":"29.00"},{"v":90712,"d":"90,712.00"},{"v":0,"d":"0.00"},{"v":299,"d":"299.00"},{"v":0,"d":"0.00"},{"v":0,"d":"0.00"},{"v":278,"d":"278.00"},{"v":68,"d":"68.00"},{"v":261,"d":"261.00"},{"v":130,"d":"130.00"},{"v":162,"d":"162.00"},{"v":0,"d":"0.00"},{"v":0,"d":"0.00"},{"v":0,"d":"0.00"},{"v":0,"d":"0.00"},{"v":0,"d":"0.00"},{"$nulls":3},{"v":0,"d":"0.00"},{"v":120,"d":"120.00"},{"$f":"SUM(G1428:Y1428)","v":{"v":1318,"d":"1,318.00"}},0,{"v":8671,"d":"8,671"},0,0,{"v":8062,"d":"8,062"},{"v":1972,"d":"1,972"},{"v":7569,"d":"7,569"},{"v":3770,"d":"3,770"},{"v":4698,"d":"4,698"},0,0,0,0,0,0,0,{"v":3480,"d":"3,480"},{"$f":"SUM(AA1428:AQ1428)","v":{"v":38222,"d":"38,222"}},{"$f":"+E1428*Z1428","v":{"v":38222,"d":"38,222.00"}}]
[{"$nulls":5}," ",{"$nulls":20},0,0,0,0,0,0,0,0,0,0,0,0,0,0,0,0,0,0]
["9.4.2","External elbow",{"$nulls":3}," ",{"$nulls":20},0,0,0,0,0,0,0,0,0,0,0,0,0,0,0,0,0,0]
[null,"       Supply","each",28,25.28,707.84,{"v":0,"d":"0.00"},{"v":0,"d":"0.00"},{"v":0,"d":"0.00"},{"v":0,"d":"0.00"},{"v":0,"d":"0.00"},{"v":68,"d":"68.00"},{"v":68,"d":"68.00"},{"v":0,"d":"0.00"},{"v":0,"d":"0.00"},{"v":68,"d":"68.00"},{"v":68,"d":"68.00"},{"v":140,"d":"140.00"},{"v":209,"d":"209.00"},{"v":0,"d":"0.00"},{"$nulls":3},{"v":0,"d":"0.00"},{"v":-68,"d":"-68.00"},{"v":553,"d":"553.00"},0,0,0,0,0,{"v":1719.04,"d":"1,719"},{"v":1719.04,"d":"1,719"},0,0,{"v":1719.04,"d":"1,719"},{"v":1719.04,"d":"1,719"},{"v":3539.2000000000003,"d":"3,539"},{"v":5283.52,"d":"5,284"},0,0,0,{"v":-1719.04,"d":"-1,719"},{"v":13979.84,"d":"13,980"},{"$f":"+E1431*Z1431","v":{"v":13979.84,"d":"13,979.84"}}]
[null,"       Install","each",{"$f":"D1431","v":28},{"v":70,"d":"70.00"},{"v":1960,"d":"1,960.00"},{"v":0,"d":"0.00"},{"v":0,"d":"0.00"},{"v":0,"d":"0.00"},{"v":0,"d":"0.00"},{"v":0,"d":"0.00"},{"v":68,"d":"68.00"},{"v":68,"d":"68.00"},{"v":0,"d":"0.00"},{"v":0,"d":"0.00"},{"v":0,"d":"0.00"},{"v":0,"d":"0.00"},{"v":0,"d":"0.00"},{"v":0,"d":"0.00"},{"v":0,"d":"0.00"},{"$nulls":3},{"v":0,"d":"0.00"},{"v":6,"d":"6.00"},{"v":142,"d":"142.00"},0,0,0,0,0,{"v":4760,"d":"4,760"},{"v":4760,"d":"4,760"},0,0,0,0,0,0,0,0,0,420,{"v":9940,"d":"9,940"},{"$f":"+E1432*Z1432","v":{"v":9940,"d":"9,940.00"}}]
[{"$nulls":5}," ",{"$nulls":20},0,0,0,0,0,0,0,0,0,0,0,0,0,0,0,0,0,0]
["9.4.3","Horizontal elbow",{"$nulls":3}," ",{"$nulls":20},0,0,0,0,0,0,0,0,0,0,0,0,0,0,0,0,0,0]
[null,"       Supply","each",32,25.28,808.96,{"v":0,"d":"0.00"},{"v":11,"d":"11.00"},{"v":0,"d":"0.00"},{"v":0,"d":"0.00"},{"v":13,"d":"13.00"},{"v":7,"d":"7.00"},{"v":4,"d":"4.00"},{"v":0,"d":"0.00"},{"v":14,"d":"14.00"},{"v":3,"d":"3.00"},{"v":3,"d":"3.00"},{"v":4,"d":"4.00"},{"v":12,"d":"12.00"},{"v":0,"d":"0.00"},{"$nulls":3},{"v":0,"d":"0.00"},{"v":170,"d":"170.00"},{"v":241,"d":"241.00"},0,{"v":278.08000000000004,"d":"278"},0,0,{"v":328.64,"d":"329"},{"v":176.96,"d":"177"},{"v":101.12,"d":"101"},0,{"v":353.92,"d":"354"},{"v":75.84,"d":"76"},{"v":75.84,"d":"76"},{"v":101.12,"d":"101"},{"v":303.36,"d":"303"},0,0,0,{"v":4297.6,"d":"4,298"},{"v":6092.4800000000005,"d":"6,092"},{"$f":"+E1435*Z1435","v":{"v":6092.4800000000005,"d":"6,092.48"}}]
[null,"       Install","each",{"$f":"D1435","v":32},{"v":60,"d":"60.00"},{"v":1920,"d":"1,920.00"},{"v":0,"d":"0.00"},{"v":11,"d":"11.00"},{"v":0,"d":"0.00"},{"v":0,"d":"0.00"},{"v":13,"d":"13.00"},{"v":7,"d":"7.00"},{"v":4,"d":"4.00"},{"v":0,"d":"0.00"},{"v":14,"d":"14.00"},{"v":3,"d":"3.00"},{"v":0,"d":"0.00"},{"v":0,"d":"0.00"},{"v":0,"d":"0.00"},{"v":0,"d":"0.00"},{"$nulls":3},{"v":0,"d":"0.00"},{"v":126,"d":"126.00"},{"v":178,"d":"178.00"},0,660,0,0,780,420,240,0,840,180,0,0,0,0,0,0,{"v":7560,"d":"7,560"},{"v":10680,"d":"10,680"},{"$f":"+E1436*Z1436","v":{"v":10680,"d":"10,680.00"}}]
[{"$nulls":5}," ",{"$nulls":20},0,0,0,0,0,0,0,0,0,0,0,0,0,0,0,0,0,0]
["9.4.4","Tee radiused",{"$nulls":3}," ",{"$nulls":20},0,0,0,0,0,0,0,0,0,0,0,0,0,0,0,0,0,0]
[null,"       Supply","each",16,{"v":33.6,"d":"33.60"},{"v":537.6,"d":"537.60"},{"v":0,"d":"0.00"},{"v":31,"d":"31.00"},{"v":0,"d":"0.00"},{"v":0,"d":"0.00"},{"v":9,"d":"9.00"},{"v":3,"d":"3.00"},{"v":6,"d":"6.00"},{"v":1,"d":"1.00"},{"v":0,"d":"0.00"},{"v":3,"d":"3.00"},{"v":3,"d":"3.00"},{"v":1,"d":"1.00"},{"v":6,"d":"6.00"},{"v":0,"d":"0.00"},{"$nulls":3},{"v":0,"d":"0.00"},{"v":91,"d":"91.00"},{"v":154,"d":"154.00"},0,{"v":1041.6000000000001,"d":"1,042"},0,0,{"v":302.40000000000003,"d":"302"},{"v":100.80000000000001,"d":"101"},{"v":201.60000000000002,"d":"202"},{"v":33.6,"d":"34"},0,{"v":100.80000000000001,"d":"101"},{"v":100.80000000000001,"d":"101"},{"v":33.6,"d":"34"},{"v":201.60000000000002,"d":"202"},0,0,0,{"v":3057.6,"d":"3,058"},{"v":5174.4,"d":"5,174"},{"$f":"+E1439*Z1439","v":{"v":5174.400000000001,"d":"5,174.40"}}]
[null,"       Install","each",{"$f":"D1439","v":16},{"v":90,"d":"90.00"},{"v":1440,"d":"1,440.00"},{"v":0,"d":"0.00"},{"v":31,"d":"31.00"},{"v":0,"d":"0.00"},{"v":0,"d":"0.00"},{"v":9,"d":"9.00"},{"v":3,"d":"3.00"},{"v":6,"d":"6.00"},{"v":1,"d":"1.00"},{"v":0,"d":"0.00"},{"v":0,"d":"0.00"},{"v":0,"d":"0.00"},{"v":0,"d":"0.00"},{"v":0,"d":"0.00"},{"v":0,"d":"0.00"},{"$nulls":3},{"v":0,"d":"0.00"},{"v":6,"d":"6.00"},{"v":56,"d":"56.00"},0,{"v":2790,"d":"2,790"},0,0,810,270,540,90,0,0,0,0,0,0,0,0,540,{"v":5040,"d":"5,040"},{"$f":"+E1440*Z1440","v":{"v":5040,"d":"5,040.00"}}]
[{"$nulls":5}," ",{"$nulls":20},0,0,0,0,0,0,0,0,0,0,0,0,0,0,0,0,0,0]
["9.4.5","Distribution Outlet",{"$nulls":3}," ",{"$nulls":20},0,0,0,0,0,0,0,0,0,0,0,0,0,0,0,0,0,0]
[null,"       Supply","each",12,40.64,487.68,{"v":0,"d":"0.00"},{"v":4,"d":"4.00"},{"v":0,"d":"0.00"},{"v":0,"d":"0.00"},{"v":4,"d":"4.00"},{"v":1,"d":"1.00"},{"v":4,"d":"4.00"},{"v":0,"d":"0.00"},{"v":0,"d":"0.00"},{"v":1,"d":"1.00"},{"v":1,"d":"1.00"},{"v":1,"d":"1.00"},{"v":1,"d":"1.00"},{"v":0,"d":"0.00"},{"$nulls":3},{"v":0,"d":"0.00"},{"v":139,"d":"139.00"},{"v":156,"d":"156.00"},0,{"v":162.56,"d":"163"},0,0,{"v":162.56,"d":"163"},{"v":40.64,"d":"41"},{"v":162.56,"d":"163"},0,0,{"v":40.64,"d":"41"},{"v":40.64,"d":"41"},{"v":40.64,"d":"41"},{"v":40.64,"d":"41"},0,0,0,{"v":5648.96,"d":"5,649"},{"v":6339.84,"d":"6,340"},{"$f":"+E1443*Z1443","v":{"v":6339.84,"d":"6,339.84"}}]
[null,"       Install","each",{"$f":"D1443","v":12},{"v":120,"d":"120.00"},{"v":1440,"d":"1,440.00"},{"v":0,"d":"0.00"},{"v":4,"d":"4.00"},{"v":0,"d":"0.00"},{"v":0,"d":"0.00"},{"v":4,"d":"4.00"},{"v":0,"d":"0.00"},{"v":0,"d":"0.00"},{"v":0,"d":"0.00"},{"v":0,"d":"0.00"},{"v":0,"d":"0.00"},{"v":0,"d":"0.00"},{"v":0,"d":"0.00"},{"v":0,"d":"0.00"},{"v":0,"d":"0.00"},{"$nulls":3},{"v":0,"d":"0.00"},{"v":0,"d":"0.00"},{"v":8,"d":"8.00"},0,480,0,0,480,0,0,0,0,0,0,0,0,0,0,0,0,960,{"$f":"+E1444*Z1444","v":{"v":960,"d":"960.00"}}]
[{"$nulls":5}," ",{"$nulls":20},0,0,0,0,0,0,0,0,0,0,0,0,0,0,0,0,0,0]
["9.4.6","P2000 Hanger Bracket complete with 600mm Threaded Rods, Etc"," ",null,null," ",{"$nulls":20},0,0,0,0,0,0,0,0,0,0,0,0,0,0,0,0,0,0]
[null,"       Supply","each",{"$f":"D1427","v":{"v":3128,"d":"3,128"}},26.23,{"v":82047.44,"d":"82,047.44"},{"v":0,"d":"0.00"},{"v":656,"d":"656.00"},{"v":0,"d":"0.00"},{"v":0,"d":"0.00"},{"v":431,"d":"431.00"},{"v":0,"d":"0.00"},{"v":187,"d":"187.00"},{"v":0,"d":"0.00"},{"v":0,"d":"0.00"},{"v":0,"d":"0.00"},{"v":0,"d":"0.00"},{"v":47,"d":"47.00"},{"v":69,"d":"69.00"},{"v":0,"d":"0.00"},{"$nulls":3},{"v":0,"d":"0.00"},{"v":-500,"d":"-500.00"},{"v":890,"d":"890.00"},0,{"v":17206.88,"d":"17,207"},0,0,{"v":11305.130000000001,"d":"11,305"},0,{"v":4905.01,"d":"4,905"},0,0,0,0,{"v":1232.81,"d":"1,233"},{"v":1809.8700000000001,"d":"1,810"},0,0,0,{"v":-13115,"d":"-13,115"},{"v":23344.700000000004,"d":"23,345"},{"$f":"+E1447*Z1447","v":{"v":23344.7,"d":"23,344.70"}}]
[null,"       Install","each",{"$f":"D1447","v":{"v":3128,"d":"3,128"}},{"v":40,"d":"40.00"},{"v":125120,"d":"125,120.00"},{"v":0,"d":"0.00"},{"v":466,"d":"466.00"},{"v":0,"d":"0.00"},{"v":0,"d":"0.00"},{"v":200,"d":"200.00"},{"v":0,"d":"0.00"},{"v":87,"d":"87.00"},{"v":0,"d":"0.00"},{"v":0,"d":"0.00"},{"v":0,"d":"0.00"},{"v":0,"d":"0.00"},{"v":0,"d":"0.00"},{"v":0,"d":"0.00"},{"v":0,"d":"0.00"},{"$nulls":3},{"v":0,"d":"0.00"},{"v":-500,"d":"-500.00"},{"v":253,"d":"253.00"},0,{"v":18640,"d":"18,640"},0,0,{"v":8000,"d":"8,000"},0,{"v":3480,"d":"3,480"},0,0,0,0,0,0,0,0,0,{"v":-20000,"d":"-20,000"},{"v":10120,"d":"10,120"},{"$f":"+E1448*Z1448","v":{"v":10120,"d":"10,120.00"}}]
[{"$nulls":5}," ",{"$nulls":20},0,0,0,0,0,0,0,0,0,0,0,0,0,0,0,0,0,0]
["9.4.7","900x450x100 Power /Lighting DB Bonding Tray"," ",null,null," ",{"$nulls":20},0,0,0,0,0,0,0,0,0,0,0,0,0,0,0,0,0,0]
[null,"       Supply","each",48,{"v":350,"d":"350.00"},{"v":16800,"d":"16,800.00"},{"v":0,"d":"0.00"},{"v":0,"d":"0.00"},{"v":0,"d":"0.00"},{"v":0,"d":"0.00"},{"v":0,"d":"0.00"},{"v":0,"d":"0.00"},{"v":0,"d":"0.00"},{"v":0,"d":"0.00"},{"v":0,"d":"0.00"},{"v":0,"d":"0.00"},{"v":0,"d":"0.00"},{"v":0,"d":"0.00"},{"v":0,"d":"0.00"},{"v":0,"d":"0.00"},{"$nulls":3},{"v":0,"d":"0.00"},{"v":0,"d":"0.00"},{"v":0,"d":"0.00"},0,0,0,0,0,0,0,0,0,0,0,0,0,0,0,0,0,0,{"$f":"+E1451*Z1451","v":{"v":0,"d":"0.00"}}]
[null,"       Install","each",{"$f":"D1451","v":48},{"v":650,"d":"650.00"},{"v":31200,"d":"31,200.00"},{"v":0,"d":"0.00"},{"v":0,"d":"0.00"},{"v":0,"d":"0.00"},{"v":0,"d":"0.00"},{"v":0,"d":"0.00"},{"v":0,"d":"0.00"},{"v":0,"d":"0.00"},{"v":0,"d":"0.00"},{"v":0,"d":"0.00"},{"v":0,"d":"0.00"},{"v":0,"d":"0.00"},{"v":0,"d":"0.00"},{"v":0,"d":"0.00"},{"v":0,"d":"0.00"},{"$nulls":3},{"v":0,"d":"0.00"},{"v":0,"d":"0.00"},{"v":0,"d":"0.00"},0,0,0,0,0,0,0,0,0,0,0,0,0,0,0,0,0,0,{"$f":"+E1452*Z1452","v":{"v":0,"d":"0.00"}}]
[{"$nulls":3}," ",null," ",{"$nulls":20},0,0,0,0,0,0,0,0,0,0,0,0,0,0,0,0,0,0]
["9.5.","POWERWAY CABLE LADDER (CL)",null," ",null," ",{"$nulls":20},0,0,0,0,0,0,0,0,0,0,0,0,0,0,0,0,0,0]
[{"$nulls":26},0,0,0,0,0,0,0,0,0,0,0,0,0,0,0,0,0,0,{"$f":"+E1455*Z1455","v":{"v":0,"d":"0.00"}}]
["9.5.1","600mm galvanised PW100 Cable Ladder complete with 600mm high P2000 stand",null," ",null," ",{"$nulls":20},0,0,0,0,0,0,0,0,0,0,0,0,0,0,0,0,0,0]
[" ","       Supply","m",{"v":1200,"d":"1,200"},150.51,{"v":180612,"d":"180,612.00"},{"v":0,"d":"0.00"},{"v":0,"d":"0.00"},{"v":0,"d":"0.00"},{"v":0,"d":"0.00"},{"v":0,"d":"0.00"},{"v":0,"d":"0.00"},{"v":0,"d":"0.00"},{"v":0,"d":"0.00"},{"v":0,"d":"0.00"},{"v":0,"d":"0.00"},{"v":0,"d":"0.00"},{"v":0,"d":"0.00"},{"v":0,"d":"0.00"},{"v":0,"d":"0.00"},{"$nulls":3},{"v":0,"d":"0.00"},{"v":257,"d":"257.00"},{"v":257,"d":"257.00"},0,0,0,0,0,0,0,0,0,0,0,0,0,0,0,0,{"v":38681.07,"d":"38,681"},{"v":38681.07,"d":"38,681"},{"$f":"+E1457*Z1457","v":{"v":38681.07,"d":"38,681.07"}}]
[null,"       Install","m",{"$f":"D1457","v":{"v":1200,"d":"1,200"}},{"v":49,"d":"49.00"},{"v":58800,"d":"58,800.00"},{"v":0,"d":"0.00"},{"v":0,"d":"0.00"},{"v":0,"d":"0.00"},{"v":0,"d":"0.00"},{"v":0,"d":"0.00"},{"v":0,"d":"0.00"},{"v":0,"d":"0.00"},{"v":0,"d":"0.00"},{"v":0,"d":"0.00"},{"v":0,"d":"0.00"},{"v":0,"d":"0.00"},{"v":0,"d":"0.00"},{"v":0,"d":"0.00"},{"v":0,"d":"0.00"},{"$nulls":3},{"v":0,"d":"0.00"},{"v":228,"d":"228.00"},{"v":228,"d":"228.00"},0,0,0,0,0,0,0,0,0,0,0,0,0,0,0,0,{"v":11172,"d":"11,172"},{"v":11172,"d":"11,172"},{"$f":"+E1458*Z1458","v":{"v":11172,"d":"11,172.00"}}]
[{"$nulls":5}," ",{"$nulls":20},{"$f":"G1459*E1459","v":0},{"$f":"H1459*E1459","v":0},{"$f":"I1459*E1459","v":0},{"$f":"J1459*E1459","v":0},{"$f":"K1459*E1459","v":0},{"$f":"L1459*E1459","v":0},{"$f":"+M1459*E1459","v":0},{"$f":"N1459*E1459","v":0},{"$f":"O1459*E1459","v":0},{"$f":"P1459*E1459","v":0},{"$f":"Q1459*E1459","v":0},{"$f":"R1459*E1459","v":0},{"$f":"S1459*E1459","v":0},{"$f":"T1459*E1459","v":0},{"$f":"W1459*E1459","v":0},{"$f":"X1459*E1459","v":0},{"$f":"Y1459*E1459","v":0},0]
["9.5.2","Removeable Galvanised Sheet metal Cover",{"$nulls":3}," ",{"$nulls":20},0,0,0,0,0,0,0,0,0,0,0,0,0,0,0,0,0,0]
[null,"       Supply","each",{"v":1200,"d":"1,200"},{"v":186.2,"d":"186.20"},{"v":223440,"d":"223,440.00"},{"v":0,"d":"0.00"},{"v":0,"d":"0.00"},{"v":0,"d":"0.00"},{"v":0,"d":"0.00"},{"v":0,"d":"0.00"},{"v":0,"d":"0.00"},{"v":0,"d":"0.00"},{"v":0,"d":"0.00"},{"v":0,"d":"0.00"},{"v":0,"d":"0.00"},{"v":0,"d":"0.00"},{"v":0,"d":"0.00"},{"v":0,"d":"0.00"},{"v":0,"d":"0.00"},{"$nulls":3},{"v":0,"d":"0.00"},{"v":0,"d":"0.00"},{"v":0,"d":"0.00"},0,0,0,0,0,0,0,0,0,0,0,0,0,0,0,0,0,0,{"$f":"+E1461*Z1461","v":{"v":0,"d":"0.00"}}]
[null,"       Install","each",{"$f":"D1461","v":{"v":1200,"d":"1,200"}},{"v":39,"d":"39.00"},{"v":46800,"d":"46,800.00"},{"v":0,"d":"0.00"},{"v":0,"d":"0.00"},{"v":0,"d":"0.00"},{"v":0,"d":"0.00"},{"v":0,"d":"0.00"},{"v":0,"d":"0.00"},{"v":0,"d":"0.00"},{"v":0,"d":"0.00"},{"v":0,"d":"0.00"},{"v":0,"d":"0.00"},{"v":0,"d":"0.00"},{"v":0,"d":"0.00"},{"v":0,"d":"0.00"},{"v":0,"d":"0.00"},{"$nulls":3},{"v":0,"d":"0.00"},{"v":0,"d":"0.00"},{"v":0,"d":"0.00"},0,0,0,0,0,0,0,0,0,0,0,0,0,0,0,0,0,0,{"$f":"+E1462*Z1462","v":{"v":0,"d":"0.00"}}]
[{"$nulls":5}," ",{"$nulls":20},0,0,0,0,0,0,0,0,0,0,0,0,0,0,0,0,0,0]
["9.5.3","External elbow",{"$nulls":3}," ",{"$nulls":20},0,0,0,0,0,0,0,0,0,0,0,0,0,0,0,0,0,0]
[null,"       Supply","each",48,306.24,{"v":14699.52,"d":"14,699.52"},{"v":0,"d":"0.00"},{"v":0,"d":"0.00"},{"v":0,"d":"0.00"},{"v":0,"d":"0.00"},{"v":0,"d":"0.00"},{"v":0,"d":"0.00"},{"v":0,"d":"0.00"},{"v":0,"d":"0.00"},{"v":0,"d":"0.00"},{"v":0,"d":"0.00"},{"v":0,"d":"0.00"},{"v":0,"d":"0.00"},{"v":0,"d":"0.00"},{"v":0,"d":"0.00"},{"$nulls":3},{"v":0,"d":"0.00"},{"v":9,"d":"9.00"},{"v":9,"d":"9.00"},0,0,0,0,0,0,0,0,0,0,0,0,0,0,0,0,{"v":2756.16,"d":"2,756"},{"v":2756.16,"d":"2,756"},{"$f":"+E1465*Z1465","v":{"v":2756.16,"d":"2,756.16"}}]
[null,"       Install","each",{"$f":"D1465","v":48},{"v":160,"d":"160.00"},{"v":7680,"d":"7,680.00"},{"v":0,"d":"0.00"},{"v":0,"d":"0.00"},{"v":0,"d":"0.00"},{"v":0,"d":"0.00"},{"v":0,"d":"0.00"},{"v":0,"d":"0.00"},{"v":0,"d":"0.00"},{"v":0,"d":"0.00"},{"v":0,"d":"0.00"},{"v":0,"d":"0.00"},{"v":0,"d":"0.00"},{"v":0,"d":"0.00"},{"v":0,"d":"0.00"},{"v":0,"d":"0.00"},{"$nulls":3},{"v":0,"d":"0.00"},{"v":5,"d":"5.00"},{"v":5,"d":"5.00"},0,0,0,0,0,0,0,0,0,0,0,0,0,0,0,0,800,800,{"$f":"+E1466*Z1466","v":{"v":800,"d":"800.00"}}]
[{"$nulls":5}," ",{"$nulls":20},0,0,0,0,0,0,0,0,0,0,0,0,0,0,0,0,0,0]
["9.5.4","Horizontal elbow",{"$nulls":3}," ",{"$nulls":20},0,0,0,0,0,0,0,0,0,0,0,0,0,0,0,0,0,0]
[null,"       Supply","each",48,327.68,{"v":15728.64,"d":"15,728.64"},{"v":0,"d":"0.00"},{"v":0,"d":"0.00"},{"v":0,"d":"0.00"},{"v":0,"d":"0.00"},{"v":0,"d":"0.00"},{"v":0,"d":"0.00"},{"v":0,"d":"0.00"},{"v":0,"d":"0.00"},{"v":0,"d":"0.00"},{"v":0,"d":"0.00"},{"v":0,"d":"0.00"},{"v":0,"d":"0.00"},{"v":0,"d":"0.00"},{"v":0,"d":"0.00"},{"$nulls":3},{"v":0,"d":"0.00"},{"v":18,"d":"18.00"},{"v":18,"d":"18.00"},0,0,0,0,0,0,0,0,0,0,0,0,0,0,0,0,{"v":5898.24,"d":"5,898"},{"v":5898.24,"d":"5,898"},{"$f":"+E1469*Z1469","v":{"v":5898.24,"d":"5,898.24"}}]
[null,"       Install","each",{"$f":"D1469","v":48},{"v":120,"d":"120.00"},{"v":5760,"d":"5,760.00"},{"v":0,"d":"0.00"},{"v":0,"d":"0.00"},{"v":0,"d":"0.00"},{"v":0,"d":"0.00"},{"v":0,"d":"0.00"},{"v":0,"d":"0.00"},{"v":0,"d":"0.00"},{"v":0,"d":"0.00"},{"v":0,"d":"0.00"},{"v":0,"d":"0.00"},{"v":0,"d":"0.00"},{"v":0,"d":"0.00"},{"v":0,"d":"0.00"},{"v":0,"d":"0.00"},{"$nulls":3},{"v":0,"d":"0.00"},{"v":6,"d":"6.00"},{"v":6,"d":"6.00"},0,0,0,0,0,0,0,0,0,0,0,0,0,0,0,0,720,720,{"$f":"+E1470*Z1470","v":{"v":720,"d":"720.00"}}]
[{"$nulls":5}," ",{"$nulls":20},0,0,0,0,0,0,0,0,0,0,0,0,0,0,0,0,0,0]
["9.5.5","Splices",{"$nulls":3}," ",{"$nulls":20},0,0,0,0,0,0,0,0,0,0,0,0,0,0,0,0,0,0]
[null,"       Supply","each",{"$f":"D1457/6","v":200},25.24,{"v":5048,"d":"5,048.00"},{"v":0,"d":"0.00"},{"v":172,"d":"172.00"},{"v":0,"d":"0.00"},{"v":0,"d":"0.00"},{"v":0,"d":"0.00"},{"v":0,"d":"0.00"},{"v":0,"d":"0.00"},{"v":0,"d":"0.00"},{"v":0,"d":"0.00"},{"v":0,"d":"0.00"},{"v":0,"d":"0.00"},{"v":0,"d":"0.00"},{"v":0,"d":"0.00"},{"v":0,"d":"0.00"},{"$nulls":3},{"v":0,"d":"0.00"},{"v":-77,"d":"-77.00"},{"v":95,"d":"95.00"},0,{"v":4341.28,"d":"4,341"},0,0,0,0,0,0,0,0,0,0,0,0,0,0,{"v":-1943.4799999999998,"d":"-1,943"},{"v":2397.8,"d":"2,398"},{"$f":"+E1473*Z1473","v":{"v":2397.7999999999997,"d":"2,397.80"}}]
[null,"       Install","each",{"$f":"D1473","v":200},{"v":20,"d":"20.00"},{"v":4000,"d":"4,000.00"},{"v":0,"d":"0.00"},{"v":172,"d":"172.00"},{"v":0,"d":"0.00"},{"v":0,"d":"0.00"},{"v":0,"d":"0.00"},{"v":0,"d":"0.00"},{"v":0,"d":"0.00"},{"v":0,"d":"0.00"},{"v":0,"d":"0.00"},{"v":0,"d":"0.00"},{"v":0,"d":"0.00"},{"v":0,"d":"0.00"},{"v":0,"d":"0.00"},{"v":0,"d":"0.00"},{"$nulls":3},{"v":0,"d":"0.00"},{"v":-77,"d":"-77.00"},{"v":95,"d":"95.00"},0,{"v":3440,"d":"3,440"},0,0,0,0,0,0,0,0,0,0,0,0,0,0,{"v":-1540,"d":"-1,540"},{"v":1900,"d":"1,900"},{"$f":"+E1474*Z1474","v":{"v":1900,"d":"1,900.00"}}]
[{"$nulls":5}," ",{"$nulls":20},0,0,0,0,0,0,0,0,0,0,0,0,0,0,0,0,0,0]
["9.5.6","P2000 Support Structure Brackets P1068 complete with springnuts and Bolts",{"$nulls":3}," ",{"$nulls":20},0,0,0,0,0,0,0,0,0,0,0,0,0,0,0,0,0,0]
[" ","       Supply","Each ",{"$f":"D1457","v":{"v":1200,"d":"1,200"}},58.64,{"v":70368,"d":"70,368.00"},{"v":0,"d":"0.00"},{"v":57,"d":"57.00"},{"v":0,"d":"0.00"},{"v":0,"d":"0.00"},{"v":0,"d":"0.00"},{"v":0,"d":"0.00"},{"v":0,"d":"0.00"},{"v":0,"d":"0.00"},{"v":0,"d":"0.00"},{"v":0,"d":"0.00"},{"v":0,"d":"0.00"},{"v":0,"d":"0.00"},{"v":0,"d":"0.00"},{"v":0,"d":"0.00"},{"$nulls":3},{"v":0,"d":"0.00"},{"v":300,"d":"300.00"},{"v":357,"d":"357.00"},0,{"v":3342.48,"d":"3,342"},0,0,0,0,0,0,0,0,0,0,0,0,0,0,{"v":17592,"d":"17,592"},{"v":20934.48,"d":"20,934"},{"$f":"+E1477*Z1477","v":{"v":20934.48,"d":"20,934.48"}}]
[null,"       Install",{"$f":"C1477","v":"Each "},{"$f":"D1477","v":{"v":1200,"d":"1,200"}},{"v":69,"d":"69.00"},{"v":82800,"d":"82,800.00"},{"v":0,"d":"0.00"},{"v":57,"d":"57.00"},{"v":0,"d":"0.00"},{"v":0,"d":"0.00"},{"v":0,"d":"0.00"},{"v":0,"d":"0.00"},{"v":0,"d":"0.00"},{"v":0,"d":"0.00"},{"v":0,"d":"0.00"},{"v":0,"d":"0.00"},{"v":0,"d":"0.00"},{"v":0,"d":"0.00"},{"v":0,"d":"0.00"},{"v":0,"d":"0.00"},{"$nulls":3},{"v":0,"d":"0.00"},{"v":0,"d":"0.00"},{"v":57,"d":"57.00"},0,{"v":3933,"d":"3,933"},0,0,0,0,0,0,0,0,0,0,0,0,0,0,0,{"v":3933,"d":"3,933"},{"$f":"+E1478*Z1478","v":{"v":3933,"d":"3,933.00"}}]
[]
[null,"Amount Carried Forward ",{"$nulls":3},{"$f":"SUM(F1421:F1479)","v":{"v":2013193.5899999999,"d":"2,013,193.59"}},{"$nulls":38},{"$f":"SUM(AS1421:AS1479)","v":{"v":450384.35000000003,"d":"450,384.35"}}]
[]
["MAIN HOSPITAL ELECTRICAL INSTALLATION"]
["CECILIA MAKIWANE HOSPITAL : PHASE 4C"]
[]
[{"$f":"A1419","v":"BILL NO. 9 : POWER RETICULATION EQUIPMENT (SMME PACKAGE No 7)"}]
["ITEM","DESCRIPTION","UNIT","QTY","RATE","TENDER AMOUNT","A","B","D-LV03","E1-LV03","E2","F1","F2","G1","G2","H1","H2","J1","J2","J3",null,"G/House",null,"N","Other","Total Qty","A","B","D","E1","E2","F1","F2","G1","G2","H1","H2","J1","J2","J3","K","N","Other","Total Amount","Total Claimed"]
[null,"AMOUNT CARRIED FORWARD FROM PREVIOUS BILL",{"$nulls":3},{"$f":"F1480","v":{"v":2013193.5899999999,"d":"2,013,193.59"}},{"$nulls":38},{"$f":"AS1480","v":{"v":450384.35000000003,"d":"450,384.35"}}]
[]
["9.6.","P2000 CHANNEL TRUNKING"]
[]
[" ","Single channel Galvanised Trunking installed on side mounted angle Brackets."]
[]
["9.6.1","Channel"," "]
[null,"       Supply","m",{"v":4600,"d":"4,600"},20.99,{"$f":"$D1494*E1494","v":{"v":96554,"d":"96,554.00"}},{"v":0,"d":"0.00"},{"v":26,"d":"26.00"},{"v":0,"d":"0.00"},{"v":0,"d":"0.00"},{"v":0,"d":"0.00"},{"v":0,"d":"0.00"},{"v":0,"d":"0.00"},{"v":17,"d":"17.00"},{"v":0,"d":"0.00"},{"v":0,"d":"0.00"},{"v":0,"d":"0.00"},{"v":0,"d":"0.00"},{"v":0,"d":"0.00"},{"v":0,"d":"0.00"},{"$nulls":3},{"v":0,"d":"0.00"},{"v":2761,"d":"2,761.00"},{"$f":"SUM(G1494:Y1494)","v":{"v":2804,"d":"2,804.00"}},{"$f":"G1494*E1494","v":0},{"$f":"H1494*E1494","v":{"v":545.74,"d":"546"}},{"$f":"I1494*E1494","v":0},{"$f":"J1494*E1494","v":0},{"$f":"K1494*E1494","v":0},{"$f":"L1494*E1494","v":0},{"$f":"+M1494*E1494","v":0},{"$f":"N1494*E1494","v":{"v":356.83,"d":"357"}},{"$f":"O1494*E1494","v":0},{"$f":"P1494*E1494","v":0},{"$f":"Q1494*E1494","v":0},{"$f":"R1494*E1494","v":0},{"$f":"S1494*E1494","v":0},{"$f":"T1494*E1494","v":0},{"$f":"W1494*E1494","v":0},{"$f":"X1494*E1494","v":0},{"$f":"Y1494*E1494","v":{"v":57953.38999999999,"d":"57,953"}},{"$f":"SUM(AA1494:AQ1494)","v":{"v":58855.95999999999,"d":"58,856"}},{"$f":"+E1494*Z1494","v":{"v":58855.96,"d":"58,855.96"}}]
[null,"       Install","m",{"$f":"D1494","v":{"v":4600,"d":"4,600"}},{"v":26,"d":"26.00"},{"$f":"$D1495*E1495","v":{"v":119600,"d":"119,600.00"}},{"v":0,"d":"0.00"},{"v":52,"d":"52.00"},{"v":0,"d":"0.00"},{"v":0,"d":"0.00"},{"v":0,"d":"0.00"},{"v":0,"d":"0.00"},{"v":0,"d":"0.00"},{"v":34,"d":"34.00"},{"v":0,"d":"0.00"},{"v":0,"d":"0.00"},{"v":0,"d":"0.00"},{"v":0,"d":"0.00"},{"v":0,"d":"0.00"},{"v":0,"d":"0.00"},{"$nulls":3},{"v":0,"d":"0.00"},{"v":23,"d":"23.00"},{"$f":"SUM(G1495:Y1495)","v":{"v":109,"d":"109.00"}},0,{"v":1352,"d":"1,352"},0,0,0,0,0,884,0,0,0,0,0,0,0,0,598,{"$f":"SUM(AA1495:AQ1495)","v":{"v":2834,"d":"2,834"}},{"$f":"+E1495*Z1495","v":{"v":2834,"d":"2,834.00"}}]
[{"$nulls":5}," ",{"$nulls":20},0,0,0,0,0,0,0,0,0,0,0,0,0,0,0,0,0,0]
["9.6.2","Cover plate"," ",null,null," ",{"$nulls":20},0,0,0,0,0,0,0,0,0,0,0,0,0,0,0,0,0,0]
[null,"       Supply","m",{"$f":"D1494","v":{"v":4600,"d":"4,600"}},6.21,{"$f":"$D1498*E1498","v":{"v":28566,"d":"28,566.00"}},{"v":0,"d":"0.00"},{"v":0,"d":"0.00"},{"v":0,"d":"0.00"},{"v":0,"d":"0.00"},{"v":0,"d":"0.00"},{"v":0,"d":"0.00"},{"v":0,"d":"0.00"},{"v":0,"d":"0.00"},{"v":0,"d":"0.00"},{"v":0,"d":"0.00"},{"v":0,"d":"0.00"},{"v":0,"d":"0.00"},{"v":0,"d":"0.00"},{"v":0,"d":"0.00"},{"$nulls":3},{"v":0,"d":"0.00"},{"v":300,"d":"300.00"},{"$f":"SUM(G1498:Y1498)","v":{"v":300,"d":"300.00"}},0,0,0,0,0,0,0,0,0,0,0,0,0,0,0,0,{"v":1863,"d":"1,863"},{"v":1863,"d":"1,863"},{"$f":"+E1498*Z1498","v":{"v":1863,"d":"1,863.00"}}]
[null,"       Install","m",{"$f":"D1498","v":{"v":4600,"d":"4,600"}},{"v":23,"d":"23.00"},{"$f":"$D1499*E1499","v":{"v":105800,"d":"105,800.00"}},{"v":0,"d":"0.00"},{"v":0,"d":"0.00"},{"v":0,"d":"0.00"},{"v":0,"d":"0.00"},{"v":0,"d":"0.00"},{"v":0,"d":"0.00"},{"v":0,"d":"0.00"},{"v":0,"d":"0.00"},{"v":0,"d":"0.00"},{"v":0,"d":"0.00"},{"v":0,"d":"0.00"},{"v":0,"d":"0.00"},{"v":0,"d":"0.00"},{"v":0,"d":"0.00"},{"$nulls":3},{"v":0,"d":"0.00"},{"v":0,"d":"0.00"},{"$f":"SUM(G1499:Y1499)","v":{"v":0,"d":"0.00"}},0,0,0,0,0,0,0,0,0,0,0,0,0,0,0,0,0,0,{"$f":"+E1499*Z1499","v":{"v":0,"d":"0.00"}}]
[{"$nulls":5}," ",{"$nulls":20},0,0,0,0,0,0,0,0,0,0,0,0,0,0,0,0,0,0]
["9.6.3","Ends"," ",null,null," ",{"$nulls":20},0,0,0,0,0,0,0,0,0,0,0,0,0,0,0,0,0,0]
[null,"       Supply","each",400,1.81,{"$f":"$D1502*E1502","v":{"v":724,"d":"724.00"}},{"v":0,"d":"0.00"},{"v":0,"d":"0.00"},{"v":0,"d":"0.00"},{"v":0,"d":"0.00"},{"v":0,"d":"0.00"},{"v":0,"d":"0.00"},{"v":0,"d":"0.00"},{"v":0,"d":"0.00"},{"v":0,"d":"0.00"},{"v":0,"d":"0.00"},{"v":0,"d":"0.00"},{"v":0,"d":"0.00"},{"v":0,"d":"0.00"},{"v":0,"d":"0.00"},{"$nulls":3},{"v":0,"d":"0.00"},{"v":200,"d":"200.00"},{"$f":"SUM(G1502:Y1502)","v":{"v":200,"d":"200.00"}},0,0,0,0,0,0,0,0,0,0,0,0,0,0,0,0,362,362,{"$f":"+E1502*Z1502","v":{"v":362,"d":"362.00"}}]
[null,"       Install","each",{"$f":"D1502","v":400},{"v":15,"d":"15.00"},{"$f":"$D1503*E1503","v":{"v":6000,"d":"6,000.00"}},{"v":0,"d":"0.00"},{"v":0,"d":"0.00"},{"v":0,"d":"0.00"},{"v":0,"d":"0.00"},{"v":0,"d":"0.00"},{"v":0,"d":"0.00"},{"v":0,"d":"0.00"},{"v":0,"d":"0.00"},{"v":0,"d":"0.00"},{"v":0,"d":"0.00"},{"v":0,"d":"0.00"},{"v":0,"d":"0.00"},{"v":0,"d":"0.00"},{"v":0,"d":"0.00"},{"$nulls":3},{"v":0,"d":"0.00"},{"v":100,"d":"100.00"},{"$f":"SUM(G1503:Y1503)","v":{"v":100,"d":"100.00"}},0,0,0,0,0,0,0,0,0,0,0,0,0,0,0,0,{"v":1500,"d":"1,500"},{"v":1500,"d":"1,500"},{"$f":"+E1503*Z1503","v":{"v":1500,"d":"1,500.00"}}]
[{"$nulls":5}," ",{"$nulls":20},0,0,0,0,0,0,0,0,0,0,0,0,0,0,0,0,0,0]
["9.6.4","Splices"," ",null,null," ",{"$nulls":20},0,0,0,0,0,0,0,0,0,0,0,0,0,0,0,0,0,0]
[null,"       Supply","each",767,{"v":2.5,"d":"2.50"},{"$f":"$D1506*E1506","v":{"v":1917.5,"d":"1,917.50"}},{"v":0,"d":"0.00"},{"v":0,"d":"0.00"},{"v":0,"d":"0.00"},{"v":0,"d":"0.00"},{"v":0,"d":"0.00"},{"v":0,"d":"0.00"},{"v":0,"d":"0.00"},{"v":0,"d":"0.00"},{"v":0,"d":"0.00"},{"v":0,"d":"0.00"},{"v":0,"d":"0.00"},{"v":0,"d":"0.00"},{"v":0,"d":"0.00"},{"v":0,"d":"0.00"},{"$nulls":3},{"v":0,"d":"0.00"},{"v":0,"d":"0.00"},{"$f":"SUM(G1506:Y1506)","v":{"v":0,"d":"0.00"}},0,0,0,0,0,0,0,0,0,0,0,0,0,0,0,0,0,0,{"$f":"+E1506*Z1506","v":{"v":0,"d":"0.00"}}]
[null,"       Install","each",{"$f":"D1506","v":767},{"v":10,"d":"10.00"},{"$f":"$D1507*E1507","v":{"v":7670,"d":"7,670.00"}},{"v":0,"d":"0.00"},{"v":0,"d":"0.00"},{"v":0,"d":"0.00"},{"v":0,"d":"0.00"},{"v":0,"d":"0.00"},{"v":0,"d":"0.00"},{"v":0,"d":"0.00"},{"v":0,"d":"0.00"},{"v":0,"d":"0.00"},{"v":0,"d":"0.00"},{"v":0,"d":"0.00"},{"v":0,"d":"0.00"},{"v":0,"d":"0.00"},{"v":0,"d":"0.00"},{"$nulls":3},{"v":0,"d":"0.00"},{"v":0,"d":"0.00"},{"$f":"SUM(G1507:Y1507)","v":{"v":0,"d":"0.00"}},0,0,0,0,0,0,0,0,0,0,0,0,0,0,0,0,0,0,{"$f":"+E1507*Z1507","v":{"v":0,"d":"0.00"}}]
[{"$nulls":5}," ",{"$nulls":20},0,0,0,0,0,0,0,0,0,0,0,0,0,0,0,0,0,0]
["9.6.5","P2000 Hanger Bracket complete with 600mm Threaded Rods,  Etc"," ",null,null," ",{"$nulls":20},0,0,0,0,0,0,0,0,0,0,0,0,0,0,0,0,0,0]
[null,"       Supply","each",{"v":1200,"d":"1,200"},20.73,{"$f":"$D1510*E1510","v":{"v":24876,"d":"24,876.00"}},{"v":0,"d":"0.00"},{"v":0,"d":"0.00"},{"v":0,"d":"0.00"},{"v":0,"d":"0.00"},{"v":0,"d":"0.00"},{"v":0,"d":"0.00"},{"v":0,"d":"0.00"},{"v":0,"d":"0.00"},{"v":0,"d":"0.00"},{"v":0,"d":"0.00"},{"v":0,"d":"0.00"},{"v":0,"d":"0.00"},{"v":0,"d":"0.00"},{"v":0,"d":"0.00"},{"$nulls":3},{"v":0,"d":"0.00"},{"v":0,"d":"0.00"},{"$f":"SUM(G1510:Y1510)","v":{"v":0,"d":"0.00"}},0,0,0,0,0,0,0,0,0,0,0,0,0,0,0,0,0,0,{"$f":"+E1510*Z1510","v":{"v":0,"d":"0.00"}}]
[null,"       Install","each",{"$f":"D1510","v":{"v":1200,"d":"1,200"}},{"v":40,"d":"40.00"},{"$f":"$D1511*E1511","v":{"v":48000,"d":"48,000.00"}},{"v":0,"d":"0.00"},{"v":0,"d":"0.00"},{"v":0,"d":"0.00"},{"v":0,"d":"0.00"},{"v":0,"d":"0.00"},{"v":0,"d":"0.00"},{"v":0,"d":"0.00"},{"v":0,"d":"0.00"},{"v":0,"d":"0.00"},{"v":0,"d":"0.00"},{"v":0,"d":"0.00"},{"v":0,"d":"0.00"},{"v":0,"d":"0.00"},{"v":0,"d":"0.00"},{"$nulls":3},{"v":0,"d":"0.00"},{"v":0,"d":"0.00"},{"$f":"SUM(G1511:Y1511)","v":{"v":0,"d":"0.00"}},0,0,0,0,0,0,0,0,0,0,0,0,0,0,0,0,0,0,{"$f":"+E1511*Z1511","v":{"v":0,"d":"0.00"}}]
[{"$nulls":5}," ",{"$nulls":20},0,0,0,0,0,0,0,0,0,0,0,0,0,0,0,0,0,0]
["9.7.","EARTHING",{"$nulls":3}," ",{"$nulls":20},0,0,0,0,0,0,0,0,0,0,0,0,0,0,0,0,0,0]
[" ","Earthing and bonding to SABS 10142-1","Item",1,{"v":4000,"d":"4,000.00"},{"$f":"$D1514*E1514","v":{"v":4000,"d":"4,000.00"}},{"v":0,"d":"0.00"},{"v":0,"d":"0.00"},{"v":0,"d":"0.00"},{"v":0,"d":"0.00"},{"v":0,"d":"0.00"},{"v":0,"d":"0.00"},{"v":0,"d":"0.00"},{"v":0,"d":"0.00"},{"v":0,"d":"0.00"},{"v":0,"d":"0.00"},{"v":0,"d":"0.00"},{"v":0,"d":"0.00"},{"v":0,"d":"0.00"},{"v":0,"d":"0.00"},{"$nulls":3},{"v":0,"d":"0.00"},{"v":0,"d":"0.00"},{"$f":"SUM(G1514:Y1514)","v":{"v":0,"d":"0.00"}},0,0,0,0,0,0,0,0,0,0,0,0,0,0,0,0,0,0,{"$f":"+E1514*Z1514","v":{"v":0,"d":"0.00"}}]
[{"$nulls":26},0,0,0,0,0,0,0,0,0,0,0,0,0,0,0,0,0,0]
[{"v":9.8,"d":"9.80"},"TESTING  ",{"$nulls":24},0,0,0,0,0,0,0,0,0,0,0,0,0,0,0,0,0,0]
[" ","Testing of the complete electrical installation in terms of SABS 0142 and provision of Certificates of ",{"$nulls":24},0,0,0,0,0,0,0,0,0,0,0,0,0,0,0,0,0,0]
[null,"Compliance ","Item",1,{"v":15000,"d":"15,000.00"},{"$f":"$D1518*E1518","v":{"v":15000,"d":"15,000.00"}},{"v":0,"d":"0.00"},{"v":0,"d":"0.00"},{"v":0,"d":"0.00"},{"v":0,"d":"0.00"},{"v":0,"d":"0.00"},{"v":0,"d":"0.00"},{"v":0,"d":"0.00"},{"v":0,"d":"0.00"},{"v":0,"d":"0.00"},{"v":0,"d":"0.00"},{"v":0,"d":"0.00"},{"v":0,"d":"0.00"},{"v":0,"d":"0.00"},{"v":0,"d":"0.00"},{"$nulls":3},{"v":0,"d":"0.00"},{"v":0,"d":"0.00"},{"$f":"SUM(G1518:Y1518)","v":{"v":0,"d":"0.00"}},0,0,0,0,0,0,0,0,0,0,0,0,0,0,0,0,0,0,{"$f":"+E1518*Z1518","v":{"v":0,"d":"0.00"}}]
[{"$nulls":5}," ",{"$nulls":20},0,0,0,0,0,0,0,0,0,0,0,0,0,0,0,0,0,0]
[{"$nulls":26},0,0,0,0,0,0,0,0,0,0,0,0,0,0,0,0,0,0]
["9.9.","BONDING OF WATER MAINS AND CABLES",{"$nulls":3}," ",{"$nulls":20},0,0,0,0,0,0,0,0,0,0,0,0,0,0,0,0,0,0]
[null,"Bond the proposed water main to the adjacent down conductor. All water pipes, hand basins, sinks, baths, gutters and rain water pipes shall be bonded.","Sum",1,{"v":5000,"d":"5,000.00"},{"$f":"$D1522*E1522","v":{"v":5000,"d":"5,000.00"}},{"v":0,"d":"0.00"},{"v":0,"d":"0.00"},{"v":0,"d":"0.00"},{"v":0,"d":"0.00"},{"v":0,"d":"0.00"},{"v":0,"d":"0.00"},{"v":0,"d":"0.00"},{"v":0,"d":"0.00"},{"v":0,"d":"0.00"},{"v":0,"d":"0.00"},{"v":0,"d":"0.00"},{"v":0,"d":"0.00"},{"v":0,"d":"0.00"},{"v":0,"d":"0.00"},{"$nulls":3},{"v":0,"d":"0.00"},{"v":0,"d":"0.00"},{"$f":"SUM(G1522:Y1522)","v":{"v":0,"d":"0.00"}},0,0,0,0,0,0,0,0,0,0,0,0,0,0,0,0,0,0,{"$f":"+E1522*Z1522","v":{"v":0,"d":"0.00"}}]
[null,"All external earth wires and cable armouring from the incoming and outgoing cables will be properly crimped into cable lugs and bolted to their respective earth bars."," ",null,null," ",{"$nulls":20},0,0,0,0,0,0,0,0,0,0,0,0,0,0,0,0,0,0]
[{"$nulls":5}," ",{"$nulls":20},0,0,0,0,0,0,0,0,0,0,0,0,0,0,0,0,0,0]
["9.9.1","EARTH MAT FOR  HV SYSTEM",{"$nulls":3}," ",{"$nulls":20},0,0,0,0,0,0,0,0,0,0,0,0,0,0,0,0,0,0]
[null,"Supply and install complete as per Drawing No E402","Sum",26,{"v":19700.01,"d":"19,700.01"},{"$f":"$D1526*E1526","v":{"v":512200.25999999995,"d":"512,200.26"}},{"v":0,"d":"0.00"},{"v":0,"d":"0.00"},{"v":0,"d":"0.00"},{"v":0,"d":"0.00"},{"v":0,"d":"0.00"},{"v":0,"d":"0.00"},{"v":0,"d":"0.00"},{"v":0,"d":"0.00"},{"v":0,"d":"0.00"},{"v":0,"d":"0.00"},{"v":0,"d":"0.00"},{"v":0,"d":"0.00"},{"v":0,"d":"0.00"},{"v":0,"d":"0.00"},{"$nulls":3},{"v":0,"d":"0.00"},{"v":26,"d":"26.00"},{"$f":"SUM(G1526:Y1526)","v":{"v":26,"d":"26.00"}},0,0,0,0,0,0,0,0,0,0,0,0,0,0,0,0,{"v":512200.25999999995,"d":"512,200"},{"v":512200.25999999995,"d":"512,200"},{"$f":"+E1526*Z1526","v":{"v":512200.25999999995,"d":"512,200.26"}}]
[{"$nulls":3}," ",null," ",{"$nulls":20},0,0,0,0,0,0,0,0,0,0,0,0,0,0,0,0,0,0]
["9.9.1","EARTH MAT FOR LV SYSTEM",{"$nulls":3}," ",{"$nulls":20},0,0,0,0,0,0,0,0,0,0,0,0,0,0,0,0,0,0]
[null,"Supply and install complete as per Drawing No E402","Sum",60,{"v":8149.34,"d":"8,149.34"},{"$f":"$D1529*E1529","v":{"v":488960.4,"d":"488,960.40"}},{"v":0,"d":"0.00"},{"v":0,"d":"0.00"},{"v":0,"d":"0.00"},{"v":0,"d":"0.00"},{"v":0,"d":"0.00"},{"v":0,"d":"0.00"},{"v":0,"d":"0.00"},{"v":0,"d":"0.00"},{"v":0,"d":"0.00"},{"v":0,"d":"0.00"},{"v":0,"d":"0.00"},{"v":0,"d":"0.00"},{"v":0,"d":"0.00"},{"v":0,"d":"0.00"},{"$nulls":3},{"v":0,"d":"0.00"},{"v":41,"d":"41.00"},{"$f":"SUM(G1529:Y1529)","v":{"v":41,"d":"41.00"}},0,0,0,0,0,0,0,0,0,0,0,0,0,0,0,0,{"v":334122.94,"d":"334,123"},{"v":334122.94,"d":"334,123"},{"$f":"+E1529*Z1529","v":{"v":334122.94,"d":"334,122.94"}}]
[{"$nulls":5}," "]
[{"$nulls":3}," "]
[null,"Amount Carried Forward ",{"$nulls":3},{"$f":"SUM(F1487:F1531)","v":{"v":3478061.7499999995,"d":"3,478,061.75"}},{"$nulls":38},{"$f":"SUM(AS1487:AS1531)","v":{"v":1362122.51,"d":"1,362,122.51"}}]
[]
["MAIN HOSPITAL ELECTRICAL INSTALLATION"]
["CECILIA MAKIWANE HOSPITAL : PHASE 4C"]
[]
[{"$f":"A1485","v":"BILL NO. 9 : POWER RETICULATION EQUIPMENT (SMME PACKAGE No 7)"}]
["ITEM","DESCRIPTION","UNIT","QTY","RATE","TENDER AMOUNT","A","B","D-LV03","E1-LV03","E2","F1","F2","G1","G2","H1","H2","J1","J2","J3",null,"G/House",null,"N","Other","Total Qty","A","B","D","E1","E2","F1","F2","G1","G2","H1","H2","J1","J2","J3","K","N","Other","Total Amount","Total Claimed"]
[null,"AMOUNT CARRIED FORWARD FROM PREVIOUS BILL",{"$nulls":3},{"$f":"F1532","v":{"v":3478061.7499999995,"d":"3,478,061.75"}},{"$nulls":38},{"$f":"AS1532","v":{"v":1362122.51,"d":"1,362,122.51"}}]
[{"$nulls":3}," "]
[]
[{"$nulls":3}," "]
["9.10.","PHOTO ELECTRIC CELL"]
["9.10.1","SUPPLY"]
[null,"Supply, deliver, accept and store the following photo-cell complete, which are to be equal (approved) to those specified."]
[null,"Type ZS 20A National photo electric cell","Each",35,{"v":106.5,"d":"106.50"},{"$f":"$D1546*E1546","v":{"v":3727.5,"d":"3,727.50"}},{"v":0,"d":"0.00"},{"v":0,"d":"0.00"},{"v":0,"d":"0.00"},{"v":0,"d":"0.00"},{"v":2,"d":"2.00"},{"v":2,"d":"2.00"},{"v":2,"d":"2.00"},{"v":2,"d":"2.00"},{"v":2,"d":"2.00"},{"v":2,"d":"2.00"},{"v":2,"d":"2.00"},{"v":2,"d":"2.00"},{"v":2,"d":"2.00"},{"v":0,"d":"0.00"},{"$nulls":3},{"v":2,"d":"2.00"},{"v":8,"d":"8.00"},{"$f":"SUM(G1546:Y1546)","v":{"v":28,"d":"28.00"}},{"$f":"G1546*E1546","v":0},{"$f":"H1546*E1546","v":0},{"$f":"I1546*E1546","v":0},{"$f":"J1546*E1546","v":0},{"$f":"K1546*E1546","v":213},{"$f":"L1546*E1546","v":213},{"$f":"+M1546*E1546","v":213},{"$f":"N1546*E1546","v":213},{"$f":"O1546*E1546","v":213},{"$f":"P1546*E1546","v":213},{"$f":"Q1546*E1546","v":213},{"$f":"R1546*E1546","v":213},{"$f":"S1546*E1546","v":213},{"$f":"T1546*E1546","v":0},{"$f":"W1546*E1546","v":0},{"$f":"X1546*E1546","v":213},{"$f":"Y1546*E1546","v":852},{"$f":"SUM(AA1546:AQ1546)","v":{"v":2982,"d":"2,982"}},{"$f":"+E1546*Z1546","v":{"v":2982,"d":"2,982.00"}}]
[{"$nulls":3}," ",{"$nulls":22},0,0,0,0,0,0,0,0,0,0,0,0,0,0,0,0,0,{"$f":"SUM(AA1547:AQ1547)","v":0}]
["9.10.2","INSTALLATION",null," ",{"$nulls":22},0,0,0,0,0,0,0,0,0,0,0,0,0,0,0,0,0,0]
[null,"Fix, connect and commission the following photo-cell complete with everything necessary.",null," ",{"$nulls":22},0,0,0,0,0,0,0,0,0,0,0,0,0,0,0,0,0,0]
[null,"Type ZS 20A National photo electric cell","Each",{"$f":"D1546","v":35},{"v":90,"d":"90.00"},{"v":3150,"d":"3,150.00"},{"v":0,"d":"0.00"},{"v":0,"d":"0.00"},{"v":0,"d":"0.00"},{"v":0,"d":"0.00"},{"v":2,"d":"2.00"},{"v":2,"d":"2.00"},{"v":2,"d":"2.00"},{"v":2,"d":"2.00"},{"v":2,"d":"2.00"},{"v":2,"d":"2.00"},{"v":2,"d":"2.00"},{"v":2,"d":"2.00"},{"v":2,"d":"2.00"},{"v":0,"d":"0.00"},{"$nulls":3},{"v":2,"d":"2.00"},{"v":8,"d":"8.00"},{"$f":"SUM(G1550:Y1550)","v":{"v":28,"d":"28.00"}},0,0,0,0,180,180,180,180,180,180,180,180,180,0,0,180,720,{"v":2520,"d":"2,520"},{"$f":"+E1550*Z1550","v":{"v":2520,"d":"2,520.00"}}]
[{"$nulls":26},0,0,0,0,0,0,0,0,0,0,0,0,0,0,0,0,0,0]
[9.11,"ISOLATORS",{"$nulls":24},0,0,0,0,0,0,0,0,0,0,0,0,0,0,0,0,0,0]
[" ","SUPPLY & INSTALL",{"$nulls":24},0,0,0,0,0,0,0,0,0,0,0,0,0,0,0,0,0,0]
[null,"Supply, deliver, accept, store and Install the following isolators, complete with metal/PVC enclosures and metal screws.",{"$nulls":24},0,0,0,0,0,0,0,0,0,0,0,0,0,0,0,0,0,0,{"$f":"+E1554*Z1554","v":{"v":0,"d":"0.00"}}]
["9.11.1","30 Amp triple pole Surface mounted isolator","Nº",24,{"v":230,"d":"230.00"},{"v":5520,"d":"5,520.00"},{"v":0,"d":"0.00"},{"v":0,"d":"0.00"},{"v":0,"d":"0.00"},{"v":0,"d":"0.00"},{"v":0,"d":"0.00"},{"v":0,"d":"0.00"},{"v":0,"d":"0.00"},{"v":0,"d":"0.00"},{"v":0,"d":"0.00"},{"v":0,"d":"0.00"},{"v":0,"d":"0.00"},{"v":0,"d":"0.00"},{"v":0,"d":"0.00"},{"v":0,"d":"0.00"},{"$nulls":3},{"v":0,"d":"0.00"},{"v":0,"d":"0.00"},{"v":0,"d":"0.00"},0,0,0,0,0,0,0,0,0,0,0,0,0,0,0,0,0,0,{"v":0,"d":"0.00"}]
["9.11.2","60 Amp triple pole Surface mounted isolator","Nº",32,{"v":255,"d":"255.00"},{"v":8160,"d":"8,160.00"},{"v":0,"d":"0.00"},{"v":0,"d":"0.00"},{"v":0,"d":"0.00"},{"v":0,"d":"0.00"},{"v":0,"d":"0.00"},{"v":0,"d":"0.00"},{"v":0,"d":"0.00"},{"v":0,"d":"0.00"},{"v":0,"d":"0.00"},{"v":0,"d":"0.00"},{"v":0,"d":"0.00"},{"v":0,"d":"0.00"},{"v":0,"d":"0.00"},{"v":0,"d":"0.00"},{"$nulls":3},{"v":0,"d":"0.00"},{"v":20,"d":"20.00"},{"v":20,"d":"20.00"},0,0,0,0,0,0,0,0,0,0,0,0,0,0,0,0,{"v":5100,"d":"5,100"},{"v":5100,"d":"5,100"},{"v":5100,"d":"5,100.00"}]
["9.11.3","90 Amp Triple pole Surface mounted Equipment isolator","Nº",34,{"v":1009.33,"d":"1,009.33"},{"v":34317.22,"d":"34,317.22"},{"v":0,"d":"0.00"},{"v":0,"d":"0.00"},{"v":0,"d":"0.00"},{"v":0,"d":"0.00"},{"v":0,"d":"0.00"},{"v":0,"d":"0.00"},{"v":0,"d":"0.00"},{"v":0,"d":"0.00"},{"v":0,"d":"0.00"},{"v":0,"d":"0.00"},{"v":0,"d":"0.00"},{"v":0,"d":"0.00"},{"v":0,"d":"0.00"},{"v":0,"d":"0.00"},{"$nulls":3},{"v":0,"d":"0.00"},{"v":0,"d":"0.00"},{"v":0,"d":"0.00"},0,0,0,0,0,0,0,0,0,0,0,0,0,0,0,0,0,0,{"v":0,"d":"0.00"}]
["9.11.4","100 Amp Triple pole Surface mounted Equipment isolator","Nº",45,{"v":1019.33,"d":"1,019.33"},{"v":45869.85,"d":"45,869.85"},{"v":0,"d":"0.00"},{"v":0,"d":"0.00"},{"v":0,"d":"0.00"},{"v":0,"d":"0.00"},{"v":0,"d":"0.00"},{"v":0,"d":"0.00"},{"v":0,"d":"0.00"},{"v":0,"d":"0.00"},{"v":0,"d":"0.00"},{"v":0,"d":"0.00"},{"v":0,"d":"0.00"},{"v":0,"d":"0.00"},{"v":0,"d":"0.00"},{"v":0,"d":"0.00"},{"$nulls":3},{"v":0,"d":"0.00"},{"v":0,"d":"0.00"},{"v":0,"d":"0.00"},0,0,0,0,0,0,0,0,0,0,0,0,0,0,0,0,0,0,{"v":0,"d":"0.00"}]
["9.11.5","150 Amp Triple pole Surface mounted Equipment isolator","Nº",18,{"v":1583.47,"d":"1,583.47"},{"v":28502.46,"d":"28,502.46"},{"v":0,"d":"0.00"},{"v":0,"d":"0.00"},{"v":0,"d":"0.00"},{"v":0,"d":"0.00"},{"v":0,"d":"0.00"},{"v":0,"d":"0.00"},{"v":0,"d":"0.00"},{"v":0,"d":"0.00"},{"v":0,"d":"0.00"},{"v":0,"d":"0.00"},{"v":0,"d":"0.00"},{"v":0,"d":"0.00"},{"v":0,"d":"0.00"},{"v":0,"d":"0.00"},{"$nulls":3},{"v":0,"d":"0.00"},{"v":0,"d":"0.00"},{"v":0,"d":"0.00"},0,0,0,0,0,0,0,0,0,0,0,0,0,0,0,0,0,0,{"v":0,"d":"0.00"}]
[{"$nulls":5}," ",{"$nulls":20},0,0,0,0,0,0,0,0,0,0,0,0,0,0,0,0,0,0]
["9.11.6","30 Amp triple pole Flush mounted isolator","Nº",34,{"v":230,"d":"230.00"},{"v":7820,"d":"7,820.00"},{"v":0,"d":"0.00"},{"v":0,"d":"0.00"},{"v":0,"d":"0.00"},{"v":0,"d":"0.00"},{"v":0,"d":"0.00"},{"v":0,"d":"0.00"},{"v":0,"d":"0.00"},{"v":0,"d":"0.00"},{"v":0,"d":"0.00"},{"v":0,"d":"0.00"},{"v":0,"d":"0.00"},{"v":0,"d":"0.00"},{"v":0,"d":"0.00"},{"v":0,"d":"0.00"},{"$nulls":3},{"v":0,"d":"0.00"},{"v":0,"d":"0.00"},{"v":0,"d":"0.00"},0,0,0,0,0,0,0,0,0,0,0,0,0,0,0,0,0,0,{"$f":"+E1561*Z1561","v":{"v":0,"d":"0.00"}}]
["9.11.7","60 Amp triple pole Flush mounted isolator","Nº",28,{"v":255,"d":"255.00"},{"v":7140,"d":"7,140.00"},{"v":1,"d":"1.00"},{"v":0,"d":"0.00"},{"v":0,"d":"0.00"},{"v":0,"d":"0.00"},{"v":0,"d":"0.00"},{"v":0,"d":"0.00"},{"v":0,"d":"0.00"},{"v":0,"d":"0.00"},{"v":0,"d":"0.00"},{"v":0,"d":"0.00"},{"v":0,"d":"0.00"},{"v":0,"d":"0.00"},{"v":0,"d":"0.00"},{"v":0,"d":"0.00"},{"$nulls":3},{"v":0,"d":"0.00"},{"v":22,"d":"22.00"},{"v":23,"d":"23.00"},255,0,0,0,0,0,0,0,0,0,0,0,0,0,0,0,{"v":5610,"d":"5,610"},{"v":5865,"d":"5,865"},{"$f":"+E1562*Z1562","v":{"v":5865,"d":"5,865.00"}}]
["9.11.8","90 Amp Triple pole Flush mounted Equipment isolator","Nº",23,{"v":1009.33,"d":"1,009.33"},{"v":23214.59,"d":"23,214.59"},{"v":0,"d":"0.00"},{"v":0,"d":"0.00"},{"v":0,"d":"0.00"},{"v":0,"d":"0.00"},{"v":0,"d":"0.00"},{"v":0,"d":"0.00"},{"v":0,"d":"0.00"},{"v":0,"d":"0.00"},{"v":0,"d":"0.00"},{"v":0,"d":"0.00"},{"v":0,"d":"0.00"},{"v":0,"d":"0.00"},{"v":0,"d":"0.00"},{"v":0,"d":"0.00"},{"$nulls":3},{"v":0,"d":"0.00"},{"v":0,"d":"0.00"},{"v":0,"d":"0.00"},0,0,0,0,0,0,0,0,0,0,0,0,0,0,0,0,0,0,{"$f":"+E1563*Z1563","v":{"v":0,"d":"0.00"}}]
["9.11.9","100 Amp Triple pole Flush mounted Equipment isolator","Nº",19,{"v":1019.33,"d":"1,019.33"},{"v":19367.27,"d":"19,367.27"},{"v":0,"d":"0.00"},{"v":0,"d":"0.00"},{"v":0,"d":"0.00"},{"v":0,"d":"0.00"},{"v":0,"d":"0.00"},{"v":0,"d":"0.00"},{"v":0,"d":"0.00"},{"v":0,"d":"0.00"},{"v":0,"d":"0.00"},{"v":0,"d":"0.00"},{"v":0,"d":"0.00"},{"v":0,"d":"0.00"},{"v":0,"d":"0.00"},{"v":0,"d":"0.00"},{"$nulls":3},{"v":0,"d":"0.00"},{"v":0,"d":"0.00"},{"v":0,"d":"0.00"},0,0,0,0,0,0,0,0,0,0,0,0,0,0,0,0,0,0,{"$f":"+E1564*Z1564","v":{"v":0,"d":"0.00"}}]
["9.11.10","150 Amp Triple pole Flush mounted Equipment isolator","Nº",12,{"v":1583.47,"d":"1,583.47"},{"v":19001.64,"d":"19,001.64"},{"v":0,"d":"0.00"},{"v":0,"d":"0.00"},{"v":0,"d":"0.00"},{"v":0,"d":"0.00"},{"v":0,"d":"0.00"},{"v":0,"d":"0.00"},{"v":0,"d":"0.00"},{"v":0,"d":"0.00"},{"v":0,"d":"0.00"},{"v":0,"d":"0.00"},{"v":0,"d":"0.00"},{"v":0,"d":"0.00"},{"v":0,"d":"0.00"},{"v":0,"d":"0.00"},{"$nulls":3},{"v":0,"d":"0.00"},{"v":0,"d":"0.00"},{"v":0,"d":"0.00"},0,0,0,0,0,0,0,0,0,0,0,0,0,0,0,0,0,0,{"$f":"+E1565*Z1565","v":{"v":0,"d":"0.00"}}]
[{"$nulls":5}," ",{"$nulls":20},0,0,0,0,0,0,0,0,0,0,0,0,0,0,0,0,0,0]
["9.11.11","20 Amp Double pole flush wall mounted isolator","Nº",62,115.83,{"v":7181.46,"d":"7,181.46"},{"v":0,"d":"0.00"},{"v":0,"d":"0.00"},{"v":0,"d":"0.00"},{"v":0,"d":"0.00"},{"v":0,"d":"0.00"},{"v":0,"d":"0.00"},{"v":0,"d":"0.00"},{"v":0,"d":"0.00"},{"v":0,"d":"0.00"},{"v":0,"d":"0.00"},{"v":0,"d":"0.00"},{"v":0,"d":"0.00"},{"v":0,"d":"0.00"},{"v":0,"d":"0.00"},{"$nulls":3},{"v":0,"d":"0.00"},{"v":37,"d":"37.00"},{"v":37,"d":"37.00"},0,0,0,0,0,0,0,0,0,0,0,0,0,0,0,0,{"v":4285.71,"d":"4,286"},{"v":4285.71,"d":"4,286"},{"$f":"+E1567*Z1567","v":{"v":4285.71,"d":"4,285.71"}}]
["9.11.12","30 Amp Double pole Ceiling mounted isolator Cord grip","Nº",90,138.65,{"v":12478.5,"d":"12,478.50"},{"v":0,"d":"0.00"},{"v":0,"d":"0.00"},{"v":0,"d":"0.00"},{"v":0,"d":"0.00"},{"v":0,"d":"0.00"},{"v":0,"d":"0.00"},{"v":0,"d":"0.00"},{"v":0,"d":"0.00"},{"v":0,"d":"0.00"},{"v":0,"d":"0.00"},{"v":0,"d":"0.00"},{"v":0,"d":"0.00"},{"v":0,"d":"0.00"},{"v":0,"d":"0.00"},{"$nulls":3},{"v":0,"d":"0.00"},{"v":0,"d":"0.00"},{"v":0,"d":"0.00"},0,0,0,0,0,0,0,0,0,0,0,0,0,0,0,0,0,0,{"v":0,"d":"0.00"}]
["9.11.13","30 Amp Double pole Wall mounted isolator Cord grip","Nº",20,142.28,{"v":2845.6,"d":"2,845.60"},{"v":0,"d":"0.00"},{"v":0,"d":"0.00"},{"v":0,"d":"0.00"},{"v":0,"d":"0.00"},{"v":0,"d":"0.00"},{"v":0,"d":"0.00"},{"v":0,"d":"0.00"},{"v":0,"d":"0.00"},{"v":0,"d":"0.00"},{"v":0,"d":"0.00"},{"v":0,"d":"0.00"},{"v":0,"d":"0.00"},{"v":0,"d":"0.00"},{"v":0,"d":"0.00"},{"$nulls":3},{"v":0,"d":"0.00"},{"v":0,"d":"0.00"},{"v":0,"d":"0.00"},0,0,0,0,0,0,0,0,0,0,0,0,0,0,0,0,0,0,{"v":0,"d":"0.00"}]
["9.11.14","60 Amp Double pole Flush mounted Gyser isolator","Nº",36,163.03,{"v":5869.08,"d":"5,869.08"},{"v":0,"d":"0.00"},{"v":0,"d":"0.00"},{"v":0,"d":"0.00"},{"v":0,"d":"0.00"},{"v":0,"d":"0.00"},{"v":0,"d":"0.00"},{"v":0,"d":"0.00"},{"v":0,"d":"0.00"},{"v":0,"d":"0.00"},{"v":0,"d":"0.00"},{"v":0,"d":"0.00"},{"v":0,"d":"0.00"},{"v":0,"d":"0.00"},{"v":0,"d":"0.00"},{"$nulls":3},{"v":0,"d":"0.00"},{"v":5,"d":"5.00"},{"v":5,"d":"5.00"},0,0,0,0,0,0,0,0,0,0,0,0,0,0,0,0,{"v":815.15,"d":"815"},{"v":815.15,"d":"815"},815.15]
["9.11.15","80 Amp Double pole Surface mounted Gyser isolator","Nº",12,{"v":340,"d":"340.00"},{"v":4080,"d":"4,080.00"},{"v":0,"d":"0.00"},{"v":0,"d":"0.00"},{"v":0,"d":"0.00"},{"v":0,"d":"0.00"},{"v":4,"d":"4.00"},{"v":0,"d":"0.00"},{"v":0,"d":"0.00"},{"v":0,"d":"0.00"},{"v":0,"d":"0.00"},{"v":0,"d":"0.00"},{"v":0,"d":"0.00"},{"v":0,"d":"0.00"},{"v":0,"d":"0.00"},{"v":0,"d":"0.00"},{"$nulls":3},{"v":0,"d":"0.00"},{"v":0,"d":"0.00"},{"v":4,"d":"4.00"},0,0,0,0,{"v":1360,"d":"1,360"},0,0,0,0,0,0,0,0,0,0,0,0,{"v":1360,"d":"1,360"},{"v":1360,"d":"1,360.00"}]
["9.11.16","20 Amp TP weather proof isolaters complete with conduit for outdoor equipment","Nº",23,{"v":215,"d":"215.00"},{"v":4945,"d":"4,945.00"},{"v":0,"d":"0.00"},{"v":0,"d":"0.00"},{"v":0,"d":"0.00"},{"v":0,"d":"0.00"},{"v":0,"d":"0.00"},{"v":0,"d":"0.00"},{"v":0,"d":"0.00"},{"v":0,"d":"0.00"},{"v":0,"d":"0.00"},{"v":0,"d":"0.00"},{"v":0,"d":"0.00"},{"v":0,"d":"0.00"},{"v":0,"d":"0.00"},{"v":0,"d":"0.00"},{"$nulls":3},{"v":0,"d":"0.00"},{"v":49,"d":"49.00"},{"v":49,"d":"49.00"},0,0,0,0,0,0,0,0,0,0,0,0,0,0,0,0,{"v":10535,"d":"10,535"},{"v":10535,"d":"10,535"},{"v":10535,"d":"10,535.00"}]
["9.11.17","40 Amp TP weather proof isolaters complete with conduit for outdoor equipment","Nº",16,{"v":250,"d":"250.00"},{"v":4000,"d":"4,000.00"},{"v":0,"d":"0.00"},{"v":0,"d":"0.00"},{"v":0,"d":"0.00"},{"v":0,"d":"0.00"},{"v":0,"d":"0.00"},{"v":0,"d":"0.00"},{"v":0,"d":"0.00"},{"v":0,"d":"0.00"},{"v":0,"d":"0.00"},{"v":0,"d":"0.00"},{"v":0,"d":"0.00"},{"v":0,"d":"0.00"},{"v":0,"d":"0.00"},{"v":0,"d":"0.00"},{"$nulls":3},{"v":0,"d":"0.00"},{"v":3,"d":"3.00"},{"v":3,"d":"3.00"},0,0,0,0,0,0,0,0,0,0,0,0,0,0,0,0,750,750,{"v":750,"d":"750.00"}]
["9.11.18","60 Amp TP weather proof isolaters complete with conduit for outdoor equipment","Nº",34,{"v":280,"d":"280.00"},{"v":9520,"d":"9,520.00"},{"v":0,"d":"0.00"},{"v":0,"d":"0.00"},{"v":0,"d":"0.00"},{"v":0,"d":"0.00"},{"v":0,"d":"0.00"},{"v":0,"d":"0.00"},{"v":0,"d":"0.00"},{"v":0,"d":"0.00"},{"v":0,"d":"0.00"},{"v":0,"d":"0.00"},{"v":0,"d":"0.00"},{"v":0,"d":"0.00"},{"v":0,"d":"0.00"},{"v":0,"d":"0.00"},{"$nulls":3},{"v":0,"d":"0.00"},{"v":0,"d":"0.00"},{"v":0,"d":"0.00"},0,0,0,0,0,0,0,0,0,0,0,0,0,0,0,0,0,0,{"v":0,"d":"0.00"}]
["9.11.19","100 Amp TP weather proof isolaters complete with conduit for outdoor equipment","Nº",12,{"v":1059.43,"d":"1,059.43"},{"v":12713.16,"d":"12,713.16"},{"v":0,"d":"0.00"},{"v":0,"d":"0.00"},{"v":0,"d":"0.00"},{"v":0,"d":"0.00"},{"v":0,"d":"0.00"},{"v":0,"d":"0.00"},{"v":0,"d":"0.00"},{"v":0,"d":"0.00"},{"v":0,"d":"0.00"},{"v":0,"d":"0.00"},{"v":0,"d":"0.00"},{"v":0,"d":"0.00"},{"v":0,"d":"0.00"},{"v":0,"d":"0.00"},{"$nulls":3},{"v":0,"d":"0.00"},{"v":0,"d":"0.00"},{"v":0,"d":"0.00"},0,0,0,0,0,0,0,0,0,0,0,0,0,0,0,0,0,0,{"v":0,"d":"0.00"}]
[]
[]
[null,"Amount Carried Forward ",{"$nulls":3},{"$f":"SUM(F1539:F1577)","v":{"v":3747485.08,"d":"3,747,485.08"}},{"$nulls":38},{"$f":"SUM(AS1539:AS1577)","v":{"v":1396335.3699999999,"d":"1,396,335.37"}}]
[]
["MAIN HOSPITAL ELECTRICAL INSTALLATION"]
["CECILIA MAKIWANE HOSPITAL : PHASE 4C"]
[]
[{"$f":"A1537","v":"BILL NO. 9 : POWER RETICULATION EQUIPMENT (SMME PACKAGE No 7)"}]
["ITEM","DESCRIPTION","UNIT","QTY","RATE","TENDER AMOUNT","A","B","D-LV03","E1-LV03","E2","F1","F2","G1","G2","H1","H2","J1","J2","J3",null,"G/House",null,"N","Other","Total Qty","A","B","D","E1","E2","F1","F2","G1","G2","H1","H2","J1","J2","J3","K","N","Other","Total Amount","Total Claimed"]
[null,"AMOUNT CARRIED FORWARD FROM PREVIOUS BILL",{"$nulls":3},{"$f":"F1578","v":{"v":3747485.08,"d":"3,747,485.08"}},{"$nulls":38},{"$f":"AS1578","v":{"v":1396335.3699999999,"d":"1,396,335.37"}}]
[]
["9.12.","AIR CONDITIONING & EXTRACTION SUPPLY POINTS"]
[null,"Supply and install complete Air conditioning points including all cables, isolators and associated equipment."]
["9.12.1","AC Point (20Amp Single phase) Split A/C Unit","each",24,175.56,{"$f":"$D1589*E1589","v":{"v":4213.4400000000005,"d":"4,213.44"}},{"v":0,"d":"0.00"},{"v":0,"d":"0.00"},{"v":0,"d":"0.00"},{"v":0,"d":"0.00"},{"v":0,"d":"0.00"},{"v":0,"d":"0.00"},{"v":0,"d":"0.00"},{"v":0,"d":"0.00"},{"v":0,"d":"0.00"},{"v":0,"d":"0.00"},{"v":0,"d":"0.00"},{"v":0,"d":"0.00"},{"v":0,"d":"0.00"},{"v":0,"d":"0.00"},{"$nulls":3},{"v":0,"d":"0.00"},{"v":0,"d":"0.00"},{"$f":"SUM(G1589:Y1589)","v":{"v":0,"d":"0.00"}},{"$f":"G1589*E1589","v":0},{"$f":"H1589*E1589","v":0},{"$f":"I1589*E1589","v":0},{"$f":"J1589*E1589","v":0},{"$f":"K1589*E1589","v":0},{"$f":"L1589*E1589","v":0},{"$f":"+M1589*E1589","v":0},{"$f":"N1589*E1589","v":0},{"$f":"O1589*E1589","v":0},{"$f":"P1589*E1589","v":0},{"$f":"Q1589*E1589","v":0},{"$f":"R1589*E1589","v":0},{"$f":"S1589*E1589","v":0},{"$f":"T1589*E1589","v":0},{"$f":"W1589*E1589","v":0},{"$f":"X1589*E1589","v":0},{"$f":"Y1589*E1589","v":0},{"$f":"SUM(AA1589:AQ1589)","v":0},{"$f":"+E1589*Z1589","v":{"v":0,"d":"0.00"}}]
["9.12.2","AC Point (30Amp Three phase) Split A/C Unit","each",67,222.51,{"$f":"$D1590*E1590","v":{"v":14908.17,"d":"14,908.17"}},{"v":0,"d":"0.00"},{"v":0,"d":"0.00"},{"v":0,"d":"0.00"},{"v":0,"d":"0.00"},{"v":0,"d":"0.00"},{"v":0,"d":"0.00"},{"v":0,"d":"0.00"},{"v":0,"d":"0.00"},{"v":0,"d":"0.00"},{"v":0,"d":"0.00"},{"v":0,"d":"0.00"},{"v":0,"d":"0.00"},{"v":0,"d":"0.00"},{"v":0,"d":"0.00"},{"$nulls":3},{"v":0,"d":"0.00"},{"v":0,"d":"0.00"},{"$f":"SUM(G1590:Y1590)","v":{"v":0,"d":"0.00"}},0,0,0,0,0,0,0,0,0,0,0,0,0,0,0,0,0,{"$f":"SUM(AA1590:AQ1590)","v":0},{"$f":"+E1590*Z1590","v":{"v":0,"d":"0.00"}}]
["9.12.3","AC Point (20Amp Single phase) Extract Fan Unit","each",82,175.56,{"$f":"$D1591*E1591","v":{"v":14395.92,"d":"14,395.92"}},{"v":0,"d":"0.00"},{"v":0,"d":"0.00"},{"v":0,"d":"0.00"},{"v":0,"d":"0.00"},{"v":0,"d":"0.00"},{"v":0,"d":"0.00"},{"v":0,"d":"0.00"},{"v":0,"d":"0.00"},{"v":0,"d":"0.00"},{"v":0,"d":"0.00"},{"v":0,"d":"0.00"},{"v":0,"d":"0.00"},{"v":0,"d":"0.00"},{"v":0,"d":"0.00"},{"$nulls":3},{"v":0,"d":"0.00"},{"v":0,"d":"0.00"},{"$f":"SUM(G1591:Y1591)","v":{"v":0,"d":"0.00"}},0,0,0,0,0,0,0,0,0,0,0,0,0,0,0,0,0,0,{"$f":"+E1591*Z1591","v":{"v":0,"d":"0.00"}}]
["9.12.4","AC Point (30Amp Single phase) Extract Fan Unit","each",97,175.56,{"$f":"$D1592*E1592","v":{"v":17029.32,"d":"17,029.32"}},{"v":0,"d":"0.00"},{"v":0,"d":"0.00"},{"v":0,"d":"0.00"},{"v":0,"d":"0.00"},{"v":0,"d":"0.00"},{"v":0,"d":"0.00"},{"v":0,"d":"0.00"},{"v":0,"d":"0.00"},{"v":0,"d":"0.00"},{"v":0,"d":"0.00"},{"v":0,"d":"0.00"},{"v":0,"d":"0.00"},{"v":0,"d":"0.00"},{"v":0,"d":"0.00"},{"$nulls":3},{"v":0,"d":"0.00"},{"v":0,"d":"0.00"},{"$f":"SUM(G1592:Y1592)","v":{"v":0,"d":"0.00"}},0,0,0,0,0,0,0,0,0,0,0,0,0,0,0,0,0,0,{"$f":"+E1592*Z1592","v":{"v":0,"d":"0.00"}}]
[null," "," "," ",{"$nulls":22},0,0,0,0,0,0,0,0,0,0,0,0,0,0,0,0,0,0]
[9.13,"GALVANISED DRAW WIRE",{"$nulls":24},0,0,0,0,0,0,0,0,0,0,0,0,0,0,0,0,0,0]
[{"$nulls":26},0,0,0,0,0,0,0,0,0,0,0,0,0,0,0,0,0,0]
["9.13.1","Galvanised Draw 2.5mm wire drawn into conduit for Spare electrical, Data and Telephone Sleeves. ",{"$nulls":24},0,0,0,0,0,0,0,0,0,0,0,0,0,0,0,0,0,0]
[null,"       Supply","m",{"v":8700,"d":"8,700"},0.35,{"$f":"$D1597*E1597","v":{"v":3045,"d":"3,045.00"}},{"v":0,"d":"0.00"},{"v":0,"d":"0.00"},{"v":0,"d":"0.00"},{"v":0,"d":"0.00"},{"v":547,"d":"547.00"},{"v":547,"d":"547.00"},{"v":547,"d":"547.00"},{"v":265,"d":"265.00"},{"v":265,"d":"265.00"},{"v":50,"d":"50.00"},{"v":80,"d":"80.00"},{"v":547,"d":"547.00"},{"v":547,"d":"547.00"},{"v":0,"d":"0.00"},{"$nulls":3},{"v":85,"d":"85.00"},{"v":6300,"d":"6,300.00"},{"$f":"SUM(G1597:Y1597)","v":{"v":9780,"d":"9,780.00"}},0,0,0,0,{"v":191.45,"d":"191"},{"v":191.45,"d":"191"},{"v":191.45,"d":"191"},{"v":92.75,"d":"93"},{"v":92.75,"d":"93"},{"v":17.5,"d":"18"},28,{"v":191.45,"d":"191"},{"v":191.45,"d":"191"},0,0,{"v":29.749999999999996,"d":"30"},{"v":2205,"d":"2,205"},{"v":3423,"d":"3,423"},{"$f":"+E1597*Z1597","v":{"v":3423,"d":"3,423.00"}}]
[null,"       Install","m",{"$f":"D1597","v":{"v":8700,"d":"8,700"}},{"v":1.2,"d":"1.20"},{"$f":"$D1598*E1598","v":{"v":10440,"d":"10,440.00"}},{"v":0,"d":"0.00"},{"v":0,"d":"0.00"},{"v":0,"d":"0.00"},{"v":0,"d":"0.00"},{"v":547,"d":"547.00"},{"v":0,"d":"0.00"},{"v":0,"d":"0.00"},{"v":28,"d":"28.00"},{"v":0,"d":"0.00"},{"v":0,"d":"0.00"},{"v":0,"d":"0.00"},{"v":0,"d":"0.00"},{"v":0,"d":"0.00"},{"v":0,"d":"0.00"},{"$nulls":3},{"v":0,"d":"0.00"},{"v":0,"d":"0.00"},{"$f":"SUM(G1598:Y1598)","v":{"v":575,"d":"575.00"}},0,0,0,0,{"v":656.4,"d":"656"},0,0,{"v":33.6,"d":"34"},0,0,0,0,0,0,0,0,0,690,{"$f":"+E1598*Z1598","v":{"v":690,"d":"690.00"}}]
[{"$nulls":5}," ",{"$nulls":20},0,0,0,0,0,0,0,0,0,0,0,0,0,0,0,0,0,0]
[9.14,"POWER SKIRTING",{"$nulls":3}," ",{"$nulls":20},0,0,0,0,0,0,0,0,0,0,0,0,0,0,0,0,0,0]
[{"$nulls":5}," ",{"$nulls":20},0,0,0,0,0,0,0,0,0,0,0,0,0,0,0,0,0,0]
["9.14.1","Fixed on walls or worktops (N8/3) 3-Compartment powerskirting , complete with covers "," ",null,null," ",{"$nulls":20},0,0,0,0,0,0,0,0,0,0,0,0,0,0,0,0,0,0]
[null,"       Supply","m",{"v":1200,"d":"1,200"},161.14,{"$f":"$D1603*E1603","v":{"v":193367.99999999997,"d":"193,368.00"}},{"v":0,"d":"0.00"},{"v":0,"d":"0.00"},{"v":0,"d":"0.00"},{"v":0,"d":"0.00"},{"v":135,"d":"135.00"},{"v":82,"d":"82.00"},{"v":82,"d":"82.00"},{"v":35,"d":"35.00"},{"v":50,"d":"50.00"},{"v":50,"d":"50.00"},{"v":80,"d":"80.00"},{"v":108,"d":"108.00"},{"v":96,"d":"96.00"},{"v":0,"d":"0.00"},{"$nulls":3},{"v":0,"d":"0.00"},{"v":0,"d":"0.00"},{"$f":"SUM(G1603:Y1603)","v":{"v":718,"d":"718.00"}},0,0,0,0,{"v":21753.899999999998,"d":"21,754"},{"v":13213.48,"d":"13,213"},{"v":13213.48,"d":"13,213"},{"v":5639.9,"d":"5,640"},{"v":8056.999999999999,"d":"8,057"},{"v":8056.999999999999,"d":"8,057"},{"v":12891.199999999999,"d":"12,891"},{"v":17403.12,"d":"17,403"},{"v":15469.439999999999,"d":"15,469"},0,0,0,0,{"v":115698.51999999999,"d":"115,699"},{"$f":"+E1603*Z1603","v":{"v":115698.51999999999,"d":"115,698.52"}}]
[null,"       Install","m",{"$f":"D1603","v":{"v":1200,"d":"1,200"}},{"v":29,"d":"29.00"},{"$f":"$D1604*E1604","v":{"v":34800,"d":"34,800.00"}},{"v":0,"d":"0.00"},{"v":0,"d":"0.00"},{"v":0,"d":"0.00"},{"v":0,"d":"0.00"},{"v":135,"d":"135.00"},{"v":82,"d":"82.00"},{"v":82,"d":"82.00"},{"v":65,"d":"65.00"},{"v":62,"d":"62.00"},{"v":50,"d":"50.00"},{"v":80,"d":"80.00"},{"v":108,"d":"108.00"},{"v":96,"d":"96.00"},{"v":0,"d":"0.00"},{"$nulls":3},{"v":0,"d":"0.00"},{"v":0,"d":"0.00"},{"$f":"SUM(G1604:Y1604)","v":{"v":760,"d":"760.00"}},0,0,0,0,{"v":3915,"d":"3,915"},{"v":2378,"d":"2,378"},{"v":2378,"d":"2,378"},{"v":1885,"d":"1,885"},{"v":1798,"d":"1,798"},{"v":1450,"d":"1,450"},{"v":2320,"d":"2,320"},{"v":3132,"d":"3,132"},{"v":2784,"d":"2,784"},0,0,0,0,{"v":22040,"d":"22,040"},{"$f":"+E1604*Z1604","v":{"v":22040,"d":"22,040.00"}}]
[{"$nulls":5}," ",{"$nulls":20},0,0,0,0,0,0,0,0,0,0,0,0,0,0,0,0,0,0]
["9.14.2","Covers fixed onto the powerskirting:",{"$nulls":3}," ",{"$nulls":20},0,0,0,0,0,0,0,0,0,0,0,0,0,0,0,0,0,0]
[null,"       Supply","m",{"v":1100,"d":"1,100"},16.43,{"$f":"$D1607*E1607","v":{"v":18073,"d":"18,073.00"}},{"v":0,"d":"0.00"},{"v":0,"d":"0.00"},{"v":0,"d":"0.00"},{"v":0,"d":"0.00"},{"v":135,"d":"135.00"},{"v":82,"d":"82.00"},{"v":82,"d":"82.00"},{"v":35,"d":"35.00"},{"v":50,"d":"50.00"},{"v":12,"d":"12.00"},{"v":14,"d":"14.00"},{"v":108,"d":"108.00"},{"v":96,"d":"96.00"},{"v":0,"d":"0.00"},{"$nulls":3},{"v":0,"d":"0.00"},{"v":0,"d":"0.00"},{"$f":"SUM(G1607:Y1607)","v":{"v":614,"d":"614.00"}},0,0,0,0,{"v":2218.05,"d":"2,218"},{"v":1347.26,"d":"1,347"},{"v":1347.26,"d":"1,347"},{"v":575.05,"d":"575"},{"v":821.5,"d":"822"},{"v":197.16,"d":"197"},{"v":230.01999999999998,"d":"230"},{"v":1774.44,"d":"1,774"},{"v":1577.28,"d":"1,577"},0,0,0,0,{"v":10088.020000000002,"d":"10,088"},{"$f":"+E1607*Z1607","v":{"v":10088.02,"d":"10,088.02"}}]
[null,"       Install","m",{"$f":"D1607","v":{"v":1100,"d":"1,100"}},{"v":5,"d":"5.00"},{"$f":"$D1608*E1608","v":{"v":5500,"d":"5,500.00"}},{"v":0,"d":"0.00"},{"v":0,"d":"0.00"},{"v":0,"d":"0.00"},{"v":0,"d":"0.00"},{"v":135,"d":"135.00"},{"v":82,"d":"82.00"},{"v":82,"d":"82.00"},{"v":65,"d":"65.00"},{"v":62,"d":"62.00"},{"v":12,"d":"12.00"},{"v":14,"d":"14.00"},{"v":108,"d":"108.00"},{"v":96,"d":"96.00"},{"v":0,"d":"0.00"},{"$nulls":3},{"v":0,"d":"0.00"},{"v":0,"d":"0.00"},{"$f":"SUM(G1608:Y1608)","v":{"v":656,"d":"656.00"}},0,0,0,0,675,410,410,325,310,60,70,540,480,0,0,0,0,{"v":3280,"d":"3,280"},{"$f":"+E1608*Z1608","v":{"v":3280,"d":"3,280.00"}}]
[{"$nulls":5}," ",{"$nulls":20},0,0,0,0,0,0,0,0,0,0,0,0,0,0,0,0,0,0]
["9.14.3","Endcap",{"$nulls":3}," ",{"$nulls":20},0,0,0,0,0,0,0,0,0,0,0,0,0,0,0,0,0,0]
[null,"       Supply","each",268,26.25,{"$f":"$D1611*E1611","v":{"v":7035,"d":"7,035.00"}},{"v":0,"d":"0.00"},{"v":0,"d":"0.00"},{"v":0,"d":"0.00"},{"v":0,"d":"0.00"},{"v":26,"d":"26.00"},{"v":26,"d":"26.00"},{"v":26,"d":"26.00"},{"v":4,"d":"4.00"},{"v":4,"d":"4.00"},{"v":4,"d":"4.00"},{"v":16,"d":"16.00"},{"v":22,"d":"22.00"},{"v":18,"d":"18.00"},{"v":0,"d":"0.00"},{"$nulls":3},{"v":0,"d":"0.00"},{"v":0,"d":"0.00"},{"$f":"SUM(G1611:Y1611)","v":{"v":146,"d":"146.00"}},0,0,0,0,{"v":682.5,"d":"683"},{"v":682.5,"d":"683"},{"v":682.5,"d":"683"},105,105,105,420,{"v":577.5,"d":"578"},{"v":472.5,"d":"473"},0,0,0,0,{"v":3832.5,"d":"3,833"},{"$f":"+E1611*Z1611","v":{"v":3832.5,"d":"3,832.50"}}]
[null,"       Install","each",{"$f":"D1611","v":268},{"v":15,"d":"15.00"},{"$f":"$D1612*E1612","v":{"v":4020,"d":"4,020.00"}},{"v":0,"d":"0.00"},{"v":0,"d":"0.00"},{"v":0,"d":"0.00"},{"v":0,"d":"0.00"},{"v":26,"d":"26.00"},{"v":26,"d":"26.00"},{"v":26,"d":"26.00"},{"v":8,"d":"8.00"},{"v":44,"d":"44.00"},{"v":4,"d":"4.00"},{"v":16,"d":"16.00"},{"v":22,"d":"22.00"},{"v":18,"d":"18.00"},{"v":0,"d":"0.00"},{"$nulls":3},{"v":0,"d":"0.00"},{"v":0,"d":"0.00"},{"$f":"SUM(G1612:Y1612)","v":{"v":190,"d":"190.00"}},0,0,0,0,390,390,390,120,660,60,240,330,270,0,0,0,0,{"v":2850,"d":"2,850"},{"$f":"+E1612*Z1612","v":{"v":2850,"d":"2,850.00"}}]
[{"$nulls":5}," ",{"$nulls":20},0,0,0,0,0,0,0,0,0,0,0,0,0,0,0,0,0,0]
["9.14.4","Internal Bends",null," ",null," ",{"$nulls":20},0,0,0,0,0,0,0,0,0,0,0,0,0,0,0,0,0,0]
[null,"       Supply","each",40,{"v":37.8,"d":"37.80"},{"$f":"$D1615*E1615","v":{"v":1512,"d":"1,512.00"}},{"v":0,"d":"0.00"},{"v":0,"d":"0.00"},{"v":0,"d":"0.00"},{"v":0,"d":"0.00"},{"v":9,"d":"9.00"},{"v":9,"d":"9.00"},{"v":9,"d":"9.00"},{"v":0,"d":"0.00"},{"v":0,"d":"0.00"},{"v":0,"d":"0.00"},{"v":0,"d":"0.00"},{"v":9,"d":"9.00"},{"v":8,"d":"8.00"},{"v":0,"d":"0.00"},{"$nulls":3},{"v":0,"d":"0.00"},{"v":0,"d":"0.00"},{"$f":"SUM(G1615:Y1615)","v":{"v":44,"d":"44.00"}},0,0,0,0,{"v":340.2,"d":"340"},{"v":340.2,"d":"340"},{"v":340.2,"d":"340"},0,0,0,0,{"v":340.2,"d":"340"},{"v":302.4,"d":"302"},0,0,0,0,{"v":1663.1999999999998,"d":"1,663"},{"$f":"+E1615*Z1615","v":{"v":1663.1999999999998,"d":"1,663.20"}}]
[null,"       Install","each",{"$f":"D1615","v":40},{"v":60,"d":"60.00"},{"$f":"$D1616*E1616","v":{"v":2400,"d":"2,400.00"}},{"v":0,"d":"0.00"},{"v":0,"d":"0.00"},{"v":0,"d":"0.00"},{"v":0,"d":"0.00"},{"v":9,"d":"9.00"},{"v":9,"d":"9.00"},{"v":9,"d":"9.00"},{"v":43,"d":"43.00"},{"v":12,"d":"12.00"},{"v":0,"d":"0.00"},{"v":0,"d":"0.00"},{"v":9,"d":"9.00"},{"v":8,"d":"8.00"},{"v":0,"d":"0.00"},{"$nulls":3},{"v":0,"d":"0.00"},{"v":0,"d":"0.00"},{"$f":"SUM(G1616:Y1616)","v":{"v":99,"d":"99.00"}},0,0,0,0,540,540,540,{"v":2580,"d":"2,580"},720,0,0,540,480,0,0,0,0,{"v":5940,"d":"5,940"},{"$f":"+E1616*Z1616","v":{"v":5940,"d":"5,940.00"}}]
[{"$nulls":5}," ",{"$nulls":20},0,0,0,0,0,0,0,0,0,0,0,0,0,0,0,0,0,0]
["9.14.5","External Bends",{"$nulls":3}," ",{"$nulls":20},0,0,0,0,0,0,0,0,0,0,0,0,0,0,0,0,0,0]
[null,"       Supply","each",38,37.95,{"$f":"$D1619*E1619","v":{"v":1442.1000000000001,"d":"1,442.10"}},{"v":0,"d":"0.00"},{"v":0,"d":"0.00"},{"v":0,"d":"0.00"},{"v":0,"d":"0.00"},{"v":9,"d":"9.00"},{"v":9,"d":"9.00"},{"v":9,"d":"9.00"},{"v":6,"d":"6.00"},{"v":11,"d":"11.00"},{"v":0,"d":"0.00"},{"v":0,"d":"0.00"},{"v":0,"d":"0.00"},{"v":0,"d":"0.00"},{"v":0,"d":"0.00"},{"$nulls":3},{"v":0,"d":"0.00"},{"v":0,"d":"0.00"},{"$f":"SUM(G1619:Y1619)","v":{"v":44,"d":"44.00"}},0,0,0,0,{"v":341.55,"d":"342"},{"v":341.55,"d":"342"},{"v":341.55,"d":"342"},{"v":227.70000000000002,"d":"228"},{"v":417.45000000000005,"d":"417"},0,0,0,0,0,0,0,0,{"v":1669.8000000000002,"d":"1,670"},{"$f":"+E1619*Z1619","v":{"v":1669.8000000000002,"d":"1,669.80"}}]
[null,"       Install","each",{"$f":"D1619","v":38},{"v":60,"d":"60.00"},{"$f":"$D1620*E1620","v":{"v":2280,"d":"2,280.00"}},{"v":0,"d":"0.00"},{"v":0,"d":"0.00"},{"v":0,"d":"0.00"},{"v":0,"d":"0.00"},{"v":9,"d":"9.00"},{"v":0,"d":"0.00"},{"v":0,"d":"0.00"},{"v":0,"d":"0.00"},{"v":8,"d":"8.00"},{"v":0,"d":"0.00"},{"v":0,"d":"0.00"},{"v":0,"d":"0.00"},{"v":0,"d":"0.00"},{"v":0,"d":"0.00"},{"$nulls":3},{"v":0,"d":"0.00"},{"v":0,"d":"0.00"},{"$f":"SUM(G1620:Y1620)","v":{"v":17,"d":"17.00"}},0,0,0,0,540,0,0,0,480,0,0,0,0,0,0,0,0,{"v":1020,"d":"1,020"},{"$f":"+E1620*Z1620","v":{"v":1020,"d":"1,020.00"}}]
[{"$nulls":5}," ",{"$nulls":20},{"$f":"G1621*E1621","v":0},{"$f":"H1621*E1621","v":0},{"$f":"I1621*E1621","v":0},{"$f":"J1621*E1621","v":0},{"$f":"K1621*E1621","v":0},{"$f":"L1621*E1621","v":0},{"$f":"+M1621*E1621","v":0},{"$f":"N1621*E1621","v":0},{"$f":"O1621*E1621","v":0},{"$f":"P1621*E1621","v":0},{"$f":"Q1621*E1621","v":0},{"$f":"R1621*E1621","v":0},{"$f":"S1621*E1621","v":0},{"$f":"T1621*E1621","v":0},{"$f":"W1621*E1621","v":0},{"$f":"X1621*E1621","v":0},{"$f":"Y1621*E1621","v":0},0]
[9.15,"3F FLOOR DUCT",{"$nulls":3}," ",{"$nulls":20},0,0,0,0,0,0,0,0,0,0,0,0,0,0,0,0,0,0]
[{"$nulls":26},0,0,0,0,0,0,0,0,0,0,0,0,0,0,0,0,0,0,{"$f":"+E1623*Z1623","v":{"v":0,"d":"0.00"}}]
[" ","Supply, deliver and store 3F Galvanised Floor Duct system Trunking.",{"$nulls":3}," ",{"$nulls":20},0,0,0,0,0,0,0,0,0,0,0,0,0,0,0,0,0,0]
[{"$nulls":5}," ",{"$nulls":20},0,0,0,0,0,0,0,0,0,0,0,0,0,0,0,0,0,0]
["9.15.1","Duct"," ",null,null," ",{"$nulls":20},0,0,0,0,0,0,0,0,0,0,0,0,0,0,0,0,0,0]
[null,"       Supply","m",120,248.16,{"$f":"$D1627*E1627","v":{"v":29779.2,"d":"29,779.20"}},{"v":0,"d":"0.00"},{"v":0,"d":"0.00"},{"v":0,"d":"0.00"},{"v":0,"d":"0.00"},{"v":0,"d":"0.00"},{"v":0,"d":"0.00"},{"v":0,"d":"0.00"},{"v":0,"d":"0.00"},{"v":0,"d":"0.00"},{"v":0,"d":"0.00"},{"v":0,"d":"0.00"},{"v":0,"d":"0.00"},{"v":0,"d":"0.00"},{"v":0,"d":"0.00"},{"$nulls":3},{"v":0,"d":"0.00"},{"v":0,"d":"0.00"},{"$f":"SUM(G1627:Y1627)","v":{"v":0,"d":"0.00"}},0,0,0,0,0,0,0,0,0,0,0,0,0,0,0,0,0,0,{"$f":"+E1627*Z1627","v":{"v":0,"d":"0.00"}}]
[null,"       Install","m",{"$f":"D1627","v":120},{"v":39,"d":"39.00"},{"$f":"$D1628*E1628","v":{"v":4680,"d":"4,680.00"}},{"v":0,"d":"0.00"},{"v":0,"d":"0.00"},{"v":0,"d":"0.00"},{"v":0,"d":"0.00"},{"v":0,"d":"0.00"},{"v":0,"d":"0.00"},{"v":0,"d":"0.00"},{"v":0,"d":"0.00"},{"v":0,"d":"0.00"},{"v":0,"d":"0.00"},{"v":0,"d":"0.00"},{"v":0,"d":"0.00"},{"v":0,"d":"0.00"},{"v":0,"d":"0.00"},{"$nulls":3},{"v":0,"d":"0.00"},{"v":0,"d":"0.00"},{"$f":"SUM(G1628:Y1628)","v":{"v":0,"d":"0.00"}},0,0,0,0,0,0,0,0,0,0,0,0,0,0,0,0,0,0,{"$f":"+E1628*Z1628","v":{"v":0,"d":"0.00"}}]
[{"$nulls":5}," ",{"$nulls":20},0,0,0,0,0,0,0,0,0,0,0,0,0,0,0,0,0,0]
["9.15.2","Cover plate"," ",null,null," ",{"$nulls":20},0,0,0,0,0,0,0,0,0,0,0,0,0,0,0,0,0,0]
[null,"       Supply","m",{"$f":"D1628","v":120},{"v":5,"d":"5.00"},{"$f":"$D1631*E1631","v":{"v":600,"d":"600.00"}},{"v":0,"d":"0.00"},{"v":0,"d":"0.00"},{"v":0,"d":"0.00"},{"v":0,"d":"0.00"},{"v":0,"d":"0.00"},{"v":0,"d":"0.00"},{"v":0,"d":"0.00"},{"v":0,"d":"0.00"},{"v":0,"d":"0.00"},{"v":0,"d":"0.00"},{"v":0,"d":"0.00"},{"v":0,"d":"0.00"},{"v":0,"d":"0.00"},{"v":0,"d":"0.00"},{"$nulls":3},{"v":0,"d":"0.00"},{"v":0,"d":"0.00"},{"$f":"SUM(G1631:Y1631)","v":{"v":0,"d":"0.00"}},0,0,0,0,0,0,0,0,0,0,0,0,0,0,0,0,0,0,{"$f":"+E1631*Z1631","v":{"v":0,"d":"0.00"}}]
[null,"       Install","m",{"$f":"D1631","v":120},{"v":5,"d":"5.00"},{"$f":"$D1632*E1632","v":{"v":600,"d":"600.00"}},{"v":0,"d":"0.00"},{"v":0,"d":"0.00"},{"v":0,"d":"0.00"},{"v":0,"d":"0.00"},{"v":0,"d":"0.00"},{"v":0,"d":"0.00"},{"v":0,"d":"0.00"},{"v":0,"d":"0.00"},{"v":0,"d":"0.00"},{"v":0,"d":"0.00"},{"v":0,"d":"0.00"},{"v":0,"d":"0.00"},{"v":0,"d":"0.00"},{"v":0,"d":"0.00"},{"$nulls":3},{"v":0,"d":"0.00"},{"v":0,"d":"0.00"},{"$f":"SUM(G1632:Y1632)","v":{"v":0,"d":"0.00"}},0,0,0,0,0,0,0,0,0,0,0,0,0,0,0,0,0,0,{"$f":"+E1632*Z1632","v":{"v":0,"d":"0.00"}}]
[{"$nulls":5}," ",{"$nulls":20},0,0,0,0,0,0,0,0,0,0,0,0,0,0,0,0,0,0]
["9.15.3","Universal Draw Box"," ",null,null," ",{"$nulls":20},0,0,0,0,0,0,0,0,0,0,0,0,0,0,0,0,0,0]
[null,"       Supply","each",12,318.96,{"$f":"$D1635*E1635","v":{"v":3827.5199999999995,"d":"3,827.52"}},{"v":0,"d":"0.00"},{"v":0,"d":"0.00"},{"v":0,"d":"0.00"},{"v":0,"d":"0.00"},{"v":0,"d":"0.00"},{"v":0,"d":"0.00"},{"v":0,"d":"0.00"},{"v":0,"d":"0.00"},{"v":0,"d":"0.00"},{"v":0,"d":"0.00"},{"v":0,"d":"0.00"},{"v":0,"d":"0.00"},{"v":0,"d":"0.00"},{"v":0,"d":"0.00"},{"$nulls":3},{"v":0,"d":"0.00"},{"v":0,"d":"0.00"},{"$f":"SUM(G1635:Y1635)","v":{"v":0,"d":"0.00"}},0,0,0,0,0,0,0,0,0,0,0,0,0,0,0,0,0,0,{"$f":"+E1635*Z1635","v":{"v":0,"d":"0.00"}}]
[null,"       Install","each",{"$f":"D1635","v":12},{"v":60,"d":"60.00"},{"$f":"$D1636*E1636","v":{"v":720,"d":"720.00"}},{"v":0,"d":"0.00"},{"v":0,"d":"0.00"},{"v":0,"d":"0.00"},{"v":0,"d":"0.00"},{"v":0,"d":"0.00"},{"v":0,"d":"0.00"},{"v":0,"d":"0.00"},{"v":0,"d":"0.00"},{"v":0,"d":"0.00"},{"v":0,"d":"0.00"},{"v":0,"d":"0.00"},{"v":0,"d":"0.00"},{"v":0,"d":"0.00"},{"v":0,"d":"0.00"},{"$nulls":3},{"v":0,"d":"0.00"},{"v":0,"d":"0.00"},{"$f":"SUM(G1636:Y1636)","v":{"v":0,"d":"0.00"}},0,0,0,0,0,0,0,0,0,0,0,0,0,0,0,0,0,0,{"$f":"+E1636*Z1636","v":{"v":0,"d":"0.00"}}]
[{"$nulls":5}," ",{"$nulls":20},0,0,0,0,0,0,0,0,0,0,0,0,0,0,0,0,0,0]
["9.15.4","External Splices"," ",null,null," ",{"$nulls":20},0,0,0,0,0,0,0,0,0,0,0,0,0,0,0,0,0,0]
[null,"       Supply","each",20,19.04,{"$f":"$D1639*E1639","v":{"v":380.79999999999995,"d":"380.80"}},{"v":0,"d":"0.00"},{"v":0,"d":"0.00"},{"v":0,"d":"0.00"},{"v":0,"d":"0.00"},{"v":0,"d":"0.00"},{"v":0,"d":"0.00"},{"v":0,"d":"0.00"},{"v":0,"d":"0.00"},{"v":0,"d":"0.00"},{"v":0,"d":"0.00"},{"v":0,"d":"0.00"},{"v":0,"d":"0.00"},{"v":0,"d":"0.00"},{"v":0,"d":"0.00"},{"$nulls":3},{"v":0,"d":"0.00"},{"v":0,"d":"0.00"},{"$f":"SUM(G1639:Y1639)","v":{"v":0,"d":"0.00"}},0,0,0,0,0,0,0,0,0,0,0,0,0,0,0,0,0,0,{"$f":"+E1639*Z1639","v":{"v":0,"d":"0.00"}}]
[null,"       Install","each",{"$f":"D1639","v":20},{"v":20,"d":"20.00"},{"$f":"$D1640*E1640","v":{"v":400,"d":"400.00"}},{"v":0,"d":"0.00"},{"v":0,"d":"0.00"},{"v":0,"d":"0.00"},{"v":0,"d":"0.00"},{"v":0,"d":"0.00"},{"v":0,"d":"0.00"},{"v":0,"d":"0.00"},{"v":0,"d":"0.00"},{"v":0,"d":"0.00"},{"v":0,"d":"0.00"},{"v":0,"d":"0.00"},{"v":0,"d":"0.00"},{"v":0,"d":"0.00"},{"v":0,"d":"0.00"},{"$nulls":3},{"v":0,"d":"0.00"},{"v":0,"d":"0.00"},{"$f":"SUM(G1640:Y1640)","v":{"v":0,"d":"0.00"}},0,0,0,0,0,0,0,0,0,0,0,0,0,0,0,0,0,0,{"$f":"+E1640*Z1640","v":{"v":0,"d":"0.00"}}]
[]
[]
[null,"Amount Carried Forward ",{"$nulls":3},{"$f":"SUM(F1585:F1642)","v":{"v":4122934.55,"d":"4,122,934.55"}},{"$nulls":38},{"$f":"SUM(AS1585:AS1642)","v":{"v":1568530.41,"d":"1,568,530.41"}}]
[]
["MAIN HOSPITAL ELECTRICAL INSTALLATION"]
["CECILIA MAKIWANE HOSPITAL : PHASE 4C"]
[]
[{"$f":"A1583","v":"BILL NO. 9 : POWER RETICULATION EQUIPMENT (SMME PACKAGE No 7)"}]
["ITEM","DESCRIPTION","UNIT","QTY","RATE","TENDER AMOUNT","A","B","D-LV03","E1-LV03","E2","F1","F2","G1","G2","H1","H2","J1","J2","J3",null,"G/House",null,"N","Other","Total Qty","A","B","D","E1","E2","F1","F2","G1","G2","H1","H2","J1","J2","J3","K","N","Other","Total Amount","Total Claimed"]
[null,"AMOUNT CARRIED FORWARD FROM PREVIOUS BILL",{"$nulls":3},{"$f":"F1643","v":{"v":4122934.55,"d":"4,122,934.55"}},{"$nulls":38},{"$f":"AS1643","v":{"v":1568530.41,"d":"1,568,530.41"}}]
[]
[]
[9.16,"HYDRO-BOIL SUPPLY POINT"]
[]
[null,"Supply and install complete Geyser points including all cables, isolators and associated equipment, 2.5kW Gyser Point",{"$nulls":24},{"$f":"G1655*E1655","v":0}]
[null,"       Supply","each",38,{"v":75,"d":"75.00"},{"$f":"$D1656*E1656","v":{"v":2850,"d":"2,850.00"}},{"v":7,"d":"7.00"},{"v":0,"d":"0.00"},{"v":0,"d":"0.00"},{"v":0,"d":"0.00"},{"v":2,"d":"2.00"},{"v":0,"d":"0.00"},{"v":0,"d":"0.00"},{"v":0,"d":"0.00"},{"v":0,"d":"0.00"},{"v":0,"d":"0.00"},{"v":0,"d":"0.00"},{"v":0,"d":"0.00"},{"v":0,"d":"0.00"},{"v":0,"d":"0.00"},{"$nulls":3},{"v":0,"d":"0.00"},{"v":0,"d":"0.00"},{"$f":"SUM(G1656:Y1656)","v":{"v":9,"d":"9.00"}},525,{"$f":"H1656*E1656","v":0},{"$f":"I1656*E1656","v":0},{"$f":"J1656*E1656","v":0},{"$f":"K1656*E1656","v":150},{"$f":"L1656*E1656","v":0},{"$f":"+M1656*E1656","v":0},{"$f":"N1656*E1656","v":0},{"$f":"O1656*E1656","v":0},{"$f":"P1656*E1656","v":0},{"$f":"Q1656*E1656","v":0},{"$f":"R1656*E1656","v":0},{"$f":"S1656*E1656","v":0},{"$f":"T1656*E1656","v":0},{"$f":"W1656*E1656","v":0},{"$f":"X1656*E1656","v":0},{"$f":"Y1656*E1656","v":0},{"$f":"SUM(AA1656:AQ1656)","v":675},{"$f":"+E1656*Z1656","v":{"v":675,"d":"675.00"}}]
[null,"       Install","each",{"$f":"D1656","v":38},{"v":120,"d":"120.00"},{"v":4560,"d":"4,560.00"},{"v":7,"d":"7.00"},{"v":0,"d":"0.00"},{"v":0,"d":"0.00"},{"v":0,"d":"0.00"},{"v":2,"d":"2.00"},{"v":0,"d":"0.00"},{"v":0,"d":"0.00"},{"v":0,"d":"0.00"},{"v":0,"d":"0.00"},{"v":0,"d":"0.00"},{"v":0,"d":"0.00"},{"v":0,"d":"0.00"},{"v":0,"d":"0.00"},{"v":0,"d":"0.00"},{"$nulls":3},{"v":0,"d":"0.00"},{"v":0,"d":"0.00"},{"$f":"SUM(G1657:Y1657)","v":{"v":9,"d":"9.00"}},840,0,0,0,240,0,0,0,0,0,0,0,0,0,0,0,0,{"$f":"SUM(AA1657:AQ1657)","v":{"v":1080,"d":"1,080"}},{"$f":"+E1657*Z1657","v":{"v":1080,"d":"1,080.00"}}]
[{"$nulls":5}," ",{"$nulls":20},0,0,0,0,0,0,0,0,0,0,0,0,0,0,0,0,0,0]
[9.17,"PASSENGER LIFT SUPPLY POINT",{"$nulls":3}," ",{"$nulls":20},0,0,0,0,0,0,0,0,0,0,0,0,0,0,0,0,0,0]
[{"$nulls":26},0,0,0,0,0,0,0,0,0,0,0,0,0,0,0,0,0,0,{"$f":"+E1660*Z1660","v":{"v":0,"d":"0.00"}}]
[null,"Supply and install complete Passenger Lift points including all cables, isolators and associated equipment, 7.5kW Passenger Point",{"$nulls":3}," ",{"$nulls":20},0,0,0,0,0,0,0,0,0,0,0,0,0,0,0,0,0,0]
[null,"       Supply","each",10,{"v":120,"d":"120.00"},{"v":1200,"d":"1,200.00"},{"v":0,"d":"0.00"},{"v":0,"d":"0.00"},{"v":0,"d":"0.00"},{"v":0,"d":"0.00"},{"v":0,"d":"0.00"},{"v":0,"d":"0.00"},{"v":0,"d":"0.00"},{"v":0,"d":"0.00"},{"v":0,"d":"0.00"},{"v":0,"d":"0.00"},{"v":0,"d":"0.00"},{"v":0,"d":"0.00"},{"v":0,"d":"0.00"},{"v":0,"d":"0.00"},{"$nulls":3},{"v":0,"d":"0.00"},{"v":0,"d":"0.00"},{"v":0,"d":"0.00"},0,0,0,0,0,0,0,0,0,0,0,0,0,0,0,0,0,0,{"$f":"+E1662*Z1662","v":{"v":0,"d":"0.00"}}]
[null,"       Install","each",{"$f":"D1662","v":10},{"v":160,"d":"160.00"},{"v":1600,"d":"1,600.00"},{"v":0,"d":"0.00"},{"v":0,"d":"0.00"},{"v":0,"d":"0.00"},{"v":0,"d":"0.00"},{"v":0,"d":"0.00"},{"v":0,"d":"0.00"},{"v":0,"d":"0.00"},{"v":0,"d":"0.00"},{"v":0,"d":"0.00"},{"v":0,"d":"0.00"},{"v":0,"d":"0.00"},{"v":0,"d":"0.00"},{"v":0,"d":"0.00"},{"v":0,"d":"0.00"},{"$nulls":3},{"v":0,"d":"0.00"},{"v":0,"d":"0.00"},{"v":0,"d":"0.00"},0,0,0,0,0,0,0,0,0,0,0,0,0,0,0,0,0,0,{"$f":"+E1663*Z1663","v":{"v":0,"d":"0.00"}}]
[{"$nulls":5}," ",{"$nulls":20},0,0,0,0,0,0,0,0,0,0,0,0,0,0,0,0,0,0]
[9.18,"WELDING PLUGS",{"$nulls":3}," ",{"$nulls":20},0,0,0,0,0,0,0,0,0,0,0,0,0,0,0,0,0,0]
[{"$nulls":26},0,0,0,0,0,0,0,0,0,0,0,0,0,0,0,0,0,0,{"$f":"+E1666*Z1666","v":{"v":0,"d":"0.00"}}]
[null,"Supply and install complete a 3 Phase Welding Outlets complete",{"$nulls":3}," ",{"$nulls":20},0,0,0,0,0,0,0,0,0,0,0,0,0,0,0,0,0,0]
[{"$nulls":5}," ",{"$nulls":20},0,0,0,0,0,0,0,0,0,0,0,0,0,0,0,0,0,0]
["9.18.1","16 Amp, 5 pin complete with male Socket",{"$nulls":3}," ",{"$nulls":20},0,0,0,0,0,0,0,0,0,0,0,0,0,0,0,0,0,0]
[null,"       Supply","each",12,226.26,{"v":2715.12,"d":"2,715.12"},{"v":2,"d":"2.00"},{"v":1,"d":"1.00"},{"v":1,"d":"1.00"},{"v":0,"d":"0.00"},{"v":0,"d":"0.00"},{"v":0,"d":"0.00"},{"v":0,"d":"0.00"},{"v":0,"d":"0.00"},{"v":0,"d":"0.00"},{"v":0,"d":"0.00"},{"v":0,"d":"0.00"},{"v":0,"d":"0.00"},{"v":0,"d":"0.00"},{"v":0,"d":"0.00"},{"$nulls":3},{"v":0,"d":"0.00"},{"v":0,"d":"0.00"},{"v":4,"d":"4.00"},{"v":452.52,"d":"453"},{"v":226.26,"d":"226"},{"v":226.26,"d":"226"},0,0,0,0,0,0,0,0,0,0,0,0,0,0,{"v":905.04,"d":"905"},{"$f":"+E1670*Z1670","v":905.04}]
[null,"       Install","each",{"$f":"D1670","v":12},{"v":120,"d":"120.00"},{"v":1440,"d":"1,440.00"},{"v":2,"d":"2.00"},{"v":1,"d":"1.00"},{"v":1,"d":"1.00"},{"v":0,"d":"0.00"},{"v":0,"d":"0.00"},{"v":0,"d":"0.00"},{"v":0,"d":"0.00"},{"v":0,"d":"0.00"},{"v":0,"d":"0.00"},{"v":0,"d":"0.00"},{"v":0,"d":"0.00"},{"v":0,"d":"0.00"},{"v":0,"d":"0.00"},{"v":0,"d":"0.00"},{"$nulls":3},{"v":0,"d":"0.00"},{"v":0,"d":"0.00"},{"v":4,"d":"4.00"},240,120,120,0,0,0,0,0,0,0,0,0,0,0,0,0,0,480,{"$f":"+E1671*Z1671","v":{"v":480,"d":"480.00"}}]
[{"$nulls":5}," ",{"$nulls":20},0,0,0,0,0,0,0,0,0,0,0,0,0,0,0,0,0,0]
["9.18.2","32 Amp, 5 pin complete with male Socket",{"$nulls":3}," ",{"$nulls":20},0,0,0,0,0,0,0,0,0,0,0,0,0,0,0,0,0,0]
[null,"       Supply","each",9,273.54,{"v":2461.86,"d":"2,461.86"},{"v":0,"d":"0.00"},{"v":0,"d":"0.00"},{"v":0,"d":"0.00"},{"v":0,"d":"0.00"},{"v":0,"d":"0.00"},{"v":0,"d":"0.00"},{"v":0,"d":"0.00"},{"v":0,"d":"0.00"},{"v":0,"d":"0.00"},{"v":0,"d":"0.00"},{"v":0,"d":"0.00"},{"v":0,"d":"0.00"},{"v":0,"d":"0.00"},{"v":0,"d":"0.00"},{"$nulls":3},{"v":0,"d":"0.00"},{"v":0,"d":"0.00"},{"v":0,"d":"0.00"},0,0,0,0,0,0,0,0,0,0,0,0,0,0,0,0,0,0,{"$f":"+E1674*Z1674","v":{"v":0,"d":"0.00"}}]
[null,"       Install","each",{"$f":"D1674","v":9},{"v":140,"d":"140.00"},{"v":1260,"d":"1,260.00"},{"v":0,"d":"0.00"},{"v":0,"d":"0.00"},{"v":0,"d":"0.00"},{"v":0,"d":"0.00"},{"v":0,"d":"0.00"},{"v":0,"d":"0.00"},{"v":0,"d":"0.00"},{"v":0,"d":"0.00"},{"v":0,"d":"0.00"},{"v":0,"d":"0.00"},{"v":0,"d":"0.00"},{"v":0,"d":"0.00"},{"v":0,"d":"0.00"},{"v":0,"d":"0.00"},{"$nulls":3},{"v":0,"d":"0.00"},{"v":0,"d":"0.00"},{"v":0,"d":"0.00"},0,0,0,0,0,0,0,0,0,0,0,0,0,0,0,0,0,0,{"$f":"+E1675*Z1675","v":{"v":0,"d":"0.00"}}]
[{"$nulls":5}," ",{"$nulls":20},0,0,0,0,0,0,0,0,0,0,0,0,0,0,0,0,0,0]
["9.18.3","63 Amp, 5 pin complete with male Socket",{"$nulls":3}," ",{"$nulls":20},0,0,0,0,0,0,0,0,0,0,0,0,0,0,0,0,0,0]
[null,"       Supply","each",16,{"v":1067.14,"d":"1,067.14"},{"v":17074.24,"d":"17,074.24"},{"v":0,"d":"0.00"},{"v":0,"d":"0.00"},{"v":0,"d":"0.00"},{"v":0,"d":"0.00"},{"v":0,"d":"0.00"},{"v":0,"d":"0.00"},{"v":0,"d":"0.00"},{"v":0,"d":"0.00"},{"v":0,"d":"0.00"},{"v":0,"d":"0.00"},{"v":0,"d":"0.00"},{"v":0,"d":"0.00"},{"v":0,"d":"0.00"},{"v":0,"d":"0.00"},{"$nulls":3},{"v":0,"d":"0.00"},{"v":0,"d":"0.00"},{"v":0,"d":"0.00"},0,0,0,0,0,0,0,0,0,0,0,0,0,0,0,0,0,0,{"$f":"+E1678*Z1678","v":{"v":0,"d":"0.00"}}]
[null,"       Install","each",{"$f":"D1678","v":16},{"v":160,"d":"160.00"},{"v":2560,"d":"2,560.00"},{"v":0,"d":"0.00"},{"v":0,"d":"0.00"},{"v":0,"d":"0.00"},{"v":0,"d":"0.00"},{"v":0,"d":"0.00"},{"v":0,"d":"0.00"},{"v":0,"d":"0.00"},{"v":0,"d":"0.00"},{"v":0,"d":"0.00"},{"v":0,"d":"0.00"},{"v":0,"d":"0.00"},{"v":0,"d":"0.00"},{"v":0,"d":"0.00"},{"v":0,"d":"0.00"},{"$nulls":3},{"v":0,"d":"0.00"},{"v":0,"d":"0.00"},{"v":0,"d":"0.00"},0,0,0,0,0,0,0,0,0,0,0,0,0,0,0,0,0,0,{"$f":"+E1679*Z1679","v":{"v":0,"d":"0.00"}}]
[{"$nulls":26},0,0,0,0,0,0,0,0,0,0,0,0,0,0,0,0,0,0]
[9.19,"LV BUSBAR SYSTEM",{"$nulls":24},0,0,0,0,0,0,0,0,0,0,0,0,0,0,0,0,0,0]
[{"$nulls":26},0,0,0,0,0,0,0,0,0,0,0,0,0,0,0,0,0,0]
[" ","Supply 3200 Amp fully Enclosed Busbar system complete",{"$nulls":24},0,0,0,0,0,0,0,0,0,0,0,0,0,0,0,0,0,0]
[{"$nulls":26},0,0,0,0,0,0,0,0,0,0,0,0,0,0,0,0,0,0]
["9.19.1","Busbar","m",60,{"v":6886.33,"d":"6,886.33"},{"v":413179.8,"d":"413,179.80"},{"v":0,"d":"0.00"},{"v":0,"d":"0.00"},{"v":0,"d":"0.00"},{"v":0,"d":"0.00"},{"v":0,"d":"0.00"},{"v":0,"d":"0.00"},{"v":0,"d":"0.00"},{"v":0,"d":"0.00"},{"v":0,"d":"0.00"},{"v":0,"d":"0.00"},{"v":0,"d":"0.00"},{"v":0,"d":"0.00"},{"v":0,"d":"0.00"},{"v":0,"d":"0.00"},{"$nulls":3},{"v":0,"d":"0.00"},{"v":30,"d":"30.00"},{"v":30,"d":"30.00"},0,0,0,0,0,0,0,0,0,0,0,0,0,0,0,0,{"v":206589.9,"d":"206,590"},{"v":206589.9,"d":"206,590"},{"$f":"+E1685*Z1685","v":{"v":206589.9,"d":"206,589.90"}}]
["9.19.2","Bends","m",12,{"v":2923,"d":"2,923.00"},{"v":35076,"d":"35,076.00"},{"v":0,"d":"0.00"},{"v":0,"d":"0.00"},{"v":0,"d":"0.00"},{"v":0,"d":"0.00"},{"v":0,"d":"0.00"},{"v":0,"d":"0.00"},{"v":0,"d":"0.00"},{"v":0,"d":"0.00"},{"v":0,"d":"0.00"},{"v":0,"d":"0.00"},{"v":0,"d":"0.00"},{"v":0,"d":"0.00"},{"v":0,"d":"0.00"},{"v":0,"d":"0.00"},{"$nulls":3},{"v":0,"d":"0.00"},{"v":7,"d":"7.00"},{"v":7,"d":"7.00"},0,0,0,0,0,0,0,0,0,0,0,0,0,0,0,0,{"v":20461,"d":"20,461"},{"v":20461,"d":"20,461"},{"v":20461,"d":"20,461.00"}]
["9.19.3","Tees","m",4,{"v":2923,"d":"2,923.00"},{"v":11692,"d":"11,692.00"},{"v":0,"d":"0.00"},{"v":0,"d":"0.00"},{"v":0,"d":"0.00"},{"v":0,"d":"0.00"},{"v":0,"d":"0.00"},{"v":0,"d":"0.00"},{"v":0,"d":"0.00"},{"v":0,"d":"0.00"},{"v":0,"d":"0.00"},{"v":0,"d":"0.00"},{"v":0,"d":"0.00"},{"v":0,"d":"0.00"},{"v":0,"d":"0.00"},{"v":0,"d":"0.00"},{"$nulls":3},{"v":0,"d":"0.00"},{"v":2,"d":"2.00"},{"v":2,"d":"2.00"},{"$f":"G1687*E1687","v":0},0,0,0,0,0,0,0,0,0,0,0,0,0,0,0,{"v":5846,"d":"5,846"},{"v":5846,"d":"5,846"},{"v":5846,"d":"5,846.00"}]
["9.19.4","Panel Flange","m",4,{"v":5847,"d":"5,847.00"},{"v":23388,"d":"23,388.00"},{"v":0,"d":"0.00"},{"v":0,"d":"0.00"},{"v":0,"d":"0.00"},{"v":0,"d":"0.00"},{"v":0,"d":"0.00"},{"v":0,"d":"0.00"},{"v":0,"d":"0.00"},{"v":0,"d":"0.00"},{"v":0,"d":"0.00"},{"v":0,"d":"0.00"},{"v":0,"d":"0.00"},{"v":0,"d":"0.00"},{"v":0,"d":"0.00"},{"v":0,"d":"0.00"},{"$nulls":3},{"v":0,"d":"0.00"},{"v":2.60201812895,"d":"2.60"},{"v":2.60201812895,"d":"2.60"},0,{"$f":"H1688*E1688","v":0},{"$f":"I1688*E1688","v":0},{"$f":"J1688*E1688","v":0},{"$f":"K1688*E1688","v":0},{"$f":"L1688*E1688","v":0},{"$f":"+M1688*E1688","v":0},{"$f":"N1688*E1688","v":0},{"$f":"O1688*E1688","v":0},{"$f":"P1688*E1688","v":0},{"$f":"Q1688*E1688","v":0},{"$f":"R1688*E1688","v":0},{"$f":"S1688*E1688","v":0},{"$f":"T1688*E1688","v":0},{"$f":"W1688*E1688","v":0},{"$f":"X1688*E1688","v":0},{"$f":"Y1688*E1688","v":{"v":15213.99999997065,"d":"15,214"}},{"v":15213.99999997065,"d":"15,214"},{"v":15213.99999997065,"d":"15,214.00"}]
["9.19.5","Connection End C/W Flexible Connector","m",4,{"v":17896,"d":"17,896.00"},{"v":71584,"d":"71,584.00"},{"v":0,"d":"0.00"},{"v":0,"d":"0.00"},{"v":0,"d":"0.00"},{"v":0,"d":"0.00"},{"v":0,"d":"0.00"},{"v":0,"d":"0.00"},{"v":0,"d":"0.00"},{"v":0,"d":"0.00"},{"v":0,"d":"0.00"},{"v":0,"d":"0.00"},{"v":0,"d":"0.00"},{"v":0,"d":"0.00"},{"v":0,"d":"0.00"},{"v":0,"d":"0.00"},{"$nulls":3},{"v":0,"d":"0.00"},{"v":2,"d":"2.00"},{"v":2,"d":"2.00"},0,0,0,0,0,0,0,0,0,0,0,0,0,0,0,0,{"v":35792,"d":"35,792"},{"v":35792,"d":"35,792"},{"v":35792,"d":"35,792.00"}]
["9.19.6","Mounting Brackets  ","m",8,{"v":5600,"d":"5,600.00"},{"v":44800,"d":"44,800.00"},{"v":0,"d":"0.00"},{"v":0,"d":"0.00"},{"v":0,"d":"0.00"},{"v":0,"d":"0.00"},{"v":0,"d":"0.00"},{"v":0,"d":"0.00"},{"v":0,"d":"0.00"},{"v":0,"d":"0.00"},{"v":0,"d":"0.00"},{"v":0,"d":"0.00"},{"v":0,"d":"0.00"},{"v":0,"d":"0.00"},{"v":0,"d":"0.00"},{"v":0,"d":"0.00"},{"$nulls":3},{"v":0,"d":"0.00"},{"v":4,"d":"4.00"},{"v":4,"d":"4.00"},0,0,0,0,0,0,0,0,0,0,0,0,0,0,0,0,{"v":22400,"d":"22,400"},{"v":22400,"d":"22,400"},{"v":22400,"d":"22,400.00"}]
["9.19.7","Earth Bar","m",{"$f":"D1685","v":60},{"v":57.6,"d":"57.60"},{"v":3456,"d":"3,456.00"},{"v":0,"d":"0.00"},{"v":0,"d":"0.00"},{"v":0,"d":"0.00"},{"v":0,"d":"0.00"},{"v":0,"d":"0.00"},{"v":0,"d":"0.00"},{"v":0,"d":"0.00"},{"v":0,"d":"0.00"},{"v":0,"d":"0.00"},{"v":0,"d":"0.00"},{"v":0,"d":"0.00"},{"v":0,"d":"0.00"},{"v":0,"d":"0.00"},{"v":0,"d":"0.00"},{"$nulls":3},{"v":0,"d":"0.00"},{"v":30,"d":"30.00"},{"v":30,"d":"30.00"},0,0,0,0,0,0,0,0,0,0,0,0,0,0,0,0,{"v":1728,"d":"1,728"},{"v":1728,"d":"1,728"},{"v":1728,"d":"1,728.00"}]
[{"$nulls":3}," ",null," ",{"$nulls":20},0,0,0,0,0,0,0,0,0,0,0,0,0,0,0,0,0,0]
[null,"Install 3200 Amp fully Enclosed Busbar system complete",{"$nulls":3}," ",{"$nulls":20},0,0,0,0,0,0,0,0,0,0,0,0,0,0,0,0,0,0]
[{"$nulls":5}," ",{"$nulls":20},0,0,0,0,0,0,0,0,0,0,0,0,0,0,0,0,0,0]
["9.19.8","Busbar","m",{"$f":"D1685","v":60},{"v":4789.8,"d":"4,789.80"},{"v":287388,"d":"287,388.00"},{"v":0,"d":"0.00"},{"v":0,"d":"0.00"},{"v":0,"d":"0.00"},{"v":0,"d":"0.00"},{"v":0,"d":"0.00"},{"v":0,"d":"0.00"},{"v":0,"d":"0.00"},{"v":0,"d":"0.00"},{"v":0,"d":"0.00"},{"v":0,"d":"0.00"},{"v":0,"d":"0.00"},{"v":0,"d":"0.00"},{"v":0,"d":"0.00"},{"v":0,"d":"0.00"},{"$nulls":3},{"v":0,"d":"0.00"},{"v":30,"d":"30.00"},{"v":30,"d":"30.00"},0,0,0,0,0,0,0,0,0,0,0,0,0,0,0,0,{"v":143694,"d":"143,694"},{"v":143694,"d":"143,694"},{"$f":"+E1695*Z1695","v":{"v":143694,"d":"143,694.00"}}]
["9.19.9","Bends","m",12,{"v":0,"d":"0.00"},{"v":0,"d":"0.00"},{"v":0,"d":"0.00"},{"v":0,"d":"0.00"},{"v":0,"d":"0.00"},{"v":0,"d":"0.00"},{"v":0,"d":"0.00"},{"v":0,"d":"0.00"},{"v":0,"d":"0.00"},{"v":0,"d":"0.00"},{"v":0,"d":"0.00"},{"v":0,"d":"0.00"},{"v":0,"d":"0.00"},{"v":0,"d":"0.00"},{"v":0,"d":"0.00"},{"v":0,"d":"0.00"},{"$nulls":3},{"v":0,"d":"0.00"},{"v":0,"d":"0.00"},{"v":0,"d":"0.00"},0,0,0,0,0,0,0,0,0,0,0,0,0,0,0,0,0,0,{"v":0,"d":"0.00"}]
["9.19.10","Tees","m",4,{"v":0,"d":"0.00"},{"v":0,"d":"0.00"},{"v":0,"d":"0.00"},{"v":0,"d":"0.00"},{"v":0,"d":"0.00"},{"v":0,"d":"0.00"},{"v":0,"d":"0.00"},{"v":0,"d":"0.00"},{"v":0,"d":"0.00"},{"v":0,"d":"0.00"},{"v":0,"d":"0.00"},{"v":0,"d":"0.00"},{"v":0,"d":"0.00"},{"v":0,"d":"0.00"},{"v":0,"d":"0.00"},{"v":0,"d":"0.00"},{"$nulls":3},{"v":0,"d":"0.00"},{"v":0,"d":"0.00"},{"v":0,"d":"0.00"},0,0,0,0,0,0,0,0,0,0,0,0,0,0,0,0,0,0,{"v":0,"d":"0.00"}]
["9.19.11","Panel Flange","m",4,{"v":0,"d":"0.00"},{"v":0,"d":"0.00"},{"v":0,"d":"0.00"},{"v":0,"d":"0.00"},{"v":0,"d":"0.00"},{"v":0,"d":"0.00"},{"v":0,"d":"0.00"},{"v":0,"d":"0.00"},{"v":0,"d":"0.00"},{"v":0,"d":"0.00"},{"v":0,"d":"0.00"},{"v":0,"d":"0.00"},{"v":0,"d":"0.00"},{"v":0,"d":"0.00"},{"v":0,"d":"0.00"},{"v":0,"d":"0.00"},{"$nulls":3},{"v":0,"d":"0.00"},{"v":0,"d":"0.00"},{"v":0,"d":"0.00"},0,0,0,0,0,0,0,0,0,0,0,0,0,0,0,0,0,0,{"v":0,"d":"0.00"}]
["9.19.12","Connection End C/W Flexible Connector","m",4,{"v":0,"d":"0.00"},{"v":0,"d":"0.00"},{"v":0,"d":"0.00"},{"v":0,"d":"0.00"},{"v":0,"d":"0.00"},{"v":0,"d":"0.00"},{"v":0,"d":"0.00"},{"v":0,"d":"0.00"},{"v":0,"d":"0.00"},{"v":0,"d":"0.00"},{"v":0,"d":"0.00"},{"v":0,"d":"0.00"},{"v":0,"d":"0.00"},{"v":0,"d":"0.00"},{"v":0,"d":"0.00"},{"v":0,"d":"0.00"},{"$nulls":3},{"v":0,"d":"0.00"},{"v":0,"d":"0.00"},{"v":0,"d":"0.00"},0,0,0,0,0,0,0,0,0,0,0,0,0,0,0,0,0,0,{"v":0,"d":"0.00"}]
["9.19.13","Mounting Brackets  ","m",8,{"v":0,"d":"0.00"},{"v":0,"d":"0.00"},{"v":0,"d":"0.00"},{"v":0,"d":"0.00"},{"v":0,"d":"0.00"},{"v":0,"d":"0.00"},{"v":0,"d":"0.00"},{"v":0,"d":"0.00"},{"v":0,"d":"0.00"},{"v":0,"d":"0.00"},{"v":0,"d":"0.00"},{"v":0,"d":"0.00"},{"v":0,"d":"0.00"},{"v":0,"d":"0.00"},{"v":0,"d":"0.00"},{"v":0,"d":"0.00"},{"$nulls":3},{"v":0,"d":"0.00"},{"v":0,"d":"0.00"},{"v":0,"d":"0.00"},0,0,0,0,0,0,0,0,0,0,0,0,0,0,0,0,0,0,{"v":0,"d":"0.00"}]
["9.19.14","Earth Bar","m",60,{"v":25,"d":"25.00"},{"v":1500,"d":"1,500.00"},{"v":0,"d":"0.00"},{"v":0,"d":"0.00"},{"v":0,"d":"0.00"},{"v":0,"d":"0.00"},{"v":0,"d":"0.00"},{"v":0,"d":"0.00"},{"v":0,"d":"0.00"},{"v":0,"d":"0.00"},{"v":0,"d":"0.00"},{"v":0,"d":"0.00"},{"v":0,"d":"0.00"},{"v":0,"d":"0.00"},{"v":0,"d":"0.00"},{"v":0,"d":"0.00"},{"$nulls":3},{"v":0,"d":"0.00"},{"v":30,"d":"30.00"},{"v":30,"d":"30.00"},0,0,0,0,0,0,0,0,0,0,0,0,0,0,0,0,750,750,{"v":750,"d":"750.00"}]
[{"$nulls":3}," ",null," ",{"$nulls":20},0,0,0,0,0,0,0,0,0,0,0,0,0,0,0,0,0,0]
[{"v":9.2,"d":"9.20"},"Mentoring and Management",{"$nulls":24},0,0,0,0,0,0,0,0,0,0,0,0,0,0,0,0,0,0]
[null,"A percentage of the SMME Package amoiunt to provide the Mentoring and Management of the SMME Contractors","%",1,{"v":5052715.4,"d":"5,052,715.40"},{"$f":"E1704*2.5%","v":{"v":126317.88500000001,"d":"126,317.89"}},{"v":0,"d":"0.00"},{"v":0,"d":"0.00"},{"v":0,"d":"0.00"},{"v":0,"d":"0.00"},{"v":0,"d":"0.00"},{"v":0,"d":"0.00"},{"v":0,"d":"0.00"},{"v":0,"d":"0.00"},{"v":0,"d":"0.00"},{"v":0,"d":"0.00"},{"v":0,"d":"0.00"},{"v":0,"d":"0.00"},{"v":0,"d":"0.00"},{"v":0,"d":"0.00"},{"$nulls":3},{"v":0,"d":"0.00"},{"v":0,"d":"0.00"},{"v":0,"d":"0.00"},0,0,0,0,0,0,0,0,0,0,0,0,0,0,0,0,0,{"$f":"SUM(AA1704:AQ1704)","v":0},{"$f":"+E1704*Z1704","v":{"v":0,"d":"0.00"}}]
[]
[null,"Amount Carried Forward to Summary Page",{"$nulls":3},{"$f":"SUM(F1650:F1705)","v":{"v":5179037.455,"d":"5,179,037.46"}},{"$nulls":38},{"$f":"SUM(AS1650:AS1705)","v":{"v":2024145.3499999705,"d":"2,024,145.35"}}]
[]
["MAIN HOSPITAL ELECTRICAL INSTALLATION"]
["CECILIA MAKIWANE HOSPITAL : PHASE 4C"]
[]
["BILL NO. 10 : ADDITIONAL EQUIPMENT"]
["ITEM","DESCRIPTION","UNIT","QTY","RATE","TENDER AMOUNT","A","B","D","E1","E2","F1","F2","G1","G2","H1","H2","J1","J2","J3",null,"G/House",null,"N","Other","Total Qty","A","B","D","E1","E2","F1","F2","G1","G2","H1","H2","J1","J2","J3","K","N","Other","Total Amount","Total Claimed"]
[]
[{"$nulls":3}," "]
[{"v":10,"d":"10.00"},"Additional Protective Devices"]
[" "]
[{"v":10.1,"d":"10.10"},"630 amp TP MCB-15kA"]
[" ","Supply","each",2,{"v":8002.05,"d":"8,002.05"},{"$f":"$D1718*E1718","v":{"v":16004.1,"d":"16,004.10"}},{"v":0,"d":"0.00"},{"v":0,"d":"0.00"},{"v":0,"d":"0.00"},{"v":0,"d":"0.00"},{"v":0,"d":"0.00"},{"v":0,"d":"0.00"},{"v":0,"d":"0.00"},{"v":0,"d":"0.00"},{"v":0,"d":"0.00"},{"v":0,"d":"0.00"},{"v":0,"d":"0.00"},{"v":0,"d":"0.00"},{"v":0,"d":"0.00"},{"v":0,"d":"0.00"},{"$nulls":3},{"v":0,"d":"0.00"},{"v":0,"d":"0.00"},{"$f":"SUM(G1718:Y1718)","v":{"v":0,"d":"0.00"}},{"$f":"G1718*E1718","v":0},{"$f":"H1718*E1718","v":0},{"$f":"I1718*E1718","v":0},{"$f":"J1718*E1718","v":0},{"$f":"K1718*E1718","v":0},{"$f":"L1718*E1718","v":0},{"$f":"+M1718*E1718","v":0},{"$f":"N1718*E1718","v":0},{"$f":"O1718*E1718","v":0},{"$f":"P1718*E1718","v":0},{"$f":"Q1718*E1718","v":0},{"$f":"R1718*E1718","v":0},{"$f":"S1718*E1718","v":0},{"$f":"T1718*E1718","v":0},{"$f":"W1718*E1718","v":0},{"$f":"X1718*E1718","v":0},{"$f":"Y1718*E1718","v":0},{"$f":"SUM(AA1718:AQ1718)","v":0},{"$f":"+E1718*Z1718","v":{"v":0,"d":"0.00"}}]
[null,"Install","each",{"$f":"D1718","v":2},{"v":1250,"d":"1,250.00"},{"$f":"$D1719*E1719","v":{"v":2500,"d":"2,500.00"}},{"v":0,"d":"0.00"},{"v":0,"d":"0.00"},{"v":0,"d":"0.00"},{"v":0,"d":"0.00"},{"v":0,"d":"0.00"},{"v":0,"d":"0.00"},{"v":0,"d":"0.00"},{"v":0,"d":"0.00"},{"v":0,"d":"0.00"},{"v":0,"d":"0.00"},{"v":0,"d":"0.00"},{"v":0,"d":"0.00"},{"v":0,"d":"0.00"},{"v":0,"d":"0.00"},{"$nulls":3},{"v":0,"d":"0.00"},{"v":0,"d":"0.00"},{"$f":"SUM(G1719:Y1719)","v":{"v":0,"d":"0.00"}},{"$f":"G1719*E1719","v":0},{"$f":"H1719*E1719","v":0},{"$f":"I1719*E1719","v":0},{"$f":"J1719*E1719","v":0},{"$f":"K1719*E1719","v":0},{"$f":"L1719*E1719","v":0},{"$f":"+M1719*E1719","v":0},{"$f":"N1719*E1719","v":0},{"$f":"O1719*E1719","v":0},{"$f":"P1719*E1719","v":0},{"$f":"Q1719*E1719","v":0},{"$f":"R1719*E1719","v":0},{"$f":"S1719*E1719","v":0},{"$f":"T1719*E1719","v":0},{"$f":"W1719*E1719","v":0},{"$f":"X1719*E1719","v":0},{"$f":"Y1719*E1719","v":0},{"$f":"SUM(AA1719:AQ1719)","v":0},{"$f":"+E1719*Z1719","v":{"v":0,"d":"0.00"}}]
[{"$nulls":5}," "]
[{"v":10.2,"d":"10.20"},"400 amp TP MCB-10kA",{"$nulls":3}," "]
[null,"Supply","each",4,{"v":5979.75,"d":"5,979.75"},{"$f":"$D1722*E1722","v":{"v":23919,"d":"23,919.00"}},{"v":0,"d":"0.00"},{"v":0,"d":"0.00"},{"v":0,"d":"0.00"},{"v":0,"d":"0.00"},{"v":0,"d":"0.00"},{"v":0,"d":"0.00"},{"v":0,"d":"0.00"},{"v":0,"d":"0.00"},{"v":0,"d":"0.00"},{"v":0,"d":"0.00"},{"v":0,"d":"0.00"},{"v":0,"d":"0.00"},{"v":0,"d":"0.00"},{"v":0,"d":"0.00"},{"$nulls":3},{"v":0,"d":"0.00"},{"v":0,"d":"0.00"},{"$f":"SUM(G1722:Y1722)","v":{"v":0,"d":"0.00"}},{"$f":"G1722*E1722","v":0},{"$f":"H1722*E1722","v":0},{"$f":"I1722*E1722","v":0},{"$f":"J1722*E1722","v":0},{"$f":"K1722*E1722","v":0},{"$f":"L1722*E1722","v":0},{"$f":"+M1722*E1722","v":0},{"$f":"N1722*E1722","v":0},{"$f":"O1722*E1722","v":0},{"$f":"P1722*E1722","v":0},{"$f":"Q1722*E1722","v":0},{"$f":"R1722*E1722","v":0},{"$f":"S1722*E1722","v":0},{"$f":"T1722*E1722","v":0},{"$f":"W1722*E1722","v":0},{"$f":"X1722*E1722","v":0},{"$f":"Y1722*E1722","v":0},{"$f":"SUM(AA1722:AQ1722)","v":0},{"$f":"+E1722*Z1722","v":{"v":0,"d":"0.00"}}]
[null,"Install","each",{"$f":"D1722","v":4},{"v":1150,"d":"1,150.00"},{"$f":"$D1723*E1723","v":{"v":4600,"d":"4,600.00"}},{"v":0,"d":"0.00"},{"v":0,"d":"0.00"},{"v":0,"d":"0.00"},{"v":0,"d":"0.00"},{"v":0,"d":"0.00"},{"v":0,"d":"0.00"},{"v":0,"d":"0.00"},{"v":0,"d":"0.00"},{"v":0,"d":"0.00"},{"v":0,"d":"0.00"},{"v":0,"d":"0.00"},{"v":0,"d":"0.00"},{"v":0,"d":"0.00"},{"v":0,"d":"0.00"},{"$nulls":3},{"v":0,"d":"0.00"},{"v":0,"d":"0.00"},{"$f":"SUM(G1723:Y1723)","v":{"v":0,"d":"0.00"}},{"$f":"G1723*E1723","v":0},{"$f":"H1723*E1723","v":0},{"$f":"I1723*E1723","v":0},{"$f":"J1723*E1723","v":0},{"$f":"K1723*E1723","v":0},{"$f":"L1723*E1723","v":0},{"$f":"+M1723*E1723","v":0},{"$f":"N1723*E1723","v":0},{"$f":"O1723*E1723","v":0},{"$f":"P1723*E1723","v":0},{"$f":"Q1723*E1723","v":0},{"$f":"R1723*E1723","v":0},{"$f":"S1723*E1723","v":0},{"$f":"T1723*E1723","v":0},{"$f":"W1723*E1723","v":0},{"$f":"X1723*E1723","v":0},{"$f":"Y1723*E1723","v":0},{"$f":"SUM(AA1723:AQ1723)","v":0},{"$f":"+E1723*Z1723","v":{"v":0,"d":"0.00"}}]
[{"$nulls":5}," "]
[{"v":10.3,"d":"10.30"},"160 amp TP MCB-15kA",{"$nulls":3}," "]
[null,"Supply","each",10,{"v":1698.9,"d":"1,698.90"},{"$f":"$D1726*E1726","v":{"v":16989,"d":"16,989.00"}},{"v":0,"d":"0.00"},{"v":0,"d":"0.00"},{"v":0,"d":"0.00"},{"v":0,"d":"0.00"},{"v":0,"d":"0.00"},{"v":0,"d":"0.00"},{"v":0,"d":"0.00"},{"v":0,"d":"0.00"},{"v":0,"d":"0.00"},{"v":0,"d":"0.00"},{"v":0,"d":"0.00"},{"v":0,"d":"0.00"},{"v":0,"d":"0.00"},{"v":0,"d":"0.00"},{"$nulls":3},{"v":0,"d":"0.00"},{"v":0,"d":"0.00"},{"$f":"SUM(G1726:Y1726)","v":{"v":0,"d":"0.00"}},{"$f":"G1726*E1726","v":0},{"$f":"H1726*E1726","v":0},{"$f":"I1726*E1726","v":0},{"$f":"J1726*E1726","v":0},{"$f":"K1726*E1726","v":0},{"$f":"L1726*E1726","v":0},{"$f":"+M1726*E1726","v":0},{"$f":"N1726*E1726","v":0},{"$f":"O1726*E1726","v":0},{"$f":"P1726*E1726","v":0},{"$f":"Q1726*E1726","v":0},{"$f":"R1726*E1726","v":0},{"$f":"S1726*E1726","v":0},{"$f":"T1726*E1726","v":0},{"$f":"W1726*E1726","v":0},{"$f":"X1726*E1726","v":0},{"$f":"Y1726*E1726","v":0},{"$f":"SUM(AA1726:AQ1726)","v":0},{"$f":"+E1726*Z1726","v":{"v":0,"d":"0.00"}}]
[null,"Install","each",{"$f":"D1726","v":10},{"v":275,"d":"275.00"},{"$f":"$D1727*E1727","v":{"v":2750,"d":"2,750.00"}},{"v":0,"d":"0.00"},{"v":0,"d":"0.00"},{"v":0,"d":"0.00"},{"v":0,"d":"0.00"},{"v":0,"d":"0.00"},{"v":0,"d":"0.00"},{"v":0,"d":"0.00"},{"v":0,"d":"0.00"},{"v":0,"d":"0.00"},{"v":0,"d":"0.00"},{"v":0,"d":"0.00"},{"v":0,"d":"0.00"},{"v":0,"d":"0.00"},{"v":0,"d":"0.00"},{"$nulls":3},{"v":0,"d":"0.00"},{"v":0,"d":"0.00"},{"$f":"SUM(G1727:Y1727)","v":{"v":0,"d":"0.00"}},{"$f":"G1727*E1727","v":0},{"$f":"H1727*E1727","v":0},{"$f":"I1727*E1727","v":0},{"$f":"J1727*E1727","v":0},{"$f":"K1727*E1727","v":0},{"$f":"L1727*E1727","v":0},{"$f":"+M1727*E1727","v":0},{"$f":"N1727*E1727","v":0},{"$f":"O1727*E1727","v":0},{"$f":"P1727*E1727","v":0},{"$f":"Q1727*E1727","v":0},{"$f":"R1727*E1727","v":0},{"$f":"S1727*E1727","v":0},{"$f":"T1727*E1727","v":0},{"$f":"W1727*E1727","v":0},{"$f":"X1727*E1727","v":0},{"$f":"Y1727*E1727","v":0},{"$f":"SUM(AA1727:AQ1727)","v":0},{"$f":"+E1727*Z1727","v":{"v":0,"d":"0.00"}}]
[{"$nulls":3}," ",null," "]
[{"v":10.4,"d":"10.40"},"80 amp TP MCB-5kA",null," ",null," "]
[null,"Supply","each",2,662.55,{"$f":"$D1730*E1730","v":{"v":1325.1,"d":"1,325.10"}},{"v":0,"d":"0.00"},{"v":0,"d":"0.00"},{"v":0,"d":"0.00"},{"v":0,"d":"0.00"},{"v":0,"d":"0.00"},{"v":0,"d":"0.00"},{"v":0,"d":"0.00"},{"v":0,"d":"0.00"},{"v":0,"d":"0.00"},{"v":0,"d":"0.00"},{"v":0,"d":"0.00"},{"v":0,"d":"0.00"},{"v":0,"d":"0.00"},{"v":0,"d":"0.00"},{"$nulls":3},{"v":0,"d":"0.00"},{"v":0,"d":"0.00"},{"$f":"SUM(G1730:Y1730)","v":{"v":0,"d":"0.00"}},{"$f":"G1730*E1730","v":0},{"$f":"H1730*E1730","v":0},{"$f":"I1730*E1730","v":0},{"$f":"J1730*E1730","v":0},{"$f":"K1730*E1730","v":0},{"$f":"L1730*E1730","v":0},{"$f":"+M1730*E1730","v":0},{"$f":"N1730*E1730","v":0},{"$f":"O1730*E1730","v":0},{"$f":"P1730*E1730","v":0},{"$f":"Q1730*E1730","v":0},{"$f":"R1730*E1730","v":0},{"$f":"S1730*E1730","v":0},{"$f":"T1730*E1730","v":0},{"$f":"W1730*E1730","v":0},{"$f":"X1730*E1730","v":0},{"$f":"Y1730*E1730","v":0},{"$f":"SUM(AA1730:AQ1730)","v":0},{"$f":"+E1730*Z1730","v":{"v":0,"d":"0.00"}}]
[null,"Install","each",{"$f":"D1730","v":2},{"v":160,"d":"160.00"},{"$f":"$D1731*E1731","v":{"v":320,"d":"320.00"}},{"v":0,"d":"0.00"},{"v":0,"d":"0.00"},{"v":0,"d":"0.00"},{"v":0,"d":"0.00"},{"v":0,"d":"0.00"},{"v":0,"d":"0.00"},{"v":0,"d":"0.00"},{"v":0,"d":"0.00"},{"v":0,"d":"0.00"},{"v":0,"d":"0.00"},{"v":0,"d":"0.00"},{"v":0,"d":"0.00"},{"v":0,"d":"0.00"},{"v":0,"d":"0.00"},{"$nulls":3},{"v":0,"d":"0.00"},{"v":0,"d":"0.00"},{"$f":"SUM(G1731:Y1731)","v":{"v":0,"d":"0.00"}},{"$f":"G1731*E1731","v":0},{"$f":"H1731*E1731","v":0},{"$f":"I1731*E1731","v":0},{"$f":"J1731*E1731","v":0},{"$f":"K1731*E1731","v":0},{"$f":"L1731*E1731","v":0},{"$f":"+M1731*E1731","v":0},{"$f":"N1731*E1731","v":0},{"$f":"O1731*E1731","v":0},{"$f":"P1731*E1731","v":0},{"$f":"Q1731*E1731","v":0},{"$f":"R1731*E1731","v":0},{"$f":"S1731*E1731","v":0},{"$f":"T1731*E1731","v":0},{"$f":"W1731*E1731","v":0},{"$f":"X1731*E1731","v":0},{"$f":"Y1731*E1731","v":0},{"$f":"SUM(AA1731:AQ1731)","v":0},{"$f":"+E1731*Z1731","v":{"v":0,"d":"0.00"}}]
[{"$nulls":5}," "]
[{"v":10.5,"d":"10.50"},"2500 Amp ACB-65kA",{"$nulls":3}," "]
[null,"Supply","each",1,{"v":51232.65,"d":"51,232.65"},{"$f":"$D1734*E1734","v":{"v":51232.65,"d":"51,232.65"}},{"v":0,"d":"0.00"},{"v":0,"d":"0.00"},{"v":0,"d":"0.00"},{"v":0,"d":"0.00"},{"v":0,"d":"0.00"},{"v":0,"d":"0.00"},{"v":0,"d":"0.00"},{"v":0,"d":"0.00"},{"v":0,"d":"0.00"},{"v":0,"d":"0.00"},{"v":0,"d":"0.00"},{"v":0,"d":"0.00"},{"v":0,"d":"0.00"},{"v":0,"d":"0.00"},{"$nulls":3},{"v":0,"d":"0.00"},{"v":0,"d":"0.00"},{"$f":"SUM(G1734:Y1734)","v":{"v":0,"d":"0.00"}},{"$f":"G1734*E1734","v":0},{"$f":"H1734*E1734","v":0},{"$f":"I1734*E1734","v":0},{"$f":"J1734*E1734","v":0},{"$f":"K1734*E1734","v":0},{"$f":"L1734*E1734","v":0},{"$f":"+M1734*E1734","v":0},{"$f":"N1734*E1734","v":0},{"$f":"O1734*E1734","v":0},{"$f":"P1734*E1734","v":0},{"$f":"Q1734*E1734","v":0},{"$f":"R1734*E1734","v":0},{"$f":"S1734*E1734","v":0},{"$f":"T1734*E1734","v":0},{"$f":"W1734*E1734","v":0},{"$f":"X1734*E1734","v":0},{"$f":"Y1734*E1734","v":0},{"$f":"SUM(AA1734:AQ1734)","v":0},{"$f":"+E1734*Z1734","v":{"v":0,"d":"0.00"}}]
[null,"Install","each",{"$f":"D1734","v":1},{"v":3750,"d":"3,750.00"},{"$f":"$D1735*E1735","v":{"v":3750,"d":"3,750.00"}},{"v":0,"d":"0.00"},{"v":0,"d":"0.00"},{"v":0,"d":"0.00"},{"v":0,"d":"0.00"},{"v":0,"d":"0.00"},{"v":0,"d":"0.00"},{"v":0,"d":"0.00"},{"v":0,"d":"0.00"},{"v":0,"d":"0.00"},{"v":0,"d":"0.00"},{"v":0,"d":"0.00"},{"v":0,"d":"0.00"},{"v":0,"d":"0.00"},{"v":0,"d":"0.00"},{"$nulls":3},{"v":0,"d":"0.00"},{"v":0,"d":"0.00"},{"$f":"SUM(G1735:Y1735)","v":{"v":0,"d":"0.00"}},{"$f":"G1735*E1735","v":0},{"$f":"H1735*E1735","v":0},{"$f":"I1735*E1735","v":0},{"$f":"J1735*E1735","v":0},{"$f":"K1735*E1735","v":0},{"$f":"L1735*E1735","v":0},{"$f":"+M1735*E1735","v":0},{"$f":"N1735*E1735","v":0},{"$f":"O1735*E1735","v":0},{"$f":"P1735*E1735","v":0},{"$f":"Q1735*E1735","v":0},{"$f":"R1735*E1735","v":0},{"$f":"S1735*E1735","v":0},{"$f":"T1735*E1735","v":0},{"$f":"W1735*E1735","v":0},{"$f":"X1735*E1735","v":0},{"$f":"Y1735*E1735","v":0},{"$f":"SUM(AA1735:AQ1735)","v":0},{"$f":"+E1735*Z1735","v":{"v":0,"d":"0.00"}}]
[" ",{"$nulls":4}," "]
[{"v":10.6,"d":"10.60"},"1500 Amp ACB-65kA",{"$nulls":3}," "]
[null,"Supply","each",1,{"v":34001.1,"d":"34,001.10"},{"$f":"$D1738*E1738","v":{"v":34001.1,"d":"34,001.10"}},{"v":0,"d":"0.00"},{"v":0,"d":"0.00"},{"v":0,"d":"0.00"},{"v":0,"d":"0.00"},{"v":0,"d":"0.00"},{"v":0,"d":"0.00"},{"v":0,"d":"0.00"},{"v":0,"d":"0.00"},{"v":0,"d":"0.00"},{"v":0,"d":"0.00"},{"v":0,"d":"0.00"},{"v":0,"d":"0.00"},{"v":0,"d":"0.00"},{"v":0,"d":"0.00"},{"$nulls":3},{"v":0,"d":"0.00"},{"v":0,"d":"0.00"},{"$f":"SUM(G1738:Y1738)","v":{"v":0,"d":"0.00"}},{"$f":"G1738*E1738","v":0},{"$f":"H1738*E1738","v":0},{"$f":"I1738*E1738","v":0},{"$f":"J1738*E1738","v":0},{"$f":"K1738*E1738","v":0},{"$f":"L1738*E1738","v":0},{"$f":"+M1738*E1738","v":0},{"$f":"N1738*E1738","v":0},{"$f":"O1738*E1738","v":0},{"$f":"P1738*E1738","v":0},{"$f":"Q1738*E1738","v":0},{"$f":"R1738*E1738","v":0},{"$f":"S1738*E1738","v":0},{"$f":"T1738*E1738","v":0},{"$f":"W1738*E1738","v":0},{"$f":"X1738*E1738","v":0},{"$f":"Y1738*E1738","v":0},{"$f":"SUM(AA1738:AQ1738)","v":0},{"$f":"+E1738*Z1738","v":{"v":0,"d":"0.00"}}]
[null,"Install","each",{"$f":"D1738","v":1},{"v":3225,"d":"3,225.00"},{"$f":"$D1739*E1739","v":{"v":3225,"d":"3,225.00"}},{"v":0,"d":"0.00"},{"v":0,"d":"0.00"},{"v":0,"d":"0.00"},{"v":0,"d":"0.00"},{"v":0,"d":"0.00"},{"v":0,"d":"0.00"},{"v":0,"d":"0.00"},{"v":0,"d":"0.00"},{"v":0,"d":"0.00"},{"v":0,"d":"0.00"},{"v":0,"d":"0.00"},{"v":0,"d":"0.00"},{"v":0,"d":"0.00"},{"v":0,"d":"0.00"},{"$nulls":3},{"v":0,"d":"0.00"},{"v":0,"d":"0.00"},{"$f":"SUM(G1739:Y1739)","v":{"v":0,"d":"0.00"}},{"$f":"G1739*E1739","v":0},{"$f":"H1739*E1739","v":0},{"$f":"I1739*E1739","v":0},{"$f":"J1739*E1739","v":0},{"$f":"K1739*E1739","v":0},{"$f":"L1739*E1739","v":0},{"$f":"+M1739*E1739","v":0},{"$f":"N1739*E1739","v":0},{"$f":"O1739*E1739","v":0},{"$f":"P1739*E1739","v":0},{"$f":"Q1739*E1739","v":0},{"$f":"R1739*E1739","v":0},{"$f":"S1739*E1739","v":0},{"$f":"T1739*E1739","v":0},{"$f":"W1739*E1739","v":0},{"$f":"X1739*E1739","v":0},{"$f":"Y1739*E1739","v":0},{"$f":"SUM(AA1739:AQ1739)","v":0},{"$f":"+E1739*Z1739","v":{"v":0,"d":"0.00"}}]
[{"$nulls":5}," "]
[{"v":10.7,"d":"10.70"},"60 amp Earth Leakage Unit Isolator - 5kA",{"$nulls":3}," "]
[null,"Supply","each",4,339.15,{"$f":"$D1742*E1742","v":{"v":1356.6,"d":"1,356.60"}},{"v":0,"d":"0.00"},{"v":0,"d":"0.00"},{"v":0,"d":"0.00"},{"v":0,"d":"0.00"},{"v":0,"d":"0.00"},{"v":0,"d":"0.00"},{"v":0,"d":"0.00"},{"v":0,"d":"0.00"},{"v":0,"d":"0.00"},{"v":0,"d":"0.00"},{"v":0,"d":"0.00"},{"v":0,"d":"0.00"},{"v":0,"d":"0.00"},{"v":0,"d":"0.00"},{"$nulls":3},{"v":0,"d":"0.00"},{"v":0,"d":"0.00"},{"$f":"SUM(G1742:Y1742)","v":{"v":0,"d":"0.00"}},{"$f":"G1742*E1742","v":0},{"$f":"H1742*E1742","v":0},{"$f":"I1742*E1742","v":0},{"$f":"J1742*E1742","v":0},{"$f":"K1742*E1742","v":0},{"$f":"L1742*E1742","v":0},{"$f":"+M1742*E1742","v":0},{"$f":"N1742*E1742","v":0},{"$f":"O1742*E1742","v":0},{"$f":"P1742*E1742","v":0},{"$f":"Q1742*E1742","v":0},{"$f":"R1742*E1742","v":0},{"$f":"S1742*E1742","v":0},{"$f":"T1742*E1742","v":0},{"$f":"W1742*E1742","v":0},{"$f":"X1742*E1742","v":0},{"$f":"Y1742*E1742","v":0},{"$f":"SUM(AA1742:AQ1742)","v":0},{"$f":"+E1742*Z1742","v":{"v":0,"d":"0.00"}}]
[null,"Install","each",4,{"v":160,"d":"160.00"},{"$f":"$D1743*E1743","v":{"v":640,"d":"640.00"}},{"v":0,"d":"0.00"},{"v":0,"d":"0.00"},{"v":0,"d":"0.00"},{"v":0,"d":"0.00"},{"v":0,"d":"0.00"},{"v":0,"d":"0.00"},{"v":0,"d":"0.00"},{"v":0,"d":"0.00"},{"v":0,"d":"0.00"},{"v":0,"d":"0.00"},{"v":0,"d":"0.00"},{"v":0,"d":"0.00"},{"v":0,"d":"0.00"},{"v":0,"d":"0.00"},{"$nulls":3},{"v":0,"d":"0.00"},{"v":0,"d":"0.00"},{"$f":"SUM(G1743:Y1743)","v":{"v":0,"d":"0.00"}},{"$f":"G1743*E1743","v":0},{"$f":"H1743*E1743","v":0},{"$f":"I1743*E1743","v":0},{"$f":"J1743*E1743","v":0},{"$f":"K1743*E1743","v":0},{"$f":"L1743*E1743","v":0},{"$f":"+M1743*E1743","v":0},{"$f":"N1743*E1743","v":0},{"$f":"O1743*E1743","v":0},{"$f":"P1743*E1743","v":0},{"$f":"Q1743*E1743","v":0},{"$f":"R1743*E1743","v":0},{"$f":"S1743*E1743","v":0},{"$f":"T1743*E1743","v":0},{"$f":"W1743*E1743","v":0},{"$f":"X1743*E1743","v":0},{"$f":"Y1743*E1743","v":0},{"$f":"SUM(AA1743:AQ1743)","v":0},{"$f":"+E1743*Z1743","v":{"v":0,"d":"0.00"}}]
[{"$nulls":5}," "]
[{"v":10.8,"d":"10.80"},"PHASE2B",{"$nulls":3}," "]
[null,"Supply and install all of Equipment complete into Phase 2B substation LV Main Panel, all Materials and arrangements to be made with the Hospital Management and Engineering staff"]
[]
["10.8.1","80 amp 3P MCB-15kA"]
[null,"Supply","each",16,{"v":1313.55,"d":"1,313.55"},{"$f":"$D1749*E1749","v":{"v":21016.8,"d":"21,016.80"}},{"v":0,"d":"0.00"},{"v":0,"d":"0.00"},{"v":0,"d":"0.00"},{"v":0,"d":"0.00"},{"v":0,"d":"0.00"},{"v":0,"d":"0.00"},{"v":0,"d":"0.00"},{"v":0,"d":"0.00"},{"v":0,"d":"0.00"},{"v":0,"d":"0.00"},{"v":0,"d":"0.00"},{"v":0,"d":"0.00"},{"v":0,"d":"0.00"},{"v":0,"d":"0.00"},{"$nulls":3},{"v":0,"d":"0.00"},{"v":0,"d":"0.00"},{"$f":"SUM(G1749:Y1749)","v":{"v":0,"d":"0.00"}},{"$f":"G1749*E1749","v":0},{"$f":"H1749*E1749","v":0},{"$f":"I1749*E1749","v":0},{"$f":"J1749*E1749","v":0},{"$f":"K1749*E1749","v":0},{"$f":"L1749*E1749","v":0},{"$f":"+M1749*E1749","v":0},{"$f":"N1749*E1749","v":0},{"$f":"O1749*E1749","v":0},{"$f":"P1749*E1749","v":0},{"$f":"Q1749*E1749","v":0},{"$f":"R1749*E1749","v":0},{"$f":"S1749*E1749","v":0},{"$f":"T1749*E1749","v":0},{"$f":"W1749*E1749","v":0},{"$f":"X1749*E1749","v":0},{"$f":"Y1749*E1749","v":0},{"$f":"SUM(AA1749:AQ1749)","v":0},{"$f":"+E1749*Z1749","v":{"v":0,"d":"0.00"}}]
[null,"Install","each",{"$f":"D1749","v":16},{"v":275,"d":"275.00"},{"$f":"$D1750*E1750","v":{"v":4400,"d":"4,400.00"}},{"v":0,"d":"0.00"},{"v":0,"d":"0.00"},{"v":0,"d":"0.00"},{"v":0,"d":"0.00"},{"v":0,"d":"0.00"},{"v":0,"d":"0.00"},{"v":0,"d":"0.00"},{"v":0,"d":"0.00"},{"v":0,"d":"0.00"},{"v":0,"d":"0.00"},{"v":0,"d":"0.00"},{"v":0,"d":"0.00"},{"v":0,"d":"0.00"},{"v":0,"d":"0.00"},{"$nulls":3},{"v":0,"d":"0.00"},{"v":0,"d":"0.00"},{"$f":"SUM(G1750:Y1750)","v":{"v":0,"d":"0.00"}},{"$f":"G1750*E1750","v":0},{"$f":"H1750*E1750","v":0},{"$f":"I1750*E1750","v":0},{"$f":"J1750*E1750","v":0},{"$f":"K1750*E1750","v":0},{"$f":"L1750*E1750","v":0},{"$f":"+M1750*E1750","v":0},{"$f":"N1750*E1750","v":0},{"$f":"O1750*E1750","v":0},{"$f":"P1750*E1750","v":0},{"$f":"Q1750*E1750","v":0},{"$f":"R1750*E1750","v":0},{"$f":"S1750*E1750","v":0},{"$f":"T1750*E1750","v":0},{"$f":"W1750*E1750","v":0},{"$f":"X1750*E1750","v":0},{"$f":"Y1750*E1750","v":0},{"$f":"SUM(AA1750:AQ1750)","v":0},{"$f":"+E1750*Z1750","v":{"v":0,"d":"0.00"}}]
[{"$nulls":3}," ",null," "]
["10.8.2","50 amp 3P MCB-5kA",null," ",null," "]
[null,"Supply","each",16,261.45,{"$f":"$D1753*E1753","v":{"v":4183.2,"d":"4,183.20"}},{"v":0,"d":"0.00"},{"v":0,"d":"0.00"},{"v":0,"d":"0.00"},{"v":0,"d":"0.00"},{"v":0,"d":"0.00"},{"v":0,"d":"0.00"},{"v":0,"d":"0.00"},{"v":0,"d":"0.00"},{"v":0,"d":"0.00"},{"v":0,"d":"0.00"},{"v":0,"d":"0.00"},{"v":0,"d":"0.00"},{"v":0,"d":"0.00"},{"v":0,"d":"0.00"},{"$nulls":3},{"v":0,"d":"0.00"},{"v":0,"d":"0.00"},{"$f":"SUM(G1753:Y1753)","v":{"v":0,"d":"0.00"}},{"$f":"G1753*E1753","v":0},{"$f":"H1753*E1753","v":0},{"$f":"I1753*E1753","v":0},{"$f":"J1753*E1753","v":0},{"$f":"K1753*E1753","v":0},{"$f":"L1753*E1753","v":0},{"$f":"+M1753*E1753","v":0},{"$f":"N1753*E1753","v":0},{"$f":"O1753*E1753","v":0},{"$f":"P1753*E1753","v":0},{"$f":"Q1753*E1753","v":0},{"$f":"R1753*E1753","v":0},{"$f":"S1753*E1753","v":0},{"$f":"T1753*E1753","v":0},{"$f":"W1753*E1753","v":0},{"$f":"X1753*E1753","v":0},{"$f":"Y1753*E1753","v":0},{"$f":"SUM(AA1753:AQ1753)","v":0},{"$f":"+E1753*Z1753","v":{"v":0,"d":"0.00"}}]
[null,"Install","each",{"$f":"D1753","v":16},{"v":160,"d":"160.00"},{"$f":"$D1754*E1754","v":{"v":2560,"d":"2,560.00"}},{"v":0,"d":"0.00"},{"v":0,"d":"0.00"},{"v":0,"d":"0.00"},{"v":0,"d":"0.00"},{"v":0,"d":"0.00"},{"v":0,"d":"0.00"},{"v":0,"d":"0.00"},{"v":0,"d":"0.00"},{"v":0,"d":"0.00"},{"v":0,"d":"0.00"},{"v":0,"d":"0.00"},{"v":0,"d":"0.00"},{"v":0,"d":"0.00"},{"v":0,"d":"0.00"},{"$nulls":3},{"v":0,"d":"0.00"},{"v":0,"d":"0.00"},{"$f":"SUM(G1754:Y1754)","v":{"v":0,"d":"0.00"}},{"$f":"G1754*E1754","v":0},{"$f":"H1754*E1754","v":0},{"$f":"I1754*E1754","v":0},{"$f":"J1754*E1754","v":0},{"$f":"K1754*E1754","v":0},{"$f":"L1754*E1754","v":0},{"$f":"+M1754*E1754","v":0},{"$f":"N1754*E1754","v":0},{"$f":"O1754*E1754","v":0},{"$f":"P1754*E1754","v":0},{"$f":"Q1754*E1754","v":0},{"$f":"R1754*E1754","v":0},{"$f":"S1754*E1754","v":0},{"$f":"T1754*E1754","v":0},{"$f":"W1754*E1754","v":0},{"$f":"X1754*E1754","v":0},{"$f":"Y1754*E1754","v":0},{"$f":"SUM(AA1754:AQ1754)","v":0},{"$f":"+E1754*Z1754","v":{"v":0,"d":"0.00"}}]
[{"$nulls":5}," "]
["10.8.3","20 amp 3P MCB-5kA",{"$nulls":3}," "]
[null,"Supply","each",16,{"v":254.1,"d":"254.10"},{"$f":"$D1757*E1757","v":{"v":4065.6,"d":"4,065.60"}},{"v":0,"d":"0.00"},{"v":0,"d":"0.00"},{"v":0,"d":"0.00"},{"v":0,"d":"0.00"},{"v":0,"d":"0.00"},{"v":0,"d":"0.00"},{"v":0,"d":"0.00"},{"v":0,"d":"0.00"},{"v":0,"d":"0.00"},{"v":0,"d":"0.00"},{"v":0,"d":"0.00"},{"v":0,"d":"0.00"},{"v":0,"d":"0.00"},{"v":0,"d":"0.00"},{"$nulls":3},{"v":0,"d":"0.00"},{"v":0,"d":"0.00"},{"$f":"SUM(G1757:Y1757)","v":{"v":0,"d":"0.00"}},{"$f":"G1757*E1757","v":0},{"$f":"H1757*E1757","v":0},{"$f":"I1757*E1757","v":0},{"$f":"J1757*E1757","v":0},{"$f":"K1757*E1757","v":0},{"$f":"L1757*E1757","v":0},{"$f":"+M1757*E1757","v":0},{"$f":"N1757*E1757","v":0},{"$f":"O1757*E1757","v":0},{"$f":"P1757*E1757","v":0},{"$f":"Q1757*E1757","v":0},{"$f":"R1757*E1757","v":0},{"$f":"S1757*E1757","v":0},{"$f":"T1757*E1757","v":0},{"$f":"W1757*E1757","v":0},{"$f":"X1757*E1757","v":0},{"$f":"Y1757*E1757","v":0},{"$f":"SUM(AA1757:AQ1757)","v":0},{"$f":"+E1757*Z1757","v":{"v":0,"d":"0.00"}}]
[null,"Install","each",{"$f":"D1757","v":16},{"v":160,"d":"160.00"},{"$f":"$D1758*E1758","v":{"v":2560,"d":"2,560.00"}},{"v":0,"d":"0.00"},{"v":0,"d":"0.00"},{"v":0,"d":"0.00"},{"v":0,"d":"0.00"},{"v":0,"d":"0.00"},{"v":0,"d":"0.00"},{"v":0,"d":"0.00"},{"v":0,"d":"0.00"},{"v":0,"d":"0.00"},{"v":0,"d":"0.00"},{"v":0,"d":"0.00"},{"v":0,"d":"0.00"},{"v":0,"d":"0.00"},{"v":0,"d":"0.00"},{"$nulls":3},{"v":0,"d":"0.00"},{"v":0,"d":"0.00"},{"$f":"SUM(G1758:Y1758)","v":{"v":0,"d":"0.00"}},{"$f":"G1758*E1758","v":0},{"$f":"H1758*E1758","v":0},{"$f":"I1758*E1758","v":0},{"$f":"J1758*E1758","v":0},{"$f":"K1758*E1758","v":0},{"$f":"L1758*E1758","v":0},{"$f":"+M1758*E1758","v":0},{"$f":"N1758*E1758","v":0},{"$f":"O1758*E1758","v":0},{"$f":"P1758*E1758","v":0},{"$f":"Q1758*E1758","v":0},{"$f":"R1758*E1758","v":0},{"$f":"S1758*E1758","v":0},{"$f":"T1758*E1758","v":0},{"$f":"W1758*E1758","v":0},{"$f":"X1758*E1758","v":0},{"$f":"Y1758*E1758","v":0},{"$f":"SUM(AA1758:AQ1758)","v":0},{"$f":"+E1758*Z1758","v":{"v":0,"d":"0.00"}}]
[{"$nulls":5}," "]
[{"v":10.9,"d":"10.90"},"LIGHTNING PROTECTION",{"$nulls":3}," "]
[null,"Lightning protection system to SABS Code of Practice '0313 - 1999 as amended.  The Sub-contractor to employ a lightning protection specialist for Complete Installation","Sum ",1,{"v":771540.87,"d":"771,540.87"},{"$f":"$D1761*E1761","v":{"v":771540.87,"d":"771,540.87"}},{"v":0,"d":"0.00"},{"v":0,"d":"0.00"},{"v":0,"d":"0.00"},{"v":0,"d":"0.00"},{"v":0,"d":"0.00"},{"v":0,"d":"0.00"},{"v":0,"d":"0.00"},{"v":0,"d":"0.00"},{"v":0,"d":"0.00"},{"v":0,"d":"0.00"},{"v":0,"d":"0.00"},{"v":0,"d":"0.00"},{"v":0,"d":"0.00"},{"v":0,"d":"0.00"},{"$nulls":3},{"v":0,"d":"0.00"},{"v":1,"d":"1.00"},{"$f":"SUM(G1761:Y1761)","v":{"v":1,"d":"1.00"}},{"$f":"G1761*E1761","v":0},{"$f":"H1761*E1761","v":0},{"$f":"I1761*E1761","v":0},{"$f":"J1761*E1761","v":0},{"$f":"K1761*E1761","v":0},{"$f":"L1761*E1761","v":0},{"$f":"+M1761*E1761","v":0},{"$f":"N1761*E1761","v":0},{"$f":"O1761*E1761","v":0},{"$f":"P1761*E1761","v":0},{"$f":"Q1761*E1761","v":0},{"$f":"R1761*E1761","v":0},{"$f":"S1761*E1761","v":0},{"$f":"T1761*E1761","v":0},{"$f":"W1761*E1761","v":0},{"$f":"X1761*E1761","v":0},{"$f":"Y1761*E1761","v":{"v":771540.87,"d":"771,541"}},{"$f":"SUM(AA1761:AQ1761)","v":{"v":771540.87,"d":"771,541"}},{"$f":"+E1761*Z1761","v":{"v":771540.87,"d":"771,540.87"}}]
[null,"NOTE:  SABS-grade earthing rods to be used and not B-grade."]
[]
[]
[null,"TOTAL CARRIED FORWARD TO SUMMARY PAGE",{"$nulls":3},{"$f":"SUM(F1714:F1764)","v":{"v":972939.02,"d":"972,939.02"}},{"$nulls":38},{"$f":"SUM(AS1714:AS1764)","v":{"v":771540.87,"d":"771,540.87"}}]
[]
["MV RETICULATION"]
["MAIN HOSPITAL ELECTRICAL INSTALLATION"]
["CECILIA MAKIWANE HOSPITAL : PHASE 4C"]
[]
["BILL NO. 1 : PROVISIONAL AND SUPERVISION AMOUNTS",{"$nulls":3},"Besamandla"]
["ITEM","DESCRIPTION","UNIT","QTY","RATE","TENDER AMOUNT","A","B","D","E1","E2","F1","F2","G1","G2","H1","H2","J1","J2","J3",null,"G/House",null,"N","Other","Total Qty","A","B","D","E1","E2","F1","F2","G1","G2","H1","H2","J1","J2","J3","K","N","Other","Total Amount","Total Claimed"]
[]
[]
[{"v":1,"d":"1.00"},"Provisional amounts, pertaining specifically to the Electrical Installation Contract"]
[]
[" ","Provisional Amounts"]
[]
[{"v":1.1,"d":"1.10"},"Standby Control System complete as per specialist Contractor","Sum",1,{"v":2500000,"d":"2,500,000.00"},{"$f":"D1779*E1779","v":{"v":2500000,"d":"2,500,000.00"}},{"v":0,"d":"0.00"},{"v":0,"d":"0.00"},{"v":0,"d":"0.00"},{"v":0,"d":"0.00"},{"v":0,"d":"0.00"},{"v":0,"d":"0.00"},{"v":0,"d":"0.00"},{"v":0,"d":"0.00"},{"v":0,"d":"0.00"},{"v":0,"d":"0.00"},{"v":0,"d":"0.00"},{"v":0,"d":"0.00"},{"v":0,"d":"0.00"},{"v":0,"d":"0.00"},{"$nulls":3},{"v":0,"d":"0.00"},{"v":0,"d":"0.00"},{"$f":"SUM(G1779:Y1779)","v":{"v":0,"d":"0.00"}},{"$f":"G1779*E1779","v":0},{"$f":"H1779*E1779","v":0},{"$f":"I1779*E1779","v":0},{"$f":"J1779*E1779","v":0},{"$f":"K1779*E1779","v":0},{"$f":"L1779*E1779","v":0},{"$f":"+M1779*E1779","v":0},{"$f":"N1779*E1779","v":0},{"$f":"O1779*E1779","v":0},{"$f":"P1779*E1779","v":0},{"$f":"Q1779*E1779","v":0},{"$f":"R1779*E1779","v":0},{"$f":"S1779*E1779","v":0},{"$f":"T1779*E1779","v":0},{"$f":"W1779*E1779","v":0},{"$f":"X1779*E1779","v":0},{"$f":"Y1779*E1779","v":0},{"$f":"SUM(AA1779:AQ1779)","v":0},{"$f":"+E1779*Z1779","v":{"v":0,"d":"0.00"}}]
[{"$nulls":26},0,0,0,0,0,0,0,0,0,0,0,0,0,0,0,0,0,{"$f":"SUM(AA1780:AQ1780)","v":0}]
["1.1.1","Contractor's Profit on the above amount","%",null,{"v":0.025,"d":"0.03"},{"$f":"E1781*F1779","v":{"v":62500,"d":"62,500.00"}},{"v":0,"d":"0.00"},{"v":0,"d":"0.00"},{"v":0,"d":"0.00"},{"v":0,"d":"0.00"},{"v":0,"d":"0.00"},{"v":0,"d":"0.00"},{"v":0,"d":"0.00"},{"v":0,"d":"0.00"},{"v":0,"d":"0.00"},{"v":0,"d":"0.00"},{"v":0,"d":"0.00"},{"v":0,"d":"0.00"},{"v":0,"d":"0.00"},{"v":0,"d":"0.00"},{"$nulls":3},{"v":0,"d":"0.00"},{"v":0,"d":"0.00"},{"$f":"SUM(G1781:Y1781)","v":{"v":0,"d":"0.00"}},0,0,0,0,0,0,0,0,0,0,0,0,0,0,0,0,0,0,{"$f":"+E1781*Z1781","v":{"v":0,"d":"0.00"}}]
[{"$nulls":26},0,0,0,0,0,0,0,0,0,0,0,0,0,0,0,0,0,0]
[{"$nulls":26},0,0,0,0,0,0,0,0,0,0,0,0,0,0,0,0,0,0]
[{"v":1.2,"d":"1.20"},"Diesel Bulk Storage Tank installation complete as per Specialist Contractor","Sum",1,{"v":600000,"d":"600,000.00"},{"$f":"D1784*E1784","v":{"v":600000,"d":"600,000.00"}},{"v":0,"d":"0.00"},{"v":0,"d":"0.00"},{"v":0,"d":"0.00"},{"v":0,"d":"0.00"},{"v":0,"d":"0.00"},{"v":0,"d":"0.00"},{"v":0,"d":"0.00"},{"v":0,"d":"0.00"},{"v":0,"d":"0.00"},{"v":0,"d":"0.00"},{"v":0,"d":"0.00"},{"v":0,"d":"0.00"},{"v":0,"d":"0.00"},{"v":0,"d":"0.00"},{"$nulls":3},{"v":0,"d":"0.00"},{"v":0,"d":"0.00"},{"$f":"SUM(G1784:Y1784)","v":{"v":0,"d":"0.00"}},0,0,0,0,0,0,0,0,0,0,0,0,0,0,0,0,0,0,{"$f":"+E1784*Z1784","v":{"v":0,"d":"0.00"}}]
[{"$nulls":26},0,0,0,0,0,0,0,0,0,0,0,0,0,0,0,0,0,0]
["1.2.1","Contractor's Profit on the above amount","%",0,0.05,{"$f":"E1786*F1784","v":{"v":30000,"d":"30,000.00"}},{"v":0,"d":"0.00"},{"v":0,"d":"0.00"},{"v":0,"d":"0.00"},{"v":0,"d":"0.00"},{"v":0,"d":"0.00"},{"v":0,"d":"0.00"},{"v":0,"d":"0.00"},{"v":0,"d":"0.00"},{"v":0,"d":"0.00"},{"v":0,"d":"0.00"},{"v":0,"d":"0.00"},{"v":0,"d":"0.00"},{"v":0,"d":"0.00"},{"v":0,"d":"0.00"},{"$nulls":3},{"v":0,"d":"0.00"},{"v":0,"d":"0.00"},{"$f":"SUM(G1786:Y1786)","v":{"v":0,"d":"0.00"}},0,0,0,0,0,0,0,0,0,0,0,0,0,0,0,0,0,0,{"$f":"+E1786*Z1786","v":{"v":0,"d":"0.00"}}]
[{"$nulls":26},0,0,0,0,0,0,0,0,0,0,0,0,0,0,0,0,0,0]
[{"v":1.3,"d":"1.30"},"Technical Training","Sum",1,{"v":200000,"d":"200,000.00"},{"$f":"D1788*E1788","v":{"v":200000,"d":"200,000.00"}},{"v":0,"d":"0.00"},{"v":0,"d":"0.00"},{"v":0,"d":"0.00"},{"v":0,"d":"0.00"},{"v":0,"d":"0.00"},{"v":0,"d":"0.00"},{"v":0,"d":"0.00"},{"v":0,"d":"0.00"},{"v":0,"d":"0.00"},{"v":0,"d":"0.00"},{"v":0,"d":"0.00"},{"v":0,"d":"0.00"},{"v":0,"d":"0.00"},{"v":0,"d":"0.00"},{"$nulls":3},{"v":0,"d":"0.00"},{"v":0,"d":"0.00"},{"$f":"SUM(G1788:Y1788)","v":{"v":0,"d":"0.00"}},0,0,0,0,0,0,0,0,0,0,0,0,0,0,0,0,0,0,{"$f":"+E1788*Z1788","v":{"v":0,"d":"0.00"}}]
[{"$nulls":3}," ",{"$nulls":22},0,0,0,0,0,0,0,0,0,0,0,0,0,0,0,0,0,0]
["1.3.1","Contractor's Profit on the above amount","%",{"v":0.1,"d":"0"},{"v":0.1,"d":"0.10"},{"$f":"E1790*F1788","v":{"v":20000,"d":"20,000.00"}},{"v":0,"d":"0.00"},{"v":0,"d":"0.00"},{"v":0,"d":"0.00"},{"v":0,"d":"0.00"},{"v":0,"d":"0.00"},{"v":0,"d":"0.00"},{"v":0,"d":"0.00"},{"v":0,"d":"0.00"},{"v":0,"d":"0.00"},{"v":0,"d":"0.00"},{"v":0,"d":"0.00"},{"v":0,"d":"0.00"},{"v":0,"d":"0.00"},{"v":0,"d":"0.00"},{"$nulls":3},{"v":0,"d":"0.00"},{"v":0,"d":"0.00"},{"$f":"SUM(G1790:Y1790)","v":{"v":0,"d":"0.00"}},0,0,0,0,0,0,null,0,0,0,0,0,0,0,0,0,0,0,{"$f":"+E1790*Z1790","v":{"v":0,"d":"0.00"}}]
[{"$nulls":3}," ",{"$nulls":22},0,0,0,0,0,0,null,0,0,0,0,0,0,0,0,0,0,0]
[{"v":1.4,"d":"1.40"},"Life Skills Training","Sum",1,{"v":50000,"d":"50,000.00"},{"$f":"D1792*E1792","v":{"v":50000,"d":"50,000.00"}},{"v":0,"d":"0.00"},{"v":0,"d":"0.00"},{"v":0,"d":"0.00"},{"v":0,"d":"0.00"},{"v":0,"d":"0.00"},{"v":0,"d":"0.00"},{"v":0,"d":"0.00"},{"v":0,"d":"0.00"},{"v":0,"d":"0.00"},{"v":0,"d":"0.00"},{"v":0,"d":"0.00"},{"v":0,"d":"0.00"},{"v":0,"d":"0.00"},{"v":0,"d":"0.00"},{"$nulls":3},{"v":0,"d":"0.00"},{"v":0,"d":"0.00"},{"$f":"SUM(G1792:Y1792)","v":{"v":0,"d":"0.00"}},0,0,0,0,0,0,null,0,0,0,0,0,0,0,0,0,0,0,{"$f":"+E1792*Z1792","v":{"v":0,"d":"0.00"}}]
[{"$nulls":3}," ",{"$nulls":22},0,0,0,0,0,0,null,0,0,0,0,0,0,0,0,0,0,0]
["1.4.1","Contractor's Profit on the above amount","%",{"v":0.1,"d":"0"},{"v":0.1,"d":"0.10"},{"$f":"E1794*F1792","v":{"v":5000,"d":"5,000.00"}},{"v":0,"d":"0.00"},{"v":0,"d":"0.00"},{"v":0,"d":"0.00"},{"v":0,"d":"0.00"},{"v":0,"d":"0.00"},{"v":0,"d":"0.00"},{"v":0,"d":"0.00"},{"v":0,"d":"0.00"},{"v":0,"d":"0.00"},{"v":0,"d":"0.00"},{"v":0,"d":"0.00"},{"v":0,"d":"0.00"},{"v":0,"d":"0.00"},{"v":0,"d":"0.00"},{"$nulls":3},{"v":0,"d":"0.00"},{"v":0,"d":"0.00"},{"$f":"SUM(G1794:Y1794)","v":{"v":0,"d":"0.00"}},0,0,0,0,0,0,null,0,0,0,0,0,0,0,0,0,0,0,{"$f":"+E1794*Z1794","v":{"v":0,"d":"0.00"}}]
[{"$nulls":26},0,0,0,0,0,0,null,0,0,0,0,0,0,0,0,0,0,0]
[{"v":1.5,"d":"1.50"},"Learners Stipend","Sum",1,{"v":75000,"d":"75,000.00"},{"$f":"D1796*E1796","v":{"v":75000,"d":"75,000.00"}},{"v":0,"d":"0.00"},{"v":0,"d":"0.00"},{"v":0,"d":"0.00"},{"v":0,"d":"0.00"},{"v":0,"d":"0.00"},{"v":0,"d":"0.00"},{"v":0,"d":"0.00"},{"v":0,"d":"0.00"},{"v":0,"d":"0.00"},{"v":0,"d":"0.00"},{"v":0,"d":"0.00"},{"v":0,"d":"0.00"},{"v":0,"d":"0.00"},{"v":0,"d":"0.00"},{"$nulls":3},{"v":0,"d":"0.00"},{"v":1.1933333333333334,"d":"1.19"},{"$f":"SUM(G1796:Y1796)","v":{"v":1.1933333333333334,"d":"1.19"}},0,0,0,0,0,0,null,0,0,0,0,0,0,0,0,0,{"v":89500,"d":"89,500"},{"v":89500,"d":"89,500"},{"$f":"+E1796*Z1796","v":{"v":89500,"d":"89,500.00"}}]
[{"$nulls":3}," ",{"$nulls":22},0,0,0,0,0,0,null,0,0,0,0,0,0,0,0,0,0,0]
["1.5.1","Contractor's Profit on the above amount","%",{"v":0.1,"d":"0"},{"v":0.1,"d":"0.10"},{"$f":"E1798*F1796","v":{"v":7500,"d":"7,500.00"}},{"v":0,"d":"0.00"},{"v":0,"d":"0.00"},{"v":0,"d":"0.00"},{"v":0,"d":"0.00"},{"v":0,"d":"0.00"},{"v":0,"d":"0.00"},{"v":0,"d":"0.00"},{"v":0,"d":"0.00"},{"v":0,"d":"0.00"},{"v":0,"d":"0.00"},{"v":0,"d":"0.00"},{"v":0,"d":"0.00"},{"v":0,"d":"0.00"},{"v":0,"d":"0.00"},{"$nulls":3},{"v":0,"d":"0.00"},{"v":1.1933333333333334,"d":"1.19"},{"$f":"SUM(G1798:Y1798)","v":{"v":1.1933333333333334,"d":"1.19"}},0,0,0,0,0,0,null,0,0,0,0,0,0,0,0,0,{"v":0.11933333333333335,"d":"0"},{"v":0.11933333333333335,"d":"0"},{"$f":"+E1798*Z1798","v":{"v":0.11933333333333335,"d":"0.12"}}]
[{"$nulls":26},0,0,0,0,0,0,null,0,0,0,0,0,0,0,0,0,0,0]
[{"v":1.6,"d":"1.60"},"SMME MANAGER",{"$nulls":24},0,0,0,0,0,0,null,0,0,0,0,0,0,0,0,0,0,0]
[{"$nulls":26},0,0,0,0,0,0,null,0,0,0,0,0,0,0,0,0,0,0]
["1.6.1","SMME Manager for all SMME Contracts as per Specification for the duration of the Project","Sum",1,{"v":40000,"d":"40,000.00"},{"$f":"D1802*E1802","v":{"v":40000,"d":"40,000.00"}},{"v":0,"d":"0.00"},{"v":0,"d":"0.00"},{"v":0,"d":"0.00"},{"v":0,"d":"0.00"},{"v":0,"d":"0.00"},{"v":0,"d":"0.00"},{"v":0,"d":"0.00"},{"v":0,"d":"0.00"},{"v":0,"d":"0.00"},{"v":0,"d":"0.00"},{"v":0,"d":"0.00"},{"v":0,"d":"0.00"},{"v":0,"d":"0.00"},{"v":0,"d":"0.00"},{"$nulls":3},{"v":0,"d":"0.00"},{"v":1,"d":"1.00"},{"$f":"SUM(G1802:Y1802)","v":{"v":1,"d":"1.00"}},0,0,0,0,0,0,null,0,0,0,0,0,0,0,0,0,{"v":40000,"d":"40,000"},{"v":40000,"d":"40,000"},{"$f":"+E1802*Z1802","v":{"v":40000,"d":"40,000.00"}}]
[{"$nulls":3}," "]
[null,"Amount Carried Forward",{"$nulls":3},{"$f":"SUM(F1775:F1803)","v":{"v":3590000,"d":"3,590,000.00"}},{"$nulls":38},{"$f":"SUM(AS1775:AS1803)","v":{"v":129500.11933333334,"d":"129,500.12"}}]
[]
["MAIN HOSPITAL ELECTRICAL INSTALLATION"]
["CECILIA MAKIWANE HOSPITAL : PHASE 4C"]
[]
["BILL NO. 2 : MV INSTALLATION"]
["ITEM","DESCRIPTION","UNIT","QTY","RATE","TENDER AMOUNT","A","B","D","E1","E2","F1","F2","G1","G2","H1","H2","J1","J2","J3",null,"G/House",null,"N","Other","Total Qty","A","B","D","E1","E2","F1","F2","G1","G2","H1","H2","J1","J2","J3","K","N","Other","Total Amount","Total Claimed"]
[]
[]
[]
[{"v":2.1,"d":"2.10"},"Cabling"]
["2.1.1","11kV 150mm2 3 core XLPE with SABS Mark C/W 70mm2 Earth wire"]
[null,"  Supply","m",200,692.37,{"$f":"D1816*E1816","v":{"v":138474,"d":"138,474.00"}},{"v":0,"d":"0.00"},{"v":0,"d":"0.00"},{"v":0,"d":"0.00"},{"v":0,"d":"0.00"},{"v":0,"d":"0.00"},{"v":0,"d":"0.00"},{"v":0,"d":"0.00"},{"v":0,"d":"0.00"},{"v":0,"d":"0.00"},{"v":0,"d":"0.00"},{"v":0,"d":"0.00"},{"v":0,"d":"0.00"},{"v":0,"d":"0.00"},{"v":0,"d":"0.00"},{"$nulls":3},{"v":0,"d":"0.00"},{"v":200,"d":"200.00"},{"$f":"SUM(G1816:Y1816)","v":{"v":200,"d":"200.00"}},{"$f":"G1816*E1816","v":0},{"$f":"H1816*$E1816","v":0},{"$f":"I1816*$E1816","v":0},{"$f":"J1816*$E1816","v":0},{"$f":"K1816*$E1816","v":0},{"$f":"L1816*$E1816","v":0},{"$f":"+M1816*E1816","v":0},{"$f":"N1816*$E1816","v":0},{"$f":"O1816*$E1816","v":0},{"$f":"P1816*$E1816","v":0},{"$f":"Q1816*$E1816","v":0},{"$f":"R1816*$E1816","v":0},{"$f":"S1816*$E1816","v":0},{"$f":"T1816*$E1816","v":0},{"$f":"W1816*$E1816","v":0},0,{"$f":"Y1816*$E1816","v":{"v":138474,"d":"138,474"}},{"$f":"SUM(AA1816:AQ1816)","v":{"v":138474,"d":"138,474"}},{"$f":"+E1816*Z1816","v":{"v":138474,"d":"138,474.00"}}]
[null,"  Install","m",{"$f":"D1816","v":200},{"v":36,"d":"36.00"},{"$f":"D1817*E1817","v":{"v":7200,"d":"7,200.00"}},{"v":0,"d":"0.00"},{"v":0,"d":"0.00"},{"v":0,"d":"0.00"},{"v":0,"d":"0.00"},{"v":0,"d":"0.00"},{"v":0,"d":"0.00"},{"v":0,"d":"0.00"},{"v":0,"d":"0.00"},{"v":0,"d":"0.00"},{"v":0,"d":"0.00"},{"v":0,"d":"0.00"},{"v":0,"d":"0.00"},{"v":0,"d":"0.00"},{"v":0,"d":"0.00"},{"$nulls":3},{"v":0,"d":"0.00"},{"v":0,"d":"0.00"},{"$f":"SUM(G1817:Y1817)","v":{"v":0,"d":"0.00"}},0,0,0,0,0,0,0,0,0,0,0,0,0,0,0,0,0,{"$f":"SUM(AA1817:AQ1817)","v":0},{"$f":"+E1817*Z1817","v":{"v":0,"d":"0.00"}}]
[{"$nulls":26},0,0,0,0,0,0,0,0,0,0,0,0,0,0,0,0,0,0]
["2.1.2","Cable joint for 11kV 150mm2 3 core XLPE with SABS",{"$nulls":24},0,0,0,0,0,0,0,0,0,0,0,0,0,0,0,0,0,0]
[null,"Mark",{"$nulls":24},0,0,0,0,0,0,0,0,0,0,0,0,0,0,0,0,0,0]
[null,"  Supply","each",4,{"v":2275.24,"d":"2,275.24"},{"$f":"D1821*E1821","v":{"v":9100.96,"d":"9,100.96"}},{"v":0,"d":"0.00"},{"v":0,"d":"0.00"},{"v":0,"d":"0.00"},{"v":0,"d":"0.00"},{"v":0,"d":"0.00"},{"v":0,"d":"0.00"},{"v":0,"d":"0.00"},{"v":0,"d":"0.00"},{"v":0,"d":"0.00"},{"v":0,"d":"0.00"},{"v":0,"d":"0.00"},{"v":0,"d":"0.00"},{"v":0,"d":"0.00"},{"v":0,"d":"0.00"},{"$nulls":3},{"v":0,"d":"0.00"},{"v":0,"d":"0.00"},{"$f":"SUM(G1821:Y1821)","v":{"v":0,"d":"0.00"}},0,0,0,0,0,0,0,0,0,0,0,0,0,0,0,0,0,0,{"$f":"+E1821*Z1821","v":{"v":0,"d":"0.00"}}]
[null,"  Install","each",{"$f":"D1821","v":4},{"v":1800,"d":"1,800.00"},{"$f":"D1822*E1822","v":{"v":7200,"d":"7,200.00"}},{"v":0,"d":"0.00"},{"v":0,"d":"0.00"},{"v":0,"d":"0.00"},{"v":0,"d":"0.00"},{"v":0,"d":"0.00"},{"v":0,"d":"0.00"},{"v":0,"d":"0.00"},{"v":0,"d":"0.00"},{"v":0,"d":"0.00"},{"v":0,"d":"0.00"},{"v":0,"d":"0.00"},{"v":0,"d":"0.00"},{"v":0,"d":"0.00"},{"v":0,"d":"0.00"},{"$nulls":3},{"v":0,"d":"0.00"},{"v":0,"d":"0.00"},{"$f":"SUM(G1822:Y1822)","v":{"v":0,"d":"0.00"}},0,0,0,0,0,0,0,0,0,0,0,0,0,0,0,0,0,0,{"$f":"+E1822*Z1822","v":{"v":0,"d":"0.00"}}]
[{"$nulls":26},0,0,0,0,0,0,0,0,0,0,0,0,0,0,0,0,0,0]
["2.1.3","Indoor heat shrink termination boot for 11kV 150mm2 cable onto the local OCB, MV isolator, MV fuse switch transformer, remote fuse switches for existing transformers",{"$nulls":24},0,0,0,0,0,0,0,0,0,0,0,0,0,0,0,0,0,0]
[null,"  Supply","each",4,{"v":1482.81,"d":"1,482.81"},{"$f":"D1825*E1825","v":{"v":5931.24,"d":"5,931.24"}},{"v":0,"d":"0.00"},{"v":0,"d":"0.00"},{"v":0,"d":"0.00"},{"v":0,"d":"0.00"},{"v":0,"d":"0.00"},{"v":0,"d":"0.00"},{"v":0,"d":"0.00"},{"v":0,"d":"0.00"},{"v":0,"d":"0.00"},{"v":0,"d":"0.00"},{"v":0,"d":"0.00"},{"v":0,"d":"0.00"},{"v":0,"d":"0.00"},{"v":0,"d":"0.00"},{"$nulls":3},{"v":0,"d":"0.00"},{"v":0,"d":"0.00"},{"$f":"SUM(G1825:Y1825)","v":{"v":0,"d":"0.00"}},0,0,0,0,0,0,0,0,0,0,0,0,0,0,0,0,0,0,{"$f":"+E1825*Z1825","v":{"v":0,"d":"0.00"}}]
[null,"  Install","each",{"$f":"D1825","v":4},{"v":1500,"d":"1,500.00"},{"$f":"D1826*E1826","v":{"v":6000,"d":"6,000.00"}},{"v":0,"d":"0.00"},{"v":0,"d":"0.00"},{"v":0,"d":"0.00"},{"v":0,"d":"0.00"},{"v":0,"d":"0.00"},{"v":0,"d":"0.00"},{"v":0,"d":"0.00"},{"v":0,"d":"0.00"},{"v":0,"d":"0.00"},{"v":0,"d":"0.00"},{"v":0,"d":"0.00"},{"v":0,"d":"0.00"},{"v":0,"d":"0.00"},{"v":0,"d":"0.00"},{"$nulls":3},{"v":0,"d":"0.00"},{"v":0,"d":"0.00"},{"$f":"SUM(G1826:Y1826)","v":{"v":0,"d":"0.00"}},0,0,0,0,0,0,0,0,0,0,0,0,0,0,0,0,0,0,{"$f":"+E1826*Z1826","v":{"v":0,"d":"0.00"}}]
[{"$nulls":26},0,0,0,0,0,0,0,0,0,0,0,0,0,0,0,0,0,0]
["2.1.4","11kV 240mm2 3 core XLPE with SABS Mark C/W 95mm2 Earth wire",{"$nulls":24},0,0,0,0,0,0,0,0,0,0,0,0,0,0,0,0,0,0]
[null,"  Supply","m",{"v":1800,"d":"1,800"},{"v":1045.94,"d":"1,045.94"},{"$f":"D1829*E1829","v":{"v":1882692,"d":"1,882,692.00"}},{"v":0,"d":"0.00"},{"v":0,"d":"0.00"},{"v":0,"d":"0.00"},{"v":0,"d":"0.00"},{"v":0,"d":"0.00"},{"v":0,"d":"0.00"},{"v":0,"d":"0.00"},{"v":0,"d":"0.00"},{"v":0,"d":"0.00"},{"v":0,"d":"0.00"},{"v":0,"d":"0.00"},{"v":0,"d":"0.00"},{"v":0,"d":"0.00"},{"v":0,"d":"0.00"},{"$nulls":3},{"v":0,"d":"0.00"},{"v":1800,"d":"1,800.00"},{"$f":"SUM(G1829:Y1829)","v":{"v":1800,"d":"1,800.00"}},0,0,0,0,0,0,0,0,0,0,0,0,0,0,0,0,{"v":1882692,"d":"1,882,692"},{"v":1882692,"d":"1,882,692"},{"$f":"+E1829*Z1829","v":{"v":1882692,"d":"1,882,692.00"}}]
[null,"  Install","m",{"$f":"D1829","v":{"v":1800,"d":"1,800"}},{"v":39,"d":"39.00"},{"$f":"D1830*E1830","v":{"v":70200,"d":"70,200.00"}},{"v":0,"d":"0.00"},{"v":0,"d":"0.00"},{"v":0,"d":"0.00"},{"v":0,"d":"0.00"},{"v":0,"d":"0.00"},{"v":0,"d":"0.00"},{"v":0,"d":"0.00"},{"v":0,"d":"0.00"},{"v":0,"d":"0.00"},{"v":0,"d":"0.00"},{"v":0,"d":"0.00"},{"v":0,"d":"0.00"},{"v":0,"d":"0.00"},{"v":0,"d":"0.00"},{"$nulls":3},{"v":0,"d":"0.00"},{"v":1838,"d":"1,838.00"},{"$f":"SUM(G1830:Y1830)","v":{"v":1838,"d":"1,838.00"}},0,0,0,0,0,0,0,0,0,0,0,0,0,0,0,0,{"v":71682,"d":"71,682"},{"v":71682,"d":"71,682"},{"$f":"+E1830*Z1830","v":{"v":71682,"d":"71,682.00"}}]
[{"$nulls":26},0,0,0,0,0,0,0,0,0,0,0,0,0,0,0,0,0,0]
["2.1.5","Cable joint for 11kV 240mm2 3 core XLPE with SABS",{"$nulls":24},0,0,0,0,0,0,0,0,0,0,0,0,0,0,{"$f":"W1832*$E1832","v":0},0,0,0]
[null,"Mark",{"$nulls":24},0,0,0,0,0,0,0,0,0,0,0,0,0,0,0,0,0,0]
[null,"  Supply","each",{"$f":"D1829/100","v":18},{"v":2746.84,"d":"2,746.84"},{"$f":"D1834*E1834","v":{"v":49443.12,"d":"49,443.12"}},{"v":0,"d":"0.00"},{"v":0,"d":"0.00"},{"v":0,"d":"0.00"},{"v":0,"d":"0.00"},{"v":0,"d":"0.00"},{"v":0,"d":"0.00"},{"v":0,"d":"0.00"},{"v":0,"d":"0.00"},{"v":0,"d":"0.00"},{"v":0,"d":"0.00"},{"v":0,"d":"0.00"},{"v":0,"d":"0.00"},{"v":0,"d":"0.00"},{"v":0,"d":"0.00"},{"$nulls":3},{"v":0,"d":"0.00"},{"v":22,"d":"22.00"},{"$f":"SUM(G1834:Y1834)","v":{"v":22,"d":"22.00"}},0,0,0,0,0,0,0,0,0,0,0,0,0,0,0,0,{"v":60430.48,"d":"60,430"},{"v":60430.48,"d":"60,430"},{"$f":"+E1834*Z1834","v":{"v":60430.48,"d":"60,430.48"}}]
[null,"  Install","each",{"$f":"D1834","v":18},{"v":2000,"d":"2,000.00"},{"$f":"D1835*E1835","v":{"v":36000,"d":"36,000.00"}},{"v":0,"d":"0.00"},{"v":0,"d":"0.00"},{"v":0,"d":"0.00"},{"v":0,"d":"0.00"},{"v":0,"d":"0.00"},{"v":0,"d":"0.00"},{"v":0,"d":"0.00"},{"v":0,"d":"0.00"},{"v":0,"d":"0.00"},{"v":0,"d":"0.00"},{"v":0,"d":"0.00"},{"v":0,"d":"0.00"},{"v":0,"d":"0.00"},{"v":0,"d":"0.00"},{"$nulls":3},{"v":0,"d":"0.00"},{"v":22,"d":"22.00"},{"$f":"SUM(G1835:Y1835)","v":{"v":22,"d":"22.00"}},0,0,0,0,0,0,0,0,0,0,0,0,0,0,0,0,{"v":44000,"d":"44,000"},{"v":44000,"d":"44,000"},{"$f":"+E1835*Z1835","v":{"v":44000,"d":"44,000.00"}}]
[{"$nulls":26},0,0,0,0,0,0,0,0,0,0,0,0,0,0,0,0,0,0]
["2.1.6","Indoor heat shrink termination boot for 11kV 240mm2 cable onto the local OCB, MV isolator, MV fuse switch transformer, remote fuse switches for existing transformers",{"$nulls":24},0,0,0,0,0,0,0,0,0,0,0,0,0,0,0,0,0,0]
[null,"  Supply","each",24,{"v":2501.35,"d":"2,501.35"},{"$f":"D1838*E1838","v":{"v":60032.399999999994,"d":"60,032.40"}},{"v":0,"d":"0.00"},{"v":0,"d":"0.00"},{"v":0,"d":"0.00"},{"v":0,"d":"0.00"},{"v":0,"d":"0.00"},{"v":0,"d":"0.00"},{"v":0,"d":"0.00"},{"v":0,"d":"0.00"},{"v":0,"d":"0.00"},{"v":0,"d":"0.00"},{"v":0,"d":"0.00"},{"v":0,"d":"0.00"},{"v":0,"d":"0.00"},{"v":0,"d":"0.00"},{"$nulls":3},{"v":0,"d":"0.00"},{"v":22,"d":"22.00"},{"$f":"SUM(G1838:Y1838)","v":{"v":22,"d":"22.00"}},0,0,0,0,0,0,0,0,0,0,0,0,0,0,0,0,{"v":55029.7,"d":"55,030"},{"v":55029.7,"d":"55,030"},{"$f":"+E1838*Z1838","v":{"v":55029.7,"d":"55,029.70"}}]
[null,"  Install","each",{"$f":"D1838","v":24},{"v":1800,"d":"1,800.00"},{"$f":"D1839*E1839","v":{"v":43200,"d":"43,200.00"}},{"v":0,"d":"0.00"},{"v":0,"d":"0.00"},{"v":0,"d":"0.00"},{"v":0,"d":"0.00"},{"v":0,"d":"0.00"},{"v":0,"d":"0.00"},{"v":0,"d":"0.00"},{"v":0,"d":"0.00"},{"v":0,"d":"0.00"},{"v":0,"d":"0.00"},{"v":0,"d":"0.00"},{"v":0,"d":"0.00"},{"v":0,"d":"0.00"},{"v":0,"d":"0.00"},{"$nulls":3},{"v":0,"d":"0.00"},{"v":29,"d":"29.00"},{"$f":"SUM(G1839:Y1839)","v":{"v":29,"d":"29.00"}},0,0,0,0,0,0,0,0,0,0,0,0,0,0,0,0,{"v":52200,"d":"52,200"},{"v":52200,"d":"52,200"},{"$f":"+E1839*Z1839","v":{"v":52200,"d":"52,200.00"}}]
[{"$nulls":26},0,0,0,0,0,0,0,0,0,0,0,0,0,0,0,0,0,0]
["2.1.7","Cable route markers",{"$nulls":24},0,0,0,0,0,0,0,0,0,0,0,0,0,0,0,0,0,0]
[null,"  Supply","each",40,97.38,{"$f":"D1842*E1842","v":{"v":3895.2,"d":"3,895.20"}},{"v":0,"d":"0.00"},{"v":0,"d":"0.00"},{"v":0,"d":"0.00"},{"v":0,"d":"0.00"},{"v":0,"d":"0.00"},{"v":0,"d":"0.00"},{"v":0,"d":"0.00"},{"v":0,"d":"0.00"},{"v":0,"d":"0.00"},{"v":0,"d":"0.00"},{"v":0,"d":"0.00"},{"v":0,"d":"0.00"},{"v":0,"d":"0.00"},{"v":0,"d":"0.00"},{"$nulls":3},{"v":0,"d":"0.00"},{"v":0,"d":"0.00"},{"$f":"SUM(G1842:Y1842)","v":{"v":0,"d":"0.00"}},0,0,0,0,0,0,0,0,0,0,0,0,0,0,0,0,0,0,{"$f":"+E1842*Z1842","v":{"v":0,"d":"0.00"}}]
[null,"  Install","each",{"$f":"D1842","v":40},{"v":30,"d":"30.00"},{"$f":"D1843*E1843","v":{"v":1200,"d":"1,200.00"}},{"v":0,"d":"0.00"},{"v":0,"d":"0.00"},{"v":0,"d":"0.00"},{"v":0,"d":"0.00"},{"v":0,"d":"0.00"},{"v":0,"d":"0.00"},{"v":0,"d":"0.00"},{"v":0,"d":"0.00"},{"v":0,"d":"0.00"},{"v":0,"d":"0.00"},{"v":0,"d":"0.00"},{"v":0,"d":"0.00"},{"v":0,"d":"0.00"},{"v":0,"d":"0.00"},{"$nulls":3},{"v":0,"d":"0.00"},{"v":0,"d":"0.00"},{"$f":"SUM(G1843:Y1843)","v":{"v":0,"d":"0.00"}},0,0,0,0,0,0,0,0,0,0,0,0,0,0,0,0,0,0,{"$f":"+E1843*Z1843","v":{"v":0,"d":"0.00"}}]
[{"$nulls":26},0,0,0,0,0,0,0,0,0,0,0,0,0,0,0,0,0,0]
["2.1.8","Masterkeyed padlocks with keys.",{"$nulls":24},0,0,0,0,0,0,0,0,0,0,0,0,0,0,0,0,0,0]
[null,"  Supply","each",12,358.75,{"$f":"D1846*E1846","v":{"v":4305,"d":"4,305.00"}},{"v":0,"d":"0.00"},{"v":0,"d":"0.00"},{"v":0,"d":"0.00"},{"v":0,"d":"0.00"},{"v":0,"d":"0.00"},{"v":0,"d":"0.00"},{"v":0,"d":"0.00"},{"v":0,"d":"0.00"},{"v":0,"d":"0.00"},{"v":0,"d":"0.00"},{"v":0,"d":"0.00"},{"v":0,"d":"0.00"},{"v":0,"d":"0.00"},{"v":0,"d":"0.00"},{"$nulls":3},{"v":0,"d":"0.00"},{"v":0,"d":"0.00"},{"$f":"SUM(G1846:Y1846)","v":{"v":0,"d":"0.00"}},0,0,0,0,0,0,0,0,0,0,0,0,0,0,0,0,0,0,{"$f":"+E1846*Z1846","v":{"v":0,"d":"0.00"}}]
[null,"  Install","each",{"$f":"D1846","v":12},{"v":20,"d":"20.00"},{"$f":"D1847*E1847","v":{"v":240,"d":"240.00"}},{"v":0,"d":"0.00"},{"v":0,"d":"0.00"},{"v":0,"d":"0.00"},{"v":0,"d":"0.00"},{"v":0,"d":"0.00"},{"v":0,"d":"0.00"},{"v":0,"d":"0.00"},{"v":0,"d":"0.00"},{"v":0,"d":"0.00"},{"v":0,"d":"0.00"},{"v":0,"d":"0.00"},{"v":0,"d":"0.00"},{"v":0,"d":"0.00"},{"v":0,"d":"0.00"},{"$nulls":3},{"v":0,"d":"0.00"},{"v":0,"d":"0.00"},{"$f":"SUM(G1847:Y1847)","v":{"v":0,"d":"0.00"}},0,0,0,0,0,0,0,0,0,0,0,0,0,0,0,0,0,0,{"$f":"+E1847*Z1847","v":{"v":0,"d":"0.00"}}]
[{"$nulls":26},0,0,0,0,0,0,0,0,0,0,0,0,0,0,0,0,0,0]
[{"v":2.2,"d":"2.20"},"New Substation MV Equipment",{"$nulls":24},0,0,0,0,0,0,0,0,0,0,0,0,0,0,0,0,0,0]
["2.2.1","11kV vacuum circuit breakers as specified, remote opening and closing from the PLC system, complete with build-in maintenance trolley",{"$nulls":24},0,0,0,0,0,0,0,0,0,0,0,0,0,0,0,0,0,0]
[{"$nulls":26},0,0,0,0,0,0,0,0,0,0,0,0,0,0,0,0,0,0]
["2.2.1.1","As per Spec Item 2.4.1. (i)",{"$nulls":24},0,0,0,0,0,0,0,0,0,0,0,0,0,0,0,0,0,0]
[null,"  Supply","each",4,{"v":131740.47,"d":"131,740.47"},{"$f":"D1853*E1853","v":{"v":526961.88,"d":"526,961.88"}},{"v":0,"d":"0.00"},{"v":0,"d":"0.00"},{"v":0,"d":"0.00"},{"v":0,"d":"0.00"},{"v":0,"d":"0.00"},{"v":0,"d":"0.00"},{"v":0,"d":"0.00"},{"v":0,"d":"0.00"},{"v":0,"d":"0.00"},{"v":0,"d":"0.00"},{"v":0,"d":"0.00"},{"v":0,"d":"0.00"},{"v":0,"d":"0.00"},{"v":0,"d":"0.00"},{"$nulls":3},{"v":0,"d":"0.00"},{"v":4,"d":"4.00"},{"$f":"SUM(G1853:Y1853)","v":{"v":4,"d":"4.00"}},0,0,0,0,0,0,0,0,0,0,0,0,0,0,0,0,{"v":526961.88,"d":"526,962"},{"v":526961.88,"d":"526,962"},{"$f":"+E1853*Z1853","v":{"v":526961.88,"d":"526,961.88"}}]
[null,"  Install","each",{"$f":"D1853","v":4},{"v":18155,"d":"18,155.00"},{"$f":"D1854*E1854","v":{"v":72620,"d":"72,620.00"}},{"v":0,"d":"0.00"},{"v":0,"d":"0.00"},{"v":0,"d":"0.00"},{"v":0,"d":"0.00"},{"v":0,"d":"0.00"},{"v":0,"d":"0.00"},{"v":0,"d":"0.00"},{"v":0,"d":"0.00"},{"v":0,"d":"0.00"},{"v":0,"d":"0.00"},{"v":0,"d":"0.00"},{"v":0,"d":"0.00"},{"v":0,"d":"0.00"},{"v":0,"d":"0.00"},{"$nulls":3},{"v":0,"d":"0.00"},{"v":4,"d":"4.00"},{"$f":"SUM(G1854:Y1854)","v":{"v":4,"d":"4.00"}},0,0,0,0,0,0,0,0,0,0,0,0,0,0,0,0,{"v":72620,"d":"72,620"},{"v":72620,"d":"72,620"},{"$f":"+E1854*Z1854","v":{"v":72620,"d":"72,620.00"}}]
[]
[]
[null,"Amount Carried Forward ",{"$nulls":3},{"$f":"SUM(F1814:F1856)","v":{"v":2924695.8000000003,"d":"2,924,695.80"}},{"$nulls":38},{"$f":"SUM(AS1814:AS1856)","v":{"v":2904090.06,"d":"2,904,090.06"}}]
[]
["MAIN HOSPITAL ELECTRICAL INSTALLATION"]
["CECILIA MAKIWANE HOSPITAL : PHASE 4C"]
[]
[{"$f":"A1809","v":"BILL NO. 2 : MV INSTALLATION"}]
["ITEM","DESCRIPTION","UNIT","QTY","RATE","TENDER AMOUNT","A","B","D","E1","E2","F1","F2","G1","G2","H1","H2","J1","J2","J3",null,"G/House",null,"N","Other","Total Qty","A","B","D","E1","E2","F1","F2","G1","G2","H1","H2","J1","J2","J3","K","N","Other","Total Amount","Total Claimed"]
[null,"AMOUNT CARRIED FORWARD FROM PREVIOUS BILL",{"$nulls":3},{"$f":"F1857","v":{"v":2924695.8000000003,"d":"2,924,695.80"}},{"$nulls":38},{"$f":"AS1857","v":{"v":2904090.06,"d":"2,904,090.06"}}]
[]
["2.2.1.2","As per Spec Item 2.4.1. (ii)"]
[null,"  Supply","each",17,{"v":131740.47,"d":"131,740.47"},{"$f":"D1867*E1867","v":{"v":2239587.99,"d":"2,239,587.99"}},{"v":0,"d":"0.00"},{"v":0,"d":"0.00"},{"v":0,"d":"0.00"},{"v":0,"d":"0.00"},{"v":0,"d":"0.00"},{"v":0,"d":"0.00"},{"v":0,"d":"0.00"},{"v":0,"d":"0.00"},{"v":0,"d":"0.00"},{"v":0,"d":"0.00"},{"v":0,"d":"0.00"},{"v":0,"d":"0.00"},{"v":0,"d":"0.00"},{"v":0,"d":"0.00"},{"$nulls":3},{"v":0,"d":"0.00"},{"v":17,"d":"17.00"},{"$f":"SUM(G1867:Y1867)","v":{"v":17,"d":"17.00"}},{"$f":"G1867*E1867","v":0},{"$f":"H1867*$E1867","v":0},{"$f":"I1867*$E1867","v":0},{"$f":"J1867*$E1867","v":0},{"$f":"K1867*$E1867","v":0},{"$f":"L1867*$E1867","v":0},{"$f":"+M1867*E1867","v":0},{"$f":"N1867*$E1867","v":0},{"$f":"O1867*$E1867","v":0},{"$f":"P1867*$E1867","v":0},{"$f":"Q1867*$E1867","v":0},{"$f":"R1867*$E1867","v":0},{"$f":"S1867*$E1867","v":0},{"$f":"T1867*$E1867","v":0},{"$f":"W1867*$E1867","v":0},0,{"v":2239587.99,"d":"2,239,588"},{"$f":"SUM(AA1867:AQ1867)","v":{"v":2239587.99,"d":"2,239,588"}},{"$f":"+E1867*Z1867","v":{"v":2239587.99,"d":"2,239,587.99"}}]
[null,"  Install","each",{"$f":"D1867","v":17},{"v":17535,"d":"17,535.00"},{"$f":"D1868*E1868","v":{"v":298095,"d":"298,095.00"}},{"v":0,"d":"0.00"},{"v":0,"d":"0.00"},{"v":0,"d":"0.00"},{"v":0,"d":"0.00"},{"v":0,"d":"0.00"},{"v":0,"d":"0.00"},{"v":0,"d":"0.00"},{"v":0,"d":"0.00"},{"v":0,"d":"0.00"},{"v":0,"d":"0.00"},{"v":0,"d":"0.00"},{"v":0,"d":"0.00"},{"v":0,"d":"0.00"},{"v":0,"d":"0.00"},{"$nulls":3},{"v":0,"d":"0.00"},{"v":17,"d":"17.00"},{"$f":"SUM(G1868:Y1868)","v":{"v":17,"d":"17.00"}},0,0,0,0,0,0,0,0,0,0,0,0,0,0,0,0,{"v":298095,"d":"298,095"},{"$f":"SUM(AA1868:AQ1868)","v":{"v":298095,"d":"298,095"}},{"$f":"+E1868*Z1868","v":{"v":298095,"d":"298,095.00"}}]
[{"$nulls":26},0,0,0,0,0,0,0,0,0,0,0,0,0,0,0,0,0,0]
["2.2.2","Indoor transformer 1250kVA, Oil filled Transformer complete with termination boxes for XLPE MV cable and LV Cables ",{"$nulls":24},0,0,0,0,0,0,0,0,0,0,0,0,0,0,0,0,0,0]
[null,"  Supply","each",2,{"v":246144.53,"d":"246,144.53"},{"$f":"D1871*E1871","v":{"v":492289.06,"d":"492,289.06"}},{"v":0,"d":"0.00"},{"v":0,"d":"0.00"},{"v":0,"d":"0.00"},{"v":0,"d":"0.00"},{"v":0,"d":"0.00"},{"v":0,"d":"0.00"},{"v":0,"d":"0.00"},{"v":0,"d":"0.00"},{"v":0,"d":"0.00"},{"v":0,"d":"0.00"},{"v":0,"d":"0.00"},{"v":0,"d":"0.00"},{"v":0,"d":"0.00"},{"v":0,"d":"0.00"},{"$nulls":3},{"v":0,"d":"0.00"},{"v":2,"d":"2.00"},{"$f":"SUM(G1871:Y1871)","v":{"v":2,"d":"2.00"}},0,0,0,0,0,0,0,0,0,0,0,0,0,0,0,0,{"v":492289.06,"d":"492,289"},{"v":492289.06,"d":"492,289"},{"$f":"+E1871*Z1871","v":{"v":492289.06,"d":"492,289.06"}}]
[null,"  Install","each",{"$f":"D1871","v":2},{"v":5000,"d":"5,000.00"},{"$f":"D1872*E1872","v":{"v":10000,"d":"10,000.00"}},{"v":0,"d":"0.00"},{"v":0,"d":"0.00"},{"v":0,"d":"0.00"},{"v":0,"d":"0.00"},{"v":0,"d":"0.00"},{"v":0,"d":"0.00"},{"v":0,"d":"0.00"},{"v":0,"d":"0.00"},{"v":0,"d":"0.00"},{"v":0,"d":"0.00"},{"v":0,"d":"0.00"},{"v":0,"d":"0.00"},{"v":0,"d":"0.00"},{"v":0,"d":"0.00"},{"$nulls":3},{"v":0,"d":"0.00"},{"v":2,"d":"2.00"},{"$f":"SUM(G1872:Y1872)","v":{"v":2,"d":"2.00"}},0,0,0,0,0,0,0,0,0,0,0,0,0,0,0,0,{"v":10000,"d":"10,000"},{"v":10000,"d":"10,000"},{"$f":"+E1872*Z1872","v":{"v":10000,"d":"10,000.00"}}]
[{"$nulls":26},0,0,0,0,0,0,0,0,0,0,0,0,0,0,0,0,0,0]
["2.2.3","Indoor transformer 50kVA, Oil filled Transformer complete with termination boxes for XLPE MV cable and LV Cables",{"$nulls":24},0,0,0,0,0,0,0,0,0,0,0,0,0,0,0,0,0,0]
[null,"  Supply","each",1,{"v":46731.8,"d":"46,731.80"},{"$f":"D1875*E1875","v":{"v":46731.8,"d":"46,731.80"}},{"v":0,"d":"0.00"},{"v":0,"d":"0.00"},{"v":0,"d":"0.00"},{"v":0,"d":"0.00"},{"v":0,"d":"0.00"},{"v":0,"d":"0.00"},{"v":0,"d":"0.00"},{"v":0,"d":"0.00"},{"v":0,"d":"0.00"},{"v":0,"d":"0.00"},{"v":0,"d":"0.00"},{"v":0,"d":"0.00"},{"v":0,"d":"0.00"},{"v":0,"d":"0.00"},{"$nulls":3},{"v":0,"d":"0.00"},{"v":0,"d":"0.00"},{"$f":"SUM(G1875:Y1875)","v":{"v":0,"d":"0.00"}},0,0,0,0,0,0,0,0,0,0,0,0,0,0,0,0,0,0,{"$f":"+E1875*Z1875","v":{"v":0,"d":"0.00"}}]
[null,"  Install","each",{"$f":"D1875","v":1},{"v":1250,"d":"1,250.00"},{"$f":"D1876*E1876","v":{"v":1250,"d":"1,250.00"}},{"v":0,"d":"0.00"},{"v":0,"d":"0.00"},{"v":0,"d":"0.00"},{"v":0,"d":"0.00"},{"v":0,"d":"0.00"},{"v":0,"d":"0.00"},{"v":0,"d":"0.00"},{"v":0,"d":"0.00"},{"v":0,"d":"0.00"},{"v":0,"d":"0.00"},{"v":0,"d":"0.00"},{"v":0,"d":"0.00"},{"v":0,"d":"0.00"},{"v":0,"d":"0.00"},{"$nulls":3},{"v":0,"d":"0.00"},{"v":1,"d":"1.00"},{"$f":"SUM(G1876:Y1876)","v":{"v":1,"d":"1.00"}},0,0,0,0,0,0,0,0,0,0,0,0,0,0,0,0,{"v":1250,"d":"1,250"},{"v":1250,"d":"1,250"},{"$f":"+E1876*Z1876","v":{"v":1250,"d":"1,250.00"}}]
[{"$nulls":5}," ",{"$nulls":20},0,0,0,0,0,0,0,0,0,0,0,0,0,0,0,0,0,0]
["2.2.4","Indoor transformer 2500kVA, Resin core Transformer ",{"$nulls":24},0,0,0,0,0,0,0,0,0,0,0,0,0,0,0,0,0,0]
[null,"complete Enclosure, Temp probes and Surge arresters with termination brackets for XLPE MV cable and LV Cables",{"$nulls":24},0,0,0,0,0,0,0,0,0,0,0,0,0,0,0,0,0,0]
[null,"  Supply","each",2,{"v":447474,"d":"447,474.00"},{"$f":"D1880*E1880","v":{"v":894948,"d":"894,948.00"}},{"v":0,"d":"0.00"},{"v":0,"d":"0.00"},{"v":0,"d":"0.00"},{"v":0,"d":"0.00"},{"v":0,"d":"0.00"},{"v":0,"d":"0.00"},{"v":0,"d":"0.00"},{"v":0,"d":"0.00"},{"v":0,"d":"0.00"},{"v":0,"d":"0.00"},{"v":0,"d":"0.00"},{"v":0,"d":"0.00"},{"v":0,"d":"0.00"},{"v":0,"d":"0.00"},{"$nulls":3},{"v":0,"d":"0.00"},{"v":0,"d":"0.00"},{"$f":"SUM(G1880:Y1880)","v":{"v":0,"d":"0.00"}},0,0,0,0,0,0,0,0,0,0,0,0,0,0,0,0,0,0,{"$f":"+E1880*Z1880","v":{"v":0,"d":"0.00"}}]
[null,"  Install","each",{"$f":"D1880","v":2},{"v":7500,"d":"7,500.00"},{"$f":"D1881*E1881","v":{"v":15000,"d":"15,000.00"}},{"v":0,"d":"0.00"},{"v":0,"d":"0.00"},{"v":0,"d":"0.00"},{"v":0,"d":"0.00"},{"v":0,"d":"0.00"},{"v":0,"d":"0.00"},{"v":0,"d":"0.00"},{"v":0,"d":"0.00"},{"v":0,"d":"0.00"},{"v":0,"d":"0.00"},{"v":0,"d":"0.00"},{"v":0,"d":"0.00"},{"v":0,"d":"0.00"},{"v":0,"d":"0.00"},{"$nulls":3},{"v":0,"d":"0.00"},{"v":2,"d":"2.00"},{"$f":"SUM(G1881:Y1881)","v":{"v":2,"d":"2.00"}},0,0,0,0,0,0,0,0,0,0,0,0,0,0,0,0,{"v":15000,"d":"15,000"},{"v":15000,"d":"15,000"},{"$f":"+E1881*Z1881","v":{"v":15000,"d":"15,000.00"}}]
[{"$nulls":26},0,0,0,0,0,0,0,0,0,0,0,0,0,0,0,0,0,0]
["2.2.5","Battery tripping unit including battery charger and batteries as specified",{"$nulls":24},0,0,0,0,0,0,0,0,0,0,0,0,0,0,{"$f":"W1883*$E1883","v":0},0,0,0]
[null,"  Supply","No.",4,{"v":25625,"d":"25,625.00"},{"$f":"D1884*E1884","v":{"v":102500,"d":"102,500.00"}},{"v":0,"d":"0.00"},{"v":0,"d":"0.00"},{"v":0,"d":"0.00"},{"v":0,"d":"0.00"},{"v":0,"d":"0.00"},{"v":0,"d":"0.00"},{"v":0,"d":"0.00"},{"v":0,"d":"0.00"},{"v":0,"d":"0.00"},{"v":0,"d":"0.00"},{"v":0,"d":"0.00"},{"v":0,"d":"0.00"},{"v":0,"d":"0.00"},{"v":0,"d":"0.00"},{"$nulls":3},{"v":0,"d":"0.00"},{"v":4,"d":"4.00"},{"$f":"SUM(G1884:Y1884)","v":{"v":4,"d":"4.00"}},0,0,0,0,0,0,0,0,0,0,0,0,0,0,0,0,{"v":102500,"d":"102,500"},{"v":102500,"d":"102,500"},{"$f":"+E1884*Z1884","v":{"v":102500,"d":"102,500.00"}}]
[null,"  Install","No.",{"$f":"D1884","v":4},{"v":1250,"d":"1,250.00"},{"$f":"D1885*E1885","v":{"v":5000,"d":"5,000.00"}},{"v":0,"d":"0.00"},{"v":0,"d":"0.00"},{"v":0,"d":"0.00"},{"v":0,"d":"0.00"},{"v":0,"d":"0.00"},{"v":0,"d":"0.00"},{"v":0,"d":"0.00"},{"v":0,"d":"0.00"},{"v":0,"d":"0.00"},{"v":0,"d":"0.00"},{"v":0,"d":"0.00"},{"v":0,"d":"0.00"},{"v":0,"d":"0.00"},{"v":0,"d":"0.00"},{"$nulls":3},{"v":0,"d":"0.00"},{"v":4,"d":"4.00"},{"$f":"SUM(G1885:Y1885)","v":{"v":4,"d":"4.00"}},0,0,0,0,0,0,0,0,0,0,0,0,0,0,0,0,{"v":5000,"d":"5,000"},{"v":5000,"d":"5,000"},{"$f":"+E1885*Z1885","v":{"v":5000,"d":"5,000.00"}}]
[{"$nulls":26},0,0,0,0,0,0,0,0,0,0,0,0,0,0,0,0,0,0]
["2.2.6","Earthing and Bonding of the substation equipment and",{"$nulls":24},0,0,0,0,0,0,0,0,0,0,0,0,0,0,0,0,0,0]
[null,"outdoor fuse switches","item",1,{"v":7221.25,"d":"7,221.25"},{"$f":"D1888*E1888","v":{"v":7221.25,"d":"7,221.25"}},{"v":0,"d":"0.00"},{"v":0,"d":"0.00"},{"v":0,"d":"0.00"},{"v":0,"d":"0.00"},{"v":0,"d":"0.00"},{"v":0,"d":"0.00"},{"v":0,"d":"0.00"},{"v":0,"d":"0.00"},{"v":0,"d":"0.00"},{"v":0,"d":"0.00"},{"v":0,"d":"0.00"},{"v":0,"d":"0.00"},{"v":0,"d":"0.00"},{"v":0,"d":"0.00"},{"$nulls":3},{"v":0,"d":"0.00"},{"v":0,"d":"0.00"},{"$f":"SUM(G1888:Y1888)","v":{"v":0,"d":"0.00"}},0,0,0,0,0,0,0,0,0,0,0,0,0,0,0,0,0,0,{"$f":"+E1888*Z1888","v":{"v":0,"d":"0.00"}}]
[{"$nulls":26},0,0,0,0,0,0,0,0,0,0,0,0,0,0,0,0,0,0]
["2.2.7","Substation fire and Safety & signage as specified","Sets",2,{"v":2787.5,"d":"2,787.50"},{"v":5575,"d":"5,575.00"},{"v":0,"d":"0.00"},{"v":0,"d":"0.00"},{"v":0,"d":"0.00"},{"v":0,"d":"0.00"},{"v":0,"d":"0.00"},{"v":0,"d":"0.00"},{"v":0,"d":"0.00"},{"v":0,"d":"0.00"},{"v":0,"d":"0.00"},{"v":0,"d":"0.00"},{"v":0,"d":"0.00"},{"v":0,"d":"0.00"},{"v":0,"d":"0.00"},{"v":0,"d":"0.00"},{"$nulls":3},{"v":0,"d":"0.00"},{"v":0,"d":"0.00"},{"$f":"SUM(G1890:Y1890)","v":{"v":0,"d":"0.00"}},0,0,0,0,0,0,0,0,0,0,0,0,0,0,0,0,0,0,{"$f":"+E1890*Z1890","v":{"v":0,"d":"0.00"}}]
[{"$nulls":26},0,0,0,0,0,0,0,0,0,0,0,0,0,0,0,0,0,0]
["2.2.8","Safety equipment for Genset room and Substation as per act 85 of 1993","Sets",2,{"v":2787.5,"d":"2,787.50"},{"v":5575,"d":"5,575.00"},{"v":0,"d":"0.00"},{"v":0,"d":"0.00"},{"v":0,"d":"0.00"},{"v":0,"d":"0.00"},{"v":0,"d":"0.00"},{"v":0,"d":"0.00"},{"v":0,"d":"0.00"},{"v":0,"d":"0.00"},{"v":0,"d":"0.00"},{"v":0,"d":"0.00"},{"v":0,"d":"0.00"},{"v":0,"d":"0.00"},{"v":0,"d":"0.00"},{"v":0,"d":"0.00"},{"$nulls":3},{"v":0,"d":"0.00"},{"v":0,"d":"0.00"},{"$f":"SUM(G1892:Y1892)","v":{"v":0,"d":"0.00"}},0,0,0,0,0,0,0,0,0,0,0,0,0,0,0,0,0,0,{"$f":"+E1892*Z1892","v":{"v":0,"d":"0.00"}}]
[{"$nulls":26},0,0,0,0,0,0,0,0,0,0,0,0,0,0,0,0,0,0]
["2.2.9","Remote switching lead system including both connection and Switch, for MV Switching from a safe distance ","No",21,128.13,{"v":2690.73,"d":"2,690.73"},{"v":0,"d":"0.00"},{"v":0,"d":"0.00"},{"v":0,"d":"0.00"},{"v":0,"d":"0.00"},{"v":0,"d":"0.00"},{"v":0,"d":"0.00"},{"v":0,"d":"0.00"},{"v":0,"d":"0.00"},{"v":0,"d":"0.00"},{"v":0,"d":"0.00"},{"v":0,"d":"0.00"},{"v":0,"d":"0.00"},{"v":0,"d":"0.00"},{"v":0,"d":"0.00"},{"$nulls":3},{"v":0,"d":"0.00"},{"v":0,"d":"0.00"},{"$f":"SUM(G1894:Y1894)","v":{"v":0,"d":"0.00"}},0,0,0,0,0,0,0,0,0,0,0,0,0,0,0,0,0,0,{"$f":"+E1894*Z1894","v":{"v":0,"d":"0.00"}}]
[{"$nulls":26},0,0,0,0,0,0,0,0,0,0,0,0,0,0,0,0,0,0]
[{"$nulls":26},0,0,0,0,0,0,0,0,0,0,0,0,0,0,0,0,0,0]
[{"v":2.3,"d":"2.30"},"Earthing and Bonding",{"$nulls":24},0,0,0,0,0,0,0,0,0,0,0,0,0,0,0,0,0,0]
["2.3.1","Substation duct mounted 70mmx6mm Flat earth bar connected to Earth Mats ",{"$nulls":24},0,0,0,0,0,0,0,0,0,0,0,0,0,0,0,0,0,0]
[null,"  Supply","m",60,59.04,{"$f":"D1899*E1899","v":{"v":3542.4,"d":"3,542.40"}},{"v":0,"d":"0.00"},{"v":0,"d":"0.00"},{"v":0,"d":"0.00"},{"v":0,"d":"0.00"},{"v":0,"d":"0.00"},{"v":0,"d":"0.00"},{"v":0,"d":"0.00"},{"v":0,"d":"0.00"},{"v":0,"d":"0.00"},{"v":0,"d":"0.00"},{"v":0,"d":"0.00"},{"v":0,"d":"0.00"},{"v":0,"d":"0.00"},{"v":0,"d":"0.00"},{"$nulls":3},{"v":0,"d":"0.00"},{"v":0,"d":"0.00"},{"$f":"SUM(G1899:Y1899)","v":{"v":0,"d":"0.00"}},0,0,0,0,0,0,0,0,0,0,0,0,0,0,0,0,0,0,{"$f":"+E1899*Z1899","v":{"v":0,"d":"0.00"}}]
[null,"  Install","m",{"$f":"D1899","v":60},{"v":39,"d":"39.00"},{"$f":"D1900*E1900","v":{"v":2340,"d":"2,340.00"}},{"v":0,"d":"0.00"},{"v":0,"d":"0.00"},{"v":0,"d":"0.00"},{"v":0,"d":"0.00"},{"v":0,"d":"0.00"},{"v":0,"d":"0.00"},{"v":0,"d":"0.00"},{"v":0,"d":"0.00"},{"v":0,"d":"0.00"},{"v":0,"d":"0.00"},{"v":0,"d":"0.00"},{"v":0,"d":"0.00"},{"v":0,"d":"0.00"},{"v":0,"d":"0.00"},{"$nulls":3},{"v":0,"d":"0.00"},{"v":0,"d":"0.00"},{"$f":"SUM(G1900:Y1900)","v":{"v":0,"d":"0.00"}},0,0,0,0,0,0,0,0,0,0,0,0,0,0,0,0,0,0,{"$f":"+E1900*Z1900","v":{"v":0,"d":"0.00"}}]
[{"$nulls":5}," ",{"$nulls":20},0,0,0,0,0,0,0,0,0,0,0,0,0,0,0,0,0,0]
["2.3.2","MV Earth Mat as per Drawing No E402"," "," ",{"$nulls":22},0,0,0,0,0,0,0,0,0,0,0,0,0,0,0,{"$f":"X1902*$E1902","v":0},0,0]
[null,"  Supply","No.",8,{"v":15106.25,"d":"15,106.25"},{"$f":"D1903*E1903","v":{"v":120850,"d":"120,850.00"}},{"v":0,"d":"0.00"},{"v":0,"d":"0.00"},{"v":0,"d":"0.00"},{"v":0,"d":"0.00"},{"v":0,"d":"0.00"},{"v":0,"d":"0.00"},{"v":0,"d":"0.00"},{"v":0,"d":"0.00"},{"v":0,"d":"0.00"},{"v":0,"d":"0.00"},{"v":0,"d":"0.00"},{"v":0,"d":"0.00"},{"v":0,"d":"0.00"},{"v":0,"d":"0.00"},{"$nulls":3},{"v":0,"d":"0.00"},{"v":8,"d":"8.00"},{"$f":"SUM(G1903:Y1903)","v":{"v":8,"d":"8.00"}},0,0,0,0,0,0,0,0,0,0,0,0,0,0,0,0,{"v":120850,"d":"120,850"},{"v":120850,"d":"120,850"},{"$f":"+E1903*Z1903","v":{"v":120850,"d":"120,850.00"}}]
[null,"  Install","No.",{"$f":"D1903","v":8},{"v":4750,"d":"4,750.00"},{"$f":"D1904*E1904","v":{"v":38000,"d":"38,000.00"}},{"v":0,"d":"0.00"},{"v":0,"d":"0.00"},{"v":0,"d":"0.00"},{"v":0,"d":"0.00"},{"v":0,"d":"0.00"},{"v":0,"d":"0.00"},{"v":0,"d":"0.00"},{"v":0,"d":"0.00"},{"v":0,"d":"0.00"},{"v":0,"d":"0.00"},{"v":0,"d":"0.00"},{"v":0,"d":"0.00"},{"v":0,"d":"0.00"},{"v":0,"d":"0.00"},{"$nulls":3},{"v":0,"d":"0.00"},{"v":8,"d":"8.00"},{"$f":"SUM(G1904:Y1904)","v":{"v":8,"d":"8.00"}},0,0,0,0,0,0,0,0,0,0,0,0,0,0,0,0,{"v":38000,"d":"38,000"},{"v":38000,"d":"38,000"},{"$f":"+E1904*Z1904","v":{"v":38000,"d":"38,000.00"}}]
[null," "," "," ",{"$nulls":22},0,0,0,0,0,0,0,0,0,0,0,0,0,0,0,0,0,0]
["2.3.3","Substation and outdoor equipment Moon type padlocks","Each ",10,378.75,{"$f":"D1906*E1906","v":{"v":3787.5,"d":"3,787.50"}},{"v":0,"d":"0.00"},{"v":0,"d":"0.00"},{"v":0,"d":"0.00"},{"v":0,"d":"0.00"},{"v":0,"d":"0.00"},{"v":0,"d":"0.00"},{"v":0,"d":"0.00"},{"v":0,"d":"0.00"},{"v":0,"d":"0.00"},{"v":0,"d":"0.00"},{"v":0,"d":"0.00"},{"v":0,"d":"0.00"},{"v":0,"d":"0.00"},{"v":0,"d":"0.00"},{"$nulls":3},{"v":0,"d":"0.00"},{"v":10,"d":"10.00"},{"$f":"SUM(G1906:Y1906)","v":{"v":10,"d":"10.00"}},0,0,0,0,0,0,0,0,0,0,0,0,0,0,0,0,{"v":3787.5,"d":"3,788"},{"v":3787.5,"d":"3,788"},{"$f":"+E1906*Z1906","v":{"v":3787.5,"d":"3,787.50"}}]
[]
[null," "]
[null,"Amount Carried Forward to Summary Page",{"$nulls":3},{"$f":"SUM(F1864:F1908)","v":{"v":7219679.530000001,"d":"7,219,679.53"}},{"$nulls":38},{"$f":"SUM(AS1864:AS1908)","v":{"v":6230449.61,"d":"6,230,449.61"}}]
[]
["MAIN HOSPITAL ELECTRICAL INSTALLATION"]
["CECILIA MAKIWANE HOSPITAL : PHASE 4C"]
[]
["BILL NO. 3 : STANDBY POWER EQUIPMENT"]
["ITEM","DESCRIPTION","UNIT","QTY","RATE","TENDER AMOUNT","A","B","D","E1","E2","F1","F2","G1","G2","H1","H2","J1","J2","J3",null,"G/House",null,"N","Other","Total Qty","A","B","D","E1","E2","F1","F2","G1","G2","H1","H2","J1","J2","J3","K","N","Other","Total Amount","Total Claimed"]
[]
[]
["2.3.4","Carry out phasing, cable pressure tests, insulation tests, and earth resistance test, etc required for commissioning and handing over and issue the Certificate of Compliance","Sum",1,{"v":12600,"d":"12,600.00"},{"$f":"D1918*E1918","v":{"v":12600,"d":"12,600.00"}},{"v":0,"d":"0.00"},{"v":0,"d":"0.00"},{"v":0,"d":"0.00"},{"v":0,"d":"0.00"},{"v":0,"d":"0.00"},{"v":0,"d":"0.00"},{"v":0,"d":"0.00"},{"v":0,"d":"0.00"},{"v":0,"d":"0.00"},{"v":0,"d":"0.00"},{"v":0,"d":"0.00"},{"v":0,"d":"0.00"},{"v":0,"d":"0.00"},{"v":0,"d":"0.00"},{"$nulls":3},{"v":0,"d":"0.00"},{"v":0,"d":"0.00"},{"$f":"SUM(G1918:Y1918)","v":{"v":0,"d":"0.00"}},{"$f":"G1918*E1918","v":0},{"$f":"H1918*$E1918","v":0},{"$f":"I1918*$E1918","v":0},{"$f":"J1918*$E1918","v":0},{"$f":"K1918*$E1918","v":0},{"$f":"L1918*$E1918","v":0},{"$f":"+M1918*E1918","v":0},{"$f":"N1918*$E1918","v":0},{"$f":"O1918*$E1918","v":0},{"$f":"P1918*$E1918","v":0},{"$f":"Q1918*$E1918","v":0},{"$f":"R1918*$E1918","v":0},{"$f":"S1918*$E1918","v":0},{"$f":"T1918*$E1918","v":0},{"$f":"W1918*$E1918","v":0},0,{"$f":"Y1918*$E1918","v":0},{"$f":"SUM(AA1918:AQ1918)","v":0},{"$f":"+E1918*Z1918","v":{"v":0,"d":"0.00"}}]
[{"$nulls":26},0,0,0,0,0,0,0,0,0,0,0,0,0,0,0,0,0,{"$f":"SUM(AA1919:AQ1919)","v":0}]
["2.3.5","Locate all MV cables and mark routes, for as installed Drawings and excavation purposes.","Sum",1,{"v":4750,"d":"4,750.00"},{"$f":"D1920*E1920","v":{"v":4750,"d":"4,750.00"}},{"v":0,"d":"0.00"},{"v":0,"d":"0.00"},{"v":0,"d":"0.00"},{"v":0,"d":"0.00"},{"v":0,"d":"0.00"},{"v":0,"d":"0.00"},{"v":0,"d":"0.00"},{"v":0,"d":"0.00"},{"v":0,"d":"0.00"},{"v":0,"d":"0.00"},{"v":0,"d":"0.00"},{"v":0,"d":"0.00"},{"v":0,"d":"0.00"},{"v":0,"d":"0.00"},{"$nulls":3},{"v":0,"d":"0.00"},{"v":0,"d":"0.00"},{"$f":"SUM(G1920:Y1920)","v":{"v":0,"d":"0.00"}},0,0,0,0,0,0,0,0,0,0,0,0,0,0,0,0,0,0,{"$f":"+E1920*Z1920","v":{"v":0,"d":"0.00"}}]
[{"$nulls":26},0,0,0,0,0,0,0,0,0,0,0,0,0,0,0,0,0,0]
[{"v":3,"d":"3.00"},"STANDBY POWER",{"$nulls":24},0,0,0,0,0,0,0,0,0,0,0,0,0,0,0,0,0,0]
[{"$nulls":26},0,0,0,0,0,0,0,0,0,0,0,0,0,0,0,0,0,0]
["3.1","1250kVA diesel generator with manual/automatic start and complete with a control panel which must have circuits for lights and plugs ",{"$nulls":24},0,0,0,0,0,0,0,0,0,0,0,0,0,0,0,0,0,0]
[null,"This generator will be used a Standby of electrical power fed into step-up tranformers and must be rated to run continuously at full load.  The Generators must be synchronised with each other to run in parallel.",{"$nulls":24},0,0,0,0,0,0,0,0,0,0,0,0,0,0,0,0,0,0]
[{"$nulls":26},0,0,0,0,0,0,0,0,0,0,0,0,0,0,0,0,0,0]
[null,"  Supply","No.",2,{"v":2299413.46,"d":"2,299,413.46"},{"$f":"D1927*E1927","v":{"v":4598826.92,"d":"4,598,826.92"}},{"v":0,"d":"0.00"},{"v":0,"d":"0.00"},{"v":0,"d":"0.00"},{"v":0,"d":"0.00"},{"v":0,"d":"0.00"},{"v":0,"d":"0.00"},{"v":0,"d":"0.00"},{"v":0,"d":"0.00"},{"v":0,"d":"0.00"},{"v":0,"d":"0.00"},{"v":0,"d":"0.00"},{"v":0,"d":"0.00"},{"v":0,"d":"0.00"},{"v":0,"d":"0.00"},{"$nulls":3},{"v":0,"d":"0.00"},{"v":0,"d":"0.00"},{"$f":"SUM(G1927:Y1927)","v":{"v":0,"d":"0.00"}},0,0,0,0,0,0,0,0,0,0,0,0,0,0,0,0,0,0,{"$f":"+E1927*Z1927","v":{"v":0,"d":"0.00"}}]
[null,"  Install","No.",{"$f":"D1927","v":2},{"v":37543.19,"d":"37,543.19"},{"$f":"D1928*E1928","v":{"v":75086.38,"d":"75,086.38"}},{"v":0,"d":"0.00"},{"v":0,"d":"0.00"},{"v":0,"d":"0.00"},{"v":0,"d":"0.00"},{"v":0,"d":"0.00"},{"v":0,"d":"0.00"},{"v":0,"d":"0.00"},{"v":0,"d":"0.00"},{"v":0,"d":"0.00"},{"v":0,"d":"0.00"},{"v":0,"d":"0.00"},{"v":0,"d":"0.00"},{"v":0,"d":"0.00"},{"v":0,"d":"0.00"},{"$nulls":3},{"v":0,"d":"0.00"},{"v":0,"d":"0.00"},{"$f":"SUM(G1928:Y1928)","v":{"v":0,"d":"0.00"}},0,0,0,0,0,0,0,0,0,0,0,0,0,0,0,0,0,0,{"$f":"+E1928*Z1928","v":{"v":0,"d":"0.00"}}]
[{"$nulls":26},0,0,0,0,0,0,0,0,0,0,0,0,0,0,0,0,0,0]
["3.2","Freestanding Diesel Return 500L Tanks installation complete for Gensets","No",2,{"v":15477.5,"d":"15,477.50"},{"$f":"D1930*E1930","v":{"v":30955,"d":"30,955.00"}},{"v":0,"d":"0.00"},{"v":0,"d":"0.00"},{"v":0,"d":"0.00"},{"v":0,"d":"0.00"},{"v":0,"d":"0.00"},{"v":0,"d":"0.00"},{"v":0,"d":"0.00"},{"v":0,"d":"0.00"},{"v":0,"d":"0.00"},{"v":0,"d":"0.00"},{"v":0,"d":"0.00"},{"v":0,"d":"0.00"},{"v":0,"d":"0.00"},{"v":0,"d":"0.00"},{"$nulls":3},{"v":0,"d":"0.00"},{"v":2,"d":"2.00"},{"$f":"SUM(G1930:Y1930)","v":{"v":2,"d":"2.00"}},0,0,0,0,0,0,0,0,0,0,0,0,0,0,0,0,{"v":30955,"d":"30,955"},{"v":30955,"d":"30,955"},{"$f":"+E1930*Z1930","v":{"v":30955,"d":"30,955.00"}}]
[{"$nulls":26},0,0,0,0,0,0,0,0,0,0,0,0,0,0,0,0,0,0]
[{"$nulls":5}," ",{"$nulls":20},0,0,0,0,0,0,0,0,0,0,0,0,0,0,0,0,0,0]
["3.3","Diesel (12Hr) Day Tank installation complete in Base of Gensets","No",2,{"v":15375,"d":"15,375.00"},{"$f":"D1933*E1933","v":{"v":30750,"d":"30,750.00"}},{"v":0,"d":"0.00"},{"v":0,"d":"0.00"},{"v":0,"d":"0.00"},{"v":0,"d":"0.00"},{"v":0,"d":"0.00"},{"v":0,"d":"0.00"},{"v":0,"d":"0.00"},{"v":0,"d":"0.00"},{"v":0,"d":"0.00"},{"v":0,"d":"0.00"},{"v":0,"d":"0.00"},{"v":0,"d":"0.00"},{"v":0,"d":"0.00"},{"v":0,"d":"0.00"},{"$nulls":3},{"v":0,"d":"0.00"},{"v":2,"d":"2.00"},{"$f":"SUM(G1933:Y1933)","v":{"v":2,"d":"2.00"}},0,0,0,0,0,0,0,0,0,0,0,0,0,0,0,0,{"v":30750,"d":"30,750"},{"v":30750,"d":"30,750"},{"$f":"+E1933*Z1933","v":{"v":30750,"d":"30,750.00"}}]
[{"$nulls":26},0,0,0,0,0,0,0,0,0,0,0,0,0,0,{"$f":"W1934*$E1934","v":0},0,0,0]
["3.4","Provide formal Training and course materials for the Clients 16 personel in the operation and Maintenance of the Complete System","Sum",1,{"v":15323.75,"d":"15,323.75"},{"$f":"D1935*E1935","v":{"v":15323.75,"d":"15,323.75"}},{"v":0,"d":"0.00"},{"v":0,"d":"0.00"},{"v":0,"d":"0.00"},{"v":0,"d":"0.00"},{"v":0,"d":"0.00"},{"v":0,"d":"0.00"},{"v":0,"d":"0.00"},{"v":0,"d":"0.00"},{"v":0,"d":"0.00"},{"v":0,"d":"0.00"},{"v":0,"d":"0.00"},{"v":0,"d":"0.00"},{"v":0,"d":"0.00"},{"v":0,"d":"0.00"},{"$nulls":3},{"v":0,"d":"0.00"},{"v":0,"d":"0.00"},{"$f":"SUM(G1935:Y1935)","v":{"v":0,"d":"0.00"}},0,0,0,0,0,0,0,0,0,0,0,0,0,0,0,0,0,0,{"$f":"+E1935*Z1935","v":{"v":0,"d":"0.00"}}]
[null," ",{"$nulls":24},0,0,0,0,0,0,0,0,0,0,0,0,0,0,0,0,0,0]
["3.5","Provide 1 original, 3 copies of the operation and Maintenance Manuals of all the Equipment Installed for the Complete Generator Installation","Sum",1,{"v":13084.13,"d":"13,084.13"},{"$f":"D1937*E1937","v":{"v":13084.13,"d":"13,084.13"}},{"v":0,"d":"0.00"},{"v":0,"d":"0.00"},{"v":0,"d":"0.00"},{"v":0,"d":"0.00"},{"v":0,"d":"0.00"},{"v":0,"d":"0.00"},{"v":0,"d":"0.00"},{"v":0,"d":"0.00"},{"v":0,"d":"0.00"},{"v":0,"d":"0.00"},{"v":0,"d":"0.00"},{"v":0,"d":"0.00"},{"v":0,"d":"0.00"},{"v":0,"d":"0.00"},{"$nulls":3},{"v":0,"d":"0.00"},{"v":0,"d":"0.00"},{"$f":"SUM(G1937:Y1937)","v":{"v":0,"d":"0.00"}},0,0,0,0,0,0,0,0,0,0,0,0,0,0,0,0,0,0,{"$f":"+E1937*Z1937","v":{"v":0,"d":"0.00"}}]
[{"$nulls":26},0,0,0,0,0,0,0,0,0,0,0,0,0,0,0,0,0,0]
["3.6.","AS INSTALLED DRAWINGS",{"$nulls":24},0,0,0,0,0,0,0,0,0,0,0,0,0,0,0,0,0,0]
[null,"Allow for the marking up of prints for the production of \"as installed\" records by the Engineer.","Sum",1,{"v":7072.5,"d":"7,072.50"},{"$f":"D1940*E1940","v":{"v":7072.5,"d":"7,072.50"}},{"v":0,"d":"0.00"},{"v":0,"d":"0.00"},{"v":0,"d":"0.00"},{"v":0,"d":"0.00"},{"v":0,"d":"0.00"},{"v":0,"d":"0.00"},{"v":0,"d":"0.00"},{"v":0,"d":"0.00"},{"v":0,"d":"0.00"},{"v":0,"d":"0.00"},{"v":0,"d":"0.00"},{"v":0,"d":"0.00"},{"v":0,"d":"0.00"},{"v":0,"d":"0.00"},{"$nulls":3},{"v":0,"d":"0.00"},{"v":0,"d":"0.00"},{"$f":"SUM(G1940:Y1940)","v":{"v":0,"d":"0.00"}},0,0,0,0,0,0,0,0,0,0,0,0,0,0,0,0,0,0,{"$f":"+E1940*Z1940","v":{"v":0,"d":"0.00"}}]
[{"$nulls":5}," ",{"$nulls":20},0,0,0,0,0,0,0,0,0,0,0,0,0,0,0,0,0,0]
["3.7","STRIP AND REMOVE EXISTING MINISUBS","Sum",1,{"v":20000,"d":"20,000.00"},{"$f":"D1942*E1942","v":{"v":20000,"d":"20,000.00"}},{"v":0,"d":"0.00"},{"v":0,"d":"0.00"},{"v":0,"d":"0.00"},{"v":0,"d":"0.00"},{"v":0,"d":"0.00"},{"v":0,"d":"0.00"},{"v":0,"d":"0.00"},{"v":0,"d":"0.00"},{"v":0,"d":"0.00"},{"v":0,"d":"0.00"},{"v":0,"d":"0.00"},{"v":0,"d":"0.00"},{"v":0,"d":"0.00"},{"v":0,"d":"0.00"},{"$nulls":3},{"v":0,"d":"0.00"},{"v":0,"d":"0.00"},{"$f":"SUM(G1942:Y1942)","v":{"v":0,"d":"0.00"}},0,0,0,0,0,0,0,0,0,0,0,0,0,0,0,0,0,0,{"$f":"+E1942*Z1942","v":{"v":0,"d":"0.00"}}]
[null,"Allow for the Strip and removal and storage of 4 Minisubstations in a position indicated by the Electrical Engineer.  Assistance to the Electrical Superintendent with the provision a qualified MV Technician to perform the Switching complete the tas and Isolation of the redundant MV Cable",{"$nulls":23},{"$f":"SUM(G1943:Y1943)","v":{"v":0,"d":"0.00"}},0,0,0,0,0,0,0,0,0,0,0,0,0,0,0,0,0,0]
[{"$nulls":25},{"$f":"SUM(G1944:Y1944)","v":{"v":0,"d":"0.00"}},0,0,0,0,0,0,0,0,0,0,0,0,0,0,0,0,0,0,{"$f":"+E1944*Z1944","v":{"v":0,"d":"0.00"}}]
[]
[null,"Amount Carried Forward to Summary Page",{"$nulls":3},{"$f":"SUM(F1918:F1945)","v":{"v":4808448.68,"d":"4,808,448.68"}},{"$nulls":38},{"$f":"SUM(AS1916:AS1945)","v":{"v":61705,"d":"61,705.00"}}]
[]
["MAIN HOSPITAL ELECTRICAL INSTALLATION"]
["CECILIA MAKIWANE HOSPITAL : PHASE 4C"]
[]
[{"$f":"A1914","v":"BILL NO. 3 : STANDBY POWER EQUIPMENT"}]
["ITEM","DESCRIPTION","UNIT","QTY","RATE","TENDER AMOUNT","A","B","D","E1","E2","F1","F2","G1","G2","H1","H2","J1","J2","J3",null,"G/House",null,"N","Other","Total Qty","A","B","D","E1","E2","F1","F2","G1","G2","H1","H2","J1","J2","J3","K","N","Other","Total Amount","Total Claimed"]
[null,"AMOUNT CARRIED FORWARD FROM PREVIOUS BILL",{"$nulls":3},{"$f":"F1946","v":{"v":4808448.68,"d":"4,808,448.68"}},{"$nulls":38},{"$f":"AS1946","v":{"v":61705,"d":"61,705.00"}}]
[]
[]
[{"v":3.8,"d":"3.80"},"SITE WORKS AND SUPERVISION"]
[null,"Liaison with the BCM and completion of relavent applications, Deposits","Sum",1,{"v":2500,"d":"2,500.00"},{"$f":"D1957*E1957","v":{"v":2500,"d":"2,500.00"}},{"v":0,"d":"0.00"},{"v":0,"d":"0.00"},{"v":0,"d":"0.00"},{"v":0,"d":"0.00"},{"v":0,"d":"0.00"},{"v":0,"d":"0.00"},{"v":0,"d":"0.00"},{"v":0,"d":"0.00"},{"v":0,"d":"0.00"},{"v":0,"d":"0.00"},{"v":0,"d":"0.00"},{"v":0,"d":"0.00"},{"v":0,"d":"0.00"},{"v":0,"d":"0.00"},{"$nulls":3},{"v":0,"d":"0.00"},{"v":0,"d":"0.00"},{"$f":"SUM(G1957:Y1957)","v":{"v":0,"d":"0.00"}},{"$f":"G1957*E1957","v":0},{"$f":"H1957*$E1957","v":0},0,0,0,0,{"$f":"+M1957*E1957","v":0},{"$f":"N1957*$E1957","v":0},0,0,0,0,0,0,{"$f":"W1957*$E1957","v":0},0,0,{"$f":"SUM(AA1957:AQ1957)","v":0},{"$f":"+E1957*Z1957","v":{"v":0,"d":"0.00"}}]
[null,null," ",{"$nulls":23},0,0,0,0,0,0,null,0,0,0,0,0,0,0,0,0,0,{"$f":"SUM(AA1958:AQ1958)","v":0}]
[{"v":3.9,"d":"3.90"},"Execute the changes to the Phase 2B Substation to revert to a standard Substation as per Drawing No E300MCS","Sum",1,{"v":15000,"d":"15,000.00"},{"$f":"D1959*E1959","v":{"v":15000,"d":"15,000.00"}},{"v":0,"d":"0.00"},{"v":0,"d":"0.00"},{"v":0,"d":"0.00"},{"v":0,"d":"0.00"},{"v":0,"d":"0.00"},{"v":0,"d":"0.00"},{"v":0,"d":"0.00"},{"v":0,"d":"0.00"},{"v":0,"d":"0.00"},{"v":0,"d":"0.00"},{"v":0,"d":"0.00"},{"v":0,"d":"0.00"},{"v":0,"d":"0.00"},{"v":0,"d":"0.00"},{"$nulls":3},{"v":0,"d":"0.00"},{"v":0,"d":"0.00"},{"$f":"SUM(G1959:Y1959)","v":{"v":0,"d":"0.00"}},0,0,0,0,0,0,null,0,0,0,0,0,0,0,0,0,0,0,{"$f":"+E1959*Z1959","v":{"v":0,"d":"0.00"}}]
[{"$nulls":26},0,0,0,0,0,0,null,0,0,0,0,0,0,0,0,0,0,0]
[{"v":3.1,"d":"3.10"},"Supply and Installation of Generator monitoring / communication system complete with Laptop and software","Sum",1,{"v":48687.5,"d":"48,687.50"},{"$f":"D1961*E1961","v":{"v":48687.5,"d":"48,687.50"}},{"v":0,"d":"0.00"},{"v":0,"d":"0.00"},{"v":0,"d":"0.00"},{"v":0,"d":"0.00"},{"v":0,"d":"0.00"},{"v":0,"d":"0.00"},{"v":0,"d":"0.00"},{"v":0,"d":"0.00"},{"v":0,"d":"0.00"},{"v":0,"d":"0.00"},{"v":0,"d":"0.00"},{"v":0,"d":"0.00"},{"v":0,"d":"0.00"},{"v":0,"d":"0.00"},{"$nulls":3},{"v":0,"d":"0.00"},{"v":0,"d":"0.00"},{"$f":"SUM(G1961:Y1961)","v":{"v":0,"d":"0.00"}},0,0,0,0,0,0,null,0,0,0,0,0,0,0,0,0,0,0,{"$f":"+E1961*Z1961","v":{"v":0,"d":"0.00"}}]
[{"$nulls":26},0,0,0,0,0,0,null,0,0,0,0,0,0,0,0,0,0,0]
[3.11,"Liaison with the BCM and completion and Connection of the New Main Substation for the disconnection of Temp Container Substation.","Sum",1,{"v":2500,"d":"2,500.00"},{"$f":"D1963*E1963","v":{"v":2500,"d":"2,500.00"}},{"v":0,"d":"0.00"},{"v":0,"d":"0.00"},{"v":0,"d":"0.00"},{"v":0,"d":"0.00"},{"v":0,"d":"0.00"},{"v":0,"d":"0.00"},{"v":0,"d":"0.00"},{"v":0,"d":"0.00"},{"v":0,"d":"0.00"},{"v":0,"d":"0.00"},{"v":0,"d":"0.00"},{"v":0,"d":"0.00"},{"v":0,"d":"0.00"},{"v":0,"d":"0.00"},{"$nulls":3},{"v":0,"d":"0.00"},{"v":0,"d":"0.00"},{"$f":"SUM(G1963:Y1963)","v":{"v":0,"d":"0.00"}},0,0,0,0,0,0,null,0,0,0,0,0,0,0,0,0,0,0,{"$f":"+E1963*Z1963","v":{"v":0,"d":"0.00"}}]
[]
[]
[null,"Amount Carried Forward to Summary Page",{"$nulls":3},{"$f":"SUM(F1953:F1965)","v":{"v":4877136.18,"d":"4,877,136.18"}},{"$nulls":38},{"$f":"SUM(AS1953:AS1965)","v":{"v":61705,"d":"61,705.00"}}]
[]
["MAIN HOSPITAL ELECTRICAL INSTALLATION"]
["CECILIA MAKIWANE HOSPITAL : PHASE 4C"]
[]
["BILL NO. 4 : ADDITIONAL EQUIPMENT AND SUNDRY ITEMS"]
["ITEM","DESCRIPTION","UNIT","QTY","RATE","TENDER AMOUNT","A","B","D","E1","E2","F1","F2","G1","G2","H1","H2","J1","J2","J3",null,"G/House",null,"N","Other","Total Qty","A","B","D","E1","E2","F1","F2","G1","G2","H1","H2","J1","J2","J3","K","N","Other","Total Amount","Total Claimed"]
[{"$nulls":3}," "]
[{"v":4,"d":"4.00"},"Additional Protective Devices"]
[" "]
[{"v":4.1,"d":"4.10"},"630 amp TP MCB-15kA"]
[" ","Supply","each",2,{"v":7811.53,"d":"7,811.53"},{"$f":"D1977*E1977","v":{"v":15623.06,"d":"15,623.06"}},{"v":0,"d":"0.00"},{"v":0,"d":"0.00"},{"v":0,"d":"0.00"},{"v":0,"d":"0.00"},{"v":0,"d":"0.00"},{"v":0,"d":"0.00"},{"v":0,"d":"0.00"},{"v":0,"d":"0.00"},{"v":0,"d":"0.00"},{"v":0,"d":"0.00"},{"v":0,"d":"0.00"},{"v":0,"d":"0.00"},{"v":0,"d":"0.00"},{"v":0,"d":"0.00"},{"$nulls":3},{"v":0,"d":"0.00"},{"v":0,"d":"0.00"},{"$f":"SUM(G1977:Y1977)","v":{"v":0,"d":"0.00"}},{"$f":"G1977*E1977","v":0},{"$f":"H1977*$E1977","v":0},{"$f":"I1977*$E1977","v":0},{"$f":"J1977*$E1977","v":0},{"$f":"K1977*$E1977","v":0},{"$f":"L1977*$E1977","v":0},{"$f":"+M1977*E1977","v":0},{"$f":"N1977*$E1977","v":0},{"$f":"O1977*$E1977","v":0},{"$f":"P1977*$E1977","v":0},{"$f":"Q1977*$E1977","v":0},{"$f":"R1977*$E1977","v":0},{"$f":"S1977*$E1977","v":0},{"$f":"T1977*$E1977","v":0},{"$f":"W1977*$E1977","v":0},0,0,{"$f":"SUM(AA1977:AQ1977)","v":0},{"$f":"+E1977*Z1977","v":{"v":0,"d":"0.00"}}]
[null,"Install","each",{"$f":"D1977","v":2},{"v":1250,"d":"1,250.00"},{"$f":"D1978*E1978","v":{"v":2500,"d":"2,500.00"}},{"v":0,"d":"0.00"},{"v":0,"d":"0.00"},{"v":0,"d":"0.00"},{"v":0,"d":"0.00"},{"v":0,"d":"0.00"},{"v":0,"d":"0.00"},{"v":0,"d":"0.00"},{"v":0,"d":"0.00"},{"v":0,"d":"0.00"},{"v":0,"d":"0.00"},{"v":0,"d":"0.00"},{"v":0,"d":"0.00"},{"v":0,"d":"0.00"},{"v":0,"d":"0.00"},{"$nulls":3},{"v":0,"d":"0.00"},{"v":0,"d":"0.00"},{"$f":"SUM(G1978:Y1978)","v":{"v":0,"d":"0.00"}},0,0,0,0,0,0,0,0,0,0,0,0,0,0,0,0,0,{"$f":"SUM(AA1978:AQ1978)","v":0},{"$f":"+E1978*Z1978","v":{"v":0,"d":"0.00"}}]
[{"$nulls":26},0,0,0,0,0,0,0,0,0,0,0,0,0,0,0,0,0,0]
[{"v":4.2,"d":"4.20"},"400 amp TP MCB-10kA",{"$nulls":24},0,0,0,0,0,0,0,0,0,0,0,0,0,0,0,0,0,0]
[null,"Supply","each",4,{"v":5837.38,"d":"5,837.38"},{"$f":"D1981*E1981","v":{"v":23349.52,"d":"23,349.52"}},{"v":0,"d":"0.00"},{"v":0,"d":"0.00"},{"v":0,"d":"0.00"},{"v":0,"d":"0.00"},{"v":0,"d":"0.00"},{"v":0,"d":"0.00"},{"v":0,"d":"0.00"},{"v":0,"d":"0.00"},{"v":0,"d":"0.00"},{"v":0,"d":"0.00"},{"v":0,"d":"0.00"},{"v":0,"d":"0.00"},{"v":0,"d":"0.00"},{"v":0,"d":"0.00"},{"$nulls":3},{"v":0,"d":"0.00"},{"v":0,"d":"0.00"},{"$f":"SUM(G1981:Y1981)","v":{"v":0,"d":"0.00"}},0,0,0,0,0,0,0,0,0,0,0,0,0,0,0,0,0,0,{"$f":"+E1981*Z1981","v":{"v":0,"d":"0.00"}}]
[null,"Install","each",{"$f":"D1981","v":4},{"v":1150,"d":"1,150.00"},{"$f":"D1982*E1982","v":{"v":4600,"d":"4,600.00"}},{"v":0,"d":"0.00"},{"v":0,"d":"0.00"},{"v":0,"d":"0.00"},{"v":0,"d":"0.00"},{"v":0,"d":"0.00"},{"v":0,"d":"0.00"},{"v":0,"d":"0.00"},{"v":0,"d":"0.00"},{"v":0,"d":"0.00"},{"v":0,"d":"0.00"},{"v":0,"d":"0.00"},{"v":0,"d":"0.00"},{"v":0,"d":"0.00"},{"v":0,"d":"0.00"},{"$nulls":3},{"v":0,"d":"0.00"},{"v":0,"d":"0.00"},{"$f":"SUM(G1982:Y1982)","v":{"v":0,"d":"0.00"}},0,0,0,0,0,0,0,0,0,0,0,0,0,0,0,0,0,0,{"$f":"+E1982*Z1982","v":{"v":0,"d":"0.00"}}]
[{"$nulls":26},0,0,0,0,0,0,0,0,0,0,0,0,0,0,0,0,0,0]
[{"v":4.3,"d":"4.30"},"160 amp TP MCB-15kA",{"$nulls":24},0,0,0,0,0,0,0,0,0,0,0,0,0,0,0,0,0,0]
[null,"Supply","each",10,{"v":1658.45,"d":"1,658.45"},{"$f":"D1985*E1985","v":{"v":16584.5,"d":"16,584.50"}},{"v":0,"d":"0.00"},{"v":0,"d":"0.00"},{"v":0,"d":"0.00"},{"v":0,"d":"0.00"},{"v":0,"d":"0.00"},{"v":0,"d":"0.00"},{"v":0,"d":"0.00"},{"v":0,"d":"0.00"},{"v":0,"d":"0.00"},{"v":0,"d":"0.00"},{"v":0,"d":"0.00"},{"v":0,"d":"0.00"},{"v":0,"d":"0.00"},{"v":0,"d":"0.00"},{"$nulls":3},{"v":0,"d":"0.00"},{"v":0,"d":"0.00"},{"$f":"SUM(G1985:Y1985)","v":{"v":0,"d":"0.00"}},0,0,0,0,0,0,0,0,0,0,0,0,0,0,0,0,0,0,{"$f":"+E1985*Z1985","v":{"v":0,"d":"0.00"}}]
[null,"Install","each",{"$f":"D1985","v":10},{"v":275,"d":"275.00"},{"$f":"D1986*E1986","v":{"v":2750,"d":"2,750.00"}},{"v":0,"d":"0.00"},{"v":0,"d":"0.00"},{"v":0,"d":"0.00"},{"v":0,"d":"0.00"},{"v":0,"d":"0.00"},{"v":0,"d":"0.00"},{"v":0,"d":"0.00"},{"v":0,"d":"0.00"},{"v":0,"d":"0.00"},{"v":0,"d":"0.00"},{"v":0,"d":"0.00"},{"v":0,"d":"0.00"},{"v":0,"d":"0.00"},{"v":0,"d":"0.00"},{"$nulls":3},{"v":0,"d":"0.00"},{"v":0,"d":"0.00"},{"$f":"SUM(G1986:Y1986)","v":{"v":0,"d":"0.00"}},0,0,0,0,0,0,0,0,0,0,0,0,0,0,0,0,0,0,{"$f":"+E1986*Z1986","v":{"v":0,"d":"0.00"}}]
[{"$nulls":3}," ",{"$nulls":22},0,0,0,0,0,0,0,0,0,0,0,0,0,0,0,0,0,0]
[{"v":4.4,"d":"4.40"},"80 amp TP MCB-5kA",null," ",{"$nulls":22},0,0,0,0,0,0,0,0,0,0,0,0,0,0,0,0,0,0]
[null,"Supply","each",2,646.78,{"$f":"D1989*E1989","v":{"v":1293.56,"d":"1,293.56"}},{"v":0,"d":"0.00"},{"v":0,"d":"0.00"},{"v":0,"d":"0.00"},{"v":0,"d":"0.00"},{"v":0,"d":"0.00"},{"v":0,"d":"0.00"},{"v":0,"d":"0.00"},{"v":0,"d":"0.00"},{"v":0,"d":"0.00"},{"v":0,"d":"0.00"},{"v":0,"d":"0.00"},{"v":0,"d":"0.00"},{"v":0,"d":"0.00"},{"v":0,"d":"0.00"},{"$nulls":3},{"v":0,"d":"0.00"},{"v":0,"d":"0.00"},{"$f":"SUM(G1989:Y1989)","v":{"v":0,"d":"0.00"}},0,0,0,0,0,0,0,0,0,0,0,0,0,0,0,0,0,0,{"$f":"+E1989*Z1989","v":{"v":0,"d":"0.00"}}]
[null,"Install","each",{"$f":"D1989","v":2},{"v":160,"d":"160.00"},{"$f":"D1990*E1990","v":{"v":320,"d":"320.00"}},{"v":0,"d":"0.00"},{"v":0,"d":"0.00"},{"v":0,"d":"0.00"},{"v":0,"d":"0.00"},{"v":0,"d":"0.00"},{"v":0,"d":"0.00"},{"v":0,"d":"0.00"},{"v":0,"d":"0.00"},{"v":0,"d":"0.00"},{"v":0,"d":"0.00"},{"v":0,"d":"0.00"},{"v":0,"d":"0.00"},{"v":0,"d":"0.00"},{"v":0,"d":"0.00"},{"$nulls":3},{"v":0,"d":"0.00"},{"v":0,"d":"0.00"},{"$f":"SUM(G1990:Y1990)","v":{"v":0,"d":"0.00"}},0,0,0,0,0,0,0,0,0,0,0,0,0,0,0,0,0,0,{"$f":"+E1990*Z1990","v":{"v":0,"d":"0.00"}}]
[{"$nulls":26},0,0,0,0,0,0,0,0,0,0,0,0,0,0,0,0,0,0]
[{"v":4.5,"d":"4.50"},"2500 Amp ACB-65kA",{"$nulls":24},0,0,0,0,0,0,0,0,0,0,0,0,0,0,0,0,0,0]
[null,"Supply","each",1,{"v":50012.83,"d":"50,012.83"},{"$f":"D1993*E1993","v":{"v":50012.83,"d":"50,012.83"}},{"v":0,"d":"0.00"},{"v":0,"d":"0.00"},{"v":0,"d":"0.00"},{"v":0,"d":"0.00"},{"v":0,"d":"0.00"},{"v":0,"d":"0.00"},{"v":0,"d":"0.00"},{"v":0,"d":"0.00"},{"v":0,"d":"0.00"},{"v":0,"d":"0.00"},{"v":0,"d":"0.00"},{"v":0,"d":"0.00"},{"v":0,"d":"0.00"},{"v":0,"d":"0.00"},{"$nulls":3},{"v":0,"d":"0.00"},{"v":0,"d":"0.00"},{"$f":"SUM(G1993:Y1993)","v":{"v":0,"d":"0.00"}},0,0,0,0,0,0,0,0,0,0,0,0,0,0,{"$f":"W1993*$E1993","v":0},0,0,0,{"$f":"+E1993*Z1993","v":{"v":0,"d":"0.00"}}]
[null,"Install","each",{"$f":"D1993","v":1},{"v":3750,"d":"3,750.00"},{"$f":"D1994*E1994","v":{"v":3750,"d":"3,750.00"}},{"v":0,"d":"0.00"},{"v":0,"d":"0.00"},{"v":0,"d":"0.00"},{"v":0,"d":"0.00"},{"v":0,"d":"0.00"},{"v":0,"d":"0.00"},{"v":0,"d":"0.00"},{"v":0,"d":"0.00"},{"v":0,"d":"0.00"},{"v":0,"d":"0.00"},{"v":0,"d":"0.00"},{"v":0,"d":"0.00"},{"v":0,"d":"0.00"},{"v":0,"d":"0.00"},{"$nulls":3},{"v":0,"d":"0.00"},{"v":0,"d":"0.00"},{"$f":"SUM(G1994:Y1994)","v":{"v":0,"d":"0.00"}},0,0,0,0,0,0,0,0,0,0,0,0,0,0,0,0,0,0,{"$f":"+E1994*Z1994","v":{"v":0,"d":"0.00"}}]
[" ",{"$nulls":25},0,0,0,0,0,0,0,0,0,0,0,0,0,0,0,0,0,0,{"$f":"+E1995*Z1995","v":{"v":0,"d":"0.00"}}]
[{"v":4.6,"d":"4.60"},"1500 Amp ACB-65kA",{"$nulls":24},0,0,0,0,0,0,0,0,0,0,0,0,0,0,0,0,0,0]
[null,"Supply","each",1,{"v":33191.55,"d":"33,191.55"},{"$f":"D1997*E1997","v":{"v":33191.55,"d":"33,191.55"}},{"v":0,"d":"0.00"},{"v":0,"d":"0.00"},{"v":0,"d":"0.00"},{"v":0,"d":"0.00"},{"v":0,"d":"0.00"},{"v":0,"d":"0.00"},{"v":0,"d":"0.00"},{"v":0,"d":"0.00"},{"v":0,"d":"0.00"},{"v":0,"d":"0.00"},{"v":0,"d":"0.00"},{"v":0,"d":"0.00"},{"v":0,"d":"0.00"},{"v":0,"d":"0.00"},{"$nulls":3},{"v":0,"d":"0.00"},{"v":0,"d":"0.00"},{"$f":"SUM(G1997:Y1997)","v":{"v":0,"d":"0.00"}},0,0,0,0,0,0,0,0,0,0,0,0,0,0,0,0,0,0,{"$f":"+E1997*Z1997","v":{"v":0,"d":"0.00"}}]
[null,"Install","each",{"$f":"D1997","v":1},{"v":3225,"d":"3,225.00"},{"$f":"D1998*E1998","v":{"v":3225,"d":"3,225.00"}},{"v":0,"d":"0.00"},{"v":0,"d":"0.00"},{"v":0,"d":"0.00"},{"v":0,"d":"0.00"},{"v":0,"d":"0.00"},{"v":0,"d":"0.00"},{"v":0,"d":"0.00"},{"v":0,"d":"0.00"},{"v":0,"d":"0.00"},{"v":0,"d":"0.00"},{"v":0,"d":"0.00"},{"v":0,"d":"0.00"},{"v":0,"d":"0.00"},{"v":0,"d":"0.00"},{"$nulls":3},{"v":0,"d":"0.00"},{"v":0,"d":"0.00"},{"$f":"SUM(G1998:Y1998)","v":{"v":0,"d":"0.00"}},0,0,0,0,0,0,0,0,0,0,0,0,0,0,0,0,0,0,{"$f":"+E1998*Z1998","v":{"v":0,"d":"0.00"}}]
[{"$nulls":26},0,0,0,0,0,0,0,0,0,0,0,0,0,0,0,0,0,0]
[{"v":4.7,"d":"4.70"},"60 amp Earth Leakage Unit Isolator - 5kA",{"$nulls":24},0,0,0,0,0,0,0,0,0,0,0,0,0,0,0,0,0,0]
[null,"Supply","each",4,331.08,{"$f":"D2001*E2001","v":{"v":1324.32,"d":"1,324.32"}},{"v":0,"d":"0.00"},{"v":0,"d":"0.00"},{"v":0,"d":"0.00"},{"v":0,"d":"0.00"},{"v":0,"d":"0.00"},{"v":0,"d":"0.00"},{"v":0,"d":"0.00"},{"v":0,"d":"0.00"},{"v":0,"d":"0.00"},{"v":0,"d":"0.00"},{"v":0,"d":"0.00"},{"v":0,"d":"0.00"},{"v":0,"d":"0.00"},{"v":0,"d":"0.00"},{"$nulls":3},{"v":0,"d":"0.00"},{"v":0,"d":"0.00"},{"$f":"SUM(G2001:Y2001)","v":{"v":0,"d":"0.00"}},0,0,0,0,0,0,0,0,0,0,0,0,0,0,0,0,0,0,{"$f":"+E2001*Z2001","v":{"v":0,"d":"0.00"}}]
[null,"Install","each",4,{"v":160,"d":"160.00"},{"$f":"D2002*E2002","v":{"v":640,"d":"640.00"}},{"v":0,"d":"0.00"},{"v":0,"d":"0.00"},{"v":0,"d":"0.00"},{"v":0,"d":"0.00"},{"v":0,"d":"0.00"},{"v":0,"d":"0.00"},{"v":0,"d":"0.00"},{"v":0,"d":"0.00"},{"v":0,"d":"0.00"},{"v":0,"d":"0.00"},{"v":0,"d":"0.00"},{"v":0,"d":"0.00"},{"v":0,"d":"0.00"},{"v":0,"d":"0.00"},{"$nulls":3},{"v":0,"d":"0.00"},{"v":0,"d":"0.00"},{"$f":"SUM(G2002:Y2002)","v":{"v":0,"d":"0.00"}},0,0,0,0,0,0,0,0,0,0,0,0,0,0,0,0,0,0,{"$f":"+E2002*Z2002","v":{"v":0,"d":"0.00"}}]
[{"$nulls":26},0,0,0,0,0,0,0,0,0,0,0,0,0,0,0,0,0,0]
[{"v":4.8,"d":"4.80"},"PHASE2B",{"$nulls":24},0,0,0,0,0,0,0,0,0,0,0,0,0,0,0,0,0,0]
[null,"Supply and install all of Equipment complete into Phase 2B substation LV Main Panel, all Materials, Busbars tails and arrangements to be made with the Hospital Management and Engineering staff",{"$nulls":24},0,0,0,0,0,0,0,0,0,0,0,0,0,0,0,0,0,0]
[{"$nulls":26},0,0,0,0,0,0,0,0,0,0,0,0,0,0,0,0,0,0]
[{"v":4.9,"d":"4.90"},"80 amp 3P MCB-15kA",{"$nulls":24},0,0,0,0,0,0,0,0,0,0,0,0,0,0,0,0,0,0]
[null,"Supply","each",16,{"v":1282.28,"d":"1,282.28"},{"$f":"D2008*E2008","v":{"v":20516.48,"d":"20,516.48"}},{"v":0,"d":"0.00"},{"v":0,"d":"0.00"},{"v":0,"d":"0.00"},{"v":0,"d":"0.00"},{"v":0,"d":"0.00"},{"v":0,"d":"0.00"},{"v":0,"d":"0.00"},{"v":0,"d":"0.00"},{"v":0,"d":"0.00"},{"v":0,"d":"0.00"},{"v":0,"d":"0.00"},{"v":0,"d":"0.00"},{"v":0,"d":"0.00"},{"v":0,"d":"0.00"},{"$nulls":3},{"v":0,"d":"0.00"},{"v":0,"d":"0.00"},{"$f":"SUM(G2008:Y2008)","v":{"v":0,"d":"0.00"}},0,0,0,0,0,0,0,0,0,0,0,0,0,0,0,0,0,0,{"$f":"+E2008*Z2008","v":{"v":0,"d":"0.00"}}]
[null,"Install","each",{"$f":"D2008","v":16},{"v":275,"d":"275.00"},{"$f":"D2009*E2009","v":{"v":4400,"d":"4,400.00"}},{"v":0,"d":"0.00"},{"v":0,"d":"0.00"},{"v":0,"d":"0.00"},{"v":0,"d":"0.00"},{"v":0,"d":"0.00"},{"v":0,"d":"0.00"},{"v":0,"d":"0.00"},{"v":0,"d":"0.00"},{"v":0,"d":"0.00"},{"v":0,"d":"0.00"},{"v":0,"d":"0.00"},{"v":0,"d":"0.00"},{"v":0,"d":"0.00"},{"v":0,"d":"0.00"},{"$nulls":3},{"v":0,"d":"0.00"},{"v":0,"d":"0.00"},{"$f":"SUM(G2009:Y2009)","v":{"v":0,"d":"0.00"}},0,0,0,0,0,0,0,0,0,0,0,0,0,0,0,0,0,0,{"v":0,"d":"0.00"}]
[{"$nulls":26},0,0,0,0,0,0,0,0,0,0,0,0,0,0,0,0,0,0,{"v":0,"d":"0.00"}]
[{"v":4.1,"d":"4.10"},"50 amp 3P MCB-5kA",{"$nulls":24},0,0,0,0,0,0,0,0,0,0,0,0,0,0,0,0,0,0,{"v":0,"d":"0.00"}]
[null,"Supply","each",16,255.23,{"$f":"D2012*E2012","v":{"v":4083.68,"d":"4,083.68"}},{"v":0,"d":"0.00"},{"v":0,"d":"0.00"},{"v":0,"d":"0.00"},{"v":0,"d":"0.00"},{"v":0,"d":"0.00"},{"v":0,"d":"0.00"},{"v":0,"d":"0.00"},{"v":0,"d":"0.00"},{"v":0,"d":"0.00"},{"v":0,"d":"0.00"},{"v":0,"d":"0.00"},{"v":0,"d":"0.00"},{"v":0,"d":"0.00"},{"v":0,"d":"0.00"},{"$nulls":3},{"v":0,"d":"0.00"},{"v":0,"d":"0.00"},{"$f":"SUM(G2012:Y2012)","v":{"v":0,"d":"0.00"}},0,0,0,0,0,0,0,0,0,0,0,0,0,0,0,0,0,0,{"v":0,"d":"0.00"}]
[null,"Install","each",{"$f":"D2012","v":16},{"v":160,"d":"160.00"},{"$f":"D2013*E2013","v":{"v":2560,"d":"2,560.00"}},{"v":0,"d":"0.00"},{"v":0,"d":"0.00"},{"v":0,"d":"0.00"},{"v":0,"d":"0.00"},{"v":0,"d":"0.00"},{"v":0,"d":"0.00"},{"v":0,"d":"0.00"},{"v":0,"d":"0.00"},{"v":0,"d":"0.00"},{"v":0,"d":"0.00"},{"v":0,"d":"0.00"},{"v":0,"d":"0.00"},{"v":0,"d":"0.00"},{"v":0,"d":"0.00"},{"$nulls":3},{"v":0,"d":"0.00"},{"v":0,"d":"0.00"},{"$f":"SUM(G2013:Y2013)","v":{"v":0,"d":"0.00"}},0,0,0,0,0,0,0,0,0,0,0,0,0,0,0,0,0,0,{"v":0,"d":"0.00"}]
[{"$nulls":26},0,0,0,0,0,0,0,0,0,0,0,0,0,0,0,0,0,0]
[4.11,"20 amp 3P MCB-5kA",{"$nulls":24},0,0,0,0,0,0,0,0,0,0,0,0,0,0,0,0,0,0]
[null,"Supply","each",16,248.05,{"$f":"D2016*E2016","v":{"v":3968.8,"d":"3,968.80"}},{"v":0,"d":"0.00"},{"v":0,"d":"0.00"},{"v":0,"d":"0.00"},{"v":0,"d":"0.00"},{"v":0,"d":"0.00"},{"v":0,"d":"0.00"},{"v":0,"d":"0.00"},{"v":0,"d":"0.00"},{"v":0,"d":"0.00"},{"v":0,"d":"0.00"},{"v":0,"d":"0.00"},{"v":0,"d":"0.00"},{"v":0,"d":"0.00"},{"v":0,"d":"0.00"},{"$nulls":3},{"v":0,"d":"0.00"},{"v":0,"d":"0.00"},{"$f":"SUM(G2016:Y2016)","v":{"v":0,"d":"0.00"}},0,0,0,0,0,0,0,0,0,0,0,0,0,0,0,0,0,0,{"$f":"+E2016*Z2016","v":{"v":0,"d":"0.00"}}]
[null,"Install","each",{"$f":"D2016","v":16},{"v":160,"d":"160.00"},{"$f":"D2017*E2017","v":{"v":2560,"d":"2,560.00"}},{"v":0,"d":"0.00"},{"v":0,"d":"0.00"},{"v":0,"d":"0.00"},{"v":0,"d":"0.00"},{"v":0,"d":"0.00"},{"v":0,"d":"0.00"},{"v":0,"d":"0.00"},{"v":0,"d":"0.00"},{"v":0,"d":"0.00"},{"v":0,"d":"0.00"},{"v":0,"d":"0.00"},{"v":0,"d":"0.00"},{"v":0,"d":"0.00"},{"v":0,"d":"0.00"},{"$nulls":3},{"v":0,"d":"0.00"},{"v":0,"d":"0.00"},{"$f":"SUM(G2017:Y2017)","v":{"v":0,"d":"0.00"}},0,0,0,0,0,0,0,0,0,0,0,0,0,0,0,0,0,0,{"$f":"+E2017*Z2017","v":{"v":0,"d":"0.00"}}]
[]
[]
[null,"Amount Carried Forward to Summary Page",{"$nulls":3},{"$f":"SUM(F1974:F2019)","v":{"v":197253.30000000002,"d":"197,253.30"}},{"$nulls":38},{"$f":"SUM(AS1974:AS2019)","v":{"v":0,"d":"0.00"}}]
[]
["MAIN HOSPITAL ELECTRICAL INSTALLATION"]
["CECILIA MAKIWANE HOSPITAL : PHASE 4C"]
[]
["Bill N0 5: REPAIRS AND MAINTENANCE"]
["ITEM","DESCRIPTION","UNIT","QTY","RATE","TENDER AMOUNT","A","B","D","E1","E2","F1","F2","G1","G2","H1","H2","J1","J2","J3",null,"G/House",null,"N","Other","Total Qty","A","B","D","E1","E2","F1","F2","G1","G2","H1","H2","J1","J2","J3","K","N","Other","Total Amount","Total Claimed"]
[]
[{"v":5,"d":"5.00"},"REPAIR WORK TO STANDBY"]
[null,"GENERATOR SET INSTALLATIONS"]
[null,null," "," "]
[{"v":5.1,"d":"5.10"},"Report on condition of installation","Sum",1,{"v":3177.5,"d":"3,177.50"},{"$f":"D2031*E2031","v":{"v":3177.5,"d":"3,177.50"}},{"v":0,"d":"0.00"},{"v":0,"d":"0.00"},{"v":0,"d":"0.00"},{"v":0,"d":"0.00"},{"v":0,"d":"0.00"},{"v":0,"d":"0.00"},{"v":0,"d":"0.00"},{"v":0,"d":"0.00"},{"v":0,"d":"0.00"},{"v":0,"d":"0.00"},{"v":0,"d":"0.00"},{"v":0,"d":"0.00"},{"v":0,"d":"0.00"},{"v":0,"d":"0.00"},{"$nulls":3},{"v":0,"d":"0.00"},{"v":0,"d":"0.00"},{"$f":"SUM(G2031:Y2031)","v":{"v":0,"d":"0.00"}},{"$f":"G2031*E2031","v":0},{"$f":"H2031*$E2031","v":0},{"$f":"I2031*$E2031","v":0},{"$f":"J2031*$E2031","v":0},{"$f":"K2031*$E2031","v":0},{"$f":"L2031*$E2031","v":0},{"$f":"+M2031*E2031","v":0},{"$f":"N2031*$E2031","v":0},{"$f":"O2031*$E2031","v":0},{"$f":"P2031*$E2031","v":0},{"$f":"Q2031*$E2031","v":0},{"$f":"R2031*$E2031","v":0},{"$f":"S2031*$E2031","v":0},{"$f":"T2031*$E2031","v":0},{"$f":"W2031*$E2031","v":0},0,0,{"$f":"SUM(AA2031:AQ2031)","v":0},{"$f":"+E2031*Z2031","v":{"v":0,"d":"0.00"}}]
[{"$nulls":26},0,0,0,0,0,0,0,0,0,0,0,0,0,0,0,0,0,{"$f":"SUM(AA2032:AQ2032)","v":0}]
["5.1.1","Plant Room(s) / Plant Area",{"$nulls":24},0,0,0,0,0,0,0,0,0,0,0,0,0,0,0,0,0,0]
[{"$nulls":26},0,0,0,0,0,0,0,0,0,0,0,0,0,0,0,0,0,0]
[null,"Clean plant room(s) / plant area","Sum",1,{"v":3690,"d":"3,690.00"},{"$f":"D2035*E2035","v":{"v":3690,"d":"3,690.00"}},{"v":0,"d":"0.00"},{"v":0,"d":"0.00"},{"v":0,"d":"0.00"},{"v":0,"d":"0.00"},{"v":0,"d":"0.00"},{"v":0,"d":"0.00"},{"v":0,"d":"0.00"},{"v":0,"d":"0.00"},{"v":0,"d":"0.00"},{"v":0,"d":"0.00"},{"v":0,"d":"0.00"},{"v":0,"d":"0.00"},{"v":0,"d":"0.00"},{"v":0,"d":"0.00"},{"$nulls":3},{"v":0,"d":"0.00"},{"v":0,"d":"0.00"},{"$f":"SUM(G2035:Y2035)","v":{"v":0,"d":"0.00"}},0,0,0,0,0,0,0,0,0,0,0,0,0,0,0,0,0,0,{"$f":"+E2035*Z2035","v":{"v":0,"d":"0.00"}}]
[null,"Re-lamp luminaires","Sum",1,{"v":2472.3,"d":"2,472.30"},{"$f":"D2036*E2036","v":{"v":2472.3,"d":"2,472.30"}},{"v":0,"d":"0.00"},{"v":0,"d":"0.00"},{"v":0,"d":"0.00"},{"v":0,"d":"0.00"},{"v":0,"d":"0.00"},{"v":0,"d":"0.00"},{"v":0,"d":"0.00"},{"v":0,"d":"0.00"},{"v":0,"d":"0.00"},{"v":0,"d":"0.00"},{"v":0,"d":"0.00"},{"v":0,"d":"0.00"},{"v":0,"d":"0.00"},{"v":0,"d":"0.00"},{"$nulls":3},{"v":0,"d":"0.00"},{"v":0,"d":"0.00"},{"$f":"SUM(G2036:Y2036)","v":{"v":0,"d":"0.00"}},0,0,0,0,0,0,0,0,0,0,0,0,0,0,0,0,0,0,{"$f":"+E2036*Z2036","v":{"v":0,"d":"0.00"}}]
[{"$nulls":26},0,0,0,0,0,0,0,0,0,0,0,0,0,0,0,0,0,0]
[null,"Seal sleeves with chicken wire and builder's foam","Sum",1,{"v":2280.63,"d":"2,280.63"},{"$f":"D2038*E2038","v":{"v":2280.63,"d":"2,280.63"}},{"v":0,"d":"0.00"},{"v":0,"d":"0.00"},{"v":0,"d":"0.00"},{"v":0,"d":"0.00"},{"v":0,"d":"0.00"},{"v":0,"d":"0.00"},{"v":0,"d":"0.00"},{"v":0,"d":"0.00"},{"v":0,"d":"0.00"},{"v":0,"d":"0.00"},{"v":0,"d":"0.00"},{"v":0,"d":"0.00"},{"v":0,"d":"0.00"},{"v":0,"d":"0.00"},{"$nulls":3},{"v":0,"d":"0.00"},{"v":0,"d":"0.00"},{"$f":"SUM(G2038:Y2038)","v":{"v":0,"d":"0.00"}},0,0,0,0,0,0,0,0,0,0,0,0,0,0,0,0,0,0,{"$f":"+E2038*Z2038","v":{"v":0,"d":"0.00"}}]
[{"$nulls":26},0,0,0,0,0,0,0,0,0,0,0,0,0,0,0,0,0,0]
[null,"Place 500g rodent poison cartridges in cable trenches","No",2,{"v":2280.63,"d":"2,280.63"},{"$f":"D2040*E2040","v":{"v":4561.26,"d":"4,561.26"}},{"v":0,"d":"0.00"},{"v":0,"d":"0.00"},{"v":0,"d":"0.00"},{"v":0,"d":"0.00"},{"v":0,"d":"0.00"},{"v":0,"d":"0.00"},{"v":0,"d":"0.00"},{"v":0,"d":"0.00"},{"v":0,"d":"0.00"},{"v":0,"d":"0.00"},{"v":0,"d":"0.00"},{"v":0,"d":"0.00"},{"v":0,"d":"0.00"},{"v":0,"d":"0.00"},{"$nulls":3},{"v":0,"d":"0.00"},{"v":0,"d":"0.00"},{"$f":"SUM(G2040:Y2040)","v":{"v":0,"d":"0.00"}},0,0,0,0,0,0,0,0,0,0,0,0,0,0,0,0,0,0,{"$f":"+E2040*Z2040","v":{"v":0,"d":"0.00"}}]
[{"$nulls":26},0,0,0,0,0,0,0,0,0,0,0,0,0,0,0,0,0,0]
[null,"Clean and paint floor with epoxy floor paint","Sum",1,{"v":8558.75,"d":"8,558.75"},{"$f":"D2042*E2042","v":{"v":8558.75,"d":"8,558.75"}},{"v":0,"d":"0.00"},{"v":0,"d":"0.00"},{"v":0,"d":"0.00"},{"v":0,"d":"0.00"},{"v":0,"d":"0.00"},{"v":0,"d":"0.00"},{"v":0,"d":"0.00"},{"v":0,"d":"0.00"},{"v":0,"d":"0.00"},{"v":0,"d":"0.00"},{"v":0,"d":"0.00"},{"v":0,"d":"0.00"},{"v":0,"d":"0.00"},{"v":0,"d":"0.00"},{"$nulls":3},{"v":0,"d":"0.00"},{"v":0,"d":"0.00"},{"$f":"SUM(G2042:Y2042)","v":{"v":0,"d":"0.00"}},0,0,0,0,0,0,0,0,0,0,0,0,0,0,0,0,0,0,{"$f":"+E2042*Z2042","v":{"v":0,"d":"0.00"}}]
[{"$nulls":26},0,0,0,0,0,0,0,0,0,0,0,0,0,0,0,0,0,0]
["5.1.2","Diesel Engine",{"$nulls":24},0,0,0,0,0,0,0,0,0,0,0,0,0,0,0,0,0,0]
[{"$nulls":26},0,0,0,0,0,0,0,0,0,0,0,0,0,0,0,0,0,0]
[null,"Carry out initial service of engine",null,1,{"v":12889.38,"d":"12,889.38"},{"$f":"D2046*E2046","v":{"v":12889.38,"d":"12,889.38"}},{"v":0,"d":"0.00"},{"v":0,"d":"0.00"},{"v":0,"d":"0.00"},{"v":0,"d":"0.00"},{"v":0,"d":"0.00"},{"v":0,"d":"0.00"},{"v":0,"d":"0.00"},{"v":0,"d":"0.00"},{"v":0,"d":"0.00"},{"v":0,"d":"0.00"},{"v":0,"d":"0.00"},{"v":0,"d":"0.00"},{"v":0,"d":"0.00"},{"v":0,"d":"0.00"},{"$nulls":3},{"v":0,"d":"0.00"},{"v":0,"d":"0.00"},{"$f":"SUM(G2046:Y2046)","v":{"v":0,"d":"0.00"}},0,0,0,0,0,0,0,0,0,0,0,0,0,0,0,0,0,0,{"$f":"+E2046*Z2046","v":{"v":0,"d":"0.00"}}]
[null,"Steam clean engine, alternator and day tank",null,1,{"v":3715.63,"d":"3,715.63"},{"$f":"D2047*E2047","v":{"v":3715.63,"d":"3,715.63"}},{"v":0,"d":"0.00"},{"v":0,"d":"0.00"},{"v":0,"d":"0.00"},{"v":0,"d":"0.00"},{"v":0,"d":"0.00"},{"v":0,"d":"0.00"},{"v":0,"d":"0.00"},{"v":0,"d":"0.00"},{"v":0,"d":"0.00"},{"v":0,"d":"0.00"},{"v":0,"d":"0.00"},{"v":0,"d":"0.00"},{"v":0,"d":"0.00"},{"v":0,"d":"0.00"},{"$nulls":3},{"v":0,"d":"0.00"},{"v":0,"d":"0.00"},{"$f":"SUM(G2047:Y2047)","v":{"v":0,"d":"0.00"}},0,0,0,0,0,0,0,0,0,0,0,0,0,0,{"$f":"W2047*$E2047","v":0},0,0,0,{"$f":"+E2047*Z2047","v":{"v":0,"d":"0.00"}}]
[{"$nulls":26},0,0,0,0,0,0,0,0,0,0,0,0,0,0,0,0,0,0]
[null,"Inspect rubber hoses, wiring and report on condition",null,1,{"v":512.5,"d":"512.50"},{"$f":"D2049*E2049","v":{"v":512.5,"d":"512.50"}},{"v":0,"d":"0.00"},{"v":0,"d":"0.00"},{"v":0,"d":"0.00"},{"v":0,"d":"0.00"},{"v":0,"d":"0.00"},{"v":0,"d":"0.00"},{"v":0,"d":"0.00"},{"v":0,"d":"0.00"},{"v":0,"d":"0.00"},{"v":0,"d":"0.00"},{"v":0,"d":"0.00"},{"v":0,"d":"0.00"},{"v":0,"d":"0.00"},{"v":0,"d":"0.00"},{"$nulls":3},{"v":0,"d":"0.00"},{"v":0,"d":"0.00"},{"$f":"SUM(G2049:Y2049)","v":{"v":0,"d":"0.00"}},0,0,0,0,0,0,0,0,0,0,0,0,0,0,0,0,0,0,{"$f":"+E2049*Z2049","v":{"v":0,"d":"0.00"}}]
[{"$nulls":26},0,0,0,0,0,0,0,0,0,0,0,0,0,0,0,0,0,0]
[null," ",{"$nulls":24},0,0,0,0,0,0,0,0,0,0,0,0,0,0,0,0,0,0]
["5.1.3","Starter Battery",{"$nulls":24},0,0,0,0,0,0,0,0,0,0,0,0,0,0,0,0,0,0]
[{"$nulls":26},0,0,0,0,0,0,0,0,0,0,0,0,0,0,0,0,0,0]
[null,"Service existing starter battery","No",1,358.75,{"$f":"D2054*E2054","v":358.75},{"v":0,"d":"0.00"},{"v":0,"d":"0.00"},{"v":0,"d":"0.00"},{"v":0,"d":"0.00"},{"v":0,"d":"0.00"},{"v":0,"d":"0.00"},{"v":0,"d":"0.00"},{"v":0,"d":"0.00"},{"v":0,"d":"0.00"},{"v":0,"d":"0.00"},{"v":0,"d":"0.00"},{"v":0,"d":"0.00"},{"v":0,"d":"0.00"},{"v":0,"d":"0.00"},{"$nulls":3},{"v":0,"d":"0.00"},{"v":0,"d":"0.00"},{"$f":"SUM(G2054:Y2054)","v":{"v":0,"d":"0.00"}},0,0,0,0,0,0,0,0,0,0,0,0,0,0,0,0,0,0,{"$f":"+E2054*Z2054","v":{"v":0,"d":"0.00"}}]
[{"$nulls":26},0,0,0,0,0,0,0,0,0,0,0,0,0,0,0,0,0,0]
[null,"Carry out cold start volt drop test on starter battery and record results","Sum",1,358.75,{"$f":"D2056*E2056","v":358.75},{"v":0,"d":"0.00"},{"v":0,"d":"0.00"},{"v":0,"d":"0.00"},{"v":0,"d":"0.00"},{"v":0,"d":"0.00"},{"v":0,"d":"0.00"},{"v":0,"d":"0.00"},{"v":0,"d":"0.00"},{"v":0,"d":"0.00"},{"v":0,"d":"0.00"},{"v":0,"d":"0.00"},{"v":0,"d":"0.00"},{"v":0,"d":"0.00"},{"v":0,"d":"0.00"},{"$nulls":3},{"v":0,"d":"0.00"},{"v":0,"d":"0.00"},{"$f":"SUM(G2056:Y2056)","v":{"v":0,"d":"0.00"}},0,0,0,0,0,0,0,0,0,0,0,0,0,0,0,0,0,0,{"$f":"+E2056*Z2056","v":{"v":0,"d":"0.00"}}]
[{"$nulls":26},0,0,0,0,0,0,0,0,0,0,0,0,0,0,0,0,0,0]
["5.1.4","Alternator",{"$nulls":24},0,0,0,0,0,0,0,0,0,0,0,0,0,0,0,0,0,0]
[{"$nulls":26},0,0,0,0,0,0,0,0,0,0,0,0,0,0,0,0,0,0]
[null,"Open alternator terminal box, inspect and clean slip-rings and brushgear, tighten cable terminations","Sum",1,{"v":2047.44,"d":"2,047.44"},{"$f":"D2060*E2060","v":{"v":2047.44,"d":"2,047.44"}},{"v":0,"d":"0.00"},{"v":0,"d":"0.00"},{"v":0,"d":"0.00"},{"v":0,"d":"0.00"},{"v":0,"d":"0.00"},{"v":0,"d":"0.00"},{"v":0,"d":"0.00"},{"v":0,"d":"0.00"},{"v":0,"d":"0.00"},{"v":0,"d":"0.00"},{"v":0,"d":"0.00"},{"v":0,"d":"0.00"},{"v":0,"d":"0.00"},{"v":0,"d":"0.00"},{"$nulls":3},{"v":0,"d":"0.00"},{"v":0,"d":"0.00"},{"$f":"SUM(G2060:Y2060)","v":{"v":0,"d":"0.00"}},0,0,0,0,0,0,0,0,0,0,0,0,0,0,0,0,0,0,{"$f":"+E2060*Z2060","v":{"v":0,"d":"0.00"}}]
[null,"Check and record earthing value","Sum",1,{"v":512.5,"d":"512.50"},{"$f":"D2061*E2061","v":{"v":512.5,"d":"512.50"}},{"v":0,"d":"0.00"},{"v":0,"d":"0.00"},{"v":0,"d":"0.00"},{"v":0,"d":"0.00"},{"v":0,"d":"0.00"},{"v":0,"d":"0.00"},{"v":0,"d":"0.00"},{"v":0,"d":"0.00"},{"v":0,"d":"0.00"},{"v":0,"d":"0.00"},{"v":0,"d":"0.00"},{"v":0,"d":"0.00"},{"v":0,"d":"0.00"},{"v":0,"d":"0.00"},{"$nulls":3},{"v":0,"d":"0.00"},{"v":0,"d":"0.00"},{"$f":"SUM(G2061:Y2061)","v":{"v":0,"d":"0.00"}},0,0,0,0,0,0,0,0,0,0,0,0,0,0,0,0,0,0,{"$f":"+E2061*Z2061","v":{"v":0,"d":"0.00"}}]
[{"$nulls":26},0,0,0,0,0,0,0,0,0,0,0,0,0,0,0,0,0,0]
["5.1.5","Change-over Panel",{"$nulls":24},0,0,0,0,0,0,0,0,0,0,0,0,0,0,0,0,0,0]
[{"$nulls":26},0,0,0,0,0,0,0,0,0,0,0,0,0,0,0,0,0,0]
[null,"Disassemble, clean, service and test change-over switchgear and contactors","Sum",1,{"v":4715,"d":"4,715.00"},{"$f":"D2065*E2065","v":{"v":4715,"d":"4,715.00"}},{"v":0,"d":"0.00"},{"v":0,"d":"0.00"},{"v":0,"d":"0.00"},{"v":0,"d":"0.00"},{"v":0,"d":"0.00"},{"v":0,"d":"0.00"},{"v":0,"d":"0.00"},{"v":0,"d":"0.00"},{"v":0,"d":"0.00"},{"v":0,"d":"0.00"},{"v":0,"d":"0.00"},{"v":0,"d":"0.00"},{"v":0,"d":"0.00"},{"v":0,"d":"0.00"},{"$nulls":3},{"v":0,"d":"0.00"},{"v":0,"d":"0.00"},{"$f":"SUM(G2065:Y2065)","v":{"v":0,"d":"0.00"}},0,0,0,0,0,0,0,0,0,0,0,0,0,0,0,0,0,0,{"$f":"+E2065*Z2065","v":{"v":0,"d":"0.00"}}]
[null,"Service alarm panel","Sum",1,{"v":512.5,"d":"512.50"},{"$f":"D2066*E2066","v":{"v":512.5,"d":"512.50"}},{"v":0,"d":"0.00"},{"v":0,"d":"0.00"},{"v":0,"d":"0.00"},{"v":0,"d":"0.00"},{"v":0,"d":"0.00"},{"v":0,"d":"0.00"},{"v":0,"d":"0.00"},{"v":0,"d":"0.00"},{"v":0,"d":"0.00"},{"v":0,"d":"0.00"},{"v":0,"d":"0.00"},{"v":0,"d":"0.00"},{"v":0,"d":"0.00"},{"v":0,"d":"0.00"},{"$nulls":3},{"v":0,"d":"0.00"},{"v":0,"d":"0.00"},{"$f":"SUM(G2066:Y2066)","v":{"v":0,"d":"0.00"}},0,0,0,0,0,0,0,0,0,0,0,0,0,0,0,0,0,0,{"$f":"+E2066*Z2066","v":{"v":0,"d":"0.00"}}]
[{"$nulls":5}," ",{"$nulls":20},0,0,0,0,0,0,0,0,0,0,0,0,0,0,0,0,0,0]
[null,"Simulate and verify all alarm and shut-down conditions; record results","Sum",1,{"v":512.5,"d":"512.50"},{"$f":"D2068*E2068","v":{"v":512.5,"d":"512.50"}},{"v":0,"d":"0.00"},{"v":0,"d":"0.00"},{"v":0,"d":"0.00"},{"v":0,"d":"0.00"},{"v":0,"d":"0.00"},{"v":0,"d":"0.00"},{"v":0,"d":"0.00"},{"v":0,"d":"0.00"},{"v":0,"d":"0.00"},{"v":0,"d":"0.00"},{"v":0,"d":"0.00"},{"v":0,"d":"0.00"},{"v":0,"d":"0.00"},{"v":0,"d":"0.00"},{"$nulls":3},{"v":0,"d":"0.00"},{"v":0,"d":"0.00"},{"$f":"SUM(G2068:Y2068)","v":{"v":0,"d":"0.00"}},0,0,0,0,0,0,0,0,0,0,0,0,0,0,0,0,0,0,{"$f":"+E2068*Z2068","v":{"v":0,"d":"0.00"}}]
[{"$nulls":5}," ",{"$nulls":20},0,0,0,0,0,0,0,0,0,0,0,0,0,0,0,0,0,0]
[null,"Replace all inoperative lamps, sirens and meters","Sum",1,{"v":1025,"d":"1,025.00"},{"$f":"D2070*E2070","v":{"v":1025,"d":"1,025.00"}},{"v":0,"d":"0.00"},{"v":0,"d":"0.00"},{"v":0,"d":"0.00"},{"v":0,"d":"0.00"},{"v":0,"d":"0.00"},{"v":0,"d":"0.00"},{"v":0,"d":"0.00"},{"v":0,"d":"0.00"},{"v":0,"d":"0.00"},{"v":0,"d":"0.00"},{"v":0,"d":"0.00"},{"v":0,"d":"0.00"},{"v":0,"d":"0.00"},{"v":0,"d":"0.00"},{"$nulls":3},{"v":0,"d":"0.00"},{"v":0,"d":"0.00"},{"$f":"SUM(G2070:Y2070)","v":{"v":0,"d":"0.00"}},0,0,0,0,0,0,0,0,0,0,0,0,0,0,0,0,0,0,{"$f":"+E2070*Z2070","v":{"v":0,"d":"0.00"}}]
[{"$nulls":5}," "]
[]
[null,"Amount Carried Forward",{"$nulls":3},{"$f":"SUM(F2028:F2072)","v":{"v":51900.39,"d":"51,900.39"}},{"$nulls":38},{"$f":"SUM(AS2028:AS2072)","v":{"v":0,"d":"0.00"}}]
[]
["MAIN HOSPITAL ELECTRICAL INSTALLATION"]
["CECILIA MAKIWANE HOSPITAL : PHASE 4C"]
[]
["Bill N0 5: REPAIRS AND MAINTENANCE"]
["ITEM","DESCRIPTION","UNIT","QTY","RATE","TENDER AMOUNT","A","B","D","E1","E2","F1","F2","G1","G2","H1","H2","J1","J2","J3",null,"G/House",null,"N","Other","Total Qty","A","B","D","E1","E2","F1","F2","G1","G2","H1","H2","J1","J2","J3","K","N","Other","Total Amount","Total Claimed"]
[null,"AMOUNT CARRIED FORWARD FROM PREVIOUS BILL",{"$nulls":3},{"$f":"F2073","v":{"v":51900.39,"d":"51,900.39"}},{"$nulls":38},{"$f":"AS2073","v":{"v":0,"d":"0.00"}}]
[]
["5.1.6","Fuel / Water Separation Equipment"]
[]
["5.1.6.1","Supply, delivery, installation and commissioning of Algae-X model LG-X 500 fuel conditioning system"]
[]
[null,"Supply and delivery to site","No",1,{"v":4708.85,"d":"4,708.85"},{"$f":"D2086*E2086","v":{"v":4708.85,"d":"4,708.85"}},{"v":0,"d":"0.00"},{"v":0,"d":"0.00"},{"v":0,"d":"0.00"},{"v":0,"d":"0.00"},{"v":0,"d":"0.00"},{"v":0,"d":"0.00"},{"v":0,"d":"0.00"},{"v":0,"d":"0.00"},{"v":0,"d":"0.00"},{"v":0,"d":"0.00"},{"v":0,"d":"0.00"},{"v":0,"d":"0.00"},{"v":0,"d":"0.00"},{"v":0,"d":"0.00"},{"$nulls":3},{"v":0,"d":"0.00"},{"v":0,"d":"0.00"},{"$f":"SUM(G2086:Y2086)","v":{"v":0,"d":"0.00"}},{"$f":"G2086*E2086","v":0},{"$f":"H2086*$E2086","v":0},{"$f":"I2086*$E2086","v":0},{"$f":"J2086*$E2086","v":0},{"$f":"K2086*$E2086","v":0},{"$f":"L2086*$E2086","v":0},{"$f":"+M2086*E2086","v":0},{"$f":"N2086*$E2086","v":0},{"$f":"O2086*$E2086","v":0},{"$f":"P2086*$E2086","v":0},{"$f":"Q2086*$E2086","v":0},{"$f":"R2086*$E2086","v":0},{"$f":"S2086*$E2086","v":0},{"$f":"T2086*$E2086","v":0},{"$f":"W2086*$E2086","v":0},0,0,{"$f":"SUM(AA2086:AQ2086)","v":0},{"$f":"+E2086*Z2086","v":{"v":0,"d":"0.00"}}]
[null,"Installation and commissioning","No",1,{"v":1537.5,"d":"1,537.50"},{"$f":"D2087*E2087","v":{"v":1537.5,"d":"1,537.50"}},{"v":0,"d":"0.00"},{"v":0,"d":"0.00"},{"v":0,"d":"0.00"},{"v":0,"d":"0.00"},{"v":0,"d":"0.00"},{"v":0,"d":"0.00"},{"v":0,"d":"0.00"},{"v":0,"d":"0.00"},{"v":0,"d":"0.00"},{"v":0,"d":"0.00"},{"v":0,"d":"0.00"},{"v":0,"d":"0.00"},{"v":0,"d":"0.00"},{"v":0,"d":"0.00"},{"$nulls":3},{"v":0,"d":"0.00"},{"v":0,"d":"0.00"},{"$f":"SUM(G2087:Y2087)","v":{"v":0,"d":"0.00"}},0,0,0,0,0,0,0,0,0,0,0,0,0,0,0,0,0,{"$f":"SUM(AA2087:AQ2087)","v":0},{"v":0,"d":"0.00"}]
[{"$nulls":26},0,0,0,0,0,0,0,0,0,0,0,0,0,0,0,0,0,0]
["5.1.6.2","Supply, delivery, installation and commissioning of Algae-X model RCM 400 fuel, water & sediment separation unit with on board and remote alarm light and buzzer warning facility",{"$nulls":24},0,0,0,0,0,0,0,0,0,0,0,0,0,0,0,0,0,0]
[{"$nulls":26},0,0,0,0,0,0,0,0,0,0,0,0,0,0,0,0,0,0]
[null,"Supply and delivery to site","No",1,{"v":8584.38,"d":"8,584.38"},{"$f":"D2091*E2091","v":{"v":8584.38,"d":"8,584.38"}},{"v":0,"d":"0.00"},{"v":0,"d":"0.00"},{"v":0,"d":"0.00"},{"v":0,"d":"0.00"},{"v":0,"d":"0.00"},{"v":0,"d":"0.00"},{"v":0,"d":"0.00"},{"v":0,"d":"0.00"},{"v":0,"d":"0.00"},{"v":0,"d":"0.00"},{"v":0,"d":"0.00"},{"v":0,"d":"0.00"},{"v":0,"d":"0.00"},{"v":0,"d":"0.00"},{"$nulls":3},{"v":0,"d":"0.00"},{"v":0,"d":"0.00"},{"$f":"SUM(G2091:Y2091)","v":{"v":0,"d":"0.00"}},0,0,0,0,0,0,0,0,0,0,0,0,0,0,0,0,0,0,{"v":0,"d":"0.00"}]
[null,"Installation and commissioning","No",1,{"v":1537.5,"d":"1,537.50"},{"$f":"D2092*E2092","v":{"v":1537.5,"d":"1,537.50"}},{"v":0,"d":"0.00"},{"v":0,"d":"0.00"},{"v":0,"d":"0.00"},{"v":0,"d":"0.00"},{"v":0,"d":"0.00"},{"v":0,"d":"0.00"},{"v":0,"d":"0.00"},{"v":0,"d":"0.00"},{"v":0,"d":"0.00"},{"v":0,"d":"0.00"},{"v":0,"d":"0.00"},{"v":0,"d":"0.00"},{"v":0,"d":"0.00"},{"v":0,"d":"0.00"},{"$nulls":3},{"v":0,"d":"0.00"},{"v":0,"d":"0.00"},{"$f":"SUM(G2092:Y2092)","v":{"v":0,"d":"0.00"}},0,0,0,0,0,0,0,0,0,0,0,0,0,0,0,0,0,0,{"v":0,"d":"0.00"}]
[{"$nulls":5}," ",{"$nulls":20},0,0,0,0,0,0,0,0,0,0,0,0,0,0,0,0,0,0]
["5.1.6.3","Draining of bulk fuel tank and temporary",{"$nulls":3}," ",{"$nulls":20},0,0,0,0,0,0,0,0,0,0,0,0,0,0,0,0,0,0]
[null,"storage of fuel","Sum",1,{"v":24087.5,"d":"24,087.50"},{"$f":"D2095*E2095","v":{"v":24087.5,"d":"24,087.50"}},{"v":0,"d":"0.00"},{"v":0,"d":"0.00"},{"v":0,"d":"0.00"},{"v":0,"d":"0.00"},{"v":0,"d":"0.00"},{"v":0,"d":"0.00"},{"v":0,"d":"0.00"},{"v":0,"d":"0.00"},{"v":0,"d":"0.00"},{"v":0,"d":"0.00"},{"v":0,"d":"0.00"},{"v":0,"d":"0.00"},{"v":0,"d":"0.00"},{"v":0,"d":"0.00"},{"$nulls":3},{"v":0,"d":"0.00"},{"v":0,"d":"0.00"},{"$f":"SUM(G2095:Y2095)","v":{"v":0,"d":"0.00"}},0,0,0,0,0,0,0,0,0,0,0,0,0,0,0,0,0,0,{"v":0,"d":"0.00"}]
[{"$nulls":5}," ",{"$nulls":20},0,0,0,0,0,0,0,0,0,0,0,0,0,0,0,0,0,0]
[null,"Cleaning of bulk fuel tank interior, cleaning, filtration and replacing of fuel","Sum",1,{"v":36771.88,"d":"36,771.88"},{"$f":"D2097*E2097","v":{"v":36771.88,"d":"36,771.88"}},{"v":0,"d":"0.00"},{"v":0,"d":"0.00"},{"v":0,"d":"0.00"},{"v":0,"d":"0.00"},{"v":0,"d":"0.00"},{"v":0,"d":"0.00"},{"v":0,"d":"0.00"},{"v":0,"d":"0.00"},{"v":0,"d":"0.00"},{"v":0,"d":"0.00"},{"v":0,"d":"0.00"},{"v":0,"d":"0.00"},{"v":0,"d":"0.00"},{"v":0,"d":"0.00"},{"$nulls":3},{"v":0,"d":"0.00"},{"v":0,"d":"0.00"},{"$f":"SUM(G2097:Y2097)","v":{"v":0,"d":"0.00"}},0,0,0,0,0,0,0,0,0,0,0,0,0,0,0,0,0,0,{"v":0,"d":"0.00"}]
[{"$nulls":5}," ",{"$nulls":20},0,0,0,0,0,0,0,0,0,0,0,0,0,0,0,0,0,0]
["5.1.6.4","Draining of fuel day tank and temporary",{"$nulls":3}," ",{"$nulls":20},0,0,0,0,0,0,0,0,0,0,0,0,0,0,0,0,0,0]
[null,"storage of fuel","Sum",1,{"v":1537.5,"d":"1,537.50"},{"$f":"D2100*E2100","v":{"v":1537.5,"d":"1,537.50"}},{"v":0,"d":"0.00"},{"v":0,"d":"0.00"},{"v":0,"d":"0.00"},{"v":0,"d":"0.00"},{"v":0,"d":"0.00"},{"v":0,"d":"0.00"},{"v":0,"d":"0.00"},{"v":0,"d":"0.00"},{"v":0,"d":"0.00"},{"v":0,"d":"0.00"},{"v":0,"d":"0.00"},{"v":0,"d":"0.00"},{"v":0,"d":"0.00"},{"v":0,"d":"0.00"},{"$nulls":3},{"v":0,"d":"0.00"},{"v":0,"d":"0.00"},{"$f":"SUM(G2100:Y2100)","v":{"v":0,"d":"0.00"}},0,0,0,0,0,0,0,0,0,0,0,0,0,0,0,0,0,0,{"v":0,"d":"0.00"}]
[{"$nulls":5}," ",{"$nulls":20},0,0,0,0,0,0,null,0,0,0,0,0,0,0,0,0,0,0]
[null,"Cleaning of day tank interior, cleaning filtration and replacing of fuel","Sum",1,{"v":2665,"d":"2,665.00"},{"$f":"D2102*E2102","v":{"v":2665,"d":"2,665.00"}},{"v":0,"d":"0.00"},{"v":0,"d":"0.00"},{"v":0,"d":"0.00"},{"v":0,"d":"0.00"},{"v":0,"d":"0.00"},{"v":0,"d":"0.00"},{"v":0,"d":"0.00"},{"v":0,"d":"0.00"},{"v":0,"d":"0.00"},{"v":0,"d":"0.00"},{"v":0,"d":"0.00"},{"v":0,"d":"0.00"},{"v":0,"d":"0.00"},{"v":0,"d":"0.00"},{"$nulls":3},{"v":0,"d":"0.00"},{"v":0,"d":"0.00"},{"$f":"SUM(G2102:Y2102)","v":{"v":0,"d":"0.00"}},0,0,0,0,0,0,null,0,0,0,0,0,0,0,{"$f":"W2102*$E2102","v":0},0,0,0,{"v":0,"d":"0.00"}]
[{"$nulls":26},0,0,0,0,0,0,null,0,0,0,0,0,0,0,0,0,0,0]
["5.1.7","Load Test",{"$nulls":24},0,0,0,0,0,0,null,0,0,0,0,0,0,0,0,0,0,0]
[null,"Provision of load test equipment to to site to match alternator output","Sum",1,{"v":0,"d":"0.00"},null,{"v":0,"d":"0.00"},{"v":0,"d":"0.00"},{"v":0,"d":"0.00"},{"v":0,"d":"0.00"},{"v":0,"d":"0.00"},{"v":0,"d":"0.00"},{"v":0,"d":"0.00"},{"v":0,"d":"0.00"},{"v":0,"d":"0.00"},{"v":0,"d":"0.00"},{"v":0,"d":"0.00"},{"v":0,"d":"0.00"},{"v":0,"d":"0.00"},{"v":0,"d":"0.00"},{"$nulls":3},{"v":0,"d":"0.00"},{"v":0,"d":"0.00"},{"$f":"SUM(G2105:Y2105)","v":{"v":0,"d":"0.00"}},0,0,0,0,0,0,null,0,0,0,0,0,0,0,0,0,0,0,{"$f":"#REF!+#REF!+#REF!+#REF!+#REF!+#REF!+#REF!+#REF!+#REF!+#REF!+#REF!+#REF!+#REF!+#REF!+#REF!+#REF!+#REF!+#REF!+#REF!+#REF!+#REF!+#REF!+#REF!+#REF!+#REF!+#REF!+#REF!+#REF!+#REF!+#REF!+#REF!+#REF!+#REF!+#REF!+#REF!+#REF!","v":{"$error":"#REF!"}}]
[null,"Preparation and carrying out of test","Sum",1,{"v":2152.5,"d":"2,152.50"},{"$f":"D2106*E2106","v":{"v":2152.5,"d":"2,152.50"}},{"v":0,"d":"0.00"},{"v":0,"d":"0.00"},{"v":0,"d":"0.00"},{"v":0,"d":"0.00"},{"v":0,"d":"0.00"},{"v":0,"d":"0.00"},{"v":0,"d":"0.00"},{"v":0,"d":"0.00"},{"v":0,"d":"0.00"},{"v":0,"d":"0.00"},{"v":0,"d":"0.00"},{"v":0,"d":"0.00"},{"v":0,"d":"0.00"},{"v":0,"d":"0.00"},{"$nulls":3},{"v":0,"d":"0.00"},{"v":0,"d":"0.00"},{"$f":"SUM(G2106:Y2106)","v":{"v":0,"d":"0.00"}},0,0,0,0,0,0,null,0,0,0,0,0,0,0,0,0,0,0,{"v":0,"d":"0.00"}]
[{"$nulls":26},0,0,0,0,0,0,null,0,0,0,0,0,0,0,0,0,0,0,{"v":0,"d":"0.00"}]
["5.1.8","Plant Monitoring (Rate only)",{"$nulls":24},0,0,0,0,0,0,null,0,0,0,0,0,0,0,0,0,0,0]
[null,"Supply, delivery, installation, commissioning and testing of an electronic remote monitoring system inclusive of all radio/cell phone links, etc","No",1,{"v":21140.63,"d":"21,140.63"},"Rate only",{"v":0,"d":"0.00"},{"v":0,"d":"0.00"},{"v":0,"d":"0.00"},{"v":0,"d":"0.00"},{"v":0,"d":"0.00"},{"v":0,"d":"0.00"},{"v":0,"d":"0.00"},{"v":0,"d":"0.00"},{"v":0,"d":"0.00"},{"v":0,"d":"0.00"},{"v":0,"d":"0.00"},{"v":0,"d":"0.00"},{"v":0,"d":"0.00"},{"v":0,"d":"0.00"},{"$nulls":3},{"v":0,"d":"0.00"},{"v":0,"d":"0.00"},{"$f":"SUM(G2109:Y2109)","v":{"v":0,"d":"0.00"}},0,0,0,0,0,0,null,0,0,0,0,0,0,0,0,0,0,0,{"$f":"#REF!+#REF!+#REF!+#REF!+#REF!+#REF!+#REF!+#REF!+#REF!+#REF!+#REF!+#REF!+#REF!+#REF!+#REF!+#REF!+#REF!+#REF!+#REF!+#REF!+#REF!+#REF!+#REF!+#REF!+#REF!+#REF!+#REF!+#REF!+#REF!+#REF!+#REF!+#REF!+#REF!+#REF!+#REF!+#REF!","v":{"$error":"#REF!"}}]
[{"$nulls":26},0,0,0,0,0,0,null,0,0,0,0,0,0,0,0,0,0,0]
["5.1.9","Miscellaneous Electrical Items",{"$nulls":24},0,0,0,0,0,0,null,0,0,0,0,0,0,0,0,0,0,0]
["5.1.9.1","Supply and install Heinemann SAT-R-Clip in timer","no",1,358.75,{"$f":"D2112*E2112","v":358.75},{"v":0,"d":"0.00"},{"v":0,"d":"0.00"},{"v":0,"d":"0.00"},{"v":0,"d":"0.00"},{"v":0,"d":"0.00"},{"v":0,"d":"0.00"},{"v":0,"d":"0.00"},{"v":0,"d":"0.00"},{"v":0,"d":"0.00"},{"v":0,"d":"0.00"},{"v":0,"d":"0.00"},{"v":0,"d":"0.00"},{"v":0,"d":"0.00"},{"v":0,"d":"0.00"},{"$nulls":3},{"v":0,"d":"0.00"},{"v":0,"d":"0.00"},{"$f":"SUM(G2112:Y2112)","v":{"v":0,"d":"0.00"}},0,0,0,0,0,0,null,0,0,0,0,0,0,0,0,0,0,0,{"v":0,"d":"0.00"}]
["5.1.9.2","Supply and install 0-3oA HRC Fuse","no",3,{"v":123,"d":"123.00"},{"$f":"D2113*E2113","v":{"v":369,"d":"369.00"}},{"v":0,"d":"0.00"},{"v":0,"d":"0.00"},{"v":0,"d":"0.00"},{"v":0,"d":"0.00"},{"v":0,"d":"0.00"},{"v":0,"d":"0.00"},{"v":0,"d":"0.00"},{"v":0,"d":"0.00"},{"v":0,"d":"0.00"},{"v":0,"d":"0.00"},{"v":0,"d":"0.00"},{"v":0,"d":"0.00"},{"v":0,"d":"0.00"},{"v":0,"d":"0.00"},{"$nulls":3},{"v":0,"d":"0.00"},{"v":0,"d":"0.00"},{"$f":"SUM(G2113:Y2113)","v":{"v":0,"d":"0.00"}},0,0,0,0,0,0,null,0,0,0,0,0,0,0,0,0,0,0,{"v":0,"d":"0.00"}]
["5.1.9.3","Supply and install of low tension Fuse","no",6,{"v":82,"d":"82.00"},{"$f":"D2114*E2114","v":{"v":492,"d":"492.00"}},{"v":0,"d":"0.00"},{"v":0,"d":"0.00"},{"v":0,"d":"0.00"},{"v":0,"d":"0.00"},{"v":0,"d":"0.00"},{"v":0,"d":"0.00"},{"v":0,"d":"0.00"},{"v":0,"d":"0.00"},{"v":0,"d":"0.00"},{"v":0,"d":"0.00"},{"v":0,"d":"0.00"},{"v":0,"d":"0.00"},{"v":0,"d":"0.00"},{"v":0,"d":"0.00"},{"$nulls":3},{"v":0,"d":"0.00"},{"v":0,"d":"0.00"},{"$f":"SUM(G2114:Y2114)","v":{"v":0,"d":"0.00"}},0,0,0,0,0,0,null,0,0,0,0,0,0,0,0,0,0,0,{"v":0,"d":"0.00"}]
[]
[]
[null,"Amount Carried Forward",{"$nulls":3},{"$f":"SUM(F2080:F2116)","v":{"v":136702.75,"d":"136,702.75"}},{"$nulls":38},{"$f":"SUM(AS2080:AS2116)","v":{"$error":"#REF!"}}]
[]
["MAIN HOSPITAL ELECTRICAL INSTALLATION"]
["CECILIA MAKIWANE HOSPITAL : PHASE 4C"]
[]
["Bill N0 5: REPAIRS AND MAINTENANCE"]
["ITEM","DESCRIPTION","UNIT","QTY","RATE","TENDER AMOUNT","A","B","D","E1","E2","F1","F2","G1","G2","H1","H2","J1","J2","J3",null,"G/House",null,"N","Other","Total Qty","A","B","D","E1","E2","F1","F2","G1","G2","H1","H2","J1","J2","J3","K","N","Other","Total Amount","Total Claimed"]
[null,"AMOUNT CARRIED FORWARD FROM PREVIOUS BILL",{"$nulls":3},{"$f":"F2117","v":{"v":136702.75,"d":"136,702.75"}},{"$nulls":38},{"$f":"AS2117","v":{"$error":"#REF!"}}]
[]
["5.1.10","Miscellaneous Items"]
["5.1.10.1","Heavy duty starter battery (Deltec)","No",2,{"v":1132.63,"d":"1,132.63"},{"$f":"D2127*E2127","v":{"v":2265.26,"d":"2,265.26"}},{"v":0,"d":"0.00"},{"v":0,"d":"0.00"},{"v":0,"d":"0.00"},{"v":0,"d":"0.00"},{"v":0,"d":"0.00"},{"v":0,"d":"0.00"},{"v":0,"d":"0.00"},{"v":0,"d":"0.00"},{"v":0,"d":"0.00"},{"v":0,"d":"0.00"},{"v":0,"d":"0.00"},{"v":0,"d":"0.00"},{"v":0,"d":"0.00"},{"v":0,"d":"0.00"},{"$nulls":3},{"v":0,"d":"0.00"},{"v":0,"d":"0.00"},{"$f":"SUM(G2127:Y2127)","v":{"v":0,"d":"0.00"}},{"$f":"G2127*E2127","v":0},{"$f":"H2127*$E2127","v":0},{"$f":"I2127*$E2127","v":0},{"$f":"J2127*$E2127","v":0},{"$f":"K2127*$E2127","v":0},{"$f":"L2127*$E2127","v":0},{"$f":"+M2127*E2127","v":0},{"$f":"N2127*$E2127","v":0},{"$f":"O2127*$E2127","v":0},{"$f":"P2127*$E2127","v":0},{"$f":"Q2127*$E2127","v":0},{"$f":"R2127*$E2127","v":0},{"$f":"S2127*$E2127","v":0},{"$f":"T2127*$E2127","v":0},{"$f":"W2127*$E2127","v":0},0,0,{"$f":"SUM(AA2127:AQ2127)","v":0},{"$f":"+E2127*Z2127","v":{"v":0,"d":"0.00"}}]
["5.1.10.2","Heavy duty diesel lubricating oil","litre",100,31.78,{"v":3178,"d":"3,178.00"},{"v":0,"d":"0.00"},{"v":0,"d":"0.00"},{"v":0,"d":"0.00"},{"v":0,"d":"0.00"},{"v":0,"d":"0.00"},{"v":0,"d":"0.00"},{"v":0,"d":"0.00"},{"v":0,"d":"0.00"},{"v":0,"d":"0.00"},{"v":0,"d":"0.00"},{"v":0,"d":"0.00"},{"v":0,"d":"0.00"},{"v":0,"d":"0.00"},{"v":0,"d":"0.00"},{"$nulls":3},{"v":0,"d":"0.00"},{"v":0,"d":"0.00"},{"$f":"SUM(G2128:Y2128)","v":{"v":0,"d":"0.00"}},0,0,0,0,0,0,0,0,0,0,0,0,0,0,0,0,0,{"$f":"SUM(AA2128:AQ2128)","v":0},{"v":0,"d":"0.00"}]
["5.1.10.3","Oil funnel","No",1,56.38,56.38,{"v":0,"d":"0.00"},{"v":0,"d":"0.00"},{"v":0,"d":"0.00"},{"v":0,"d":"0.00"},{"v":0,"d":"0.00"},{"v":0,"d":"0.00"},{"v":0,"d":"0.00"},{"v":0,"d":"0.00"},{"v":0,"d":"0.00"},{"v":0,"d":"0.00"},{"v":0,"d":"0.00"},{"v":0,"d":"0.00"},{"v":0,"d":"0.00"},{"v":0,"d":"0.00"},{"$nulls":3},{"v":0,"d":"0.00"},{"v":0,"d":"0.00"},{"v":0,"d":"0.00"},0,0,0,0,0,0,0,0,0,0,0,0,0,0,0,0,0,0,{"v":0,"d":"0.00"}]
["5.1.10.4","Distilled water","litre",25,5.64,{"v":141,"d":"141.00"},{"v":0,"d":"0.00"},{"v":0,"d":"0.00"},{"v":0,"d":"0.00"},{"v":0,"d":"0.00"},{"v":0,"d":"0.00"},{"v":0,"d":"0.00"},{"v":0,"d":"0.00"},{"v":0,"d":"0.00"},{"v":0,"d":"0.00"},{"v":0,"d":"0.00"},{"v":0,"d":"0.00"},{"v":0,"d":"0.00"},{"v":0,"d":"0.00"},{"v":0,"d":"0.00"},{"$nulls":3},{"v":0,"d":"0.00"},{"v":0,"d":"0.00"},{"v":0,"d":"0.00"},0,0,0,0,0,0,0,0,0,0,0,0,0,0,0,0,0,0,{"v":0,"d":"0.00"}]
["5.1.10.5","Battery hydrometer","No",2,87.13,174.26,{"v":0,"d":"0.00"},{"v":0,"d":"0.00"},{"v":0,"d":"0.00"},{"v":0,"d":"0.00"},{"v":0,"d":"0.00"},{"v":0,"d":"0.00"},{"v":0,"d":"0.00"},{"v":0,"d":"0.00"},{"v":0,"d":"0.00"},{"v":0,"d":"0.00"},{"v":0,"d":"0.00"},{"v":0,"d":"0.00"},{"v":0,"d":"0.00"},{"v":0,"d":"0.00"},{"$nulls":3},{"v":0,"d":"0.00"},{"v":0,"d":"0.00"},{"v":0,"d":"0.00"},0,0,0,0,0,0,0,0,0,0,0,0,0,0,0,0,0,0,{"v":0,"d":"0.00"}]
["5.1.10.6","10 sq mm battery jumper cables","Set",1,579.13,579.13,{"v":0,"d":"0.00"},{"v":0,"d":"0.00"},{"v":0,"d":"0.00"},{"v":0,"d":"0.00"},{"v":0,"d":"0.00"},{"v":0,"d":"0.00"},{"v":0,"d":"0.00"},{"v":0,"d":"0.00"},{"v":0,"d":"0.00"},{"v":0,"d":"0.00"},{"v":0,"d":"0.00"},{"v":0,"d":"0.00"},{"v":0,"d":"0.00"},{"v":0,"d":"0.00"},{"$nulls":3},{"v":0,"d":"0.00"},{"v":0,"d":"0.00"},{"v":0,"d":"0.00"},0,0,0,0,0,0,0,0,0,0,0,0,0,0,0,0,0,0,{"v":0,"d":"0.00"}]
["5.1.10.7","20 mm dia diesel hose","m",12,14.86,178.32,{"v":0,"d":"0.00"},{"v":0,"d":"0.00"},{"v":0,"d":"0.00"},{"v":0,"d":"0.00"},{"v":0,"d":"0.00"},{"v":0,"d":"0.00"},{"v":0,"d":"0.00"},{"v":0,"d":"0.00"},{"v":0,"d":"0.00"},{"v":0,"d":"0.00"},{"v":0,"d":"0.00"},{"v":0,"d":"0.00"},{"v":0,"d":"0.00"},{"v":0,"d":"0.00"},{"$nulls":3},{"v":0,"d":"0.00"},{"v":0,"d":"0.00"},{"v":0,"d":"0.00"},0,0,0,0,0,0,0,0,0,0,0,0,0,0,0,0,0,0,{"v":0,"d":"0.00"}]
["5.1.10.8","Wall mounted paper towel dispenser",{"$nulls":3}," ",{"$nulls":20},0,0,0,0,0,0,0,0,0,0,0,0,0,0,0,0,0,0]
["5.1.10.9","with paper cartridge","No",1,666.25,666.25,{"v":0,"d":"0.00"},{"v":0,"d":"0.00"},{"v":0,"d":"0.00"},{"v":0,"d":"0.00"},{"v":0,"d":"0.00"},{"v":0,"d":"0.00"},{"v":0,"d":"0.00"},{"v":0,"d":"0.00"},{"v":0,"d":"0.00"},{"v":0,"d":"0.00"},{"v":0,"d":"0.00"},{"v":0,"d":"0.00"},{"v":0,"d":"0.00"},{"v":0,"d":"0.00"},{"$nulls":3},{"v":0,"d":"0.00"},{"v":0,"d":"0.00"},{"v":0,"d":"0.00"},0,0,0,0,0,0,0,0,0,0,0,0,0,0,0,0,0,0,{"$f":"+E2135*Z2135","v":{"v":0,"d":"0.00"}}]
["5.1.10.10","Replacement air filter element","No",2,{"v":2152.5,"d":"2,152.50"},{"v":4305,"d":"4,305.00"},{"v":0,"d":"0.00"},{"v":0,"d":"0.00"},{"v":0,"d":"0.00"},{"v":0,"d":"0.00"},{"v":0,"d":"0.00"},{"v":0,"d":"0.00"},{"v":0,"d":"0.00"},{"v":0,"d":"0.00"},{"v":0,"d":"0.00"},{"v":0,"d":"0.00"},{"v":0,"d":"0.00"},{"v":0,"d":"0.00"},{"v":0,"d":"0.00"},{"v":0,"d":"0.00"},{"$nulls":3},{"v":0,"d":"0.00"},{"v":0,"d":"0.00"},{"v":0,"d":"0.00"},0,0,0,0,0,0,0,0,0,0,0,0,0,0,0,0,0,0,{"$f":"+E2136*Z2136","v":{"v":0,"d":"0.00"}}]
["5.1.10.11","Replacement oil filter element","No",2,{"v":451,"d":"451.00"},{"v":902,"d":"902.00"},{"v":0,"d":"0.00"},{"v":0,"d":"0.00"},{"v":0,"d":"0.00"},{"v":0,"d":"0.00"},{"v":0,"d":"0.00"},{"v":0,"d":"0.00"},{"v":0,"d":"0.00"},{"v":0,"d":"0.00"},{"v":0,"d":"0.00"},{"v":0,"d":"0.00"},{"v":0,"d":"0.00"},{"v":0,"d":"0.00"},{"v":0,"d":"0.00"},{"v":0,"d":"0.00"},{"$nulls":3},{"v":0,"d":"0.00"},{"v":0,"d":"0.00"},{"v":0,"d":"0.00"},0,0,0,0,0,0,0,0,0,0,0,0,0,0,0,0,0,0,{"$f":"+E2137*Z2137","v":{"v":0,"d":"0.00"}}]
["5.1.10.12","Replacement fuel filter element","No",2,374.13,748.26,{"v":0,"d":"0.00"},{"v":0,"d":"0.00"},{"v":0,"d":"0.00"},{"v":0,"d":"0.00"},{"v":0,"d":"0.00"},{"v":0,"d":"0.00"},{"v":0,"d":"0.00"},{"v":0,"d":"0.00"},{"v":0,"d":"0.00"},{"v":0,"d":"0.00"},{"v":0,"d":"0.00"},{"v":0,"d":"0.00"},{"v":0,"d":"0.00"},{"v":0,"d":"0.00"},{"$nulls":3},{"v":0,"d":"0.00"},{"v":0,"d":"0.00"},{"v":0,"d":"0.00"},0,0,0,0,0,0,0,0,0,0,0,0,0,0,0,0,0,0,{"$f":"+E2138*Z2138","v":{"v":0,"d":"0.00"}}]
["5.1.10.13","Diesel fuel for testing purposes","litre",100,12.81,{"v":1281,"d":"1,281.00"},{"v":0,"d":"0.00"},{"v":0,"d":"0.00"},{"v":0,"d":"0.00"},{"v":0,"d":"0.00"},{"v":0,"d":"0.00"},{"v":0,"d":"0.00"},{"v":0,"d":"0.00"},{"v":0,"d":"0.00"},{"v":0,"d":"0.00"},{"v":0,"d":"0.00"},{"v":0,"d":"0.00"},{"v":0,"d":"0.00"},{"v":0,"d":"0.00"},{"v":0,"d":"0.00"},{"$nulls":3},{"v":0,"d":"0.00"},{"v":0,"d":"0.00"},{"v":0,"d":"0.00"},0,0,0,0,0,0,0,0,0,0,0,0,0,0,0,0,0,0,{"$f":"+E2139*Z2139","v":{"v":0,"d":"0.00"}}]
[{"$nulls":26},0,0,0,0,0,0,0,0,0,0,0,0,0,0,0,0,0,0]
[{"v":5.2,"d":"5.20"},"PLANT SERVICING & MAINTENANCE",{"$nulls":24},0,0,0,0,0,0,0,0,0,0,0,0,0,0,0,0,0,0]
[{"$nulls":26},0,0,0,0,0,0,0,0,0,0,0,0,0,0,0,0,0,0]
[" ","Servicing and maintenance of generator set plant and equipment as listed",{"$nulls":24},0,0,0,0,0,0,0,0,0,0,0,0,0,0,{"$f":"W2143*$E2143","v":0},0,0,0]
[" ","Mechanical Components",{"$nulls":24},0,0,0,0,0,0,0,0,0,0,0,0,0,0,0,0,0,0]
[{"$nulls":26},0,0,0,0,0,0,0,0,0,0,0,0,0,0,0,0,0,0]
["5.2.1","Genset No 1",{"$nulls":24},0,0,0,0,0,0,0,0,0,0,0,0,0,0,0,0,0,0]
[null,"3 - Monthly maintenance actions","Point",9,{"v":7405.63,"d":"7,405.63"},{"$f":"D2147*E2147","v":{"v":66650.67,"d":"66,650.67"}},{"v":0,"d":"0.00"},{"v":0,"d":"0.00"},{"v":0,"d":"0.00"},{"v":0,"d":"0.00"},{"v":0,"d":"0.00"},{"v":0,"d":"0.00"},{"v":0,"d":"0.00"},{"v":0,"d":"0.00"},{"v":0,"d":"0.00"},{"v":0,"d":"0.00"},{"v":0,"d":"0.00"},{"v":0,"d":"0.00"},{"v":0,"d":"0.00"},{"v":0,"d":"0.00"},{"$nulls":3},{"v":0,"d":"0.00"},{"v":0,"d":"0.00"},{"v":0,"d":"0.00"},0,0,0,0,0,0,0,0,0,0,0,0,0,0,0,0,0,0,{"$f":"+E2147*Z2147","v":{"v":0,"d":"0.00"}}]
[null,"Annual maintenance actions","Point",3,{"v":16482,"d":"16,482.00"},{"$f":"D2148*E2148","v":{"v":49446,"d":"49,446.00"}},{"v":0,"d":"0.00"},{"v":0,"d":"0.00"},{"v":0,"d":"0.00"},{"v":0,"d":"0.00"},{"v":0,"d":"0.00"},{"v":0,"d":"0.00"},{"v":0,"d":"0.00"},{"v":0,"d":"0.00"},{"v":0,"d":"0.00"},{"v":0,"d":"0.00"},{"v":0,"d":"0.00"},{"v":0,"d":"0.00"},{"v":0,"d":"0.00"},{"v":0,"d":"0.00"},{"$nulls":3},{"v":0,"d":"0.00"},{"v":0,"d":"0.00"},{"v":0,"d":"0.00"},0,0,0,0,0,0,0,0,0,0,0,0,0,0,0,0,0,0,{"$f":"+E2148*Z2148","v":{"v":0,"d":"0.00"}}]
[{"$nulls":26},0,0,0,0,0,0,0,0,0,0,0,0,0,0,0,0,0,0]
["5.2.2","Genset No 2",{"$nulls":24},0,0,0,0,0,0,0,0,0,0,0,0,0,0,0,0,0,0]
[null,"3 - Monthly maintenance actions","Point",9,{"v":7405.63,"d":"7,405.63"},{"$f":"D2151*E2151","v":{"v":66650.67,"d":"66,650.67"}},{"v":0,"d":"0.00"},{"v":0,"d":"0.00"},{"v":0,"d":"0.00"},{"v":0,"d":"0.00"},{"v":0,"d":"0.00"},{"v":0,"d":"0.00"},{"v":0,"d":"0.00"},{"v":0,"d":"0.00"},{"v":0,"d":"0.00"},{"v":0,"d":"0.00"},{"v":0,"d":"0.00"},{"v":0,"d":"0.00"},{"v":0,"d":"0.00"},{"v":0,"d":"0.00"},{"$nulls":3},{"v":0,"d":"0.00"},{"v":0,"d":"0.00"},{"v":0,"d":"0.00"},0,0,0,0,0,0,0,0,0,0,0,0,0,0,0,0,0,0,{"$f":"+E2151*Z2151","v":{"v":0,"d":"0.00"}}]
[null,"Annual maintenance actions","Point",3,{"v":16482,"d":"16,482.00"},{"$f":"D2152*E2152","v":{"v":49446,"d":"49,446.00"}},{"v":0,"d":"0.00"},{"v":0,"d":"0.00"},{"v":0,"d":"0.00"},{"v":0,"d":"0.00"},{"v":0,"d":"0.00"},{"v":0,"d":"0.00"},{"v":0,"d":"0.00"},{"v":0,"d":"0.00"},{"v":0,"d":"0.00"},{"v":0,"d":"0.00"},{"v":0,"d":"0.00"},{"v":0,"d":"0.00"},{"v":0,"d":"0.00"},{"v":0,"d":"0.00"},{"$nulls":3},{"v":0,"d":"0.00"},{"v":0,"d":"0.00"},{"v":0,"d":"0.00"},0,0,0,0,0,0,null,0,0,0,0,0,0,0,0,0,0,0,{"$f":"+E2152*Z2152","v":{"v":0,"d":"0.00"}}]
[{"$nulls":26},0,0,0,0,0,0,null,0,0,0,0,0,0,0,0,0,0,0]
[{"v":5.3,"d":"5.30"},"Electrical Components",{"$nulls":24},0,0,0,0,0,0,null,0,0,0,0,0,0,0,0,0,0,0]
[{"$nulls":26},0,0,0,0,0,0,null,0,0,0,0,0,0,0,0,0,0,0]
["5.3.1","Genset No 1",{"$nulls":24},0,0,0,0,0,0,null,0,0,0,0,0,0,0,0,0,0,0]
[" ","6 - Monthly maintenance actions","Point",3,{"v":3690,"d":"3,690.00"},{"$f":"D2157*E2157","v":{"v":11070,"d":"11,070.00"}},{"v":0,"d":"0.00"},{"v":0,"d":"0.00"},{"v":0,"d":"0.00"},{"v":0,"d":"0.00"},{"v":0,"d":"0.00"},{"v":0,"d":"0.00"},{"v":0,"d":"0.00"},{"v":0,"d":"0.00"},{"v":0,"d":"0.00"},{"v":0,"d":"0.00"},{"v":0,"d":"0.00"},{"v":0,"d":"0.00"},{"v":0,"d":"0.00"},{"v":0,"d":"0.00"},{"$nulls":3},{"v":0,"d":"0.00"},{"v":0,"d":"0.00"},{"v":0,"d":"0.00"},0,0,0,0,0,0,null,0,0,0,0,0,0,0,0,0,0,0,{"$f":"+E2157*Z2157","v":{"v":0,"d":"0.00"}}]
[null,"Annual maintenance actions","Point",3,{"v":5227.5,"d":"5,227.50"},{"$f":"D2158*E2158","v":{"v":15682.5,"d":"15,682.50"}},{"v":0,"d":"0.00"},{"v":0,"d":"0.00"},{"v":0,"d":"0.00"},{"v":0,"d":"0.00"},{"v":0,"d":"0.00"},{"v":0,"d":"0.00"},{"v":0,"d":"0.00"},{"v":0,"d":"0.00"},{"v":0,"d":"0.00"},{"v":0,"d":"0.00"},{"v":0,"d":"0.00"},{"v":0,"d":"0.00"},{"v":0,"d":"0.00"},{"v":0,"d":"0.00"},{"$nulls":3},{"v":0,"d":"0.00"},{"v":0,"d":"0.00"},{"v":0,"d":"0.00"},0,0,0,0,0,0,null,0,0,0,0,0,0,0,0,0,0,0,{"$f":"+E2158*Z2158","v":{"v":0,"d":"0.00"}}]
[{"$nulls":26},0,0,0,0,0,0,null,0,0,0,0,0,0,0,0,0,0,0]
["5.3.2","Genset No 2",{"$nulls":24},0,0,0,0,0,0,null,0,0,0,0,0,0,0,0,0,0,0]
[null,"6 - Monthly maintenance actions","Point",3,{"v":3690,"d":"3,690.00"},{"$f":"D2161*E2161","v":{"v":11070,"d":"11,070.00"}},{"v":0,"d":"0.00"},{"v":0,"d":"0.00"},{"v":0,"d":"0.00"},{"v":0,"d":"0.00"},{"v":0,"d":"0.00"},{"v":0,"d":"0.00"},{"v":0,"d":"0.00"},{"v":0,"d":"0.00"},{"v":0,"d":"0.00"},{"v":0,"d":"0.00"},{"v":0,"d":"0.00"},{"v":0,"d":"0.00"},{"v":0,"d":"0.00"},{"v":0,"d":"0.00"},{"$nulls":3},{"v":0,"d":"0.00"},{"v":0,"d":"0.00"},{"v":0,"d":"0.00"},0,0,0,0,0,0,null,0,0,0,0,0,0,0,0,0,0,0,{"$f":"+E2161*Z2161","v":{"v":0,"d":"0.00"}}]
[null,"Annual maintenance actions","Point",3,{"v":5227.5,"d":"5,227.50"},{"$f":"D2162*E2162","v":{"v":15682.5,"d":"15,682.50"}},{"v":0,"d":"0.00"},{"v":0,"d":"0.00"},{"v":0,"d":"0.00"},{"v":0,"d":"0.00"},{"v":0,"d":"0.00"},{"v":0,"d":"0.00"},{"v":0,"d":"0.00"},{"v":0,"d":"0.00"},{"v":0,"d":"0.00"},{"v":0,"d":"0.00"},{"v":0,"d":"0.00"},{"v":0,"d":"0.00"},{"v":0,"d":"0.00"},{"v":0,"d":"0.00"},{"$nulls":3},{"v":0,"d":"0.00"},{"v":0,"d":"0.00"},{"v":0,"d":"0.00"},0,0,0,0,0,0,null,0,0,0,0,0,0,0,0,0,0,0,{"$f":"+E2162*Z2162","v":{"v":0,"d":"0.00"}}]
[]
[null,"ADDENDUM*","Sum",1]
[{"$nulls":6},{"v":0,"d":"0.00"},{"v":0,"d":"0.00"},{"v":0,"d":"0.00"},{"v":0,"d":"0.00"},{"v":0,"d":"0.00"},{"v":0,"d":"0.00"},{"v":0,"d":"0.00"},{"v":0,"d":"0.00"},{"v":0,"d":"0.00"},{"v":0,"d":"0.00"},{"v":0,"d":"0.00"},{"v":0,"d":"0.00"},{"v":0,"d":"0.00"},{"v":0,"d":"0.00"},{"$nulls":3},{"v":0,"d":"0.00"},{"v":0,"d":"0.00"}]
[]
[null,"Amount Carried Forward ",{"$nulls":3},{"$f":"SUM(F2124:F2166)","v":{"v":436875.95,"d":"436,875.95"}},{"$nulls":38},{"$f":"SUM(AS2124:AS2166)","v":{"$error":"#REF!"}}]
[]
["MAIN HOSPITAL ELECTRICAL INSTALLATION"]
["CECILIA MAKIWANE HOSPITAL : PHASE 4C"]
[]
["Bill N0 5: REPAIRS AND MAINTENANCE"]
["ITEM","DESCRIPTION","UNIT","QTY","RATE","TENDER AMOUNT","A","B","D","E1","E2","F1","F2","G1","G2","H1","H2","J1","J2","J3",null,"G/House",null,"N","Other","Total Qty","A","B","D","E1","E2","F1","F2","G1","G2","H1","H2","J1","J2","J3","K","N","Other","Total Amount","Total Claimed"]
[null,"AMOUNT CARRIED FORWARD FROM PREVIOUS BILL",{"$nulls":3},{"$f":"F2167","v":{"v":436875.95,"d":"436,875.95"}},{"$nulls":38},{"$f":"AS2167","v":{"$error":"#REF!"}}]
[]
[]
["5.4","Payment reduction"]
[]
["5.4.1","Payment reduction due to exceeding maximum allowable downtime during fatal breakdown","hours",0,null,"Rate Only",{"v":0,"d":"0.00"},{"v":0,"d":"0.00"},{"v":0,"d":"0.00"},{"v":0,"d":"0.00"},{"v":0,"d":"0.00"},{"v":0,"d":"0.00"},{"v":0,"d":"0.00"},{"v":0,"d":"0.00"},{"v":0,"d":"0.00"},{"v":0,"d":"0.00"},{"v":0,"d":"0.00"},{"v":0,"d":"0.00"},{"v":0,"d":"0.00"},{"v":0,"d":"0.00"},{"$nulls":3},{"v":0,"d":"0.00"},{"v":0,"d":"0.00"},{"$f":"SUM(G2179:Y2179)","v":{"v":0,"d":"0.00"}},{"$f":"G2179*E2179","v":0},{"$f":"H2179*$E2179","v":0},0,0,0,0,{"$f":"+M2179*E2179","v":0},{"$f":"N2179*$E2179","v":0},0,0,0,0,0,0,{"$f":"W2179*$E2179","v":0},0,0,{"$f":"SUM(AA2179:AQ2179)","v":0},{"$f":"+E2179*Z2179","v":{"v":0,"d":"0.00"}}]
[{"$nulls":26},0,0,0,0,0,0,0,0,0,0,0,0,0,0,0,0,0,{"$f":"SUM(AA2180:AQ2180)","v":0}," "]
["5.4.2","Payment reduction due to exceeding maximum allowable downtime during emergency breakdown","days","0",null,"Rate Only",{"v":0,"d":"0.00"},{"v":0,"d":"0.00"},{"v":0,"d":"0.00"},{"v":0,"d":"0.00"},{"v":0,"d":"0.00"},{"v":0,"d":"0.00"},{"v":0,"d":"0.00"},{"v":0,"d":"0.00"},{"v":0,"d":"0.00"},{"v":0,"d":"0.00"},{"v":0,"d":"0.00"},{"v":0,"d":"0.00"},{"v":0,"d":"0.00"},{"v":0,"d":"0.00"},{"$nulls":3},{"v":0,"d":"0.00"},{"v":0,"d":"0.00"},{"$f":"SUM(G2181:Y2181)","v":{"v":0,"d":"0.00"}},0,0,0,0,0,0,0,0,0,0,0,0,0,0,0,0,0,0,{"$f":"#REF!+#REF!+#REF!+#REF!+#REF!+#REF!+#REF!+#REF!+#REF!+#REF!+#REF!+#REF!+#REF!+#REF!+#REF!+#REF!+#REF!+#REF!+#REF!+#REF!+#REF!+#REF!+#REF!+#REF!+#REF!+#REF!+#REF!+#REF!+#REF!+#REF!+#REF!+#REF!+#REF!+#REF!+#REF!+#REF!","v":{"$error":"#REF!"}}]
[{"$nulls":26},0,0,0,0,0,0,0,0,0,0,0,0,0,0,0,0,0,0," "]
[{"$nulls":26},0,0,0,0,0,0,0,0,0,0,0,0,0,0,0,0,0,0," "]
["5.4.3","Payment reduction due to exceeding maximum allowable downtime during ordinary breakdown","days","0",null,"Rate Only",{"v":0,"d":"0.00"},{"v":0,"d":"0.00"},{"v":0,"d":"0.00"},{"v":0,"d":"0.00"},{"v":0,"d":"0.00"},{"v":0,"d":"0.00"},{"v":0,"d":"0.00"},{"v":0,"d":"0.00"},{"v":0,"d":"0.00"},{"v":0,"d":"0.00"},{"v":0,"d":"0.00"},{"v":0,"d":"0.00"},{"v":0,"d":"0.00"},{"v":0,"d":"0.00"},{"$nulls":3},{"v":0,"d":"0.00"},{"v":0,"d":"0.00"},{"v":0,"d":"0.00"},0,0,0,0,0,0,0,0,0,0,0,0,0,0,0,0,0,0,{"$f":"#REF!+#REF!+#REF!+#REF!+#REF!+#REF!+#REF!+#REF!+#REF!+#REF!+#REF!+#REF!+#REF!+#REF!+#REF!+#REF!+#REF!+#REF!+#REF!+#REF!+#REF!+#REF!+#REF!+#REF!+#REF!+#REF!+#REF!+#REF!+#REF!+#REF!+#REF!+#REF!+#REF!+#REF!+#REF!+#REF!","v":{"$error":"#REF!"}}]
[{"$nulls":26},0,0,0,0,0,0,0,0,0,0,0,0,0,0,0,0,0,0," "]
["5.4.4","Payment reduction due to exceeding maximum allowable downtime during malicious damage breakdown","days","0",null,"Rate Only",{"v":0,"d":"0.00"},{"v":0,"d":"0.00"},{"v":0,"d":"0.00"},{"v":0,"d":"0.00"},{"v":0,"d":"0.00"},{"v":0,"d":"0.00"},{"v":0,"d":"0.00"},{"v":0,"d":"0.00"},{"v":0,"d":"0.00"},{"v":0,"d":"0.00"},{"v":0,"d":"0.00"},{"v":0,"d":"0.00"},{"v":0,"d":"0.00"},{"v":0,"d":"0.00"},{"$nulls":3},{"v":0,"d":"0.00"},{"v":0,"d":"0.00"},{"v":0,"d":"0.00"},0,0,0,0,0,0,0,0,0,0,0,0,0,0,0,0,0,0,{"$f":"#REF!+#REF!+#REF!+#REF!+#REF!+#REF!+#REF!+#REF!+#REF!+#REF!+#REF!+#REF!+#REF!+#REF!+#REF!+#REF!+#REF!+#REF!+#REF!+#REF!+#REF!+#REF!+#REF!+#REF!+#REF!+#REF!+#REF!+#REF!+#REF!+#REF!+#REF!+#REF!+#REF!+#REF!+#REF!+#REF!","v":{"$error":"#REF!"}}]
[]
[]
[]
["Amount Carried Forward to Summary Page",{"$nulls":4},{"$f":"SUM(F2174:F2188)","v":{"v":436875.95,"d":"436,875.95"}},{"$nulls":38},{"$f":"SUM(AS2174:AS2188)","v":{"$error":"#REF!"}}]
[]
[]
["MAIN HOSPITAL ELECTRICAL INSTALLATION"]
["CECILIA MAKIWANE HOSPITAL : PHASE 4C"]
[]
["BILL NO. 6 : MV SLEEVES AND TRENCHING (SMME CONTRACT NO 1)"]
["ITEM","DESCRIPTION","UNIT","QTY","RATE","TENDER AMOUNT","A","B","D","E1","E2","F1","F2","G1","G2","H1","H2","J1","J2","J3",null,"G/House",null,"N","Other","Total Qty","A","B","D","E1","E2","F1","F2","G1","G2","H1","H2","J1","J2","J3","K","N","Other","Total Amount","Total Claimed"]
[]
[{"v":6,"d":"6.00"},"MV EQUIPMENT"]
[]
[{"v":6.1,"d":"6.10"},"Sleeves"]
[null,"Solid or flexible PVC cable sleeves chased or built into brickwork or laid in the open trench or under concrete floor including couplings,backfilling and compacting"]
[]
[null,"NOTE: Sleeves for future use to be sealed at both ends"]
["6.1.1","200mm diameter (power cables)"]
[" ","  Supply","m",200,51.25,{"$f":"D2206*E2206","v":{"v":10250,"d":"10,250.00"}},{"v":0,"d":"0.00"},{"v":0,"d":"0.00"},{"v":0,"d":"0.00"},{"v":0,"d":"0.00"},{"v":0,"d":"0.00"},{"v":0,"d":"0.00"},{"v":0,"d":"0.00"},{"v":0,"d":"0.00"},{"v":0,"d":"0.00"},{"v":0,"d":"0.00"},{"v":0,"d":"0.00"},{"v":0,"d":"0.00"},{"v":0,"d":"0.00"},{"v":0,"d":"0.00"},{"$nulls":3},{"v":0,"d":"0.00"},{"v":0,"d":"0.00"},{"$f":"SUM(G2206:Y2206)","v":{"v":0,"d":"0.00"}},{"$f":"G2206*E2206","v":0},{"$f":"H2206*$E2206","v":0},{"$f":"I2206*$E2206","v":0},{"$f":"J2206*$E2206","v":0},{"$f":"K2206*$E2206","v":0},{"$f":"L2206*$E2206","v":0},{"$f":"+M2206*E2206","v":0},{"$f":"N2206*$E2206","v":0},{"$f":"O2206*$E2206","v":0},{"$f":"P2206*$E2206","v":0},{"$f":"Q2206*$E2206","v":0},{"$f":"R2206*$E2206","v":0},{"$f":"S2206*$E2206","v":0},{"$f":"T2206*$E2206","v":0},{"$f":"W2206*$E2206","v":0},0,0,{"$f":"SUM(AA2206:AQ2206)","v":0},{"$f":"+E2206*Z2206","v":{"v":0,"d":"0.00"}}]
[" ","  Install","m",{"$f":"D2206","v":200},{"v":19,"d":"19.00"},{"v":3800,"d":"3,800.00"},{"v":0,"d":"0.00"},{"v":0,"d":"0.00"},{"v":0,"d":"0.00"},{"v":0,"d":"0.00"},{"v":0,"d":"0.00"},{"v":0,"d":"0.00"},{"v":0,"d":"0.00"},{"v":0,"d":"0.00"},{"v":0,"d":"0.00"},{"v":0,"d":"0.00"},{"v":0,"d":"0.00"},{"v":0,"d":"0.00"},{"v":0,"d":"0.00"},{"v":0,"d":"0.00"},{"$nulls":3},{"v":0,"d":"0.00"},{"v":0,"d":"0.00"},{"$f":"SUM(G2207:Y2207)","v":{"v":0,"d":"0.00"}},0,0,0,0,0,0,0,0,0,0,0,0,0,0,0,0,0,{"$f":"SUM(AA2207:AQ2207)","v":0},{"$f":"+E2207*Z2207","v":{"v":0,"d":"0.00"}}]
[{"$nulls":5}," ",{"$nulls":20},0,0,0,0,0,0,0,0,0,0,0,0,0,0,0,0,0,0]
["6.1.2","160mm diameter (power cables)",{"$nulls":3}," ",{"$nulls":20},0,0,0,0,0,0,0,0,0,0,0,0,0,0,0,0,0,0]
[null,"  Supply","m",300,43.05,{"v":12915,"d":"12,915.00"},{"v":0,"d":"0.00"},{"v":0,"d":"0.00"},{"v":0,"d":"0.00"},{"v":0,"d":"0.00"},{"v":0,"d":"0.00"},{"v":0,"d":"0.00"},{"v":0,"d":"0.00"},{"v":0,"d":"0.00"},{"v":0,"d":"0.00"},{"v":0,"d":"0.00"},{"v":0,"d":"0.00"},{"v":0,"d":"0.00"},{"v":0,"d":"0.00"},{"v":0,"d":"0.00"},{"$nulls":3},{"v":0,"d":"0.00"},{"v":0,"d":"0.00"},{"v":0,"d":"0.00"},0,0,0,0,0,0,0,0,0,0,0,0,0,0,0,0,0,0,{"$f":"+E2210*Z2210","v":{"v":0,"d":"0.00"}}]
[null,"  Install","m",{"$f":"D2210","v":300},{"v":17,"d":"17.00"},{"v":5100,"d":"5,100.00"},{"v":0,"d":"0.00"},{"v":0,"d":"0.00"},{"v":0,"d":"0.00"},{"v":0,"d":"0.00"},{"v":0,"d":"0.00"},{"v":0,"d":"0.00"},{"v":0,"d":"0.00"},{"v":0,"d":"0.00"},{"v":0,"d":"0.00"},{"v":0,"d":"0.00"},{"v":0,"d":"0.00"},{"v":0,"d":"0.00"},{"v":0,"d":"0.00"},{"v":0,"d":"0.00"},{"$nulls":3},{"v":0,"d":"0.00"},{"v":0,"d":"0.00"},{"v":0,"d":"0.00"},0,0,0,0,0,0,0,0,0,0,0,0,0,0,0,0,0,0,{"$f":"+E2211*Z2211","v":{"v":0,"d":"0.00"}}]
[{"$nulls":5}," ",{"$nulls":20},0,0,0,0,0,0,0,0,0,0,0,0,0,0,0,0,0,0]
["6.1.3","110mm diameter (power cables)",{"$nulls":3}," ",{"$nulls":20},0,0,0,0,0,0,0,0,0,0,0,0,0,0,0,0,0,0]
[null,"  Supply","m",200,17.94,{"v":3588.0000000000005,"d":"3,588.00"},{"v":100,"d":"100.00"},{"v":0,"d":"0.00"},{"v":0,"d":"0.00"},{"v":0,"d":"0.00"},{"v":0,"d":"0.00"},{"v":0,"d":"0.00"},{"v":0,"d":"0.00"},{"v":0,"d":"0.00"},{"v":0,"d":"0.00"},{"v":0,"d":"0.00"},{"v":0,"d":"0.00"},{"v":0,"d":"0.00"},{"v":0,"d":"0.00"},{"v":0,"d":"0.00"},{"$nulls":3},{"v":0,"d":"0.00"},{"v":0,"d":"0.00"},{"v":100,"d":"100.00"},{"v":1794.0000000000002,"d":"1,794"},0,0,0,0,0,0,0,0,0,0,0,0,0,0,0,0,{"v":1794.0000000000002,"d":"1,794"},{"$f":"+E2214*Z2214","v":{"v":1794.0000000000002,"d":"1,794.00"}}]
[null,"  Install","m",{"$f":"D2214","v":200},{"v":15,"d":"15.00"},{"v":3000,"d":"3,000.00"},{"v":100,"d":"100.00"},{"v":0,"d":"0.00"},{"v":0,"d":"0.00"},{"v":0,"d":"0.00"},{"v":0,"d":"0.00"},{"v":0,"d":"0.00"},{"v":0,"d":"0.00"},{"v":0,"d":"0.00"},{"v":0,"d":"0.00"},{"v":0,"d":"0.00"},{"v":0,"d":"0.00"},{"v":0,"d":"0.00"},{"v":0,"d":"0.00"},{"v":0,"d":"0.00"},{"$nulls":3},{"v":0,"d":"0.00"},{"v":0,"d":"0.00"},{"v":100,"d":"100.00"},{"v":1500,"d":"1,500"},0,0,0,0,0,0,0,0,0,0,0,0,0,0,0,0,{"v":1500,"d":"1,500"},{"$f":"+E2215*Z2215","v":{"v":1500,"d":"1,500.00"}}]
[{"$nulls":5}," ",{"$nulls":20},0,0,0,0,0,0,0,0,0,0,0,0,0,0,0,0,0,0]
["6.1.4","90 degrees slow bends for 200mm dia. sleeve",{"$nulls":3}," ",{"$nulls":20},0,0,0,0,0,0,0,0,0,0,0,0,0,0,0,0,0,0]
[null,"  Supply","each",25,194.75,{"v":4868.75,"d":"4,868.75"},{"v":0,"d":"0.00"},{"v":0,"d":"0.00"},{"v":0,"d":"0.00"},{"v":0,"d":"0.00"},{"v":0,"d":"0.00"},{"v":0,"d":"0.00"},{"v":0,"d":"0.00"},{"v":0,"d":"0.00"},{"v":0,"d":"0.00"},{"v":0,"d":"0.00"},{"v":0,"d":"0.00"},{"v":0,"d":"0.00"},{"v":0,"d":"0.00"},{"v":0,"d":"0.00"},{"$nulls":3},{"v":0,"d":"0.00"},{"v":0,"d":"0.00"},{"v":0,"d":"0.00"},0,0,0,0,0,0,0,0,0,0,0,0,0,0,0,0,0,0,{"$f":"+E2218*Z2218","v":{"v":0,"d":"0.00"}}]
[null,"  Install","each",{"$f":"D2207/8","v":25},{"v":30,"d":"30.00"},{"v":750,"d":"750.00"},{"v":0,"d":"0.00"},{"v":0,"d":"0.00"},{"v":0,"d":"0.00"},{"v":0,"d":"0.00"},{"v":0,"d":"0.00"},{"v":0,"d":"0.00"},{"v":0,"d":"0.00"},{"v":0,"d":"0.00"},{"v":0,"d":"0.00"},{"v":0,"d":"0.00"},{"v":0,"d":"0.00"},{"v":0,"d":"0.00"},{"v":0,"d":"0.00"},{"v":0,"d":"0.00"},{"$nulls":3},{"v":0,"d":"0.00"},{"v":0,"d":"0.00"},{"v":0,"d":"0.00"},0,0,0,0,0,0,0,0,0,0,0,0,0,0,0,0,0,0,{"$f":"+E2219*Z2219","v":{"v":0,"d":"0.00"}}]
[{"$nulls":3}," ",null," ",{"$nulls":20},0,0,0,0,0,0,0,0,0,0,0,0,0,0,0,0,0,0]
["6.1.5","90 degrees slow bends for 160mm dia. sleeve",null," ",null," ",{"$nulls":20},0,0,0,0,0,0,0,0,0,0,0,0,0,0,0,0,0,0]
[null,"  Supply","each",38,179.38,{"v":6816.44,"d":"6,816.44"},{"v":0,"d":"0.00"},{"v":0,"d":"0.00"},{"v":0,"d":"0.00"},{"v":0,"d":"0.00"},{"v":0,"d":"0.00"},{"v":0,"d":"0.00"},{"v":0,"d":"0.00"},{"v":0,"d":"0.00"},{"v":0,"d":"0.00"},{"v":0,"d":"0.00"},{"v":0,"d":"0.00"},{"v":0,"d":"0.00"},{"v":0,"d":"0.00"},{"v":0,"d":"0.00"},{"$nulls":3},{"v":0,"d":"0.00"},{"v":0,"d":"0.00"},{"v":0,"d":"0.00"},0,0,0,0,0,0,0,0,0,0,0,0,0,0,{"$f":"W2222*$E2222","v":0},0,0,0,{"$f":"+E2222*Z2222","v":{"v":0,"d":"0.00"}}]
[null,"  Install","each",38,{"v":28,"d":"28.00"},{"v":1064,"d":"1,064.00"},{"v":0,"d":"0.00"},{"v":0,"d":"0.00"},{"v":0,"d":"0.00"},{"v":0,"d":"0.00"},{"v":0,"d":"0.00"},{"v":0,"d":"0.00"},{"v":0,"d":"0.00"},{"v":0,"d":"0.00"},{"v":0,"d":"0.00"},{"v":0,"d":"0.00"},{"v":0,"d":"0.00"},{"v":0,"d":"0.00"},{"v":0,"d":"0.00"},{"v":0,"d":"0.00"},{"$nulls":3},{"v":0,"d":"0.00"},{"v":0,"d":"0.00"},{"v":0,"d":"0.00"},0,0,0,0,0,0,0,0,0,0,0,0,0,0,0,0,0,0,{"$f":"+E2223*Z2223","v":{"v":0,"d":"0.00"}}]
[{"$nulls":3}," ",null," ",{"$nulls":20},0,0,0,0,0,0,0,0,0,0,0,0,0,0,0,0,0,0]
["6.1.6","90 degrees slow bends for 110mm dia. sleeve",null," ",null," ",{"$nulls":20},0,0,0,0,0,0,0,0,0,0,0,0,0,0,0,0,0,0]
[null,"  Supply","each",25,47.15,{"v":1178.75,"d":"1,178.75"},{"v":0,"d":"0.00"},{"v":0,"d":"0.00"},{"v":0,"d":"0.00"},{"v":0,"d":"0.00"},{"v":0,"d":"0.00"},{"v":0,"d":"0.00"},{"v":0,"d":"0.00"},{"v":0,"d":"0.00"},{"v":0,"d":"0.00"},{"v":0,"d":"0.00"},{"v":0,"d":"0.00"},{"v":0,"d":"0.00"},{"v":0,"d":"0.00"},{"v":0,"d":"0.00"},{"$nulls":3},{"v":0,"d":"0.00"},{"v":2,"d":"2.00"},{"v":2,"d":"2.00"},0,0,0,0,0,0,0,0,0,0,0,0,0,0,0,0,{"v":94.3,"d":"94"},{"v":94.3,"d":"94"},{"$f":"+E2226*Z2226","v":{"v":94.3,"d":"94.30"}}]
[null,"  Install","each",{"$f":"D2215/8","v":25},{"v":25,"d":"25.00"},{"v":625,"d":"625.00"},{"v":0,"d":"0.00"},{"v":0,"d":"0.00"},{"v":0,"d":"0.00"},{"v":0,"d":"0.00"},{"v":0,"d":"0.00"},{"v":0,"d":"0.00"},{"v":0,"d":"0.00"},{"v":0,"d":"0.00"},{"v":0,"d":"0.00"},{"v":0,"d":"0.00"},{"v":0,"d":"0.00"},{"v":0,"d":"0.00"},{"v":0,"d":"0.00"},{"v":0,"d":"0.00"},{"$nulls":3},{"v":0,"d":"0.00"},{"v":0,"d":"0.00"},{"v":0,"d":"0.00"},0,0,0,0,0,0,0,0,0,0,0,0,0,0,0,0,0,0,{"$f":"+E2227*Z2227","v":{"v":0,"d":"0.00"}}]
[{"$nulls":26},0,0,0,0,0,0,0,0,0,0,0,0,0,0,0,0,0,0]
[{"v":6.2,"d":"6.20"},"Cable Tape",{"$nulls":24},0,0,0,0,0,0,0,0,0,0,0,0,0,0,0,0,0,0]
[" ","Laid in an open trech and 150mm above a cable 150mm wide 800 gauge cable marker tape.",{"$nulls":24},0,0,0,0,0,0,0,0,0,0,0,0,0,0,0,0,0,0]
[null,"  Supply","m",{"$f":"800+780+400+50","v":{"v":2030,"d":"2,030"}},1.38,{"v":2801.3999999999996,"d":"2,801.40"},{"v":0,"d":"0.00"},{"v":0,"d":"0.00"},{"v":0,"d":"0.00"},{"v":0,"d":"0.00"},{"v":0,"d":"0.00"},{"v":0,"d":"0.00"},{"v":0,"d":"0.00"},{"v":0,"d":"0.00"},{"v":0,"d":"0.00"},{"v":0,"d":"0.00"},{"v":0,"d":"0.00"},{"v":0,"d":"0.00"},{"v":0,"d":"0.00"},{"v":0,"d":"0.00"},{"$nulls":3},{"v":0,"d":"0.00"},{"v":0,"d":"0.00"},{"v":0,"d":"0.00"},0,0,0,0,0,0,0,0,0,0,0,0,0,0,0,0,0,0,{"$f":"+E2231*Z2231","v":{"v":0,"d":"0.00"}}]
[null,"  Install","m",{"$f":"D2231","v":{"v":2030,"d":"2,030"}},{"v":2,"d":"2.00"},{"v":4060,"d":"4,060.00"},{"v":0,"d":"0.00"},{"v":0,"d":"0.00"},{"v":0,"d":"0.00"},{"v":0,"d":"0.00"},{"v":0,"d":"0.00"},{"v":0,"d":"0.00"},{"v":0,"d":"0.00"},{"v":0,"d":"0.00"},{"v":0,"d":"0.00"},{"v":0,"d":"0.00"},{"v":0,"d":"0.00"},{"v":0,"d":"0.00"},{"v":0,"d":"0.00"},{"v":0,"d":"0.00"},{"$nulls":3},{"v":0,"d":"0.00"},{"v":0,"d":"0.00"},{"v":0,"d":"0.00"},0,0,0,0,0,0,0,0,0,0,0,0,0,0,0,0,0,0,{"$f":"+E2232*Z2232","v":{"v":0,"d":"0.00"}}]
[{"$nulls":26},0,0,0,0,0,0,0,0,0,0,0,0,0,0,0,0,0,0]
[{"v":6.3,"d":"6.30"},"MV Trencing",{"$nulls":24},0,0,0,0,0,0,0,0,0,0,0,0,0,0,0,0,0,0]
[" ","Excavation for cables, backfilling and compaction; in all pickable materials (Average:  500mm wide & 1200mm deep)",{"$nulls":24},0,0,0,0,0,0,0,0,0,0,0,0,0,0,0,0,0,0]
["6.3.1","In virgin ground","m",{"$f":"D2231","v":{"v":2030,"d":"2,030"}},{"v":69,"d":"69.00"},{"v":140070,"d":"140,070.00"},{"v":0,"d":"0.00"},{"v":0,"d":"0.00"},{"v":0,"d":"0.00"},{"v":0,"d":"0.00"},{"v":0,"d":"0.00"},{"v":0,"d":"0.00"},{"v":0,"d":"0.00"},{"v":0,"d":"0.00"},{"v":0,"d":"0.00"},{"v":0,"d":"0.00"},{"v":0,"d":"0.00"},{"v":0,"d":"0.00"},{"v":0,"d":"0.00"},{"v":0,"d":"0.00"},{"$nulls":3},{"v":0,"d":"0.00"},{"v":1330,"d":"1,330.00"},{"v":1330,"d":"1,330.00"},0,0,0,0,0,0,0,0,0,0,0,0,0,0,0,0,{"v":91770,"d":"91,770"},{"v":91770,"d":"91,770"},{"$f":"+E2236*Z2236","v":{"v":91770,"d":"91,770.00"}}]
["6.3.2","On top of the existing MV cable","m",{"$f":"800+780","v":{"v":1580,"d":"1,580"}},{"v":69,"d":"69.00"},{"v":109020,"d":"109,020.00"},{"v":0,"d":"0.00"},{"v":0,"d":"0.00"},{"v":0,"d":"0.00"},{"v":0,"d":"0.00"},{"v":0,"d":"0.00"},{"v":0,"d":"0.00"},{"v":0,"d":"0.00"},{"v":0,"d":"0.00"},{"v":0,"d":"0.00"},{"v":0,"d":"0.00"},{"v":0,"d":"0.00"},{"v":0,"d":"0.00"},{"v":0,"d":"0.00"},{"v":0,"d":"0.00"},{"$nulls":3},{"v":0,"d":"0.00"},{"v":0,"d":"0.00"},{"v":0,"d":"0.00"},0,0,0,0,0,0,0,0,0,0,0,0,0,0,0,0,0,0,{"$f":"+E2237*Z2237","v":{"v":0,"d":"0.00"}}]
["6.3.3","Extra over for soft rock","m",{"$f":"D2237/5","v":316},{"v":89,"d":"89.00"},{"v":28124,"d":"28,124.00"},{"v":0,"d":"0.00"},{"v":0,"d":"0.00"},{"v":0,"d":"0.00"},{"v":0,"d":"0.00"},{"v":0,"d":"0.00"},{"v":0,"d":"0.00"},{"v":0,"d":"0.00"},{"v":0,"d":"0.00"},{"v":0,"d":"0.00"},{"v":0,"d":"0.00"},{"v":0,"d":"0.00"},{"v":0,"d":"0.00"},{"v":0,"d":"0.00"},{"v":0,"d":"0.00"},{"$nulls":3},{"v":0,"d":"0.00"},{"v":0,"d":"0.00"},{"v":0,"d":"0.00"},0,0,0,0,0,0,0,0,0,0,0,0,0,0,0,0,0,0,{"$f":"+E2238*Z2238","v":{"v":0,"d":"0.00"}}]
["6.3.4","Extra over for hard hard rock","m",{"$f":"D2237/2","v":790},{"v":109,"d":"109.00"},{"v":86110,"d":"86,110.00"},{"v":0,"d":"0.00"},{"v":0,"d":"0.00"},{"v":0,"d":"0.00"},{"v":0,"d":"0.00"},{"v":0,"d":"0.00"},{"v":0,"d":"0.00"},{"v":0,"d":"0.00"},{"v":0,"d":"0.00"},{"v":0,"d":"0.00"},{"v":0,"d":"0.00"},{"v":0,"d":"0.00"},{"v":0,"d":"0.00"},{"v":0,"d":"0.00"},{"v":0,"d":"0.00"},{"$nulls":3},{"v":0,"d":"0.00"},{"v":267,"d":"267.00"},{"v":267,"d":"267.00"},0,0,0,0,0,0,0,0,0,0,0,0,0,0,0,0,{"v":29103,"d":"29,103"},{"v":29103,"d":"29,103"},{"$f":"+E2239*Z2239","v":{"v":29103,"d":"29,103.00"}}]
["6.3.5","Selected fines bedding 150mm under cable and 150mm on top of cable (when required by soil condituions)",{"$nulls":3}," ",{"$nulls":20},0,0,0,0,0,0,0,0,0,0,0,0,0,0,0,0,0,0," "]
[null,"  Supply","m3",{"$f":"D2236*0.25*0.8","v":406},92.25,{"v":37453.5,"d":"37,453.50"},{"v":0,"d":"0.00"},{"v":0,"d":"0.00"},{"v":0,"d":"0.00"},{"v":0,"d":"0.00"},{"v":0,"d":"0.00"},{"v":0,"d":"0.00"},{"v":0,"d":"0.00"},{"v":0,"d":"0.00"},{"v":0,"d":"0.00"},{"v":0,"d":"0.00"},{"v":0,"d":"0.00"},{"v":0,"d":"0.00"},{"v":0,"d":"0.00"},{"v":0,"d":"0.00"},{"$nulls":3},{"v":0,"d":"0.00"},{"v":576,"d":"576.00"},{"v":576,"d":"576.00"},0,0,0,0,0,0,0,0,0,0,0,0,0,0,0,0,{"v":53136,"d":"53,136"},{"v":53136,"d":"53,136"},{"$f":"+E2241*Z2241","v":{"v":53136,"d":"53,136.00"}}]
[null,"  Install","m3",{"$f":"D2241","v":406},{"v":29,"d":"29.00"},{"v":11774,"d":"11,774.00"},{"v":0,"d":"0.00"},{"v":0,"d":"0.00"},{"v":0,"d":"0.00"},{"v":0,"d":"0.00"},{"v":0,"d":"0.00"},{"v":0,"d":"0.00"},{"v":0,"d":"0.00"},{"v":0,"d":"0.00"},{"v":0,"d":"0.00"},{"v":0,"d":"0.00"},{"v":0,"d":"0.00"},{"v":0,"d":"0.00"},{"v":0,"d":"0.00"},{"v":0,"d":"0.00"},{"$nulls":3},{"v":0,"d":"0.00"},{"v":576,"d":"576.00"},{"v":576,"d":"576.00"},0,0,0,0,0,0,0,0,0,0,0,0,0,0,0,0,{"v":16704,"d":"16,704"},{"v":16704,"d":"16,704"},{"$f":"+E2242*Z2242","v":{"v":16704,"d":"16,704.00"}}]
[{"$nulls":5}," "]
[]
[null,"Amount Carried Forward ",{"$nulls":3},{"$f":"SUM(F2199:F2244)","v":{"v":473368.83999999997,"d":"473,368.84"}},{"$nulls":38},{"$f":"SUM(AS2199:AS2244)","v":{"v":194101.3,"d":"194,101.30"}}]
[]
["MAIN HOSPITAL ELECTRICAL INSTALLATION"]
["CECILIA MAKIWANE HOSPITAL : PHASE 4C"]
[]
[{"$f":"A2196","v":"BILL NO. 6 : MV SLEEVES AND TRENCHING (SMME CONTRACT NO 1)"}]
["ITEM","DESCRIPTION","UNIT","QTY","RATE","TENDER AMOUNT","A","B","D","E1","E2","F1","F2","G1","G2","H1","H2","J1","J2","J3",null,"G/House",null,"N","Other","Total Qty","A","B","D","E1","E2","F1","F2","G1","G2","H1","H2","J1","J2","J3","K","N","Other","Total Amount","Total Claimed"]
[null,"AMOUNT CARRIED FORWARD FROM PREVIOUS BILL",{"$nulls":3},{"$f":"F2245","v":{"v":473368.83999999997,"d":"473,368.84"}},{"$nulls":38},{"$f":"AS2245","v":{"v":194101.3,"d":"194,101.30"}}]
[]
["6.3.4","300 x 400mm or nearest standard concrete tiles to be place above MV cable"]
[null,"  Supply","each",{"v":6767,"d":"6,767"},23.78,{"$f":"D2255*E2255","v":{"v":160919.26,"d":"160,919.26"}},{"v":0,"d":"0.00"},{"v":0,"d":"0.00"},{"v":0,"d":"0.00"},{"v":0,"d":"0.00"},{"v":0,"d":"0.00"},{"v":0,"d":"0.00"},{"v":0,"d":"0.00"},{"v":0,"d":"0.00"},{"v":0,"d":"0.00"},{"v":0,"d":"0.00"},{"v":0,"d":"0.00"},{"v":0,"d":"0.00"},{"v":0,"d":"0.00"},{"v":0,"d":"0.00"},{"$nulls":3},{"v":0,"d":"0.00"},{"v":7525,"d":"7,525.00"},{"$f":"SUM(G2255:Y2255)","v":{"v":7525,"d":"7,525.00"}},{"$f":"G2255*E2255","v":0},{"$f":"H2255*$E2255","v":0},{"$f":"I2255*$E2255","v":0},{"$f":"J2255*$E2255","v":0},{"$f":"K2255*$E2255","v":0},{"$f":"L2255*$E2255","v":0},{"$f":"+M2255*E2255","v":0},{"$f":"N2255*$E2255","v":0},{"$f":"O2255*$E2255","v":0},{"$f":"P2255*$E2255","v":0},{"$f":"Q2255*$E2255","v":0},{"$f":"R2255*$E2255","v":0},{"$f":"S2255*$E2255","v":0},{"$f":"T2255*$E2255","v":0},{"$f":"W2255*$E2255","v":0},0,{"v":178944.5,"d":"178,945"},{"$f":"SUM(AA2255:AQ2255)","v":{"v":178944.5,"d":"178,945"}},{"$f":"+E2255*Z2255","v":{"v":178944.5,"d":"178,944.50"}}]
[null,"  Install","each",{"v":6767,"d":"6,767"},{"v":12,"d":"12.00"},{"$f":"D2256*E2256","v":{"v":81204,"d":"81,204.00"}},{"v":0,"d":"0.00"},{"v":0,"d":"0.00"},{"v":0,"d":"0.00"},{"v":0,"d":"0.00"},{"v":0,"d":"0.00"},{"v":0,"d":"0.00"},{"v":0,"d":"0.00"},{"v":0,"d":"0.00"},{"v":0,"d":"0.00"},{"v":0,"d":"0.00"},{"v":0,"d":"0.00"},{"v":0,"d":"0.00"},{"v":0,"d":"0.00"},{"v":0,"d":"0.00"},{"$nulls":3},{"v":0,"d":"0.00"},{"v":7525,"d":"7,525.00"},{"$f":"SUM(G2256:Y2256)","v":{"v":7525,"d":"7,525.00"}},0,0,0,0,0,0,0,0,0,0,0,0,0,0,0,0,{"v":90300,"d":"90,300"},{"$f":"SUM(AA2256:AQ2256)","v":{"v":90300,"d":"90,300"}},{"$f":"+E2256*Z2256","v":{"v":90300,"d":"90,300.00"}}]
[{"$nulls":26},0,0,0,0,0,0,0,0,0,0,0,0,0,0,0,0,0,0]
["6.3.5","Drawn into conduit or sleeve 2.5 mm galvanised draw wire",{"$nulls":24},0,0,0,0,0,0,0,0,0,0,0,0,0,0,0,0,0,0]
[null,"  Supply","m",{"$f":"D2206+D2210+D2214","v":700},0.36,{"$f":"D2259*E2259","v":{"v":252,"d":"252.00"}},{"v":0,"d":"0.00"},{"v":0,"d":"0.00"},{"v":0,"d":"0.00"},{"v":0,"d":"0.00"},{"v":0,"d":"0.00"},{"v":0,"d":"0.00"},{"v":0,"d":"0.00"},{"v":0,"d":"0.00"},{"v":0,"d":"0.00"},{"v":0,"d":"0.00"},{"v":0,"d":"0.00"},{"v":0,"d":"0.00"},{"v":0,"d":"0.00"},{"v":0,"d":"0.00"},{"$nulls":3},{"v":0,"d":"0.00"},{"v":9450,"d":"9,450.00"},{"$f":"SUM(G2259:Y2259)","v":{"v":9450,"d":"9,450.00"}},0,0,0,0,0,0,0,0,0,0,0,0,0,0,0,0,{"v":3402,"d":"3,402"},{"v":3402,"d":"3,402"},{"$f":"+E2259*Z2259","v":{"v":3402,"d":"3,402.00"}}]
[null,"  Install","m",{"$f":"D2259","v":700},{"v":1.2,"d":"1.20"},{"$f":"D2260*E2260","v":{"v":840,"d":"840.00"}},{"v":0,"d":"0.00"},{"v":0,"d":"0.00"},{"v":0,"d":"0.00"},{"v":0,"d":"0.00"},{"v":0,"d":"0.00"},{"v":0,"d":"0.00"},{"v":0,"d":"0.00"},{"v":0,"d":"0.00"},{"v":0,"d":"0.00"},{"v":0,"d":"0.00"},{"v":0,"d":"0.00"},{"v":0,"d":"0.00"},{"v":0,"d":"0.00"},{"v":0,"d":"0.00"},{"$nulls":3},{"v":0,"d":"0.00"},{"v":9450,"d":"9,450.00"},{"$f":"SUM(G2260:Y2260)","v":{"v":9450,"d":"9,450.00"}},0,0,0,0,0,0,0,0,0,0,0,0,0,0,0,0,{"v":11340,"d":"11,340"},{"v":11340,"d":"11,340"},{"$f":"+E2260*Z2260","v":{"v":11340,"d":"11,340.00"}}]
[{"$nulls":26},0,0,0,0,0,0,0,0,0,0,0,0,0,0,0,0,0,0]
[{"v":6.4,"d":"6.40"},"Cable Route Markers",{"$nulls":24},0,0,0,0,0,0,0,0,0,0,0,0,0,0,0,0,0,0]
[null,"250mm High trancated pyramid cable route marker with stainless steel insert engraved with the cable details eg, \"LV 25mm2 4C CABLE\".  Installed to protrude 150mm above ground and every 35m along and at the cable route direction change.",{"$nulls":24},0,0,0,0,0,0,0,0,0,0,0,0,0,0,0,0,0,0]
[null,"  Supply","each",120,97.38,{"$f":"D2264*E2264","v":{"v":11685.599999999999,"d":"11,685.60"}},{"v":0,"d":"0.00"},{"v":0,"d":"0.00"},{"v":0,"d":"0.00"},{"v":0,"d":"0.00"},{"v":0,"d":"0.00"},{"v":0,"d":"0.00"},{"v":0,"d":"0.00"},{"v":0,"d":"0.00"},{"v":0,"d":"0.00"},{"v":0,"d":"0.00"},{"v":0,"d":"0.00"},{"v":0,"d":"0.00"},{"v":0,"d":"0.00"},{"v":0,"d":"0.00"},{"$nulls":3},{"v":0,"d":"0.00"},{"v":0,"d":"0.00"},{"$f":"SUM(G2264:Y2264)","v":{"v":0,"d":"0.00"}},0,0,0,0,0,0,0,0,0,0,0,0,0,0,0,0,0,0,{"$f":"+E2264*Z2264","v":{"v":0,"d":"0.00"}}]
[null,"  Install","each",{"$f":"D2264","v":120},{"v":60,"d":"60.00"},{"$f":"D2265*E2265","v":{"v":7200,"d":"7,200.00"}},{"v":0,"d":"0.00"},{"v":0,"d":"0.00"},{"v":0,"d":"0.00"},{"v":0,"d":"0.00"},{"v":0,"d":"0.00"},{"v":0,"d":"0.00"},{"v":0,"d":"0.00"},{"v":0,"d":"0.00"},{"v":0,"d":"0.00"},{"v":0,"d":"0.00"},{"v":0,"d":"0.00"},{"v":0,"d":"0.00"},{"v":0,"d":"0.00"},{"v":0,"d":"0.00"},{"$nulls":3},{"v":0,"d":"0.00"},{"v":0,"d":"0.00"},{"$f":"SUM(G2265:Y2265)","v":{"v":0,"d":"0.00"}},0,0,0,0,0,0,0,0,0,0,0,0,0,0,0,0,0,0,{"$f":"+E2265*Z2265","v":{"v":0,"d":"0.00"}}]
[{"$nulls":26},0,0,0,0,0,0,0,0,0,0,0,0,0,0,0,0,0,0]
[{"v":6.5,"d":"6.50"},"Manholes",{"$nulls":24},0,0,0,0,0,0,0,0,0,0,0,0,0,0,0,0,0,0]
[null,"Supply and build either pre-cast or full wall manhole with light duty cover with the following minimum inside",{"$nulls":24},0,0,0,0,0,0,0,0,0,0,0,0,0,0,0,0,0,0]
["6.5.1","dimensions:  - 1200 x 1200 x 1000mm deep","each",12,{"v":3490.16,"d":"3,490.16"},{"$f":"D2269*E2269","v":{"v":41881.92,"d":"41,881.92"}},{"v":0,"d":"0.00"},{"v":0,"d":"0.00"},{"v":0,"d":"0.00"},{"v":0,"d":"0.00"},{"v":0,"d":"0.00"},{"v":0,"d":"0.00"},{"v":0,"d":"0.00"},{"v":0,"d":"0.00"},{"v":0,"d":"0.00"},{"v":0,"d":"0.00"},{"v":0,"d":"0.00"},{"v":0,"d":"0.00"},{"v":0,"d":"0.00"},{"v":0,"d":"0.00"},{"$nulls":3},{"v":0,"d":"0.00"},{"v":0,"d":"0.00"},{"$f":"SUM(G2269:Y2269)","v":{"v":0,"d":"0.00"}},0,0,0,0,0,0,0,0,0,0,0,0,0,0,0,0,0,0,{"$f":"+E2269*Z2269","v":{"v":0,"d":"0.00"}}]
["6.5.2","dimensions:  - 800 x 800 x 600mm deep","each",12,{"v":2861.82,"d":"2,861.82"},{"$f":"D2270*E2270","v":{"v":34341.840000000004,"d":"34,341.84"}},{"v":0,"d":"0.00"},{"v":0,"d":"0.00"},{"v":0,"d":"0.00"},{"v":0,"d":"0.00"},{"v":0,"d":"0.00"},{"v":0,"d":"0.00"},{"v":0,"d":"0.00"},{"v":0,"d":"0.00"},{"v":0,"d":"0.00"},{"v":0,"d":"0.00"},{"v":0,"d":"0.00"},{"v":0,"d":"0.00"},{"v":0,"d":"0.00"},{"v":0,"d":"0.00"},{"$nulls":3},{"v":0,"d":"0.00"},{"v":0,"d":"0.00"},{"$f":"SUM(G2270:Y2270)","v":{"v":0,"d":"0.00"}},0,0,0,0,0,0,0,0,0,0,0,0,0,0,0,0,0,0,{"$f":"+E2270*Z2270","v":{"v":0,"d":"0.00"}}]
[{"$nulls":26},0,0,0,0,0,0,0,0,0,0,0,0,0,0,{"$f":"W2271*$E2271","v":0},0,0,0]
[{"v":6.6,"d":"6.60"},"Mentoring and Management",{"$nulls":24},0,0,0,0,0,0,0,0,0,0,0,0,0,0,0,0,0,0]
[null,"A percentage of the SMME Package amount to provide the Mentoring and Management of the SMME Contractors appointed","%",1,{"v":811577.84,"d":"811,577.84"},{"$f":"E2273*2.5%","v":{"v":20289.446,"d":"20,289.45"}},{"v":0,"d":"0.00"},{"v":0,"d":"0.00"},{"v":0,"d":"0.00"},{"v":0,"d":"0.00"},{"v":0,"d":"0.00"},{"v":0,"d":"0.00"},{"v":0,"d":"0.00"},{"v":0,"d":"0.00"},{"v":0,"d":"0.00"},{"v":0,"d":"0.00"},{"v":0,"d":"0.00"},{"v":0,"d":"0.00"},{"v":0,"d":"0.00"},{"v":0,"d":"0.00"},{"$nulls":3},{"v":0,"d":"0.00"},{"v":0,"d":"0.00"},{"$f":"SUM(G2273:Y2273)","v":{"v":0,"d":"0.00"}},0,0,0,0,0,0,0,0,0,0,0,0,0,0,0,0,0,0,{"$f":"+E2273*Z2273","v":{"v":0,"d":"0.00"}}]
[]
[]
[null,"Amount Carried Forward to Summary Page",{"$nulls":3},{"$f":"SUM(F2252:F2275)","v":{"v":831982.906,"d":"831,982.91"}},{"$nulls":38},{"$f":"SUM(AS2252:AS2275)","v":{"v":478087.8,"d":"478,087.80"}}]
[]
["MAIN HOSPITAL ELECTRICAL INSTALLATION"]
["CECILIA MAKIWANE HOSPITAL : PHASE 4C"]
[]
["BILL NO. 7 : MV CABLE REWORKS (SMME CONTRACT NO 2)"]
["ITEM","DESCRIPTION","UNIT","QTY","RATE","TENDER AMOUNT","A","B","D","E1","E2","F1","F2","G1","G2","H1","H2","J1","J2","J3",null,"G/House",null,"N","Other","Total Qty","A","B","D","E1","E2","F1","F2","G1","G2","H1","H2","J1","J2","J3","K","N","Other","Total Amount","Total Claimed"]
[]
[{"v":7,"d":"7.00"},"SMME CONTRACT No 2"]
[" ","Labour to Uplift 150mm² XLPE MV Cable from existing route and reposition as per Drawings, note trenching, cable slabs and bedding soil measured in Item 7.1 ","m",{"v":1450,"d":"1,450"},{"v":36,"d":"36.00"},{"$f":"D2285*E2285","v":{"v":52200,"d":"52,200.00"}},{"v":0,"d":"0.00"},{"v":0,"d":"0.00"},{"v":0,"d":"0.00"},{"v":0,"d":"0.00"},{"v":0,"d":"0.00"},{"v":0,"d":"0.00"},{"v":0,"d":"0.00"},{"v":0,"d":"0.00"},{"v":0,"d":"0.00"},{"v":0,"d":"0.00"},{"v":0,"d":"0.00"},{"v":0,"d":"0.00"},{"v":0,"d":"0.00"},{"v":0,"d":"0.00"},{"$nulls":3},{"v":0,"d":"0.00"},{"v":0,"d":"0.00"},{"$f":"SUM(G2285:Y2285)","v":{"v":0,"d":"0.00"}},{"$f":"G2285*E2285","v":0},{"$f":"H2285*$E2285","v":0},{"$f":"I2285*$E2285","v":0},{"$f":"J2285*$E2285","v":0},{"$f":"K2285*$E2285","v":0},{"$f":"L2285*$E2285","v":0},{"$f":"+M2285*E2285","v":0},{"$f":"N2285*$E2285","v":0},{"$f":"O2285*$E2285","v":0},{"$f":"P2285*$E2285","v":0},{"$f":"Q2285*$E2285","v":0},{"$f":"R2285*$E2285","v":0},{"$f":"S2285*$E2285","v":0},{"$f":"T2285*$E2285","v":0},{"$f":"W2285*$E2285","v":0},0,0,{"$f":"SUM(AA2285:AQ2285)","v":0},{"$f":"+E2285*Z2285","v":{"v":0,"d":"0.00"}}]
[{"$nulls":26},0,0,0,0,0,0,0,0,0,0,0,0,0,0,0,0,0,{"$f":"SUM(AA2286:AQ2286)","v":0},{"$f":"+E2286*Z2286","v":{"v":0,"d":"0.00"}}]
[{"v":7.1,"d":"7.10"},"MV Trencing",{"$nulls":24},0,0,0,0,0,0,0,0,0,0,0,0,0,0,0,0,0,0]
[" ","Excavation for cables, backfilling and compaction; in all pickable materials (Average:  500mm wide & 1200mm deep)",{"$nulls":24},0,0,0,0,0,0,0,0,0,0,0,0,0,0,0,0,0,0]
["7.1.1","In virgin ground","m",300,{"v":69,"d":"69.00"},{"$f":"D2289*E2289","v":{"v":20700,"d":"20,700.00"}},{"v":0,"d":"0.00"},{"v":0,"d":"0.00"},{"v":0,"d":"0.00"},{"v":0,"d":"0.00"},{"v":0,"d":"0.00"},{"v":0,"d":"0.00"},{"v":0,"d":"0.00"},{"v":0,"d":"0.00"},{"v":0,"d":"0.00"},{"v":0,"d":"0.00"},{"v":0,"d":"0.00"},{"v":0,"d":"0.00"},{"v":0,"d":"0.00"},{"v":0,"d":"0.00"},{"$nulls":3},{"v":0,"d":"0.00"},{"v":1102,"d":"1,102.00"},{"$f":"SUM(G2289:Y2289)","v":{"v":1102,"d":"1,102.00"}},0,0,0,0,0,0,0,0,0,0,0,0,0,0,0,0,{"v":76038,"d":"76,038"},{"v":76038,"d":"76,038"},{"$f":"+E2289*Z2289","v":{"v":76038,"d":"76,038.00"}}]
["7.1.2","On top of the existing MV cable","m",{"v":1450,"d":"1,450"},{"v":69,"d":"69.00"},{"$f":"D2290*E2290","v":{"v":100050,"d":"100,050.00"}},{"v":0,"d":"0.00"},{"v":0,"d":"0.00"},{"v":0,"d":"0.00"},{"v":0,"d":"0.00"},{"v":0,"d":"0.00"},{"v":0,"d":"0.00"},{"v":0,"d":"0.00"},{"v":0,"d":"0.00"},{"v":0,"d":"0.00"},{"v":0,"d":"0.00"},{"v":0,"d":"0.00"},{"v":0,"d":"0.00"},{"v":0,"d":"0.00"},{"v":0,"d":"0.00"},{"$nulls":3},{"v":0,"d":"0.00"},{"v":0,"d":"0.00"},{"v":0,"d":"0.00"},0,0,0,0,0,0,0,0,0,0,0,0,0,0,0,0,0,0,{"$f":"+E2290*Z2290","v":{"v":0,"d":"0.00"}}]
["7.1.3","Extra over for soft rock","m",{"$f":"D2290/5","v":290},{"v":89,"d":"89.00"},{"$f":"D2291*E2291","v":{"v":25810,"d":"25,810.00"}},{"v":0,"d":"0.00"},{"v":0,"d":"0.00"},{"v":0,"d":"0.00"},{"v":0,"d":"0.00"},{"v":0,"d":"0.00"},{"v":0,"d":"0.00"},{"v":0,"d":"0.00"},{"v":0,"d":"0.00"},{"v":0,"d":"0.00"},{"v":0,"d":"0.00"},{"v":0,"d":"0.00"},{"v":0,"d":"0.00"},{"v":0,"d":"0.00"},{"v":0,"d":"0.00"},{"$nulls":3},{"v":0,"d":"0.00"},{"v":0,"d":"0.00"},{"v":0,"d":"0.00"},0,0,0,0,0,0,0,0,0,0,0,0,0,0,0,0,0,0,{"$f":"+E2291*Z2291","v":{"v":0,"d":"0.00"}}]
["7.1.4","Extra over for hard hard rock","m",{"$f":"D2290/2","v":725},{"v":109,"d":"109.00"},{"$f":"D2292*E2292","v":{"v":79025,"d":"79,025.00"}},{"v":0,"d":"0.00"},{"v":0,"d":"0.00"},{"v":0,"d":"0.00"},{"v":0,"d":"0.00"},{"v":0,"d":"0.00"},{"v":0,"d":"0.00"},{"v":0,"d":"0.00"},{"v":0,"d":"0.00"},{"v":0,"d":"0.00"},{"v":0,"d":"0.00"},{"v":0,"d":"0.00"},{"v":0,"d":"0.00"},{"v":0,"d":"0.00"},{"v":0,"d":"0.00"},{"$nulls":3},{"v":0,"d":"0.00"},{"v":0,"d":"0.00"},{"v":0,"d":"0.00"},0,0,0,0,0,0,0,0,0,0,0,0,0,0,0,0,0,0,{"$f":"+E2292*Z2292","v":{"v":0,"d":"0.00"}}]
["7.1.5","Selected fines bedding 150mm under cable and 150mm on top of cable (when required by soil condituions)",{"$nulls":24},0,0,0,0,0,0,0,0,0,0,0,0,0,0,0,0,0,0," "]
[null,"  Supply","m3",{"$f":"D2290*0.25*0.8","v":290},92.25,{"$f":"D2294*E2294","v":{"v":26752.5,"d":"26,752.50"}},{"v":0,"d":"0.00"},{"v":0,"d":"0.00"},{"v":0,"d":"0.00"},{"v":0,"d":"0.00"},{"v":0,"d":"0.00"},{"v":0,"d":"0.00"},{"v":0,"d":"0.00"},{"v":0,"d":"0.00"},{"v":0,"d":"0.00"},{"v":0,"d":"0.00"},{"v":0,"d":"0.00"},{"v":0,"d":"0.00"},{"v":0,"d":"0.00"},{"v":0,"d":"0.00"},{"$nulls":3},{"v":0,"d":"0.00"},{"v":400,"d":"400.00"},{"v":400,"d":"400.00"},0,0,0,0,0,0,0,0,0,0,0,0,0,0,0,0,{"v":36900,"d":"36,900"},{"v":36900,"d":"36,900"},{"$f":"+E2294*Z2294","v":{"v":36900,"d":"36,900.00"}}]
[null,"  Install","m3",{"$f":"D2294","v":290},{"v":29,"d":"29.00"},{"$f":"D2295*E2295","v":{"v":8410,"d":"8,410.00"}},{"v":0,"d":"0.00"},{"v":0,"d":"0.00"},{"v":0,"d":"0.00"},{"v":0,"d":"0.00"},{"v":0,"d":"0.00"},{"v":0,"d":"0.00"},{"v":0,"d":"0.00"},{"v":0,"d":"0.00"},{"v":0,"d":"0.00"},{"v":0,"d":"0.00"},{"v":0,"d":"0.00"},{"v":0,"d":"0.00"},{"v":0,"d":"0.00"},{"v":0,"d":"0.00"},{"$nulls":3},{"v":0,"d":"0.00"},{"v":400,"d":"400.00"},{"v":400,"d":"400.00"},0,0,0,0,0,0,0,0,0,0,0,0,0,0,0,0,{"v":11600,"d":"11,600"},{"v":11600,"d":"11,600"},{"$f":"+E2295*Z2295","v":{"v":11600,"d":"11,600.00"}}]
[{"$nulls":26},0,0,0,0,0,0,0,0,0,0,0,0,0,0,0,0,0,0," "]
["7.1.6","300 x 400mm or nearest standard concrete tiles to be place above MV cable",{"$nulls":24},0,0,0,0,0,0,0,0,0,0,0,0,0,0,0,0,0,0," "]
[null,"  Supply","each",{"$f":"D2290/0.4","v":{"v":3625,"d":"3,625"}},23.78,{"$f":"D2298*E2298","v":{"v":86202.5,"d":"86,202.50"}},{"v":0,"d":"0.00"},{"v":0,"d":"0.00"},{"v":0,"d":"0.00"},{"v":0,"d":"0.00"},{"v":0,"d":"0.00"},{"v":0,"d":"0.00"},{"v":0,"d":"0.00"},{"v":0,"d":"0.00"},{"v":0,"d":"0.00"},{"v":0,"d":"0.00"},{"v":0,"d":"0.00"},{"v":0,"d":"0.00"},{"v":0,"d":"0.00"},{"v":0,"d":"0.00"},{"$nulls":3},{"v":0,"d":"0.00"},{"v":0,"d":"0.00"},{"v":0,"d":"0.00"},0,0,0,0,0,0,0,0,0,0,0,0,0,0,0,0,0,0,{"$f":"+E2298*Z2298","v":{"v":0,"d":"0.00"}}]
[null,"  Install","each",{"$f":"D2298","v":{"v":3625,"d":"3,625"}},{"v":12,"d":"12.00"},{"$f":"D2299*E2299","v":{"v":43500,"d":"43,500.00"}},{"v":0,"d":"0.00"},{"v":0,"d":"0.00"},{"v":0,"d":"0.00"},{"v":0,"d":"0.00"},{"v":0,"d":"0.00"},{"v":0,"d":"0.00"},{"v":0,"d":"0.00"},{"v":0,"d":"0.00"},{"v":0,"d":"0.00"},{"v":0,"d":"0.00"},{"v":0,"d":"0.00"},{"v":0,"d":"0.00"},{"v":0,"d":"0.00"},{"v":0,"d":"0.00"},{"$nulls":3},{"v":0,"d":"0.00"},{"v":0,"d":"0.00"},{"v":0,"d":"0.00"},0,0,0,0,0,0,0,0,0,0,0,0,0,0,0,0,0,0,{"$f":"+E2299*Z2299","v":{"v":0,"d":"0.00"}}]
[" ",{"$nulls":25},0,0,0,0,0,0,0,0,0,0,0,0,0,0,0,0,0,0," "]
[{"v":7.2,"d":"7.20"},"Mentoring and Management",{"$nulls":24},0,0,0,0,0,0,0,0,0,0,0,0,0,0,{"$f":"W2301*$E2301","v":0},0,0,0," "]
[null,"A percentage of the SMME Package amount to provide the Mentoring and Management of the SMME Contractors appointed","%",1,{"v":442650,"d":"442,650.00"},{"$f":"E2302*2.5%","v":{"v":11066.25,"d":"11,066.25"}},{"v":0,"d":"0.00"},{"v":0,"d":"0.00"},{"v":0,"d":"0.00"},{"v":0,"d":"0.00"},{"v":0,"d":"0.00"},{"v":0,"d":"0.00"},{"v":0,"d":"0.00"},{"v":0,"d":"0.00"},{"v":0,"d":"0.00"},{"v":0,"d":"0.00"},{"v":0,"d":"0.00"},{"v":0,"d":"0.00"},{"v":0,"d":"0.00"},{"v":0,"d":"0.00"},{"$nulls":3},{"v":0,"d":"0.00"},{"v":0,"d":"0.00"},{"v":0,"d":"0.00"},0,0,0,0,0,0,0,0,0,0,0,0,0,0,0,0,0,0,{"$f":"+E2302*Z2302","v":{"v":0,"d":"0.00"}}]
[{"$nulls":4}," "]
[]
[null,"Amount Carried Forward to Summary Page",{"$nulls":3},{"$f":"SUM(F2283:F2304)","v":{"v":453716.25,"d":"453,716.25"}},{"$nulls":38},{"$f":"SUM(AS2283:AS2304)","v":{"v":124538,"d":"124,538.00"}}]

{"sheet":"Block Breakdown This","index":4,"n_rows":2305,"n_cols":45,"rows_kept":2305,"hidden":true,"merged":[[4,4,4,5],[5,6,5,25],[5,26,5,43],[50,4,50,5],[76,4,76,5],[143,4,143,5],[267,4,267,5],[326,4,326,5],[384,4,384,5],[442,4,442,5],[469,4,469,5],[530,4,530,5],[565,4,565,5],[626,4,626,5],[688,4,688,5],[789,4,789,5],[847,4,847,5],[904,4,904,5],[957,4,957,5],[998,4,998,5],[1187,4,1187,5],[1234,4,1234,5],[1287,4,1287,5],[1354,4,1354,5],[1418,4,1418,5],[1484,4,1484,5],[1536,4,1536,5],[1582,4,1582,5],[1647,4,1647,5],[1710,4,1710,5],[1770,4,1770,5],[2189,0,2189,1]]}
[]
["MAIN HOSPITAL ELECTRICAL INSTALLATION"]
["CECILIA MAKIWANE HOSPITAL : PHASE 4C"]
[]
["BILL NO. 1 : PROVISIONAL AND SUPERVISION AMOUNTS",{"$nulls":3},"Besamandla"]
["ITEM","DESCRIPTION","UNIT","QTY","RATE","TENDER AMOUNT","Total Quantity Claimed This Month",{"$nulls":19},"Total Value Claimed This Month",{"$nulls":17},"Total Claimed"]
[{"$nulls":6},"A","B","D","E1","E2","F1","F2","G1","G2","H1","H2","J1","J2","J3","Substation","G/House","K","N","Other","Total Qty","A","B","D","E1","E2","F1","F2","G1","G2","H1","H2","J1","J2","J3","K","N","Other","Total Amount"]
[]
[null,"P&G Claim amounts For LV and MV",{"$nulls":3},"WG 190",{"$nulls":38},{"$f":"#REF!+#REF!+#REF!+#REF!+#REF!+#REF!+#REF!+#REF!+#REF!+#REF!+#REF!+#REF!+#REF!+#REF!+#REF!+#REF!+#REF!+#REF!+#REF!+#REF!+#REF!+#REF!+#REF!+#REF!+#REF!+#REF!+#REF!+#REF!+#REF!+#REF!+#REF!+#REF!+#REF!+#REF!+#REF!+#REF!","v":{"$error":"#REF!"}}]
[]
[]
[{"v":1,"d":"1.00"},"Provisional amounts, pertaining specifically to the Electrical Installation Contract"]
[]
[" ","Provisional Amounts"]
[]
[{"v":1.1,"d":"1.10"},"An amount to receive, store, install and connect complete new Digital Xray viewing panels from Radiology Contractor or supplier ","Sum",1,{"v":125000,"d":"125,000.00"},{"$f":"$D16*E16","v":{"v":125000,"d":"125,000.00"}},{"$nulls":19},{"$f":"SUM(G16:Y16)","v":0},{"$f":"G16*E16","v":0},{"$f":"H16*E16","v":0},{"$f":"I16*E16","v":0},{"$f":"J16*E16","v":0},{"$f":"K16*E16","v":0},{"$f":"L16*E16","v":0},{"$f":"+M16*E16","v":0},{"$f":"N16*E16","v":0},{"$f":"O16*E16","v":0},{"$f":"P16*E16","v":0},{"$f":"Q16*E16","v":0},{"$f":"R16*E16","v":0},{"$f":"S16*E16","v":0},{"$f":"T16*E16","v":0},{"$f":"W16*E16","v":0},{"$f":"X16*E16","v":0},{"$f":"Y16*E16","v":0},{"$f":"SUM(AA16:AQ16)","v":0},{"$f":"+E16*Z16","v":{"v":0,"d":"0.00"}}]
[{"$nulls":32},0]
["1.1.1","Contractor's Profit on the above amount","%"," ",{"v":0.1,"d":"0.10"},{"$f":"F16*E18","v":{"v":12500,"d":"12,500.00"}},{"$nulls":19},{"$f":"SUM(G18:Y18)","v":0},{"$f":"G18*E18","v":0},{"$f":"H18*E18","v":0},{"$f":"I18*E18","v":0},{"$f":"J18*E18","v":0},{"$f":"K18*E18","v":0},{"$f":"L18*E18","v":0},0,{"$f":"N18*E18","v":0},{"$f":"O18*E18","v":0},{"$f":"P18*E18","v":0},{"$f":"Q18*E18","v":0},{"$f":"R18*E18","v":0},{"$f":"S18*E18","v":0},{"$f":"T18*E18","v":0},{"$f":"W18*E18","v":0},{"$f":"X18*E18","v":0},{"$f":"Y18*E18","v":0},{"$f":"SUM(AA18:AQ18)","v":0},{"$f":"+E18*Z18","v":{"v":0,"d":"0.00"}}]
[{"$nulls":32},0]
[{"v":1.3,"d":"1.30"},"Specialist Lighting Contractor to complete the main Entrance and Façade of the Main Hospital","Sum",1,{"v":250000,"d":"250,000.00"},{"$f":"$D20*E20","v":{"v":250000,"d":"250,000.00"}},{"$nulls":19},0,{"$f":"G20*E20","v":0},{"$f":"H20*E20","v":0},{"$f":"I20*E20","v":0},{"$f":"J20*E20","v":0},{"$f":"K20*E20","v":0},{"$f":"L20*E20","v":0},0,{"$f":"N20*E20","v":0},{"$f":"O20*E20","v":0},{"$f":"P20*E20","v":0},{"$f":"Q20*E20","v":0},{"$f":"R20*E20","v":0},{"$f":"S20*E20","v":0},{"$f":"T20*E20","v":0},{"$f":"W20*E20","v":0},{"$f":"X20*E20","v":0},{"$f":"Y20*E20","v":0},0,{"$f":"+E20*Z20","v":{"v":0,"d":"0.00"}}]
[" ",{"$nulls":31},0]
["1.3.1","Contractor's Profit on the above amount","%"," ",{"v":0.1,"d":"0.10"},{"$f":"F20*E22","v":{"v":25000,"d":"25,000.00"}},{"$nulls":19},0,{"$f":"G22*E22","v":0},{"$f":"H22*E22","v":0},{"$f":"I22*E22","v":0},{"$f":"J22*E22","v":0},{"$f":"K22*E22","v":0},{"$f":"L22*E22","v":0},0,{"$f":"N22*E22","v":0},{"$f":"O22*E22","v":0},{"$f":"P22*E22","v":0},{"$f":"Q22*E22","v":0},{"$f":"R22*E22","v":0},{"$f":"S22*E22","v":0},{"$f":"T22*E22","v":0},{"$f":"W22*E22","v":0},{"$f":"X22*E22","v":0},{"$f":"Y22*E22","v":0},0,{"$f":"+E22*Z22","v":{"v":0,"d":"0.00"}}]
[{"$nulls":32},0]
[{"v":1.4,"d":"1.40"},"UPS System complete for the Main Hospital","Sum",1,{"v":3200000,"d":"3,200,000.00"},{"$f":"$D24*E24","v":{"v":3200000,"d":"3,200,000.00"}},{"$nulls":19},0,{"$f":"G24*E24","v":0},{"$f":"H24*E24","v":0},{"$f":"I24*E24","v":0},{"$f":"J24*E24","v":0},{"$f":"K24*E24","v":0},{"$f":"L24*E24","v":0},0,{"$f":"N24*E24","v":0},{"$f":"O24*E24","v":0},{"$f":"P24*E24","v":0},{"$f":"Q24*E24","v":0},{"$f":"R24*E24","v":0},{"$f":"S24*E24","v":0},{"$f":"T24*E24","v":0},{"$f":"W24*E24","v":0},{"$f":"X24*E24","v":0},{"$f":"Y24*E24","v":0},0,{"$f":"+E24*Z24","v":{"v":0,"d":"0.00"}}]
[{"$nulls":32},0]
["1.4.1","Contractor's Profit on the above amount","%"," ",{"v":0.025,"d":"0.03"},{"$f":"F24*E26","v":{"v":80000,"d":"80,000.00"}},{"$nulls":19},0,{"$f":"G26*E26","v":0},{"$f":"H26*E26","v":0},{"$f":"I26*E26","v":0},{"$f":"J26*E26","v":0},{"$f":"K26*E26","v":0},{"$f":"L26*E26","v":0},0,{"$f":"N26*E26","v":0},{"$f":"O26*E26","v":0},{"$f":"P26*E26","v":0},{"$f":"Q26*E26","v":0},{"$f":"R26*E26","v":0},{"$f":"S26*E26","v":0},{"$f":"T26*E26","v":0},{"$f":"W26*E26","v":0},{"$f":"X26*E26","v":0},{"$f":"Y26*E26","v":0},0,{"$f":"+E26*Z26","v":{"v":0,"d":"0.00"}}]
[{"$nulls":32},0]
[{"v":1.5,"d":"1.50"},"Connection Fees for Power Supply ","Sum",1,{"v":9000000,"d":"9,000,000.00"},{"$f":"$D28*E28","v":{"v":9000000,"d":"9,000,000.00"}},{"$nulls":19},0,{"$f":"G28*E28","v":0},{"$f":"H28*E28","v":0},{"$f":"I28*E28","v":0},{"$f":"J28*E28","v":0},{"$f":"K28*E28","v":0},{"$f":"L28*E28","v":0},0,{"$f":"N28*E28","v":0},{"$f":"O28*E28","v":0},{"$f":"P28*E28","v":0},{"$f":"Q28*E28","v":0},{"$f":"R28*E28","v":0},{"$f":"S28*E28","v":0},{"$f":"T28*E28","v":0},{"$f":"W28*E28","v":0},{"$f":"X28*E28","v":0},{"$f":"Y28*E28","v":0},0,{"$f":"+E28*Z28","v":{"v":0,"d":"0.00"}}]
[{"$nulls":32},0]
["1.5.1","Contractor's Profit on the above amount","%"," ",0.01,{"$f":"F28*E30","v":{"v":90000,"d":"90,000.00"}},{"$nulls":19},0,{"$f":"G30*E30","v":0},{"$f":"H30*E30","v":0},{"$f":"I30*E30","v":0},{"$f":"J30*E30","v":0},{"$f":"K30*E30","v":0},{"$f":"L30*E30","v":0},0,{"$f":"N30*E30","v":0},{"$f":"O30*E30","v":0},{"$f":"P30*E30","v":0},{"$f":"Q30*E30","v":0},{"$f":"R30*E30","v":0},{"$f":"S30*E30","v":0},{"$f":"T30*E30","v":0},{"$f":"W30*E30","v":0},{"$f":"X30*E30","v":0},{"$f":"Y30*E30","v":0},0,{"$f":"+E30*Z30","v":{"v":0,"d":"0.00"}}]
[{"$nulls":32},0]
[{"v":1.6,"d":"1.60"},"Dome lighting System complete as per specialist lighting Engineer","Sum",1,{"v":350000,"d":"350,000.00"},{"$f":"$D32*E32","v":{"v":350000,"d":"350,000.00"}},{"$nulls":19},0,{"$f":"G32*E32","v":0},{"$f":"H32*E32","v":0},{"$f":"I32*E32","v":0},{"$f":"J32*E32","v":0},{"$f":"K32*E32","v":0},{"$f":"L32*E32","v":0},0,{"$f":"N32*E32","v":0},{"$f":"O32*E32","v":0},{"$f":"P32*E32","v":0},{"$f":"Q32*E32","v":0},{"$f":"R32*E32","v":0},{"$f":"S32*E32","v":0},{"$f":"T32*E32","v":0},{"$f":"W32*E32","v":0},{"$f":"X32*E32","v":0},{"$f":"Y32*E32","v":0},0,{"$f":"+E32*Z32","v":{"v":0,"d":"0.00"}}]
[{"$nulls":32},0]
["1.6.1","Contractor's Profit on the above amount","%"," ",{"v":0.1,"d":"0.10"},{"$f":"F32*E34","v":{"v":35000,"d":"35,000.00"}},{"$nulls":19},0,{"$f":"G34*E34","v":0},{"$f":"H34*E34","v":0},{"$f":"I34*E34","v":0},{"$f":"J34*E34","v":0},{"$f":"K34*E34","v":0},{"$f":"L34*E34","v":0},0,{"$f":"N34*E34","v":0},{"$f":"O34*E34","v":0},{"$f":"P34*E34","v":0},{"$f":"Q34*E34","v":0},{"$f":"R34*E34","v":0},{"$f":"S34*E34","v":0},{"$f":"T34*E34","v":0},{"$f":"W34*E34","v":0},{"$f":"X34*E34","v":0},{"$f":"Y34*E34","v":0},0,{"$f":"+E34*Z34","v":{"v":0,"d":"0.00"}}]
[{"$nulls":32},0]
[{"v":1.7,"d":"1.70"},"Power Monitoring System complete as per specialist Contractor","Sum",1,{"v":2000000,"d":"2,000,000.00"},{"$f":"$D36*E36","v":{"v":2000000,"d":"2,000,000.00"}},{"$nulls":19},0,{"$f":"G36*E36","v":0},{"$f":"H36*E36","v":0},{"$f":"I36*E36","v":0},{"$f":"J36*E36","v":0},{"$f":"K36*E36","v":0},{"$f":"L36*E36","v":0},0,{"$f":"N36*E36","v":0},{"$f":"O36*E36","v":0},{"$f":"P36*E36","v":0},{"$f":"Q36*E36","v":0},{"$f":"R36*E36","v":0},{"$f":"S36*E36","v":0},{"$f":"T36*E36","v":0},{"$f":"W36*E36","v":0},{"$f":"X36*E36","v":0},{"$f":"Y36*E36","v":0},0,{"$f":"+E36*Z36","v":{"v":0,"d":"0.00"}}]
[{"$nulls":32},0]
["1.7.1","Contractor's Profit on the above amount","%"," ",{"v":0.025,"d":"0.03"},{"$f":"F36*E38","v":{"v":50000,"d":"50,000.00"}},{"$nulls":19},0,{"$f":"G38*E38","v":0},{"$f":"H38*E38","v":0},{"$f":"I38*E38","v":0},{"$f":"J38*E38","v":0},{"$f":"K38*E38","v":0},{"$f":"L38*E38","v":0},0,{"$f":"N38*E38","v":0},{"$f":"O38*E38","v":0},{"$f":"P38*E38","v":0},{"$f":"Q38*E38","v":0},{"$f":"R38*E38","v":0},{"$f":"S38*E38","v":0},{"$f":"T38*E38","v":0},{"$f":"W38*E38","v":0},{"$f":"X38*E38","v":0},{"$f":"Y38*E38","v":0},0,{"$f":"+E38*Z38","v":{"v":0,"d":"0.00"}}]
[{"$nulls":32},0]
[{"v":1.8,"d":"1.80"},"Building Management System complete as per specialist Contractor","Sum",1,{"v":2100000,"d":"2,100,000.00"},{"$f":"$D40*E40","v":{"v":2100000,"d":"2,100,000.00"}},{"$nulls":19},0,{"$f":"G40*E40","v":0},{"$f":"H40*E40","v":0},{"$f":"I40*E40","v":0},{"$f":"J40*E40","v":0},{"$f":"K40*E40","v":0},{"$f":"L40*E40","v":0},0,{"$f":"N40*E40","v":0},{"$f":"O40*E40","v":0},{"$f":"P40*E40","v":0},{"$f":"Q40*E40","v":0},{"$f":"R40*E40","v":0},{"$f":"S40*E40","v":0},{"$f":"T40*E40","v":0},{"$f":"W40*E40","v":0},{"$f":"X40*E40","v":0},{"$f":"Y40*E40","v":0},0,{"$f":"+E40*Z40","v":{"v":0,"d":"0.00"}}]
[{"$nulls":32},0]
["1.8.1","Contractor's Profit on the above amount","%"," ",{"v":0.025,"d":"0.03"},{"$f":"F40*E42","v":{"v":52500,"d":"52,500.00"}},{"$nulls":19},{"$f":"SUM(G42:Y42)","v":0},{"$f":"G42*E42","v":0},{"$f":"H42*E42","v":0},{"$f":"I42*E42","v":0},{"$f":"J42*E42","v":0},{"$f":"K42*E42","v":0},{"$f":"L42*E42","v":0},0,{"$f":"N42*E42","v":0},{"$f":"O42*E42","v":0},{"$f":"P42*E42","v":0},{"$f":"Q42*E42","v":0},{"$f":"R42*E42","v":0},{"$f":"S42*E42","v":0},{"$f":"T42*E42","v":0},{"$f":"W42*E42","v":0},{"$f":"X42*E42","v":0},{"$f":"Y42*E42","v":0},0,{"$f":"+E42*Z42","v":{"v":0,"d":"0.00"}}]
[]
[]
[]
[null,"Amount Carried Forward",{"$nulls":3},{"$f":"SUM(F16:F45)","v":{"v":17370000,"d":"17,370,000.00"}},{"$nulls":38},{"$f":"SUM(AS16:AS45)","v":{"v":0,"d":"0.00"}}]
[]
["MAIN HOSPITAL ELECTRICAL INSTALLATION"]
["CECILIA MAKIWANE HOSPITAL : PHASE 4C"]
[]
["BILL NO. 2 : DISTRIBUTION BOARDS"]
["ITEM","DESCRIPTION","UNIT","QTY","RATE","TENDER AMOUNT","A","B","D","E1","E2","F1","F2","G1","G2","H1","H2","J1","J2","J3","Substation","G/House",null,"N","Other","Total Qty","A","B","D","E1","E2","F1","F2","G1","G2","H1","H2","J1","J2","J3","K","N","Other","Total Amount","Total Claimed"]
[null,"AMOUNT CARRIED FORWARD FROM PREVIOUS BILL",{"$nulls":3},{"$f":"F46","v":{"v":17370000,"d":"17,370,000.00"}},{"$nulls":38},{"$f":"+AS46","v":{"v":0,"d":"0.00"}}]
[]
[{"v":1.1,"d":"1.10"},"Technical Training","Sum",1,{"v":250000,"d":"250,000.00"},{"$f":"$D55*E55","v":{"v":250000,"d":"250,000.00"}},{"$nulls":19},{"$f":"SUM(G55:Y55)","v":0},{"$f":"G55*E55","v":0},{"$f":"H55*E55","v":{"v":0,"d":"0.00"}},{"$f":"I55*E55","v":{"v":0,"d":"0.00"}},{"$f":"J55*E55","v":{"v":0,"d":"0.00"}},{"$f":"K55*E55","v":{"v":0,"d":"0.00"}},{"$f":"L55*E55","v":{"v":0,"d":"0.00"}},{"$f":"+M55*E55","v":{"v":0,"d":"0.00"}},{"$f":"N55*E55","v":{"v":0,"d":"0.00"}},{"$f":"O55*E55","v":{"v":0,"d":"0.00"}},{"$f":"P55*E55","v":{"v":0,"d":"0.00"}},{"$f":"Q55*E55","v":{"v":0,"d":"0.00"}},{"$f":"R55*E55","v":{"v":0,"d":"0.00"}},{"$f":"S55*E55","v":{"v":0,"d":"0.00"}},{"$f":"T55*E55","v":{"v":0,"d":"0.00"}},{"$f":"W55*E55","v":{"v":0,"d":"0.00"}},{"$f":"X55*E55","v":{"v":0,"d":"0.00"}},{"$f":"Y55*E55","v":{"v":0,"d":"0.00"}},{"$f":"SUM(AA55:AQ55)","v":{"v":0,"d":"0.00"}},{"$f":"+E55*Z55","v":{"v":0,"d":"0.00"}}]
[{"$nulls":3}," ",{"$nulls":28},{"v":0,"d":"0.00"},{"$nulls":11}," "]
["1.10.1","Contractor's Profit on the above amount","%"," ",{"v":0.1,"d":"0.10"},{"$f":"F55*E57","v":{"v":25000,"d":"25,000.00"}},{"$nulls":19},{"$f":"SUM(G57:Y57)","v":0},{"$f":"G57*E57","v":0},{"$f":"H57*E57","v":{"v":0,"d":"0.00"}},{"$f":"I57*E57","v":{"v":0,"d":"0.00"}},{"$f":"J57*E57","v":{"v":0,"d":"0.00"}},{"$f":"K57*E57","v":{"v":0,"d":"0.00"}},{"$f":"L57*E7","v":{"v":0,"d":"0.00"}},{"v":0,"d":"0.00"},{"$f":"N57*E57","v":{"v":0,"d":"0.00"}},{"$f":"O57*E57","v":{"v":0,"d":"0.00"}},{"$f":"P57*E57","v":{"v":0,"d":"0.00"}},{"$f":"Q57*E57","v":{"v":0,"d":"0.00"}},{"$f":"R57*E57","v":{"v":0,"d":"0.00"}},{"$f":"S57*E57","v":{"v":0,"d":"0.00"}},{"$f":"T57*E57","v":{"v":0,"d":"0.00"}},{"$f":"W57*E57","v":{"v":0,"d":"0.00"}},{"$f":"X57*E57","v":{"v":0,"d":"0.00"}},{"$f":"Y57*F57","v":{"v":0,"d":"0.00"}},{"$f":"SUM(AA57:AQ57)","v":{"v":0,"d":"0.00"}},{"$f":"+AS55*E57","v":{"v":0,"d":"0.00"}}]
[{"$nulls":3}," ",{"$nulls":28},{"v":0,"d":"0.00"},{"$nulls":11}," "]
[1.11,"Life Skills Training","Sum",1,{"v":50000,"d":"50,000.00"},{"$f":"$D59*E59","v":{"v":50000,"d":"50,000.00"}},{"$nulls":19},0,{"$f":"G59*E59","v":0},{"$f":"H59*E59","v":{"v":0,"d":"0.00"}},{"$f":"I59*E59","v":{"v":0,"d":"0.00"}},{"$f":"J59*E59","v":{"v":0,"d":"0.00"}},{"$f":"K59*E59","v":{"v":0,"d":"0.00"}},{"$f":"L59*E9","v":{"v":0,"d":"0.00"}},{"v":0,"d":"0.00"},{"$f":"N59*E59","v":{"v":0,"d":"0.00"}},{"$f":"O59*E59","v":{"v":0,"d":"0.00"}},{"$f":"P59*E59","v":{"v":0,"d":"0.00"}},{"$f":"Q59*E59","v":{"v":0,"d":"0.00"}},{"$f":"R59*E59","v":{"v":0,"d":"0.00"}},{"$f":"S59*E59","v":{"v":0,"d":"0.00"}},{"$f":"T59*E59","v":{"v":0,"d":"0.00"}},{"$f":"W59*E59","v":{"v":0,"d":"0.00"}},{"$f":"X59*E59","v":{"v":0,"d":"0.00"}},{"$f":"Y59*E59","v":{"v":0,"d":"0.00"}},{"v":0,"d":"0.00"},{"$f":"+E59*Z59","v":{"v":0,"d":"0.00"}}]
[{"$nulls":3}," ",{"$nulls":28},{"v":0,"d":"0.00"},{"$nulls":11}," "]
["1.11.1","Contractor's Profit on the above amount","%"," ",{"v":0.1,"d":"0.10"},{"$f":"F59*E61","v":{"v":5000,"d":"5,000.00"}},{"$nulls":19},0,{"$f":"G61*E61","v":0},{"$f":"H61*E61","v":{"v":0,"d":"0.00"}},{"$f":"I61*E61","v":{"v":0,"d":"0.00"}},{"$f":"J61*E61","v":{"v":0,"d":"0.00"}},{"$f":"K61*E61","v":{"v":0,"d":"0.00"}},{"$f":"L61*E11","v":{"v":0,"d":"0.00"}},{"v":0,"d":"0.00"},{"$f":"N61*E61","v":{"v":0,"d":"0.00"}},{"$f":"O61*E61","v":{"v":0,"d":"0.00"}},{"$f":"P61*E61","v":{"v":0,"d":"0.00"}},{"$f":"Q61*E61","v":{"v":0,"d":"0.00"}},{"$f":"R61*E61","v":{"v":0,"d":"0.00"}},{"$f":"S61*E61","v":{"v":0,"d":"0.00"}},{"$f":"T61*E61","v":{"v":0,"d":"0.00"}},{"$f":"W61*E61","v":{"v":0,"d":"0.00"}},{"$f":"X61*E61","v":{"v":0,"d":"0.00"}},{"$f":"Y61*E61","v":{"v":0,"d":"0.00"}},{"v":0,"d":"0.00"},{"$f":"+F61*Z61","v":{"v":0,"d":"0.00"}}]
[{"$nulls":32},{"v":0,"d":"0.00"},{"$nulls":11}," "]
["1.12.","Learners Stipend","Sum",1,{"v":75000,"d":"75,000.00"},{"$f":"$D63*E63","v":{"v":75000,"d":"75,000.00"}},{"$nulls":18},{"v":0.5711111111,"d":"0.57"},{"v":0.5711111111,"d":"1"},{"$f":"G63*E63","v":0},{"$f":"H63*E63","v":{"v":0,"d":"0.00"}},{"$f":"I63*E63","v":{"v":0,"d":"0.00"}},{"$f":"J63*E63","v":{"v":0,"d":"0.00"}},{"$f":"K63*E63","v":{"v":0,"d":"0.00"}},{"$f":"L63*E13","v":{"v":0,"d":"0.00"}},{"v":0,"d":"0.00"},{"$f":"N63*E63","v":{"v":0,"d":"0.00"}},{"$f":"O63*E63","v":{"v":0,"d":"0.00"}},{"$f":"P63*E63","v":{"v":0,"d":"0.00"}},{"$f":"Q63*E63","v":{"v":0,"d":"0.00"}},{"$f":"R63*E63","v":{"v":0,"d":"0.00"}},{"$f":"S63*E63","v":{"v":0,"d":"0.00"}},{"$f":"T63*E63","v":{"v":0,"d":"0.00"}},{"$f":"W63*E63","v":{"v":0,"d":"0.00"}},{"$f":"X63*E63","v":{"v":0,"d":"0.00"}},{"$f":"Y63*E63","v":{"v":42833.3333325,"d":"42,833.33"}},{"v":42833.3333325,"d":"42,833.33"},{"$f":"+E63*Z63","v":{"v":42833.3333325,"d":"42,833.33"}}]
[{"$nulls":3}," ",{"$nulls":28},{"v":0,"d":"0.00"},{"$nulls":11}," "]
["1.12.1","Contractor's Profit on the above amount","%"," ",{"v":0.1,"d":"0.10"},{"$f":"F63*E65","v":{"v":7500,"d":"7,500.00"}},{"$nulls":19},0,{"$f":"G65*E65","v":0},{"$f":"H65*E65","v":{"v":0,"d":"0.00"}},{"$f":"I65*E65","v":{"v":0,"d":"0.00"}},{"$f":"J65*E65","v":{"v":0,"d":"0.00"}},{"$f":"K65*E65","v":{"v":0,"d":"0.00"}},{"$f":"L65*E15","v":{"v":0,"d":"0.00"}},{"v":0,"d":"0.00"},{"$f":"N65*E65","v":{"v":0,"d":"0.00"}},{"$f":"O65*E65","v":{"v":0,"d":"0.00"}},{"$f":"P65*E65","v":{"v":0,"d":"0.00"}},{"$f":"Q65*E65","v":{"v":0,"d":"0.00"}},{"$f":"R65*E65","v":{"v":0,"d":"0.00"}},{"$f":"S65*E65","v":{"v":0,"d":"0.00"}},{"$f":"T65*E65","v":{"v":0,"d":"0.00"}},{"$f":"W65*E65","v":{"v":0,"d":"0.00"}},{"$f":"X65*E65","v":{"v":0,"d":"0.00"}},{"$f":"Y65*E65","v":{"v":0,"d":"0.00"}},{"v":0,"d":"0.00"},{"$f":"+AS63*E65","v":{"v":4283.33333325,"d":"4,283.33"}}]
[{"$nulls":32},{"v":0,"d":"0.00"},{"$nulls":11}," "]
[1.13,"SMME MANAGER",{"$nulls":30},{"v":0,"d":"0.00"},{"$nulls":11}," "]
[{"$nulls":32},{"v":0,"d":"0.00"}]
["1.13.1","SMME Manager for all SMME Contracts as per Specification for the duration of the Project","Sum",1,{"v":320000,"d":"320,000.00"},{"$f":"$D69*E69","v":{"v":320000,"d":"320,000.00"}},{"$nulls":18},{"v":0.24111111111,"d":"0.24"},{"$f":"SUM(G69:Y69)","v":{"v":0.24111111111,"d":"0"}},{"$f":"G69*E69","v":0},{"$f":"H69*E69","v":{"v":0,"d":"0.00"}},{"$f":"I69*E69","v":{"v":0,"d":"0.00"}},{"$f":"J69*E69","v":{"v":0,"d":"0.00"}},{"$f":"K69*E69","v":{"v":0,"d":"0.00"}},{"$f":"L69*E19","v":{"v":0,"d":"0.00"}},{"v":0,"d":"0.00"},{"$f":"N69*E69","v":{"v":0,"d":"0.00"}},{"$f":"O69*E69","v":{"v":0,"d":"0.00"}},{"$f":"P69*E69","v":{"v":0,"d":"0.00"}},{"$f":"Q69*E69","v":{"v":0,"d":"0.00"}},{"$f":"R69*E69","v":{"v":0,"d":"0.00"}},{"$f":"S69*E69","v":{"v":0,"d":"0.00"}},{"$f":"T69*E69","v":{"v":0,"d":"0.00"}},{"$f":"W69*E69","v":{"v":0,"d":"0.00"}},{"$f":"X69*E69","v":{"v":0,"d":"0.00"}},{"$f":"Y69*E69","v":{"v":77155.5555552,"d":"77,155.56"}},{"v":77155.5555552,"d":"77,155.56"},{"$f":"+E69*Z69","v":{"v":77155.5555552,"d":"77,155.56"}}]
[]
[{"$nulls":3}," "]
[null,"Amount Carried Forward to Summary Page",{"$nulls":3},{"$f":"SUM(F53:F71)","v":{"v":18102500,"d":"18,102,500.00"}},{"$nulls":38},{"$f":"SUM(AS53:AS71)","v":{"v":124272.22222095,"d":"124,272.22"}}]
[]
["MAIN HOSPITAL ELECTRICAL INSTALLATION"]
["CECILIA MAKIWANE HOSPITAL : PHASE 4C"]
[]
["BILL NO. 2 : DISTRIBUTION BOARDS"]
[]
["ITEM","DESCRIPTION","UNIT","QTY","RATE","TENDER AMOUNT","A-LV05","B-LV04","D-LV03","E1-LV03","E2","F1","F2","G1","G2","H1","H2","J1","J2","J3","Substation","G/House",null,"N","Other","Total Qty","A","B","D","E1","E2","F1","F2","G1","G2","H1","H2","J1","J2","J3","K","N","Other","Total Amount","Total Claimed"]
[]
[]
["2.0.","Distrubution Board"]
[null,"Flush mounted Distribution Boards fitted into frames and Trays with Doors to Specification"]
[]
[{"v":2.1,"d":"2.10"},"Peadiatric Ward"]
[null,"       Supply","each",1,{"v":39286.8,"d":"39,286.80"},{"$f":"E86*D86","v":{"v":39286.8,"d":"39,286.80"}},{"$nulls":19},{"$f":"SUM(G86:Y86)","v":0},{"$f":"G86*E86","v":0},{"$f":"H86*E86","v":0},{"$f":"I86*E86","v":0},{"$f":"J86*E86","v":0},{"$f":"K86*E86","v":0},{"$f":"L86*E86","v":0},{"$f":"+M86*E86","v":0},{"$f":"N86*E86","v":0},{"$f":"O86*E86","v":0},{"$f":"P86*E86","v":0},{"$f":"Q86*E86","v":0},{"$f":"R86*E86","v":0},{"$f":"S86*E86","v":0},{"$f":"T86*E86","v":0},{"$f":"W86*E86","v":0},{"$f":"X86*E86","v":0},{"$f":"Y86*E86","v":0},{"$f":"SUM(AA86:AQ86)","v":0},{"$f":"+E86*Z86","v":{"v":0,"d":"0.00"}}]
[null,"       Install","each",1,{"v":3929,"d":"3,929.00"},{"$f":"E87*D87","v":{"v":3929,"d":"3,929.00"}},{"$nulls":19},{"$f":"SUM(G87:Y87)","v":0},{"$f":"G87*E87","v":0},{"$f":"H87*E87","v":0},{"$f":"I87*E87","v":0},{"$f":"J87*E87","v":0},{"$f":"K87*E87","v":0},{"$f":"L87*E87","v":0},0,{"$f":"N87*E87","v":0},{"$f":"O87*E87","v":0},{"$f":"P87*E87","v":0},{"$f":"Q87*E87","v":0},{"$f":"R87*E87","v":0},{"$f":"S87*E87","v":0},{"$f":"T87*E87","v":0},{"$f":"W87*E87","v":0},{"$f":"X87*E87","v":0},{"$f":"Y87*E87","v":0},{"$f":"SUM(AA87:AQ87)","v":0},{"$f":"+E87*Z87","v":{"v":0,"d":"0.00"}}]
[{"$nulls":32},0,{"$nulls":11}," "]
[{"v":2.2,"d":"2.20"},"Babies and Toddlers Ward",{"$nulls":30},0,{"$nulls":11}," "]
[null,"       Supply","each",1,{"v":39438.99,"d":"39,438.99"},{"v":39438.99,"d":"39,438.99"},{"$nulls":19},0,{"$f":"G90*E90","v":0},{"$f":"H90*E90","v":0},{"$f":"I90*E90","v":0},{"$f":"J90*E90","v":0},{"$f":"K90*E90","v":0},{"$f":"L90*E90","v":0},0,{"$f":"N90*E90","v":0},{"$f":"O90*E90","v":0},{"$f":"P90*E90","v":0},{"$f":"Q90*E90","v":0},{"$f":"R90*E90","v":0},{"$f":"S90*E90","v":0},{"$f":"T90*E90","v":0},{"$f":"W90*E90","v":0},{"$f":"X90*E90","v":0},{"$f":"Y90*E90","v":0},0,{"$f":"+E90*Z90","v":{"v":0,"d":"0.00"}}]
[null,"       Install","each",1,{"v":3944,"d":"3,944.00"},{"v":3944,"d":"3,944.00"},{"$nulls":19},0,{"$f":"G91*E91","v":0},{"$f":"H91*E91","v":0},{"$f":"I91*E91","v":0},{"$f":"J91*E91","v":0},{"$f":"K91*E91","v":0},{"$f":"L91*E91","v":0},0,{"$f":"N91*E91","v":0},{"$f":"O91*E91","v":0},{"$f":"P91*E91","v":0},{"$f":"Q91*E91","v":0},{"$f":"R91*E91","v":0},{"$f":"S91*E91","v":0},{"$f":"T91*E91","v":0},{"$f":"W91*E91","v":0},{"$f":"X91*E91","v":0},{"$f":"Y91*E91","v":0},0,{"$f":"+E91*Z91","v":{"v":0,"d":"0.00"}}]
[{"$nulls":32},0,{"$nulls":11}," "]
[{"v":2.3,"d":"2.30"},"Male Medical Ward - Block D",{"$nulls":30},0,{"$nulls":11}," "]
[null,"       Supply","each",1,{"v":34635.14,"d":"34,635.14"},{"v":34635.14,"d":"34,635.14"},{"$nulls":19},0,{"$f":"G94*E94","v":0},{"$f":"H94*E94","v":0},{"$f":"I94*E94","v":0},{"$f":"J94*E94","v":0},{"$f":"K94*E94","v":0},{"$f":"L94*E94","v":0},0,{"$f":"N94*E94","v":0},{"$f":"O94*E94","v":0},{"$f":"P94*E94","v":0},{"$f":"Q94*E94","v":0},{"$f":"R94*E94","v":0},{"$f":"S94*E94","v":0},{"$f":"T94*E94","v":0},{"$f":"W94*E94","v":0},{"$f":"X94*E94","v":0},{"$f":"Y94*E94","v":0},0,{"$f":"+E94*Z94","v":{"v":0,"d":"0.00"}}]
[null,"       Install","each",1,{"v":3464,"d":"3,464.00"},{"v":3464,"d":"3,464.00"},{"$nulls":19},0,{"$f":"G95*E95","v":0},{"$f":"H95*E95","v":0},{"$f":"I95*E95","v":0},{"$f":"J95*E95","v":0},{"$f":"K95*E95","v":0},{"$f":"L95*E95","v":0},0,{"$f":"N95*E95","v":0},{"$f":"O95*E95","v":0},{"$f":"P95*E95","v":0},{"$f":"Q95*E95","v":0},{"$f":"R95*E95","v":0},{"$f":"S95*E95","v":0},{"$f":"T95*E95","v":0},{"$f":"W95*E95","v":0},{"$f":"X95*E95","v":0},{"$f":"Y95*E95","v":0},0,{"$f":"+E95*Z95","v":{"v":0,"d":"0.00"}}]
[{"$nulls":32},0,{"$nulls":11}," "]
[{"v":2.4,"d":"2.40"},"Acute Psyciatric Unit Ward",{"$nulls":30},0,{"$nulls":11}," "]
[null,"       Supply","each",1,{"v":19184.41,"d":"19,184.41"},{"v":19184.41,"d":"19,184.41"},{"$nulls":19},0,{"$f":"G98*E98","v":0},{"$f":"H98*E98","v":0},{"$f":"I98*E98","v":0},{"$f":"J98*E98","v":0},{"$f":"K98*E98","v":0},{"$f":"L98*E98","v":0},0,{"$f":"N98*E98","v":0},{"$f":"O98*E98","v":0},{"$f":"P98*E98","v":0},{"$f":"Q98*E98","v":0},{"$f":"R98*E98","v":0},{"$f":"S98*E98","v":0},{"$f":"T98*E98","v":0},{"$f":"W98*E98","v":0},{"$f":"X98*E98","v":0},{"$f":"Y98*E98","v":0},0,{"$f":"+E98*Z98","v":{"v":0,"d":"0.00"}}]
[null,"       Install","each",1,{"v":1919,"d":"1,919.00"},{"v":1919,"d":"1,919.00"},{"$nulls":19},0,{"$f":"G99*E99","v":0},{"$f":"H99*E99","v":0},{"$f":"I99*E99","v":0},{"$f":"J99*E99","v":0},{"$f":"K99*E99","v":0},{"$f":"L99*E99","v":0},0,{"$f":"N99*E99","v":0},{"$f":"O99*E99","v":0},{"$f":"P99*E99","v":0},{"$f":"Q99*E99","v":0},{"$f":"R99*E99","v":0},{"$f":"S99*E99","v":0},{"$f":"T99*E99","v":0},{"$f":"W99*E99","v":0},{"$f":"X99*E99","v":0},{"$f":"Y99*E99","v":0},0,{"$f":"+E99*Z99","v":{"v":0,"d":"0.00"}}]
[{"$nulls":32},0,{"$nulls":11}," "]
[{"v":2.5,"d":"2.50"},"Female Medical No1 Ward",{"$nulls":30},0,{"$nulls":11}," "]
[null,"       Supply","each",1,{"v":40020.42,"d":"40,020.42"},{"v":40020.42,"d":"40,020.42"},{"$nulls":19},0,{"$f":"G102*E102","v":0},{"$f":"H102*E102","v":0},{"$f":"I102*E102","v":0},{"$f":"J102*E102","v":0},{"$f":"K102*E102","v":0},{"$f":"L102*E102","v":0},0,{"$f":"N102*E102","v":0},{"$f":"O102*E102","v":0},{"$f":"P102*E102","v":0},{"$f":"Q102*E102","v":0},{"$f":"R102*E102","v":0},{"$f":"S102*E102","v":0},{"$f":"T102*E102","v":0},{"$f":"W102*E102","v":0},{"$f":"X102*E102","v":0},{"$f":"Y102*E102","v":0},0,{"$f":"+E102*Z102","v":{"v":0,"d":"0.00"}}]
[null,"       Install","each",1,{"v":4003,"d":"4,003.00"},{"v":4003,"d":"4,003.00"},{"$nulls":19},0,{"$f":"G103*E103","v":0},{"$f":"H103*E103","v":0},{"$f":"I103*E103","v":0},{"$f":"J103*E103","v":0},{"$f":"K103*E103","v":0},{"$f":"L103*E103","v":0},0,{"$f":"N103*E103","v":0},{"$f":"O103*E103","v":0},{"$f":"P103*E103","v":0},{"$f":"Q103*E103","v":0},{"$f":"R103*E103","v":0},{"$f":"S103*E103","v":0},{"$f":"T103*E103","v":0},{"$f":"W103*E103","v":0},{"$f":"X103*E103","v":0},{"$f":"Y103*E103","v":0},0,{"$f":"+E103*Z103","v":{"v":0,"d":"0.00"}}]
[{"$nulls":32},0,{"$nulls":11}," "]
[{"v":2.6,"d":"2.60"},"Female Medical No2 Ward",{"$nulls":30},0,{"$nulls":11}," "]
[null,"       Supply","each",1,{"v":40020.42,"d":"40,020.42"},{"v":40020.42,"d":"40,020.42"},{"$nulls":19},0,{"$f":"G106*E106","v":0},{"$f":"H106*E106","v":0},{"$f":"I106*E106","v":0},{"$f":"J106*E106","v":0},{"$f":"K106*E106","v":0},{"$f":"L106*E106","v":0},0,{"$f":"N106*E106","v":0},{"$f":"O106*E106","v":0},{"$f":"P106*E106","v":0},{"$f":"Q106*E106","v":0},{"$f":"R106*E106","v":0},{"$f":"S106*E106","v":0},{"$f":"T106*E106","v":0},{"$f":"W106*E106","v":0},{"$f":"X106*E106","v":0},{"$f":"Y106*E106","v":0},0,{"$f":"+E106*Z106","v":{"v":0,"d":"0.00"}}]
[null,"       Install","each",1,{"v":4003,"d":"4,003.00"},{"v":4003,"d":"4,003.00"},{"$nulls":19},0,{"$f":"G107*E107","v":0},{"$f":"H107*E107","v":0},{"$f":"I107*E107","v":0},{"$f":"J107*E107","v":0},{"$f":"K107*E107","v":0},{"$f":"L107*E107","v":0},0,{"$f":"N107*E107","v":0},{"$f":"O107*E107","v":0},{"$f":"P107*E107","v":0},{"$f":"Q107*E107","v":0},{"$f":"R107*E107","v":0},{"$f":"S107*E107","v":0},{"$f":"T107*E107","v":0},{"$f":"W107*E107","v":0},{"$f":"X107*E107","v":0},{"$f":"Y107*E107","v":0},0,{"$f":"+E107*Z107","v":{"v":0,"d":"0.00"}}]
[{"$nulls":32},0,{"$nulls":11}," "]
[{"v":2.7,"d":"2.70"},"Rehab / Stepdown Ward",{"$nulls":30},0,{"$nulls":11}," "]
[null,"       Supply","each",1,{"v":39305.55,"d":"39,305.55"},{"v":39305.55,"d":"39,305.55"},{"$nulls":19},0,{"$f":"G110*E110","v":0},{"$f":"H110*E110","v":0},{"$f":"I110*E110","v":0},{"$f":"J110*E110","v":0},{"$f":"K110*E110","v":0},{"$f":"L110*E110","v":0},0,{"$f":"N110*E110","v":0},{"$f":"O110*E110","v":0},{"$f":"P110*E110","v":0},{"$f":"Q110*E110","v":0},{"$f":"R110*E110","v":0},{"$f":"S110*E110","v":0},{"$f":"T110*E110","v":0},{"$f":"W110*E110","v":0},{"$f":"X110*E110","v":0},{"$f":"Y110*E110","v":0},0,{"$f":"+E110*Z110","v":{"v":0,"d":"0.00"}}]
[null,"       Install","each",1,{"v":3931,"d":"3,931.00"},{"v":3931,"d":"3,931.00"},{"$nulls":19},0,{"$f":"G111*E111","v":0},{"$f":"H111*E111","v":0},{"$f":"I111*E111","v":0},{"$f":"J111*E111","v":0},{"$f":"K111*E111","v":0},{"$f":"L111*E111","v":0},0,{"$f":"N111*E111","v":0},{"$f":"O111*E111","v":0},{"$f":"P111*E111","v":0},{"$f":"Q111*E111","v":0},{"$f":"R111*E111","v":0},{"$f":"S111*E111","v":0},{"$f":"T111*E111","v":0},{"$f":"W111*E111","v":0},{"$f":"X111*E111","v":0},{"$f":"Y111*E111","v":0},0,{"$f":"+E111*Z111","v":{"v":0,"d":"0.00"}}]
[{"$nulls":32},0,{"$nulls":11}," "]
[{"v":2.8,"d":"2.80"},"Female Surgical Ward No1",{"$nulls":30},0,{"$nulls":11}," "]
[null,"       Supply","each",1,{"v":25541.19,"d":"25,541.19"},{"v":25541.19,"d":"25,541.19"},{"$nulls":19},0,{"$f":"G114*E114","v":0},{"$f":"H114*E114","v":0},{"$f":"I114*E114","v":0},{"$f":"J114*E114","v":0},{"$f":"K114*E114","v":0},{"$f":"L114*E114","v":0},0,{"$f":"N114*E114","v":0},{"$f":"O114*E114","v":0},{"$f":"P114*E114","v":0},{"$f":"Q114*E114","v":0},{"$f":"R114*E114","v":0},{"$f":"S114*E114","v":0},{"$f":"T114*E114","v":0},{"$f":"W114*E114","v":0},{"$f":"X114*E114","v":0},{"$f":"Y114*E114","v":0},0,{"$f":"+E114*Z114","v":{"v":0,"d":"0.00"}}]
[null,"       Install","each",1,{"v":2555,"d":"2,555.00"},{"v":2555,"d":"2,555.00"},{"$nulls":19},0,{"$f":"G115*E115","v":0},{"$f":"H115*E115","v":0},{"$f":"I115*E115","v":0},{"$f":"J115*E115","v":0},{"$f":"K115*E115","v":0},{"$f":"L115*E115","v":0},0,{"$f":"N115*E115","v":0},{"$f":"O115*E115","v":0},{"$f":"P115*E115","v":0},{"$f":"Q115*E115","v":0},{"$f":"R115*E115","v":0},{"$f":"S115*E115","v":0},{"$f":"T115*E115","v":0},{"$f":"W115*E115","v":0},{"$f":"X115*E115","v":0},{"$f":"Y115*E115","v":0},0,{"$f":"+E115*Z115","v":{"v":0,"d":"0.00"}}]
[{"$nulls":32},0,{"$nulls":11}," "]
[{"v":2.9,"d":"2.90"},"Female Surgical Ward No 2",{"$nulls":30},0,{"$nulls":11}," "]
[null,"       Supply","each",1,{"v":26841.97,"d":"26,841.97"},{"v":26841.97,"d":"26,841.97"},{"$nulls":19},0,{"$f":"G118*E118","v":0},{"$f":"H118*E118","v":0},{"$f":"I118*E118","v":0},{"$f":"J118*E118","v":0},{"$f":"K118*E118","v":0},{"$f":"L118*E118","v":0},{"$f":"+M118*E118","v":0},{"$f":"N118*E118","v":0},{"$f":"O118*E118","v":0},{"$f":"P118*E118","v":0},{"$f":"Q118*E118","v":0},{"$f":"R118*E118","v":0},{"$f":"S118*E118","v":0},{"$f":"T118*E118","v":0},{"$f":"W118*E118","v":0},{"$f":"X118*E118","v":0},{"$f":"Y118*E118","v":0},0,{"$f":"+E118*Z118","v":{"v":0,"d":"0.00"}}]
[null,"       Install","each",1,{"v":2685,"d":"2,685.00"},{"v":2685,"d":"2,685.00"},{"$nulls":19},0,{"$f":"G119*E119","v":0},{"$f":"H119*E119","v":0},{"$f":"I119*E119","v":0},{"$f":"J119*E119","v":0},{"$f":"K119*E119","v":0},{"$f":"L119*E119","v":0},0,{"$f":"N119*E119","v":0},{"$f":"O119*E119","v":0},{"$f":"P119*E119","v":0},{"$f":"Q119*E119","v":0},{"$f":"R119*E119","v":0},{"$f":"S119*E119","v":0},{"$f":"T119*E119","v":0},{"$f":"W119*E119","v":0},{"$f":"X119*E119","v":0},{"$f":"Y119*E119","v":0},0,{"$f":"+E119*Z119","v":{"v":0,"d":"0.00"}}]
[{"$nulls":32},0,{"$nulls":11}," "]
[{"v":2.1,"d":"2.10"},"Male Surgical Ward No 1",{"$nulls":30},0,{"$nulls":11}," "]
[null,"       Supply","each",1,{"v":25838.15,"d":"25,838.15"},{"v":25838.15,"d":"25,838.15"},{"$nulls":19},0,{"$f":"G122*E122","v":0},{"$f":"H122*E122","v":0},{"$f":"I122*E122","v":0},{"$f":"J122*E122","v":0},{"$f":"K122*E122","v":0},{"$f":"L122*E122","v":0},0,{"$f":"N122*E122","v":0},{"$f":"O122*E122","v":0},{"$f":"P122*E122","v":0},{"$f":"Q122*E122","v":0},{"$f":"R122*E122","v":0},{"$f":"S122*E122","v":0},{"$f":"T122*E122","v":0},{"$f":"W122*E122","v":0},{"$f":"X122*E122","v":0},{"$f":"Y122*E122","v":0},0,{"$f":"+E122*Z122","v":{"v":0,"d":"0.00"}}]
[null,"       Install","each",1,{"v":2584,"d":"2,584.00"},{"v":2584,"d":"2,584.00"},{"$nulls":19},0,{"$f":"G123*E123","v":0},{"$f":"H123*E123","v":0},{"$f":"I123*E123","v":0},{"$f":"J123*E123","v":0},{"$f":"K123*E123","v":0},{"$f":"L123*E123","v":0},0,{"$f":"N123*E123","v":0},{"$f":"O123*E123","v":0},{"$f":"P123*E123","v":0},{"$f":"Q123*E123","v":0},{"$f":"R123*E123","v":0},{"$f":"S123*E123","v":0},{"$f":"T123*E123","v":0},{"$f":"W123*E123","v":0},{"$f":"X123*E123","v":0},{"$f":"Y123*E123","v":0},0,{"$f":"+E123*Z123","v":{"v":0,"d":"0.00"}}]
[{"$nulls":32},0,{"$nulls":11}," "]
[2.11,"Male Surgical Ward No 2",{"$nulls":30},0,{"$nulls":11}," "]
[null,"       Supply","each",1,{"v":26662.65,"d":"26,662.65"},{"$f":"E126*D126","v":{"v":26662.65,"d":"26,662.65"}},{"$nulls":19},0,{"$f":"G126*E126","v":0},{"$f":"H126*E126","v":0},{"$f":"I126*E126","v":0},{"$f":"J126*E126","v":0},{"$f":"K126*E126","v":0},{"$f":"L126*E126","v":0},0,{"$f":"N126*E126","v":0},{"$f":"O126*E126","v":0},{"$f":"P126*E126","v":0},{"$f":"Q126*E126","v":0},{"$f":"R126*E126","v":0},{"$f":"S126*E126","v":0},{"$f":"T126*E126","v":0},{"$f":"W126*E126","v":0},{"$f":"X126*E126","v":0},{"$f":"Y126*E126","v":0},0,{"$f":"+E126*Z126","v":{"v":0,"d":"0.00"}}]
[null,"       Install","each",1,{"v":2667,"d":"2,667.00"},{"v":2667,"d":"2,667.00"},{"$nulls":19},0,{"$f":"G127*E127","v":0},{"$f":"H127*E127","v":0},{"$f":"I127*E127","v":0},{"$f":"J127*E127","v":0},{"$f":"K127*E127","v":0},{"$f":"L127*E127","v":0},0,{"$f":"N127*E127","v":0},{"$f":"O127*E127","v":0},{"$f":"P127*E127","v":0},{"$f":"Q127*E127","v":0},{"$f":"R127*E127","v":0},{"$f":"S127*E127","v":0},{"$f":"T127*E127","v":0},{"$f":"W127*E127","v":0},{"$f":"X127*E127","v":0},{"$f":"Y127*E127","v":0},0,{"$f":"+E127*Z127","v":{"v":0,"d":"0.00"}}]
[{"$nulls":32},0,{"$nulls":11}," "]
[2.12,"Female Medical Ward",{"$nulls":30},0,{"$nulls":11}," "]
[null,"       Supply","each",1,{"v":27180.07,"d":"27,180.07"},{"v":27180.07,"d":"27,180.07"},{"$nulls":19},0,{"$f":"G130*E130","v":0},{"$f":"H130*E130","v":0},{"$f":"I130*E130","v":0},{"$f":"J130*E130","v":0},{"$f":"K130*E130","v":0},{"$f":"L130*E130","v":0},0,{"$f":"N130*E130","v":0},{"$f":"O130*E130","v":0},{"$f":"P130*E130","v":0},{"$f":"Q130*E130","v":0},{"$f":"R130*E130","v":0},{"$f":"S130*E130","v":0},{"$f":"T130*E130","v":0},{"$f":"W130*E130","v":0},{"$f":"X130*E130","v":0},{"$f":"Y130*E130","v":0},0,{"$f":"+E130*Z130","v":{"v":0,"d":"0.00"}}]
[null,"       Install","each",1,{"v":2719,"d":"2,719.00"},{"v":2719,"d":"2,719.00"},{"$nulls":19},0,{"$f":"G131*E131","v":0},{"$f":"H131*E131","v":0},{"$f":"I131*E131","v":0},{"$f":"J131*E131","v":0},{"$f":"K131*E131","v":0},{"$f":"L131*E131","v":0},0,{"$f":"N131*E131","v":0},{"$f":"O131*E131","v":0},{"$f":"P131*E131","v":0},{"$f":"Q131*E131","v":0},{"$f":"R131*E131","v":0},{"$f":"S131*E131","v":0},{"$f":"T131*E131","v":0},{"$f":"W131*E131","v":0},{"$f":"X131*E131","v":0},{"$f":"Y131*E131","v":0},0,{"$f":"+E131*Z131","v":{"v":0,"d":"0.00"}}]
[{"$nulls":32},0,{"$nulls":11}," "]
[2.13,"Male Medical Ward - Block B",{"$nulls":30},0,{"$nulls":11}," "]
[null,"       Supply","each",1,{"v":24680.15,"d":"24,680.15"},{"v":24680.15,"d":"24,680.15"},{"$nulls":19},0,{"$f":"G134*E134","v":0},{"$f":"H134*E134","v":0},{"$f":"I134*E134","v":0},{"$f":"J134*E134","v":0},{"$f":"K134*E134","v":0},{"$f":"L134*E134","v":0},0,{"$f":"N134*E134","v":0},{"$f":"O134*E134","v":0},{"$f":"P134*E134","v":0},{"$f":"Q134*E134","v":0},{"$f":"R134*E134","v":0},{"$f":"S134*E134","v":0},{"$f":"T134*E134","v":0},{"$f":"W134*E134","v":0},{"$f":"X134*E134","v":0},{"$f":"Y134*E134","v":0},0,{"$f":"+E134*Z134","v":{"v":0,"d":"0.00"}}]
[null,"       Install","each",1,{"v":2469,"d":"2,469.00"},{"v":2469,"d":"2,469.00"},{"$nulls":19},0,{"$f":"G135*E135","v":0},{"$f":"H135*E135","v":0},{"$f":"I135*E135","v":0},{"$f":"J135*E135","v":0},{"$f":"K135*E135","v":0},{"$f":"L135*E135","v":0},0,{"$f":"N135*E135","v":0},{"$f":"O135*E135","v":0},{"$f":"P135*E135","v":0},{"$f":"Q135*E135","v":0},{"$f":"R135*E135","v":0},{"$f":"S135*E135","v":0},{"$f":"T135*E135","v":0},{"$f":"W135*E135","v":0},{"$f":"X135*E135","v":0},{"$f":"Y135*E135","v":0},{"$f":"SUM(AA135:AQ135)","v":0},{"$f":"+E135*Z135","v":{"v":0,"d":"0.00"}}]
[{"$nulls":5}," "]
[]
[]
[null,"Amount Carried Forward",{"$nulls":3},{"$f":"SUM(F81:F138)","v":{"v":449507.9100000001,"d":"449,507.91"}},{"$nulls":38},{"$f":"SUM(AS81:AS138)","v":{"v":0,"d":"0.00"}}]
[]
["MAIN HOSPITAL ELECTRICAL INSTALLATION"]
["CECILIA MAKIWANE HOSPITAL : PHASE 4C"]
[]
["BILL NO. 2 : DISTRIBUTION BOARDS"]
["ITEM","DESCRIPTION","UNIT","QTY","RATE","TENDER AMOUNT","A-LV05","B-LV04","D-LV03","E1-LV03","E2","F1","F2","G1","G2","H1","H2","J1","J2","J3","Substation","G/House",null,"N","Other","Total Qty","A","B","D","E1","E2","F1","F2","G1","G2","H1","H2","J1","J2","J3","K","N","Other","Total Amount","Total Claimed"]
[null,"AMOUNT CARRIED FORWARD FROM PREVIOUS BILL",{"$nulls":3},{"$f":"F139","v":{"v":449507.9100000001,"d":"449,507.91"}},{"$nulls":38},{"$f":"AS139","v":{"v":0,"d":"0.00"}}]
[]
[]
[2.14,"Delivery Ward"]
[null,"       Supply","each",1,{"v":29249.98,"d":"29,249.98"},{"$f":"$D150*E150","v":{"v":29249.98,"d":"29,249.98"}},{"$nulls":19},{"$f":"SUM(G150:Y150)","v":0},{"$f":"G150*E150","v":0},{"$f":"H150*E150","v":0},{"$f":"I150*E150","v":0},{"$f":"J150*E150","v":0},{"$f":"K150*E150","v":0},{"$f":"L150*E150","v":0},{"$f":"+M150*E150","v":0},{"$f":"N150*E150","v":0},{"$f":"O150*E150","v":0},{"$f":"P150*E150","v":0},{"$f":"Q150*E150","v":0},{"$f":"R150*E150","v":0},{"$f":"S150*E150","v":0},{"$f":"T150*E150","v":0},{"$f":"W150*E150","v":0},{"$f":"X150*E150","v":0},{"$f":"Y150*E150","v":0},{"$f":"SUM(AA150:AQ150)","v":0},{"$f":"+E150*Z150","v":{"v":0,"d":"0.00"}}]
[null,"       Install","each",1,{"v":2925,"d":"2,925.00"},{"$f":"$D151*E151","v":{"v":2925,"d":"2,925.00"}},{"$nulls":19},{"$f":"SUM(G151:Y151)","v":0},{"$f":"G151*E151","v":0},{"$f":"H151*E151","v":0},{"$f":"I151*E151","v":0},{"$f":"J151*E151","v":0},{"$f":"K151*E151","v":0},{"$f":"L151*E151","v":0},0,{"$f":"N151*E151","v":0},{"$f":"O151*E151","v":0},{"$f":"P151*E151","v":0},{"$f":"Q151*E151","v":0},{"$f":"R151*E151","v":0},{"$f":"S151*E151","v":0},{"$f":"T151*E151","v":0},{"$f":"W151*E151","v":0},{"$f":"X151*E151","v":0},{"$f":"Y151*E151","v":0},{"$f":"SUM(AA151:AQ151)","v":0},{"$f":"+E151*Z151","v":{"v":0,"d":"0.00"}}]
[{"$nulls":32},0,{"$nulls":11}," "]
[2.15,"Antenatal Ward",{"$nulls":30},0,{"$nulls":11}," "]
[null,"       Supply","each",1,{"v":20787.62,"d":"20,787.62"},{"$f":"$D154*E154","v":{"v":20787.62,"d":"20,787.62"}},{"$nulls":19},0,{"$f":"G154*E154","v":0},{"$f":"H154*E154","v":0},{"$f":"I154*E154","v":0},{"$f":"J154*E154","v":0},{"$f":"K154*E154","v":0},{"$f":"L154*E154","v":0},0,{"$f":"N154*E154","v":0},{"$f":"O154*E154","v":0},{"$f":"P154*E154","v":0},{"$f":"Q154*E154","v":0},{"$f":"R154*E154","v":0},{"$f":"S154*E154","v":0},{"$f":"T154*E154","v":0},{"$f":"W154*E154","v":0},{"$f":"X154*E154","v":0},{"$f":"Y154*E154","v":0},0,{"$f":"+E154*Z154","v":{"v":0,"d":"0.00"}}]
[null,"       Install","each",1,{"v":2079,"d":"2,079.00"},{"v":2079,"d":"2,079.00"},{"$nulls":19},0,{"$f":"G155*E155","v":0},{"$f":"H155*E155","v":0},{"$f":"I155*E155","v":0},{"$f":"J155*E155","v":0},{"$f":"K155*E155","v":0},{"$f":"L155*E155","v":0},0,{"$f":"N155*E155","v":0},{"$f":"O155*E155","v":0},{"$f":"P155*E155","v":0},{"$f":"Q155*E155","v":0},{"$f":"R155*E155","v":0},{"$f":"S155*E155","v":0},{"$f":"T155*E155","v":0},{"$f":"W155*E155","v":0},{"$f":"X155*E155","v":0},{"$f":"Y155*E155","v":0},0,{"$f":"+E155*Z155","v":{"v":0,"d":"0.00"}}]
[{"$nulls":32},0,{"$nulls":11}," "]
[2.16,"Neonatal Ward",{"$nulls":30},0,{"$nulls":11}," "]
[null,"       Supply","each",1,{"v":42850.58,"d":"42,850.58"},{"v":42850.58,"d":"42,850.58"},{"$nulls":19},0,{"$f":"G158*E158","v":0},{"$f":"H158*E158","v":0},{"$f":"I158*E158","v":0},{"$f":"J158*E158","v":0},{"$f":"K158*E158","v":0},{"$f":"L158*E158","v":0},0,{"$f":"N158*E158","v":0},{"$f":"O158*E158","v":0},{"$f":"P158*E158","v":0},{"$f":"Q158*E158","v":0},{"$f":"R158*E158","v":0},{"$f":"S158*E158","v":0},{"$f":"T158*E158","v":0},{"$f":"W158*E158","v":0},{"$f":"X158*E158","v":0},{"$f":"Y158*E158","v":0},0,{"$f":"+E158*Z158","v":{"v":0,"d":"0.00"}}]
[null,"       Install","each",1,{"v":4286,"d":"4,286.00"},{"v":4286,"d":"4,286.00"},{"$nulls":19},0,{"$f":"G159*E159","v":0},{"$f":"H159*E159","v":0},{"$f":"I159*E159","v":0},{"$f":"J159*E159","v":0},{"$f":"K159*E159","v":0},{"$f":"L159*E159","v":0},0,{"$f":"N159*E159","v":0},{"$f":"O159*E159","v":0},{"$f":"P159*E159","v":0},{"$f":"Q159*E159","v":0},{"$f":"R159*E159","v":0},{"$f":"S159*E159","v":0},{"$f":"T159*E159","v":0},{"$f":"W159*E159","v":0},{"$f":"X159*E159","v":0},{"$f":"Y159*E159","v":0},0,{"$f":"+E159*Z159","v":{"v":0,"d":"0.00"}}]
[{"$nulls":32},0,{"$nulls":11}," "]
[2.17,"Main Dist Board  5 CSSD ",{"$nulls":30},0,{"$nulls":11}," "]
[null,"       Supply","each",1,{"v":86988.3,"d":"86,988.30"},{"v":86988.3,"d":"86,988.30"},{"$nulls":19},0,{"$f":"G162*E162","v":0},{"$f":"H162*E162","v":0},{"$f":"I162*E162","v":0},{"$f":"J162*E162","v":0},{"$f":"K162*E162","v":0},{"$f":"L162*E162","v":0},0,{"$f":"N162*E162","v":0},{"$f":"O162*E162","v":0},{"$f":"P162*E162","v":0},{"$f":"Q162*E162","v":0},{"$f":"R162*E162","v":0},{"$f":"S162*E162","v":0},{"$f":"T162*E162","v":0},{"$f":"W162*E162","v":0},{"$f":"X162*E162","v":0},{"$f":"Y162*E162","v":0},0,{"$f":"+E162*Z162","v":{"v":0,"d":"0.00"}}]
[null,"       Install","each",1,{"v":6525,"d":"6,525.00"},{"v":6525,"d":"6,525.00"},{"$nulls":19},0,{"$f":"G163*E163","v":0},{"$f":"H163*E163","v":0},{"$f":"I163*E163","v":0},{"$f":"J163*E163","v":0},{"$f":"K163*E163","v":0},{"$f":"L163*E163","v":0},0,{"$f":"N163*E163","v":0},{"$f":"O163*E163","v":0},{"$f":"P163*E163","v":0},{"$f":"Q163*E163","v":0},{"$f":"R163*E163","v":0},{"$f":"S163*E163","v":0},{"$f":"T163*E163","v":0},{"$f":"W163*E163","v":0},{"$f":"X163*E163","v":0},{"$f":"Y163*E163","v":0},0,{"$f":"+E163*Z163","v":{"v":0,"d":"0.00"}}]
[{"$nulls":32},0,{"$nulls":11}," "]
[2.18,"Post Natal Wards",{"$nulls":30},0,{"$nulls":11}," "]
[null,"       Supply","each",1,{"v":25531.91,"d":"25,531.91"},{"v":25531.91,"d":"25,531.91"},{"$nulls":19},0,{"$f":"G166*E166","v":0},{"$f":"H166*E166","v":0},{"$f":"I166*E166","v":0},{"$f":"J166*E166","v":0},{"$f":"K166*E166","v":0},{"$f":"L166*E166","v":0},0,{"$f":"N166*E166","v":0},{"$f":"O166*E166","v":0},{"$f":"P166*E166","v":0},{"$f":"Q166*E166","v":0},{"$f":"R166*E166","v":0},{"$f":"S166*E166","v":0},{"$f":"T166*E166","v":0},{"$f":"W166*E166","v":0},{"$f":"X166*E166","v":0},{"$f":"Y166*E166","v":0},0,{"$f":"+E166*Z166","v":{"v":0,"d":"0.00"}}]
[null,"       Install","each",1,{"v":2554,"d":"2,554.00"},{"v":2554,"d":"2,554.00"},{"$nulls":19},0,{"$f":"G167*E167","v":0},{"$f":"H167*E167","v":0},{"$f":"I167*E167","v":0},{"$f":"J167*E167","v":0},{"$f":"K167*E167","v":0},{"$f":"L167*E167","v":0},0,{"$f":"N167*E167","v":0},{"$f":"O167*E167","v":0},{"$f":"P167*E167","v":0},{"$f":"Q167*E167","v":0},{"$f":"R167*E167","v":0},{"$f":"S167*E167","v":0},{"$f":"T167*E167","v":0},{"$f":"W167*E167","v":0},{"$f":"X167*E167","v":0},{"$f":"Y167*E167","v":0},0,{"$f":"+E167*Z167","v":{"v":0,"d":"0.00"}}]
[{"$nulls":32},0,{"$nulls":11}," "]
[2.19,"Post Caesarian Ward",{"$nulls":30},0,{"$nulls":11}," "]
[null,"       Supply","each",1,{"v":22622.41,"d":"22,622.41"},{"v":22622.41,"d":"22,622.41"},{"$nulls":18},1,1,{"$f":"G170*E170","v":0},{"$f":"H170*E170","v":0},{"$f":"I170*E170","v":0},{"$f":"J170*E170","v":0},{"$f":"K170*E170","v":0},{"$f":"L170*E170","v":0},0,{"$f":"N170*E170","v":0},{"$f":"O170*E170","v":0},{"$f":"P170*E170","v":0},{"$f":"Q170*E170","v":0},{"$f":"R170*E170","v":0},{"$f":"S170*E170","v":0},{"$f":"T170*E170","v":0},{"$f":"W170*E170","v":0},{"$f":"X170*E170","v":0},{"$f":"Y170*E170","v":{"v":22622.41,"d":"22,622"}},{"v":22622.41,"d":"22,622"},{"$f":"+E170*Z170","v":{"v":22622.41,"d":"22,622.41"}}]
[null,"       Install","each",1,{"v":2263,"d":"2,263.00"},{"v":2263,"d":"2,263.00"},{"$nulls":19},0,{"$f":"G171*E171","v":0},{"$f":"H171*E171","v":0},{"$f":"I171*E171","v":0},{"$f":"J171*E171","v":0},{"$f":"K171*E171","v":0},{"$f":"L171*E171","v":0},0,{"$f":"N171*E171","v":0},{"$f":"O171*E171","v":0},{"$f":"P171*E171","v":0},{"$f":"Q171*E171","v":0},{"$f":"R171*E171","v":0},{"$f":"S171*E171","v":0},{"$f":"T171*E171","v":0},{"$f":"W171*E171","v":0},{"$f":"X171*E171","v":0},{"$f":"Y171*E171","v":0},0,{"$f":"+E171*Z171","v":{"v":0,"d":"0.00"}}]
[{"$nulls":32},0,{"$nulls":11}," "]
[{"v":2.2,"d":"2.20"}," Main Dist Board 2 Peadiatric OPD",{"$nulls":30},0,{"$nulls":11}," "]
[null,"       Supply","each",1,{"v":85455.24,"d":"85,455.24"},{"v":85455.24,"d":"85,455.24"},{"$nulls":19},0,{"$f":"G174*E174","v":0},{"$f":"H174*E174","v":0},{"$f":"I174*E174","v":0},{"$f":"J174*E174","v":0},{"$f":"K174*E174","v":0},{"$f":"L174*E174","v":0},0,{"$f":"N174*E174","v":0},{"$f":"O174*E174","v":0},{"$f":"P174*E174","v":0},{"$f":"Q174*E174","v":0},{"$f":"R174*E174","v":0},{"$f":"S174*E174","v":0},{"$f":"T174*E174","v":0},{"$f":"W174*E174","v":0},{"$f":"X174*E174","v":0},{"$f":"Y174*E174","v":0},0,{"$f":"+E174*Z174","v":{"v":0,"d":"0.00"}}]
[null,"       Install","each",1,{"v":6410,"d":"6,410.00"},{"v":6410,"d":"6,410.00"},{"$nulls":19},0,{"$f":"G175*E175","v":0},{"$f":"H175*E175","v":0},{"$f":"I175*E175","v":0},{"$f":"J175*E175","v":0},{"$f":"K175*E175","v":0},{"$f":"L175*E175","v":0},0,{"$f":"N175*E175","v":0},{"$f":"O175*E175","v":0},{"$f":"P175*E175","v":0},{"$f":"Q175*E175","v":0},{"$f":"R175*E175","v":0},{"$f":"S175*E175","v":0},{"$f":"T175*E175","v":0},{"$f":"W175*E175","v":0},{"$f":"X175*E175","v":0},{"$f":"Y175*E175","v":0},0,{"$f":"+E175*Z175","v":{"v":0,"d":"0.00"}}]
[{"$nulls":32},0,{"$nulls":11}," "]
[2.21,"Laboratory",{"$nulls":30},0,{"$nulls":11}," "]
[null,"       Supply","each",1,{"v":15044.66,"d":"15,044.66"},{"v":15044.66,"d":"15,044.66"},{"$nulls":19},0,{"$f":"G178*E178","v":0},{"$f":"H178*E178","v":0},{"$f":"I178*E178","v":0},{"$f":"J178*E178","v":0},{"$f":"K178*E178","v":0},{"$f":"L178*E178","v":0},0,{"$f":"N178*E178","v":0},{"$f":"O178*E178","v":0},{"$f":"P178*E178","v":0},{"$f":"Q178*E178","v":0},{"$f":"R178*E178","v":0},{"$f":"S178*E178","v":0},{"$f":"T178*E178","v":0},{"$f":"W178*E178","v":0},{"$f":"X178*E178","v":0},{"$f":"Y178*E178","v":0},0,{"$f":"+E178*Z178","v":{"v":0,"d":"0.00"}}]
[null,"       Install","each",1,{"v":1505,"d":"1,505.00"},{"v":1505,"d":"1,505.00"},{"$nulls":12},1,{"$nulls":6},1,{"$f":"G179*E179","v":0},{"$f":"H179*E179","v":0},{"$f":"I179*E179","v":0},{"$f":"J179*E179","v":0},{"$f":"K179*E179","v":0},{"$f":"L179*E179","v":0},0,{"$f":"N179*E179","v":0},{"$f":"O179*E179","v":0},{"$f":"P179*E179","v":0},{"$f":"Q179*E179","v":0},{"$f":"R179*E179","v":0},{"$f":"S179*E179","v":{"v":1505,"d":"1,505"}},{"$f":"T179*E179","v":0},{"$f":"W179*E179","v":0},{"$f":"X179*E179","v":0},{"$f":"Y179*E179","v":0},{"v":1505,"d":"1,505"},{"$f":"+E179*Z179","v":{"v":1505,"d":"1,505.00"}}]
[{"$nulls":32},0,{"$nulls":11}," "]
[2.22,"Pharmacy",{"$nulls":30},0,{"$nulls":11}," "]
[null,"       Supply","each",1,{"v":18937.44,"d":"18,937.44"},{"v":18937.44,"d":"18,937.44"},{"$nulls":19},0,{"$f":"G182*E182","v":0},{"$f":"H182*E182","v":0},{"$f":"I182*E182","v":0},{"$f":"J182*E182","v":0},{"$f":"K182*E182","v":0},{"$f":"L182*E182","v":0},{"$f":"+M182*E182","v":0},{"$f":"N182*E182","v":0},{"$f":"O182*E182","v":0},{"$f":"P182*E182","v":0},{"$f":"Q182*E182","v":0},{"$f":"R182*E182","v":0},{"$f":"S182*E182","v":0},{"$f":"T182*E182","v":0},{"$f":"W182*E182","v":0},{"$f":"X182*E182","v":0},{"$f":"Y182*E182","v":0},0,{"$f":"+E182*Z182","v":{"v":0,"d":"0.00"}}]
[null,"       Install","each",1,{"v":1894,"d":"1,894.00"},{"v":1894,"d":"1,894.00"},{"$nulls":19},0,{"$f":"G183*E183","v":0},{"$f":"H183*E183","v":0},{"$f":"I183*E183","v":0},{"$f":"J183*E183","v":0},{"$f":"K183*E183","v":0},{"$f":"L183*E183","v":0},0,{"$f":"N183*E183","v":0},{"$f":"O183*E183","v":0},{"$f":"P183*E183","v":0},{"$f":"Q183*E183","v":0},{"$f":"R183*E183","v":0},{"$f":"S183*E183","v":0},{"$f":"T183*E183","v":0},{"$f":"W183*E183","v":0},{"$f":"X183*E183","v":0},{"$f":"Y183*E183","v":0},0,{"$f":"+E183*Z183","v":{"v":0,"d":"0.00"}}]
[{"$nulls":32},0,{"$nulls":11}," "]
[2.23,"Ent, Opthalmology and Dental OPD",{"$nulls":30},0,{"$nulls":11}," "]
[null,"       Supply","each",1,{"v":17672.39,"d":"17,672.39"},{"v":17672.39,"d":"17,672.39"},{"$nulls":19},0,{"$f":"G186*E186","v":0},{"$f":"H186*E186","v":0},{"$f":"I186*E186","v":0},{"$f":"J186*E186","v":0},{"$f":"K186*E186","v":0},{"$f":"L186*E186","v":0},0,{"$f":"N186*E186","v":0},{"$f":"O186*E186","v":0},{"$f":"P186*E186","v":0},{"$f":"Q186*E186","v":0},{"$f":"R186*E186","v":0},{"$f":"S186*E186","v":0},{"$f":"T186*E186","v":0},{"$f":"W186*E186","v":0},{"$f":"X186*E186","v":0},{"$f":"Y186*E186","v":0},0,{"$f":"+E186*Z186","v":{"v":0,"d":"0.00"}}]
[null,"       Install","each",1,{"v":1768,"d":"1,768.00"},{"v":1768,"d":"1,768.00"},{"$nulls":19},0,{"$f":"G187*E187","v":0},{"$f":"H187*E187","v":0},{"$f":"I187*E187","v":0},{"$f":"J187*E187","v":0},{"$f":"K187*E187","v":0},{"$f":"L187*E187","v":0},0,{"$f":"N187*E187","v":0},{"$f":"O187*E187","v":0},{"$f":"P187*E187","v":0},{"$f":"Q187*E187","v":0},{"$f":"R187*E187","v":0},{"$f":"S187*E187","v":0},{"$f":"T187*E187","v":0},{"$f":"W187*E187","v":0},{"$f":"X187*E187","v":0},{"$f":"Y187*E187","v":0},0,{"$f":"+E187*Z187","v":{"v":0,"d":"0.00"}}]
[{"$nulls":32},0,{"$nulls":11}," "]
[2.24,"Main Dist Board 3 OPD",{"$nulls":30},0,{"$nulls":11}," "]
[null,"       Supply","each",1,{"v":64169.02,"d":"64,169.02"},{"v":64169.02,"d":"64,169.02"},{"$nulls":19},0,{"$f":"G190*E190","v":0},{"$f":"H190*E190","v":0},{"$f":"I190*E190","v":0},{"$f":"J190*E190","v":0},{"$f":"K190*E190","v":0},{"$f":"L190*E190","v":0},0,{"$f":"N190*E190","v":0},{"$f":"O190*E190","v":0},{"$f":"P190*E190","v":0},{"$f":"Q190*E190","v":0},{"$f":"R190*E190","v":0},{"$f":"S190*E190","v":0},{"$f":"T190*E190","v":0},{"$f":"W190*E190","v":0},{"$f":"X190*E190","v":0},{"$f":"Y190*E190","v":0},0,{"$f":"+E190*Z190","v":{"v":0,"d":"0.00"}}]
[null,"       Install","each",1,{"v":6417,"d":"6,417.00"},{"v":6417,"d":"6,417.00"},{"$nulls":19},0,{"$f":"G191*E191","v":0},{"$f":"H191*E191","v":0},{"$f":"I191*E191","v":0},{"$f":"J191*E191","v":0},{"$f":"K191*E191","v":0},{"$f":"L191*E191","v":0},0,{"$f":"N191*E191","v":0},{"$f":"O191*E191","v":0},{"$f":"P191*E191","v":0},{"$f":"Q191*E191","v":0},{"$f":"R191*E191","v":0},{"$f":"S191*E191","v":0},{"$f":"T191*E191","v":0},{"$f":"W191*E191","v":0},{"$f":"X191*E191","v":0},{"$f":"Y191*E191","v":0},0,{"$f":"+E191*Z191","v":{"v":0,"d":"0.00"}}]
[{"$nulls":32},0,{"$nulls":11}," "]
[2.25,"Radiology",{"$nulls":30},0,{"$nulls":11}," "]
[null,"       Supply","each",1,{"v":38396.48,"d":"38,396.48"},{"v":38396.48,"d":"38,396.48"},{"$nulls":19},0,{"$f":"G194*E194","v":0},{"$f":"H194*E194","v":0},{"$f":"I194*E194","v":0},{"$f":"J194*E194","v":0},{"$f":"K194*E194","v":0},{"$f":"L194*E194","v":0},0,{"$f":"N194*E194","v":0},{"$f":"O194*E194","v":0},{"$f":"P194*E194","v":0},{"$f":"Q194*E194","v":0},{"$f":"R194*E194","v":0},{"$f":"S194*E194","v":0},{"$f":"T194*E194","v":0},{"$f":"W194*E194","v":0},{"$f":"X194*E194","v":0},{"$f":"Y194*E194","v":0},0,{"$f":"+E194*Z194","v":{"v":0,"d":"0.00"}}]
[null,"       Install","each",1,{"v":3840,"d":"3,840.00"},{"v":3840,"d":"3,840.00"},{"$nulls":19},0,{"$f":"G195*E195","v":0},{"$f":"H195*E195","v":0},{"$f":"I195*E195","v":0},{"$f":"J195*E195","v":0},{"$f":"K195*E195","v":0},{"$f":"L195*E195","v":0},0,{"$f":"N195*E195","v":0},{"$f":"O195*E195","v":0},{"$f":"P195*E195","v":0},{"$f":"Q195*E195","v":0},{"$f":"R195*E195","v":0},{"$f":"S195*E195","v":0},{"$f":"T195*E195","v":0},{"$f":"W195*E195","v":0},{"$f":"X195*E195","v":0},{"$f":"Y195*E195","v":0},0,{"$f":"+E195*Z195","v":{"v":0,"d":"0.00"}}]
[{"$nulls":32},0,{"$nulls":11}," "]
[2.26,"Main Dist Board 1  Admissions",{"$nulls":30},0,{"$nulls":11}," "]
[null,"       Supply","each",1,{"v":62978.27,"d":"62,978.27"},{"v":62978.27,"d":"62,978.27"},{"$nulls":19},0,{"$f":"G198*E198","v":0},{"$f":"H198*E198","v":0},{"$f":"I198*E198","v":0},{"$f":"J198*E198","v":0},{"$f":"K198*E198","v":0},{"$f":"L198*E198","v":0},0,{"$f":"N198*E198","v":0},{"$f":"O198*E198","v":0},{"$f":"P198*E198","v":0},{"$f":"Q198*E198","v":0},{"$f":"R198*E198","v":0},{"$f":"S198*E198","v":0},{"$f":"T198*E198","v":0},{"$f":"W198*E198","v":0},{"$f":"X198*E198","v":0},{"$f":"Y198*E198","v":0},0,{"$f":"+E198*Z198","v":{"v":0,"d":"0.00"}}]
[null,"       Install","each",1,{"v":6298,"d":"6,298.00"},{"v":6298,"d":"6,298.00"},{"$nulls":19},0,{"$f":"G199*E199","v":0},{"$f":"H199*E199","v":0},{"$f":"I199*E199","v":0},{"$f":"J199*E199","v":0},{"$f":"K199*E199","v":0},{"$f":"L199*E199","v":0},0,{"$f":"N199*E199","v":0},{"$f":"O199*E199","v":0},{"$f":"P199*E199","v":0},{"$f":"Q199*E199","v":0},{"$f":"R199*E199","v":0},{"$f":"S199*E199","v":0},{"$f":"T199*E199","v":0},{"$f":"W199*E199","v":0},{"$f":"X199*E199","v":0},{"$f":"Y199*E199","v":0},0,{"$f":"+E199*Z199","v":{"v":0,"d":"0.00"}}]
[]
[null,"Amount Carried Forward",{"$nulls":3},{"$f":"SUM(F146:F199)","v":{"v":1028956.2100000002,"d":"1,028,956.21"}},{"$nulls":38},{"$f":"SUM(AS146:AS199)","v":{"v":24127.41,"d":"24,127.41"}}]
[]
["MAIN HOSPITAL ELECTRICAL INSTALLATION"]
["CECILIA MAKIWANE HOSPITAL : PHASE 4C"]
[]
["BILL NO. 2 : DISTRIBUTION BOARDS"]
["ITEM","DESCRIPTION","UNIT","QTY","RATE","TENDER AMOUNT","A-LV05","B-LV04","D-LV03","E1-LV03","E2","F1","F2","G1","G2","H1","H2","J1","J2","J3","Substation","G/House",null,"N","Other","Total Qty","A","B","D","E1","E2","F1","F2","G1","G2","H1","H2","J1","J2","J3","K","N","Other","Total Amount","Total Claimed"]
[null,"AMOUNT CARRIED FORWARD FROM PREVIOUS BILL",{"$nulls":3},{"$f":"F201","v":{"v":1028956.2100000002,"d":"1,028,956.21"}},{"$nulls":38},{"$f":"AS201","v":{"v":24127.41,"d":"24,127.41"}}]
[]
[2.27,"Cafeteria"]
[null,"       Supply","each",1,{"v":18612.34,"d":"18,612.34"},{"$f":"$D211*E211","v":{"v":18612.34,"d":"18,612.34"}},{"$nulls":19},{"$f":"SUM(G211:Y211)","v":0},{"$f":"G211*E211","v":0},{"$f":"H211*E211","v":0},{"$f":"I211*E211","v":0},{"$f":"J211*E211","v":0},{"$f":"K211*E211","v":0},{"$f":"L211*E211","v":0},{"$f":"+M211*E211","v":0},{"$f":"N211*E211","v":0},{"$f":"O211*E211","v":0},{"$f":"P211*E211","v":0},{"$f":"Q211*E211","v":0},{"$f":"R211*E211","v":0},{"$f":"S211*E211","v":0},{"$f":"T211*E211","v":0},{"$f":"W211*E211","v":0},{"$f":"X211*E211","v":0},{"$f":"Y211*E211","v":0},{"$f":"SUM(AA211:AQ211)","v":0},{"$f":"+E211*Z211","v":{"v":0,"d":"0.00"}}]
[null,"       Install","each",1,{"v":1862,"d":"1,862.00"},{"$f":"$D212*E212","v":{"v":1862,"d":"1,862.00"}},{"$nulls":19},{"$f":"SUM(G212:Y212)","v":0},{"$f":"G212*E212","v":0},{"$f":"H212*E212","v":0},{"$f":"I212*E212","v":0},{"$f":"J212*E212","v":0},{"$f":"K212*E212","v":0},{"$f":"L212*E212","v":0},0,{"$f":"N212*E212","v":0},{"$f":"O212*E212","v":0},{"$f":"P212*E212","v":0},{"$f":"Q212*E212","v":0},{"$f":"R212*E212","v":0},{"$f":"S212*E212","v":0},{"$f":"T212*E212","v":0},{"$f":"W212*E212","v":0},{"$f":"X212*E212","v":0},{"$f":"Y212*E212","v":0},{"$f":"SUM(AA212:AQ212)","v":0},{"$f":"+E212*Z212","v":{"v":0,"d":"0.00"}}]
[{"$nulls":32},0,{"$nulls":11}," "]
[2.28,"Rehabilatation No1",{"$nulls":30},0,{"$nulls":11}," "]
[null,"       Supply","each",1,{"v":17559.16,"d":"17,559.16"},{"$f":"$D215*E215","v":{"v":17559.16,"d":"17,559.16"}},{"$nulls":19},0,{"$f":"G215*E215","v":0},{"$f":"H215*E215","v":0},{"$f":"I215*E215","v":0},{"$f":"J215*E215","v":0},{"$f":"K215*E215","v":0},{"$f":"L215*E215","v":0},0,{"$f":"N215*E215","v":0},{"$f":"O215*E215","v":0},{"$f":"P215*E215","v":0},{"$f":"Q215*E215","v":0},{"$f":"R215*E215","v":0},{"$f":"S215*E215","v":0},{"$f":"T215*E215","v":0},{"$f":"W215*E215","v":0},{"$f":"X215*E215","v":0},{"$f":"Y215*E215","v":0},0,{"$f":"+E215*Z215","v":{"v":0,"d":"0.00"}}]
[null,"       Install","each",1,{"v":1756,"d":"1,756.00"},{"v":1756,"d":"1,756.00"},{"$nulls":19},0,{"$f":"G216*E216","v":0},{"$f":"H216*E216","v":0},{"$f":"I216*E216","v":0},{"$f":"J216*E216","v":0},{"$f":"K216*E216","v":0},{"$f":"L216*E216","v":0},0,{"$f":"N216*E216","v":0},{"$f":"O216*E216","v":0},{"$f":"P216*E216","v":0},{"$f":"Q216*E216","v":0},{"$f":"R216*E216","v":0},{"$f":"S216*E216","v":0},{"$f":"T216*E216","v":0},{"$f":"W216*E216","v":0},{"$f":"X216*E216","v":0},{"$f":"Y216*E216","v":0},0,{"$f":"+E216*Z216","v":{"v":0,"d":"0.00"}}]
[{"$nulls":32},0,{"$nulls":11}," "]
[2.29,"Rehabilatation No2",{"$nulls":30},0,{"$nulls":11}," "]
[null,"       Supply","each",1,{"v":17946.75,"d":"17,946.75"},{"v":17946.75,"d":"17,946.75"},{"$nulls":19},0,{"$f":"G219*E219","v":0},{"$f":"H219*E219","v":0},{"$f":"I219*E219","v":0},{"$f":"J219*E219","v":0},{"$f":"K219*E219","v":0},{"$f":"L219*E219","v":0},0,{"$f":"N219*E219","v":0},{"$f":"O219*E219","v":0},{"$f":"P219*E219","v":0},{"$f":"Q219*E219","v":0},{"$f":"R219*E219","v":0},{"$f":"S219*E219","v":0},{"$f":"T219*E219","v":0},{"$f":"W219*E219","v":0},{"$f":"X219*E219","v":0},{"$f":"Y219*E219","v":0},0,{"$f":"+E219*Z219","v":{"v":0,"d":"0.00"}}]
[null,"       Install","each",1,{"v":1795,"d":"1,795.00"},{"v":1795,"d":"1,795.00"},{"$nulls":19},0,{"$f":"G220*E220","v":0},{"$f":"H220*E220","v":0},{"$f":"I220*E220","v":0},{"$f":"J220*E220","v":0},{"$f":"K220*E220","v":0},{"$f":"L220*E220","v":0},0,{"$f":"N220*E220","v":0},{"$f":"O220*E220","v":0},{"$f":"P220*E220","v":0},{"$f":"Q220*E220","v":0},{"$f":"R220*E220","v":0},{"$f":"S220*E220","v":0},{"$f":"T220*E220","v":0},{"$f":"W220*E220","v":0},{"$f":"X220*E220","v":0},{"$f":"Y220*E220","v":0},0,{"$f":"+E220*Z220","v":{"v":0,"d":"0.00"}}]
[{"$nulls":32},0,{"$nulls":11}," "]
[{"v":2.3,"d":"2.30"},"Accident and Emergency No1",{"$nulls":30},0,{"$nulls":11}," "]
[null,"       Supply","each",1,{"v":32030.88,"d":"32,030.88"},{"v":32030.88,"d":"32,030.88"},{"$nulls":19},0,{"$f":"G223*E223","v":0},{"$f":"H223*E223","v":0},{"$f":"I223*E223","v":0},{"$f":"J223*E223","v":0},{"$f":"K223*E223","v":0},{"$f":"L223*E223","v":0},0,{"$f":"N223*E223","v":0},{"$f":"O223*E223","v":0},{"$f":"P223*E223","v":0},{"$f":"Q223*E223","v":0},{"$f":"R223*E223","v":0},{"$f":"S223*E223","v":0},{"$f":"T223*E223","v":0},{"$f":"W223*E223","v":0},{"$f":"X223*E223","v":0},{"$f":"Y223*E223","v":0},0,{"$f":"+E223*Z223","v":{"v":0,"d":"0.00"}}]
[null,"       Install","each",1,{"v":3204,"d":"3,204.00"},{"v":3204,"d":"3,204.00"},{"$nulls":19},0,{"$f":"G224*E224","v":0},{"$f":"H224*E224","v":0},{"$f":"I224*E224","v":0},{"$f":"J224*E224","v":0},{"$f":"K224*E224","v":0},{"$f":"L224*E224","v":0},0,{"$f":"N224*E224","v":0},{"$f":"O224*E224","v":0},{"$f":"P224*E224","v":0},{"$f":"Q224*E224","v":0},{"$f":"R224*E224","v":0},{"$f":"S224*E224","v":0},{"$f":"T224*E224","v":0},{"$f":"W224*E224","v":0},{"$f":"X224*E224","v":0},{"$f":"Y224*E224","v":0},0,{"$f":"+E224*Z224","v":{"v":0,"d":"0.00"}}]
[{"$nulls":32},0,{"$nulls":11}," "]
[2.31,"Accident and Emergency No2",{"$nulls":30},0,{"$nulls":11}," "]
[null,"       Supply","each",1,{"v":47906.01,"d":"47,906.01"},{"v":47906.01,"d":"47,906.01"},{"$nulls":19},0,{"$f":"G227*E227","v":0},{"$f":"H227*E227","v":0},{"$f":"I227*E227","v":0},{"$f":"J227*E227","v":0},{"$f":"K227*E227","v":0},{"$f":"L227*E227","v":0},0,{"$f":"N227*E227","v":0},{"$f":"O227*E227","v":0},{"$f":"P227*E227","v":0},{"$f":"Q227*E227","v":0},{"$f":"R227*E227","v":0},{"$f":"S227*E227","v":0},{"$f":"T227*E227","v":0},{"$f":"W227*E227","v":0},{"$f":"X227*E227","v":0},{"$f":"Y227*E227","v":0},0,{"$f":"+E227*Z227","v":{"v":0,"d":"0.00"}}]
[null,"       Install","each",1,{"v":4791,"d":"4,791.00"},{"v":4791,"d":"4,791.00"},{"$nulls":19},0,{"$f":"G228*E228","v":0},{"$f":"H228*E228","v":0},{"$f":"I228*E228","v":0},{"$f":"J228*E228","v":0},{"$f":"K228*E228","v":0},{"$f":"L228*E228","v":0},0,{"$f":"N228*E228","v":0},{"$f":"O228*E228","v":0},{"$f":"P228*E228","v":0},{"$f":"Q228*E228","v":0},{"$f":"R228*E228","v":0},{"$f":"S228*E228","v":0},{"$f":"T228*E228","v":0},{"$f":"W228*E228","v":0},{"$f":"X228*E228","v":0},{"$f":"Y228*E228","v":0},0,{"$f":"+E228*Z228","v":{"v":0,"d":"0.00"}}]
[{"$nulls":32},0,{"$nulls":11}," "]
[2.32,"Burns Unit",{"$nulls":30},0,{"$nulls":11}," "]
[null,"       Supply","each",1,{"v":29463.63,"d":"29,463.63"},{"v":29463.63,"d":"29,463.63"},{"$nulls":19},0,{"$f":"G231*E231","v":0},{"$f":"H231*E231","v":0},{"$f":"I231*E231","v":0},{"$f":"J231*E231","v":0},{"$f":"K231*E231","v":0},{"$f":"L231*E231","v":0},0,{"$f":"N231*E231","v":0},{"$f":"O231*E231","v":0},{"$f":"P231*E231","v":0},{"$f":"Q231*E231","v":0},{"$f":"R231*E231","v":0},{"$f":"S231*E231","v":0},{"$f":"T231*E231","v":0},{"$f":"W231*E231","v":0},{"$f":"X231*E231","v":0},{"$f":"Y231*E231","v":0},0,{"$f":"+E231*Z231","v":{"v":0,"d":"0.00"}}]
[null,"       Install","each",1,{"v":2947,"d":"2,947.00"},{"v":2947,"d":"2,947.00"},{"$nulls":19},0,{"$f":"G232*E232","v":0},{"$f":"H232*E232","v":0},{"$f":"I232*E232","v":0},{"$f":"J232*E232","v":0},{"$f":"K232*E232","v":0},{"$f":"L232*E232","v":0},0,{"$f":"N232*E232","v":0},{"$f":"O232*E232","v":0},{"$f":"P232*E232","v":0},{"$f":"Q232*E232","v":0},{"$f":"R232*E232","v":0},{"$f":"S232*E232","v":0},{"$f":"T232*E232","v":0},{"$f":"W232*E232","v":0},{"$f":"X232*E232","v":0},{"$f":"Y232*E232","v":0},0,{"$f":"+E232*Z232","v":{"v":0,"d":"0.00"}}]
[{"$nulls":32},0,{"$nulls":11}," "]
[2.33,"Night Matron",{"$nulls":30},0,{"$nulls":11}," "]
[null,"       Supply","each",1,{"v":2793.21,"d":"2,793.21"},{"v":2793.21,"d":"2,793.21"},{"$nulls":19},0,{"$f":"G235*E235","v":0},{"$f":"H235*E235","v":0},{"$f":"I235*E235","v":0},{"$f":"J235*E235","v":0},{"$f":"K235*E235","v":0},{"$f":"L235*E235","v":0},0,{"$f":"N235*E235","v":0},{"$f":"O235*E235","v":0},{"$f":"P235*E235","v":0},{"$f":"Q235*E235","v":0},{"$f":"R235*E235","v":0},{"$f":"S235*E235","v":0},{"$f":"T235*E235","v":0},{"$f":"W235*E235","v":0},{"$f":"X235*E235","v":0},{"$f":"Y235*E235","v":0},0,{"$f":"+E235*Z235","v":{"v":0,"d":"0.00"}}]
[null,"       Install","each",1,{"v":1250,"d":"1,250.00"},{"v":1250,"d":"1,250.00"},{"$nulls":19},0,{"$f":"G236*E236","v":0},{"$f":"H236*E236","v":0},{"$f":"I236*E236","v":0},{"$f":"J236*E236","v":0},{"$f":"K236*E236","v":0},{"$f":"L236*E236","v":0},0,{"$f":"N236*E236","v":0},{"$f":"O236*E236","v":0},{"$f":"P236*E236","v":0},{"$f":"Q236*E236","v":0},{"$f":"R236*E236","v":0},{"$f":"S236*E236","v":0},{"$f":"T236*E236","v":0},{"$f":"W236*E236","v":0},{"$f":"X236*E236","v":0},{"$f":"Y236*E236","v":0},0,{"$f":"+E236*Z236","v":{"v":0,"d":"0.00"}}]
[{"$nulls":32},0,{"$nulls":11}," "]
[2.34,"Gynaecology Ward",{"$nulls":30},0,{"$nulls":11}," "]
[null,"       Supply","each",1,{"v":23629.95,"d":"23,629.95"},{"v":23629.95,"d":"23,629.95"},{"$nulls":19},0,{"$f":"G239*E239","v":0},{"$f":"H239*E239","v":0},{"$f":"I239*E239","v":0},{"$f":"J239*E239","v":0},{"$f":"K239*E239","v":0},{"$f":"L239*E239","v":0},0,{"$f":"N239*E239","v":0},{"$f":"O239*E239","v":0},{"$f":"P239*E239","v":0},{"$f":"Q239*E239","v":0},{"$f":"R239*E239","v":0},{"$f":"S239*E239","v":0},{"$f":"T239*E239","v":0},{"$f":"W239*E239","v":0},{"$f":"X239*E239","v":0},{"$f":"Y239*E239","v":0},0,{"$f":"+E239*Z239","v":{"v":0,"d":"0.00"}}]
[null,"       Install","each",1,{"v":2363,"d":"2,363.00"},{"v":2363,"d":"2,363.00"},{"$nulls":19},0,{"$f":"G240*E240","v":0},{"$f":"H240*E240","v":0},{"$f":"I240*E240","v":0},{"$f":"J240*E240","v":0},{"$f":"K240*E240","v":0},{"$f":"L240*E240","v":0},0,{"$f":"N240*E240","v":0},{"$f":"O240*E240","v":0},{"$f":"P240*E240","v":0},{"$f":"Q240*E240","v":0},{"$f":"R240*E240","v":0},{"$f":"S240*E240","v":0},{"$f":"T240*E240","v":0},{"$f":"W240*E240","v":0},{"$f":"X240*E240","v":0},{"$f":"Y240*E240","v":0},0,{"$f":"+E240*Z240","v":{"v":0,"d":"0.00"}}]
[{"$nulls":32},0,{"$nulls":11}," "]
[2.35,"Clinical Engineering",{"$nulls":30},0,{"$nulls":11}," "]
[null,"       Supply","each",1,{"v":15243.19,"d":"15,243.19"},{"v":15243.19,"d":"15,243.19"},{"$nulls":19},0,{"$f":"G243*E243","v":0},{"$f":"H243*E243","v":0},{"$f":"I243*E243","v":0},{"$f":"J243*E243","v":0},{"$f":"K243*E243","v":0},{"$f":"L243*E243","v":0},{"$f":"+M243*E243","v":0},{"$f":"N243*E243","v":0},{"$f":"O243*E243","v":0},{"$f":"P243*E243","v":0},{"$f":"Q243*E243","v":0},{"$f":"R243*E243","v":0},{"$f":"S243*E243","v":0},{"$f":"T243*E243","v":0},{"$f":"W243*E243","v":0},{"$f":"X243*E243","v":0},{"$f":"Y243*E243","v":0},0,{"$f":"+E243*Z243","v":{"v":0,"d":"0.00"}}]
[null,"       Install","each",1,{"v":1525,"d":"1,525.00"},{"v":1525,"d":"1,525.00"},{"$nulls":19},0,{"$f":"G244*E244","v":0},{"$f":"H244*E244","v":0},{"$f":"I244*E244","v":0},{"$f":"J244*E244","v":0},{"$f":"K244*E244","v":0},{"$f":"L244*E244","v":0},0,{"$f":"N244*E244","v":0},{"$f":"O244*E244","v":0},{"$f":"P244*E244","v":0},{"$f":"Q244*E244","v":0},{"$f":"R244*E244","v":0},{"$f":"S244*E244","v":0},{"$f":"T244*E244","v":0},{"$f":"W244*E244","v":0},{"$f":"X244*E244","v":0},{"$f":"Y244*E244","v":0},0,{"$f":"+E244*Z244","v":{"v":0,"d":"0.00"}}]
[{"$nulls":32},0,{"$nulls":11}," "]
[2.36,"Theatre Suite DB",{"$nulls":30},0,{"$nulls":11}," "]
[null,"       Supply","each",1,{"v":45134.9,"d":"45,134.90"},{"v":45134.9,"d":"45,134.90"},{"$nulls":19},0,{"$f":"G247*E247","v":0},{"$f":"H247*E247","v":0},{"$f":"I247*E247","v":0},{"$f":"J247*E247","v":0},{"$f":"K247*E247","v":0},{"$f":"L247*E247","v":0},0,{"$f":"N247*E247","v":0},{"$f":"O247*E247","v":0},{"$f":"P247*E247","v":0},{"$f":"Q247*E247","v":0},{"$f":"R247*E247","v":0},{"$f":"S247*E247","v":0},{"$f":"T247*E247","v":0},{"$f":"W247*E247","v":0},{"$f":"X247*E247","v":0},{"$f":"Y247*E247","v":0},0,{"$f":"+E247*Z247","v":{"v":0,"d":"0.00"}}]
[null,"       Install","each",1,{"v":4514,"d":"4,514.00"},{"v":4514,"d":"4,514.00"},{"$nulls":19},0,{"$f":"G248*E248","v":0},{"$f":"H248*E248","v":0},{"$f":"I248*E248","v":0},{"$f":"J248*E248","v":0},{"$f":"K248*E248","v":0},{"$f":"L248*E248","v":0},0,{"$f":"N248*E248","v":0},{"$f":"O248*E248","v":0},{"$f":"P248*E248","v":0},{"$f":"Q248*E248","v":0},{"$f":"R248*E248","v":0},{"$f":"S248*E248","v":0},{"$f":"T248*E248","v":0},{"$f":"W248*E248","v":0},{"$f":"X248*E248","v":0},{"$f":"Y248*E248","v":0},0,{"$f":"+E248*Z248","v":{"v":0,"d":"0.00"}}]
[{"$nulls":32},0,{"$nulls":11}," "]
[2.37,"EndoscopyAdministration/Bloodbank DB",{"$nulls":30},0,{"$nulls":11}," "]
[null,"       Supply","each",1,{"v":23559.03,"d":"23,559.03"},{"v":23559.03,"d":"23,559.03"},{"$nulls":18},1,1,{"$f":"G251*E251","v":0},{"$f":"H251*E251","v":0},{"$f":"I251*E251","v":0},{"$f":"J251*E251","v":0},{"$f":"K251*E251","v":0},{"$f":"L251*E251","v":0},0,{"$f":"N251*E251","v":0},{"$f":"O251*E251","v":0},{"$f":"P251*E251","v":0},{"$f":"Q251*E251","v":0},{"$f":"R251*E251","v":0},{"$f":"S251*E251","v":0},{"$f":"T251*E251","v":0},{"$f":"W251*E251","v":0},{"$f":"X251*E251","v":0},{"$f":"Y251*E251","v":{"v":23559.03,"d":"23,559"}},{"v":23559.03,"d":"23,559"},{"$f":"+E251*Z251","v":{"v":23559.03,"d":"23,559.03"}}]
[null,"       Install","each",1,{"v":2356,"d":"2,356.00"},{"v":2356,"d":"2,356.00"},{"$nulls":18},1,1,{"$f":"G252*E252","v":0},{"$f":"H252*E252","v":0},{"$f":"I252*E252","v":0},{"$f":"J252*E252","v":0},{"$f":"K252*E252","v":0},{"$f":"L252*E252","v":0},0,{"$f":"N252*E252","v":0},{"$f":"O252*E252","v":0},{"$f":"P252*E252","v":0},{"$f":"Q252*E252","v":0},{"$f":"R252*E252","v":0},{"$f":"S252*E252","v":0},{"$f":"T252*E252","v":0},{"$f":"W252*E252","v":0},{"$f":"X252*E252","v":0},{"$f":"Y252*E252","v":{"v":2356,"d":"2,356"}},{"v":2356,"d":"2,356"},{"$f":"+E252*Z252","v":{"v":2356,"d":"2,356.00"}}]
[{"$nulls":32},0,{"$nulls":11}," "]
[2.38,"Resource Centre",{"$nulls":30},0,{"$nulls":11}," "]
[null,"       Supply","each",1,{"v":22205.64,"d":"22,205.64"},{"v":22205.64,"d":"22,205.64"},{"$nulls":19},0,{"$f":"G255*E255","v":0},{"$f":"H255*E255","v":0},{"$f":"I255*E255","v":0},{"$f":"J255*E255","v":0},{"$f":"K255*E255","v":0},{"$f":"L255*E255","v":0},0,{"$f":"N255*E255","v":0},{"$f":"O255*E255","v":0},{"$f":"P255*E255","v":0},{"$f":"Q255*E255","v":0},{"$f":"R255*E255","v":0},{"$f":"S255*E255","v":0},{"$f":"T255*E255","v":0},{"$f":"W255*E255","v":0},{"$f":"X255*E255","v":0},{"$f":"Y255*E255","v":0},0,{"$f":"+E255*Z255","v":{"v":0,"d":"0.00"}}]
[null,"       Install","each",1,{"v":2221,"d":"2,221.00"},{"v":2221,"d":"2,221.00"},{"$nulls":19},0,{"$f":"G256*E256","v":0},{"$f":"H256*E256","v":0},{"$f":"I256*E256","v":0},{"$f":"J256*E256","v":0},{"$f":"K256*E256","v":0},{"$f":"L256*E256","v":0},0,{"$f":"N256*E256","v":0},{"$f":"O256*E256","v":0},{"$f":"P256*E256","v":0},{"$f":"Q256*E256","v":0},{"$f":"R256*E256","v":0},{"$f":"S256*E256","v":0},{"$f":"T256*E256","v":0},{"$f":"W256*E256","v":0},{"$f":"X256*E256","v":0},{"$f":"Y256*E256","v":0},0,{"$f":"+E256*Z256","v":{"v":0,"d":"0.00"}}]
[{"$nulls":32},0,{"$nulls":11}," "]
[2.39,"Security and IT DB",{"$nulls":30},0,{"$nulls":11}," "]
[null,"       Supply","each",1,{"v":20834.1,"d":"20,834.10"},{"v":20834.1,"d":"20,834.10"},{"$nulls":19},0,{"$f":"G259*E259","v":0},{"$f":"H259*E259","v":0},{"$f":"I259*E259","v":0},{"$f":"J259*E259","v":0},{"$f":"K259*E259","v":0},{"$f":"L259*E259","v":0},0,{"$f":"N259*E259","v":0},{"$f":"O259*E259","v":0},{"$f":"P259*E259","v":0},{"$f":"Q259*E259","v":0},{"$f":"R259*E259","v":0},{"$f":"S259*E259","v":0},{"$f":"T259*E259","v":0},{"$f":"W259*E259","v":0},{"$f":"X259*E259","v":0},{"$f":"Y259*E259","v":0},0,{"$f":"+E259*Z259","v":{"v":0,"d":"0.00"}}]
[null,"       Install","each",1,{"v":2084,"d":"2,084.00"},{"v":2084,"d":"2,084.00"},{"$nulls":19},0,{"$f":"G260*E260","v":0},{"$f":"H260*E260","v":0},{"$f":"I260*E260","v":0},{"$f":"J260*E260","v":0},{"$f":"K260*E260","v":0},{"$f":"L260*E260","v":0},0,{"$f":"N260*E260","v":0},{"$f":"O260*E260","v":0},{"$f":"P260*E260","v":0},{"$f":"Q260*E260","v":0},{"$f":"R260*E260","v":0},{"$f":"S260*E260","v":0},{"$f":"T260*E260","v":0},{"$f":"W260*E260","v":0},{"$f":"X260*E260","v":0},{"$f":"Y260*E260","v":0},0,{"$f":"+E260*Z260","v":{"v":0,"d":"0.00"}}]
[{"$nulls":44}," "]
[{"$nulls":4},"."]
[null,"Amount Carried Forward",{"$nulls":3},{"$f":"SUM(F208:F262)","v":{"v":1378542.9999999998,"d":"1,378,543.00"}},{"$nulls":38},{"$f":"SUM(AS208:AS262)","v":{"v":50042.44,"d":"50,042.44"}}]
[]
["MAIN HOSPITAL ELECTRICAL INSTALLATION"]
["CECILIA MAKIWANE HOSPITAL : PHASE 4C"]
[]
["BILL NO. 2 : DISTRIBUTION BOARDS"]
["ITEM","DESCRIPTION","UNIT","QTY","RATE","TENDER AMOUNT","A-LV05","B-LV04","D-LV03","E1-LV03","E2","F1","F2","G1","G2","H1","H2","J1","J2","J3","Substation","G/House",null,"N","Other","Total Qty","A","B","D","E1","E2","F1","F2","G1","G2","H1","H2","J1","J2","J3","K","N","Other","Total Amount","Total Claimed"]
[null,"AMOUNT CARRIED FORWARD FROM PREVIOUS BILL",{"$nulls":3},{"$f":"F263","v":{"v":1378542.9999999998,"d":"1,378,543.00"}},{"$nulls":38},{"$f":"AS263","v":{"v":50042.44,"d":"50,042.44"}}]
[]
[]
[{"v":2.4,"d":"2.40"},"Main Dist Board 4 ICU / Highcare"]
[null,"       Supply","each",1,{"v":86742.68,"d":"86,742.68"},{"$f":"$D274*E274","v":{"v":86742.68,"d":"86,742.68"}},{"$nulls":19},{"$f":"SUM(G274:Y274)","v":0},{"$f":"G274*E274","v":0},{"$f":"H274*E274","v":0},{"$f":"I274*E274","v":0},{"$f":"J274*E274","v":0},{"$f":"K274*E274","v":0},{"$f":"L274*E274","v":0},{"$f":"+M274*E274","v":0},{"$f":"N274*E274","v":0},{"$f":"O274*E274","v":0},{"$f":"P274*E274","v":0},{"$f":"Q274*E274","v":0},{"$f":"R274*E274","v":0},{"$f":"S274*E274","v":0},{"$f":"T274*E274","v":0},{"$f":"W274*E274","v":0},{"$f":"X274*E274","v":0},{"$f":"Y274*E274","v":0},{"$f":"SUM(AA274:AQ274)","v":0},{"$f":"+E274*Z274","v":{"v":0,"d":"0.00"}}]
[null,"       Install","each",1,{"v":4338,"d":"4,338.00"},{"v":4338,"d":"4,338.00"},{"$nulls":19},{"$f":"SUM(G275:Y275)","v":0},{"$f":"G275*E275","v":0},{"$f":"H275*E275","v":0},{"$f":"I275*E275","v":0},{"$f":"J275*E275","v":0},{"$f":"K275*E275","v":0},{"$f":"L275*E275","v":0},0,{"$f":"N275*E275","v":0},{"$f":"O275*E275","v":0},{"$f":"P275*E275","v":0},{"$f":"Q275*E275","v":0},{"$f":"R275*E275","v":0},{"$f":"S275*E275","v":0},{"$f":"T275*E275","v":0},{"$f":"W275*E275","v":0},{"$f":"X275*E275","v":0},{"$f":"Y275*E275","v":0},{"$f":"SUM(AA275:AQ275)","v":0},{"$f":"+E275*Z275","v":{"v":0,"d":"0.00"}}]
[{"$nulls":32},0]
[2.41,"Renal Ward",{"$nulls":30},0]
[null,"       Supply","each",1,{"v":20747.6,"d":"20,747.60"},{"v":20747.6,"d":"20,747.60"},{"$nulls":19},0,{"$f":"G278*E278","v":0},{"$f":"H278*E278","v":0},{"$f":"I278*E278","v":0},{"$f":"J278*E278","v":0},{"$f":"K278*E278","v":0},{"$f":"L278*E278","v":0},0,{"$f":"N278*E278","v":0},{"$f":"O278*E278","v":0},{"$f":"P278*E278","v":0},{"$f":"Q278*E278","v":0},{"$f":"R278*E278","v":0},{"$f":"S278*E278","v":0},{"$f":"T278*E278","v":0},{"$f":"W278*E278","v":0},{"$f":"X278*E278","v":0},{"$f":"Y278*E278","v":0},0,{"$f":"+E278*Z278","v":{"v":0,"d":"0.00"}}]
[null,"       Install","each",1,{"v":2075,"d":"2,075.00"},{"v":2075,"d":"2,075.00"},{"$nulls":19},0,{"$f":"G279*E279","v":0},{"$f":"H279*E279","v":0},{"$f":"I279*E279","v":0},{"$f":"J279*E279","v":0},{"$f":"K279*E279","v":0},{"$f":"L279*E279","v":0},0,{"$f":"N279*E279","v":0},{"$f":"O279*E279","v":0},{"$f":"P279*E279","v":0},{"$f":"Q279*E279","v":0},{"$f":"R279*E279","v":0},{"$f":"S279*E279","v":0},{"$f":"T279*E279","v":0},{"$f":"W279*E279","v":0},{"$f":"X279*E279","v":0},{"$f":"Y279*E279","v":0},0,{"$f":"+E279*Z279","v":{"v":0,"d":"0.00"}}]
[{"$nulls":32},0]
[2.42,"Senior Management SDB",{"$nulls":30},0]
[null,"       Supply","each",1,{"v":15164.31,"d":"15,164.31"},{"v":15164.31,"d":"15,164.31"},{"$nulls":19},0,{"$f":"G282*E282","v":0},{"$f":"H282*E282","v":0},{"$f":"I282*E282","v":0},{"$f":"J282*E282","v":0},{"$f":"K282*E282","v":0},{"$f":"L282*E282","v":0},0,{"$f":"N282*E282","v":0},{"$f":"O282*E282","v":0},{"$f":"P282*E282","v":0},{"$f":"Q282*E282","v":0},{"$f":"R282*E282","v":0},{"$f":"S282*E282","v":0},{"$f":"T282*E282","v":0},{"$f":"W282*E282","v":0},{"$f":"X282*E282","v":0},{"$f":"Y282*E282","v":0},0,{"$f":"+E282*Z282","v":{"v":0,"d":"0.00"}}]
[null,"       Install","each",1,{"v":1517,"d":"1,517.00"},{"v":1517,"d":"1,517.00"},{"$nulls":19},0,{"$f":"G283*E283","v":0},{"$f":"H283*E283","v":0},{"$f":"I283*E283","v":0},{"$f":"J283*E283","v":0},{"$f":"K283*E283","v":0},{"$f":"L283*E283","v":0},0,{"$f":"N283*E283","v":0},{"$f":"O283*E283","v":0},{"$f":"P283*E283","v":0},{"$f":"Q283*E283","v":0},{"$f":"R283*E283","v":0},{"$f":"S283*E283","v":0},{"$f":"T283*E283","v":0},{"$f":"W283*E283","v":0},{"$f":"X283*E283","v":0},{"$f":"Y283*E283","v":0},0,{"$f":"+E283*Z283","v":{"v":0,"d":"0.00"}}]
[{"$nulls":32},0]
[2.43,"Financial Resources SDB",{"$nulls":30},0]
[null,"       Supply","each",1,{"v":23023.26,"d":"23,023.26"},{"v":23023.26,"d":"23,023.26"},{"$nulls":19},0,{"$f":"G286*E286","v":0},{"$f":"H286*E286","v":0},{"$f":"I286*E286","v":0},{"$f":"J286*E286","v":0},{"$f":"K286*E286","v":0},{"$f":"L286*E286","v":0},0,{"$f":"N286*E286","v":0},{"$f":"O286*E286","v":0},{"$f":"P286*E286","v":0},{"$f":"Q286*E286","v":0},{"$f":"R286*E286","v":0},{"$f":"S286*E286","v":0},{"$f":"T286*E286","v":0},{"$f":"W286*E286","v":0},{"$f":"X286*E286","v":0},{"$f":"Y286*E286","v":0},0,{"$f":"+E286*Z286","v":{"v":0,"d":"0.00"}}]
[null,"       Install","each",1,{"v":2303,"d":"2,303.00"},{"v":2303,"d":"2,303.00"},{"$nulls":19},0,{"$f":"G287*E287","v":0},{"$f":"H287*E287","v":0},{"$f":"I287*E287","v":0},{"$f":"J287*E287","v":0},{"$f":"K287*E287","v":0},{"$f":"L287*E287","v":0},0,{"$f":"N287*E287","v":0},{"$f":"O287*E287","v":0},{"$f":"P287*E287","v":0},{"$f":"Q287*E287","v":0},{"$f":"R287*E287","v":0},{"$f":"S287*E287","v":0},{"$f":"T287*E287","v":0},{"$f":"W287*E287","v":0},{"$f":"X287*E287","v":0},{"$f":"Y287*E287","v":0},0,{"$f":"+E287*Z287","v":{"v":0,"d":"0.00"}}]
[{"$nulls":32},0]
[2.44,"Main LV Panel No 1 Mains / Standby",{"$nulls":30},0]
[null,"       Supply","each",1,{"v":1873581.65,"d":"1,873,581.65"},{"v":1873581.65,"d":"1,873,581.65"},{"$nulls":19},0,{"$f":"G290*E290","v":0},{"$f":"H290*E290","v":0},{"$f":"I290*E290","v":0},{"$f":"J290*E290","v":0},{"$f":"K290*E290","v":0},{"$f":"L290*E290","v":0},0,{"$f":"N290*E290","v":0},{"$f":"O290*E290","v":0},{"$f":"P290*E290","v":0},{"$f":"Q290*E290","v":0},{"$f":"R290*E290","v":0},{"$f":"S290*E290","v":0},{"$f":"T290*E290","v":0},{"$f":"W290*E290","v":0},{"$f":"X290*E290","v":0},{"$f":"Y290*E290","v":0},0,{"$f":"+E290*Z290","v":{"v":0,"d":"0.00"}}]
[null,"       Install","each",1,{"v":11250,"d":"11,250.00"},{"v":11250,"d":"11,250.00"},{"$nulls":19},0,{"$f":"G291*E291","v":0},{"$f":"H291*E291","v":0},{"$f":"I291*E291","v":0},{"$f":"J291*E291","v":0},{"$f":"K291*E291","v":0},{"$f":"L291*E291","v":0},0,{"$f":"N291*E291","v":0},{"$f":"O291*E291","v":0},{"$f":"P291*E291","v":0},{"$f":"Q291*E291","v":0},{"$f":"R291*E291","v":0},{"$f":"S291*E291","v":0},{"$f":"T291*E291","v":0},{"$f":"W291*E291","v":0},{"$f":"X291*E291","v":0},{"$f":"Y291*E291","v":0},0,{"$f":"+E291*Z291","v":{"v":0,"d":"0.00"}}]
[{"$nulls":32},0]
[2.45,"Main LV Panel No 2  UPS",{"$nulls":30},0]
[null,"       Supply","each",1,{"v":85455.24,"d":"85,455.24"},{"v":85455.24,"d":"85,455.24"},{"$nulls":19},0,{"$f":"G294*E294","v":0},{"$f":"H294*E294","v":0},{"$f":"I294*E294","v":0},{"$f":"J294*E294","v":0},{"$f":"K294*E294","v":0},{"$f":"L294*E294","v":0},0,{"$f":"N294*E294","v":0},{"$f":"O294*E294","v":0},{"$f":"P294*E294","v":0},{"$f":"Q294*E294","v":0},{"$f":"R294*E294","v":0},{"$f":"S294*E294","v":0},{"$f":"T294*E294","v":0},{"$f":"W294*E294","v":0},{"$f":"X294*E294","v":0},{"$f":"Y294*E294","v":0},0,{"$f":"+E294*Z294","v":{"v":0,"d":"0.00"}}]
[null,"       Install","each",1,{"v":4273,"d":"4,273.00"},{"v":4273,"d":"4,273.00"},{"$nulls":19},0,{"$f":"G295*E295","v":0},{"$f":"H295*E295","v":0},{"$f":"I295*E295","v":0},{"$f":"J295*E295","v":0},{"$f":"K295*E295","v":0},{"$f":"L295*E295","v":0},0,{"$f":"N295*E295","v":0},{"$f":"O295*E295","v":0},{"$f":"P295*E295","v":0},{"$f":"Q295*E295","v":0},{"$f":"R295*E295","v":0},{"$f":"S295*E295","v":0},{"$f":"T295*E295","v":0},{"$f":"W295*E295","v":0},{"$f":"X295*E295","v":0},{"$f":"Y295*E295","v":0},0,{"$f":"+E295*Z295","v":{"v":0,"d":"0.00"}}]
[{"$nulls":32},0]
[2.46,"Hospital Substation Local DB",{"$nulls":30},0]
[null,"       Supply","each",1,{"v":5008.95,"d":"5,008.95"},{"v":5008.95,"d":"5,008.95"},{"$nulls":19},0,{"$f":"G298*E298","v":0},{"$f":"H298*E298","v":0},{"$f":"I298*E298","v":0},{"$f":"J298*E298","v":0},{"$f":"K298*E298","v":0},{"$f":"L298*E298","v":0},0,{"$f":"N298*E298","v":0},{"$f":"O298*E298","v":0},{"$f":"P298*E298","v":0},{"$f":"Q298*E298","v":0},{"$f":"R298*E298","v":0},{"$f":"S298*E298","v":0},{"$f":"T298*E298","v":0},{"$f":"W298*E298","v":0},{"$f":"X298*E298","v":0},{"$f":"Y298*E298","v":0},0,{"$f":"+E298*Z298","v":{"v":0,"d":"0.00"}}]
[null,"       Install","each",1,{"v":1250,"d":"1,250.00"},{"v":1250,"d":"1,250.00"},{"$nulls":19},0,{"$f":"G299*E299","v":0},{"$f":"H299*E299","v":0},{"$f":"I299*E299","v":0},{"$f":"J299*E299","v":0},{"$f":"K299*E299","v":0},{"$f":"L299*E299","v":0},0,{"$f":"N299*E299","v":0},{"$f":"O299*E299","v":0},{"$f":"P299*E299","v":0},{"$f":"Q299*E299","v":0},{"$f":"R299*E299","v":0},{"$f":"S299*E299","v":0},{"$f":"T299*E299","v":0},{"$f":"W299*E299","v":0},{"$f":"X299*E299","v":0},{"$f":"Y299*E299","v":0},0,{"$f":"+E299*Z299","v":{"v":0,"d":"0.00"}}]
[{"$nulls":32},0]
[2.47,"Main Intake Substation Plant Room ",{"$nulls":30},0]
[null,"       Supply","each",1,{"v":5008.95,"d":"5,008.95"},{"v":5008.95,"d":"5,008.95"},{"$nulls":19},0,{"$f":"G302*E302","v":0},{"$f":"H302*E302","v":0},{"$f":"I302*E302","v":0},{"$f":"J302*E302","v":0},{"$f":"K302*E302","v":0},{"$f":"L302*E302","v":0},0,{"$f":"N302*E302","v":0},{"$f":"O302*E302","v":0},{"$f":"P302*E302","v":0},{"$f":"Q302*E302","v":0},{"$f":"R302*E302","v":0},{"$f":"S302*E302","v":0},{"$f":"T302*E302","v":0},{"$f":"W302*E302","v":0},{"$f":"X302*E302","v":0},{"$f":"Y302*E302","v":0},0,{"$f":"+E302*Z302","v":{"v":0,"d":"0.00"}}]
[null,"       Install","each",1,{"v":1250,"d":"1,250.00"},{"v":1250,"d":"1,250.00"},{"$nulls":19},0,{"$f":"G303*E303","v":0},{"$f":"H303*E303","v":0},{"$f":"I303*E303","v":0},{"$f":"J303*E303","v":0},{"$f":"K303*E303","v":0},{"$f":"L303*E303","v":0},0,{"$f":"N303*E303","v":0},{"$f":"O303*E303","v":0},{"$f":"P303*E303","v":0},{"$f":"Q303*E303","v":0},{"$f":"R303*E303","v":0},{"$f":"S303*E303","v":0},{"$f":"T303*E303","v":0},{"$f":"W303*E303","v":0},{"$f":"X303*E303","v":0},{"$f":"Y303*E303","v":0},0,{"$f":"+E303*Z303","v":{"v":0,"d":"0.00"}}]
[{"$nulls":32},0]
[2.48,"Theatre DB No 1",{"$nulls":30},0]
[null,"       Supply","each",1,{"v":12369.24,"d":"12,369.24"},{"v":12369.24,"d":"12,369.24"},{"$nulls":19},0,{"$f":"G306*E306","v":0},{"$f":"H306*E306","v":0},{"$f":"I306*E306","v":0},{"$f":"J306*E306","v":0},{"$f":"K306*E306","v":0},{"$f":"L306*E306","v":0},0,{"$f":"N306*E306","v":0},{"$f":"O306*E306","v":0},{"$f":"P306*E306","v":0},{"$f":"Q306*E306","v":0},{"$f":"R306*E306","v":0},{"$f":"S306*E306","v":0},{"$f":"T306*E306","v":0},{"$f":"W306*E306","v":0},{"$f":"X306*E306","v":0},{"$f":"Y306*E306","v":0},0,{"$f":"+E306*Z306","v":{"v":0,"d":"0.00"}}]
[null,"       Install","each",1,{"v":1250,"d":"1,250.00"},{"v":1250,"d":"1,250.00"},{"$nulls":19},0,{"$f":"G307*E307","v":0},{"$f":"H307*E307","v":0},{"$f":"I307*E307","v":0},{"$f":"J307*E307","v":0},{"$f":"K307*E307","v":0},{"$f":"L307*E307","v":0},0,{"$f":"N307*E307","v":0},{"$f":"O307*E307","v":0},{"$f":"P307*E307","v":0},{"$f":"Q307*E307","v":0},{"$f":"R307*E307","v":0},{"$f":"S307*E307","v":0},{"$f":"T307*E307","v":0},{"$f":"W307*E307","v":0},{"$f":"X307*E307","v":0},{"$f":"Y307*E307","v":0},0,{"$f":"+E307*Z307","v":{"v":0,"d":"0.00"}}]
[{"$nulls":32},0]
[2.49,"Theatre DB No 2",{"$nulls":30},0]
[null,"       Supply","each",1,{"v":12369.24,"d":"12,369.24"},{"v":12369.24,"d":"12,369.24"},{"$nulls":19},0,{"$f":"G310*E310","v":0},{"$f":"H310*E310","v":0},{"$f":"I310*E310","v":0},{"$f":"J310*E310","v":0},{"$f":"K310*E310","v":0},{"$f":"L310*E310","v":0},0,{"$f":"N310*E310","v":0},{"$f":"O310*E310","v":0},{"$f":"P310*E310","v":0},{"$f":"Q310*E310","v":0},{"$f":"R310*E310","v":0},{"$f":"S310*E310","v":0},{"$f":"T310*E310","v":0},{"$f":"W310*E310","v":0},{"$f":"X310*E310","v":0},{"$f":"Y310*E310","v":0},0,{"$f":"+E310*Z310","v":{"v":0,"d":"0.00"}}]
[null,"       Install","each",1,{"v":1250,"d":"1,250.00"},{"v":1250,"d":"1,250.00"},{"$nulls":19},0,{"$f":"G311*E311","v":0},{"$f":"H311*E311","v":0},{"$f":"I311*E311","v":0},{"$f":"J311*E311","v":0},{"$f":"K311*E311","v":0},{"$f":"L311*E311","v":0},0,{"$f":"N311*E311","v":0},{"$f":"O311*E311","v":0},{"$f":"P311*E311","v":0},{"$f":"Q311*E311","v":0},{"$f":"R311*E311","v":0},{"$f":"S311*E311","v":0},{"$f":"T311*E311","v":0},{"$f":"W311*E311","v":0},{"$f":"X311*E311","v":0},{"$f":"Y311*E311","v":0},0,{"$f":"+E311*Z311","v":{"v":0,"d":"0.00"}}]
[{"$nulls":32},0]
[{"v":2.5,"d":"2.50"},"Theatre DB No 3",{"$nulls":30},0]
[null,"       Supply","each",1,{"v":12369.24,"d":"12,369.24"},{"v":12369.24,"d":"12,369.24"},{"$nulls":19},0,{"$f":"G314*E314","v":0},{"$f":"H314*E314","v":0},{"$f":"I314*E314","v":0},{"$f":"J314*E314","v":0},{"$f":"K314*E314","v":0},{"$f":"L314*E314","v":0},0,{"$f":"N314*E314","v":0},{"$f":"O314*E314","v":0},{"$f":"P314*E314","v":0},{"$f":"Q314*E314","v":0},{"$f":"R314*E314","v":0},{"$f":"S314*E314","v":0},{"$f":"T314*E314","v":0},{"$f":"W314*E314","v":0},{"$f":"X314*E314","v":0},{"$f":"Y314*E314","v":0},0,{"$f":"+E314*Z314","v":{"v":0,"d":"0.00"}}]
[null,"       Install","each",1,{"v":1250,"d":"1,250.00"},{"v":1250,"d":"1,250.00"},{"$nulls":19},0,{"$f":"G315*E315","v":0},{"$f":"H315*E315","v":0},{"$f":"I315*E315","v":0},{"$f":"J315*E315","v":0},{"$f":"K315*E315","v":0},{"$f":"L315*E315","v":0},0,{"$f":"N315*E315","v":0},{"$f":"O315*E315","v":0},{"$f":"P315*E315","v":0},{"$f":"Q315*E315","v":0},{"$f":"R315*E315","v":0},{"$f":"S315*E315","v":0},{"$f":"T315*E315","v":0},{"$f":"W315*E315","v":0},{"$f":"X315*E315","v":0},{"$f":"Y315*E315","v":0},0,{"$f":"+E315*Z315","v":{"v":0,"d":"0.00"}}]
[{"$nulls":32},0]
[2.51,"Theatre DB No 4",{"$nulls":30},0]
[null,"       Supply","each",1,{"v":12369.24,"d":"12,369.24"},{"v":12369.24,"d":"12,369.24"},{"$nulls":19},0,{"$f":"G318*E318","v":0},{"$f":"H318*E318","v":0},{"$f":"I318*E318","v":0},{"$f":"J318*E318","v":0},{"$f":"K318*E318","v":0},{"$f":"L318*E318","v":0},0,{"$f":"N318*E318","v":0},{"$f":"O318*E318","v":0},{"$f":"P318*E318","v":0},{"$f":"Q318*E318","v":0},{"$f":"R318*E318","v":0},{"$f":"S318*E318","v":0},{"$f":"T318*E318","v":0},{"$f":"W318*E318","v":0},{"$f":"X318*E318","v":0},{"$f":"Y318*E318","v":0},0,{"$f":"+E318*Z318","v":{"v":0,"d":"0.00"}}]
[null,"       Install","each",1,{"v":1250,"d":"1,250.00"},{"v":1250,"d":"1,250.00"},{"$nulls":19},0,{"$f":"G319*E319","v":0},{"$f":"H319*E319","v":0},{"$f":"I319*E319","v":0},{"$f":"J319*E319","v":0},{"$f":"K319*E319","v":0},{"$f":"L319*E319","v":0},0,{"$f":"N319*E319","v":0},{"$f":"O319*E319","v":0},{"$f":"P319*E319","v":0},{"$f":"Q319*E319","v":0},{"$f":"R319*E319","v":0},{"$f":"S319*E319","v":0},{"$f":"T319*E319","v":0},{"$f":"W319*E319","v":0},{"$f":"X319*E319","v":0},{"$f":"Y319*E319","v":0},{"$f":"SUM(AA319:AQ319)","v":0},{"$f":"+E319*Z319","v":{"v":0,"d":"0.00"}}]
[]
[]
[null,"Amount Carried Forward",{"$nulls":3},{"$f":"SUM(F270:F321)","v":{"v":3576008.6000000015,"d":"3,576,008.60"}},{"$nulls":38},{"$f":"SUM(AS270:AS321)","v":{"v":50042.44,"d":"50,042.44"}}]
[]
["MAIN HOSPITAL ELECTRICAL INSTALLATION"]
["CECILIA MAKIWANE HOSPITAL : PHASE 4C"]
[]
["BILL NO. 2 : DISTRIBUTION BOARDS"]
["ITEM","DESCRIPTION","UNIT","QTY","RATE","TENDER AMOUNT","A-LV05","B-LV04","D-LV03","E1-LV03","E2","F1","F2","G1","G2","H1","H2","J1","J2","J3","Substation","G/House",null,"N","Other","Total Qty","A","B","D","E1","E2","F1","F2","G1","G2","H1","H2","J1","J2","J3","K","N","Other","Total Amount","Total Claimed"]
[null,"AMOUNT CARRIED FORWARD FROM PREVIOUS BILL",{"$nulls":3},{"$f":"F322","v":{"v":3576008.6000000015,"d":"3,576,008.60"}},{"$nulls":38},{"$f":"AS322","v":{"v":50042.44,"d":"50,042.44"}}]
[]
[2.52,"Theatre DB No 5"]
[null,"       Supply","each",1,{"v":12369.24,"d":"12,369.24"},{"$f":"$D332*E332","v":{"v":12369.24,"d":"12,369.24"}},{"$nulls":19},{"$f":"SUM(G332:Y332)","v":0},{"$f":"G332*E332","v":0},{"$f":"H332*E332","v":0},{"$f":"I332*E332","v":0},{"$f":"J332*E332","v":0},{"$f":"K332*E332","v":0},{"$f":"L332*E332","v":0},{"$f":"+M332*E332","v":0},{"$f":"N332*E332","v":0},{"$f":"O332*E332","v":0},{"$f":"P332*E332","v":0},{"$f":"Q332*E332","v":0},{"$f":"R332*E332","v":0},{"$f":"S332*E332","v":0},{"$f":"T332*E332","v":0},{"$f":"W332*E332","v":0},{"$f":"X332*E332","v":0},{"$f":"Y332*E332","v":0},{"$f":"SUM(AA332:AQ332)","v":0},{"$f":"+E332*Z332","v":{"v":0,"d":"0.00"}}]
[null,"       Install","each",1,{"v":1250,"d":"1,250.00"},{"v":1250,"d":"1,250.00"},{"$nulls":19},{"$f":"SUM(G333:Y333)","v":0},{"$f":"G333*E333","v":0},{"$f":"H333*E333","v":0},{"$f":"I333*E333","v":0},{"$f":"J333*E333","v":0},{"$f":"K333*E333","v":0},{"$f":"L333*E333","v":0},0,{"$f":"N333*E333","v":0},{"$f":"O333*E333","v":0},{"$f":"P333*E333","v":0},{"$f":"Q333*E333","v":0},{"$f":"R333*E333","v":0},{"$f":"S333*E333","v":0},{"$f":"T333*E333","v":0},{"$f":"W333*E333","v":0},{"$f":"X333*E333","v":0},{"$f":"Y333*E333","v":0},{"$f":"SUM(AA333:AQ333)","v":0},{"$f":"+E333*Z333","v":{"v":0,"d":"0.00"}}]
[{"$nulls":32},0]
[2.53,"Theatre Delivery Ward",{"$nulls":30},0]
[null,"       Supply","each",1,{"v":12369.24,"d":"12,369.24"},{"v":12369.24,"d":"12,369.24"},{"$nulls":18},1,1,{"$f":"G336*E336","v":0},{"$f":"H336*E336","v":0},{"$f":"I336*E336","v":0},{"$f":"J336*E336","v":0},{"$f":"K336*E336","v":0},{"$f":"L336*E336","v":0},0,{"$f":"N336*E336","v":0},{"$f":"O336*E336","v":0},{"$f":"P336*E336","v":0},{"$f":"Q336*E336","v":0},{"$f":"R336*E336","v":0},{"$f":"S336*E336","v":0},{"$f":"T336*E336","v":0},{"$f":"W336*E336","v":0},{"$f":"X336*E336","v":0},{"$f":"Y336*E336","v":{"v":12369.24,"d":"12,369"}},{"v":12369.24,"d":"12,369"},{"$f":"+E336*Z336","v":{"v":12369.24,"d":"12,369.24"}}]
[null,"       Install","each",1,{"v":1250,"d":"1,250.00"},{"v":1250,"d":"1,250.00"},{"$nulls":19},0,{"$f":"G337*E337","v":0},{"$f":"H337*E337","v":0},{"$f":"I337*E337","v":0},{"$f":"J337*E337","v":0},{"$f":"K337*E337","v":0},{"$f":"L337*E337","v":0},0,{"$f":"N337*E337","v":0},{"$f":"O337*E337","v":0},{"$f":"P337*E337","v":0},{"$f":"Q337*E337","v":0},{"$f":"R337*E337","v":0},{"$f":"S337*E337","v":0},{"$f":"T337*E337","v":0},{"$f":"W337*E337","v":0},{"$f":"X337*E337","v":0},{"$f":"Y337*E337","v":0},0,{"$f":"+E337*Z337","v":{"v":0,"d":"0.00"}}]
[{"$nulls":32},0]
[2.54,"Theatre A&E",{"$nulls":30},0]
[null,"       Supply","each",1,{"v":12369.24,"d":"12,369.24"},{"v":12369.24,"d":"12,369.24"},{"$nulls":19},0,{"$f":"G340*E340","v":0},{"$f":"H340*E340","v":0},{"$f":"I340*E340","v":0},{"$f":"J340*E340","v":0},{"$f":"K340*E340","v":0},{"$f":"L340*E340","v":0},0,{"$f":"N340*E340","v":0},{"$f":"O340*E340","v":0},{"$f":"P340*E340","v":0},{"$f":"Q340*E340","v":0},{"$f":"R340*E340","v":0},{"$f":"S340*E340","v":0},{"$f":"T340*E340","v":0},{"$f":"W340*E340","v":0},{"$f":"X340*E340","v":0},{"$f":"Y340*E340","v":0},0,{"$f":"+E340*Z340","v":{"v":0,"d":"0.00"}}]
[null,"       Install","each",1,{"v":1250,"d":"1,250.00"},{"v":1250,"d":"1,250.00"},{"$nulls":19},0,{"$f":"G341*E341","v":0},{"$f":"H341*E341","v":0},{"$f":"I341*E341","v":0},{"$f":"J341*E341","v":0},{"$f":"K341*E341","v":0},{"$f":"L341*E341","v":0},0,{"$f":"N341*E341","v":0},{"$f":"O341*E341","v":0},{"$f":"P341*E341","v":0},{"$f":"Q341*E341","v":0},{"$f":"R341*E341","v":0},{"$f":"S341*E341","v":0},{"$f":"T341*E341","v":0},{"$f":"W341*E341","v":0},{"$f":"X341*E341","v":0},{"$f":"Y341*E341","v":0},0,{"$f":"+E341*Z341","v":{"v":0,"d":"0.00"}}]
[{"$nulls":32},0]
[2.55,"Roof Plantroom DB No 1",{"$nulls":30},0]
[null,"       Supply","each",1,{"v":9377.1,"d":"9,377.10"},{"v":9377.1,"d":"9,377.10"},{"$nulls":19},0,{"$f":"G344*E344","v":0},{"$f":"H344*E344","v":0},{"$f":"I344*E344","v":0},{"$f":"J344*E344","v":0},{"$f":"K344*E344","v":0},{"$f":"L344*E344","v":0},0,{"$f":"N344*E344","v":0},{"$f":"O344*E344","v":0},{"$f":"P344*E344","v":0},{"$f":"Q344*E344","v":0},{"$f":"R344*E344","v":0},{"$f":"S344*E344","v":0},{"$f":"T344*E344","v":0},{"$f":"W344*E344","v":0},{"$f":"X344*E344","v":0},{"$f":"Y344*E344","v":0},0,{"$f":"+E344*Z344","v":{"v":0,"d":"0.00"}}]
[null,"       Install","each",1,{"v":1250,"d":"1,250.00"},{"v":1250,"d":"1,250.00"},{"$nulls":19},0,{"$f":"G345*E345","v":0},{"$f":"H345*E345","v":0},{"$f":"I345*E345","v":0},{"$f":"J345*E345","v":0},{"$f":"K345*E345","v":0},{"$f":"L345*E345","v":0},0,{"$f":"N345*E345","v":0},{"$f":"O345*E345","v":0},{"$f":"P345*E345","v":0},{"$f":"Q345*E345","v":0},{"$f":"R345*E345","v":0},{"$f":"S345*E345","v":0},{"$f":"T345*E345","v":0},{"$f":"W345*E345","v":0},{"$f":"X345*E345","v":0},{"$f":"Y345*E345","v":0},0,{"$f":"+E345*Z345","v":{"v":0,"d":"0.00"}}]
[{"$nulls":32},0]
[2.56,"Roof Plantroom DB No 2",{"$nulls":30},0]
[null,"       Supply","each",1,{"v":9377.1,"d":"9,377.10"},{"v":9377.1,"d":"9,377.10"},{"$nulls":19},0,{"$f":"G348*E348","v":0},{"$f":"H348*E348","v":0},{"$f":"I348*E348","v":0},{"$f":"J348*E348","v":0},{"$f":"K348*E348","v":0},{"$f":"L348*E348","v":0},0,{"$f":"N348*E348","v":0},{"$f":"O348*E348","v":0},{"$f":"P348*E348","v":0},{"$f":"Q348*E348","v":0},{"$f":"R348*E348","v":0},{"$f":"S348*E348","v":0},{"$f":"T348*E348","v":0},{"$f":"W348*E348","v":0},{"$f":"X348*E348","v":0},{"$f":"Y348*E348","v":0},0,{"$f":"+E348*Z348","v":{"v":0,"d":"0.00"}}]
[null,"       Install","each",1,{"v":1250,"d":"1,250.00"},{"v":1250,"d":"1,250.00"},{"$nulls":19},0,{"$f":"G349*E349","v":0},{"$f":"H349*E349","v":0},{"$f":"I349*E349","v":0},{"$f":"J349*E349","v":0},{"$f":"K349*E349","v":0},{"$f":"L349*E349","v":0},0,{"$f":"N349*E349","v":0},{"$f":"O349*E349","v":0},{"$f":"P349*E349","v":0},{"$f":"Q349*E349","v":0},{"$f":"R349*E349","v":0},{"$f":"S349*E349","v":0},{"$f":"T349*E349","v":0},{"$f":"W349*E349","v":0},{"$f":"X349*E349","v":0},{"$f":"Y349*E349","v":0},0,{"$f":"+E349*Z349","v":{"v":0,"d":"0.00"}}]
[{"$nulls":32},0]
[2.57,"Roof Plantroom DB No 3",{"$nulls":30},0]
[null,"       Supply","each",1,{"v":9377.1,"d":"9,377.10"},{"v":9377.1,"d":"9,377.10"},{"$nulls":19},0,{"$f":"G352*E352","v":0},{"$f":"H352*E352","v":0},{"$f":"I352*E352","v":0},{"$f":"J352*E352","v":0},{"$f":"K352*E352","v":0},{"$f":"L352*E352","v":0},0,{"$f":"N352*E352","v":0},{"$f":"O352*E352","v":0},{"$f":"P352*E352","v":0},{"$f":"Q352*E352","v":0},{"$f":"R352*E352","v":0},{"$f":"S352*E352","v":0},{"$f":"T352*E352","v":0},{"$f":"W352*E352","v":0},{"$f":"X352*E352","v":0},{"$f":"Y352*E352","v":0},0,{"$f":"+E352*Z352","v":{"v":0,"d":"0.00"}}]
[null,"       Install","each",1,{"v":1250,"d":"1,250.00"},{"v":1250,"d":"1,250.00"},{"$nulls":19},0,{"$f":"G353*E353","v":0},{"$f":"H353*E353","v":0},{"$f":"I353*E353","v":0},{"$f":"J353*E353","v":0},{"$f":"K353*E353","v":0},{"$f":"L353*E353","v":0},0,{"$f":"N353*E353","v":0},{"$f":"O353*E353","v":0},{"$f":"P353*E353","v":0},{"$f":"Q353*E353","v":0},{"$f":"R353*E353","v":0},{"$f":"S353*E353","v":0},{"$f":"T353*E353","v":0},{"$f":"W353*E353","v":0},{"$f":"X353*E353","v":0},{"$f":"Y353*E353","v":0},0,{"$f":"+E353*Z353","v":{"v":0,"d":"0.00"}}]
[{"$nulls":32},0]
[2.58,"Roof Plantroom DB No 4",{"$nulls":30},0]
[null,"       Supply","each",1,{"v":9554.77,"d":"9,554.77"},{"v":9554.77,"d":"9,554.77"},{"$nulls":19},0,{"$f":"G356*E356","v":0},{"$f":"H356*E356","v":0},{"$f":"I356*E356","v":0},{"$f":"J356*E356","v":0},{"$f":"K356*E356","v":0},{"$f":"L356*E356","v":0},0,{"$f":"N356*E356","v":0},{"$f":"O356*E356","v":0},{"$f":"P356*E356","v":0},{"$f":"Q356*E356","v":0},{"$f":"R356*E356","v":0},{"$f":"S356*E356","v":0},{"$f":"T356*E356","v":0},{"$f":"W356*E356","v":0},{"$f":"X356*E356","v":0},{"$f":"Y356*E356","v":0},0,{"$f":"+E356*Z356","v":{"v":0,"d":"0.00"}}]
[null,"       Install","each",1,{"v":1250,"d":"1,250.00"},{"v":1250,"d":"1,250.00"},{"$nulls":19},0,{"$f":"G357*E357","v":0},{"$f":"H357*E357","v":0},{"$f":"I357*E357","v":0},{"$f":"J357*E357","v":0},{"$f":"K357*E357","v":0},{"$f":"L357*E357","v":0},0,{"$f":"N357*E357","v":0},{"$f":"O357*E357","v":0},{"$f":"P357*E357","v":0},{"$f":"Q357*E357","v":0},{"$f":"R357*E357","v":0},{"$f":"S357*E357","v":0},{"$f":"T357*E357","v":0},{"$f":"W357*E357","v":0},{"$f":"X357*E357","v":0},{"$f":"Y357*E357","v":0},0,{"$f":"+E357*Z357","v":{"v":0,"d":"0.00"}}]
[{"$nulls":32},0,{"$nulls":11}," "]
[2.59,"Roof Plantroom DB No 5",{"$nulls":30},0,{"$nulls":11}," "]
[null,"       Supply","each",1,{"v":9294.51,"d":"9,294.51"},{"v":9294.51,"d":"9,294.51"},{"$nulls":19},0,{"$f":"G360*E360","v":0},{"$f":"H360*E360","v":0},{"$f":"I360*E360","v":0},{"$f":"J360*E360","v":0},{"$f":"K360*E360","v":0},{"$f":"L360*E360","v":0},0,{"$f":"N360*E360","v":0},{"$f":"O360*E360","v":0},{"$f":"P360*E360","v":0},{"$f":"Q360*E360","v":0},{"$f":"R360*E360","v":0},{"$f":"S360*E360","v":0},{"$f":"T360*E360","v":0},{"$f":"W360*E360","v":0},{"$f":"X360*E360","v":0},{"$f":"Y360*E360","v":0},0,{"$f":"+E360*Z360","v":{"v":0,"d":"0.00"}}]
[null,"       Install","each",1,{"v":1250,"d":"1,250.00"},{"v":1250,"d":"1,250.00"},{"$nulls":19},0,{"$f":"G361*E361","v":0},{"$f":"H361*E361","v":0},{"$f":"I361*E361","v":0},{"$f":"J361*E361","v":0},{"$f":"K361*E361","v":0},{"$f":"L361*E361","v":0},0,{"$f":"N361*E361","v":0},{"$f":"O361*E361","v":0},{"$f":"P361*E361","v":0},{"$f":"Q361*E361","v":0},{"$f":"R361*E361","v":0},{"$f":"S361*E361","v":0},{"$f":"T361*E361","v":0},{"$f":"W361*E361","v":0},{"$f":"X361*E361","v":0},{"$f":"Y361*E361","v":0},0,{"$f":"+E361*Z361","v":{"v":0,"d":"0.00"}}]
[{"$nulls":32},0,{"$nulls":11}," "]
[{"v":2.6,"d":"2.60"},"Roof Plantroom DB No 6",{"$nulls":30},0,{"$nulls":11}," "]
[null,"       Supply","each",1,{"v":9294.51,"d":"9,294.51"},{"v":9294.51,"d":"9,294.51"},{"$nulls":19},0,{"$f":"G364*E364","v":0},{"$f":"H364*E364","v":0},{"$f":"I364*E364","v":0},{"$f":"J364*E364","v":0},{"$f":"K364*E364","v":0},{"$f":"L364*E364","v":0},0,{"$f":"N364*E364","v":0},{"$f":"O364*E364","v":0},{"$f":"P364*E364","v":0},{"$f":"Q364*E364","v":0},{"$f":"R364*E364","v":0},{"$f":"S364*E364","v":0},{"$f":"T364*E364","v":0},{"$f":"W364*E364","v":0},{"$f":"X364*E364","v":0},{"$f":"Y364*E364","v":0},0,{"$f":"+E364*Z364","v":{"v":0,"d":"0.00"}}]
[null,"       Install","each",1,{"v":1250,"d":"1,250.00"},{"v":1250,"d":"1,250.00"},{"$nulls":19},0,{"$f":"G365*E365","v":0},{"$f":"H365*E365","v":0},{"$f":"I365*E365","v":0},{"$f":"J365*E365","v":0},{"$f":"K365*E365","v":0},{"$f":"L365*E365","v":0},0,{"$f":"N365*E365","v":0},{"$f":"O365*E365","v":0},{"$f":"P365*E365","v":0},{"$f":"Q365*E365","v":0},{"$f":"R365*E365","v":0},{"$f":"S365*E365","v":0},{"$f":"T365*E365","v":0},{"$f":"W365*E365","v":0},{"$f":"X365*E365","v":0},{"$f":"Y365*E365","v":0},0,{"$f":"+E365*Z365","v":{"v":0,"d":"0.00"}}]
[{"$nulls":32},0]
[2.61,"Roof Plantroom DB No 7",{"$nulls":30},0]
[null,"       Supply","each",1,{"v":9294.51,"d":"9,294.51"},{"v":9294.51,"d":"9,294.51"},{"$nulls":19},0,{"$f":"G368*E368","v":0},{"$f":"H368*E368","v":0},{"$f":"I368*E368","v":0},{"$f":"J368*E368","v":0},{"$f":"K368*E368","v":0},{"$f":"L368*E368","v":0},0,{"$f":"N368*E368","v":0},{"$f":"O368*E368","v":0},{"$f":"P368*E368","v":0},{"$f":"Q368*E368","v":0},{"$f":"R368*E368","v":0},{"$f":"S368*E368","v":0},{"$f":"T368*E368","v":0},{"$f":"W368*E368","v":0},{"$f":"X368*E368","v":0},{"$f":"Y368*E368","v":0},0,{"$f":"+E368*Z368","v":{"v":0,"d":"0.00"}}]
[null,"       Install","each",1,{"v":1250,"d":"1,250.00"},{"v":1250,"d":"1,250.00"},{"$nulls":19},0,{"$f":"G369*E369","v":0},{"$f":"H369*E369","v":0},{"$f":"I369*E369","v":0},{"$f":"J369*E369","v":0},{"$f":"K369*E369","v":0},{"$f":"L369*E369","v":0},0,{"$f":"N369*E369","v":0},{"$f":"O369*E369","v":0},{"$f":"P369*E369","v":0},{"$f":"Q369*E369","v":0},{"$f":"R369*E369","v":0},{"$f":"S369*E369","v":0},{"$f":"T369*E369","v":0},{"$f":"W369*E369","v":0},{"$f":"X369*E369","v":0},{"$f":"Y369*E369","v":0},0,{"$f":"+E369*Z369","v":{"v":0,"d":"0.00"}}]
[{"$nulls":32},0]
[2.62,"Roof Plantroom DB No 8",{"$nulls":30},0]
[null,"       Supply","each",1,{"v":9864.37,"d":"9,864.37"},{"v":9864.37,"d":"9,864.37"},{"$nulls":19},0,{"$f":"G372*E372","v":0},{"$f":"H372*E372","v":0},{"$f":"I372*E372","v":0},{"$f":"J372*E372","v":0},{"$f":"K372*E372","v":0},{"$f":"L372*E372","v":0},0,{"$f":"N372*E372","v":0},{"$f":"O372*E372","v":0},{"$f":"P372*E372","v":0},{"$f":"Q372*E372","v":0},{"$f":"R372*E372","v":0},{"$f":"S372*E372","v":0},{"$f":"T372*E372","v":0},{"$f":"W372*E372","v":0},{"$f":"X372*E372","v":0},{"$f":"Y372*E372","v":0},0,{"$f":"+E372*Z372","v":{"v":0,"d":"0.00"}}]
[null,"       Install","each",1,{"v":1250,"d":"1,250.00"},{"v":1250,"d":"1,250.00"},{"$nulls":19},0,{"$f":"G373*E373","v":0},{"$f":"H373*E373","v":0},{"$f":"I373*E373","v":0},{"$f":"J373*E373","v":0},{"$f":"K373*E373","v":0},{"$f":"L373*E373","v":0},0,{"$f":"N373*E373","v":0},{"$f":"O373*E373","v":0},{"$f":"P373*E373","v":0},{"$f":"Q373*E373","v":0},{"$f":"R373*E373","v":0},{"$f":"S373*E373","v":0},{"$f":"T373*E373","v":0},{"$f":"W373*E373","v":0},{"$f":"X373*E373","v":0},{"$f":"Y373*E373","v":0},0,{"$f":"+E373*Z373","v":{"v":0,"d":"0.00"}}]
[{"$nulls":32},0]
[2.63,"Roof Plantroom DB No 9",{"$nulls":30},0]
[null,"       Supply","each",1,{"v":9864.37,"d":"9,864.37"},{"v":9864.37,"d":"9,864.37"},{"$nulls":19},0,{"$f":"G376*E376","v":0},{"$f":"H376*E376","v":0},{"$f":"I376*E376","v":0},{"$f":"J376*E376","v":0},{"$f":"K376*E376","v":0},{"$f":"L376*E376","v":0},0,{"$f":"N376*E376","v":0},{"$f":"O376*E376","v":0},{"$f":"P376*E376","v":0},{"$f":"Q376*E376","v":0},{"$f":"R376*E376","v":0},{"$f":"S376*E376","v":0},{"$f":"T376*E376","v":0},{"$f":"W376*E376","v":0},{"$f":"X376*E376","v":0},{"$f":"Y376*E376","v":0},0,{"$f":"+E376*Z376","v":{"v":0,"d":"0.00"}}]
[null,"       Install","each",1,{"v":1250,"d":"1,250.00"},{"v":1250,"d":"1,250.00"},{"$nulls":19},0,{"$f":"G377*E377","v":0},{"$f":"H377*E377","v":0},{"$f":"I377*E377","v":0},{"$f":"J377*E377","v":0},{"$f":"K377*E377","v":0},{"$f":"L377*E377","v":0},0,{"$f":"N377*E377","v":0},{"$f":"O377*E377","v":0},{"$f":"P377*E377","v":0},{"$f":"Q377*E377","v":0},{"$f":"R377*E377","v":0},{"$f":"S377*E377","v":0},{"$f":"T377*E377","v":0},{"$f":"W377*E377","v":0},{"$f":"X377*E377","v":0},{"$f":"Y377*E377","v":0},0,{"$f":"+E377*Z377","v":{"v":0,"d":"0.00"}}]
[{"$nulls":5}," ",{"$nulls":38}," "]
[]
[null,"Amount Carried Forward",{"$nulls":3},{"$f":"SUM(F329:F379)","v":{"v":3713414.660000002,"d":"3,713,414.66"}},{"$nulls":38},{"$f":"SUM(AS329:AS379)","v":{"v":62411.68,"d":"62,411.68"}}]
[]
["MAIN HOSPITAL ELECTRICAL INSTALLATION"]
["CECILIA MAKIWANE HOSPITAL : PHASE 4C"]
[]
["BILL NO. 2 : DISTRIBUTION BOARDS"]
["ITEM","DESCRIPTION","UNIT","QTY","RATE","TENDER AMOUNT","A-LV05","B-LV04","D-LV03","E1-LV03","E2","F1","F2","G1","G2","H1","H2","J1","J2","J3","Substation","G/House",null,"N","Other","Total Qty","A","B","D","E1","E2","F1","F2","G1","G2","H1","H2","J1","J2","J3","K","N","Other","Total Amount","Total Claimed"]
[null,"AMOUNT CARRIED FORWARD FROM PREVIOUS BILL",{"$nulls":3},{"$f":"F380","v":{"v":3713414.660000002,"d":"3,713,414.66"}},{"$nulls":38},{"$f":"AS380","v":{"v":62411.68,"d":"62,411.68"}}]
[]
[2.64,"Roof Plantroom DB No 10"]
[null,"       Supply","each",1,{"v":9494.14,"d":"9,494.14"},{"$f":"$D390*E390","v":{"v":9494.14,"d":"9,494.14"}},{"$nulls":19},{"$f":"SUM(G390:Y390)","v":0},{"$f":"G390*E390","v":0},{"$f":"H390*E390","v":0},{"$f":"I390*E390","v":0},{"$f":"J390*E390","v":0},{"$f":"K390*E390","v":0},{"$f":"L390*E390","v":0},{"$f":"+M390*E390","v":0},{"$f":"N390*E390","v":0},{"$f":"O390*E390","v":0},{"$f":"P390*E390","v":0},{"$f":"Q390*E390","v":0},{"$f":"R390*E390","v":0},{"$f":"S390*E390","v":0},{"$f":"T390*E390","v":0},{"$f":"W390*E390","v":0},{"$f":"X390*E390","v":0},{"$f":"Y390*E390","v":0},{"$f":"SUM(AA390:AQ390)","v":0},{"$f":"+E390*Z390","v":{"v":0,"d":"0.00"}}]
[null,"       Install","each",1,{"v":1250,"d":"1,250.00"},{"v":1250,"d":"1,250.00"},{"$nulls":19},{"$f":"SUM(G391:Y391)","v":0},{"$f":"G391*E391","v":0},{"$f":"H391*E391","v":0},{"$f":"I391*E391","v":0},{"$f":"J391*E391","v":0},{"$f":"K391*E391","v":0},{"$f":"L391*E391","v":0},0,{"$f":"N391*E391","v":0},{"$f":"O391*E391","v":0},{"$f":"P391*E391","v":0},{"$f":"Q391*E391","v":0},{"$f":"R391*E391","v":0},{"$f":"S391*E391","v":0},{"$f":"T391*E391","v":0},{"$f":"W391*E391","v":0},{"$f":"X391*E391","v":0},{"$f":"Y391*E391","v":0},{"$f":"SUM(AA391:AQ391)","v":0},{"$f":"+E391*Z391","v":{"v":0,"d":"0.00"}}]
[{"$nulls":32},0]
[2.65,"Roof Plantroom DB No 11",{"$nulls":30},0]
[null,"       Supply","each",1,{"v":9294.51,"d":"9,294.51"},{"v":9294.51,"d":"9,294.51"},{"$nulls":19},0,{"$f":"G394*E394","v":0},{"$f":"H394*E394","v":0},{"$f":"I394*E394","v":0},{"$f":"J394*E394","v":0},{"$f":"K394*E394","v":0},{"$f":"L394*E394","v":0},0,{"$f":"N394*E394","v":0},{"$f":"O394*E394","v":0},{"$f":"P394*E394","v":0},{"$f":"Q394*E394","v":0},{"$f":"R394*E394","v":0},{"$f":"S394*E394","v":0},{"$f":"T394*E394","v":0},{"$f":"W394*E394","v":0},{"$f":"X394*E394","v":0},{"$f":"Y394*E394","v":0},0,{"$f":"+E394*Z394","v":{"v":0,"d":"0.00"}}]
[null,"       Install","each",1,{"v":1250,"d":"1,250.00"},{"v":1250,"d":"1,250.00"},{"$nulls":19},0,{"$f":"G395*E395","v":0},{"$f":"H395*E395","v":0},{"$f":"I395*E395","v":0},{"$f":"J395*E395","v":0},{"$f":"K395*E395","v":0},{"$f":"L395*E395","v":0},0,{"$f":"N395*E395","v":0},{"$f":"O395*E395","v":0},{"$f":"P395*E395","v":0},{"$f":"Q395*E395","v":0},{"$f":"R395*E395","v":0},{"$f":"S395*E395","v":0},{"$f":"T395*E395","v":0},{"$f":"W395*E395","v":0},{"$f":"X395*E395","v":0},{"$f":"Y395*E395","v":0},0,{"$f":"+E395*Z395","v":{"v":0,"d":"0.00"}}]
[{"$nulls":32},0]
[2.66,"Roof Plantroom DB No 12",{"$nulls":30},0]
[null,"       Supply","each",1,{"v":9294.5,"d":"9,294.50"},{"v":9294.5,"d":"9,294.50"},{"$nulls":19},0,{"$f":"G398*E398","v":0},{"$f":"H398*E398","v":0},{"$f":"I398*E398","v":0},{"$f":"J398*E398","v":0},{"$f":"K398*E398","v":0},{"$f":"L398*E398","v":0},0,{"$f":"N398*E398","v":0},{"$f":"O398*E398","v":0},{"$f":"P398*E398","v":0},{"$f":"Q398*E398","v":0},{"$f":"R398*E398","v":0},{"$f":"S398*E398","v":0},{"$f":"T398*E398","v":0},{"$f":"W398*E398","v":0},{"$f":"X398*E398","v":0},{"$f":"Y398*E398","v":0},0,{"$f":"+E398*Z398","v":{"v":0,"d":"0.00"}}]
[null,"       Install","each",1,{"v":1250,"d":"1,250.00"},{"v":1250,"d":"1,250.00"},{"$nulls":19},0,{"$f":"G399*E399","v":0},{"$f":"H399*E399","v":0},{"$f":"I399*E399","v":0},{"$f":"J399*E399","v":0},{"$f":"K399*E399","v":0},{"$f":"L399*E399","v":0},0,{"$f":"N399*E399","v":0},{"$f":"O399*E399","v":0},{"$f":"P399*E399","v":0},{"$f":"Q399*E399","v":0},{"$f":"R399*E399","v":0},{"$f":"S399*E399","v":0},{"$f":"T399*E399","v":0},{"$f":"W399*E399","v":0},{"$f":"X399*E399","v":0},{"$f":"Y399*E399","v":0},0,{"$f":"+E399*Z399","v":{"v":0,"d":"0.00"}}]
[{"$nulls":32},0]
[2.67,"Roof Plantroom DB No 13",{"$nulls":30},0]
[null,"       Supply","each",1,{"v":9294.5,"d":"9,294.50"},{"v":9294.5,"d":"9,294.50"},{"$nulls":19},0,{"$f":"G402*E402","v":0},{"$f":"H402*E402","v":0},{"$f":"I402*E402","v":0},{"$f":"J402*E402","v":0},{"$f":"K402*E402","v":0},{"$f":"L402*E402","v":0},0,{"$f":"N402*E402","v":0},{"$f":"O402*E402","v":0},{"$f":"P402*E402","v":0},{"$f":"Q402*E402","v":0},{"$f":"R402*E402","v":0},{"$f":"S402*E402","v":0},{"$f":"T402*E402","v":0},{"$f":"W402*E402","v":0},{"$f":"X402*E402","v":0},{"$f":"Y402*E402","v":0},0,{"$f":"+E402*Z402","v":{"v":0,"d":"0.00"}}]
[null,"       Install","each",1,{"v":1250,"d":"1,250.00"},{"v":1250,"d":"1,250.00"},{"$nulls":19},0,{"$f":"G403*E403","v":0},{"$f":"H403*E403","v":0},{"$f":"I403*E403","v":0},{"$f":"J403*E403","v":0},{"$f":"K403*E403","v":0},{"$f":"L403*E403","v":0},0,{"$f":"N403*E403","v":0},{"$f":"O403*E403","v":0},{"$f":"P403*E403","v":0},{"$f":"Q403*E403","v":0},{"$f":"R403*E403","v":0},{"$f":"S403*E403","v":0},{"$f":"T403*E403","v":0},{"$f":"W403*E403","v":0},{"$f":"X403*E403","v":0},{"$f":"Y403*E403","v":0},0,{"$f":"+E403*Z403","v":{"v":0,"d":"0.00"}}]
[{"$nulls":32},0]
[2.68,"Roof Plantroom DB No 14",{"$nulls":30},0]
[null,"       Supply","each",1,{"v":9294.5,"d":"9,294.50"},{"v":9294.5,"d":"9,294.50"},{"$nulls":19},0,{"$f":"G406*E406","v":0},{"$f":"H406*E406","v":0},{"$f":"I406*E406","v":0},{"$f":"J406*E406","v":0},{"$f":"K406*E406","v":0},{"$f":"L406*E406","v":0},0,{"$f":"N406*E406","v":0},{"$f":"O406*E406","v":0},{"$f":"P406*E406","v":0},{"$f":"Q406*E406","v":0},{"$f":"R406*E406","v":0},{"$f":"S406*E406","v":0},{"$f":"T406*E406","v":0},{"$f":"W406*E406","v":0},{"$f":"X406*E406","v":0},{"$f":"Y406*E406","v":0},0,{"$f":"+E406*Z406","v":{"v":0,"d":"0.00"}}]
[null,"       Install","each",1,{"v":1250,"d":"1,250.00"},{"v":1250,"d":"1,250.00"},{"$nulls":19},0,{"$f":"G407*E407","v":0},{"$f":"H407*E407","v":0},{"$f":"I407*E407","v":0},{"$f":"J407*E407","v":0},{"$f":"K407*E407","v":0},{"$f":"L407*E407","v":0},0,{"$f":"N407*E407","v":0},{"$f":"O407*E407","v":0},{"$f":"P407*E407","v":0},{"$f":"Q407*E407","v":0},{"$f":"R407*E407","v":0},{"$f":"S407*E407","v":0},{"$f":"T407*E407","v":0},{"$f":"W407*E407","v":0},{"$f":"X407*E407","v":0},{"$f":"Y407*E407","v":0},0,{"$f":"+E407*Z407","v":{"v":0,"d":"0.00"}}]
[{"$nulls":32},0]
[2.69,"Roof Plantroom DB No 15",{"$nulls":30},0]
[null,"       Supply","each",1,{"v":9377.1,"d":"9,377.10"},{"v":9377.1,"d":"9,377.10"},{"$nulls":19},0,{"$f":"G410*E410","v":0},{"$f":"H410*E410","v":0},{"$f":"I410*E410","v":0},{"$f":"J410*E410","v":0},{"$f":"K410*E410","v":0},{"$f":"L410*E410","v":0},0,{"$f":"N410*E410","v":0},{"$f":"O410*E410","v":0},{"$f":"P410*E410","v":0},{"$f":"Q410*E410","v":0},{"$f":"R410*E410","v":0},{"$f":"S410*E410","v":0},{"$f":"T410*E410","v":0},{"$f":"W410*E410","v":0},{"$f":"X410*E410","v":0},{"$f":"Y410*E410","v":0},0,{"$f":"+E410*Z410","v":{"v":0,"d":"0.00"}}]
[null,"       Install","each",1,{"v":1250,"d":"1,250.00"},{"v":1250,"d":"1,250.00"},{"$nulls":19},0,{"$f":"G411*E411","v":0},{"$f":"H411*E411","v":0},{"$f":"I411*E411","v":0},{"$f":"J411*E411","v":0},{"$f":"K411*E411","v":0},{"$f":"L411*E411","v":0},0,{"$f":"N411*E411","v":0},{"$f":"O411*E411","v":0},{"$f":"P411*E411","v":0},{"$f":"Q411*E411","v":0},{"$f":"R411*E411","v":0},{"$f":"S411*E411","v":0},{"$f":"T411*E411","v":0},{"$f":"W411*E411","v":0},{"$f":"X411*E411","v":0},{"$f":"Y411*E411","v":0},0,{"$f":"+E411*Z411","v":{"v":0,"d":"0.00"}}]
[{"$nulls":32},0]
[{"v":2.7,"d":"2.70"},"Roof Plantroom DB No 16",{"$nulls":30},0]
[null,"       Supply","each",1,{"v":9294.51,"d":"9,294.51"},{"v":9294.51,"d":"9,294.51"},{"$nulls":19},0,{"$f":"G414*E414","v":0},{"$f":"H414*E414","v":0},{"$f":"I414*E414","v":0},{"$f":"J414*E414","v":0},{"$f":"K414*E414","v":0},{"$f":"L414*E414","v":0},0,{"$f":"N414*E414","v":0},{"$f":"O414*E414","v":0},{"$f":"P414*E414","v":0},{"$f":"Q414*E414","v":0},{"$f":"R414*E414","v":0},{"$f":"S414*E414","v":0},{"$f":"T414*E414","v":0},{"$f":"W414*E414","v":0},{"$f":"X414*E414","v":0},{"$f":"Y414*E414","v":0},0,{"$f":"+E414*Z414","v":{"v":0,"d":"0.00"}}]
[null,"       Install","each",1,{"v":1250,"d":"1,250.00"},{"v":1250,"d":"1,250.00"},{"$nulls":19},0,{"$f":"G415*E415","v":0},{"$f":"H415*E415","v":0},{"$f":"I415*E415","v":0},{"$f":"J415*E415","v":0},{"$f":"K415*E415","v":0},{"$f":"L415*E415","v":0},0,{"$f":"N415*E415","v":0},{"$f":"O415*E415","v":0},{"$f":"P415*E415","v":0},{"$f":"Q415*E415","v":0},{"$f":"R415*E415","v":0},{"$f":"S415*E415","v":0},{"$f":"T415*E415","v":0},{"$f":"W415*E415","v":0},{"$f":"X415*E415","v":0},{"$f":"Y415*E415","v":0},0,{"$f":"+E415*Z415","v":{"v":0,"d":"0.00"}}]
[{"$nulls":32},0]
[2.71,"Outdoor Lighting DB No 1",{"$nulls":30},0]
[null,"       Supply","each",1,{"v":6584.03,"d":"6,584.03"},{"v":6584.03,"d":"6,584.03"},{"$nulls":19},0,{"$f":"G418*E418","v":0},{"$f":"H418*E418","v":0},{"$f":"I418*E418","v":0},{"$f":"J418*E418","v":0},{"$f":"K418*E418","v":0},{"$f":"L418*E418","v":0},0,{"$f":"N418*E418","v":0},{"$f":"O418*E418","v":0},{"$f":"P418*E418","v":0},{"$f":"Q418*E418","v":0},{"$f":"R418*E418","v":0},{"$f":"S418*E418","v":0},{"$f":"T418*E418","v":0},{"$f":"W418*E418","v":0},{"$f":"X418*E418","v":0},{"$f":"Y418*E418","v":0},0,{"$f":"+E418*Z418","v":{"v":0,"d":"0.00"}}]
[null,"       Install","each",1,{"v":1250,"d":"1,250.00"},{"v":1250,"d":"1,250.00"},{"$nulls":19},0,{"$f":"G419*E419","v":0},{"$f":"H419*E419","v":0},{"$f":"I419*E419","v":0},{"$f":"J419*E419","v":0},{"$f":"K419*E419","v":0},{"$f":"L419*E419","v":0},0,{"$f":"N419*E419","v":0},{"$f":"O419*E419","v":0},{"$f":"P419*E419","v":0},{"$f":"Q419*E419","v":0},{"$f":"R419*E419","v":0},{"$f":"S419*E419","v":0},{"$f":"T419*E419","v":0},{"$f":"W419*E419","v":0},{"$f":"X419*E419","v":0},{"$f":"Y419*E419","v":0},0,{"$f":"+E419*Z419","v":{"v":0,"d":"0.00"}}]
[{"$nulls":32},0]
[2.72,"Outdoor Lighting DB No 2",{"$nulls":30},0]
[null,"       Supply","each",1,{"v":5575.58,"d":"5,575.58"},{"v":5575.58,"d":"5,575.58"},{"$nulls":19},0,{"$f":"G422*E422","v":0},{"$f":"H422*E422","v":0},{"$f":"I422*E422","v":0},{"$f":"J422*E422","v":0},{"$f":"K422*E422","v":0},{"$f":"L422*E422","v":0},0,{"$f":"N422*E422","v":0},{"$f":"O422*E422","v":0},{"$f":"P422*E422","v":0},{"$f":"Q422*E422","v":0},{"$f":"R422*E422","v":0},{"$f":"S422*E422","v":0},{"$f":"T422*E422","v":0},{"$f":"W422*E422","v":0},{"$f":"X422*E422","v":0},{"$f":"Y422*E422","v":0},0,{"$f":"+E422*Z422","v":{"v":0,"d":"0.00"}}]
[null,"       Install","each",1,{"v":1250,"d":"1,250.00"},{"v":1250,"d":"1,250.00"},{"$nulls":19},0,{"$f":"G423*E423","v":0},{"$f":"H423*E423","v":0},{"$f":"I423*E423","v":0},{"$f":"J423*E423","v":0},{"$f":"K423*E423","v":0},{"$f":"L423*E423","v":0},0,{"$f":"N423*E423","v":0},{"$f":"O423*E423","v":0},{"$f":"P423*E423","v":0},{"$f":"Q423*E423","v":0},{"$f":"R423*E423","v":0},{"$f":"S423*E423","v":0},{"$f":"T423*E423","v":0},{"$f":"W423*E423","v":0},{"$f":"X423*E423","v":0},{"$f":"Y423*E423","v":0},0,{"$f":"+E423*Z423","v":{"v":0,"d":"0.00"}}]
[{"$nulls":32},0]
[2.73,"Outdoor Lighting DB No 3",{"$nulls":30},0]
[null,"       Supply","each",1,{"v":6865.17,"d":"6,865.17"},{"v":6865.17,"d":"6,865.17"},{"$nulls":19},0,{"$f":"G426*E426","v":0},{"$f":"H426*E426","v":0},{"$f":"I426*E426","v":0},{"$f":"J426*E426","v":0},{"$f":"K426*E426","v":0},{"$f":"L426*E426","v":0},0,{"$f":"N426*E426","v":0},{"$f":"O426*E426","v":0},{"$f":"P426*E426","v":0},{"$f":"Q426*E426","v":0},{"$f":"R426*E426","v":0},{"$f":"S426*E426","v":0},{"$f":"T426*E426","v":0},{"$f":"W426*E426","v":0},{"$f":"X426*E426","v":0},{"$f":"Y426*E426","v":0},0,{"$f":"+E426*Z426","v":{"v":0,"d":"0.00"}}]
[null,"       Install","each",1,{"v":1250,"d":"1,250.00"},{"v":1250,"d":"1,250.00"},{"$nulls":19},0,{"$f":"G427*E427","v":0},{"$f":"H427*E427","v":0},{"$f":"I427*E427","v":0},{"$f":"J427*E427","v":0},{"$f":"K427*E427","v":0},{"$f":"L427*E427","v":0},0,{"$f":"N427*E427","v":0},{"$f":"O427*E427","v":0},{"$f":"P427*E427","v":0},{"$f":"Q427*E427","v":0},{"$f":"R427*E427","v":0},{"$f":"S427*E427","v":0},{"$f":"T427*E427","v":0},{"$f":"W427*E427","v":0},{"$f":"X427*E427","v":0},{"$f":"Y427*E427","v":0},0,{"$f":"+E427*Z427","v":{"v":0,"d":"0.00"}}]
[{"$nulls":32},0]
[2.74,"Outdoor Lighting DB No 4",{"$nulls":30},0]
[null,"       Supply","each",1,{"v":9971.46,"d":"9,971.46"},{"v":9971.46,"d":"9,971.46"},{"$nulls":19},0,{"$f":"G430*E430","v":0},{"$f":"H430*E430","v":0},{"$f":"I430*E430","v":0},{"$f":"J430*E430","v":0},{"$f":"K430*E430","v":0},{"$f":"L430*E430","v":0},0,{"$f":"N430*E430","v":0},{"$f":"O430*E430","v":0},{"$f":"P430*E430","v":0},{"$f":"Q430*E430","v":0},{"$f":"R430*E430","v":0},{"$f":"S430*E430","v":0},{"$f":"T430*E430","v":0},{"$f":"W430*E430","v":0},{"$f":"X430*E430","v":0},{"$f":"Y430*E430","v":0},0,{"$f":"+E430*Z430","v":{"v":0,"d":"0.00"}}]
[null,"       Install","each",1,{"v":1250,"d":"1,250.00"},{"v":1250,"d":"1,250.00"},{"$nulls":19},0,{"$f":"G431*E431","v":0},{"$f":"H431*E431","v":0},{"$f":"I431*E431","v":0},{"$f":"J431*E431","v":0},{"$f":"K431*E431","v":0},{"$f":"L431*E431","v":0},0,{"$f":"N431*E431","v":0},{"$f":"O431*E431","v":0},{"$f":"P431*E431","v":0},{"$f":"Q431*E431","v":0},{"$f":"R431*E431","v":0},{"$f":"S431*E431","v":0},{"$f":"T431*E431","v":0},{"$f":"W431*E431","v":0},{"$f":"X431*E431","v":0},{"$f":"Y431*E431","v":0},0,{"$f":"+E431*Z431","v":{"v":0,"d":"0.00"}}]
[{"$nulls":32},0,{"$nulls":11}," "]
[2.75,"Pedistrian Gate House",{"$nulls":30},0,{"$nulls":11}," "]
[null,"       Supply","each",1,{"v":2163.47,"d":"2,163.47"},{"v":2163.47,"d":"2,163.47"},{"$nulls":19},0,{"$f":"G434*E434","v":0},{"$f":"H434*E434","v":0},{"$f":"I434*E434","v":0},{"$f":"J434*E434","v":0},{"$f":"K434*E434","v":0},{"$f":"L434*E434","v":0},0,{"$f":"N434*E434","v":0},{"$f":"O434*E434","v":0},{"$f":"P434*E434","v":0},{"$f":"Q434*E434","v":0},{"$f":"R434*E434","v":0},{"$f":"S434*E434","v":0},{"$f":"T434*E434","v":0},{"$f":"W434*E434","v":0},{"$f":"X434*E434","v":0},{"$f":"Y434*E434","v":0},0,{"$f":"+E434*Z434","v":{"v":0,"d":"0.00"}}]
[null,"       Install","each",1,{"v":1250,"d":"1,250.00"},{"v":1250,"d":"1,250.00"},{"$nulls":19},0,{"$f":"G435*E435","v":0},{"$f":"H435*E435","v":0},{"$f":"I435*E435","v":0},{"$f":"J435*E435","v":0},{"$f":"K435*E435","v":0},{"$f":"L435*E435","v":0},0,{"$f":"N435*E435","v":0},{"$f":"O435*E435","v":0},{"$f":"P435*E435","v":0},{"$f":"Q435*E435","v":0},{"$f":"R435*E435","v":0},{"$f":"S435*E435","v":0},{"$f":"T435*E435","v":0},{"$f":"W435*E435","v":0},{"$f":"X435*E435","v":0},{"$f":"Y435*E435","v":0},0,{"$f":"+E435*Z435","v":{"v":0,"d":"0.00"}}]
[{"$nulls":5}," ",{"$nulls":38}," "]
[]
[null,"Amount Carried Forward",{"$nulls":3},{"$f":"SUM(F387:F437)","v":{"v":3824918.1300000018,"d":"3,824,918.13"}},{"$nulls":38},{"$f":"SUM(AS387:AS437)","v":{"v":62411.68,"d":"62,411.68"}}]
[]
["MAIN HOSPITAL ELECTRICAL INSTALLATION"]
["CECILIA MAKIWANE HOSPITAL : PHASE 4C"]
[]
["BILL NO. 2 : DISTRIBUTION BOARDS"]
["ITEM","DESCRIPTION","UNIT","QTY","RATE","TENDER AMOUNT","A-LV05","B-LV04","D-LV03","E1-LV03","E2","F1","F2","G1","G2","H1","H2","J1","J2","J3","Substation","G/House",null,"N","Other","Total Qty","A","B","D","E1","E2","F1","F2","G1","G2","H1","H2","J1","J2","J3","K","N","Other","Total Amount","Total Claimed"]
[null,"AMOUNT CARRIED FORWARD FROM PREVIOUS BILL",{"$nulls":3},{"$f":"F438","v":{"v":3824918.1300000018,"d":"3,824,918.13"}},{"$nulls":38},{"$f":"AS438","v":{"v":62411.68,"d":"62,411.68"}}]
[]
[]
[2.76,"Vehicle Gate House"]
[null,"       Supply","each",1,{"v":2322.53,"d":"2,322.53"},{"$f":"$D449*E449","v":{"v":2322.53,"d":"2,322.53"}},{"$nulls":19},{"$f":"SUM(G449:Y449)","v":0},{"$f":"G449*E449","v":0},{"$f":"H449*E449","v":0},{"$f":"I449*E449","v":0},{"$f":"J449*E449","v":0},{"$f":"K449*E449","v":0},{"$f":"L449*E449","v":0},{"$f":"+M449*E449","v":0},{"$f":"N449*E449","v":0},{"$f":"O449*E449","v":0},{"$f":"P449*E449","v":0},{"$f":"Q449*E449","v":0},{"$f":"R449*E449","v":0},{"$f":"S449*E449","v":0},{"$f":"T449*E449","v":0},{"$f":"W449*E449","v":0},{"$f":"X449*E449","v":0},{"$f":"Y449*E449","v":0},{"$f":"SUM(AA449:AQ449)","v":0},{"$f":"+E449*Z449","v":{"v":0,"d":"0.00"}}]
[null,"       Install","each",1,{"v":1250,"d":"1,250.00"},{"v":1250,"d":"1,250.00"},{"$nulls":19},{"$f":"SUM(G450:Y450)","v":0},{"$f":"G450*E450","v":0},{"$f":"H450*E450","v":0},{"$f":"I450*E450","v":0},{"$f":"J450*E450","v":0},{"$f":"K450*E450","v":0},{"$f":"L450*E450","v":0},{"$f":"+M450*E450","v":0},{"$f":"N450*E450","v":0},{"$f":"O450*E450","v":0},{"$f":"P450*E450","v":0},{"$f":"Q450*E450","v":0},{"$f":"R450*E450","v":0},{"$f":"S450*E450","v":0},{"$f":"T450*E450","v":0},{"$f":"W450*E450","v":0},{"$f":"X450*E450","v":0},{"$f":"Y450*E450","v":0},{"$f":"SUM(AA450:AQ450)","v":0},{"$f":"+E450*Z450","v":{"v":0,"d":"0.00"}}]
[]
[2.77,"IT SDB"]
[null,"       Supply","each",1,{"v":4359.09,"d":"4,359.09"},{"v":4359.09,"d":"4,359.09"},{"$nulls":19},0,{"$f":"G453*E453","v":0},{"$f":"H453*E453","v":0},{"$f":"I453*E453","v":0},{"$f":"J453*E453","v":0},{"$f":"K453*E453","v":0},{"$f":"L453*E453","v":0},{"$f":"+M453*E453","v":0},{"$f":"N453*E453","v":0},{"$f":"O453*E453","v":0},{"$f":"P453*E453","v":0},{"$f":"Q453*E453","v":0},{"$f":"R453*E453","v":0},{"$f":"S453*E453","v":0},{"$f":"T453*E453","v":0},{"$f":"W453*E453","v":0},{"$f":"X453*E453","v":0},{"$f":"Y453*E453","v":0},0,{"$f":"+E453*Z453","v":{"v":0,"d":"0.00"}}]
[null,"       Install","each",1,{"v":1250,"d":"1,250.00"},{"v":1250,"d":"1,250.00"},{"$nulls":19},0,{"$f":"G454*E454","v":0},{"$f":"H454*E454","v":0},{"$f":"I454*E454","v":0},{"$f":"J454*E454","v":0},{"$f":"K454*E454","v":0},{"$f":"L454*E454","v":0},{"$f":"+M454*E454","v":0},{"$f":"N454*E454","v":0},{"$f":"O454*E454","v":0},{"$f":"P454*E454","v":0},{"$f":"Q454*E454","v":0},{"$f":"R454*E454","v":0},{"$f":"S454*E454","v":0},{"$f":"T454*E454","v":0},{"$f":"W454*E454","v":0},{"$f":"X454*E454","v":0},{"$f":"Y454*E454","v":0},0,{"$f":"+E454*Z454","v":{"v":0,"d":"0.00"}}]
[]
[2.78,"Security SDB"]
[null,"       Supply","each",1,{"v":4359.09,"d":"4,359.09"},{"v":4359.09,"d":"4,359.09"},{"$nulls":19},0,{"$f":"G457*E457","v":0},{"$f":"H457*E457","v":0},{"$f":"I457*E457","v":0},{"$f":"J457*E457","v":0},{"$f":"K457*E457","v":0},{"$f":"L457*E457","v":0},{"$f":"+M457*E457","v":0},{"$f":"N457*E457","v":0},{"$f":"O457*E457","v":0},{"$f":"P457*E457","v":0},{"$f":"Q457*E457","v":0},{"$f":"R457*E457","v":0},{"$f":"S457*E457","v":0},{"$f":"T457*E457","v":0},{"$f":"W457*E457","v":0},{"$f":"X457*E457","v":0},{"$f":"Y457*E457","v":0},0,{"$f":"+E457*Z457","v":{"v":0,"d":"0.00"}}]
[null,"       Install","each",1,{"v":1250,"d":"1,250.00"},{"v":1250,"d":"1,250.00"},{"$nulls":19},0,{"$f":"G458*E458","v":0},{"$f":"H458*E458","v":0},{"$f":"I458*E458","v":0},{"$f":"J458*E458","v":0},{"$f":"K458*E458","v":0},{"$f":"L458*E458","v":0},{"$f":"+M458*E458","v":0},{"$f":"N458*E458","v":0},{"$f":"O458*E458","v":0},{"$f":"P458*E458","v":0},{"$f":"Q458*E458","v":0},{"$f":"R458*E458","v":0},{"$f":"S458*E458","v":0},{"$f":"T458*E458","v":0},{"$f":"W458*E458","v":0},{"$f":"X458*E458","v":0},{"$f":"Y458*E458","v":0},0,{"$f":"+E458*Z458","v":{"v":0,"d":"0.00"}}]
[]
[2.79,"Kitchen SDB"]
[null,"       Supply","each",1,{"v":4968.33,"d":"4,968.33"},{"v":4968.33,"d":"4,968.33"},{"$nulls":19},0,{"$f":"G461*E461","v":0},{"$f":"H461*E461","v":0},{"$f":"I461*E461","v":0},{"$f":"J461*E461","v":0},{"$f":"K461*E461","v":0},{"$f":"L461*E461","v":0},{"$f":"+M461*E461","v":0},{"$f":"N461*E461","v":0},{"$f":"O461*E461","v":0},{"$f":"P461*E461","v":0},{"$f":"Q461*E461","v":0},{"$f":"R461*E461","v":0},{"$f":"S461*E461","v":0},{"$f":"T461*E461","v":0},{"$f":"W461*E461","v":0},{"$f":"X461*E461","v":0},{"$f":"Y461*E461","v":0},0,{"$f":"+E461*Z461","v":{"v":0,"d":"0.00"}}]
[null,"       Install","each",1,{"v":1250,"d":"1,250.00"},{"v":1250,"d":"1,250.00"},{"$nulls":19},0,{"$f":"G462*E462","v":0},{"$f":"H462*E462","v":0},{"$f":"I462*E462","v":0},{"$f":"J462*E462","v":0},{"$f":"K462*E462","v":0},{"$f":"L462*E462","v":0},{"$f":"+M462*E462","v":0},{"$f":"N462*E462","v":0},{"$f":"O462*E462","v":0},{"$f":"P462*E462","v":0},{"$f":"Q462*E462","v":0},{"$f":"R462*E462","v":0},{"$f":"S462*E462","v":0},{"$f":"T462*E462","v":0},{"$f":"W462*E462","v":0},{"$f":"X462*E462","v":0},{"$f":"Y462*E462","v":0},0,{"$f":"+E462*Z462","v":{"v":0,"d":"0.00"}}]
[]
[{"$nulls":5}," "]
[null,"Amount Carried Forward to Summary Page",{"$nulls":3},{"$f":"SUM(F445:F464)","v":{"v":3845927.1700000013,"d":"3,845,927.17"}},{"$nulls":38},{"$f":"SUM(AS445:AS464)","v":{"v":62411.68,"d":"62,411.68"}}]
[]
["MAIN HOSPITAL ELECTRICAL INSTALLATION"]
["CECILIA MAKIWANE HOSPITAL : PHASE 4C"]
[]
["BILL NO. 3 : SLEEVES (SMME PACKAGE No1)"]
["ITEM","DESCRIPTION","UNIT","QTY","RATE","TENDER AMOUNT","A","B","D","E1","E2","F1","F2","G1","G2","H1","H2","J1","J2","J3","Substation","G/House",null,"N","Other","Total Qty","A","B","D","E1","E2","F1","F2","G1","G2","H1","H2","J1","J2","J3","K","N","Other","Total Amount","Total Claimed"]
[]
[]
[]
[{"v":3.1,"d":"3.10"},"Sleeves"]
[null,"Solid or flexible PVC cable sleeves chased or built into brickwork or laid in the open trench or under concrete floor including couplings,backfilling and compacting. NOTE:  Sleeves for future use to be sealed at both ends"]
["3.1.1","200mm diameter (power cables)"]
[null,"       Supply","m",200,{"v":50,"d":"50.00"},{"$f":"$D478*E478","v":{"v":10000,"d":"10,000.00"}},{"$nulls":19},{"$f":"SUM(G478:Y478)","v":0},{"$f":"G478*E478","v":0},{"$f":"H478*E478","v":0},{"$f":"I478*E478","v":0},{"$f":"J478*E478","v":0},{"$f":"K478*E478","v":0},{"$f":"L478*E478","v":0},{"$f":"+M478*E478","v":0},{"$f":"N478*E478","v":0},{"$f":"O478*E478","v":0},{"$f":"P478*E478","v":0},{"$f":"Q478*E478","v":0},{"$f":"R478*E478","v":0},{"$f":"S478*E478","v":0},{"$f":"T478*E478","v":0},{"$f":"W478*E478","v":0},{"$f":"X478*E478","v":0},{"$f":"Y478*E478","v":0},{"$f":"SUM(AA478:AQ478)","v":0},{"$f":"+E478*Z478","v":{"v":0,"d":"0.00"}}]
[null,"       Install","m",{"$f":"D478","v":200},{"v":19,"d":"19.00"},{"v":3800,"d":"3,800.00"},{"$nulls":19},{"$f":"SUM(G479:Y479)","v":0},{"$f":"G479*E479","v":0},{"$f":"H479*E479","v":0},{"$f":"I479*E479","v":0},{"$f":"J479*E479","v":0},{"$f":"K479*E479","v":0},{"$f":"L479*E479","v":0},{"$f":"+M479*E479","v":0},{"$f":"N479*E479","v":0},{"$f":"O479*E479","v":0},{"$f":"P479*E479","v":0},{"$f":"Q479*E479","v":0},{"$f":"R479*E479","v":0},{"$f":"S479*E479","v":0},{"$f":"T479*E479","v":0},{"$f":"W479*E479","v":0},{"$f":"X479*E479","v":0},{"$f":"Y479*E479","v":0},{"$f":"SUM(AA479:AQ479)","v":0},{"$f":"+E479*Z479","v":{"v":0,"d":"0.00"}}]
[]
["3.1.2","160mm diameter (power cables)"]
[null,"       Supply","m",200,{"v":42,"d":"42.00"},{"v":8400,"d":"8,400.00"},{"$nulls":18},84,84,{"$f":"G482*E482","v":0},{"$f":"H482*E482","v":0},{"$f":"I482*E482","v":0},{"$f":"J482*E482","v":0},{"$f":"K482*E482","v":0},{"$f":"L482*E482","v":0},{"$f":"+M482*E482","v":0},{"$f":"N482*E482","v":0},{"$f":"O482*E482","v":0},{"$f":"P482*E482","v":0},{"$f":"Q482*E482","v":0},{"$f":"R482*E482","v":0},{"$f":"S482*E482","v":0},{"$f":"T482*E482","v":0},{"$f":"W482*E482","v":0},{"$f":"X482*E482","v":0},{"$f":"Y482*E482","v":{"v":3528,"d":"3,528"}},{"v":3528,"d":"3,528"},{"$f":"+E482*Z482","v":{"v":3528,"d":"3,528.00"}}]
[null,"       Install","m",{"$f":"D482","v":200},{"v":17,"d":"17.00"},{"v":3400,"d":"3,400.00"},{"$nulls":18},{"$f":"6+60+12+6","v":84},84,{"$f":"G483*E483","v":0},{"$f":"H483*E483","v":0},{"$f":"I483*E483","v":0},{"$f":"J483*E483","v":0},{"$f":"K483*E483","v":0},{"$f":"L483*E483","v":0},{"$f":"+M483*E483","v":0},{"$f":"N483*E483","v":0},{"$f":"O483*E483","v":0},{"$f":"P483*E483","v":0},{"$f":"Q483*E483","v":0},{"$f":"R483*E483","v":0},{"$f":"S483*E483","v":0},{"$f":"T483*E483","v":0},{"$f":"W483*E483","v":0},{"$f":"X483*E483","v":0},{"$f":"Y483*E483","v":{"v":1428,"d":"1,428"}},{"v":1428,"d":"1,428"},{"$f":"+E483*Z483","v":{"v":1428,"d":"1,428.00"}}]
[]
["3.1.3","110mm diameter (power cables)"]
[null,"       Supply","m",600,{"v":17.5,"d":"17.50"},{"v":10500,"d":"10,500.00"},{"$nulls":18},120,120,{"$f":"G486*E486","v":0},{"$f":"H486*E486","v":0},{"$f":"I486*E486","v":0},{"$f":"J486*E486","v":0},{"$f":"K486*E486","v":0},{"$f":"L486*E486","v":0},{"$f":"+M486*E486","v":0},{"$f":"N486*E486","v":0},{"$f":"O486*E486","v":0},{"$f":"P486*E486","v":0},{"$f":"Q486*E486","v":0},{"$f":"R486*E486","v":0},{"$f":"S486*E486","v":0},{"$f":"T486*E486","v":0},{"$f":"W486*E486","v":0},{"$f":"X486*E486","v":0},{"$f":"Y486*E486","v":{"v":2100,"d":"2,100"}},{"v":2100,"d":"2,100"},{"$f":"+E486*Z486","v":{"v":2100,"d":"2,100.00"}}]
[null,"       Install","m",{"$f":"D486","v":600},{"v":15,"d":"15.00"},{"v":9000,"d":"9,000.00"},{"$nulls":18},{"$f":"97+6","v":103},103,{"$f":"G487*E487","v":0},{"$f":"H487*E487","v":0},{"$f":"I487*E487","v":0},{"$f":"J487*E487","v":0},{"$f":"K487*E487","v":0},{"$f":"L487*E487","v":0},{"$f":"+M487*E487","v":0},{"$f":"N487*E487","v":0},{"$f":"O487*E487","v":0},{"$f":"P487*E487","v":0},{"$f":"Q487*E487","v":0},{"$f":"R487*E487","v":0},{"$f":"S487*E487","v":0},{"$f":"T487*E487","v":0},{"$f":"W487*E487","v":0},{"$f":"X487*E487","v":0},{"$f":"Y487*E487","v":{"v":1545,"d":"1,545"}},{"v":1545,"d":"1,545"},{"$f":"+E487*Z487","v":{"v":1545,"d":"1,545.00"}}]
[]
["3.1.4","75mm diameter (power cables)"]
[null,"       Supply","m",400,{"v":13.5,"d":"13.50"},{"v":5400,"d":"5,400.00"},{"$nulls":19},0,{"$f":"G490*E490","v":0},{"$f":"H490*E490","v":0},{"$f":"I490*E490","v":0},{"$f":"J490*E490","v":0},{"$f":"K490*E490","v":0},{"$f":"L490*E490","v":0},{"$f":"+M490*E490","v":0},{"$f":"N490*E490","v":0},{"$f":"O490*E490","v":0},{"$f":"P490*E490","v":0},{"$f":"Q490*E490","v":0},{"$f":"R490*E490","v":0},{"$f":"S490*E490","v":0},{"$f":"T490*E490","v":0},{"$f":"W490*E490","v":0},{"$f":"X490*E490","v":0},{"$f":"Y490*E490","v":0},0,{"$f":"+E490*Z490","v":{"v":0,"d":"0.00"}}]
[null,"       Install","m",{"$f":"D490","v":400},{"v":12,"d":"12.00"},{"v":4800,"d":"4,800.00"},{"$nulls":19},0,{"$f":"G491*E491","v":0},{"$f":"H491*E491","v":0},{"$f":"I491*E491","v":0},{"$f":"J491*E491","v":0},{"$f":"K491*E491","v":0},{"$f":"L491*E491","v":0},{"$f":"+M491*E491","v":0},{"$f":"N491*E491","v":0},{"$f":"O491*E491","v":0},{"$f":"P491*E491","v":0},{"$f":"Q491*E491","v":0},{"$f":"R491*E491","v":0},{"$f":"S491*E491","v":0},{"$f":"T491*E491","v":0},{"$f":"W491*E491","v":0},{"$f":"X491*E491","v":0},{"$f":"Y491*E491","v":0},0,{"$f":"+E491*Z491","v":{"v":0,"d":"0.00"}}]
[]
["3.1.5","50mm diameter (power cables)"]
[null,"       Supply","m",600,{"v":14.5,"d":"14.50"},{"v":8700,"d":"8,700.00"},{"$nulls":19},0,{"$f":"G494*E494","v":0},{"$f":"H494*E494","v":0},{"$f":"I494*E494","v":0},{"$f":"J494*E494","v":0},{"$f":"K494*E494","v":0},{"$f":"L494*E494","v":0},{"$f":"+M494*E494","v":0},{"$f":"N494*E494","v":0},{"$f":"O494*E494","v":0},{"$f":"P494*E494","v":0},{"$f":"Q494*E494","v":0},{"$f":"R494*E494","v":0},{"$f":"S494*E494","v":0},{"$f":"T494*E494","v":0},{"$f":"W494*E494","v":0},{"$f":"X494*E494","v":0},{"$f":"Y494*E494","v":0},0,{"$f":"+E494*Z494","v":{"v":0,"d":"0.00"}}]
[null,"       Install","m",{"$f":"D494","v":600},{"v":10,"d":"10.00"},{"v":6000,"d":"6,000.00"},{"$nulls":19},0,{"$f":"G495*E495","v":0},{"$f":"H495*E495","v":0},{"$f":"I495*E495","v":0},{"$f":"J495*E495","v":0},{"$f":"K495*E495","v":0},{"$f":"L495*E495","v":0},{"$f":"+M495*E495","v":0},{"$f":"N495*E495","v":0},{"$f":"O495*E495","v":0},{"$f":"P495*E495","v":0},{"$f":"Q495*E495","v":0},{"$f":"R495*E495","v":0},{"$f":"S495*E495","v":0},{"$f":"T495*E495","v":0},{"$f":"W495*E495","v":0},{"$f":"X495*E495","v":0},{"$f":"Y495*E495","v":0},0,{"$f":"+E495*Z495","v":{"v":0,"d":"0.00"}}]
[]
["3.1.6","32mm diameter (power cables)"]
[null,"       Supply","m",500,5.65,{"v":2825,"d":"2,825.00"},{"$nulls":19},0,{"$f":"G498*E498","v":0},{"$f":"H498*E498","v":0},{"$f":"I498*E498","v":0},{"$f":"J498*E498","v":0},{"$f":"K498*E498","v":0},{"$f":"L498*E498","v":0},{"$f":"+M498*E498","v":0},{"$f":"N498*E498","v":0},{"$f":"O498*E498","v":0},{"$f":"P498*E498","v":0},{"$f":"Q498*E498","v":0},{"$f":"R498*E498","v":0},{"$f":"S498*E498","v":0},{"$f":"T498*E498","v":0},{"$f":"W498*E498","v":0},{"$f":"X498*E498","v":0},{"$f":"Y498*E498","v":0},0,{"$f":"+E498*Z498","v":{"v":0,"d":"0.00"}}]
[null,"       Install","m",{"$f":"D498","v":500},{"v":8,"d":"8.00"},{"v":4000,"d":"4,000.00"},{"$nulls":19},0,{"$f":"G499*E499","v":0},{"$f":"H499*E499","v":0},{"$f":"I499*E499","v":0},{"$f":"J499*E499","v":0},{"$f":"K499*E499","v":0},{"$f":"L499*E499","v":0},{"$f":"+M499*E499","v":0},{"$f":"N499*E499","v":0},{"$f":"O499*E499","v":0},{"$f":"P499*E499","v":0},{"$f":"Q499*E499","v":0},{"$f":"R499*E499","v":0},{"$f":"S499*E499","v":0},{"$f":"T499*E499","v":0},{"$f":"W499*E499","v":0},{"$f":"X499*E499","v":0},{"$f":"Y499*E499","v":0},0,{"$f":"+E499*Z499","v":{"v":0,"d":"0.00"}}]
[]
["3.1.7","90 degrees slow bends for 200mm dia. sleeve"]
[null,"       Supply","each",50,{"v":190,"d":"190.00"},{"v":9500,"d":"9,500.00"},{"$nulls":19},0,{"$f":"G502*E502","v":0},{"$f":"H502*E502","v":0},{"$f":"I502*E502","v":0},{"$f":"J502*E502","v":0},{"$f":"K502*E502","v":0},{"$f":"L502*E502","v":0},{"$f":"+M502*E502","v":0},{"$f":"N502*E502","v":0},{"$f":"O502*E502","v":0},{"$f":"P502*E502","v":0},{"$f":"Q502*E502","v":0},{"$f":"R502*E502","v":0},{"$f":"S502*E502","v":0},{"$f":"T502*E502","v":0},{"$f":"W502*E502","v":0},{"$f":"X502*E502","v":0},{"$f":"Y502*E502","v":0},0,{"$f":"+E502*Z502","v":{"v":0,"d":"0.00"}}]
[null,"       Install","each",{"$f":"D502","v":50},{"v":30,"d":"30.00"},{"v":1500,"d":"1,500.00"},{"$nulls":19},0,{"$f":"G503*E503","v":0},{"$f":"H503*E503","v":0},{"$f":"I503*E503","v":0},{"$f":"J503*E503","v":0},{"$f":"K503*E503","v":0},{"$f":"L503*E503","v":0},{"$f":"+M503*E503","v":0},{"$f":"N503*E503","v":0},{"$f":"O503*E503","v":0},{"$f":"P503*E503","v":0},{"$f":"Q503*E503","v":0},{"$f":"R503*E503","v":0},{"$f":"S503*E503","v":0},{"$f":"T503*E503","v":0},{"$f":"W503*E503","v":0},{"$f":"X503*E503","v":0},{"$f":"Y503*E503","v":0},0,{"$f":"+E503*Z503","v":{"v":0,"d":"0.00"}}]
[]
["3.1.8","90 degrees slow bends for 160mm dia. sleeve"]
[null,"       Supply","each",80,{"v":175,"d":"175.00"},{"v":14000,"d":"14,000.00"},{"$nulls":19},0,{"$f":"G506*E506","v":0},{"$f":"H506*E506","v":0},{"$f":"I506*E506","v":0},{"$f":"J506*E506","v":0},{"$f":"K506*E506","v":0},{"$f":"L506*E506","v":0},{"$f":"+M506*E506","v":0},{"$f":"N506*E506","v":0},{"$f":"O506*E506","v":0},{"$f":"P506*E506","v":0},{"$f":"Q506*E506","v":0},{"$f":"R506*E506","v":0},{"$f":"S506*E506","v":0},{"$f":"T506*E506","v":0},{"$f":"W506*E506","v":0},{"$f":"X506*E506","v":0},{"$f":"Y506*E506","v":0},0,{"$f":"+E506*Z506","v":{"v":0,"d":"0.00"}}]
[null,"       Install","each",{"$f":"D506","v":80},{"v":28,"d":"28.00"},{"v":2240,"d":"2,240.00"},{"$nulls":19},0,{"$f":"G507*E507","v":0},{"$f":"H507*E507","v":0},{"$f":"I507*E507","v":0},{"$f":"J507*E507","v":0},{"$f":"K507*E507","v":0},{"$f":"L507*E507","v":0},{"$f":"+M507*E507","v":0},{"$f":"N507*E507","v":0},{"$f":"O507*E507","v":0},{"$f":"P507*E507","v":0},{"$f":"Q507*E507","v":0},{"$f":"R507*E507","v":0},{"$f":"S507*E507","v":0},{"$f":"T507*E507","v":0},{"$f":"W507*E507","v":0},{"$f":"X507*E507","v":0},{"$f":"Y507*E507","v":0},0,{"$f":"+E507*Z507","v":{"v":0,"d":"0.00"}}]
[]
["3.1.9","90 degrees slow bends for 110mm dia. sleeve"]
[null,"       Supply","each",80,{"v":46,"d":"46.00"},{"v":3680,"d":"3,680.00"},{"$nulls":19},0,{"$f":"G510*E510","v":0},{"$f":"H510*E510","v":0},{"$f":"I510*E510","v":0},{"$f":"J510*E510","v":0},{"$f":"K510*E510","v":0},{"$f":"L510*E510","v":0},{"$f":"+M510*E510","v":0},{"$f":"N510*E510","v":0},{"$f":"O510*E510","v":0},{"$f":"P510*E510","v":0},{"$f":"Q510*E510","v":0},{"$f":"R510*E510","v":0},{"$f":"S510*E510","v":0},{"$f":"T510*E510","v":0},{"$f":"W510*E510","v":0},{"$f":"X510*E510","v":0},{"$f":"Y510*E510","v":0},0,{"$f":"+E510*Z510","v":{"v":0,"d":"0.00"}}]
[null,"       Install","each",{"$f":"D510","v":80},{"v":25,"d":"25.00"},{"v":2000,"d":"2,000.00"},{"$nulls":19},0,{"$f":"G511*E511","v":0},{"$f":"H511*E511","v":0},{"$f":"I511*E511","v":0},{"$f":"J511*E511","v":0},{"$f":"K511*E511","v":0},{"$f":"L511*E511","v":0},{"$f":"+M511*E511","v":0},{"$f":"N511*E511","v":0},{"$f":"O511*E511","v":0},{"$f":"P511*E511","v":0},{"$f":"Q511*E511","v":0},{"$f":"R511*E511","v":0},{"$f":"S511*E511","v":0},{"$f":"T511*E511","v":0},{"$f":"W511*E511","v":0},{"$f":"X511*E511","v":0},{"$f":"Y511*E511","v":0},0,{"$f":"+E511*Z511","v":{"v":0,"d":"0.00"}}]
[]
["3.1.10","90 degrees slow bends for 75mm dia. sleeve"]
[null,"       Supply","each",60,{"v":27.7,"d":"27.70"},{"v":1662,"d":"1,662.00"},{"$nulls":19},0,{"$f":"G514*E514","v":0},{"$f":"H514*E514","v":0},{"$f":"I514*E514","v":0},{"$f":"J514*E514","v":0},{"$f":"K514*E514","v":0},{"$f":"L514*E514","v":0},{"$f":"+M514*E514","v":0},{"$f":"N514*E514","v":0},{"$f":"O514*E514","v":0},{"$f":"P514*E514","v":0},{"$f":"Q514*E514","v":0},{"$f":"R514*E514","v":0},{"$f":"S514*E514","v":0},{"$f":"T514*E514","v":0},{"$f":"W514*E514","v":0},{"$f":"X514*E514","v":0},{"$f":"Y514*E514","v":0},0,{"$f":"+E514*Z514","v":{"v":0,"d":"0.00"}}]
[null,"       Install","each",{"$f":"D514","v":60},{"v":22,"d":"22.00"},{"v":1320,"d":"1,320.00"},{"$nulls":19},0,{"$f":"G515*E515","v":0},{"$f":"H515*E515","v":0},{"$f":"I515*E515","v":0},{"$f":"J515*E515","v":0},{"$f":"K515*E515","v":0},{"$f":"L515*E515","v":0},{"$f":"+M515*E515","v":0},{"$f":"N515*E515","v":0},{"$f":"O515*E515","v":0},{"$f":"P515*E515","v":0},{"$f":"Q515*E515","v":0},{"$f":"R515*E515","v":0},{"$f":"S515*E515","v":0},{"$f":"T515*E515","v":0},{"$f":"W515*E515","v":0},{"$f":"X515*E515","v":0},{"$f":"Y515*E515","v":0},0,{"$f":"+E515*Z515","v":{"v":0,"d":"0.00"}}]
[]
["3.1.11","90 degrees slow bends for 50mm dia. Sleeve"]
[null,"       Supply","each",80,{"v":19,"d":"19.00"},{"v":1520,"d":"1,520.00"},{"$nulls":19},0,{"$f":"G518*E518","v":0},{"$f":"H518*E518","v":0},{"$f":"I518*E518","v":0},{"$f":"J518*E518","v":0},{"$f":"K518*E518","v":0},{"$f":"L518*E518","v":0},{"$f":"+M518*E518","v":0},{"$f":"N518*E518","v":0},{"$f":"O518*E518","v":0},{"$f":"P518*E518","v":0},{"$f":"Q518*E518","v":0},{"$f":"R518*E518","v":0},{"$f":"S518*E518","v":0},{"$f":"T518*E518","v":0},{"$f":"W518*E518","v":0},{"$f":"X518*E518","v":0},{"$f":"Y518*E518","v":0},0,{"$f":"+E518*Z518","v":{"v":0,"d":"0.00"}}]
[null,"       Install","each",{"$f":"D518","v":80},{"v":20,"d":"20.00"},{"v":1600,"d":"1,600.00"},{"$nulls":19},0,{"$f":"G519*E519","v":0},{"$f":"H519*E519","v":0},{"$f":"I519*E519","v":0},{"$f":"J519*E519","v":0},{"$f":"K519*E519","v":0},{"$f":"L519*E519","v":0},{"$f":"+M519*E519","v":0},{"$f":"N519*E519","v":0},{"$f":"O519*E519","v":0},{"$f":"P519*E519","v":0},{"$f":"Q519*E519","v":0},{"$f":"R519*E519","v":0},{"$f":"S519*E519","v":0},{"$f":"T519*E519","v":0},{"$f":"W519*E519","v":0},{"$f":"X519*E519","v":0},{"$f":"Y519*E519","v":0},0,{"$f":"+E519*Z519","v":{"v":0,"d":"0.00"}}]
[]
["3.1.12","90 degrees slow bends for 32mm dia. sleeve"]
[null,"       Supply","each",70,{"v":8,"d":"8.00"},{"v":560,"d":"560.00"},{"$nulls":19},0,{"$f":"G522*E522","v":0},{"$f":"H522*E522","v":0},{"$f":"I522*E522","v":0},{"$f":"J522*E522","v":0},{"$f":"K522*E522","v":0},{"$f":"L522*E522","v":0},{"$f":"+M522*E522","v":0},{"$f":"N522*E522","v":0},{"$f":"O522*E522","v":0},{"$f":"P522*E522","v":0},{"$f":"Q522*E522","v":0},{"$f":"R522*E522","v":0},{"$f":"S522*E522","v":0},{"$f":"T522*E522","v":0},{"$f":"W522*E522","v":0},{"$f":"X522*E522","v":0},{"$f":"Y522*E522","v":0},0,{"$f":"+E522*Z522","v":{"v":0,"d":"0.00"}}]
[null,"       Install","each",{"$f":"D522","v":70},{"v":18,"d":"18.00"},{"v":1260,"d":"1,260.00"},{"$nulls":19},0,{"$f":"G523*E523","v":0},{"$f":"H523*E523","v":0},{"$f":"I523*E523","v":0},{"$f":"J523*E523","v":0},{"$f":"K523*E523","v":0},{"$f":"L523*E523","v":0},{"$f":"+M523*E523","v":0},{"$f":"N523*E523","v":0},{"$f":"O523*E523","v":0},{"$f":"P523*E523","v":0},{"$f":"Q523*E523","v":0},{"$f":"R523*E523","v":0},{"$f":"S523*E523","v":0},{"$f":"T523*E523","v":0},{"$f":"W523*E523","v":0},{"$f":"X523*E523","v":0},{"$f":"Y523*E523","v":0},{"$f":"SUM(AA523:AQ523)","v":0},{"$f":"+E523*Z523","v":{"v":0,"d":"0.00"}}]
[{"$nulls":5}," ",{"$nulls":38}," "]
[]
[null,"Amount Carried Forward",{"$nulls":3},{"$f":"SUM(F474:F525)","v":{"v":117667,"d":"117,667.00"}},{"$nulls":38},{"$f":"SUM(AS474:AS525)","v":{"v":8601,"d":"8,601.00"}}]
[]
["MAIN HOSPITAL ELECTRICAL INSTALLATION"]
["CECILIA MAKIWANE HOSPITAL : PHASE 4C"]
[]
[{"$f":"A470","v":"BILL NO. 3 : SLEEVES (SMME PACKAGE No1)"}]
["ITEM","DESCRIPTION","UNIT","QTY","RATE","TENDER AMOUNT","A","B","D","E1","E2","F1","F2","G1","G2","H1","H2","J1","J2","J3","Substation","G/House",null,"N","Other","Total Qty","A","B","D","E1","E2","F1","F2","G1","G2","H1","H2","J1","J2","J3","K","N","Other","Total Amount","Total Claimed"]
[null,"AMOUNT CARRIED FORWARD FROM PREVIOUS BILL",{"$nulls":3},{"$f":"F526","v":{"v":117667,"d":"117,667.00"}},{"$nulls":38},{"$f":"+AS526","v":{"v":8601,"d":"8,601.00"}}]
[]
[{"v":3.2,"d":"3.20"},"Cable Tape"]
[" ","Laid in an open trench and 150mm above a cable 150mm wide 800 gauge cable marker tape."]
[null,"       Supply","m",{"v":5500,"d":"5,500"},1.35,{"$f":"$D537*E537","v":{"v":7425.000000000001,"d":"7,425.00"}},{"$nulls":19},{"$f":"SUM(G537:Y537)","v":0},{"$f":"G537*E537","v":0},{"$f":"H537*E537","v":0},{"$f":"I537*E537","v":0},{"$f":"J537*E537","v":0},{"$f":"K537*E537","v":0},{"$f":"L537*E537","v":0},{"$f":"+M537*E537","v":0},{"$f":"N537*E537","v":0},{"$f":"O537*E537","v":0},{"$f":"P537*E537","v":0},{"$f":"Q537*E537","v":0},{"$f":"R537*E537","v":0},{"$f":"S537*E537","v":0},{"$f":"T537*E537","v":0},{"$f":"W537*E537","v":0},{"$f":"X537*E537","v":0},{"$f":"Y537*E537","v":0},{"$f":"SUM(AA537:AQ537)","v":0},{"$f":"+E537*Z537","v":{"v":0,"d":"0.00"}}]
[null,"       Install","m",{"$f":"D537","v":{"v":5500,"d":"5,500"}},{"v":2,"d":"2.00"},{"$f":"$D538*E538","v":{"v":11000,"d":"11,000.00"}},{"$nulls":19},{"$f":"SUM(G538:Y538)","v":0},{"$f":"G538*E538","v":0},{"$f":"H538*E538","v":0},{"$f":"I538*E538","v":0},{"$f":"J538*E538","v":0},{"$f":"K538*E538","v":0},{"$f":"L538*E538","v":0},{"$f":"+M538*E538","v":0},{"$f":"N538*E538","v":0},{"$f":"O538*E538","v":0},{"$f":"P538*E538","v":0},{"$f":"Q538*E538","v":0},{"$f":"R538*E538","v":0},{"$f":"S538*E538","v":0},{"$f":"T538*E538","v":0},{"$f":"W538*E538","v":0},{"$f":"X538*E538","v":0},{"$f":"Y538*E538","v":0},{"$f":"SUM(AA538:AQ538)","v":0},{"$f":"+E538*Z538","v":{"v":0,"d":"0.00"}}]
[]
[{"v":3.3,"d":"3.30"},"LV Trenching"]
[null,"Excavation of cable trench 600mm deep, 400mm wide including backfilling, compacting & rubble removal (see Specification for classification of materials)"]
[]
["3.3.1","In earth","m",{"v":5500,"d":"5,500"},{"v":29,"d":"29.00"},{"$f":"$D543*E543","v":{"v":159500,"d":"159,500.00"}},{"$nulls":18},97,97,{"$f":"G543*E543","v":0},{"$f":"H543*E543","v":0},{"$f":"I543*E543","v":0},{"$f":"J543*E543","v":0},{"$f":"K543*E543","v":0},{"$f":"L543*E543","v":0},{"$f":"+M543*E543","v":0},{"$f":"N543*E543","v":0},{"$f":"O543*E543","v":0},{"$f":"P543*E543","v":0},{"$f":"Q543*E543","v":0},{"$f":"R543*E543","v":0},{"$f":"S543*E543","v":0},{"$f":"T543*E543","v":0},{"$f":"W543*E543","v":0},{"$f":"X543*E543","v":0},{"$f":"Y543*E543","v":{"v":2813,"d":"2,813"}},{"v":2813,"d":"2,813"},{"$f":"+E543*Z543","v":{"v":2813,"d":"2,813.00"}}]
["3.3.2","Soft rock EXTRA OVER earth ","m",{"$f":"D543*0.25","v":{"v":1375,"d":"1,375"}},{"v":39,"d":"39.00"},{"$f":"$D544*E544","v":{"v":53625,"d":"53,625.00"}},{"$nulls":19},0,{"$f":"G544*E544","v":0},{"$f":"H544*E544","v":0},{"$f":"I544*E544","v":0},{"$f":"J544*E544","v":0},{"$f":"K544*E544","v":0},{"$f":"L544*E544","v":0},{"$f":"+M544*E544","v":0},{"$f":"N544*E544","v":0},{"$f":"O544*E544","v":0},{"$f":"P544*E544","v":0},{"$f":"Q544*E544","v":0},{"$f":"R544*E544","v":0},{"$f":"S544*E544","v":0},{"$f":"T544*E544","v":0},{"$f":"W544*E544","v":0},{"$f":"X544*E544","v":0},{"$f":"Y544*E544","v":0},0,{"$f":"+E544*Z544","v":{"v":0,"d":"0.00"}}]
["3.3.3","Hard rock","m",{"$f":"D544*0.8","v":{"v":1100,"d":"1,100"}},{"v":49,"d":"49.00"},{"$f":"$D545*E545","v":{"v":53900,"d":"53,900.00"}},{"$nulls":19},0,{"$f":"G545*E545","v":0},{"$f":"H545*E545","v":0},{"$f":"I545*E545","v":0},{"$f":"J545*E545","v":0},{"$f":"K545*E545","v":0},{"$f":"L545*E545","v":0},{"$f":"+M545*E545","v":0},{"$f":"N545*E545","v":0},{"$f":"O545*E545","v":0},{"$f":"P545*E545","v":0},{"$f":"Q545*E545","v":0},{"$f":"R545*E545","v":0},{"$f":"S545*E545","v":0},{"$f":"T545*E545","v":0},{"$f":"W545*E545","v":0},{"$f":"X545*E545","v":0},{"$f":"Y545*E545","v":0},0,{"$f":"+E545*Z545","v":{"v":0,"d":"0.00"}}]
["3.3.4","Imported fines bedding 100mm under cable and 100mm on top of cable."]
[null,"           Supply","m",{"v":6600,"d":"6,600"},{"v":8,"d":"8.00"},{"$f":"$D547*E547","v":{"v":52800,"d":"52,800.00"}},{"$nulls":18},97,97,{"$f":"G547*E547","v":0},{"$f":"H547*E547","v":0},{"$f":"I547*E547","v":0},{"$f":"J547*E547","v":0},{"$f":"K547*E547","v":0},{"$f":"L547*E547","v":0},{"$f":"+M547*E547","v":0},{"$f":"N547*E547","v":0},{"$f":"O547*E547","v":0},{"$f":"P547*E547","v":0},{"$f":"Q547*E547","v":0},{"$f":"R547*E547","v":0},{"$f":"S547*E547","v":0},{"$f":"T547*E547","v":0},{"$f":"W547*E547","v":0},{"$f":"X547*E547","v":0},{"$f":"Y547*E547","v":776},776,{"$f":"+E547*Z547","v":{"v":776,"d":"776.00"}}]
[null,"           Install","m",{"$f":"D547","v":{"v":6600,"d":"6,600"}},{"v":5,"d":"5.00"},{"$f":"$D548*E548","v":{"v":33000,"d":"33,000.00"}},{"$nulls":18},97,97,{"$f":"G548*E548","v":0},{"$f":"H548*E548","v":0},{"$f":"I548*E548","v":0},{"$f":"J548*E548","v":0},{"$f":"K548*E548","v":0},{"$f":"L548*E548","v":0},{"$f":"+M548*E548","v":0},{"$f":"N548*E548","v":0},{"$f":"O548*E548","v":0},{"$f":"P548*E548","v":0},{"$f":"Q548*E548","v":0},{"$f":"R548*E548","v":0},{"$f":"S548*E548","v":0},{"$f":"T548*E548","v":0},{"$f":"W548*E548","v":0},{"$f":"X548*E548","v":0},{"$f":"Y548*E548","v":485},485,{"$f":"+E548*Z548","v":{"v":485,"d":"485.00"}}]
[]
[{"v":3.4,"d":"3.40"},"Sleeve Sealing"," "]
[null,"Sealing off of all sleeves against ingress of moisture, mud, sand and vermin after Cables have been installed, including spare sleeves","Sum",1,{"v":1400,"d":"1,400.00"},{"$f":"$D551*E551","v":{"v":1400,"d":"1,400.00"}},{"$nulls":19},0,{"$f":"G551*E551","v":0},{"$f":"H551*E551","v":0},{"$f":"I551*E551","v":0},{"$f":"J551*E551","v":0},{"$f":"K551*E551","v":0},{"$f":"L551*E551","v":0},{"$f":"+M551*E551","v":0},{"$f":"N551*E551","v":0},{"$f":"O551*E551","v":0},{"$f":"P551*E551","v":0},{"$f":"Q551*E551","v":0},{"$f":"R551*E551","v":0},{"$f":"S551*E551","v":0},{"$f":"T551*E551","v":0},{"$f":"W551*E551","v":0},{"$f":"X551*E551","v":0},{"$f":"Y551*E551","v":0},0,{"$f":"+E551*Z551","v":{"v":0,"d":"0.00"}}]
[]
[{"v":3.5,"d":"3.50"},"Pyramid Concrete Cable Markers"]
[null,"           Supply","m",470,{"v":95,"d":"95.00"},{"$f":"$D554*E554","v":{"v":44650,"d":"44,650.00"}},{"$nulls":19},0,{"$f":"G554*E554","v":0},{"$f":"H554*E554","v":0},{"$f":"I554*E554","v":0},{"$f":"J554*E554","v":0},{"$f":"K554*E554","v":0},{"$f":"L554*E554","v":0},{"$f":"+M554*E554","v":0},{"$f":"N554*E554","v":0},{"$f":"O554*E554","v":0},{"$f":"P554*E554","v":0},{"$f":"Q554*E554","v":0},{"$f":"R554*E554","v":0},{"$f":"S554*E554","v":0},{"$f":"T554*E554","v":0},{"$f":"W554*E554","v":0},{"$f":"X554*E554","v":0},{"$f":"Y554*E554","v":0},0,{"$f":"+E554*Z554","v":{"v":0,"d":"0.00"}}]
[null,"           Install","m",{"$f":"D554","v":470},{"v":30,"d":"30.00"},{"$f":"$D555*E555","v":{"v":14100,"d":"14,100.00"}},{"$nulls":19},0,{"$f":"G555*E555","v":0},{"$f":"H555*E555","v":0},{"$f":"I555*E555","v":0},{"$f":"J555*E555","v":0},{"$f":"K555*E555","v":0},{"$f":"L555*E555","v":0},{"$f":"+M555*E555","v":0},{"$f":"N555*E555","v":0},{"$f":"O555*E555","v":0},{"$f":"P555*E555","v":0},{"$f":"Q555*E555","v":0},{"$f":"R555*E555","v":0},{"$f":"S555*E555","v":0},{"$f":"T555*E555","v":0},{"$f":"W555*E555","v":0},{"$f":"X555*E555","v":0},{"$f":"Y555*E555","v":0},0,{"$f":"+E555*Z555","v":{"v":0,"d":"0.00"}}]
[]
[{"v":3.6,"d":"3.60"},"Mentoring and Management"]
[null,"A percentage of the SMME Package amoiunt to provide the Mentoring and Management of the SMME Contractors","%",1,{"v":549067,"d":"549,067.00"},{"$f":"E558*2.5%","v":{"v":13726.675000000001,"d":"13,726.68"}},{"$nulls":19},0,{"$f":"G558*E558","v":0},{"$f":"H558*E558","v":0},{"$f":"I558*E558","v":0},{"$f":"J558*E558","v":0},{"$f":"K558*E558","v":0},{"$f":"L558*E558","v":0},{"$f":"+M558*E558","v":0},{"$f":"N558*E558","v":0},{"$f":"O558*E558","v":0},{"$f":"P558*E558","v":0},{"$f":"Q558*E558","v":0},{"$f":"R558*E558","v":0},{"$f":"S558*E558","v":0},{"$f":"T558*E558","v":0},{"$f":"W558*E558","v":0},{"$f":"X558*E558","v":0},{"$f":"Y558*E558","v":0},0,{"$f":"+E558*Z558","v":{"v":0,"d":"0.00"}}]
[null," "," "," "]
[]
[null,"Amount Carried Forward to Summary Page",{"$nulls":3},{"$f":"SUM(F533:F560)","v":{"v":562793.675,"d":"562,793.68"}},{"$nulls":38},{"$f":"SUM(AS533:AS560)","v":{"v":12675,"d":"12,675.00"}}]
[]
["MAIN HOSPITAL ELECTRICAL INSTALLATION"]
["CECILIA MAKIWANE HOSPITAL : PHASE 4C"]
[]
["BILL NO. 4 : CABLES (SMME PACKAGE No2)"]
["ITEM","DESCRIPTION","UNIT","QTY","RATE","TENDER AMOUNT","A","B","D","E1","E2","F1","F2","G1","G2","H1","H2","J1","J2","J3","Substation","G/House",null,"N","Other","Total Qty","A","B","D","E1","E2","F1","F2","G1","G2","H1","H2","J1","J2","J3","K","N","Other","Total Amount","Total Claimed"]
[]
[{"$nulls":3}," "]
[{"v":4.1,"d":"4.10"},"Cables"]
[null,"PVC SWA PVC ECC Cable drawn into building entry sleeve, mounted on Tray or Wire Basket. All 600/1000V Copper Cables as specified must be Fire Retardant type."]
[]
["4.1.1","630mm² 1 Core"]
[null,"       Supply","m",600,{"v":580,"d":"580.00"},{"$f":"$D574*E574","v":{"v":348000,"d":"348,000.00"}},{"$nulls":19},{"$f":"SUM(G574:Y574)","v":0},{"$f":"G574*E574","v":0},{"$f":"H574*E574","v":0},{"$f":"I574*E574","v":0},{"$f":"J574*E574","v":0},{"$f":"K574*E574","v":0},{"$f":"L574*E574","v":0},{"$f":"+M574*E574","v":0},{"$f":"N574*E574","v":0},{"$f":"O574*E574","v":0},{"$f":"P574*E574","v":0},{"$f":"Q574*E574","v":0},{"$f":"R574*E574","v":0},{"$f":"S574*E574","v":0},{"$f":"T574*E574","v":0},{"$f":"W574*E574","v":0},{"$f":"X574*E574","v":0},{"$f":"Y574*E574","v":0},{"$f":"SUM(AA574:AQ574)","v":0},{"$f":"+E574*Z574","v":{"v":0,"d":"0.00"}}]
[null,"       Install","m",{"$f":"D574","v":600},{"v":29,"d":"29.00"},{"$f":"$D575*E575","v":{"v":17400,"d":"17,400.00"}},{"$nulls":19},{"$f":"SUM(G575:Y575)","v":0},0,0,0,0,0,0,0,0,0,0,0,0,0,0,0,0,0,{"$f":"SUM(AA575:AQ575)","v":0},{"$f":"+E575*Z575","v":{"v":0,"d":"0.00"}}]
[{"$nulls":5}," ",{"$nulls":20},0,0,0,0,0,0,0,0,0,0,0,0,0,0,0,0,0,0," "]
["4.1.2","Termination for 630mm² 1 core cable"," ",null,null," ",{"$nulls":20},0,0,0,0,0,0,0,0,0,0,0,0,0,0,0,0,0,0," "]
[null,"       Supply","each",12,609.63,{"$f":"$D578*E578","v":{"v":7315.5599999999995,"d":"7,315.56"}},{"$nulls":19},0,0,0,0,0,0,0,0,0,0,0,0,0,0,0,0,0,0,0,{"$f":"+E578*Z578","v":{"v":0,"d":"0.00"}}]
[null,"       Install","each",{"$f":"D578","v":12},{"v":220,"d":"220.00"},{"$f":"$D579*E579","v":{"v":2640,"d":"2,640.00"}},{"$nulls":19},0,0,0,0,0,0,0,0,0,0,0,0,0,0,0,0,0,0,0,{"$f":"+E579*Z579","v":{"v":0,"d":"0.00"}}]
[{"$nulls":5}," ",{"$nulls":20},0,0,0,0,0,0,0,0,0,0,0,0,0,0,0,0,0,0,{"$f":"+E580*Z580","v":{"v":0,"d":"0.00"}}]
["4.1.3","500mm² 1 Core",{"$nulls":3}," ",{"$nulls":20},0,0,0,0,0,0,0,0,0,0,0,0,0,0,0,0,0,0," "]
[null,"       Supply","m",400,{"v":448,"d":"448.00"},{"$f":"$D582*E582","v":{"v":179200,"d":"179,200.00"}},{"$nulls":19},0,0,0,0,0,0,0,0,0,0,0,0,0,0,0,0,0,0,0,{"$f":"+E582*Z582","v":{"v":0,"d":"0.00"}}]
[" ","       Install","m",{"$f":"D582","v":400},{"v":27,"d":"27.00"},{"$f":"$D583*E583","v":{"v":10800,"d":"10,800.00"}},{"$nulls":19},0,0,0,0,0,0,0,0,0,0,0,0,0,0,0,0,0,0,0,{"$f":"+E583*Z583","v":{"v":0,"d":"0.00"}}]
[{"$nulls":5}," ",{"$nulls":20},0,0,0,0,0,0,0,0,0,0,0,0,0,0,0,0,0,0," "]
["4.1.4","Termination for 500mm² 1 core cable",{"$nulls":3}," ",{"$nulls":20},0,0,0,0,0,0,0,0,0,0,0,0,0,0,0,0,0,0," "]
[null,"       Supply","each",16,399.66,{"$f":"$D586*E586","v":{"v":6394.56,"d":"6,394.56"}},{"$nulls":19},0,0,0,0,0,0,0,0,0,0,0,0,0,0,0,0,0,0,0,{"$f":"+E586*Z586","v":{"v":0,"d":"0.00"}}]
[null,"       Install","each",{"$f":"D586","v":16},{"v":200,"d":"200.00"},{"$f":"$D587*E587","v":{"v":3200,"d":"3,200.00"}},{"$nulls":19},0,0,0,0,0,0,0,0,0,0,0,0,0,0,0,0,0,0,0,{"$f":"+E587*Z587","v":{"v":0,"d":"0.00"}}]
[{"$nulls":5}," ",{"$nulls":20},0,0,0,0,0,0,0,0,0,0,0,0,0,0,0,0,0,0," "]
["4.1.5","240mm² 4 Core",{"$nulls":3}," ",{"$nulls":20},0,0,0,0,0,0,0,0,0,0,0,0,0,0,0,0,0,0," "]
[null,"       Supply","m",920,{"v":922,"d":"922.00"},{"$f":"$D590*E590","v":{"v":848240,"d":"848,240.00"}},{"$nulls":18},187,187,0,0,0,0,0,0,0,0,0,0,0,0,0,0,0,0,{"v":172414,"d":"172,414"},{"v":172414,"d":"172,414"},{"$f":"+E590*Z590","v":{"v":172414,"d":"172,414.00"}}]
[null,"       Install","m",{"$f":"D590","v":920},{"v":29,"d":"29.00"},{"$f":"$D591*E591","v":{"v":26680,"d":"26,680.00"}},{"$nulls":19},0,0,0,0,0,0,0,0,0,0,0,0,0,0,0,0,0,0,0,{"$f":"+E591*Z591","v":{"v":0,"d":"0.00"}}]
[{"$nulls":5}," ",{"$nulls":20},0,0,0,0,0,0,0,0,0,0,0,0,0,0,0,0,0,0," "]
["4.1.6","Termination for 240mm² 4 core cable",{"$nulls":3}," ",{"$nulls":20},0,0,0,0,0,0,0,0,0,0,0,0,0,0,0,0,0,0," "]
[null,"       Supply","each",16,{"v":948.3,"d":"948.30"},{"$f":"$D594*E594","v":{"v":15172.8,"d":"15,172.80"}},{"$nulls":19},0,0,0,0,0,0,0,0,0,0,0,0,0,0,0,0,0,0,0,{"$f":"+E594*Z594","v":{"v":0,"d":"0.00"}}]
[null,"       Install","each",{"$f":"D594","v":16},{"v":420,"d":"420.00"},{"$f":"$D595*E595","v":{"v":6720,"d":"6,720.00"}},{"$nulls":19},0,0,0,0,0,0,0,0,0,0,0,0,0,0,0,0,0,0,0,{"$f":"+E595*Z595","v":{"v":0,"d":"0.00"}}]
[{"$nulls":5}," ",{"$nulls":20},0,0,0,0,0,0,0,0,0,0,0,0,0,0,0,0,0,0," "]
["4.1.7","185mm² 4 Core",{"$nulls":3}," ",{"$nulls":20},0,0,0,0,0,0,0,0,0,0,0,0,0,0,0,0,0,0," "]
[null,"       Supply","m",{"v":1160,"d":"1,160"},667.93,{"$f":"$D598*E598","v":{"v":774798.7999999999,"d":"774,798.80"}},{"$nulls":18},193,193,0,0,0,0,0,0,0,0,0,0,0,0,0,0,0,0,{"v":128910.48999999999,"d":"128,910"},{"v":128910.48999999999,"d":"128,910"},{"$f":"+E598*Z598","v":{"v":128910.48999999999,"d":"128,910.49"}}]
[null,"       Install","m",{"$f":"D598","v":{"v":1160,"d":"1,160"}},{"v":27,"d":"27.00"},{"$f":"$D599*E599","v":{"v":31320,"d":"31,320.00"}},{"$nulls":19},0,0,0,0,0,0,0,0,0,0,0,0,0,0,0,0,0,0,0,{"$f":"+E599*Z599","v":{"v":0,"d":"0.00"}}]
[{"$nulls":5}," ",{"$nulls":20},0,0,0,0,0,0,0,0,0,0,0,0,0,0,0,0,0,0," "]
["4.1.8","Termination for 185mm² 4 core cable",{"$nulls":3}," ",{"$nulls":20},0,0,0,0,0,0,0,0,0,0,0,0,0,0,0,0,0,0," "]
[null,"       Supply","each",20,538.85,{"$f":"$D602*E602","v":{"v":10777,"d":"10,777.00"}},{"$nulls":19},0,0,0,0,0,0,0,0,0,0,0,0,0,0,0,0,0,0,0,{"$f":"+E602*Z602","v":{"v":0,"d":"0.00"}}]
[null,"       Install","each",{"$f":"D602","v":20},{"v":400,"d":"400.00"},{"$f":"$D603*E603","v":{"v":8000,"d":"8,000.00"}},{"$nulls":19},0,0,0,0,0,0,0,0,0,0,0,0,0,0,0,0,0,0,0,{"$f":"+E603*Z603","v":{"v":0,"d":"0.00"}}]
[{"$nulls":5}," ",{"$nulls":20},0,0,0,0,0,0,0,0,0,0,0,0,0,0,0,0,0,0," "]
["4.1.9","150mm² 4 Core",{"$nulls":3}," ",{"$nulls":20},0,0,0,0,0,0,0,0,0,0,0,0,0,0,0,0,0,0," "]
[null,"       Supply","m",550,{"v":580,"d":"580.00"},{"$f":"$D606*E606","v":{"v":319000,"d":"319,000.00"}},{"$nulls":18},80,80,0,0,0,0,0,0,0,0,0,0,0,0,0,0,0,0,{"v":46400,"d":"46,400"},{"v":46400,"d":"46,400"},{"$f":"+E606*Z606","v":{"v":46400,"d":"46,400.00"}}]
[null,"       Install","m",{"$f":"D606","v":550},{"v":25,"d":"25.00"},{"$f":"$D607*E607","v":{"v":13750,"d":"13,750.00"}},{"$nulls":19},0,0,0,0,0,0,0,0,0,0,0,0,0,0,0,0,0,0,0,{"$f":"+E607*Z607","v":{"v":0,"d":"0.00"}}]
[{"$nulls":5}," ",{"$nulls":20},0,0,0,0,0,0,0,0,0,0,0,0,0,0,0,0,0,0," "]
["4.1.10","Termination for 150mm² 4 core cable",{"$nulls":3}," ",{"$nulls":20},0,0,0,0,0,0,0,0,0,0,0,0,0,0,0,0,0,0," "]
[null,"       Supply","each",6,493.97,{"$f":"$D610*E610","v":{"v":2963.82,"d":"2,963.82"}},{"$nulls":19},0,0,0,0,0,0,0,0,0,0,0,0,0,0,0,0,0,0,0,{"$f":"+E610*Z610","v":{"v":0,"d":"0.00"}}]
[null,"       Install","each",{"$f":"D610","v":6},{"v":380,"d":"380.00"},{"$f":"$D611*E611","v":{"v":2280,"d":"2,280.00"}},{"$nulls":19},0,0,0,0,0,0,0,0,0,0,0,0,0,0,0,0,0,0,0,{"$f":"+E611*Z611","v":{"v":0,"d":"0.00"}}]
[{"$nulls":5}," ",{"$nulls":20},0,0,0,0,0,0,0,0,0,0,0,0,0,0,0,0,0,0," "]
["4.1.11","120mm² 4 Core",{"$nulls":3}," ",{"$nulls":20},0,0,0,0,0,0,0,0,0,0,0,0,0,0,0,0,0,0," "]
[null,"       Supply","m",200,{"v":470,"d":"470.00"},{"$f":"$D614*E614","v":{"v":94000,"d":"94,000.00"}},{"$nulls":18},200,200,0,0,0,0,0,0,0,0,0,0,0,0,0,0,0,0,{"v":94000,"d":"94,000"},{"v":94000,"d":"94,000"},{"$f":"+E614*Z614","v":{"v":94000,"d":"94,000.00"}}]
[null,"       Install","m",{"$f":"D614","v":200},{"v":22,"d":"22.00"},{"$f":"$D615*E615","v":{"v":4400,"d":"4,400.00"}},{"$nulls":18},200,200,0,0,0,0,0,0,0,0,0,0,0,0,0,0,0,0,{"v":4400,"d":"4,400"},{"v":4400,"d":"4,400"},{"$f":"+E615*Z615","v":{"v":4400,"d":"4,400.00"}}]
[{"$nulls":26},0,0,0,0,0,0,0,0,0,0,0,0,0,0,0,0,0,0,{"$f":"+E616*Z616","v":{"v":0,"d":"0.00"}}]
["4.1.12","Termination for 120mm² 4 core cable",{"$nulls":3}," ",{"$nulls":20},0,0,0,0,0,0,0,0,0,0,0,0,0,0,0,0,0,0," "]
[null,"       Supply","each",8,362.09,{"$f":"$D618*E618","v":{"v":2896.72,"d":"2,896.72"}},{"$nulls":19},0,0,0,0,0,0,0,0,0,0,0,0,0,0,0,0,0,0,0,{"$f":"+E618*Z618","v":{"v":0,"d":"0.00"}}]
[null,"       Install","each",{"$f":"D618","v":8},{"v":320,"d":"320.00"},{"$f":"$D619*E619","v":{"v":2560,"d":"2,560.00"}},{"$nulls":19},0,0,0,0,0,0,0,0,0,0,0,0,0,0,0,0,0,0,{"$f":"SUM(AA619:AQ619)","v":0},{"$f":"+E619*Z619","v":{"v":0,"d":"0.00"}}]
[{"$nulls":5}," ",{"$nulls":38}," "]
[]
[null,"Amount Carried Forward",{"$nulls":3},{"$f":"SUM(F570:F621)","v":{"v":2738509.2600000002,"d":"2,738,509.26"}},{"$nulls":38},{"$f":"SUM(AS568:AS621)","v":{"v":446124.49,"d":"446,124.49"}}]
[]
["MAIN HOSPITAL ELECTRICAL INSTALLATION"]
["CECILIA MAKIWANE HOSPITAL : PHASE 4C"]
[]
[{"$f":"A566","v":"BILL NO. 4 : CABLES (SMME PACKAGE No2)"}]
["ITEM","DESCRIPTION","UNIT","QTY","RATE","TENDER AMOUNT","A","B","D","E1","E2","F1","F2","G1","G2","H1","H2","J1","J2","J3","Substation","G/House",null,"N","Other","Total Qty","A","B","D","E1","E2","F1","F2","G1","G2","H1","H2","J1","J2","J3","K","N","Other","Total Amount","Total Claimed"]
[null,"AMOUNT CARRIED FORWARD FROM PREVIOUS BILL",{"$nulls":3},{"$f":"F622","v":{"v":2738509.2600000002,"d":"2,738,509.26"}},{"$nulls":38},{"$f":"AS622","v":{"v":446124.49,"d":"446,124.49"}}]
[]
["4.1.13","95mm² 4 Core",null," ",null," "]
[null,"       Supply","m",{"v":2000,"d":"2,000"},{"v":376,"d":"376.00"},{"$f":"$D632*E632","v":{"v":752000,"d":"752,000.00"}},{"$nulls":18},150,{"$f":"SUM(G632:Y632)","v":150},{"$f":"G632*E632","v":0},{"$f":"H632*E632","v":0},{"$f":"I632*E632","v":0},{"$f":"J632*E632","v":0},{"$f":"K632*E632","v":0},{"$f":"L632*E632","v":0},{"$f":"+M632*E632","v":0},{"$f":"N632*E632","v":0},{"$f":"O632*E632","v":0},{"$f":"P632*E632","v":0},{"$f":"Q632*E632","v":0},{"$f":"R632*E632","v":0},{"$f":"S632*E632","v":0},{"$f":"T632*E632","v":0},{"$f":"W632*E632","v":0},{"$f":"X632*E632","v":0},{"$f":"Y632*E632","v":{"v":56400,"d":"56,400"}},{"$f":"SUM(AA632:AQ632)","v":{"v":56400,"d":"56,400"}},{"$f":"+E632*Z632","v":{"v":56400,"d":"56,400.00"}}]
[null,"       Install","m",{"$f":"D632","v":{"v":2000,"d":"2,000"}},{"v":20,"d":"20.00"},{"v":40000,"d":"40,000.00"},{"$nulls":18},150,{"$f":"SUM(G633:Y633)","v":150},{"$f":"G633*E633","v":0},{"$f":"H633*E633","v":0},{"$f":"I633*E633","v":0},{"$f":"J633*E633","v":0},{"$f":"K633*E633","v":0},{"$f":"L633*E633","v":0},{"$f":"+M633*E633","v":0},{"$f":"N633*E633","v":0},{"$f":"O633*E633","v":0},{"$f":"P633*E633","v":0},{"$f":"Q633*E633","v":0},{"$f":"R633*E633","v":0},{"$f":"S633*E633","v":0},{"$f":"T633*E633","v":0},{"$f":"W633*E633","v":0},{"$f":"X633*E633","v":0},{"$f":"Y633*E633","v":{"v":3000,"d":"3,000"}},{"$f":"SUM(AA633:AQ633)","v":{"v":3000,"d":"3,000"}},{"$f":"+E633*Z633","v":{"v":3000,"d":"3,000.00"}}]
[]
["4.1.14","Termination for 95mm² 4 core cable"]
[null,"       Supply","each",28,313.96,{"v":8790.88,"d":"8,790.88"},{"$nulls":19},0,{"$f":"G636*E636","v":0},{"$f":"H636*E636","v":0},{"$f":"I636*E636","v":0},{"$f":"J636*E636","v":0},{"$f":"K636*E636","v":0},{"$f":"L636*E636","v":0},{"$f":"+M636*E636","v":0},{"$f":"N636*E636","v":0},{"$f":"O636*E636","v":0},{"$f":"P636*E636","v":0},{"$f":"Q636*E636","v":0},{"$f":"R636*E636","v":0},{"$f":"S636*E636","v":0},{"$f":"T636*E636","v":0},{"$f":"W636*E636","v":0},{"$f":"X636*E636","v":0},{"$f":"Y636*E636","v":0},0,{"$f":"+E636*Z636","v":{"v":0,"d":"0.00"}}]
[null,"       Install","each",{"$f":"D636","v":28},{"v":300,"d":"300.00"},{"v":8400,"d":"8,400.00"},{"$nulls":19},0,{"$f":"G637*E637","v":0},{"$f":"H637*E637","v":0},{"$f":"I637*E637","v":0},{"$f":"J637*E637","v":0},{"$f":"K637*E637","v":0},{"$f":"L637*E637","v":0},{"$f":"+M637*E637","v":0},{"$f":"N637*E637","v":0},{"$f":"O637*E637","v":0},{"$f":"P637*E637","v":0},{"$f":"Q637*E637","v":0},{"$f":"R637*E637","v":0},{"$f":"S637*E637","v":0},{"$f":"T637*E637","v":0},{"$f":"W637*E637","v":0},{"$f":"X637*E637","v":0},{"$f":"Y637*E637","v":0},0,{"$f":"+E637*Z637","v":{"v":0,"d":"0.00"}}]
[{"$nulls":5}," "]
["4.1.15","70mm² 4 Core",{"$nulls":3}," "]
[null,"       Supply","m",700,{"v":272,"d":"272.00"},{"v":190400,"d":"190,400.00"},{"$nulls":19},0,{"$f":"G640*E640","v":0},{"$f":"H640*E640","v":0},{"$f":"I640*E640","v":0},{"$f":"J640*E640","v":0},{"$f":"K640*E640","v":0},{"$f":"L640*E640","v":0},{"$f":"+M640*E640","v":0},{"$f":"N640*E640","v":0},{"$f":"O640*E640","v":0},{"$f":"P640*E640","v":0},{"$f":"Q640*E640","v":0},{"$f":"R640*E640","v":0},{"$f":"S640*E640","v":0},{"$f":"T640*E640","v":0},{"$f":"W640*E640","v":0},{"$f":"X640*E640","v":0},{"$f":"Y640*E640","v":0},0,{"$f":"+E640*Z640","v":{"v":0,"d":"0.00"}}]
[null,"       Install","m",{"$f":"D640","v":700},{"v":18,"d":"18.00"},{"v":12600,"d":"12,600.00"},{"$nulls":19},0,{"$f":"G641*E641","v":0},{"$f":"H641*E641","v":0},{"$f":"I641*E641","v":0},{"$f":"J641*E641","v":0},{"$f":"K641*E641","v":0},{"$f":"L641*E641","v":0},{"$f":"+M641*E641","v":0},{"$f":"N641*E641","v":0},{"$f":"O641*E641","v":0},{"$f":"P641*E641","v":0},{"$f":"Q641*E641","v":0},{"$f":"R641*E641","v":0},{"$f":"S641*E641","v":0},{"$f":"T641*E641","v":0},{"$f":"W641*E641","v":0},{"$f":"X641*E641","v":0},{"$f":"Y641*E641","v":0},0,{"$f":"+E641*Z641","v":{"v":0,"d":"0.00"}}]
[{"$nulls":5}," "]
["4.1.16","Termination for 70mm² 4 core cable",{"$nulls":3}," "]
[null,"       Supply","each",16,289.56,{"v":4632.96,"d":"4,632.96"},{"$nulls":19},0,{"$f":"G644*E644","v":0},{"$f":"H644*E644","v":0},{"$f":"I644*E644","v":0},{"$f":"J644*E644","v":0},{"$f":"K644*E644","v":0},{"$f":"L644*E644","v":0},{"$f":"+M644*E644","v":0},{"$f":"N644*E644","v":0},{"$f":"O644*E644","v":0},{"$f":"P644*E644","v":0},{"$f":"Q644*E644","v":0},{"$f":"R644*E644","v":0},{"$f":"S644*E644","v":0},{"$f":"T644*E644","v":0},{"$f":"W644*E644","v":0},{"$f":"X644*E644","v":0},{"$f":"Y644*E644","v":0},0,{"$f":"+E644*Z644","v":{"v":0,"d":"0.00"}}]
[null,"       Install","each",{"$f":"D644","v":16},{"v":280,"d":"280.00"},{"v":4480,"d":"4,480.00"},{"$nulls":19},0,{"$f":"G645*E645","v":0},{"$f":"H645*E645","v":0},{"$f":"I645*E645","v":0},{"$f":"J645*E645","v":0},{"$f":"K645*E645","v":0},{"$f":"L645*E645","v":0},{"$f":"+M645*E645","v":0},{"$f":"N645*E645","v":0},{"$f":"O645*E645","v":0},{"$f":"P645*E645","v":0},{"$f":"Q645*E645","v":0},{"$f":"R645*E645","v":0},{"$f":"S645*E645","v":0},{"$f":"T645*E645","v":0},{"$f":"W645*E645","v":0},{"$f":"X645*E645","v":0},{"$f":"Y645*E645","v":0},0,{"$f":"+E645*Z645","v":{"v":0,"d":"0.00"}}]
[{"$nulls":5}," "]
["4.1.17","50mm² 4 core",{"$nulls":3}," "]
[null,"       Supply","m",{"v":1700,"d":"1,700"},{"v":193,"d":"193.00"},{"v":328100,"d":"328,100.00"},{"$nulls":19},0,{"$f":"G648*E648","v":0},{"$f":"H648*E648","v":0},{"$f":"I648*E648","v":0},{"$f":"J648*E648","v":0},{"$f":"K648*E648","v":0},{"$f":"L648*E648","v":0},{"$f":"+M648*E648","v":0},{"$f":"N648*E648","v":0},{"$f":"O648*E648","v":0},{"$f":"P648*E648","v":0},{"$f":"Q648*E648","v":0},{"$f":"R648*E648","v":0},{"$f":"S648*E648","v":0},{"$f":"T648*E648","v":0},{"$f":"W648*E648","v":0},{"$f":"X648*E648","v":0},{"$f":"Y648*E648","v":0},0,{"$f":"+E648*Z648","v":{"v":0,"d":"0.00"}}]
[null,"       Install","m",{"v":1700,"d":"1,700"},{"v":16,"d":"16.00"},{"v":27200,"d":"27,200.00"},{"$nulls":19},0,{"$f":"G649*E649","v":0},{"$f":"H649*E649","v":0},{"$f":"I649*E649","v":0},{"$f":"J649*E649","v":0},{"$f":"K649*E649","v":0},{"$f":"L649*E649","v":0},{"$f":"+M649*E649","v":0},{"$f":"N649*E649","v":0},{"$f":"O649*E649","v":0},{"$f":"P649*E649","v":0},{"$f":"Q649*E649","v":0},{"$f":"R649*E649","v":0},{"$f":"S649*E649","v":0},{"$f":"T649*E649","v":0},{"$f":"W649*E649","v":0},{"$f":"X649*E649","v":0},{"$f":"Y649*E649","v":0},0,{"$f":"+E649*Z649","v":{"v":0,"d":"0.00"}}]
[{"$nulls":5}," "]
["4.1.18","Termination for 50mm² 4 core cable",{"$nulls":3}," "]
[null,"       Supply","each",44,185.38,{"v":8156.719999999999,"d":"8,156.72"},{"$nulls":19},0,{"$f":"G652*E652","v":0},{"$f":"H652*E652","v":0},{"$f":"I652*E652","v":0},{"$f":"J652*E652","v":0},{"$f":"K652*E652","v":0},{"$f":"L652*E652","v":0},{"$f":"+M652*E652","v":0},{"$f":"N652*E652","v":0},{"$f":"O652*E652","v":0},{"$f":"P652*E652","v":0},{"$f":"Q652*E652","v":0},{"$f":"R652*E652","v":0},{"$f":"S652*E652","v":0},{"$f":"T652*E652","v":0},{"$f":"W652*E652","v":0},{"$f":"X652*E652","v":0},{"$f":"Y652*E652","v":0},0,{"$f":"+E652*Z652","v":{"v":0,"d":"0.00"}}]
[null,"       Install","each",{"$f":"D652","v":44},{"v":260,"d":"260.00"},{"v":11440,"d":"11,440.00"},{"$nulls":19},0,{"$f":"G653*E653","v":0},{"$f":"H653*E653","v":0},{"$f":"I653*E653","v":0},{"$f":"J653*E653","v":0},{"$f":"K653*E653","v":0},{"$f":"L653*E653","v":0},{"$f":"+M653*E653","v":0},{"$f":"N653*E653","v":0},{"$f":"O653*E653","v":0},{"$f":"P653*E653","v":0},{"$f":"Q653*E653","v":0},{"$f":"R653*E653","v":0},{"$f":"S653*E653","v":0},{"$f":"T653*E653","v":0},{"$f":"W653*E653","v":0},{"$f":"X653*E653","v":0},{"$f":"Y653*E653","v":0},0,{"$f":"+E653*Z653","v":{"v":0,"d":"0.00"}}]
[{"$nulls":5}," "]
["4.1.19","35mm² 4 core",{"$nulls":3}," "]
[null,"       Supply","m",{"v":1500,"d":"1,500"},{"v":144,"d":"144.00"},{"v":216000,"d":"216,000.00"},{"$nulls":19},0,{"$f":"G656*E656","v":0},{"$f":"H656*E656","v":0},{"$f":"I656*E656","v":0},{"$f":"J656*E656","v":0},{"$f":"K656*E656","v":0},{"$f":"L656*E656","v":0},{"$f":"+M656*E656","v":0},{"$f":"N656*E656","v":0},{"$f":"O656*E656","v":0},{"$f":"P656*E656","v":0},{"$f":"Q656*E656","v":0},{"$f":"R656*E656","v":0},{"$f":"S656*E656","v":0},{"$f":"T656*E656","v":0},{"$f":"W656*E656","v":0},{"$f":"X656*E656","v":0},{"$f":"Y656*E656","v":0},0,{"$f":"+E656*Z656","v":{"v":0,"d":"0.00"}}]
[null,"       Install","m",{"$f":"D656","v":{"v":1500,"d":"1,500"}},{"v":14,"d":"14.00"},{"v":21000,"d":"21,000.00"},{"$nulls":19},0,{"$f":"G657*E657","v":0},{"$f":"H657*E657","v":0},{"$f":"I657*E657","v":0},{"$f":"J657*E657","v":0},{"$f":"K657*E657","v":0},{"$f":"L657*E657","v":0},{"$f":"+M657*E657","v":0},{"$f":"N657*E657","v":0},{"$f":"O657*E657","v":0},{"$f":"P657*E657","v":0},{"$f":"Q657*E657","v":0},{"$f":"R657*E657","v":0},{"$f":"S657*E657","v":0},{"$f":"T657*E657","v":0},{"$f":"W657*E657","v":0},{"$f":"X657*E657","v":0},{"$f":"Y657*E657","v":0},0,{"$f":"+E657*Z657","v":{"v":0,"d":"0.00"}}]
[{"$nulls":5}," "]
["4.1.20","Termination for 35mm² 4 core cable",{"$nulls":3}," "]
[null,"       Supply","each",18,164.05,{"v":2952.9,"d":"2,952.90"},{"$nulls":19},0,{"$f":"G660*E660","v":0},{"$f":"H660*E660","v":0},{"$f":"I660*E660","v":0},{"$f":"J660*E660","v":0},{"$f":"K660*E660","v":0},{"$f":"L660*E660","v":0},{"$f":"+M660*E660","v":0},{"$f":"N660*E660","v":0},{"$f":"O660*E660","v":0},{"$f":"P660*E660","v":0},{"$f":"Q660*E660","v":0},{"$f":"R660*E660","v":0},{"$f":"S660*E660","v":0},{"$f":"T660*E660","v":0},{"$f":"W660*E660","v":0},{"$f":"X660*E660","v":0},{"$f":"Y660*E660","v":0},0,{"$f":"+E660*Z660","v":{"v":0,"d":"0.00"}}]
[null,"       Install","each",{"$f":"D660","v":18},{"v":240,"d":"240.00"},{"v":4320,"d":"4,320.00"},{"$nulls":19},0,{"$f":"G661*E661","v":0},{"$f":"H661*E661","v":0},{"$f":"I661*E661","v":0},{"$f":"J661*E661","v":0},{"$f":"K661*E661","v":0},{"$f":"L661*E661","v":0},{"$f":"+M661*E661","v":0},{"$f":"N661*E661","v":0},{"$f":"O661*E661","v":0},{"$f":"P661*E661","v":0},{"$f":"Q661*E661","v":0},{"$f":"R661*E661","v":0},{"$f":"S661*E661","v":0},{"$f":"T661*E661","v":0},{"$f":"W661*E661","v":0},{"$f":"X661*E661","v":0},{"$f":"Y661*E661","v":0},0,{"$f":"+E661*Z661","v":{"v":0,"d":"0.00"}}]
[{"$nulls":5}," "]
["4.1.21","25mm² 4 core",{"$nulls":3}," "]
[null,"       Supply","m",900,{"v":108.9,"d":"108.90"},{"v":98010,"d":"98,010.00"},{"$nulls":18},{"v":1000,"d":"1,000"},{"v":1000,"d":"1,000"},{"$f":"G664*E664","v":0},{"$f":"H664*E664","v":0},{"$f":"I664*E664","v":0},{"$f":"J664*E664","v":0},{"$f":"K664*E664","v":0},{"$f":"L664*E664","v":0},{"$f":"+M664*E664","v":0},{"$f":"N664*E664","v":0},{"$f":"O664*E664","v":0},{"$f":"P664*E664","v":0},{"$f":"Q664*E664","v":0},{"$f":"R664*E664","v":0},{"$f":"S664*E664","v":0},{"$f":"T664*E664","v":0},{"$f":"W664*E664","v":0},{"$f":"X664*E664","v":0},{"$f":"Y664*E664","v":{"v":108900,"d":"108,900"}},{"v":108900,"d":"108,900"},{"$f":"+E664*Z664","v":{"v":108900,"d":"108,900.00"}}]
[null,"       Install","m",{"$f":"D664","v":900},{"v":12,"d":"12.00"},{"v":10800,"d":"10,800.00"},{"$nulls":18},{"v":1000,"d":"1,000"},{"v":1000,"d":"1,000"},{"$f":"G665*E665","v":0},{"$f":"H665*E665","v":0},{"$f":"I665*E665","v":0},{"$f":"J665*E665","v":0},{"$f":"K665*E665","v":0},{"$f":"L665*E665","v":0},{"$f":"+M665*E665","v":0},{"$f":"N665*E665","v":0},{"$f":"O665*E665","v":0},{"$f":"P665*E665","v":0},{"$f":"Q665*E665","v":0},{"$f":"R665*E665","v":0},{"$f":"S665*E665","v":0},{"$f":"T665*E665","v":0},{"$f":"W665*E665","v":0},{"$f":"X665*E665","v":0},{"$f":"Y665*E665","v":{"v":12000,"d":"12,000"}},{"v":12000,"d":"12,000"},{"$f":"+E665*Z665","v":{"v":12000,"d":"12,000.00"}}]
[{"$nulls":5}," "]
["4.1.22","Termination for 25mm² 4 core cable",{"$nulls":3}," "]
[null,"       Supply","each",32,116.45,{"v":3726.4,"d":"3,726.40"},{"$nulls":19},0,{"$f":"G668*E668","v":0},{"$f":"H668*E668","v":0},{"$f":"I668*E668","v":0},{"$f":"J668*E668","v":0},{"$f":"K668*E668","v":0},{"$f":"L668*E668","v":0},{"$f":"+M668*E668","v":0},{"$f":"N668*E668","v":0},{"$f":"O668*E668","v":0},{"$f":"P668*E668","v":0},{"$f":"Q668*E668","v":0},{"$f":"R668*E668","v":0},{"$f":"S668*E668","v":0},{"$f":"T668*E668","v":0},{"$f":"W668*E668","v":0},{"$f":"X668*E668","v":0},{"$f":"Y668*E668","v":0},0,{"$f":"+E668*Z668","v":{"v":0,"d":"0.00"}}]
[null,"       Install","each",{"$f":"D668","v":32},{"v":220,"d":"220.00"},{"v":7040,"d":"7,040.00"},{"$nulls":19},0,{"$f":"G669*E669","v":0},{"$f":"H669*E669","v":0},{"$f":"I669*E669","v":0},{"$f":"J669*E669","v":0},{"$f":"K669*E669","v":0},{"$f":"L669*E669","v":0},{"$f":"+M669*E669","v":0},{"$f":"N669*E669","v":0},{"$f":"O669*E669","v":0},{"$f":"P669*E669","v":0},{"$f":"Q669*E669","v":0},{"$f":"R669*E669","v":0},{"$f":"S669*E669","v":0},{"$f":"T669*E669","v":0},{"$f":"W669*E669","v":0},{"$f":"X669*E669","v":0},{"$f":"Y669*E669","v":0},0,{"$f":"+E669*Z669","v":{"v":0,"d":"0.00"}}]
[]
["4.1.23","16mm² 4 core",{"$nulls":3}," "]
[null,"       Supply","m",{"$f":"3000+385","v":{"v":3385,"d":"3,385"}},{"v":69.5,"d":"69.50"},{"v":235257.5,"d":"235,257.50"},{"$nulls":19},0,{"$f":"G672*E672","v":0},{"$f":"H672*E672","v":0},{"$f":"I672*E672","v":0},{"$f":"J672*E672","v":0},{"$f":"K672*E672","v":0},{"$f":"L672*E672","v":0},{"$f":"+M672*E672","v":0},{"$f":"N672*E672","v":0},{"$f":"O672*E672","v":0},{"$f":"P672*E672","v":0},{"$f":"Q672*E672","v":0},{"$f":"R672*E672","v":0},{"$f":"S672*E672","v":0},{"$f":"T672*E672","v":0},{"$f":"W672*E672","v":0},{"$f":"X672*E672","v":0},{"$f":"Y672*E672","v":0},0,{"$f":"+E672*Z672","v":{"v":0,"d":"0.00"}}]
[null,"       Install","m",{"$f":"D672","v":{"v":3385,"d":"3,385"}},{"v":11,"d":"11.00"},{"v":37235,"d":"37,235.00"},{"$nulls":18},225,225,{"$f":"G673*E673","v":0},{"$f":"H673*E673","v":0},{"$f":"I673*E673","v":0},{"$f":"J673*E673","v":0},{"$f":"K673*E673","v":0},{"$f":"L673*E673","v":0},{"$f":"+M673*E673","v":0},{"$f":"N673*E673","v":0},{"$f":"O673*E673","v":0},{"$f":"P673*E673","v":0},{"$f":"Q673*E673","v":0},{"$f":"R673*E673","v":0},{"$f":"S673*E673","v":0},{"$f":"T673*E673","v":0},{"$f":"W673*E673","v":0},{"$f":"X673*E673","v":0},{"$f":"Y673*E673","v":{"v":2475,"d":"2,475"}},{"v":2475,"d":"2,475"},{"$f":"+E673*Z673","v":{"v":2475,"d":"2,475.00"}}]
[{"$nulls":5}," "]
["4.1.24","Termination for 16mm² 4 core cable",{"$nulls":3}," "]
[null,"       Supply","each",90,106.33,{"v":9569.7,"d":"9,569.70"},{"$nulls":19},0,{"$f":"G676*E676","v":0},{"$f":"H676*E676","v":0},{"$f":"I676*E676","v":0},{"$f":"J676*E676","v":0},{"$f":"K676*E676","v":0},{"$f":"L676*E676","v":0},{"$f":"+M676*E676","v":0},{"$f":"N676*E676","v":0},{"$f":"O676*E676","v":0},{"$f":"P676*E676","v":0},{"$f":"Q676*E676","v":0},{"$f":"R676*E676","v":0},{"$f":"S676*E676","v":0},{"$f":"T676*E676","v":0},{"$f":"W676*E676","v":0},{"$f":"X676*E676","v":0},{"$f":"Y676*E676","v":0},0,{"$f":"+E676*Z676","v":{"v":0,"d":"0.00"}}]
[null,"       Install","each",{"$f":"D676","v":90},{"v":200,"d":"200.00"},{"v":18000,"d":"18,000.00"},{"$nulls":19},0,{"$f":"G677*E677","v":0},{"$f":"H677*E677","v":0},{"$f":"I677*E677","v":0},{"$f":"J677*E677","v":0},{"$f":"K677*E677","v":0},{"$f":"L677*E677","v":0},{"$f":"+M677*E677","v":0},{"$f":"N677*E677","v":0},{"$f":"O677*E677","v":0},{"$f":"P677*E677","v":0},{"$f":"Q677*E677","v":0},{"$f":"R677*E677","v":0},{"$f":"S677*E677","v":0},{"$f":"T677*E677","v":0},{"$f":"W677*E677","v":0},{"$f":"X677*E677","v":0},{"$f":"Y677*E677","v":0},0,{"$f":"+E677*Z677","v":{"v":0,"d":"0.00"}}]
[{"$nulls":5}," "]
["4.1.25","10mm² 4 core",{"$nulls":3}," "]
[null,"       Supply","each",{"$f":"2500+780+450","v":{"v":3730,"d":"3,730"}},51.55,{"v":192281.5,"d":"192,281.50"},{"$nulls":18},856,856,{"$f":"G680*E680","v":0},{"$f":"H680*E680","v":0},{"$f":"I680*E680","v":0},{"$f":"J680*E680","v":0},{"$f":"K680*E680","v":0},{"$f":"L680*E680","v":0},{"$f":"+M680*E680","v":0},{"$f":"N680*E680","v":0},{"$f":"O680*E680","v":0},{"$f":"P680*E680","v":0},{"$f":"Q680*E680","v":0},{"$f":"R680*E680","v":0},{"$f":"S680*E680","v":0},{"$f":"T680*E680","v":0},{"$f":"W680*E680","v":0},{"$f":"X680*E680","v":0},{"$f":"Y680*E680","v":{"v":44126.799999999996,"d":"44,127"}},{"v":44126.799999999996,"d":"44,127"},{"$f":"+E680*Z680","v":{"v":44126.799999999996,"d":"44,126.80"}}]
[null,"       Install","each",{"$f":"D680","v":{"v":3730,"d":"3,730"}},{"v":9,"d":"9.00"},{"v":33570,"d":"33,570.00"},{"$nulls":18},856,856,{"$f":"G681*E681","v":0},{"$f":"H681*E681","v":0},{"$f":"I681*E681","v":0},{"$f":"J681*E681","v":0},{"$f":"K681*E681","v":0},{"$f":"L681*E681","v":0},{"$f":"+M681*E681","v":0},{"$f":"N681*E681","v":0},{"$f":"O681*E681","v":0},{"$f":"P681*E681","v":0},{"$f":"Q681*E681","v":0},{"$f":"R681*E681","v":0},{"$f":"S681*E681","v":0},{"$f":"T681*E681","v":0},{"$f":"W681*E681","v":0},{"$f":"X681*E681","v":0},{"$f":"Y681*E681","v":{"v":7704,"d":"7,704"}},{"$f":"SUM(AA681:AQ681)","v":{"v":7704,"d":"7,704"}},{"$f":"+E681*Z681","v":{"v":7704,"d":"7,704.00"}}]
[{"$nulls":5}," ",{"$nulls":38}," "]
[]
[null,"Amount Carried Forward",{"$nulls":3},{"$f":"SUM(F629:F683)","v":{"v":5024472.820000001,"d":"5,024,472.82"}},{"$nulls":38},{"$f":"SUM(AS629:AS683)","v":{"v":680730.29,"d":"680,730.29"}}]
[]
["MAIN HOSPITAL ELECTRICAL INSTALLATION"]
["CECILIA MAKIWANE HOSPITAL : PHASE 4C"]
[]
[{"$f":"A627","v":"BILL NO. 4 : CABLES (SMME PACKAGE No2)"}]
["ITEM","DESCRIPTION","UNIT","QTY","RATE","TENDER AMOUNT","A","B","D","E1","E2","F1","F2","G1","G2","H1","H2","J1","J2","J3","Substation","G/House",null,"N","Other","Total Qty","A","B","D","E1","E2","F1","F2","G1","G2","H1","H2","J1","J2","J3","K","N","Other","Total Amount","Total Claimed"]
[null,"AMOUNT CARRIED FORWARD FROM PREVIOUS BILL",{"$nulls":3},{"$f":"F684","v":{"v":5024472.820000001,"d":"5,024,472.82"}},{"$nulls":38},{"$f":"AS684","v":{"v":680730.29,"d":"680,730.29"}}]
[]
["4.1.26","Termination for 10mm² 4 core cable",{"$nulls":3}," "]
[null,"       Supply","each",86,84.47,{"$f":"$D694*E694","v":{"v":7264.42,"d":"7,264.42"}},{"$nulls":19},{"$f":"SUM(G694:Y694)","v":0},{"$f":"G694*E694","v":0},{"$f":"H694*E694","v":0},{"$f":"I694*E694","v":0},{"$f":"J694*E694","v":0},{"$f":"K694*E694","v":0},{"$f":"L694*E694","v":0},{"$f":"+M694*E694","v":0},{"$f":"N694*E694","v":0},{"$f":"O694*E694","v":0},{"$f":"P694*E694","v":0},{"$f":"Q694*E694","v":0},{"$f":"R694*E694","v":0},{"$f":"S694*E694","v":0},{"$f":"T694*E694","v":0},{"$f":"W694*E694","v":0},{"$f":"X694*E694","v":0},{"$f":"Y694*E694","v":0},{"$f":"SUM(AA694:AQ694)","v":0},{"$f":"+E694*Z694","v":{"v":0,"d":"0.00"}}]
[null,"       Install","each",{"$f":"D694","v":86},{"v":180,"d":"180.00"},{"v":15480,"d":"15,480.00"},{"$nulls":19},{"$f":"SUM(G695:Y695)","v":0},{"$f":"G695*E695","v":0},{"$f":"H695*E695","v":0},{"$f":"I695*E695","v":0},{"$f":"J695*E695","v":0},{"$f":"K695*E695","v":0},{"$f":"L695*E695","v":0},{"$f":"+M695*E695","v":0},{"$f":"N695*E695","v":0},{"$f":"O695*E695","v":0},{"$f":"P695*E695","v":0},{"$f":"Q695*E695","v":0},{"$f":"R695*E695","v":0},{"$f":"S695*E695","v":0},{"$f":"T695*E695","v":0},{"$f":"W695*E695","v":0},{"$f":"X695*E695","v":0},{"$f":"Y695*E695","v":0},{"$f":"SUM(AA695:AQ695)","v":0},{"$f":"+E695*Z695","v":{"v":0,"d":"0.00"}}]
[{"$nulls":5}," "]
["4.1.27","6.0mm² 4 core",null," ",null," "]
[null,"       Supply","each",{"$f":"2200+900","v":{"v":3100,"d":"3,100"}},35.89,{"v":111259,"d":"111,259.00"},{"$nulls":18},340,340,{"$f":"G698*E698","v":0},{"$f":"H698*E698","v":0},{"$f":"I698*E698","v":0},{"$f":"J698*E698","v":0},{"$f":"K698*E698","v":0},{"$f":"L698*E698","v":0},{"$f":"+M698*E698","v":0},{"$f":"N698*E698","v":0},{"$f":"O698*E698","v":0},{"$f":"P698*E698","v":0},{"$f":"Q698*E698","v":0},{"$f":"R698*E698","v":0},{"$f":"S698*E698","v":0},{"$f":"T698*E698","v":0},{"$f":"W698*E698","v":0},{"$f":"X698*E698","v":0},{"$f":"Y698*E698","v":{"v":12202.6,"d":"12,203"}},{"v":12202.6,"d":"12,203"},{"$f":"+E698*Z698","v":{"v":12202.6,"d":"12,202.60"}}]
[null,"       Install","each",{"$f":"D698","v":{"v":3100,"d":"3,100"}},{"v":7,"d":"7.00"},{"v":21700,"d":"21,700.00"},{"$nulls":18},340,340,{"$f":"G699*E699","v":0},{"$f":"H699*E699","v":0},{"$f":"I699*E699","v":0},{"$f":"J699*E699","v":0},{"$f":"K699*E699","v":0},{"$f":"L699*E699","v":0},{"$f":"+M699*E699","v":0},{"$f":"N699*E699","v":0},{"$f":"O699*E699","v":0},{"$f":"P699*E699","v":0},{"$f":"Q699*E699","v":0},{"$f":"R699*E699","v":0},{"$f":"S699*E699","v":0},{"$f":"T699*E699","v":0},{"$f":"W699*E699","v":0},{"$f":"X699*E699","v":0},{"$f":"Y699*E699","v":{"v":2380,"d":"2,380"}},{"v":2380,"d":"2,380"},{"$f":"+E699*Z699","v":{"v":2380,"d":"2,380.00"}}]
[{"$nulls":5}," "]
["4.1.28","Termination for 6.0mm² 4 core cable",{"$nulls":3}," "]
[null,"       Supply","each",80,{"v":76.4,"d":"76.40"},{"v":6112,"d":"6,112.00"},{"$nulls":19},0,{"$f":"G702*E702","v":0},{"$f":"H702*E702","v":0},{"$f":"I702*E702","v":0},{"$f":"J702*E702","v":0},{"$f":"K702*E702","v":0},{"$f":"L702*E702","v":0},{"$f":"+M702*E702","v":0},{"$f":"N702*E702","v":0},{"$f":"O702*E702","v":0},{"$f":"P702*E702","v":0},{"$f":"Q702*E702","v":0},{"$f":"R702*E702","v":0},{"$f":"S702*E702","v":0},{"$f":"T702*E702","v":0},{"$f":"W702*E702","v":0},{"$f":"X702*E702","v":0},{"$f":"Y702*E702","v":0},0,{"$f":"+E702*Z702","v":{"v":0,"d":"0.00"}}]
[null,"       Install","each",{"$f":"D702","v":80},{"v":160,"d":"160.00"},{"v":12800,"d":"12,800.00"},{"$nulls":19},0,{"$f":"G703*E703","v":0},{"$f":"H703*E703","v":0},{"$f":"I703*E703","v":0},{"$f":"J703*E703","v":0},{"$f":"K703*E703","v":0},{"$f":"L703*E703","v":0},{"$f":"+M703*E703","v":0},{"$f":"N703*E703","v":0},{"$f":"O703*E703","v":0},{"$f":"P703*E703","v":0},{"$f":"Q703*E703","v":0},{"$f":"R703*E703","v":0},{"$f":"S703*E703","v":0},{"$f":"T703*E703","v":0},{"$f":"W703*E703","v":0},{"$f":"X703*E703","v":0},{"$f":"Y703*E703","v":0},0,{"$f":"+E703*Z703","v":{"v":0,"d":"0.00"}}]
[{"$nulls":5}," "]
["4.1.29","4.0mm² 4 core",{"$nulls":3}," "]
[null,"       Supply","each",{"v":1800,"d":"1,800"},27.76,{"v":49968,"d":"49,968.00"},{"$nulls":18},300,300,{"$f":"G706*E706","v":0},{"$f":"H706*E706","v":0},{"$f":"I706*E706","v":0},{"$f":"J706*E706","v":0},{"$f":"K706*E706","v":0},{"$f":"L706*E706","v":0},{"$f":"+M706*E706","v":0},{"$f":"N706*E706","v":0},{"$f":"O706*E706","v":0},{"$f":"P706*E706","v":0},{"$f":"Q706*E706","v":0},{"$f":"R706*E706","v":0},{"$f":"S706*E706","v":0},{"$f":"T706*E706","v":0},{"$f":"W706*E706","v":0},{"$f":"X706*E706","v":0},{"$f":"Y706*E706","v":{"v":8328,"d":"8,328"}},{"v":8328,"d":"8,328"},{"$f":"+E706*Z706","v":{"v":8328,"d":"8,328.00"}}]
[null,"       Install","each",{"$f":"D706","v":{"v":1800,"d":"1,800"}},{"v":6,"d":"6.00"},{"v":10800,"d":"10,800.00"},{"$nulls":18},300,300,{"$f":"G707*E707","v":0},{"$f":"H707*E707","v":0},{"$f":"I707*E707","v":0},{"$f":"J707*E707","v":0},{"$f":"K707*E707","v":0},{"$f":"L707*E707","v":0},{"$f":"+M707*E707","v":0},{"$f":"N707*E707","v":0},{"$f":"O707*E707","v":0},{"$f":"P707*E707","v":0},{"$f":"Q707*E707","v":0},{"$f":"R707*E707","v":0},{"$f":"S707*E707","v":0},{"$f":"T707*E707","v":0},{"$f":"W707*E707","v":0},{"$f":"X707*E707","v":0},{"$f":"Y707*E707","v":{"v":1800,"d":"1,800"}},{"v":1800,"d":"1,800"},{"$f":"+E707*Z707","v":{"v":1800,"d":"1,800.00"}}]
[{"$nulls":5}," "]
["4.1.30","Termination for 4.0mm² 4 core cable",{"$nulls":3}," "]
[null,"       Supply","each",280,62.61,{"v":17530.8,"d":"17,530.80"},{"$nulls":19},0,{"$f":"G710*E710","v":0},{"$f":"H710*E710","v":0},{"$f":"I710*E710","v":0},{"$f":"J710*E710","v":0},{"$f":"K710*E710","v":0},{"$f":"L710*E710","v":0},{"$f":"+M710*E710","v":0},{"$f":"N710*E710","v":0},{"$f":"O710*E710","v":0},{"$f":"P710*E710","v":0},{"$f":"Q710*E710","v":0},{"$f":"R710*E710","v":0},{"$f":"S710*E710","v":0},{"$f":"T710*E710","v":0},{"$f":"W710*E710","v":0},{"$f":"X710*E710","v":0},{"$f":"Y710*E710","v":0},0,{"$f":"+E710*Z710","v":{"v":0,"d":"0.00"}}]
[null,"       Install","each",{"$f":"D710","v":280},{"v":140,"d":"140.00"},{"v":39200,"d":"39,200.00"},{"$nulls":19},0,{"$f":"G711*E711","v":0},{"$f":"H711*E711","v":0},{"$f":"I711*E711","v":0},{"$f":"J711*E711","v":0},{"$f":"K711*E711","v":0},{"$f":"L711*E711","v":0},{"$f":"+M711*E711","v":0},{"$f":"N711*E711","v":0},{"$f":"O711*E711","v":0},{"$f":"P711*E711","v":0},{"$f":"Q711*E711","v":0},{"$f":"R711*E711","v":0},{"$f":"S711*E711","v":0},{"$f":"T711*E711","v":0},{"$f":"W711*E711","v":0},{"$f":"X711*E711","v":0},{"$f":"Y711*E711","v":0},0,{"$f":"+E711*Z711","v":{"v":0,"d":"0.00"}}]
[{"$nulls":5}," "]
["4.1.31","2.5mm² 4 core",{"$nulls":3}," "]
[null,"       Supply","each",{"v":1100,"d":"1,100"},19.64,{"v":21604,"d":"21,604.00"},{"$nulls":19},0,{"$f":"G714*E714","v":0},{"$f":"H714*E714","v":0},{"$f":"I714*E714","v":0},{"$f":"J714*E714","v":0},{"$f":"K714*E714","v":0},{"$f":"L714*E714","v":0},{"$f":"+M714*E714","v":0},{"$f":"N714*E714","v":0},{"$f":"O714*E714","v":0},{"$f":"P714*E714","v":0},{"$f":"Q714*E714","v":0},{"$f":"R714*E714","v":0},{"$f":"S714*E714","v":0},{"$f":"T714*E714","v":0},{"$f":"W714*E714","v":0},{"$f":"X714*E714","v":0},{"$f":"Y714*E714","v":0},0,{"$f":"+E714*Z714","v":{"v":0,"d":"0.00"}}]
[null,"       Install","each",{"$f":"D714","v":{"v":1100,"d":"1,100"}},{"v":5,"d":"5.00"},{"v":5500,"d":"5,500.00"},{"$nulls":19},0,{"$f":"G715*E715","v":0},{"$f":"H715*E715","v":0},{"$f":"I715*E715","v":0},{"$f":"J715*E715","v":0},{"$f":"K715*E715","v":0},{"$f":"L715*E715","v":0},{"$f":"+M715*E715","v":0},{"$f":"N715*E715","v":0},{"$f":"O715*E715","v":0},{"$f":"P715*E715","v":0},{"$f":"Q715*E715","v":0},{"$f":"R715*E715","v":0},{"$f":"S715*E715","v":0},{"$f":"T715*E715","v":0},{"$f":"W715*E715","v":0},{"$f":"X715*E715","v":0},{"$f":"Y715*E715","v":0},0,{"$f":"+E715*Z715","v":{"v":0,"d":"0.00"}}]
[]
["4.1.32","Termination for 2.5mm² 4 core cable",{"$nulls":3}," "]
[null,"       Supply","each",120,58.78,{"v":7053.6,"d":"7,053.60"},{"$nulls":19},0,{"$f":"G718*E718","v":0},{"$f":"H718*E718","v":0},{"$f":"I718*E718","v":0},{"$f":"J718*E718","v":0},{"$f":"K718*E718","v":0},{"$f":"L718*E718","v":0},{"$f":"+M718*E718","v":0},{"$f":"N718*E718","v":0},{"$f":"O718*E718","v":0},{"$f":"P718*E718","v":0},{"$f":"Q718*E718","v":0},{"$f":"R718*E718","v":0},{"$f":"S718*E718","v":0},{"$f":"T718*E718","v":0},{"$f":"W718*E718","v":0},{"$f":"X718*E718","v":0},{"$f":"Y718*E718","v":0},0,{"$f":"+E718*Z718","v":{"v":0,"d":"0.00"}}]
[null,"       Install","each",{"$f":"D718","v":120},{"v":120,"d":"120.00"},{"v":14400,"d":"14,400.00"},{"$nulls":19},0,{"$f":"G719*E719","v":0},{"$f":"H719*E719","v":0},{"$f":"I719*E719","v":0},{"$f":"J719*E719","v":0},{"$f":"K719*E719","v":0},{"$f":"L719*E719","v":0},{"$f":"+M719*E719","v":0},{"$f":"N719*E719","v":0},{"$f":"O719*E719","v":0},{"$f":"P719*E719","v":0},{"$f":"Q719*E719","v":0},{"$f":"R719*E719","v":0},{"$f":"S719*E719","v":0},{"$f":"T719*E719","v":0},{"$f":"W719*E719","v":0},{"$f":"X719*E719","v":0},{"$f":"Y719*E719","v":0},0,{"$f":"+E719*Z719","v":{"v":0,"d":"0.00"}}]
[]
[{"v":4.2,"d":"4.20"},"Bare copper earth wire tied to a corresponding cable including termination"]
[]
["4.2.1","95mm²"]
[" ","       Supply","m",{"$f":"D632","v":{"v":2000,"d":"2,000"}},{"v":72,"d":"72.00"},{"v":144000,"d":"144,000.00"},{"$nulls":18},342,342,{"$f":"G724*E724","v":0},{"$f":"H724*E724","v":0},{"$f":"I724*E724","v":0},{"$f":"J724*E724","v":0},{"$f":"K724*E724","v":0},{"$f":"L724*E724","v":0},{"$f":"+M724*E724","v":0},{"$f":"N724*E724","v":0},{"$f":"O724*E724","v":0},{"$f":"P724*E724","v":0},{"$f":"Q724*E724","v":0},{"$f":"R724*E724","v":0},{"$f":"S724*E724","v":0},{"$f":"T724*E724","v":0},{"$f":"W724*E724","v":0},{"$f":"X724*E724","v":0},{"$f":"Y724*E724","v":{"v":24624,"d":"24,624"}},{"v":24624,"d":"24,624"},{"$f":"+E724*Z724","v":{"v":24624,"d":"24,624.00"}}]
[" ","       Install","m",{"$f":"D724","v":{"v":2000,"d":"2,000"}},{"v":2,"d":"2.00"},{"v":4000,"d":"4,000.00"},{"$nulls":18},342,342,{"$f":"G725*E725","v":0},{"$f":"H725*E725","v":0},{"$f":"I725*E725","v":0},{"$f":"J725*E725","v":0},{"$f":"K725*E725","v":0},{"$f":"L725*E725","v":0},{"$f":"+M725*E725","v":0},{"$f":"N725*E725","v":0},{"$f":"O725*E725","v":0},{"$f":"P725*E725","v":0},{"$f":"Q725*E725","v":0},{"$f":"R725*E725","v":0},{"$f":"S725*E725","v":0},{"$f":"T725*E725","v":0},{"$f":"W725*E725","v":0},{"$f":"X725*E725","v":0},{"$f":"Y725*E725","v":684},684,{"$f":"+E725*Z725","v":{"v":684,"d":"684.00"}}]
[" ",{"$nulls":4}," "]
["4.2.2","70mm²",{"$nulls":3}," "]
[" ","       Supply","m",{"$f":"D640","v":700},{"v":53,"d":"53.00"},{"v":37100,"d":"37,100.00"},{"$nulls":19},0,{"$f":"G728*E728","v":0},{"$f":"H728*E728","v":0},{"$f":"I728*E728","v":0},{"$f":"J728*E728","v":0},{"$f":"K728*E728","v":0},{"$f":"L728*E728","v":0},{"$f":"+M728*E728","v":0},{"$f":"N728*E728","v":0},{"$f":"O728*E728","v":0},{"$f":"P728*E728","v":0},{"$f":"Q728*E728","v":0},{"$f":"R728*E728","v":0},{"$f":"S728*E728","v":0},{"$f":"T728*E728","v":0},{"$f":"W728*E728","v":0},{"$f":"X728*E728","v":0},{"$f":"Y728*E728","v":0},0,{"$f":"+E728*Z728","v":{"v":0,"d":"0.00"}}]
[" ","       Install","m",{"$f":"D728","v":700},{"v":2,"d":"2.00"},{"v":1400,"d":"1,400.00"},{"$nulls":18},-100,-100,{"$f":"G729*E729","v":0},{"$f":"H729*E729","v":0},{"$f":"I729*E729","v":0},{"$f":"J729*E729","v":0},{"$f":"K729*E729","v":0},{"$f":"L729*E729","v":0},{"$f":"+M729*E729","v":0},{"$f":"N729*E729","v":0},{"$f":"O729*E729","v":0},{"$f":"P729*E729","v":0},{"$f":"Q729*E729","v":0},{"$f":"R729*E729","v":0},{"$f":"S729*E729","v":0},{"$f":"T729*E729","v":0},{"$f":"W729*E729","v":0},{"$f":"X729*E729","v":0},{"$f":"Y729*E729","v":-200},-200,{"$f":"+E729*Z729","v":{"v":-200,"d":"-200.00"}}]
[" ",{"$nulls":4}," "]
["4.2.3","50mm²",{"$nulls":3}," "]
[" ","       Supply","m",{"$f":"D648","v":{"v":1700,"d":"1,700"}},{"v":38,"d":"38.00"},{"v":64600,"d":"64,600.00"},{"$nulls":19},0,{"$f":"G732*E732","v":0},{"$f":"H732*E732","v":0},{"$f":"I732*E732","v":0},{"$f":"J732*E732","v":0},{"$f":"K732*E732","v":0},{"$f":"L732*E732","v":0},{"$f":"+M732*E732","v":0},{"$f":"N732*E732","v":0},{"$f":"O732*E732","v":0},{"$f":"P732*E732","v":0},{"$f":"Q732*E732","v":0},{"$f":"R732*E732","v":0},{"$f":"S732*E732","v":0},{"$f":"T732*E732","v":0},{"$f":"W732*E732","v":0},{"$f":"X732*E732","v":0},{"$f":"Y732*E732","v":0},0,{"$f":"+E732*Z732","v":{"v":0,"d":"0.00"}}]
[" ","       Install","m",{"$f":"D732","v":{"v":1700,"d":"1,700"}},{"v":2,"d":"2.00"},{"v":3400,"d":"3,400.00"},{"$nulls":19},0,{"$f":"G733*E733","v":0},{"$f":"H733*E733","v":0},{"$f":"I733*E733","v":0},{"$f":"J733*E733","v":0},{"$f":"K733*E733","v":0},{"$f":"L733*E733","v":0},{"$f":"+M733*E733","v":0},{"$f":"N733*E733","v":0},{"$f":"O733*E733","v":0},{"$f":"P733*E733","v":0},{"$f":"Q733*E733","v":0},{"$f":"R733*E733","v":0},{"$f":"S733*E733","v":0},{"$f":"T733*E733","v":0},{"$f":"W733*E733","v":0},{"$f":"X733*E733","v":0},{"$f":"Y733*E733","v":0},0,{"$f":"+E733*Z733","v":{"v":0,"d":"0.00"}}]
[" ",{"$nulls":4}," "]
["4.2.4","35mm²",{"$nulls":3}," "]
[" ","       Supply","m",{"$f":"D656","v":{"v":1500,"d":"1,500"}},{"v":28,"d":"28.00"},{"v":42000,"d":"42,000.00"},{"$nulls":19},0,{"$f":"G736*E736","v":0},{"$f":"H736*E736","v":0},{"$f":"I736*E736","v":0},{"$f":"J736*E736","v":0},{"$f":"K736*E736","v":0},{"$f":"L736*E736","v":0},{"$f":"+M736*E736","v":0},{"$f":"N736*E736","v":0},{"$f":"O736*E736","v":0},{"$f":"P736*E736","v":0},{"$f":"Q736*E736","v":0},{"$f":"R736*E736","v":0},{"$f":"S736*E736","v":0},{"$f":"T736*E736","v":0},{"$f":"W736*E736","v":0},{"$f":"X736*E736","v":0},{"$f":"Y736*E736","v":0},0,{"$f":"+E736*Z736","v":{"v":0,"d":"0.00"}}]
[" ","       Install","m",{"$f":"D736","v":{"v":1500,"d":"1,500"}},{"v":2,"d":"2.00"},{"v":3000,"d":"3,000.00"},{"$nulls":19},0,{"$f":"G737*E737","v":0},{"$f":"H737*E737","v":0},{"$f":"I737*E737","v":0},{"$f":"J737*E737","v":0},{"$f":"K737*E737","v":0},{"$f":"L737*E737","v":0},{"$f":"+M737*E737","v":0},{"$f":"N737*E737","v":0},{"$f":"O737*E737","v":0},{"$f":"P737*E737","v":0},{"$f":"Q737*E737","v":0},{"$f":"R737*E737","v":0},{"$f":"S737*E737","v":0},{"$f":"T737*E737","v":0},{"$f":"W737*E737","v":0},{"$f":"X737*E737","v":0},{"$f":"Y737*E737","v":0},0,{"$f":"+E737*Z737","v":{"v":0,"d":"0.00"}}]
[" ",{"$nulls":4}," "]
["4.2.5","25mm²",{"$nulls":3}," "]
[" ","       Supply","m",{"$f":"D664","v":900},{"v":19,"d":"19.00"},{"v":17100,"d":"17,100.00"},{"$nulls":18},{"v":1000,"d":"1,000"},{"v":1000,"d":"1,000"},{"$f":"G740*E740","v":0},{"$f":"H740*E740","v":0},{"$f":"I740*E740","v":0},{"$f":"J740*E740","v":0},{"$f":"K740*E740","v":0},{"$f":"L740*E740","v":0},{"$f":"+M740*E740","v":0},{"$f":"N740*E740","v":0},{"$f":"O740*E740","v":0},{"$f":"P740*E740","v":0},{"$f":"Q740*E740","v":0},{"$f":"R740*E740","v":0},{"$f":"S740*E740","v":0},{"$f":"T740*E740","v":0},{"$f":"W740*E740","v":0},{"$f":"X740*E740","v":0},{"$f":"Y740*E740","v":{"v":19000,"d":"19,000"}},{"v":19000,"d":"19,000"},{"$f":"+E740*Z740","v":{"v":19000,"d":"19,000.00"}}]
[null,"       Install","m",{"$f":"D740","v":900},{"v":2,"d":"2.00"},{"v":1800,"d":"1,800.00"},{"$nulls":18},{"v":1000,"d":"1,000"},{"v":1000,"d":"1,000"},{"$f":"G741*E741","v":0},{"$f":"H741*E741","v":0},{"$f":"I741*E741","v":0},{"$f":"J741*E741","v":0},{"$f":"K741*E741","v":0},{"$f":"L741*E741","v":0},{"$f":"+M741*E741","v":0},{"$f":"N741*E741","v":0},{"$f":"O741*E741","v":0},{"$f":"P741*E741","v":0},{"$f":"Q741*E741","v":0},{"$f":"R741*E741","v":0},{"$f":"S741*E741","v":0},{"$f":"T741*E741","v":0},{"$f":"W741*E741","v":0},{"$f":"X741*E741","v":0},{"$f":"Y741*E741","v":{"v":2000,"d":"2,000"}},{"v":2000,"d":"2,000"},{"$f":"+E741*Z741","v":{"v":2000,"d":"2,000.00"}}]
[" "]
[]
[null,"Amount Carried Forward",{"$nulls":3},{"$f":"SUM(F691:F743)","v":{"v":5683544.640000001,"d":"5,683,544.64"}},{"$nulls":38},{"$f":"SUM(AS691:AS743)","v":{"v":751548.89,"d":"751,548.89"}}]
[]
["MAIN HOSPITAL ELECTRICAL INSTALLATION"]
["CECILIA MAKIWANE HOSPITAL : PHASE 4C"]
[]
[{"$f":"A689","v":"BILL NO. 4 : CABLES (SMME PACKAGE No2)"}]
["ITEM","DESCRIPTION","UNIT","QTY","RATE","TENDER AMOUNT","A","B","D","E1","E2","F1","F2","G1","G2","H1","H2","J1","J2","J3","Substation","G/House",null,"N","Other","Total Qty","A","B","D","E1","E2","F1","F2","G1","G2","H1","H2","J1","J2","J3","K","N","Other","Total Amount","Total Claimed"]
[null,"AMOUNT CARRIED FORWARD FROM PREVIOUS BILL",{"$nulls":3},{"$f":"F744","v":{"v":5683544.640000001,"d":"5,683,544.64"}},{"$nulls":38},{"$f":"AS744","v":{"v":751548.89,"d":"751,548.89"}}]
[]
["4.2.6","16mm²",null," ",null," "]
[" ","       Supply","m",{"$f":"D672","v":{"v":3385,"d":"3,385"}},{"v":13,"d":"13.00"},{"$f":"$D754*E754","v":{"v":44005,"d":"44,005.00"}},{"$nulls":19},{"$f":"SUM(G754:Y754)","v":0},{"$f":"G754*E754","v":0},{"$f":"H754*E754","v":0},{"$f":"I754*E754","v":0},{"$f":"J754*E754","v":0},{"$f":"K754*E754","v":0},{"$f":"L754*E754","v":0},{"$f":"+M754*E754","v":0},{"$f":"N754*E754","v":0},{"$f":"O754*E754","v":0},{"$f":"P754*E754","v":0},{"$f":"Q754*E754","v":0},{"$f":"R754*E754","v":0},{"$f":"S754*E754","v":0},{"$f":"T754*E754","v":0},{"$f":"W754*E754","v":0},{"$f":"X754*E754","v":0},{"$f":"Y754*E754","v":0},{"$f":"SUM(AA754:AQ754)","v":0},{"$f":"+E754*Z754","v":{"v":0,"d":"0.00"}}]
[" ","       Install","m",{"$f":"D754","v":{"v":3385,"d":"3,385"}},{"v":2,"d":"2.00"},{"v":6770,"d":"6,770.00"},{"$nulls":19},{"$f":"SUM(G755:Y755)","v":0},{"$f":"G755*E755","v":0},{"$f":"H755*E755","v":0},{"$f":"I755*E755","v":0},{"$f":"J755*E755","v":0},{"$f":"K755*E755","v":0},{"$f":"L755*E755","v":0},{"$f":"+M755*E755","v":0},{"$f":"N755*E755","v":0},{"$f":"O755*E755","v":0},{"$f":"P755*E755","v":0},{"$f":"Q755*E755","v":0},{"$f":"R755*E755","v":0},{"$f":"S755*E755","v":0},{"$f":"T755*E755","v":0},{"$f":"W755*E755","v":0},{"$f":"X755*E755","v":0},{"$f":"Y755*E755","v":0},{"$f":"SUM(AA755:AQ755)","v":0},{"$f":"+E755*Z755","v":{"v":0,"d":"0.00"}}]
[" ",{"$nulls":4}," "]
["4.2.7","10mm²",{"$nulls":3}," "]
[null,"       Supply","m",{"$f":"D680","v":{"v":3730,"d":"3,730"}},{"v":8.5,"d":"8.50"},{"v":31705,"d":"31,705.00"},{"$nulls":18},856,{"$f":"SUM(G758:Y758)","v":856},{"$f":"G758*E758","v":0},{"$f":"H758*E758","v":0},{"$f":"I758*E758","v":0},{"$f":"J758*E758","v":0},{"$f":"K758*E758","v":0},{"$f":"L758*E758","v":0},{"$f":"+M758*E758","v":0},{"$f":"N758*E758","v":0},{"$f":"O758*E758","v":0},{"$f":"P758*E758","v":0},{"$f":"Q758*E758","v":0},{"$f":"R758*E758","v":0},{"$f":"S758*E758","v":0},{"$f":"T758*E758","v":0},{"$f":"W758*E758","v":0},{"$f":"X758*E758","v":0},{"$f":"Y758*E758","v":{"v":7276,"d":"7,276"}},{"$f":"SUM(AA758:AQ758)","v":{"v":7276,"d":"7,276"}},{"$f":"+E758*Z758","v":{"v":7276,"d":"7,276.00"}}]
[null,"       Install","m",{"$f":"D758","v":{"v":3730,"d":"3,730"}},{"v":2,"d":"2.00"},{"v":7460,"d":"7,460.00"},{"$nulls":18},856,{"$f":"SUM(G759:Y759)","v":856},{"$f":"G759*E759","v":0},{"$f":"H759*E759","v":0},{"$f":"I759*E759","v":0},{"$f":"J759*E759","v":0},{"$f":"K759*E759","v":0},{"$f":"L759*E759","v":0},{"$f":"+M759*E759","v":0},{"$f":"N759*E759","v":0},{"$f":"O759*E759","v":0},{"$f":"P759*E759","v":0},{"$f":"Q759*E759","v":0},{"$f":"R759*E759","v":0},{"$f":"S759*E759","v":0},{"$f":"T759*E759","v":0},{"$f":"W759*E759","v":0},{"$f":"X759*E759","v":0},{"$f":"Y759*E759","v":{"v":1712,"d":"1,712"}},{"$f":"SUM(AA759:AQ759)","v":{"v":1712,"d":"1,712"}},{"$f":"+E759*Z759","v":{"v":1712,"d":"1,712.00"}}]
[{"$nulls":5}," "]
["4.2.8","6.0mm²",{"$nulls":3}," "]
[" ","       Supply","m",{"$f":"D698","v":{"v":3100,"d":"3,100"}},{"v":5,"d":"5.00"},{"v":15500,"d":"15,500.00"},{"$nulls":18},340,{"$f":"SUM(G762:Y762)","v":340},{"$f":"G762*E762","v":0},{"$f":"H762*E762","v":0},{"$f":"I762*E762","v":0},{"$f":"J762*E762","v":0},{"$f":"K762*E762","v":0},{"$f":"L762*E762","v":0},{"$f":"+M762*E762","v":0},{"$f":"N762*E762","v":0},{"$f":"O762*E762","v":0},{"$f":"P762*E762","v":0},{"$f":"Q762*E762","v":0},{"$f":"R762*E762","v":0},{"$f":"S762*E762","v":0},{"$f":"T762*E762","v":0},{"$f":"W762*E762","v":0},{"$f":"X762*E762","v":0},{"$f":"Y762*E762","v":{"v":1700,"d":"1,700"}},{"$f":"SUM(AA762:AQ762)","v":{"v":1700,"d":"1,700"}},{"$f":"+E762*Z762","v":{"v":1700,"d":"1,700.00"}}]
[" ","       Install","m",{"$f":"D762","v":{"v":3100,"d":"3,100"}},{"v":2,"d":"2.00"},{"v":6200,"d":"6,200.00"},{"$nulls":18},340,{"$f":"SUM(G763:Y763)","v":340},{"$f":"G763*E763","v":0},{"$f":"H763*E763","v":0},{"$f":"I763*E763","v":0},{"$f":"J763*E763","v":0},{"$f":"K763*E763","v":0},{"$f":"L763*E763","v":0},{"$f":"+M763*E763","v":0},{"$f":"N763*E763","v":0},{"$f":"O763*E763","v":0},{"$f":"P763*E763","v":0},{"$f":"Q763*E763","v":0},{"$f":"R763*E763","v":0},{"$f":"S763*E763","v":0},{"$f":"T763*E763","v":0},{"$f":"W763*E763","v":0},{"$f":"X763*E763","v":0},{"$f":"Y763*E763","v":680},{"$f":"SUM(AA763:AQ763)","v":680},{"$f":"+E763*Z763","v":{"v":680,"d":"680.00"}}]
[" ",{"$nulls":4}," "]
["4.2.9","4.0mm²",{"$nulls":3}," "]
[" ","       Supply","m",{"$f":"D706","v":{"v":1800,"d":"1,800"}},3.31,{"v":5958,"d":"5,958.00"},{"$nulls":18},300,{"$f":"SUM(G766:Y766)","v":300},{"$f":"G766*E766","v":0},{"$f":"H766*E766","v":0},{"$f":"I766*E766","v":0},{"$f":"J766*E766","v":0},{"$f":"K766*E766","v":0},{"$f":"L766*E766","v":0},{"$f":"+M766*E766","v":0},{"$f":"N766*E766","v":0},{"$f":"O766*E766","v":0},{"$f":"P766*E766","v":0},{"$f":"Q766*E766","v":0},{"$f":"R766*E766","v":0},{"$f":"S766*E766","v":0},{"$f":"T766*E766","v":0},{"$f":"W766*E766","v":0},{"$f":"X766*E766","v":0},{"$f":"Y766*E766","v":993},{"$f":"SUM(AA766:AQ766)","v":993},{"$f":"+E766*Z766","v":{"v":993,"d":"993.00"}}]
[" ","       Install","m",{"$f":"D766","v":{"v":1800,"d":"1,800"}},{"v":2,"d":"2.00"},{"v":3600,"d":"3,600.00"},{"$nulls":18},300,{"$f":"SUM(G767:Y767)","v":300},{"$f":"G767*E767","v":0},{"$f":"H767*E767","v":0},{"$f":"I767*E767","v":0},{"$f":"J767*E767","v":0},{"$f":"K767*E767","v":0},{"$f":"L767*E767","v":0},{"$f":"+M767*E767","v":0},{"$f":"N767*E767","v":0},{"$f":"O767*E767","v":0},{"$f":"P767*E767","v":0},{"$f":"Q767*E767","v":0},{"$f":"R767*E767","v":0},{"$f":"S767*E767","v":0},{"$f":"T767*E767","v":0},{"$f":"W767*E767","v":0},{"$f":"X767*E767","v":0},{"$f":"Y767*E767","v":600},{"$f":"SUM(AA767:AQ767)","v":600},{"$f":"+E767*Z767","v":{"v":600,"d":"600.00"}}]
[" ",{"$nulls":4}," "]
["4.2.10","2.5mm²",{"$nulls":3}," "]
[null,"       Supply","m",{"$f":"D714","v":{"v":1100,"d":"1,100"}},2.12,{"v":2332,"d":"2,332.00"},{"$nulls":19},{"$f":"SUM(G770:Y770)","v":0},{"$f":"G770*E770","v":0},{"$f":"H770*E770","v":0},{"$f":"I770*E770","v":0},{"$f":"J770*E770","v":0},{"$f":"K770*E770","v":0},{"$f":"L770*E770","v":0},{"$f":"+M770*E770","v":0},{"$f":"N770*E770","v":0},{"$f":"O770*E770","v":0},{"$f":"P770*E770","v":0},{"$f":"Q770*E770","v":0},{"$f":"R770*E770","v":0},{"$f":"S770*E770","v":0},{"$f":"T770*E770","v":0},{"$f":"W770*E770","v":0},{"$f":"X770*E770","v":0},{"$f":"Y770*E770","v":0},{"$f":"SUM(AA770:AQ770)","v":0},{"$f":"+E770*Z770","v":{"v":0,"d":"0.00"}}]
[null,"       Install","m",{"$f":"D770","v":{"v":1100,"d":"1,100"}},{"v":2,"d":"2.00"},{"v":2200,"d":"2,200.00"},{"$nulls":19},{"$f":"SUM(G771:Y771)","v":0},{"$f":"G771*E771","v":0},{"$f":"H771*E771","v":0},{"$f":"I771*E771","v":0},{"$f":"J771*E771","v":0},{"$f":"K771*E771","v":0},{"$f":"L771*E771","v":0},{"$f":"+M771*E771","v":0},{"$f":"N771*E771","v":0},{"$f":"O771*E771","v":0},{"$f":"P771*E771","v":0},{"$f":"Q771*E771","v":0},{"$f":"R771*E771","v":0},{"$f":"S771*E771","v":0},{"$f":"T771*E771","v":0},{"$f":"W771*E771","v":0},{"$f":"X771*E771","v":0},{"$f":"Y771*E771","v":0},{"$f":"SUM(AA771:AQ771)","v":0},{"$f":"+E771*Z771","v":{"v":0,"d":"0.00"}}]
[{"$nulls":5}," "]
[{"v":4.3,"d":"4.30"},"Manholes",{"$nulls":3}," "]
[" ","Supply and build either pre-cast or full wall manhole with light duty cover with the following minimum inside ",{"$nulls":3}," "]
[null,"dimensions:  - 1200 x 1200 x 1000mm deep","each",20,{"v":3419.67,"d":"3,419.67"},{"v":68393.4,"d":"68,393.40"},{"$nulls":19},{"$f":"SUM(G775:Y775)","v":0},{"$f":"G775*E775","v":0},{"$f":"H775*E775","v":0},{"$f":"I775*E775","v":0},{"$f":"J775*E775","v":0},{"$f":"K775*E775","v":0},{"$f":"L775*E775","v":0},{"$f":"+M775*E775","v":0},{"$f":"N775*E775","v":0},{"$f":"O775*E775","v":0},{"$f":"P775*E775","v":0},{"$f":"Q775*E775","v":0},{"$f":"R775*E775","v":0},{"$f":"S775*E775","v":0},{"$f":"T775*E775","v":0},{"$f":"W775*E775","v":0},{"$f":"X775*E775","v":0},{"$f":"Y775*E775","v":0},{"$f":"SUM(AA775:AQ775)","v":0},{"$f":"+E775*Z775","v":{"v":0,"d":"0.00"}}]
[null,"dimensions:  - 800 x 800 x 600mm deep","each",15,{"v":2801.78,"d":"2,801.78"},{"v":42026.700000000004,"d":"42,026.70"},{"$nulls":19},{"$f":"SUM(G776:Y776)","v":0},{"$f":"G776*E776","v":0},{"$f":"H776*E776","v":0},{"$f":"I776*E776","v":0},{"$f":"J776*E776","v":0},{"$f":"K776*E776","v":0},{"$f":"L776*E776","v":0},{"$f":"+M776*E776","v":0},{"$f":"N776*E776","v":0},{"$f":"O776*E776","v":0},{"$f":"P776*E776","v":0},{"$f":"Q776*E776","v":0},{"$f":"R776*E776","v":0},{"$f":"S776*E776","v":0},{"$f":"T776*E776","v":0},{"$f":"W776*E776","v":0},{"$f":"X776*E776","v":0},{"$f":"Y776*E776","v":0},{"$f":"SUM(AA776:AQ776)","v":0},{"$f":"+E776*Z776","v":{"v":0,"d":"0.00"}}]
[{"$nulls":5}," "]
[{"v":4.4,"d":"4.40"},"As Installed Drawings"," ",null,null," "]
[null,"Allow for the marking up of prints for the production of \"as installed\" records by the Engineer.","Sum",1,{"v":2500,"d":"2,500.00"},{"v":2500,"d":"2,500.00"},{"$nulls":19},{"$f":"SUM(G779:Y779)","v":0},{"$f":"G779*E779","v":0},{"$f":"H779*E779","v":0},{"$f":"I779*E779","v":0},{"$f":"J779*E779","v":0},{"$f":"K779*E779","v":0},{"$f":"L779*E779","v":0},{"$f":"+M779*E779","v":0},{"$f":"N779*E779","v":0},{"$f":"O779*E779","v":0},{"$f":"P779*E779","v":0},{"$f":"Q779*E779","v":0},{"$f":"R779*E779","v":0},{"$f":"S779*E779","v":0},{"$f":"T779*E779","v":0},{"$f":"W779*E779","v":0},{"$f":"X779*E779","v":0},{"$f":"Y779*E779","v":0},{"$f":"SUM(AA779:AQ779)","v":0},{"$f":"+E779*Z779","v":{"v":0,"d":"0.00"}}]
[{"$nulls":5}," "]
[{"v":4.5,"d":"4.50"},"Mentoring and Management",{"$nulls":3}," "]
[null,"A percentage of the SMME Package amoiunt to provide the Mentoring and Management of the SMME Contractors","%",1,{"$f":"5922194.74","v":{"v":5922194.74,"d":"5,922,194.74"}},{"$f":"E782*2.5%","v":{"v":148054.8685,"d":"148,054.87"}},{"$nulls":19},{"$f":"SUM(G782:Y782)","v":0},{"$f":"G782*E782","v":0},{"$f":"H782*E782","v":0},{"$f":"I782*E782","v":0},{"$f":"J782*E782","v":0},{"$f":"K782*E782","v":0},{"$f":"L782*E782","v":0},{"$f":"+M782*E782","v":0},{"$f":"N782*E782","v":0},{"$f":"O782*E782","v":0},{"$f":"P782*E782","v":0},{"$f":"Q782*E782","v":0},{"$f":"R782*E782","v":0},{"$f":"S782*E782","v":0},{"$f":"T782*E782","v":0},{"$f":"W782*E782","v":0},{"$f":"X782*E782","v":0},{"$f":"Y782*E782","v":0},{"$f":"SUM(AA782:AQ782)","v":0},{"$f":"+E782*Z782","v":{"v":0,"d":"0.00"}}]
[{"$nulls":44}," "]
[]
[null,"Amount Carried Forward to Summary Page",{"$nulls":3},{"$f":"SUM(F751:F784)","v":{"v":6070249.608500001,"d":"6,070,249.61"}},{"$nulls":38},{"$f":"SUM(AS751:AS784)","v":{"v":764509.89,"d":"764,509.89"}}]
[]
["MAIN HOSPITAL ELECTRICAL INSTALLATION"]
["CECILIA MAKIWANE HOSPITAL : PHASE 4C"]
[]
["BILL NO. 5 : LUMINAIRES (SMME PACKAGE No3)"]
["ITEM","DESCRIPTION","UNIT","QTY","RATE","TENDER AMOUNT","A-LV05","B-LV04","D-LV03","E1-LV03","E2","F1","F2","G1","G2","H1","H2","J1","J2","J3","Substation","G/House",null,"N","Other","Total Qty","A","B","D","E1","E2","F1","F2","G1","G2","H1","H2","J1","J2","J3","K","N","Other","Total Amount","Total Claimed"]
[]
[{"$nulls":3}," ",null," "]
[{"v":5.1,"d":"5.10"},"Luminaires"]
[null,"Luminaires mounted on concrete or suspended ceilings, or on brickwork including lamps and fixing material."]
[null,"NOTE:  See Part One of the contract document for detailed technical specifications."]
[]
["5.1.1","Type-A"]
[null,"       Supply","each",347,{"v":175,"d":"175.00"},{"$f":"$D799*E799","v":{"v":60725,"d":"60,725.00"}},{"$nulls":18},-7,{"$f":"SUM(G799:Y799)","v":-7},{"$f":"G799*E799","v":0},{"$f":"H799*E799","v":0},{"$f":"I799*E799","v":0},{"$f":"J799*E799","v":0},{"$f":"K799*E799","v":0},{"$f":"L799*E799","v":0},{"$f":"+M799*E799","v":0},{"$f":"N799*E799","v":0},{"$f":"O799*E799","v":0},{"$f":"P799*E799","v":0},{"$f":"Q799*E799","v":0},{"$f":"R799*E799","v":0},{"$f":"S799*E799","v":0},{"$f":"T799*E799","v":0},{"$f":"W799*E799","v":0},{"$f":"X799*E799","v":0},{"$f":"Y799*E799","v":{"v":-1225,"d":"-1,225"}},{"$f":"SUM(AA799:AQ799)","v":{"v":-1225,"d":"-1,225"}},{"$f":"+E799*Z799","v":{"v":-1225,"d":"-1,225.00"}}]
[null,"       Install","each",{"$f":"D799","v":347},{"v":70,"d":"70.00"},{"v":24290,"d":"24,290.00"},{"$nulls":19},{"$f":"SUM(G800:Y800)","v":0},{"$f":"G800*E800","v":0},{"$f":"H800*E800","v":0},{"$f":"I800*E800","v":0},{"$f":"J800*E800","v":0},{"$f":"K800*E800","v":0},{"$f":"L800*E800","v":0},{"$f":"+M800*E800","v":0},{"$f":"N800*E800","v":0},{"$f":"O800*E800","v":0},{"$f":"P800*E800","v":0},{"$f":"Q800*E800","v":0},{"$f":"R800*E800","v":0},{"$f":"S800*E800","v":0},{"$f":"T800*E800","v":0},{"$f":"W800*E800","v":0},{"$f":"X800*E800","v":0},{"$f":"Y800*E800","v":0},{"$f":"SUM(AA800:AQ800)","v":0},{"$f":"+E800*Z800","v":{"v":0,"d":"0.00"}}]
[{"$nulls":5}," "]
["5.1.2","Type-B",{"$nulls":3}," "]
[null,"       Supply","each",{"$f":"120+28","v":148},{"v":195,"d":"195.00"},{"v":28860,"d":"28,860.00"},{"$nulls":18},-1,-1,{"$f":"G803*E803","v":0},{"$f":"H803*E803","v":0},{"$f":"I803*E803","v":0},{"$f":"J803*E803","v":0},{"$f":"K803*E803","v":0},{"$f":"L803*E803","v":0},{"$f":"+M803*E803","v":0},{"$f":"N803*E803","v":0},{"$f":"O803*E803","v":0},{"$f":"P803*E803","v":0},{"$f":"Q803*E803","v":0},{"$f":"R803*E803","v":0},{"$f":"S803*E803","v":0},{"$f":"T803*E803","v":0},{"$f":"W803*E803","v":0},{"$f":"X803*E803","v":0},{"$f":"Y803*E803","v":-195},-195,{"$f":"+E803*Z803","v":{"v":-195,"d":"-195.00"}}]
[null,"       Install","each",{"$f":"D803","v":148},{"v":70,"d":"70.00"},{"v":10360,"d":"10,360.00"},{"$nulls":19},0,{"$f":"G804*E804","v":0},{"$f":"H804*E804","v":0},{"$f":"I804*E804","v":0},{"$f":"J804*E804","v":0},{"$f":"K804*E804","v":0},{"$f":"L804*E804","v":0},{"$f":"+M804*E804","v":0},{"$f":"N804*E804","v":0},{"$f":"O804*E804","v":0},{"$f":"P804*E804","v":0},{"$f":"Q804*E804","v":0},{"$f":"R804*E804","v":0},{"$f":"S804*E804","v":0},{"$f":"T804*E804","v":0},{"$f":"W804*E804","v":0},{"$f":"X804*E804","v":0},{"$f":"Y804*E804","v":0},0,{"$f":"+E804*Z804","v":{"v":0,"d":"0.00"}}]
[{"$nulls":5}," "]
["5.1.3","Type-C",{"$nulls":3}," "]
[null,"       Supply","each",{"$f":"58+22+17","v":97},{"v":311,"d":"311.00"},{"v":30167,"d":"30,167.00"},{"$nulls":19},0,{"$f":"G807*E807","v":0},{"$f":"H807*E807","v":0},{"$f":"I807*E807","v":0},{"$f":"J807*E807","v":0},{"$f":"K807*E807","v":0},{"$f":"L807*E807","v":0},{"$f":"+M807*E807","v":0},{"$f":"N807*E807","v":0},{"$f":"O807*E807","v":0},{"$f":"P807*E807","v":0},{"$f":"Q807*E807","v":0},{"$f":"R807*E807","v":0},{"$f":"S807*E807","v":0},{"$f":"T807*E807","v":0},{"$f":"W807*E807","v":0},{"$f":"X807*E807","v":0},{"$f":"Y807*E807","v":0},0,{"$f":"+E807*Z807","v":{"v":0,"d":"0.00"}}]
[null,"       Install","each",{"$f":"D807","v":97},{"v":70,"d":"70.00"},{"v":6790,"d":"6,790.00"},{"$nulls":19},0,{"$f":"G808*E808","v":0},{"$f":"H808*E808","v":0},{"$f":"I808*E808","v":0},{"$f":"J808*E808","v":0},{"$f":"K808*E808","v":0},{"$f":"L808*E808","v":0},{"$f":"+M808*E808","v":0},{"$f":"N808*E808","v":0},{"$f":"O808*E808","v":0},{"$f":"P808*E808","v":0},{"$f":"Q808*E808","v":0},{"$f":"R808*E808","v":0},{"$f":"S808*E808","v":0},{"$f":"T808*E808","v":0},{"$f":"W808*E808","v":0},{"$f":"X808*E808","v":0},{"$f":"Y808*E808","v":0},0,{"$f":"+E808*Z808","v":{"v":0,"d":"0.00"}}]
[{"$nulls":5}," "]
["5.1.4","Type-M",{"$nulls":3}," "]
[null,"       Supply","each",{"$f":"277+350","v":627},655.73,{"v":411142.71,"d":"411,142.71"},{"$nulls":19},0,{"$f":"G811*E811","v":0},{"$f":"H811*E811","v":0},{"$f":"I811*E811","v":0},{"$f":"J811*E811","v":0},{"$f":"K811*E811","v":0},{"$f":"L811*E811","v":0},{"$f":"+M811*E811","v":0},{"$f":"N811*E811","v":0},{"$f":"O811*E811","v":0},{"$f":"P811*E811","v":0},{"$f":"Q811*E811","v":0},{"$f":"R811*E811","v":0},{"$f":"S811*E811","v":0},{"$f":"T811*E811","v":0},{"$f":"W811*E811","v":0},{"$f":"X811*E811","v":0},{"$f":"Y811*E811","v":0},0,{"$f":"+E811*Z811","v":{"v":0,"d":"0.00"}}]
[null,"       Install","each",{"$f":"D811","v":627},{"v":90,"d":"90.00"},{"v":56430,"d":"56,430.00"},{"$nulls":14},4,{"$nulls":4},4,{"$f":"G812*E812","v":0},{"$f":"H812*E812","v":0},{"$f":"I812*E812","v":0},{"$f":"J812*E812","v":0},{"$f":"K812*E812","v":0},{"$f":"L812*E812","v":0},{"$f":"+M812*E812","v":0},{"$f":"N812*E812","v":0},{"$f":"O812*E812","v":0},{"$f":"P812*E812","v":0},{"$f":"Q812*E812","v":0},{"$f":"R812*E812","v":0},{"$f":"S812*E812","v":0},{"$f":"T812*E812","v":0},{"$f":"W812*E812","v":0},{"$f":"X812*E812","v":0},{"$f":"Y812*E812","v":0},0,{"$f":"+E812*Z812","v":{"v":360,"d":"360.00"}}]
[{"$nulls":5}," "]
["5.1.5","Type-N",{"$nulls":3}," "]
[null,"       Supply","each",{"$f":"204+76","v":280},655.73,{"v":183604.4,"d":"183,604.40"},{"$nulls":19},0,{"$f":"G815*E815","v":0},{"$f":"H815*E815","v":0},{"$f":"I815*E815","v":0},{"$f":"J815*E815","v":0},{"$f":"K815*E815","v":0},{"$f":"L815*E815","v":0},{"$f":"+M815*E815","v":0},{"$f":"N815*E815","v":0},{"$f":"O815*E815","v":0},{"$f":"P815*E815","v":0},{"$f":"Q815*E815","v":0},{"$f":"R815*E815","v":0},{"$f":"S815*E815","v":0},{"$f":"T815*E815","v":0},{"$f":"W815*E815","v":0},{"$f":"X815*E815","v":0},{"$f":"Y815*E815","v":0},0,{"$f":"+E815*Z815","v":{"v":0,"d":"0.00"}}]
[null,"       Install","each",{"$f":"D815","v":280},{"v":90,"d":"90.00"},{"v":25200,"d":"25,200.00"},{"$nulls":19},0,{"$f":"G816*E816","v":0},{"$f":"H816*E816","v":0},{"$f":"I816*E816","v":0},{"$f":"J816*E816","v":0},{"$f":"K816*E816","v":0},{"$f":"L816*E816","v":0},{"$f":"+M816*E816","v":0},{"$f":"N816*E816","v":0},{"$f":"O816*E816","v":0},{"$f":"P816*E816","v":0},{"$f":"Q816*E816","v":0},{"$f":"R816*E816","v":0},{"$f":"S816*E816","v":0},{"$f":"T816*E816","v":0},{"$f":"W816*E816","v":0},{"$f":"X816*E816","v":0},{"$f":"Y816*E816","v":0},0,{"$f":"+E816*Z816","v":{"v":0,"d":"0.00"}}]
[{"$nulls":5}," "]
["5.1.6","Type-DL",{"$nulls":3}," "]
[null,"       Supply","each",{"$f":"336+59+25","v":420},{"v":550,"d":"550.00"},{"v":231000,"d":"231,000.00"},{"$nulls":19},0,{"$f":"G819*E819","v":0},{"$f":"H819*E819","v":0},{"$f":"I819*E819","v":0},{"$f":"J819*E819","v":0},{"$f":"K819*E819","v":0},{"$f":"L819*E819","v":0},{"$f":"+M819*E819","v":0},{"$f":"N819*E819","v":0},{"$f":"O819*E819","v":0},{"$f":"P819*E819","v":0},{"$f":"Q819*E819","v":0},{"$f":"R819*E819","v":0},{"$f":"S819*E819","v":0},{"$f":"T819*E819","v":0},{"$f":"W819*E819","v":0},{"$f":"X819*E819","v":0},{"$f":"Y819*E819","v":0},0,{"$f":"+E819*Z819","v":{"v":0,"d":"0.00"}}]
[null,"       Install","each",{"$f":"D819","v":420},{"v":90,"d":"90.00"},{"v":37800,"d":"37,800.00"},{"$nulls":19},0,{"$f":"G820*E820","v":0},{"$f":"H820*E820","v":0},{"$f":"I820*E820","v":0},{"$f":"J820*E820","v":0},{"$f":"K820*E820","v":0},{"$f":"L820*E820","v":0},{"$f":"+M820*E820","v":0},{"$f":"N820*E820","v":0},{"$f":"O820*E820","v":0},{"$f":"P820*E820","v":0},{"$f":"Q820*E820","v":0},{"$f":"R820*E820","v":0},{"$f":"S820*E820","v":0},{"$f":"T820*E820","v":0},{"$f":"W820*E820","v":0},{"$f":"X820*E820","v":0},{"$f":"Y820*E820","v":0},0,{"$f":"+E820*Z820","v":{"v":0,"d":"0.00"}}]
[{"$nulls":5}," "]
["5.1.7","Type-ME",{"$nulls":3}," "]
[" ","       Supply","each",{"$f":"61","v":61},{"v":1259,"d":"1,259.00"},{"v":76799,"d":"76,799.00"},{"$nulls":19},0,{"$f":"G823*E823","v":0},{"$f":"H823*E823","v":0},{"$f":"I823*E823","v":0},{"$f":"J823*E823","v":0},{"$f":"K823*E823","v":0},{"$f":"L823*E823","v":0},{"$f":"+M823*E823","v":0},{"$f":"N823*E823","v":0},{"$f":"O823*E823","v":0},{"$f":"P823*E823","v":0},{"$f":"Q823*E823","v":0},{"$f":"R823*E823","v":0},{"$f":"S823*E823","v":0},{"$f":"T823*E823","v":0},{"$f":"W823*E823","v":0},{"$f":"X823*E823","v":0},{"$f":"Y823*E823","v":0},0,{"$f":"+E823*Z823","v":{"v":0,"d":"0.00"}}]
[null,"       Install","each",{"$f":"D823","v":61},{"v":90,"d":"90.00"},{"v":5490,"d":"5,490.00"},{"$nulls":19},0,{"$f":"G824*E824","v":0},{"$f":"H824*E824","v":0},{"$f":"I824*E824","v":0},{"$f":"J824*E824","v":0},{"$f":"K824*E824","v":0},{"$f":"L824*E824","v":0},{"$f":"+M824*E824","v":0},{"$f":"N824*E824","v":0},{"$f":"O824*E824","v":0},{"$f":"P824*E824","v":0},{"$f":"Q824*E824","v":0},{"$f":"R824*E824","v":0},{"$f":"S824*E824","v":0},{"$f":"T824*E824","v":0},{"$f":"W824*E824","v":0},{"$f":"X824*E824","v":0},{"$f":"Y824*E824","v":0},0,{"$f":"+E824*Z824","v":{"v":0,"d":"0.00"}}]
[{"$nulls":5}," "]
["5.1.8","Type-G",{"$nulls":3}," "]
[null,"       Supply","each",{"$f":"70+511","v":581},{"v":345,"d":"345.00"},{"v":200445,"d":"200,445.00"},{"$nulls":18},36,36,{"$f":"G827*E827","v":0},{"$f":"H827*E827","v":0},{"$f":"I827*E827","v":0},{"$f":"J827*E827","v":0},{"$f":"K827*E827","v":0},{"$f":"L827*E827","v":0},{"$f":"+M827*E827","v":0},{"$f":"N827*E827","v":0},{"$f":"O827*E827","v":0},{"$f":"P827*E827","v":0},{"$f":"Q827*E827","v":0},{"$f":"R827*E827","v":0},{"$f":"S827*E827","v":0},{"$f":"T827*E827","v":0},{"$f":"W827*E827","v":0},{"$f":"X827*E827","v":0},{"$f":"Y827*E827","v":{"v":12420,"d":"12,420"}},{"v":12420,"d":"12,420"},{"$f":"+E827*Z827","v":{"v":12420,"d":"12,420.00"}}]
[null,"       Install","each",{"$f":"D827","v":581},{"v":80,"d":"80.00"},{"v":46480,"d":"46,480.00"},null,null,{"$f":"2+6","v":8},{"$nulls":11},{"$f":"19+8","v":27},{"$nulls":4},35,{"$f":"G828*E828","v":0},{"$f":"H828*E828","v":0},{"$f":"I828*E828","v":640},{"$f":"J828*E828","v":0},{"$f":"K828*E828","v":0},{"$f":"L828*E828","v":0},{"$f":"+M828*E828","v":0},{"$f":"N828*E828","v":0},{"$f":"O828*E828","v":0},{"$f":"P828*E828","v":0},{"$f":"Q828*E828","v":0},{"$f":"R828*E828","v":0},{"$f":"S828*E828","v":0},{"$f":"T828*E828","v":0},{"$f":"W828*E828","v":0},{"$f":"X828*E828","v":0},{"$f":"Y828*E828","v":0},640,{"$f":"+E828*Z828","v":{"v":2800,"d":"2,800.00"}}]
[{"$nulls":5}," "]
["5.1.9","Type-J 1200*600",{"$nulls":3}," "]
[null,"       Supply","each",{"$f":"102+506+1+20","v":629},{"v":576,"d":"576.00"},{"v":362304,"d":"362,304.00"},{"$nulls":19},0,{"$f":"G831*E831","v":0},{"$f":"H831*E831","v":0},{"$f":"I831*E831","v":0},{"$f":"J831*E831","v":0},{"$f":"K831*E831","v":0},{"$f":"L831*E831","v":0},{"$f":"+M831*E831","v":0},{"$f":"N831*E831","v":0},{"$f":"O831*E831","v":0},{"$f":"P831*E831","v":0},{"$f":"Q831*E831","v":0},{"$f":"R831*E831","v":0},{"$f":"S831*E831","v":0},{"$f":"T831*E831","v":0},{"$f":"W831*E831","v":0},{"$f":"X831*E831","v":0},{"$f":"Y831*E831","v":0},0,{"$f":"+E831*Z831","v":{"v":0,"d":"0.00"}}]
[null,"       Install","each",{"$f":"D831","v":629},{"v":80,"d":"80.00"},{"v":50320,"d":"50,320.00"},{"$nulls":19},0,{"$f":"G832*E832","v":0},{"$f":"H832*E832","v":0},{"$f":"I832*E832","v":0},{"$f":"J832*E832","v":0},{"$f":"K832*E832","v":0},{"$f":"L832*E832","v":0},{"$f":"+M832*E832","v":0},{"$f":"N832*E832","v":0},{"$f":"O832*E832","v":0},{"$f":"P832*E832","v":0},{"$f":"Q832*E832","v":0},{"$f":"R832*E832","v":0},{"$f":"S832*E832","v":0},{"$f":"T832*E832","v":0},{"$f":"W832*E832","v":0},{"$f":"X832*E832","v":0},{"$f":"Y832*E832","v":0},0,{"$f":"+E832*Z832","v":{"v":0,"d":"0.00"}}]
[{"$nulls":5}," "]
["5.1.10","Type-J/NL 1200*600",{"$nulls":3}," "]
[null,"       Supply","each",{"$f":"96+24","v":120},{"v":683,"d":"683.00"},{"v":81960,"d":"81,960.00"},{"$nulls":19},0,{"$f":"G835*E835","v":0},{"$f":"H835*E835","v":0},{"$f":"I835*E835","v":0},{"$f":"J835*E835","v":0},{"$f":"K835*E835","v":0},{"$f":"L835*E835","v":0},{"$f":"+M835*E835","v":0},{"$f":"N835*E835","v":0},{"$f":"O835*E835","v":0},{"$f":"P835*E835","v":0},{"$f":"Q835*E835","v":0},{"$f":"R835*E835","v":0},{"$f":"S835*E835","v":0},{"$f":"T835*E835","v":0},{"$f":"W835*E835","v":0},{"$f":"X835*E835","v":0},{"$f":"Y835*E835","v":0},0,{"$f":"+E835*Z835","v":{"v":0,"d":"0.00"}}]
[null,"       Install","each",{"$f":"D835","v":120},{"v":90,"d":"90.00"},{"v":10800,"d":"10,800.00"},{"$nulls":19},0,{"$f":"G836*E836","v":0},{"$f":"H836*E836","v":0},{"$f":"I836*E836","v":0},{"$f":"J836*E836","v":0},{"$f":"K836*E836","v":0},{"$f":"L836*E836","v":0},{"$f":"+M836*E836","v":0},{"$f":"N836*E836","v":0},{"$f":"O836*E836","v":0},{"$f":"P836*E836","v":0},{"$f":"Q836*E836","v":0},{"$f":"R836*E836","v":0},{"$f":"S836*E836","v":0},{"$f":"T836*E836","v":0},{"$f":"W836*E836","v":0},{"$f":"X836*E836","v":0},{"$f":"Y836*E836","v":0},0,{"$f":"+E836*Z836","v":{"v":0,"d":"0.00"}}]
[{"$nulls":5}," "]
["5.1.11","Type-JS 600*600",{"$nulls":3}," "]
[null,"       Supply","each",{"$f":"330+997+16+1239+12+400","v":{"v":2994,"d":"2,994"}},{"v":500,"d":"500.00"},{"v":1497000,"d":"1,497,000.00"},{"$nulls":19},0,{"$f":"G839*E839","v":0},{"$f":"H839*E839","v":0},{"$f":"I839*E839","v":0},{"$f":"J839*E839","v":0},{"$f":"K839*E839","v":0},{"$f":"L839*E839","v":0},{"$f":"+M839*E839","v":0},{"$f":"N839*E839","v":0},{"$f":"O839*E839","v":0},{"$f":"P839*E839","v":0},{"$f":"Q839*E839","v":0},{"$f":"R839*E839","v":0},{"$f":"S839*E839","v":0},{"$f":"T839*E839","v":0},{"$f":"W839*E839","v":0},{"$f":"X839*E839","v":0},{"$f":"Y839*E839","v":0},0,{"$f":"+E839*Z839","v":{"v":0,"d":"0.00"}}]
[null,"       Install","each",{"$f":"D839","v":{"v":2994,"d":"2,994"}},{"v":80,"d":"80.00"},{"v":239520,"d":"239,520.00"},{"$nulls":19},0,{"$f":"G840*E840","v":0},{"$f":"H840*E840","v":0},{"$f":"I840*E840","v":0},{"$f":"J840*E840","v":0},{"$f":"K840*E840","v":0},{"$f":"L840*E840","v":0},{"$f":"+M840*E840","v":0},{"$f":"N840*E840","v":0},{"$f":"O840*E840","v":0},{"$f":"P840*E840","v":0},{"$f":"Q840*E840","v":0},{"$f":"R840*E840","v":0},{"$f":"S840*E840","v":0},{"$f":"T840*E840","v":0},{"$f":"W840*E840","v":0},{"$f":"X840*E840","v":0},{"$f":"Y840*E840","v":0},0,{"$f":"+E840*Z840","v":{"v":0,"d":"0.00"}}]
[{"$nulls":5}," ",{"$nulls":38}," "]
[]
[null,"Amount Carried Forward ",{"$nulls":3},{"$f":"SUM(F794:F842)","v":{"v":3677487.11,"d":"3,677,487.11"}},{"$nulls":37},{"$f":"SUM(AR792:AR842)","v":{"v":11640,"d":"11,640"}},{"$f":"SUM(AS792:AS842)","v":{"v":14160,"d":"14,160.00"}}]
[]
["MAIN HOSPITAL ELECTRICAL INSTALLATION"]
["CECILIA MAKIWANE HOSPITAL : PHASE 4C"]
[]
[{"$f":"A790","v":"BILL NO. 5 : LUMINAIRES (SMME PACKAGE No3)"}]
["ITEM","DESCRIPTION","UNIT","QTY","RATE","TENDER AMOUNT","A-LV05","B-LV04","D-LV03","E1-LV03","E2","F1","F2","G1","G2","H1","H2","J1","J2","J3","Substation","G/House",null,"N","Other","Total Qty","A","B","D","E1","E2","F1","F2","G1","G2","H1","H2","J1","J2","J3","K","N","Other","Total Amount","Total Claimed"]
[null,"AMOUNT CARRIED FORWARD FROM PREVIOUS BILL",{"$nulls":3},{"$f":"F843","v":{"v":3677487.11,"d":"3,677,487.11"}},{"$nulls":37},{"$f":"+AR843","v":{"v":11640,"d":"11,640"}},{"$f":"AS843","v":{"v":14160,"d":"14,160.00"}}]
[]
["5.1.12","Type-JS/NL 600*600"]
[" ","       Supply","each",{"$f":"37+15+6","v":58},{"v":585,"d":"585.00"},{"$f":"$D853*E853","v":{"v":33930,"d":"33,930.00"}},{"$nulls":19},{"$f":"SUM(G853:Y853)","v":0},{"$f":"G853*E853","v":0},{"$f":"H853*E853","v":0},{"$f":"I853*E853","v":0},{"$f":"J853*E853","v":0},{"$f":"K853*E853","v":0},{"$f":"L853*E853","v":0},{"$f":"+M853*E853","v":0},{"$f":"N853*E853","v":0},{"$f":"O853*E853","v":0},{"$f":"P853*E853","v":0},{"$f":"Q853*E853","v":0},{"$f":"R853*E853","v":0},{"$f":"S853*E853","v":0},{"$f":"T853*E853","v":0},{"$f":"W853*E853","v":0},{"$f":"X853*E853","v":0},{"$f":"Y853*E853","v":0},{"$f":"SUM(AA853:AQ853)","v":0},{"$f":"+E853*Z853","v":{"v":0,"d":"0.00"}}]
[null,"       Install","each",{"$f":"D853","v":58},{"v":90,"d":"90.00"},{"v":5220,"d":"5,220.00"},{"$nulls":19},{"$f":"SUM(G854:Y854)","v":0},{"$f":"G854*E854","v":0},{"$f":"H854*E854","v":0},{"$f":"I854*E854","v":0},{"$f":"J854*E854","v":0},{"$f":"K854*E854","v":0},{"$f":"L854*E854","v":0},{"$f":"+M854*E854","v":0},{"$f":"N854*E854","v":0},{"$f":"O854*E854","v":0},{"$f":"P854*E854","v":0},{"$f":"Q854*E854","v":0},{"$f":"R854*E854","v":0},{"$f":"S854*E854","v":0},{"$f":"T854*E854","v":0},{"$f":"W854*E854","v":0},{"$f":"X854*E854","v":0},{"$f":"Y854*E854","v":0},{"$f":"SUM(AA854:AQ854)","v":0},{"$f":"+E854*Z854","v":{"v":0,"d":"0.00"}}]
[{"$nulls":5}," "]
["5.1.13","Type-Z/ES 1X18W",{"$nulls":3}," "]
[null,"       Supply","each",{"$f":"139+378","v":517},{"v":175,"d":"175.00"},{"v":90475,"d":"90,475.00"},{"$nulls":19},0,{"$f":"G857*E857","v":0},{"$f":"H857*E857","v":0},{"$f":"I857*E857","v":0},{"$f":"J857*E857","v":0},{"$f":"K857*E857","v":0},{"$f":"L857*E857","v":0},{"$f":"+M857*E857","v":0},{"$f":"N857*E857","v":0},{"$f":"O857*E857","v":0},{"$f":"P857*E857","v":0},{"$f":"Q857*E857","v":0},{"$f":"R857*E857","v":0},{"$f":"S857*E857","v":0},{"$f":"T857*E857","v":0},{"$f":"W857*E857","v":0},{"$f":"X857*E857","v":0},{"$f":"Y857*E857","v":0},0,{"$f":"+E857*Z857","v":{"v":0,"d":"0.00"}}]
[null,"       Install","each",{"$f":"D857","v":517},{"v":70,"d":"70.00"},{"v":36190,"d":"36,190.00"},{"$nulls":19},0,{"$f":"G858*E858","v":0},{"$f":"H858*E858","v":0},{"$f":"I858*E858","v":0},{"$f":"J858*E858","v":0},{"$f":"K858*E858","v":0},{"$f":"L858*E858","v":0},{"$f":"+M858*E858","v":0},{"$f":"N858*E858","v":0},{"$f":"O858*E858","v":0},{"$f":"P858*E858","v":0},{"$f":"Q858*E858","v":0},{"$f":"R858*E858","v":0},{"$f":"S858*E858","v":0},{"$f":"T858*E858","v":0},{"$f":"W858*E858","v":0},{"$f":"X858*E858","v":0},{"$f":"Y858*E858","v":0},0,{"$f":"+E858*Z858","v":{"v":0,"d":"0.00"}}]
[{"$nulls":5}," "]
["5.1.14","Type-Z/UPS 2X18W",{"$nulls":3}," "]
[" ","       Supply","each",{"v":1145,"d":"1,145"},{"v":230,"d":"230.00"},{"v":263350,"d":"263,350.00"},{"$nulls":19},0,{"$f":"G861*E861","v":0},{"$f":"H861*E861","v":0},{"$f":"I861*E861","v":0},{"$f":"J861*E861","v":0},{"$f":"K861*E861","v":0},{"$f":"L861*E861","v":0},{"$f":"+M861*E861","v":0},{"$f":"N861*E861","v":0},{"$f":"O861*E861","v":0},{"$f":"P861*E861","v":0},{"$f":"Q861*E861","v":0},{"$f":"R861*E861","v":0},{"$f":"S861*E861","v":0},{"$f":"T861*E861","v":0},{"$f":"W861*E861","v":0},{"$f":"X861*E861","v":0},{"$f":"Y861*E861","v":0},0,{"$f":"+E861*Z861","v":{"v":0,"d":"0.00"}}]
[null,"       Install","each",{"$f":"D861","v":{"v":1145,"d":"1,145"}},{"v":70,"d":"70.00"},{"v":80150,"d":"80,150.00"},{"$nulls":19},0,{"$f":"G862*E862","v":0},{"$f":"H862*E862","v":0},{"$f":"I862*E862","v":0},{"$f":"J862*E862","v":0},{"$f":"K862*E862","v":0},{"$f":"L862*E862","v":0},{"$f":"+M862*E862","v":0},{"$f":"N862*E862","v":0},{"$f":"O862*E862","v":0},{"$f":"P862*E862","v":0},{"$f":"Q862*E862","v":0},{"$f":"R862*E862","v":0},{"$f":"S862*E862","v":0},{"$f":"T862*E862","v":0},{"$f":"W862*E862","v":0},{"$f":"X862*E862","v":0},{"$f":"Y862*E862","v":0},0,{"$f":"+E862*Z862","v":{"v":0,"d":"0.00"}}]
[{"$nulls":5}," "]
["5.1.15","Type-R (Directional)"," "," ",null," "]
[" ","       Supply","each",{"$f":"40+69","v":109},{"v":850,"d":"850.00"},{"v":92650,"d":"92,650.00"},{"$nulls":19},0,{"$f":"G865*E865","v":0},{"$f":"H865*E865","v":0},{"$f":"I865*E865","v":0},{"$f":"J865*E865","v":0},{"$f":"K865*E865","v":0},{"$f":"L865*E865","v":0},{"$f":"+M865*E865","v":0},{"$f":"N865*E865","v":0},{"$f":"O865*E865","v":0},{"$f":"P865*E865","v":0},{"$f":"Q865*E865","v":0},{"$f":"R865*E865","v":0},{"$f":"S865*E865","v":0},{"$f":"T865*E865","v":0},{"$f":"W865*E865","v":0},{"$f":"X865*E865","v":0},{"$f":"Y865*E865","v":0},0,{"$f":"+E865*Z865","v":{"v":0,"d":"0.00"}}]
[" ","       Install","each",{"$f":"D865","v":109},{"v":70,"d":"70.00"},{"v":7630,"d":"7,630.00"},{"$nulls":19},0,{"$f":"G866*E866","v":0},{"$f":"H866*E866","v":0},{"$f":"I866*E866","v":0},{"$f":"J866*E866","v":0},{"$f":"K866*E866","v":0},{"$f":"L866*E866","v":0},{"$f":"+M866*E866","v":0},{"$f":"N866*E866","v":0},{"$f":"O866*E866","v":0},{"$f":"P866*E866","v":0},{"$f":"Q866*E866","v":0},{"$f":"R866*E866","v":0},{"$f":"S866*E866","v":0},{"$f":"T866*E866","v":0},{"$f":"W866*E866","v":0},{"$f":"X866*E866","v":0},{"$f":"Y866*E866","v":0},0,{"$f":"+E866*Z866","v":{"v":0,"d":"0.00"}}]
[{"$nulls":5}," "]
["5.1.16","Type-Exit"," "," ",null," "]
[null,"       Supply","each",{"$f":"46+89","v":135},{"v":850,"d":"850.00"},{"v":114750,"d":"114,750.00"},{"$nulls":19},{"$f":"SUM(G869:Y869)","v":0},{"$f":"G869*E869","v":0},{"$f":"H869*E869","v":0},{"$f":"I869*E869","v":0},{"$f":"J869*E869","v":0},{"$f":"K869*E869","v":0},{"$f":"L869*E869","v":0},{"$f":"+M869*E869","v":0},{"$f":"N869*E869","v":0},{"$f":"O869*E869","v":0},{"$f":"P869*E869","v":0},{"$f":"Q869*E869","v":0},{"$f":"R869*E869","v":0},{"$f":"S869*E869","v":0},{"$f":"T869*E869","v":0},{"$f":"W869*E869","v":0},{"$f":"X869*E869","v":0},{"$f":"Y869*E869","v":0},0,{"$f":"+E869*Z869","v":{"v":0,"d":"0.00"}}]
[null,"       Install","each",{"$f":"D869","v":135},{"v":70,"d":"70.00"},{"v":9450,"d":"9,450.00"},{"$nulls":19},0,{"$f":"G870*E870","v":0},{"$f":"H870*E870","v":0},{"$f":"I870*E870","v":0},{"$f":"J870*E870","v":0},{"$f":"K870*E870","v":0},{"$f":"L870*E870","v":0},{"$f":"+M870*E870","v":0},{"$f":"N870*E870","v":0},{"$f":"O870*E870","v":0},{"$f":"P870*E870","v":0},{"$f":"Q870*E870","v":0},{"$f":"R870*E870","v":0},{"$f":"S870*E870","v":0},{"$f":"T870*E870","v":0},{"$f":"W870*E870","v":0},{"$f":"X870*E870","v":0},{"$f":"Y870*E870","v":0},0,{"$f":"+E870*Z870","v":{"v":0,"d":"0.00"}}]
[{"$nulls":5}," "]
["5.1.17","Type-ZD",{"$nulls":3}," "]
[null,"       Supply","each",{"$f":"173+4","v":177},{"v":610,"d":"610.00"},{"v":107970,"d":"107,970.00"},{"$nulls":19},0,{"$f":"G873*E873","v":0},{"$f":"H873*E873","v":0},{"$f":"I873*E873","v":0},{"$f":"J873*E873","v":0},{"$f":"K873*E873","v":0},{"$f":"L873*E873","v":0},{"$f":"+M873*E873","v":0},{"$f":"N873*E873","v":0},{"$f":"O873*E873","v":0},{"$f":"P873*E873","v":0},{"$f":"Q873*E873","v":0},{"$f":"R873*E873","v":0},{"$f":"S873*E873","v":0},{"$f":"T873*E873","v":0},{"$f":"W873*E873","v":0},{"$f":"X873*E873","v":0},{"$f":"Y873*E873","v":0},0,{"$f":"+E873*Z873","v":{"v":0,"d":"0.00"}}]
[null,"       Install","each",{"$f":"D873","v":177},{"v":70,"d":"70.00"},{"v":12390,"d":"12,390.00"},{"$nulls":19},0,{"$f":"G874*E874","v":0},{"$f":"H874*E874","v":0},{"$f":"I874*E874","v":0},{"$f":"J874*E874","v":0},{"$f":"K874*E874","v":0},{"$f":"L874*E874","v":0},{"$f":"+M874*E874","v":0},{"$f":"N874*E874","v":0},{"$f":"O874*E874","v":0},{"$f":"P874*E874","v":0},{"$f":"Q874*E874","v":0},{"$f":"R874*E874","v":0},{"$f":"S874*E874","v":0},{"$f":"T874*E874","v":0},{"$f":"W874*E874","v":0},{"$f":"X874*E874","v":0},{"$f":"Y874*E874","v":0},0,{"$f":"+E874*Z874","v":{"v":0,"d":"0.00"}}]
[{"$nulls":5}," "]
["5.1.18","Type-Z",{"$nulls":3}," "]
[" ","       Supply","each",{"$f":"143","v":143},{"v":289,"d":"289.00"},{"v":41327,"d":"41,327.00"},{"$nulls":19},0,{"$f":"G877*E877","v":0},{"$f":"H877*E877","v":0},{"$f":"I877*E877","v":0},{"$f":"J877*E877","v":0},{"$f":"K877*E877","v":0},{"$f":"L877*E877","v":0},{"$f":"+M877*E877","v":0},{"$f":"N877*E877","v":0},{"$f":"O877*E877","v":0},{"$f":"P877*E877","v":0},{"$f":"Q877*E877","v":0},{"$f":"R877*E877","v":0},{"$f":"S877*E877","v":0},{"$f":"T877*E877","v":0},{"$f":"W877*E877","v":0},{"$f":"X877*E877","v":0},{"$f":"Y877*E877","v":0},0,{"$f":"+E877*Z877","v":{"v":0,"d":"0.00"}}]
[" ","       Install","each",{"$f":"D877","v":143},{"v":70,"d":"70.00"},{"v":10010,"d":"10,010.00"},{"$nulls":19},0,{"$f":"G878*E878","v":0},{"$f":"H878*E878","v":0},{"$f":"I878*E878","v":0},{"$f":"J878*E878","v":0},{"$f":"K878*E878","v":0},{"$f":"L878*E878","v":0},{"$f":"+M878*E878","v":0},{"$f":"N878*E878","v":0},{"$f":"O878*E878","v":0},{"$f":"P878*E878","v":0},{"$f":"Q878*E878","v":0},{"$f":"R878*E878","v":0},{"$f":"S878*E878","v":0},{"$f":"T878*E878","v":0},{"$f":"W878*E878","v":0},{"$f":"X878*E878","v":0},{"$f":"Y878*E878","v":0},0,{"$f":"+E878*Z878","v":{"v":0,"d":"0.00"}}]
[{"$nulls":5}," "]
["5.1.19","Type-Z NL","each",46,{"v":489,"d":"489.00"},{"v":22494,"d":"22,494.00"},{"$nulls":19},0,{"$f":"G880*E880","v":0},{"$f":"H880*E880","v":0},{"$f":"I880*E880","v":0},{"$f":"J880*E880","v":0},{"$f":"K880*E880","v":0},{"$f":"L880*E880","v":0},{"$f":"+M880*E880","v":0},{"$f":"N880*E880","v":0},{"$f":"O880*E880","v":0},{"$f":"P880*E880","v":0},{"$f":"Q880*E880","v":0},{"$f":"R880*E880","v":0},{"$f":"S880*E880","v":0},{"$f":"T880*E880","v":0},{"$f":"W880*E880","v":0},{"$f":"X880*E880","v":0},{"$f":"Y880*E880","v":0},0,{"$f":"+E880*Z880","v":{"v":0,"d":"0.00"}}]
[null,"       Supply","each",{"$f":"D880","v":46},{"v":80,"d":"80.00"},{"v":3680,"d":"3,680.00"},{"$nulls":19},0,{"$f":"G881*E881","v":0},{"$f":"H881*E881","v":0},{"$f":"I881*E881","v":0},{"$f":"J881*E881","v":0},{"$f":"K881*E881","v":0},{"$f":"L881*E881","v":0},{"$f":"+M881*E881","v":0},{"$f":"N881*E881","v":0},{"$f":"O881*E881","v":0},{"$f":"P881*E881","v":0},{"$f":"Q881*E881","v":0},{"$f":"R881*E881","v":0},{"$f":"S881*E881","v":0},{"$f":"T881*E881","v":0},{"$f":"W881*E881","v":0},{"$f":"X881*E881","v":0},{"$f":"Y881*E881","v":0},0,{"$f":"+E881*Z881","v":{"v":0,"d":"0.00"}}]
[null,"       Install",{"$nulls":3}," ",{"$nulls":19},0,{"$f":"G882*E882","v":0},{"$f":"H882*E882","v":0},{"$f":"I882*E882","v":0},{"$f":"J882*E882","v":0},{"$f":"K882*E882","v":0},{"$f":"L882*E882","v":0},{"$f":"+M882*E882","v":0},{"$f":"N882*E882","v":0},{"$f":"O882*E882","v":0},{"$f":"P882*E882","v":0},{"$f":"Q882*E882","v":0},{"$f":"R882*E882","v":0},{"$f":"S882*E882","v":0},{"$f":"T882*E882","v":0},{"$f":"W882*E882","v":0},{"$f":"X882*E882","v":0},{"$f":"Y882*E882","v":0},0,{"$f":"+E882*Z882","v":{"v":0,"d":"0.00"}}]
[{"$nulls":5}," "]
["5.1.20","Type-AD",{"$nulls":3}," "]
[null,"       Supply","each",{"$f":"146","v":146},{"v":620,"d":"620.00"},{"v":90520,"d":"90,520.00"},{"$nulls":19},0,{"$f":"G885*E885","v":0},{"$f":"H885*E885","v":0},{"$f":"I885*E885","v":0},{"$f":"J885*E885","v":0},{"$f":"K885*E885","v":0},{"$f":"L885*E885","v":0},{"$f":"+M885*E885","v":0},{"$f":"N885*E885","v":0},{"$f":"O885*E885","v":0},{"$f":"P885*E885","v":0},{"$f":"Q885*E885","v":0},{"$f":"R885*E885","v":0},{"$f":"S885*E885","v":0},{"$f":"T885*E885","v":0},{"$f":"W885*E885","v":0},{"$f":"X885*E885","v":0},{"$f":"Y885*E885","v":0},0,{"$f":"+E885*Z885","v":{"v":0,"d":"0.00"}}]
[null,"       Install","each",{"$f":"D885","v":146},{"v":70,"d":"70.00"},{"v":10220,"d":"10,220.00"},{"$nulls":19},0,{"$f":"G886*E886","v":0},{"$f":"H886*E886","v":0},{"$f":"I886*E886","v":0},{"$f":"J886*E886","v":0},{"$f":"K886*E886","v":0},{"$f":"L886*E886","v":0},{"$f":"+M886*E886","v":0},{"$f":"N886*E886","v":0},{"$f":"O886*E886","v":0},{"$f":"P886*E886","v":0},{"$f":"Q886*E886","v":0},{"$f":"R886*E886","v":0},{"$f":"S886*E886","v":0},{"$f":"T886*E886","v":0},{"$f":"W886*E886","v":0},{"$f":"X886*E886","v":0},{"$f":"Y886*E886","v":0},0,{"$f":"+E886*Z886","v":{"v":0,"d":"0.00"}}]
[{"$nulls":5}," "]
["5.1.21","Type-UP LIGHTER/WASHER"," ",null,null," "]
[" ","       Supply","each",48,{"v":140,"d":"140.00"},{"v":6720,"d":"6,720.00"},{"$nulls":19},0,{"$f":"G889*E889","v":0},{"$f":"H889*E889","v":0},{"$f":"I889*E889","v":0},{"$f":"J889*E889","v":0},{"$f":"K889*E889","v":0},{"$f":"L889*E889","v":0},{"$f":"+M889*E889","v":0},{"$f":"N889*E889","v":0},{"$f":"O889*E889","v":0},{"$f":"P889*E889","v":0},{"$f":"Q889*E889","v":0},{"$f":"R889*E889","v":0},{"$f":"S889*E889","v":0},{"$f":"T889*E889","v":0},{"$f":"W889*E889","v":0},{"$f":"X889*E889","v":0},{"$f":"Y889*E889","v":0},0,{"$f":"+E889*Z889","v":{"v":0,"d":"0.00"}}]
[" ","       Install","each",{"$f":"D889","v":48},{"v":90,"d":"90.00"},{"v":4320,"d":"4,320.00"},{"$nulls":19},0,{"$f":"G890*E890","v":0},{"$f":"H890*E890","v":0},{"$f":"I890*E890","v":0},{"$f":"J890*E890","v":0},{"$f":"K890*E890","v":0},{"$f":"L890*E890","v":0},{"$f":"+M890*E890","v":0},{"$f":"N890*E890","v":0},{"$f":"O890*E890","v":0},{"$f":"P890*E890","v":0},{"$f":"Q890*E890","v":0},{"$f":"R890*E890","v":0},{"$f":"S890*E890","v":0},{"$f":"T890*E890","v":0},{"$f":"W890*E890","v":0},{"$f":"X890*E890","v":0},{"$f":"Y890*E890","v":0},0,{"$f":"+E890*Z890","v":{"v":0,"d":"0.00"}}]
[{"$nulls":5}," "]
["5.1.22","Type-DOWN LIGHTER/WASHER"," ",null,null," "]
[null,"       Supply","each",42,{"v":195,"d":"195.00"},{"v":8190,"d":"8,190.00"},{"$nulls":19},0,{"$f":"G893*E893","v":0},{"$f":"H893*E893","v":0},{"$f":"I893*E893","v":0},{"$f":"J893*E893","v":0},{"$f":"K893*E893","v":0},{"$f":"L893*E893","v":0},{"$f":"+M893*E893","v":0},{"$f":"N893*E893","v":0},{"$f":"O893*E893","v":0},{"$f":"P893*E893","v":0},{"$f":"Q893*E893","v":0},{"$f":"R893*E893","v":0},{"$f":"S893*E893","v":0},{"$f":"T893*E893","v":0},{"$f":"W893*E893","v":0},{"$f":"X893*E893","v":0},{"$f":"Y893*E893","v":0},0,{"$f":"+E893*Z893","v":{"v":0,"d":"0.00"}}]
[null,"       Install","each",{"$f":"D893","v":42},{"v":90,"d":"90.00"},{"v":3780,"d":"3,780.00"},{"$nulls":19},0,{"$f":"G894*E894","v":0},{"$f":"H894*E894","v":0},{"$f":"I894*E894","v":0},{"$f":"J894*E894","v":0},{"$f":"K894*E894","v":0},{"$f":"L894*E894","v":0},{"$f":"+M894*E894","v":0},{"$f":"N894*E894","v":0},{"$f":"O894*E894","v":0},{"$f":"P894*E894","v":0},{"$f":"Q894*E894","v":0},{"$f":"R894*E894","v":0},{"$f":"S894*E894","v":0},{"$f":"T894*E894","v":0},{"$f":"W894*E894","v":0},{"$f":"X894*E894","v":0},{"$f":"Y894*E894","v":0},0,{"$f":"+E894*Z894","v":{"v":0,"d":"0.00"}}]
[{"$nulls":5}," "]
["5.1.23","Type-Tuckshop suspension fittings Radiant JC 63 (1x18w)",{"$nulls":3}," "]
[null,"       Supply","each",24,{"v":1145,"d":"1,145.00"},{"v":27480,"d":"27,480.00"},{"$nulls":19},0,{"$f":"G897*E897","v":0},{"$f":"H897*E897","v":0},{"$f":"I897*E897","v":0},{"$f":"J897*E897","v":0},{"$f":"K897*E897","v":0},{"$f":"L897*E897","v":0},{"$f":"+M897*E897","v":0},{"$f":"N897*E897","v":0},{"$f":"O897*E897","v":0},{"$f":"P897*E897","v":0},{"$f":"Q897*E897","v":0},{"$f":"R897*E897","v":0},{"$f":"S897*E897","v":0},{"$f":"T897*E897","v":0},{"$f":"W897*E897","v":0},{"$f":"X897*E897","v":0},{"$f":"Y897*E897","v":0},0,{"$f":"+E897*Z897","v":{"v":0,"d":"0.00"}}]
[null,"       Install","each",{"$f":"D897","v":24},{"v":90,"d":"90.00"},{"v":2160,"d":"2,160.00"},{"$nulls":19},0,{"$f":"G898*E898","v":0},{"$f":"H898*E898","v":0},{"$f":"I898*E898","v":0},{"$f":"J898*E898","v":0},{"$f":"K898*E898","v":0},{"$f":"L898*E898","v":0},{"$f":"+M898*E898","v":0},{"$f":"N898*E898","v":0},{"$f":"O898*E898","v":0},{"$f":"P898*E898","v":0},{"$f":"Q898*E898","v":0},{"$f":"R898*E898","v":0},{"$f":"S898*E898","v":0},{"$f":"T898*E898","v":0},{"$f":"W898*E898","v":0},{"$f":"X898*E898","v":0},{"$f":"Y898*E898","v":0},0,{"$f":"+E898*Z898","v":{"v":0,"d":"0.00"}}]
[]
[null,"Amount Carried Forward ",{"$nulls":3},{"$f":"SUM(F850:F899)","v":{"v":4762543.109999999,"d":"4,762,543.11"}},{"$nulls":37},{"$f":"SUM(AR850:AR899)","v":{"v":11640,"d":"11,640"}},{"$f":"SUM(AS850:AS899)","v":{"v":14160,"d":"14,160.00"}}]
[]
["MAIN HOSPITAL ELECTRICAL INSTALLATION"]
["CECILIA MAKIWANE HOSPITAL : PHASE 4C"]
[]
[{"$f":"A848","v":"BILL NO. 5 : LUMINAIRES (SMME PACKAGE No3)"}]
["ITEM","DESCRIPTION","UNIT","QTY","RATE","TENDER AMOUNT","A-LV05","B-LV04","D-LV03","E1-LV03","E2","F1","F2","G1","G2","H1","H2","J1","J2","J3","Substation","G/House",null,"N","Other","Total Qty","A","B","D","E1","E2","F1","F2","G1","G2","H1","H2","J1","J2","J3","K","N","Other","Total Amount","Total Claimed"]
[null,"AMOUNT CARRIED FORWARD FROM PREVIOUS BILL",{"$nulls":3},{"$f":"F900","v":{"v":4762543.109999999,"d":"4,762,543.11"}},{"$nulls":37},{"$f":"+AR900","v":{"v":11640,"d":"11,640"}},{"$f":"AS900","v":{"v":14160,"d":"14,160.00"}}]
[]
["5.1.24","Type-XS"]
[" ","       Supply","each",40,{"v":199,"d":"199.00"},{"$f":"$D910*E910","v":{"v":7960,"d":"7,960.00"}},{"$nulls":19},{"$f":"SUM(G910:Y910)","v":0},{"$f":"G910*E910","v":0},{"$f":"H910*E910","v":0},{"$f":"I910*E910","v":0},{"$f":"J910*E910","v":0},{"$f":"K910*E910","v":0},{"$f":"L910*E910","v":0},{"$f":"+M910*E910","v":0},{"$f":"N910*E910","v":0},{"$f":"O910*E910","v":0},{"$f":"P910*E910","v":0},{"$f":"Q910*E910","v":0},{"$f":"R910*E910","v":0},{"$f":"S910*E910","v":0},{"$f":"T910*E910","v":0},{"$f":"W910*E910","v":0},{"$f":"X910*E910","v":0},{"$f":"Y910*E910","v":0},{"$f":"SUM(AA910:AQ910)","v":0},{"$f":"+E910*Z910","v":{"v":0,"d":"0.00"}}]
[null,"       Install","each",{"$f":"D910","v":40},{"v":70,"d":"70.00"},{"v":2800,"d":"2,800.00"},{"$nulls":19},{"$f":"SUM(G911:Y911)","v":0},{"$f":"G911*E911","v":0},{"$f":"H911*E911","v":0},{"$f":"I911*E911","v":0},{"$f":"J911*E911","v":0},{"$f":"K911*E911","v":0},{"$f":"L911*E911","v":0},{"$f":"+M911*E911","v":0},{"$f":"N911*E911","v":0},{"$f":"O911*E911","v":0},{"$f":"P911*E911","v":0},{"$f":"Q911*E911","v":0},{"$f":"R911*E911","v":0},{"$f":"S911*E911","v":0},{"$f":"T911*E911","v":0},{"$f":"W911*E911","v":0},{"$f":"X911*E911","v":0},{"$f":"Y911*E911","v":0},{"$f":"SUM(AA911:AQ911)","v":0},{"$f":"+E911*Z911","v":{"v":0,"d":"0.00"}}]
[{"$nulls":5}," "]
["5.1.25","Type-Flame Proof",{"$nulls":3}," "]
[null,"       Supply","each",24,{"v":2560,"d":"2,560.00"},{"v":61440,"d":"61,440.00"},{"$nulls":19},0,{"$f":"G914*E914","v":0},{"$f":"H914*E914","v":0},{"$f":"I914*E914","v":0},{"$f":"J914*E914","v":0},{"$f":"K914*E914","v":0},{"$f":"L914*E914","v":0},{"$f":"+M914*E914","v":0},{"$f":"N914*E914","v":0},{"$f":"O914*E914","v":0},{"$f":"P914*E914","v":0},{"$f":"Q914*E914","v":0},{"$f":"R914*E914","v":0},{"$f":"S914*E914","v":0},{"$f":"T914*E914","v":0},{"$f":"W914*E914","v":0},{"$f":"X914*E914","v":0},{"$f":"Y914*E914","v":0},0,{"$f":"+E914*Z914","v":{"v":0,"d":"0.00"}}]
[null,"       Install","each",{"$f":"D914","v":24},{"v":120,"d":"120.00"},{"v":2880,"d":"2,880.00"},{"$nulls":19},0,{"$f":"G915*E915","v":0},{"$f":"H915*E915","v":0},{"$f":"I915*E915","v":0},{"$f":"J915*E915","v":0},{"$f":"K915*E915","v":0},{"$f":"L915*E915","v":0},{"$f":"+M915*E915","v":0},{"$f":"N915*E915","v":0},{"$f":"O915*E915","v":0},{"$f":"P915*E915","v":0},{"$f":"Q915*E915","v":0},{"$f":"R915*E915","v":0},{"$f":"S915*E915","v":0},{"$f":"T915*E915","v":0},{"$f":"W915*E915","v":0},{"$f":"X915*E915","v":0},{"$f":"Y915*E915","v":0},0,{"$f":"+E915*Z915","v":{"v":0,"d":"0.00"}}]
[{"$nulls":5}," "]
["5.1.26","Type NR (52218)",{"$nulls":3}," "]
[null,"Supply","each",60,679.62,{"v":40777.2,"d":"40,777.20"},{"$nulls":19},0,{"$f":"G918*E918","v":0},{"$f":"H918*E918","v":0},{"$f":"I918*E918","v":0},{"$f":"J918*E918","v":0},{"$f":"K918*E918","v":0},{"$f":"L918*E918","v":0},{"$f":"+M918*E918","v":0},{"$f":"N918*E918","v":0},{"$f":"O918*E918","v":0},{"$f":"P918*E918","v":0},{"$f":"Q918*E918","v":0},{"$f":"R918*E918","v":0},{"$f":"S918*E918","v":0},{"$f":"T918*E918","v":0},{"$f":"W918*E918","v":0},{"$f":"X918*E918","v":0},{"$f":"Y918*E918","v":0},0,{"$f":"+E918*Z918","v":{"v":0,"d":"0.00"}}]
[null,"Install","each",{"$f":"D918","v":60},{"v":90,"d":"90.00"},{"v":5400,"d":"5,400.00"},{"$nulls":19},0,{"$f":"G919*E919","v":0},{"$f":"H919*E919","v":0},{"$f":"I919*E919","v":0},{"$f":"J919*E919","v":0},{"$f":"K919*E919","v":0},{"$f":"L919*E919","v":0},{"$f":"+M919*E919","v":0},{"$f":"N919*E919","v":0},{"$f":"O919*E919","v":0},{"$f":"P919*E919","v":0},{"$f":"Q919*E919","v":0},{"$f":"R919*E919","v":0},{"$f":"S919*E919","v":0},{"$f":"T919*E919","v":0},{"$f":"W919*E919","v":0},{"$f":"X919*E919","v":0},{"$f":"Y919*E919","v":0},0,{"$f":"+E919*Z919","v":{"v":0,"d":"0.00"}}]
[{"$nulls":5}," "]
["5.1.27","Type Spike",{"$nulls":3}," "]
[null,"Supply","each",70,{"v":3694.95,"d":"3,694.95"},{"v":258646.5,"d":"258,646.50"},{"$nulls":19},0,{"$f":"G922*E922","v":0},{"$f":"H922*E922","v":0},{"$f":"I922*E922","v":0},{"$f":"J922*E922","v":0},{"$f":"K922*E922","v":0},{"$f":"L922*E922","v":0},{"$f":"+M922*E922","v":0},{"$f":"N922*E922","v":0},{"$f":"O922*E922","v":0},{"$f":"P922*E922","v":0},{"$f":"Q922*E922","v":0},{"$f":"R922*E922","v":0},{"$f":"S922*E922","v":0},{"$f":"T922*E922","v":0},{"$f":"W922*E922","v":0},{"$f":"X922*E922","v":0},{"$f":"Y922*E922","v":0},0,{"$f":"+E922*Z922","v":{"v":0,"d":"0.00"}}]
[null,"Install","each",{"$f":"D922","v":70},{"v":90,"d":"90.00"},{"v":6300,"d":"6,300.00"},{"$nulls":19},0,{"$f":"G923*E923","v":0},{"$f":"H923*E923","v":0},{"$f":"I923*E923","v":0},{"$f":"J923*E923","v":0},{"$f":"K923*E923","v":0},{"$f":"L923*E923","v":0},{"$f":"+M923*E923","v":0},{"$f":"N923*E923","v":0},{"$f":"O923*E923","v":0},{"$f":"P923*E923","v":0},{"$f":"Q923*E923","v":0},{"$f":"R923*E923","v":0},{"$f":"S923*E923","v":0},{"$f":"T923*E923","v":0},{"$f":"W923*E923","v":0},{"$f":"X923*E923","v":0},{"$f":"Y923*E923","v":0},0,{"$f":"+E923*Z923","v":{"v":0,"d":"0.00"}}]
[{"$nulls":5}," "]
["5.1.28","Reading Lamp Wall mounted",{"$nulls":3}," "]
[null,"       Supply","each",{"$f":"8+3+3+5","v":19},{"v":310,"d":"310.00"},{"v":5890,"d":"5,890.00"},{"$nulls":19},0,{"$f":"G926*E926","v":0},{"$f":"H926*E926","v":0},{"$f":"I926*E926","v":0},{"$f":"J926*E926","v":0},{"$f":"K926*E926","v":0},{"$f":"L926*E926","v":0},{"$f":"+M926*E926","v":0},{"$f":"N926*E926","v":0},{"$f":"O926*E926","v":0},{"$f":"P926*E926","v":0},{"$f":"Q926*E926","v":0},{"$f":"R926*E926","v":0},{"$f":"S926*E926","v":0},{"$f":"T926*E926","v":0},{"$f":"W926*E926","v":0},{"$f":"X926*E926","v":0},{"$f":"Y926*E926","v":0},0,{"$f":"+E926*Z926","v":{"v":0,"d":"0.00"}}]
[null,"       Install","each",{"$f":"D926","v":19},{"v":70,"d":"70.00"},{"v":1330,"d":"1,330.00"},{"$nulls":19},0,{"$f":"G927*E927","v":0},{"$f":"H927*E927","v":0},{"$f":"I927*E927","v":0},{"$f":"J927*E927","v":0},{"$f":"K927*E927","v":0},{"$f":"L927*E927","v":0},{"$f":"+M927*E927","v":0},{"$f":"N927*E927","v":0},{"$f":"O927*E927","v":0},{"$f":"P927*E927","v":0},{"$f":"Q927*E927","v":0},{"$f":"R927*E927","v":0},{"$f":"S927*E927","v":0},{"$f":"T927*E927","v":0},{"$f":"W927*E927","v":0},{"$f":"X927*E927","v":0},{"$f":"Y927*E927","v":0},0,{"$f":"+E927*Z927","v":{"v":0,"d":"0.00"}}]
[{"$nulls":5}," "]
["5.1.29","Xray warning lamps Lamp Wall mounted",{"$nulls":3}," "]
[" ","       Supply","each",7,{"v":425,"d":"425.00"},{"v":2975,"d":"2,975.00"},{"$nulls":19},0,{"$f":"G930*E930","v":0},{"$f":"H930*E930","v":0},{"$f":"I930*E930","v":0},{"$f":"J930*E930","v":0},{"$f":"K930*E930","v":0},{"$f":"L930*E930","v":0},{"$f":"+M930*E930","v":0},{"$f":"N930*E930","v":0},{"$f":"O930*E930","v":0},{"$f":"P930*E930","v":0},{"$f":"Q930*E930","v":0},{"$f":"R930*E930","v":0},{"$f":"S930*E930","v":0},{"$f":"T930*E930","v":0},{"$f":"W930*E930","v":0},{"$f":"X930*E930","v":0},{"$f":"Y930*E930","v":0},0,{"$f":"+E930*Z930","v":{"v":0,"d":"0.00"}}]
[" ","       Install","each",{"$f":"D930","v":7},{"v":90,"d":"90.00"},{"v":630,"d":"630.00"},{"$nulls":19},0,{"$f":"G931*E931","v":0},{"$f":"H931*E931","v":0},{"$f":"I931*E931","v":0},{"$f":"J931*E931","v":0},{"$f":"K931*E931","v":0},{"$f":"L931*E931","v":0},{"$f":"+M931*E931","v":0},{"$f":"N931*E931","v":0},{"$f":"O931*E931","v":0},{"$f":"P931*E931","v":0},{"$f":"Q931*E931","v":0},{"$f":"R931*E931","v":0},{"$f":"S931*E931","v":0},{"$f":"T931*E931","v":0},{"$f":"W931*E931","v":0},{"$f":"X931*E931","v":0},{"$f":"Y931*E931","v":0},0,{"$f":"+E931*Z931","v":{"v":0,"d":"0.00"}}]
[{"$nulls":5}," "]
["5.1.30","Street Lighting Beka Lane ",{"$nulls":3}," "]
[null,"Supply","each",80,{"v":5216,"d":"5,216.00"},{"v":417280,"d":"417,280.00"},{"$nulls":19},0,{"$f":"G934*E934","v":0},{"$f":"H934*E934","v":0},{"$f":"I934*E934","v":0},{"$f":"J934*E934","v":0},{"$f":"K934*E934","v":0},{"$f":"L934*E934","v":0},{"$f":"+M934*E934","v":0},{"$f":"N934*E934","v":0},{"$f":"O934*E934","v":0},{"$f":"P934*E934","v":0},{"$f":"Q934*E934","v":0},{"$f":"R934*E934","v":0},{"$f":"S934*E934","v":0},{"$f":"T934*E934","v":0},{"$f":"W934*E934","v":0},{"$f":"X934*E934","v":0},{"$f":"Y934*E934","v":0},0,{"$f":"+E934*Z934","v":{"v":0,"d":"0.00"}}]
[null,"Install","each",{"$f":"D934","v":80},{"v":650,"d":"650.00"},{"v":52000,"d":"52,000.00"},{"$nulls":19},0,{"$f":"G935*E935","v":0},{"$f":"H935*E935","v":0},{"$f":"I935*E935","v":0},{"$f":"J935*E935","v":0},{"$f":"K935*E935","v":0},{"$f":"L935*E935","v":0},{"$f":"+M935*E935","v":0},{"$f":"N935*E935","v":0},{"$f":"O935*E935","v":0},{"$f":"P935*E935","v":0},{"$f":"Q935*E935","v":0},{"$f":"R935*E935","v":0},{"$f":"S935*E935","v":0},{"$f":"T935*E935","v":0},{"$f":"W935*E935","v":0},{"$f":"X935*E935","v":0},{"$f":"Y935*E935","v":0},0,{"$f":"+E935*Z935","v":{"v":0,"d":"0.00"}}]
[{"$nulls":5}," "]
["5.1.31","Street Lighting Beka Lane Double",{"$nulls":3}," "]
[null,"Supply","each",6,{"v":7000,"d":"7,000.00"},{"v":42000,"d":"42,000.00"},{"$nulls":19},0,{"$f":"G938*E938","v":0},{"$f":"H938*E938","v":0},{"$f":"I938*E938","v":0},{"$f":"J938*E938","v":0},{"$f":"K938*E938","v":0},{"$f":"L938*E938","v":0},{"$f":"+M938*E938","v":0},{"$f":"N938*E938","v":0},{"$f":"O938*E938","v":0},{"$f":"P938*E938","v":0},{"$f":"Q938*E938","v":0},{"$f":"R938*E938","v":0},{"$f":"S938*E938","v":0},{"$f":"T938*E938","v":0},{"$f":"W938*E938","v":0},{"$f":"X938*E938","v":0},{"$f":"Y938*E938","v":0},0,{"$f":"+E938*Z938","v":{"v":0,"d":"0.00"}}]
[null,"Install","each",{"$f":"D938","v":6},{"v":850,"d":"850.00"},{"v":5100,"d":"5,100.00"},{"$nulls":19},0,{"$f":"G939*E939","v":0},{"$f":"H939*E939","v":0},{"$f":"I939*E939","v":0},{"$f":"J939*E939","v":0},{"$f":"K939*E939","v":0},{"$f":"L939*E939","v":0},{"$f":"+M939*E939","v":0},{"$f":"N939*E939","v":0},{"$f":"O939*E939","v":0},{"$f":"P939*E939","v":0},{"$f":"Q939*E939","v":0},{"$f":"R939*E939","v":0},{"$f":"S939*E939","v":0},{"$f":"T939*E939","v":0},{"$f":"W939*E939","v":0},{"$f":"X939*E939","v":0},{"$f":"Y939*E939","v":0},0,{"$f":"+E939*Z939","v":{"v":0,"d":"0.00"}}]
[{"$nulls":5}," "]
["5.1.32","Walkway Lighting Beka Brite",{"$nulls":3}," "]
[null,"Supply","each",120,{"v":2860.13,"d":"2,860.13"},{"v":343215.60000000003,"d":"343,215.60"},{"$nulls":19},0,{"$f":"G942*E942","v":0},{"$f":"H942*E942","v":0},{"$f":"I942*E942","v":0},{"$f":"J942*E942","v":0},{"$f":"K942*E942","v":0},{"$f":"L942*E942","v":0},{"$f":"+M942*E942","v":0},{"$f":"N942*E942","v":0},{"$f":"O942*E942","v":0},{"$f":"P942*E942","v":0},{"$f":"Q942*E942","v":0},{"$f":"R942*E942","v":0},{"$f":"S942*E942","v":0},{"$f":"T942*E942","v":0},{"$f":"W942*E942","v":0},{"$f":"X942*E942","v":0},{"$f":"Y942*E942","v":0},0,{"$f":"+E942*Z942","v":{"v":0,"d":"0.00"}}]
[null,"Install","each",{"$f":"D942","v":120},{"v":450,"d":"450.00"},{"v":54000,"d":"54,000.00"},{"$nulls":19},0,{"$f":"G943*E943","v":0},{"$f":"H943*E943","v":0},{"$f":"I943*E943","v":0},{"$f":"J943*E943","v":0},{"$f":"K943*E943","v":0},{"$f":"L943*E943","v":0},{"$f":"+M943*E943","v":0},{"$f":"N943*E943","v":0},{"$f":"O943*E943","v":0},{"$f":"P943*E943","v":0},{"$f":"Q943*E943","v":0},{"$f":"R943*E943","v":0},{"$f":"S943*E943","v":0},{"$f":"T943*E943","v":0},{"$f":"W943*E943","v":0},{"$f":"X943*E943","v":0},{"$f":"Y943*E943","v":0},0,{"$f":"+E943*Z943","v":{"v":0,"d":"0.00"}}]
[{"$nulls":5}," "]
["5.1.33","Walkway Lighting Beka Shine",{"$nulls":3}," "]
[null,"Supply","each",48,{"v":4096.3,"d":"4,096.30"},{"v":196622.40000000002,"d":"196,622.40"},{"$nulls":19},0,{"$f":"G946*E946","v":0},{"$f":"H946*E946","v":0},{"$f":"I946*E946","v":0},{"$f":"J946*E946","v":0},{"$f":"K946*E946","v":0},{"$f":"L946*E946","v":0},{"$f":"+M946*E946","v":0},{"$f":"N946*E946","v":0},{"$f":"O946*E946","v":0},{"$f":"P946*E946","v":0},{"$f":"Q946*E946","v":0},{"$f":"R946*E946","v":0},{"$f":"S946*E946","v":0},{"$f":"T946*E946","v":0},{"$f":"W946*E946","v":0},{"$f":"X946*E946","v":0},{"$f":"Y946*E946","v":0},0,{"$f":"+E946*Z946","v":{"v":0,"d":"0.00"}}]
[null,"Install","each",{"$f":"D946","v":48},{"v":450,"d":"450.00"},{"v":21600,"d":"21,600.00"},{"$nulls":19},0,{"$f":"G947*E947","v":0},{"$f":"H947*E947","v":0},{"$f":"I947*E947","v":0},{"$f":"J947*E947","v":0},{"$f":"K947*E947","v":0},{"$f":"L947*E947","v":0},{"$f":"+M947*E947","v":0},{"$f":"N947*E947","v":0},{"$f":"O947*E947","v":0},{"$f":"P947*E947","v":0},{"$f":"Q947*E947","v":0},{"$f":"R947*E947","v":0},{"$f":"S947*E947","v":0},{"$f":"T947*E947","v":0},{"$f":"W947*E947","v":0},{"$f":"X947*E947","v":0},{"$f":"Y947*E947","v":0},0,{"$f":"+E947*Z947","v":{"v":0,"d":"0.00"}}]
[{"$nulls":5}," "]
["5.1.34","Walkway Lighting Beka Star",{"$nulls":3}," "]
[null,"Supply","each",{"$f":"89+12+6+14","v":121},{"v":2889,"d":"2,889.00"},{"v":349569,"d":"349,569.00"},{"$nulls":19},0,{"$f":"G950*E950","v":0},{"$f":"H950*E950","v":0},{"$f":"I950*E950","v":0},{"$f":"J950*E950","v":0},{"$f":"K950*E950","v":0},{"$f":"L950*E950","v":0},{"$f":"+M950*E950","v":0},{"$f":"N950*E950","v":0},{"$f":"O950*E950","v":0},{"$f":"P950*E950","v":0},{"$f":"Q950*E950","v":0},{"$f":"R950*E950","v":0},{"$f":"S950*E950","v":0},{"$f":"T950*E950","v":0},{"$f":"W950*E950","v":0},{"$f":"X950*E950","v":0},{"$f":"Y950*E950","v":0},0,{"$f":"+E950*Z950","v":{"v":0,"d":"0.00"}}]
[null,"Install","each",{"$f":"D950","v":121},{"v":450,"d":"450.00"},{"v":54450,"d":"54,450.00"},{"$nulls":19},0,{"$f":"G951*E951","v":0},{"$f":"H951*E951","v":0},{"$f":"I951*E951","v":0},{"$f":"J951*E951","v":0},{"$f":"K951*E951","v":0},{"$f":"L951*E951","v":0},{"$f":"+M951*E951","v":0},{"$f":"N951*E951","v":0},{"$f":"O951*E951","v":0},{"$f":"P951*E951","v":0},{"$f":"Q951*E951","v":0},{"$f":"R951*E951","v":0},{"$f":"S951*E951","v":0},{"$f":"T951*E951","v":0},{"$f":"W951*E951","v":0},{"$f":"X951*E951","v":0},{"$f":"Y951*E951","v":0},0,{"$f":"+E951*Z951","v":{"v":0,"d":"0.00"}}]
[]
[null,"Amount Carried Forward ",{"$nulls":3},{"$f":"SUM(F907:F952)","v":{"v":6695408.81,"d":"6,695,408.81"}},{"$nulls":37},{"$f":"SUM(AR907:AR952)","v":{"v":11640,"d":"11,640"}},{"$f":"SUM(AS907:AS952)","v":{"v":14160,"d":"14,160.00"}}]
[]
["MAIN HOSPITAL ELECTRICAL INSTALLATION"]
["CECILIA MAKIWANE HOSPITAL : PHASE 4C"]
[]
[{"$f":"A905","v":"BILL NO. 5 : LUMINAIRES (SMME PACKAGE No3)"}]
["ITEM","DESCRIPTION","UNIT","QTY","RATE","TENDER AMOUNT","A-LV05","B-LV04","D-LV03","E1-LV03","E2","F1","F2","G1","G2","H1","H2","J1","J2","J3","Substation","G/House",null,"N","Other","Total Qty","A","B","D","E1","E2","F1","F2","G1","G2","H1","H2","J1","J2","J3","K","N","Other","Total Amount","Total Claimed"]
[null,"AMOUNT CARRIED FORWARD FROM PREVIOUS BILL",{"$nulls":3},{"$f":"F953","v":{"v":6695408.81,"d":"6,695,408.81"}},{"$nulls":37},{"$f":"+AR953","v":{"v":11640,"d":"11,640"}},{"$f":"AS953","v":{"v":14160,"d":"14,160.00"}}]
[]
["5.1.35","Type T-Bay"]
[null,"Supply","each",48,{"v":975,"d":"975.00"},{"$f":"$D963*E963","v":{"v":46800,"d":"46,800.00"}},{"$nulls":19},{"$f":"SUM(G963:Y963)","v":0},{"$f":"G963*E963","v":0},{"$f":"H963*E963","v":0},{"$f":"I963*E963","v":0},{"$f":"J963*E963","v":0},{"$f":"K963*E963","v":0},{"$f":"L963*E963","v":0},{"$f":"+M963*E963","v":0},{"$f":"N963*E963","v":0},{"$f":"O963*E963","v":0},{"$f":"P963*E963","v":0},{"$f":"Q963*E963","v":0},{"$f":"R963*E963","v":0},{"$f":"S963*E963","v":0},{"$f":"T963*E963","v":0},{"$f":"W963*E963","v":0},{"$f":"X963*E963","v":0},{"$f":"Y963*E963","v":0},{"$f":"SUM(AA963:AQ963)","v":0},{"$f":"+E963*Z963","v":{"v":0,"d":"0.00"}}]
[null,"Install","each",{"$f":"D963","v":48},{"v":120,"d":"120.00"},{"$f":"$D964*E964","v":{"v":5760,"d":"5,760.00"}},{"$nulls":19},{"$f":"SUM(G964:Y964)","v":0},{"$f":"G964*E964","v":0},{"$f":"H964*E964","v":0},{"$f":"I964*E964","v":0},{"$f":"J964*E964","v":0},{"$f":"K964*E964","v":0},{"$f":"L964*E964","v":0},{"$f":"+M964*E964","v":0},{"$f":"N964*E964","v":0},{"$f":"O964*E964","v":0},{"$f":"P964*E964","v":0},{"$f":"Q964*E964","v":0},{"$f":"R964*E964","v":0},{"$f":"S964*E964","v":0},{"$f":"T964*E964","v":0},{"$f":"W964*E964","v":0},{"$f":"X964*E964","v":0},{"$f":"Y964*E964","v":0},{"$f":"SUM(AA964:AQ964)","v":0},{"$f":"+E964*Z964","v":{"v":0,"d":"0.00"}}]
[{"$nulls":5}," "]
["5.1.36","Type-SE (8 X Beka Projectolux 400 MH/T  Wide Beam) ",{"$nulls":3}," "]
[null,"Supply","each",6,{"v":39437.5,"d":"39,437.50"},{"v":236625,"d":"236,625.00"},{"$nulls":19},0,{"$f":"G967*E967","v":0},{"$f":"H967*E967","v":0},{"$f":"I967*E967","v":0},{"$f":"J967*E967","v":0},{"$f":"K967*E967","v":0},{"$f":"L967*E967","v":0},{"$f":"+M967*E967","v":0},{"$f":"N967*E967","v":0},{"$f":"O967*E967","v":0},{"$f":"P967*E967","v":0},{"$f":"Q967*E967","v":0},{"$f":"R967*E967","v":0},{"$f":"S967*E967","v":0},{"$f":"T967*E967","v":0},{"$f":"W967*E967","v":0},{"$f":"X967*E967","v":0},{"$f":"Y967*E967","v":0},0,{"$f":"+E967*Z967","v":{"v":0,"d":"0.00"}}]
[null,"Install","each",{"$f":"D967","v":6},{"v":1750,"d":"1,750.00"},{"v":10500,"d":"10,500.00"},{"$nulls":19},0,{"$f":"G968*E968","v":0},{"$f":"H968*E968","v":0},{"$f":"I968*E968","v":0},{"$f":"J968*E968","v":0},{"$f":"K968*E968","v":0},{"$f":"L968*E968","v":0},{"$f":"+M968*E968","v":0},{"$f":"N968*E968","v":0},{"$f":"O968*E968","v":0},{"$f":"P968*E968","v":0},{"$f":"Q968*E968","v":0},{"$f":"R968*E968","v":0},{"$f":"S968*E968","v":0},{"$f":"T968*E968","v":0},{"$f":"W968*E968","v":0},{"$f":"X968*E968","v":0},{"$f":"Y968*E968","v":0},0,{"$f":"+E968*Z968","v":{"v":0,"d":"0.00"}}]
[{"$nulls":5}," "]
["5.1.37","Honeywell Aircraft Landing Strip Lights",{"$nulls":3}," "]
[null,"Supply","each",28,{"v":2400,"d":"2,400.00"},{"v":67200,"d":"67,200.00"},{"$nulls":19},0,{"$f":"G971*E971","v":0},{"$f":"H971*E971","v":0},{"$f":"I971*E971","v":0},{"$f":"J971*E971","v":0},{"$f":"K971*E971","v":0},{"$f":"L971*E971","v":0},{"$f":"+M971*E971","v":0},{"$f":"N971*E971","v":0},{"$f":"O971*E971","v":0},{"$f":"P971*E971","v":0},{"$f":"Q971*E971","v":0},{"$f":"R971*E971","v":0},{"$f":"S971*E971","v":0},{"$f":"T971*E971","v":0},{"$f":"W971*E971","v":0},{"$f":"X971*E971","v":0},{"$f":"Y971*E971","v":0},0,{"$f":"+E971*Z971","v":{"v":0,"d":"0.00"}}]
[null,"Install","each",{"$f":"D971","v":28},{"v":225,"d":"225.00"},{"v":6300,"d":"6,300.00"},{"$nulls":19},0,{"$f":"G972*E972","v":0},{"$f":"H972*E972","v":0},{"$f":"I972*E972","v":0},{"$f":"J972*E972","v":0},{"$f":"K972*E972","v":0},{"$f":"L972*E972","v":0},{"$f":"+M972*E972","v":0},{"$f":"N972*E972","v":0},{"$f":"O972*E972","v":0},{"$f":"P972*E972","v":0},{"$f":"Q972*E972","v":0},{"$f":"R972*E972","v":0},{"$f":"S972*E972","v":0},{"$f":"T972*E972","v":0},{"$f":"W972*E972","v":0},{"$f":"X972*E972","v":0},{"$f":"Y972*E972","v":0},0,{"$f":"+E972*Z972","v":{"v":0,"d":"0.00"}}]
[{"$nulls":5}," "]
["5.1.38","WTT 2255 Motion Detector Ceiling Mounted including B230E Back up Power ",{"$nulls":3}," "]
[null,"Supply","each",180,{"v":1420,"d":"1,420.00"},{"v":255600,"d":"255,600.00"},{"$nulls":19},0,{"$f":"G975*E975","v":0},{"$f":"H975*E975","v":0},{"$f":"I975*E975","v":0},{"$f":"J975*E975","v":0},{"$f":"K975*E975","v":0},{"$f":"L975*E975","v":0},{"$f":"+M975*E975","v":0},{"$f":"N975*E975","v":0},{"$f":"O975*E975","v":0},{"$f":"P975*E975","v":0},{"$f":"Q975*E975","v":0},{"$f":"R975*E975","v":0},{"$f":"S975*E975","v":0},{"$f":"T975*E975","v":0},{"$f":"W975*E975","v":0},{"$f":"X975*E975","v":0},{"$f":"Y975*E975","v":0},0,{"$f":"+E975*Z975","v":{"v":0,"d":"0.00"}}]
[null,"Install","each",{"$f":"D975","v":180},{"v":90,"d":"90.00"},{"v":16200,"d":"16,200.00"},{"$nulls":19},0,{"$f":"G976*E976","v":0},{"$f":"H976*E976","v":0},{"$f":"I976*E976","v":0},{"$f":"J976*E976","v":0},{"$f":"K976*E976","v":0},{"$f":"L976*E976","v":0},{"$f":"+M976*E976","v":0},{"$f":"N976*E976","v":0},{"$f":"O976*E976","v":0},{"$f":"P976*E976","v":0},{"$f":"Q976*E976","v":0},{"$f":"R976*E976","v":0},{"$f":"S976*E976","v":0},{"$f":"T976*E976","v":0},{"$f":"W976*E976","v":0},{"$f":"X976*E976","v":0},{"$f":"Y976*E976","v":0},0,{"$f":"+E976*Z976","v":{"v":0,"d":"0.00"}}]
[{"$nulls":5}," "]
["5.1.39","C3155 Motion Detector Ceiling mounted Passive Infra Red ",{"$nulls":3}," "]
[null,"Supply","each",600,{"v":1475,"d":"1,475.00"},{"v":885000,"d":"885,000.00"},{"$nulls":19},0,{"$f":"G979*E979","v":0},{"$f":"H979*E979","v":0},{"$f":"I979*E979","v":0},{"$f":"J979*E979","v":0},{"$f":"K979*E979","v":0},{"$f":"L979*E979","v":0},{"$f":"+M979*E979","v":0},{"$f":"N979*E979","v":0},{"$f":"O979*E979","v":0},{"$f":"P979*E979","v":0},{"$f":"Q979*E979","v":0},{"$f":"R979*E979","v":0},{"$f":"S979*E979","v":0},{"$f":"T979*E979","v":0},{"$f":"W979*E979","v":0},{"$f":"X979*E979","v":0},{"$f":"Y979*E979","v":0},0,{"$f":"+E979*Z979","v":{"v":0,"d":"0.00"}}]
[null,"Install","each",{"$f":"D979","v":600},{"v":90,"d":"90.00"},{"v":54000,"d":"54,000.00"},{"$nulls":19},0,{"$f":"G980*E980","v":0},{"$f":"H980*E980","v":0},{"$f":"I980*E980","v":0},{"$f":"J980*E980","v":0},{"$f":"K980*E980","v":0},{"$f":"L980*E980","v":0},{"$f":"+M980*E980","v":0},{"$f":"N980*E980","v":0},{"$f":"O980*E980","v":0},{"$f":"P980*E980","v":0},{"$f":"Q980*E980","v":0},{"$f":"R980*E980","v":0},{"$f":"S980*E980","v":0},{"$f":"T980*E980","v":0},{"$f":"W980*E980","v":0},{"$f":"X980*E980","v":0},{"$f":"Y980*E980","v":0},0,{"$f":"+E980*Z980","v":{"v":0,"d":"0.00"}}]
[{"$nulls":5}," "]
["5.1.40","Type-JD 600*600",{"$nulls":3}," "]
[null,"       Supply","each",24,{"v":620,"d":"620.00"},{"v":14880,"d":"14,880.00"},{"$nulls":19},0,{"$f":"G983*E983","v":0},{"$f":"H983*E983","v":0},{"$f":"I983*E983","v":0},{"$f":"J983*E983","v":0},{"$f":"K983*E983","v":0},{"$f":"L983*E983","v":0},{"$f":"+M983*E983","v":0},{"$f":"N983*E983","v":0},{"$f":"O983*E983","v":0},{"$f":"P983*E983","v":0},{"$f":"Q983*E983","v":0},{"$f":"R983*E983","v":0},{"$f":"S983*E983","v":0},{"$f":"T983*E983","v":0},{"$f":"W983*E983","v":0},{"$f":"X983*E983","v":0},{"$f":"Y983*E983","v":0},0,{"$f":"+E983*Z983","v":{"v":0,"d":"0.00"}}]
[null,"       Install","each",{"$f":"D983","v":24},{"v":70,"d":"70.00"},{"v":1680,"d":"1,680.00"},{"$nulls":19},0,{"$f":"G984*E984","v":0},{"$f":"H984*E984","v":0},{"$f":"I984*E984","v":0},{"$f":"J984*E984","v":0},{"$f":"K984*E984","v":0},{"$f":"L984*E984","v":0},{"$f":"+M984*E984","v":0},{"$f":"N984*E984","v":0},{"$f":"O984*E984","v":0},{"$f":"P984*E984","v":0},{"$f":"Q984*E984","v":0},{"$f":"R984*E984","v":0},{"$f":"S984*E984","v":0},{"$f":"T984*E984","v":0},{"$f":"W984*E984","v":0},{"$f":"X984*E984","v":0},{"$f":"Y984*E984","v":0},0,{"$f":"+E984*Z984","v":{"v":0,"d":"0.00"}}]
[{"$nulls":5}," "]
["5.1.40","Type-Exam Light",{"$nulls":3}," "]
[null,"       Supply","each",{"$f":"94+24+14","v":132},{"v":4420,"d":"4,420.00"},{"v":583440,"d":"583,440.00"},{"$nulls":19},0,{"$f":"G987*E987","v":0},{"$f":"H987*E987","v":0},{"$f":"I987*E987","v":0},{"$f":"J987*E987","v":0},{"$f":"K987*E987","v":0},{"$f":"L987*E987","v":0},{"$f":"+M987*E987","v":0},{"$f":"N987*E987","v":0},{"$f":"O987*E987","v":0},{"$f":"P987*E987","v":0},{"$f":"Q987*E987","v":0},{"$f":"R987*E987","v":0},{"$f":"S987*E987","v":0},{"$f":"T987*E987","v":0},{"$f":"W987*E987","v":0},{"$f":"X987*E987","v":0},{"$f":"Y987*E987","v":0},0,{"$f":"+E987*Z987","v":{"v":0,"d":"0.00"}}]
[null,"       Install","each",{"$f":"D987","v":132},{"v":175,"d":"175.00"},{"v":23100,"d":"23,100.00"},{"$nulls":19},0,{"$f":"G988*E988","v":0},{"$f":"H988*E988","v":0},{"$f":"I988*E988","v":0},{"$f":"J988*E988","v":0},{"$f":"K988*E988","v":0},{"$f":"L988*E988","v":0},{"$f":"+M988*E988","v":0},{"$f":"N988*E988","v":0},{"$f":"O988*E988","v":0},{"$f":"P988*E988","v":0},{"$f":"Q988*E988","v":0},{"$f":"R988*E988","v":0},{"$f":"S988*E988","v":0},{"$f":"T988*E988","v":0},{"$f":"W988*E988","v":0},{"$f":"X988*E988","v":0},{"$f":"Y988*E988","v":0},0,{"$f":"+E988*Z988","v":{"v":0,"d":"0.00"}}]
[]
[{"v":5.2,"d":"5.20"},"Mentoring and Management"]
[null,"A percentage of the SMME Package amoiunt to provide the Mentoring and Management of the SMME Contractors","%",1,{"v":8902493.81,"d":"8,902,493.81"},{"$f":"E991*2.5%","v":{"v":222562.34525,"d":"222,562.35"}},{"$nulls":19},0,{"$f":"G991*E991","v":0},{"$f":"H991*E991","v":0},{"$f":"I991*E991","v":0},{"$f":"J991*E991","v":0},{"$f":"K991*E991","v":0},{"$f":"L991*E991","v":0},{"$f":"+M991*E991","v":0},{"$f":"N991*E991","v":0},{"$f":"O991*E991","v":0},{"$f":"P991*E991","v":0},{"$f":"Q991*E991","v":0},{"$f":"R991*E991","v":0},{"$f":"S991*E991","v":0},{"$f":"T991*E991","v":0},{"$f":"W991*E991","v":0},{"$f":"X991*E991","v":0},{"$f":"Y991*E991","v":0},0,{"$f":"+E991*Z991","v":{"v":0,"d":"0.00"}}]
[]
[]
[null,"Amount Carried Forward ",{"$nulls":3},{"$f":"SUM(F960:F993)","v":{"v":9125056.155249998,"d":"9,125,056.16"}},{"$nulls":37},{"$f":"SUM(AR960:AR993)","v":{"v":11640,"d":"11,640"}},{"$f":"SUM(AS960:AS993)","v":{"v":14160,"d":"14,160.00"}}]
[]
["MAIN HOSPITAL ELECTRICAL INSTALLATION"]
["CECILIA MAKIWANE HOSPITAL : PHASE 4C"]
[]
["BILL NO. 6 : SWITCHGEAR EQUIPMENT (SMME PACKAGE No 4)"]
["ITEM","DESCRIPTION","UNIT","QTY","RATE","TENDER AMOUNT","A-LV05","B-LV04","D-LV03","E1-LV03","E2","F1","F2","G1","G2","H1","H2","J1","J2","J3","Substation","G/House",null,"N","Other","Total Qty","A","B","D","E1","E2","F1","F2","G1","G2","H1","H2","J1","J2","J3","K","N","Other","Total Amount","Total Claimed"]
[]
[null," "]
[{"v":6.1,"d":"6.10"},"Switchgear"]
[null,"16 Amp rocker type light switch with coverplate installed into a flush box measured elsewhere."]
[]
["6.1.1","Single lever, one way"]
[null,"       Supply","each",{"$f":"2000+74+351","v":{"v":2425,"d":"2,425"}},{"v":19,"d":"19.00"},{"$f":"$D1007*E1007","v":{"v":46075,"d":"46,075.00"}},{"$nulls":19},{"$f":"SUM(G1007:Y1007)","v":0},{"$f":"G1007*E1007","v":0},{"$f":"H1007*E1007","v":0},{"$f":"I1007*E1007","v":0},{"$f":"J1007*E1007","v":0},{"$f":"K1007*E1007","v":0},{"$f":"L1007*E1007","v":0},{"$f":"+M1007*E1007","v":0},{"$f":"N1007*E1007","v":0},{"$f":"O1007*E1007","v":0},{"$f":"P1007*E1007","v":0},{"$f":"Q1007*E1007","v":0},{"$f":"R1007*E1007","v":0},{"$f":"S1007*E1007","v":0},{"$f":"T1007*E1007","v":0},{"$f":"W1007*E1007","v":0},{"$f":"X1007*E1007","v":0},{"$f":"Y1007*E1007","v":0},{"$f":"SUM(AA1007:AQ1007)","v":0},{"$f":"+E1007*Z1007","v":{"v":0,"d":"0.00"}}]
[null,"       Install","each",{"$f":"D1007","v":{"v":2425,"d":"2,425"}},{"v":15,"d":"15.00"},{"v":36375,"d":"36,375.00"},{"$nulls":14},3,{"$nulls":4},{"$f":"SUM(G1008:Y1008)","v":3},{"$f":"G1008*E1008","v":0},{"$f":"H1008*E1008","v":0},{"$f":"I1008*E1008","v":0},{"$f":"J1008*E1008","v":0},{"$f":"K1008*E1008","v":0},{"$f":"L1008*E1008","v":0},{"$f":"+M1008*E1008","v":0},{"$f":"N1008*E1008","v":0},{"$f":"O1008*E1008","v":0},{"$f":"P1008*E1008","v":0},{"$f":"Q1008*E1008","v":0},{"$f":"R1008*E1008","v":0},{"$f":"S1008*E1008","v":0},{"$f":"T1008*E1008","v":0},{"$f":"W1008*E1008","v":0},{"$f":"X1008*E1008","v":0},{"$f":"Y1008*E1008","v":0},{"$f":"SUM(AA1008:AQ1008)","v":0},{"$f":"+E1008*Z1008","v":{"v":45,"d":"45.00"}}]
[{"$nulls":5}," "]
["6.1.2","Single lever, Two way",{"$nulls":3}," "]
[null,"       Supply","each",240,{"v":29.5,"d":"29.50"},{"v":7080,"d":"7,080.00"},{"$nulls":19},0,{"$f":"G1011*E1011","v":0},{"$f":"H1011*E1011","v":0},{"$f":"I1011*E1011","v":0},{"$f":"J1011*E1011","v":0},{"$f":"K1011*E1011","v":0},{"$f":"L1011*E1011","v":0},{"$f":"+M1011*E1011","v":0},{"$f":"N1011*E1011","v":0},{"$f":"O1011*E1011","v":0},{"$f":"P1011*E1011","v":0},{"$f":"Q1011*E1011","v":0},{"$f":"R1011*E1011","v":0},{"$f":"S1011*E1011","v":0},{"$f":"T1011*E1011","v":0},{"$f":"W1011*E1011","v":0},{"$f":"X1011*E1011","v":0},{"$f":"Y1011*E1011","v":0},0,{"$f":"+E1011*Z1011","v":{"v":0,"d":"0.00"}}]
[null,"       Install","each",{"$f":"D1011","v":240},{"v":18,"d":"18.00"},{"v":4320,"d":"4,320.00"},{"$nulls":19},0,{"$f":"G1012*E1012","v":0},{"$f":"H1012*E1012","v":0},{"$f":"I1012*E1012","v":0},{"$f":"J1012*E1012","v":0},{"$f":"K1012*E1012","v":0},{"$f":"L1012*E1012","v":0},{"$f":"+M1012*E1012","v":0},{"$f":"N1012*E1012","v":0},{"$f":"O1012*E1012","v":0},{"$f":"P1012*E1012","v":0},{"$f":"Q1012*E1012","v":0},{"$f":"R1012*E1012","v":0},{"$f":"S1012*E1012","v":0},{"$f":"T1012*E1012","v":0},{"$f":"W1012*E1012","v":0},{"$f":"X1012*E1012","v":0},{"$f":"Y1012*E1012","v":0},0,{"$f":"+E1012*Z1012","v":{"v":0,"d":"0.00"}}]
[{"$nulls":5}," "]
["6.1.3","Four lever, one way",{"$nulls":3}," "]
[null,"       Supply","each",{"$f":"89+20","v":109},{"v":46.5,"d":"46.50"},{"v":5068.5,"d":"5,068.50"},{"$nulls":19},0,{"$f":"G1015*E1015","v":0},{"$f":"H1015*E1015","v":0},{"$f":"I1015*E1015","v":0},{"$f":"J1015*E1015","v":0},{"$f":"K1015*E1015","v":0},{"$f":"L1015*E1015","v":0},{"$f":"+M1015*E1015","v":0},{"$f":"N1015*E1015","v":0},{"$f":"O1015*E1015","v":0},{"$f":"P1015*E1015","v":0},{"$f":"Q1015*E1015","v":0},{"$f":"R1015*E1015","v":0},{"$f":"S1015*E1015","v":0},{"$f":"T1015*E1015","v":0},{"$f":"W1015*E1015","v":0},{"$f":"X1015*E1015","v":0},{"$f":"Y1015*E1015","v":0},0,{"$f":"+E1015*Z1015","v":{"v":0,"d":"0.00"}}]
[null,"       Install","each",{"$f":"D1015","v":109},{"v":20,"d":"20.00"},{"v":2180,"d":"2,180.00"},{"$nulls":19},0,{"$f":"G1016*E1016","v":0},{"$f":"H1016*E1016","v":0},{"$f":"I1016*E1016","v":0},{"$f":"J1016*E1016","v":0},{"$f":"K1016*E1016","v":0},{"$f":"L1016*E1016","v":0},{"$f":"+M1016*E1016","v":0},{"$f":"N1016*E1016","v":0},{"$f":"O1016*E1016","v":0},{"$f":"P1016*E1016","v":0},{"$f":"Q1016*E1016","v":0},{"$f":"R1016*E1016","v":0},{"$f":"S1016*E1016","v":0},{"$f":"T1016*E1016","v":0},{"$f":"W1016*E1016","v":0},{"$f":"X1016*E1016","v":0},{"$f":"Y1016*E1016","v":0},0,{"$f":"+E1016*Z1016","v":{"v":0,"d":"0.00"}}]
[{"$nulls":5}," "]
["6.1.4","Two lever, one way",{"$nulls":3}," "]
[null,"       Supply","each",154,{"v":28,"d":"28.00"},{"v":4312,"d":"4,312.00"},{"$nulls":19},0,{"$f":"G1019*E1019","v":0},{"$f":"H1019*E1019","v":0},{"$f":"I1019*E1019","v":0},{"$f":"J1019*E1019","v":0},{"$f":"K1019*E1019","v":0},{"$f":"L1019*E1019","v":0},{"$f":"+M1019*E1019","v":0},{"$f":"N1019*E1019","v":0},{"$f":"O1019*E1019","v":0},{"$f":"P1019*E1019","v":0},{"$f":"Q1019*E1019","v":0},{"$f":"R1019*E1019","v":0},{"$f":"S1019*E1019","v":0},{"$f":"T1019*E1019","v":0},{"$f":"W1019*E1019","v":0},{"$f":"X1019*E1019","v":0},{"$f":"Y1019*E1019","v":0},0,{"$f":"+E1019*Z1019","v":{"v":0,"d":"0.00"}}]
[null,"       Install","each",{"$f":"D1019","v":154},{"v":15,"d":"15.00"},{"v":2310,"d":"2,310.00"},{"$nulls":14},2,{"$nulls":4},2,{"$f":"G1020*E1020","v":0},{"$f":"H1020*E1020","v":0},{"$f":"I1020*E1020","v":0},{"$f":"J1020*E1020","v":0},{"$f":"K1020*E1020","v":0},{"$f":"L1020*E1020","v":0},{"$f":"+M1020*E1020","v":0},{"$f":"N1020*E1020","v":0},{"$f":"O1020*E1020","v":0},{"$f":"P1020*E1020","v":0},{"$f":"Q1020*E1020","v":0},{"$f":"R1020*E1020","v":0},{"$f":"S1020*E1020","v":0},{"$f":"T1020*E1020","v":0},{"$f":"W1020*E1020","v":0},{"$f":"X1020*E1020","v":0},{"$f":"Y1020*E1020","v":0},0,{"$f":"+E1020*Z1020","v":{"v":30,"d":"30.00"}}]
[{"$nulls":5}," "]
["6.1.5","Two lever, Two way",{"$nulls":3}," "]
[null,"       Supply","each",70,{"v":47.5,"d":"47.50"},{"v":3325,"d":"3,325.00"},{"$nulls":19},0,{"$f":"G1023*E1023","v":0},{"$f":"H1023*E1023","v":0},{"$f":"I1023*E1023","v":0},{"$f":"J1023*E1023","v":0},{"$f":"K1023*E1023","v":0},{"$f":"L1023*E1023","v":0},{"$f":"+M1023*E1023","v":0},{"$f":"N1023*E1023","v":0},{"$f":"O1023*E1023","v":0},{"$f":"P1023*E1023","v":0},{"$f":"Q1023*E1023","v":0},{"$f":"R1023*E1023","v":0},{"$f":"S1023*E1023","v":0},{"$f":"T1023*E1023","v":0},{"$f":"W1023*E1023","v":0},{"$f":"X1023*E1023","v":0},{"$f":"Y1023*E1023","v":0},0,{"$f":"+E1023*Z1023","v":{"v":0,"d":"0.00"}}]
[null,"       Install","each",{"$f":"D1023","v":70},{"v":18,"d":"18.00"},{"v":1260,"d":"1,260.00"},{"$nulls":19},0,{"$f":"G1024*E1024","v":0},{"$f":"H1024*E1024","v":0},{"$f":"I1024*E1024","v":0},{"$f":"J1024*E1024","v":0},{"$f":"K1024*E1024","v":0},{"$f":"L1024*E1024","v":0},{"$f":"+M1024*E1024","v":0},{"$f":"N1024*E1024","v":0},{"$f":"O1024*E1024","v":0},{"$f":"P1024*E1024","v":0},{"$f":"Q1024*E1024","v":0},{"$f":"R1024*E1024","v":0},{"$f":"S1024*E1024","v":0},{"$f":"T1024*E1024","v":0},{"$f":"W1024*E1024","v":0},{"$f":"X1024*E1024","v":0},{"$f":"Y1024*E1024","v":0},0,{"$f":"+E1024*Z1024","v":{"v":0,"d":"0.00"}}]
[{"$nulls":5}," "]
["6.1.6","Three lever, one way",null," ",null," "]
[null,"       Supply","each",{"$f":"25+14","v":39},{"v":38,"d":"38.00"},{"v":1482,"d":"1,482.00"},{"$nulls":19},0,{"$f":"G1027*E1027","v":0},{"$f":"H1027*E1027","v":0},{"$f":"I1027*E1027","v":0},{"$f":"J1027*E1027","v":0},{"$f":"K1027*E1027","v":0},{"$f":"L1027*E1027","v":0},{"$f":"+M1027*E1027","v":0},{"$f":"N1027*E1027","v":0},{"$f":"O1027*E1027","v":0},{"$f":"P1027*E1027","v":0},{"$f":"Q1027*E1027","v":0},{"$f":"R1027*E1027","v":0},{"$f":"S1027*E1027","v":0},{"$f":"T1027*E1027","v":0},{"$f":"W1027*E1027","v":0},{"$f":"X1027*E1027","v":0},{"$f":"Y1027*E1027","v":0},0,{"$f":"+E1027*Z1027","v":{"v":0,"d":"0.00"}}]
[null,"       Install","each",{"$f":"D1027","v":39},{"v":20,"d":"20.00"},{"v":780,"d":"780.00"},{"$nulls":19},0,{"$f":"G1028*E1028","v":0},{"$f":"H1028*E1028","v":0},{"$f":"I1028*E1028","v":0},{"$f":"J1028*E1028","v":0},{"$f":"K1028*E1028","v":0},{"$f":"L1028*E1028","v":0},{"$f":"+M1028*E1028","v":0},{"$f":"N1028*E1028","v":0},{"$f":"O1028*E1028","v":0},{"$f":"P1028*E1028","v":0},{"$f":"Q1028*E1028","v":0},{"$f":"R1028*E1028","v":0},{"$f":"S1028*E1028","v":0},{"$f":"T1028*E1028","v":0},{"$f":"W1028*E1028","v":0},{"$f":"X1028*E1028","v":0},{"$f":"Y1028*E1028","v":0},0,{"$f":"+E1028*Z1028","v":{"v":0,"d":"0.00"}}]
[{"$nulls":5}," "]
["6.1.7","10a Electronic Dimmer Switch",{"$nulls":3}," "]
[null,"       Supply","each",{"$f":"4+3+9","v":16},{"v":120,"d":"120.00"},{"v":1920,"d":"1,920.00"},{"$nulls":19},0,{"$f":"G1031*E1031","v":0},{"$f":"H1031*E1031","v":0},{"$f":"I1031*E1031","v":0},{"$f":"J1031*E1031","v":0},{"$f":"K1031*E1031","v":0},{"$f":"L1031*E1031","v":0},{"$f":"+M1031*E1031","v":0},{"$f":"N1031*E1031","v":0},{"$f":"O1031*E1031","v":0},{"$f":"P1031*E1031","v":0},{"$f":"Q1031*E1031","v":0},{"$f":"R1031*E1031","v":0},{"$f":"S1031*E1031","v":0},{"$f":"T1031*E1031","v":0},{"$f":"W1031*E1031","v":0},{"$f":"X1031*E1031","v":0},{"$f":"Y1031*E1031","v":0},0,{"$f":"+E1031*Z1031","v":{"v":0,"d":"0.00"}}]
[null,"       Install","each",{"$f":"D1031","v":16},{"v":15,"d":"15.00"},{"v":240,"d":"240.00"},{"$nulls":19},0,{"$f":"G1032*E1032","v":0},{"$f":"H1032*E1032","v":0},{"$f":"I1032*E1032","v":0},{"$f":"J1032*E1032","v":0},{"$f":"K1032*E1032","v":0},{"$f":"L1032*E1032","v":0},{"$f":"+M1032*E1032","v":0},{"$f":"N1032*E1032","v":0},{"$f":"O1032*E1032","v":0},{"$f":"P1032*E1032","v":0},{"$f":"Q1032*E1032","v":0},{"$f":"R1032*E1032","v":0},{"$f":"S1032*E1032","v":0},{"$f":"T1032*E1032","v":0},{"$f":"W1032*E1032","v":0},{"$f":"X1032*E1032","v":0},{"$f":"Y1032*E1032","v":0},0,{"$f":"+E1032*Z1032","v":{"v":0,"d":"0.00"}}]
[{"$nulls":5}," "]
["6.1.8","Rotary switch weatherproof",{"$nulls":3}," "]
[null,"       Supply","each",{"$f":"12+15","v":27},{"v":44.5,"d":"44.50"},{"v":1201.5,"d":"1,201.50"},{"$nulls":19},0,{"$f":"G1035*E1035","v":0},{"$f":"H1035*E1035","v":0},{"$f":"I1035*E1035","v":0},{"$f":"J1035*E1035","v":0},{"$f":"K1035*E1035","v":0},{"$f":"L1035*E1035","v":0},{"$f":"+M1035*E1035","v":0},{"$f":"N1035*E1035","v":0},{"$f":"O1035*E1035","v":0},{"$f":"P1035*E1035","v":0},{"$f":"Q1035*E1035","v":0},{"$f":"R1035*E1035","v":0},{"$f":"S1035*E1035","v":0},{"$f":"T1035*E1035","v":0},{"$f":"W1035*E1035","v":0},{"$f":"X1035*E1035","v":0},{"$f":"Y1035*E1035","v":0},0,{"$f":"+E1035*Z1035","v":{"v":0,"d":"0.00"}}]
[null,"       Install","each",{"$f":"D1035","v":27},{"v":20,"d":"20.00"},{"v":540,"d":"540.00"},{"$nulls":19},0,{"$f":"G1036*E1036","v":0},{"$f":"H1036*E1036","v":0},{"$f":"I1036*E1036","v":0},{"$f":"J1036*E1036","v":0},{"$f":"K1036*E1036","v":0},{"$f":"L1036*E1036","v":0},{"$f":"+M1036*E1036","v":0},{"$f":"N1036*E1036","v":0},{"$f":"O1036*E1036","v":0},{"$f":"P1036*E1036","v":0},{"$f":"Q1036*E1036","v":0},{"$f":"R1036*E1036","v":0},{"$f":"S1036*E1036","v":0},{"$f":"T1036*E1036","v":0},{"$f":"W1036*E1036","v":0},{"$f":"X1036*E1036","v":0},{"$f":"Y1036*E1036","v":0},0,{"$f":"+E1036*Z1036","v":{"v":0,"d":"0.00"}}]
[{"$nulls":5}," "]
["6.1.9","Nurse Base Custom Made MULTI-WAY Switch panel Single Way Twenty Lever",{"$nulls":3}," "]
[null,"       Supply","each",6,{"v":3668.81,"d":"3,668.81"},{"v":22012.86,"d":"22,012.86"},{"$nulls":19},0,{"$f":"G1039*E1039","v":0},{"$f":"H1039*E1039","v":0},{"$f":"I1039*E1039","v":0},{"$f":"J1039*E1039","v":0},{"$f":"K1039*E1039","v":0},{"$f":"L1039*E1039","v":0},{"$f":"+M1039*E1039","v":0},{"$f":"N1039*E1039","v":0},{"$f":"O1039*E1039","v":0},{"$f":"P1039*E1039","v":0},{"$f":"Q1039*E1039","v":0},{"$f":"R1039*E1039","v":0},{"$f":"S1039*E1039","v":0},{"$f":"T1039*E1039","v":0},{"$f":"W1039*E1039","v":0},{"$f":"X1039*E1039","v":0},{"$f":"Y1039*E1039","v":0},0,{"$f":"+E1039*Z1039","v":{"v":0,"d":"0.00"}}]
[null,"       Install","each",{"$f":"D1039","v":6},{"v":300,"d":"300.00"},{"v":1800,"d":"1,800.00"},{"$nulls":19},0,{"$f":"G1040*E1040","v":0},{"$f":"H1040*E1040","v":0},{"$f":"I1040*E1040","v":0},{"$f":"J1040*E1040","v":0},{"$f":"K1040*E1040","v":0},{"$f":"L1040*E1040","v":0},{"$f":"+M1040*E1040","v":0},{"$f":"N1040*E1040","v":0},{"$f":"O1040*E1040","v":0},{"$f":"P1040*E1040","v":0},{"$f":"Q1040*E1040","v":0},{"$f":"R1040*E1040","v":0},{"$f":"S1040*E1040","v":0},{"$f":"T1040*E1040","v":0},{"$f":"W1040*E1040","v":0},{"$f":"X1040*E1040","v":0},{"$f":"Y1040*E1040","v":0},0,{"$f":"+E1040*Z1040","v":{"v":0,"d":"0.00"}}]
[{"$nulls":5}," "]
["6.1.10","Nurse Base Custom Made MULTI-WAY Switch panel Single Way Ten Lever",{"$nulls":3}," "]
[null,"       Supply","each",9,{"v":2526.26,"d":"2,526.26"},{"v":22736.340000000004,"d":"22,736.34"},{"$nulls":19},0,{"$f":"G1043*E1043","v":0},{"$f":"H1043*E1043","v":0},{"$f":"I1043*E1043","v":0},{"$f":"J1043*E1043","v":0},{"$f":"K1043*E1043","v":0},{"$f":"L1043*E1043","v":0},{"$f":"+M1043*E1043","v":0},{"$f":"N1043*E1043","v":0},{"$f":"O1043*E1043","v":0},{"$f":"P1043*E1043","v":0},{"$f":"Q1043*E1043","v":0},{"$f":"R1043*E1043","v":0},{"$f":"S1043*E1043","v":0},{"$f":"T1043*E1043","v":0},{"$f":"W1043*E1043","v":0},{"$f":"X1043*E1043","v":0},{"$f":"Y1043*E1043","v":0},0,{"$f":"+E1043*Z1043","v":{"v":0,"d":"0.00"}}]
[null,"       Install","each",{"$f":"D1043","v":9},{"v":200,"d":"200.00"},{"v":1800,"d":"1,800.00"},{"$nulls":19},0,{"$f":"G1044*E1044","v":0},{"$f":"H1044*E1044","v":0},{"$f":"I1044*E1044","v":0},{"$f":"J1044*E1044","v":0},{"$f":"K1044*E1044","v":0},{"$f":"L1044*E1044","v":0},{"$f":"+M1044*E1044","v":0},{"$f":"N1044*E1044","v":0},{"$f":"O1044*E1044","v":0},{"$f":"P1044*E1044","v":0},{"$f":"Q1044*E1044","v":0},{"$f":"R1044*E1044","v":0},{"$f":"S1044*E1044","v":0},{"$f":"T1044*E1044","v":0},{"$f":"W1044*E1044","v":0},{"$f":"X1044*E1044","v":0},{"$f":"Y1044*E1044","v":0},0,{"$f":"+E1044*Z1044","v":{"v":0,"d":"0.00"}}]
[]
[null,"Amount Carried Forward to Summary",{"$nulls":3},{"$f":"SUM(F1002:F1045)","v":{"v":166818.19999999998,"d":"166,818.20"}},{"$nulls":37},{"$f":"SUM(AR1001:AR1045)","v":0},{"$f":"SUM(AS1002:AS1045)","v":{"v":75,"d":"75.00"}}]
[]
["MAIN HOSPITAL ELECTRICAL INSTALLATION"]
["CECILIA MAKIWANE HOSPITAL : PHASE 4C"]
[]
[{"$f":"A999","v":"BILL NO. 6 : SWITCHGEAR EQUIPMENT (SMME PACKAGE No 4)"}]
["ITEM","DESCRIPTION","UNIT","QTY","RATE","TENDER AMOUNT","A-LV05","B-LV04","D-LV03","E1-LV03","E2","F1","F2","G1","G2","H1","H2","J1","J2","J3","Substation","G/House",null,"N","Other","Total Qty","A","B","D","E1","E2","F1","F2","G1","G2","H1","H2","J1","J2","J3","K","N","Other","Total Amount","Total Claimed"]
[null,"AMOUNT CARRIED FORWARD FROM PREVIOUS BILL",{"$nulls":3},{"$f":"F1046","v":{"v":166818.19999999998,"d":"166,818.20"}},{"$nulls":37},{"$f":"+AR1046","v":0},{"$f":"AS1046","v":{"v":75,"d":"75.00"}}]
[]
[{"v":6.2,"d":"6.20"},"Switchgear"]
[null,"16 Amp rocker type Power Outlets with coverplate installed into boxes or Skirting measured elsewhere."]
[]
["6.2.1","16 Amp 3 pin switched socket outlets with cover plates Standard: installed in Power Skirting (single). Colour: White"]
[null,"       Supply ","each",601,36.29,{"$f":"$D1059*E1059","v":{"v":21810.29,"d":"21,810.29"}},{"$nulls":19},{"$f":"SUM(G1059:Y1059)","v":0},{"$f":"G1059*E1059","v":0},{"$f":"H1059*E1059","v":0},{"$f":"I1059*E1059","v":0},{"$f":"J1059*E1059","v":0},{"$f":"K1059*E1059","v":0},{"$f":"L1059*E1059","v":0},{"$f":"+M1059*E1059","v":0},{"$f":"N1059*E1059","v":0},{"$f":"O1059*E1059","v":0},{"$f":"P1059*E1059","v":0},{"$f":"Q1059*E1059","v":0},{"$f":"R1059*E1059","v":0},{"$f":"S1059*E1059","v":0},{"$f":"T1059*E1059","v":0},{"$f":"W1059*E1059","v":0},{"$f":"X1059*E1059","v":0},{"$f":"Y1059*E1059","v":0},{"$f":"SUM(AA1059:AQ1059)","v":0},{"$f":"+E1059*Z1059","v":{"v":0,"d":"0.00"}}]
[null,"       Install","each",{"$f":"D1059","v":601},{"v":20,"d":"20.00"},{"$f":"$D1060*E1060","v":{"v":12020,"d":"12,020.00"}},{"$nulls":7},7,{"$nulls":11},{"$f":"SUM(G1060:Y1060)","v":7},{"$f":"G1060*E1060","v":0},{"$f":"H1060*E1060","v":0},{"$f":"I1060*E1060","v":0},{"$f":"J1060*E1060","v":0},{"$f":"K1060*E1060","v":0},{"$f":"L1060*E1060","v":0},{"$f":"+M1060*E1060","v":0},{"$f":"N1060*E1060","v":140},{"$f":"O1060*E1060","v":0},{"$f":"P1060*E1060","v":0},{"$f":"Q1060*E1060","v":0},{"$f":"R1060*E1060","v":0},{"$f":"S1060*E1060","v":0},{"$f":"T1060*E1060","v":0},{"$f":"W1060*E1060","v":0},{"$f":"X1060*E1060","v":0},{"$f":"Y1060*E1060","v":0},{"$f":"SUM(AA1060:AQ1060)","v":140},{"$f":"+E1060*Z1060","v":{"v":140,"d":"140.00"}}]
[]
["6.2.2","16 Amp 3 pin switched socket outlets with cover plates Standard: installed in Power Skirting (single). Colour: Red"]
[null,"       Supply ","each",734,51.69,{"$f":"$D1063*E1063","v":{"v":37940.46,"d":"37,940.46"}},{"$nulls":19},0,{"$f":"G1063*E1063","v":0},{"$f":"H1063*E1063","v":0},{"$f":"I1063*E1063","v":0},{"$f":"J1063*E1063","v":0},{"$f":"K1063*E1063","v":0},{"$f":"L1063*E1063","v":0},{"$f":"+M1063*E1063","v":0},{"$f":"N1063*E1063","v":0},{"$f":"O1063*E1063","v":0},{"$f":"P1063*E1063","v":0},{"$f":"Q1063*E1063","v":0},{"$f":"R1063*E1063","v":0},{"$f":"S1063*E1063","v":0},{"$f":"T1063*E1063","v":0},{"$f":"W1063*E1063","v":0},{"$f":"X1063*E1063","v":0},{"$f":"Y1063*E1063","v":0},0,{"$f":"+E1063*Z1063","v":{"v":0,"d":"0.00"}}]
[null,"       Install","each",{"$f":"D1063","v":734},{"v":20,"d":"20.00"},{"$f":"$D1064*E1064","v":{"v":14680,"d":"14,680.00"}},{"$nulls":7},4,{"$nulls":11},4,{"$f":"G1064*E1064","v":0},{"$f":"H1064*E1064","v":0},{"$f":"I1064*E1064","v":0},{"$f":"J1064*E1064","v":0},{"$f":"K1064*E1064","v":0},{"$f":"L1064*E1064","v":0},{"$f":"+M1064*E1064","v":0},{"$f":"N1064*E1064","v":80},{"$f":"O1064*E1064","v":0},{"$f":"P1064*E1064","v":0},{"$f":"Q1064*E1064","v":0},{"$f":"R1064*E1064","v":0},{"$f":"S1064*E1064","v":0},{"$f":"T1064*E1064","v":0},{"$f":"W1064*E1064","v":0},{"$f":"X1064*E1064","v":0},{"$f":"Y1064*E1064","v":0},80,{"$f":"+E1064*Z1064","v":{"v":80,"d":"80.00"}}]
[]
["6.2.3","16 Amp 3 pin switched socket outlets with cover plates Standard: installed in Power Skirting (single). Colour: Blue"]
[null,"       Supply ","each",289,36.29,{"$f":"$D1067*E1067","v":{"v":10487.81,"d":"10,487.81"}},{"$nulls":19},0,{"$f":"G1067*E1067","v":0},{"$f":"H1067*E1067","v":0},{"$f":"I1067*E1067","v":0},{"$f":"J1067*E1067","v":0},{"$f":"K1067*E1067","v":0},{"$f":"L1067*E1067","v":0},{"$f":"+M1067*E1067","v":0},{"$f":"N1067*E1067","v":0},{"$f":"O1067*E1067","v":0},{"$f":"P1067*E1067","v":0},{"$f":"Q1067*E1067","v":0},{"$f":"R1067*E1067","v":0},{"$f":"S1067*E1067","v":0},{"$f":"T1067*E1067","v":0},{"$f":"W1067*E1067","v":0},{"$f":"X1067*E1067","v":0},{"$f":"Y1067*E1067","v":0},0,{"$f":"+E1067*Z1067","v":{"v":0,"d":"0.00"}}]
[null,"       Install","each",{"$f":"D1067","v":289},{"v":20,"d":"20.00"},{"$f":"$D1068*E1068","v":{"v":5780,"d":"5,780.00"}},{"$nulls":19},0,{"$f":"G1068*E1068","v":0},{"$f":"H1068*E1068","v":0},{"$f":"I1068*E1068","v":0},{"$f":"J1068*E1068","v":0},{"$f":"K1068*E1068","v":0},{"$f":"L1068*E1068","v":0},{"$f":"+M1068*E1068","v":0},{"$f":"N1068*E1068","v":0},{"$f":"O1068*E1068","v":0},{"$f":"P1068*E1068","v":0},{"$f":"Q1068*E1068","v":0},{"$f":"R1068*E1068","v":0},{"$f":"S1068*E1068","v":0},{"$f":"T1068*E1068","v":0},{"$f":"W1068*E1068","v":0},{"$f":"X1068*E1068","v":0},{"$f":"Y1068*E1068","v":0},0,{"$f":"+E1068*Z1068","v":{"v":0,"d":"0.00"}}]
[]
["6.2.4","13 Amp 2 pin un-switched socket outlets with cover plates Standard: installed in Ceiling space (single). Colour: Blue"]
[null,"       Supply ","each",612,{"v":89,"d":"89.00"},{"$f":"$D1071*E1071","v":{"v":54468,"d":"54,468.00"}},{"$nulls":19},0,{"$f":"G1071*E1071","v":0},{"$f":"H1071*E1071","v":0},{"$f":"I1071*E1071","v":0},{"$f":"J1071*E1071","v":0},{"$f":"K1071*E1071","v":0},{"$f":"L1071*E1071","v":0},{"$f":"+M1071*E1071","v":0},{"$f":"N1071*E1071","v":0},{"$f":"O1071*E1071","v":0},{"$f":"P1071*E1071","v":0},{"$f":"Q1071*E1071","v":0},{"$f":"R1071*E1071","v":0},{"$f":"S1071*E1071","v":0},{"$f":"T1071*E1071","v":0},{"$f":"W1071*E1071","v":0},{"$f":"X1071*E1071","v":0},{"$f":"Y1071*E1071","v":0},0,{"$f":"+E1071*Z1071","v":{"v":0,"d":"0.00"}}]
[null,"       Install","each",{"$f":"D1071","v":612},{"v":20,"d":"20.00"},{"$f":"$D1072*E1072","v":{"v":12240,"d":"12,240.00"}},{"$nulls":7},4,{"$nulls":11},4,{"$f":"G1072*E1072","v":0},{"$f":"H1072*E1072","v":0},{"$f":"I1072*E1072","v":0},{"$f":"J1072*E1072","v":0},{"$f":"K1072*E1072","v":0},{"$f":"L1072*E1072","v":0},{"$f":"+M1072*E1072","v":0},{"$f":"N1072*E1072","v":80},{"$f":"O1072*E1072","v":0},{"$f":"P1072*E1072","v":0},{"$f":"Q1072*E1072","v":0},{"$f":"R1072*E1072","v":0},{"$f":"S1072*E1072","v":0},{"$f":"T1072*E1072","v":0},{"$f":"W1072*E1072","v":0},{"$f":"X1072*E1072","v":0},{"$f":"Y1072*E1072","v":0},80,{"$f":"+E1072*Z1072","v":{"v":80,"d":"80.00"}}]
[]
["6.2.5","16 Amp 3 pin switched socket outlets with cover plates Standard: installed in a Cabstrut reticulation wall Box (single). Colour: White"]
[null,"       Supply ","each",71,23.17,{"$f":"$D1075*E1075","v":{"v":1645.0700000000002,"d":"1,645.07"}},{"$nulls":19},0,{"$f":"G1075*E1075","v":0},{"$f":"H1075*E1075","v":0},{"$f":"I1075*E1075","v":0},{"$f":"J1075*E1075","v":0},{"$f":"K1075*E1075","v":0},{"$f":"L1075*E1075","v":0},{"$f":"+M1075*E1075","v":0},{"$f":"N1075*E1075","v":0},{"$f":"O1075*E1075","v":0},{"$f":"P1075*E1075","v":0},{"$f":"Q1075*E1075","v":0},{"$f":"R1075*E1075","v":0},{"$f":"S1075*E1075","v":0},{"$f":"T1075*E1075","v":0},{"$f":"W1075*E1075","v":0},{"$f":"X1075*E1075","v":0},{"$f":"Y1075*E1075","v":0},0,{"$f":"+E1075*Z1075","v":{"v":0,"d":"0.00"}}]
[null,"       Install","each",{"$f":"D1075","v":71},{"v":20,"d":"20.00"},{"$f":"$D1076*E1076","v":{"v":1420,"d":"1,420.00"}},{"$nulls":19},0,{"$f":"G1076*E1076","v":0},{"$f":"H1076*E1076","v":0},{"$f":"I1076*E1076","v":0},{"$f":"J1076*E1076","v":0},{"$f":"K1076*E1076","v":0},{"$f":"L1076*E1076","v":0},{"$f":"+M1076*E1076","v":0},{"$f":"N1076*E1076","v":0},{"$f":"O1076*E1076","v":0},{"$f":"P1076*E1076","v":0},{"$f":"Q1076*E1076","v":0},{"$f":"R1076*E1076","v":0},{"$f":"S1076*E1076","v":0},{"$f":"T1076*E1076","v":0},{"$f":"W1076*E1076","v":0},{"$f":"X1076*E1076","v":0},{"$f":"Y1076*E1076","v":0},0,{"$f":"+E1076*Z1076","v":{"v":0,"d":"0.00"}}]
[]
["6.2.6","16 Amp 3 pin switched socket outlets with cover plates Standard: installed in a Cabstrut reticulation wall Box (single). Colour: Red"]
[null,"       Supply ","each",248,38.33,{"$f":"$D1079*E1079","v":{"v":9505.84,"d":"9,505.84"}},{"$nulls":19},0,{"$f":"G1079*E1079","v":0},{"$f":"H1079*E1079","v":0},{"$f":"I1079*E1079","v":0},{"$f":"J1079*E1079","v":0},{"$f":"K1079*E1079","v":0},{"$f":"L1079*E1079","v":0},{"$f":"+M1079*E1079","v":0},{"$f":"N1079*E1079","v":0},{"$f":"O1079*E1079","v":0},{"$f":"P1079*E1079","v":0},{"$f":"Q1079*E1079","v":0},{"$f":"R1079*E1079","v":0},{"$f":"S1079*E1079","v":0},{"$f":"T1079*E1079","v":0},{"$f":"W1079*E1079","v":0},{"$f":"X1079*E1079","v":0},{"$f":"Y1079*E1079","v":0},0,{"$f":"+E1079*Z1079","v":{"v":0,"d":"0.00"}}]
[null,"       Install","each",{"$f":"D1079","v":248},{"v":20,"d":"20.00"},{"$f":"$D1080*E1080","v":{"v":4960,"d":"4,960.00"}},{"$nulls":19},0,{"$f":"G1080*E1080","v":0},{"$f":"H1080*E1080","v":0},{"$f":"I1080*E1080","v":0},{"$f":"J1080*E1080","v":0},{"$f":"K1080*E1080","v":0},{"$f":"L1080*E1080","v":0},{"$f":"+M1080*E1080","v":0},{"$f":"N1080*E1080","v":0},{"$f":"O1080*E1080","v":0},{"$f":"P1080*E1080","v":0},{"$f":"Q1080*E1080","v":0},{"$f":"R1080*E1080","v":0},{"$f":"S1080*E1080","v":0},{"$f":"T1080*E1080","v":0},{"$f":"W1080*E1080","v":0},{"$f":"X1080*E1080","v":0},{"$f":"Y1080*E1080","v":0},0,{"$f":"+E1080*Z1080","v":{"v":0,"d":"0.00"}}]
[]
["6.2.7","16 Amp 3 pin switched socket outlets with cover plates Standard: installed in a Cabstrut reticulation wall Box (single). Colour: Blue"]
[null,"       Supply ","each",{"$f":"248+71","v":319},38.33,{"$f":"$D1083*E1083","v":{"v":12227.269999999999,"d":"12,227.27"}},{"$nulls":19},0,{"$f":"G1083*E1083","v":0},{"$f":"H1083*E1083","v":0},{"$f":"I1083*E1083","v":0},{"$f":"J1083*E1083","v":0},{"$f":"K1083*E1083","v":0},{"$f":"L1083*E1083","v":0},{"$f":"+M1083*E1083","v":0},{"$f":"N1083*E1083","v":0},{"$f":"O1083*E1083","v":0},{"$f":"P1083*E1083","v":0},{"$f":"Q1083*E1083","v":0},{"$f":"R1083*E1083","v":0},{"$f":"S1083*E1083","v":0},{"$f":"T1083*E1083","v":0},{"$f":"W1083*E1083","v":0},{"$f":"X1083*E1083","v":0},{"$f":"Y1083*E1083","v":0},0,{"$f":"+E1083*Z1083","v":{"v":0,"d":"0.00"}}]
[null,"       Install","each",{"$f":"D1083","v":319},{"v":20,"d":"20.00"},{"$f":"$D1084*E1084","v":{"v":6380,"d":"6,380.00"}},{"$nulls":19},0,{"$f":"G1084*E1084","v":0},{"$f":"H1084*E1084","v":0},{"$f":"I1084*E1084","v":0},{"$f":"J1084*E1084","v":0},{"$f":"K1084*E1084","v":0},{"$f":"L1084*E1084","v":0},{"$f":"+M1084*E1084","v":0},{"$f":"N1084*E1084","v":0},{"$f":"O1084*E1084","v":0},{"$f":"P1084*E1084","v":0},{"$f":"Q1084*E1084","v":0},{"$f":"R1084*E1084","v":0},{"$f":"S1084*E1084","v":0},{"$f":"T1084*E1084","v":0},{"$f":"W1084*E1084","v":0},{"$f":"X1084*E1084","v":0},{"$f":"Y1084*E1084","v":0},0,{"$f":"+E1084*Z1084","v":{"v":0,"d":"0.00"}}]
[]
["6.2.8","16 Amp 3 pin switched socket outlets with cover plates Standard: installed in a wall flush box (single)"]
[null,"       Supply ","each",{"v":1836,"d":"1,836"},{"v":44.1,"d":"44.10"},{"$f":"$D1087*E1087","v":{"v":80967.6,"d":"80,967.60"}},{"$nulls":19},0,{"$f":"G1087*E1087","v":0},{"$f":"H1087*E1087","v":0},{"$f":"I1087*E1087","v":0},{"$f":"J1087*E1087","v":0},{"$f":"K1087*E1087","v":0},{"$f":"L1087*E1087","v":0},{"$f":"+M1087*E1087","v":0},{"$f":"N1087*E1087","v":0},{"$f":"O1087*E1087","v":0},{"$f":"P1087*E1087","v":0},{"$f":"Q1087*E1087","v":0},{"$f":"R1087*E1087","v":0},{"$f":"S1087*E1087","v":0},{"$f":"T1087*E1087","v":0},{"$f":"W1087*E1087","v":0},{"$f":"X1087*E1087","v":0},{"$f":"Y1087*E1087","v":0},0,{"$f":"+E1087*Z1087","v":{"v":0,"d":"0.00"}}]
[null,"       Install","each",{"$f":"D1087","v":{"v":1836,"d":"1,836"}},{"v":20,"d":"20.00"},{"$f":"$D1088*E1088","v":{"v":36720,"d":"36,720.00"}},{"$nulls":19},0,{"$f":"G1088*E1088","v":0},{"$f":"H1088*E1088","v":0},{"$f":"I1088*E1088","v":0},{"$f":"J1088*E1088","v":0},{"$f":"K1088*E1088","v":0},{"$f":"L1088*E1088","v":0},{"$f":"+M1088*E1088","v":0},{"$f":"N1088*E1088","v":0},{"$f":"O1088*E1088","v":0},{"$f":"P1088*E1088","v":0},{"$f":"Q1088*E1088","v":0},{"$f":"R1088*E1088","v":0},{"$f":"S1088*E1088","v":0},{"$f":"T1088*E1088","v":0},{"$f":"W1088*E1088","v":0},{"$f":"X1088*E1088","v":0},{"$f":"Y1088*E1088","v":0},0,{"$f":"+E1088*Z1088","v":{"v":0,"d":"0.00"}}]
[null,"Amount Carried Forward ",{"$nulls":3},{"$f":"SUM(F1053:F1088)","v":{"v":490070.54000000004,"d":"490,070.54"}},{"$nulls":37},{"$f":"SUM(AR1053:AR1088)","v":300},{"$f":"SUM(AS1053:AS1088)","v":{"v":375,"d":"375.00"}}]
[]
["MAIN HOSPITAL ELECTRICAL INSTALLATION"]
["CECILIA MAKIWANE HOSPITAL : PHASE 4C"]
[]
[{"$f":"A999","v":"BILL NO. 6 : SWITCHGEAR EQUIPMENT (SMME PACKAGE No 4)"}]
["ITEM","DESCRIPTION","UNIT","QTY","RATE","TENDER AMOUNT","A-LV05","B-LV04","D-LV03","E1-LV03","E2","F1","F2","G1","G2","H1","H2","J1","J2","J3","Substation","G/House",null,"N","Other","Total Qty","A","B","D","E1","E2","F1","F2","G1","G2","H1","H2","J1","J2","J3","K","N","Other","Total Amount","Total Claimed"]
[null,"AMOUNT CARRIED FORWARD FROM PREVIOUS BILL",{"$nulls":3},{"$f":"F1089","v":{"v":490070.54000000004,"d":"490,070.54"}},{"$nulls":37},{"$f":"+AR1089","v":300},{"$f":"AS1089","v":{"v":375,"d":"375.00"}}]
[null," "," "," "]
[]
["6.2.9","16 Amp 3 pin switched socket outlets with cover plates Standard: installed in a 3F Floor Duct system (single)"]
[" ","       Supply ","each",106,75.96,{"$f":"$D1100*E1100","v":{"v":8051.759999999999,"d":"8,051.76"}},{"$nulls":19},{"$f":"SUM(G1100:Y1100)","v":0},{"$f":"G1100*E1100","v":0},{"$f":"H1100*E1100","v":0},{"$f":"I1100*E1100","v":0},{"$f":"J1100*E1100","v":0},{"$f":"K1100*E1100","v":0},{"$f":"L1100*E1100","v":0},{"$f":"+M1100*E1100","v":0},{"$f":"N1100*E1100","v":0},{"$f":"O1100*E1100","v":0},{"$f":"P1100*E1100","v":0},{"$f":"Q1100*E1100","v":0},{"$f":"R1100*E1100","v":0},{"$f":"S1100*E1100","v":0},{"$f":"T1100*E1100","v":0},{"$f":"W1100*E1100","v":0},{"$f":"X1100*E1100","v":0},{"$f":"Y1100*E1100","v":0},{"$f":"SUM(AA1100:AQ1100)","v":0},{"$f":"+E1100*Z1100","v":{"v":0,"d":"0.00"}}]
[" ","       Install","each",{"$f":"D1100","v":106},{"v":20,"d":"20.00"},{"v":2120,"d":"2,120.00"},{"$nulls":19},{"$f":"SUM(G1101:Y1101)","v":0},{"$f":"G1101*E1101","v":0},{"$f":"H1101*E1101","v":0},{"$f":"I1101*E1101","v":0},{"$f":"J1101*E1101","v":0},{"$f":"K1101*E1101","v":0},{"$f":"L1101*E1101","v":0},{"$f":"+M1101*E1101","v":0},{"$f":"N1101*E1101","v":0},{"$f":"O1101*E1101","v":0},{"$f":"P1101*E1101","v":0},{"$f":"Q1101*E1101","v":0},{"$f":"R1101*E1101","v":0},{"$f":"S1101*E1101","v":0},{"$f":"T1101*E1101","v":0},{"$f":"W1101*E1101","v":0},{"$f":"X1101*E1101","v":0},{"$f":"Y1101*E1101","v":0},{"$f":"SUM(AA1101:AQ1101)","v":0},{"$f":"+E1101*Z1101","v":{"v":0,"d":"0.00"}}]
[]
["6.2.10","16 Amp 3 pin Double switched socket outlets with cover plates Standard: installed in a flush box (single)"]
[" ","       Supply ","each",356,36.17,{"v":12876.52,"d":"12,876.52"},{"$nulls":19},0,{"$f":"G1104*E1104","v":0},{"$f":"H1104*E1104","v":0},{"$f":"I1104*E1104","v":0},{"$f":"J1104*E1104","v":0},{"$f":"K1104*E1104","v":0},{"$f":"L1104*E1104","v":0},{"$f":"+M1104*E1104","v":0},{"$f":"N1104*E1104","v":0},{"$f":"O1104*E1104","v":0},{"$f":"P1104*E1104","v":0},{"$f":"Q1104*E1104","v":0},{"$f":"R1104*E1104","v":0},{"$f":"S1104*E1104","v":0},{"$f":"T1104*E1104","v":0},{"$f":"W1104*E1104","v":0},{"$f":"X1104*E1104","v":0},{"$f":"Y1104*E1104","v":0},0,{"$f":"+E1104*Z1104","v":{"v":0,"d":"0.00"}}]
[" ","       Install","each",{"$f":"D1104","v":356},{"v":20,"d":"20.00"},{"v":7120,"d":"7,120.00"},{"$nulls":9},1,{"$nulls":9},1,{"$f":"G1105*E1105","v":0},{"$f":"H1105*E1105","v":0},{"$f":"I1105*E1105","v":0},{"$f":"J1105*E1105","v":0},{"$f":"K1105*E1105","v":0},{"$f":"L1105*E1105","v":0},{"$f":"+M1105*E1105","v":0},{"$f":"N1105*E1105","v":0},{"$f":"O1105*E1105","v":0},{"$f":"P1105*E1105","v":20},{"$f":"Q1105*E1105","v":0},{"$f":"R1105*E1105","v":0},{"$f":"S1105*E1105","v":0},{"$f":"T1105*E1105","v":0},{"$f":"W1105*E1105","v":0},{"$f":"X1105*E1105","v":0},{"$f":"Y1105*E1105","v":0},20,{"$f":"+E1105*Z1105","v":{"v":20,"d":"20.00"}}]
[{"$nulls":5}," "]
["6.2.11","5amp unswitched Socket outlet",{"$nulls":3}," "]
[null,"       Supply ","each",{"$f":"4200+1000","v":{"v":5200,"d":"5,200"}},{"v":11.5,"d":"11.50"},{"v":59800,"d":"59,800.00"},{"$nulls":19},0,{"$f":"G1108*E1108","v":0},{"$f":"H1108*E1108","v":0},{"$f":"I1108*E1108","v":0},{"$f":"J1108*E1108","v":0},{"$f":"K1108*E1108","v":0},{"$f":"L1108*E1108","v":0},{"$f":"+M1108*E1108","v":0},{"$f":"N1108*E1108","v":0},{"$f":"O1108*E1108","v":0},{"$f":"P1108*E1108","v":0},{"$f":"Q1108*E1108","v":0},{"$f":"R1108*E1108","v":0},{"$f":"S1108*E1108","v":0},{"$f":"T1108*E1108","v":0},{"$f":"W1108*E1108","v":0},{"$f":"X1108*E1108","v":0},{"$f":"Y1108*E1108","v":0},0,{"$f":"+E1108*Z1108","v":{"v":0,"d":"0.00"}}]
[null,"       Install","each",{"$f":"D1108","v":{"v":5200,"d":"5,200"}},{"v":15,"d":"15.00"},{"v":78000,"d":"78,000.00"},{"$nulls":10},{"$f":"10+10+10+10+4","v":44},null,6,{"$nulls":6},50,{"$f":"G1109*E1109","v":0},{"$f":"H1109*E1109","v":0},{"$f":"I1109*E1109","v":0},{"$f":"J1109*E1109","v":0},{"$f":"K1109*E1109","v":0},{"$f":"L1109*E1109","v":0},{"$f":"+M1109*E1109","v":0},{"$f":"N1109*E1109","v":0},{"$f":"O1109*E1109","v":0},{"$f":"P1109*E1109","v":0},{"$f":"Q1109*E1109","v":660},{"$f":"R1109*E1109","v":0},{"$f":"S1109*E1109","v":90},{"$f":"T1109*E1109","v":0},{"$f":"W1109*E1109","v":0},{"$f":"X1109*E1109","v":0},{"$f":"Y1109*E1109","v":0},750,{"$f":"+E1109*Z1109","v":{"v":750,"d":"750.00"}}]
[{"$nulls":5}," "]
["6.2.12","16 Amp 3 pin  Pop-up Pedistal switched socket outlets with cover plates complete, floor or Desktop mounted. (for Standard SSOs)",{"$nulls":3}," "]
[" ","       Supply","each",24,{"v":324,"d":"324.00"},{"v":7776,"d":"7,776.00"},{"$nulls":19},0,{"$f":"G1112*E1112","v":0},{"$f":"H1112*E1112","v":0},{"$f":"I1112*E1112","v":0},{"$f":"J1112*E1112","v":0},{"$f":"K1112*E1112","v":0},{"$f":"L1112*E1112","v":0},{"$f":"+M1112*E1112","v":0},{"$f":"N1112*E1112","v":0},{"$f":"O1112*E1112","v":0},{"$f":"P1112*E1112","v":0},{"$f":"Q1112*E1112","v":0},{"$f":"R1112*E1112","v":0},{"$f":"S1112*E1112","v":0},{"$f":"T1112*E1112","v":0},{"$f":"W1112*E1112","v":0},{"$f":"X1112*E1112","v":0},{"$f":"Y1112*E1112","v":0},0,{"$f":"+E1112*Z1112","v":{"v":0,"d":"0.00"}}]
[null,"       Install","each",{"$f":"D1112","v":24},{"v":40,"d":"40.00"},{"v":960,"d":"960.00"},{"$nulls":19},0,{"$f":"G1113*E1113","v":0},{"$f":"H1113*E1113","v":0},{"$f":"I1113*E1113","v":0},{"$f":"J1113*E1113","v":0},{"$f":"K1113*E1113","v":0},{"$f":"L1113*E1113","v":0},{"$f":"+M1113*E1113","v":0},{"$f":"N1113*E1113","v":0},{"$f":"O1113*E1113","v":0},{"$f":"P1113*E1113","v":0},{"$f":"Q1113*E1113","v":0},{"$f":"R1113*E1113","v":0},{"$f":"S1113*E1113","v":0},{"$f":"T1113*E1113","v":0},{"$f":"W1113*E1113","v":0},{"$f":"X1113*E1113","v":0},{"$f":"Y1113*E1113","v":0},0,{"$f":"+E1113*Z1113","v":{"v":0,"d":"0.00"}}]
[{"$nulls":5}," "]
["6.2.13","16 Amp 3 pin Industrial switched socket outlets with cover plates complete, surface mounted. (for Standard SSOs)",{"$nulls":3}," "]
[null,"       Supply","each",90,{"v":41.5,"d":"41.50"},{"v":3735,"d":"3,735.00"},{"$nulls":19},0,{"$f":"G1116*E1116","v":0},{"$f":"H1116*E1116","v":0},{"$f":"I1116*E1116","v":0},{"$f":"J1116*E1116","v":0},{"$f":"K1116*E1116","v":0},{"$f":"L1116*E1116","v":0},{"$f":"+M1116*E1116","v":0},{"$f":"N1116*E1116","v":0},{"$f":"O1116*E1116","v":0},{"$f":"P1116*E1116","v":0},{"$f":"Q1116*E1116","v":0},{"$f":"R1116*E1116","v":0},{"$f":"S1116*E1116","v":0},{"$f":"T1116*E1116","v":0},{"$f":"W1116*E1116","v":0},{"$f":"X1116*E1116","v":0},{"$f":"Y1116*E1116","v":0},0,{"$f":"+E1116*Z1116","v":{"v":0,"d":"0.00"}}]
[null,"       Install","each",{"$f":"D1116","v":90},{"v":20,"d":"20.00"},{"v":1800,"d":"1,800.00"},{"$nulls":19},0,{"$f":"G1117*E1117","v":0},{"$f":"H1117*E1117","v":0},{"$f":"I1117*E1117","v":0},{"$f":"J1117*E1117","v":0},{"$f":"K1117*E1117","v":0},{"$f":"L1117*E1117","v":0},{"$f":"+M1117*E1117","v":0},{"$f":"N1117*E1117","v":0},{"$f":"O1117*E1117","v":0},{"$f":"P1117*E1117","v":0},{"$f":"Q1117*E1117","v":0},{"$f":"R1117*E1117","v":0},{"$f":"S1117*E1117","v":0},{"$f":"T1117*E1117","v":0},{"$f":"W1117*E1117","v":0},{"$f":"X1117*E1117","v":0},{"$f":"Y1117*E1117","v":0},0,{"$f":"+E1117*Z1117","v":{"v":0,"d":"0.00"}}]
[]
[{"v":6.3,"d":"6.30"},"Mentoring and Management"]
[null,"A percentage of the SMME Package amoiunt to provide the Mentoring and Management of the SMME Contractors","%",1,{"v":672309.82,"d":"672,309.82"},{"$f":"E1120*2.5%","v":{"v":16807.7455,"d":"16,807.75"}},{"$nulls":19},0,{"$f":"G1120*E1120","v":0},{"$f":"H1120*E1120","v":0},{"$f":"I1120*E1120","v":0},{"$f":"J1120*E1120","v":0},{"$f":"K1120*E1120","v":0},{"$f":"L1120*E1120","v":0},{"$f":"+M1120*E1120","v":0},{"$f":"N1120*E1120","v":0},{"$f":"O1120*E1120","v":0},{"$f":"P1120*E1120","v":0},{"$f":"Q1120*E1120","v":0},{"$f":"R1120*E1120","v":0},{"$f":"S1120*E1120","v":0},{"$f":"T1120*E1120","v":0},{"$f":"W1120*E1120","v":0},{"$f":"X1120*E1120","v":0},{"$f":"Y1120*E1120","v":0},{"$f":"SUM(AA1120:AQ1120)","v":0},{"$f":"+E1120*Z1120","v":{"v":0,"d":"0.00"}}]
[]
[]
[null,"TOTAL CARRIED FORWARD TO SUMMARY PAGE",{"$nulls":3},{"$f":"SUM(F1096:F1122)","v":{"v":689117.5655,"d":"689,117.57"}},{"$nulls":37},{"$f":"SUM(AR1096:AR1122)","v":{"v":1070,"d":"1,070"}},{"$f":"SUM(AS1096:AS1122)","v":{"v":1145,"d":"1,145.00"}}]
[]
["MAIN HOSPITAL ELECTRICAL INSTALLATION"]
["CECILIA MAKIWANE HOSPITAL : PHASE 4C"]
[]
["BILL NO. 7 : CONDUITS AND EQUIPMENT (SMME PACKAGE No5)"]
["ITEM","DESCRIPTION","UNIT","QTY","RATE","TENDER AMOUNT","A-LV05","B-LV04","D-LV03","E1-LV03","E2","F1","F2","G1","G2","H1","H2","J1","J2","J3","Substation","G/House",null,"N","Other","Total Qty","A","B","D","E1","E2","F1","F2","G1","G2","H1","H2","J1","J2","J3","K","N","Other","Total Amount","Total Claimed"]
[]
[]
[{"v":7.1,"d":"7.10"},"Conduit"]
[" ","PVC conduit chased into brickwork, cast in concrete or fixed on trusses in ceiling void including cutting, bending, reaming, setting, joining, draw boxes and  fixing material (average)."]
[]
["7.1.1","20mm"]
[null,"       Supply","m",{"v":92655,"d":"92,655"},1.97,{"$f":"$D1136*E1136","v":{"v":182530.35,"d":"182,530.35"}},{"$nulls":19},{"$f":"SUM(G1136:Y1136)","v":0},{"$f":"G1136*E1136","v":0},{"$f":"H1136*E1136","v":0},{"$f":"I1136*E1136","v":0},{"$f":"J1136*E1136","v":0},{"$f":"K1136*E1136","v":0},{"$f":"L1136*E1136","v":0},{"$f":"+M1136*E1136","v":0},{"$f":"N1136*E1136","v":0},{"$f":"O1136*E1136","v":0},{"$f":"P1136*E1136","v":0},{"$f":"Q1136*E1136","v":0},{"$f":"R1136*E1136","v":0},{"$f":"S1136*E1136","v":0},{"$f":"T1136*E1136","v":0},{"$f":"W1136*E1136","v":0},{"$f":"X1136*E1136","v":0},{"$f":"Y1136*E1136","v":0},{"$f":"SUM(AA1136:AQ1136)","v":0},{"$f":"+E1136*Z1136","v":{"v":0,"d":"0.00"}}]
[null,"       Install","m",{"v":92655,"d":"92,655"},{"v":5,"d":"5.00"},{"$f":"$D1137*E1137","v":{"v":463275,"d":"463,275.00"}},{"$nulls":6},{"$f":"24+24+24","v":72},null,{"$f":"4+100+100","v":204},null,{"$f":"16+16+40+24+12","v":108},{"$f":"52+24","v":76},{"$f":"20+24","v":44},null,null,80,null,{"$f":"32+1","v":33},16,{"$f":"SUM(G1137:Y1137)","v":633},0,0,0,0,0,0,360,0,{"v":1020,"d":"1,020"},0,540,380,220,0,0,165,80,{"$f":"SUM(AA1137:AQ1137)","v":{"v":2765,"d":"2,765"}},{"$f":"+E1137*Z1137","v":{"v":3165,"d":"3,165.00"}}]
[{"$nulls":5}," ",{"$nulls":20},0,0,0,0,0,0,0,0,0,0,0,0,0,0,0,0,0,0]
["7.1.2","25mm",{"$nulls":3}," ",{"$nulls":20},0,0,0,0,0,0,0,0,0,0,0,0,0,0,0,0,0,0]
[null,"       Supply","m",{"v":23164,"d":"23,164"},{"v":2.9,"d":"2.90"},{"$f":"$D1140*E1140","v":{"v":67175.59999999999,"d":"67,175.60"}},{"$nulls":19},{"$f":"SUM(G1140:Y1140)","v":0},0,0,0,0,0,0,0,0,0,0,0,0,0,0,0,0,0,0,{"$f":"+E1140*Z1140","v":{"v":0,"d":"0.00"}}]
[null,"       Install","m",{"v":23164,"d":"23,164"},{"v":7,"d":"7.00"},{"$f":"$D1141*E1141","v":{"v":162148,"d":"162,148.00"}},{"$nulls":6},{"$f":"16+24+48+24","v":112},{"$f":"60+24+2","v":86},{"$f":"24+40+24","v":88},8,{"$f":"40+24+32+48+20+24","v":188},{"$f":"24+16","v":40},8,{"$nulls":6},{"$f":"SUM(G1141:Y1141)","v":530},0,0,0,0,0,0,784,602,616,56,{"v":1316,"d":"1,316"},280,56,0,0,0,0,{"v":3710,"d":"3,710"},{"$f":"+E1141*Z1141","v":{"v":3710,"d":"3,710.00"}}]
[{"$nulls":5}," ",{"$nulls":20},0,0,0,0,0,0,0,0,0,0,0,0,0,0,0,0,0,0]
["7.1.3","32mm",{"$nulls":3}," ",{"$nulls":20},0,0,0,0,0,0,0,0,0,0,0,0,0,0,0,0,0,0]
[null,"       Supply","m",{"v":11582,"d":"11,582"},5.51,{"$f":"$D1144*E1144","v":{"v":63816.82,"d":"63,816.82"}},{"$nulls":19},{"$f":"SUM(G1144:Y1144)","v":0},0,0,0,0,0,0,0,0,0,0,0,0,0,0,0,0,0,0,{"$f":"+E1144*Z1144","v":{"v":0,"d":"0.00"}}]
[null,"       Install","m",{"v":11582,"d":"11,582"},{"v":9,"d":"9.00"},{"$f":"$D1145*E1145","v":{"v":104238,"d":"104,238.00"}},{"$nulls":8},24,null,null,4,4,{"$nulls":6},{"$f":"SUM(G1145:Y1145)","v":32},0,0,0,0,0,0,0,0,216,0,0,36,36,0,0,0,0,288,{"$f":"+E1145*Z1145","v":{"v":288,"d":"288.00"}}]
[{"$nulls":5}," ",{"$nulls":20},0,0,0,0,0,0,0,0,0,0,0,0,0,0,0,0,0,0]
[{"v":7.2,"d":"7.20"},"Galvanised metal conduit chased into brickwork, cast in concrete or fixed on trusses in ceiling void including cutting, bending, reaming, setting, joining, draw boxes and  fixing material (average).",{"$nulls":24},0,0,0,0,0,0,0,0,0,0,0,0,0,0,0,0,0,0]
[{"$nulls":26},0,0,0,0,0,0,0,0,0,0,0,0,0,0,0,0,0,0]
["7.2.1","20mm",{"$nulls":24},0,0,0,0,0,0,0,0,0,0,0,0,0,0,0,0,0,0]
[null,"       Supply","m",{"v":11582,"d":"11,582"},12.84,{"$f":"$D1150*E1150","v":{"v":148712.88,"d":"148,712.88"}},{"$nulls":19},{"$f":"SUM(G1150:Y1150)","v":0},0,0,0,0,0,0,0,0,0,0,0,0,0,0,0,0,0,0,{"$f":"+E1150*Z1150","v":{"v":0,"d":"0.00"}}]
[null,"       Install","m",{"$f":"D1150","v":{"v":11582,"d":"11,582"}},{"v":7,"d":"7.00"},{"$f":"$D1151*E1151","v":{"v":81074,"d":"81,074.00"}},{"$nulls":5},4,4,{"$nulls":7},12,{"$nulls":3},4,{"$f":"SUM(G1151:Y1151)","v":24},0,0,0,0,0,28,28,0,0,0,0,0,0,0,0,0,28,84,{"$f":"+E1151*Z1151","v":{"v":168,"d":"168.00"}}]
[{"$nulls":5}," ",{"$nulls":20},0,0,0,0,0,0,0,0,0,0,0,0,0,0,0,0,0,0]
["7.2.2","25mm",{"$nulls":3}," ",{"$nulls":20},0,0,0,0,0,0,0,0,0,0,0,0,0,0,0,0,0,0]
[null,"       Supply","m",{"v":5791,"d":"5,791"},18.79,{"$f":"$D1154*E1154","v":{"v":108812.89,"d":"108,812.89"}},{"$nulls":19},{"$f":"SUM(G1154:Y1154)","v":0},0,0,0,0,0,0,0,0,0,0,0,0,0,0,0,0,0,0,{"$f":"+E1154*Z1154","v":{"v":0,"d":"0.00"}}]
[null,"       Install","m",{"$f":"D1154","v":{"v":5791,"d":"5,791"}},{"v":9,"d":"9.00"},{"$f":"$D1155*E1155","v":{"v":52119,"d":"52,119.00"}},{"$nulls":19},{"$f":"SUM(G1155:Y1155)","v":0},0,0,0,0,0,0,0,0,0,0,0,0,0,0,0,0,0,0,{"$f":"+E1155*Z1155","v":{"v":0,"d":"0.00"}}]
[{"$nulls":5}," ",{"$nulls":20},0,0,0,0,0,0,0,0,0,0,0,0,0,0,0,0,0,0]
["7.2.3","32mm",{"$nulls":3}," ",{"$nulls":20},0,0,0,0,0,0,0,0,0,0,0,0,0,0,0,0,0,0]
[null,"       Supply","m",{"v":5791,"d":"5,791"},24.42,{"$f":"$D1158*E1158","v":{"v":141416.22,"d":"141,416.22"}},{"$nulls":19},{"$f":"SUM(G1158:Y1158)","v":0},0,0,0,0,0,0,0,0,0,0,0,0,0,0,0,0,0,0,{"$f":"+E1158*Z1158","v":{"v":0,"d":"0.00"}}]
[null,"       Install","m",{"v":5791,"d":"5,791"},{"v":11,"d":"11.00"},{"$f":"$D1159*E1159","v":{"v":63701,"d":"63,701.00"}},{"$nulls":19},{"$f":"SUM(G1159:Y1159)","v":0},0,0,0,0,0,0,0,0,0,0,0,0,0,0,0,0,0,0,{"$f":"+E1159*Z1159","v":{"v":0,"d":"0.00"}}]
[{"$nulls":26},0,0,0,0,0,0,0,0,0,0,0,0,0,0,0,0,0,0]
[{"v":7.3,"d":"7.30"},"Conduit Boxes",{"$nulls":24},0,0,0,0,0,0,0,0,0,0,0,0,0,0,0,0,0,0]
[" ","Round PVC box for 20mm conduit, back or side entry for 1, 2, 3 or 4-way chased into brickwork, cast into concrete or fixed in trusses including couplings bushes cover plates and fixing materials (average rate)",{"$nulls":24},0,0,0,0,0,0,0,0,0,0,0,0,0,0,0,0,0,0]
[{"$nulls":26},0,0,0,0,0,0,0,0,0,0,0,0,0,0,0,0,0,0]
["7.3.1","20mm  PVC round box",{"$nulls":24},0,0,0,0,0,0,0,0,0,0,0,0,0,0,0,0,0,0]
[" ","       Supply","each",{"v":10076,"d":"10,076"},2.29,{"$f":"$D1165*E1165","v":{"v":23074.04,"d":"23,074.04"}},null,null,5,{"$nulls":5},27,null,27,4,9,{"$nulls":4},9,18,{"$f":"SUM(G1165:Y1165)","v":99},0,0,{"v":11.45,"d":"11"},0,0,0,0,0,{"v":61.83,"d":"62"},0,{"v":61.83,"d":"62"},{"v":9.16,"d":"9"},{"v":20.61,"d":"21"},0,0,{"v":20.61,"d":"21"},{"v":41.22,"d":"41"},{"v":226.71,"d":"227"},{"$f":"+E1165*Z1165","v":226.71}]
[null,"       Install","each",{"v":10076,"d":"10,076"},{"v":5,"d":"5.00"},{"$f":"$D1166*E1166","v":{"v":50380,"d":"50,380.00"}},null,null,5,{"$nulls":5},{"$f":"12+13+2","v":27},null,{"$f":"39+6+10+10+30+10+3+7+2+15+1+3+1+1","v":138},4,{"$f":"3+6","v":9},{"$nulls":4},{"$f":"5+4","v":9},18,{"$f":"SUM(G1166:Y1166)","v":210},0,0,25,0,0,0,0,0,135,0,690,20,45,0,0,45,90,{"v":1050,"d":"1,050"},{"$f":"+E1166*Z1166","v":{"v":1050,"d":"1,050.00"}}]
[{"$nulls":5}," ",{"$nulls":20},0,0,0,0,0,0,0,0,0,0,0,0,0,0,0,0,0,0]
["7.3.2","25mm  PVC round box",{"$nulls":3}," ",{"$nulls":20},0,0,0,0,0,0,0,0,0,0,0,0,0,0,0,0,0,0]
[" ","       Supply","each",{"v":10076,"d":"10,076"},2.89,{"$f":"$D1169*E1169","v":{"v":29119.640000000003,"d":"29,119.64"}},{"$nulls":19},{"$f":"SUM(G1169:Y1169)","v":0},0,0,0,0,0,0,0,0,0,0,0,0,0,0,0,0,0,0,{"$f":"+E1169*Z1169","v":{"v":0,"d":"0.00"}}]
[null,"       Install","each",{"v":10076,"d":"10,076"},{"v":5,"d":"5.00"},{"$f":"$D1170*E1170","v":{"v":50380,"d":"50,380.00"}},null,null,1,{"$nulls":3},{"$f":"6+2","v":8},{"$nulls":3},{"$f":"10+10+1+6+29+4+4+1","v":65},2,{"$f":"6+2","v":8},{"$nulls":6},{"$f":"SUM(G1170:Y1170)","v":84},0,0,5,0,0,0,40,0,0,0,325,10,40,0,0,0,0,420,{"$f":"+E1170*Z1170","v":{"v":420,"d":"420.00"}}]
[{"$nulls":5}," ",{"$nulls":20},0,0,0,0,0,0,0,0,0,0,0,0,0,0,0,0,0,0]
[{"v":7.4,"d":"7.40"},"PVC boxes with 20mm knockouts as specified chased into brickwork.",{"$nulls":3}," ",{"$nulls":20},0,0,0,0,0,0,0,0,0,0,0,0,0,0,0,0,0,0]
[{"$nulls":5}," ",{"$nulls":20},0,0,0,0,0,0,0,0,0,0,0,0,0,0,0,0,0,0]
["7.4.1","100mm x 50mm x 50mm",null," ",null," ",{"$nulls":20},0,0,0,0,0,0,0,0,0,0,0,0,0,0,0,0,0,0]
[null,"       Supply","each",680,2.42,{"$f":"$D1175*E1175","v":{"v":1645.6,"d":"1,645.60"}},{"$nulls":19},{"$f":"SUM(G1175:Y1175)","v":0},0,0,0,0,0,0,0,0,0,0,0,0,0,0,0,0,0,0,{"$f":"+E1175*Z1175","v":{"v":0,"d":"0.00"}}]
[null,"       Install","each",{"$f":"D1175","v":680},{"v":5,"d":"5.00"},{"$f":"$D1176*E1176","v":{"v":3400,"d":"3,400.00"}},{"$nulls":6},{"$f":"3+3","v":6},null,4,null,{"$f":"2+2+4+10+4+1+1","v":24},{"$f":"6+4","v":10},null,null,1,null,null,1,null,{"$f":"SUM(G1176:Y1176)","v":46},0,0,0,0,0,0,30,0,20,0,120,50,0,0,0,5,0,225,{"$f":"+E1176*Z1176","v":{"v":230,"d":"230.00"}}]
[{"$nulls":5}," ",{"$nulls":20},0,0,0,0,0,0,0,0,0,0,0,0,0,0,0,0,0,0]
["7.4.2","100mm x 100mm x 50mm",{"$nulls":3}," ",{"$nulls":20},0,0,0,0,0,0,0,0,0,0,0,0,0,0,0,0,0,0]
[null,"       Supply","each",{"v":12254,"d":"12,254"},3.08,{"$f":"$D1179*E1179","v":{"v":37742.32,"d":"37,742.32"}},{"$nulls":19},{"$f":"SUM(G1179:Y1179)","v":0},0,0,0,0,0,0,0,0,0,0,0,0,0,0,0,0,0,0,{"$f":"+E1179*Z1179","v":{"v":0,"d":"0.00"}}]
[null,"       Install","each",{"v":12254,"d":"12,254"},{"v":5,"d":"5.00"},{"$f":"$D1180*E1180","v":{"v":61270,"d":"61,270.00"}},{"$nulls":6},{"$f":"4+4+5+2","v":15},4,null,1,{"$f":"4+1+2+1+2","v":10},12,{"$nulls":5},2,null,{"$f":"SUM(G1180:Y1180)","v":44},0,0,0,0,0,0,75,20,0,5,50,60,0,0,0,10,0,220,{"$f":"+E1180*Z1180","v":{"v":220,"d":"220.00"}}]
[{"$nulls":5}," "]
[{"$nulls":3}," "]
[null,"Amount Carried Forward ",{"$nulls":3},{"$f":"SUM(F1131:F1182)","v":{"v":1896031.3599999999,"d":"1,896,031.36"}},{"$nulls":38},{"$f":"SUM(AS1131:AS1182)","v":{"v":9477.71,"d":"9,477.71"}}]
[]
["MAIN HOSPITAL ELECTRICAL INSTALLATION"]
["CECILIA MAKIWANE HOSPITAL : PHASE 4C"]
[]
[{"$f":"A1128","v":"BILL NO. 7 : CONDUITS AND EQUIPMENT (SMME PACKAGE No5)"}]
["ITEM","DESCRIPTION","UNIT","QTY","RATE","TENDER AMOUNT","A-LV05","B-LV04","D-LV03","E1-LV03","E2","F1","F2","G1","G2","H1","H2","J1","J2","J3","Substation","G/House",null,"N","Other","Total Qty","A","B","D","E1","E2","F1","F2","G1","G2","H1","H2","J1","J2","J3","K","N","Other","Total Amount","Total Claimed"]
[null,"AMOUNT CARRIED FORWARD FROM PREVIOUS BILL",{"$nulls":3},{"$f":"F1183","v":{"v":1896031.3599999999,"d":"1,896,031.36"}},{"$nulls":38},{"$f":"AS1183","v":{"v":9477.71,"d":"9,477.71"}}]
[]
[]
["7.4.3","50mm Galvanised round box"]
[null,"       Supply","each",{"v":6127,"d":"6,127"},31.69,{"$f":"$D1194*E1194","v":{"v":194164.63,"d":"194,164.63"}},{"$nulls":19},{"$f":"SUM(G1194:Y1194)","v":0},{"$f":"G1194*E1194","v":0},{"$f":"H1194*E1194","v":0},{"$f":"I1194*E1194","v":0},{"$f":"J1194*E1194","v":0},{"$f":"K1194*E1194","v":0},{"$f":"L1194*E1194","v":0},{"$f":"+M1194*E1194","v":0},{"$f":"N1194*E1194","v":0},{"$f":"O1194*E1194","v":0},{"$f":"P1194*E1194","v":0},{"$f":"Q1194*E1194","v":0},{"$f":"R1194*E1194","v":0},{"$f":"S1194*E1194","v":0},{"$f":"T1194*E1194","v":0},{"$f":"W1194*E1194","v":0},{"$f":"X1194*E1194","v":0},{"$f":"Y1194*E1194","v":0},{"$f":"SUM(AA1194:AQ1194)","v":0},{"$f":"+E1194*Z1194","v":{"v":0,"d":"0.00"}}]
[null,"       Install","each",{"v":6127,"d":"6,127"},{"v":6,"d":"6.00"},{"v":36762,"d":"36,762.00"},{"$nulls":19},{"$f":"SUM(G1195:Y1195)","v":0},{"$f":"G1195*E1195","v":0},{"$f":"H1195*E1195","v":0},{"$f":"I1195*E1195","v":0},{"$f":"J1195*E1195","v":0},{"$f":"K1195*E1195","v":0},{"$f":"L1195*E1195","v":0},{"$f":"+M1195*E1195","v":0},{"$f":"N1195*E1195","v":0},{"$f":"O1195*E1195","v":0},{"$f":"P1195*E1195","v":0},{"$f":"Q1195*E1195","v":0},{"$f":"R1195*E1195","v":0},{"$f":"S1195*E1195","v":0},{"$f":"T1195*E1195","v":0},{"$f":"W1195*E1195","v":0},{"$f":"X1195*E1195","v":0},{"$f":"Y1195*E1195","v":0},{"$f":"SUM(AA1195:AQ1195)","v":0},{"$f":"+E1195*Z1195","v":{"v":0,"d":"0.00"}}]
[]
[7.5,"Galvanised steel boxes with 20mm knockouts as specified chased into brickwork."]
[]
["7.5.1","275mm x 66mm x 62mm Single Tier Wall Retic Multi Box",{"$nulls":24},{"$f":"G1199*E1199","v":0},{"$f":"H1199*E1199","v":0},{"$f":"I1199*E1199","v":0},{"$f":"J1199*E1199","v":0},{"$f":"K1199*E1199","v":0},{"$f":"L1199*E1199","v":0},{"$f":"+M1199*E1199","v":0},{"$f":"N1199*E1199","v":0},{"$f":"O1199*E1199","v":0},{"$f":"P1199*E1199","v":0},{"$f":"Q1199*E1199","v":0},{"$f":"R1199*E1199","v":0},{"$f":"S1199*E1199","v":0},{"$f":"T1199*E1199","v":0},{"$f":"W1199*E1199","v":0},{"$f":"X1199*E1199","v":0},{"$f":"Y1199*E1199","v":0},0]
[null,"       Supply","each",205,{"v":112.9,"d":"112.90"},{"v":23144.5,"d":"23,144.50"},{"$nulls":19},0,{"$f":"G1200*E1200","v":0},{"$f":"H1200*E1200","v":0},{"$f":"I1200*E1200","v":0},{"$f":"J1200*E1200","v":0},{"$f":"K1200*E1200","v":0},{"$f":"L1200*E1200","v":0},{"$f":"+M1200*E1200","v":0},{"$f":"N1200*E1200","v":0},{"$f":"O1200*E1200","v":0},{"$f":"P1200*E1200","v":0},{"$f":"Q1200*E1200","v":0},{"$f":"R1200*E1200","v":0},{"$f":"S1200*E1200","v":0},{"$f":"T1200*E1200","v":0},{"$f":"W1200*E1200","v":0},{"$f":"X1200*E1200","v":0},{"$f":"Y1200*E1200","v":0},0,{"$f":"+E1200*Z1200","v":{"v":0,"d":"0.00"}}]
[null,"       Install","each",205,{"v":30,"d":"30.00"},{"v":6150,"d":"6,150.00"},{"$nulls":6},1,{"$nulls":12},1,{"$f":"G1201*E1201","v":0},{"$f":"H1201*E1201","v":0},{"$f":"I1201*E1201","v":0},{"$f":"J1201*E1201","v":0},{"$f":"K1201*E1201","v":0},{"$f":"L1201*E1201","v":0},{"$f":"+M1201*E1201","v":30},{"$f":"N1201*E1201","v":0},{"$f":"O1201*E1201","v":0},{"$f":"P1201*E1201","v":0},{"$f":"Q1201*E1201","v":0},{"$f":"R1201*E1201","v":0},{"$f":"S1201*E1201","v":0},{"$f":"T1201*E1201","v":0},{"$f":"W1201*E1201","v":0},{"$f":"X1201*E1201","v":0},{"$f":"Y1201*E1201","v":0},30,{"$f":"+E1201*Z1201","v":{"v":30,"d":"30.00"}}]
[{"$nulls":5}," "]
["7.5.2","100mm x 50mm x 50mm",{"$nulls":3}," "]
[null,"       Supply","each",617,2.87,{"v":1770.79,"d":"1,770.79"},{"$nulls":19},0,{"$f":"G1204*E1204","v":0},{"$f":"H1204*E1204","v":0},{"$f":"I1204*E1204","v":0},{"$f":"J1204*E1204","v":0},{"$f":"K1204*E1204","v":0},{"$f":"L1204*E1204","v":0},{"$f":"+M1204*E1204","v":0},{"$f":"N1204*E1204","v":0},{"$f":"O1204*E1204","v":0},{"$f":"P1204*E1204","v":0},{"$f":"Q1204*E1204","v":0},{"$f":"R1204*E1204","v":0},{"$f":"S1204*E1204","v":0},{"$f":"T1204*E1204","v":0},{"$f":"W1204*E1204","v":0},{"$f":"X1204*E1204","v":0},{"$f":"Y1204*E1204","v":0},0,{"$f":"+E1204*Z1204","v":{"v":0,"d":"0.00"}}]
[null,"       Install","each",617,{"v":6,"d":"6.00"},{"v":3702,"d":"3,702.00"},{"$nulls":19},0,{"$f":"G1205*E1205","v":0},{"$f":"H1205*E1205","v":0},{"$f":"I1205*E1205","v":0},{"$f":"J1205*E1205","v":0},{"$f":"K1205*E1205","v":0},{"$f":"L1205*E1205","v":0},{"$f":"+M1205*E1205","v":0},{"$f":"N1205*E1205","v":0},{"$f":"O1205*E1205","v":0},{"$f":"P1205*E1205","v":0},{"$f":"Q1205*E1205","v":0},{"$f":"R1205*E1205","v":0},{"$f":"S1205*E1205","v":0},{"$f":"T1205*E1205","v":0},{"$f":"W1205*E1205","v":0},{"$f":"X1205*E1205","v":0},{"$f":"Y1205*E1205","v":0},0,{"$f":"+E1205*Z1205","v":{"v":0,"d":"0.00"}}]
[{"$nulls":5}," "]
["7.5.3","100mm x 100mm x 50mm",{"$nulls":3}," "]
[null,"       Supply","each",{"v":1234,"d":"1,234"},3.64,{"v":4491.76,"d":"4,491.76"},{"$nulls":19},0,{"$f":"G1208*E1208","v":0},{"$f":"H1208*E1208","v":0},{"$f":"I1208*E1208","v":0},{"$f":"J1208*E1208","v":0},{"$f":"K1208*E1208","v":0},{"$f":"L1208*E1208","v":0},{"$f":"+M1208*E1208","v":0},{"$f":"N1208*E1208","v":0},{"$f":"O1208*E1208","v":0},{"$f":"P1208*E1208","v":0},{"$f":"Q1208*E1208","v":0},{"$f":"R1208*E1208","v":0},{"$f":"S1208*E1208","v":0},{"$f":"T1208*E1208","v":0},{"$f":"W1208*E1208","v":0},{"$f":"X1208*E1208","v":0},{"$f":"Y1208*E1208","v":0},0,{"$f":"+E1208*Z1208","v":{"v":0,"d":"0.00"}}]
[null,"       Install","each",{"v":1234,"d":"1,234"},{"v":6,"d":"6.00"},{"v":7404,"d":"7,404.00"},{"$nulls":19},0,{"$f":"G1209*E1209","v":0},{"$f":"H1209*E1209","v":0},{"$f":"I1209*E1209","v":0},{"$f":"J1209*E1209","v":0},{"$f":"K1209*E1209","v":0},{"$f":"L1209*E1209","v":0},{"$f":"+M1209*E1209","v":0},{"$f":"N1209*E1209","v":0},{"$f":"O1209*E1209","v":0},{"$f":"P1209*E1209","v":0},{"$f":"Q1209*E1209","v":0},{"$f":"R1209*E1209","v":0},{"$f":"S1209*E1209","v":0},{"$f":"T1209*E1209","v":0},{"$f":"W1209*E1209","v":0},{"$f":"X1209*E1209","v":0},{"$f":"Y1209*E1209","v":0},0,{"$f":"+E1209*Z1209","v":{"v":0,"d":"0.00"}}]
["7.5.4","300mm X  300mm Galvanised Bonding Tray with Lid",{"$nulls":3}," "]
[null,"       Supply","each",140,{"v":129,"d":"129.00"},{"v":18060,"d":"18,060.00"},{"$nulls":19},0,{"$f":"G1211*E1211","v":0},{"$f":"H1211*E1211","v":0},{"$f":"I1211*E1211","v":0},{"$f":"J1211*E1211","v":0},{"$f":"K1211*E1211","v":0},{"$f":"L1211*E1211","v":0},{"$f":"+M1211*E1211","v":0},{"$f":"N1211*E1211","v":0},{"$f":"O1211*E1211","v":0},{"$f":"P1211*E1211","v":0},{"$f":"Q1211*E1211","v":0},{"$f":"R1211*E1211","v":0},{"$f":"S1211*E1211","v":0},{"$f":"T1211*E1211","v":0},{"$f":"W1211*E1211","v":0},{"$f":"X1211*E1211","v":0},{"$f":"Y1211*E1211","v":0},0,{"$f":"+E1211*Z1211","v":{"v":0,"d":"0.00"}}]
[null,"       Install","each",140,{"v":30,"d":"30.00"},{"v":4200,"d":"4,200.00"},{"$nulls":19},0,{"$f":"G1212*E1212","v":0},{"$f":"H1212*E1212","v":0},{"$f":"I1212*E1212","v":0},{"$f":"J1212*E1212","v":0},{"$f":"K1212*E1212","v":0},{"$f":"L1212*E1212","v":0},{"$f":"+M1212*E1212","v":0},{"$f":"N1212*E1212","v":0},{"$f":"O1212*E1212","v":0},{"$f":"P1212*E1212","v":0},{"$f":"Q1212*E1212","v":0},{"$f":"R1212*E1212","v":0},{"$f":"S1212*E1212","v":0},{"$f":"T1212*E1212","v":0},{"$f":"W1212*E1212","v":0},{"$f":"X1212*E1212","v":0},{"$f":"Y1212*E1212","v":0},0,{"$f":"+E1212*Z1212","v":{"v":0,"d":"0.00"}}]
[{"$nulls":5}," "]
["7.5.5","600mm X  600mm Galvanised Bonding Tray with Lid",{"$nulls":3}," "]
[null,"       Supply","each",80,{"v":344,"d":"344.00"},{"v":27520,"d":"27,520.00"},{"$nulls":19},0,{"$f":"G1215*E1215","v":0},{"$f":"H1215*E1215","v":0},{"$f":"I1215*E1215","v":0},{"$f":"J1215*E1215","v":0},{"$f":"K1215*E1215","v":0},{"$f":"L1215*E1215","v":0},{"$f":"+M1215*E1215","v":0},{"$f":"N1215*E1215","v":0},{"$f":"O1215*E1215","v":0},{"$f":"P1215*E1215","v":0},{"$f":"Q1215*E1215","v":0},{"$f":"R1215*E1215","v":0},{"$f":"S1215*E1215","v":0},{"$f":"T1215*E1215","v":0},{"$f":"W1215*E1215","v":0},{"$f":"X1215*E1215","v":0},{"$f":"Y1215*E1215","v":0},0,{"$f":"+E1215*Z1215","v":{"v":0,"d":"0.00"}}]
[null,"       Install","each",80,{"v":450,"d":"450.00"},{"v":36000,"d":"36,000.00"},{"$nulls":19},0,{"$f":"G1216*E1216","v":0},{"$f":"H1216*E1216","v":0},{"$f":"I1216*E1216","v":0},{"$f":"J1216*E1216","v":0},{"$f":"K1216*E1216","v":0},{"$f":"L1216*E1216","v":0},{"$f":"+M1216*E1216","v":0},{"$f":"N1216*E1216","v":0},{"$f":"O1216*E1216","v":0},{"$f":"P1216*E1216","v":0},{"$f":"Q1216*E1216","v":0},{"$f":"R1216*E1216","v":0},{"$f":"S1216*E1216","v":0},{"$f":"T1216*E1216","v":0},{"$f":"W1216*E1216","v":0},{"$f":"X1216*E1216","v":0},{"$f":"Y1216*E1216","v":0},0,{"$f":"+E1216*Z1216","v":{"v":0,"d":"0.00"}}]
[{"$nulls":5}," "]
["7.5.6","900mm X  900mm Galvanised Bonding Tray with Lid",{"$nulls":3}," "]
[null,"       Supply","each",60,{"v":645,"d":"645.00"},{"v":38700,"d":"38,700.00"},{"$nulls":19},0,{"$f":"G1219*E1219","v":0},{"$f":"H1219*E1219","v":0},{"$f":"I1219*E1219","v":0},{"$f":"J1219*E1219","v":0},{"$f":"K1219*E1219","v":0},{"$f":"L1219*E1219","v":0},{"$f":"+M1219*E1219","v":0},{"$f":"N1219*E1219","v":0},{"$f":"O1219*E1219","v":0},{"$f":"P1219*E1219","v":0},{"$f":"Q1219*E1219","v":0},{"$f":"R1219*E1219","v":0},{"$f":"S1219*E1219","v":0},{"$f":"T1219*E1219","v":0},{"$f":"W1219*E1219","v":0},{"$f":"X1219*E1219","v":0},{"$f":"Y1219*E1219","v":0},0,{"$f":"+E1219*Z1219","v":{"v":0,"d":"0.00"}}]
[null,"       Install","each",60,{"v":650,"d":"650.00"},{"v":39000,"d":"39,000.00"},{"$nulls":19},0,{"$f":"G1220*E1220","v":0},{"$f":"H1220*E1220","v":0},{"$f":"I1220*E1220","v":0},{"$f":"J1220*E1220","v":0},{"$f":"K1220*E1220","v":0},{"$f":"L1220*E1220","v":0},{"$f":"+M1220*E1220","v":0},{"$f":"N1220*E1220","v":0},{"$f":"O1220*E1220","v":0},{"$f":"P1220*E1220","v":0},{"$f":"Q1220*E1220","v":0},{"$f":"R1220*E1220","v":0},{"$f":"S1220*E1220","v":0},{"$f":"T1220*E1220","v":0},{"$f":"W1220*E1220","v":0},{"$f":"X1220*E1220","v":0},{"$f":"Y1220*E1220","v":0},0,{"$f":"+E1220*Z1220","v":{"v":0,"d":"0.00"}}]
[{"$nulls":5}," "]
["7.5.7","Bedhead Ducting back entry Boxes suitable for 3 compartment HU 10 Bed head Duct",{"$nulls":3}," "]
[null,"       Supply","each",600,{"v":167,"d":"167.00"},{"v":100200,"d":"100,200.00"},{"$nulls":19},0,{"$f":"G1223*E1223","v":0},{"$f":"H1223*E1223","v":0},{"$f":"I1223*E1223","v":0},{"$f":"J1223*E1223","v":0},{"$f":"K1223*E1223","v":0},{"$f":"L1223*E1223","v":0},{"$f":"+M1223*E1223","v":0},{"$f":"N1223*E1223","v":0},{"$f":"O1223*E1223","v":0},{"$f":"P1223*E1223","v":0},{"$f":"Q1223*E1223","v":0},{"$f":"R1223*E1223","v":0},{"$f":"S1223*E1223","v":0},{"$f":"T1223*E1223","v":0},{"$f":"W1223*E1223","v":0},{"$f":"X1223*E1223","v":0},{"$f":"Y1223*E1223","v":0},0,{"$f":"+E1223*Z1223","v":{"v":0,"d":"0.00"}}]
[null,"       Install","each",{"$f":"D1223","v":600},{"v":20,"d":"20.00"},{"v":12000,"d":"12,000.00"},{"$nulls":19},0,{"$f":"G1224*E1224","v":0},{"$f":"H1224*E1224","v":0},{"$f":"I1224*E1224","v":0},{"$f":"J1224*E1224","v":0},{"$f":"K1224*E1224","v":0},{"$f":"L1224*E1224","v":0},{"$f":"+M1224*E1224","v":0},{"$f":"N1224*E1224","v":0},{"$f":"O1224*E1224","v":0},{"$f":"P1224*E1224","v":0},{"$f":"Q1224*E1224","v":0},{"$f":"R1224*E1224","v":0},{"$f":"S1224*E1224","v":0},{"$f":"T1224*E1224","v":0},{"$f":"W1224*E1224","v":0},{"$f":"X1224*E1224","v":0},{"$f":"Y1224*E1224","v":0},0,{"$f":"+E1224*Z1224","v":{"v":0,"d":"0.00"}}]
[{"$nulls":5}," "]
[{"v":7.6,"d":"7.60"},"Mentoring and Management",{"$nulls":3}," "]
[null,"A percentage of the SMME Package amoiunt to provide the Mentoring and Management of the SMME Contractors","%",1,{"v":2449290.32,"d":"2,449,290.32"},{"$f":"E1227/100*2.5","v":{"v":61232.257999999994,"d":"61,232.26"}},{"$nulls":19},0,{"$f":"G1227*E1227","v":0},{"$f":"H1227*E1227","v":0},{"$f":"I1227*E1227","v":0},{"$f":"J1227*E1227","v":0},{"$f":"K1227*E1227","v":0},{"$f":"L1227*E1227","v":0},{"$f":"+M1227*E1227","v":0},{"$f":"N1227*E1227","v":0},{"$f":"O1227*E1227","v":0},{"$f":"P1227*E1227","v":0},{"$f":"Q1227*E1227","v":0},{"$f":"R1227*E1227","v":0},{"$f":"S1227*E1227","v":0},{"$f":"T1227*E1227","v":0},{"$f":"W1227*E1227","v":0},{"$f":"X1227*E1227","v":0},{"$f":"Y1227*E1227","v":0},0,{"$f":"+E1227*Z1227","v":{"v":0,"d":"0.00"}}]
[]
[]
[null,"TOTAL CARRIED FORWARD TO SUMMARY PAGE",{"$nulls":3},{"$f":"SUM(F1190:F1228)","v":{"v":2510533.2979999995,"d":"2,510,533.30"}},{"$nulls":38},{"$f":"SUM(AS1190:AS1228)","v":{"v":9507.71,"d":"9,507.71"}}]
[]
["MAIN HOSPITAL ELECTRICAL INSTALLATION"]
["CECILIA MAKIWANE HOSPITAL : PHASE 4C"]
[]
["BILL NO. 8 : CONDUCTORS (SMME PACKAGE No 6)"]
["ITEM","DESCRIPTION","UNIT","QTY","RATE","TENDER AMOUNT","A-LV05","B-LV04","D-LV03","E1-LV03","E2","F1","F2","G1","G2","H1","H2","J1","J2","J3","Substation","G/House",null,"N","Other","Total Qty","A","B","D","E1","E2","F1","F2","G1","G2","H1","H2","J1","J2","J3","K","N","Other","Total Amount","Total Claimed"]
[]
[]
[{"v":8.1,"d":"8.10"},"Conductors"]
[" ","600/1000 grade PVC insulated single core copper"]
[null,"conductors drawn into conduit"]
[]
["8.1.1","1,5mm² red/black"]
[null,"       Supply","m",{"v":297696,"d":"297,696"},1.33,{"$f":"$D1244*E1244","v":{"v":395935.68,"d":"395,935.68"}},{"$nulls":19},{"$f":"SUM(G1244:Y1244)","v":0},{"$f":"G1244*E1244","v":0},{"$f":"H1244*E1244","v":0},{"$f":"I1244*E1244","v":0},{"$f":"J1244*E1244","v":0},{"$f":"K1244*E1244","v":0},{"$f":"L1244*E1244","v":0},{"$f":"+M1244*E1244","v":0},{"$f":"N1244*E1244","v":0},{"$f":"O1244*E1244","v":0},{"$f":"P1244*E1244","v":0},{"$f":"Q1244*E1244","v":0},{"$f":"R1244*E1244","v":0},{"$f":"S1244*E1244","v":0},{"$f":"T1244*E1244","v":0},{"$f":"W1244*E1244","v":0},{"$f":"X1244*E1244","v":0},{"$f":"Y1244*E1244","v":0},{"$f":"SUM(AA1244:AQ1244)","v":0},{"$f":"+E1244*Z1244","v":{"v":0,"d":"0.00"}}]
[null,"       Install","m",{"v":297696,"d":"297,696"},{"v":1,"d":"1.00"},{"v":297696,"d":"297,696.00"},{"$nulls":19},{"$f":"SUM(G1245:Y1245)","v":0},0,0,0,0,0,0,0,0,0,0,0,0,0,0,0,0,0,{"$f":"SUM(AA1245:AQ1245)","v":0},{"$f":"+E1245*Z1245","v":{"v":0,"d":"0.00"}}]
[{"$nulls":5}," ",{"$nulls":20},0,0,0,0,0,0,0,0,0,0,0,0,0,0,0,0,0,0]
["8.1.2","2,5mm² red/black/Yellow-Green",{"$nulls":3}," ",{"$nulls":20},0,0,0,0,0,0,0,0,0,0,0,0,0,0,0,0,0,0]
[null,"       Supply","m",{"v":147048,"d":"147,048"},2.03,{"v":298507.43999999994,"d":"298,507.44"},{"$nulls":7},{"v":2000,"d":"2,000"},{"v":7000,"d":"7,000"},null,{"v":9000,"d":"9,000"},null,{"v":3500,"d":"3,500"},null,{"v":1000,"d":"1,000"},{"$nulls":3},{"v":2000,"d":"2,000"},{"$f":"SUM(G1248:Y1248)","v":{"v":24500,"d":"24,500"}},0,0,0,0,0,0,0,{"v":4059.9999999999995,"d":"4,060"},{"v":14209.999999999998,"d":"14,210"},0,{"v":18270,"d":"18,270"},0,{"v":7104.999999999999,"d":"7,105"},0,0,0,{"v":4059.9999999999995,"d":"4,060"},{"v":47705,"d":"47,705"},{"$f":"+E1248*Z1248","v":{"v":49734.99999999999,"d":"49,735.00"}}]
[null,"       Install","m",{"v":147048,"d":"147,048"},{"v":1.2,"d":"1.20"},{"v":176457.6,"d":"176,457.60"},{"$nulls":7},200,{"$f":"400+300","v":700},null,{"$f":"500+100+400+100+500+300+800+300+300+400+200","v":{"v":3900,"d":"3,900"}},null,{"$f":"500+100+200+300+200+200+100+100+100+200+100+200","v":{"v":2300,"d":"2,300"}},null,400,{"$nulls":3},{"$f":"65*3+100+100+600+200","v":{"v":1195,"d":"1,195"}},{"$f":"SUM(G1249:Y1249)","v":{"v":8695,"d":"8,695"}},0,0,0,0,0,0,0,240,840,0,{"v":4680,"d":"4,680"},0,{"v":2760,"d":"2,760"},0,0,0,{"v":1434,"d":"1,434"},{"v":9954,"d":"9,954"},{"$f":"+E1249*Z1249","v":{"v":10434,"d":"10,434.00"}}]
[{"$nulls":5}," ",{"$nulls":20},0,0,0,0,0,0,0,0,0,0,0,0,0,0,0,0,0,0]
["8.1.3","4.0mm² red/black/Yellow-Green",{"$nulls":3}," ",{"$nulls":20},0,0,0,0,0,0,0,0,0,0,0,0,0,0,0,0,0,0]
[null,"       Supply","m",{"v":290016,"d":"290,016"},3.43,{"v":994754.88,"d":"994,754.88"},{"$nulls":10},{"v":1200,"d":"1,200"},null,{"v":4800,"d":"4,800"},{"$nulls":4},200,400,{"$f":"SUM(G1252:Y1252)","v":{"v":6600,"d":"6,600"}},0,0,0,0,0,0,0,0,0,0,{"v":4116,"d":"4,116"},0,{"v":16464,"d":"16,464"},0,0,686,{"v":1372,"d":"1,372"},{"v":22638,"d":"22,638"},{"$f":"+E1252*Z1252","v":{"v":22638,"d":"22,638.00"}}]
[null,"       Install","m",{"$f":"D1252","v":{"v":290016,"d":"290,016"}},{"v":1.4,"d":"1.40"},{"v":406022.39999999997,"d":"406,022.40"},{"$nulls":10},{"$f":"200+100+200+200+400","v":{"v":1100,"d":"1,100"}},null,{"$f":"200+400+600+400+700+400+200+200+200+200+400+200+100+100+200+200+100","v":{"v":4800,"d":"4,800"}},{"$nulls":4},100,200,{"$f":"SUM(G1253:Y1253)","v":{"v":6200,"d":"6,200"}},0,0,0,0,0,0,0,0,0,0,{"v":1540,"d":"1,540"},0,{"v":6720,"d":"6,720"},0,0,140,280,{"v":8680,"d":"8,680"},{"$f":"+E1253*Z1253","v":{"v":8680,"d":"8,680.00"}}]
[{"$nulls":5}," ",{"$nulls":20},0,0,0,0,0,0,0,0,0,0,0,0,0,0,0,0,0,0]
["8.1.4","6.0mm² red/black/Yellow-Green",{"$nulls":3}," ",{"$nulls":20},0,0,0,0,0,0,0,0,0,0,0,0,0,0,0,0,0,0]
[null,"       Supply","m",{"v":39213,"d":"39,213"},4.96,{"v":194496.48,"d":"194,496.48"},{"$nulls":19},{"$f":"SUM(G1256:Y1256)","v":0},0,0,0,0,0,0,0,0,0,0,0,0,0,0,0,0,0,0,{"$f":"+E1256*Z1256","v":{"v":0,"d":"0.00"}}]
[null,"       Install","m",{"$f":"D1256","v":{"v":39213,"d":"39,213"}},{"v":1.6,"d":"1.60"},{"v":62740.8,"d":"62,740.80"},{"$nulls":19},{"$f":"SUM(G1257:Y1257)","v":0},0,0,0,0,0,0,0,0,0,0,0,0,0,0,0,0,0,0,{"$f":"+E1257*Z1257","v":{"v":0,"d":"0.00"}}]
[{"$nulls":5}," "]
["8.1.5","10.0mm² red/black/Yellow-Green",{"$nulls":3}," "]
[null,"       Supply","m",{"v":19606,"d":"19,606"},8.24,{"v":161553.44,"d":"161,553.44"},{"$nulls":19},{"$f":"SUM(G1260:Y1260)","v":0},{"$f":"G1260*E1260","v":0},{"$f":"H1260*E1260","v":0},{"$f":"I1260*E1260","v":0},{"$f":"J1260*E1260","v":0},{"$f":"K1260*E1260","v":0},{"$f":"L1260*E1260","v":0},{"$f":"+M1260*E1260","v":0},{"$f":"N1260*E1260","v":0},{"$f":"O1260*E1260","v":0},{"$f":"P1260*E1260","v":0},{"$f":"Q1260*E1260","v":0},{"$f":"R1260*E1260","v":0},{"$f":"S1260*E1260","v":0},{"$f":"T1260*E1260","v":0},{"$f":"W1260*E1260","v":0},{"$f":"X1260*E1260","v":0},{"$f":"Y1260*E1260","v":0},0,{"$f":"+E1260*Z1260","v":{"v":0,"d":"0.00"}}]
[null,"       Install","m",{"v":19606,"d":"19,606"},{"v":1.7,"d":"1.70"},{"v":33330.2,"d":"33,330.20"},{"$nulls":19},{"$f":"SUM(G1261:Y1261)","v":0},{"$f":"G1261*E1261","v":0},{"$f":"H1261*E1261","v":0},{"$f":"I1261*E1261","v":0},{"$f":"J1261*E1261","v":0},{"$f":"K1261*E1261","v":0},{"$f":"L1261*E1261","v":0},{"$f":"+M1261*E1261","v":0},{"$f":"N1261*E1261","v":0},{"$f":"O1261*E1261","v":0},{"$f":"P1261*E1261","v":0},{"$f":"Q1261*E1261","v":0},{"$f":"R1261*E1261","v":0},{"$f":"S1261*E1261","v":0},{"$f":"T1261*E1261","v":0},{"$f":"W1261*E1261","v":0},{"$f":"X1261*E1261","v":0},{"$f":"Y1261*E1261","v":0},0,{"$f":"+E1261*Z1261","v":{"v":0,"d":"0.00"}}]
[{"$nulls":5}," "]
["8.1.6","16.0mm² red/black/Yellow-Green",null," ",null," "]
[null,"       Supply","m",{"v":14400,"d":"14,400"},{"v":12.5,"d":"12.50"},{"v":180000,"d":"180,000.00"},{"$nulls":19},{"$f":"SUM(G1264:Y1264)","v":0},{"$f":"G1264*E1264","v":0},{"$f":"H1264*E1264","v":0},{"$f":"I1264*E1264","v":0},{"$f":"J1264*E1264","v":0},{"$f":"K1264*E1264","v":0},{"$f":"L1264*E1264","v":0},{"$f":"+M1264*E1264","v":0},{"$f":"N1264*E1264","v":0},{"$f":"O1264*E1264","v":0},{"$f":"P1264*E1264","v":0},{"$f":"Q1264*E1264","v":0},{"$f":"R1264*E1264","v":0},{"$f":"S1264*E1264","v":0},{"$f":"T1264*E1264","v":0},{"$f":"W1264*E1264","v":0},{"$f":"X1264*E1264","v":0},{"$f":"Y1264*E1264","v":0},0,{"$f":"+E1264*Z1264","v":{"v":0,"d":"0.00"}}]
[null,"       Install","m",{"v":14400,"d":"14,400"},{"v":1.8,"d":"1.80"},{"v":25920,"d":"25,920.00"},{"$nulls":19},{"$f":"SUM(G1265:Y1265)","v":0},{"$f":"G1265*E1265","v":0},{"$f":"H1265*E1265","v":0},{"$f":"I1265*E1265","v":0},{"$f":"J1265*E1265","v":0},{"$f":"K1265*E1265","v":0},{"$f":"L1265*E1265","v":0},{"$f":"+M1265*E1265","v":0},{"$f":"N1265*E1265","v":0},{"$f":"O1265*E1265","v":0},{"$f":"P1265*E1265","v":0},{"$f":"Q1265*E1265","v":0},{"$f":"R1265*E1265","v":0},{"$f":"S1265*E1265","v":0},{"$f":"T1265*E1265","v":0},{"$f":"W1265*E1265","v":0},{"$f":"X1265*E1265","v":0},{"$f":"Y1265*E1265","v":0},0,{"$f":"+E1265*Z1265","v":{"v":0,"d":"0.00"}}]
[{"$nulls":5}," "]
["8.1.7","25mm² red/black/Yellow-Green",{"$nulls":3}," "]
[null,"       Supply","m",{"v":6800,"d":"6,800"},{"v":22.5,"d":"22.50"},{"v":153000,"d":"153,000.00"},{"$nulls":19},{"$f":"SUM(G1268:Y1268)","v":0},{"$f":"G1268*E1268","v":0},{"$f":"H1268*E1268","v":0},{"$f":"I1268*E1268","v":0},{"$f":"J1268*E1268","v":0},{"$f":"K1268*E1268","v":0},{"$f":"L1268*E1268","v":0},{"$f":"+M1268*E1268","v":0},{"$f":"N1268*E1268","v":0},{"$f":"O1268*E1268","v":0},{"$f":"P1268*E1268","v":0},{"$f":"Q1268*E1268","v":0},{"$f":"R1268*E1268","v":0},{"$f":"S1268*E1268","v":0},{"$f":"T1268*E1268","v":0},{"$f":"W1268*E1268","v":0},{"$f":"X1268*E1268","v":0},{"$f":"Y1268*E1268","v":0},0,{"$f":"+E1268*Z1268","v":{"v":0,"d":"0.00"}}]
[null,"       Install","m",{"$f":"D1268","v":{"v":6800,"d":"6,800"}},1.85,{"v":12580,"d":"12,580.00"},{"$nulls":19},{"$f":"SUM(G1269:Y1269)","v":0},{"$f":"G1269*E1269","v":0},{"$f":"H1269*E1269","v":0},{"$f":"I1269*E1269","v":0},{"$f":"J1269*E1269","v":0},{"$f":"K1269*E1269","v":0},{"$f":"L1269*E1269","v":0},{"$f":"+M1269*E1269","v":0},{"$f":"N1269*E1269","v":0},{"$f":"O1269*E1269","v":0},{"$f":"P1269*E1269","v":0},{"$f":"Q1269*E1269","v":0},{"$f":"R1269*E1269","v":0},{"$f":"S1269*E1269","v":0},{"$f":"T1269*E1269","v":0},{"$f":"W1269*E1269","v":0},{"$f":"X1269*E1269","v":0},{"$f":"Y1269*E1269","v":0},0,{"$f":"+E1269*Z1269","v":{"v":0,"d":"0.00"}}]
[{"$nulls":5}," "]
["8.1.8","50mm² red/black/Yellow-Green",{"$nulls":3}," "]
[null,"       Supply","m",{"v":8500,"d":"8,500"},41.48,{"v":352580,"d":"352,580.00"},{"$nulls":19},{"$f":"SUM(G1272:Y1272)","v":0},{"$f":"G1272*E1272","v":0},{"$f":"H1272*E1272","v":0},{"$f":"I1272*E1272","v":0},{"$f":"J1272*E1272","v":0},{"$f":"K1272*E1272","v":0},{"$f":"L1272*E1272","v":0},{"$f":"+M1272*E1272","v":0},{"$f":"N1272*E1272","v":0},{"$f":"O1272*E1272","v":0},{"$f":"P1272*E1272","v":0},{"$f":"Q1272*E1272","v":0},{"$f":"R1272*E1272","v":0},{"$f":"S1272*E1272","v":0},{"$f":"T1272*E1272","v":0},{"$f":"W1272*E1272","v":0},{"$f":"X1272*E1272","v":0},{"$f":"Y1272*E1272","v":0},0,{"$f":"+E1272*Z1272","v":{"v":0,"d":"0.00"}}]
[null,"       Install","m",{"$f":"D1272","v":{"v":8500,"d":"8,500"}},{"v":1.9,"d":"1.90"},{"v":16150,"d":"16,150.00"},{"$nulls":19},{"$f":"SUM(G1273:Y1273)","v":0},{"$f":"G1273*E1273","v":0},{"$f":"H1273*E1273","v":0},{"$f":"I1273*E1273","v":0},{"$f":"J1273*E1273","v":0},{"$f":"K1273*E1273","v":0},{"$f":"L1273*E1273","v":0},{"$f":"+M1273*E1273","v":0},{"$f":"N1273*E1273","v":0},{"$f":"O1273*E1273","v":0},{"$f":"P1273*E1273","v":0},{"$f":"Q1273*E1273","v":0},{"$f":"R1273*E1273","v":0},{"$f":"S1273*E1273","v":0},{"$f":"T1273*E1273","v":0},{"$f":"W1273*E1273","v":0},{"$f":"X1273*E1273","v":0},{"$f":"Y1273*E1273","v":0},0,{"$f":"+E1273*Z1273","v":{"v":0,"d":"0.00"}}]
[{"$nulls":5}," "]
["8.1.9","70mm² red/black/Yellow-Green",null," ",null," "]
[null,"       Supply","m",{"v":4580,"d":"4,580"},58.83,{"v":269441.39999999997,"d":"269,441.40"},{"$nulls":19},{"$f":"SUM(G1276:Y1276)","v":0},{"$f":"G1276*E1276","v":0},{"$f":"H1276*E1276","v":0},{"$f":"I1276*E1276","v":0},{"$f":"J1276*E1276","v":0},{"$f":"K1276*E1276","v":0},{"$f":"L1276*E1276","v":0},{"$f":"+M1276*E1276","v":0},{"$f":"N1276*E1276","v":0},{"$f":"O1276*E1276","v":0},{"$f":"P1276*E1276","v":0},{"$f":"Q1276*E1276","v":0},{"$f":"R1276*E1276","v":0},{"$f":"S1276*E1276","v":0},{"$f":"T1276*E1276","v":0},{"$f":"W1276*E1276","v":0},{"$f":"X1276*E1276","v":0},{"$f":"Y1276*E1276","v":0},0,{"$f":"+E1276*Z1276","v":{"v":0,"d":"0.00"}}]
[null,"       Install","m",{"$f":"D1276","v":{"v":4580,"d":"4,580"}},{"v":2,"d":"2.00"},{"v":9160,"d":"9,160.00"},{"$nulls":10},38,{"$nulls":7},471,{"$f":"SUM(G1277:Y1277)","v":509},{"$f":"G1277*E1277","v":0},{"$f":"H1277*E1277","v":0},{"$f":"I1277*E1277","v":0},{"$f":"J1277*E1277","v":0},{"$f":"K1277*E1277","v":0},{"$f":"L1277*E1277","v":0},{"$f":"+M1277*E1277","v":0},{"$f":"N1277*E1277","v":0},{"$f":"O1277*E1277","v":0},{"$f":"P1277*E1277","v":0},{"$f":"Q1277*E1277","v":76},{"$f":"R1277*E1277","v":0},{"$f":"S1277*E1277","v":0},{"$f":"T1277*E1277","v":0},{"$f":"W1277*E1277","v":0},{"$f":"X1277*E1277","v":0},{"$f":"Y1277*E1277","v":942},{"v":1018,"d":"1,018"},{"$f":"+E1277*Z1277","v":{"v":1018,"d":"1,018.00"}}]
[{"$nulls":5}," "]
[{"v":8.2,"d":"8.20"},"Mentoring and Management"]
[null,"A percentage of the SMME Package amoiunt to provide the Mentoring and Management of the SMME Contractors","%",1,{"v":4040328.98,"d":"4,040,328.98"},{"$f":"E1280*2.5%","v":{"v":101008.22450000001,"d":"101,008.22"}},{"$nulls":19},{"$f":"SUM(G1280:Y1280)","v":0},{"$f":"G1280*E1280","v":0},{"$f":"H1280*E1280","v":0},{"$f":"I1280*E1280","v":0},{"$f":"J1280*E1280","v":0},{"$f":"K1280*E1280","v":0},{"$f":"L1280*E1280","v":0},{"$f":"+M1280*E1280","v":0},{"$f":"N1280*E1280","v":0},{"$f":"O1280*E1280","v":0},{"$f":"P1280*E1280","v":0},{"$f":"Q1280*E1280","v":0},{"$f":"R1280*E1280","v":0},{"$f":"S1280*E1280","v":0},{"$f":"T1280*E1280","v":0},{"$f":"W1280*E1280","v":0},{"$f":"X1280*E1280","v":0},{"$f":"Y1280*E1280","v":0},0,{"$f":"+E1280*Z1280","v":{"v":0,"d":"0.00"}}]
[]
[]
[null,"TOTAL CARRIED FORWARD TO SUMMARY PAGE",{"$nulls":3},{"$f":"SUM(F1238:F1282)","v":{"v":4141334.5445,"d":"4,141,334.54"}},{"$nulls":38},{"$f":"SUM(AS1238:AS1282)","v":{"v":92505,"d":"92,505.00"}}]
[]
["MAIN HOSPITAL ELECTRICAL INSTALLATION"]
["CECILIA MAKIWANE HOSPITAL : PHASE 4C"]
[]
["BILL NO. 9 : POWER RETICULATION EQUIPMENT (SMME PACKAGE No 7)"]
["ITEM","DESCRIPTION","UNIT","QTY","RATE","TENDER AMOUNT","A-LV05","B-LV04","D-LV03","E1-LV03","E2","F1","F2","G1","G2","H1","H2","J1","J2","J3","Substation","G/House",null,"N","Other","Total Qty","A","B","D","E1","E2","F1","F2","G1","G2","H1","H2","J1","J2","J3","K","N","Other","Total Amount","Total Claimed"]
[]
[]
[9.1,"Cable Trays"]
[null,"Cabstrut 600mm wide medium duty hot dipped galvanised welded wire mesh cable tray including splice clamps, hold down saddles, suspesion rods complete"]
[" ","       Supply","m",{"$f":"161+1304+420+1586","v":{"v":3471,"d":"3,471"}},53.21,{"$f":"$D1294*E1294","v":{"v":184691.91,"d":"184,691.91"}},{"$nulls":19},{"$f":"SUM(G1294:Y1294)","v":0},{"$f":"G1294*E1294","v":0},{"$f":"H1294*E1294","v":0},{"$f":"I1294*E1294","v":0},{"$f":"J1294*E1294","v":0},{"$f":"K1294*E1294","v":0},{"$f":"L1294*E1294","v":0},{"$f":"+M1294*E1294","v":0},{"$f":"N1294*E1294","v":0},{"$f":"O1294*E1294","v":0},{"$f":"P1294*E1294","v":0},{"$f":"Q1294*E1294","v":0},{"$f":"R1294*E1294","v":0},{"$f":"S1294*E1294","v":0},{"$f":"T1294*E1294","v":0},{"$f":"W1294*E1294","v":0},{"$f":"X1294*E1294","v":0},{"$f":"Y1294*E1294","v":0},{"$f":"SUM(AA1294:AQ1294)","v":0},{"$f":"+E1294*Z1294","v":{"v":0,"d":"0.00"}}]
[null,"       Install","m",{"$f":"D1294","v":{"v":3471,"d":"3,471"}},{"v":39,"d":"39.00"},{"v":135369,"d":"135,369.00"},{"$nulls":19},{"$f":"SUM(G1295:Y1295)","v":0},{"$f":"G1295*E1295","v":0},{"$f":"H1295*E1295","v":0},{"$f":"I1295*E1295","v":0},{"$f":"J1295*E1295","v":0},{"$f":"K1295*E1295","v":0},{"$f":"L1295*E1295","v":0},{"$f":"+M1295*E1295","v":0},{"$f":"N1295*E1295","v":0},{"$f":"O1295*E1295","v":0},{"$f":"P1295*E1295","v":0},{"$f":"Q1295*E1295","v":0},{"$f":"R1295*E1295","v":0},{"$f":"S1295*E1295","v":0},{"$f":"T1295*E1295","v":0},{"$f":"W1295*E1295","v":0},{"$f":"X1295*E1295","v":0},{"$f":"Y1295*E1295","v":0},{"$f":"SUM(AA1295:AQ1295)","v":0},{"$f":"+E1295*Z1295","v":{"v":0,"d":"0.00"}}]
[{"$nulls":5}," "]
["9.1.1","90 degrees Horizontal elbow",{"$nulls":3}," "]
[null,"       Supply","each",56,181.95,{"v":10189.199999999999,"d":"10,189.20"},{"$nulls":19},0,{"$f":"G1298*E1298","v":0},{"$f":"H1298*E1298","v":0},{"$f":"I1298*E1298","v":0},{"$f":"J1298*E1298","v":0},{"$f":"K1298*E1298","v":0},{"$f":"L1298*E1298","v":0},{"$f":"+M1298*E1298","v":0},{"$f":"N1298*E1298","v":0},{"$f":"O1298*E1298","v":0},{"$f":"P1298*E1298","v":0},{"$f":"Q1298*E1298","v":0},{"$f":"R1298*E1298","v":0},{"$f":"S1298*E1298","v":0},{"$f":"T1298*E1298","v":0},{"$f":"W1298*E1298","v":0},{"$f":"X1298*E1298","v":0},{"$f":"Y1298*E1298","v":0},0,{"$f":"+E1298*Z1298","v":{"v":0,"d":"0.00"}}]
[null,"       Install","each",{"$f":"D1298","v":56},{"v":120,"d":"120.00"},{"v":6720,"d":"6,720.00"},{"$nulls":19},0,{"$f":"G1299*E1299","v":0},{"$f":"H1299*E1299","v":0},{"$f":"I1299*E1299","v":0},{"$f":"J1299*E1299","v":0},{"$f":"K1299*E1299","v":0},{"$f":"L1299*E1299","v":0},{"$f":"+M1299*E1299","v":0},{"$f":"N1299*E1299","v":0},{"$f":"O1299*E1299","v":0},{"$f":"P1299*E1299","v":0},{"$f":"Q1299*E1299","v":0},{"$f":"R1299*E1299","v":0},{"$f":"S1299*E1299","v":0},{"$f":"T1299*E1299","v":0},{"$f":"W1299*E1299","v":0},{"$f":"X1299*E1299","v":0},{"$f":"Y1299*E1299","v":0},0,{"$f":"+E1299*Z1299","v":{"v":0,"d":"0.00"}}]
[{"$nulls":5}," "]
["9.1.2","Tee piece",{"$nulls":3}," "]
[null,"       Supply","each",23,341.46,{"v":7853.58,"d":"7,853.58"},{"$nulls":19},0,{"$f":"G1302*E1302","v":0},{"$f":"H1302*E1302","v":0},{"$f":"I1302*E1302","v":0},{"$f":"J1302*E1302","v":0},{"$f":"K1302*E1302","v":0},{"$f":"L1302*E1302","v":0},{"$f":"+M1302*E1302","v":0},{"$f":"N1302*E1302","v":0},{"$f":"O1302*E1302","v":0},{"$f":"P1302*E1302","v":0},{"$f":"Q1302*E1302","v":0},{"$f":"R1302*E1302","v":0},{"$f":"S1302*E1302","v":0},{"$f":"T1302*E1302","v":0},{"$f":"W1302*E1302","v":0},{"$f":"X1302*E1302","v":0},{"$f":"Y1302*E1302","v":0},0,{"$f":"+E1302*Z1302","v":{"v":0,"d":"0.00"}}]
[null,"       Install","each",{"$f":"D1302","v":23},{"v":160,"d":"160.00"},{"v":3680,"d":"3,680.00"},{"$nulls":19},0,{"$f":"G1303*E1303","v":0},{"$f":"H1303*E1303","v":0},{"$f":"I1303*E1303","v":0},{"$f":"J1303*E1303","v":0},{"$f":"K1303*E1303","v":0},{"$f":"L1303*E1303","v":0},{"$f":"+M1303*E1303","v":0},{"$f":"N1303*E1303","v":0},{"$f":"O1303*E1303","v":0},{"$f":"P1303*E1303","v":0},{"$f":"Q1303*E1303","v":0},{"$f":"R1303*E1303","v":0},{"$f":"S1303*E1303","v":0},{"$f":"T1303*E1303","v":0},{"$f":"W1303*E1303","v":0},{"$f":"X1303*E1303","v":0},{"$f":"Y1303*E1303","v":0},0,{"$f":"+E1303*Z1303","v":{"v":0,"d":"0.00"}}]
[{"$nulls":3}," ",null," "]
["9.1.3","4 Way Cross Over",{"$nulls":3}," "]
[null,"       Supply","each",18,403.95,{"v":7271.099999999999,"d":"7,271.10"},{"$nulls":19},0,{"$f":"G1306*E1306","v":0},{"$f":"H1306*E1306","v":0},{"$f":"I1306*E1306","v":0},{"$f":"J1306*E1306","v":0},{"$f":"K1306*E1306","v":0},{"$f":"L1306*E1306","v":0},{"$f":"+M1306*E1306","v":0},{"$f":"N1306*E1306","v":0},{"$f":"O1306*E1306","v":0},{"$f":"P1306*E1306","v":0},{"$f":"Q1306*E1306","v":0},{"$f":"R1306*E1306","v":0},{"$f":"S1306*E1306","v":0},{"$f":"T1306*E1306","v":0},{"$f":"W1306*E1306","v":0},{"$f":"X1306*E1306","v":0},{"$f":"Y1306*E1306","v":0},0,{"$f":"+E1306*Z1306","v":{"v":0,"d":"0.00"}}]
[null,"       Install","each",{"$f":"D1306","v":18},{"v":200,"d":"200.00"},{"v":3600,"d":"3,600.00"},{"$nulls":19},0,{"$f":"G1307*E1307","v":0},{"$f":"H1307*E1307","v":0},{"$f":"I1307*E1307","v":0},{"$f":"J1307*E1307","v":0},{"$f":"K1307*E1307","v":0},{"$f":"L1307*E1307","v":0},{"$f":"+M1307*E1307","v":0},{"$f":"N1307*E1307","v":0},{"$f":"O1307*E1307","v":0},{"$f":"P1307*E1307","v":0},{"$f":"Q1307*E1307","v":0},{"$f":"R1307*E1307","v":0},{"$f":"S1307*E1307","v":0},{"$f":"T1307*E1307","v":0},{"$f":"W1307*E1307","v":0},{"$f":"X1307*E1307","v":0},{"$f":"Y1307*E1307","v":0},0,{"$f":"+E1307*Z1307","v":{"v":0,"d":"0.00"}}]
[{"$nulls":5}," "]
["9.1.4","External dropper",{"$nulls":3}," "]
[null,"       Supply","each",58,140.37,{"v":8141.46,"d":"8,141.46"},{"$nulls":19},0,{"$f":"G1310*E1310","v":0},{"$f":"H1310*E1310","v":0},{"$f":"I1310*E1310","v":0},{"$f":"J1310*E1310","v":0},{"$f":"K1310*E1310","v":0},{"$f":"L1310*E1310","v":0},{"$f":"+M1310*E1310","v":0},{"$f":"N1310*E1310","v":0},{"$f":"O1310*E1310","v":0},{"$f":"P1310*E1310","v":0},{"$f":"Q1310*E1310","v":0},{"$f":"R1310*E1310","v":0},{"$f":"S1310*E1310","v":0},{"$f":"T1310*E1310","v":0},{"$f":"W1310*E1310","v":0},{"$f":"X1310*E1310","v":0},{"$f":"Y1310*E1310","v":0},0,{"$f":"+E1310*Z1310","v":{"v":0,"d":"0.00"}}]
[null,"       Install","each",{"$f":"D1310","v":58},{"v":120,"d":"120.00"},{"v":6960,"d":"6,960.00"},{"$nulls":19},0,{"$f":"G1311*E1311","v":0},{"$f":"H1311*E1311","v":0},{"$f":"I1311*E1311","v":0},{"$f":"J1311*E1311","v":0},{"$f":"K1311*E1311","v":0},{"$f":"L1311*E1311","v":0},{"$f":"+M1311*E1311","v":0},{"$f":"N1311*E1311","v":0},{"$f":"O1311*E1311","v":0},{"$f":"P1311*E1311","v":0},{"$f":"Q1311*E1311","v":0},{"$f":"R1311*E1311","v":0},{"$f":"S1311*E1311","v":0},{"$f":"T1311*E1311","v":0},{"$f":"W1311*E1311","v":0},{"$f":"X1311*E1311","v":0},{"$f":"Y1311*E1311","v":0},0,{"$f":"+E1311*Z1311","v":{"v":0,"d":"0.00"}}]
[{"$nulls":5}," "]
["9.1.5","Internal Riser",{"$nulls":3}," "]
[null,"       Supply","each",12,140.37,{"v":1684.44,"d":"1,684.44"},{"$nulls":19},0,{"$f":"G1314*E1314","v":0},{"$f":"H1314*E1314","v":0},{"$f":"I1314*E1314","v":0},{"$f":"J1314*E1314","v":0},{"$f":"K1314*E1314","v":0},{"$f":"L1314*E1314","v":0},{"$f":"+M1314*E1314","v":0},{"$f":"N1314*E1314","v":0},{"$f":"O1314*E1314","v":0},{"$f":"P1314*E1314","v":0},{"$f":"Q1314*E1314","v":0},{"$f":"R1314*E1314","v":0},{"$f":"S1314*E1314","v":0},{"$f":"T1314*E1314","v":0},{"$f":"W1314*E1314","v":0},{"$f":"X1314*E1314","v":0},{"$f":"Y1314*E1314","v":0},0,{"$f":"+E1314*Z1314","v":{"v":0,"d":"0.00"}}]
[null,"       Install","each",{"$f":"D1314","v":12},{"v":140,"d":"140.00"},{"v":1680,"d":"1,680.00"},{"$nulls":19},0,{"$f":"G1315*E1315","v":0},{"$f":"H1315*E1315","v":0},{"$f":"I1315*E1315","v":0},{"$f":"J1315*E1315","v":0},{"$f":"K1315*E1315","v":0},{"$f":"L1315*E1315","v":0},{"$f":"+M1315*E1315","v":0},{"$f":"N1315*E1315","v":0},{"$f":"O1315*E1315","v":0},{"$f":"P1315*E1315","v":0},{"$f":"Q1315*E1315","v":0},{"$f":"R1315*E1315","v":0},{"$f":"S1315*E1315","v":0},{"$f":"T1315*E1315","v":0},{"$f":"W1315*E1315","v":0},{"$f":"X1315*E1315","v":0},{"$f":"Y1315*E1315","v":0},0,{"$f":"+E1315*Z1315","v":{"v":0,"d":"0.00"}}]
[{"$nulls":5}," "]
["9.1.6","P2000 Angle Hanger Bracket complete for size of Mesh using P1458 angle brackets.",{"$nulls":3}," "]
[null,"       Supply","each",{"$f":"347","v":347},42.68,{"v":14809.96,"d":"14,809.96"},{"$nulls":19},0,{"$f":"G1318*E1318","v":0},{"$f":"H1318*E1318","v":0},{"$f":"I1318*E1318","v":0},{"$f":"J1318*E1318","v":0},{"$f":"K1318*E1318","v":0},{"$f":"L1318*E1318","v":0},{"$f":"+M1318*E1318","v":0},{"$f":"N1318*E1318","v":0},{"$f":"O1318*E1318","v":0},{"$f":"P1318*E1318","v":0},{"$f":"Q1318*E1318","v":0},{"$f":"R1318*E1318","v":0},{"$f":"S1318*E1318","v":0},{"$f":"T1318*E1318","v":0},{"$f":"W1318*E1318","v":0},{"$f":"X1318*E1318","v":0},{"$f":"Y1318*E1318","v":0},0,{"$f":"+E1318*Z1318","v":{"v":0,"d":"0.00"}}]
[null,"       Install","each",{"$f":"D1318","v":347},{"v":60,"d":"60.00"},{"v":20820,"d":"20,820.00"},{"$nulls":19},0,{"$f":"G1319*E1319","v":0},{"$f":"H1319*E1319","v":0},{"$f":"I1319*E1319","v":0},{"$f":"J1319*E1319","v":0},{"$f":"K1319*E1319","v":0},{"$f":"L1319*E1319","v":0},{"$f":"+M1319*E1319","v":0},{"$f":"N1319*E1319","v":0},{"$f":"O1319*E1319","v":0},{"$f":"P1319*E1319","v":0},{"$f":"Q1319*E1319","v":0},{"$f":"R1319*E1319","v":0},{"$f":"S1319*E1319","v":0},{"$f":"T1319*E1319","v":0},{"$f":"W1319*E1319","v":0},{"$f":"X1319*E1319","v":0},{"$f":"Y1319*E1319","v":0},0,{"$f":"+E1319*Z1319","v":{"v":0,"d":"0.00"}}]
[{"$nulls":5}," "]
["9.1.7","P2000 Hanger Bracket complete with 600mm Threaded Rods,  Etc"," ",null,null," "]
[null,"       Supply","each",{"$f":"D1318","v":347},15.96,{"v":5538.12,"d":"5,538.12"},{"$nulls":19},0,{"$f":"G1322*E1322","v":0},{"$f":"H1322*E1322","v":0},{"$f":"I1322*E1322","v":0},{"$f":"J1322*E1322","v":0},{"$f":"K1322*E1322","v":0},{"$f":"L1322*E1322","v":0},{"$f":"+M1322*E1322","v":0},{"$f":"N1322*E1322","v":0},{"$f":"O1322*E1322","v":0},{"$f":"P1322*E1322","v":0},{"$f":"Q1322*E1322","v":0},{"$f":"R1322*E1322","v":0},{"$f":"S1322*E1322","v":0},{"$f":"T1322*E1322","v":0},{"$f":"W1322*E1322","v":0},{"$f":"X1322*E1322","v":0},{"$f":"Y1322*E1322","v":0},0,{"$f":"+E1322*Z1322","v":{"v":0,"d":"0.00"}}]
[null,"       Install","each",{"$f":"D1322","v":347},{"v":60,"d":"60.00"},{"v":20820,"d":"20,820.00"},{"$nulls":19},0,{"$f":"G1323*E1323","v":0},{"$f":"H1323*E1323","v":0},{"$f":"I1323*E1323","v":0},{"$f":"J1323*E1323","v":0},{"$f":"K1323*E1323","v":0},{"$f":"L1323*E1323","v":0},{"$f":"+M1323*E1323","v":0},{"$f":"N1323*E1323","v":0},{"$f":"O1323*E1323","v":0},{"$f":"P1323*E1323","v":0},{"$f":"Q1323*E1323","v":0},{"$f":"R1323*E1323","v":0},{"$f":"S1323*E1323","v":0},{"$f":"T1323*E1323","v":0},{"$f":"W1323*E1323","v":0},{"$f":"X1323*E1323","v":0},{"$f":"Y1323*E1323","v":0},0,{"$f":"+E1323*Z1323","v":{"v":0,"d":"0.00"}}]
[{"$nulls":5}," "]
["9.1.8","900x450x100 Power /Lighting DB Bonding Tray"," ",null,null," "]
[null,"       Supply","each",24,{"v":350,"d":"350.00"},{"v":8400,"d":"8,400.00"},{"$nulls":19},0,{"$f":"G1326*E1326","v":0},{"$f":"H1326*E1326","v":0},{"$f":"I1326*E1326","v":0},{"$f":"J1326*E1326","v":0},{"$f":"K1326*E1326","v":0},{"$f":"L1326*E1326","v":0},{"$f":"+M1326*E1326","v":0},{"$f":"N1326*E1326","v":0},{"$f":"O1326*E1326","v":0},{"$f":"P1326*E1326","v":0},{"$f":"Q1326*E1326","v":0},{"$f":"R1326*E1326","v":0},{"$f":"S1326*E1326","v":0},{"$f":"T1326*E1326","v":0},{"$f":"W1326*E1326","v":0},{"$f":"X1326*E1326","v":0},{"$f":"Y1326*E1326","v":0},0,{"$f":"+E1326*Z1326","v":{"v":0,"d":"0.00"}}]
[null,"       Install","each",{"$f":"D1326","v":24},{"v":650,"d":"650.00"},{"v":15600,"d":"15,600.00"},{"$nulls":19},0,{"$f":"G1327*E1327","v":0},{"$f":"H1327*E1327","v":0},{"$f":"I1327*E1327","v":0},{"$f":"J1327*E1327","v":0},{"$f":"K1327*E1327","v":0},{"$f":"L1327*E1327","v":0},{"$f":"+M1327*E1327","v":0},{"$f":"N1327*E1327","v":0},{"$f":"O1327*E1327","v":0},{"$f":"P1327*E1327","v":0},{"$f":"Q1327*E1327","v":0},{"$f":"R1327*E1327","v":0},{"$f":"S1327*E1327","v":0},{"$f":"T1327*E1327","v":0},{"$f":"W1327*E1327","v":0},{"$f":"X1327*E1327","v":0},{"$f":"Y1327*E1327","v":0},0,{"$f":"+E1327*Z1327","v":{"v":0,"d":"0.00"}}]
[{"$nulls":5}," "]
[9.2,"Cable Trays"]
[null,"Cabstrut 1000mm wide Heavy duty hot dipped galvanised welded wire mesh cable tray including splice clamps, hold down saddles, suspesion rods complete"]
[" ","       Supply","m",940,126.81,{"v":119201.40000000001,"d":"119,201.40"},{"$nulls":19},0,{"$f":"G1331*E1331","v":0},{"$f":"H1331*E1331","v":0},{"$f":"I1331*E1331","v":0},{"$f":"J1331*E1331","v":0},{"$f":"K1331*E1331","v":0},{"$f":"L1331*E1331","v":0},{"$f":"+M1331*E1331","v":0},{"$f":"N1331*E1331","v":0},{"$f":"O1331*E1331","v":0},{"$f":"P1331*E1331","v":0},{"$f":"Q1331*E1331","v":0},{"$f":"R1331*E1331","v":0},{"$f":"S1331*E1331","v":0},{"$f":"T1331*E1331","v":0},{"$f":"W1331*E1331","v":0},{"$f":"X1331*E1331","v":0},{"$f":"Y1331*E1331","v":0},0,{"$f":"+E1331*Z1331","v":{"v":0,"d":"0.00"}}]
[null,"       Install","m",{"$f":"D1331","v":940},{"v":49,"d":"49.00"},{"v":46060,"d":"46,060.00"},{"$nulls":19},0,{"$f":"G1332*E1332","v":0},{"$f":"H1332*E1332","v":0},{"$f":"I1332*E1332","v":0},{"$f":"J1332*E1332","v":0},{"$f":"K1332*E1332","v":0},{"$f":"L1332*E1332","v":0},{"$f":"+M1332*E1332","v":0},{"$f":"N1332*E1332","v":0},{"$f":"O1332*E1332","v":0},{"$f":"P1332*E1332","v":0},{"$f":"Q1332*E1332","v":0},{"$f":"R1332*E1332","v":0},{"$f":"S1332*E1332","v":0},{"$f":"T1332*E1332","v":0},{"$f":"W1332*E1332","v":0},{"$f":"X1332*E1332","v":0},{"$f":"Y1332*E1332","v":0},0,{"$f":"+E1332*Z1332","v":{"v":0,"d":"0.00"}}]
[{"$nulls":5}," "]
["9.2.1","90 degrees Horizontal elbow",{"$nulls":3}," "]
[null,"       Supply","each",12,496.47,{"v":5957.64,"d":"5,957.64"},{"$nulls":19},0,{"$f":"G1335*E1335","v":0},{"$f":"H1335*E1335","v":0},{"$f":"I1335*E1335","v":0},{"$f":"J1335*E1335","v":0},{"$f":"K1335*E1335","v":0},{"$f":"L1335*E1335","v":0},{"$f":"+M1335*E1335","v":0},{"$f":"N1335*E1335","v":0},{"$f":"O1335*E1335","v":0},{"$f":"P1335*E1335","v":0},{"$f":"Q1335*E1335","v":0},{"$f":"R1335*E1335","v":0},{"$f":"S1335*E1335","v":0},{"$f":"T1335*E1335","v":0},{"$f":"W1335*E1335","v":0},{"$f":"X1335*E1335","v":0},{"$f":"Y1335*E1335","v":0},0,{"$f":"+E1335*Z1335","v":{"v":0,"d":"0.00"}}]
[null,"       Install","each",{"$f":"D1335","v":12},{"v":140,"d":"140.00"},{"v":1680,"d":"1,680.00"},{"$nulls":19},0,{"$f":"G1336*E1336","v":0},{"$f":"H1336*E1336","v":0},{"$f":"I1336*E1336","v":0},{"$f":"J1336*E1336","v":0},{"$f":"K1336*E1336","v":0},{"$f":"L1336*E1336","v":0},{"$f":"+M1336*E1336","v":0},{"$f":"N1336*E1336","v":0},{"$f":"O1336*E1336","v":0},{"$f":"P1336*E1336","v":0},{"$f":"Q1336*E1336","v":0},{"$f":"R1336*E1336","v":0},{"$f":"S1336*E1336","v":0},{"$f":"T1336*E1336","v":0},{"$f":"W1336*E1336","v":0},{"$f":"X1336*E1336","v":0},{"$f":"Y1336*E1336","v":0},0,{"$f":"+E1336*Z1336","v":{"v":0,"d":"0.00"}}]
[{"$nulls":5}," "]
["9.2.2","Tee piece",{"$nulls":3}," "]
[null,"       Supply","each",6,660.96,{"v":3965.76,"d":"3,965.76"},{"$nulls":19},0,{"$f":"G1339*E1339","v":0},{"$f":"H1339*E1339","v":0},{"$f":"I1339*E1339","v":0},{"$f":"J1339*E1339","v":0},{"$f":"K1339*E1339","v":0},{"$f":"L1339*E1339","v":0},{"$f":"+M1339*E1339","v":0},{"$f":"N1339*E1339","v":0},{"$f":"O1339*E1339","v":0},{"$f":"P1339*E1339","v":0},{"$f":"Q1339*E1339","v":0},{"$f":"R1339*E1339","v":0},{"$f":"S1339*E1339","v":0},{"$f":"T1339*E1339","v":0},{"$f":"W1339*E1339","v":0},{"$f":"X1339*E1339","v":0},{"$f":"Y1339*E1339","v":0},0,{"$f":"+E1339*Z1339","v":{"v":0,"d":"0.00"}}]
[null,"       Install","each",{"$f":"D1339","v":6},{"v":180,"d":"180.00"},{"v":1080,"d":"1,080.00"},{"$nulls":19},0,{"$f":"G1340*E1340","v":0},{"$f":"H1340*E1340","v":0},{"$f":"I1340*E1340","v":0},{"$f":"J1340*E1340","v":0},{"$f":"K1340*E1340","v":0},{"$f":"L1340*E1340","v":0},{"$f":"+M1340*E1340","v":0},{"$f":"N1340*E1340","v":0},{"$f":"O1340*E1340","v":0},{"$f":"P1340*E1340","v":0},{"$f":"Q1340*E1340","v":0},{"$f":"R1340*E1340","v":0},{"$f":"S1340*E1340","v":0},{"$f":"T1340*E1340","v":0},{"$f":"W1340*E1340","v":0},{"$f":"X1340*E1340","v":0},{"$f":"Y1340*E1340","v":0},0,{"$f":"+E1340*Z1340","v":{"v":0,"d":"0.00"}}]
[{"$nulls":5}," "]
["9.2.3","4 Way Cross Over",{"$nulls":3}," "]
[null,"       Supply","each",4,854.16,{"v":3416.64,"d":"3,416.64"},{"$nulls":19},0,{"$f":"G1343*E1343","v":0},{"$f":"H1343*E1343","v":0},{"$f":"I1343*E1343","v":0},{"$f":"J1343*E1343","v":0},{"$f":"K1343*E1343","v":0},{"$f":"L1343*E1343","v":0},{"$f":"+M1343*E1343","v":0},{"$f":"N1343*E1343","v":0},{"$f":"O1343*E1343","v":0},{"$f":"P1343*E1343","v":0},{"$f":"Q1343*E1343","v":0},{"$f":"R1343*E1343","v":0},{"$f":"S1343*E1343","v":0},{"$f":"T1343*E1343","v":0},{"$f":"W1343*E1343","v":0},{"$f":"X1343*E1343","v":0},{"$f":"Y1343*E1343","v":0},0,{"$f":"+E1343*Z1343","v":{"v":0,"d":"0.00"}}]
[null,"       Install","each",{"$f":"D1343","v":4},{"v":220,"d":"220.00"},{"v":880,"d":"880.00"},{"$nulls":19},0,{"$f":"G1344*E1344","v":0},{"$f":"H1344*E1344","v":0},{"$f":"I1344*E1344","v":0},{"$f":"J1344*E1344","v":0},{"$f":"K1344*E1344","v":0},{"$f":"L1344*E1344","v":0},{"$f":"+M1344*E1344","v":0},{"$f":"N1344*E1344","v":0},{"$f":"O1344*E1344","v":0},{"$f":"P1344*E1344","v":0},{"$f":"Q1344*E1344","v":0},{"$f":"R1344*E1344","v":0},{"$f":"S1344*E1344","v":0},{"$f":"T1344*E1344","v":0},{"$f":"W1344*E1344","v":0},{"$f":"X1344*E1344","v":0},{"$f":"Y1344*E1344","v":0},0,{"$f":"+E1344*Z1344","v":{"v":0,"d":"0.00"}}]
[{"$nulls":5}," "]
["9.2.4","External dropper",null," ",null," "]
[null,"       Supply","each",4,{"v":338.4,"d":"338.40"},{"v":1353.6,"d":"1,353.60"},{"$nulls":19},0,{"$f":"G1347*E1347","v":0},{"$f":"H1347*E1347","v":0},{"$f":"I1347*E1347","v":0},{"$f":"J1347*E1347","v":0},{"$f":"K1347*E1347","v":0},{"$f":"L1347*E1347","v":0},{"$f":"+M1347*E1347","v":0},{"$f":"N1347*E1347","v":0},{"$f":"O1347*E1347","v":0},{"$f":"P1347*E1347","v":0},{"$f":"Q1347*E1347","v":0},{"$f":"R1347*E1347","v":0},{"$f":"S1347*E1347","v":0},{"$f":"T1347*E1347","v":0},{"$f":"W1347*E1347","v":0},{"$f":"X1347*E1347","v":0},{"$f":"Y1347*E1347","v":0},0,{"$f":"+E1347*Z1347","v":{"v":0,"d":"0.00"}}]
[null,"       Install","each",{"$f":"D1347","v":4},{"v":160,"d":"160.00"},{"v":640,"d":"640.00"},{"$nulls":19},0,{"$f":"G1348*E1348","v":0},{"$f":"H1348*E1348","v":0},{"$f":"I1348*E1348","v":0},{"$f":"J1348*E1348","v":0},{"$f":"K1348*E1348","v":0},{"$f":"L1348*E1348","v":0},{"$f":"+M1348*E1348","v":0},{"$f":"N1348*E1348","v":0},{"$f":"O1348*E1348","v":0},{"$f":"P1348*E1348","v":0},{"$f":"Q1348*E1348","v":0},{"$f":"R1348*E1348","v":0},{"$f":"S1348*E1348","v":0},{"$f":"T1348*E1348","v":0},{"$f":"W1348*E1348","v":0},{"$f":"X1348*E1348","v":0},{"$f":"Y1348*E1348","v":0},0,{"$f":"+E1348*Z1348","v":{"v":0,"d":"0.00"}}]
[{"$nulls":5}," "]
[null,"Amount Carried Forward ",{"$nulls":3},{"$f":"SUM(F1292:F1348)","v":{"v":648063.81,"d":"648,063.81"}},{"$nulls":38},{"$f":"SUM(AS1292:AS1348)","v":{"v":0,"d":"0.00"}}]
[]
["MAIN HOSPITAL ELECTRICAL INSTALLATION"]
["CECILIA MAKIWANE HOSPITAL : PHASE 4C"]
[]
[{"$f":"A1288","v":"BILL NO. 9 : POWER RETICULATION EQUIPMENT (SMME PACKAGE No 7)"}]
["ITEM","DESCRIPTION","UNIT","QTY","RATE","TENDER AMOUNT","A","B","D-LV03","E1-LV03","E2","F1","F2","G1","G2","H1","H2","J1","J2","J3","Substation","G/House",null,"N","Other","Total Qty","A","B","D","E1","E2","F1","F2","G1","G2","H1","H2","J1","J2","J3","K","N","Other","Total Amount","Total Claimed"]
[null,"AMOUNT CARRIED FORWARD FROM PREVIOUS BILL",{"$nulls":3},{"$f":"F1350","v":{"v":648063.81,"d":"648,063.81"}},{"$nulls":38},{"$f":"AS1350","v":{"v":0,"d":"0.00"}}]
[]
[]
["9.2.5","Internal Riser"]
[null,"       Supply","each",9,{"v":338.4,"d":"338.40"},{"$f":"$D1361*E1361","v":{"v":3045.6,"d":"3,045.60"}},{"$nulls":19},{"$f":"SUM(G1361:Y1361)","v":0},{"$f":"G1361*E1361","v":0},{"$f":"H1361*E1361","v":0},{"$f":"I1361*E1361","v":0},{"$f":"J1361*E1361","v":0},{"$f":"K1361*E1361","v":0},{"$f":"L1361*E1361","v":0},{"$f":"+M1361*E1361","v":0},{"$f":"N1361*E1361","v":0},{"$f":"O1361*E1361","v":0},{"$f":"P1361*E1361","v":0},{"$f":"Q1361*E1361","v":0},{"$f":"R1361*E1361","v":0},{"$f":"S1361*E1361","v":0},{"$f":"T1361*E1361","v":0},{"$f":"W1361*E1361","v":0},{"$f":"X1361*E1361","v":0},{"$f":"Y1361*E1361","v":0},{"$f":"SUM(AA1361:AQ1361)","v":0},{"$f":"+E1361*Z1361","v":{"v":0,"d":"0.00"}}]
[null,"       Install","each",{"$f":"D1361","v":9},{"v":160,"d":"160.00"},{"v":1440,"d":"1,440.00"},{"$nulls":19},{"$f":"SUM(G1362:Y1362)","v":0},{"$f":"G1362*E1362","v":0},{"$f":"H1362*E1362","v":0},{"$f":"I1362*E1362","v":0},{"$f":"J1362*E1362","v":0},{"$f":"K1362*E1362","v":0},{"$f":"L1362*E1362","v":0},{"$f":"+M1362*E1362","v":0},{"$f":"N1362*E1362","v":0},{"$f":"O1362*E1362","v":0},{"$f":"P1362*E1362","v":0},{"$f":"Q1362*E1362","v":0},{"$f":"R1362*E1362","v":0},{"$f":"S1362*E1362","v":0},{"$f":"T1362*E1362","v":0},{"$f":"W1362*E1362","v":0},{"$f":"X1362*E1362","v":0},{"$f":"Y1362*E1362","v":0},{"$f":"SUM(AA1362:AQ1362)","v":0},{"$f":"+E1362*Z1362","v":{"v":0,"d":"0.00"}}]
[{"$nulls":5}," "]
["9.2.6","Distribution Outlet",{"$nulls":3}," "]
[null,"       Supply","each",6,{"v":338.4,"d":"338.40"},{"v":2030.3999999999999,"d":"2,030.40"},{"$nulls":19},0,{"$f":"G1365*E1365","v":0},{"$f":"H1365*E1365","v":0},{"$f":"I1365*E1365","v":0},{"$f":"J1365*E1365","v":0},{"$f":"K1365*E1365","v":0},{"$f":"L1365*E1365","v":0},{"$f":"+M1365*E1365","v":0},{"$f":"N1365*E1365","v":0},{"$f":"O1365*E1365","v":0},{"$f":"P1365*E1365","v":0},{"$f":"Q1365*E1365","v":0},{"$f":"R1365*E1365","v":0},{"$f":"S1365*E1365","v":0},{"$f":"T1365*E1365","v":0},{"$f":"W1365*E1365","v":0},{"$f":"X1365*E1365","v":0},{"$f":"Y1365*E1365","v":0},0,{"$f":"+E1365*Z1365","v":{"v":0,"d":"0.00"}}]
[null,"       Install","each",{"$f":"D1365","v":6},{"v":180,"d":"180.00"},{"v":1080,"d":"1,080.00"},{"$nulls":19},0,{"$f":"G1366*E1366","v":0},{"$f":"H1366*E1366","v":0},{"$f":"I1366*E1366","v":0},{"$f":"J1366*E1366","v":0},{"$f":"K1366*E1366","v":0},{"$f":"L1366*E1366","v":0},{"$f":"+M1366*E1366","v":0},{"$f":"N1366*E1366","v":0},{"$f":"O1366*E1366","v":0},{"$f":"P1366*E1366","v":0},{"$f":"Q1366*E1366","v":0},{"$f":"R1366*E1366","v":0},{"$f":"S1366*E1366","v":0},{"$f":"T1366*E1366","v":0},{"$f":"W1366*E1366","v":0},{"$f":"X1366*E1366","v":0},{"$f":"Y1366*E1366","v":0},0,{"$f":"+E1366*Z1366","v":{"v":0,"d":"0.00"}}]
[{"$nulls":5}," "]
["9.2.7","P2000 Angle Hanger Bracket complete for size of Mesh using P1458 angle brackets."," ",null,null," "]
[null,"       Supply","each",180,67.04,{"v":12067.2,"d":"12,067.20"},{"$nulls":19},0,{"$f":"G1369*E1369","v":0},{"$f":"H1369*E1369","v":0},{"$f":"I1369*E1369","v":0},{"$f":"J1369*E1369","v":0},{"$f":"K1369*E1369","v":0},{"$f":"L1369*E1369","v":0},{"$f":"+M1369*E1369","v":0},{"$f":"N1369*E1369","v":0},{"$f":"O1369*E1369","v":0},{"$f":"P1369*E1369","v":0},{"$f":"Q1369*E1369","v":0},{"$f":"R1369*E1369","v":0},{"$f":"S1369*E1369","v":0},{"$f":"T1369*E1369","v":0},{"$f":"W1369*E1369","v":0},{"$f":"X1369*E1369","v":0},{"$f":"Y1369*E1369","v":0},0,{"$f":"+E1369*Z1369","v":{"v":0,"d":"0.00"}}]
[null,"       Install","each",{"$f":"D1369","v":180},{"v":80,"d":"80.00"},{"v":14400,"d":"14,400.00"},{"$nulls":19},0,{"$f":"G1370*E1370","v":0},{"$f":"H1370*E1370","v":0},{"$f":"I1370*E1370","v":0},{"$f":"J1370*E1370","v":0},{"$f":"K1370*E1370","v":0},{"$f":"L1370*E1370","v":0},{"$f":"+M1370*E1370","v":0},{"$f":"N1370*E1370","v":0},{"$f":"O1370*E1370","v":0},{"$f":"P1370*E1370","v":0},{"$f":"Q1370*E1370","v":0},{"$f":"R1370*E1370","v":0},{"$f":"S1370*E1370","v":0},{"$f":"T1370*E1370","v":0},{"$f":"W1370*E1370","v":0},{"$f":"X1370*E1370","v":0},{"$f":"Y1370*E1370","v":0},0,{"$f":"+E1370*Z1370","v":{"v":0,"d":"0.00"}}]
[{"$nulls":5}," "]
["9.2.8","900x450x100 Power /Lighting DB Bonding Tray"," ",null,null," "]
[null,"       Supply","each",17,{"v":350,"d":"350.00"},{"v":5950,"d":"5,950.00"},{"$nulls":19},0,{"$f":"G1373*E1373","v":0},{"$f":"H1373*E1373","v":0},{"$f":"I1373*E1373","v":0},{"$f":"J1373*E1373","v":0},{"$f":"K1373*E1373","v":0},{"$f":"L1373*E1373","v":0},{"$f":"+M1373*E1373","v":0},{"$f":"N1373*E1373","v":0},{"$f":"O1373*E1373","v":0},{"$f":"P1373*E1373","v":0},{"$f":"Q1373*E1373","v":0},{"$f":"R1373*E1373","v":0},{"$f":"S1373*E1373","v":0},{"$f":"T1373*E1373","v":0},{"$f":"W1373*E1373","v":0},{"$f":"X1373*E1373","v":0},{"$f":"Y1373*E1373","v":0},0,{"$f":"+E1373*Z1373","v":{"v":0,"d":"0.00"}}]
[null,"       Install","each",{"$f":"D1373","v":17},{"v":650,"d":"650.00"},{"v":11050,"d":"11,050.00"},{"$nulls":19},0,{"$f":"G1374*E1374","v":0},{"$f":"H1374*E1374","v":0},{"$f":"I1374*E1374","v":0},{"$f":"J1374*E1374","v":0},{"$f":"K1374*E1374","v":0},{"$f":"L1374*E1374","v":0},{"$f":"+M1374*E1374","v":0},{"$f":"N1374*E1374","v":0},{"$f":"O1374*E1374","v":0},{"$f":"P1374*E1374","v":0},{"$f":"Q1374*E1374","v":0},{"$f":"R1374*E1374","v":0},{"$f":"S1374*E1374","v":0},{"$f":"T1374*E1374","v":0},{"$f":"W1374*E1374","v":0},{"$f":"X1374*E1374","v":0},{"$f":"Y1374*E1374","v":0},0,{"$f":"+E1374*Z1374","v":{"v":0,"d":"0.00"}}]
[]
[9.3,"Cable Trays"]
[null,"Cabstrut 800mm wide medium duty hot dipped galvanised welded wire mesh cable tray including splice clamps, hold down saddles, suspesion rods complete"]
[" ","       Supply","m",{"$f":"300","v":300},107.56,{"v":32268,"d":"32,268.00"},{"$nulls":19},0,{"$f":"G1378*E1378","v":0},{"$f":"H1378*E1378","v":0},{"$f":"I1378*E1378","v":0},{"$f":"J1378*E1378","v":0},{"$f":"K1378*E1378","v":0},{"$f":"L1378*E1378","v":0},{"$f":"+M1378*E1378","v":0},{"$f":"N1378*E1378","v":0},{"$f":"O1378*E1378","v":0},{"$f":"P1378*E1378","v":0},{"$f":"Q1378*E1378","v":0},{"$f":"R1378*E1378","v":0},{"$f":"S1378*E1378","v":0},{"$f":"T1378*E1378","v":0},{"$f":"W1378*E1378","v":0},{"$f":"X1378*E1378","v":0},{"$f":"Y1378*E1378","v":0},0,{"$f":"+E1378*Z1378","v":{"v":0,"d":"0.00"}}]
[null,"       Install","m",{"$f":"D1378","v":300},{"v":45,"d":"45.00"},{"v":13500,"d":"13,500.00"},{"$nulls":19},0,{"$f":"G1379*E1379","v":0},{"$f":"H1379*E1379","v":0},{"$f":"I1379*E1379","v":0},{"$f":"J1379*E1379","v":0},{"$f":"K1379*E1379","v":0},{"$f":"L1379*E1379","v":0},{"$f":"+M1379*E1379","v":0},{"$f":"N1379*E1379","v":0},{"$f":"O1379*E1379","v":0},{"$f":"P1379*E1379","v":0},{"$f":"Q1379*E1379","v":0},{"$f":"R1379*E1379","v":0},{"$f":"S1379*E1379","v":0},{"$f":"T1379*E1379","v":0},{"$f":"W1379*E1379","v":0},{"$f":"X1379*E1379","v":0},{"$f":"Y1379*E1379","v":0},0,{"$f":"+E1379*Z1379","v":{"v":0,"d":"0.00"}}]
[{"$nulls":5}," "]
["9.3.1","90 degrees Horizontal elbow",{"$nulls":3}," "]
[null,"       Supply","each",3,387.24,{"v":1161.72,"d":"1,161.72"},{"$nulls":19},0,{"$f":"G1382*E1382","v":0},{"$f":"H1382*E1382","v":0},{"$f":"I1382*E1382","v":0},{"$f":"J1382*E1382","v":0},{"$f":"K1382*E1382","v":0},{"$f":"L1382*E1382","v":0},{"$f":"+M1382*E1382","v":0},{"$f":"N1382*E1382","v":0},{"$f":"O1382*E1382","v":0},{"$f":"P1382*E1382","v":0},{"$f":"Q1382*E1382","v":0},{"$f":"R1382*E1382","v":0},{"$f":"S1382*E1382","v":0},{"$f":"T1382*E1382","v":0},{"$f":"W1382*E1382","v":0},{"$f":"X1382*E1382","v":0},{"$f":"Y1382*E1382","v":0},0,{"$f":"+E1382*Z1382","v":{"v":0,"d":"0.00"}}]
[null,"       Install","each",{"$f":"D1382","v":3},{"v":130,"d":"130.00"},{"v":390,"d":"390.00"},{"$nulls":19},0,{"$f":"G1383*E1383","v":0},{"$f":"H1383*E1383","v":0},{"$f":"I1383*E1383","v":0},{"$f":"J1383*E1383","v":0},{"$f":"K1383*E1383","v":0},{"$f":"L1383*E1383","v":0},{"$f":"+M1383*E1383","v":0},{"$f":"N1383*E1383","v":0},{"$f":"O1383*E1383","v":0},{"$f":"P1383*E1383","v":0},{"$f":"Q1383*E1383","v":0},{"$f":"R1383*E1383","v":0},{"$f":"S1383*E1383","v":0},{"$f":"T1383*E1383","v":0},{"$f":"W1383*E1383","v":0},{"$f":"X1383*E1383","v":0},{"$f":"Y1383*E1383","v":0},0,{"$f":"+E1383*Z1383","v":{"v":0,"d":"0.00"}}]
[{"$nulls":5}," "]
["9.3.2","Tee piece",{"$nulls":3}," "]
[null,"       Supply","each",1,589.68,589.68,{"$nulls":19},0,{"$f":"G1386*E1386","v":0},{"$f":"H1386*E1386","v":0},{"$f":"I1386*E1386","v":0},{"$f":"J1386*E1386","v":0},{"$f":"K1386*E1386","v":0},{"$f":"L1386*E1386","v":0},{"$f":"+M1386*E1386","v":0},{"$f":"N1386*E1386","v":0},{"$f":"O1386*E1386","v":0},{"$f":"P1386*E1386","v":0},{"$f":"Q1386*E1386","v":0},{"$f":"R1386*E1386","v":0},{"$f":"S1386*E1386","v":0},{"$f":"T1386*E1386","v":0},{"$f":"W1386*E1386","v":0},{"$f":"X1386*E1386","v":0},{"$f":"Y1386*E1386","v":0},0,{"$f":"+E1386*Z1386","v":{"v":0,"d":"0.00"}}]
[null,"       Install","each",{"$f":"D1386","v":1},{"v":170,"d":"170.00"},{"v":170,"d":"170.00"},{"$nulls":19},0,{"$f":"G1387*E1387","v":0},{"$f":"H1387*E1387","v":0},{"$f":"I1387*E1387","v":0},{"$f":"J1387*E1387","v":0},{"$f":"K1387*E1387","v":0},{"$f":"L1387*E1387","v":0},{"$f":"+M1387*E1387","v":0},{"$f":"N1387*E1387","v":0},{"$f":"O1387*E1387","v":0},{"$f":"P1387*E1387","v":0},{"$f":"Q1387*E1387","v":0},{"$f":"R1387*E1387","v":0},{"$f":"S1387*E1387","v":0},{"$f":"T1387*E1387","v":0},{"$f":"W1387*E1387","v":0},{"$f":"X1387*E1387","v":0},{"$f":"Y1387*E1387","v":0},0,{"$f":"+E1387*Z1387","v":{"v":0,"d":"0.00"}}]
[{"$nulls":5}," "]
["9.3.3","4 Way Cross Over",{"$nulls":3}," "]
[null,"       Supply","each",2,823.47,{"v":1646.94,"d":"1,646.94"},{"$nulls":19},0,{"$f":"G1390*E1390","v":0},{"$f":"H1390*E1390","v":0},{"$f":"I1390*E1390","v":0},{"$f":"J1390*E1390","v":0},{"$f":"K1390*E1390","v":0},{"$f":"L1390*E1390","v":0},{"$f":"+M1390*E1390","v":0},{"$f":"N1390*E1390","v":0},{"$f":"O1390*E1390","v":0},{"$f":"P1390*E1390","v":0},{"$f":"Q1390*E1390","v":0},{"$f":"R1390*E1390","v":0},{"$f":"S1390*E1390","v":0},{"$f":"T1390*E1390","v":0},{"$f":"W1390*E1390","v":0},{"$f":"X1390*E1390","v":0},{"$f":"Y1390*E1390","v":0},0,{"$f":"+E1390*Z1390","v":{"v":0,"d":"0.00"}}]
[null,"       Install","each",2,{"v":210,"d":"210.00"},{"v":420,"d":"420.00"},{"$nulls":19},0,{"$f":"G1391*E1391","v":0},{"$f":"H1391*E1391","v":0},{"$f":"I1391*E1391","v":0},{"$f":"J1391*E1391","v":0},{"$f":"K1391*E1391","v":0},{"$f":"L1391*E1391","v":0},{"$f":"+M1391*E1391","v":0},{"$f":"N1391*E1391","v":0},{"$f":"O1391*E1391","v":0},{"$f":"P1391*E1391","v":0},{"$f":"Q1391*E1391","v":0},{"$f":"R1391*E1391","v":0},{"$f":"S1391*E1391","v":0},{"$f":"T1391*E1391","v":0},{"$f":"W1391*E1391","v":0},{"$f":"X1391*E1391","v":0},{"$f":"Y1391*E1391","v":0},0,{"$f":"+E1391*Z1391","v":{"v":0,"d":"0.00"}}]
[{"$nulls":5}," "]
["9.3.4","External dropper",{"$nulls":3}," "]
[null,"       Supply","each",2,319.26,638.52,{"$nulls":19},0,{"$f":"G1394*E1394","v":0},{"$f":"H1394*E1394","v":0},{"$f":"I1394*E1394","v":0},{"$f":"J1394*E1394","v":0},{"$f":"K1394*E1394","v":0},{"$f":"L1394*E1394","v":0},{"$f":"+M1394*E1394","v":0},{"$f":"N1394*E1394","v":0},{"$f":"O1394*E1394","v":0},{"$f":"P1394*E1394","v":0},{"$f":"Q1394*E1394","v":0},{"$f":"R1394*E1394","v":0},{"$f":"S1394*E1394","v":0},{"$f":"T1394*E1394","v":0},{"$f":"W1394*E1394","v":0},{"$f":"X1394*E1394","v":0},{"$f":"Y1394*E1394","v":0},0,{"$f":"+E1394*Z1394","v":{"v":0,"d":"0.00"}}]
[null,"       Install","each",{"$f":"D1394","v":2},{"v":150,"d":"150.00"},{"v":300,"d":"300.00"},{"$nulls":19},0,{"$f":"G1395*E1395","v":0},{"$f":"H1395*E1395","v":0},{"$f":"I1395*E1395","v":0},{"$f":"J1395*E1395","v":0},{"$f":"K1395*E1395","v":0},{"$f":"L1395*E1395","v":0},{"$f":"+M1395*E1395","v":0},{"$f":"N1395*E1395","v":0},{"$f":"O1395*E1395","v":0},{"$f":"P1395*E1395","v":0},{"$f":"Q1395*E1395","v":0},{"$f":"R1395*E1395","v":0},{"$f":"S1395*E1395","v":0},{"$f":"T1395*E1395","v":0},{"$f":"W1395*E1395","v":0},{"$f":"X1395*E1395","v":0},{"$f":"Y1395*E1395","v":0},0,{"$f":"+E1395*Z1395","v":{"v":0,"d":"0.00"}}]
[{"$nulls":5}," "]
["9.3.5","Internal Riser",{"$nulls":3}," "]
[null,"       Supply","each",2,319.26,638.52,{"$nulls":19},0,{"$f":"G1398*E1398","v":0},{"$f":"H1398*E1398","v":0},{"$f":"I1398*E1398","v":0},{"$f":"J1398*E1398","v":0},{"$f":"K1398*E1398","v":0},{"$f":"L1398*E1398","v":0},{"$f":"+M1398*E1398","v":0},{"$f":"N1398*E1398","v":0},{"$f":"O1398*E1398","v":0},{"$f":"P1398*E1398","v":0},{"$f":"Q1398*E1398","v":0},{"$f":"R1398*E1398","v":0},{"$f":"S1398*E1398","v":0},{"$f":"T1398*E1398","v":0},{"$f":"W1398*E1398","v":0},{"$f":"X1398*E1398","v":0},{"$f":"Y1398*E1398","v":0},0,{"$f":"+E1398*Z1398","v":{"v":0,"d":"0.00"}}]
[null,"       Install","each",{"$f":"D1398","v":2},{"v":150,"d":"150.00"},{"v":300,"d":"300.00"},{"$nulls":19},0,{"$f":"G1399*E1399","v":0},{"$f":"H1399*E1399","v":0},{"$f":"I1399*E1399","v":0},{"$f":"J1399*E1399","v":0},{"$f":"K1399*E1399","v":0},{"$f":"L1399*E1399","v":0},{"$f":"+M1399*E1399","v":0},{"$f":"N1399*E1399","v":0},{"$f":"O1399*E1399","v":0},{"$f":"P1399*E1399","v":0},{"$f":"Q1399*E1399","v":0},{"$f":"R1399*E1399","v":0},{"$f":"S1399*E1399","v":0},{"$f":"T1399*E1399","v":0},{"$f":"W1399*E1399","v":0},{"$f":"X1399*E1399","v":0},{"$f":"Y1399*E1399","v":0},0,{"$f":"+E1399*Z1399","v":{"v":0,"d":"0.00"}}]
[{"$nulls":5}," "]
["9.3.6","P2000 Angle Hanger Bracket complete for size of Mesh using P1458 angle brackets.",{"$nulls":3}," "]
[null,"       Supply","m",100,46.88,{"v":4688,"d":"4,688.00"},{"$nulls":19},0,{"$f":"G1402*E1402","v":0},{"$f":"H1402*E1402","v":0},{"$f":"I1402*E1402","v":0},{"$f":"J1402*E1402","v":0},{"$f":"K1402*E1402","v":0},{"$f":"L1402*E1402","v":0},{"$f":"+M1402*E1402","v":0},{"$f":"N1402*E1402","v":0},{"$f":"O1402*E1402","v":0},{"$f":"P1402*E1402","v":0},{"$f":"Q1402*E1402","v":0},{"$f":"R1402*E1402","v":0},{"$f":"S1402*E1402","v":0},{"$f":"T1402*E1402","v":0},{"$f":"W1402*E1402","v":0},{"$f":"X1402*E1402","v":0},{"$f":"Y1402*E1402","v":0},0,{"$f":"+E1402*Z1402","v":{"v":0,"d":"0.00"}}]
[null,"       Install","m",{"$f":"D1402","v":100},{"v":80,"d":"80.00"},{"v":8000,"d":"8,000.00"},{"$nulls":19},0,{"$f":"G1403*E1403","v":0},{"$f":"H1403*E1403","v":0},{"$f":"I1403*E1403","v":0},{"$f":"J1403*E1403","v":0},{"$f":"K1403*E1403","v":0},{"$f":"L1403*E1403","v":0},{"$f":"+M1403*E1403","v":0},{"$f":"N1403*E1403","v":0},{"$f":"O1403*E1403","v":0},{"$f":"P1403*E1403","v":0},{"$f":"Q1403*E1403","v":0},{"$f":"R1403*E1403","v":0},{"$f":"S1403*E1403","v":0},{"$f":"T1403*E1403","v":0},{"$f":"W1403*E1403","v":0},{"$f":"X1403*E1403","v":0},{"$f":"Y1403*E1403","v":0},0,{"$f":"+E1403*Z1403","v":{"v":0,"d":"0.00"}}]
[{"$nulls":5}," "]
["9.3.7","P2000 Hanger Bracket complete with 600mm Threaded Rods,  Etc"," ",null,null," "]
[null,"       Supply","m",200,15.96,{"v":3192,"d":"3,192.00"},{"$nulls":19},0,{"$f":"G1406*E1406","v":0},{"$f":"H1406*E1406","v":0},{"$f":"I1406*E1406","v":0},{"$f":"J1406*E1406","v":0},{"$f":"K1406*E1406","v":0},{"$f":"L1406*E1406","v":0},{"$f":"+M1406*E1406","v":0},{"$f":"N1406*E1406","v":0},{"$f":"O1406*E1406","v":0},{"$f":"P1406*E1406","v":0},{"$f":"Q1406*E1406","v":0},{"$f":"R1406*E1406","v":0},{"$f":"S1406*E1406","v":0},{"$f":"T1406*E1406","v":0},{"$f":"W1406*E1406","v":0},{"$f":"X1406*E1406","v":0},{"$f":"Y1406*E1406","v":0},0,{"$f":"+E1406*Z1406","v":{"v":0,"d":"0.00"}}]
[null,"       Install","m",{"$f":"D1406","v":200},{"v":80,"d":"80.00"},{"v":16000,"d":"16,000.00"},{"$nulls":19},0,{"$f":"G1407*E1407","v":0},{"$f":"H1407*E1407","v":0},{"$f":"I1407*E1407","v":0},{"$f":"J1407*E1407","v":0},{"$f":"K1407*E1407","v":0},{"$f":"L1407*E1407","v":0},{"$f":"+M1407*E1407","v":0},{"$f":"N1407*E1407","v":0},{"$f":"O1407*E1407","v":0},{"$f":"P1407*E1407","v":0},{"$f":"Q1407*E1407","v":0},{"$f":"R1407*E1407","v":0},{"$f":"S1407*E1407","v":0},{"$f":"T1407*E1407","v":0},{"$f":"W1407*E1407","v":0},{"$f":"X1407*E1407","v":0},{"$f":"Y1407*E1407","v":0},0,{"$f":"+E1407*Z1407","v":{"v":0,"d":"0.00"}}]
[{"$nulls":5}," "]
["9.3.8","900x450x100 Power /Lighting DB Bonding Tray"," ",null,null," "]
[null,"       Supply","each",1,{"v":350,"d":"350.00"},{"v":350,"d":"350.00"},{"$nulls":19},0,{"$f":"G1410*E1410","v":0},{"$f":"H1410*E1410","v":0},{"$f":"I1410*E1410","v":0},{"$f":"J1410*E1410","v":0},{"$f":"K1410*E1410","v":0},{"$f":"L1410*E1410","v":0},{"$f":"+M1410*E1410","v":0},{"$f":"N1410*E1410","v":0},{"$f":"O1410*E1410","v":0},{"$f":"P1410*E1410","v":0},{"$f":"Q1410*E1410","v":0},{"$f":"R1410*E1410","v":0},{"$f":"S1410*E1410","v":0},{"$f":"T1410*E1410","v":0},{"$f":"W1410*E1410","v":0},{"$f":"X1410*E1410","v":0},{"$f":"Y1410*E1410","v":0},0,{"$f":"+E1410*Z1410","v":{"v":0,"d":"0.00"}}]
[null,"       Install","each",{"$f":"D1410","v":1},{"v":650,"d":"650.00"},{"v":650,"d":"650.00"},{"$nulls":19},0,{"$f":"G1411*E1411","v":0},{"$f":"H1411*E1411","v":0},{"$f":"I1411*E1411","v":0},{"$f":"J1411*E1411","v":0},{"$f":"K1411*E1411","v":0},{"$f":"L1411*E1411","v":0},{"$f":"+M1411*E1411","v":0},{"$f":"N1411*E1411","v":0},{"$f":"O1411*E1411","v":0},{"$f":"P1411*E1411","v":0},{"$f":"Q1411*E1411","v":0},{"$f":"R1411*E1411","v":0},{"$f":"S1411*E1411","v":0},{"$f":"T1411*E1411","v":0},{"$f":"W1411*E1411","v":0},{"$f":"X1411*E1411","v":0},{"$f":"Y1411*E1411","v":0},0,{"$f":"+E1411*Z1411","v":{"v":0,"d":"0.00"}}]
[]
[]
[null,"Amount Carried Forward ",{"$nulls":3},{"$f":"SUM(F1357:F1413)","v":{"v":784030.39,"d":"784,030.39"}},{"$nulls":38},{"$f":"SUM(AS1357:AS1413)","v":{"v":0,"d":"0.00"}}]
[]
["MAIN HOSPITAL ELECTRICAL INSTALLATION"]
["CECILIA MAKIWANE HOSPITAL : PHASE 4C"]
[]
[{"$f":"A1355","v":"BILL NO. 9 : POWER RETICULATION EQUIPMENT (SMME PACKAGE No 7)"}]
["ITEM","DESCRIPTION","UNIT","QTY","RATE","TENDER AMOUNT","A","B","D-LV03","E1-LV03","E2","F1","F2","G1","G2","H1","H2","J1","J2","J3","Substation","G/House",null,"N","Other","Total Qty","A","B","D","E1","E2","F1","F2","G1","G2","H1","H2","J1","J2","J3","K","N","Other","Total Amount","Total Claimed"]
[null,"AMOUNT CARRIED FORWARD FROM PREVIOUS BILL",{"$nulls":3},{"$f":"F1414","v":{"v":784030.39,"d":"784,030.39"}},{"$nulls":38},{"$f":"AS1414","v":{"v":0,"d":"0.00"}}]
[]
[]
[9.4,"Wiring Duct"]
[]
[null,"P9000 Cabstrut galvanised wiring duct including covers, hangers and splices."]
["9.4.1","       Supply","m",{"$f":"360+1088+1320+360","v":{"v":3128,"d":"3,128"}},50.59,{"$f":"$D1427*E1427","v":{"v":158245.52000000002,"d":"158,245.52"}},{"$nulls":19},{"$f":"SUM(G1427:Y1427)","v":0},{"$f":"G1427*E1427","v":0},{"$f":"H1427*E1427","v":0},{"$f":"I1427*E1427","v":0},{"$f":"J1427*E1427","v":0},{"$f":"K1427*E1427","v":0},{"$f":"L1427*E1427","v":0},{"$f":"+M1427*E1427","v":0},{"$f":"N1427*E1427","v":0},{"$f":"O1427*E1427","v":0},{"$f":"P1427*E1427","v":0},{"$f":"Q1427*E1427","v":0},{"$f":"R1427*E1427","v":0},{"$f":"S1427*E1427","v":0},{"$f":"T1427*E1427","v":0},{"$f":"W1427*E1427","v":0},{"$f":"X1427*E1427","v":0},{"$f":"Y1427*E1427","v":0},{"$f":"SUM(AA1427:AQ1427)","v":0},{"$f":"+E1427*Z1427","v":{"v":0,"d":"0.00"}}]
[null,"       Install","m",{"$f":"D1427","v":{"v":3128,"d":"3,128"}},{"v":29,"d":"29.00"},{"v":90712,"d":"90,712.00"},{"$nulls":9},{"$f":"9+3+3","v":15},{"$f":"6+6+3+18","v":33},{"$f":"34+18+9+30","v":91},{"$f":"3+3+6+12+3","v":27},{"$nulls":4},6,null,{"$f":"SUM(G1428:Y1428)","v":172},{"$f":"G1428*E1428","v":0},{"$f":"H1428*E1428","v":0},{"$f":"I1428*E1428","v":0},{"$f":"J1428*E1428","v":0},{"$f":"K1428*E1428","v":0},{"$f":"L1428*E1428","v":0},{"$f":"+M1428*E1428","v":0},{"$f":"N1428*E1428","v":0},{"$f":"O1428*E1428","v":0},{"$f":"P1428*E1428","v":435},{"$f":"Q1428*E1428","v":957},{"$f":"R1428*E1428","v":{"v":2639,"d":"2,639"}},{"$f":"S1428*E1428","v":783},{"$f":"T1428*E1428","v":0},{"$f":"W1428*E1428","v":0},{"$f":"X1428*E1428","v":174},{"$f":"Y1428*E1428","v":0},{"$f":"SUM(AA1428:AQ1428)","v":{"v":4988,"d":"4,988"}},{"$f":"+E1428*Z1428","v":{"v":4988,"d":"4,988.00"}}]
[{"$nulls":5}," "]
["9.4.2","External elbow",{"$nulls":3}," "]
[null,"       Supply","each",28,25.28,707.84,{"$nulls":19},0,{"$f":"G1431*E1431","v":0},{"$f":"H1431*E1431","v":0},{"$f":"I1431*E1431","v":0},{"$f":"J1431*E1431","v":0},{"$f":"K1431*E1431","v":0},{"$f":"L1431*E1431","v":0},{"$f":"+M1431*E1431","v":0},{"$f":"N1431*E1431","v":0},{"$f":"O1431*E1431","v":0},{"$f":"P1431*E1431","v":0},{"$f":"Q1431*E1431","v":0},{"$f":"R1431*E1431","v":0},{"$f":"S1431*E1431","v":0},{"$f":"T1431*E1431","v":0},{"$f":"W1431*E1431","v":0},{"$f":"X1431*E1431","v":0},{"$f":"Y1431*E1431","v":0},0,{"$f":"+E1431*Z1431","v":{"v":0,"d":"0.00"}}]
[null,"       Install","each",{"$f":"D1431","v":28},{"v":70,"d":"70.00"},{"v":1960,"d":"1,960.00"},{"$nulls":7},1,null,null,{"$f":"2+2","v":4},null,1,{"$nulls":6},6,{"$f":"G1432*E1432","v":0},{"$f":"H1432*E1432","v":0},{"$f":"I1432*E1432","v":0},{"$f":"J1432*E1432","v":0},{"$f":"K1432*E1432","v":0},{"$f":"L1432*E1432","v":0},{"$f":"+M1432*E1432","v":0},{"$f":"N1432*E1432","v":70},{"$f":"O1432*E1432","v":0},{"$f":"P1432*E1432","v":0},{"$f":"Q1432*E1432","v":280},{"$f":"R1432*E1432","v":0},{"$f":"S1432*E1432","v":70},{"$f":"T1432*E1432","v":0},{"$f":"W1432*E1432","v":0},{"$f":"X1432*E1432","v":0},{"$f":"Y1432*E1432","v":0},420,{"$f":"+E1432*Z1432","v":{"v":420,"d":"420.00"}}]
[{"$nulls":5}," "]
["9.4.3","Horizontal elbow",{"$nulls":3}," "]
[null,"       Supply","each",32,25.28,808.96,{"$nulls":19},0,{"$f":"G1435*E1435","v":0},{"$f":"H1435*E1435","v":0},{"$f":"I1435*E1435","v":0},{"$f":"J1435*E1435","v":0},{"$f":"K1435*E1435","v":0},{"$f":"L1435*E1435","v":0},{"$f":"+M1435*E1435","v":0},{"$f":"N1435*E1435","v":0},{"$f":"O1435*E1435","v":0},{"$f":"P1435*E1435","v":0},{"$f":"Q1435*E1435","v":0},{"$f":"R1435*E1435","v":0},{"$f":"S1435*E1435","v":0},{"$f":"T1435*E1435","v":0},{"$f":"W1435*E1435","v":0},{"$f":"X1435*E1435","v":0},{"$f":"Y1435*E1435","v":0},0,{"$f":"+E1435*Z1435","v":{"v":0,"d":"0.00"}}]
[null,"       Install","each",{"$f":"D1435","v":32},{"v":60,"d":"60.00"},{"v":1920,"d":"1,920.00"},{"$nulls":10},7,{"$f":"5+1","v":6},1,{"$nulls":6},14,{"$f":"G1436*E1436","v":0},{"$f":"H1436*E1436","v":0},{"$f":"I1436*E1436","v":0},{"$f":"J1436*E1436","v":0},{"$f":"K1436*E1436","v":0},{"$f":"L1436*E1436","v":0},{"$f":"+M1436*E1436","v":0},{"$f":"N1436*E1436","v":0},{"$f":"O1436*E1436","v":0},{"$f":"P1436*E1436","v":0},{"$f":"Q1436*E1436","v":420},{"$f":"R1436*E1436","v":360},{"$f":"S1436*E1436","v":60},{"$f":"T1436*E1436","v":0},{"$f":"W1436*E1436","v":0},{"$f":"X1436*E1436","v":0},{"$f":"Y1436*E1436","v":0},840,{"$f":"+E1436*Z1436","v":{"v":840,"d":"840.00"}}]
[{"$nulls":5}," "]
["9.4.4","Tee radiused",{"$nulls":3}," "]
[null,"       Supply","each",16,{"v":33.6,"d":"33.60"},{"v":537.6,"d":"537.60"},{"$nulls":19},0,{"$f":"G1439*E1439","v":0},{"$f":"H1439*E1439","v":0},{"$f":"I1439*E1439","v":0},{"$f":"J1439*E1439","v":0},{"$f":"K1439*E1439","v":0},{"$f":"L1439*E1439","v":0},{"$f":"+M1439*E1439","v":0},{"$f":"N1439*E1439","v":0},{"$f":"O1439*E1439","v":0},{"$f":"P1439*E1439","v":0},{"$f":"Q1439*E1439","v":0},{"$f":"R1439*E1439","v":0},{"$f":"S1439*E1439","v":0},{"$f":"T1439*E1439","v":0},{"$f":"W1439*E1439","v":0},{"$f":"X1439*E1439","v":0},{"$f":"Y1439*E1439","v":0},0,{"$f":"+E1439*Z1439","v":{"v":0,"d":"0.00"}}]
[null,"       Install","each",{"$f":"D1439","v":16},{"v":90,"d":"90.00"},{"v":1440,"d":"1,440.00"},{"$nulls":11},6,1,{"$nulls":6},7,{"$f":"G1440*E1440","v":0},{"$f":"H1440*E1440","v":0},{"$f":"I1440*E1440","v":0},{"$f":"J1440*E1440","v":0},{"$f":"K1440*E1440","v":0},{"$f":"L1440*E1440","v":0},{"$f":"+M1440*E1440","v":0},{"$f":"N1440*E1440","v":0},{"$f":"O1440*E1440","v":0},{"$f":"P1440*E1440","v":0},{"$f":"Q1440*E1440","v":0},{"$f":"R1440*E1440","v":540},{"$f":"S1440*E1440","v":90},{"$f":"T1440*E1440","v":0},{"$f":"W1440*E1440","v":0},{"$f":"X1440*E1440","v":0},{"$f":"Y1440*E1440","v":0},630,{"$f":"+E1440*Z1440","v":{"v":630,"d":"630.00"}}]
[{"$nulls":5}," "]
["9.4.5","Distribution Outlet",{"$nulls":3}," "]
[null,"       Supply","each",12,40.64,487.68,{"$nulls":19},0,{"$f":"G1443*E1443","v":0},{"$f":"H1443*E1443","v":0},{"$f":"I1443*E1443","v":0},{"$f":"J1443*E1443","v":0},{"$f":"K1443*E1443","v":0},{"$f":"L1443*E1443","v":0},{"$f":"+M1443*E1443","v":0},{"$f":"N1443*E1443","v":0},{"$f":"O1443*E1443","v":0},{"$f":"P1443*E1443","v":0},{"$f":"Q1443*E1443","v":0},{"$f":"R1443*E1443","v":0},{"$f":"S1443*E1443","v":0},{"$f":"T1443*E1443","v":0},{"$f":"W1443*E1443","v":0},{"$f":"X1443*E1443","v":0},{"$f":"Y1443*E1443","v":0},0,{"$f":"+E1443*Z1443","v":{"v":0,"d":"0.00"}}]
[null,"       Install","each",{"$f":"D1443","v":12},{"v":120,"d":"120.00"},{"v":1440,"d":"1,440.00"},{"$nulls":9},1,2,null,1,{"$nulls":6},4,{"$f":"G1444*E1444","v":0},{"$f":"H1444*E1444","v":0},{"$f":"I1444*E1444","v":0},{"$f":"J1444*E1444","v":0},{"$f":"K1444*E1444","v":0},{"$f":"L1444*E1444","v":0},{"$f":"+M1444*E1444","v":0},{"$f":"N1444*E1444","v":0},{"$f":"O1444*E1444","v":0},{"$f":"P1444*E1444","v":120},{"$f":"Q1444*E1444","v":240},{"$f":"R1444*E1444","v":0},{"$f":"S1444*E1444","v":120},{"$f":"T1444*E1444","v":0},{"$f":"W1444*E1444","v":0},{"$f":"X1444*E1444","v":0},{"$f":"Y1444*E1444","v":0},480,{"$f":"+E1444*Z1444","v":{"v":480,"d":"480.00"}}]
[{"$nulls":5}," "]
["9.4.6","P2000 Hanger Bracket complete with 600mm Threaded Rods, Etc"," ",null,null," "]
[null,"       Supply","each",{"$f":"D1427","v":{"v":3128,"d":"3,128"}},26.23,{"v":82047.44,"d":"82,047.44"},{"$nulls":19},0,{"$f":"G1447*E1447","v":0},{"$f":"H1447*E1447","v":0},{"$f":"I1447*E1447","v":0},{"$f":"J1447*E1447","v":0},{"$f":"K1447*E1447","v":0},{"$f":"L1447*E1447","v":0},{"$f":"+M1447*E1447","v":0},{"$f":"N1447*E1447","v":0},{"$f":"O1447*E1447","v":0},{"$f":"P1447*E1447","v":0},{"$f":"Q1447*E1447","v":0},{"$f":"R1447*E1447","v":0},{"$f":"S1447*E1447","v":0},{"$f":"T1447*E1447","v":0},{"$f":"W1447*E1447","v":0},{"$f":"X1447*E1447","v":0},{"$f":"Y1447*E1447","v":0},0,{"$f":"+E1447*Z1447","v":{"v":0,"d":"0.00"}}]
[null,"       Install","each",{"$f":"D1447","v":{"v":3128,"d":"3,128"}},{"v":40,"d":"40.00"},{"v":125120,"d":"125,120.00"},{"$nulls":19},0,{"$f":"G1448*E1448","v":0},{"$f":"H1448*E1448","v":0},{"$f":"I1448*E1448","v":0},{"$f":"J1448*E1448","v":0},{"$f":"K1448*E1448","v":0},{"$f":"L1448*E1448","v":0},{"$f":"+M1448*E1448","v":0},{"$f":"N1448*E1448","v":0},{"$f":"O1448*E1448","v":0},{"$f":"P1448*E1448","v":0},{"$f":"Q1448*E1448","v":0},{"$f":"R1448*E1448","v":0},{"$f":"S1448*E1448","v":0},{"$f":"T1448*E1448","v":0},{"$f":"W1448*E1448","v":0},{"$f":"X1448*E1448","v":0},{"$f":"Y1448*E1448","v":0},0,{"$f":"+E1448*Z1448","v":{"v":0,"d":"0.00"}}]
[{"$nulls":5}," "]
["9.4.7","900x450x100 Power /Lighting DB Bonding Tray"," ",null,null," "]
[null,"       Supply","each",48,{"v":350,"d":"350.00"},{"v":16800,"d":"16,800.00"},{"$nulls":19},0,{"$f":"G1451*E1451","v":0},{"$f":"H1451*E1451","v":0},{"$f":"I1451*E1451","v":0},{"$f":"J1451*E1451","v":0},{"$f":"K1451*E1451","v":0},{"$f":"L1451*E1451","v":0},{"$f":"+M1451*E1451","v":0},{"$f":"N1451*E1451","v":0},{"$f":"O1451*E1451","v":0},{"$f":"P1451*E1451","v":0},{"$f":"Q1451*E1451","v":0},{"$f":"R1451*E1451","v":0},{"$f":"S1451*E1451","v":0},{"$f":"T1451*E1451","v":0},{"$f":"W1451*E1451","v":0},{"$f":"X1451*E1451","v":0},{"$f":"Y1451*E1451","v":0},0,{"$f":"+E1451*Z1451","v":{"v":0,"d":"0.00"}}]
[null,"       Install","each",{"$f":"D1451","v":48},{"v":650,"d":"650.00"},{"v":31200,"d":"31,200.00"},{"$nulls":19},0,{"$f":"G1452*E1452","v":0},{"$f":"H1452*E1452","v":0},{"$f":"I1452*E1452","v":0},{"$f":"J1452*E1452","v":0},{"$f":"K1452*E1452","v":0},{"$f":"L1452*E1452","v":0},{"$f":"+M1452*E1452","v":0},{"$f":"N1452*E1452","v":0},{"$f":"O1452*E1452","v":0},{"$f":"P1452*E1452","v":0},{"$f":"Q1452*E1452","v":0},{"$f":"R1452*E1452","v":0},{"$f":"S1452*E1452","v":0},{"$f":"T1452*E1452","v":0},{"$f":"W1452*E1452","v":0},{"$f":"X1452*E1452","v":0},{"$f":"Y1452*E1452","v":0},0,{"$f":"+E1452*Z1452","v":{"v":0,"d":"0.00"}}]
[{"$nulls":3}," ",null," "]
["9.5.","POWERWAY CABLE LADDER (CL)",null," ",null," "]
[]
["9.5.1","600mm galvanised PW100 Cable Ladder complete with 600mm high P2000 stand",null," ",null," "]
[" ","       Supply","m",{"v":1200,"d":"1,200"},150.51,{"v":180612,"d":"180,612.00"},{"$nulls":19},0,{"$f":"G1457*E1457","v":0},{"$f":"H1457*E1457","v":0},{"$f":"I1457*E1457","v":0},{"$f":"J1457*E1457","v":0},{"$f":"K1457*E1457","v":0},{"$f":"L1457*E1457","v":0},{"$f":"+M1457*E1457","v":0},{"$f":"N1457*E1457","v":0},{"$f":"O1457*E1457","v":0},{"$f":"P1457*E1457","v":0},{"$f":"Q1457*E1457","v":0},{"$f":"R1457*E1457","v":0},{"$f":"S1457*E1457","v":0},{"$f":"T1457*E1457","v":0},{"$f":"W1457*E1457","v":0},{"$f":"X1457*E1457","v":0},{"$f":"Y1457*E1457","v":0},0,{"$f":"+E1457*Z1457","v":{"v":0,"d":"0.00"}}]
[null,"       Install","m",{"$f":"D1457","v":{"v":1200,"d":"1,200"}},{"v":49,"d":"49.00"},{"v":58800,"d":"58,800.00"},{"$nulls":7},18,{"$nulls":6},24,{"$nulls":4},42,{"$f":"G1458*E1458","v":0},{"$f":"H1458*E1458","v":0},{"$f":"I1458*E1458","v":0},{"$f":"J1458*E1458","v":0},{"$f":"K1458*E1458","v":0},{"$f":"L1458*E1458","v":0},{"$f":"+M1458*E1458","v":0},{"$f":"N1458*E1458","v":882},{"$f":"O1458*E1458","v":0},{"$f":"P1458*E1458","v":0},{"$f":"Q1458*E1458","v":0},{"$f":"R1458*E1458","v":0},{"$f":"S1458*E1458","v":0},{"$f":"T1458*E1458","v":0},{"$f":"W1458*E1458","v":0},{"$f":"X1458*E1458","v":0},{"$f":"Y1458*E1458","v":0},882,{"$f":"+E1458*Z1458","v":{"v":2058,"d":"2,058.00"}}]
[{"$nulls":5}," "]
["9.5.2","Removeable Galvanised Sheet metal Cover",{"$nulls":3}," "]
[null,"       Supply","each",{"v":1200,"d":"1,200"},{"v":186.2,"d":"186.20"},{"v":223440,"d":"223,440.00"},{"$nulls":19},0,{"$f":"G1461*E1461","v":0},{"$f":"H1461*E1461","v":0},{"$f":"I1461*E1461","v":0},{"$f":"J1461*E1461","v":0},{"$f":"K1461*E1461","v":0},{"$f":"L1461*E1461","v":0},{"$f":"+M1461*E1461","v":0},{"$f":"N1461*E1461","v":0},{"$f":"O1461*E1461","v":0},{"$f":"P1461*E1461","v":0},{"$f":"Q1461*E1461","v":0},{"$f":"R1461*E1461","v":0},{"$f":"S1461*E1461","v":0},{"$f":"T1461*E1461","v":0},{"$f":"W1461*E1461","v":0},{"$f":"X1461*E1461","v":0},{"$f":"Y1461*E1461","v":0},0,{"$f":"+E1461*Z1461","v":{"v":0,"d":"0.00"}}]
[null,"       Install","each",{"$f":"D1461","v":{"v":1200,"d":"1,200"}},{"v":39,"d":"39.00"},{"v":46800,"d":"46,800.00"},{"$nulls":19},0,{"$f":"G1462*E1462","v":0},{"$f":"H1462*E1462","v":0},{"$f":"I1462*E1462","v":0},{"$f":"J1462*E1462","v":0},{"$f":"K1462*E1462","v":0},{"$f":"L1462*E1462","v":0},{"$f":"+M1462*E1462","v":0},{"$f":"N1462*E1462","v":0},{"$f":"O1462*E1462","v":0},{"$f":"P1462*E1462","v":0},{"$f":"Q1462*E1462","v":0},{"$f":"R1462*E1462","v":0},{"$f":"S1462*E1462","v":0},{"$f":"T1462*E1462","v":0},{"$f":"W1462*E1462","v":0},{"$f":"X1462*E1462","v":0},{"$f":"Y1462*E1462","v":0},0,{"$f":"+E1462*Z1462","v":{"v":0,"d":"0.00"}}]
[{"$nulls":5}," "]
["9.5.3","External elbow",{"$nulls":3}," "]
[null,"       Supply","each",48,306.24,{"v":14699.52,"d":"14,699.52"},{"$nulls":19},0,{"$f":"G1465*E1465","v":0},{"$f":"H1465*E1465","v":0},{"$f":"I1465*E1465","v":0},{"$f":"J1465*E1465","v":0},{"$f":"K1465*E1465","v":0},{"$f":"L1465*E1465","v":0},{"$f":"+M1465*E1465","v":0},{"$f":"N1465*E1465","v":0},{"$f":"O1465*E1465","v":0},{"$f":"P1465*E1465","v":0},{"$f":"Q1465*E1465","v":0},{"$f":"R1465*E1465","v":0},{"$f":"S1465*E1465","v":0},{"$f":"T1465*E1465","v":0},{"$f":"W1465*E1465","v":0},{"$f":"X1465*E1465","v":0},{"$f":"Y1465*E1465","v":0},0,{"$f":"+E1465*Z1465","v":{"v":0,"d":"0.00"}}]
[null,"       Install","each",{"$f":"D1465","v":48},{"v":160,"d":"160.00"},{"v":7680,"d":"7,680.00"},{"$nulls":14},4,{"$nulls":4},4,{"$f":"G1466*E1466","v":0},{"$f":"H1466*E1466","v":0},{"$f":"I1466*E1466","v":0},{"$f":"J1466*E1466","v":0},{"$f":"K1466*E1466","v":0},{"$f":"L1466*E1466","v":0},{"$f":"+M1466*E1466","v":0},{"$f":"N1466*E1466","v":0},{"$f":"O1466*E1466","v":0},{"$f":"P1466*E1466","v":0},{"$f":"Q1466*E1466","v":0},{"$f":"R1466*E1466","v":0},{"$f":"S1466*E1466","v":0},{"$f":"T1466*E1466","v":0},{"$f":"W1466*E1466","v":0},{"$f":"X1466*E1466","v":0},{"$f":"Y1466*E1466","v":0},0,{"$f":"+E1466*Z1466","v":{"v":640,"d":"640.00"}}]
[{"$nulls":5}," "]
["9.5.4","Horizontal elbow",{"$nulls":3}," "]
[null,"       Supply","each",48,327.68,{"v":15728.64,"d":"15,728.64"},{"$nulls":19},0,{"$f":"G1469*E1469","v":0},{"$f":"H1469*E1469","v":0},{"$f":"I1469*E1469","v":0},{"$f":"J1469*E1469","v":0},{"$f":"K1469*E1469","v":0},{"$f":"L1469*E1469","v":0},{"$f":"+M1469*E1469","v":0},{"$f":"N1469*E1469","v":0},{"$f":"O1469*E1469","v":0},{"$f":"P1469*E1469","v":0},{"$f":"Q1469*E1469","v":0},{"$f":"R1469*E1469","v":0},{"$f":"S1469*E1469","v":0},{"$f":"T1469*E1469","v":0},{"$f":"W1469*E1469","v":0},{"$f":"X1469*E1469","v":0},{"$f":"Y1469*E1469","v":0},0,{"$f":"+E1469*Z1469","v":{"v":0,"d":"0.00"}}]
[null,"       Install","each",{"$f":"D1469","v":48},{"v":120,"d":"120.00"},{"v":5760,"d":"5,760.00"},{"$nulls":7},4,{"$nulls":6},4,{"$nulls":4},8,{"$f":"G1470*E1470","v":0},{"$f":"H1470*E1470","v":0},{"$f":"I1470*E1470","v":0},{"$f":"J1470*E1470","v":0},{"$f":"K1470*E1470","v":0},{"$f":"L1470*E1470","v":0},{"$f":"+M1470*E1470","v":0},{"$f":"N1470*E1470","v":480},{"$f":"O1470*E1470","v":0},{"$f":"P1470*E1470","v":0},{"$f":"Q1470*E1470","v":0},{"$f":"R1470*E1470","v":0},{"$f":"S1470*E1470","v":0},{"$f":"T1470*E1470","v":0},{"$f":"W1470*E1470","v":0},{"$f":"X1470*E1470","v":0},{"$f":"Y1470*E1470","v":0},480,{"$f":"+E1470*Z1470","v":{"v":960,"d":"960.00"}}]
[{"$nulls":5}," "]
["9.5.5","Splices",{"$nulls":3}," "]
[null,"       Supply","each",{"$f":"D1457/6","v":200},25.24,{"v":5048,"d":"5,048.00"},{"$nulls":14},20,{"$nulls":4},20,{"$f":"G1473*E1473","v":0},{"$f":"H1473*E1473","v":0},{"$f":"I1473*E1473","v":0},{"$f":"J1473*E1473","v":0},{"$f":"K1473*E1473","v":0},{"$f":"L1473*E1473","v":0},{"$f":"+M1473*E1473","v":0},{"$f":"N1473*E1473","v":0},{"$f":"O1473*E1473","v":0},{"$f":"P1473*E1473","v":0},{"$f":"Q1473*E1473","v":0},{"$f":"R1473*E1473","v":0},{"$f":"S1473*E1473","v":0},{"$f":"T1473*E1473","v":0},{"$f":"W1473*E1473","v":0},{"$f":"X1473*E1473","v":0},{"$f":"Y1473*E1473","v":0},0,{"$f":"+E1473*Z1473","v":{"v":504.79999999999995,"d":"504.80"}}]
[null,"       Install","each",{"$f":"D1473","v":200},{"v":20,"d":"20.00"},{"v":4000,"d":"4,000.00"},{"$nulls":14},20,{"$nulls":4},20,{"$f":"G1474*E1474","v":0},{"$f":"H1474*E1474","v":0},{"$f":"I1474*E1474","v":0},{"$f":"J1474*E1474","v":0},{"$f":"K1474*E1474","v":0},{"$f":"L1474*E1474","v":0},{"$f":"+M1474*E1474","v":0},{"$f":"N1474*E1474","v":0},{"$f":"O1474*E1474","v":0},{"$f":"P1474*E1474","v":0},{"$f":"Q1474*E1474","v":0},{"$f":"R1474*E1474","v":0},{"$f":"S1474*E1474","v":0},{"$f":"T1474*E1474","v":0},{"$f":"W1474*E1474","v":0},{"$f":"X1474*E1474","v":0},{"$f":"Y1474*E1474","v":0},0,{"$f":"+E1474*Z1474","v":{"v":400,"d":"400.00"}}]
[{"$nulls":5}," "]
["9.5.6","P2000 Support Structure Brackets P1068 complete with springnuts and Bolts",{"$nulls":3}," "]
[" ","       Supply","Each ",{"$f":"D1457","v":{"v":1200,"d":"1,200"}},58.64,{"v":70368,"d":"70,368.00"},{"$nulls":19},0,{"$f":"G1477*E1477","v":0},{"$f":"H1477*E1477","v":0},{"$f":"I1477*E1477","v":0},{"$f":"J1477*E1477","v":0},{"$f":"K1477*E1477","v":0},{"$f":"L1477*E1477","v":0},{"$f":"+M1477*E1477","v":0},{"$f":"N1477*E1477","v":0},{"$f":"O1477*E1477","v":0},{"$f":"P1477*E1477","v":0},{"$f":"Q1477*E1477","v":0},{"$f":"R1477*E1477","v":0},{"$f":"S1477*E1477","v":0},{"$f":"T1477*E1477","v":0},{"$f":"W1477*E1477","v":0},{"$f":"X1477*E1477","v":0},{"$f":"Y1477*E1477","v":0},0,{"$f":"+E1477*Z1477","v":{"v":0,"d":"0.00"}}]
[null,"       Install",{"$f":"C1477","v":"Each "},{"$f":"D1477","v":{"v":1200,"d":"1,200"}},{"v":69,"d":"69.00"},{"v":82800,"d":"82,800.00"},{"$nulls":19},0,{"$f":"G1478*E1478","v":0},{"$f":"H1478*E1478","v":0},{"$f":"I1478*E1478","v":0},{"$f":"J1478*E1478","v":0},{"$f":"K1478*E1478","v":0},{"$f":"L1478*E1478","v":0},{"$f":"+M1478*E1478","v":0},{"$f":"N1478*E1478","v":0},{"$f":"O1478*E1478","v":0},{"$f":"P1478*E1478","v":0},{"$f":"Q1478*E1478","v":0},{"$f":"R1478*E1478","v":0},{"$f":"S1478*E1478","v":0},{"$f":"T1478*E1478","v":0},{"$f":"W1478*E1478","v":0},{"$f":"X1478*E1478","v":0},{"$f":"Y1478*E1478","v":0},0,{"$f":"+E1478*Z1478","v":{"v":0,"d":"0.00"}}]
[]
[null,"Amount Carried Forward ",{"$nulls":3},{"$f":"SUM(F1421:F1479)","v":{"v":2013193.5899999999,"d":"2,013,193.59"}},{"$nulls":38},{"$f":"SUM(AS1421:AS1479)","v":{"v":11920.8,"d":"11,920.80"}}]
[]
["MAIN HOSPITAL ELECTRICAL INSTALLATION"]
["CECILIA MAKIWANE HOSPITAL : PHASE 4C"]
[]
[{"$f":"A1419","v":"BILL NO. 9 : POWER RETICULATION EQUIPMENT (SMME PACKAGE No 7)"}]
["ITEM","DESCRIPTION","UNIT","QTY","RATE","TENDER AMOUNT","A","B","D-LV03","E1-LV03","E2","F1","F2","G1","G2","H1","H2","J1","J2","J3","Substation","G/House",null,"N","Other","Total Qty","A","B","D","E1","E2","F1","F2","G1","G2","H1","H2","J1","J2","J3","K","N","Other","Total Amount","Total Claimed"]
[null,"AMOUNT CARRIED FORWARD FROM PREVIOUS BILL",{"$nulls":3},{"$f":"F1480","v":{"v":2013193.5899999999,"d":"2,013,193.59"}},{"$nulls":38},{"$f":"AS1480","v":{"v":11920.8,"d":"11,920.80"}}]
[]
["9.6.","P2000 CHANNEL TRUNKING"]
[]
[" ","Single channel Galvanised Trunking installed on side mounted angle Brackets."]
[]
["9.6.1","Channel"," "]
[null,"       Supply","m",{"v":4600,"d":"4,600"},20.99,{"$f":"$D1494*E1494","v":{"v":96554,"d":"96,554.00"}},{"$nulls":19},{"$f":"SUM(G1494:Y1494)","v":0},{"$f":"G1494*E1494","v":0},{"$f":"H1494*E1494","v":0},{"$f":"I1494*E1494","v":0},{"$f":"J1494*E1494","v":0},{"$f":"K1494*E1494","v":0},{"$f":"L1494*E1494","v":0},{"$f":"+M1494*E1494","v":0},{"$f":"N1494*E1494","v":0},{"$f":"O1494*E1494","v":0},{"$f":"P1494*E1494","v":0},{"$f":"Q1494*E1494","v":0},{"$f":"R1494*E1494","v":0},{"$f":"S1494*E1494","v":0},{"$f":"T1494*E1494","v":0},{"$f":"W1494*E1494","v":0},{"$f":"X1494*E1494","v":0},{"$f":"Y1494*E1494","v":0},{"$f":"SUM(AA1494:AQ1494)","v":0},{"$f":"+E1494*Z1494","v":{"v":0,"d":"0.00"}}]
[null,"       Install","m",{"$f":"D1494","v":{"v":4600,"d":"4,600"}},{"v":26,"d":"26.00"},{"$f":"$D1495*E1495","v":{"v":119600,"d":"119,600.00"}},null,null,6,{"$nulls":4},12,6,null,{"$f":"12+12+6+6","v":36},6,6,{"$nulls":5},6,{"$f":"SUM(G1495:Y1495)","v":78},{"$f":"G1495*E1495","v":0},{"$f":"H1495*E1495","v":0},{"$f":"I1495*E1495","v":156},{"$f":"J1495*E1495","v":0},{"$f":"K1495*E1495","v":0},{"$f":"L1495*E1495","v":0},{"$f":"+M1495*E1495","v":0},{"$f":"N1495*E1495","v":312},{"$f":"O1495*E1495","v":156},{"$f":"P1495*E1495","v":0},{"$f":"Q1495*E1495","v":936},{"$f":"R1495*E1495","v":156},{"$f":"S1495*E1495","v":156},{"$f":"T1495*E1495","v":0},{"$f":"W1495*E1495","v":0},{"$f":"X1495*E1495","v":0},{"$f":"Y1495*E1495","v":156},{"$f":"SUM(AA1495:AQ1495)","v":{"v":2028,"d":"2,028"}},{"$f":"+E1495*Z1495","v":{"v":2028,"d":"2,028.00"}}]
[{"$nulls":5}," "]
["9.6.2","Cover plate"," ",null,null," "]
[null,"       Supply","m",{"$f":"D1494","v":{"v":4600,"d":"4,600"}},6.21,{"$f":"$D1498*E1498","v":{"v":28566,"d":"28,566.00"}},{"$nulls":19},{"$f":"SUM(G1498:Y1498)","v":0},{"$f":"G1498*E1498","v":0},{"$f":"H1498*E1498","v":0},{"$f":"I1498*E1498","v":0},{"$f":"J1498*E1498","v":0},{"$f":"K1498*E1498","v":0},{"$f":"L1498*E1498","v":0},{"$f":"+M1498*E1498","v":0},{"$f":"N1498*E1498","v":0},{"$f":"O1498*E1498","v":0},{"$f":"P1498*E1498","v":0},{"$f":"Q1498*E1498","v":0},{"$f":"R1498*E1498","v":0},{"$f":"S1498*E1498","v":0},{"$f":"T1498*E1498","v":0},{"$f":"W1498*E1498","v":0},{"$f":"X1498*E1498","v":0},{"$f":"Y1498*E1498","v":0},{"$f":"SUM(AA1498:AQ1498)","v":0},{"$f":"+E1498*Z1498","v":{"v":0,"d":"0.00"}}]
[null,"       Install","m",{"$f":"D1498","v":{"v":4600,"d":"4,600"}},{"v":23,"d":"23.00"},{"$f":"$D1499*E1499","v":{"v":105800,"d":"105,800.00"}},{"$nulls":19},{"$f":"SUM(G1499:Y1499)","v":0},{"$f":"G1499*E1499","v":0},{"$f":"H1499*E1499","v":0},{"$f":"I1499*E1499","v":0},{"$f":"J1499*E1499","v":0},{"$f":"K1499*E1499","v":0},{"$f":"L1499*E1499","v":0},{"$f":"+M1499*E1499","v":0},{"$f":"N1499*E1499","v":0},{"$f":"O1499*E1499","v":0},{"$f":"P1499*E1499","v":0},{"$f":"Q1499*E1499","v":0},{"$f":"R1499*E1499","v":0},{"$f":"S1499*E1499","v":0},{"$f":"T1499*E1499","v":0},{"$f":"W1499*E1499","v":0},{"$f":"X1499*E1499","v":0},{"$f":"Y1499*E1499","v":0},{"$f":"SUM(AA1499:AQ1499)","v":0},{"$f":"+E1499*Z1499","v":{"v":0,"d":"0.00"}}]
[{"$nulls":5}," "]
["9.6.3","Ends"," ",null,null," "]
[null,"       Supply","each",400,1.81,{"$f":"$D1502*E1502","v":{"v":724,"d":"724.00"}},{"$nulls":19},{"$f":"SUM(G1502:Y1502)","v":0},{"$f":"G1502*E1502","v":0},{"$f":"H1502*E1502","v":0},{"$f":"I1502*E1502","v":0},{"$f":"J1502*E1502","v":0},{"$f":"K1502*E1502","v":0},{"$f":"L1502*E1502","v":0},{"$f":"+M1502*E1502","v":0},{"$f":"N1502*E1502","v":0},{"$f":"O1502*E1502","v":0},{"$f":"P1502*E1502","v":0},{"$f":"Q1502*E1502","v":0},{"$f":"R1502*E1502","v":0},{"$f":"S1502*E1502","v":0},{"$f":"T1502*E1502","v":0},{"$f":"W1502*E1502","v":0},{"$f":"X1502*E1502","v":0},{"$f":"Y1502*E1502","v":0},{"$f":"SUM(AA1502:AQ1502)","v":0},{"$f":"+E1502*Z1502","v":{"v":0,"d":"0.00"}}]
[null,"       Install","each",{"$f":"D1502","v":400},{"v":15,"d":"15.00"},{"$f":"$D1503*E1503","v":{"v":6000,"d":"6,000.00"}},{"$nulls":19},{"$f":"SUM(G1503:Y1503)","v":0},{"$f":"G1503*E1503","v":0},{"$f":"H1503*E1503","v":0},{"$f":"I1503*E1503","v":0},{"$f":"J1503*E1503","v":0},{"$f":"K1503*E1503","v":0},{"$f":"L1503*E1503","v":0},{"$f":"+M1503*E1503","v":0},{"$f":"N1503*E1503","v":0},{"$f":"O1503*E1503","v":0},{"$f":"P1503*E1503","v":0},{"$f":"Q1503*E1503","v":0},{"$f":"R1503*E1503","v":0},{"$f":"S1503*E1503","v":0},{"$f":"T1503*E1503","v":0},{"$f":"W1503*E1503","v":0},{"$f":"X1503*E1503","v":0},{"$f":"Y1503*E1503","v":0},{"$f":"SUM(AA1503:AQ1503)","v":0},{"$f":"+E1503*Z1503","v":{"v":0,"d":"0.00"}}]
[{"$nulls":5}," "]
["9.6.4","Splices"," ",null,null," "]
[null,"       Supply","each",767,{"v":2.5,"d":"2.50"},{"$f":"$D1506*E1506","v":{"v":1917.5,"d":"1,917.50"}},{"$nulls":19},{"$f":"SUM(G1506:Y1506)","v":0},{"$f":"G1506*E1506","v":0},{"$f":"H1506*E1506","v":0},{"$f":"I1506*E1506","v":0},{"$f":"J1506*E1506","v":0},{"$f":"K1506*E1506","v":0},{"$f":"L1506*E1506","v":0},{"$f":"+M1506*E1506","v":0},{"$f":"N1506*E1506","v":0},{"$f":"O1506*E1506","v":0},{"$f":"P1506*E1506","v":0},{"$f":"Q1506*E1506","v":0},{"$f":"R1506*E1506","v":0},{"$f":"S1506*E1506","v":0},{"$f":"T1506*E1506","v":0},{"$f":"W1506*E1506","v":0},{"$f":"X1506*E1506","v":0},{"$f":"Y1506*E1506","v":0},{"$f":"SUM(AA1506:AQ1506)","v":0},{"$f":"+E1506*Z1506","v":{"v":0,"d":"0.00"}}]
[null,"       Install","each",{"$f":"D1506","v":767},{"v":10,"d":"10.00"},{"$f":"$D1507*E1507","v":{"v":7670,"d":"7,670.00"}},{"$nulls":19},{"$f":"SUM(G1507:Y1507)","v":0},{"$f":"G1507*E1507","v":0},{"$f":"H1507*E1507","v":0},{"$f":"I1507*E1507","v":0},{"$f":"J1507*E1507","v":0},{"$f":"K1507*E1507","v":0},{"$f":"L1507*E1507","v":0},{"$f":"+M1507*E1507","v":0},{"$f":"N1507*E1507","v":0},{"$f":"O1507*E1507","v":0},{"$f":"P1507*E1507","v":0},{"$f":"Q1507*E1507","v":0},{"$f":"R1507*E1507","v":0},{"$f":"S1507*E1507","v":0},{"$f":"T1507*E1507","v":0},{"$f":"W1507*E1507","v":0},{"$f":"X1507*E1507","v":0},{"$f":"Y1507*E1507","v":0},{"$f":"SUM(AA1507:AQ1507)","v":0},{"$f":"+E1507*Z1507","v":{"v":0,"d":"0.00"}}]
[{"$nulls":5}," "]
["9.6.5","P2000 Hanger Bracket complete with 600mm Threaded Rods,  Etc"," ",null,null," "]
[null,"       Supply","each",{"v":1200,"d":"1,200"},20.73,{"$f":"$D1510*E1510","v":{"v":24876,"d":"24,876.00"}},{"$nulls":19},{"$f":"SUM(G1510:Y1510)","v":0},{"$f":"G1510*E1510","v":0},{"$f":"H1510*E1510","v":0},{"$f":"I1510*E1510","v":0},{"$f":"J1510*E1510","v":0},{"$f":"K1510*E1510","v":0},{"$f":"L1510*E1510","v":0},{"$f":"+M1510*E1510","v":0},{"$f":"N1510*E1510","v":0},{"$f":"O1510*E1510","v":0},{"$f":"P1510*E1510","v":0},{"$f":"Q1510*E1510","v":0},{"$f":"R1510*E1510","v":0},{"$f":"S1510*E1510","v":0},{"$f":"T1510*E1510","v":0},{"$f":"W1510*E1510","v":0},{"$f":"X1510*E1510","v":0},{"$f":"Y1510*E1510","v":0},{"$f":"SUM(AA1510:AQ1510)","v":0},{"$f":"+E1510*Z1510","v":{"v":0,"d":"0.00"}}]
[null,"       Install","each",{"$f":"D1510","v":{"v":1200,"d":"1,200"}},{"v":40,"d":"40.00"},{"$f":"$D1511*E1511","v":{"v":48000,"d":"48,000.00"}},{"$nulls":19},{"$f":"SUM(G1511:Y1511)","v":0},{"$f":"G1511*E1511","v":0},{"$f":"H1511*E1511","v":0},{"$f":"I1511*E1511","v":0},{"$f":"J1511*E1511","v":0},{"$f":"K1511*E1511","v":0},{"$f":"L1511*E1511","v":0},{"$f":"+M1511*E1511","v":0},{"$f":"N1511*E1511","v":0},{"$f":"O1511*E1511","v":0},{"$f":"P1511*E1511","v":0},{"$f":"Q1511*E1511","v":0},{"$f":"R1511*E1511","v":0},{"$f":"S1511*E1511","v":0},{"$f":"T1511*E1511","v":0},{"$f":"W1511*E1511","v":0},{"$f":"X1511*E1511","v":0},{"$f":"Y1511*E1511","v":0},{"$f":"SUM(AA1511:AQ1511)","v":0},{"$f":"+E1511*Z1511","v":{"v":0,"d":"0.00"}}]
[{"$nulls":5}," "]
["9.7.","EARTHING",{"$nulls":3}," "]
[" ","Earthing and bonding to SABS 10142-1","Item",1,{"v":4000,"d":"4,000.00"},{"$f":"$D1514*E1514","v":{"v":4000,"d":"4,000.00"}},{"$nulls":19},{"$f":"SUM(G1514:Y1514)","v":0},{"$f":"G1514*E1514","v":0},{"$f":"H1514*E1514","v":0},{"$f":"I1514*E1514","v":0},{"$f":"J1514*E1514","v":0},{"$f":"K1514*E1514","v":0},{"$f":"L1514*E1514","v":0},{"$f":"+M1514*E1514","v":0},{"$f":"N1514*E1514","v":0},{"$f":"O1514*E1514","v":0},{"$f":"P1514*E1514","v":0},{"$f":"Q1514*E1514","v":0},{"$f":"R1514*E1514","v":0},{"$f":"S1514*E1514","v":0},{"$f":"T1514*E1514","v":0},{"$f":"W1514*E1514","v":0},{"$f":"X1514*E1514","v":0},{"$f":"Y1514*E1514","v":0},{"$f":"SUM(AA1514:AQ1514)","v":0},{"$f":"+E1514*Z1514","v":{"v":0,"d":"0.00"}}]
[]
[{"v":9.8,"d":"9.80"},"TESTING  "]
[" ","Testing of the complete electrical installation in terms of SABS 0142 and provision of Certificates of "]
[null,"Compliance ","Item",1,{"v":15000,"d":"15,000.00"},{"$f":"$D1518*E1518","v":{"v":15000,"d":"15,000.00"}},{"$nulls":19},{"$f":"SUM(G1518:Y1518)","v":0},{"$f":"G1518*E1518","v":0},{"$f":"H1518*E1518","v":0},{"$f":"I1518*E1518","v":0},{"$f":"J1518*E1518","v":0},{"$f":"K1518*E1518","v":0},{"$f":"L1518*E1518","v":0},{"$f":"+M1518*E1518","v":0},{"$f":"N1518*E1518","v":0},{"$f":"O1518*E1518","v":0},{"$f":"P1518*E1518","v":0},{"$f":"Q1518*E1518","v":0},{"$f":"R1518*E1518","v":0},{"$f":"S1518*E1518","v":0},{"$f":"T1518*E1518","v":0},{"$f":"W1518*E1518","v":0},{"$f":"X1518*E1518","v":0},{"$f":"Y1518*E1518","v":0},{"$f":"SUM(AA1518:AQ1518)","v":0},{"$f":"+E1518*Z1518","v":{"v":0,"d":"0.00"}}]
[{"$nulls":5}," "]
[]
["9.9.","BONDING OF WATER MAINS AND CABLES",{"$nulls":3}," "]
[null,"Bond the proposed water main to the adjacent down conductor. All water pipes, hand basins, sinks, baths, gutters and rain water pipes shall be bonded.","Sum",1,{"v":5000,"d":"5,000.00"},{"$f":"$D1522*E1522","v":{"v":5000,"d":"5,000.00"}},{"$nulls":19},{"$f":"SUM(G1522:Y1522)","v":0},{"$f":"G1522*E1522","v":0},{"$f":"H1522*E1522","v":0},{"$f":"I1522*E1522","v":0},{"$f":"J1522*E1522","v":0},{"$f":"K1522*E1522","v":0},{"$f":"L1522*E1522","v":0},{"$f":"+M1522*E1522","v":0},{"$f":"N1522*E1522","v":0},{"$f":"O1522*E1522","v":0},{"$f":"P1522*E1522","v":0},{"$f":"Q1522*E1522","v":0},{"$f":"R1522*E1522","v":0},{"$f":"S1522*E1522","v":0},{"$f":"T1522*E1522","v":0},{"$f":"W1522*E1522","v":0},{"$f":"X1522*E1522","v":0},{"$f":"Y1522*E1522","v":0},{"$f":"SUM(AA1522:AQ1522)","v":0},{"$f":"+E1522*Z1522","v":{"v":0,"d":"0.00"}}]
[null,"All external earth wires and cable armouring from the incoming and outgoing cables will be properly crimped into cable lugs and bolted to their respective earth bars."," ",null,null," "]
[{"$nulls":5}," "]
["9.9.1","EARTH MAT FOR  HV SYSTEM",{"$nulls":3}," "]
[null,"Supply and install complete as per Drawing No E402","Sum",26,{"v":19700.01,"d":"19,700.01"},{"$f":"$D1526*E1526","v":{"v":512200.25999999995,"d":"512,200.26"}},{"$nulls":19},{"$f":"SUM(G1526:Y1526)","v":0},{"$f":"G1526*E1526","v":0},{"$f":"H1526*E1526","v":0},{"$f":"I1526*E1526","v":0},{"$f":"J1526*E1526","v":0},{"$f":"K1526*E1526","v":0},{"$f":"L1526*E1526","v":0},{"$f":"+M1526*E1526","v":0},{"$f":"N1526*E1526","v":0},{"$f":"O1526*E1526","v":0},{"$f":"P1526*E1526","v":0},{"$f":"Q1526*E1526","v":0},{"$f":"R1526*E1526","v":0},{"$f":"S1526*E1526","v":0},{"$f":"T1526*E1526","v":0},{"$f":"W1526*E1526","v":0},{"$f":"X1526*E1526","v":0},{"$f":"Y1526*E1526","v":0},{"$f":"SUM(AA1526:AQ1526)","v":0},{"$f":"+E1526*Z1526","v":{"v":0,"d":"0.00"}}]
[{"$nulls":3}," ",null," "]
["9.9.1","EARTH MAT FOR LV SYSTEM",{"$nulls":3}," "]
[null,"Supply and install complete as per Drawing No E402","Sum",60,{"v":8149.34,"d":"8,149.34"},{"$f":"$D1529*E1529","v":{"v":488960.4,"d":"488,960.40"}},{"$nulls":19},{"$f":"SUM(G1529:Y1529)","v":0},{"$f":"G1529*E1529","v":0},{"$f":"H1529*E1529","v":0},{"$f":"I1529*E1529","v":0},{"$f":"J1529*E1529","v":0},{"$f":"K1529*E1529","v":0},{"$f":"L1529*E1529","v":0},{"$f":"+M1529*E1529","v":0},{"$f":"N1529*E1529","v":0},{"$f":"O1529*E1529","v":0},{"$f":"P1529*E1529","v":0},{"$f":"Q1529*E1529","v":0},{"$f":"R1529*E1529","v":0},{"$f":"S1529*E1529","v":0},{"$f":"T1529*E1529","v":0},{"$f":"W1529*E1529","v":0},{"$f":"X1529*E1529","v":0},{"$f":"Y1529*E1529","v":0},{"$f":"SUM(AA1529:AQ1529)","v":0},{"$f":"+E1529*Z1529","v":{"v":0,"d":"0.00"}}]
[{"$nulls":5}," "]
[{"$nulls":3}," "]
[null,"Amount Carried Forward ",{"$nulls":3},{"$f":"SUM(F1487:F1531)","v":{"v":3478061.7499999995,"d":"3,478,061.75"}},{"$nulls":38},{"$f":"SUM(AS1487:AS1531)","v":{"v":13948.8,"d":"13,948.80"}}]
[]
["MAIN HOSPITAL ELECTRICAL INSTALLATION"]
["CECILIA MAKIWANE HOSPITAL : PHASE 4C"]
[]
[{"$f":"A1485","v":"BILL NO. 9 : POWER RETICULATION EQUIPMENT (SMME PACKAGE No 7)"}]
["ITEM","DESCRIPTION","UNIT","QTY","RATE","TENDER AMOUNT","A","B","D-LV03","E1-LV03","E2","F1","F2","G1","G2","H1","H2","J1","J2","J3","Substation","G/House",null,"N","Other","Total Qty","A","B","D","E1","E2","F1","F2","G1","G2","H1","H2","J1","J2","J3","K","N","Other","Total Amount","Total Claimed"]
[null,"AMOUNT CARRIED FORWARD FROM PREVIOUS BILL",{"$nulls":3},{"$f":"F1532","v":{"v":3478061.7499999995,"d":"3,478,061.75"}},{"$nulls":38},{"$f":"AS1532","v":{"v":13948.8,"d":"13,948.80"}}]
[{"$nulls":3}," "]
[]
[{"$nulls":3}," "]
["9.10.","PHOTO ELECTRIC CELL"]
["9.10.1","SUPPLY"]
[null,"Supply, deliver, accept and store the following photo-cell complete, which are to be equal (approved) to those specified."]
[null,"Type ZS 20A National photo electric cell","Each",35,{"v":106.5,"d":"106.50"},{"$f":"$D1546*E1546","v":{"v":3727.5,"d":"3,727.50"}},{"$nulls":19},{"$f":"SUM(G1546:Y1546)","v":0},{"$f":"G1546*E1546","v":0},{"$f":"H1546*E1546","v":0},{"$f":"I1546*E1546","v":0},{"$f":"J1546*E1546","v":0},{"$f":"K1546*E1546","v":0},{"$f":"L1546*E1546","v":0},{"$f":"+M1546*E1546","v":0},{"$f":"N1546*E1546","v":0},{"$f":"O1546*E1546","v":0},{"$f":"P1546*E1546","v":0},{"$f":"Q1546*E1546","v":0},{"$f":"R1546*E1546","v":0},{"$f":"S1546*E1546","v":0},{"$f":"T1546*E1546","v":0},{"$f":"W1546*E1546","v":0},{"$f":"X1546*E1546","v":0},{"$f":"Y1546*E1546","v":0},{"$f":"SUM(AA1546:AQ1546)","v":0},{"$f":"+E1546*Z1546","v":{"v":0,"d":"0.00"}}]
[{"$nulls":3}," "]
["9.10.2","INSTALLATION",null," "]
[null,"Fix, connect and commission the following photo-cell complete with everything necessary.",null," "]
[null,"Type ZS 20A National photo electric cell","Each",{"$f":"D1546","v":35},{"v":90,"d":"90.00"},{"v":3150,"d":"3,150.00"},{"$nulls":19},{"$f":"SUM(G1550:Y1550)","v":0},{"$f":"G1550*E1550","v":0},{"$f":"H1550*E1550","v":0},{"$f":"I1550*E1550","v":0},{"$f":"J1550*E1550","v":0},{"$f":"K1550*E1550","v":0},{"$f":"L1550*E1550","v":0},{"$f":"+M1550*E1550","v":0},{"$f":"N1550*E1550","v":0},{"$f":"O1550*E1550","v":0},{"$f":"P1550*E1550","v":0},{"$f":"Q1550*E1550","v":0},{"$f":"R1550*E1550","v":0},{"$f":"S1550*E1550","v":0},{"$f":"T1550*E1550","v":0},{"$f":"W1550*E1550","v":0},{"$f":"X1550*E1550","v":0},{"$f":"Y1550*E1550","v":0},{"$f":"SUM(AA1550:AQ1550)","v":0},{"$f":"+E1550*Z1550","v":{"v":0,"d":"0.00"}}]
[]
[9.11,"ISOLATORS"]
[" ","SUPPLY & INSTALL"]
[null,"Supply, deliver, accept, store and Install the following isolators, complete with metal/PVC enclosures and metal screws."]
["9.11.1","30 Amp triple pole Surface mounted isolator","Nº",24,{"v":230,"d":"230.00"},{"v":5520,"d":"5,520.00"},{"$nulls":19},0,{"$f":"G1555*E1555","v":0},{"$f":"H1555*E1555","v":0},{"$f":"I1555*E1555","v":0},{"$f":"J1555*E1555","v":0},{"$f":"K1555*E1555","v":0},{"$f":"L1555*E1555","v":0},{"$f":"+M1555*E1555","v":0},{"$f":"N1555*E1555","v":0},{"$f":"O1555*E1555","v":0},{"$f":"P1555*E1555","v":0},{"$f":"Q1555*E1555","v":0},{"$f":"R1555*E1555","v":0},{"$f":"S1555*E1555","v":0},{"$f":"T1555*E1555","v":0},{"$f":"W1555*E1555","v":0},{"$f":"X1555*E1555","v":0},{"$f":"Y1555*E1555","v":0},0,{"$f":"+E1555*Z1555","v":{"v":0,"d":"0.00"}}]
["9.11.2","60 Amp triple pole Surface mounted isolator","Nº",32,{"v":255,"d":"255.00"},{"v":8160,"d":"8,160.00"},{"$nulls":19},0,{"$f":"G1556*E1556","v":0},{"$f":"H1556*E1556","v":0},{"$f":"I1556*E1556","v":0},{"$f":"J1556*E1556","v":0},{"$f":"K1556*E1556","v":0},{"$f":"L1556*E1556","v":0},{"$f":"+M1556*E1556","v":0},{"$f":"N1556*E1556","v":0},{"$f":"O1556*E1556","v":0},{"$f":"P1556*E1556","v":0},{"$f":"Q1556*E1556","v":0},{"$f":"R1556*E1556","v":0},{"$f":"S1556*E1556","v":0},{"$f":"T1556*E1556","v":0},{"$f":"W1556*E1556","v":0},{"$f":"X1556*E1556","v":0},{"$f":"Y1556*E1556","v":0},0,{"$f":"+E1556*Z1556","v":{"v":0,"d":"0.00"}}]
["9.11.3","90 Amp Triple pole Surface mounted Equipment isolator","Nº",34,{"v":1009.33,"d":"1,009.33"},{"v":34317.22,"d":"34,317.22"},{"$nulls":19},0,{"$f":"G1557*E1557","v":0},{"$f":"H1557*E1557","v":0},{"$f":"I1557*E1557","v":0},{"$f":"J1557*E1557","v":0},{"$f":"K1557*E1557","v":0},{"$f":"L1557*E1557","v":0},{"$f":"+M1557*E1557","v":0},{"$f":"N1557*E1557","v":0},{"$f":"O1557*E1557","v":0},{"$f":"P1557*E1557","v":0},{"$f":"Q1557*E1557","v":0},{"$f":"R1557*E1557","v":0},{"$f":"S1557*E1557","v":0},{"$f":"T1557*E1557","v":0},{"$f":"W1557*E1557","v":0},{"$f":"X1557*E1557","v":0},{"$f":"Y1557*E1557","v":0},0,{"$f":"+E1557*Z1557","v":{"v":0,"d":"0.00"}}]
["9.11.4","100 Amp Triple pole Surface mounted Equipment isolator","Nº",45,{"v":1019.33,"d":"1,019.33"},{"v":45869.85,"d":"45,869.85"},{"$nulls":19},0,{"$f":"G1558*E1558","v":0},{"$f":"H1558*E1558","v":0},{"$f":"I1558*E1558","v":0},{"$f":"J1558*E1558","v":0},{"$f":"K1558*E1558","v":0},{"$f":"L1558*E1558","v":0},{"$f":"+M1558*E1558","v":0},{"$f":"N1558*E1558","v":0},{"$f":"O1558*E1558","v":0},{"$f":"P1558*E1558","v":0},{"$f":"Q1558*E1558","v":0},{"$f":"R1558*E1558","v":0},{"$f":"S1558*E1558","v":0},{"$f":"T1558*E1558","v":0},{"$f":"W1558*E1558","v":0},{"$f":"X1558*E1558","v":0},{"$f":"Y1558*E1558","v":0},0,{"$f":"+E1558*Z1558","v":{"v":0,"d":"0.00"}}]
["9.11.5","150 Amp Triple pole Surface mounted Equipment isolator","Nº",18,{"v":1583.47,"d":"1,583.47"},{"v":28502.46,"d":"28,502.46"},{"$nulls":19},0,{"$f":"G1559*E1559","v":0},{"$f":"H1559*E1559","v":0},{"$f":"I1559*E1559","v":0},{"$f":"J1559*E1559","v":0},{"$f":"K1559*E1559","v":0},{"$f":"L1559*E1559","v":0},{"$f":"+M1559*E1559","v":0},{"$f":"N1559*E1559","v":0},{"$f":"O1559*E1559","v":0},{"$f":"P1559*E1559","v":0},{"$f":"Q1559*E1559","v":0},{"$f":"R1559*E1559","v":0},{"$f":"S1559*E1559","v":0},{"$f":"T1559*E1559","v":0},{"$f":"W1559*E1559","v":0},{"$f":"X1559*E1559","v":0},{"$f":"Y1559*E1559","v":0},0,{"$f":"+E1559*Z1559","v":{"v":0,"d":"0.00"}}]
[{"$nulls":5}," "]
["9.11.6","30 Amp triple pole Flush mounted isolator","Nº",34,{"v":230,"d":"230.00"},{"v":7820,"d":"7,820.00"},{"$nulls":19},0,{"$f":"G1561*E1561","v":0},{"$f":"H1561*E1561","v":0},{"$f":"I1561*E1561","v":0},{"$f":"J1561*E1561","v":0},{"$f":"K1561*E1561","v":0},{"$f":"L1561*E1561","v":0},{"$f":"+M1561*E1561","v":0},{"$f":"N1561*E1561","v":0},{"$f":"O1561*E1561","v":0},{"$f":"P1561*E1561","v":0},{"$f":"Q1561*E1561","v":0},{"$f":"R1561*E1561","v":0},{"$f":"S1561*E1561","v":0},{"$f":"T1561*E1561","v":0},{"$f":"W1561*E1561","v":0},{"$f":"X1561*E1561","v":0},{"$f":"Y1561*E1561","v":0},0,{"$f":"+E1561*Z1561","v":{"v":0,"d":"0.00"}}]
["9.11.7","60 Amp triple pole Flush mounted isolator","Nº",28,{"v":255,"d":"255.00"},{"v":7140,"d":"7,140.00"},{"$nulls":19},0,{"$f":"G1562*E1562","v":0},{"$f":"H1562*E1562","v":0},{"$f":"I1562*E1562","v":0},{"$f":"J1562*E1562","v":0},{"$f":"K1562*E1562","v":0},{"$f":"L1562*E1562","v":0},{"$f":"+M1562*E1562","v":0},{"$f":"N1562*E1562","v":0},{"$f":"O1562*E1562","v":0},{"$f":"P1562*E1562","v":0},{"$f":"Q1562*E1562","v":0},{"$f":"R1562*E1562","v":0},{"$f":"S1562*E1562","v":0},{"$f":"T1562*E1562","v":0},{"$f":"W1562*E1562","v":0},{"$f":"X1562*E1562","v":0},{"$f":"Y1562*E1562","v":0},0,{"$f":"+E1562*Z1562","v":{"v":0,"d":"0.00"}}]
["9.11.8","90 Amp Triple pole Flush mounted Equipment isolator","Nº",23,{"v":1009.33,"d":"1,009.33"},{"v":23214.59,"d":"23,214.59"},{"$nulls":19},0,{"$f":"G1563*E1563","v":0},{"$f":"H1563*E1563","v":0},{"$f":"I1563*E1563","v":0},{"$f":"J1563*E1563","v":0},{"$f":"K1563*E1563","v":0},{"$f":"L1563*E1563","v":0},{"$f":"+M1563*E1563","v":0},{"$f":"N1563*E1563","v":0},{"$f":"O1563*E1563","v":0},{"$f":"P1563*E1563","v":0},{"$f":"Q1563*E1563","v":0},{"$f":"R1563*E1563","v":0},{"$f":"S1563*E1563","v":0},{"$f":"T1563*E1563","v":0},{"$f":"W1563*E1563","v":0},{"$f":"X1563*E1563","v":0},{"$f":"Y1563*E1563","v":0},0,{"$f":"+E1563*Z1563","v":{"v":0,"d":"0.00"}}]
["9.11.9","100 Amp Triple pole Flush mounted Equipment isolator","Nº",19,{"v":1019.33,"d":"1,019.33"},{"v":19367.27,"d":"19,367.27"},{"$nulls":19},0,{"$f":"G1564*E1564","v":0},{"$f":"H1564*E1564","v":0},{"$f":"I1564*E1564","v":0},{"$f":"J1564*E1564","v":0},{"$f":"K1564*E1564","v":0},{"$f":"L1564*E1564","v":0},{"$f":"+M1564*E1564","v":0},{"$f":"N1564*E1564","v":0},{"$f":"O1564*E1564","v":0},{"$f":"P1564*E1564","v":0},{"$f":"Q1564*E1564","v":0},{"$f":"R1564*E1564","v":0},{"$f":"S1564*E1564","v":0},{"$f":"T1564*E1564","v":0},{"$f":"W1564*E1564","v":0},{"$f":"X1564*E1564","v":0},{"$f":"Y1564*E1564","v":0},0,{"$f":"+E1564*Z1564","v":{"v":0,"d":"0.00"}}]
["9.11.10","150 Amp Triple pole Flush mounted Equipment isolator","Nº",12,{"v":1583.47,"d":"1,583.47"},{"v":19001.64,"d":"19,001.64"},{"$nulls":19},0,{"$f":"G1565*E1565","v":0},{"$f":"H1565*E1565","v":0},{"$f":"I1565*E1565","v":0},{"$f":"J1565*E1565","v":0},{"$f":"K1565*E1565","v":0},{"$f":"L1565*E1565","v":0},{"$f":"+M1565*E1565","v":0},{"$f":"N1565*E1565","v":0},{"$f":"O1565*E1565","v":0},{"$f":"P1565*E1565","v":0},{"$f":"Q1565*E1565","v":0},{"$f":"R1565*E1565","v":0},{"$f":"S1565*E1565","v":0},{"$f":"T1565*E1565","v":0},{"$f":"W1565*E1565","v":0},{"$f":"X1565*E1565","v":0},{"$f":"Y1565*E1565","v":0},0,{"$f":"+E1565*Z1565","v":{"v":0,"d":"0.00"}}]
[{"$nulls":5}," "]
["9.11.11","20 Amp Double pole flush wall mounted isolator","Nº",62,115.83,{"v":7181.46,"d":"7,181.46"},{"$nulls":19},0,{"$f":"G1567*E1567","v":0},{"$f":"H1567*E1567","v":0},{"$f":"I1567*E1567","v":0},{"$f":"J1567*E1567","v":0},{"$f":"K1567*E1567","v":0},{"$f":"L1567*E1567","v":0},{"$f":"+M1567*E1567","v":0},{"$f":"N1567*E1567","v":0},{"$f":"O1567*E1567","v":0},{"$f":"P1567*E1567","v":0},{"$f":"Q1567*E1567","v":0},{"$f":"R1567*E1567","v":0},{"$f":"S1567*E1567","v":0},{"$f":"T1567*E1567","v":0},{"$f":"W1567*E1567","v":0},{"$f":"X1567*E1567","v":0},{"$f":"Y1567*E1567","v":0},0,{"$f":"+E1567*Z1567","v":{"v":0,"d":"0.00"}}]
["9.11.12","30 Amp Double pole Ceiling mounted isolator Cord grip","Nº",90,138.65,{"v":12478.5,"d":"12,478.50"},{"$nulls":19},0,0,0,0,0,0,0,0,0,0,0,0,0,0,0,0,0,0,0,{"v":0,"d":"0.00"}]
["9.11.13","30 Amp Double pole Wall mounted isolator Cord grip","Nº",20,142.28,{"v":2845.6,"d":"2,845.60"},{"$nulls":19},0,0,0,0,0,0,0,0,0,0,0,0,0,0,0,0,0,0,0,{"v":0,"d":"0.00"}]
["9.11.14","60 Amp Double pole Flush mounted Gyser isolator","Nº",36,163.03,{"v":5869.08,"d":"5,869.08"},{"$nulls":19},0,0,0,0,0,0,0,0,0,0,0,0,0,0,0,0,0,0,0,{"v":0,"d":"0.00"}]
["9.11.15","80 Amp Double pole Surface mounted Gyser isolator","Nº",12,{"v":340,"d":"340.00"},{"v":4080,"d":"4,080.00"},{"$nulls":19},0,0,0,0,0,0,0,0,0,0,0,0,0,0,0,0,0,0,0,{"v":0,"d":"0.00"}]
["9.11.16","20 Amp TP weather proof isolaters complete with conduit for outdoor equipment","Nº",23,{"v":215,"d":"215.00"},{"v":4945,"d":"4,945.00"},{"$nulls":19},0,0,0,0,0,0,0,0,0,0,0,0,0,0,0,0,0,0,0,{"v":0,"d":"0.00"}]
["9.11.17","40 Amp TP weather proof isolaters complete with conduit for outdoor equipment","Nº",16,{"v":250,"d":"250.00"},{"v":4000,"d":"4,000.00"},{"$nulls":19},0,0,0,0,0,0,0,0,0,0,0,0,0,0,0,0,0,0,0,{"v":0,"d":"0.00"}]
["9.11.18","60 Amp TP weather proof isolaters complete with conduit for outdoor equipment","Nº",34,{"v":280,"d":"280.00"},{"v":9520,"d":"9,520.00"},{"$nulls":19},0,0,0,0,0,0,0,0,0,0,0,0,0,0,0,0,0,0,0,{"v":0,"d":"0.00"}]
["9.11.19","100 Amp TP weather proof isolaters complete with conduit for outdoor equipment","Nº",12,{"v":1059.43,"d":"1,059.43"},{"v":12713.16,"d":"12,713.16"},{"$nulls":19},0,0,0,0,0,0,0,0,0,0,0,0,0,0,0,0,0,0,0,{"v":0,"d":"0.00"}]
[]
[]
[null,"Amount Carried Forward ",{"$nulls":3},{"$f":"SUM(F1539:F1577)","v":{"v":3747485.08,"d":"3,747,485.08"}},{"$nulls":38},{"$f":"SUM(AS1539:AS1577)","v":{"v":13948.8,"d":"13,948.80"}}]
[]
["MAIN HOSPITAL ELECTRICAL INSTALLATION"]
["CECILIA MAKIWANE HOSPITAL : PHASE 4C"]
[]
[{"$f":"A1537","v":"BILL NO. 9 : POWER RETICULATION EQUIPMENT (SMME PACKAGE No 7)"}]
["ITEM","DESCRIPTION","UNIT","QTY","RATE","TENDER AMOUNT","A","B","D-LV03","E1-LV03","E2","F1","F2","G1","G2","H1","H2","J1","J2","J3","Substation","G/House",null,"N","Other","Total Qty","A","B","D","E1","E2","F1","F2","G1","G2","H1","H2","J1","J2","J3","K","N","Other","Total Amount","Total Claimed"]
[null,"AMOUNT CARRIED FORWARD FROM PREVIOUS BILL",{"$nulls":3},{"$f":"F1578","v":{"v":3747485.08,"d":"3,747,485.08"}},{"$nulls":38},{"$f":"AS1578","v":{"v":13948.8,"d":"13,948.80"}}]
[]
["9.12.","AIR CONDITIONING & EXTRACTION SUPPLY POINTS"]
[null,"Supply and install complete Air conditioning points including all cables, isolators and associated equipment."]
["9.12.1","AC Point (20Amp Single phase) Split A/C Unit","each",24,175.56,{"$f":"$D1589*E1589","v":{"v":4213.4400000000005,"d":"4,213.44"}},{"$nulls":19},{"$f":"SUM(G1589:Y1589)","v":0},{"$f":"G1589*E1589","v":0},{"$f":"H1589*E1589","v":0},{"$f":"I1589*E1589","v":0},{"$f":"J1589*E1589","v":0},{"$f":"K1589*E1589","v":0},{"$f":"L1589*E1589","v":0},{"$f":"+M1589*E1589","v":0},{"$f":"N1589*E1589","v":0},{"$f":"O1589*E1589","v":0},{"$f":"P1589*E1589","v":0},{"$f":"Q1589*E1589","v":0},{"$f":"R1589*E1589","v":0},{"$f":"S1589*E1589","v":0},{"$f":"T1589*E1589","v":0},{"$f":"W1589*E1589","v":0},{"$f":"X1589*E1589","v":0},{"$f":"Y1589*E1589","v":0},{"$f":"SUM(AA1589:AQ1589)","v":0},{"$f":"+E1589*Z1589","v":{"v":0,"d":"0.00"}}]
["9.12.2","AC Point (30Amp Three phase) Split A/C Unit","each",67,222.51,{"$f":"$D1590*E1590","v":{"v":14908.17,"d":"14,908.17"}},{"$nulls":19},{"$f":"SUM(G1590:Y1590)","v":0},{"$f":"G1590*E1590","v":0},{"$f":"H1590*E1590","v":0},{"$f":"I1590*E1590","v":0},{"$f":"J1590*E1590","v":0},{"$f":"K1590*E1590","v":0},{"$f":"L1590*E1590","v":0},{"$f":"+M1590*E1590","v":0},{"$f":"N1590*E1590","v":0},{"$f":"O1590*E1590","v":0},{"$f":"P1590*E1590","v":0},{"$f":"Q1590*E1590","v":0},{"$f":"R1590*E1590","v":0},{"$f":"S1590*E1590","v":0},{"$f":"T1590*E1590","v":0},{"$f":"W1590*E1590","v":0},{"$f":"X1590*E1590","v":0},{"$f":"Y1590*E1590","v":0},{"$f":"SUM(AA1590:AQ1590)","v":0},{"$f":"+E1590*Z1590","v":{"v":0,"d":"0.00"}}]
["9.12.3","AC Point (20Amp Single phase) Extract Fan Unit","each",82,175.56,{"$f":"$D1591*E1591","v":{"v":14395.92,"d":"14,395.92"}},{"$nulls":19},{"$f":"SUM(G1591:Y1591)","v":0},{"$f":"G1591*E1591","v":0},{"$f":"H1591*E1591","v":0},{"$f":"I1591*E1591","v":0},{"$f":"J1591*E1591","v":0},{"$f":"K1591*E1591","v":0},{"$f":"L1591*E1591","v":0},{"$f":"+M1591*E1591","v":0},{"$f":"N1591*E1591","v":0},{"$f":"O1591*E1591","v":0},{"$f":"P1591*E1591","v":0},{"$f":"Q1591*E1591","v":0},{"$f":"R1591*E1591","v":0},{"$f":"S1591*E1591","v":0},{"$f":"T1591*E1591","v":0},{"$f":"W1591*E1591","v":0},{"$f":"X1591*E1591","v":0},{"$f":"Y1591*E1591","v":0},{"$f":"SUM(AA1591:AQ1591)","v":0},{"$f":"+E1591*Z1591","v":{"v":0,"d":"0.00"}}]
["9.12.4","AC Point (30Amp Single phase) Extract Fan Unit","each",97,175.56,{"$f":"$D1592*E1592","v":{"v":17029.32,"d":"17,029.32"}},{"$nulls":19},{"$f":"SUM(G1592:Y1592)","v":0},{"$f":"G1592*E1592","v":0},{"$f":"H1592*E1592","v":0},{"$f":"I1592*E1592","v":0},{"$f":"J1592*E1592","v":0},{"$f":"K1592*E1592","v":0},{"$f":"L1592*E1592","v":0},{"$f":"+M1592*E1592","v":0},{"$f":"N1592*E1592","v":0},{"$f":"O1592*E1592","v":0},{"$f":"P1592*E1592","v":0},{"$f":"Q1592*E1592","v":0},{"$f":"R1592*E1592","v":0},{"$f":"S1592*E1592","v":0},{"$f":"T1592*E1592","v":0},{"$f":"W1592*E1592","v":0},{"$f":"X1592*E1592","v":0},{"$f":"Y1592*E1592","v":0},{"$f":"SUM(AA1592:AQ1592)","v":0},{"$f":"+E1592*Z1592","v":{"v":0,"d":"0.00"}}]
[null," "," "," "]
[9.13,"GALVANISED DRAW WIRE"]
[]
["9.13.1","Galvanised Draw 2.5mm wire drawn into conduit for Spare electrical, Data and Telephone Sleeves. "]
[null,"       Supply","m",{"v":8700,"d":"8,700"},0.35,{"$f":"$D1597*E1597","v":{"v":3045,"d":"3,045.00"}},{"$nulls":19},{"$f":"SUM(G1597:Y1597)","v":0},{"$f":"G1597*E1597","v":0},{"$f":"H1597*E1597","v":0},{"$f":"I1597*E1597","v":0},{"$f":"J1597*E1597","v":0},{"$f":"K1597*E1597","v":0},{"$f":"L1597*E1597","v":0},{"$f":"+M1597*E1597","v":0},{"$f":"N1597*E1597","v":0},{"$f":"O1597*E1597","v":0},{"$f":"P1597*E1597","v":0},{"$f":"Q1597*E1597","v":0},{"$f":"R1597*E1597","v":0},{"$f":"S1597*E1597","v":0},{"$f":"T1597*E1597","v":0},{"$f":"W1597*E1597","v":0},{"$f":"X1597*E1597","v":0},{"$f":"Y1597*E1597","v":0},{"$f":"SUM(AA1597:AQ1597)","v":0},{"$f":"+E1597*Z1597","v":{"v":0,"d":"0.00"}}]
[null,"       Install","m",{"$f":"D1597","v":{"v":8700,"d":"8,700"}},{"v":1.2,"d":"1.20"},{"$f":"$D1598*E1598","v":{"v":10440,"d":"10,440.00"}},{"$nulls":19},{"$f":"SUM(G1598:Y1598)","v":0},{"$f":"G1598*E1598","v":0},{"$f":"H1598*E1598","v":0},{"$f":"I1598*E1598","v":0},{"$f":"J1598*E1598","v":0},{"$f":"K1598*E1598","v":0},{"$f":"L1598*E1598","v":0},{"$f":"+M1598*E1598","v":0},{"$f":"N1598*E1598","v":0},{"$f":"O1598*E1598","v":0},{"$f":"P1598*E1598","v":0},{"$f":"Q1598*E1598","v":0},{"$f":"R1598*E1598","v":0},{"$f":"S1598*E1598","v":0},{"$f":"T1598*E1598","v":0},{"$f":"W1598*E1598","v":0},{"$f":"X1598*E1598","v":0},{"$f":"Y1598*E1598","v":0},{"$f":"SUM(AA1598:AQ1598)","v":0},{"$f":"+E1598*Z1598","v":{"v":0,"d":"0.00"}}]
[{"$nulls":5}," "]
[9.14,"POWER SKIRTING",{"$nulls":3}," "]
[{"$nulls":5}," "]
["9.14.1","Fixed on walls or worktops (N8/3) 3-Compartment powerskirting , complete with covers "," ",null,null," "]
[null,"       Supply","m",{"v":1200,"d":"1,200"},161.14,{"$f":"$D1603*E1603","v":{"v":193367.99999999997,"d":"193,368.00"}},{"$nulls":18},64,{"$f":"SUM(G1603:Y1603)","v":64},{"$f":"G1603*E1603","v":0},{"$f":"H1603*E1603","v":0},{"$f":"I1603*E1603","v":0},{"$f":"J1603*E1603","v":0},{"$f":"K1603*E1603","v":0},{"$f":"L1603*E1603","v":0},{"$f":"+M1603*E1603","v":0},{"$f":"N1603*E1603","v":0},{"$f":"O1603*E1603","v":0},{"$f":"P1603*E1603","v":0},{"$f":"Q1603*E1603","v":0},{"$f":"R1603*E1603","v":0},{"$f":"S1603*E1603","v":0},{"$f":"T1603*E1603","v":0},{"$f":"W1603*E1603","v":0},{"$f":"X1603*E1603","v":0},{"$f":"Y1603*E1603","v":{"v":10312.96,"d":"10,313"}},{"$f":"SUM(AA1603:AQ1603)","v":{"v":10312.96,"d":"10,313"}},{"$f":"+E1603*Z1603","v":{"v":10312.96,"d":"10,312.96"}}]
[null,"       Install","m",{"$f":"D1603","v":{"v":1200,"d":"1,200"}},{"v":29,"d":"29.00"},{"$f":"$D1604*E1604","v":{"v":34800,"d":"34,800.00"}},{"$nulls":7},{"$f":"10+12","v":22},{"$nulls":11},{"$f":"SUM(G1604:Y1604)","v":22},{"$f":"G1604*E1604","v":0},{"$f":"H1604*E1604","v":0},{"$f":"I1604*E1604","v":0},{"$f":"J1604*E1604","v":0},{"$f":"K1604*E1604","v":0},{"$f":"L1604*E1604","v":0},{"$f":"+M1604*E1604","v":0},{"$f":"N1604*E1604","v":638},{"$f":"O1604*E1604","v":0},{"$f":"P1604*E1604","v":0},{"$f":"Q1604*E1604","v":0},{"$f":"R1604*E1604","v":0},{"$f":"S1604*E1604","v":0},{"$f":"T1604*E1604","v":0},{"$f":"W1604*E1604","v":0},{"$f":"X1604*E1604","v":0},{"$f":"Y1604*E1604","v":0},{"$f":"SUM(AA1604:AQ1604)","v":638},{"$f":"+E1604*Z1604","v":{"v":638,"d":"638.00"}}]
[{"$nulls":5}," "]
["9.14.2","Covers fixed onto the powerskirting:",{"$nulls":3}," "]
[null,"       Supply","m",{"v":1100,"d":"1,100"},16.43,{"$f":"$D1607*E1607","v":{"v":18073,"d":"18,073.00"}},{"$nulls":18},42,{"$f":"SUM(G1607:Y1607)","v":42},{"$f":"G1607*E1607","v":0},{"$f":"H1607*E1607","v":0},{"$f":"I1607*E1607","v":0},{"$f":"J1607*E1607","v":0},{"$f":"K1607*E1607","v":0},{"$f":"L1607*E1607","v":0},{"$f":"+M1607*E1607","v":0},{"$f":"N1607*E1607","v":0},{"$f":"O1607*E1607","v":0},{"$f":"P1607*E1607","v":0},{"$f":"Q1607*E1607","v":0},{"$f":"R1607*E1607","v":0},{"$f":"S1607*E1607","v":0},{"$f":"T1607*E1607","v":0},{"$f":"W1607*E1607","v":0},{"$f":"X1607*E1607","v":0},{"$f":"Y1607*E1607","v":{"v":690.06,"d":"690"}},{"$f":"SUM(AA1607:AQ1607)","v":{"v":690.06,"d":"690"}},{"$f":"+E1607*Z1607","v":690.06}]
[null,"       Install","m",{"$f":"D1607","v":{"v":1100,"d":"1,100"}},{"v":5,"d":"5.00"},{"$f":"$D1608*E1608","v":{"v":5500,"d":"5,500.00"}},{"$nulls":19},{"$f":"SUM(G1608:Y1608)","v":0},{"$f":"G1608*E1608","v":0},{"$f":"H1608*E1608","v":0},{"$f":"I1608*E1608","v":0},{"$f":"J1608*E1608","v":0},{"$f":"K1608*E1608","v":0},{"$f":"L1608*E1608","v":0},{"$f":"+M1608*E1608","v":0},{"$f":"N1608*E1608","v":0},{"$f":"O1608*E1608","v":0},{"$f":"P1608*E1608","v":0},{"$f":"Q1608*E1608","v":0},{"$f":"R1608*E1608","v":0},{"$f":"S1608*E1608","v":0},{"$f":"T1608*E1608","v":0},{"$f":"W1608*E1608","v":0},{"$f":"X1608*E1608","v":0},{"$f":"Y1608*E1608","v":0},{"$f":"SUM(AA1608:AQ1608)","v":0},{"$f":"+E1608*Z1608","v":{"v":0,"d":"0.00"}}]
[{"$nulls":5}," "]
["9.14.3","Endcap",{"$nulls":3}," "]
[null,"       Supply","each",268,26.25,{"$f":"$D1611*E1611","v":{"v":7035,"d":"7,035.00"}},{"$nulls":19},{"$f":"SUM(G1611:Y1611)","v":0},{"$f":"G1611*E1611","v":0},{"$f":"H1611*E1611","v":0},{"$f":"I1611*E1611","v":0},{"$f":"J1611*E1611","v":0},{"$f":"K1611*E1611","v":0},{"$f":"L1611*E1611","v":0},{"$f":"+M1611*E1611","v":0},{"$f":"N1611*E1611","v":0},{"$f":"O1611*E1611","v":0},{"$f":"P1611*E1611","v":0},{"$f":"Q1611*E1611","v":0},{"$f":"R1611*E1611","v":0},{"$f":"S1611*E1611","v":0},{"$f":"T1611*E1611","v":0},{"$f":"W1611*E1611","v":0},{"$f":"X1611*E1611","v":0},{"$f":"Y1611*E1611","v":0},{"$f":"SUM(AA1611:AQ1611)","v":0},{"$f":"+E1611*Z1611","v":{"v":0,"d":"0.00"}}]
[null,"       Install","each",{"$f":"D1611","v":268},{"v":15,"d":"15.00"},{"$f":"$D1612*E1612","v":{"v":4020,"d":"4,020.00"}},{"$nulls":19},{"$f":"SUM(G1612:Y1612)","v":0},{"$f":"G1612*E1612","v":0},{"$f":"H1612*E1612","v":0},{"$f":"I1612*E1612","v":0},{"$f":"J1612*E1612","v":0},{"$f":"K1612*E1612","v":0},{"$f":"L1612*E1612","v":0},{"$f":"+M1612*E1612","v":0},{"$f":"N1612*E1612","v":0},{"$f":"O1612*E1612","v":0},{"$f":"P1612*E1612","v":0},{"$f":"Q1612*E1612","v":0},{"$f":"R1612*E1612","v":0},{"$f":"S1612*E1612","v":0},{"$f":"T1612*E1612","v":0},{"$f":"W1612*E1612","v":0},{"$f":"X1612*E1612","v":0},{"$f":"Y1612*E1612","v":0},{"$f":"SUM(AA1612:AQ1612)","v":0},{"$f":"+E1612*Z1612","v":{"v":0,"d":"0.00"}}]
[{"$nulls":5}," "]
["9.14.4","Internal Bends",null," ",null," "]
[null,"       Supply","each",40,{"v":37.8,"d":"37.80"},{"$f":"$D1615*E1615","v":{"v":1512,"d":"1,512.00"}},{"$nulls":19},{"$f":"SUM(G1615:Y1615)","v":0},{"$f":"G1615*E1615","v":0},{"$f":"H1615*E1615","v":0},{"$f":"I1615*E1615","v":0},{"$f":"J1615*E1615","v":0},{"$f":"K1615*E1615","v":0},{"$f":"L1615*E1615","v":0},{"$f":"+M1615*E1615","v":0},{"$f":"N1615*E1615","v":0},{"$f":"O1615*E1615","v":0},{"$f":"P1615*E1615","v":0},{"$f":"Q1615*E1615","v":0},{"$f":"R1615*E1615","v":0},{"$f":"S1615*E1615","v":0},{"$f":"T1615*E1615","v":0},{"$f":"W1615*E1615","v":0},{"$f":"X1615*E1615","v":0},{"$f":"Y1615*E1615","v":0},{"$f":"SUM(AA1615:AQ1615)","v":0},{"$f":"+E1615*Z1615","v":{"v":0,"d":"0.00"}}]
[null,"       Install","each",{"$f":"D1615","v":40},{"v":60,"d":"60.00"},{"$f":"$D1616*E1616","v":{"v":2400,"d":"2,400.00"}},{"$nulls":19},{"$f":"SUM(G1616:Y1616)","v":0},{"$f":"G1616*E1616","v":0},{"$f":"H1616*E1616","v":0},{"$f":"I1616*E1616","v":0},{"$f":"J1616*E1616","v":0},{"$f":"K1616*E1616","v":0},{"$f":"L1616*E1616","v":0},{"$f":"+M1616*E1616","v":0},{"$f":"N1616*E1616","v":0},{"$f":"O1616*E1616","v":0},{"$f":"P1616*E1616","v":0},{"$f":"Q1616*E1616","v":0},{"$f":"R1616*E1616","v":0},{"$f":"S1616*E1616","v":0},{"$f":"T1616*E1616","v":0},{"$f":"W1616*E1616","v":0},{"$f":"X1616*E1616","v":0},{"$f":"Y1616*E1616","v":0},{"$f":"SUM(AA1616:AQ1616)","v":0},{"$f":"+E1616*Z1616","v":{"v":0,"d":"0.00"}}]
[{"$nulls":5}," "]
["9.14.5","External Bends",{"$nulls":3}," "]
[null,"       Supply","each",38,37.95,{"$f":"$D1619*E1619","v":{"v":1442.1000000000001,"d":"1,442.10"}},{"$nulls":19},{"$f":"SUM(G1619:Y1619)","v":0},{"$f":"G1619*E1619","v":0},{"$f":"H1619*E1619","v":0},{"$f":"I1619*E1619","v":0},{"$f":"J1619*E1619","v":0},{"$f":"K1619*E1619","v":0},{"$f":"L1619*E1619","v":0},{"$f":"+M1619*E1619","v":0},{"$f":"N1619*E1619","v":0},{"$f":"O1619*E1619","v":0},{"$f":"P1619*E1619","v":0},{"$f":"Q1619*E1619","v":0},{"$f":"R1619*E1619","v":0},{"$f":"S1619*E1619","v":0},{"$f":"T1619*E1619","v":0},{"$f":"W1619*E1619","v":0},{"$f":"X1619*E1619","v":0},{"$f":"Y1619*E1619","v":0},{"$f":"SUM(AA1619:AQ1619)","v":0},{"$f":"+E1619*Z1619","v":{"v":0,"d":"0.00"}}]
[null,"       Install","each",{"$f":"D1619","v":38},{"v":60,"d":"60.00"},{"$f":"$D1620*E1620","v":{"v":2280,"d":"2,280.00"}},{"$nulls":19},{"$f":"SUM(G1620:Y1620)","v":0},{"$f":"G1620*E1620","v":0},{"$f":"H1620*E1620","v":0},{"$f":"I1620*E1620","v":0},{"$f":"J1620*E1620","v":0},{"$f":"K1620*E1620","v":0},{"$f":"L1620*E1620","v":0},{"$f":"+M1620*E1620","v":0},{"$f":"N1620*E1620","v":0},{"$f":"O1620*E1620","v":0},{"$f":"P1620*E1620","v":0},{"$f":"Q1620*E1620","v":0},{"$f":"R1620*E1620","v":0},{"$f":"S1620*E1620","v":0},{"$f":"T1620*E1620","v":0},{"$f":"W1620*E1620","v":0},{"$f":"X1620*E1620","v":0},{"$f":"Y1620*E1620","v":0},{"$f":"SUM(AA1620:AQ1620)","v":0},{"$f":"+E1620*Z1620","v":{"v":0,"d":"0.00"}}]
[{"$nulls":5}," "]
[9.15,"3F FLOOR DUCT",{"$nulls":3}," "]
[]
[" ","Supply, deliver and store 3F Galvanised Floor Duct system Trunking.",{"$nulls":3}," "]
[{"$nulls":5}," "]
["9.15.1","Duct"," ",null,null," "]
[null,"       Supply","m",120,248.16,{"$f":"$D1627*E1627","v":{"v":29779.2,"d":"29,779.20"}},{"$nulls":19},{"$f":"SUM(G1627:Y1627)","v":0},{"$f":"G1627*E1627","v":0},{"$f":"H1627*E1627","v":0},{"$f":"I1627*E1627","v":0},{"$f":"J1627*E1627","v":0},{"$f":"K1627*E1627","v":0},{"$f":"L1627*E1627","v":0},{"$f":"+M1627*E1627","v":0},{"$f":"N1627*E1627","v":0},{"$f":"O1627*E1627","v":0},{"$f":"P1627*E1627","v":0},{"$f":"Q1627*E1627","v":0},{"$f":"R1627*E1627","v":0},{"$f":"S1627*E1627","v":0},{"$f":"T1627*E1627","v":0},{"$f":"W1627*E1627","v":0},{"$f":"X1627*E1627","v":0},{"$f":"Y1627*E1627","v":0},{"$f":"SUM(AA1627:AQ1627)","v":0},{"$f":"+E1627*Z1627","v":{"v":0,"d":"0.00"}}]
[null,"       Install","m",{"$f":"D1627","v":120},{"v":39,"d":"39.00"},{"$f":"$D1628*E1628","v":{"v":4680,"d":"4,680.00"}},{"$nulls":19},{"$f":"SUM(G1628:Y1628)","v":0},{"$f":"G1628*E1628","v":0},{"$f":"H1628*E1628","v":0},{"$f":"I1628*E1628","v":0},{"$f":"J1628*E1628","v":0},{"$f":"K1628*E1628","v":0},{"$f":"L1628*E1628","v":0},{"$f":"+M1628*E1628","v":0},{"$f":"N1628*E1628","v":0},{"$f":"O1628*E1628","v":0},{"$f":"P1628*E1628","v":0},{"$f":"Q1628*E1628","v":0},{"$f":"R1628*E1628","v":0},{"$f":"S1628*E1628","v":0},{"$f":"T1628*E1628","v":0},{"$f":"W1628*E1628","v":0},{"$f":"X1628*E1628","v":0},{"$f":"Y1628*E1628","v":0},{"$f":"SUM(AA1628:AQ1628)","v":0},{"$f":"+E1628*Z1628","v":{"v":0,"d":"0.00"}}]
[{"$nulls":5}," "]
["9.15.2","Cover plate"," ",null,null," "]
[null,"       Supply","m",{"$f":"D1628","v":120},{"v":5,"d":"5.00"},{"$f":"$D1631*E1631","v":{"v":600,"d":"600.00"}},{"$nulls":19},{"$f":"SUM(G1631:Y1631)","v":0},{"$f":"G1631*E1631","v":0},{"$f":"H1631*E1631","v":0},{"$f":"I1631*E1631","v":0},{"$f":"J1631*E1631","v":0},{"$f":"K1631*E1631","v":0},{"$f":"L1631*E1631","v":0},{"$f":"+M1631*E1631","v":0},{"$f":"N1631*E1631","v":0},{"$f":"O1631*E1631","v":0},{"$f":"P1631*E1631","v":0},{"$f":"Q1631*E1631","v":0},{"$f":"R1631*E1631","v":0},{"$f":"S1631*E1631","v":0},{"$f":"T1631*E1631","v":0},{"$f":"W1631*E1631","v":0},{"$f":"X1631*E1631","v":0},{"$f":"Y1631*E1631","v":0},{"$f":"SUM(AA1631:AQ1631)","v":0},{"$f":"+E1631*Z1631","v":{"v":0,"d":"0.00"}}]
[null,"       Install","m",{"$f":"D1631","v":120},{"v":5,"d":"5.00"},{"$f":"$D1632*E1632","v":{"v":600,"d":"600.00"}},{"$nulls":19},{"$f":"SUM(G1632:Y1632)","v":0},{"$f":"G1632*E1632","v":0},{"$f":"H1632*E1632","v":0},{"$f":"I1632*E1632","v":0},{"$f":"J1632*E1632","v":0},{"$f":"K1632*E1632","v":0},{"$f":"L1632*E1632","v":0},{"$f":"+M1632*E1632","v":0},{"$f":"N1632*E1632","v":0},{"$f":"O1632*E1632","v":0},{"$f":"P1632*E1632","v":0},{"$f":"Q1632*E1632","v":0},{"$f":"R1632*E1632","v":0},{"$f":"S1632*E1632","v":0},{"$f":"T1632*E1632","v":0},{"$f":"W1632*E1632","v":0},{"$f":"X1632*E1632","v":0},{"$f":"Y1632*E1632","v":0},{"$f":"SUM(AA1632:AQ1632)","v":0},{"$f":"+E1632*Z1632","v":{"v":0,"d":"0.00"}}]
[{"$nulls":5}," "]
["9.15.3","Universal Draw Box"," ",null,null," "]
[null,"       Supply","each",12,318.96,{"$f":"$D1635*E1635","v":{"v":3827.5199999999995,"d":"3,827.52"}},{"$nulls":19},{"$f":"SUM(G1635:Y1635)","v":0},{"$f":"G1635*E1635","v":0},{"$f":"H1635*E1635","v":0},{"$f":"I1635*E1635","v":0},{"$f":"J1635*E1635","v":0},{"$f":"K1635*E1635","v":0},{"$f":"L1635*E1635","v":0},{"$f":"+M1635*E1635","v":0},{"$f":"N1635*E1635","v":0},{"$f":"O1635*E1635","v":0},{"$f":"P1635*E1635","v":0},{"$f":"Q1635*E1635","v":0},{"$f":"R1635*E1635","v":0},{"$f":"S1635*E1635","v":0},{"$f":"T1635*E1635","v":0},{"$f":"W1635*E1635","v":0},{"$f":"X1635*E1635","v":0},{"$f":"Y1635*E1635","v":0},{"$f":"SUM(AA1635:AQ1635)","v":0},{"$f":"+E1635*Z1635","v":{"v":0,"d":"0.00"}}]
[null,"       Install","each",{"$f":"D1635","v":12},{"v":60,"d":"60.00"},{"$f":"$D1636*E1636","v":{"v":720,"d":"720.00"}},{"$nulls":19},{"$f":"SUM(G1636:Y1636)","v":0},{"$f":"G1636*E1636","v":0},{"$f":"H1636*E1636","v":0},{"$f":"I1636*E1636","v":0},{"$f":"J1636*E1636","v":0},{"$f":"K1636*E1636","v":0},{"$f":"L1636*E1636","v":0},{"$f":"+M1636*E1636","v":0},{"$f":"N1636*E1636","v":0},{"$f":"O1636*E1636","v":0},{"$f":"P1636*E1636","v":0},{"$f":"Q1636*E1636","v":0},{"$f":"R1636*E1636","v":0},{"$f":"S1636*E1636","v":0},{"$f":"T1636*E1636","v":0},{"$f":"W1636*E1636","v":0},{"$f":"X1636*E1636","v":0},{"$f":"Y1636*E1636","v":0},{"$f":"SUM(AA1636:AQ1636)","v":0},{"$f":"+E1636*Z1636","v":{"v":0,"d":"0.00"}}]
[{"$nulls":5}," "]
["9.15.4","External Splices"," ",null,null," "]
[null,"       Supply","each",20,19.04,{"$f":"$D1639*E1639","v":{"v":380.79999999999995,"d":"380.80"}},{"$nulls":19},{"$f":"SUM(G1639:Y1639)","v":0},{"$f":"G1639*E1639","v":0},{"$f":"H1639*E1639","v":0},{"$f":"I1639*E1639","v":0},{"$f":"J1639*E1639","v":0},{"$f":"K1639*E1639","v":0},{"$f":"L1639*E1639","v":0},{"$f":"+M1639*E1639","v":0},{"$f":"N1639*E1639","v":0},{"$f":"O1639*E1639","v":0},{"$f":"P1639*E1639","v":0},{"$f":"Q1639*E1639","v":0},{"$f":"R1639*E1639","v":0},{"$f":"S1639*E1639","v":0},{"$f":"T1639*E1639","v":0},{"$f":"W1639*E1639","v":0},{"$f":"X1639*E1639","v":0},{"$f":"Y1639*E1639","v":0},{"$f":"SUM(AA1639:AQ1639)","v":0},{"$f":"+E1639*Z1639","v":{"v":0,"d":"0.00"}}]
[null,"       Install","each",{"$f":"D1639","v":20},{"v":20,"d":"20.00"},{"$f":"$D1640*E1640","v":{"v":400,"d":"400.00"}},{"$nulls":19},{"$f":"SUM(G1640:Y1640)","v":0},{"$f":"G1640*E1640","v":0},{"$f":"H1640*E1640","v":0},{"$f":"I1640*E1640","v":0},{"$f":"J1640*E1640","v":0},{"$f":"K1640*E1640","v":0},{"$f":"L1640*E1640","v":0},{"$f":"+M1640*E1640","v":0},{"$f":"N1640*E1640","v":0},{"$f":"O1640*E1640","v":0},{"$f":"P1640*E1640","v":0},{"$f":"Q1640*E1640","v":0},{"$f":"R1640*E1640","v":0},{"$f":"S1640*E1640","v":0},{"$f":"T1640*E1640","v":0},{"$f":"W1640*E1640","v":0},{"$f":"X1640*E1640","v":0},{"$f":"Y1640*E1640","v":0},{"$f":"SUM(AA1640:AQ1640)","v":0},{"$f":"+E1640*Z1640","v":{"v":0,"d":"0.00"}}]
[]
[]
[null,"Amount Carried Forward ",{"$nulls":3},{"$f":"SUM(F1585:F1642)","v":{"v":4122934.55,"d":"4,122,934.55"}},{"$nulls":38},{"$f":"SUM(AS1585:AS1642)","v":{"v":25589.82,"d":"25,589.82"}}]
[]
["MAIN HOSPITAL ELECTRICAL INSTALLATION"]
["CECILIA MAKIWANE HOSPITAL : PHASE 4C"]
[]
[{"$f":"A1583","v":"BILL NO. 9 : POWER RETICULATION EQUIPMENT (SMME PACKAGE No 7)"}]
["ITEM","DESCRIPTION","UNIT","QTY","RATE","TENDER AMOUNT","A","B","D-LV03","E1-LV03","E2","F1","F2","G1","G2","H1","H2","J1","J2","J3","Substation","G/House",null,"N","Other","Total Qty","A","B","D","E1","E2","F1","F2","G1","G2","H1","H2","J1","J2","J3","K","N","Other","Total Amount","Total Claimed"]
[null,"AMOUNT CARRIED FORWARD FROM PREVIOUS BILL",{"$nulls":3},{"$f":"F1643","v":{"v":4122934.55,"d":"4,122,934.55"}},{"$nulls":38},{"$f":"AS1643","v":{"v":25589.82,"d":"25,589.82"}}]
[]
[]
[9.16,"HYDRO-BOIL SUPPLY POINT"]
[]
[null,"Supply and install complete Geyser points including all cables, isolators and associated equipment, 2.5kW Gyser Point",{"$nulls":24},{"$f":"G1655*E1655","v":0}]
[null,"       Supply","each",38,{"v":75,"d":"75.00"},{"$f":"$D1656*E1656","v":{"v":2850,"d":"2,850.00"}},{"$nulls":19},{"$f":"SUM(G1656:Y1656)","v":0},{"$f":"G1656*E1656","v":0},{"$f":"H1656*E1656","v":0},{"$f":"I1656*E1656","v":0},{"$f":"J1656*E1656","v":0},{"$f":"K1656*E1656","v":0},{"$f":"L1656*E1656","v":0},{"$f":"+M1656*E1656","v":0},{"$f":"N1656*E1656","v":0},{"$f":"O1656*E1656","v":0},{"$f":"P1656*E1656","v":0},{"$f":"Q1656*E1656","v":0},{"$f":"R1656*E1656","v":0},{"$f":"S1656*E1656","v":0},{"$f":"T1656*E1656","v":0},{"$f":"W1656*E1656","v":0},{"$f":"X1656*E1656","v":0},{"$f":"Y1656*E1656","v":0},{"$f":"SUM(AA1656:AQ1656)","v":0},{"$f":"+E1656*Z1656","v":{"v":0,"d":"0.00"}}]
[null,"       Install","each",{"$f":"D1656","v":38},{"v":120,"d":"120.00"},{"v":4560,"d":"4,560.00"},{"$nulls":19},{"$f":"SUM(G1657:Y1657)","v":0},{"$f":"G1657*E1657","v":0},{"$f":"H1657*E1657","v":0},{"$f":"I1657*E1657","v":0},{"$f":"J1657*E1657","v":0},{"$f":"K1657*E1657","v":0},{"$f":"L1657*E1657","v":0},{"$f":"+M1657*E1657","v":0},{"$f":"N1657*E1657","v":0},{"$f":"O1657*E1657","v":0},{"$f":"P1657*E1657","v":0},{"$f":"Q1657*E1657","v":0},{"$f":"R1657*E1657","v":0},{"$f":"S1657*E1657","v":0},{"$f":"T1657*E1657","v":0},{"$f":"W1657*E1657","v":0},{"$f":"X1657*E1657","v":0},{"$f":"Y1657*E1657","v":0},{"$f":"SUM(AA1657:AQ1657)","v":0},{"$f":"+E1657*Z1657","v":{"v":0,"d":"0.00"}}]
[{"$nulls":5}," "]
[9.17,"PASSENGER LIFT SUPPLY POINT",{"$nulls":3}," "]
[]
[null,"Supply and install complete Passenger Lift points including all cables, isolators and associated equipment, 7.5kW Passenger Point",{"$nulls":3}," "]
[null,"       Supply","each",10,{"v":120,"d":"120.00"},{"v":1200,"d":"1,200.00"},{"$nulls":19},0,{"$f":"G1662*E1662","v":0},{"$f":"H1662*E1662","v":0},{"$f":"I1662*E1662","v":0},{"$f":"J1662*E1662","v":0},{"$f":"K1662*E1662","v":0},{"$f":"L1662*E1662","v":0},{"$f":"+M1662*E1662","v":0},{"$f":"N1662*E1662","v":0},{"$f":"O1662*E1662","v":0},{"$f":"P1662*E1662","v":0},{"$f":"Q1662*E1662","v":0},{"$f":"R1662*E1662","v":0},{"$f":"S1662*E1662","v":0},{"$f":"T1662*E1662","v":0},{"$f":"W1662*E1662","v":0},{"$f":"X1662*E1662","v":0},{"$f":"Y1662*E1662","v":0},0,{"$f":"+E1662*Z1662","v":{"v":0,"d":"0.00"}}]
[null,"       Install","each",{"$f":"D1662","v":10},{"v":160,"d":"160.00"},{"v":1600,"d":"1,600.00"},{"$nulls":19},0,{"$f":"G1663*E1663","v":0},{"$f":"H1663*E1663","v":0},{"$f":"I1663*E1663","v":0},{"$f":"J1663*E1663","v":0},{"$f":"K1663*E1663","v":0},{"$f":"L1663*E1663","v":0},{"$f":"+M1663*E1663","v":0},{"$f":"N1663*E1663","v":0},{"$f":"O1663*E1663","v":0},{"$f":"P1663*E1663","v":0},{"$f":"Q1663*E1663","v":0},{"$f":"R1663*E1663","v":0},{"$f":"S1663*E1663","v":0},{"$f":"T1663*E1663","v":0},{"$f":"W1663*E1663","v":0},{"$f":"X1663*E1663","v":0},{"$f":"Y1663*E1663","v":0},0,{"$f":"+E1663*Z1663","v":{"v":0,"d":"0.00"}}]
[{"$nulls":5}," "]
[9.18,"WELDING PLUGS",{"$nulls":3}," "]
[]
[null,"Supply and install complete a 3 Phase Welding Outlets complete",{"$nulls":3}," "]
[{"$nulls":5}," "]
["9.18.1","16 Amp, 5 pin complete with male Socket",{"$nulls":3}," "]
[null,"       Supply","each",12,226.26,{"v":2715.12,"d":"2,715.12"},{"$nulls":19},0,{"$f":"G1670*E1670","v":0},{"$f":"H1670*E1670","v":0},{"$f":"I1670*E1670","v":0},{"$f":"J1670*E1670","v":0},{"$f":"K1670*E1670","v":0},{"$f":"L1670*E1670","v":0},{"$f":"+M1670*E1670","v":0},{"$f":"N1670*E1670","v":0},{"$f":"O1670*E1670","v":0},{"$f":"P1670*E1670","v":0},{"$f":"Q1670*E1670","v":0},{"$f":"R1670*E1670","v":0},{"$f":"S1670*E1670","v":0},{"$f":"T1670*E1670","v":0},{"$f":"W1670*E1670","v":0},{"$f":"X1670*E1670","v":0},{"$f":"Y1670*E1670","v":0},0,{"$f":"+E1670*Z1670","v":{"v":0,"d":"0.00"}}]
[null,"       Install","each",{"$f":"D1670","v":12},{"v":120,"d":"120.00"},{"v":1440,"d":"1,440.00"},{"$nulls":19},0,{"$f":"G1671*E1671","v":0},{"$f":"H1671*E1671","v":0},{"$f":"I1671*E1671","v":0},{"$f":"J1671*E1671","v":0},{"$f":"K1671*E1671","v":0},{"$f":"L1671*E1671","v":0},{"$f":"+M1671*E1671","v":0},{"$f":"N1671*E1671","v":0},{"$f":"O1671*E1671","v":0},{"$f":"P1671*E1671","v":0},{"$f":"Q1671*E1671","v":0},{"$f":"R1671*E1671","v":0},{"$f":"S1671*E1671","v":0},{"$f":"T1671*E1671","v":0},{"$f":"W1671*E1671","v":0},{"$f":"X1671*E1671","v":0},{"$f":"Y1671*E1671","v":0},0,{"$f":"+E1671*Z1671","v":{"v":0,"d":"0.00"}}]
[{"$nulls":5}," "]
["9.18.2","32 Amp, 5 pin complete with male Socket",{"$nulls":3}," "]
[null,"       Supply","each",9,273.54,{"v":2461.86,"d":"2,461.86"},{"$nulls":19},0,{"$f":"G1674*E1674","v":0},{"$f":"H1674*E1674","v":0},{"$f":"I1674*E1674","v":0},{"$f":"J1674*E1674","v":0},{"$f":"K1674*E1674","v":0},{"$f":"L1674*E1674","v":0},{"$f":"+M1674*E1674","v":0},{"$f":"N1674*E1674","v":0},{"$f":"O1674*E1674","v":0},{"$f":"P1674*E1674","v":0},{"$f":"Q1674*E1674","v":0},{"$f":"R1674*E1674","v":0},{"$f":"S1674*E1674","v":0},{"$f":"T1674*E1674","v":0},{"$f":"W1674*E1674","v":0},{"$f":"X1674*E1674","v":0},{"$f":"Y1674*E1674","v":0},0,{"$f":"+E1674*Z1674","v":{"v":0,"d":"0.00"}}]
[null,"       Install","each",{"$f":"D1674","v":9},{"v":140,"d":"140.00"},{"v":1260,"d":"1,260.00"},{"$nulls":19},0,{"$f":"G1675*E1675","v":0},{"$f":"H1675*E1675","v":0},{"$f":"I1675*E1675","v":0},{"$f":"J1675*E1675","v":0},{"$f":"K1675*E1675","v":0},{"$f":"L1675*E1675","v":0},{"$f":"+M1675*E1675","v":0},{"$f":"N1675*E1675","v":0},{"$f":"O1675*E1675","v":0},{"$f":"P1675*E1675","v":0},{"$f":"Q1675*E1675","v":0},{"$f":"R1675*E1675","v":0},{"$f":"S1675*E1675","v":0},{"$f":"T1675*E1675","v":0},{"$f":"W1675*E1675","v":0},{"$f":"X1675*E1675","v":0},{"$f":"Y1675*E1675","v":0},0,{"$f":"+E1675*Z1675","v":{"v":0,"d":"0.00"}}]
[{"$nulls":5}," "]
["9.18.3","63 Amp, 5 pin complete with male Socket",{"$nulls":3}," "]
[null,"       Supply","each",16,{"v":1067.14,"d":"1,067.14"},{"v":17074.24,"d":"17,074.24"},{"$nulls":19},0,{"$f":"G1678*E1678","v":0},{"$f":"H1678*E1678","v":0},{"$f":"I1678*E1678","v":0},{"$f":"J1678*E1678","v":0},{"$f":"K1678*E1678","v":0},{"$f":"L1678*E1678","v":0},{"$f":"+M1678*E1678","v":0},{"$f":"N1678*E1678","v":0},{"$f":"O1678*E1678","v":0},{"$f":"P1678*E1678","v":0},{"$f":"Q1678*E1678","v":0},{"$f":"R1678*E1678","v":0},{"$f":"S1678*E1678","v":0},{"$f":"T1678*E1678","v":0},{"$f":"W1678*E1678","v":0},{"$f":"X1678*E1678","v":0},{"$f":"Y1678*E1678","v":0},0,{"$f":"+E1678*Z1678","v":{"v":0,"d":"0.00"}}]
[null,"       Install","each",{"$f":"D1678","v":16},{"v":160,"d":"160.00"},{"v":2560,"d":"2,560.00"},{"$nulls":19},0,{"$f":"G1679*E1679","v":0},{"$f":"H1679*E1679","v":0},{"$f":"I1679*E1679","v":0},{"$f":"J1679*E1679","v":0},{"$f":"K1679*E1679","v":0},{"$f":"L1679*E1679","v":0},{"$f":"+M1679*E1679","v":0},{"$f":"N1679*E1679","v":0},{"$f":"O1679*E1679","v":0},{"$f":"P1679*E1679","v":0},{"$f":"Q1679*E1679","v":0},{"$f":"R1679*E1679","v":0},{"$f":"S1679*E1679","v":0},{"$f":"T1679*E1679","v":0},{"$f":"W1679*E1679","v":0},{"$f":"X1679*E1679","v":0},{"$f":"Y1679*E1679","v":0},0,{"$f":"+E1679*Z1679","v":{"v":0,"d":"0.00"}}]
[]
[9.19,"LV BUSBAR SYSTEM"]
[]
[" ","Supply 3200 Amp fully Enclosed Busbar system complete"]
[]
["9.19.1","Busbar","m",60,{"v":6886.33,"d":"6,886.33"},{"v":413179.8,"d":"413,179.80"},{"$nulls":19},0,{"$f":"G1685*E1685","v":0},{"$f":"H1685*E1685","v":0},{"$f":"I1685*E1685","v":0},{"$f":"J1685*E1685","v":0},{"$f":"K1685*E1685","v":0},{"$f":"L1685*E1685","v":0},{"$f":"+M1685*E1685","v":0},{"$f":"N1685*E1685","v":0},{"$f":"O1685*E1685","v":0},{"$f":"P1685*E1685","v":0},{"$f":"Q1685*E1685","v":0},{"$f":"R1685*E1685","v":0},{"$f":"S1685*E1685","v":0},{"$f":"T1685*E1685","v":0},{"$f":"W1685*E1685","v":0},{"$f":"X1685*E1685","v":0},{"$f":"Y1685*E1685","v":0},0,{"$f":"+E1685*Z1685","v":{"v":0,"d":"0.00"}}]
["9.19.2","Bends","m",12,{"v":2923,"d":"2,923.00"},{"v":35076,"d":"35,076.00"},{"$nulls":19},0,0,0,0,0,0,0,0,0,0,0,0,0,0,0,0,0,0,0,{"v":0,"d":"0.00"}]
["9.19.3","Tees","m",4,{"v":2923,"d":"2,923.00"},{"v":11692,"d":"11,692.00"},{"$nulls":19},0,0,0,0,0,0,0,0,0,0,0,0,0,0,0,0,0,0,0,{"v":0,"d":"0.00"}]
["9.19.4","Panel Flange","m",4,{"v":5847,"d":"5,847.00"},{"v":23388,"d":"23,388.00"},{"$nulls":19},0,0,0,0,0,0,0,0,0,0,0,0,0,0,0,0,0,0,0,{"v":0,"d":"0.00"}]
["9.19.5","Connection End C/W Flexible Connector","m",4,{"v":17896,"d":"17,896.00"},{"v":71584,"d":"71,584.00"},{"$nulls":19},0,0,0,0,0,0,0,0,0,0,0,0,0,0,0,0,0,0,0,{"v":0,"d":"0.00"}]
["9.19.6","Mounting Brackets  ","m",8,{"v":5600,"d":"5,600.00"},{"v":44800,"d":"44,800.00"},{"$nulls":19},0,0,0,0,0,0,0,0,0,0,0,0,0,0,0,0,0,0,0,{"v":0,"d":"0.00"}]
["9.19.7","Earth Bar","m",{"$f":"D1685","v":60},{"v":57.6,"d":"57.60"},{"v":3456,"d":"3,456.00"},{"$nulls":19},0,0,0,0,0,0,0,0,0,0,0,0,0,0,0,0,0,0,0,{"v":0,"d":"0.00"}]
[{"$nulls":3}," ",null," "]
[null,"Install 3200 Amp fully Enclosed Busbar system complete",{"$nulls":3}," "]
[{"$nulls":5}," "]
["9.19.8","Busbar","m",{"$f":"D1685","v":60},{"v":4789.8,"d":"4,789.80"},{"v":287388,"d":"287,388.00"},{"$nulls":19},0,{"$f":"G1695*E1695","v":0},{"$f":"H1695*E1695","v":0},{"$f":"I1695*E1695","v":0},{"$f":"J1695*E1695","v":0},{"$f":"K1695*E1695","v":0},{"$f":"L1695*E1695","v":0},{"$f":"+M1695*E1695","v":0},{"$f":"N1695*E1695","v":0},{"$f":"O1695*E1695","v":0},{"$f":"P1695*E1695","v":0},{"$f":"Q1695*E1695","v":0},{"$f":"R1695*E1695","v":0},{"$f":"S1695*E1695","v":0},{"$f":"T1695*E1695","v":0},{"$f":"W1695*E1695","v":0},{"$f":"X1695*E1695","v":0},{"$f":"Y1695*E1695","v":0},0,{"$f":"+E1695*Z1695","v":{"v":0,"d":"0.00"}}]
["9.19.9","Bends","m",12,{"v":0,"d":"0.00"},{"v":0,"d":"0.00"},{"$nulls":19},0,0,0,0,0,0,0,0,0,0,0,0,0,0,0,0,0,0,0,{"v":0,"d":"0.00"}]
["9.19.10","Tees","m",4,{"v":0,"d":"0.00"},{"v":0,"d":"0.00"},{"$nulls":19},0,0,0,0,0,0,0,0,0,0,0,0,0,0,0,0,0,0,0,{"v":0,"d":"0.00"}]
["9.19.11","Panel Flange","m",4,{"v":0,"d":"0.00"},{"v":0,"d":"0.00"},{"$nulls":19},0,0,0,0,0,0,0,0,0,0,0,0,0,0,0,0,0,0,0,{"v":0,"d":"0.00"}]
["9.19.12","Connection End C/W Flexible Connector","m",4,{"v":0,"d":"0.00"},{"v":0,"d":"0.00"},{"$nulls":19},0,0,0,0,0,0,0,0,0,0,0,0,0,0,0,0,0,0,0,{"v":0,"d":"0.00"}]
["9.19.13","Mounting Brackets  ","m",8,{"v":0,"d":"0.00"},{"v":0,"d":"0.00"},{"$nulls":19},0,0,0,0,0,0,0,0,0,0,0,0,0,0,0,0,0,0,0,{"v":0,"d":"0.00"}]
["9.19.14","Earth Bar","m",60,{"v":25,"d":"25.00"},{"v":1500,"d":"1,500.00"},{"$nulls":19},0,0,0,0,0,0,0,0,0,0,0,0,0,0,0,0,0,0,0,{"v":0,"d":"0.00"}]
[{"$nulls":3}," ",null," "]
[{"v":9.2,"d":"9.20"},"Mentoring and Management"]
[null,"A percentage of the SMME Package amoiunt to provide the Mentoring and Management of the SMME Contractors","%",1,{"v":5052715.4,"d":"5,052,715.40"},{"$f":"E1704*2.5%","v":{"v":126317.88500000001,"d":"126,317.89"}},{"$nulls":19},0,{"$f":"G1704*E1704","v":0},{"$f":"H1704*E1704","v":0},{"$f":"I1704*E1704","v":0},{"$f":"J1704*E1704","v":0},{"$f":"K1704*E1704","v":0},{"$f":"L1704*E1704","v":0},{"$f":"+M1704*E1704","v":0},{"$f":"N1704*E1704","v":0},{"$f":"O1704*E1704","v":0},{"$f":"P1704*E1704","v":0},{"$f":"Q1704*E1704","v":0},{"$f":"R1704*E1704","v":0},{"$f":"S1704*E1704","v":0},{"$f":"T1704*E1704","v":0},{"$f":"W1704*E1704","v":0},{"$f":"X1704*E1704","v":0},{"$f":"Y1704*E1704","v":0},{"$f":"SUM(AA1704:AQ1704)","v":0},{"$f":"+E1704*Z1704","v":{"v":0,"d":"0.00"}}]
[]
[null,"Amount Carried Forward to Summary Page",{"$nulls":3},{"$f":"SUM(F1650:F1705)","v":{"v":5179037.455,"d":"5,179,037.46"}},{"$nulls":38},{"$f":"SUM(AS1650:AS1705)","v":{"v":25589.82,"d":"25,589.82"}}]
[]
["MAIN HOSPITAL ELECTRICAL INSTALLATION"]
["CECILIA MAKIWANE HOSPITAL : PHASE 4C"]
[]
["BILL NO. 10 : ADDITIONAL EQUIPMENT"]
["ITEM","DESCRIPTION","UNIT","QTY","RATE","TENDER AMOUNT","A","B","D","E1","E2","F1","F2","G1","G2","H1","H2","J1","J2","J3","Substation","G/House",null,"N","Other","Total Qty","A","B","D","E1","E2","F1","F2","G1","G2","H1","H2","J1","J2","J3","K","N","Other","Total Amount","Total Claimed"]
[]
[{"$nulls":3}," "]
[{"v":10,"d":"10.00"},"Additional Protective Devices"]
[" "]
[{"v":10.1,"d":"10.10"},"630 amp TP MCB-15kA"]
[" ","Supply","each",2,{"v":8002.05,"d":"8,002.05"},{"$f":"$D1718*E1718","v":{"v":16004.1,"d":"16,004.10"}},{"$nulls":19},{"$f":"SUM(G1718:Y1718)","v":0},{"$f":"G1718*E1718","v":0},{"$f":"H1718*E1718","v":0},{"$f":"I1718*E1718","v":0},{"$f":"J1718*E1718","v":0},{"$f":"K1718*E1718","v":0},{"$f":"L1718*E1718","v":0},{"$f":"+M1718*E1718","v":0},{"$f":"N1718*E1718","v":0},{"$f":"O1718*E1718","v":0},{"$f":"P1718*E1718","v":0},{"$f":"Q1718*E1718","v":0},{"$f":"R1718*E1718","v":0},{"$f":"S1718*E1718","v":0},{"$f":"T1718*E1718","v":0},{"$f":"W1718*E1718","v":0},{"$f":"X1718*E1718","v":0},{"$f":"Y1718*E1718","v":0},{"$f":"SUM(AA1718:AQ1718)","v":0},{"$f":"+E1718*Z1718","v":{"v":0,"d":"0.00"}}]
[null,"Install","each",{"$f":"D1718","v":2},{"v":1250,"d":"1,250.00"},{"$f":"$D1719*E1719","v":{"v":2500,"d":"2,500.00"}},{"$nulls":19},{"$f":"SUM(G1719:Y1719)","v":0},{"$f":"G1719*E1719","v":0},{"$f":"H1719*E1719","v":0},{"$f":"I1719*E1719","v":0},{"$f":"J1719*E1719","v":0},{"$f":"K1719*E1719","v":0},{"$f":"L1719*E1719","v":0},{"$f":"+M1719*E1719","v":0},{"$f":"N1719*E1719","v":0},{"$f":"O1719*E1719","v":0},{"$f":"P1719*E1719","v":0},{"$f":"Q1719*E1719","v":0},{"$f":"R1719*E1719","v":0},{"$f":"S1719*E1719","v":0},{"$f":"T1719*E1719","v":0},{"$f":"W1719*E1719","v":0},{"$f":"X1719*E1719","v":0},{"$f":"Y1719*E1719","v":0},{"$f":"SUM(AA1719:AQ1719)","v":0},{"$f":"+E1719*Z1719","v":{"v":0,"d":"0.00"}}]
[{"$nulls":5}," "]
[{"v":10.2,"d":"10.20"},"400 amp TP MCB-10kA",{"$nulls":3}," "]
[null,"Supply","each",4,{"v":5979.75,"d":"5,979.75"},{"$f":"$D1722*E1722","v":{"v":23919,"d":"23,919.00"}},{"$nulls":19},{"$f":"SUM(G1722:Y1722)","v":0},{"$f":"G1722*E1722","v":0},{"$f":"H1722*E1722","v":0},{"$f":"I1722*E1722","v":0},{"$f":"J1722*E1722","v":0},{"$f":"K1722*E1722","v":0},{"$f":"L1722*E1722","v":0},{"$f":"+M1722*E1722","v":0},{"$f":"N1722*E1722","v":0},{"$f":"O1722*E1722","v":0},{"$f":"P1722*E1722","v":0},{"$f":"Q1722*E1722","v":0},{"$f":"R1722*E1722","v":0},{"$f":"S1722*E1722","v":0},{"$f":"T1722*E1722","v":0},{"$f":"W1722*E1722","v":0},{"$f":"X1722*E1722","v":0},{"$f":"Y1722*E1722","v":0},{"$f":"SUM(AA1722:AQ1722)","v":0},{"$f":"+E1722*Z1722","v":{"v":0,"d":"0.00"}}]
[null,"Install","each",{"$f":"D1722","v":4},{"v":1150,"d":"1,150.00"},{"$f":"$D1723*E1723","v":{"v":4600,"d":"4,600.00"}},{"$nulls":19},{"$f":"SUM(G1723:Y1723)","v":0},{"$f":"G1723*E1723","v":0},{"$f":"H1723*E1723","v":0},{"$f":"I1723*E1723","v":0},{"$f":"J1723*E1723","v":0},{"$f":"K1723*E1723","v":0},{"$f":"L1723*E1723","v":0},{"$f":"+M1723*E1723","v":0},{"$f":"N1723*E1723","v":0},{"$f":"O1723*E1723","v":0},{"$f":"P1723*E1723","v":0},{"$f":"Q1723*E1723","v":0},{"$f":"R1723*E1723","v":0},{"$f":"S1723*E1723","v":0},{"$f":"T1723*E1723","v":0},{"$f":"W1723*E1723","v":0},{"$f":"X1723*E1723","v":0},{"$f":"Y1723*E1723","v":0},{"$f":"SUM(AA1723:AQ1723)","v":0},{"$f":"+E1723*Z1723","v":{"v":0,"d":"0.00"}}]
[{"$nulls":5}," "]
[{"v":10.3,"d":"10.30"},"160 amp TP MCB-15kA",{"$nulls":3}," "]
[null,"Supply","each",10,{"v":1698.9,"d":"1,698.90"},{"$f":"$D1726*E1726","v":{"v":16989,"d":"16,989.00"}},{"$nulls":19},{"$f":"SUM(G1726:Y1726)","v":0},{"$f":"G1726*E1726","v":0},{"$f":"H1726*E1726","v":0},{"$f":"I1726*E1726","v":0},{"$f":"J1726*E1726","v":0},{"$f":"K1726*E1726","v":0},{"$f":"L1726*E1726","v":0},{"$f":"+M1726*E1726","v":0},{"$f":"N1726*E1726","v":0},{"$f":"O1726*E1726","v":0},{"$f":"P1726*E1726","v":0},{"$f":"Q1726*E1726","v":0},{"$f":"R1726*E1726","v":0},{"$f":"S1726*E1726","v":0},{"$f":"T1726*E1726","v":0},{"$f":"W1726*E1726","v":0},{"$f":"X1726*E1726","v":0},{"$f":"Y1726*E1726","v":0},{"$f":"SUM(AA1726:AQ1726)","v":0},{"$f":"+E1726*Z1726","v":{"v":0,"d":"0.00"}}]
[null,"Install","each",{"$f":"D1726","v":10},{"v":275,"d":"275.00"},{"$f":"$D1727*E1727","v":{"v":2750,"d":"2,750.00"}},{"$nulls":19},{"$f":"SUM(G1727:Y1727)","v":0},{"$f":"G1727*E1727","v":0},{"$f":"H1727*E1727","v":0},{"$f":"I1727*E1727","v":0},{"$f":"J1727*E1727","v":0},{"$f":"K1727*E1727","v":0},{"$f":"L1727*E1727","v":0},{"$f":"+M1727*E1727","v":0},{"$f":"N1727*E1727","v":0},{"$f":"O1727*E1727","v":0},{"$f":"P1727*E1727","v":0},{"$f":"Q1727*E1727","v":0},{"$f":"R1727*E1727","v":0},{"$f":"S1727*E1727","v":0},{"$f":"T1727*E1727","v":0},{"$f":"W1727*E1727","v":0},{"$f":"X1727*E1727","v":0},{"$f":"Y1727*E1727","v":0},{"$f":"SUM(AA1727:AQ1727)","v":0},{"$f":"+E1727*Z1727","v":{"v":0,"d":"0.00"}}]
[{"$nulls":3}," ",null," "]
[{"v":10.4,"d":"10.40"},"80 amp TP MCB-5kA",null," ",null," "]
[null,"Supply","each",2,662.55,{"$f":"$D1730*E1730","v":{"v":1325.1,"d":"1,325.10"}},{"$nulls":19},{"$f":"SUM(G1730:Y1730)","v":0},{"$f":"G1730*E1730","v":0},{"$f":"H1730*E1730","v":0},{"$f":"I1730*E1730","v":0},{"$f":"J1730*E1730","v":0},{"$f":"K1730*E1730","v":0},{"$f":"L1730*E1730","v":0},{"$f":"+M1730*E1730","v":0},{"$f":"N1730*E1730","v":0},{"$f":"O1730*E1730","v":0},{"$f":"P1730*E1730","v":0},{"$f":"Q1730*E1730","v":0},{"$f":"R1730*E1730","v":0},{"$f":"S1730*E1730","v":0},{"$f":"T1730*E1730","v":0},{"$f":"W1730*E1730","v":0},{"$f":"X1730*E1730","v":0},{"$f":"Y1730*E1730","v":0},{"$f":"SUM(AA1730:AQ1730)","v":0},{"$f":"+E1730*Z1730","v":{"v":0,"d":"0.00"}}]
[null,"Install","each",{"$f":"D1730","v":2},{"v":160,"d":"160.00"},{"$f":"$D1731*E1731","v":{"v":320,"d":"320.00"}},{"$nulls":19},{"$f":"SUM(G1731:Y1731)","v":0},{"$f":"G1731*E1731","v":0},{"$f":"H1731*E1731","v":0},{"$f":"I1731*E1731","v":0},{"$f":"J1731*E1731","v":0},{"$f":"K1731*E1731","v":0},{"$f":"L1731*E1731","v":0},{"$f":"+M1731*E1731","v":0},{"$f":"N1731*E1731","v":0},{"$f":"O1731*E1731","v":0},{"$f":"P1731*E1731","v":0},{"$f":"Q1731*E1731","v":0},{"$f":"R1731*E1731","v":0},{"$f":"S1731*E1731","v":0},{"$f":"T1731*E1731","v":0},{"$f":"W1731*E1731","v":0},{"$f":"X1731*E1731","v":0},{"$f":"Y1731*E1731","v":0},{"$f":"SUM(AA1731:AQ1731)","v":0},{"$f":"+E1731*Z1731","v":{"v":0,"d":"0.00"}}]
[{"$nulls":5}," "]
[{"v":10.5,"d":"10.50"},"2500 Amp ACB-65kA",{"$nulls":3}," "]
[null,"Supply","each",1,{"v":51232.65,"d":"51,232.65"},{"$f":"$D1734*E1734","v":{"v":51232.65,"d":"51,232.65"}},{"$nulls":19},{"$f":"SUM(G1734:Y1734)","v":0},{"$f":"G1734*E1734","v":0},{"$f":"H1734*E1734","v":0},{"$f":"I1734*E1734","v":0},{"$f":"J1734*E1734","v":0},{"$f":"K1734*E1734","v":0},{"$f":"L1734*E1734","v":0},{"$f":"+M1734*E1734","v":0},{"$f":"N1734*E1734","v":0},{"$f":"O1734*E1734","v":0},{"$f":"P1734*E1734","v":0},{"$f":"Q1734*E1734","v":0},{"$f":"R1734*E1734","v":0},{"$f":"S1734*E1734","v":0},{"$f":"T1734*E1734","v":0},{"$f":"W1734*E1734","v":0},{"$f":"X1734*E1734","v":0},{"$f":"Y1734*E1734","v":0},{"$f":"SUM(AA1734:AQ1734)","v":0},{"$f":"+E1734*Z1734","v":{"v":0,"d":"0.00"}}]
[null,"Install","each",{"$f":"D1734","v":1},{"v":3750,"d":"3,750.00"},{"$f":"$D1735*E1735","v":{"v":3750,"d":"3,750.00"}},{"$nulls":19},{"$f":"SUM(G1735:Y1735)","v":0},{"$f":"G1735*E1735","v":0},{"$f":"H1735*E1735","v":0},{"$f":"I1735*E1735","v":0},{"$f":"J1735*E1735","v":0},{"$f":"K1735*E1735","v":0},{"$f":"L1735*E1735","v":0},{"$f":"+M1735*E1735","v":0},{"$f":"N1735*E1735","v":0},{"$f":"O1735*E1735","v":0},{"$f":"P1735*E1735","v":0},{"$f":"Q1735*E1735","v":0},{"$f":"R1735*E1735","v":0},{"$f":"S1735*E1735","v":0},{"$f":"T1735*E1735","v":0},{"$f":"W1735*E1735","v":0},{"$f":"X1735*E1735","v":0},{"$f":"Y1735*E1735","v":0},{"$f":"SUM(AA1735:AQ1735)","v":0},{"$f":"+E1735*Z1735","v":{"v":0,"d":"0.00"}}]
[" ",{"$nulls":4}," "]
[{"v":10.6,"d":"10.60"},"1500 Amp ACB-65kA",{"$nulls":3}," "]
[null,"Supply","each",1,{"v":34001.1,"d":"34,001.10"},{"$f":"$D1738*E1738","v":{"v":34001.1,"d":"34,001.10"}},{"$nulls":19},{"$f":"SUM(G1738:Y1738)","v":0},{"$f":"G1738*E1738","v":0},{"$f":"H1738*E1738","v":0},{"$f":"I1738*E1738","v":0},{"$f":"J1738*E1738","v":0},{"$f":"K1738*E1738","v":0},{"$f":"L1738*E1738","v":0},{"$f":"+M1738*E1738","v":0},{"$f":"N1738*E1738","v":0},{"$f":"O1738*E1738","v":0},{"$f":"P1738*E1738","v":0},{"$f":"Q1738*E1738","v":0},{"$f":"R1738*E1738","v":0},{"$f":"S1738*E1738","v":0},{"$f":"T1738*E1738","v":0},{"$f":"W1738*E1738","v":0},{"$f":"X1738*E1738","v":0},{"$f":"Y1738*E1738","v":0},{"$f":"SUM(AA1738:AQ1738)","v":0},{"$f":"+E1738*Z1738","v":{"v":0,"d":"0.00"}}]
[null,"Install","each",{"$f":"D1738","v":1},{"v":3225,"d":"3,225.00"},{"$f":"$D1739*E1739","v":{"v":3225,"d":"3,225.00"}},{"$nulls":19},{"$f":"SUM(G1739:Y1739)","v":0},{"$f":"G1739*E1739","v":0},{"$f":"H1739*E1739","v":0},{"$f":"I1739*E1739","v":0},{"$f":"J1739*E1739","v":0},{"$f":"K1739*E1739","v":0},{"$f":"L1739*E1739","v":0},{"$f":"+M1739*E1739","v":0},{"$f":"N1739*E1739","v":0},{"$f":"O1739*E1739","v":0},{"$f":"P1739*E1739","v":0},{"$f":"Q1739*E1739","v":0},{"$f":"R1739*E1739","v":0},{"$f":"S1739*E1739","v":0},{"$f":"T1739*E1739","v":0},{"$f":"W1739*E1739","v":0},{"$f":"X1739*E1739","v":0},{"$f":"Y1739*E1739","v":0},{"$f":"SUM(AA1739:AQ1739)","v":0},{"$f":"+E1739*Z1739","v":{"v":0,"d":"0.00"}}]
[{"$nulls":5}," "]
[{"v":10.7,"d":"10.70"},"60 amp Earth Leakage Unit Isolator - 5kA",{"$nulls":3}," "]
[null,"Supply","each",4,339.15,{"$f":"$D1742*E1742","v":{"v":1356.6,"d":"1,356.60"}},{"$nulls":19},{"$f":"SUM(G1742:Y1742)","v":0},{"$f":"G1742*E1742","v":0},{"$f":"H1742*E1742","v":0},{"$f":"I1742*E1742","v":0},{"$f":"J1742*E1742","v":0},{"$f":"K1742*E1742","v":0},{"$f":"L1742*E1742","v":0},{"$f":"+M1742*E1742","v":0},{"$f":"N1742*E1742","v":0},{"$f":"O1742*E1742","v":0},{"$f":"P1742*E1742","v":0},{"$f":"Q1742*E1742","v":0},{"$f":"R1742*E1742","v":0},{"$f":"S1742*E1742","v":0},{"$f":"T1742*E1742","v":0},{"$f":"W1742*E1742","v":0},{"$f":"X1742*E1742","v":0},{"$f":"Y1742*E1742","v":0},{"$f":"SUM(AA1742:AQ1742)","v":0},{"$f":"+E1742*Z1742","v":{"v":0,"d":"0.00"}}]
[null,"Install","each",4,{"v":160,"d":"160.00"},{"$f":"$D1743*E1743","v":{"v":640,"d":"640.00"}},{"$nulls":19},{"$f":"SUM(G1743:Y1743)","v":0},{"$f":"G1743*E1743","v":0},{"$f":"H1743*E1743","v":0},{"$f":"I1743*E1743","v":0},{"$f":"J1743*E1743","v":0},{"$f":"K1743*E1743","v":0},{"$f":"L1743*E1743","v":0},{"$f":"+M1743*E1743","v":0},{"$f":"N1743*E1743","v":0},{"$f":"O1743*E1743","v":0},{"$f":"P1743*E1743","v":0},{"$f":"Q1743*E1743","v":0},{"$f":"R1743*E1743","v":0},{"$f":"S1743*E1743","v":0},{"$f":"T1743*E1743","v":0},{"$f":"W1743*E1743","v":0},{"$f":"X1743*E1743","v":0},{"$f":"Y1743*E1743","v":0},{"$f":"SUM(AA1743:AQ1743)","v":0},{"$f":"+E1743*Z1743","v":{"v":0,"d":"0.00"}}]
[{"$nulls":5}," "]
[{"v":10.8,"d":"10.80"},"PHASE2B",{"$nulls":3}," "]
[null,"Supply and install all of Equipment complete into Phase 2B substation LV Main Panel, all Materials and arrangements to be made with the Hospital Management and Engineering staff"]
[]
["10.8.1","80 amp 3P MCB-15kA"]
[null,"Supply","each",16,{"v":1313.55,"d":"1,313.55"},{"$f":"$D1749*E1749","v":{"v":21016.8,"d":"21,016.80"}},{"$nulls":19},{"$f":"SUM(G1749:Y1749)","v":0},{"$f":"G1749*E1749","v":0},{"$f":"H1749*E1749","v":0},{"$f":"I1749*E1749","v":0},{"$f":"J1749*E1749","v":0},{"$f":"K1749*E1749","v":0},{"$f":"L1749*E1749","v":0},{"$f":"+M1749*E1749","v":0},{"$f":"N1749*E1749","v":0},{"$f":"O1749*E1749","v":0},{"$f":"P1749*E1749","v":0},{"$f":"Q1749*E1749","v":0},{"$f":"R1749*E1749","v":0},{"$f":"S1749*E1749","v":0},{"$f":"T1749*E1749","v":0},{"$f":"W1749*E1749","v":0},{"$f":"X1749*E1749","v":0},{"$f":"Y1749*E1749","v":0},{"$f":"SUM(AA1749:AQ1749)","v":0},{"$f":"+E1749*Z1749","v":{"v":0,"d":"0.00"}}]
[null,"Install","each",{"$f":"D1749","v":16},{"v":275,"d":"275.00"},{"$f":"$D1750*E1750","v":{"v":4400,"d":"4,400.00"}},{"$nulls":19},{"$f":"SUM(G1750:Y1750)","v":0},{"$f":"G1750*E1750","v":0},{"$f":"H1750*E1750","v":0},{"$f":"I1750*E1750","v":0},{"$f":"J1750*E1750","v":0},{"$f":"K1750*E1750","v":0},{"$f":"L1750*E1750","v":0},{"$f":"+M1750*E1750","v":0},{"$f":"N1750*E1750","v":0},{"$f":"O1750*E1750","v":0},{"$f":"P1750*E1750","v":0},{"$f":"Q1750*E1750","v":0},{"$f":"R1750*E1750","v":0},{"$f":"S1750*E1750","v":0},{"$f":"T1750*E1750","v":0},{"$f":"W1750*E1750","v":0},{"$f":"X1750*E1750","v":0},{"$f":"Y1750*E1750","v":0},{"$f":"SUM(AA1750:AQ1750)","v":0},{"$f":"+E1750*Z1750","v":{"v":0,"d":"0.00"}}]
[{"$nulls":3}," ",null," "]
["10.8.2","50 amp 3P MCB-5kA",null," ",null," "]
[null,"Supply","each",16,261.45,{"$f":"$D1753*E1753","v":{"v":4183.2,"d":"4,183.20"}},{"$nulls":19},{"$f":"SUM(G1753:Y1753)","v":0},{"$f":"G1753*E1753","v":0},{"$f":"H1753*E1753","v":0},{"$f":"I1753*E1753","v":0},{"$f":"J1753*E1753","v":0},{"$f":"K1753*E1753","v":0},{"$f":"L1753*E1753","v":0},{"$f":"+M1753*E1753","v":0},{"$f":"N1753*E1753","v":0},{"$f":"O1753*E1753","v":0},{"$f":"P1753*E1753","v":0},{"$f":"Q1753*E1753","v":0},{"$f":"R1753*E1753","v":0},{"$f":"S1753*E1753","v":0},{"$f":"T1753*E1753","v":0},{"$f":"W1753*E1753","v":0},{"$f":"X1753*E1753","v":0},{"$f":"Y1753*E1753","v":0},{"$f":"SUM(AA1753:AQ1753)","v":0},{"$f":"+E1753*Z1753","v":{"v":0,"d":"0.00"}}]
[null,"Install","each",{"$f":"D1753","v":16},{"v":160,"d":"160.00"},{"$f":"$D1754*E1754","v":{"v":2560,"d":"2,560.00"}},{"$nulls":19},{"$f":"SUM(G1754:Y1754)","v":0},{"$f":"G1754*E1754","v":0},{"$f":"H1754*E1754","v":0},{"$f":"I1754*E1754","v":0},{"$f":"J1754*E1754","v":0},{"$f":"K1754*E1754","v":0},{"$f":"L1754*E1754","v":0},{"$f":"+M1754*E1754","v":0},{"$f":"N1754*E1754","v":0},{"$f":"O1754*E1754","v":0},{"$f":"P1754*E1754","v":0},{"$f":"Q1754*E1754","v":0},{"$f":"R1754*E1754","v":0},{"$f":"S1754*E1754","v":0},{"$f":"T1754*E1754","v":0},{"$f":"W1754*E1754","v":0},{"$f":"X1754*E1754","v":0},{"$f":"Y1754*E1754","v":0},{"$f":"SUM(AA1754:AQ1754)","v":0},{"$f":"+E1754*Z1754","v":{"v":0,"d":"0.00"}}]
[{"$nulls":5}," "]
["10.8.3","20 amp 3P MCB-5kA",{"$nulls":3}," "]
[null,"Supply","each",16,{"v":254.1,"d":"254.10"},{"$f":"$D1757*E1757","v":{"v":4065.6,"d":"4,065.60"}},{"$nulls":19},{"$f":"SUM(G1757:Y1757)","v":0},{"$f":"G1757*E1757","v":0},{"$f":"H1757*E1757","v":0},{"$f":"I1757*E1757","v":0},{"$f":"J1757*E1757","v":0},{"$f":"K1757*E1757","v":0},{"$f":"L1757*E1757","v":0},{"$f":"+M1757*E1757","v":0},{"$f":"N1757*E1757","v":0},{"$f":"O1757*E1757","v":0},{"$f":"P1757*E1757","v":0},{"$f":"Q1757*E1757","v":0},{"$f":"R1757*E1757","v":0},{"$f":"S1757*E1757","v":0},{"$f":"T1757*E1757","v":0},{"$f":"W1757*E1757","v":0},{"$f":"X1757*E1757","v":0},{"$f":"Y1757*E1757","v":0},{"$f":"SUM(AA1757:AQ1757)","v":0},{"$f":"+E1757*Z1757","v":{"v":0,"d":"0.00"}}]
[null,"Install","each",{"$f":"D1757","v":16},{"v":160,"d":"160.00"},{"$f":"$D1758*E1758","v":{"v":2560,"d":"2,560.00"}},{"$nulls":19},{"$f":"SUM(G1758:Y1758)","v":0},{"$f":"G1758*E1758","v":0},{"$f":"H1758*E1758","v":0},{"$f":"I1758*E1758","v":0},{"$f":"J1758*E1758","v":0},{"$f":"K1758*E1758","v":0},{"$f":"L1758*E1758","v":0},{"$f":"+M1758*E1758","v":0},{"$f":"N1758*E1758","v":0},{"$f":"O1758*E1758","v":0},{"$f":"P1758*E1758","v":0},{"$f":"Q1758*E1758","v":0},{"$f":"R1758*E1758","v":0},{"$f":"S1758*E1758","v":0},{"$f":"T1758*E1758","v":0},{"$f":"W1758*E1758","v":0},{"$f":"X1758*E1758","v":0},{"$f":"Y1758*E1758","v":0},{"$f":"SUM(AA1758:AQ1758)","v":0},{"$f":"+E1758*Z1758","v":{"v":0,"d":"0.00"}}]
[{"$nulls":5}," "]
[{"v":10.9,"d":"10.90"},"LIGHTNING PROTECTION",{"$nulls":3}," "]
[null,"Lightning protection system to SABS Code of Practice '0313 - 1999 as amended.  The Sub-contractor to employ a lightning protection specialist for Complete Installation","Sum ",1,{"v":771540.87,"d":"771,540.87"},{"$f":"$D1761*E1761","v":{"v":771540.87,"d":"771,540.87"}},{"$nulls":19},{"$f":"SUM(G1761:Y1761)","v":0},{"$f":"G1761*E1761","v":0},{"$f":"H1761*E1761","v":0},{"$f":"I1761*E1761","v":0},{"$f":"J1761*E1761","v":0},{"$f":"K1761*E1761","v":0},{"$f":"L1761*E1761","v":0},{"$f":"+M1761*E1761","v":0},{"$f":"N1761*E1761","v":0},{"$f":"O1761*E1761","v":0},{"$f":"P1761*E1761","v":0},{"$f":"Q1761*E1761","v":0},{"$f":"R1761*E1761","v":0},{"$f":"S1761*E1761","v":0},{"$f":"T1761*E1761","v":0},{"$f":"W1761*E1761","v":0},{"$f":"X1761*E1761","v":0},{"$f":"Y1761*E1761","v":0},{"$f":"SUM(AA1761:AQ1761)","v":0},{"$f":"+E1761*Z1761","v":{"v":0,"d":"0.00"}}]
[null,"NOTE:  SABS-grade earthing rods to be used and not B-grade."]
[]
[]
[null,"TOTAL CARRIED FORWARD TO SUMMARY PAGE",{"$nulls":3},{"$f":"SUM(F1714:F1764)","v":{"v":972939.02,"d":"972,939.02"}},{"$nulls":38},{"$f":"SUM(AS1714:AS1764)","v":{"v":0,"d":"0.00"}}]
[]
["MV RETICULATION"]
["MAIN HOSPITAL ELECTRICAL INSTALLATION"]
["CECILIA MAKIWANE HOSPITAL : PHASE 4C"]
[]
["BILL NO. 1 : PROVISIONAL AND SUPERVISION AMOUNTS",{"$nulls":3},"Besamandla"]
["ITEM","DESCRIPTION","UNIT","QTY","RATE","TENDER AMOUNT","A","B","D","E1","E2","F1","F2","G1","G2","H1","H2","J1","J2","J3","Substation","G/House",null,"N","Other","Total Qty","A","B","D","E1","E2","F1","F2","G1","G2","H1","H2","J1","J2","J3","K","N","Other","Total Amount","Total Claimed"]
[]
[]
[{"v":1,"d":"1.00"},"Provisional amounts, pertaining specifically to the Electrical Installation Contract"]
[]
[" ","Provisional Amounts"]
[]
[{"v":1.1,"d":"1.10"},"Standby Control System complete as per specialist Contractor","Sum",1,{"v":2500000,"d":"2,500,000.00"},{"$f":"D1779*E1779","v":{"v":2500000,"d":"2,500,000.00"}},{"$nulls":19},{"$f":"SUM(G1779:Y1779)","v":0},{"$f":"G1779*E1779","v":0},{"$f":"H1779*E1779","v":0},{"$f":"I1779*E1779","v":0},{"$f":"J1779*E1779","v":0},{"$f":"K1779*E1779","v":0},{"$f":"L1779*E1779","v":0},{"$f":"+M1779*E1779","v":0},{"$f":"N1779*E1779","v":0},{"$f":"O1779*E1779","v":0},{"$f":"P1779*E1779","v":0},{"$f":"Q1779*E1779","v":0},{"$f":"R1779*E1779","v":0},{"$f":"S1779*E1779","v":0},{"$f":"T1779*E1779","v":0},{"$f":"W1779*E1779","v":0},{"$f":"X1779*E1779","v":0},{"$f":"Y1779*E1779","v":0},{"$f":"SUM(AA1779:AQ1779)","v":0},{"$f":"+E1779*Z1779","v":{"v":0,"d":"0.00"}}]
[]
["1.1.1","Contractor's Profit on the above amount","%",null,{"v":0.025,"d":"0.03"},{"$f":"E1781*F1779","v":{"v":62500,"d":"62,500.00"}},{"$nulls":19},{"$f":"SUM(G1781:Y1781)","v":0},{"$f":"G1781*E1781","v":0},{"$f":"H1781*E1781","v":0},{"$f":"I1781*E1781","v":0},{"$f":"J1781*E1781","v":0},{"$f":"K1781*E1781","v":0},{"$f":"L1781*E1781","v":0},{"$f":"+M1781*E1781","v":0},{"$f":"N1781*E1781","v":0},{"$f":"O1781*E1781","v":0},{"$f":"P1781*E1781","v":0},{"$f":"Q1781*E1781","v":0},{"$f":"R1781*E1781","v":0},{"$f":"S1781*E1781","v":0},{"$f":"T1781*E1781","v":0},{"$f":"W1781*E1781","v":0},{"$f":"X1781*E1781","v":0},{"$f":"Y1781*E1781","v":0},{"$f":"SUM(AA1781:AQ1781)","v":0},{"$f":"+E1781*Z1781","v":{"v":0,"d":"0.00"}}]
[]
[]
[{"v":1.2,"d":"1.20"},"Diesel Bulk Storage Tank installation complete as per Specialist Contractor","Sum",1,{"v":600000,"d":"600,000.00"},{"$f":"D1784*E1784","v":{"v":600000,"d":"600,000.00"}},{"$nulls":19},{"$f":"SUM(G1784:Y1784)","v":0},{"$f":"G1784*E1784","v":0},{"$f":"H1784*E1784","v":0},{"$f":"I1784*E1784","v":0},{"$f":"J1784*E1784","v":0},{"$f":"K1784*E1784","v":0},{"$f":"L1784*E1784","v":0},{"$f":"+M1784*E1784","v":0},{"$f":"N1784*E1784","v":0},{"$f":"O1784*E1784","v":0},{"$f":"P1784*E1784","v":0},{"$f":"Q1784*E1784","v":0},{"$f":"R1784*E1784","v":0},{"$f":"S1784*E1784","v":0},{"$f":"T1784*E1784","v":0},{"$f":"W1784*E1784","v":0},{"$f":"X1784*E1784","v":0},{"$f":"Y1784*E1784","v":0},{"$f":"SUM(AA1784:AQ1784)","v":0},{"$f":"+E1784*Z1784","v":{"v":0,"d":"0.00"}}]
[]
["1.2.1","Contractor's Profit on the above amount","%",0,0.05,{"$f":"E1786*F1784","v":{"v":30000,"d":"30,000.00"}},{"$nulls":19},{"$f":"SUM(G1786:Y1786)","v":0},{"$f":"G1786*E1786","v":0},{"$f":"H1786*E1786","v":0},{"$f":"I1786*E1786","v":0},{"$f":"J1786*E1786","v":0},{"$f":"K1786*E1786","v":0},{"$f":"L1786*E1786","v":0},{"$f":"+M1786*E1786","v":0},{"$f":"N1786*E1786","v":0},{"$f":"O1786*E1786","v":0},{"$f":"P1786*E1786","v":0},{"$f":"Q1786*E1786","v":0},{"$f":"R1786*E1786","v":0},{"$f":"S1786*E1786","v":0},{"$f":"T1786*E1786","v":0},{"$f":"W1786*E1786","v":0},{"$f":"X1786*E1786","v":0},{"$f":"Y1786*E1786","v":0},{"$f":"SUM(AA1786:AQ1786)","v":0},{"$f":"+E1786*Z1786","v":{"v":0,"d":"0.00"}}]
[]
[{"v":1.3,"d":"1.30"},"Technical Training","Sum",1,{"v":200000,"d":"200,000.00"},{"$f":"D1788*E1788","v":{"v":200000,"d":"200,000.00"}},{"$nulls":19},{"$f":"SUM(G1788:Y1788)","v":0},{"$f":"G1788*E1788","v":0},{"$f":"H1788*E1788","v":0},{"$f":"I1788*E1788","v":0},{"$f":"J1788*E1788","v":0},{"$f":"K1788*E1788","v":0},{"$f":"L1788*E1788","v":0},{"$f":"+M1788*E1788","v":0},{"$f":"N1788*E1788","v":0},{"$f":"O1788*E1788","v":0},{"$f":"P1788*E1788","v":0},{"$f":"Q1788*E1788","v":0},{"$f":"R1788*E1788","v":0},{"$f":"S1788*E1788","v":0},{"$f":"T1788*E1788","v":0},{"$f":"W1788*E1788","v":0},{"$f":"X1788*E1788","v":0},{"$f":"Y1788*E1788","v":0},{"$f":"SUM(AA1788:AQ1788)","v":0},{"$f":"+E1788*Z1788","v":{"v":0,"d":"0.00"}}]
[{"$nulls":3}," "]
["1.3.1","Contractor's Profit on the above amount","%",{"v":0.1,"d":"0"},{"v":0.1,"d":"0.10"},{"$f":"E1790*F1788","v":{"v":20000,"d":"20,000.00"}},{"$nulls":19},{"$f":"SUM(G1790:Y1790)","v":0},{"$f":"G1790*E1790","v":0},{"$f":"H1790*E1790","v":0},{"$f":"I1790*E1790","v":0},{"$f":"J1790*E1790","v":0},{"$f":"K1790*E1790","v":0},{"$f":"L1790*E1790","v":0},null,{"$f":"N1790*E1790","v":0},{"$f":"O1790*E1790","v":0},{"$f":"P1790*E1790","v":0},{"$f":"Q1790*E1790","v":0},{"$f":"R1790*E1790","v":0},{"$f":"S1790*E1790","v":0},{"$f":"T1790*E1790","v":0},{"$f":"W1790*E1790","v":0},{"$f":"X1790*E1790","v":0},{"$f":"Y1790*E1790","v":0},{"$f":"SUM(AA1790:AQ1790)","v":0},{"$f":"+E1790*Z1790","v":{"v":0,"d":"0.00"}}]
[{"$nulls":3}," "]
[{"v":1.4,"d":"1.40"},"Life Skills Training","Sum",1,{"v":50000,"d":"50,000.00"},{"$f":"D1792*E1792","v":{"v":50000,"d":"50,000.00"}},{"$nulls":19},{"$f":"SUM(G1792:Y1792)","v":0},{"$f":"G1792*E1792","v":0},{"$f":"H1792*E1792","v":0},{"$f":"I1792*E1792","v":0},{"$f":"J1792*E1792","v":0},{"$f":"K1792*E1792","v":0},{"$f":"L1792*E1792","v":0},null,{"$f":"N1792*E1792","v":0},{"$f":"O1792*E1792","v":0},{"$f":"P1792*E1792","v":0},{"$f":"Q1792*E1792","v":0},{"$f":"R1792*E1792","v":0},{"$f":"S1792*E1792","v":0},{"$f":"T1792*E1792","v":0},{"$f":"W1792*E1792","v":0},{"$f":"X1792*E1792","v":0},{"$f":"Y1792*E1792","v":0},{"$f":"SUM(AA1792:AQ1792)","v":0},{"$f":"+E1792*Z1792","v":{"v":0,"d":"0.00"}}]
[{"$nulls":3}," "]
["1.4.1","Contractor's Profit on the above amount","%",{"v":0.1,"d":"0"},{"v":0.1,"d":"0.10"},{"$f":"E1794*F1792","v":{"v":5000,"d":"5,000.00"}},{"$nulls":19},{"$f":"SUM(G1794:Y1794)","v":0},{"$f":"G1794*E1794","v":0},{"$f":"H1794*E1794","v":0},{"$f":"I1794*E1794","v":0},{"$f":"J1794*E1794","v":0},{"$f":"K1794*E1794","v":0},{"$f":"L1794*E1794","v":0},null,{"$f":"N1794*E1794","v":0},{"$f":"O1794*E1794","v":0},{"$f":"P1794*E1794","v":0},{"$f":"Q1794*E1794","v":0},{"$f":"R1794*E1794","v":0},{"$f":"S1794*E1794","v":0},{"$f":"T1794*E1794","v":0},{"$f":"W1794*E1794","v":0},{"$f":"X1794*E1794","v":0},{"$f":"Y1794*E1794","v":0},{"$f":"SUM(AA1794:AQ1794)","v":0},{"$f":"+E1794*Z1794","v":{"v":0,"d":"0.00"}}]
[]
[{"v":1.5,"d":"1.50"},"Learners Stipend","Sum",1,{"v":75000,"d":"75,000.00"},{"$f":"D1796*E1796","v":{"v":75000,"d":"75,000.00"}},{"$nulls":19},{"$f":"SUM(G1796:Y1796)","v":0},{"$f":"G1796*E1796","v":0},{"$f":"H1796*E1796","v":0},{"$f":"I1796*E1796","v":0},{"$f":"J1796*E1796","v":0},{"$f":"K1796*E1796","v":0},{"$f":"L1796*E1796","v":0},null,{"$f":"N1796*E1796","v":0},{"$f":"O1796*E1796","v":0},{"$f":"P1796*E1796","v":0},{"$f":"Q1796*E1796","v":0},{"$f":"R1796*E1796","v":0},{"$f":"S1796*E1796","v":0},{"$f":"T1796*E1796","v":0},{"$f":"W1796*E1796","v":0},{"$f":"X1796*E1796","v":0},{"$f":"Y1796*E1796","v":0},{"$f":"SUM(AA1796:AQ1796)","v":0},{"$f":"+E1796*Z1796","v":{"v":0,"d":"0.00"}}]
[{"$nulls":3}," "]
["1.5.1","Contractor's Profit on the above amount","%",{"v":0.1,"d":"0"},{"v":0.1,"d":"0.10"},{"$f":"E1798*F1796","v":{"v":7500,"d":"7,500.00"}},{"$nulls":19},{"$f":"SUM(G1798:Y1798)","v":0},{"$f":"G1798*E1798","v":0},{"$f":"H1798*E1798","v":0},{"$f":"I1798*E1798","v":0},{"$f":"J1798*E1798","v":0},{"$f":"K1798*E1798","v":0},{"$f":"L1798*E1798","v":0},null,{"$f":"N1798*E1798","v":0},{"$f":"O1798*E1798","v":0},{"$f":"P1798*E1798","v":0},{"$f":"Q1798*E1798","v":0},{"$f":"R1798*E1798","v":0},{"$f":"S1798*E1798","v":0},{"$f":"T1798*E1798","v":0},{"$f":"W1798*E1798","v":0},{"$f":"X1798*E1798","v":0},{"$f":"Y1798*F1798","v":0},{"$f":"SUM(AA1798:AQ1798)","v":0},{"$f":"+E1798*Z1798","v":{"v":0,"d":"0.00"}}]
[]
[{"v":1.6,"d":"1.60"},"SMME MANAGER"]
[]
["1.6.1","SMME Manager for all SMME Contracts as per Specification for the duration of the Project","Sum",1,{"v":40000,"d":"40,000.00"},{"$f":"D1802*E1802","v":{"v":40000,"d":"40,000.00"}},{"$nulls":19},{"$f":"SUM(G1802:Y1802)","v":0},{"$f":"G1802*E1802","v":0},{"$f":"H1802*E1802","v":0},{"$f":"I1802*E1802","v":0},{"$f":"J1802*E1802","v":0},{"$f":"K1802*E1802","v":0},{"$f":"L1802*E1802","v":0},null,{"$f":"N1802*E1802","v":0},{"$f":"O1802*E1802","v":0},{"$f":"P1802*E1802","v":0},{"$f":"Q1802*E1802","v":0},{"$f":"R1802*E1802","v":0},{"$f":"S1802*E1802","v":0},{"$f":"T1802*E1802","v":0},{"$f":"W1802*E1802","v":0},{"$f":"X1802*E1802","v":0},{"$f":"Y1802*E1802","v":0},{"$f":"SUM(AA1802:AQ1802)","v":0},{"$f":"+E1802*Z1802","v":{"v":0,"d":"0.00"}}]
[{"$nulls":3}," "]
[null,"Amount Carried Forward",{"$nulls":3},{"$f":"SUM(F1775:F1803)","v":{"v":3590000,"d":"3,590,000.00"}},{"$nulls":38},{"$f":"SUM(AS1775:AS1803)","v":{"v":0,"d":"0.00"}}]
[]
["MAIN HOSPITAL ELECTRICAL INSTALLATION"]
["CECILIA MAKIWANE HOSPITAL : PHASE 4C"]
[]
["BILL NO. 2 : MV INSTALLATION"]
["ITEM","DESCRIPTION","UNIT","QTY","RATE","TENDER AMOUNT","A","B","D","E1","E2","F1","F2","G1","G2","H1","H2","J1","J2","J3","Substation","G/House",null,"N","Other","Total Qty","A","B","D","E1","E2","F1","F2","G1","G2","H1","H2","J1","J2","J3","K","N","Other","Total Amount","Total Claimed"]
[]
[]
[]
[{"v":2.1,"d":"2.10"},"Cabling"]
["2.1.1","11kV 150mm2 3 core XLPE with SABS Mark C/W 70mm2 Earth wire"]
[null,"  Supply","m",200,692.37,{"$f":"D1816*E1816","v":{"v":138474,"d":"138,474.00"}},{"$nulls":19},{"$f":"SUM(G1816:Y1816)","v":0},{"$f":"G1816*E1816","v":0},{"$f":"H1816*$E1816","v":0},0,0,0,0,{"$f":"+M1816*E1816","v":0},{"$f":"N1816*$E1816","v":0},0,0,0,0,0,0,{"$f":"W1816*$E1816","v":0},0,{"$f":"Y1816*$E1816","v":0},{"$f":"SUM(AA1816:AQ1816)","v":0},{"$f":"+E1816*Z1816","v":{"v":0,"d":"0.00"}}]
[null,"  Install","m",{"$f":"D1816","v":200},{"v":36,"d":"36.00"},{"$f":"D1817*E1817","v":{"v":7200,"d":"7,200.00"}},{"$nulls":19},{"$f":"SUM(G1817:Y1817)","v":0},{"$f":"G1817*E1817","v":0},0,0,0,0,0,{"$f":"+M1817*E1817","v":0},0,0,0,0,0,0,0,0,0,0,{"$f":"SUM(AA1817:AQ1817)","v":0},{"$f":"+E1817*Z1817","v":{"v":0,"d":"0.00"}}]
[]
["2.1.2","Cable joint for 11kV 150mm2 3 core XLPE with SABS"]
[null,"Mark"]
[null,"  Supply","each",4,{"v":2275.24,"d":"2,275.24"},{"$f":"D1821*E1821","v":{"v":9100.96,"d":"9,100.96"}},{"$nulls":19},{"$f":"SUM(G1821:Y1821)","v":0},{"$f":"G1821*E1821","v":0},{"$f":"H1821*$E1821","v":0},0,0,0,0,{"$f":"+M1821*E1821","v":0},{"$f":"N1821*$E1821","v":0},0,0,0,0,0,0,0,0,0,{"$f":"SUM(AA1821:AQ1821)","v":0},{"$f":"+E1821*Z1821","v":{"v":0,"d":"0.00"}}]
[null,"  Install","each",{"$f":"D1821","v":4},{"v":1800,"d":"1,800.00"},{"$f":"D1822*E1822","v":{"v":7200,"d":"7,200.00"}},{"$nulls":19},{"$f":"SUM(G1822:Y1822)","v":0},{"$f":"G1822*E1822","v":0},0,0,0,0,0,{"$f":"+M1822*E1822","v":0},0,0,0,0,0,0,0,0,0,0,{"$f":"SUM(AA1822:AQ1822)","v":0},{"$f":"+E1822*Z1822","v":{"v":0,"d":"0.00"}}]
[]
["2.1.3","Indoor heat shrink termination boot for 11kV 150mm2 cable onto the local OCB, MV isolator, MV fuse switch transformer, remote fuse switches for existing transformers"]
[null,"  Supply","each",4,{"v":1482.81,"d":"1,482.81"},{"$f":"D1825*E1825","v":{"v":5931.24,"d":"5,931.24"}},{"$nulls":19},{"$f":"SUM(G1825:Y1825)","v":0},{"$f":"G1825*E1825","v":0},{"$f":"H1825*$E1825","v":0},0,0,0,0,{"$f":"+M1825*E1825","v":0},{"$f":"N1825*$E1825","v":0},0,0,0,0,0,0,0,0,0,{"$f":"SUM(AA1825:AQ1825)","v":0},{"$f":"+E1825*Z1825","v":{"v":0,"d":"0.00"}}]
[null,"  Install","each",{"$f":"D1825","v":4},{"v":1500,"d":"1,500.00"},{"$f":"D1826*E1826","v":{"v":6000,"d":"6,000.00"}},{"$nulls":19},{"$f":"SUM(G1826:Y1826)","v":0},{"$f":"G1826*E1826","v":0},0,0,0,0,0,{"$f":"+M1826*E1826","v":0},0,0,0,0,0,0,0,0,0,0,{"$f":"SUM(AA1826:AQ1826)","v":0},{"$f":"+E1826*Z1826","v":{"v":0,"d":"0.00"}}]
[]
["2.1.4","11kV 240mm2 3 core XLPE with SABS Mark C/W 95mm2 Earth wire"]
[null,"  Supply","m",{"v":1800,"d":"1,800"},{"v":1045.94,"d":"1,045.94"},{"$f":"D1829*E1829","v":{"v":1882692,"d":"1,882,692.00"}},{"$nulls":19},{"$f":"SUM(G1829:Y1829)","v":0},{"$f":"G1829*E1829","v":0},{"$f":"H1829*$E1829","v":0},0,0,0,0,{"$f":"+M1829*E1829","v":0},{"$f":"N1829*$E1829","v":0},0,0,0,0,0,0,0,0,0,{"$f":"SUM(AA1829:AQ1829)","v":0},{"$f":"+E1829*Z1829","v":{"v":0,"d":"0.00"}}]
[null,"  Install","m",{"$f":"D1829","v":{"v":1800,"d":"1,800"}},{"v":39,"d":"39.00"},{"$f":"D1830*E1830","v":{"v":70200,"d":"70,200.00"}},{"$nulls":19},{"$f":"SUM(G1830:Y1830)","v":0},{"$f":"G1830*E1830","v":0},0,0,0,0,0,{"$f":"+M1830*E1830","v":0},0,0,0,0,0,0,0,0,0,0,{"$f":"SUM(AA1830:AQ1830)","v":0},{"$f":"+E1830*Z1830","v":{"v":0,"d":"0.00"}}]
[]
["2.1.5","Cable joint for 11kV 240mm2 3 core XLPE with SABS"]
[null,"Mark"]
[null,"  Supply","each",{"$f":"D1829/100","v":18},{"v":2746.84,"d":"2,746.84"},{"$f":"D1834*E1834","v":{"v":49443.12,"d":"49,443.12"}},{"$nulls":19},{"$f":"SUM(G1834:Y1834)","v":0},{"$f":"G1834*E1834","v":0},{"$f":"H1834*$E1834","v":0},0,0,0,0,{"$f":"+M1834*E1834","v":0},{"$f":"N1834*$E1834","v":0},0,0,0,0,0,0,{"$f":"W1834*$E1834","v":0},0,0,{"$f":"SUM(AA1834:AQ1834)","v":0},{"$f":"+E1834*Z1834","v":{"v":0,"d":"0.00"}}]
[null,"  Install","each",{"$f":"D1834","v":18},{"v":2000,"d":"2,000.00"},{"$f":"D1835*E1835","v":{"v":36000,"d":"36,000.00"}},{"$nulls":19},{"$f":"SUM(G1835:Y1835)","v":0},{"$f":"G1835*E1835","v":0},0,0,0,0,0,{"$f":"+M1835*E1835","v":0},0,0,0,0,0,0,0,0,0,0,{"$f":"SUM(AA1835:AQ1835)","v":0},{"$f":"+E1835*Z1835","v":{"v":0,"d":"0.00"}}]
[]
["2.1.6","Indoor heat shrink termination boot for 11kV 240mm2 cable onto the local OCB, MV isolator, MV fuse switch transformer, remote fuse switches for existing transformers"]
[null,"  Supply","each",24,{"v":2501.35,"d":"2,501.35"},{"$f":"D1838*E1838","v":{"v":60032.399999999994,"d":"60,032.40"}},{"$nulls":19},{"$f":"SUM(G1838:Y1838)","v":0},{"$f":"G1838*E1838","v":0},{"$f":"H1838*$E1838","v":0},0,0,0,0,{"$f":"+M1838*E1838","v":0},{"$f":"N1838*$E1838","v":0},0,0,0,0,0,0,{"$f":"W1838*$E1838","v":0},0,0,{"$f":"SUM(AA1838:AQ1838)","v":0},{"$f":"+E1838*Z1838","v":{"v":0,"d":"0.00"}}]
[null,"  Install","each",{"$f":"D1838","v":24},{"v":1800,"d":"1,800.00"},{"$f":"D1839*E1839","v":{"v":43200,"d":"43,200.00"}},{"$nulls":18},-7,{"$f":"SUM(G1839:Y1839)","v":-7},{"$f":"G1839*E1839","v":0},0,0,0,0,0,{"$f":"+M1839*E1839","v":0},0,0,0,0,0,0,0,0,0,{"v":-12600,"d":"-12,600"},{"$f":"SUM(AA1839:AQ1839)","v":{"v":-12600,"d":"-12,600"}},{"$f":"+E1839*Z1839","v":{"v":-12600,"d":"-12,600.00"}}]
[]
["2.1.7","Cable route markers"]
[null,"  Supply","each",40,97.38,{"$f":"D1842*E1842","v":{"v":3895.2,"d":"3,895.20"}},{"$nulls":19},{"$f":"SUM(G1842:Y1842)","v":0},{"$f":"G1842*E1842","v":0},{"$f":"H1842*$E1842","v":0},0,0,0,0,{"$f":"+M1842*E1842","v":0},{"$f":"N1842*$E1842","v":0},0,0,0,0,0,0,{"$f":"W1842*$E1842","v":0},0,0,{"$f":"SUM(AA1842:AQ1842)","v":0},{"$f":"+E1842*Z1842","v":{"v":0,"d":"0.00"}}]
[null,"  Install","each",{"$f":"D1842","v":40},{"v":30,"d":"30.00"},{"$f":"D1843*E1843","v":{"v":1200,"d":"1,200.00"}},{"$nulls":19},{"$f":"SUM(G1843:Y1843)","v":0},{"$f":"G1843*E1843","v":0},0,0,0,0,0,{"$f":"+M1843*E1843","v":0},0,0,0,0,0,0,0,0,0,0,{"$f":"SUM(AA1843:AQ1843)","v":0},{"$f":"+E1843*Z1843","v":{"v":0,"d":"0.00"}}]
[]
["2.1.8","Masterkeyed padlocks with keys."]
[null,"  Supply","each",12,358.75,{"$f":"D1846*E1846","v":{"v":4305,"d":"4,305.00"}},{"$nulls":18},20,{"$f":"SUM(G1846:Y1846)","v":20},{"$f":"G1846*E1846","v":0},{"$f":"H1846*$E1846","v":0},0,0,0,0,{"$f":"+M1846*E1846","v":0},{"$f":"N1846*$E1846","v":0},0,0,0,0,0,0,{"$f":"W1846*$E1846","v":0},0,{"v":7175,"d":"7,175"},{"$f":"SUM(AA1846:AQ1846)","v":{"v":7175,"d":"7,175"}},{"$f":"+E1846*Z1846","v":{"v":7175,"d":"7,175.00"}}]
[null,"  Install","each",{"$f":"D1846","v":12},{"v":20,"d":"20.00"},{"$f":"D1847*E1847","v":{"v":240,"d":"240.00"}},{"$nulls":18},20,{"$f":"SUM(G1847:Y1847)","v":20},{"$f":"G1847*E1847","v":0},0,0,0,0,0,{"$f":"+M1847*E1847","v":0},0,0,0,0,0,0,0,0,0,400,{"$f":"SUM(AA1847:AQ1847)","v":400},{"$f":"+E1847*Z1847","v":{"v":400,"d":"400.00"}}]
[]
[{"v":2.2,"d":"2.20"},"New Substation MV Equipment"]
["2.2.1","11kV vacuum circuit breakers as specified, remote opening and closing from the PLC system, complete with build-in maintenance trolley"]
[]
["2.2.1.1","As per Spec Item 2.4.1. (i)"]
[null,"  Supply","each",4,{"v":131740.47,"d":"131,740.47"},{"$f":"D1853*E1853","v":{"v":526961.88,"d":"526,961.88"}},{"$nulls":19},{"$f":"SUM(G1853:Y1853)","v":0},{"$f":"G1853*E1853","v":0},{"$f":"H1853*$E1853","v":0},0,0,0,0,{"$f":"+M1853*E1853","v":0},{"$f":"N1853*$E1853","v":0},0,0,0,0,0,0,{"$f":"W1853*$E1853","v":0},0,0,{"$f":"SUM(AA1853:AQ1853)","v":0},{"$f":"+E1853*Z1853","v":{"v":0,"d":"0.00"}}]
[null,"  Install","each",{"$f":"D1853","v":4},{"v":18155,"d":"18,155.00"},{"$f":"D1854*E1854","v":{"v":72620,"d":"72,620.00"}},{"$nulls":19},{"$f":"SUM(G1854:Y1854)","v":0},{"$f":"G1854*E1854","v":0},0,0,0,0,0,{"$f":"+M1854*E1854","v":0},0,0,0,0,0,0,0,0,0,0,{"$f":"SUM(AA1854:AQ1854)","v":0},{"$f":"+E1854*Z1854","v":{"v":0,"d":"0.00"}}]
[]
[]
[null,"Amount Carried Forward ",{"$nulls":3},{"$f":"SUM(F1814:F1856)","v":{"v":2924695.8000000003,"d":"2,924,695.80"}},{"$nulls":38},{"$f":"SUM(AS1814:AS1856)","v":{"v":-5025,"d":"-5,025.00"}}]
[]
["MAIN HOSPITAL ELECTRICAL INSTALLATION"]
["CECILIA MAKIWANE HOSPITAL : PHASE 4C"]
[]
[{"$f":"A1809","v":"BILL NO. 2 : MV INSTALLATION"}]
["ITEM","DESCRIPTION","UNIT","QTY","RATE","TENDER AMOUNT","A","B","D","E1","E2","F1","F2","G1","G2","H1","H2","J1","J2","J3","Substation","G/House",null,"N","Other","Total Qty","A","B","D","E1","E2","F1","F2","G1","G2","H1","H2","J1","J2","J3","K","N","Other","Total Amount","Total Claimed"]
[null,"AMOUNT CARRIED FORWARD FROM PREVIOUS BILL",{"$nulls":3},{"$f":"F1857","v":{"v":2924695.8000000003,"d":"2,924,695.80"}},{"$nulls":38},{"$f":"AS1857","v":{"v":-5025,"d":"-5,025.00"}}]
[]
["2.2.1.2","As per Spec Item 2.4.1. (ii)"]
[null,"  Supply","each",17,{"v":131740.47,"d":"131,740.47"},{"$f":"D1867*E1867","v":{"v":2239587.99,"d":"2,239,587.99"}},{"$nulls":19},{"$f":"SUM(G1867:Y1867)","v":0},{"$f":"G1867*E1867","v":0},{"$f":"H1867*$E1867","v":0},0,0,0,0,{"$f":"+M1867*E1867","v":0},{"$f":"N1867*$E1867","v":0},0,0,0,0,0,0,{"$f":"W1867*$E1867","v":0},0,0,{"$f":"SUM(AA1867:AQ1867)","v":0},{"$f":"+E1867*Z1867","v":{"v":0,"d":"0.00"}}]
[null,"  Install","each",{"$f":"D1867","v":17},{"v":17535,"d":"17,535.00"},{"$f":"D1868*E1868","v":{"v":298095,"d":"298,095.00"}},{"$nulls":19},{"$f":"SUM(G1868:Y1868)","v":0},{"$f":"G1868*E1868","v":0},0,0,0,0,0,{"$f":"+M1868*E1868","v":0},0,0,0,0,0,0,0,0,0,0,{"$f":"SUM(AA1868:AQ1868)","v":0},{"$f":"+E1868*Z1868","v":{"v":0,"d":"0.00"}}]
[]
["2.2.2","Indoor transformer 1250kVA, Oil filled Transformer complete with termination boxes for XLPE MV cable and LV Cables "]
[null,"  Supply","each",2,{"v":246144.53,"d":"246,144.53"},{"$f":"D1871*E1871","v":{"v":492289.06,"d":"492,289.06"}},{"$nulls":19},{"$f":"SUM(G1871:Y1871)","v":0},{"$f":"G1871*E1871","v":0},{"$f":"H1871*$E1871","v":0},0,0,0,0,{"$f":"+M1871*E1871","v":0},{"$f":"N1871*$E1871","v":0},0,0,0,0,0,0,0,0,0,{"$f":"SUM(AA1871:AQ1871)","v":0},{"$f":"+E1871*Z1871","v":{"v":0,"d":"0.00"}}]
[null,"  Install","each",{"$f":"D1871","v":2},{"v":5000,"d":"5,000.00"},{"$f":"D1872*E1872","v":{"v":10000,"d":"10,000.00"}},{"$nulls":19},{"$f":"SUM(G1872:Y1872)","v":0},{"$f":"G1872*E1872","v":0},0,0,0,0,0,{"$f":"+M1872*E1872","v":0},0,0,0,0,0,0,0,0,0,0,{"$f":"SUM(AA1872:AQ1872)","v":0},{"$f":"+E1872*Z1872","v":{"v":0,"d":"0.00"}}]
[]
["2.2.3","Indoor transformer 50kVA, Oil filled Transformer complete with termination boxes for XLPE MV cable and LV Cables"]
[null,"  Supply","each",1,{"v":46731.8,"d":"46,731.80"},{"$f":"D1875*E1875","v":{"v":46731.8,"d":"46,731.80"}},{"$nulls":19},{"$f":"SUM(G1875:Y1875)","v":0},{"$f":"G1875*E1875","v":0},{"$f":"H1875*$E1875","v":0},0,0,0,0,{"$f":"+M1875*E1875","v":0},{"$f":"N1875*$E1875","v":0},0,0,0,0,0,0,0,0,0,{"$f":"SUM(AA1875:AQ1875)","v":0},{"$f":"+E1875*Z1875","v":{"v":0,"d":"0.00"}}]
[null,"  Install","each",{"$f":"D1875","v":1},{"v":1250,"d":"1,250.00"},{"$f":"D1876*E1876","v":{"v":1250,"d":"1,250.00"}},{"$nulls":19},{"$f":"SUM(G1876:Y1876)","v":0},{"$f":"G1876*E1876","v":0},0,0,0,0,0,{"$f":"+M1876*E1876","v":0},0,0,0,0,0,0,0,0,0,0,{"$f":"SUM(AA1876:AQ1876)","v":0},{"$f":"+E1876*Z1876","v":{"v":0,"d":"0.00"}}]
[{"$nulls":5}," "]
["2.2.4","Indoor transformer 2500kVA, Resin core Transformer "]
[null,"complete Enclosure, Temp probes and Surge arresters with termination brackets for XLPE MV cable and LV Cables"]
[null,"  Supply","each",2,{"v":447474,"d":"447,474.00"},{"$f":"D1880*E1880","v":{"v":894948,"d":"894,948.00"}},{"$nulls":14},2,{"$nulls":4},{"$f":"SUM(G1880:Y1880)","v":2},{"$f":"G1880*E1880","v":0},{"$f":"H1880*$E1880","v":0},0,0,0,0,{"$f":"+M1880*E1880","v":0},{"$f":"N1880*$E1880","v":0},0,0,0,0,0,0,0,0,0,{"$f":"SUM(AA1880:AQ1880)","v":0},{"$f":"+E1880*Z1880","v":{"v":894948,"d":"894,948.00"}}]
[null,"  Install","each",{"$f":"D1880","v":2},{"v":7500,"d":"7,500.00"},{"$f":"D1881*E1881","v":{"v":15000,"d":"15,000.00"}},{"$nulls":19},{"$f":"SUM(G1881:Y1881)","v":0},{"$f":"G1881*E1881","v":0},0,0,0,0,0,{"$f":"+M1881*E1881","v":0},0,0,0,0,0,0,0,0,0,0,{"$f":"SUM(AA1881:AQ1881)","v":0},{"$f":"+E1881*Z1881","v":{"v":0,"d":"0.00"}}]
[]
["2.2.5","Battery tripping unit including battery charger and batteries as specified"]
[null,"  Supply","No.",4,{"v":25625,"d":"25,625.00"},{"$f":"D1884*E1884","v":{"v":102500,"d":"102,500.00"}},{"$nulls":19},{"$f":"SUM(G1884:Y1884)","v":0},{"$f":"G1884*E1884","v":0},{"$f":"H1884*$E1884","v":0},0,0,0,0,{"$f":"+M1884*E1884","v":0},{"$f":"N1884*$E1884","v":0},0,0,0,0,0,0,{"$f":"W1884*$E1884","v":0},0,0,{"$f":"SUM(AA1884:AQ1884)","v":0},{"$f":"+E1884*Z1884","v":{"v":0,"d":"0.00"}}]
[null,"  Install","No.",{"$f":"D1884","v":4},{"v":1250,"d":"1,250.00"},{"$f":"D1885*E1885","v":{"v":5000,"d":"5,000.00"}},{"$nulls":19},{"$f":"SUM(G1885:Y1885)","v":0},{"$f":"G1885*E1885","v":0},0,0,0,0,0,{"$f":"+M1885*E1885","v":0},0,0,0,0,0,0,0,0,0,0,{"$f":"SUM(AA1885:AQ1885)","v":0},{"$f":"+E1885*Z1885","v":{"v":0,"d":"0.00"}}]
[]
["2.2.6","Earthing and Bonding of the substation equipment and"]
[null,"outdoor fuse switches","item",1,{"v":7221.25,"d":"7,221.25"},{"$f":"D1888*E1888","v":{"v":7221.25,"d":"7,221.25"}},{"$nulls":19},{"$f":"SUM(G1888:Y1888)","v":0},{"$f":"G1888*E1888","v":0},{"$f":"H1888*$E1888","v":0},{"$f":"I1888*$E1888","v":0},{"$f":"J1888*$E1888","v":0},{"$f":"K1888*$E1888","v":0},{"$f":"L1888*$E1888","v":0},{"$f":"+M1888*E1888","v":0},{"$f":"N1888*$E1888","v":0},0,0,0,0,0,0,{"$f":"W1888*$E1888","v":0},{"$f":"X1888*$E1888","v":0},{"$f":"Y1888*$E1888","v":0},{"$f":"SUM(AA1888:AQ1888)","v":0},{"$f":"+E1888*Z1888","v":{"v":0,"d":"0.00"}}]
[]
["2.2.7","Substation fire and Safety & signage as specified","Sets",2,{"v":2787.5,"d":"2,787.50"},{"v":5575,"d":"5,575.00"},{"$nulls":14},2,{"$nulls":4},{"$f":"SUM(G1890:Y1890)","v":2},{"$f":"G1890*E1890","v":0},{"$f":"H1890*$E1890","v":0},{"$f":"I1890*$E1890","v":0},{"$f":"J1890*$E1890","v":0},{"$f":"K1890*$E1890","v":0},{"$f":"L1890*$E1890","v":0},{"$f":"+M1890*E1890","v":0},{"$f":"N1890*$E1890","v":0},0,0,0,0,0,0,{"$f":"W1890*$E1890","v":0},{"$f":"X1890*$E1890","v":0},{"$f":"Y1890*$E1890","v":0},{"$f":"SUM(AA1890:AQ1890)","v":0},{"$f":"+E1890*Z1890","v":{"v":5575,"d":"5,575.00"}}]
[]
["2.2.8","Safety equipment for Genset room and Substation as per act 85 of 1993","Sets",2,{"v":2787.5,"d":"2,787.50"},{"v":5575,"d":"5,575.00"},{"$nulls":19},{"$f":"SUM(G1892:Y1892)","v":0},{"$f":"G1892*E1892","v":0},{"$f":"H1892*$E1892","v":0},{"$f":"I1892*$E1892","v":0},{"$f":"J1892*$E1892","v":0},{"$f":"K1892*$E1892","v":0},{"$f":"L1892*$E1892","v":0},{"$f":"+M1892*E1892","v":0},{"$f":"N1892*$E1892","v":0},0,0,0,0,0,0,{"$f":"W1892*$E1892","v":0},{"$f":"X1892*$E1892","v":0},{"$f":"Y1892*$E1892","v":0},{"$f":"SUM(AA1892:AQ1892)","v":0},{"$f":"+E1892*Z1892","v":{"v":0,"d":"0.00"}}]
[]
["2.2.9","Remote switching lead system including both connection and Switch, for MV Switching from a safe distance ","No",21,128.13,{"v":2690.73,"d":"2,690.73"},{"$nulls":19},{"$f":"SUM(G1894:Y1894)","v":0},{"$f":"G1894*E1894","v":0},{"$f":"H1894*$E1894","v":0},{"$f":"I1894*$E1894","v":0},{"$f":"J1894*$E1894","v":0},{"$f":"K1894*$E1894","v":0},{"$f":"L1894*$E1894","v":0},{"$f":"+M1894*E1894","v":0},{"$f":"N1894*$E1894","v":0},0,0,0,0,0,0,{"$f":"W1894*$E1894","v":0},{"$f":"X1894*$E1894","v":0},{"$f":"Y1894*$E1894","v":0},{"$f":"SUM(AA1894:AQ1894)","v":0},{"$f":"+E1894*Z1894","v":{"v":0,"d":"0.00"}}]
[]
[]
[{"v":2.3,"d":"2.30"},"Earthing and Bonding"]
["2.3.1","Substation duct mounted 70mmx6mm Flat earth bar connected to Earth Mats "]
[null,"  Supply","m",60,59.04,{"$f":"D1899*E1899","v":{"v":3542.4,"d":"3,542.40"}},{"$nulls":14},{"v":16.0230352303,"d":"16"},{"$nulls":4},{"$f":"SUM(G1899:Y1899)","v":{"v":16.0230352303,"d":"16"}},{"$f":"G1899*E1899","v":0},{"$f":"H1899*$E1899","v":0},0,0,0,0,{"$f":"+M1899*E1899","v":0},{"$f":"N1899*$E1899","v":0},0,0,0,0,0,0,{"$f":"W1899*$E1899","v":0},0,0,{"$f":"SUM(AA1899:AQ1899)","v":0},{"$f":"+E1899*Z1899","v":{"v":945.9999999969119,"d":"946.00"}}]
[null,"  Install","m",{"$f":"D1899","v":60},{"v":39,"d":"39.00"},{"$f":"D1900*E1900","v":{"v":2340,"d":"2,340.00"}},{"$nulls":14},{"v":16.0230352303,"d":"16"},{"$nulls":4},{"$f":"SUM(G1900:Y1900)","v":{"v":16.0230352303,"d":"16"}},{"$f":"G1900*E1900","v":0},0,0,0,0,0,{"$f":"+M1900*E1900","v":0},0,0,0,0,0,0,0,0,0,0,{"$f":"SUM(AA1900:AQ1900)","v":0},{"$f":"+E1900*Z1900","v":{"v":624.8983739816999,"d":"624.90"}}]
[{"$nulls":5}," "]
["2.3.2","MV Earth Mat as per Drawing No E402"," "," "]
[null,"  Supply","No.",8,{"v":15106.25,"d":"15,106.25"},{"$f":"D1903*E1903","v":{"v":120850,"d":"120,850.00"}},{"$nulls":19},{"$f":"SUM(G1903:Y1903)","v":0},{"$f":"G1903*E1903","v":0},{"$f":"H1903*$E1903","v":0},0,0,0,0,{"$f":"+M1903*E1903","v":0},{"$f":"N1903*$E1903","v":0},0,0,0,0,0,0,{"$f":"W1903*$E1903","v":0},0,0,{"$f":"SUM(AA1903:AQ1903)","v":0},{"$f":"+E1903*Z1903","v":{"v":0,"d":"0.00"}}]
[null,"  Install","No.",{"$f":"D1903","v":8},{"v":4750,"d":"4,750.00"},{"$f":"D1904*E1904","v":{"v":38000,"d":"38,000.00"}},{"$nulls":19},{"$f":"SUM(G1904:Y1904)","v":0},{"$f":"G1904*E1904","v":0},0,0,0,0,0,{"$f":"+M1904*E1904","v":0},0,0,0,0,0,0,0,0,0,0,{"$f":"SUM(AA1904:AQ1904)","v":0},{"$f":"+E1904*Z1904","v":{"v":0,"d":"0.00"}}]
[null," "," "," "]
["2.3.3","Substation and outdoor equipment Moon type padlocks","Each ",10,378.75,{"$f":"D1906*E1906","v":{"v":3787.5,"d":"3,787.50"}},{"$nulls":19},{"$f":"SUM(G1906:Y1906)","v":0},{"$f":"G1906*E1906","v":0},{"$f":"H1906*$E1906","v":0},{"$f":"I1906*$E1906","v":0},{"$f":"J1906*$E1906","v":0},{"$f":"K1906*$E1906","v":0},{"$f":"L1906*$E1906","v":0},{"$f":"+M1906*E1906","v":0},{"$f":"N1906*$E1906","v":0},0,0,0,0,0,0,{"$f":"W1906*$E1906","v":0},{"$f":"X1906*$E1906","v":0},{"$f":"Y1906*$E1906","v":0},{"$f":"SUM(AA1906:AQ1906)","v":0},{"$f":"+E1906*Z1906","v":{"v":0,"d":"0.00"}}]
[]
[null," "]
[null,"Amount Carried Forward to Summary Page",{"$nulls":3},{"$f":"SUM(F1864:F1908)","v":{"v":7219679.530000001,"d":"7,219,679.53"}},{"$nulls":38},{"$f":"SUM(AS1864:AS1908)","v":{"v":897068.8983739786,"d":"897,068.90"}}]
[]
["MAIN HOSPITAL ELECTRICAL INSTALLATION"]
["CECILIA MAKIWANE HOSPITAL : PHASE 4C"]
[]
["BILL NO. 3 : STANDBY POWER EQUIPMENT"]
["ITEM","DESCRIPTION","UNIT","QTY","RATE","TENDER AMOUNT","A","B","D","E1","E2","F1","F2","G1","G2","H1","H2","J1","J2","J3","Substation","G/House",null,"N","Other","Total Qty","A","B","D","E1","E2","F1","F2","G1","G2","H1","H2","J1","J2","J3","K","N","Other","Total Amount","Total Claimed"]
[]
[]
["2.3.4","Carry out phasing, cable pressure tests, insulation tests, and earth resistance test, etc required for commissioning and handing over and issue the Certificate of Compliance","Sum",1,{"v":12600,"d":"12,600.00"},{"$f":"D1918*E1918","v":{"v":12600,"d":"12,600.00"}},{"$nulls":19},{"$f":"SUM(G1918:Y1918)","v":0},{"$f":"G1918*E1918","v":0},{"$f":"H1918*$E1918","v":0},{"$f":"I1918*$E1918","v":0},{"$f":"J1918*$E1918","v":0},{"$f":"K1918*$E1918","v":0},{"$f":"L1918*$E1918","v":0},{"$f":"+M1918*E1918","v":0},{"$f":"N1918*$E1918","v":0},0,0,0,0,0,0,{"$f":"W1918*$E1918","v":0},{"$f":"X1918*$E1918","v":0},{"$f":"Y1918*$E1918","v":0},{"$f":"SUM(AA1918:AQ1918)","v":0},{"$f":"+E1918*Z1918","v":{"v":0,"d":"0.00"}}]
[]
["2.3.5","Locate all MV cables and mark routes, for as installed Drawings and excavation purposes.","Sum",1,{"v":4750,"d":"4,750.00"},{"$f":"D1920*E1920","v":{"v":4750,"d":"4,750.00"}},{"$nulls":19},{"$f":"SUM(G1920:Y1920)","v":0},{"$f":"G1920*E1920","v":0},{"$f":"H1920*$E1920","v":0},{"$f":"I1920*$E1920","v":0},{"$f":"J1920*$E1920","v":0},{"$f":"K1920*$E1920","v":0},{"$f":"L1920*$E1920","v":0},{"$f":"+M1920*E1920","v":0},{"$f":"N1920*$E1920","v":0},0,0,0,0,0,0,{"$f":"W1920*$E1920","v":0},{"$f":"X1920*$E1920","v":0},{"$f":"Y1920*$E1920","v":0},{"$f":"SUM(AA1920:AQ1920)","v":0},{"$f":"+E1920*Z1920","v":{"v":0,"d":"0.00"}}]
[]
[{"v":3,"d":"3.00"},"STANDBY POWER"]
[]
["3.1","1250kVA diesel generator with manual/automatic start and complete with a control panel which must have circuits for lights and plugs "]
[null,"This generator will be used a Standby of electrical power fed into step-up tranformers and must be rated to run continuously at full load.  The Generators must be synchronised with each other to run in parallel."]
[]
[null,"  Supply","No.",2,{"v":2299413.46,"d":"2,299,413.46"},{"$f":"D1927*E1927","v":{"v":4598826.92,"d":"4,598,826.92"}},{"$nulls":14},2,{"$nulls":4},{"$f":"SUM(G1927:Y1927)","v":2},{"$f":"G1927*E1927","v":0},{"$f":"H1927*$E1927","v":0},0,0,0,0,{"$f":"+M1927*E1927","v":0},{"$f":"N1927*$E1927","v":0},0,0,0,0,0,0,{"$f":"W1927*$E1927","v":0},0,0,{"$f":"SUM(AA1927:AQ1927)","v":0},{"$f":"+E1927*Z1927","v":{"v":4598826.92,"d":"4,598,826.92"}}]
[null,"  Install","No.",{"$f":"D1927","v":2},{"v":37543.19,"d":"37,543.19"},{"$f":"D1928*E1928","v":{"v":75086.38,"d":"75,086.38"}},{"$nulls":14},2,{"$nulls":4},{"$f":"SUM(G1928:Y1928)","v":2},{"$f":"G1928*E1928","v":0},0,0,0,0,0,{"$f":"+M1928*E1928","v":0},0,0,0,0,0,0,0,0,0,0,{"$f":"SUM(AA1928:AQ1928)","v":0},{"$f":"+E1928*Z1928","v":{"v":75086.38,"d":"75,086.38"}}]
[]
["3.2","Freestanding Diesel Return 500L Tanks installation complete for Gensets","No",2,{"v":15477.5,"d":"15,477.50"},{"$f":"D1930*E1930","v":{"v":30955,"d":"30,955.00"}},{"$nulls":19},{"$f":"SUM(G1930:Y1930)","v":0},{"$f":"G1930*E1930","v":0},{"$f":"H1930*$E1930","v":0},{"$f":"I1930*$E1930","v":0},{"$f":"J1930*$E1930","v":0},{"$f":"K1930*$E1930","v":0},{"$f":"L1930*$E1930","v":0},{"$f":"+M1930*E1930","v":0},{"$f":"N1930*$E1930","v":0},0,0,0,0,0,0,{"$f":"W1930*$E1930","v":0},{"$f":"X1930*$E1930","v":0},{"$f":"Y1930*$E1930","v":0},{"$f":"SUM(AA1930:AQ1930)","v":0},{"$f":"+E1930*Z1930","v":{"v":0,"d":"0.00"}}]
[]
[{"$nulls":5}," "]
["3.3","Diesel (12Hr) Day Tank installation complete in Base of Gensets","No",2,{"v":15375,"d":"15,375.00"},{"$f":"D1933*E1933","v":{"v":30750,"d":"30,750.00"}},{"$nulls":19},{"$f":"SUM(G1933:Y1933)","v":0},{"$f":"G1933*E1933","v":0},{"$f":"H1933*$E1933","v":0},{"$f":"I1933*$E1933","v":0},{"$f":"J1933*$E1933","v":0},{"$f":"K1933*$E1933","v":0},{"$f":"L1933*$E1933","v":0},{"$f":"+M1933*E1933","v":0},{"$f":"N1933*$E1933","v":0},0,0,0,0,0,0,{"$f":"W1933*$E1933","v":0},{"$f":"X1933*$E1933","v":0},{"$f":"Y1933*$E1933","v":0},{"$f":"SUM(AA1933:AQ1933)","v":0},{"$f":"+E1933*Z1933","v":{"v":0,"d":"0.00"}}]
[]
["3.4","Provide formal Training and course materials for the Clients 16 personel in the operation and Maintenance of the Complete System","Sum",1,{"v":15323.75,"d":"15,323.75"},{"$f":"D1935*E1935","v":{"v":15323.75,"d":"15,323.75"}},{"$nulls":19},{"$f":"SUM(G1935:Y1935)","v":0},{"$f":"G1935*E1935","v":0},{"$f":"H1935*$E1935","v":0},{"$f":"I1935*$E1935","v":0},{"$f":"J1935*$E1935","v":0},{"$f":"K1935*$E1935","v":0},{"$f":"L1935*$E1935","v":0},{"$f":"+M1935*E1935","v":0},{"$f":"N1935*$E1935","v":0},0,0,0,0,0,0,{"$f":"W1935*$E1935","v":0},0,0,{"$f":"SUM(AA1935:AQ1935)","v":0},{"$f":"+E1935*Z1935","v":{"v":0,"d":"0.00"}}]
[null," "]
["3.5","Provide 1 original, 3 copies of the operation and Maintenance Manuals of all the Equipment Installed for the Complete Generator Installation","Sum",1,{"v":13084.13,"d":"13,084.13"},{"$f":"D1937*E1937","v":{"v":13084.13,"d":"13,084.13"}},{"$nulls":19},{"$f":"SUM(G1937:Y1937)","v":0},{"$f":"G1937*E1937","v":0},{"$f":"H1937*$E1937","v":0},{"$f":"I1937*$E1937","v":0},{"$f":"J1937*$E1937","v":0},{"$f":"K1937*$E1937","v":0},{"$f":"L1937*$E1937","v":0},{"$f":"+M1937*E1937","v":0},{"$f":"N1937*$E1937","v":0},0,0,0,0,0,0,0,0,0,{"$f":"SUM(AA1937:AQ1937)","v":0},{"$f":"+E1937*Z1937","v":{"v":0,"d":"0.00"}}]
[]
["3.6.","AS INSTALLED DRAWINGS"]
[null,"Allow for the marking up of prints for the production of \"as installed\" records by the Engineer.","Sum",1,{"v":7072.5,"d":"7,072.50"},{"$f":"D1940*E1940","v":{"v":7072.5,"d":"7,072.50"}},{"$nulls":19},{"$f":"SUM(G1940:Y1940)","v":0},{"$f":"G1940*E1940","v":0},{"$f":"H1940*$E1940","v":0},{"$f":"I1940*$E1940","v":0},{"$f":"J1940*$E1940","v":0},{"$f":"K1940*$E1940","v":0},{"$f":"L1940*$E1940","v":0},{"$f":"+M1940*E1940","v":0},{"$f":"N1940*$E1940","v":0},0,0,0,0,0,0,0,0,0,{"$f":"SUM(AA1940:AQ1940)","v":0},{"$f":"+E1940*Z1940","v":{"v":0,"d":"0.00"}}]
[{"$nulls":5}," "]
["3.7","STRIP AND REMOVE EXISTING MINISUBS","Sum",1,{"v":20000,"d":"20,000.00"},{"$f":"D1942*E1942","v":{"v":20000,"d":"20,000.00"}},{"$nulls":19},{"$f":"SUM(G1942:Y1942)","v":0},{"$f":"G1942*E1942","v":0},{"$f":"H1942*$E1942","v":0},{"$f":"I1942*$E1942","v":0},{"$f":"J1942*$E1942","v":0},{"$f":"K1942*$E1942","v":0},{"$f":"L1942*$E1942","v":0},{"$f":"+M1942*E1942","v":0},{"$f":"N1942*$E1942","v":0},0,0,0,0,0,0,0,0,0,{"$f":"SUM(AA1942:AQ1942)","v":0},{"$f":"+E1942*Z1942","v":{"v":0,"d":"0.00"}}]
[null,"Allow for the Strip and removal and storage of 4 Minisubstations in a position indicated by the Electrical Engineer.  Assistance to the Electrical Superintendent with the provision a qualified MV Technician to perform the Switching complete the tas and Isolation of the redundant MV Cable"]
[{"$nulls":25},{"$f":"SUM(G1944:Y1944)","v":0},{"$f":"G1944*E1944","v":0},{"$f":"H1944*$E1944","v":0},{"$f":"I1944*$E1944","v":0},{"$f":"J1944*$E1944","v":0},{"$f":"K1944*$E1944","v":0},{"$f":"L1944*$E1944","v":0},{"$f":"+M1944*E1944","v":0},{"$f":"N1944*$E1944","v":0},0,0,0,0,0,0,0,0,0,{"$f":"SUM(AA1944:AQ1944)","v":0},{"$f":"+E1944*Z1944","v":{"v":0,"d":"0.00"}}]
[]
[null,"Amount Carried Forward to Summary Page",{"$nulls":3},{"$f":"SUM(F1918:F1945)","v":{"v":4808448.68,"d":"4,808,448.68"}},{"$nulls":38},{"$f":"SUM(AS1916:AS1945)","v":{"v":4673913.3,"d":"4,673,913.30"}}]
[]
["MAIN HOSPITAL ELECTRICAL INSTALLATION"]
["CECILIA MAKIWANE HOSPITAL : PHASE 4C"]
[]
[{"$f":"A1914","v":"BILL NO. 3 : STANDBY POWER EQUIPMENT"}]
["ITEM","DESCRIPTION","UNIT","QTY","RATE","TENDER AMOUNT","A","B","D","E1","E2","F1","F2","G1","G2","H1","H2","J1","J2","J3","Substation","G/House",null,"N","Other","Total Qty","A","B","D","E1","E2","F1","F2","G1","G2","H1","H2","J1","J2","J3","K","N","Other","Total Amount","Total Claimed"]
[null,"AMOUNT CARRIED FORWARD FROM PREVIOUS BILL",{"$nulls":3},{"$f":"F1946","v":{"v":4808448.68,"d":"4,808,448.68"}},{"$nulls":38},{"$f":"AS1946","v":{"v":4673913.3,"d":"4,673,913.30"}}]
[]
[]
[{"v":3.8,"d":"3.80"},"SITE WORKS AND SUPERVISION"]
[null,"Liaison with the BCM and completion of relavent applications, Deposits","Sum",1,{"v":2500,"d":"2,500.00"},{"$f":"D1957*E1957","v":{"v":2500,"d":"2,500.00"}},{"$nulls":19},{"$f":"SUM(G1957:Y1957)","v":0},{"$f":"G1957*E1957","v":0},{"$f":"H1957*$E1957","v":0},0,0,0,0,{"$f":"+M1957*E1957","v":0},{"$f":"N1957*$E1957","v":0},0,0,0,0,0,0,{"$f":"W1957*$E1957","v":0},0,0,{"$f":"SUM(AA1957:AQ1957)","v":0},{"$f":"+E1957*Z1957","v":{"v":0,"d":"0.00"}}]
[null,null," "]
[{"v":3.9,"d":"3.90"},"Execute the changes to the Phase 2B Substation to revert to a standard Substation as per Drawing No E300MCS","Sum",1,{"v":15000,"d":"15,000.00"},{"$f":"D1959*E1959","v":{"v":15000,"d":"15,000.00"}},{"$nulls":19},{"$f":"SUM(G1959:Y1959)","v":0},{"$f":"G1959*E1959","v":0},0,0,0,0,0,null,0,0,0,0,0,0,0,0,0,0,{"$f":"SUM(AA1959:AQ1959)","v":0},{"$f":"+E1959*Z1959","v":{"v":0,"d":"0.00"}}]
[]
[{"v":3.1,"d":"3.10"},"Supply and Installation of Generator monitoring / communication system complete with Laptop and software","Sum",1,{"v":48687.5,"d":"48,687.50"},{"$f":"D1961*E1961","v":{"v":48687.5,"d":"48,687.50"}},{"$nulls":19},{"$f":"SUM(G1961:Y1961)","v":0},{"$f":"G1961*E1961","v":0},0,0,0,0,0,null,0,0,0,0,0,0,0,0,0,0,{"$f":"SUM(AA1961:AQ1961)","v":0},{"$f":"+E1961*Z1961","v":{"v":0,"d":"0.00"}}]
[]
[3.11,"Liaison with the BCM and completion and Connection of the New Main Substation for the disconnection of Temp Container Substation.","Sum",1,{"v":2500,"d":"2,500.00"},{"$f":"D1963*E1963","v":{"v":2500,"d":"2,500.00"}},{"$nulls":19},{"$f":"SUM(G1963:Y1963)","v":0},{"$f":"G1963*E1963","v":0},0,0,0,0,0,null,0,0,0,0,0,0,0,0,0,0,{"$f":"SUM(AA1963:AQ1963)","v":0},{"$f":"+E1963*Z1963","v":{"v":0,"d":"0.00"}}]
[]
[]
[null,"Amount Carried Forward to Summary Page",{"$nulls":3},{"$f":"SUM(F1953:F1965)","v":{"v":4877136.18,"d":"4,877,136.18"}},{"$nulls":38},{"$f":"SUM(AS1953:AS1965)","v":{"v":4673913.3,"d":"4,673,913.30"}}]
[]
["MAIN HOSPITAL ELECTRICAL INSTALLATION"]
["CECILIA MAKIWANE HOSPITAL : PHASE 4C"]
[]
["BILL NO. 4 : ADDITIONAL EQUIPMENT AND SUNDRY ITEMS"]
["ITEM","DESCRIPTION","UNIT","QTY","RATE","TENDER AMOUNT","A","B","D","E1","E2","F1","F2","G1","G2","H1","H2","J1","J2","J3","Substation","G/House",null,"N","Other","Total Qty","A","B","D","E1","E2","F1","F2","G1","G2","H1","H2","J1","J2","J3","K","N","Other","Total Amount","Total Claimed"]
[{"$nulls":3}," "]
[{"v":4,"d":"4.00"},"Additional Protective Devices"]
[" "]
[{"v":4.1,"d":"4.10"},"630 amp TP MCB-15kA"]
[" ","Supply","each",2,{"v":7811.53,"d":"7,811.53"},{"$f":"D1977*E1977","v":{"v":15623.06,"d":"15,623.06"}},{"$nulls":19},{"$f":"SUM(G1977:Y1977)","v":0},{"$f":"G1977*E1977","v":0},{"$f":"H1977*$E1977","v":0},{"$f":"I1977*$E1977","v":0},{"$f":"J1977*$E1977","v":0},{"$f":"K1977*$E1977","v":0},{"$f":"L1977*$E1977","v":0},{"$f":"+M1977*E1977","v":0},{"$f":"N1977*$E1977","v":0},{"$f":"O1977*$E1977","v":0},{"$f":"P1977*$E1977","v":0},{"$f":"Q1977*$E1977","v":0},{"$f":"R1977*$E1977","v":0},{"$f":"S1977*$E1977","v":0},{"$f":"T1977*$E1977","v":0},{"$f":"W1977*$E1977","v":0},0,0,{"$f":"SUM(AA1977:AQ1977)","v":0},{"$f":"+E1977*Z1977","v":{"v":0,"d":"0.00"}}]
[null,"Install","each",{"$f":"D1977","v":2},{"v":1250,"d":"1,250.00"},{"$f":"D1978*E1978","v":{"v":2500,"d":"2,500.00"}},{"$nulls":19},{"$f":"SUM(G1978:Y1978)","v":0},{"$f":"G1978*E1978","v":0},0,0,0,0,0,{"$f":"+M1978*E1978","v":0},0,0,0,0,0,0,0,0,0,0,{"$f":"SUM(AA1978:AQ1978)","v":0},{"$f":"+E1978*Z1978","v":{"v":0,"d":"0.00"}}]
[]
[{"v":4.2,"d":"4.20"},"400 amp TP MCB-10kA"]
[null,"Supply","each",4,{"v":5837.38,"d":"5,837.38"},{"$f":"D1981*E1981","v":{"v":23349.52,"d":"23,349.52"}},{"$nulls":19},{"$f":"SUM(G1981:Y1981)","v":0},{"$f":"G1981*E1981","v":0},0,0,0,0,0,{"$f":"+M1981*E1981","v":0},0,0,0,0,0,0,0,0,0,0,{"$f":"SUM(AA1981:AQ1981)","v":0},{"$f":"+E1981*Z1981","v":{"v":0,"d":"0.00"}}]
[null,"Install","each",{"$f":"D1981","v":4},{"v":1150,"d":"1,150.00"},{"$f":"D1982*E1982","v":{"v":4600,"d":"4,600.00"}},{"$nulls":19},{"$f":"SUM(G1982:Y1982)","v":0},{"$f":"G1982*E1982","v":0},0,0,0,0,0,{"$f":"+M1982*E1982","v":0},0,0,0,0,0,0,0,0,0,0,{"$f":"SUM(AA1982:AQ1982)","v":0},{"$f":"+E1982*Z1982","v":{"v":0,"d":"0.00"}}]
[]
[{"v":4.3,"d":"4.30"},"160 amp TP MCB-15kA"]
[null,"Supply","each",10,{"v":1658.45,"d":"1,658.45"},{"$f":"D1985*E1985","v":{"v":16584.5,"d":"16,584.50"}},{"$nulls":19},{"$f":"SUM(G1985:Y1985)","v":0},{"$f":"G1985*E1985","v":0},0,0,0,0,0,{"$f":"+M1985*E1985","v":0},0,0,0,0,0,0,0,0,0,0,{"$f":"SUM(AA1985:AQ1985)","v":0},{"$f":"+E1985*Z1985","v":{"v":0,"d":"0.00"}}]
[null,"Install","each",{"$f":"D1985","v":10},{"v":275,"d":"275.00"},{"$f":"D1986*E1986","v":{"v":2750,"d":"2,750.00"}},{"$nulls":19},{"$f":"SUM(G1986:Y1986)","v":0},{"$f":"G1986*E1986","v":0},0,0,0,0,0,{"$f":"+M1986*E1986","v":0},0,0,0,0,0,0,0,0,0,0,{"$f":"SUM(AA1986:AQ1986)","v":0},{"$f":"+E1986*Z1986","v":{"v":0,"d":"0.00"}}]
[{"$nulls":3}," "]
[{"v":4.4,"d":"4.40"},"80 amp TP MCB-5kA",null," "]
[null,"Supply","each",2,646.78,{"$f":"D1989*E1989","v":{"v":1293.56,"d":"1,293.56"}},{"$nulls":19},{"$f":"SUM(G1989:Y1989)","v":0},{"$f":"G1989*E1989","v":0},0,0,0,0,0,{"$f":"+M1989*E1989","v":0},0,0,0,0,0,0,0,0,0,0,{"$f":"SUM(AA1989:AQ1989)","v":0},{"$f":"+E1989*Z1989","v":{"v":0,"d":"0.00"}}]
[null,"Install","each",{"$f":"D1989","v":2},{"v":160,"d":"160.00"},{"$f":"D1990*E1990","v":{"v":320,"d":"320.00"}},{"$nulls":19},{"$f":"SUM(G1990:Y1990)","v":0},{"$f":"G1990*E1990","v":0},0,0,0,0,0,{"$f":"+M1990*E1990","v":0},0,0,0,0,0,0,0,0,0,0,{"$f":"SUM(AA1990:AQ1990)","v":0},{"$f":"+E1990*Z1990","v":{"v":0,"d":"0.00"}}]
[]
[{"v":4.5,"d":"4.50"},"2500 Amp ACB-65kA"]
[null,"Supply","each",1,{"v":50012.83,"d":"50,012.83"},{"$f":"D1993*E1993","v":{"v":50012.83,"d":"50,012.83"}},{"$nulls":19},{"$f":"SUM(G1993:Y1993)","v":0},{"$f":"G1993*E1993","v":0},0,0,0,0,0,{"$f":"+M1993*E1993","v":0},0,0,0,0,0,0,0,{"$f":"W1993*$E1993","v":0},0,0,{"$f":"SUM(AA1993:AQ1993)","v":0},{"$f":"+E1993*Z1993","v":{"v":0,"d":"0.00"}}]
[null,"Install","each",{"$f":"D1993","v":1},{"v":3750,"d":"3,750.00"},{"$f":"D1994*E1994","v":{"v":3750,"d":"3,750.00"}},{"$nulls":19},{"$f":"SUM(G1994:Y1994)","v":0},{"$f":"G1994*E1994","v":0},0,0,0,0,0,{"$f":"+M1994*E1994","v":0},0,0,0,0,0,0,0,0,0,0,{"$f":"SUM(AA1994:AQ1994)","v":0},{"$f":"+E1994*Z1994","v":{"v":0,"d":"0.00"}}]
[" "]
[{"v":4.6,"d":"4.60"},"1500 Amp ACB-65kA"]
[null,"Supply","each",1,{"v":33191.55,"d":"33,191.55"},{"$f":"D1997*E1997","v":{"v":33191.55,"d":"33,191.55"}},{"$nulls":19},{"$f":"SUM(G1997:Y1997)","v":0},{"$f":"G1997*E1997","v":0},0,0,0,0,0,{"$f":"+M1997*E1997","v":0},0,0,0,0,0,0,0,{"$f":"W1997*$E1997","v":0},0,0,{"$f":"SUM(AA1997:AQ1997)","v":0},{"$f":"+E1997*Z1997","v":{"v":0,"d":"0.00"}}]
[null,"Install","each",{"$f":"D1997","v":1},{"v":3225,"d":"3,225.00"},{"$f":"D1998*E1998","v":{"v":3225,"d":"3,225.00"}},{"$nulls":19},{"$f":"SUM(G1998:Y1998)","v":0},{"$f":"G1998*E1998","v":0},0,0,0,0,0,{"$f":"+M1998*E1998","v":0},0,0,0,0,0,0,0,0,0,0,{"$f":"SUM(AA1998:AQ1998)","v":0},{"$f":"+E1998*Z1998","v":{"v":0,"d":"0.00"}}]
[]
[{"v":4.7,"d":"4.70"},"60 amp Earth Leakage Unit Isolator - 5kA"]
[null,"Supply","each",4,331.08,{"$f":"D2001*E2001","v":{"v":1324.32,"d":"1,324.32"}},{"$nulls":19},{"$f":"SUM(G2001:Y2001)","v":0},{"$f":"G2001*E2001","v":0},0,0,0,0,0,{"$f":"+M2001*E2001","v":0},0,0,0,0,0,0,0,{"$f":"W2001*$E2001","v":0},0,0,{"$f":"SUM(AA2001:AQ2001)","v":0},{"$f":"+E2001*Z2001","v":{"v":0,"d":"0.00"}}]
[null,"Install","each",4,{"v":160,"d":"160.00"},{"$f":"D2002*E2002","v":{"v":640,"d":"640.00"}},{"$nulls":19},{"$f":"SUM(G2002:Y2002)","v":0},{"$f":"G2002*E2002","v":0},0,0,0,0,0,{"$f":"+M2002*E2002","v":0},0,0,0,0,0,0,0,0,0,0,{"$f":"SUM(AA2002:AQ2002)","v":0},{"$f":"+E2002*Z2002","v":{"v":0,"d":"0.00"}}]
[]
[{"v":4.8,"d":"4.80"},"PHASE2B"]
[null,"Supply and install all of Equipment complete into Phase 2B substation LV Main Panel, all Materials, Busbars tails and arrangements to be made with the Hospital Management and Engineering staff"]
[]
[{"v":4.9,"d":"4.90"},"80 amp 3P MCB-15kA"]
[null,"Supply","each",16,{"v":1282.28,"d":"1,282.28"},{"$f":"D2008*E2008","v":{"v":20516.48,"d":"20,516.48"}},{"$nulls":19},{"$f":"SUM(G2008:Y2008)","v":0},{"$f":"G2008*E2008","v":0},0,0,0,0,0,{"$f":"+M2008*E2008","v":0},0,0,0,0,0,0,0,{"$f":"W2008*$E2008","v":0},0,0,{"$f":"SUM(AA2008:AQ2008)","v":0},{"$f":"+E2008*Z2008","v":{"v":0,"d":"0.00"}}]
[null,"Install","each",{"$f":"D2008","v":16},{"v":275,"d":"275.00"},{"$f":"D2009*E2009","v":{"v":4400,"d":"4,400.00"}},{"$nulls":19},{"$f":"SUM(G2009:Y2009)","v":0},{"$f":"G2009*E2009","v":0},0,0,0,0,0,{"$f":"+M2009*E2009","v":0},0,0,0,0,0,0,0,0,0,0,{"$f":"SUM(AA2009:AQ2009)","v":0},{"$f":"+E2009*Z2009","v":{"v":0,"d":"0.00"}}]
[]
[{"v":4.1,"d":"4.10"},"50 amp 3P MCB-5kA"]
[null,"Supply","each",16,255.23,{"$f":"D2012*E2012","v":{"v":4083.68,"d":"4,083.68"}},{"$nulls":19},{"$f":"SUM(G2012:Y2012)","v":0},{"$f":"G2012*E2012","v":0},0,0,0,0,0,{"$f":"+M2012*E2012","v":0},0,0,0,0,0,0,0,{"$f":"W2012*$E2012","v":0},0,0,{"$f":"SUM(AA2012:AQ2012)","v":0},{"$f":"+E2012*Z2012","v":{"v":0,"d":"0.00"}}]
[null,"Install","each",{"$f":"D2012","v":16},{"v":160,"d":"160.00"},{"$f":"D2013*E2013","v":{"v":2560,"d":"2,560.00"}},{"$nulls":19},{"$f":"SUM(G2013:Y2013)","v":0},{"$f":"G2013*E2013","v":0},0,0,0,0,0,{"$f":"+M2013*E2013","v":0},0,0,0,0,0,0,0,0,0,0,{"$f":"SUM(AA2013:AQ2013)","v":0},{"$f":"+E2013*Z2013","v":{"v":0,"d":"0.00"}}]
[]
[4.11,"20 amp 3P MCB-5kA"]
[null,"Supply","each",16,248.05,{"$f":"D2016*E2016","v":{"v":3968.8,"d":"3,968.80"}},{"$nulls":19},{"$f":"SUM(G2016:Y2016)","v":0},{"$f":"G2016*E2016","v":0},0,0,0,0,0,{"$f":"+M2016*E2016","v":0},0,0,0,0,0,0,0,{"$f":"W2016*$E2016","v":0},0,0,{"$f":"SUM(AA2016:AQ2016)","v":0},{"$f":"+E2016*Z2016","v":{"v":0,"d":"0.00"}}]
[null,"Install","each",{"$f":"D2016","v":16},{"v":160,"d":"160.00"},{"$f":"D2017*E2017","v":{"v":2560,"d":"2,560.00"}},{"$nulls":19},{"$f":"SUM(G2017:Y2017)","v":0},{"$f":"G2017*E2017","v":0},0,0,0,0,0,{"$f":"+M2017*E2017","v":0},0,0,0,0,0,0,0,0,0,0,{"$f":"SUM(AA2017:AQ2017)","v":0},{"$f":"+E2017*Z2017","v":{"v":0,"d":"0.00"}}]
[]
[]
[null,"Amount Carried Forward to Summary Page",{"$nulls":3},{"$f":"SUM(F1974:F2019)","v":{"v":197253.30000000002,"d":"197,253.30"}},{"$nulls":38},{"$f":"SUM(AS1974:AS2019)","v":{"v":0,"d":"0.00"}}]
[]
["MAIN HOSPITAL ELECTRICAL INSTALLATION"]
["CECILIA MAKIWANE HOSPITAL : PHASE 4C"]
[]
["Bill N0 5: REPAIRS AND MAINTENANCE"]
["ITEM","DESCRIPTION","UNIT","QTY","RATE","TENDER AMOUNT","A","B","D","E1","E2","F1","F2","G1","G2","H1","H2","J1","J2","J3","Substation","G/House",null,"N","Other","Total Qty","A","B","D","E1","E2","F1","F2","G1","G2","H1","H2","J1","J2","J3","K","N","Other","Total Amount","Total Claimed"]
[]
[{"v":5,"d":"5.00"},"REPAIR WORK TO STANDBY"]
[null,"GENERATOR SET INSTALLATIONS"]
[null,null," "," "]
[{"v":5.1,"d":"5.10"},"Report on condition of installation","Sum",1,{"v":3177.5,"d":"3,177.50"},{"$f":"D2031*E2031","v":{"v":3177.5,"d":"3,177.50"}},{"$nulls":19},{"$f":"SUM(G2031:Y2031)","v":0},{"$f":"G2031*E2031","v":0},{"$f":"H2031*$E2031","v":0},{"$f":"I2031*$E2031","v":0},{"$f":"J2031*$E2031","v":0},{"$f":"K2031*$E2031","v":0},{"$f":"L2031*$E2031","v":0},{"$f":"+M2031*E2031","v":0},{"$f":"N2031*$E2031","v":0},0,0,0,0,0,0,{"$f":"W2031*$E2031","v":0},{"$f":"X2031*$E2031","v":0},{"$f":"Y2031*$E2031","v":0},{"$f":"SUM(AA2031:AQ2031)","v":0},{"$f":"+E2031*Z2031","v":{"v":0,"d":"0.00"}}]
[]
["5.1.1","Plant Room(s) / Plant Area"]
[]
[null,"Clean plant room(s) / plant area","Sum",1,{"v":3690,"d":"3,690.00"},{"$f":"D2035*E2035","v":{"v":3690,"d":"3,690.00"}},{"$nulls":19},{"$f":"SUM(G2035:Y2035)","v":0},{"$f":"G2035*E2035","v":0},{"$f":"H2035*$E2035","v":0},0,0,0,0,{"$f":"+M2035*E2035","v":0},{"$f":"N2035*$E2035","v":0},0,0,0,0,0,0,{"$f":"W2035*$E2035","v":0},0,0,{"$f":"SUM(AA2035:AQ2035)","v":0},{"$f":"+E2035*Z2035","v":{"v":0,"d":"0.00"}}]
[null,"Re-lamp luminaires","Sum",1,{"v":2472.3,"d":"2,472.30"},{"$f":"D2036*E2036","v":{"v":2472.3,"d":"2,472.30"}},{"$nulls":19},{"$f":"SUM(G2036:Y2036)","v":0},{"$f":"G2036*E2036","v":0},0,0,0,0,0,{"$f":"+M2036*E2036","v":0},0,0,0,0,0,0,0,0,0,0,{"$f":"SUM(AA2036:AQ2036)","v":0},{"$f":"+E2036*Z2036","v":{"v":0,"d":"0.00"}}]
[]
[null,"Seal sleeves with chicken wire and builder's foam","Sum",1,{"v":2280.63,"d":"2,280.63"},{"$f":"D2038*E2038","v":{"v":2280.63,"d":"2,280.63"}},{"$nulls":19},{"$f":"SUM(G2038:Y2038)","v":0},{"$f":"G2038*E2038","v":0},{"$f":"H2038*$E2038","v":0},{"$f":"I2038*$E2038","v":0},{"$f":"J2038*$E2038","v":0},{"$f":"K2038*$E2038","v":0},{"$f":"L2038*$E2038","v":0},{"$f":"+M2038*E2038","v":0},{"$f":"N2038*$E2038","v":0},0,0,0,0,0,0,{"$f":"W2038*$E2038","v":0},{"$f":"X2038*$E2038","v":0},{"$f":"Y2038*$E2038","v":0},{"$f":"SUM(AA2038:AQ2038)","v":0},{"$f":"+E2038*Z2038","v":{"v":0,"d":"0.00"}}]
[]
[null,"Place 500g rodent poison cartridges in cable trenches","No",2,{"v":2280.63,"d":"2,280.63"},{"$f":"D2040*E2040","v":{"v":4561.26,"d":"4,561.26"}},{"$nulls":19},{"$f":"SUM(G2040:Y2040)","v":0},{"$f":"G2040*E2040","v":0},{"$f":"H2040*$E2040","v":0},{"$f":"I2040*$E2040","v":0},{"$f":"J2040*$E2040","v":0},{"$f":"K2040*$E2040","v":0},{"$f":"L2040*$E2040","v":0},{"$f":"+M2040*E2040","v":0},{"$f":"N2040*$E2040","v":0},0,0,0,0,0,0,{"$f":"W2040*$E2040","v":0},{"$f":"X2040*$E2040","v":0},{"$f":"Y2040*$E2040","v":0},{"$f":"SUM(AA2040:AQ2040)","v":0},{"$f":"+E2040*Z2040","v":{"v":0,"d":"0.00"}}]
[]
[null,"Clean and paint floor with epoxy floor paint","Sum",1,{"v":8558.75,"d":"8,558.75"},{"$f":"D2042*E2042","v":{"v":8558.75,"d":"8,558.75"}},{"$nulls":19},{"$f":"SUM(G2042:Y2042)","v":0},{"$f":"G2042*E2042","v":0},{"$f":"H2042*$E2042","v":0},{"$f":"I2042*$E2042","v":0},{"$f":"J2042*$E2042","v":0},{"$f":"K2042*$E2042","v":0},{"$f":"L2042*$E2042","v":0},{"$f":"+M2042*E2042","v":0},{"$f":"N2042*$E2042","v":0},0,0,0,0,0,0,{"$f":"W2042*$E2042","v":0},{"$f":"X2042*$E2042","v":0},{"$f":"Y2042*$E2042","v":0},{"$f":"SUM(AA2042:AQ2042)","v":0},{"$f":"+E2042*Z2042","v":{"v":0,"d":"0.00"}}]
[]
["5.1.2","Diesel Engine"]
[]
[null,"Carry out initial service of engine",null,1,{"v":12889.38,"d":"12,889.38"},{"$f":"D2046*E2046","v":{"v":12889.38,"d":"12,889.38"}},{"$nulls":19},{"$f":"SUM(G2046:Y2046)","v":0},{"$f":"G2046*E2046","v":0},{"$f":"H2046*$E2046","v":0},0,0,0,0,{"$f":"+M2046*E2046","v":0},{"$f":"N2046*$E2046","v":0},0,0,0,0,0,0,{"$f":"W2046*$E2046","v":0},0,0,{"$f":"SUM(AA2046:AQ2046)","v":0},{"$f":"+E2046*Z2046","v":{"v":0,"d":"0.00"}}]
[null,"Steam clean engine, alternator and day tank",null,1,{"v":3715.63,"d":"3,715.63"},{"$f":"D2047*E2047","v":{"v":3715.63,"d":"3,715.63"}},{"$nulls":19},{"$f":"SUM(G2047:Y2047)","v":0},{"$f":"G2047*E2047","v":0},0,0,0,0,0,{"$f":"+M2047*E2047","v":0},0,0,0,0,0,0,0,0,0,0,{"$f":"SUM(AA2047:AQ2047)","v":0},{"$f":"+E2047*Z2047","v":{"v":0,"d":"0.00"}}]
[]
[null,"Inspect rubber hoses, wiring and report on condition",null,1,{"v":512.5,"d":"512.50"},{"$f":"D2049*E2049","v":{"v":512.5,"d":"512.50"}},{"$nulls":19},{"$f":"SUM(G2049:Y2049)","v":0},{"$f":"G2049*E2049","v":0},{"$f":"H2049*$E2049","v":0},{"$f":"I2049*$E2049","v":0},{"$f":"J2049*$E2049","v":0},{"$f":"K2049*$E2049","v":0},{"$f":"L2049*$E2049","v":0},{"$f":"+M2049*E2049","v":0},{"$f":"N2049*$E2049","v":0},0,0,0,0,0,0,{"$f":"W2049*$E2049","v":0},{"$f":"X2049*$E2049","v":0},{"$f":"Y2049*$E2049","v":0},{"$f":"SUM(AA2049:AQ2049)","v":0},{"$f":"+E2049*Z2049","v":{"v":0,"d":"0.00"}}]
[]
[null," "]
["5.1.3","Starter Battery"]
[]
[null,"Service existing starter battery","No",1,358.75,{"$f":"D2054*E2054","v":358.75},{"$nulls":19},{"$f":"SUM(G2054:Y2054)","v":0},{"$f":"G2054*E2054","v":0},{"$f":"H2054*$E2054","v":0},{"$f":"I2054*$E2054","v":0},{"$f":"J2054*$E2054","v":0},{"$f":"K2054*$E2054","v":0},{"$f":"L2054*$E2054","v":0},{"$f":"+M2054*E2054","v":0},{"$f":"N2054*$E2054","v":0},0,0,0,0,0,0,{"$f":"W2054*$E2054","v":0},{"$f":"X2054*$E2054","v":0},{"$f":"Y2054*$E2054","v":0},{"$f":"SUM(AA2054:AQ2054)","v":0},{"$f":"+E2054*Z2054","v":{"v":0,"d":"0.00"}}]
[]
[null,"Carry out cold start volt drop test on starter battery and record results","Sum",1,358.75,{"$f":"D2056*E2056","v":358.75},{"$nulls":19},{"$f":"SUM(G2056:Y2056)","v":0},{"$f":"G2056*E2056","v":0},{"$f":"H2056*$E2056","v":0},{"$f":"I2056*$E2056","v":0},{"$f":"J2056*$E2056","v":0},{"$f":"K2056*$E2056","v":0},{"$f":"L2056*$E2056","v":0},{"$f":"+M2056*E2056","v":0},{"$f":"N2056*$E2056","v":0},0,0,0,0,0,0,{"$f":"W2056*$E2056","v":0},{"$f":"X2056*$E2056","v":0},{"$f":"Y2056*$E2056","v":0},{"$f":"SUM(AA2056:AQ2056)","v":0},{"$f":"+E2056*Z2056","v":{"v":0,"d":"0.00"}}]
[]
["5.1.4","Alternator"]
[]
[null,"Open alternator terminal box, inspect and clean slip-rings and brushgear, tighten cable terminations","Sum",1,{"v":2047.44,"d":"2,047.44"},{"$f":"D2060*E2060","v":{"v":2047.44,"d":"2,047.44"}},{"$nulls":19},{"$f":"SUM(G2060:Y2060)","v":0},{"$f":"G2060*E2060","v":0},{"$f":"H2060*$E2060","v":0},0,0,0,0,{"$f":"+M2060*E2060","v":0},{"$f":"N2060*$E2060","v":0},0,0,0,0,0,0,{"$f":"W2060*$E2060","v":0},0,0,{"$f":"SUM(AA2060:AQ2060)","v":0},{"$f":"+E2060*Z2060","v":{"v":0,"d":"0.00"}}]
[null,"Check and record earthing value","Sum",1,{"v":512.5,"d":"512.50"},{"$f":"D2061*E2061","v":{"v":512.5,"d":"512.50"}},{"$nulls":19},{"$f":"SUM(G2061:Y2061)","v":0},{"$f":"G2061*E2061","v":0},0,0,0,0,0,{"$f":"+M2061*E2061","v":0},0,0,0,0,0,0,0,0,0,0,{"$f":"SUM(AA2061:AQ2061)","v":0},{"$f":"+E2061*Z2061","v":{"v":0,"d":"0.00"}}]
[]
["5.1.5","Change-over Panel"]
[]
[null,"Disassemble, clean, service and test change-over switchgear and contactors","Sum",1,{"v":4715,"d":"4,715.00"},{"$f":"D2065*E2065","v":{"v":4715,"d":"4,715.00"}},{"$nulls":19},{"$f":"SUM(G2065:Y2065)","v":0},{"$f":"G2065*E2065","v":0},{"$f":"H2065*$E2065","v":0},0,0,0,0,{"$f":"+M2065*E2065","v":0},{"$f":"N2065*$E2065","v":0},0,0,0,0,0,0,{"$f":"W2065*$E2065","v":0},0,0,{"$f":"SUM(AA2065:AQ2065)","v":0},{"$f":"+E2065*Z2065","v":{"v":0,"d":"0.00"}}]
[null,"Service alarm panel","Sum",1,{"v":512.5,"d":"512.50"},{"$f":"D2066*E2066","v":{"v":512.5,"d":"512.50"}},{"$nulls":19},{"$f":"SUM(G2066:Y2066)","v":0},{"$f":"G2066*E2066","v":0},0,0,0,0,0,{"$f":"+M2066*E2066","v":0},0,0,0,0,0,0,0,0,0,0,{"$f":"SUM(AA2066:AQ2066)","v":0},{"$f":"+E2066*Z2066","v":{"v":0,"d":"0.00"}}]
[{"$nulls":5}," "]
[null,"Simulate and verify all alarm and shut-down conditions; record results","Sum",1,{"v":512.5,"d":"512.50"},{"$f":"D2068*E2068","v":{"v":512.5,"d":"512.50"}},{"$nulls":19},{"$f":"SUM(G2068:Y2068)","v":0},{"$f":"G2068*E2068","v":0},{"$f":"H2068*$E2068","v":0},{"$f":"I2068*$E2068","v":0},{"$f":"J2068*$E2068","v":0},{"$f":"K2068*$E2068","v":0},{"$f":"L2068*$E2068","v":0},{"$f":"+M2068*E2068","v":0},{"$f":"N2068*$E2068","v":0},0,0,0,0,0,0,{"$f":"W2068*$E2068","v":0},{"$f":"X2068*$E2068","v":0},{"$f":"Y2068*$E2068","v":0},{"$f":"SUM(AA2068:AQ2068)","v":0},{"$f":"+E2068*Z2068","v":{"v":0,"d":"0.00"}}]
[{"$nulls":5}," "]
[null,"Replace all inoperative lamps, sirens and meters","Sum",1,{"v":1025,"d":"1,025.00"},{"$f":"D2070*E2070","v":{"v":1025,"d":"1,025.00"}},{"$nulls":19},{"$f":"SUM(G2070:Y2070)","v":0},{"$f":"G2070*E2070","v":0},{"$f":"H2070*$E2070","v":0},{"$f":"I2070*$E2070","v":0},{"$f":"J2070*$E2070","v":0},{"$f":"K2070*$E2070","v":0},{"$f":"L2070*$E2070","v":0},{"$f":"+M2070*E2070","v":0},{"$f":"N2070*$E2070","v":0},0,0,0,0,0,0,{"$f":"W2070*$E2070","v":0},{"$f":"X2070*$E2070","v":0},{"$f":"Y2070*$E2070","v":0},{"$f":"SUM(AA2070:AQ2070)","v":0},{"$f":"+E2070*Z2070","v":{"v":0,"d":"0.00"}}]
[{"$nulls":5}," "]
[]
[null,"Amount Carried Forward",{"$nulls":3},{"$f":"SUM(F2028:F2072)","v":{"v":51900.39,"d":"51,900.39"}},{"$nulls":38},{"$f":"SUM(AS2028:AS2072)","v":{"v":0,"d":"0.00"}}]
[]
["MAIN HOSPITAL ELECTRICAL INSTALLATION"]
["CECILIA MAKIWANE HOSPITAL : PHASE 4C"]
[]
["Bill N0 5: REPAIRS AND MAINTENANCE"]
["ITEM","DESCRIPTION","UNIT","QTY","RATE","TENDER AMOUNT","A","B","D","E1","E2","F1","F2","G1","G2","H1","H2","J1","J2","J3","Substation","G/House",null,"N","Other","Total Qty","A","B","D","E1","E2","F1","F2","G1","G2","H1","H2","J1","J2","J3","K","N","Other","Total Amount","Total Claimed"]
[null,"AMOUNT CARRIED FORWARD FROM PREVIOUS BILL",{"$nulls":3},{"$f":"F2073","v":{"v":51900.39,"d":"51,900.39"}},{"$nulls":38},{"$f":"AS2073","v":{"v":0,"d":"0.00"}}]
[]
["5.1.6","Fuel / Water Separation Equipment"]
[]
["5.1.6.1","Supply, delivery, installation and commissioning of Algae-X model LG-X 500 fuel conditioning system"]
[]
[null,"Supply and delivery to site","No",1,{"v":4708.85,"d":"4,708.85"},{"$f":"D2086*E2086","v":{"v":4708.85,"d":"4,708.85"}},{"$nulls":19},{"$f":"SUM(G2086:Y2086)","v":0},{"$f":"G2086*E2086","v":0},{"$f":"H2086*$E2086","v":0},{"$f":"I2086*$E2086","v":0},{"$f":"J2086*$E2086","v":0},{"$f":"K2086*$E2086","v":0},{"$f":"L2086*$E2086","v":0},{"$f":"+M2086*E2086","v":0},{"$f":"N2086*$E2086","v":0},{"$f":"O2086*$E2086","v":0},{"$f":"P2086*$E2086","v":0},{"$f":"Q2086*$E2086","v":0},{"$f":"R2086*$E2086","v":0},{"$f":"S2086*$E2086","v":0},{"$f":"T2086*$E2086","v":0},{"$f":"W2086*$E2086","v":0},0,0,{"$f":"SUM(AA2086:AQ2086)","v":0},{"$f":"+E2086*Z2086","v":{"v":0,"d":"0.00"}}]
[null,"Installation and commissioning","No",1,{"v":1537.5,"d":"1,537.50"},{"$f":"D2087*E2087","v":{"v":1537.5,"d":"1,537.50"}},{"$nulls":19},{"$f":"SUM(G2087:Y2087)","v":0},{"$f":"G2087*E2087","v":0},0,0,0,0,0,{"$f":"+M2087*E2087","v":0},0,0,0,0,0,0,0,0,0,0,{"$f":"SUM(AA2087:AQ2087)","v":0},{"$f":"+E2087*Z2087","v":{"v":0,"d":"0.00"}}]
[]
["5.1.6.2","Supply, delivery, installation and commissioning of Algae-X model RCM 400 fuel, water & sediment separation unit with on board and remote alarm light and buzzer warning facility"]
[{"$nulls":26},{"$f":"G2090*E2090","v":0},0,0,0,0,0,{"$f":"+M2090*E2090","v":0},0,0,0,0,0,0,0,0,0,0,0]
[null,"Supply and delivery to site","No",1,{"v":8584.38,"d":"8,584.38"},{"$f":"D2091*E2091","v":{"v":8584.38,"d":"8,584.38"}},{"$nulls":19},{"$f":"SUM(G2091:Y2091)","v":0},{"$f":"G2091*E2091","v":0},0,0,0,0,0,{"$f":"+M2091*E2091","v":0},0,0,0,0,0,0,0,0,0,0,0,{"$f":"+E2091*Z2091","v":{"v":0,"d":"0.00"}}]
[null,"Installation and commissioning","No",1,{"v":1537.5,"d":"1,537.50"},{"$f":"D2092*E2092","v":{"v":1537.5,"d":"1,537.50"}},{"$nulls":19},{"$f":"SUM(G2092:Y2092)","v":0},{"$f":"G2092*E2092","v":0},0,0,0,0,0,{"$f":"+M2092*E2092","v":0},0,0,0,0,0,0,0,0,0,0,0,{"$f":"+E2092*Z2092","v":{"v":0,"d":"0.00"}}]
[{"$nulls":5}," "]
["5.1.6.3","Draining of bulk fuel tank and temporary",{"$nulls":3}," "]
[null,"storage of fuel","Sum",1,{"v":24087.5,"d":"24,087.50"},{"$f":"D2095*E2095","v":{"v":24087.5,"d":"24,087.50"}},{"$nulls":19},{"$f":"SUM(G2095:Y2095)","v":0},{"$f":"G2095*E2095","v":0},0,0,0,0,0,{"$f":"+M2095*E2095","v":0},0,0,0,0,0,0,0,0,0,0,0,{"$f":"+E2095*Z2095","v":{"v":0,"d":"0.00"}}]
[{"$nulls":5}," "]
[null,"Cleaning of bulk fuel tank interior, cleaning, filtration and replacing of fuel","Sum",1,{"v":36771.88,"d":"36,771.88"},{"$f":"D2097*E2097","v":{"v":36771.88,"d":"36,771.88"}},{"$nulls":19},{"$f":"SUM(G2097:Y2097)","v":0},{"$f":"G2097*E2097","v":0},0,0,0,0,0,{"$f":"+M2097*E2097","v":0},0,0,0,0,0,0,0,0,0,0,0,{"$f":"+E2097*Z2097","v":{"v":0,"d":"0.00"}}]
[{"$nulls":5}," "]
["5.1.6.4","Draining of fuel day tank and temporary",{"$nulls":3}," "]
[null,"storage of fuel","Sum",1,{"v":1537.5,"d":"1,537.50"},{"$f":"D2100*E2100","v":{"v":1537.5,"d":"1,537.50"}},{"$nulls":19},{"$f":"SUM(G2100:Y2100)","v":0},{"$f":"G2100*E2100","v":0},0,0,0,0,0,{"$f":"+M2100*E2100","v":0},0,0,0,0,0,0,0,0,0,0,0,{"$f":"+E2100*Z2100","v":{"v":0,"d":"0.00"}}]
[{"$nulls":5}," "]
[null,"Cleaning of day tank interior, cleaning filtration and replacing of fuel","Sum",1,{"v":2665,"d":"2,665.00"},{"$f":"D2102*E2102","v":{"v":2665,"d":"2,665.00"}},{"$nulls":19},{"$f":"SUM(G2102:Y2102)","v":0},{"$f":"G2102*E2102","v":0},0,0,0,0,0,null,0,0,0,0,0,0,0,{"$f":"W2102*$E2102","v":0},0,0,0,{"$f":"+E2102*Z2102","v":{"v":0,"d":"0.00"}}]
[]
["5.1.7","Load Test"]
[null,"Provision of load test equipment to to site to match alternator output","Sum",1,{"v":0,"d":"0.00"},{"$nulls":20},{"$f":"SUM(G2105:Y2105)","v":0},{"$f":"G2105*E2105","v":0},0,0,0,0,0,null,0,0,0,0,0,0,0,0,0,0,0,{"$f":"+E2105*Z2105","v":{"v":0,"d":"0.00"}}]
[null,"Preparation and carrying out of test","Sum",1,{"v":2152.5,"d":"2,152.50"},{"$f":"D2106*E2106","v":{"v":2152.5,"d":"2,152.50"}},{"$nulls":19},{"$f":"SUM(G2106:Y2106)","v":0},{"$f":"G2106*E2106","v":0},0,0,0,0,0,null,0,0,0,0,0,0,0,0,0,0,0,{"$f":"+E2106*Z2106","v":{"v":0,"d":"0.00"}}]
[]
["5.1.8","Plant Monitoring (Rate only)"]
[null,"Supply, delivery, installation, commissioning and testing of an electronic remote monitoring system inclusive of all radio/cell phone links, etc","No",1,{"v":21140.63,"d":"21,140.63"},"Rate only",{"$nulls":19},{"$f":"SUM(G2109:Y2109)","v":0},{"$f":"G2109*E2109","v":0},0,0,0,0,0,null,0,0,0,0,0,0,0,0,0,0,0,{"$f":"+E2109*Z2109","v":{"v":0,"d":"0.00"}}]
[]
["5.1.9","Miscellaneous Electrical Items"]
["5.1.9.1","Supply and install Heinemann SAT-R-Clip in timer","no",1,358.75,{"$f":"D2112*E2112","v":358.75},{"$nulls":19},{"$f":"SUM(G2112:Y2112)","v":0},{"$f":"G2112*E2112","v":0},0,0,0,0,0,null,0,0,0,0,0,0,0,0,0,0,0,{"$f":"+E2112*Z2112","v":{"v":0,"d":"0.00"}}]
["5.1.9.2","Supply and install 0-3oA HRC Fuse","no",3,{"v":123,"d":"123.00"},{"$f":"D2113*E2113","v":{"v":369,"d":"369.00"}},{"$nulls":19},{"$f":"SUM(G2113:Y2113)","v":0},{"$f":"G2113*E2113","v":0},0,0,0,0,0,null,0,0,0,0,0,0,0,0,0,0,0,{"$f":"+E2113*Z2113","v":{"v":0,"d":"0.00"}}]
["5.1.9.3","Supply and install of low tension Fuse","no",6,{"v":82,"d":"82.00"},{"$f":"D2114*E2114","v":{"v":492,"d":"492.00"}},{"$nulls":19},{"$f":"SUM(G2114:Y2114)","v":0},{"$f":"G2114*E2114","v":0},0,0,0,0,0,null,0,0,0,0,0,0,0,0,0,0,0,{"$f":"+E2114*Z2114","v":{"v":0,"d":"0.00"}}]
[]
[]
[null,"Amount Carried Forward",{"$nulls":3},{"$f":"SUM(F2080:F2116)","v":{"v":136702.75,"d":"136,702.75"}},{"$nulls":38},{"$f":"SUM(AS2080:AS2116)","v":{"v":0,"d":"0.00"}}]
[]
["MAIN HOSPITAL ELECTRICAL INSTALLATION"]
["CECILIA MAKIWANE HOSPITAL : PHASE 4C"]
[]
["Bill N0 5: REPAIRS AND MAINTENANCE"]
["ITEM","DESCRIPTION","UNIT","QTY","RATE","TENDER AMOUNT","A","B","D","E1","E2","F1","F2","G1","G2","H1","H2","J1","J2","J3","Substation","G/House",null,"N","Other","Total Qty","A","B","D","E1","E2","F1","F2","G1","G2","H1","H2","J1","J2","J3","K","N","Other","Total Amount","Total Claimed"]
[null,"AMOUNT CARRIED FORWARD FROM PREVIOUS BILL",{"$nulls":3},{"$f":"F2117","v":{"v":136702.75,"d":"136,702.75"}},{"$nulls":38},{"$f":"AS2117","v":{"v":0,"d":"0.00"}}]
[]
["5.1.10","Miscellaneous Items"]
["5.1.10.1","Heavy duty starter battery (Deltec)","No",2,{"v":1132.63,"d":"1,132.63"},{"$f":"D2127*E2127","v":{"v":2265.26,"d":"2,265.26"}},{"$nulls":19},{"$f":"SUM(G2127:Y2127)","v":0},{"$f":"G2127*E2127","v":0},{"$f":"H2127*$E2127","v":0},{"$f":"I2127*$E2127","v":0},{"$f":"J2127*$E2127","v":0},{"$f":"K2127*$E2127","v":0},{"$f":"L2127*$E2127","v":0},{"$f":"+M2127*E2127","v":0},{"$f":"N2127*$E2127","v":0},{"$f":"O2127*$E2127","v":0},{"$f":"P2127*$E2127","v":0},{"$f":"Q2127*$E2127","v":0},{"$f":"R2127*$E2127","v":0},{"$f":"S2127*$E2127","v":0},{"$f":"T2127*$E2127","v":0},{"$f":"W2127*$E2127","v":0},0,0,{"$f":"SUM(AA2127:AQ2127)","v":0},{"$f":"+E2127*Z2127","v":{"v":0,"d":"0.00"}}]
["5.1.10.2","Heavy duty diesel lubricating oil","litre",100,31.78,{"v":3178,"d":"3,178.00"},{"$nulls":19},{"$f":"SUM(G2128:Y2128)","v":0},0,0,0,0,0,0,0,0,0,0,0,0,0,0,0,0,0,{"$f":"SUM(AA2128:AQ2128)","v":0},{"v":0,"d":"0.00"}]
["5.1.10.3","Oil funnel","No",1,56.38,56.38,{"$nulls":19},0,0,0,0,0,0,0,0,0,0,0,0,0,0,0,0,0,0,0,{"v":0,"d":"0.00"}]
["5.1.10.4","Distilled water","litre",25,5.64,{"v":141,"d":"141.00"},{"$nulls":19},0,0,0,0,0,0,0,0,0,0,0,0,0,0,0,0,0,0,0,{"v":0,"d":"0.00"}]
["5.1.10.5","Battery hydrometer","No",2,87.13,174.26,{"$nulls":19},0,0,0,0,0,0,0,0,0,0,0,0,0,0,0,0,0,0,0,{"v":0,"d":"0.00"}]
["5.1.10.6","10 sq mm battery jumper cables","Set",1,579.13,579.13,{"$nulls":19},0,0,0,0,0,0,0,0,0,0,0,0,0,0,0,0,0,0,0,{"v":0,"d":"0.00"}]
["5.1.10.7","20 mm dia diesel hose","m",12,14.86,178.32,{"$nulls":19},0,0,0,0,0,0,0,0,0,0,0,0,0,0,0,0,0,0,0,{"v":0,"d":"0.00"}]
["5.1.10.8","Wall mounted paper towel dispenser",{"$nulls":3}," "]
["5.1.10.9","with paper cartridge","No",1,666.25,666.25,{"$nulls":19},0,{"$f":"G2135*E2135","v":0},0,0,0,0,0,{"$f":"+M2135*E2135","v":0},0,0,0,0,0,0,0,0,0,0,0,{"$f":"+E2135*Z2135","v":{"v":0,"d":"0.00"}}]
["5.1.10.10","Replacement air filter element","No",2,{"v":2152.5,"d":"2,152.50"},{"v":4305,"d":"4,305.00"},{"$nulls":19},0,{"$f":"G2136*E2136","v":0},0,0,0,0,0,{"$f":"+M2136*E2136","v":0},0,0,0,0,0,0,0,0,0,0,0,{"$f":"+E2136*Z2136","v":{"v":0,"d":"0.00"}}]
["5.1.10.11","Replacement oil filter element","No",2,{"v":451,"d":"451.00"},{"v":902,"d":"902.00"},{"$nulls":19},0,{"$f":"G2137*E2137","v":0},0,0,0,0,0,{"$f":"+M2137*E2137","v":0},0,0,0,0,0,0,0,0,0,0,0,{"$f":"+E2137*Z2137","v":{"v":0,"d":"0.00"}}]
["5.1.10.12","Replacement fuel filter element","No",2,374.13,748.26,{"$nulls":19},0,{"$f":"G2138*E2138","v":0},0,0,0,0,0,{"$f":"+M2138*E2138","v":0},0,0,0,0,0,0,0,0,0,0,0,{"$f":"+E2138*Z2138","v":{"v":0,"d":"0.00"}}]
["5.1.10.13","Diesel fuel for testing purposes","litre",100,12.81,{"v":1281,"d":"1,281.00"},{"$nulls":19},0,{"$f":"G2139*E2139","v":0},0,0,0,0,0,{"$f":"+M2139*E2139","v":0},0,0,0,0,0,0,0,0,0,0,0,{"$f":"+E2139*Z2139","v":{"v":0,"d":"0.00"}}]
[]
[{"v":5.2,"d":"5.20"},"PLANT SERVICING & MAINTENANCE"]
[]
[" ","Servicing and maintenance of generator set plant and equipment as listed"]
[" ","Mechanical Components"]
[]
["5.2.1","Genset No 1"]
[null,"3 - Monthly maintenance actions","Point",9,{"v":7405.63,"d":"7,405.63"},{"$f":"D2147*E2147","v":{"v":66650.67,"d":"66,650.67"}},{"$nulls":19},0,{"$f":"G2147*E2147","v":0},0,0,0,0,0,{"$f":"+M2147*E2147","v":0},0,0,0,0,0,0,0,{"$f":"W2147*$E2147","v":0},0,0,0,{"$f":"+E2147*Z2147","v":{"v":0,"d":"0.00"}}]
[null,"Annual maintenance actions","Point",3,{"v":16482,"d":"16,482.00"},{"$f":"D2148*E2148","v":{"v":49446,"d":"49,446.00"}},{"$nulls":19},0,{"$f":"G2148*E2148","v":0},0,0,0,0,0,{"$f":"+M2148*E2148","v":0},0,0,0,0,0,0,0,0,0,0,0,{"$f":"+E2148*Z2148","v":{"v":0,"d":"0.00"}}]
[]
["5.2.2","Genset No 2"]
[null,"3 - Monthly maintenance actions","Point",9,{"v":7405.63,"d":"7,405.63"},{"$f":"D2151*E2151","v":{"v":66650.67,"d":"66,650.67"}},{"$nulls":19},0,{"$f":"G2151*E2151","v":0},0,0,0,0,0,{"$f":"+M2151*E2151","v":0},0,0,0,0,0,0,0,0,0,0,0,{"$f":"+E2151*Z2151","v":{"v":0,"d":"0.00"}}]
[null,"Annual maintenance actions","Point",3,{"v":16482,"d":"16,482.00"},{"$f":"D2152*E2152","v":{"v":49446,"d":"49,446.00"}},{"$nulls":19},0,{"$f":"G2152*E2152","v":0},0,0,0,0,0,null,0,0,0,0,0,0,0,0,0,0,0,{"$f":"+E2152*Z2152","v":{"v":0,"d":"0.00"}}]
[]
[{"v":5.3,"d":"5.30"},"Electrical Components"]
[]
["5.3.1","Genset No 1"]
[" ","6 - Monthly maintenance actions","Point",3,{"v":3690,"d":"3,690.00"},{"$f":"D2157*E2157","v":{"v":11070,"d":"11,070.00"}},{"$nulls":19},0,{"$f":"G2157*E2157","v":0},0,0,0,0,0,null,0,0,0,0,0,0,0,0,0,0,0,{"$f":"+E2157*Z2157","v":{"v":0,"d":"0.00"}}]
[null,"Annual maintenance actions","Point",3,{"v":5227.5,"d":"5,227.50"},{"$f":"D2158*E2158","v":{"v":15682.5,"d":"15,682.50"}},{"$nulls":19},0,{"$f":"G2158*E2158","v":0},0,0,0,0,0,null,0,0,0,0,0,0,0,0,0,0,0,{"$f":"+E2158*Z2158","v":{"v":0,"d":"0.00"}}]
[]
["5.3.2","Genset No 2"]
[null,"6 - Monthly maintenance actions","Point",3,{"v":3690,"d":"3,690.00"},{"$f":"D2161*E2161","v":{"v":11070,"d":"11,070.00"}},{"$nulls":19},0,{"$f":"G2161*E2161","v":0},0,0,0,0,0,null,0,0,0,0,0,0,0,0,0,0,0,{"$f":"+E2161*Z2161","v":{"v":0,"d":"0.00"}}]
[null,"Annual maintenance actions","Point",3,{"v":5227.5,"d":"5,227.50"},{"$f":"D2162*E2162","v":{"v":15682.5,"d":"15,682.50"}},{"$nulls":19},0,{"$f":"G2162*E2162","v":0},0,0,0,0,0,null,0,0,0,0,0,0,0,0,0,0,0,{"$f":"+E2162*Z2162","v":{"v":0,"d":"0.00"}}]
[]
[null,"ADDENDUM*","Sum",1]
[]
[]
[null,"Amount Carried Forward ",{"$nulls":3},{"$f":"SUM(F2124:F2166)","v":{"v":436875.95,"d":"436,875.95"}},{"$nulls":38},{"$f":"SUM(AS2124:AS2166)","v":{"v":0,"d":"0.00"}}]
[]
["MAIN HOSPITAL ELECTRICAL INSTALLATION"]
["CECILIA MAKIWANE HOSPITAL : PHASE 4C"]
[]
["Bill N0 5: REPAIRS AND MAINTENANCE"]
["ITEM","DESCRIPTION","UNIT","QTY","RATE","TENDER AMOUNT","A","B","D","E1","E2","F1","F2","G1","G2","H1","H2","J1","J2","J3","Substation","G/House",null,"N","Other","Total Qty","A","B","D","E1","E2","F1","F2","G1","G2","H1","H2","J1","J2","J3","K","N","Other","Total Amount","Total Claimed"]
[null,"AMOUNT CARRIED FORWARD FROM PREVIOUS BILL",{"$nulls":3},{"$f":"F2167","v":{"v":436875.95,"d":"436,875.95"}},{"$nulls":38},{"$f":"AS2167","v":{"v":0,"d":"0.00"}}]
[]
[]
["5.4","Payment reduction"]
[]
["5.4.1","Payment reduction due to exceeding maximum allowable downtime during fatal breakdown","hours",0,null,"Rate Only",{"$nulls":19},{"$f":"SUM(G2179:Y2179)","v":0},{"$f":"G2179*E2179","v":0},{"$f":"H2179*$E2179","v":0},0,0,0,0,{"$f":"+M2179*E2179","v":0},{"$f":"N2179*$E2179","v":0},0,0,0,0,0,0,{"$f":"W2179*$E2179","v":0},0,0,{"$f":"SUM(AA2179:AQ2179)","v":0},{"$f":"+E2179*Z2179","v":{"v":0,"d":"0.00"}}]
[]
["5.4.2","Payment reduction due to exceeding maximum allowable downtime during emergency breakdown","days","0",null,"Rate Only",{"$nulls":19},{"$f":"SUM(G2181:Y2181)","v":0},{"$f":"G2181*E2181","v":0},0,0,0,0,0,{"$f":"+M2181*E2181","v":0},0,0,0,0,0,0,0,0,0,0,{"$f":"SUM(AA2181:AQ2181)","v":0},{"$f":"+E2181*Z2181","v":{"v":0,"d":"0.00"}}]
[]
[]
["5.4.3","Payment reduction due to exceeding maximum allowable downtime during ordinary breakdown","days","0",null,"Rate Only",{"$nulls":19},0,{"$f":"G2184*E2184","v":0},0,0,0,0,0,{"$f":"+M2184*E2184","v":0},0,0,0,0,0,0,0,0,0,0,0,{"$f":"+E2184*Z2184","v":{"v":0,"d":"0.00"}}]
[]
["5.4.4","Payment reduction due to exceeding maximum allowable downtime during malicious damage breakdown","days","0",null,"Rate Only",{"$nulls":19},0,{"$f":"G2186*E2186","v":0},0,0,0,0,0,{"$f":"+M2186*E2186","v":0},0,0,0,0,0,0,0,0,0,0,0,{"$f":"+E2186*Z2186","v":{"v":0,"d":"0.00"}}]
[]
[]
[]
["Amount Carried Forward to Summary Page",{"$nulls":4},{"$f":"SUM(F2174:F2188)","v":{"v":436875.95,"d":"436,875.95"}},{"$nulls":38},{"$f":"SUM(AS2174:AS2188)","v":{"v":0,"d":"0.00"}}]
[]
[]
["MAIN HOSPITAL ELECTRICAL INSTALLATION"]
["CECILIA MAKIWANE HOSPITAL : PHASE 4C"]
[]
["BILL NO. 6 : MV SLEEVES AND TRENCHING (SMME CONTRACT NO 1)"]
["ITEM","DESCRIPTION","UNIT","QTY","RATE","TENDER AMOUNT","A","B","D","E1","E2","F1","F2","G1","G2","H1","H2","J1","J2","J3","Substation","G/House",null,"N","Other","Total Qty","A","B","D","E1","E2","F1","F2","G1","G2","H1","H2","J1","J2","J3","K","N","Other","Total Amount","Total Claimed"]
[]
[{"v":6,"d":"6.00"},"MV EQUIPMENT"]
[]
[{"v":6.1,"d":"6.10"},"Sleeves"]
[null,"Solid or flexible PVC cable sleeves chased or built into brickwork or laid in the open trench or under concrete floor including couplings,backfilling and compacting"]
[]
[null,"NOTE: Sleeves for future use to be sealed at both ends"]
["6.1.1","200mm diameter (power cables)"]
[" ","  Supply","m",200,51.25,{"$f":"D2206*E2206","v":{"v":10250,"d":"10,250.00"}},{"$nulls":19},{"$f":"SUM(G2206:Y2206)","v":0},{"$f":"G2206*E2206","v":0},{"$f":"H2206*$E2206","v":0},{"$f":"I2206*$E2206","v":0},{"$f":"J2206*$E2206","v":0},{"$f":"K2206*$E2206","v":0},{"$f":"L2206*$E2206","v":0},{"$f":"+M2206*E2206","v":0},{"$f":"N2206*$E2206","v":0},{"$f":"O2206*$E2206","v":0},{"$f":"P2206*$E2206","v":0},{"$f":"Q2206*$E2206","v":0},{"$f":"R2206*$E2206","v":0},{"$f":"S2206*$E2206","v":0},{"$f":"T2206*$E2206","v":0},{"$f":"W2206*$E2206","v":0},0,0,{"$f":"SUM(AA2206:AQ2206)","v":0},{"$f":"+E2206*Z2206","v":{"v":0,"d":"0.00"}}]
[" ","  Install","m",{"$f":"D2206","v":200},{"v":19,"d":"19.00"},{"v":3800,"d":"3,800.00"},{"$nulls":19},{"$f":"SUM(G2207:Y2207)","v":0},{"$f":"G2207*E2207","v":0},0,0,0,0,0,{"$f":"+M2207*E2207","v":0},0,0,0,0,0,0,0,0,0,0,{"$f":"SUM(AA2207:AQ2207)","v":0},{"$f":"+E2207*Z2207","v":{"v":0,"d":"0.00"}}]
[{"$nulls":5}," "]
["6.1.2","160mm diameter (power cables)",{"$nulls":3}," "]
[null,"  Supply","m",300,43.05,{"v":12915,"d":"12,915.00"},{"$nulls":19},0,{"$f":"G2210*E2210","v":0},0,0,0,0,0,{"$f":"+M2210*E2210","v":0},0,0,0,0,0,0,0,0,0,0,0,{"$f":"+E2210*Z2210","v":{"v":0,"d":"0.00"}}]
[null,"  Install","m",{"$f":"D2210","v":300},{"v":17,"d":"17.00"},{"v":5100,"d":"5,100.00"},{"$nulls":19},0,{"$f":"G2211*E2211","v":0},0,0,0,0,0,{"$f":"+M2211*E2211","v":0},0,0,0,0,0,0,0,0,0,0,0,{"$f":"+E2211*Z2211","v":{"v":0,"d":"0.00"}}]
[{"$nulls":5}," "]
["6.1.3","110mm diameter (power cables)",{"$nulls":3}," "]
[null,"  Supply","m",200,17.94,{"v":3588.0000000000005,"d":"3,588.00"},{"$nulls":19},0,{"$f":"G2214*E2214","v":0},0,0,0,0,0,{"$f":"+M2214*E2214","v":0},0,0,0,0,0,0,0,0,0,0,0,{"$f":"+E2214*Z2214","v":{"v":0,"d":"0.00"}}]
[null,"  Install","m",{"$f":"D2214","v":200},{"v":15,"d":"15.00"},{"v":3000,"d":"3,000.00"},{"$nulls":19},0,{"$f":"G2215*E2215","v":0},0,0,0,0,0,{"$f":"+M2215*E2215","v":0},0,0,0,0,0,0,0,0,0,0,0,{"$f":"+E2215*Z2215","v":{"v":0,"d":"0.00"}}]
[{"$nulls":5}," "]
["6.1.4","90 degrees slow bends for 200mm dia. sleeve",{"$nulls":3}," "]
[null,"  Supply","each",25,194.75,{"v":4868.75,"d":"4,868.75"},{"$nulls":19},0,{"$f":"G2218*E2218","v":0},0,0,0,0,0,{"$f":"+M2218*E2218","v":0},0,0,0,0,0,0,0,0,0,0,0,{"$f":"+E2218*Z2218","v":{"v":0,"d":"0.00"}}]
[null,"  Install","each",{"$f":"D2207/8","v":25},{"v":30,"d":"30.00"},{"v":750,"d":"750.00"},{"$nulls":19},0,{"$f":"G2219*E2219","v":0},0,0,0,0,0,{"$f":"+M2219*E2219","v":0},0,0,0,0,0,0,0,0,0,0,0,{"$f":"+E2219*Z2219","v":{"v":0,"d":"0.00"}}]
[{"$nulls":3}," ",null," "]
["6.1.5","90 degrees slow bends for 160mm dia. sleeve",null," ",null," "]
[null,"  Supply","each",38,179.38,{"v":6816.44,"d":"6,816.44"},{"$nulls":19},0,{"$f":"G2222*E2222","v":0},0,0,0,0,0,{"$f":"+M2222*E2222","v":0},0,0,0,0,0,0,0,{"$f":"W2222*$E2222","v":0},0,0,0,{"$f":"+E2222*Z2222","v":{"v":0,"d":"0.00"}}]
[null,"  Install","each",38,{"v":28,"d":"28.00"},{"v":1064,"d":"1,064.00"},{"$nulls":19},0,{"$f":"G2223*E2223","v":0},0,0,0,0,0,{"$f":"+M2223*E2223","v":0},0,0,0,0,0,0,0,0,0,0,0,{"$f":"+E2223*Z2223","v":{"v":0,"d":"0.00"}}]
[{"$nulls":3}," ",null," "]
["6.1.6","90 degrees slow bends for 110mm dia. sleeve",null," ",null," "]
[null,"  Supply","each",25,47.15,{"v":1178.75,"d":"1,178.75"},{"$nulls":19},0,{"$f":"G2226*E2226","v":0},0,0,0,0,0,{"$f":"+M2226*E2226","v":0},0,0,0,0,0,0,0,0,0,0,0,{"$f":"+E2226*Z2226","v":{"v":0,"d":"0.00"}}]
[null,"  Install","each",{"$f":"D2215/8","v":25},{"v":25,"d":"25.00"},{"v":625,"d":"625.00"},{"$nulls":19},0,{"$f":"G2227*E2227","v":0},0,0,0,0,0,{"$f":"+M2227*E2227","v":0},0,0,0,0,0,0,0,0,0,0,0,{"$f":"+E2227*Z2227","v":{"v":0,"d":"0.00"}}]
[]
[{"v":6.2,"d":"6.20"},"Cable Tape"]
[" ","Laid in an open trech and 150mm above a cable 150mm wide 800 gauge cable marker tape."]
[null,"  Supply","m",{"$f":"800+780+400+50","v":{"v":2030,"d":"2,030"}},1.38,{"v":2801.3999999999996,"d":"2,801.40"},{"$nulls":19},0,{"$f":"G2231*E2231","v":0},0,0,0,0,0,{"$f":"+M2231*E2231","v":0},0,0,0,0,0,0,0,0,0,0,0,{"$f":"+E2231*Z2231","v":{"v":0,"d":"0.00"}}]
[null,"  Install","m",{"$f":"D2231","v":{"v":2030,"d":"2,030"}},{"v":2,"d":"2.00"},{"v":4060,"d":"4,060.00"},{"$nulls":19},0,{"$f":"G2232*E2232","v":0},0,0,0,0,0,{"$f":"+M2232*E2232","v":0},0,0,0,0,0,0,0,0,0,0,0,{"$f":"+E2232*Z2232","v":{"v":0,"d":"0.00"}}]
[]
[{"v":6.3,"d":"6.30"},"MV Trencing"]
[" ","Excavation for cables, backfilling and compaction; in all pickable materials (Average:  500mm wide & 1200mm deep)"]
["6.3.1","In virgin ground","m",{"$f":"D2231","v":{"v":2030,"d":"2,030"}},{"v":69,"d":"69.00"},{"v":140070,"d":"140,070.00"},{"$nulls":19},0,{"$f":"G2236*E2236","v":0},0,0,0,0,0,{"$f":"+M2236*E2236","v":0},0,0,0,0,0,0,0,0,0,0,0,{"$f":"+E2236*Z2236","v":{"v":0,"d":"0.00"}}]
["6.3.2","On top of the existing MV cable","m",{"$f":"800+780","v":{"v":1580,"d":"1,580"}},{"v":69,"d":"69.00"},{"v":109020,"d":"109,020.00"},{"$nulls":19},0,{"$f":"G2237*E2237","v":0},0,0,0,0,0,{"$f":"+M2237*E2237","v":0},0,0,0,0,0,0,0,0,0,0,0,{"$f":"+E2237*Z2237","v":{"v":0,"d":"0.00"}}]
["6.3.3","Extra over for soft rock","m",{"$f":"D2237/5","v":316},{"v":89,"d":"89.00"},{"v":28124,"d":"28,124.00"},{"$nulls":19},0,{"$f":"G2238*E2238","v":0},0,0,0,0,0,{"$f":"+M2238*E2238","v":0},0,0,0,0,0,0,0,0,0,0,0,{"$f":"+E2238*Z2238","v":{"v":0,"d":"0.00"}}]
["6.3.4","Extra over for hard hard rock","m",{"$f":"D2237/2","v":790},{"v":109,"d":"109.00"},{"v":86110,"d":"86,110.00"},{"$nulls":19},0,{"$f":"G2239*E2239","v":0},0,0,0,0,0,{"$f":"+M2239*E2239","v":0},0,0,0,0,0,0,0,0,0,0,0,{"$f":"+E2239*Z2239","v":{"v":0,"d":"0.00"}}]
["6.3.5","Selected fines bedding 150mm under cable and 150mm on top of cable (when required by soil condituions)",{"$nulls":3}," "]
[null,"  Supply","m3",{"$f":"D2236*0.25*0.8","v":406},92.25,{"v":37453.5,"d":"37,453.50"},{"$nulls":19},0,{"$f":"G2241*E2241","v":0},0,0,0,0,0,{"$f":"+M2241*E2241","v":0},0,0,0,0,0,0,0,0,0,0,0,{"$f":"+E2241*Z2241","v":{"v":0,"d":"0.00"}}]
[null,"  Install","m3",{"$f":"D2241","v":406},{"v":29,"d":"29.00"},{"v":11774,"d":"11,774.00"},{"$nulls":19},0,{"$f":"G2242*E2242","v":0},0,0,0,0,0,{"$f":"+M2242*E2242","v":0},0,0,0,0,0,0,0,0,0,0,0,{"$f":"+E2242*Z2242","v":{"v":0,"d":"0.00"}}]
[{"$nulls":5}," "]
[]
[null,"Amount Carried Forward ",{"$nulls":3},{"$f":"SUM(F2199:F2244)","v":{"v":473368.83999999997,"d":"473,368.84"}},{"$nulls":38},{"$f":"SUM(AS2199:AS2244)","v":{"v":0,"d":"0.00"}}]
[]
["MAIN HOSPITAL ELECTRICAL INSTALLATION"]
["CECILIA MAKIWANE HOSPITAL : PHASE 4C"]
[]
[{"$f":"A2196","v":"BILL NO. 6 : MV SLEEVES AND TRENCHING (SMME CONTRACT NO 1)"}]
["ITEM","DESCRIPTION","UNIT","QTY","RATE","TENDER AMOUNT","A","B","D","E1","E2","F1","F2","G1","G2","H1","H2","J1","J2","J3","Substation","G/House",null,"N","Other","Total Qty","A","B","D","E1","E2","F1","F2","G1","G2","H1","H2","J1","J2","J3","K","N","Other","Total Amount","Total Claimed"]
[null,"AMOUNT CARRIED FORWARD FROM PREVIOUS BILL",{"$nulls":3},{"$f":"F2245","v":{"v":473368.83999999997,"d":"473,368.84"}},{"$nulls":38},{"$f":"AS2245","v":{"v":0,"d":"0.00"}}]
[]
["6.3.4","300 x 400mm or nearest standard concrete tiles to be place above MV cable"]
[null,"  Supply","each",{"v":6767,"d":"6,767"},23.78,{"$f":"D2255*E2255","v":{"v":160919.26,"d":"160,919.26"}},{"$nulls":19},{"$f":"SUM(G2255:Y2255)","v":0},{"$f":"G2255*E2255","v":0},{"$f":"H2255*$E2255","v":0},{"$f":"I2255*$E2255","v":0},{"$f":"J2255*$E2255","v":0},{"$f":"K2255*$E2255","v":0},{"$f":"L2255*$E2255","v":0},{"$f":"+M2255*E2255","v":0},{"$f":"N2255*$E2255","v":0},{"$f":"O2255*$E2255","v":0},{"$f":"P2255*$E2255","v":0},{"$f":"Q2255*$E2255","v":0},{"$f":"R2255*$E2255","v":0},{"$f":"S2255*$E2255","v":0},{"$f":"T2255*$E2255","v":0},{"$f":"W2255*$E2255","v":0},0,0,{"$f":"SUM(AA2255:AQ2255)","v":0},{"$f":"+E2255*Z2255","v":{"v":0,"d":"0.00"}}]
[null,"  Install","each",{"v":6767,"d":"6,767"},{"v":12,"d":"12.00"},{"$f":"D2256*E2256","v":{"v":81204,"d":"81,204.00"}},{"$nulls":19},{"$f":"SUM(G2256:Y2256)","v":0},{"$f":"G2256*E2256","v":0},0,0,0,0,0,{"$f":"+M2256*E2256","v":0},0,0,0,0,0,0,0,0,0,0,{"$f":"SUM(AA2256:AQ2256)","v":0},{"$f":"+E2256*Z2256","v":{"v":0,"d":"0.00"}}]
[]
["6.3.5","Drawn into conduit or sleeve 2.5 mm galvanised draw wire"]
[null,"  Supply","m",{"$f":"D2206+D2210+D2214","v":700},0.36,{"$f":"D2259*E2259","v":{"v":252,"d":"252.00"}},{"$nulls":19},{"$f":"SUM(G2259:Y2259)","v":0},{"$f":"G2259*E2259","v":0},0,0,0,0,0,{"$f":"+M2259*E2259","v":0},0,0,0,0,0,0,0,0,0,0,0,{"$f":"+E2259*Z2259","v":{"v":0,"d":"0.00"}}]
[null,"  Install","m",{"$f":"D2259","v":700},{"v":1.2,"d":"1.20"},{"$f":"D2260*E2260","v":{"v":840,"d":"840.00"}},{"$nulls":19},{"$f":"SUM(G2260:Y2260)","v":0},{"$f":"G2260*E2260","v":0},0,0,0,0,0,{"$f":"+M2260*E2260","v":0},0,0,0,0,0,0,0,0,0,0,0,{"$f":"+E2260*Z2260","v":{"v":0,"d":"0.00"}}]
[]
[{"v":6.4,"d":"6.40"},"Cable Route Markers"]
[null,"250mm High trancated pyramid cable route marker with stainless steel insert engraved with the cable details eg, \"LV 25mm2 4C CABLE\".  Installed to protrude 150mm above ground and every 35m along and at the cable route direction change."]
[null,"  Supply","each",120,97.38,{"$f":"D2264*E2264","v":{"v":11685.599999999999,"d":"11,685.60"}},{"$nulls":19},{"$f":"SUM(G2264:Y2264)","v":0},{"$f":"G2264*E2264","v":0},0,0,0,0,0,{"$f":"+M2264*E2264","v":0},0,0,0,0,0,0,0,0,0,0,0,{"$f":"+E2264*Z2264","v":{"v":0,"d":"0.00"}}]
[null,"  Install","each",{"$f":"D2264","v":120},{"v":60,"d":"60.00"},{"$f":"D2265*E2265","v":{"v":7200,"d":"7,200.00"}},{"$nulls":19},{"$f":"SUM(G2265:Y2265)","v":0},{"$f":"G2265*E2265","v":0},0,0,0,0,0,{"$f":"+M2265*E2265","v":0},0,0,0,0,0,0,0,0,0,0,0,{"$f":"+E2265*Z2265","v":{"v":0,"d":"0.00"}}]
[{"$nulls":26},{"$f":"G2266*E2266","v":0},0,0,0,0,0,{"$f":"+M2266*E2266","v":0},0,0,0,0,0,0,0,0,0,0,0]
[{"v":6.5,"d":"6.50"},"Manholes"]
[null,"Supply and build either pre-cast or full wall manhole with light duty cover with the following minimum inside"]
["6.5.1","dimensions:  - 1200 x 1200 x 1000mm deep","each",12,{"v":3490.16,"d":"3,490.16"},{"$f":"D2269*E2269","v":{"v":41881.92,"d":"41,881.92"}},{"$nulls":19},{"$f":"SUM(G2269:Y2269)","v":0},{"$f":"G2269*E2269","v":0},0,0,0,0,0,{"$f":"+M2269*E2269","v":0},0,0,0,0,0,0,0,0,0,0,0,{"$f":"+E2269*Z2269","v":{"v":0,"d":"0.00"}}]
["6.5.2","dimensions:  - 800 x 800 x 600mm deep","each",12,{"v":2861.82,"d":"2,861.82"},{"$f":"D2270*E2270","v":{"v":34341.840000000004,"d":"34,341.84"}},{"$nulls":19},{"$f":"SUM(G2270:Y2270)","v":0},{"$f":"G2270*E2270","v":0},0,0,0,0,0,{"$f":"+M2270*E2270","v":0},0,0,0,0,0,0,0,0,0,0,0,{"$f":"+E2270*Z2270","v":{"v":0,"d":"0.00"}}]
[]
[{"v":6.6,"d":"6.60"},"Mentoring and Management"]
[null,"A percentage of the SMME Package amount to provide the Mentoring and Management of the SMME Contractors appointed","%",1,{"v":811577.84,"d":"811,577.84"},{"$f":"E2273*2.5%","v":{"v":20289.446,"d":"20,289.45"}},{"$nulls":19},{"$f":"SUM(G2273:Y2273)","v":0},{"$f":"G2273*E2273","v":0},0,0,0,0,0,{"$f":"+M2273*E2273","v":0},0,0,0,0,0,0,0,{"$f":"W2273*$E2273","v":0},{"$f":"X2273*$E2273","v":0},{"$f":"Y2273*$E2273","v":0},0,{"$f":"+E2273*Z2273","v":{"v":0,"d":"0.00"}}]
[]
[]
[null,"Amount Carried Forward to Summary Page",{"$nulls":3},{"$f":"SUM(F2252:F2275)","v":{"v":831982.906,"d":"831,982.91"}},{"$nulls":38},{"$f":"SUM(AS2252:AS2275)","v":{"v":0,"d":"0.00"}}]
[]
["MAIN HOSPITAL ELECTRICAL INSTALLATION"]
["CECILIA MAKIWANE HOSPITAL : PHASE 4C"]
[]
["BILL NO. 7 : MV CABLE REWORKS (SMME CONTRACT NO 2)"]
["ITEM","DESCRIPTION","UNIT","QTY","RATE","TENDER AMOUNT","A","B","D","E1","E2","F1","F2","G1","G2","H1","H2","J1","J2","J3","Substation","G/House",null,"N","Other","Total Qty","A","B","D","E1","E2","F1","F2","G1","G2","H1","H2","J1","J2","J3","K","N","Other","Total Amount","Total Claimed"]
[]
[{"v":7,"d":"7.00"},"SMME CONTRACT No 2"]
[" ","Labour to Uplift 150mm² XLPE MV Cable from existing route and reposition as per Drawings, note trenching, cable slabs and bedding soil measured in Item 7.1 ","m",{"v":1450,"d":"1,450"},{"v":36,"d":"36.00"},{"$f":"D2285*E2285","v":{"v":52200,"d":"52,200.00"}},{"$nulls":19},{"$f":"SUM(G2285:Y2285)","v":0},{"$f":"G2285*E2285","v":0},{"$f":"H2285*$E2285","v":0},{"$f":"I2285*$E2285","v":0},{"$f":"J2285*$E2285","v":0},{"$f":"K2285*$E2285","v":0},{"$f":"L2285*$E2285","v":0},{"$f":"+M2285*E2285","v":0},{"$f":"N2285*$E2285","v":0},{"$f":"O2285*$E2285","v":0},{"$f":"P2285*$E2285","v":0},{"$f":"Q2285*$E2285","v":0},{"$f":"R2285*$E2285","v":0},{"$f":"S2285*$E2285","v":0},{"$f":"T2285*$E2285","v":0},{"$f":"W2285*$E2285","v":0},0,0,{"$f":"SUM(AA2285:AQ2285)","v":0},{"$f":"+E2285*Z2285","v":{"v":0,"d":"0.00"}}]
[]
[{"v":7.1,"d":"7.10"},"MV Trencing"]
[" ","Excavation for cables, backfilling and compaction; in all pickable materials (Average:  500mm wide & 1200mm deep)"]
["7.1.1","In virgin ground","m",300,{"v":69,"d":"69.00"},{"$f":"D2289*E2289","v":{"v":20700,"d":"20,700.00"}},{"$nulls":19},{"$f":"SUM(G2289:Y2289)","v":0},{"$f":"G2289*E2289","v":0},0,0,0,0,0,{"$f":"+M2289*E2289","v":0},0,0,0,0,0,0,0,0,0,0,{"$f":"SUM(AA2289:AQ2289)","v":0},{"$f":"+E2289*Z2289","v":{"v":0,"d":"0.00"}}]
["7.1.2","On top of the existing MV cable","m",{"v":1450,"d":"1,450"},{"v":69,"d":"69.00"},{"$f":"D2290*E2290","v":{"v":100050,"d":"100,050.00"}},{"$nulls":19},0,{"$f":"G2290*E2290","v":0},0,0,0,0,0,{"$f":"+M2290*E2290","v":0},0,0,0,0,0,0,0,0,0,0,0,{"$f":"+E2290*Z2290","v":{"v":0,"d":"0.00"}}]
["7.1.3","Extra over for soft rock","m",{"$f":"D2290/5","v":290},{"v":89,"d":"89.00"},{"$f":"D2291*E2291","v":{"v":25810,"d":"25,810.00"}},{"$nulls":19},0,{"$f":"G2291*E2291","v":0},0,0,0,0,0,{"$f":"+M2291*E2291","v":0},0,0,0,0,0,0,0,0,0,0,0,{"$f":"+E2291*Z2291","v":{"v":0,"d":"0.00"}}]
["7.1.4","Extra over for hard hard rock","m",{"$f":"D2290/2","v":725},{"v":109,"d":"109.00"},{"$f":"D2292*E2292","v":{"v":79025,"d":"79,025.00"}},{"$nulls":19},0,{"$f":"G2292*E2292","v":0},0,0,0,0,0,{"$f":"+M2292*E2292","v":0},0,0,0,0,0,0,0,0,0,0,0,{"$f":"+E2292*Z2292","v":{"v":0,"d":"0.00"}}]
["7.1.5","Selected fines bedding 150mm under cable and 150mm on top of cable (when required by soil condituions)"]
[null,"  Supply","m3",{"$f":"D2290*0.25*0.8","v":290},92.25,{"$f":"D2294*E2294","v":{"v":26752.5,"d":"26,752.50"}},{"$nulls":19},0,{"$f":"G2294*E2294","v":0},0,0,0,0,0,{"$f":"+M2294*E2294","v":0},0,0,0,0,0,0,0,0,0,0,0,{"$f":"+E2294*Z2294","v":{"v":0,"d":"0.00"}}]
[null,"  Install","m3",{"$f":"D2294","v":290},{"v":29,"d":"29.00"},{"$f":"D2295*E2295","v":{"v":8410,"d":"8,410.00"}},{"$nulls":19},0,{"$f":"G2295*E2295","v":0},0,0,0,0,0,{"$f":"+M2295*E2295","v":0},0,0,0,0,0,0,0,0,0,0,0,{"$f":"+E2295*Z2295","v":{"v":0,"d":"0.00"}}]
[]
["7.1.6","300 x 400mm or nearest standard concrete tiles to be place above MV cable"]
[null,"  Supply","each",{"$f":"D2290/0.4","v":{"v":3625,"d":"3,625"}},23.78,{"$f":"D2298*E2298","v":{"v":86202.5,"d":"86,202.50"}},{"$nulls":19},0,{"$f":"G2298*E2298","v":0},0,0,0,0,0,{"$f":"+M2298*E2298","v":0},0,0,0,0,0,0,0,0,0,0,0,{"$f":"+E2298*Z2298","v":{"v":0,"d":"0.00"}}]
[null,"  Install","each",{"$f":"D2298","v":{"v":3625,"d":"3,625"}},{"v":12,"d":"12.00"},{"$f":"D2299*E2299","v":{"v":43500,"d":"43,500.00"}},{"$nulls":19},0,{"$f":"G2299*E2299","v":0},0,0,0,0,0,{"$f":"+M2299*E2299","v":0},0,0,0,0,0,0,0,0,0,0,0,{"$f":"+E2299*Z2299","v":{"v":0,"d":"0.00"}}]
[" "]
[{"v":7.2,"d":"7.20"},"Mentoring and Management"]
[null,"A percentage of the SMME Package amount to provide the Mentoring and Management of the SMME Contractors appointed","%",1,{"v":442650,"d":"442,650.00"},{"$f":"E2302*2.5%","v":{"v":11066.25,"d":"11,066.25"}},{"$nulls":19},0,{"$f":"G2302*E2302","v":0},0,0,0,0,0,{"$f":"+M2302*E2302","v":0},0,0,0,0,0,0,0,{"$f":"W2302*$E2302","v":0},{"$f":"X2302*$E2302","v":0},{"$f":"Y2302*$E2302","v":0},0,{"$f":"+E2302*Z2302","v":{"v":0,"d":"0.00"}}]
[{"$nulls":4}," "]
[]
[null,"Amount Carried Forward to Summary Page",{"$nulls":3},{"$f":"SUM(F2283:F2304)","v":{"v":453716.25,"d":"453,716.25"}},{"$nulls":38},{"$f":"SUM(AS2283:AS2304)","v":{"v":0,"d":"0.00"}}]

{"sheet":"Block Breakdown Cum","index":5,"n_rows":2305,"n_cols":45,"rows_kept":2305,"hidden":true,"merged":[[4,4,4,5],[5,6,5,25],[5,26,5,43],[50,4,50,5],[76,4,76,5],[143,4,143,5],[205,4,205,5],[267,4,267,5],[326,4,326,5],[384,4,384,5],[442,4,442,5],[469,4,469,5],[530,4,530,5],[565,4,565,5],[626,4,626,5],[688,4,688,5],[789,4,789,5],[847,4,847,5],[904,4,904,5],[957,4,957,5],[998,4,998,5],[1187,4,1187,5],[1234,4,1234,5],[1287,4,1287,5],[1354,4,1354,5],[1418,4,1418,5],[1484,4,1484,5],[1536,4,1536,5],[1582,4,1582,5],[1647,4,1647,5],[1710,4,1710,5],[1770,4,1770,5],[2189,0,2189,1]]}
[]
["MAIN HOSPITAL ELECTRICAL INSTALLATION"]
["CECILIA MAKIWANE HOSPITAL : PHASE 4C"]
[]
["BILL NO. 1 : PROVISIONAL AND SUPERVISION AMOUNTS",{"$nulls":3},"Besamandla"]
["ITEM","DESCRIPTION","UNIT","QTY","RATE","TENDER AMOUNT","Total Quantity Claimed to Date",{"$nulls":19},"Total Value Claimed to Date",{"$nulls":17},"Total Claimed"]
[{"$nulls":6},"A","B","D","E1","E2","F1","F2","G1","G2","H1","H2","J1","J2","J3","Substation","G/House","K","N","Other","Total Qty","A","B","D","E1","E2","F1","F2","G1","G2","H1","H2","J1","J2","J3","K","N","Other","Total Amount"]
[]
[null,"P&G Claim amounts For LV and MV",{"$nulls":3},"WG 190",{"$nulls":38},{"$f":"#REF!+#REF!+#REF!+#REF!+#REF!+#REF!+#REF!+#REF!+#REF!+#REF!+#REF!+#REF!+#REF!+#REF!+#REF!+#REF!+#REF!+#REF!+#REF!+#REF!+#REF!+#REF!+#REF!+#REF!+#REF!+#REF!+#REF!+#REF!+#REF!+#REF!+#REF!+#REF!+#REF!+#REF!+#REF!+#REF!","v":{"$error":"#REF!"}}]
[]
[]
[{"v":1,"d":"1.00"},"Provisional amounts, pertaining specifically to the Electrical Installation Contract"]
[]
[" ","Provisional Amounts"]
[]
[{"v":1.1,"d":"1.10"},"An amount to receive, store, install and connect complete new Digital Xray viewing panels from Radiology Contractor or supplier ","Sum",1,{"v":125000,"d":"125,000.00"},{"$f":"$D16*E16","v":{"v":125000,"d":"125,000.00"}},{"$f":"+'Block Breakdown This'!G16+'Block Breakdown Prev'!G16","v":{"v":0,"d":"0.00"}},{"$f":"+'Block Breakdown This'!H16+'Block Breakdown Prev'!H16","v":{"v":0,"d":"0.00"}},{"$f":"+'Block Breakdown This'!I$16+'Block Breakdown Prev'!I$16","v":{"v":0,"d":"0.00"}},{"$f":"+'Block Breakdown This'!J16+'Block Breakdown Prev'!J16","v":{"v":0,"d":"0.00"}},{"$f":"+'Block Breakdown This'!K16+'Block Breakdown Prev'!K16","v":{"v":0,"d":"0.00"}},{"$f":"+'Block Breakdown This'!L16+'Block Breakdown Prev'!L16","v":{"v":0,"d":"0.00"}},{"$f":"+'Block Breakdown This'!M16+'Block Breakdown Prev'!M16","v":{"v":0,"d":"0.00"}},{"$f":"+'Block Breakdown This'!N16+'Block Breakdown Prev'!N16","v":{"v":0,"d":"0.00"}},{"$f":"+'Block Breakdown This'!O16+'Block Breakdown Prev'!O16","v":{"v":0,"d":"0.00"}},{"$f":"+'Block Breakdown This'!P16+'Block Breakdown Prev'!P16","v":{"v":0,"d":"0.00"}},{"$f":"+'Block Breakdown This'!Q16+'Block Breakdown Prev'!Q16","v":{"v":0,"d":"0.00"}},{"$f":"+'Block Breakdown This'!R16+'Block Breakdown Prev'!R16","v":{"v":0,"d":"0.00"}},{"$f":"+'Block Breakdown This'!S16+'Block Breakdown Prev'!S16","v":{"v":0,"d":"0.00"}},{"$f":"+'Block Breakdown This'!T16+'Block Breakdown Prev'!T16","v":{"v":0,"d":"0.00"}},{"$f":"+'Block Breakdown This'!U16+'Block Breakdown Prev'!U16","v":{"v":0,"d":"0.00"}},{"$f":"+'Block Breakdown This'!V16+'Block Breakdown Prev'!V16","v":{"v":0,"d":"0.00"}},{"$f":"+'Block Breakdown This'!W16+'Block Breakdown Prev'!W16","v":{"v":0,"d":"0.00"}},{"$f":"+'Block Breakdown This'!X16+'Block Breakdown Prev'!X16","v":{"v":0,"d":"0.00"}},{"$f":"+'Block Breakdown This'!Y16+'Block Breakdown Prev'!Y16","v":{"v":0,"d":"0.00"}},{"$f":"SUM(G16:Y16)","v":{"v":0,"d":"0.00"}},{"$f":"G16*E16","v":0},{"$f":"H16*E16","v":0},{"$f":"I16*E16","v":0},{"$f":"J16*E16","v":0},{"$f":"K16*E16","v":0},{"$f":"L16*E16","v":0},{"$f":"+M16*E16","v":0},{"$f":"N16*E16","v":0},{"$f":"O16*E16","v":0},{"$f":"P16*E16","v":0},{"$f":"Q16*E16","v":0},{"$f":"R16*E16","v":0},{"$f":"S16*E16","v":0},{"$f":"T16*E16","v":0},{"$f":"W16*E16","v":0},{"$f":"X16*E16","v":0},{"$f":"Y16*E16","v":0},{"$f":"SUM(AA16:AQ16)","v":0},{"$f":"+E16*Z16","v":{"v":0,"d":"0.00"}}]
[{"$nulls":32},0]
["1.1.1","Contractor's Profit on the above amount","%"," ",{"v":0.1,"d":"0.10"},{"$f":"F16*E18","v":{"v":12500,"d":"12,500.00"}},{"$f":"+'Block Breakdown This'!G18+'Block Breakdown Prev'!G18","v":{"v":0,"d":"0.00"}},{"$f":"+'Block Breakdown This'!H18+'Block Breakdown Prev'!H18","v":{"v":0,"d":"0.00"}},{"$f":"+'Block Breakdown This'!I18+'Block Breakdown Prev'!I18","v":{"v":0,"d":"0.00"}},{"$f":"+'Block Breakdown This'!J18+'Block Breakdown Prev'!J18","v":{"v":0,"d":"0.00"}},{"$f":"+'Block Breakdown This'!K18+'Block Breakdown Prev'!K18","v":{"v":0,"d":"0.00"}},{"$f":"+'Block Breakdown This'!L18+'Block Breakdown Prev'!L18","v":{"v":0,"d":"0.00"}},{"$f":"+'Block Breakdown This'!M18+'Block Breakdown Prev'!M18","v":{"v":0,"d":"0.00"}},{"$f":"+'Block Breakdown This'!N18+'Block Breakdown Prev'!N18","v":{"v":0,"d":"0.00"}},{"$f":"+'Block Breakdown This'!O18+'Block Breakdown Prev'!O18","v":{"v":0,"d":"0.00"}},{"$f":"+'Block Breakdown This'!P18+'Block Breakdown Prev'!P18","v":{"v":0,"d":"0.00"}},{"$f":"+'Block Breakdown This'!Q18+'Block Breakdown Prev'!Q18","v":{"v":0,"d":"0.00"}},{"$f":"+'Block Breakdown This'!R18+'Block Breakdown Prev'!R18","v":{"v":0,"d":"0.00"}},{"$f":"+'Block Breakdown This'!S18+'Block Breakdown Prev'!S18","v":{"v":0,"d":"0.00"}},{"$f":"+'Block Breakdown This'!T18+'Block Breakdown Prev'!T18","v":{"v":0,"d":"0.00"}},{"$f":"+'Block Breakdown This'!U18+'Block Breakdown Prev'!U18","v":{"v":0,"d":"0.00"}},{"$f":"+'Block Breakdown This'!V18+'Block Breakdown Prev'!V18","v":{"v":0,"d":"0.00"}},{"$f":"+'Block Breakdown This'!W18+'Block Breakdown Prev'!W18","v":{"v":0,"d":"0.00"}},{"$f":"+'Block Breakdown This'!X18+'Block Breakdown Prev'!X18","v":{"v":0,"d":"0.00"}},{"$f":"+'Block Breakdown This'!Y18+'Block Breakdown Prev'!Y18","v":{"v":0,"d":"0.00"}},{"$f":"SUM(G18:Y18)","v":{"v":0,"d":"0.00"}},{"$f":"G18*E18","v":0},{"$f":"H18*E18","v":0},{"$f":"I18*E18","v":0},{"$f":"J18*E18","v":0},{"$f":"K18*E18","v":0},{"$f":"L18*E18","v":0},0,{"$f":"N18*E18","v":0},{"$f":"O18*E18","v":0},{"$f":"P18*E18","v":0},{"$f":"Q18*E18","v":0},{"$f":"R18*E18","v":0},{"$f":"S18*E18","v":0},{"$f":"T18*E18","v":0},{"$f":"W18*E18","v":0},{"$f":"X18*E18","v":0},{"$f":"Y18*E18","v":0},{"$f":"SUM(AA18:AQ18)","v":0},{"$f":"+E18*Z18","v":{"v":0,"d":"0.00"}}]
[{"$nulls":32},0]
[{"v":1.3,"d":"1.30"},"Specialist Lighting Contractor to complete the main Entrance and Façade of the Main Hospital","Sum",1,{"v":250000,"d":"250,000.00"},{"$f":"$D20*E20","v":{"v":250000,"d":"250,000.00"}},{"$f":"+'Block Breakdown This'!G20+'Block Breakdown Prev'!G20","v":{"v":0,"d":"0.00"}},{"$f":"+'Block Breakdown This'!H20+'Block Breakdown Prev'!H20","v":{"v":0,"d":"0.00"}},{"$f":"+'Block Breakdown This'!I20+'Block Breakdown Prev'!I20","v":{"v":0,"d":"0.00"}},{"$f":"+'Block Breakdown This'!J20+'Block Breakdown Prev'!J20","v":{"v":0,"d":"0.00"}},{"$f":"+'Block Breakdown This'!K20+'Block Breakdown Prev'!K20","v":{"v":0,"d":"0.00"}},{"$f":"+'Block Breakdown This'!L20+'Block Breakdown Prev'!L20","v":{"v":0,"d":"0.00"}},{"$f":"+'Block Breakdown This'!M20+'Block Breakdown Prev'!M20","v":{"v":0,"d":"0.00"}},{"$f":"+'Block Breakdown This'!N20+'Block Breakdown Prev'!N20","v":{"v":0,"d":"0.00"}},{"$f":"+'Block Breakdown This'!O20+'Block Breakdown Prev'!O20","v":{"v":0,"d":"0.00"}},{"$f":"+'Block Breakdown This'!P20+'Block Breakdown Prev'!P20","v":{"v":0,"d":"0.00"}},{"$f":"+'Block Breakdown This'!Q20+'Block Breakdown Prev'!Q20","v":{"v":0,"d":"0.00"}},{"$f":"+'Block Breakdown This'!R20+'Block Breakdown Prev'!R20","v":{"v":0,"d":"0.00"}},{"$f":"+'Block Breakdown This'!S20+'Block Breakdown Prev'!S20","v":{"v":0,"d":"0.00"}},{"$f":"+'Block Breakdown This'!T20+'Block Breakdown Prev'!T20","v":{"v":0,"d":"0.00"}},{"$f":"+'Block Breakdown This'!U20+'Block Breakdown Prev'!U20","v":{"v":0,"d":"0.00"}},{"$f":"+'Block Breakdown This'!V20+'Block Breakdown Prev'!V20","v":{"v":0,"d":"0.00"}},{"$f":"+'Block Breakdown This'!W20+'Block Breakdown Prev'!W20","v":{"v":0,"d":"0.00"}},{"$f":"+'Block Breakdown This'!X20+'Block Breakdown Prev'!X20","v":{"v":0,"d":"0.00"}},{"$f":"+'Block Breakdown This'!Y20+'Block Breakdown Prev'!Y20","v":{"v":0,"d":"0.00"}},{"v":0,"d":"0.00"},{"$f":"G20*E20","v":0},{"$f":"H20*E20","v":0},{"$f":"I20*E20","v":0},{"$f":"J20*E20","v":0},{"$f":"K20*E20","v":0},{"$f":"L20*E20","v":0},0,{"$f":"N20*E20","v":0},{"$f":"O20*E20","v":0},{"$f":"P20*E20","v":0},{"$f":"Q20*E20","v":0},{"$f":"R20*E20","v":0},{"$f":"S20*E20","v":0},{"$f":"T20*E20","v":0},{"$f":"W20*E20","v":0},{"$f":"X20*E20","v":0},{"$f":"Y20*E20","v":0},0,{"$f":"+E20*Z20","v":{"v":0,"d":"0.00"}}]
[" ",{"$nulls":31},0]
["1.3.1","Contractor's Profit on the above amount","%"," ",{"v":0.1,"d":"0.10"},{"$f":"F20*E22","v":{"v":25000,"d":"25,000.00"}},{"$f":"+'Block Breakdown This'!G22+'Block Breakdown Prev'!G22","v":{"v":0,"d":"0.00"}},{"$f":"+'Block Breakdown This'!H22+'Block Breakdown Prev'!H22","v":{"v":0,"d":"0.00"}},{"$f":"+'Block Breakdown This'!I22+'Block Breakdown Prev'!I22","v":{"v":0,"d":"0.00"}},{"$f":"+'Block Breakdown This'!J22+'Block Breakdown Prev'!J22","v":{"v":0,"d":"0.00"}},{"$f":"+'Block Breakdown This'!K22+'Block Breakdown Prev'!K22","v":{"v":0,"d":"0.00"}},{"$f":"+'Block Breakdown This'!L22+'Block Breakdown Prev'!L22","v":{"v":0,"d":"0.00"}},{"$f":"+'Block Breakdown This'!M22+'Block Breakdown Prev'!M22","v":{"v":0,"d":"0.00"}},{"$f":"+'Block Breakdown This'!N22+'Block Breakdown Prev'!N22","v":{"v":0,"d":"0.00"}},{"$f":"+'Block Breakdown This'!O22+'Block Breakdown Prev'!O22","v":{"v":0,"d":"0.00"}},{"$f":"+'Block Breakdown This'!P22+'Block Breakdown Prev'!P22","v":{"v":0,"d":"0.00"}},{"$f":"+'Block Breakdown This'!Q22+'Block Breakdown Prev'!Q22","v":{"v":0,"d":"0.00"}},{"$f":"+'Block Breakdown This'!R22+'Block Breakdown Prev'!R22","v":{"v":0,"d":"0.00"}},{"$f":"+'Block Breakdown This'!S22+'Block Breakdown Prev'!S22","v":{"v":0,"d":"0.00"}},{"$f":"+'Block Breakdown This'!T22+'Block Breakdown Prev'!T22","v":{"v":0,"d":"0.00"}},{"$f":"+'Block Breakdown This'!U22+'Block Breakdown Prev'!U22","v":{"v":0,"d":"0.00"}},{"$f":"+'Block Breakdown This'!V22+'Block Breakdown Prev'!V22","v":{"v":0,"d":"0.00"}},{"$f":"+'Block Breakdown This'!W22+'Block Breakdown Prev'!W22","v":{"v":0,"d":"0.00"}},{"$f":"+'Block Breakdown This'!X22+'Block Breakdown Prev'!X22","v":{"v":0,"d":"0.00"}},{"$f":"+'Block Breakdown This'!Y22+'Block Breakdown Prev'!Y22","v":{"v":0,"d":"0.00"}},{"v":0,"d":"0.00"},{"$f":"G22*E22","v":0},{"$f":"H22*E22","v":0},{"$f":"I22*E22","v":0},{"$f":"J22*E22","v":0},{"$f":"K22*E22","v":0},{"$f":"L22*E22","v":0},0,{"$f":"N22*E22","v":0},{"$f":"O22*E22","v":0},{"$f":"P22*E22","v":0},{"$f":"Q22*E22","v":0},{"$f":"R22*E22","v":0},{"$f":"S22*E22","v":0},{"$f":"T22*E22","v":0},{"$f":"W22*E22","v":0},{"$f":"X22*E22","v":0},{"$f":"Y22*E22","v":0},0,{"$f":"+E22*Z22","v":{"v":0,"d":"0.00"}}]
[{"$nulls":32},0]
[{"v":1.4,"d":"1.40"},"UPS System complete for the Main Hospital","Sum",1,{"v":3200000,"d":"3,200,000.00"},{"$f":"$D24*E24","v":{"v":3200000,"d":"3,200,000.00"}},{"$f":"+'Block Breakdown This'!G24+'Block Breakdown Prev'!G24","v":{"v":0,"d":"0.00"}},{"$f":"+'Block Breakdown This'!H24+'Block Breakdown Prev'!H24","v":{"v":0,"d":"0.00"}},{"$f":"+'Block Breakdown This'!I24+'Block Breakdown Prev'!I24","v":{"v":0,"d":"0.00"}},{"$f":"+'Block Breakdown This'!J24+'Block Breakdown Prev'!J24","v":{"v":0,"d":"0.00"}},{"$f":"+'Block Breakdown This'!K24+'Block Breakdown Prev'!K24","v":{"v":0,"d":"0.00"}},{"$f":"+'Block Breakdown This'!L24+'Block Breakdown Prev'!L24","v":{"v":0,"d":"0.00"}},{"$f":"+'Block Breakdown This'!M24+'Block Breakdown Prev'!M24","v":{"v":0,"d":"0.00"}},{"$f":"+'Block Breakdown This'!N24+'Block Breakdown Prev'!N24","v":{"v":0,"d":"0.00"}},{"$f":"+'Block Breakdown This'!O24+'Block Breakdown Prev'!O24","v":{"v":0,"d":"0.00"}},{"$f":"+'Block Breakdown This'!P24+'Block Breakdown Prev'!P24","v":{"v":0,"d":"0.00"}},{"$f":"+'Block Breakdown This'!Q24+'Block Breakdown Prev'!Q24","v":{"v":0,"d":"0.00"}},{"$f":"+'Block Breakdown This'!R24+'Block Breakdown Prev'!R24","v":{"v":0,"d":"0.00"}},{"$f":"+'Block Breakdown This'!S24+'Block Breakdown Prev'!S24","v":{"v":0,"d":"0.00"}},{"$f":"+'Block Breakdown This'!T24+'Block Breakdown Prev'!T24","v":{"v":0,"d":"0.00"}},{"$f":"+'Block Breakdown This'!U24+'Block Breakdown Prev'!U24","v":{"v":0,"d":"0.00"}},{"$f":"+'Block Breakdown This'!V24+'Block Breakdown Prev'!V24","v":{"v":0,"d":"0.00"}},{"$f":"+'Block Breakdown This'!W24+'Block Breakdown Prev'!W24","v":{"v":0,"d":"0.00"}},{"$f":"+'Block Breakdown This'!X24+'Block Breakdown Prev'!X24","v":{"v":0,"d":"0.00"}},{"$f":"+'Block Breakdown This'!Y24+'Block Breakdown Prev'!Y24","v":{"v":0,"d":"0.00"}},{"v":0,"d":"0.00"},{"$f":"G24*E24","v":0},{"$f":"H24*E24","v":0},{"$f":"I24*E24","v":0},{"$f":"J24*E24","v":0},{"$f":"K24*E24","v":0},{"$f":"L24*E24","v":0},0,{"$f":"N24*E24","v":0},{"$f":"O24*E24","v":0},{"$f":"P24*E24","v":0},{"$f":"Q24*E24","v":0},{"$f":"R24*E24","v":0},{"$f":"S24*E24","v":0},{"$f":"T24*E24","v":0},{"$f":"W24*E24","v":0},{"$f":"X24*E24","v":0},{"$f":"Y24*E24","v":0},0,{"$f":"+E24*Z24","v":{"v":0,"d":"0.00"}}]
[{"$nulls":32},0]
["1.4.1","Contractor's Profit on the above amount","%"," ",{"v":0.025,"d":"0.03"},{"$f":"F24*E26","v":{"v":80000,"d":"80,000.00"}},{"$f":"+'Block Breakdown This'!G26+'Block Breakdown Prev'!G26","v":{"v":0,"d":"0.00"}},{"$f":"+'Block Breakdown This'!H26+'Block Breakdown Prev'!H26","v":{"v":0,"d":"0.00"}},{"$f":"+'Block Breakdown This'!I26+'Block Breakdown Prev'!I26","v":{"v":0,"d":"0.00"}},{"$f":"+'Block Breakdown This'!J26+'Block Breakdown Prev'!J26","v":{"v":0,"d":"0.00"}},{"$f":"+'Block Breakdown This'!K26+'Block Breakdown Prev'!K26","v":{"v":0,"d":"0.00"}},{"$f":"+'Block Breakdown This'!L26+'Block Breakdown Prev'!L26","v":{"v":0,"d":"0.00"}},{"$f":"+'Block Breakdown This'!M26+'Block Breakdown Prev'!M26","v":{"v":0,"d":"0.00"}},{"$f":"+'Block Breakdown This'!N26+'Block Breakdown Prev'!N26","v":{"v":0,"d":"0.00"}},{"$f":"+'Block Breakdown This'!O26+'Block Breakdown Prev'!O26","v":{"v":0,"d":"0.00"}},{"$f":"+'Block Breakdown This'!P26+'Block Breakdown Prev'!P26","v":{"v":0,"d":"0.00"}},{"$f":"+'Block Breakdown This'!Q26+'Block Breakdown Prev'!Q26","v":{"v":0,"d":"0.00"}},{"$f":"+'Block Breakdown This'!R26+'Block Breakdown Prev'!R26","v":{"v":0,"d":"0.00"}},{"$f":"+'Block Breakdown This'!S26+'Block Breakdown Prev'!S26","v":{"v":0,"d":"0.00"}},{"$f":"+'Block Breakdown This'!T26+'Block Breakdown Prev'!T26","v":{"v":0,"d":"0.00"}},{"$f":"+'Block Breakdown This'!U26+'Block Breakdown Prev'!U26","v":{"v":0,"d":"0.00"}},{"$f":"+'Block Breakdown This'!V26+'Block Breakdown Prev'!V26","v":{"v":0,"d":"0.00"}},{"$f":"+'Block Breakdown This'!W26+'Block Breakdown Prev'!W26","v":{"v":0,"d":"0.00"}},{"$f":"+'Block Breakdown This'!X26+'Block Breakdown Prev'!X26","v":{"v":0,"d":"0.00"}},{"$f":"+'Block Breakdown This'!Y26+'Block Breakdown Prev'!Y26","v":{"v":0,"d":"0.00"}},{"v":0,"d":"0.00"},{"$f":"G26*E26","v":0},{"$f":"H26*E26","v":0},{"$f":"I26*E26","v":0},{"$f":"J26*E26","v":0},{"$f":"K26*E26","v":0},{"$f":"L26*E26","v":0},0,{"$f":"N26*E26","v":0},{"$f":"O26*E26","v":0},{"$f":"P26*E26","v":0},{"$f":"Q26*E26","v":0},{"$f":"R26*E26","v":0},{"$f":"S26*E26","v":0},{"$f":"T26*E26","v":0},{"$f":"W26*E26","v":0},{"$f":"X26*E26","v":0},{"$f":"Y26*E26","v":0},0,{"$f":"+E26*Z26","v":{"v":0,"d":"0.00"}}]
[{"$nulls":32},0]
[{"v":1.5,"d":"1.50"},"Connection Fees for Power Supply ","Sum",1,{"v":9000000,"d":"9,000,000.00"},{"$f":"$D28*E28","v":{"v":9000000,"d":"9,000,000.00"}},{"$f":"+'Block Breakdown This'!G28+'Block Breakdown Prev'!G28","v":{"v":0,"d":"0.00"}},{"$f":"+'Block Breakdown This'!H28+'Block Breakdown Prev'!H28","v":{"v":0,"d":"0.00"}},{"$f":"+'Block Breakdown This'!I28+'Block Breakdown Prev'!I28","v":{"v":0,"d":"0.00"}},{"$f":"+'Block Breakdown This'!J28+'Block Breakdown Prev'!J28","v":{"v":0,"d":"0.00"}},{"$f":"+'Block Breakdown This'!K28+'Block Breakdown Prev'!K28","v":{"v":0,"d":"0.00"}},{"$f":"+'Block Breakdown This'!L28+'Block Breakdown Prev'!L28","v":{"v":0,"d":"0.00"}},{"$f":"+'Block Breakdown This'!M28+'Block Breakdown Prev'!M28","v":{"v":0,"d":"0.00"}},{"$f":"+'Block Breakdown This'!N28+'Block Breakdown Prev'!N28","v":{"v":0,"d":"0.00"}},{"$f":"+'Block Breakdown This'!O28+'Block Breakdown Prev'!O28","v":{"v":0,"d":"0.00"}},{"$f":"+'Block Breakdown This'!P28+'Block Breakdown Prev'!P28","v":{"v":0,"d":"0.00"}},{"$f":"+'Block Breakdown This'!Q28+'Block Breakdown Prev'!Q28","v":{"v":0,"d":"0.00"}},{"$f":"+'Block Breakdown This'!R28+'Block Breakdown Prev'!R28","v":{"v":0,"d":"0.00"}},{"$f":"+'Block Breakdown This'!S28+'Block Breakdown Prev'!S28","v":{"v":0,"d":"0.00"}},{"$f":"+'Block Breakdown This'!T28+'Block Breakdown Prev'!T28","v":{"v":0,"d":"0.00"}},{"$f":"+'Block Breakdown This'!U28+'Block Breakdown Prev'!U28","v":{"v":0,"d":"0.00"}},{"$f":"+'Block Breakdown This'!V28+'Block Breakdown Prev'!V28","v":{"v":0,"d":"0.00"}},{"$f":"+'Block Breakdown This'!W28+'Block Breakdown Prev'!W28","v":{"v":0,"d":"0.00"}},{"$f":"+'Block Breakdown This'!X28+'Block Breakdown Prev'!X28","v":{"v":0,"d":"0.00"}},{"$f":"+'Block Breakdown This'!Y28+'Block Breakdown Prev'!Y28","v":{"v":0,"d":"0.00"}},{"v":0,"d":"0.00"},{"$f":"G28*E28","v":0},{"$f":"H28*E28","v":0},{"$f":"I28*E28","v":0},{"$f":"J28*E28","v":0},{"$f":"K28*E28","v":0},{"$f":"L28*E28","v":0},0,{"$f":"N28*E28","v":0},{"$f":"O28*E28","v":0},{"$f":"P28*E28","v":0},{"$f":"Q28*E28","v":0},{"$f":"R28*E28","v":0},{"$f":"S28*E28","v":0},{"$f":"T28*E28","v":0},{"$f":"W28*E28","v":0},{"$f":"X28*E28","v":0},{"$f":"Y28*E28","v":0},0,{"$f":"+E28*Z28","v":{"v":0,"d":"0.00"}}]
[{"$nulls":32},0]
["1.5.1","Contractor's Profit on the above amount","%"," ",0.01,{"$f":"F28*E30","v":{"v":90000,"d":"90,000.00"}},{"$f":"+'Block Breakdown This'!G30+'Block Breakdown Prev'!G30","v":{"v":0,"d":"0.00"}},{"$f":"+'Block Breakdown This'!H30+'Block Breakdown Prev'!H30","v":{"v":0,"d":"0.00"}},{"$f":"+'Block Breakdown This'!I30+'Block Breakdown Prev'!I30","v":{"v":0,"d":"0.00"}},{"$f":"+'Block Breakdown This'!J30+'Block Breakdown Prev'!J30","v":{"v":0,"d":"0.00"}},{"$f":"+'Block Breakdown This'!K30+'Block Breakdown Prev'!K30","v":{"v":0,"d":"0.00"}},{"$f":"+'Block Breakdown This'!L30+'Block Breakdown Prev'!L30","v":{"v":0,"d":"0.00"}},{"$f":"+'Block Breakdown This'!M30+'Block Breakdown Prev'!M30","v":{"v":0,"d":"0.00"}},{"$f":"+'Block Breakdown This'!N30+'Block Breakdown Prev'!N30","v":{"v":0,"d":"0.00"}},{"$f":"+'Block Breakdown This'!O30+'Block Breakdown Prev'!O30","v":{"v":0,"d":"0.00"}},{"$f":"+'Block Breakdown This'!P30+'Block Breakdown Prev'!P30","v":{"v":0,"d":"0.00"}},{"$f":"+'Block Breakdown This'!Q30+'Block Breakdown Prev'!Q30","v":{"v":0,"d":"0.00"}},{"$f":"+'Block Breakdown This'!R30+'Block Breakdown Prev'!R30","v":{"v":0,"d":"0.00"}},{"$f":"+'Block Breakdown This'!S30+'Block Breakdown Prev'!S30","v":{"v":0,"d":"0.00"}},{"$f":"+'Block Breakdown This'!T30+'Block Breakdown Prev'!T30","v":{"v":0,"d":"0.00"}},{"$f":"+'Block Breakdown This'!U30+'Block Breakdown Prev'!U30","v":{"v":0,"d":"0.00"}},{"$f":"+'Block Breakdown This'!V30+'Block Breakdown Prev'!V30","v":{"v":0,"d":"0.00"}},{"$f":"+'Block Breakdown This'!W30+'Block Breakdown Prev'!W30","v":{"v":0,"d":"0.00"}},{"$f":"+'Block Breakdown This'!X30+'Block Breakdown Prev'!X30","v":{"v":0,"d":"0.00"}},{"$f":"+'Block Breakdown This'!Y30+'Block Breakdown Prev'!Y30","v":{"v":0,"d":"0.00"}},{"v":0,"d":"0.00"},{"$f":"G30*E30","v":0},{"$f":"H30*E30","v":0},{"$f":"I30*E30","v":0},{"$f":"J30*E30","v":0},{"$f":"K30*E30","v":0},{"$f":"L30*E30","v":0},0,{"$f":"N30*E30","v":0},{"$f":"O30*E30","v":0},{"$f":"P30*E30","v":0},{"$f":"Q30*E30","v":0},{"$f":"R30*E30","v":0},{"$f":"S30*E30","v":0},{"$f":"T30*E30","v":0},{"$f":"W30*E30","v":0},{"$f":"X30*E30","v":0},{"$f":"Y30*E30","v":0},0,{"$f":"+E30*Z30","v":{"v":0,"d":"0.00"}}]
[{"$nulls":32},0]
[{"v":1.6,"d":"1.60"},"Dome lighting System complete as per specialist lighting Engineer","Sum",1,{"v":350000,"d":"350,000.00"},{"$f":"$D32*E32","v":{"v":350000,"d":"350,000.00"}},{"$f":"+'Block Breakdown This'!G32+'Block Breakdown Prev'!G32","v":{"v":0,"d":"0.00"}},{"$f":"+'Block Breakdown This'!H32+'Block Breakdown Prev'!H32","v":{"v":0,"d":"0.00"}},{"$f":"+'Block Breakdown This'!I32+'Block Breakdown Prev'!I32","v":{"v":0,"d":"0.00"}},{"$f":"+'Block Breakdown This'!J32+'Block Breakdown Prev'!J32","v":{"v":0,"d":"0.00"}},{"$f":"+'Block Breakdown This'!K32+'Block Breakdown Prev'!K32","v":{"v":0,"d":"0.00"}},{"$f":"+'Block Breakdown This'!L32+'Block Breakdown Prev'!L32","v":{"v":0,"d":"0.00"}},{"$f":"+'Block Breakdown This'!M32+'Block Breakdown Prev'!M32","v":{"v":0,"d":"0.00"}},{"$f":"+'Block Breakdown This'!N32+'Block Breakdown Prev'!N32","v":{"v":0,"d":"0.00"}},{"$f":"+'Block Breakdown This'!O32+'Block Breakdown Prev'!O32","v":{"v":0,"d":"0.00"}},{"$f":"+'Block Breakdown This'!P32+'Block Breakdown Prev'!P32","v":{"v":0,"d":"0.00"}},{"$f":"+'Block Breakdown This'!Q32+'Block Breakdown Prev'!Q32","v":{"v":0,"d":"0.00"}},{"$f":"+'Block Breakdown This'!R32+'Block Breakdown Prev'!R32","v":{"v":0,"d":"0.00"}},{"$f":"+'Block Breakdown This'!S32+'Block Breakdown Prev'!S32","v":{"v":0,"d":"0.00"}},{"$f":"+'Block Breakdown This'!T32+'Block Breakdown Prev'!T32","v":{"v":0,"d":"0.00"}},{"$f":"+'Block Breakdown This'!U32+'Block Breakdown Prev'!U32","v":{"v":0,"d":"0.00"}},{"$f":"+'Block Breakdown This'!V32+'Block Breakdown Prev'!V32","v":{"v":0,"d":"0.00"}},{"$f":"+'Block Breakdown This'!W32+'Block Breakdown Prev'!W32","v":{"v":0,"d":"0.00"}},{"$f":"+'Block Breakdown This'!X32+'Block Breakdown Prev'!X32","v":{"v":0,"d":"0.00"}},{"$f":"+'Block Breakdown This'!Y32+'Block Breakdown Prev'!Y32","v":{"v":0,"d":"0.00"}},{"v":0,"d":"0.00"},{"$f":"G32*E32","v":0},{"$f":"H32*E32","v":0},{"$f":"I32*E32","v":0},{"$f":"J32*E32","v":0},{"$f":"K32*E32","v":0},{"$f":"L32*E32","v":0},0,{"$f":"N32*E32","v":0},{"$f":"O32*E32","v":0},{"$f":"P32*E32","v":0},{"$f":"Q32*E32","v":0},{"$f":"R32*E32","v":0},{"$f":"S32*E32","v":0},{"$f":"T32*E32","v":0},{"$f":"W32*E32","v":0},{"$f":"X32*E32","v":0},{"$f":"Y32*E32","v":0},0,{"$f":"+E32*Z32","v":{"v":0,"d":"0.00"}}]
[{"$nulls":32},0]
["1.6.1","Contractor's Profit on the above amount","%"," ",{"v":0.1,"d":"0.10"},{"$f":"F32*E34","v":{"v":35000,"d":"35,000.00"}},{"$f":"+'Block Breakdown This'!G34+'Block Breakdown Prev'!G34","v":{"v":0,"d":"0.00"}},{"$f":"+'Block Breakdown This'!H34+'Block Breakdown Prev'!H34","v":{"v":0,"d":"0.00"}},{"$f":"+'Block Breakdown This'!I34+'Block Breakdown Prev'!I34","v":{"v":0,"d":"0.00"}},{"$f":"+'Block Breakdown This'!J34+'Block Breakdown Prev'!J34","v":{"v":0,"d":"0.00"}},{"$f":"+'Block Breakdown This'!K34+'Block Breakdown Prev'!K34","v":{"v":0,"d":"0.00"}},{"$f":"+'Block Breakdown This'!L34+'Block Breakdown Prev'!L34","v":{"v":0,"d":"0.00"}},{"$f":"+'Block Breakdown This'!M34+'Block Breakdown Prev'!M34","v":{"v":0,"d":"0.00"}},{"$f":"+'Block Breakdown This'!N34+'Block Breakdown Prev'!N34","v":{"v":0,"d":"0.00"}},{"$f":"+'Block Breakdown This'!O34+'Block Breakdown Prev'!O34","v":{"v":0,"d":"0.00"}},{"$f":"+'Block Breakdown This'!P34+'Block Breakdown Prev'!P34","v":{"v":0,"d":"0.00"}},{"$f":"+'Block Breakdown This'!Q34+'Block Breakdown Prev'!Q34","v":{"v":0,"d":"0.00"}},{"$f":"+'Block Breakdown This'!R34+'Block Breakdown Prev'!R34","v":{"v":0,"d":"0.00"}},{"$f":"+'Block Breakdown This'!S34+'Block Breakdown Prev'!S34","v":{"v":0,"d":"0.00"}},{"$f":"+'Block Breakdown This'!T34+'Block Breakdown Prev'!T34","v":{"v":0,"d":"0.00"}},{"$f":"+'Block Breakdown This'!U34+'Block Breakdown Prev'!U34","v":{"v":0,"d":"0.00"}},{"$f":"+'Block Breakdown This'!V34+'Block Breakdown Prev'!V34","v":{"v":0,"d":"0.00"}},{"$f":"+'Block Breakdown This'!W34+'Block Breakdown Prev'!W34","v":{"v":0,"d":"0.00"}},{"$f":"+'Block Breakdown This'!X34+'Block Breakdown Prev'!X34","v":{"v":0,"d":"0.00"}},{"$f":"+'Block Breakdown This'!Y34+'Block Breakdown Prev'!Y34","v":{"v":0,"d":"0.00"}},{"v":0,"d":"0.00"},{"$f":"G34*E34","v":0},{"$f":"H34*E34","v":0},{"$f":"I34*E34","v":0},{"$f":"J34*E34","v":0},{"$f":"K34*E34","v":0},{"$f":"L34*E34","v":0},0,{"$f":"N34*E34","v":0},{"$f":"O34*E34","v":0},{"$f":"P34*E34","v":0},{"$f":"Q34*E34","v":0},{"$f":"R34*E34","v":0},{"$f":"S34*E34","v":0},{"$f":"T34*E34","v":0},{"$f":"W34*E34","v":0},{"$f":"X34*E34","v":0},{"$f":"Y34*E34","v":0},0,{"$f":"+E34*Z34","v":{"v":0,"d":"0.00"}}]
[{"$nulls":32},0]
[{"v":1.7,"d":"1.70"},"Power Monitoring System complete as per specialist Contractor","Sum",1,{"v":2000000,"d":"2,000,000.00"},{"$f":"$D36*E36","v":{"v":2000000,"d":"2,000,000.00"}},{"$f":"+'Block Breakdown This'!G36+'Block Breakdown Prev'!G36","v":{"v":0,"d":"0.00"}},{"$f":"+'Block Breakdown This'!H36+'Block Breakdown Prev'!H36","v":{"v":0,"d":"0.00"}},{"$f":"+'Block Breakdown This'!I36+'Block Breakdown Prev'!I36","v":{"v":0,"d":"0.00"}},{"$f":"+'Block Breakdown This'!J36+'Block Breakdown Prev'!J36","v":{"v":0,"d":"0.00"}},{"$f":"+'Block Breakdown This'!K36+'Block Breakdown Prev'!K36","v":{"v":0,"d":"0.00"}},{"$f":"+'Block Breakdown This'!L36+'Block Breakdown Prev'!L36","v":{"v":0,"d":"0.00"}},{"$f":"+'Block Breakdown This'!M36+'Block Breakdown Prev'!M36","v":{"v":0,"d":"0.00"}},{"$f":"+'Block Breakdown This'!N36+'Block Breakdown Prev'!N36","v":{"v":0,"d":"0.00"}},{"$f":"+'Block Breakdown This'!O36+'Block Breakdown Prev'!O36","v":{"v":0,"d":"0.00"}},{"$f":"+'Block Breakdown This'!P36+'Block Breakdown Prev'!P36","v":{"v":0,"d":"0.00"}},{"$f":"+'Block Breakdown This'!Q36+'Block Breakdown Prev'!Q36","v":{"v":0,"d":"0.00"}},{"$f":"+'Block Breakdown This'!R36+'Block Breakdown Prev'!R36","v":{"v":0,"d":"0.00"}},{"$f":"+'Block Breakdown This'!S36+'Block Breakdown Prev'!S36","v":{"v":0,"d":"0.00"}},{"$f":"+'Block Breakdown This'!T36+'Block Breakdown Prev'!T36","v":{"v":0,"d":"0.00"}},{"$f":"+'Block Breakdown This'!U36+'Block Breakdown Prev'!U36","v":{"v":0,"d":"0.00"}},{"$f":"+'Block Breakdown This'!V36+'Block Breakdown Prev'!V36","v":{"v":0,"d":"0.00"}},{"$f":"+'Block Breakdown This'!W36+'Block Breakdown Prev'!W36","v":{"v":0,"d":"0.00"}},{"$f":"+'Block Breakdown This'!X36+'Block Breakdown Prev'!X36","v":{"v":0,"d":"0.00"}},{"$f":"+'Block Breakdown This'!Y36+'Block Breakdown Prev'!Y36","v":{"v":0,"d":"0.00"}},{"v":0,"d":"0.00"},{"$f":"G36*E36","v":0},{"$f":"H36*E36","v":0},{"$f":"I36*E36","v":0},{"$f":"J36*E36","v":0},{"$f":"K36*E36","v":0},{"$f":"L36*E36","v":0},0,{"$f":"N36*E36","v":0},{"$f":"O36*E36","v":0},{"$f":"P36*E36","v":0},{"$f":"Q36*E36","v":0},{"$f":"R36*E36","v":0},{"$f":"S36*E36","v":0},{"$f":"T36*E36","v":0},{"$f":"W36*E36","v":0},{"$f":"X36*E36","v":0},{"$f":"Y36*E36","v":0},0,{"$f":"+E36*Z36","v":{"v":0,"d":"0.00"}}]
[{"$nulls":32},0]
["1.7.1","Contractor's Profit on the above amount","%"," ",{"v":0.025,"d":"0.03"},{"$f":"F36*E38","v":{"v":50000,"d":"50,000.00"}},{"$f":"+'Block Breakdown This'!G38+'Block Breakdown Prev'!G38","v":{"v":0,"d":"0.00"}},{"$f":"+'Block Breakdown This'!H38+'Block Breakdown Prev'!H38","v":{"v":0,"d":"0.00"}},{"$f":"+'Block Breakdown This'!I38+'Block Breakdown Prev'!I38","v":{"v":0,"d":"0.00"}},{"$f":"+'Block Breakdown This'!J38+'Block Breakdown Prev'!J38","v":{"v":0,"d":"0.00"}},{"$f":"+'Block Breakdown This'!K38+'Block Breakdown Prev'!K38","v":{"v":0,"d":"0.00"}},{"$f":"+'Block Breakdown This'!L38+'Block Breakdown Prev'!L38","v":{"v":0,"d":"0.00"}},{"$f":"+'Block Breakdown This'!M38+'Block Breakdown Prev'!M38","v":{"v":0,"d":"0.00"}},{"$f":"+'Block Breakdown This'!N38+'Block Breakdown Prev'!N38","v":{"v":0,"d":"0.00"}},{"$f":"+'Block Breakdown This'!O38+'Block Breakdown Prev'!O38","v":{"v":0,"d":"0.00"}},{"$f":"+'Block Breakdown This'!P38+'Block Breakdown Prev'!P38","v":{"v":0,"d":"0.00"}},{"$f":"+'Block Breakdown This'!Q38+'Block Breakdown Prev'!Q38","v":{"v":0,"d":"0.00"}},{"$f":"+'Block Breakdown This'!R38+'Block Breakdown Prev'!R38","v":{"v":0,"d":"0.00"}},{"$f":"+'Block Breakdown This'!S38+'Block Breakdown Prev'!S38","v":{"v":0,"d":"0.00"}},{"$f":"+'Block Breakdown This'!T38+'Block Breakdown Prev'!T38","v":{"v":0,"d":"0.00"}},{"$f":"+'Block Breakdown This'!U38+'Block Breakdown Prev'!U38","v":{"v":0,"d":"0.00"}},{"$f":"+'Block Breakdown This'!V38+'Block Breakdown Prev'!V38","v":{"v":0,"d":"0.00"}},{"$f":"+'Block Breakdown This'!W38+'Block Breakdown Prev'!W38","v":{"v":0,"d":"0.00"}},{"$f":"+'Block Breakdown This'!X38+'Block Breakdown Prev'!X38","v":{"v":0,"d":"0.00"}},{"$f":"+'Block Breakdown This'!Y38+'Block Breakdown Prev'!Y38","v":{"v":0,"d":"0.00"}},{"v":0,"d":"0.00"},{"$f":"G38*E38","v":0},{"$f":"H38*E38","v":0},{"$f":"I38*E38","v":0},{"$f":"J38*E38","v":0},{"$f":"K38*E38","v":0},{"$f":"L38*E38","v":0},0,{"$f":"N38*E38","v":0},{"$f":"O38*E38","v":0},{"$f":"P38*E38","v":0},{"$f":"Q38*E38","v":0},{"$f":"R38*E38","v":0},{"$f":"S38*E38","v":0},{"$f":"T38*E38","v":0},{"$f":"W38*E38","v":0},{"$f":"X38*E38","v":0},{"$f":"Y38*E38","v":0},0,{"$f":"+E38*Z38","v":{"v":0,"d":"0.00"}}]
[{"$nulls":32},0]
[{"v":1.8,"d":"1.80"},"Building Management System complete as per specialist Contractor","Sum",1,{"v":2100000,"d":"2,100,000.00"},{"$f":"$D40*E40","v":{"v":2100000,"d":"2,100,000.00"}},{"$f":"+'Block Breakdown This'!G40+'Block Breakdown Prev'!G40","v":{"v":0,"d":"0.00"}},{"$f":"+'Block Breakdown This'!H40+'Block Breakdown Prev'!H40","v":{"v":0,"d":"0.00"}},{"$f":"+'Block Breakdown This'!I40+'Block Breakdown Prev'!I40","v":{"v":0,"d":"0.00"}},{"$f":"+'Block Breakdown This'!J40+'Block Breakdown Prev'!J40","v":{"v":0,"d":"0.00"}},{"$f":"+'Block Breakdown This'!K40+'Block Breakdown Prev'!K40","v":{"v":0,"d":"0.00"}},{"$f":"+'Block Breakdown This'!L40+'Block Breakdown Prev'!L40","v":{"v":0,"d":"0.00"}},{"$f":"+'Block Breakdown This'!M40+'Block Breakdown Prev'!M40","v":{"v":0,"d":"0.00"}},{"$f":"+'Block Breakdown This'!N40+'Block Breakdown Prev'!N40","v":{"v":0,"d":"0.00"}},{"$f":"+'Block Breakdown This'!O40+'Block Breakdown Prev'!O40","v":{"v":0,"d":"0.00"}},{"$f":"+'Block Breakdown This'!P40+'Block Breakdown Prev'!P40","v":{"v":0,"d":"0.00"}},{"$f":"+'Block Breakdown This'!Q40+'Block Breakdown Prev'!Q40","v":{"v":0,"d":"0.00"}},{"$f":"+'Block Breakdown This'!R40+'Block Breakdown Prev'!R40","v":{"v":0,"d":"0.00"}},{"$f":"+'Block Breakdown This'!S40+'Block Breakdown Prev'!S40","v":{"v":0,"d":"0.00"}},{"$f":"+'Block Breakdown This'!T40+'Block Breakdown Prev'!T40","v":{"v":0,"d":"0.00"}},{"$f":"+'Block Breakdown This'!U40+'Block Breakdown Prev'!U40","v":{"v":0,"d":"0.00"}},{"$f":"+'Block Breakdown This'!V40+'Block Breakdown Prev'!V40","v":{"v":0,"d":"0.00"}},{"$f":"+'Block Breakdown This'!W40+'Block Breakdown Prev'!W40","v":{"v":0,"d":"0.00"}},{"$f":"+'Block Breakdown This'!X40+'Block Breakdown Prev'!X40","v":{"v":0,"d":"0.00"}},{"$f":"+'Block Breakdown This'!Y40+'Block Breakdown Prev'!Y40","v":{"v":0,"d":"0.00"}},{"v":0,"d":"0.00"},{"$f":"G40*E40","v":0},{"$f":"H40*E40","v":0},{"$f":"I40*E40","v":0},{"$f":"J40*E40","v":0},{"$f":"K40*E40","v":0},{"$f":"L40*E40","v":0},0,{"$f":"N40*E40","v":0},{"$f":"O40*E40","v":0},{"$f":"P40*E40","v":0},{"$f":"Q40*E40","v":0},{"$f":"R40*E40","v":0},{"$f":"S40*E40","v":0},{"$f":"T40*E40","v":0},{"$f":"W40*E40","v":0},{"$f":"X40*E40","v":0},{"$f":"Y40*E40","v":0},0,{"$f":"+E40*Z40","v":{"v":0,"d":"0.00"}}]
[{"$nulls":32},0]
["1.8.1","Contractor's Profit on the above amount","%"," ",{"v":0.025,"d":"0.03"},{"$f":"F40*E42","v":{"v":52500,"d":"52,500.00"}},{"$f":"+'Block Breakdown This'!G42+'Block Breakdown Prev'!G42","v":{"v":0,"d":"0.00"}},{"$f":"+'Block Breakdown This'!H42+'Block Breakdown Prev'!H42","v":{"v":0,"d":"0.00"}},{"$f":"+'Block Breakdown This'!I42+'Block Breakdown Prev'!I42","v":{"v":0,"d":"0.00"}},{"$f":"+'Block Breakdown This'!J42+'Block Breakdown Prev'!J42","v":{"v":0,"d":"0.00"}},{"$f":"+'Block Breakdown This'!K42+'Block Breakdown Prev'!K42","v":{"v":0,"d":"0.00"}},{"$f":"+'Block Breakdown This'!L42+'Block Breakdown Prev'!L42","v":{"v":0,"d":"0.00"}},{"$f":"+'Block Breakdown This'!M42+'Block Breakdown Prev'!M42","v":{"v":0,"d":"0.00"}},{"$f":"+'Block Breakdown This'!N42+'Block Breakdown Prev'!N42","v":{"v":0,"d":"0.00"}},{"$f":"+'Block Breakdown This'!O42+'Block Breakdown Prev'!O42","v":{"v":0,"d":"0.00"}},{"$f":"+'Block Breakdown This'!P42+'Block Breakdown Prev'!P42","v":{"v":0,"d":"0.00"}},{"$f":"+'Block Breakdown This'!Q42+'Block Breakdown Prev'!Q42","v":{"v":0,"d":"0.00"}},{"$f":"+'Block Breakdown This'!R42+'Block Breakdown Prev'!R42","v":{"v":0,"d":"0.00"}},{"$f":"+'Block Breakdown This'!S42+'Block Breakdown Prev'!S42","v":{"v":0,"d":"0.00"}},{"$f":"+'Block Breakdown This'!T42+'Block Breakdown Prev'!T42","v":{"v":0,"d":"0.00"}},{"$f":"+'Block Breakdown This'!U42+'Block Breakdown Prev'!U42","v":{"v":0,"d":"0.00"}},{"$f":"+'Block Breakdown This'!V42+'Block Breakdown Prev'!V42","v":{"v":0,"d":"0.00"}},{"$f":"+'Block Breakdown This'!W42+'Block Breakdown Prev'!W42","v":{"v":0,"d":"0.00"}},{"$f":"+'Block Breakdown This'!X42+'Block Breakdown Prev'!X42","v":{"v":0,"d":"0.00"}},{"$f":"+'Block Breakdown This'!Y42+'Block Breakdown Prev'!Y42","v":{"v":0,"d":"0.00"}},{"$f":"SUM(G42:Y42)","v":{"v":0,"d":"0.00"}},{"$f":"G42*E42","v":0},{"$f":"H42*E42","v":0},{"$f":"I42*E42","v":0},{"$f":"J42*E42","v":0},{"$f":"K42*E42","v":0},{"$f":"L42*E42","v":0},0,{"$f":"N42*E42","v":0},{"$f":"O42*E42","v":0},{"$f":"P42*E42","v":0},{"$f":"Q42*E42","v":0},{"$f":"R42*E42","v":0},{"$f":"S42*E42","v":0},{"$f":"T42*E42","v":0},{"$f":"W42*E42","v":0},{"$f":"X42*E42","v":0},{"$f":"Y42*E42","v":0},0,{"$f":"+E42*Z42","v":{"v":0,"d":"0.00"}}]
[]
[]
[]
[null,"Amount Carried Forward",{"$nulls":3},{"$f":"SUM(F16:F45)","v":{"v":17370000,"d":"17,370,000.00"}},{"$nulls":38},{"$f":"SUM(AS16:AS45)","v":{"v":0,"d":"0.00"}}]
[]
["MAIN HOSPITAL ELECTRICAL INSTALLATION"]
["CECILIA MAKIWANE HOSPITAL : PHASE 4C"]
[]
["BILL NO. 2 : DISTRIBUTION BOARDS"]
["ITEM","DESCRIPTION","UNIT","QTY","RATE","TENDER AMOUNT","A","B","D","E1","E2","F1","F2","G1","G2","H1","H2","J1","J2","J3","Substation","G/House","K","N","Other","Total Qty","A","B","D","E1","E2","F1","F2","G1","G2","H1","H2","J1","J2","J3","K","N","Other","Total Amount","Total Claimed"]
[null,"AMOUNT CARRIED FORWARD FROM PREVIOUS BILL",{"$nulls":3},{"$f":"F46","v":{"v":17370000,"d":"17,370,000.00"}},{"$nulls":38},{"$f":"+AS46","v":{"v":0,"d":"0.00"}}]
[]
[{"v":1.1,"d":"1.10"},"Technical Training","Sum",1,{"v":250000,"d":"250,000.00"},{"$f":"$D55*E55","v":{"v":250000,"d":"250,000.00"}},{"$f":"+'Block Breakdown This'!G$55+'Block Breakdown Prev'!G$55","v":{"v":0,"d":"0.00"}},{"$f":"+'Block Breakdown This'!H55+'Block Breakdown Prev'!H55","v":{"v":0,"d":"0.00"}},{"$f":"+'Block Breakdown This'!I55+'Block Breakdown Prev'!I55","v":{"v":0,"d":"0.00"}},{"$f":"+'Block Breakdown This'!J55+'Block Breakdown Prev'!J55","v":{"v":0,"d":"0.00"}},{"$f":"+'Block Breakdown This'!K55+'Block Breakdown Prev'!K55","v":{"v":0,"d":"0.00"}},{"$f":"+'Block Breakdown This'!L55+'Block Breakdown Prev'!L55","v":{"v":0,"d":"0.00"}},{"$f":"+'Block Breakdown This'!M55+'Block Breakdown Prev'!M55","v":{"v":0,"d":"0.00"}},{"$f":"+'Block Breakdown This'!N55+'Block Breakdown Prev'!N55","v":{"v":0,"d":"0.00"}},{"$f":"+'Block Breakdown This'!O55+'Block Breakdown Prev'!O55","v":{"v":0,"d":"0.00"}},{"$f":"+'Block Breakdown This'!P55+'Block Breakdown Prev'!P55","v":{"v":0,"d":"0.00"}},{"$f":"+'Block Breakdown This'!Q55+'Block Breakdown Prev'!Q55","v":{"v":0,"d":"0.00"}},{"$f":"+'Block Breakdown This'!R55+'Block Breakdown Prev'!R55","v":{"v":0,"d":"0.00"}},{"$f":"+'Block Breakdown This'!S55+'Block Breakdown Prev'!S55","v":{"v":0,"d":"0.00"}},{"$f":"+'Block Breakdown This'!T55+'Block Breakdown Prev'!T55","v":{"v":0,"d":"0.00"}},{"$f":"+'Block Breakdown This'!U55+'Block Breakdown Prev'!U55","v":{"v":0,"d":"0.00"}},{"$f":"+'Block Breakdown This'!V55+'Block Breakdown Prev'!V55","v":{"v":0,"d":"0.00"}},{"$f":"+'Block Breakdown This'!W55+'Block Breakdown Prev'!W55","v":{"v":0,"d":"0.00"}},{"$f":"+'Block Breakdown This'!X55+'Block Breakdown Prev'!X55","v":{"v":0,"d":"0.00"}},{"$f":"+'Block Breakdown This'!Y55+'Block Breakdown Prev'!Y55","v":{"v":0.1,"d":"0.10"}},{"$f":"SUM(G55:Y55)","v":{"v":0.1,"d":"0.10"}},{"$f":"G55*E55","v":0},{"$f":"H55*E55","v":{"v":0,"d":"0.00"}},{"$f":"I55*E55","v":{"v":0,"d":"0.00"}},{"$f":"J55*E55","v":{"v":0,"d":"0.00"}},{"$f":"K55*E55","v":{"v":0,"d":"0.00"}},{"$f":"L55*E5","v":{"$error":"#VALUE!"}},{"$f":"+M55*E55","v":{"v":0,"d":"0.00"}},{"$f":"N55*E55","v":{"v":0,"d":"0.00"}},{"$f":"O55*E55","v":{"v":0,"d":"0.00"}},{"$f":"P55*E55","v":{"v":0,"d":"0.00"}},{"$f":"Q55*E55","v":{"v":0,"d":"0.00"}},{"$f":"R55*E55","v":{"v":0,"d":"0.00"}},{"$f":"S55*E55","v":{"v":0,"d":"0.00"}},{"$f":"T55*E55","v":{"v":0,"d":"0.00"}},{"$f":"W55*E55","v":{"v":0,"d":"0.00"}},{"$f":"X55*E55","v":{"v":0,"d":"0.00"}},{"$f":"Y55*E55","v":{"v":25000,"d":"25,000.00"}},{"$f":"SUM(AA55:AQ55)","v":{"$error":"#VALUE!"}},{"$f":"+E55*Z55","v":{"v":25000,"d":"25,000.00"}}]
[{"$nulls":3}," ",{"$nulls":28},{"v":0,"d":"0.00"},{"$nulls":11}," "]
["1.10.1","Contractor's Profit on the above amount","%"," ",{"v":0.1,"d":"0.10"},{"$f":"F55*E57","v":{"v":25000,"d":"25,000.00"}},{"$f":"+'Block Breakdown This'!G57+'Block Breakdown Prev'!G57","v":{"v":0,"d":"0.00"}},{"$f":"+'Block Breakdown This'!H57+'Block Breakdown Prev'!H57","v":{"v":0,"d":"0.00"}},{"$f":"+'Block Breakdown This'!I57+'Block Breakdown Prev'!I57","v":{"v":0,"d":"0.00"}},{"$f":"+'Block Breakdown This'!J57+'Block Breakdown Prev'!J57","v":{"v":0,"d":"0.00"}},{"$f":"+'Block Breakdown This'!K57+'Block Breakdown Prev'!K57","v":{"v":0,"d":"0.00"}},{"$f":"+'Block Breakdown This'!L57+'Block Breakdown Prev'!L57","v":{"v":0,"d":"0.00"}},{"$f":"+'Block Breakdown This'!M57+'Block Breakdown Prev'!M57","v":{"v":0,"d":"0.00"}},{"$f":"+'Block Breakdown This'!N57+'Block Breakdown Prev'!N57","v":{"v":0,"d":"0.00"}},{"$f":"+'Block Breakdown This'!O57+'Block Breakdown Prev'!O57","v":{"v":0,"d":"0.00"}},{"$f":"+'Block Breakdown This'!P57+'Block Breakdown Prev'!P57","v":{"v":0,"d":"0.00"}},{"$f":"+'Block Breakdown This'!Q57+'Block Breakdown Prev'!Q57","v":{"v":0,"d":"0.00"}},{"$f":"+'Block Breakdown This'!R57+'Block Breakdown Prev'!R57","v":{"v":0,"d":"0.00"}},{"$f":"+'Block Breakdown This'!S57+'Block Breakdown Prev'!S57","v":{"v":0,"d":"0.00"}},{"$f":"+'Block Breakdown This'!T57+'Block Breakdown Prev'!T57","v":{"v":0,"d":"0.00"}},{"$f":"+'Block Breakdown This'!U57+'Block Breakdown Prev'!U57","v":{"v":0,"d":"0.00"}},{"$f":"+'Block Breakdown This'!V57+'Block Breakdown Prev'!V57","v":{"v":0,"d":"0.00"}},{"$f":"+'Block Breakdown This'!W57+'Block Breakdown Prev'!W57","v":{"v":0,"d":"0.00"}},{"$f":"+'Block Breakdown This'!X57+'Block Breakdown Prev'!X57","v":{"v":0,"d":"0.00"}},{"$f":"+'Block Breakdown This'!Y57+'Block Breakdown Prev'!Y57","v":{"v":0.4,"d":"0.40"}},{"$f":"SUM(G57:Y57)","v":{"v":0.4,"d":"0.40"}},{"$f":"G57*E57","v":0},{"$f":"H57*E57","v":{"v":0,"d":"0.00"}},{"$f":"I57*E57","v":{"v":0,"d":"0.00"}},{"$f":"J57*E57","v":{"v":0,"d":"0.00"}},{"$f":"K57*E57","v":{"v":0,"d":"0.00"}},{"$f":"L57*E7","v":{"v":0,"d":"0.00"}},{"v":0,"d":"0.00"},{"$f":"N57*E57","v":{"v":0,"d":"0.00"}},{"$f":"O57*E57","v":{"v":0,"d":"0.00"}},{"$f":"P57*E57","v":{"v":0,"d":"0.00"}},{"$f":"Q57*E57","v":{"v":0,"d":"0.00"}},{"$f":"R57*E57","v":{"v":0,"d":"0.00"}},{"$f":"S57*E57","v":{"v":0,"d":"0.00"}},{"$f":"T57*E57","v":{"v":0,"d":"0.00"}},{"$f":"W57*E57","v":{"v":0,"d":"0.00"}},{"$f":"X57*E57","v":{"v":0,"d":"0.00"}},{"$f":"Y57*E57","v":{"v":0.04000000000000001,"d":"0.04"}},{"$f":"SUM(AA57:AQ57)","v":{"v":0.04000000000000001,"d":"0.04"}},{"$f":"+AS55*E57","v":{"v":2500,"d":"2,500.00"}}]
[{"$nulls":3}," ",{"$nulls":28},{"v":0,"d":"0.00"},{"$nulls":11}," "]
[1.11,"Life Skills Training","Sum",1,{"v":50000,"d":"50,000.00"},{"$f":"$D59*E59","v":{"v":50000,"d":"50,000.00"}},{"$f":"+'Block Breakdown This'!G59+'Block Breakdown Prev'!G59","v":{"v":0,"d":"0.00"}},{"$f":"+'Block Breakdown This'!H59+'Block Breakdown Prev'!H59","v":{"v":0,"d":"0.00"}},{"$f":"+'Block Breakdown This'!I59+'Block Breakdown Prev'!I59","v":{"v":0,"d":"0.00"}},{"$f":"+'Block Breakdown This'!J59+'Block Breakdown Prev'!J59","v":{"v":0,"d":"0.00"}},{"$f":"+'Block Breakdown This'!K59+'Block Breakdown Prev'!K59","v":{"v":0,"d":"0.00"}},{"$f":"+'Block Breakdown This'!L59+'Block Breakdown Prev'!L59","v":{"v":0,"d":"0.00"}},{"$f":"+'Block Breakdown This'!M59+'Block Breakdown Prev'!M59","v":{"v":0,"d":"0.00"}},{"$f":"+'Block Breakdown This'!N59+'Block Breakdown Prev'!N59","v":{"v":0,"d":"0.00"}},{"$f":"+'Block Breakdown This'!O59+'Block Breakdown Prev'!O59","v":{"v":0,"d":"0.00"}},{"$f":"+'Block Breakdown This'!P59+'Block Breakdown Prev'!P59","v":{"v":0,"d":"0.00"}},{"$f":"+'Block Breakdown This'!Q59+'Block Breakdown Prev'!Q59","v":{"v":0,"d":"0.00"}},{"$f":"+'Block Breakdown This'!R59+'Block Breakdown Prev'!R59","v":{"v":0,"d":"0.00"}},{"$f":"+'Block Breakdown This'!S59+'Block Breakdown Prev'!S59","v":{"v":0,"d":"0.00"}},{"$f":"+'Block Breakdown This'!T59+'Block Breakdown Prev'!T59","v":{"v":0,"d":"0.00"}},{"$f":"+'Block Breakdown This'!U59+'Block Breakdown Prev'!U59","v":{"v":0,"d":"0.00"}},{"$f":"+'Block Breakdown This'!V59+'Block Breakdown Prev'!V59","v":{"v":0,"d":"0.00"}},{"$f":"+'Block Breakdown This'!W59+'Block Breakdown Prev'!W59","v":{"v":0,"d":"0.00"}},{"$f":"+'Block Breakdown This'!X59+'Block Breakdown Prev'!X59","v":{"v":0,"d":"0.00"}},{"$f":"+'Block Breakdown This'!Y59+'Block Breakdown Prev'!Y59","v":{"v":0,"d":"0.00"}},{"v":0,"d":"0.00"},{"$f":"G59*E59","v":0},{"$f":"H59*E59","v":{"v":0,"d":"0.00"}},{"$f":"I59*E59","v":{"v":0,"d":"0.00"}},{"$f":"J59*E59","v":{"v":0,"d":"0.00"}},{"$f":"K59*E59","v":{"v":0,"d":"0.00"}},{"$f":"L59*E9","v":{"v":0,"d":"0.00"}},{"v":0,"d":"0.00"},{"$f":"N59*E59","v":{"v":0,"d":"0.00"}},{"$f":"O59*E59","v":{"v":0,"d":"0.00"}},{"$f":"P59*E59","v":{"v":0,"d":"0.00"}},{"$f":"Q59*E59","v":{"v":0,"d":"0.00"}},{"$f":"R59*E59","v":{"v":0,"d":"0.00"}},{"$f":"S59*E59","v":{"v":0,"d":"0.00"}},{"$f":"T59*E59","v":{"v":0,"d":"0.00"}},{"$f":"W59*E59","v":{"v":0,"d":"0.00"}},{"$f":"X59*E59","v":{"v":0,"d":"0.00"}},{"$f":"Y59*E59","v":{"v":0,"d":"0.00"}},{"v":0,"d":"0.00"},{"$f":"+E59*Z59","v":{"v":0,"d":"0.00"}}]
[{"$nulls":3}," ",{"$nulls":28},{"v":0,"d":"0.00"},{"$nulls":11}," "]
["1.11.1","Contractor's Profit on the above amount","%"," ",{"v":0.1,"d":"0.10"},{"$f":"F59*E61","v":{"v":5000,"d":"5,000.00"}},{"$f":"+'Block Breakdown This'!G61+'Block Breakdown Prev'!G61","v":{"v":0,"d":"0.00"}},{"$f":"+'Block Breakdown This'!H61+'Block Breakdown Prev'!H61","v":{"v":0,"d":"0.00"}},{"$f":"+'Block Breakdown This'!I61+'Block Breakdown Prev'!I61","v":{"v":0,"d":"0.00"}},{"$f":"+'Block Breakdown This'!J61+'Block Breakdown Prev'!J61","v":{"v":0,"d":"0.00"}},{"$f":"+'Block Breakdown This'!K61+'Block Breakdown Prev'!K61","v":{"v":0,"d":"0.00"}},{"$f":"+'Block Breakdown This'!L61+'Block Breakdown Prev'!L61","v":{"v":0,"d":"0.00"}},{"$f":"+'Block Breakdown This'!M61+'Block Breakdown Prev'!M61","v":{"v":0,"d":"0.00"}},{"$f":"+'Block Breakdown This'!N61+'Block Breakdown Prev'!N61","v":{"v":0,"d":"0.00"}},{"$f":"+'Block Breakdown This'!O61+'Block Breakdown Prev'!O61","v":{"v":0,"d":"0.00"}},{"$f":"+'Block Breakdown This'!P61+'Block Breakdown Prev'!P61","v":{"v":0,"d":"0.00"}},{"$f":"+'Block Breakdown This'!Q61+'Block Breakdown Prev'!Q61","v":{"v":0,"d":"0.00"}},{"$f":"+'Block Breakdown This'!R61+'Block Breakdown Prev'!R61","v":{"v":0,"d":"0.00"}},{"$f":"+'Block Breakdown This'!S61+'Block Breakdown Prev'!S61","v":{"v":0,"d":"0.00"}},{"$f":"+'Block Breakdown This'!T61+'Block Breakdown Prev'!T61","v":{"v":0,"d":"0.00"}},{"$f":"+'Block Breakdown This'!U61+'Block Breakdown Prev'!U61","v":{"v":0,"d":"0.00"}},{"$f":"+'Block Breakdown This'!V61+'Block Breakdown Prev'!V61","v":{"v":0,"d":"0.00"}},{"$f":"+'Block Breakdown This'!W61+'Block Breakdown Prev'!W61","v":{"v":0,"d":"0.00"}},{"$f":"+'Block Breakdown This'!X61+'Block Breakdown Prev'!X61","v":{"v":0,"d":"0.00"}},{"$f":"+'Block Breakdown This'!Y61+'Block Breakdown Prev'!Y61","v":{"v":0,"d":"0.00"}},{"v":0,"d":"0.00"},{"$f":"G61*E61","v":0},{"$f":"H61*E61","v":{"v":0,"d":"0.00"}},{"$f":"I61*E61","v":{"v":0,"d":"0.00"}},{"$f":"J61*E61","v":{"v":0,"d":"0.00"}},{"$f":"K61*E61","v":{"v":0,"d":"0.00"}},{"$f":"L61*E11","v":{"v":0,"d":"0.00"}},{"v":0,"d":"0.00"},{"$f":"N61*E61","v":{"v":0,"d":"0.00"}},{"$f":"O61*E61","v":{"v":0,"d":"0.00"}},{"$f":"P61*E61","v":{"v":0,"d":"0.00"}},{"$f":"Q61*E61","v":{"v":0,"d":"0.00"}},{"$f":"R61*E61","v":{"v":0,"d":"0.00"}},{"$f":"S61*E61","v":{"v":0,"d":"0.00"}},{"$f":"T61*E61","v":{"v":0,"d":"0.00"}},{"$f":"W61*E61","v":{"v":0,"d":"0.00"}},{"$f":"X61*E61","v":{"v":0,"d":"0.00"}},{"$f":"Y61*E61","v":{"v":0,"d":"0.00"}},{"v":0,"d":"0.00"},{"$f":"+F61*Z61","v":{"v":0,"d":"0.00"}}]
[{"$nulls":32},{"v":0,"d":"0.00"},{"$nulls":11}," "]
["1.12.","Learners Stipend","Sum",1,{"v":75000,"d":"75,000.00"},{"$f":"$D63*E63","v":{"v":75000,"d":"75,000.00"}},{"$f":"+'Block Breakdown This'!G63+'Block Breakdown Prev'!G63","v":{"v":0,"d":"0.00"}},{"$f":"+'Block Breakdown This'!H63+'Block Breakdown Prev'!H63","v":{"v":0,"d":"0.00"}},{"$f":"+'Block Breakdown This'!I63+'Block Breakdown Prev'!I63","v":{"v":0,"d":"0.00"}},{"$f":"+'Block Breakdown This'!J63+'Block Breakdown Prev'!J63","v":{"v":0,"d":"0.00"}},{"$f":"+'Block Breakdown This'!K63+'Block Breakdown Prev'!K63","v":{"v":0,"d":"0.00"}},{"$f":"+'Block Breakdown This'!L63+'Block Breakdown Prev'!L63","v":{"v":0,"d":"0.00"}},{"$f":"+'Block Breakdown This'!M63+'Block Breakdown Prev'!M63","v":{"v":0,"d":"0.00"}},{"$f":"+'Block Breakdown This'!N63+'Block Breakdown Prev'!N63","v":{"v":0,"d":"0.00"}},{"$f":"+'Block Breakdown This'!O63+'Block Breakdown Prev'!O63","v":{"v":0,"d":"0.00"}},{"$f":"+'Block Breakdown This'!P63+'Block Breakdown Prev'!P63","v":{"v":0,"d":"0.00"}},{"$f":"+'Block Breakdown This'!Q63+'Block Breakdown Prev'!Q63","v":{"v":0,"d":"0.00"}},{"$f":"+'Block Breakdown This'!R63+'Block Breakdown Prev'!R63","v":{"v":0,"d":"0.00"}},{"$f":"+'Block Breakdown This'!S63+'Block Breakdown Prev'!S63","v":{"v":0,"d":"0.00"}},{"$f":"+'Block Breakdown This'!T63+'Block Breakdown Prev'!T63","v":{"v":0,"d":"0.00"}},{"$f":"+'Block Breakdown This'!U63+'Block Breakdown Prev'!U63","v":{"v":0,"d":"0.00"}},{"$f":"+'Block Breakdown This'!V63+'Block Breakdown Prev'!V63","v":{"v":0,"d":"0.00"}},{"$f":"+'Block Breakdown This'!W63+'Block Breakdown Prev'!W63","v":{"v":0,"d":"0.00"}},{"$f":"+'Block Breakdown This'!X63+'Block Breakdown Prev'!X63","v":{"v":0,"d":"0.00"}},{"$f":"+'Block Breakdown This'!Y63+'Block Breakdown Prev'!Y63","v":{"v":0.5711111111,"d":"0.57"}},{"v":0.5711111111,"d":"0.57"},{"$f":"G63*E63","v":0},{"$f":"H63*E63","v":{"v":0,"d":"0.00"}},{"$f":"I63*E63","v":{"v":0,"d":"0.00"}},{"$f":"J63*E63","v":{"v":0,"d":"0.00"}},{"$f":"K63*E63","v":{"v":0,"d":"0.00"}},{"$f":"L63*E13","v":{"v":0,"d":"0.00"}},{"v":0,"d":"0.00"},{"$f":"N63*E63","v":{"v":0,"d":"0.00"}},{"$f":"O63*E63","v":{"v":0,"d":"0.00"}},{"$f":"P63*E63","v":{"v":0,"d":"0.00"}},{"$f":"Q63*E63","v":{"v":0,"d":"0.00"}},{"$f":"R63*E63","v":{"v":0,"d":"0.00"}},{"$f":"S63*E63","v":{"v":0,"d":"0.00"}},{"$f":"T63*E63","v":{"v":0,"d":"0.00"}},{"$f":"W63*E63","v":{"v":0,"d":"0.00"}},{"$f":"X63*E63","v":{"v":0,"d":"0.00"}},{"$f":"Y63*E63","v":{"v":42833.3333325,"d":"42,833.33"}},{"v":42833.3333325,"d":"42,833.33"},{"$f":"+E63*Z63","v":{"v":42833.3333325,"d":"42,833.33"}}]
[{"$nulls":3}," ",{"$nulls":28},{"v":0,"d":"0.00"},{"$nulls":11}," "]
["1.12.1","Contractor's Profit on the above amount","%"," ",{"v":0.1,"d":"0.10"},{"$f":"F63*E65","v":{"v":7500,"d":"7,500.00"}},{"$f":"+'Block Breakdown This'!G65+'Block Breakdown Prev'!G65","v":{"v":0,"d":"0.00"}},{"$f":"+'Block Breakdown This'!H65+'Block Breakdown Prev'!H65","v":{"v":0,"d":"0.00"}},{"$f":"+'Block Breakdown This'!I65+'Block Breakdown Prev'!I65","v":{"v":0,"d":"0.00"}},{"$f":"+'Block Breakdown This'!J65+'Block Breakdown Prev'!J65","v":{"v":0,"d":"0.00"}},{"$f":"+'Block Breakdown This'!K65+'Block Breakdown Prev'!K65","v":{"v":0,"d":"0.00"}},{"$f":"+'Block Breakdown This'!L65+'Block Breakdown Prev'!L65","v":{"v":0,"d":"0.00"}},{"$f":"+'Block Breakdown This'!M65+'Block Breakdown Prev'!M65","v":{"v":0,"d":"0.00"}},{"$f":"+'Block Breakdown This'!N65+'Block Breakdown Prev'!N65","v":{"v":0,"d":"0.00"}},{"$f":"+'Block Breakdown This'!O65+'Block Breakdown Prev'!O65","v":{"v":0,"d":"0.00"}},{"$f":"+'Block Breakdown This'!P65+'Block Breakdown Prev'!P65","v":{"v":0,"d":"0.00"}},{"$f":"+'Block Breakdown This'!Q65+'Block Breakdown Prev'!Q65","v":{"v":0,"d":"0.00"}},{"$f":"+'Block Breakdown This'!R65+'Block Breakdown Prev'!R65","v":{"v":0,"d":"0.00"}},{"$f":"+'Block Breakdown This'!S65+'Block Breakdown Prev'!S65","v":{"v":0,"d":"0.00"}},{"$f":"+'Block Breakdown This'!T65+'Block Breakdown Prev'!T65","v":{"v":0,"d":"0.00"}},{"$f":"+'Block Breakdown This'!U65+'Block Breakdown Prev'!U65","v":{"v":0,"d":"0.00"}},{"$f":"+'Block Breakdown This'!V65+'Block Breakdown Prev'!V65","v":{"v":0,"d":"0.00"}},{"$f":"+'Block Breakdown This'!W65+'Block Breakdown Prev'!W65","v":{"v":0,"d":"0.00"}},{"$f":"+'Block Breakdown This'!X65+'Block Breakdown Prev'!X65","v":{"v":0,"d":"0.00"}},{"$f":"+'Block Breakdown This'!Y65+'Block Breakdown Prev'!Y65","v":{"v":0,"d":"0.00"}},{"v":0,"d":"0.00"},{"$f":"G65*E65","v":0},{"$f":"H65*E65","v":{"v":0,"d":"0.00"}},{"$f":"I65*E65","v":{"v":0,"d":"0.00"}},{"$f":"J65*E65","v":{"v":0,"d":"0.00"}},{"$f":"K65*E65","v":{"v":0,"d":"0.00"}},{"$f":"L65*E15","v":{"v":0,"d":"0.00"}},{"v":0,"d":"0.00"},{"$f":"N65*E65","v":{"v":0,"d":"0.00"}},{"$f":"O65*E65","v":{"v":0,"d":"0.00"}},{"$f":"P65*E65","v":{"v":0,"d":"0.00"}},{"$f":"Q65*E65","v":{"v":0,"d":"0.00"}},{"$f":"R65*E65","v":{"v":0,"d":"0.00"}},{"$f":"S65*E65","v":{"v":0,"d":"0.00"}},{"$f":"T65*E65","v":{"v":0,"d":"0.00"}},{"$f":"W65*E65","v":{"v":0,"d":"0.00"}},{"$f":"X65*E65","v":{"v":0,"d":"0.00"}},{"$f":"Y65*E65","v":{"v":0,"d":"0.00"}},{"v":0,"d":"0.00"},{"$f":"+F65*Z65","v":{"v":0,"d":"0.00"}}]
[{"$nulls":32},{"v":0,"d":"0.00"},{"$nulls":11}," "]
[1.13,"SMME MANAGER",{"$nulls":30},{"v":0,"d":"0.00"},{"$nulls":11}," "]
[{"$nulls":32},{"v":0,"d":"0.00"}]
["1.13.1","SMME Manager for all SMME Contracts as per Specification for the duration of the Project","Sum",1,{"v":320000,"d":"320,000.00"},{"$f":"$D69*E69","v":{"v":320000,"d":"320,000.00"}},{"$f":"+'Block Breakdown This'!G69+'Block Breakdown Prev'!G69","v":{"v":0,"d":"0.00"}},{"$f":"+'Block Breakdown This'!H69+'Block Breakdown Prev'!H69","v":{"v":0,"d":"0.00"}},{"$f":"+'Block Breakdown This'!I69+'Block Breakdown Prev'!I69","v":{"v":0,"d":"0.00"}},{"$f":"+'Block Breakdown This'!J69+'Block Breakdown Prev'!J69","v":{"v":0,"d":"0.00"}},{"$f":"+'Block Breakdown This'!K69+'Block Breakdown Prev'!K69","v":{"v":0,"d":"0.00"}},{"$f":"+'Block Breakdown This'!L69+'Block Breakdown Prev'!L69","v":{"v":0,"d":"0.00"}},{"$f":"+'Block Breakdown This'!M69+'Block Breakdown Prev'!M69","v":{"v":0,"d":"0.00"}},{"$f":"+'Block Breakdown This'!N69+'Block Breakdown Prev'!N69","v":{"v":0,"d":"0.00"}},{"$f":"+'Block Breakdown This'!O69+'Block Breakdown Prev'!O69","v":{"v":0,"d":"0.00"}},{"$f":"+'Block Breakdown This'!P69+'Block Breakdown Prev'!P69","v":{"v":0,"d":"0.00"}},{"$f":"+'Block Breakdown This'!Q69+'Block Breakdown Prev'!Q69","v":{"v":0,"d":"0.00"}},{"$f":"+'Block Breakdown This'!R69+'Block Breakdown Prev'!R69","v":{"v":0,"d":"0.00"}},{"$f":"+'Block Breakdown This'!S69+'Block Breakdown Prev'!S69","v":{"v":0,"d":"0.00"}},{"$f":"+'Block Breakdown This'!T69+'Block Breakdown Prev'!T69","v":{"v":0,"d":"0.00"}},{"$f":"+'Block Breakdown This'!U69+'Block Breakdown Prev'!U69","v":{"v":0,"d":"0.00"}},{"$f":"+'Block Breakdown This'!V69+'Block Breakdown Prev'!V69","v":{"v":0,"d":"0.00"}},{"$f":"+'Block Breakdown This'!W69+'Block Breakdown Prev'!W69","v":{"v":0,"d":"0.00"}},{"$f":"+'Block Breakdown This'!X69+'Block Breakdown Prev'!X69","v":{"v":0,"d":"0.00"}},{"$f":"+'Block Breakdown This'!Y69+'Block Breakdown Prev'!Y69","v":{"v":0.85666666667,"d":"0.86"}},{"$f":"SUM(G69:Y69)","v":{"v":0.85666666667,"d":"0.86"}},{"$f":"G69*E69","v":0},{"$f":"H69*E69","v":{"v":0,"d":"0.00"}},{"$f":"I69*E69","v":{"v":0,"d":"0.00"}},{"$f":"J69*E69","v":{"v":0,"d":"0.00"}},{"$f":"K69*E69","v":{"v":0,"d":"0.00"}},{"$f":"L69*E19","v":{"v":0,"d":"0.00"}},{"v":0,"d":"0.00"},{"$f":"N69*E69","v":{"v":0,"d":"0.00"}},{"$f":"O69*E69","v":{"v":0,"d":"0.00"}},{"$f":"P69*E69","v":{"v":0,"d":"0.00"}},{"$f":"Q69*E69","v":{"v":0,"d":"0.00"}},{"$f":"R69*E69","v":{"v":0,"d":"0.00"}},{"$f":"S69*E69","v":{"v":0,"d":"0.00"}},{"$f":"T69*E69","v":{"v":0,"d":"0.00"}},{"$f":"W69*E69","v":{"v":0,"d":"0.00"}},{"$f":"X69*E69","v":{"v":0,"d":"0.00"}},{"$f":"Y69*E69","v":{"v":274133.3333344,"d":"274,133.33"}},{"v":274133.3333344,"d":"274,133.33"},{"$f":"+E69*Z69","v":{"v":274133.3333344,"d":"274,133.33"}}]
[]
[{"$nulls":3}," "]
[null,"Amount Carried Forward to Summary Page",{"$nulls":3},{"$f":"SUM(F53:F71)","v":{"v":18102500,"d":"18,102,500.00"}},{"$nulls":38},{"$f":"SUM(AS53:AS71)","v":{"v":344466.66666690004,"d":"344,466.67"}}]
[]
["MAIN HOSPITAL ELECTRICAL INSTALLATION"]
["CECILIA MAKIWANE HOSPITAL : PHASE 4C"]
[]
["BILL NO. 2 : DISTRIBUTION BOARDS"]
[]
["ITEM","DESCRIPTION","UNIT","QTY","RATE","TENDER AMOUNT","A-LV05","B-LV04","D-LV03","E1-LV03","E2","F1","F2","G1","G2","H1","H2","J1","J2","J3","Substation","G/House","K","N","Other","Total Qty","A","B","D","E1","E2","F1","F2","G1","G2","H1","H2","J1","J2","J3","K","N","Other","Total Amount","Total Claimed"]
[]
[]
["2.0.","Distrubution Board"]
[null,"Flush mounted Distribution Boards fitted into frames and Trays with Doors to Specification"]
[]
[{"v":2.1,"d":"2.10"},"Peadiatric Ward"]
[null,"       Supply","each",1,{"v":39286.8,"d":"39,286.80"},{"$f":"E86*D86","v":{"v":39286.8,"d":"39,286.80"}},{"$f":"+'Block Breakdown This'!G$86+'Block Breakdown Prev'!G$86","v":{"v":1,"d":"1.00"}},{"$f":"+'Block Breakdown This'!H86+'Block Breakdown Prev'!H86","v":{"v":0,"d":"0.00"}},{"$f":"+'Block Breakdown This'!I86+'Block Breakdown Prev'!I86","v":{"v":0,"d":"0.00"}},{"$f":"+'Block Breakdown This'!J86+'Block Breakdown Prev'!J86","v":{"v":0,"d":"0.00"}},{"$f":"+'Block Breakdown This'!K86+'Block Breakdown Prev'!K86","v":{"v":0,"d":"0.00"}},{"$f":"+'Block Breakdown This'!L86+'Block Breakdown Prev'!L86","v":{"v":0,"d":"0.00"}},{"$f":"+'Block Breakdown This'!M86+'Block Breakdown Prev'!M86","v":{"v":0,"d":"0.00"}},{"$f":"+'Block Breakdown This'!N86+'Block Breakdown Prev'!N86","v":{"v":0,"d":"0.00"}},{"$f":"+'Block Breakdown This'!O86+'Block Breakdown Prev'!O86","v":{"v":0,"d":"0.00"}},{"$f":"+'Block Breakdown This'!P86+'Block Breakdown Prev'!P86","v":{"v":0,"d":"0.00"}},{"$f":"+'Block Breakdown This'!Q86+'Block Breakdown Prev'!Q86","v":{"v":0,"d":"0.00"}},{"$f":"+'Block Breakdown This'!R86+'Block Breakdown Prev'!R86","v":{"v":0,"d":"0.00"}},{"$f":"+'Block Breakdown This'!S86+'Block Breakdown Prev'!S86","v":{"v":0,"d":"0.00"}},{"$f":"+'Block Breakdown This'!T86+'Block Breakdown Prev'!T86","v":{"v":0,"d":"0.00"}},{"$f":"+'Block Breakdown This'!U86+'Block Breakdown Prev'!U86","v":{"v":0,"d":"0.00"}},{"$f":"+'Block Breakdown This'!V86+'Block Breakdown Prev'!V86","v":{"v":0,"d":"0.00"}},{"$f":"+'Block Breakdown This'!W86+'Block Breakdown Prev'!W86","v":{"v":0,"d":"0.00"}},{"$f":"+'Block Breakdown This'!X86+'Block Breakdown Prev'!X86","v":{"v":0,"d":"0.00"}},{"$f":"+'Block Breakdown This'!Y86+'Block Breakdown Prev'!Y86","v":{"v":0,"d":"0.00"}},{"$f":"SUM(G86:Y86)","v":{"v":1,"d":"1.00"}},{"$f":"G86*E86","v":{"v":39286.8,"d":"39,287"}},{"$f":"H86*E86","v":0},{"$f":"I86*E86","v":0},{"$f":"J86*E86","v":0},{"$f":"K86*E86","v":0},{"$f":"L86*E86","v":0},{"$f":"+M86*E86","v":0},{"$f":"N86*E86","v":0},{"$f":"O86*E86","v":0},{"$f":"P86*E86","v":0},{"$f":"Q86*E86","v":0},{"$f":"R86*E86","v":0},{"$f":"S86*E86","v":0},{"$f":"T86*E86","v":0},{"$f":"W86*E86","v":0},{"$f":"X86*E86","v":0},{"$f":"Y86*E86","v":0},{"$f":"SUM(AA86:AQ86)","v":{"v":39286.8,"d":"39,287"}},{"$f":"+E86*Z86","v":{"v":39286.8,"d":"39,286.80"}}]
[null,"       Install","each",1,{"v":3929,"d":"3,929.00"},{"$f":"E87*D87","v":{"v":3929,"d":"3,929.00"}},{"$f":"+'Block Breakdown This'!G87+'Block Breakdown Prev'!G87","v":{"v":1,"d":"1.00"}},{"$f":"+'Block Breakdown This'!H87+'Block Breakdown Prev'!H87","v":{"v":0,"d":"0.00"}},{"$f":"+'Block Breakdown This'!I87+'Block Breakdown Prev'!I87","v":{"v":0,"d":"0.00"}},{"$f":"+'Block Breakdown This'!J87+'Block Breakdown Prev'!J87","v":{"v":0,"d":"0.00"}},{"$f":"+'Block Breakdown This'!K87+'Block Breakdown Prev'!K87","v":{"v":0,"d":"0.00"}},{"$f":"+'Block Breakdown This'!L87+'Block Breakdown Prev'!L87","v":{"v":0,"d":"0.00"}},{"$f":"+'Block Breakdown This'!M87+'Block Breakdown Prev'!M87","v":{"v":0,"d":"0.00"}},{"$f":"+'Block Breakdown This'!N87+'Block Breakdown Prev'!N87","v":{"v":0,"d":"0.00"}},{"$f":"+'Block Breakdown This'!O87+'Block Breakdown Prev'!O87","v":{"v":0,"d":"0.00"}},{"$f":"+'Block Breakdown This'!P87+'Block Breakdown Prev'!P87","v":{"v":0,"d":"0.00"}},{"$f":"+'Block Breakdown This'!Q87+'Block Breakdown Prev'!Q87","v":{"v":0,"d":"0.00"}},{"$f":"+'Block Breakdown This'!R87+'Block Breakdown Prev'!R87","v":{"v":0,"d":"0.00"}},{"$f":"+'Block Breakdown This'!S87+'Block Breakdown Prev'!S87","v":{"v":0,"d":"0.00"}},{"$f":"+'Block Breakdown This'!T87+'Block Breakdown Prev'!T87","v":{"v":0,"d":"0.00"}},{"$f":"+'Block Breakdown This'!U87+'Block Breakdown Prev'!U87","v":{"v":0,"d":"0.00"}},{"$f":"+'Block Breakdown This'!V87+'Block Breakdown Prev'!V87","v":{"v":0,"d":"0.00"}},{"$f":"+'Block Breakdown This'!W87+'Block Breakdown Prev'!W87","v":{"v":0,"d":"0.00"}},{"$f":"+'Block Breakdown This'!X87+'Block Breakdown Prev'!X87","v":{"v":0,"d":"0.00"}},{"$f":"+'Block Breakdown This'!Y87+'Block Breakdown Prev'!Y87","v":{"v":0,"d":"0.00"}},{"$f":"SUM(G87:Y87)","v":{"v":1,"d":"1.00"}},{"$f":"G87*E87","v":{"v":3929,"d":"3,929"}},{"$f":"H87*E87","v":0},{"$f":"I87*E87","v":0},{"$f":"J87*E87","v":0},{"$f":"K87*E87","v":0},{"$f":"L87*E87","v":0},0,{"$f":"N87*E87","v":0},{"$f":"O87*E87","v":0},{"$f":"P87*E87","v":0},{"$f":"Q87*E87","v":0},{"$f":"R87*E87","v":0},{"$f":"S87*E87","v":0},{"$f":"T87*E87","v":0},{"$f":"W87*E87","v":0},{"$f":"X87*E87","v":0},{"$f":"Y87*E87","v":0},{"$f":"SUM(AA87:AQ87)","v":{"v":3929,"d":"3,929"}},{"$f":"+E87*Z87","v":{"v":3929,"d":"3,929.00"}}]
[{"$nulls":32},0,{"$nulls":11}," "]
[{"v":2.2,"d":"2.20"},"Babies and Toddlers Ward",{"$nulls":30},0,{"$nulls":11}," "]
[null,"       Supply","each",1,{"v":39438.99,"d":"39,438.99"},{"v":39438.99,"d":"39,438.99"},{"$f":"+'Block Breakdown This'!G90+'Block Breakdown Prev'!G90","v":{"v":1,"d":"1.00"}},{"$f":"+'Block Breakdown This'!H90+'Block Breakdown Prev'!H90","v":{"v":0,"d":"0.00"}},{"$f":"+'Block Breakdown This'!I90+'Block Breakdown Prev'!I90","v":{"v":0,"d":"0.00"}},{"$f":"+'Block Breakdown This'!J90+'Block Breakdown Prev'!J90","v":{"v":0,"d":"0.00"}},{"$f":"+'Block Breakdown This'!K90+'Block Breakdown Prev'!K90","v":{"v":0,"d":"0.00"}},{"$f":"+'Block Breakdown This'!L90+'Block Breakdown Prev'!L90","v":{"v":0,"d":"0.00"}},{"$f":"+'Block Breakdown This'!M90+'Block Breakdown Prev'!M90","v":{"v":0,"d":"0.00"}},{"$f":"+'Block Breakdown This'!N90+'Block Breakdown Prev'!N90","v":{"v":0,"d":"0.00"}},{"$f":"+'Block Breakdown This'!O90+'Block Breakdown Prev'!O90","v":{"v":0,"d":"0.00"}},{"$f":"+'Block Breakdown This'!P90+'Block Breakdown Prev'!P90","v":{"v":0,"d":"0.00"}},{"$f":"+'Block Breakdown This'!Q90+'Block Breakdown Prev'!Q90","v":{"v":0,"d":"0.00"}},{"$f":"+'Block Breakdown This'!R90+'Block Breakdown Prev'!R90","v":{"v":0,"d":"0.00"}},{"$f":"+'Block Breakdown This'!S90+'Block Breakdown Prev'!S90","v":{"v":0,"d":"0.00"}},{"$f":"+'Block Breakdown This'!T90+'Block Breakdown Prev'!T90","v":{"v":0,"d":"0.00"}},{"$f":"+'Block Breakdown This'!U90+'Block Breakdown Prev'!U90","v":{"v":0,"d":"0.00"}},{"$f":"+'Block Breakdown This'!V90+'Block Breakdown Prev'!V90","v":{"v":0,"d":"0.00"}},{"$f":"+'Block Breakdown This'!W90+'Block Breakdown Prev'!W90","v":{"v":0,"d":"0.00"}},{"$f":"+'Block Breakdown This'!X90+'Block Breakdown Prev'!X90","v":{"v":0,"d":"0.00"}},{"$f":"+'Block Breakdown This'!Y90+'Block Breakdown Prev'!Y90","v":{"v":0,"d":"0.00"}},{"v":1,"d":"1.00"},{"$f":"G90*E90","v":{"v":39438.99,"d":"39,439"}},{"$f":"H90*E90","v":0},{"$f":"I90*E90","v":0},{"$f":"J90*E90","v":0},{"$f":"K90*E90","v":0},{"$f":"L90*E90","v":0},0,{"$f":"N90*E90","v":0},{"$f":"O90*E90","v":0},{"$f":"P90*E90","v":0},{"$f":"Q90*E90","v":0},{"$f":"R90*E90","v":0},{"$f":"S90*E90","v":0},{"$f":"T90*E90","v":0},{"$f":"W90*E90","v":0},{"$f":"X90*E90","v":0},{"$f":"Y90*E90","v":0},{"v":39438.99,"d":"39,439"},{"$f":"+E90*Z90","v":{"v":39438.99,"d":"39,438.99"}}]
[null,"       Install","each",1,{"v":3944,"d":"3,944.00"},{"v":3944,"d":"3,944.00"},{"$f":"+'Block Breakdown This'!G91+'Block Breakdown Prev'!G91","v":{"v":1,"d":"1.00"}},{"$f":"+'Block Breakdown This'!H91+'Block Breakdown Prev'!H91","v":{"v":0,"d":"0.00"}},{"$f":"+'Block Breakdown This'!I91+'Block Breakdown Prev'!I91","v":{"v":0,"d":"0.00"}},{"$f":"+'Block Breakdown This'!J91+'Block Breakdown Prev'!J91","v":{"v":0,"d":"0.00"}},{"$f":"+'Block Breakdown This'!K91+'Block Breakdown Prev'!K91","v":{"v":0,"d":"0.00"}},{"$f":"+'Block Breakdown This'!L91+'Block Breakdown Prev'!L91","v":{"v":0,"d":"0.00"}},{"$f":"+'Block Breakdown This'!M91+'Block Breakdown Prev'!M91","v":{"v":0,"d":"0.00"}},{"$f":"+'Block Breakdown This'!N91+'Block Breakdown Prev'!N91","v":{"v":0,"d":"0.00"}},{"$f":"+'Block Breakdown This'!O91+'Block Breakdown Prev'!O91","v":{"v":0,"d":"0.00"}},{"$f":"+'Block Breakdown This'!P91+'Block Breakdown Prev'!P91","v":{"v":0,"d":"0.00"}},{"$f":"+'Block Breakdown This'!Q91+'Block Breakdown Prev'!Q91","v":{"v":0,"d":"0.00"}},{"$f":"+'Block Breakdown This'!R91+'Block Breakdown Prev'!R91","v":{"v":0,"d":"0.00"}},{"$f":"+'Block Breakdown This'!S91+'Block Breakdown Prev'!S91","v":{"v":0,"d":"0.00"}},{"$f":"+'Block Breakdown This'!T91+'Block Breakdown Prev'!T91","v":{"v":0,"d":"0.00"}},{"$f":"+'Block Breakdown This'!U91+'Block Breakdown Prev'!U91","v":{"v":0,"d":"0.00"}},{"$f":"+'Block Breakdown This'!V91+'Block Breakdown Prev'!V91","v":{"v":0,"d":"0.00"}},{"$f":"+'Block Breakdown This'!W91+'Block Breakdown Prev'!W91","v":{"v":0,"d":"0.00"}},{"$f":"+'Block Breakdown This'!X91+'Block Breakdown Prev'!X91","v":{"v":0,"d":"0.00"}},{"$f":"+'Block Breakdown This'!Y91+'Block Breakdown Prev'!Y91","v":{"v":0,"d":"0.00"}},{"v":1,"d":"1.00"},{"$f":"G91*E91","v":{"v":3944,"d":"3,944"}},{"$f":"H91*E91","v":0},{"$f":"I91*E91","v":0},{"$f":"J91*E91","v":0},{"$f":"K91*E91","v":0},{"$f":"L91*E91","v":0},0,{"$f":"N91*E91","v":0},{"$f":"O91*E91","v":0},{"$f":"P91*E91","v":0},{"$f":"Q91*E91","v":0},{"$f":"R91*E91","v":0},{"$f":"S91*E91","v":0},{"$f":"T91*E91","v":0},{"$f":"W91*E91","v":0},{"$f":"X91*E91","v":0},{"$f":"Y91*E91","v":0},{"v":3944,"d":"3,944"},{"$f":"+E91*Z91","v":{"v":3944,"d":"3,944.00"}}]
[{"$nulls":32},0,{"$nulls":11}," "]
[{"v":2.3,"d":"2.30"},"Male Medical Ward - Block D",{"$nulls":30},0,{"$nulls":11}," "]
[null,"       Supply","each",1,{"v":34635.14,"d":"34,635.14"},{"v":34635.14,"d":"34,635.14"},{"$f":"+'Block Breakdown This'!G94+'Block Breakdown Prev'!G94","v":{"v":0,"d":"0.00"}},{"$f":"+'Block Breakdown This'!H94+'Block Breakdown Prev'!H94","v":{"v":0,"d":"0.00"}},{"$f":"+'Block Breakdown This'!I94+'Block Breakdown Prev'!I94","v":{"v":1,"d":"1.00"}},{"$f":"+'Block Breakdown This'!J94+'Block Breakdown Prev'!J94","v":{"v":0,"d":"0.00"}},{"$f":"+'Block Breakdown This'!K94+'Block Breakdown Prev'!K94","v":{"v":0,"d":"0.00"}},{"$f":"+'Block Breakdown This'!L94+'Block Breakdown Prev'!L94","v":{"v":0,"d":"0.00"}},{"$f":"+'Block Breakdown This'!M94+'Block Breakdown Prev'!M94","v":{"v":0,"d":"0.00"}},{"$f":"+'Block Breakdown This'!N94+'Block Breakdown Prev'!N94","v":{"v":0,"d":"0.00"}},{"$f":"+'Block Breakdown This'!O94+'Block Breakdown Prev'!O94","v":{"v":0,"d":"0.00"}},{"$f":"+'Block Breakdown This'!P94+'Block Breakdown Prev'!P94","v":{"v":0,"d":"0.00"}},{"$f":"+'Block Breakdown This'!Q94+'Block Breakdown Prev'!Q94","v":{"v":0,"d":"0.00"}},{"$f":"+'Block Breakdown This'!R94+'Block Breakdown Prev'!R94","v":{"v":0,"d":"0.00"}},{"$f":"+'Block Breakdown This'!S94+'Block Breakdown Prev'!S94","v":{"v":0,"d":"0.00"}},{"$f":"+'Block Breakdown This'!T94+'Block Breakdown Prev'!T94","v":{"v":0,"d":"0.00"}},{"$f":"+'Block Breakdown This'!U94+'Block Breakdown Prev'!U94","v":{"v":0,"d":"0.00"}},{"$f":"+'Block Breakdown This'!V94+'Block Breakdown Prev'!V94","v":{"v":0,"d":"0.00"}},{"$f":"+'Block Breakdown This'!W94+'Block Breakdown Prev'!W94","v":{"v":0,"d":"0.00"}},{"$f":"+'Block Breakdown This'!X94+'Block Breakdown Prev'!X94","v":{"v":0,"d":"0.00"}},{"$f":"+'Block Breakdown This'!Y94+'Block Breakdown Prev'!Y94","v":{"v":0,"d":"0.00"}},{"v":1,"d":"1.00"},{"$f":"G94*E94","v":0},{"$f":"H94*E94","v":0},{"$f":"I94*E94","v":{"v":34635.14,"d":"34,635"}},{"$f":"J94*E94","v":0},{"$f":"K94*E94","v":0},{"$f":"L94*E94","v":0},0,{"$f":"N94*E94","v":0},{"$f":"O94*E94","v":0},{"$f":"P94*E94","v":0},{"$f":"Q94*E94","v":0},{"$f":"R94*E94","v":0},{"$f":"S94*E94","v":0},{"$f":"T94*E94","v":0},{"$f":"W94*E94","v":0},{"$f":"X94*E94","v":0},{"$f":"Y94*E94","v":0},{"v":34635.14,"d":"34,635"},{"$f":"+E94*Z94","v":{"v":34635.14,"d":"34,635.14"}}]
[null,"       Install","each",1,{"v":3464,"d":"3,464.00"},{"v":3464,"d":"3,464.00"},{"$f":"+'Block Breakdown This'!G95+'Block Breakdown Prev'!G95","v":{"v":0,"d":"0.00"}},{"$f":"+'Block Breakdown This'!H95+'Block Breakdown Prev'!H95","v":{"v":0,"d":"0.00"}},{"$f":"+'Block Breakdown This'!I95+'Block Breakdown Prev'!I95","v":{"v":1,"d":"1.00"}},{"$f":"+'Block Breakdown This'!J95+'Block Breakdown Prev'!J95","v":{"v":0,"d":"0.00"}},{"$f":"+'Block Breakdown This'!K95+'Block Breakdown Prev'!K95","v":{"v":0,"d":"0.00"}},{"$f":"+'Block Breakdown This'!L95+'Block Breakdown Prev'!L95","v":{"v":0,"d":"0.00"}},{"$f":"+'Block Breakdown This'!M95+'Block Breakdown Prev'!M95","v":{"v":0,"d":"0.00"}},{"$f":"+'Block Breakdown This'!N95+'Block Breakdown Prev'!N95","v":{"v":0,"d":"0.00"}},{"$f":"+'Block Breakdown This'!O95+'Block Breakdown Prev'!O95","v":{"v":0,"d":"0.00"}},{"$f":"+'Block Breakdown This'!P95+'Block Breakdown Prev'!P95","v":{"v":0,"d":"0.00"}},{"$f":"+'Block Breakdown This'!Q95+'Block Breakdown Prev'!Q95","v":{"v":0,"d":"0.00"}},{"$f":"+'Block Breakdown This'!R95+'Block Breakdown Prev'!R95","v":{"v":0,"d":"0.00"}},{"$f":"+'Block Breakdown This'!S95+'Block Breakdown Prev'!S95","v":{"v":0,"d":"0.00"}},{"$f":"+'Block Breakdown This'!T95+'Block Breakdown Prev'!T95","v":{"v":0,"d":"0.00"}},{"$f":"+'Block Breakdown This'!U95+'Block Breakdown Prev'!U95","v":{"v":0,"d":"0.00"}},{"$f":"+'Block Breakdown This'!V95+'Block Breakdown Prev'!V95","v":{"v":0,"d":"0.00"}},{"$f":"+'Block Breakdown This'!W95+'Block Breakdown Prev'!W95","v":{"v":0,"d":"0.00"}},{"$f":"+'Block Breakdown This'!X95+'Block Breakdown Prev'!X95","v":{"v":0,"d":"0.00"}},{"$f":"+'Block Breakdown This'!Y95+'Block Breakdown Prev'!Y95","v":{"v":0,"d":"0.00"}},{"v":1,"d":"1.00"},{"$f":"G95*E95","v":0},{"$f":"H95*E95","v":0},{"$f":"I95*E95","v":{"v":3464,"d":"3,464"}},{"$f":"J95*E95","v":0},{"$f":"K95*E95","v":0},{"$f":"L95*E95","v":0},0,{"$f":"N95*E95","v":0},{"$f":"O95*E95","v":0},{"$f":"P95*E95","v":0},{"$f":"Q95*E95","v":0},{"$f":"R95*E95","v":0},{"$f":"S95*E95","v":0},{"$f":"T95*E95","v":0},{"$f":"W95*E95","v":0},{"$f":"X95*E95","v":0},{"$f":"Y95*E95","v":0},{"v":3464,"d":"3,464"},{"$f":"+E95*Z95","v":{"v":3464,"d":"3,464.00"}}]
[{"$nulls":32},0,{"$nulls":11}," "]
[{"v":2.4,"d":"2.40"},"Acute Psyciatric Unit Ward",{"$nulls":30},0,{"$nulls":11}," "]
[null,"       Supply","each",1,{"v":19184.41,"d":"19,184.41"},{"v":19184.41,"d":"19,184.41"},{"$f":"+'Block Breakdown This'!G98+'Block Breakdown Prev'!G98","v":{"v":0,"d":"0.00"}},{"$f":"+'Block Breakdown This'!H98+'Block Breakdown Prev'!H98","v":{"v":1,"d":"1.00"}},{"$f":"+'Block Breakdown This'!I98+'Block Breakdown Prev'!I98","v":{"v":0,"d":"0.00"}},{"$f":"+'Block Breakdown This'!J98+'Block Breakdown Prev'!J98","v":{"v":0,"d":"0.00"}},{"$f":"+'Block Breakdown This'!K98+'Block Breakdown Prev'!K98","v":{"v":0,"d":"0.00"}},{"$f":"+'Block Breakdown This'!L98+'Block Breakdown Prev'!L98","v":{"v":0,"d":"0.00"}},{"$f":"+'Block Breakdown This'!M98+'Block Breakdown Prev'!M98","v":{"v":0,"d":"0.00"}},{"$f":"+'Block Breakdown This'!N98+'Block Breakdown Prev'!N98","v":{"v":0,"d":"0.00"}},{"$f":"+'Block Breakdown This'!O98+'Block Breakdown Prev'!O98","v":{"v":0,"d":"0.00"}},{"$f":"+'Block Breakdown This'!P98+'Block Breakdown Prev'!P98","v":{"v":0,"d":"0.00"}},{"$f":"+'Block Breakdown This'!Q98+'Block Breakdown Prev'!Q98","v":{"v":0,"d":"0.00"}},{"$f":"+'Block Breakdown This'!R98+'Block Breakdown Prev'!R98","v":{"v":0,"d":"0.00"}},{"$f":"+'Block Breakdown This'!S98+'Block Breakdown Prev'!S98","v":{"v":0,"d":"0.00"}},{"$f":"+'Block Breakdown This'!T98+'Block Breakdown Prev'!T98","v":{"v":0,"d":"0.00"}},{"$f":"+'Block Breakdown This'!U98+'Block Breakdown Prev'!U98","v":{"v":0,"d":"0.00"}},{"$f":"+'Block Breakdown This'!V98+'Block Breakdown Prev'!V98","v":{"v":0,"d":"0.00"}},{"$f":"+'Block Breakdown This'!W98+'Block Breakdown Prev'!W98","v":{"v":0,"d":"0.00"}},{"$f":"+'Block Breakdown This'!X98+'Block Breakdown Prev'!X98","v":{"v":0,"d":"0.00"}},{"$f":"+'Block Breakdown This'!Y98+'Block Breakdown Prev'!Y98","v":{"v":0,"d":"0.00"}},{"v":1,"d":"1.00"},{"$f":"G98*E98","v":0},{"$f":"H98*E98","v":{"v":19184.41,"d":"19,184"}},{"$f":"I98*E98","v":0},{"$f":"J98*E98","v":0},{"$f":"K98*E98","v":0},{"$f":"L98*E98","v":0},0,{"$f":"N98*E98","v":0},{"$f":"O98*E98","v":0},{"$f":"P98*E98","v":0},{"$f":"Q98*E98","v":0},{"$f":"R98*E98","v":0},{"$f":"S98*E98","v":0},{"$f":"T98*E98","v":0},{"$f":"W98*E98","v":0},{"$f":"X98*E98","v":0},{"$f":"Y98*E98","v":0},{"v":19184.41,"d":"19,184"},{"$f":"+E98*Z98","v":{"v":19184.41,"d":"19,184.41"}}]
[null,"       Install","each",1,{"v":1919,"d":"1,919.00"},{"v":1919,"d":"1,919.00"},{"$f":"+'Block Breakdown This'!G99+'Block Breakdown Prev'!G99","v":{"v":0,"d":"0.00"}},{"$f":"+'Block Breakdown This'!H99+'Block Breakdown Prev'!H99","v":{"v":1,"d":"1.00"}},{"$f":"+'Block Breakdown This'!I99+'Block Breakdown Prev'!I99","v":{"v":0,"d":"0.00"}},{"$f":"+'Block Breakdown This'!J99+'Block Breakdown Prev'!J99","v":{"v":0,"d":"0.00"}},{"$f":"+'Block Breakdown This'!K99+'Block Breakdown Prev'!K99","v":{"v":0,"d":"0.00"}},{"$f":"+'Block Breakdown This'!L99+'Block Breakdown Prev'!L99","v":{"v":0,"d":"0.00"}},{"$f":"+'Block Breakdown This'!M99+'Block Breakdown Prev'!M99","v":{"v":0,"d":"0.00"}},{"$f":"+'Block Breakdown This'!N99+'Block Breakdown Prev'!N99","v":{"v":0,"d":"0.00"}},{"$f":"+'Block Breakdown This'!O99+'Block Breakdown Prev'!O99","v":{"v":0,"d":"0.00"}},{"$f":"+'Block Breakdown This'!P99+'Block Breakdown Prev'!P99","v":{"v":0,"d":"0.00"}},{"$f":"+'Block Breakdown This'!Q99+'Block Breakdown Prev'!Q99","v":{"v":0,"d":"0.00"}},{"$f":"+'Block Breakdown This'!R99+'Block Breakdown Prev'!R99","v":{"v":0,"d":"0.00"}},{"$f":"+'Block Breakdown This'!S99+'Block Breakdown Prev'!S99","v":{"v":0,"d":"0.00"}},{"$f":"+'Block Breakdown This'!T99+'Block Breakdown Prev'!T99","v":{"v":0,"d":"0.00"}},{"$f":"+'Block Breakdown This'!U99+'Block Breakdown Prev'!U99","v":{"v":0,"d":"0.00"}},{"$f":"+'Block Breakdown This'!V99+'Block Breakdown Prev'!V99","v":{"v":0,"d":"0.00"}},{"$f":"+'Block Breakdown This'!W99+'Block Breakdown Prev'!W99","v":{"v":0,"d":"0.00"}},{"$f":"+'Block Breakdown This'!X99+'Block Breakdown Prev'!X99","v":{"v":0,"d":"0.00"}},{"$f":"+'Block Breakdown This'!Y99+'Block Breakdown Prev'!Y99","v":{"v":0,"d":"0.00"}},{"v":1,"d":"1.00"},{"$f":"G99*E99","v":0},{"$f":"H99*E99","v":{"v":1919,"d":"1,919"}},{"$f":"I99*E99","v":0},{"$f":"J99*E99","v":0},{"$f":"K99*E99","v":0},{"$f":"L99*E99","v":0},0,{"$f":"N99*E99","v":0},{"$f":"O99*E99","v":0},{"$f":"P99*E99","v":0},{"$f":"Q99*E99","v":0},{"$f":"R99*E99","v":0},{"$f":"S99*E99","v":0},{"$f":"T99*E99","v":0},{"$f":"W99*E99","v":0},{"$f":"X99*E99","v":0},{"$f":"Y99*E99","v":0},{"v":1919,"d":"1,919"},{"$f":"+E99*Z99","v":{"v":1919,"d":"1,919.00"}}]
[{"$nulls":32},0,{"$nulls":11}," "]
[{"v":2.5,"d":"2.50"},"Female Medical No1 Ward",{"$nulls":30},0,{"$nulls":11}," "]
[null,"       Supply","each",1,{"v":40020.42,"d":"40,020.42"},{"v":40020.42,"d":"40,020.42"},{"$f":"+'Block Breakdown This'!G102+'Block Breakdown Prev'!G102","v":{"v":0,"d":"0.00"}},{"$f":"+'Block Breakdown This'!H102+'Block Breakdown Prev'!H102","v":{"v":0,"d":"0.00"}},{"$f":"+'Block Breakdown This'!I102+'Block Breakdown Prev'!I102","v":{"v":1,"d":"1.00"}},{"$f":"+'Block Breakdown This'!J102+'Block Breakdown Prev'!J102","v":{"v":0,"d":"0.00"}},{"$f":"+'Block Breakdown This'!K102+'Block Breakdown Prev'!K102","v":{"v":0,"d":"0.00"}},{"$f":"+'Block Breakdown This'!L102+'Block Breakdown Prev'!L102","v":{"v":0,"d":"0.00"}},{"$f":"+'Block Breakdown This'!M102+'Block Breakdown Prev'!M102","v":{"v":0,"d":"0.00"}},{"$f":"+'Block Breakdown This'!N102+'Block Breakdown Prev'!N102","v":{"v":0,"d":"0.00"}},{"$f":"+'Block Breakdown This'!O102+'Block Breakdown Prev'!O102","v":{"v":0,"d":"0.00"}},{"$f":"+'Block Breakdown This'!P102+'Block Breakdown Prev'!P102","v":{"v":0,"d":"0.00"}},{"$f":"+'Block Breakdown This'!Q102+'Block Breakdown Prev'!Q102","v":{"v":0,"d":"0.00"}},{"$f":"+'Block Breakdown This'!R102+'Block Breakdown Prev'!R102","v":{"v":0,"d":"0.00"}},{"$f":"+'Block Breakdown This'!S102+'Block Breakdown Prev'!S102","v":{"v":0,"d":"0.00"}},{"$f":"+'Block Breakdown This'!T102+'Block Breakdown Prev'!T102","v":{"v":0,"d":"0.00"}},{"$f":"+'Block Breakdown This'!U102+'Block Breakdown Prev'!U102","v":{"v":0,"d":"0.00"}},{"$f":"+'Block Breakdown This'!V102+'Block Breakdown Prev'!V102","v":{"v":0,"d":"0.00"}},{"$f":"+'Block Breakdown This'!W102+'Block Breakdown Prev'!W102","v":{"v":0,"d":"0.00"}},{"$f":"+'Block Breakdown This'!X102+'Block Breakdown Prev'!X102","v":{"v":0,"d":"0.00"}},{"$f":"+'Block Breakdown This'!Y102+'Block Breakdown Prev'!Y102","v":{"v":0,"d":"0.00"}},{"v":1,"d":"1.00"},{"$f":"G102*E102","v":0},{"$f":"H102*E102","v":0},{"$f":"I102*E102","v":{"v":40020.42,"d":"40,020"}},{"$f":"J102*E102","v":0},{"$f":"K102*E102","v":0},{"$f":"L102*E102","v":0},0,{"$f":"N102*E102","v":0},{"$f":"O102*E102","v":0},{"$f":"P102*E102","v":0},{"$f":"Q102*E102","v":0},{"$f":"R102*E102","v":0},{"$f":"S102*E102","v":0},{"$f":"T102*E102","v":0},{"$f":"W102*E102","v":0},{"$f":"X102*E102","v":0},{"$f":"Y102*E102","v":0},{"v":40020.42,"d":"40,020"},{"$f":"+E102*Z102","v":{"v":40020.42,"d":"40,020.42"}}]
[null,"       Install","each",1,{"v":4003,"d":"4,003.00"},{"v":4003,"d":"4,003.00"},{"$f":"+'Block Breakdown This'!G103+'Block Breakdown Prev'!G103","v":{"v":0,"d":"0.00"}},{"$f":"+'Block Breakdown This'!H103+'Block Breakdown Prev'!H103","v":{"v":0,"d":"0.00"}},{"$f":"+'Block Breakdown This'!I103+'Block Breakdown Prev'!I103","v":{"v":1,"d":"1.00"}},{"$f":"+'Block Breakdown This'!J103+'Block Breakdown Prev'!J103","v":{"v":0,"d":"0.00"}},{"$f":"+'Block Breakdown This'!K103+'Block Breakdown Prev'!K103","v":{"v":0,"d":"0.00"}},{"$f":"+'Block Breakdown This'!L103+'Block Breakdown Prev'!L103","v":{"v":0,"d":"0.00"}},{"$f":"+'Block Breakdown This'!M103+'Block Breakdown Prev'!M103","v":{"v":0,"d":"0.00"}},{"$f":"+'Block Breakdown This'!N103+'Block Breakdown Prev'!N103","v":{"v":0,"d":"0.00"}},{"$f":"+'Block Breakdown This'!O103+'Block Breakdown Prev'!O103","v":{"v":0,"d":"0.00"}},{"$f":"+'Block Breakdown This'!P103+'Block Breakdown Prev'!P103","v":{"v":0,"d":"0.00"}},{"$f":"+'Block Breakdown This'!Q103+'Block Breakdown Prev'!Q103","v":{"v":0,"d":"0.00"}},{"$f":"+'Block Breakdown This'!R103+'Block Breakdown Prev'!R103","v":{"v":0,"d":"0.00"}},{"$f":"+'Block Breakdown This'!S103+'Block Breakdown Prev'!S103","v":{"v":0,"d":"0.00"}},{"$f":"+'Block Breakdown This'!T103+'Block Breakdown Prev'!T103","v":{"v":0,"d":"0.00"}},{"$f":"+'Block Breakdown This'!U103+'Block Breakdown Prev'!U103","v":{"v":0,"d":"0.00"}},{"$f":"+'Block Breakdown This'!V103+'Block Breakdown Prev'!V103","v":{"v":0,"d":"0.00"}},{"$f":"+'Block Breakdown This'!W103+'Block Breakdown Prev'!W103","v":{"v":0,"d":"0.00"}},{"$f":"+'Block Breakdown This'!X103+'Block Breakdown Prev'!X103","v":{"v":0,"d":"0.00"}},{"$f":"+'Block Breakdown This'!Y103+'Block Breakdown Prev'!Y103","v":{"v":0,"d":"0.00"}},{"v":1,"d":"1.00"},{"$f":"G103*E103","v":0},{"$f":"H103*E103","v":0},{"$f":"I103*E103","v":{"v":4003,"d":"4,003"}},{"$f":"J103*E103","v":0},{"$f":"K103*E103","v":0},{"$f":"L103*E103","v":0},0,{"$f":"N103*E103","v":0},{"$f":"O103*E103","v":0},{"$f":"P103*E103","v":0},{"$f":"Q103*E103","v":0},{"$f":"R103*E103","v":0},{"$f":"S103*E103","v":0},{"$f":"T103*E103","v":0},{"$f":"W103*E103","v":0},{"$f":"X103*E103","v":0},{"$f":"Y103*E103","v":0},{"v":4003,"d":"4,003"},{"$f":"+E103*Z103","v":{"v":4003,"d":"4,003.00"}}]
[{"$nulls":32},0,{"$nulls":11}," "]
[{"v":2.6,"d":"2.60"},"Female Medical No2 Ward",{"$nulls":30},0,{"$nulls":11}," "]
[null,"       Supply","each",1,{"v":40020.42,"d":"40,020.42"},{"v":40020.42,"d":"40,020.42"},{"$f":"+'Block Breakdown This'!G106+'Block Breakdown Prev'!G106","v":{"v":0,"d":"0.00"}},{"$f":"+'Block Breakdown This'!H106+'Block Breakdown Prev'!H106","v":{"v":0,"d":"0.00"}},{"$f":"+'Block Breakdown This'!I106+'Block Breakdown Prev'!I106","v":{"v":1,"d":"1.00"}},{"$f":"+'Block Breakdown This'!J106+'Block Breakdown Prev'!J106","v":{"v":0,"d":"0.00"}},{"$f":"+'Block Breakdown This'!K106+'Block Breakdown Prev'!K106","v":{"v":0,"d":"0.00"}},{"$f":"+'Block Breakdown This'!L106+'Block Breakdown Prev'!L106","v":{"v":0,"d":"0.00"}},{"$f":"+'Block Breakdown This'!M106+'Block Breakdown Prev'!M106","v":{"v":0,"d":"0.00"}},{"$f":"+'Block Breakdown This'!N106+'Block Breakdown Prev'!N106","v":{"v":0,"d":"0.00"}},{"$f":"+'Block Breakdown This'!O106+'Block Breakdown Prev'!O106","v":{"v":0,"d":"0.00"}},{"$f":"+'Block Breakdown This'!P106+'Block Breakdown Prev'!P106","v":{"v":0,"d":"0.00"}},{"$f":"+'Block Breakdown This'!Q106+'Block Breakdown Prev'!Q106","v":{"v":0,"d":"0.00"}},{"$f":"+'Block Breakdown This'!R106+'Block Breakdown Prev'!R106","v":{"v":0,"d":"0.00"}},{"$f":"+'Block Breakdown This'!S106+'Block Breakdown Prev'!S106","v":{"v":0,"d":"0.00"}},{"$f":"+'Block Breakdown This'!T106+'Block Breakdown Prev'!T106","v":{"v":0,"d":"0.00"}},{"$f":"+'Block Breakdown This'!U106+'Block Breakdown Prev'!U106","v":{"v":0,"d":"0.00"}},{"$f":"+'Block Breakdown This'!V106+'Block Breakdown Prev'!V106","v":{"v":0,"d":"0.00"}},{"$f":"+'Block Breakdown This'!W106+'Block Breakdown Prev'!W106","v":{"v":0,"d":"0.00"}},{"$f":"+'Block Breakdown This'!X106+'Block Breakdown Prev'!X106","v":{"v":0,"d":"0.00"}},{"$f":"+'Block Breakdown This'!Y106+'Block Breakdown Prev'!Y106","v":{"v":0,"d":"0.00"}},{"v":1,"d":"1.00"},{"$f":"G106*E106","v":0},{"$f":"H106*E106","v":0},{"$f":"I106*E106","v":{"v":40020.42,"d":"40,020"}},{"$f":"J106*E106","v":0},{"$f":"K106*E106","v":0},{"$f":"L106*E106","v":0},0,{"$f":"N106*E106","v":0},{"$f":"O106*E106","v":0},{"$f":"P106*E106","v":0},{"$f":"Q106*E106","v":0},{"$f":"R106*E106","v":0},{"$f":"S106*E106","v":0},{"$f":"T106*E106","v":0},{"$f":"W106*E106","v":0},{"$f":"X106*E106","v":0},{"$f":"Y106*E106","v":0},{"v":40020.42,"d":"40,020"},{"$f":"+E106*Z106","v":{"v":40020.42,"d":"40,020.42"}}]
[null,"       Install","each",1,{"v":4003,"d":"4,003.00"},{"v":4003,"d":"4,003.00"},{"$f":"+'Block Breakdown This'!G107+'Block Breakdown Prev'!G107","v":{"v":0,"d":"0.00"}},{"$f":"+'Block Breakdown This'!H107+'Block Breakdown Prev'!H107","v":{"v":0,"d":"0.00"}},{"$f":"+'Block Breakdown This'!I107+'Block Breakdown Prev'!I107","v":{"v":1,"d":"1.00"}},{"$f":"+'Block Breakdown This'!J107+'Block Breakdown Prev'!J107","v":{"v":0,"d":"0.00"}},{"$f":"+'Block Breakdown This'!K107+'Block Breakdown Prev'!K107","v":{"v":0,"d":"0.00"}},{"$f":"+'Block Breakdown This'!L107+'Block Breakdown Prev'!L107","v":{"v":0,"d":"0.00"}},{"$f":"+'Block Breakdown This'!M107+'Block Breakdown Prev'!M107","v":{"v":0,"d":"0.00"}},{"$f":"+'Block Breakdown This'!N107+'Block Breakdown Prev'!N107","v":{"v":0,"d":"0.00"}},{"$f":"+'Block Breakdown This'!O107+'Block Breakdown Prev'!O107","v":{"v":0,"d":"0.00"}},{"$f":"+'Block Breakdown This'!P107+'Block Breakdown Prev'!P107","v":{"v":0,"d":"0.00"}},{"$f":"+'Block Breakdown This'!Q107+'Block Breakdown Prev'!Q107","v":{"v":0,"d":"0.00"}},{"$f":"+'Block Breakdown This'!R107+'Block Breakdown Prev'!R107","v":{"v":0,"d":"0.00"}},{"$f":"+'Block Breakdown This'!S107+'Block Breakdown Prev'!S107","v":{"v":0,"d":"0.00"}},{"$f":"+'Block Breakdown This'!T107+'Block Breakdown Prev'!T107","v":{"v":0,"d":"0.00"}},{"$f":"+'Block Breakdown This'!U107+'Block Breakdown Prev'!U107","v":{"v":0,"d":"0.00"}},{"$f":"+'Block Breakdown This'!V107+'Block Breakdown Prev'!V107","v":{"v":0,"d":"0.00"}},{"$f":"+'Block Breakdown This'!W107+'Block Breakdown Prev'!W107","v":{"v":0,"d":"0.00"}},{"$f":"+'Block Breakdown This'!X107+'Block Breakdown Prev'!X107","v":{"v":0,"d":"0.00"}},{"$f":"+'Block Breakdown This'!Y107+'Block Breakdown Prev'!Y107","v":{"v":0,"d":"0.00"}},{"v":1,"d":"1.00"},{"$f":"G107*E107","v":0},{"$f":"H107*E107","v":0},{"$f":"I107*E107","v":{"v":4003,"d":"4,003"}},{"$f":"J107*E107","v":0},{"$f":"K107*E107","v":0},{"$f":"L107*E107","v":0},0,{"$f":"N107*E107","v":0},{"$f":"O107*E107","v":0},{"$f":"P107*E107","v":0},{"$f":"Q107*E107","v":0},{"$f":"R107*E107","v":0},{"$f":"S107*E107","v":0},{"$f":"T107*E107","v":0},{"$f":"W107*E107","v":0},{"$f":"X107*E107","v":0},{"$f":"Y107*E107","v":0},{"v":4003,"d":"4,003"},{"$f":"+E107*Z107","v":{"v":4003,"d":"4,003.00"}}]
[{"$nulls":32},0,{"$nulls":11}," "]
[{"v":2.7,"d":"2.70"},"Rehab / Stepdown Ward",{"$nulls":30},0,{"$nulls":11}," "]
[null,"       Supply","each",1,{"v":39305.55,"d":"39,305.55"},{"v":39305.55,"d":"39,305.55"},{"$f":"+'Block Breakdown This'!G110+'Block Breakdown Prev'!G110","v":{"v":0,"d":"0.00"}},{"$f":"+'Block Breakdown This'!H110+'Block Breakdown Prev'!H110","v":{"v":0,"d":"0.00"}},{"$f":"+'Block Breakdown This'!I110+'Block Breakdown Prev'!I110","v":{"v":1,"d":"1.00"}},{"$f":"+'Block Breakdown This'!J110+'Block Breakdown Prev'!J110","v":{"v":0,"d":"0.00"}},{"$f":"+'Block Breakdown This'!K110+'Block Breakdown Prev'!K110","v":{"v":0,"d":"0.00"}},{"$f":"+'Block Breakdown This'!L110+'Block Breakdown Prev'!L110","v":{"v":0,"d":"0.00"}},{"$f":"+'Block Breakdown This'!M110+'Block Breakdown Prev'!M110","v":{"v":0,"d":"0.00"}},{"$f":"+'Block Breakdown This'!N110+'Block Breakdown Prev'!N110","v":{"v":0,"d":"0.00"}},{"$f":"+'Block Breakdown This'!O110+'Block Breakdown Prev'!O110","v":{"v":0,"d":"0.00"}},{"$f":"+'Block Breakdown This'!P110+'Block Breakdown Prev'!P110","v":{"v":0,"d":"0.00"}},{"$f":"+'Block Breakdown This'!Q110+'Block Breakdown Prev'!Q110","v":{"v":0,"d":"0.00"}},{"$f":"+'Block Breakdown This'!R110+'Block Breakdown Prev'!R110","v":{"v":0,"d":"0.00"}},{"$f":"+'Block Breakdown This'!S110+'Block Breakdown Prev'!S110","v":{"v":0,"d":"0.00"}},{"$f":"+'Block Breakdown This'!T110+'Block Breakdown Prev'!T110","v":{"v":0,"d":"0.00"}},{"$f":"+'Block Breakdown This'!U110+'Block Breakdown Prev'!U110","v":{"v":0,"d":"0.00"}},{"$f":"+'Block Breakdown This'!V110+'Block Breakdown Prev'!V110","v":{"v":0,"d":"0.00"}},{"$f":"+'Block Breakdown This'!W110+'Block Breakdown Prev'!W110","v":{"v":0,"d":"0.00"}},{"$f":"+'Block Breakdown This'!X110+'Block Breakdown Prev'!X110","v":{"v":0,"d":"0.00"}},{"$f":"+'Block Breakdown This'!Y110+'Block Breakdown Prev'!Y110","v":{"v":0,"d":"0.00"}},{"v":1,"d":"1.00"},{"$f":"G110*E110","v":0},{"$f":"H110*E110","v":0},{"$f":"I110*E110","v":{"v":39305.55,"d":"39,306"}},{"$f":"J110*E110","v":0},{"$f":"K110*E110","v":0},{"$f":"L110*E110","v":0},0,{"$f":"N110*E110","v":0},{"$f":"O110*E110","v":0},{"$f":"P110*E110","v":0},{"$f":"Q110*E110","v":0},{"$f":"R110*E110","v":0},{"$f":"S110*E110","v":0},{"$f":"T110*E110","v":0},{"$f":"W110*E110","v":0},{"$f":"X110*E110","v":0},{"$f":"Y110*E110","v":0},{"v":39305.55,"d":"39,306"},{"$f":"+E110*Z110","v":{"v":39305.55,"d":"39,305.55"}}]
[null,"       Install","each",1,{"v":3931,"d":"3,931.00"},{"v":3931,"d":"3,931.00"},{"$f":"+'Block Breakdown This'!G111+'Block Breakdown Prev'!G111","v":{"v":0,"d":"0.00"}},{"$f":"+'Block Breakdown This'!H111+'Block Breakdown Prev'!H111","v":{"v":0,"d":"0.00"}},{"$f":"+'Block Breakdown This'!I111+'Block Breakdown Prev'!I111","v":{"v":1,"d":"1.00"}},{"$f":"+'Block Breakdown This'!J111+'Block Breakdown Prev'!J111","v":{"v":0,"d":"0.00"}},{"$f":"+'Block Breakdown This'!K111+'Block Breakdown Prev'!K111","v":{"v":0,"d":"0.00"}},{"$f":"+'Block Breakdown This'!L111+'Block Breakdown Prev'!L111","v":{"v":0,"d":"0.00"}},{"$f":"+'Block Breakdown This'!M111+'Block Breakdown Prev'!M111","v":{"v":0,"d":"0.00"}},{"$f":"+'Block Breakdown This'!N111+'Block Breakdown Prev'!N111","v":{"v":0,"d":"0.00"}},{"$f":"+'Block Breakdown This'!O111+'Block Breakdown Prev'!O111","v":{"v":0,"d":"0.00"}},{"$f":"+'Block Breakdown This'!P111+'Block Breakdown Prev'!P111","v":{"v":0,"d":"0.00"}},{"$f":"+'Block Breakdown This'!Q111+'Block Breakdown Prev'!Q111","v":{"v":0,"d":"0.00"}},{"$f":"+'Block Breakdown This'!R111+'Block Breakdown Prev'!R111","v":{"v":0,"d":"0.00"}},{"$f":"+'Block Breakdown This'!S111+'Block Breakdown Prev'!S111","v":{"v":0,"d":"0.00"}},{"$f":"+'Block Breakdown This'!T111+'Block Breakdown Prev'!T111","v":{"v":0,"d":"0.00"}},{"$f":"+'Block Breakdown This'!U111+'Block Breakdown Prev'!U111","v":{"v":0,"d":"0.00"}},{"$f":"+'Block Breakdown This'!V111+'Block Breakdown Prev'!V111","v":{"v":0,"d":"0.00"}},{"$f":"+'Block Breakdown This'!W111+'Block Breakdown Prev'!W111","v":{"v":0,"d":"0.00"}},{"$f":"+'Block Breakdown This'!X111+'Block Breakdown Prev'!X111","v":{"v":0,"d":"0.00"}},{"$f":"+'Block Breakdown This'!Y111+'Block Breakdown Prev'!Y111","v":{"v":0,"d":"0.00"}},{"v":1,"d":"1.00"},{"$f":"G111*E111","v":0},{"$f":"H111*E111","v":0},{"$f":"I111*E111","v":{"v":3931,"d":"3,931"}},{"$f":"J111*E111","v":0},{"$f":"K111*E111","v":0},{"$f":"L111*E111","v":0},0,{"$f":"N111*E111","v":0},{"$f":"O111*E111","v":0},{"$f":"P111*E111","v":0},{"$f":"Q111*E111","v":0},{"$f":"R111*E111","v":0},{"$f":"S111*E111","v":0},{"$f":"T111*E111","v":0},{"$f":"W111*E111","v":0},{"$f":"X111*E111","v":0},{"$f":"Y111*E111","v":0},{"v":3931,"d":"3,931"},{"$f":"+E111*Z111","v":{"v":3931,"d":"3,931.00"}}]
[{"$nulls":32},0,{"$nulls":11}," "]
[{"v":2.8,"d":"2.80"},"Female Surgical Ward No1",{"$nulls":30},0,{"$nulls":11}," "]
[null,"       Supply","each",1,{"v":25541.19,"d":"25,541.19"},{"v":25541.19,"d":"25,541.19"},{"$f":"+'Block Breakdown This'!G114+'Block Breakdown Prev'!G114","v":{"v":1,"d":"1.00"}},{"$f":"+'Block Breakdown This'!H114+'Block Breakdown Prev'!H114","v":{"v":0,"d":"0.00"}},{"$f":"+'Block Breakdown This'!I114+'Block Breakdown Prev'!I114","v":{"v":0,"d":"0.00"}},{"$f":"+'Block Breakdown This'!J114+'Block Breakdown Prev'!J114","v":{"v":0,"d":"0.00"}},{"$f":"+'Block Breakdown This'!K114+'Block Breakdown Prev'!K114","v":{"v":0,"d":"0.00"}},{"$f":"+'Block Breakdown This'!L114+'Block Breakdown Prev'!L114","v":{"v":0,"d":"0.00"}},{"$f":"+'Block Breakdown This'!M114+'Block Breakdown Prev'!M114","v":{"v":0,"d":"0.00"}},{"$f":"+'Block Breakdown This'!N114+'Block Breakdown Prev'!N114","v":{"v":0,"d":"0.00"}},{"$f":"+'Block Breakdown This'!O114+'Block Breakdown Prev'!O114","v":{"v":0,"d":"0.00"}},{"$f":"+'Block Breakdown This'!P114+'Block Breakdown Prev'!P114","v":{"v":0,"d":"0.00"}},{"$f":"+'Block Breakdown This'!Q114+'Block Breakdown Prev'!Q114","v":{"v":0,"d":"0.00"}},{"$f":"+'Block Breakdown This'!R114+'Block Breakdown Prev'!R114","v":{"v":0,"d":"0.00"}},{"$f":"+'Block Breakdown This'!S114+'Block Breakdown Prev'!S114","v":{"v":0,"d":"0.00"}},{"$f":"+'Block Breakdown This'!T114+'Block Breakdown Prev'!T114","v":{"v":0,"d":"0.00"}},{"$f":"+'Block Breakdown This'!U114+'Block Breakdown Prev'!U114","v":{"v":0,"d":"0.00"}},{"$f":"+'Block Breakdown This'!V114+'Block Breakdown Prev'!V114","v":{"v":0,"d":"0.00"}},{"$f":"+'Block Breakdown This'!W114+'Block Breakdown Prev'!W114","v":{"v":0,"d":"0.00"}},{"$f":"+'Block Breakdown This'!X114+'Block Breakdown Prev'!X114","v":{"v":0,"d":"0.00"}},{"$f":"+'Block Breakdown This'!Y114+'Block Breakdown Prev'!Y114","v":{"v":0,"d":"0.00"}},{"v":1,"d":"1.00"},{"$f":"G114*E114","v":{"v":25541.19,"d":"25,541"}},{"$f":"H114*E114","v":0},{"$f":"I114*E114","v":0},{"$f":"J114*E114","v":0},{"$f":"K114*E114","v":0},{"$f":"L114*E114","v":0},0,{"$f":"N114*E114","v":0},{"$f":"O114*E114","v":0},{"$f":"P114*E114","v":0},{"$f":"Q114*E114","v":0},{"$f":"R114*E114","v":0},{"$f":"S114*E114","v":0},{"$f":"T114*E114","v":0},{"$f":"W114*E114","v":0},{"$f":"X114*E114","v":0},{"$f":"Y114*E114","v":0},{"v":25541.19,"d":"25,541"},{"$f":"+E114*Z114","v":{"v":25541.19,"d":"25,541.19"}}]
[null,"       Install","each",1,{"v":2555,"d":"2,555.00"},{"v":2555,"d":"2,555.00"},{"$f":"+'Block Breakdown This'!G115+'Block Breakdown Prev'!G115","v":{"v":1,"d":"1.00"}},{"$f":"+'Block Breakdown This'!H115+'Block Breakdown Prev'!H115","v":{"v":0,"d":"0.00"}},{"$f":"+'Block Breakdown This'!I115+'Block Breakdown Prev'!I115","v":{"v":0,"d":"0.00"}},{"$f":"+'Block Breakdown This'!J115+'Block Breakdown Prev'!J115","v":{"v":0,"d":"0.00"}},{"$f":"+'Block Breakdown This'!K115+'Block Breakdown Prev'!K115","v":{"v":0,"d":"0.00"}},{"$f":"+'Block Breakdown This'!L115+'Block Breakdown Prev'!L115","v":{"v":0,"d":"0.00"}},{"$f":"+'Block Breakdown This'!M115+'Block Breakdown Prev'!M115","v":{"v":0,"d":"0.00"}},{"$f":"+'Block Breakdown This'!N115+'Block Breakdown Prev'!N115","v":{"v":0,"d":"0.00"}},{"$f":"+'Block Breakdown This'!O115+'Block Breakdown Prev'!O115","v":{"v":0,"d":"0.00"}},{"$f":"+'Block Breakdown This'!P115+'Block Breakdown Prev'!P115","v":{"v":0,"d":"0.00"}},{"$f":"+'Block Breakdown This'!Q115+'Block Breakdown Prev'!Q115","v":{"v":0,"d":"0.00"}},{"$f":"+'Block Breakdown This'!R115+'Block Breakdown Prev'!R115","v":{"v":0,"d":"0.00"}},{"$f":"+'Block Breakdown This'!S115+'Block Breakdown Prev'!S115","v":{"v":0,"d":"0.00"}},{"$f":"+'Block Breakdown This'!T115+'Block Breakdown Prev'!T115","v":{"v":0,"d":"0.00"}},{"$f":"+'Block Breakdown This'!U115+'Block Breakdown Prev'!U115","v":{"v":0,"d":"0.00"}},{"$f":"+'Block Breakdown This'!V115+'Block Breakdown Prev'!V115","v":{"v":0,"d":"0.00"}},{"$f":"+'Block Breakdown This'!W115+'Block Breakdown Prev'!W115","v":{"v":0,"d":"0.00"}},{"$f":"+'Block Breakdown This'!X115+'Block Breakdown Prev'!X115","v":{"v":0,"d":"0.00"}},{"$f":"+'Block Breakdown This'!Y115+'Block Breakdown Prev'!Y115","v":{"v":0,"d":"0.00"}},{"v":1,"d":"1.00"},{"$f":"G115*E115","v":{"v":2555,"d":"2,555"}},{"$f":"H115*E115","v":0},{"$f":"I115*E115","v":0},{"$f":"J115*E115","v":0},{"$f":"K115*E115","v":0},{"$f":"L115*E115","v":0},0,{"$f":"N115*E115","v":0},{"$f":"O115*E115","v":0},{"$f":"P115*E115","v":0},{"$f":"Q115*E115","v":0},{"$f":"R115*E115","v":0},{"$f":"S115*E115","v":0},{"$f":"T115*E115","v":0},{"$f":"W115*E115","v":0},{"$f":"X115*E115","v":0},{"$f":"Y115*E115","v":0},{"v":2555,"d":"2,555"},{"$f":"+E115*Z115","v":{"v":2555,"d":"2,555.00"}}]
[{"$nulls":32},0,{"$nulls":11}," "]
[{"v":2.9,"d":"2.90"},"Female Surgical Ward No 2",{"$nulls":30},0,{"$nulls":11}," "]
[null,"       Supply","each",1,{"v":26841.97,"d":"26,841.97"},{"v":26841.97,"d":"26,841.97"},{"$f":"+'Block Breakdown This'!G118+'Block Breakdown Prev'!G118","v":{"v":1,"d":"1.00"}},{"$f":"+'Block Breakdown This'!H118+'Block Breakdown Prev'!H118","v":{"v":0,"d":"0.00"}},{"$f":"+'Block Breakdown This'!I118+'Block Breakdown Prev'!I118","v":{"v":0,"d":"0.00"}},{"$f":"+'Block Breakdown This'!J118+'Block Breakdown Prev'!J118","v":{"v":0,"d":"0.00"}},{"$f":"+'Block Breakdown This'!K118+'Block Breakdown Prev'!K118","v":{"v":0,"d":"0.00"}},{"$f":"+'Block Breakdown This'!L118+'Block Breakdown Prev'!L118","v":{"v":0,"d":"0.00"}},{"$f":"+'Block Breakdown This'!M118+'Block Breakdown Prev'!M118","v":{"v":0,"d":"0.00"}},{"$f":"+'Block Breakdown This'!N118+'Block Breakdown Prev'!N118","v":{"v":0,"d":"0.00"}},{"$f":"+'Block Breakdown This'!O118+'Block Breakdown Prev'!O118","v":{"v":0,"d":"0.00"}},{"$f":"+'Block Breakdown This'!P118+'Block Breakdown Prev'!P118","v":{"v":0,"d":"0.00"}},{"$f":"+'Block Breakdown This'!Q118+'Block Breakdown Prev'!Q118","v":{"v":0,"d":"0.00"}},{"$f":"+'Block Breakdown This'!R118+'Block Breakdown Prev'!R118","v":{"v":0,"d":"0.00"}},{"$f":"+'Block Breakdown This'!S118+'Block Breakdown Prev'!S118","v":{"v":0,"d":"0.00"}},{"$f":"+'Block Breakdown This'!T118+'Block Breakdown Prev'!T118","v":{"v":0,"d":"0.00"}},{"$f":"+'Block Breakdown This'!U118+'Block Breakdown Prev'!U118","v":{"v":0,"d":"0.00"}},{"$f":"+'Block Breakdown This'!V118+'Block Breakdown Prev'!V118","v":{"v":0,"d":"0.00"}},{"$f":"+'Block Breakdown This'!W118+'Block Breakdown Prev'!W118","v":{"v":0,"d":"0.00"}},{"$f":"+'Block Breakdown This'!X118+'Block Breakdown Prev'!X118","v":{"v":0,"d":"0.00"}},{"$f":"+'Block Breakdown This'!Y118+'Block Breakdown Prev'!Y118","v":{"v":0,"d":"0.00"}},{"v":1,"d":"1.00"},{"$f":"G118*E118","v":{"v":26841.97,"d":"26,842"}},{"$f":"H118*E118","v":0},{"$f":"I118*E118","v":0},{"$f":"J118*E118","v":0},{"$f":"K118*E118","v":0},{"$f":"L118*E118","v":0},{"$f":"+M118*E118","v":0},{"$f":"N118*E118","v":0},{"$f":"O118*E118","v":0},{"$f":"P118*E118","v":0},{"$f":"Q118*E118","v":0},{"$f":"R118*E118","v":0},{"$f":"S118*E118","v":0},{"$f":"T118*E118","v":0},{"$f":"W118*E118","v":0},{"$f":"X118*E118","v":0},{"$f":"Y118*E118","v":0},{"v":26841.97,"d":"26,842"},{"$f":"+E118*Z118","v":{"v":26841.97,"d":"26,841.97"}}]
[null,"       Install","each",1,{"v":2685,"d":"2,685.00"},{"v":2685,"d":"2,685.00"},{"$f":"+'Block Breakdown This'!G119+'Block Breakdown Prev'!G119","v":{"v":1,"d":"1.00"}},{"$f":"+'Block Breakdown This'!H119+'Block Breakdown Prev'!H119","v":{"v":0,"d":"0.00"}},{"$f":"+'Block Breakdown This'!I119+'Block Breakdown Prev'!I119","v":{"v":0,"d":"0.00"}},{"$f":"+'Block Breakdown This'!J119+'Block Breakdown Prev'!J119","v":{"v":0,"d":"0.00"}},{"$f":"+'Block Breakdown This'!K119+'Block Breakdown Prev'!K119","v":{"v":0,"d":"0.00"}},{"$f":"+'Block Breakdown This'!L119+'Block Breakdown Prev'!L119","v":{"v":0,"d":"0.00"}},{"$f":"+'Block Breakdown This'!M119+'Block Breakdown Prev'!M119","v":{"v":0,"d":"0.00"}},{"$f":"+'Block Breakdown This'!N119+'Block Breakdown Prev'!N119","v":{"v":0,"d":"0.00"}},{"$f":"+'Block Breakdown This'!O119+'Block Breakdown Prev'!O119","v":{"v":0,"d":"0.00"}},{"$f":"+'Block Breakdown This'!P119+'Block Breakdown Prev'!P119","v":{"v":0,"d":"0.00"}},{"$f":"+'Block Breakdown This'!Q119+'Block Breakdown Prev'!Q119","v":{"v":0,"d":"0.00"}},{"$f":"+'Block Breakdown This'!R119+'Block Breakdown Prev'!R119","v":{"v":0,"d":"0.00"}},{"$f":"+'Block Breakdown This'!S119+'Block Breakdown Prev'!S119","v":{"v":0,"d":"0.00"}},{"$f":"+'Block Breakdown This'!T119+'Block Breakdown Prev'!T119","v":{"v":0,"d":"0.00"}},{"$f":"+'Block Breakdown This'!U119+'Block Breakdown Prev'!U119","v":{"v":0,"d":"0.00"}},{"$f":"+'Block Breakdown This'!V119+'Block Breakdown Prev'!V119","v":{"v":0,"d":"0.00"}},{"$f":"+'Block Breakdown This'!W119+'Block Breakdown Prev'!W119","v":{"v":0,"d":"0.00"}},{"$f":"+'Block Breakdown This'!X119+'Block Breakdown Prev'!X119","v":{"v":0,"d":"0.00"}},{"$f":"+'Block Breakdown This'!Y119+'Block Breakdown Prev'!Y119","v":{"v":0,"d":"0.00"}},{"v":1,"d":"1.00"},{"$f":"G119*E119","v":{"v":2685,"d":"2,685"}},{"$f":"H119*E119","v":0},{"$f":"I119*E119","v":0},{"$f":"J119*E119","v":0},{"$f":"K119*E119","v":0},{"$f":"L119*E119","v":0},0,{"$f":"N119*E119","v":0},{"$f":"O119*E119","v":0},{"$f":"P119*E119","v":0},{"$f":"Q119*E119","v":0},{"$f":"R119*E119","v":0},{"$f":"S119*E119","v":0},{"$f":"T119*E119","v":0},{"$f":"W119*E119","v":0},{"$f":"X119*E119","v":0},{"$f":"Y119*E119","v":0},{"v":2685,"d":"2,685"},{"$f":"+E119*Z119","v":{"v":2685,"d":"2,685.00"}}]
[{"$nulls":32},0,{"$nulls":11}," "]
[{"v":2.1,"d":"2.10"},"Male Surgical Ward No 1",{"$nulls":30},0,{"$nulls":11}," "]
[null,"       Supply","each",1,{"v":25838.15,"d":"25,838.15"},{"v":25838.15,"d":"25,838.15"},{"$f":"+'Block Breakdown This'!G122+'Block Breakdown Prev'!G122","v":{"v":0,"d":"0.00"}},{"$f":"+'Block Breakdown This'!H122+'Block Breakdown Prev'!H122","v":{"v":1,"d":"1.00"}},{"$f":"+'Block Breakdown This'!I122+'Block Breakdown Prev'!I122","v":{"v":0,"d":"0.00"}},{"$f":"+'Block Breakdown This'!J122+'Block Breakdown Prev'!J122","v":{"v":0,"d":"0.00"}},{"$f":"+'Block Breakdown This'!K122+'Block Breakdown Prev'!K122","v":{"v":0,"d":"0.00"}},{"$f":"+'Block Breakdown This'!L122+'Block Breakdown Prev'!L122","v":{"v":0,"d":"0.00"}},{"$f":"+'Block Breakdown This'!M122+'Block Breakdown Prev'!M122","v":{"v":0,"d":"0.00"}},{"$f":"+'Block Breakdown This'!N122+'Block Breakdown Prev'!N122","v":{"v":0,"d":"0.00"}},{"$f":"+'Block Breakdown This'!O122+'Block Breakdown Prev'!O122","v":{"v":0,"d":"0.00"}},{"$f":"+'Block Breakdown This'!P122+'Block Breakdown Prev'!P122","v":{"v":0,"d":"0.00"}},{"$f":"+'Block Breakdown This'!Q122+'Block Breakdown Prev'!Q122","v":{"v":0,"d":"0.00"}},{"$f":"+'Block Breakdown This'!R122+'Block Breakdown Prev'!R122","v":{"v":0,"d":"0.00"}},{"$f":"+'Block Breakdown This'!S122+'Block Breakdown Prev'!S122","v":{"v":0,"d":"0.00"}},{"$f":"+'Block Breakdown This'!T122+'Block Breakdown Prev'!T122","v":{"v":0,"d":"0.00"}},{"$f":"+'Block Breakdown This'!U122+'Block Breakdown Prev'!U122","v":{"v":0,"d":"0.00"}},{"$f":"+'Block Breakdown This'!V122+'Block Breakdown Prev'!V122","v":{"v":0,"d":"0.00"}},{"$f":"+'Block Breakdown This'!W122+'Block Breakdown Prev'!W122","v":{"v":0,"d":"0.00"}},{"$f":"+'Block Breakdown This'!X122+'Block Breakdown Prev'!X122","v":{"v":0,"d":"0.00"}},{"$f":"+'Block Breakdown This'!Y122+'Block Breakdown Prev'!Y122","v":{"v":0,"d":"0.00"}},{"v":1,"d":"1.00"},{"$f":"G122*E122","v":0},{"$f":"H122*E122","v":{"v":25838.15,"d":"25,838"}},{"$f":"I122*E122","v":0},{"$f":"J122*E122","v":0},{"$f":"K122*E122","v":0},{"$f":"L122*E122","v":0},0,{"$f":"N122*E122","v":0},{"$f":"O122*E122","v":0},{"$f":"P122*E122","v":0},{"$f":"Q122*E122","v":0},{"$f":"R122*E122","v":0},{"$f":"S122*E122","v":0},{"$f":"T122*E122","v":0},{"$f":"W122*E122","v":0},{"$f":"X122*E122","v":0},{"$f":"Y122*E122","v":0},{"v":25838.15,"d":"25,838"},{"$f":"+E122*Z122","v":{"v":25838.15,"d":"25,838.15"}}]
[null,"       Install","each",1,{"v":2584,"d":"2,584.00"},{"v":2584,"d":"2,584.00"},{"$f":"+'Block Breakdown This'!G123+'Block Breakdown Prev'!G123","v":{"v":0,"d":"0.00"}},{"$f":"+'Block Breakdown This'!H123+'Block Breakdown Prev'!H123","v":{"v":1,"d":"1.00"}},{"$f":"+'Block Breakdown This'!I123+'Block Breakdown Prev'!I123","v":{"v":0,"d":"0.00"}},{"$f":"+'Block Breakdown This'!J123+'Block Breakdown Prev'!J123","v":{"v":0,"d":"0.00"}},{"$f":"+'Block Breakdown This'!K123+'Block Breakdown Prev'!K123","v":{"v":0,"d":"0.00"}},{"$f":"+'Block Breakdown This'!L123+'Block Breakdown Prev'!L123","v":{"v":0,"d":"0.00"}},{"$f":"+'Block Breakdown This'!M123+'Block Breakdown Prev'!M123","v":{"v":0,"d":"0.00"}},{"$f":"+'Block Breakdown This'!N123+'Block Breakdown Prev'!N123","v":{"v":0,"d":"0.00"}},{"$f":"+'Block Breakdown This'!O123+'Block Breakdown Prev'!O123","v":{"v":0,"d":"0.00"}},{"$f":"+'Block Breakdown This'!P123+'Block Breakdown Prev'!P123","v":{"v":0,"d":"0.00"}},{"$f":"+'Block Breakdown This'!Q123+'Block Breakdown Prev'!Q123","v":{"v":0,"d":"0.00"}},{"$f":"+'Block Breakdown This'!R123+'Block Breakdown Prev'!R123","v":{"v":0,"d":"0.00"}},{"$f":"+'Block Breakdown This'!S123+'Block Breakdown Prev'!S123","v":{"v":0,"d":"0.00"}},{"$f":"+'Block Breakdown This'!T123+'Block Breakdown Prev'!T123","v":{"v":0,"d":"0.00"}},{"$f":"+'Block Breakdown This'!U123+'Block Breakdown Prev'!U123","v":{"v":0,"d":"0.00"}},{"$f":"+'Block Breakdown This'!V123+'Block Breakdown Prev'!V123","v":{"v":0,"d":"0.00"}},{"$f":"+'Block Breakdown This'!W123+'Block Breakdown Prev'!W123","v":{"v":0,"d":"0.00"}},{"$f":"+'Block Breakdown This'!X123+'Block Breakdown Prev'!X123","v":{"v":0,"d":"0.00"}},{"$f":"+'Block Breakdown This'!Y123+'Block Breakdown Prev'!Y123","v":{"v":0,"d":"0.00"}},{"v":1,"d":"1.00"},{"$f":"G123*E123","v":0},{"$f":"H123*E123","v":{"v":2584,"d":"2,584"}},{"$f":"I123*E123","v":0},{"$f":"J123*E123","v":0},{"$f":"K123*E123","v":0},{"$f":"L123*E123","v":0},0,{"$f":"N123*E123","v":0},{"$f":"O123*E123","v":0},{"$f":"P123*E123","v":0},{"$f":"Q123*E123","v":0},{"$f":"R123*E123","v":0},{"$f":"S123*E123","v":0},{"$f":"T123*E123","v":0},{"$f":"W123*E123","v":0},{"$f":"X123*E123","v":0},{"$f":"Y123*E123","v":0},{"v":2584,"d":"2,584"},{"$f":"+E123*Z123","v":{"v":2584,"d":"2,584.00"}}]
[{"$nulls":32},0,{"$nulls":11}," "]
[2.11,"Male Surgical Ward No 2",{"$nulls":30},0,{"$nulls":11}," "]
[null,"       Supply","each",1,{"v":26662.65,"d":"26,662.65"},{"$f":"E126*D126","v":{"v":26662.65,"d":"26,662.65"}},{"$f":"+'Block Breakdown This'!G126+'Block Breakdown Prev'!G126","v":{"v":0,"d":"0.00"}},{"$f":"+'Block Breakdown This'!H126+'Block Breakdown Prev'!H126","v":{"v":1,"d":"1.00"}},{"$f":"+'Block Breakdown This'!I126+'Block Breakdown Prev'!I126","v":{"v":0,"d":"0.00"}},{"$f":"+'Block Breakdown This'!J126+'Block Breakdown Prev'!J126","v":{"v":0,"d":"0.00"}},{"$f":"+'Block Breakdown This'!K126+'Block Breakdown Prev'!K126","v":{"v":0,"d":"0.00"}},{"$f":"+'Block Breakdown This'!L126+'Block Breakdown Prev'!L126","v":{"v":0,"d":"0.00"}},{"$f":"+'Block Breakdown This'!M126+'Block Breakdown Prev'!M126","v":{"v":0,"d":"0.00"}},{"$f":"+'Block Breakdown This'!N126+'Block Breakdown Prev'!N126","v":{"v":0,"d":"0.00"}},{"$f":"+'Block Breakdown This'!O126+'Block Breakdown Prev'!O126","v":{"v":0,"d":"0.00"}},{"$f":"+'Block Breakdown This'!P126+'Block Breakdown Prev'!P126","v":{"v":0,"d":"0.00"}},{"$f":"+'Block Breakdown This'!Q126+'Block Breakdown Prev'!Q126","v":{"v":0,"d":"0.00"}},{"$f":"+'Block Breakdown This'!R126+'Block Breakdown Prev'!R126","v":{"v":0,"d":"0.00"}},{"$f":"+'Block Breakdown This'!S126+'Block Breakdown Prev'!S126","v":{"v":0,"d":"0.00"}},{"$f":"+'Block Breakdown This'!T126+'Block Breakdown Prev'!T126","v":{"v":0,"d":"0.00"}},{"$f":"+'Block Breakdown This'!U126+'Block Breakdown Prev'!U126","v":{"v":0,"d":"0.00"}},{"$f":"+'Block Breakdown This'!V126+'Block Breakdown Prev'!V126","v":{"v":0,"d":"0.00"}},{"$f":"+'Block Breakdown This'!W126+'Block Breakdown Prev'!W126","v":{"v":0,"d":"0.00"}},{"$f":"+'Block Breakdown This'!X126+'Block Breakdown Prev'!X126","v":{"v":0,"d":"0.00"}},{"$f":"+'Block Breakdown This'!Y126+'Block Breakdown Prev'!Y126","v":{"v":0,"d":"0.00"}},{"v":1,"d":"1.00"},{"$f":"G126*E126","v":0},{"$f":"H126*E126","v":{"v":26662.65,"d":"26,663"}},{"$f":"I126*E126","v":0},{"$f":"J126*E126","v":0},{"$f":"K126*E126","v":0},{"$f":"L126*E126","v":0},0,{"$f":"N126*E126","v":0},{"$f":"O126*E126","v":0},{"$f":"P126*E126","v":0},{"$f":"Q126*E126","v":0},{"$f":"R126*E126","v":0},{"$f":"S126*E126","v":0},{"$f":"T126*E126","v":0},{"$f":"W126*E126","v":0},{"$f":"X126*E126","v":0},{"$f":"Y126*E126","v":0},{"v":26662.65,"d":"26,663"},{"$f":"+E126*Z126","v":{"v":26662.65,"d":"26,662.65"}}]
[null,"       Install","each",1,{"v":2667,"d":"2,667.00"},{"v":2667,"d":"2,667.00"},{"$f":"+'Block Breakdown This'!G127+'Block Breakdown Prev'!G127","v":{"v":0,"d":"0.00"}},{"$f":"+'Block Breakdown This'!H127+'Block Breakdown Prev'!H127","v":{"v":1,"d":"1.00"}},{"$f":"+'Block Breakdown This'!I127+'Block Breakdown Prev'!I127","v":{"v":0,"d":"0.00"}},{"$f":"+'Block Breakdown This'!J127+'Block Breakdown Prev'!J127","v":{"v":0,"d":"0.00"}},{"$f":"+'Block Breakdown This'!K127+'Block Breakdown Prev'!K127","v":{"v":0,"d":"0.00"}},{"$f":"+'Block Breakdown This'!L127+'Block Breakdown Prev'!L127","v":{"v":0,"d":"0.00"}},{"$f":"+'Block Breakdown This'!M127+'Block Breakdown Prev'!M127","v":{"v":0,"d":"0.00"}},{"$f":"+'Block Breakdown This'!N127+'Block Breakdown Prev'!N127","v":{"v":0,"d":"0.00"}},{"$f":"+'Block Breakdown This'!O127+'Block Breakdown Prev'!O127","v":{"v":0,"d":"0.00"}},{"$f":"+'Block Breakdown This'!P127+'Block Breakdown Prev'!P127","v":{"v":0,"d":"0.00"}},{"$f":"+'Block Breakdown This'!Q127+'Block Breakdown Prev'!Q127","v":{"v":0,"d":"0.00"}},{"$f":"+'Block Breakdown This'!R127+'Block Breakdown Prev'!R127","v":{"v":0,"d":"0.00"}},{"$f":"+'Block Breakdown This'!S127+'Block Breakdown Prev'!S127","v":{"v":0,"d":"0.00"}},{"$f":"+'Block Breakdown This'!T127+'Block Breakdown Prev'!T127","v":{"v":0,"d":"0.00"}},{"$f":"+'Block Breakdown This'!U127+'Block Breakdown Prev'!U127","v":{"v":0,"d":"0.00"}},{"$f":"+'Block Breakdown This'!V127+'Block Breakdown Prev'!V127","v":{"v":0,"d":"0.00"}},{"$f":"+'Block Breakdown This'!W127+'Block Breakdown Prev'!W127","v":{"v":0,"d":"0.00"}},{"$f":"+'Block Breakdown This'!X127+'Block Breakdown Prev'!X127","v":{"v":0,"d":"0.00"}},{"$f":"+'Block Breakdown This'!Y127+'Block Breakdown Prev'!Y127","v":{"v":0,"d":"0.00"}},{"v":1,"d":"1.00"},{"$f":"G127*E127","v":0},{"$f":"H127*E127","v":{"v":2667,"d":"2,667"}},{"$f":"I127*E127","v":0},{"$f":"J127*E127","v":0},{"$f":"K127*E127","v":0},{"$f":"L127*E127","v":0},0,{"$f":"N127*E127","v":0},{"$f":"O127*E127","v":0},{"$f":"P127*E127","v":0},{"$f":"Q127*E127","v":0},{"$f":"R127*E127","v":0},{"$f":"S127*E127","v":0},{"$f":"T127*E127","v":0},{"$f":"W127*E127","v":0},{"$f":"X127*E127","v":0},{"$f":"Y127*E127","v":0},{"v":2667,"d":"2,667"},{"$f":"+E127*Z127","v":{"v":2667,"d":"2,667.00"}}]
[{"$nulls":32},0,{"$nulls":11}," "]
[2.12,"Female Medical Ward",{"$nulls":30},0,{"$nulls":11}," "]
[null,"       Supply","each",1,{"v":27180.07,"d":"27,180.07"},{"v":27180.07,"d":"27,180.07"},{"$f":"+'Block Breakdown This'!G130+'Block Breakdown Prev'!G130","v":{"v":0,"d":"0.00"}},{"$f":"+'Block Breakdown This'!H130+'Block Breakdown Prev'!H130","v":{"v":1,"d":"1.00"}},{"$f":"+'Block Breakdown This'!I130+'Block Breakdown Prev'!I130","v":{"v":0,"d":"0.00"}},{"$f":"+'Block Breakdown This'!J130+'Block Breakdown Prev'!J130","v":{"v":0,"d":"0.00"}},{"$f":"+'Block Breakdown This'!K130+'Block Breakdown Prev'!K130","v":{"v":0,"d":"0.00"}},{"$f":"+'Block Breakdown This'!L130+'Block Breakdown Prev'!L130","v":{"v":0,"d":"0.00"}},{"$f":"+'Block Breakdown This'!M130+'Block Breakdown Prev'!M130","v":{"v":0,"d":"0.00"}},{"$f":"+'Block Breakdown This'!N130+'Block Breakdown Prev'!N130","v":{"v":0,"d":"0.00"}},{"$f":"+'Block Breakdown This'!O130+'Block Breakdown Prev'!O130","v":{"v":0,"d":"0.00"}},{"$f":"+'Block Breakdown This'!P130+'Block Breakdown Prev'!P130","v":{"v":0,"d":"0.00"}},{"$f":"+'Block Breakdown This'!Q130+'Block Breakdown Prev'!Q130","v":{"v":0,"d":"0.00"}},{"$f":"+'Block Breakdown This'!R130+'Block Breakdown Prev'!R130","v":{"v":0,"d":"0.00"}},{"$f":"+'Block Breakdown This'!S130+'Block Breakdown Prev'!S130","v":{"v":0,"d":"0.00"}},{"$f":"+'Block Breakdown This'!T130+'Block Breakdown Prev'!T130","v":{"v":0,"d":"0.00"}},{"$f":"+'Block Breakdown This'!U130+'Block Breakdown Prev'!U130","v":{"v":0,"d":"0.00"}},{"$f":"+'Block Breakdown This'!V130+'Block Breakdown Prev'!V130","v":{"v":0,"d":"0.00"}},{"$f":"+'Block Breakdown This'!W130+'Block Breakdown Prev'!W130","v":{"v":0,"d":"0.00"}},{"$f":"+'Block Breakdown This'!X130+'Block Breakdown Prev'!X130","v":{"v":0,"d":"0.00"}},{"$f":"+'Block Breakdown This'!Y130+'Block Breakdown Prev'!Y130","v":{"v":0,"d":"0.00"}},{"v":1,"d":"1.00"},{"$f":"G130*E130","v":0},{"$f":"H130*E130","v":{"v":27180.07,"d":"27,180"}},{"$f":"I130*E130","v":0},{"$f":"J130*E130","v":0},{"$f":"K130*E130","v":0},{"$f":"L130*E130","v":0},0,{"$f":"N130*E130","v":0},{"$f":"O130*E130","v":0},{"$f":"P130*E130","v":0},{"$f":"Q130*E130","v":0},{"$f":"R130*E130","v":0},{"$f":"S130*E130","v":0},{"$f":"T130*E130","v":0},{"$f":"W130*E130","v":0},{"$f":"X130*E130","v":0},{"$f":"Y130*E130","v":0},{"v":27180.07,"d":"27,180"},{"$f":"+E130*Z130","v":{"v":27180.07,"d":"27,180.07"}}]
[null,"       Install","each",1,{"v":2719,"d":"2,719.00"},{"v":2719,"d":"2,719.00"},{"$f":"+'Block Breakdown This'!G131+'Block Breakdown Prev'!G131","v":{"v":0,"d":"0.00"}},{"$f":"+'Block Breakdown This'!H131+'Block Breakdown Prev'!H131","v":{"v":1,"d":"1.00"}},{"$f":"+'Block Breakdown This'!I131+'Block Breakdown Prev'!I131","v":{"v":0,"d":"0.00"}},{"$f":"+'Block Breakdown This'!J131+'Block Breakdown Prev'!J131","v":{"v":0,"d":"0.00"}},{"$f":"+'Block Breakdown This'!K131+'Block Breakdown Prev'!K131","v":{"v":0,"d":"0.00"}},{"$f":"+'Block Breakdown This'!L131+'Block Breakdown Prev'!L131","v":{"v":0,"d":"0.00"}},{"$f":"+'Block Breakdown This'!M131+'Block Breakdown Prev'!M131","v":{"v":0,"d":"0.00"}},{"$f":"+'Block Breakdown This'!N131+'Block Breakdown Prev'!N131","v":{"v":0,"d":"0.00"}},{"$f":"+'Block Breakdown This'!O131+'Block Breakdown Prev'!O131","v":{"v":0,"d":"0.00"}},{"$f":"+'Block Breakdown This'!P131+'Block Breakdown Prev'!P131","v":{"v":0,"d":"0.00"}},{"$f":"+'Block Breakdown This'!Q131+'Block Breakdown Prev'!Q131","v":{"v":0,"d":"0.00"}},{"$f":"+'Block Breakdown This'!R131+'Block Breakdown Prev'!R131","v":{"v":0,"d":"0.00"}},{"$f":"+'Block Breakdown This'!S131+'Block Breakdown Prev'!S131","v":{"v":0,"d":"0.00"}},{"$f":"+'Block Breakdown This'!T131+'Block Breakdown Prev'!T131","v":{"v":0,"d":"0.00"}},{"$f":"+'Block Breakdown This'!U131+'Block Breakdown Prev'!U131","v":{"v":0,"d":"0.00"}},{"$f":"+'Block Breakdown This'!V131+'Block Breakdown Prev'!V131","v":{"v":0,"d":"0.00"}},{"$f":"+'Block Breakdown This'!W131+'Block Breakdown Prev'!W131","v":{"v":0,"d":"0.00"}},{"$f":"+'Block Breakdown This'!X131+'Block Breakdown Prev'!X131","v":{"v":0,"d":"0.00"}},{"$f":"+'Block Breakdown This'!Y131+'Block Breakdown Prev'!Y131","v":{"v":0,"d":"0.00"}},{"v":1,"d":"1.00"},{"$f":"G131*E131","v":0},{"$f":"H131*E131","v":{"v":2719,"d":"2,719"}},{"$f":"I131*E131","v":0},{"$f":"J131*E131","v":0},{"$f":"K131*E131","v":0},{"$f":"L131*E131","v":0},0,{"$f":"N131*E131","v":0},{"$f":"O131*E131","v":0},{"$f":"P131*E131","v":0},{"$f":"Q131*E131","v":0},{"$f":"R131*E131","v":0},{"$f":"S131*E131","v":0},{"$f":"T131*E131","v":0},{"$f":"W131*E131","v":0},{"$f":"X131*E131","v":0},{"$f":"Y131*E131","v":0},{"v":2719,"d":"2,719"},{"$f":"+E131*Z131","v":{"v":2719,"d":"2,719.00"}}]
[{"$nulls":32},0,{"$nulls":11}," "]
[2.13,"Male Medical Ward - Block B",{"$nulls":30},0,{"$nulls":11}," "]
[null,"       Supply","each",1,{"v":24680.15,"d":"24,680.15"},{"v":24680.15,"d":"24,680.15"},{"$f":"+'Block Breakdown This'!G134+'Block Breakdown Prev'!G134","v":{"v":0,"d":"0.00"}},{"$f":"+'Block Breakdown This'!H134+'Block Breakdown Prev'!H134","v":{"v":1,"d":"1.00"}},{"$f":"+'Block Breakdown This'!I134+'Block Breakdown Prev'!I134","v":{"v":0,"d":"0.00"}},{"$f":"+'Block Breakdown This'!J134+'Block Breakdown Prev'!J134","v":{"v":0,"d":"0.00"}},{"$f":"+'Block Breakdown This'!K134+'Block Breakdown Prev'!K134","v":{"v":0,"d":"0.00"}},{"$f":"+'Block Breakdown This'!L134+'Block Breakdown Prev'!L134","v":{"v":0,"d":"0.00"}},{"$f":"+'Block Breakdown This'!M134+'Block Breakdown Prev'!M134","v":{"v":0,"d":"0.00"}},{"$f":"+'Block Breakdown This'!N134+'Block Breakdown Prev'!N134","v":{"v":0,"d":"0.00"}},{"$f":"+'Block Breakdown This'!O134+'Block Breakdown Prev'!O134","v":{"v":0,"d":"0.00"}},{"$f":"+'Block Breakdown This'!P134+'Block Breakdown Prev'!P134","v":{"v":0,"d":"0.00"}},{"$f":"+'Block Breakdown This'!Q134+'Block Breakdown Prev'!Q134","v":{"v":0,"d":"0.00"}},{"$f":"+'Block Breakdown This'!R134+'Block Breakdown Prev'!R134","v":{"v":0,"d":"0.00"}},{"$f":"+'Block Breakdown This'!S134+'Block Breakdown Prev'!S134","v":{"v":0,"d":"0.00"}},{"$f":"+'Block Breakdown This'!T134+'Block Breakdown Prev'!T134","v":{"v":0,"d":"0.00"}},{"$f":"+'Block Breakdown This'!U134+'Block Breakdown Prev'!U134","v":{"v":0,"d":"0.00"}},{"$f":"+'Block Breakdown This'!V134+'Block Breakdown Prev'!V134","v":{"v":0,"d":"0.00"}},{"$f":"+'Block Breakdown This'!W134+'Block Breakdown Prev'!W134","v":{"v":0,"d":"0.00"}},{"$f":"+'Block Breakdown This'!X134+'Block Breakdown Prev'!X134","v":{"v":0,"d":"0.00"}},{"$f":"+'Block Breakdown This'!Y134+'Block Breakdown Prev'!Y134","v":{"v":0,"d":"0.00"}},{"v":1,"d":"1.00"},{"$f":"G134*E134","v":0},{"$f":"H134*E134","v":{"v":24680.15,"d":"24,680"}},{"$f":"I134*E134","v":0},{"$f":"J134*E134","v":0},{"$f":"K134*E134","v":0},{"$f":"L134*E134","v":0},0,{"$f":"N134*E134","v":0},{"$f":"O134*E134","v":0},{"$f":"P134*E134","v":0},{"$f":"Q134*E134","v":0},{"$f":"R134*E134","v":0},{"$f":"S134*E134","v":0},{"$f":"T134*E134","v":0},{"$f":"W134*E134","v":0},{"$f":"X134*E134","v":0},{"$f":"Y134*E134","v":0},{"v":24680.15,"d":"24,680"},{"$f":"+E134*Z134","v":{"v":24680.15,"d":"24,680.15"}}]
[null,"       Install","each",1,{"v":2469,"d":"2,469.00"},{"v":2469,"d":"2,469.00"},{"$f":"+'Block Breakdown This'!G135+'Block Breakdown Prev'!G135","v":{"v":0,"d":"0.00"}},{"$f":"+'Block Breakdown This'!H135+'Block Breakdown Prev'!H135","v":{"v":1,"d":"1.00"}},{"$f":"+'Block Breakdown This'!I135+'Block Breakdown Prev'!I135","v":{"v":0,"d":"0.00"}},{"$f":"+'Block Breakdown This'!J135+'Block Breakdown Prev'!J135","v":{"v":0,"d":"0.00"}},{"$f":"+'Block Breakdown This'!K135+'Block Breakdown Prev'!K135","v":{"v":0,"d":"0.00"}},{"$f":"+'Block Breakdown This'!L135+'Block Breakdown Prev'!L135","v":{"v":0,"d":"0.00"}},{"$f":"+'Block Breakdown This'!M135+'Block Breakdown Prev'!M135","v":{"v":0,"d":"0.00"}},{"$f":"+'Block Breakdown This'!N135+'Block Breakdown Prev'!N135","v":{"v":0,"d":"0.00"}},{"$f":"+'Block Breakdown This'!O135+'Block Breakdown Prev'!O135","v":{"v":0,"d":"0.00"}},{"$f":"+'Block Breakdown This'!P135+'Block Breakdown Prev'!P135","v":{"v":0,"d":"0.00"}},{"$f":"+'Block Breakdown This'!Q135+'Block Breakdown Prev'!Q135","v":{"v":0,"d":"0.00"}},{"$f":"+'Block Breakdown This'!R135+'Block Breakdown Prev'!R135","v":{"v":0,"d":"0.00"}},{"$f":"+'Block Breakdown This'!S135+'Block Breakdown Prev'!S135","v":{"v":0,"d":"0.00"}},{"$f":"+'Block Breakdown This'!T135+'Block Breakdown Prev'!T135","v":{"v":0,"d":"0.00"}},{"$f":"+'Block Breakdown This'!U135+'Block Breakdown Prev'!U135","v":{"v":0,"d":"0.00"}},{"$f":"+'Block Breakdown This'!V135+'Block Breakdown Prev'!V135","v":{"v":0,"d":"0.00"}},{"$f":"+'Block Breakdown This'!W135+'Block Breakdown Prev'!W135","v":{"v":0,"d":"0.00"}},{"$f":"+'Block Breakdown This'!X135+'Block Breakdown Prev'!X135","v":{"v":0,"d":"0.00"}},{"$f":"+'Block Breakdown This'!Y135+'Block Breakdown Prev'!Y135","v":{"v":0,"d":"0.00"}},{"v":1,"d":"1.00"},{"$f":"G135*E135","v":0},{"$f":"H135*E135","v":{"v":2469,"d":"2,469"}},{"$f":"I135*E135","v":0},{"$f":"J135*E135","v":0},{"$f":"K135*E135","v":0},{"$f":"L135*E135","v":0},0,{"$f":"N135*E135","v":0},{"$f":"O135*E135","v":0},{"$f":"P135*E135","v":0},{"$f":"Q135*E135","v":0},{"$f":"R135*E135","v":0},{"$f":"S135*E135","v":0},{"$f":"T135*E135","v":0},{"$f":"W135*E135","v":0},{"$f":"X135*E135","v":0},{"$f":"Y135*E135","v":0},{"$f":"SUM(AA135:AQ135)","v":{"v":2469,"d":"2,469"}},{"$f":"+E135*Z135","v":{"v":2469,"d":"2,469.00"}}]
[{"$nulls":5}," "]
[]
[]
[null,"Amount Carried Forward",{"$nulls":3},{"$f":"SUM(F81:F138)","v":{"v":449507.9100000001,"d":"449,507.91"}},{"$nulls":38},{"$f":"SUM(AS81:AS138)","v":{"v":449507.9100000001,"d":"449,507.91"}}]
[]
["MAIN HOSPITAL ELECTRICAL INSTALLATION"]
["CECILIA MAKIWANE HOSPITAL : PHASE 4C"]
[]
["BILL NO. 2 : DISTRIBUTION BOARDS"]
["ITEM","DESCRIPTION","UNIT","QTY","RATE","TENDER AMOUNT","A-LV05","B-LV04","D-LV03","E1-LV03","E2","F1","F2","G1","G2","H1","H2","J1","J2","J3","Substation","G/House","K","N","Other","Total Qty","A","B","D","E1","E2","F1","F2","G1","G2","H1","H2","J1","J2","J3","K","N","Other","Total Amount","Total Claimed"]
[null,"AMOUNT CARRIED FORWARD FROM PREVIOUS BILL",{"$nulls":3},{"$f":"F139","v":{"v":449507.9100000001,"d":"449,507.91"}},{"$nulls":38},{"$f":"AS139","v":{"v":449507.9100000001,"d":"449,507.91"}}]
[]
[]
[2.14,"Delivery Ward"]
[null,"       Supply","each",1,{"v":29249.98,"d":"29,249.98"},{"$f":"$D150*E150","v":{"v":29249.98,"d":"29,249.98"}},{"$f":"+'Block Breakdown This'!G$150+'Block Breakdown Prev'!G$150","v":{"v":0,"d":"0.00"}},{"$f":"+'Block Breakdown This'!H150+'Block Breakdown Prev'!H150","v":{"v":0,"d":"0.00"}},{"$f":"+'Block Breakdown This'!I150+'Block Breakdown Prev'!I150","v":{"v":0,"d":"0.00"}},{"$f":"+'Block Breakdown This'!J150+'Block Breakdown Prev'!J150","v":{"v":0,"d":"0.00"}},{"$f":"+'Block Breakdown This'!K150+'Block Breakdown Prev'!K150","v":{"v":0,"d":"0.00"}},{"$f":"+'Block Breakdown This'!L150+'Block Breakdown Prev'!L150","v":{"v":0,"d":"0.00"}},{"$f":"+'Block Breakdown This'!M150+'Block Breakdown Prev'!M150","v":{"v":0,"d":"0.00"}},{"$f":"+'Block Breakdown This'!N150+'Block Breakdown Prev'!N150","v":{"v":0,"d":"0.00"}},{"$f":"+'Block Breakdown This'!O150+'Block Breakdown Prev'!O150","v":{"v":0,"d":"0.00"}},{"$f":"+'Block Breakdown This'!P150+'Block Breakdown Prev'!P150","v":{"v":0,"d":"0.00"}},{"$f":"+'Block Breakdown This'!Q150+'Block Breakdown Prev'!Q150","v":{"v":0,"d":"0.00"}},{"$f":"+'Block Breakdown This'!R150+'Block Breakdown Prev'!R150","v":{"v":0,"d":"0.00"}},{"$f":"+'Block Breakdown This'!S150+'Block Breakdown Prev'!S150","v":{"v":0,"d":"0.00"}},{"$f":"+'Block Breakdown This'!T150+'Block Breakdown Prev'!T150","v":{"v":0,"d":"0.00"}},{"$f":"+'Block Breakdown This'!U150+'Block Breakdown Prev'!U150","v":{"v":0,"d":"0.00"}},{"$f":"+'Block Breakdown This'!V150+'Block Breakdown Prev'!V150","v":{"v":0,"d":"0.00"}},{"$f":"+'Block Breakdown This'!W150+'Block Breakdown Prev'!W150","v":{"v":0,"d":"0.00"}},{"$f":"+'Block Breakdown This'!X150+'Block Breakdown Prev'!X150","v":{"v":0,"d":"0.00"}},{"$f":"+'Block Breakdown This'!Y150+'Block Breakdown Prev'!Y150","v":{"v":0,"d":"0.00"}},{"$f":"SUM(G150:Y150)","v":{"v":0,"d":"0.00"}},{"$f":"G150*E150","v":0},{"$f":"H150*E150","v":0},{"$f":"I150*E150","v":0},{"$f":"J150*E150","v":0},{"$f":"K150*E150","v":0},{"$f":"L150*E150","v":0},{"$f":"+M150*E150","v":0},{"$f":"N150*E150","v":0},{"$f":"O150*E150","v":0},{"$f":"P150*E150","v":0},{"$f":"Q150*E150","v":0},{"$f":"R150*E150","v":0},{"$f":"S150*E150","v":0},{"$f":"T150*E150","v":0},{"$f":"W150*E150","v":0},{"$f":"X150*E150","v":0},{"$f":"Y150*E150","v":0},{"$f":"SUM(AA150:AQ150)","v":0},{"$f":"+E150*Z150","v":{"v":0,"d":"0.00"}}]
[null,"       Install","each",1,{"v":2925,"d":"2,925.00"},{"$f":"$D151*E151","v":{"v":2925,"d":"2,925.00"}},{"$f":"+'Block Breakdown This'!G151+'Block Breakdown Prev'!G151","v":{"v":0,"d":"0.00"}},{"$f":"+'Block Breakdown This'!H151+'Block Breakdown Prev'!H151","v":{"v":0,"d":"0.00"}},{"$f":"+'Block Breakdown This'!I151+'Block Breakdown Prev'!I151","v":{"v":0,"d":"0.00"}},{"$f":"+'Block Breakdown This'!J151+'Block Breakdown Prev'!J151","v":{"v":0,"d":"0.00"}},{"$f":"+'Block Breakdown This'!K151+'Block Breakdown Prev'!K151","v":{"v":0,"d":"0.00"}},{"$f":"+'Block Breakdown This'!L151+'Block Breakdown Prev'!L151","v":{"v":0,"d":"0.00"}},{"$f":"+'Block Breakdown This'!M151+'Block Breakdown Prev'!M151","v":{"v":0,"d":"0.00"}},{"$f":"+'Block Breakdown This'!N151+'Block Breakdown Prev'!N151","v":{"v":0,"d":"0.00"}},{"$f":"+'Block Breakdown This'!O151+'Block Breakdown Prev'!O151","v":{"v":0,"d":"0.00"}},{"$f":"+'Block Breakdown This'!P151+'Block Breakdown Prev'!P151","v":{"v":0,"d":"0.00"}},{"$f":"+'Block Breakdown This'!Q151+'Block Breakdown Prev'!Q151","v":{"v":0,"d":"0.00"}},{"$f":"+'Block Breakdown This'!R151+'Block Breakdown Prev'!R151","v":{"v":0,"d":"0.00"}},{"$f":"+'Block Breakdown This'!S151+'Block Breakdown Prev'!S151","v":{"v":0,"d":"0.00"}},{"$f":"+'Block Breakdown This'!T151+'Block Breakdown Prev'!T151","v":{"v":0,"d":"0.00"}},{"$f":"+'Block Breakdown This'!U151+'Block Breakdown Prev'!U151","v":{"v":0,"d":"0.00"}},{"$f":"+'Block Breakdown This'!V151+'Block Breakdown Prev'!V151","v":{"v":0,"d":"0.00"}},{"$f":"+'Block Breakdown This'!W151+'Block Breakdown Prev'!W151","v":{"v":0,"d":"0.00"}},{"$f":"+'Block Breakdown This'!X151+'Block Breakdown Prev'!X151","v":{"v":0,"d":"0.00"}},{"$f":"+'Block Breakdown This'!Y151+'Block Breakdown Prev'!Y151","v":{"v":0,"d":"0.00"}},{"$f":"SUM(G151:Y151)","v":{"v":0,"d":"0.00"}},{"$f":"G151*E151","v":0},{"$f":"H151*E151","v":0},{"$f":"I151*E151","v":0},{"$f":"J151*E151","v":0},{"$f":"K151*E151","v":0},{"$f":"L151*E151","v":0},0,{"$f":"N151*E151","v":0},{"$f":"O151*E151","v":0},{"$f":"P151*E151","v":0},{"$f":"Q151*E151","v":0},{"$f":"R151*E151","v":0},{"$f":"S151*E151","v":0},{"$f":"T151*E151","v":0},{"$f":"W151*E151","v":0},{"$f":"X151*E151","v":0},{"$f":"Y151*E151","v":0},{"$f":"SUM(AA151:AQ151)","v":0},{"$f":"+E151*Z151","v":{"v":0,"d":"0.00"}}]
[{"$nulls":32},0,{"$nulls":11}," "]
[2.15,"Antenatal Ward",{"$nulls":30},0,{"$nulls":11}," "]
[null,"       Supply","each",1,{"v":20787.62,"d":"20,787.62"},{"$f":"$D154*E154","v":{"v":20787.62,"d":"20,787.62"}},{"$f":"+'Block Breakdown This'!G154+'Block Breakdown Prev'!G154","v":{"v":0,"d":"0.00"}},{"$f":"+'Block Breakdown This'!H154+'Block Breakdown Prev'!H154","v":{"v":0,"d":"0.00"}},{"$f":"+'Block Breakdown This'!I154+'Block Breakdown Prev'!I154","v":{"v":0,"d":"0.00"}},{"$f":"+'Block Breakdown This'!J154+'Block Breakdown Prev'!J154","v":{"v":0,"d":"0.00"}},{"$f":"+'Block Breakdown This'!K154+'Block Breakdown Prev'!K154","v":{"v":0,"d":"0.00"}},{"$f":"+'Block Breakdown This'!L154+'Block Breakdown Prev'!L154","v":{"v":0,"d":"0.00"}},{"$f":"+'Block Breakdown This'!M154+'Block Breakdown Prev'!M154","v":{"v":0,"d":"0.00"}},{"$f":"+'Block Breakdown This'!N154+'Block Breakdown Prev'!N154","v":{"v":0,"d":"0.00"}},{"$f":"+'Block Breakdown This'!O154+'Block Breakdown Prev'!O154","v":{"v":0,"d":"0.00"}},{"$f":"+'Block Breakdown This'!P154+'Block Breakdown Prev'!P154","v":{"v":0,"d":"0.00"}},{"$f":"+'Block Breakdown This'!Q154+'Block Breakdown Prev'!Q154","v":{"v":0,"d":"0.00"}},{"$f":"+'Block Breakdown This'!R154+'Block Breakdown Prev'!R154","v":{"v":0,"d":"0.00"}},{"$f":"+'Block Breakdown This'!S154+'Block Breakdown Prev'!S154","v":{"v":0,"d":"0.00"}},{"$f":"+'Block Breakdown This'!T154+'Block Breakdown Prev'!T154","v":{"v":0,"d":"0.00"}},{"$f":"+'Block Breakdown This'!U154+'Block Breakdown Prev'!U154","v":{"v":0,"d":"0.00"}},{"$f":"+'Block Breakdown This'!V154+'Block Breakdown Prev'!V154","v":{"v":0,"d":"0.00"}},{"$f":"+'Block Breakdown This'!W154+'Block Breakdown Prev'!W154","v":{"v":0,"d":"0.00"}},{"$f":"+'Block Breakdown This'!X154+'Block Breakdown Prev'!X154","v":{"v":0,"d":"0.00"}},{"$f":"+'Block Breakdown This'!Y154+'Block Breakdown Prev'!Y154","v":{"v":0,"d":"0.00"}},{"v":0,"d":"0.00"},{"$f":"G154*E154","v":0},{"$f":"H154*E154","v":0},{"$f":"I154*E154","v":0},{"$f":"J154*E154","v":0},{"$f":"K154*E154","v":0},{"$f":"L154*E154","v":0},0,{"$f":"N154*E154","v":0},{"$f":"O154*E154","v":0},{"$f":"P154*E154","v":0},{"$f":"Q154*E154","v":0},{"$f":"R154*E154","v":0},{"$f":"S154*E154","v":0},{"$f":"T154*E154","v":0},{"$f":"W154*E154","v":0},{"$f":"X154*E154","v":0},{"$f":"Y154*E154","v":0},0,{"$f":"+E154*Z154","v":{"v":0,"d":"0.00"}}]
[null,"       Install","each",1,{"v":2079,"d":"2,079.00"},{"v":2079,"d":"2,079.00"},{"$f":"+'Block Breakdown This'!G155+'Block Breakdown Prev'!G155","v":{"v":0,"d":"0.00"}},{"$f":"+'Block Breakdown This'!H155+'Block Breakdown Prev'!H155","v":{"v":0,"d":"0.00"}},{"$f":"+'Block Breakdown This'!I155+'Block Breakdown Prev'!I155","v":{"v":0,"d":"0.00"}},{"$f":"+'Block Breakdown This'!J155+'Block Breakdown Prev'!J155","v":{"v":0,"d":"0.00"}},{"$f":"+'Block Breakdown This'!K155+'Block Breakdown Prev'!K155","v":{"v":0,"d":"0.00"}},{"$f":"+'Block Breakdown This'!L155+'Block Breakdown Prev'!L155","v":{"v":0,"d":"0.00"}},{"$f":"+'Block Breakdown This'!M155+'Block Breakdown Prev'!M155","v":{"v":0,"d":"0.00"}},{"$f":"+'Block Breakdown This'!N155+'Block Breakdown Prev'!N155","v":{"v":0,"d":"0.00"}},{"$f":"+'Block Breakdown This'!O155+'Block Breakdown Prev'!O155","v":{"v":0,"d":"0.00"}},{"$f":"+'Block Breakdown This'!P155+'Block Breakdown Prev'!P155","v":{"v":0,"d":"0.00"}},{"$f":"+'Block Breakdown This'!Q155+'Block Breakdown Prev'!Q155","v":{"v":0,"d":"0.00"}},{"$f":"+'Block Breakdown This'!R155+'Block Breakdown Prev'!R155","v":{"v":0,"d":"0.00"}},{"$f":"+'Block Breakdown This'!S155+'Block Breakdown Prev'!S155","v":{"v":0,"d":"0.00"}},{"$f":"+'Block Breakdown This'!T155+'Block Breakdown Prev'!T155","v":{"v":0,"d":"0.00"}},{"$f":"+'Block Breakdown This'!U155+'Block Breakdown Prev'!U155","v":{"v":0,"d":"0.00"}},{"$f":"+'Block Breakdown This'!V155+'Block Breakdown Prev'!V155","v":{"v":0,"d":"0.00"}},{"$f":"+'Block Breakdown This'!W155+'Block Breakdown Prev'!W155","v":{"v":0,"d":"0.00"}},{"$f":"+'Block Breakdown This'!X155+'Block Breakdown Prev'!X155","v":{"v":0,"d":"0.00"}},{"$f":"+'Block Breakdown This'!Y155+'Block Breakdown Prev'!Y155","v":{"v":0,"d":"0.00"}},{"v":0,"d":"0.00"},{"$f":"G155*E155","v":0},{"$f":"H155*E155","v":0},{"$f":"I155*E155","v":0},{"$f":"J155*E155","v":0},{"$f":"K155*E155","v":0},{"$f":"L155*E155","v":0},0,{"$f":"N155*E155","v":0},{"$f":"O155*E155","v":0},{"$f":"P155*E155","v":0},{"$f":"Q155*E155","v":0},{"$f":"R155*E155","v":0},{"$f":"S155*E155","v":0},{"$f":"T155*E155","v":0},{"$f":"W155*E155","v":0},{"$f":"X155*E155","v":0},{"$f":"Y155*E155","v":0},0,{"$f":"+E155*Z155","v":{"v":0,"d":"0.00"}}]
[{"$nulls":32},0,{"$nulls":11}," "]
[2.16,"Neonatal Ward",{"$nulls":30},0,{"$nulls":11}," "]
[null,"       Supply","each",1,{"v":42850.58,"d":"42,850.58"},{"v":42850.58,"d":"42,850.58"},{"$f":"+'Block Breakdown This'!G158+'Block Breakdown Prev'!G158","v":{"v":0,"d":"0.00"}},{"$f":"+'Block Breakdown This'!H158+'Block Breakdown Prev'!H158","v":{"v":0,"d":"0.00"}},{"$f":"+'Block Breakdown This'!I158+'Block Breakdown Prev'!I158","v":{"v":0,"d":"0.00"}},{"$f":"+'Block Breakdown This'!J158+'Block Breakdown Prev'!J158","v":{"v":0,"d":"0.00"}},{"$f":"+'Block Breakdown This'!K158+'Block Breakdown Prev'!K158","v":{"v":0,"d":"0.00"}},{"$f":"+'Block Breakdown This'!L158+'Block Breakdown Prev'!L158","v":{"v":0,"d":"0.00"}},{"$f":"+'Block Breakdown This'!M158+'Block Breakdown Prev'!M158","v":{"v":0,"d":"0.00"}},{"$f":"+'Block Breakdown This'!N158+'Block Breakdown Prev'!N158","v":{"v":0,"d":"0.00"}},{"$f":"+'Block Breakdown This'!O158+'Block Breakdown Prev'!O158","v":{"v":0,"d":"0.00"}},{"$f":"+'Block Breakdown This'!P158+'Block Breakdown Prev'!P158","v":{"v":0,"d":"0.00"}},{"$f":"+'Block Breakdown This'!Q158+'Block Breakdown Prev'!Q158","v":{"v":0,"d":"0.00"}},{"$f":"+'Block Breakdown This'!R158+'Block Breakdown Prev'!R158","v":{"v":0,"d":"0.00"}},{"$f":"+'Block Breakdown This'!S158+'Block Breakdown Prev'!S158","v":{"v":0,"d":"0.00"}},{"$f":"+'Block Breakdown This'!T158+'Block Breakdown Prev'!T158","v":{"v":0,"d":"0.00"}},{"$f":"+'Block Breakdown This'!U158+'Block Breakdown Prev'!U158","v":{"v":0,"d":"0.00"}},{"$f":"+'Block Breakdown This'!V158+'Block Breakdown Prev'!V158","v":{"v":0,"d":"0.00"}},{"$f":"+'Block Breakdown This'!W158+'Block Breakdown Prev'!W158","v":{"v":0,"d":"0.00"}},{"$f":"+'Block Breakdown This'!X158+'Block Breakdown Prev'!X158","v":{"v":0,"d":"0.00"}},{"$f":"+'Block Breakdown This'!Y158+'Block Breakdown Prev'!Y158","v":{"v":0,"d":"0.00"}},{"v":0,"d":"0.00"},{"$f":"G158*E158","v":0},{"$f":"H158*E158","v":0},{"$f":"I158*E158","v":0},{"$f":"J158*E158","v":0},{"$f":"K158*E158","v":0},{"$f":"L158*E158","v":0},0,{"$f":"N158*E158","v":0},{"$f":"O158*E158","v":0},{"$f":"P158*E158","v":0},{"$f":"Q158*E158","v":0},{"$f":"R158*E158","v":0},{"$f":"S158*E158","v":0},{"$f":"T158*E158","v":0},{"$f":"W158*E158","v":0},{"$f":"X158*E158","v":0},{"$f":"Y158*E158","v":0},0,{"$f":"+E158*Z158","v":{"v":0,"d":"0.00"}}]
[null,"       Install","each",1,{"v":4286,"d":"4,286.00"},{"v":4286,"d":"4,286.00"},{"$f":"+'Block Breakdown This'!G159+'Block Breakdown Prev'!G159","v":{"v":0,"d":"0.00"}},{"$f":"+'Block Breakdown This'!H159+'Block Breakdown Prev'!H159","v":{"v":0,"d":"0.00"}},{"$f":"+'Block Breakdown This'!I159+'Block Breakdown Prev'!I159","v":{"v":0,"d":"0.00"}},{"$f":"+'Block Breakdown This'!J159+'Block Breakdown Prev'!J159","v":{"v":0,"d":"0.00"}},{"$f":"+'Block Breakdown This'!K159+'Block Breakdown Prev'!K159","v":{"v":0,"d":"0.00"}},{"$f":"+'Block Breakdown This'!L159+'Block Breakdown Prev'!L159","v":{"v":0,"d":"0.00"}},{"$f":"+'Block Breakdown This'!M159+'Block Breakdown Prev'!M159","v":{"v":0,"d":"0.00"}},{"$f":"+'Block Breakdown This'!N159+'Block Breakdown Prev'!N159","v":{"v":0,"d":"0.00"}},{"$f":"+'Block Breakdown This'!O159+'Block Breakdown Prev'!O159","v":{"v":0,"d":"0.00"}},{"$f":"+'Block Breakdown This'!P159+'Block Breakdown Prev'!P159","v":{"v":0,"d":"0.00"}},{"$f":"+'Block Breakdown This'!Q159+'Block Breakdown Prev'!Q159","v":{"v":0,"d":"0.00"}},{"$f":"+'Block Breakdown This'!R159+'Block Breakdown Prev'!R159","v":{"v":0,"d":"0.00"}},{"$f":"+'Block Breakdown This'!S159+'Block Breakdown Prev'!S159","v":{"v":0,"d":"0.00"}},{"$f":"+'Block Breakdown This'!T159+'Block Breakdown Prev'!T159","v":{"v":0,"d":"0.00"}},{"$f":"+'Block Breakdown This'!U159+'Block Breakdown Prev'!U159","v":{"v":0,"d":"0.00"}},{"$f":"+'Block Breakdown This'!V159+'Block Breakdown Prev'!V159","v":{"v":0,"d":"0.00"}},{"$f":"+'Block Breakdown This'!W159+'Block Breakdown Prev'!W159","v":{"v":0,"d":"0.00"}},{"$f":"+'Block Breakdown This'!X159+'Block Breakdown Prev'!X159","v":{"v":0,"d":"0.00"}},{"$f":"+'Block Breakdown This'!Y159+'Block Breakdown Prev'!Y159","v":{"v":0,"d":"0.00"}},{"v":0,"d":"0.00"},{"$f":"G159*E159","v":0},{"$f":"H159*E159","v":0},{"$f":"I159*E159","v":0},{"$f":"J159*E159","v":0},{"$f":"K159*E159","v":0},{"$f":"L159*E159","v":0},0,{"$f":"N159*E159","v":0},{"$f":"O159*E159","v":0},{"$f":"P159*E159","v":0},{"$f":"Q159*E159","v":0},{"$f":"R159*E159","v":0},{"$f":"S159*E159","v":0},{"$f":"T159*E159","v":0},{"$f":"W159*E159","v":0},{"$f":"X159*E159","v":0},{"$f":"Y159*E159","v":0},0,{"$f":"+E159*Z159","v":{"v":0,"d":"0.00"}}]
[{"$nulls":32},0,{"$nulls":11}," "]
[2.17,"Main Dist Board  5 CSSD ",{"$nulls":30},0,{"$nulls":11}," "]
[null,"       Supply","each",1,{"v":86988.3,"d":"86,988.30"},{"v":86988.3,"d":"86,988.30"},{"$f":"+'Block Breakdown This'!G162+'Block Breakdown Prev'!G162","v":{"v":0,"d":"0.00"}},{"$f":"+'Block Breakdown This'!H162+'Block Breakdown Prev'!H162","v":{"v":0,"d":"0.00"}},{"$f":"+'Block Breakdown This'!I162+'Block Breakdown Prev'!I162","v":{"v":0,"d":"0.00"}},{"$f":"+'Block Breakdown This'!J162+'Block Breakdown Prev'!J162","v":{"v":0,"d":"0.00"}},{"$f":"+'Block Breakdown This'!K162+'Block Breakdown Prev'!K162","v":{"v":0,"d":"0.00"}},{"$f":"+'Block Breakdown This'!L162+'Block Breakdown Prev'!L162","v":{"v":0,"d":"0.00"}},{"$f":"+'Block Breakdown This'!M162+'Block Breakdown Prev'!M162","v":{"v":0,"d":"0.00"}},{"$f":"+'Block Breakdown This'!N162+'Block Breakdown Prev'!N162","v":{"v":0,"d":"0.00"}},{"$f":"+'Block Breakdown This'!O162+'Block Breakdown Prev'!O162","v":{"v":0,"d":"0.00"}},{"$f":"+'Block Breakdown This'!P162+'Block Breakdown Prev'!P162","v":{"v":1,"d":"1.00"}},{"$f":"+'Block Breakdown This'!Q162+'Block Breakdown Prev'!Q162","v":{"v":0,"d":"0.00"}},{"$f":"+'Block Breakdown This'!R162+'Block Breakdown Prev'!R162","v":{"v":0,"d":"0.00"}},{"$f":"+'Block Breakdown This'!S162+'Block Breakdown Prev'!S162","v":{"v":0,"d":"0.00"}},{"$f":"+'Block Breakdown This'!T162+'Block Breakdown Prev'!T162","v":{"v":0,"d":"0.00"}},{"$f":"+'Block Breakdown This'!U162+'Block Breakdown Prev'!U162","v":{"v":0,"d":"0.00"}},{"$f":"+'Block Breakdown This'!V162+'Block Breakdown Prev'!V162","v":{"v":0,"d":"0.00"}},{"$f":"+'Block Breakdown This'!W162+'Block Breakdown Prev'!W162","v":{"v":0,"d":"0.00"}},{"$f":"+'Block Breakdown This'!X162+'Block Breakdown Prev'!X162","v":{"v":0,"d":"0.00"}},{"$f":"+'Block Breakdown This'!Y162+'Block Breakdown Prev'!Y162","v":{"v":0,"d":"0.00"}},{"v":1,"d":"1.00"},{"$f":"G162*E162","v":0},{"$f":"H162*E162","v":0},{"$f":"I162*E162","v":0},{"$f":"J162*E162","v":0},{"$f":"K162*E162","v":0},{"$f":"L162*E162","v":0},0,{"$f":"N162*E162","v":0},{"$f":"O162*E162","v":0},{"$f":"P162*E162","v":{"v":86988.3,"d":"86,988"}},{"$f":"Q162*E162","v":0},{"$f":"R162*E162","v":0},{"$f":"S162*E162","v":0},{"$f":"T162*E162","v":0},{"$f":"W162*E162","v":0},{"$f":"X162*E162","v":0},{"$f":"Y162*E162","v":0},{"v":86988.3,"d":"86,988"},{"$f":"+E162*Z162","v":{"v":86988.3,"d":"86,988.30"}}]
[null,"       Install","each",1,{"v":6525,"d":"6,525.00"},{"v":6525,"d":"6,525.00"},{"$f":"+'Block Breakdown This'!G163+'Block Breakdown Prev'!G163","v":{"v":0,"d":"0.00"}},{"$f":"+'Block Breakdown This'!H163+'Block Breakdown Prev'!H163","v":{"v":0,"d":"0.00"}},{"$f":"+'Block Breakdown This'!I163+'Block Breakdown Prev'!I163","v":{"v":0,"d":"0.00"}},{"$f":"+'Block Breakdown This'!J163+'Block Breakdown Prev'!J163","v":{"v":0,"d":"0.00"}},{"$f":"+'Block Breakdown This'!K163+'Block Breakdown Prev'!K163","v":{"v":0,"d":"0.00"}},{"$f":"+'Block Breakdown This'!L163+'Block Breakdown Prev'!L163","v":{"v":0,"d":"0.00"}},{"$f":"+'Block Breakdown This'!M163+'Block Breakdown Prev'!M163","v":{"v":0,"d":"0.00"}},{"$f":"+'Block Breakdown This'!N163+'Block Breakdown Prev'!N163","v":{"v":0,"d":"0.00"}},{"$f":"+'Block Breakdown This'!O163+'Block Breakdown Prev'!O163","v":{"v":0,"d":"0.00"}},{"$f":"+'Block Breakdown This'!P163+'Block Breakdown Prev'!P163","v":{"v":0,"d":"0.00"}},{"$f":"+'Block Breakdown This'!Q163+'Block Breakdown Prev'!Q163","v":{"v":0,"d":"0.00"}},{"$f":"+'Block Breakdown This'!R163+'Block Breakdown Prev'!R163","v":{"v":0,"d":"0.00"}},{"$f":"+'Block Breakdown This'!S163+'Block Breakdown Prev'!S163","v":{"v":0,"d":"0.00"}},{"$f":"+'Block Breakdown This'!T163+'Block Breakdown Prev'!T163","v":{"v":0,"d":"0.00"}},{"$f":"+'Block Breakdown This'!U163+'Block Breakdown Prev'!U163","v":{"v":0,"d":"0.00"}},{"$f":"+'Block Breakdown This'!V163+'Block Breakdown Prev'!V163","v":{"v":0,"d":"0.00"}},{"$f":"+'Block Breakdown This'!W163+'Block Breakdown Prev'!W163","v":{"v":0,"d":"0.00"}},{"$f":"+'Block Breakdown This'!X163+'Block Breakdown Prev'!X163","v":{"v":0,"d":"0.00"}},{"$f":"+'Block Breakdown This'!Y163+'Block Breakdown Prev'!Y163","v":{"v":1,"d":"1.00"}},{"v":1,"d":"1.00"},{"$f":"G163*E163","v":0},{"$f":"H163*E163","v":0},{"$f":"I163*E163","v":0},{"$f":"J163*E163","v":0},{"$f":"K163*E163","v":0},{"$f":"L163*E163","v":0},0,{"$f":"N163*E163","v":0},{"$f":"O163*E163","v":0},{"$f":"P163*E163","v":0},{"$f":"Q163*E163","v":0},{"$f":"R163*E163","v":0},{"$f":"S163*E163","v":0},{"$f":"T163*E163","v":0},{"$f":"W163*E163","v":0},{"$f":"X163*E163","v":0},{"$f":"Y163*E163","v":{"v":6525,"d":"6,525"}},{"v":6525,"d":"6,525"},{"$f":"+E163*Z163","v":{"v":6525,"d":"6,525.00"}}]
[{"$nulls":32},0,{"$nulls":11}," "]
[2.18,"Post Natal Wards",{"$nulls":30},0,{"$nulls":11}," "]
[null,"       Supply","each",1,{"v":25531.91,"d":"25,531.91"},{"v":25531.91,"d":"25,531.91"},{"$f":"+'Block Breakdown This'!G166+'Block Breakdown Prev'!G166","v":{"v":0,"d":"0.00"}},{"$f":"+'Block Breakdown This'!H166+'Block Breakdown Prev'!H166","v":{"v":0,"d":"0.00"}},{"$f":"+'Block Breakdown This'!I166+'Block Breakdown Prev'!I166","v":{"v":0,"d":"0.00"}},{"$f":"+'Block Breakdown This'!J166+'Block Breakdown Prev'!J166","v":{"v":0,"d":"0.00"}},{"$f":"+'Block Breakdown This'!K166+'Block Breakdown Prev'!K166","v":{"v":0,"d":"0.00"}},{"$f":"+'Block Breakdown This'!L166+'Block Breakdown Prev'!L166","v":{"v":0,"d":"0.00"}},{"$f":"+'Block Breakdown This'!M166+'Block Breakdown Prev'!M166","v":{"v":0,"d":"0.00"}},{"$f":"+'Block Breakdown This'!N166+'Block Breakdown Prev'!N166","v":{"v":0,"d":"0.00"}},{"$f":"+'Block Breakdown This'!O166+'Block Breakdown Prev'!O166","v":{"v":0,"d":"0.00"}},{"$f":"+'Block Breakdown This'!P166+'Block Breakdown Prev'!P166","v":{"v":0,"d":"0.00"}},{"$f":"+'Block Breakdown This'!Q166+'Block Breakdown Prev'!Q166","v":{"v":0,"d":"0.00"}},{"$f":"+'Block Breakdown This'!R166+'Block Breakdown Prev'!R166","v":{"v":0,"d":"0.00"}},{"$f":"+'Block Breakdown This'!S166+'Block Breakdown Prev'!S166","v":{"v":0,"d":"0.00"}},{"$f":"+'Block Breakdown This'!T166+'Block Breakdown Prev'!T166","v":{"v":0,"d":"0.00"}},{"$f":"+'Block Breakdown This'!U166+'Block Breakdown Prev'!U166","v":{"v":0,"d":"0.00"}},{"$f":"+'Block Breakdown This'!V166+'Block Breakdown Prev'!V166","v":{"v":0,"d":"0.00"}},{"$f":"+'Block Breakdown This'!W166+'Block Breakdown Prev'!W166","v":{"v":0,"d":"0.00"}},{"$f":"+'Block Breakdown This'!X166+'Block Breakdown Prev'!X166","v":{"v":0,"d":"0.00"}},{"$f":"+'Block Breakdown This'!Y166+'Block Breakdown Prev'!Y166","v":{"v":0,"d":"0.00"}},{"v":0,"d":"0.00"},{"$f":"G166*E166","v":0},{"$f":"H166*E166","v":0},{"$f":"I166*E166","v":0},{"$f":"J166*E166","v":0},{"$f":"K166*E166","v":0},{"$f":"L166*E166","v":0},0,{"$f":"N166*E166","v":0},{"$f":"O166*E166","v":0},{"$f":"P166*E166","v":0},{"$f":"Q166*E166","v":0},{"$f":"R166*E166","v":0},{"$f":"S166*E166","v":0},{"$f":"T166*E166","v":0},{"$f":"W166*E166","v":0},{"$f":"X166*E166","v":0},{"$f":"Y166*E166","v":0},0,{"$f":"+E166*Z166","v":{"v":0,"d":"0.00"}}]
[null,"       Install","each",1,{"v":2554,"d":"2,554.00"},{"v":2554,"d":"2,554.00"},{"$f":"+'Block Breakdown This'!G167+'Block Breakdown Prev'!G167","v":{"v":0,"d":"0.00"}},{"$f":"+'Block Breakdown This'!H167+'Block Breakdown Prev'!H167","v":{"v":0,"d":"0.00"}},{"$f":"+'Block Breakdown This'!I167+'Block Breakdown Prev'!I167","v":{"v":0,"d":"0.00"}},{"$f":"+'Block Breakdown This'!J167+'Block Breakdown Prev'!J167","v":{"v":0,"d":"0.00"}},{"$f":"+'Block Breakdown This'!K167+'Block Breakdown Prev'!K167","v":{"v":0,"d":"0.00"}},{"$f":"+'Block Breakdown This'!L167+'Block Breakdown Prev'!L167","v":{"v":0,"d":"0.00"}},{"$f":"+'Block Breakdown This'!M167+'Block Breakdown Prev'!M167","v":{"v":0,"d":"0.00"}},{"$f":"+'Block Breakdown This'!N167+'Block Breakdown Prev'!N167","v":{"v":0,"d":"0.00"}},{"$f":"+'Block Breakdown This'!O167+'Block Breakdown Prev'!O167","v":{"v":0,"d":"0.00"}},{"$f":"+'Block Breakdown This'!P167+'Block Breakdown Prev'!P167","v":{"v":0,"d":"0.00"}},{"$f":"+'Block Breakdown This'!Q167+'Block Breakdown Prev'!Q167","v":{"v":0,"d":"0.00"}},{"$f":"+'Block Breakdown This'!R167+'Block Breakdown Prev'!R167","v":{"v":0,"d":"0.00"}},{"$f":"+'Block Breakdown This'!S167+'Block Breakdown Prev'!S167","v":{"v":0,"d":"0.00"}},{"$f":"+'Block Breakdown This'!T167+'Block Breakdown Prev'!T167","v":{"v":0,"d":"0.00"}},{"$f":"+'Block Breakdown This'!U167+'Block Breakdown Prev'!U167","v":{"v":0,"d":"0.00"}},{"$f":"+'Block Breakdown This'!V167+'Block Breakdown Prev'!V167","v":{"v":0,"d":"0.00"}},{"$f":"+'Block Breakdown This'!W167+'Block Breakdown Prev'!W167","v":{"v":0,"d":"0.00"}},{"$f":"+'Block Breakdown This'!X167+'Block Breakdown Prev'!X167","v":{"v":0,"d":"0.00"}},{"$f":"+'Block Breakdown This'!Y167+'Block Breakdown Prev'!Y167","v":{"v":0,"d":"0.00"}},{"v":0,"d":"0.00"},{"$f":"G167*E167","v":0},{"$f":"H167*E167","v":0},{"$f":"I167*E167","v":0},{"$f":"J167*E167","v":0},{"$f":"K167*E167","v":0},{"$f":"L167*E167","v":0},0,{"$f":"N167*E167","v":0},{"$f":"O167*E167","v":0},{"$f":"P167*E167","v":0},{"$f":"Q167*E167","v":0},{"$f":"R167*E167","v":0},{"$f":"S167*E167","v":0},{"$f":"T167*E167","v":0},{"$f":"W167*E167","v":0},{"$f":"X167*E167","v":0},{"$f":"Y167*E167","v":0},0,{"$f":"+E167*Z167","v":{"v":0,"d":"0.00"}}]
[{"$nulls":32},0,{"$nulls":11}," "]
[2.19,"Post Caesarian Ward",{"$nulls":30},0,{"$nulls":11}," "]
[null,"       Supply","each",1,{"v":22622.41,"d":"22,622.41"},{"v":22622.41,"d":"22,622.41"},{"$f":"+'Block Breakdown This'!G170+'Block Breakdown Prev'!G170","v":{"v":0,"d":"0.00"}},{"$f":"+'Block Breakdown This'!H170+'Block Breakdown Prev'!H170","v":{"v":0,"d":"0.00"}},{"$f":"+'Block Breakdown This'!I170+'Block Breakdown Prev'!I170","v":{"v":0,"d":"0.00"}},{"$f":"+'Block Breakdown This'!J170+'Block Breakdown Prev'!J170","v":{"v":0,"d":"0.00"}},{"$f":"+'Block Breakdown This'!K170+'Block Breakdown Prev'!K170","v":{"v":0,"d":"0.00"}},{"$f":"+'Block Breakdown This'!L170+'Block Breakdown Prev'!L170","v":{"v":0,"d":"0.00"}},{"$f":"+'Block Breakdown This'!M170+'Block Breakdown Prev'!M170","v":{"v":0,"d":"0.00"}},{"$f":"+'Block Breakdown This'!N170+'Block Breakdown Prev'!N170","v":{"v":0,"d":"0.00"}},{"$f":"+'Block Breakdown This'!O170+'Block Breakdown Prev'!O170","v":{"v":0,"d":"0.00"}},{"$f":"+'Block Breakdown This'!P170+'Block Breakdown Prev'!P170","v":{"v":0,"d":"0.00"}},{"$f":"+'Block Breakdown This'!Q170+'Block Breakdown Prev'!Q170","v":{"v":0,"d":"0.00"}},{"$f":"+'Block Breakdown This'!R170+'Block Breakdown Prev'!R170","v":{"v":0,"d":"0.00"}},{"$f":"+'Block Breakdown This'!S170+'Block Breakdown Prev'!S170","v":{"v":0,"d":"0.00"}},{"$f":"+'Block Breakdown This'!T170+'Block Breakdown Prev'!T170","v":{"v":0,"d":"0.00"}},{"$f":"+'Block Breakdown This'!U170+'Block Breakdown Prev'!U170","v":{"v":0,"d":"0.00"}},{"$f":"+'Block Breakdown This'!V170+'Block Breakdown Prev'!V170","v":{"v":0,"d":"0.00"}},{"$f":"+'Block Breakdown This'!W170+'Block Breakdown Prev'!W170","v":{"v":0,"d":"0.00"}},{"$f":"+'Block Breakdown This'!X170+'Block Breakdown Prev'!X170","v":{"v":0,"d":"0.00"}},{"$f":"+'Block Breakdown This'!Y170+'Block Breakdown Prev'!Y170","v":{"v":1,"d":"1.00"}},{"v":1,"d":"1.00"},{"$f":"G170*E170","v":0},{"$f":"H170*E170","v":0},{"$f":"I170*E170","v":0},{"$f":"J170*E170","v":0},{"$f":"K170*E170","v":0},{"$f":"L170*E170","v":0},0,{"$f":"N170*E170","v":0},{"$f":"O170*E170","v":0},{"$f":"P170*E170","v":0},{"$f":"Q170*E170","v":0},{"$f":"R170*E170","v":0},{"$f":"S170*E170","v":0},{"$f":"T170*E170","v":0},{"$f":"W170*E170","v":0},{"$f":"X170*E170","v":0},{"$f":"Y170*E170","v":{"v":22622.41,"d":"22,622"}},{"v":22622.41,"d":"22,622"},{"$f":"+E170*Z170","v":{"v":22622.41,"d":"22,622.41"}}]
[null,"       Install","each",1,{"v":2263,"d":"2,263.00"},{"v":2263,"d":"2,263.00"},{"$f":"+'Block Breakdown This'!G171+'Block Breakdown Prev'!G171","v":{"v":0,"d":"0.00"}},{"$f":"+'Block Breakdown This'!H171+'Block Breakdown Prev'!H171","v":{"v":0,"d":"0.00"}},{"$f":"+'Block Breakdown This'!I171+'Block Breakdown Prev'!I171","v":{"v":0,"d":"0.00"}},{"$f":"+'Block Breakdown This'!J171+'Block Breakdown Prev'!J171","v":{"v":0,"d":"0.00"}},{"$f":"+'Block Breakdown This'!K171+'Block Breakdown Prev'!K171","v":{"v":0,"d":"0.00"}},{"$f":"+'Block Breakdown This'!L171+'Block Breakdown Prev'!L171","v":{"v":0,"d":"0.00"}},{"$f":"+'Block Breakdown This'!M171+'Block Breakdown Prev'!M171","v":{"v":0,"d":"0.00"}},{"$f":"+'Block Breakdown This'!N171+'Block Breakdown Prev'!N171","v":{"v":0,"d":"0.00"}},{"$f":"+'Block Breakdown This'!O171+'Block Breakdown Prev'!O171","v":{"v":1,"d":"1.00"}},{"$f":"+'Block Breakdown This'!P171+'Block Breakdown Prev'!P171","v":{"v":0,"d":"0.00"}},{"$f":"+'Block Breakdown This'!Q171+'Block Breakdown Prev'!Q171","v":{"v":0,"d":"0.00"}},{"$f":"+'Block Breakdown This'!R171+'Block Breakdown Prev'!R171","v":{"v":0,"d":"0.00"}},{"$f":"+'Block Breakdown This'!S171+'Block Breakdown Prev'!S171","v":{"v":0,"d":"0.00"}},{"$f":"+'Block Breakdown This'!T171+'Block Breakdown Prev'!T171","v":{"v":0,"d":"0.00"}},{"$f":"+'Block Breakdown This'!U171+'Block Breakdown Prev'!U171","v":{"v":0,"d":"0.00"}},{"$f":"+'Block Breakdown This'!V171+'Block Breakdown Prev'!V171","v":{"v":0,"d":"0.00"}},{"$f":"+'Block Breakdown This'!W171+'Block Breakdown Prev'!W171","v":{"v":0,"d":"0.00"}},{"$f":"+'Block Breakdown This'!X171+'Block Breakdown Prev'!X171","v":{"v":0,"d":"0.00"}},{"$f":"+'Block Breakdown This'!Y171+'Block Breakdown Prev'!Y171","v":{"v":0,"d":"0.00"}},{"v":1,"d":"1.00"},{"$f":"G171*E171","v":0},{"$f":"H171*E171","v":0},{"$f":"I171*E171","v":0},{"$f":"J171*E171","v":0},{"$f":"K171*E171","v":0},{"$f":"L171*E171","v":0},0,{"$f":"N171*E171","v":0},{"$f":"O171*E171","v":{"v":2263,"d":"2,263"}},{"$f":"P171*E171","v":0},{"$f":"Q171*E171","v":0},{"$f":"R171*E171","v":0},{"$f":"S171*E171","v":0},{"$f":"T171*E171","v":0},{"$f":"W171*E171","v":0},{"$f":"X171*E171","v":0},{"$f":"Y171*E171","v":0},{"v":2263,"d":"2,263"},{"$f":"+E171*Z171","v":{"v":2263,"d":"2,263.00"}}]
[{"$nulls":32},0,{"$nulls":11}," "]
[{"v":2.2,"d":"2.20"}," Main Dist Board 2 Peadiatric OPD",{"$nulls":30},0,{"$nulls":11}," "]
[null,"       Supply","each",1,{"v":85455.24,"d":"85,455.24"},{"v":85455.24,"d":"85,455.24"},{"$f":"+'Block Breakdown This'!G174+'Block Breakdown Prev'!G174","v":{"v":0,"d":"0.00"}},{"$f":"+'Block Breakdown This'!H174+'Block Breakdown Prev'!H174","v":{"v":0,"d":"0.00"}},{"$f":"+'Block Breakdown This'!I174+'Block Breakdown Prev'!I174","v":{"v":0,"d":"0.00"}},{"$f":"+'Block Breakdown This'!J174+'Block Breakdown Prev'!J174","v":{"v":0,"d":"0.00"}},{"$f":"+'Block Breakdown This'!K174+'Block Breakdown Prev'!K174","v":{"v":0,"d":"0.00"}},{"$f":"+'Block Breakdown This'!L174+'Block Breakdown Prev'!L174","v":{"v":0,"d":"0.00"}},{"$f":"+'Block Breakdown This'!M174+'Block Breakdown Prev'!M174","v":{"v":0,"d":"0.00"}},{"$f":"+'Block Breakdown This'!N174+'Block Breakdown Prev'!N174","v":{"v":0,"d":"0.00"}},{"$f":"+'Block Breakdown This'!O174+'Block Breakdown Prev'!O174","v":{"v":0,"d":"0.00"}},{"$f":"+'Block Breakdown This'!P174+'Block Breakdown Prev'!P174","v":{"v":1,"d":"1.00"}},{"$f":"+'Block Breakdown This'!Q174+'Block Breakdown Prev'!Q174","v":{"v":0,"d":"0.00"}},{"$f":"+'Block Breakdown This'!R174+'Block Breakdown Prev'!R174","v":{"v":0,"d":"0.00"}},{"$f":"+'Block Breakdown This'!S174+'Block Breakdown Prev'!S174","v":{"v":0,"d":"0.00"}},{"$f":"+'Block Breakdown This'!T174+'Block Breakdown Prev'!T174","v":{"v":0,"d":"0.00"}},{"$f":"+'Block Breakdown This'!U174+'Block Breakdown Prev'!U174","v":{"v":0,"d":"0.00"}},{"$f":"+'Block Breakdown This'!V174+'Block Breakdown Prev'!V174","v":{"v":0,"d":"0.00"}},{"$f":"+'Block Breakdown This'!W174+'Block Breakdown Prev'!W174","v":{"v":0,"d":"0.00"}},{"$f":"+'Block Breakdown This'!X174+'Block Breakdown Prev'!X174","v":{"v":0,"d":"0.00"}},{"$f":"+'Block Breakdown This'!Y174+'Block Breakdown Prev'!Y174","v":{"v":0,"d":"0.00"}},{"v":1,"d":"1.00"},{"$f":"G174*E174","v":0},{"$f":"H174*E174","v":0},{"$f":"I174*E174","v":0},{"$f":"J174*E174","v":0},{"$f":"K174*E174","v":0},{"$f":"L174*E174","v":0},0,{"$f":"N174*E174","v":0},{"$f":"O174*E174","v":0},{"$f":"P174*E174","v":{"v":85455.24,"d":"85,455"}},{"$f":"Q174*E174","v":0},{"$f":"R174*E174","v":0},{"$f":"S174*E174","v":0},{"$f":"T174*E174","v":0},{"$f":"W174*E174","v":0},{"$f":"X174*E174","v":0},{"$f":"Y174*E174","v":0},{"v":85455.24,"d":"85,455"},{"$f":"+E174*Z174","v":{"v":85455.24,"d":"85,455.24"}}]
[null,"       Install","each",1,{"v":6410,"d":"6,410.00"},{"v":6410,"d":"6,410.00"},{"$f":"+'Block Breakdown This'!G175+'Block Breakdown Prev'!G175","v":{"v":0,"d":"0.00"}},{"$f":"+'Block Breakdown This'!H175+'Block Breakdown Prev'!H175","v":{"v":0,"d":"0.00"}},{"$f":"+'Block Breakdown This'!I175+'Block Breakdown Prev'!I175","v":{"v":0,"d":"0.00"}},{"$f":"+'Block Breakdown This'!J175+'Block Breakdown Prev'!J175","v":{"v":0,"d":"0.00"}},{"$f":"+'Block Breakdown This'!K175+'Block Breakdown Prev'!K175","v":{"v":0,"d":"0.00"}},{"$f":"+'Block Breakdown This'!L175+'Block Breakdown Prev'!L175","v":{"v":0,"d":"0.00"}},{"$f":"+'Block Breakdown This'!M175+'Block Breakdown Prev'!M175","v":{"v":0,"d":"0.00"}},{"$f":"+'Block Breakdown This'!N175+'Block Breakdown Prev'!N175","v":{"v":0,"d":"0.00"}},{"$f":"+'Block Breakdown This'!O175+'Block Breakdown Prev'!O175","v":{"v":0,"d":"0.00"}},{"$f":"+'Block Breakdown This'!P175+'Block Breakdown Prev'!P175","v":{"v":0,"d":"0.00"}},{"$f":"+'Block Breakdown This'!Q175+'Block Breakdown Prev'!Q175","v":{"v":0,"d":"0.00"}},{"$f":"+'Block Breakdown This'!R175+'Block Breakdown Prev'!R175","v":{"v":0,"d":"0.00"}},{"$f":"+'Block Breakdown This'!S175+'Block Breakdown Prev'!S175","v":{"v":0,"d":"0.00"}},{"$f":"+'Block Breakdown This'!T175+'Block Breakdown Prev'!T175","v":{"v":0,"d":"0.00"}},{"$f":"+'Block Breakdown This'!U175+'Block Breakdown Prev'!U175","v":{"v":0,"d":"0.00"}},{"$f":"+'Block Breakdown This'!V175+'Block Breakdown Prev'!V175","v":{"v":0,"d":"0.00"}},{"$f":"+'Block Breakdown This'!W175+'Block Breakdown Prev'!W175","v":{"v":0,"d":"0.00"}},{"$f":"+'Block Breakdown This'!X175+'Block Breakdown Prev'!X175","v":{"v":0,"d":"0.00"}},{"$f":"+'Block Breakdown This'!Y175+'Block Breakdown Prev'!Y175","v":{"v":1,"d":"1.00"}},{"v":1,"d":"1.00"},{"$f":"G175*E175","v":0},{"$f":"H175*E175","v":0},{"$f":"I175*E175","v":0},{"$f":"J175*E175","v":0},{"$f":"K175*E175","v":0},{"$f":"L175*E175","v":0},0,{"$f":"N175*E175","v":0},{"$f":"O175*E175","v":0},{"$f":"P175*E175","v":0},{"$f":"Q175*E175","v":0},{"$f":"R175*E175","v":0},{"$f":"S175*E175","v":0},{"$f":"T175*E175","v":0},{"$f":"W175*E175","v":0},{"$f":"X175*E175","v":0},{"$f":"Y175*E175","v":{"v":6410,"d":"6,410"}},{"v":6410,"d":"6,410"},{"$f":"+E175*Z175","v":{"v":6410,"d":"6,410.00"}}]
[{"$nulls":32},0,{"$nulls":11}," "]
[2.21,"Laboratory",{"$nulls":30},0,{"$nulls":11}," "]
[null,"       Supply","each",1,{"v":15044.66,"d":"15,044.66"},{"v":15044.66,"d":"15,044.66"},{"$f":"+'Block Breakdown This'!G178+'Block Breakdown Prev'!G178","v":{"v":0,"d":"0.00"}},{"$f":"+'Block Breakdown This'!H178+'Block Breakdown Prev'!H178","v":{"v":0,"d":"0.00"}},{"$f":"+'Block Breakdown This'!I178+'Block Breakdown Prev'!I178","v":{"v":0,"d":"0.00"}},{"$f":"+'Block Breakdown This'!J178+'Block Breakdown Prev'!J178","v":{"v":0,"d":"0.00"}},{"$f":"+'Block Breakdown This'!K178+'Block Breakdown Prev'!K178","v":{"v":0,"d":"0.00"}},{"$f":"+'Block Breakdown This'!L178+'Block Breakdown Prev'!L178","v":{"v":0,"d":"0.00"}},{"$f":"+'Block Breakdown This'!M178+'Block Breakdown Prev'!M178","v":{"v":0,"d":"0.00"}},{"$f":"+'Block Breakdown This'!N178+'Block Breakdown Prev'!N178","v":{"v":0,"d":"0.00"}},{"$f":"+'Block Breakdown This'!O178+'Block Breakdown Prev'!O178","v":{"v":0,"d":"0.00"}},{"$f":"+'Block Breakdown This'!P178+'Block Breakdown Prev'!P178","v":{"v":0,"d":"0.00"}},{"$f":"+'Block Breakdown This'!Q178+'Block Breakdown Prev'!Q178","v":{"v":0,"d":"0.00"}},{"$f":"+'Block Breakdown This'!R178+'Block Breakdown Prev'!R178","v":{"v":0,"d":"0.00"}},{"$f":"+'Block Breakdown This'!S178+'Block Breakdown Prev'!S178","v":{"v":0,"d":"0.00"}},{"$f":"+'Block Breakdown This'!T178+'Block Breakdown Prev'!T178","v":{"v":0,"d":"0.00"}},{"$f":"+'Block Breakdown This'!U178+'Block Breakdown Prev'!U178","v":{"v":0,"d":"0.00"}},{"$f":"+'Block Breakdown This'!V178+'Block Breakdown Prev'!V178","v":{"v":0,"d":"0.00"}},{"$f":"+'Block Breakdown This'!W178+'Block Breakdown Prev'!W178","v":{"v":0,"d":"0.00"}},{"$f":"+'Block Breakdown This'!X178+'Block Breakdown Prev'!X178","v":{"v":0,"d":"0.00"}},{"$f":"+'Block Breakdown This'!Y178+'Block Breakdown Prev'!Y178","v":{"v":1,"d":"1.00"}},{"v":1,"d":"1.00"},{"$f":"G178*E178","v":0},{"$f":"H178*E178","v":0},{"$f":"I178*E178","v":0},{"$f":"J178*E178","v":0},{"$f":"K178*E178","v":0},{"$f":"L178*E178","v":0},0,{"$f":"N178*E178","v":0},{"$f":"O178*E178","v":0},{"$f":"P178*E178","v":0},{"$f":"Q178*E178","v":0},{"$f":"R178*E178","v":0},{"$f":"S178*E178","v":0},{"$f":"T178*E178","v":0},{"$f":"W178*E178","v":0},{"$f":"X178*E178","v":0},{"$f":"Y178*E178","v":{"v":15044.66,"d":"15,045"}},{"v":15044.66,"d":"15,045"},{"$f":"+E178*Z178","v":{"v":15044.66,"d":"15,044.66"}}]
[null,"       Install","each",1,{"v":1505,"d":"1,505.00"},{"v":1505,"d":"1,505.00"},{"$f":"+'Block Breakdown This'!G179+'Block Breakdown Prev'!G179","v":{"v":0,"d":"0.00"}},{"$f":"+'Block Breakdown This'!H179+'Block Breakdown Prev'!H179","v":{"v":0,"d":"0.00"}},{"$f":"+'Block Breakdown This'!I179+'Block Breakdown Prev'!I179","v":{"v":0,"d":"0.00"}},{"$f":"+'Block Breakdown This'!J179+'Block Breakdown Prev'!J179","v":{"v":0,"d":"0.00"}},{"$f":"+'Block Breakdown This'!K179+'Block Breakdown Prev'!K179","v":{"v":0,"d":"0.00"}},{"$f":"+'Block Breakdown This'!L179+'Block Breakdown Prev'!L179","v":{"v":0,"d":"0.00"}},{"$f":"+'Block Breakdown This'!M179+'Block Breakdown Prev'!M179","v":{"v":0,"d":"0.00"}},{"$f":"+'Block Breakdown This'!N179+'Block Breakdown Prev'!N179","v":{"v":0,"d":"0.00"}},{"$f":"+'Block Breakdown This'!O179+'Block Breakdown Prev'!O179","v":{"v":0,"d":"0.00"}},{"$f":"+'Block Breakdown This'!P179+'Block Breakdown Prev'!P179","v":{"v":0,"d":"0.00"}},{"$f":"+'Block Breakdown This'!Q179+'Block Breakdown Prev'!Q179","v":{"v":0,"d":"0.00"}},{"$f":"+'Block Breakdown This'!R179+'Block Breakdown Prev'!R179","v":{"v":0,"d":"0.00"}},{"$f":"+'Block Breakdown This'!S179+'Block Breakdown Prev'!S179","v":{"v":1,"d":"1.00"}},{"$f":"+'Block Breakdown This'!T179+'Block Breakdown Prev'!T179","v":{"v":0,"d":"0.00"}},{"$f":"+'Block Breakdown This'!U179+'Block Breakdown Prev'!U179","v":{"v":0,"d":"0.00"}},{"$f":"+'Block Breakdown This'!V179+'Block Breakdown Prev'!V179","v":{"v":0,"d":"0.00"}},{"$f":"+'Block Breakdown This'!W179+'Block Breakdown Prev'!W179","v":{"v":0,"d":"0.00"}},{"$f":"+'Block Breakdown This'!X179+'Block Breakdown Prev'!X179","v":{"v":0,"d":"0.00"}},{"$f":"+'Block Breakdown This'!Y179+'Block Breakdown Prev'!Y179","v":{"v":0,"d":"0.00"}},{"v":1,"d":"1.00"},{"$f":"G179*E179","v":0},{"$f":"H179*E179","v":0},{"$f":"I179*E179","v":0},{"$f":"J179*E179","v":0},{"$f":"K179*E179","v":0},{"$f":"L179*E179","v":0},0,{"$f":"N179*E179","v":0},{"$f":"O179*E179","v":0},{"$f":"P179*E179","v":0},{"$f":"Q179*E179","v":0},{"$f":"R179*E179","v":0},{"$f":"S179*E179","v":{"v":1505,"d":"1,505"}},{"$f":"T179*E179","v":0},{"$f":"W179*E179","v":0},{"$f":"X179*E179","v":0},{"$f":"Y179*E179","v":0},{"v":1505,"d":"1,505"},{"$f":"+E179*Z179","v":{"v":1505,"d":"1,505.00"}}]
[{"$nulls":32},0,{"$nulls":11}," "]
[2.22,"Pharmacy",{"$nulls":30},0,{"$nulls":11}," "]
[null,"       Supply","each",1,{"v":18937.44,"d":"18,937.44"},{"v":18937.44,"d":"18,937.44"},{"$f":"+'Block Breakdown This'!G182+'Block Breakdown Prev'!G182","v":{"v":0,"d":"0.00"}},{"$f":"+'Block Breakdown This'!H182+'Block Breakdown Prev'!H182","v":{"v":0,"d":"0.00"}},{"$f":"+'Block Breakdown This'!I182+'Block Breakdown Prev'!I182","v":{"v":0,"d":"0.00"}},{"$f":"+'Block Breakdown This'!J182+'Block Breakdown Prev'!J182","v":{"v":0,"d":"0.00"}},{"$f":"+'Block Breakdown This'!K182+'Block Breakdown Prev'!K182","v":{"v":0,"d":"0.00"}},{"$f":"+'Block Breakdown This'!L182+'Block Breakdown Prev'!L182","v":{"v":0,"d":"0.00"}},{"$f":"+'Block Breakdown This'!M182+'Block Breakdown Prev'!M182","v":{"v":0,"d":"0.00"}},{"$f":"+'Block Breakdown This'!N182+'Block Breakdown Prev'!N182","v":{"v":0,"d":"0.00"}},{"$f":"+'Block Breakdown This'!O182+'Block Breakdown Prev'!O182","v":{"v":0,"d":"0.00"}},{"$f":"+'Block Breakdown This'!P182+'Block Breakdown Prev'!P182","v":{"v":0,"d":"0.00"}},{"$f":"+'Block Breakdown This'!Q182+'Block Breakdown Prev'!Q182","v":{"v":0,"d":"0.00"}},{"$f":"+'Block Breakdown This'!R182+'Block Breakdown Prev'!R182","v":{"v":0,"d":"0.00"}},{"$f":"+'Block Breakdown This'!S182+'Block Breakdown Prev'!S182","v":{"v":0,"d":"0.00"}},{"$f":"+'Block Breakdown This'!T182+'Block Breakdown Prev'!T182","v":{"v":0,"d":"0.00"}},{"$f":"+'Block Breakdown This'!U182+'Block Breakdown Prev'!U182","v":{"v":0,"d":"0.00"}},{"$f":"+'Block Breakdown This'!V182+'Block Breakdown Prev'!V182","v":{"v":0,"d":"0.00"}},{"$f":"+'Block Breakdown This'!W182+'Block Breakdown Prev'!W182","v":{"v":0,"d":"0.00"}},{"$f":"+'Block Breakdown This'!X182+'Block Breakdown Prev'!X182","v":{"v":0,"d":"0.00"}},{"$f":"+'Block Breakdown This'!Y182+'Block Breakdown Prev'!Y182","v":{"v":1,"d":"1.00"}},{"v":1,"d":"1.00"},{"$f":"G182*E182","v":0},{"$f":"H182*E182","v":0},{"$f":"I182*E182","v":0},{"$f":"J182*E182","v":0},{"$f":"K182*E182","v":0},{"$f":"L182*E182","v":0},{"$f":"+M182*E182","v":0},{"$f":"N182*E182","v":0},{"$f":"O182*E182","v":0},{"$f":"P182*E182","v":0},{"$f":"Q182*E182","v":0},{"$f":"R182*E182","v":0},{"$f":"S182*E182","v":0},{"$f":"T182*E182","v":0},{"$f":"W182*E182","v":0},{"$f":"X182*E182","v":0},{"$f":"Y182*E182","v":{"v":18937.44,"d":"18,937"}},{"v":18937.44,"d":"18,937"},{"$f":"+E182*Z182","v":{"v":18937.44,"d":"18,937.44"}}]
[null,"       Install","each",1,{"v":1894,"d":"1,894.00"},{"v":1894,"d":"1,894.00"},{"$f":"+'Block Breakdown This'!G183+'Block Breakdown Prev'!G183","v":{"v":0,"d":"0.00"}},{"$f":"+'Block Breakdown This'!H183+'Block Breakdown Prev'!H183","v":{"v":0,"d":"0.00"}},{"$f":"+'Block Breakdown This'!I183+'Block Breakdown Prev'!I183","v":{"v":0,"d":"0.00"}},{"$f":"+'Block Breakdown This'!J183+'Block Breakdown Prev'!J183","v":{"v":0,"d":"0.00"}},{"$f":"+'Block Breakdown This'!K183+'Block Breakdown Prev'!K183","v":{"v":0,"d":"0.00"}},{"$f":"+'Block Breakdown This'!L183+'Block Breakdown Prev'!L183","v":{"v":0,"d":"0.00"}},{"$f":"+'Block Breakdown This'!M183+'Block Breakdown Prev'!M183","v":{"v":0,"d":"0.00"}},{"$f":"+'Block Breakdown This'!N183+'Block Breakdown Prev'!N183","v":{"v":0,"d":"0.00"}},{"$f":"+'Block Breakdown This'!O183+'Block Breakdown Prev'!O183","v":{"v":0,"d":"0.00"}},{"$f":"+'Block Breakdown This'!P183+'Block Breakdown Prev'!P183","v":{"v":0,"d":"0.00"}},{"$f":"+'Block Breakdown This'!Q183+'Block Breakdown Prev'!Q183","v":{"v":0,"d":"0.00"}},{"$f":"+'Block Breakdown This'!R183+'Block Breakdown Prev'!R183","v":{"v":0,"d":"0.00"}},{"$f":"+'Block Breakdown This'!S183+'Block Breakdown Prev'!S183","v":{"v":0,"d":"0.00"}},{"$f":"+'Block Breakdown This'!T183+'Block Breakdown Prev'!T183","v":{"v":0,"d":"0.00"}},{"$f":"+'Block Breakdown This'!U183+'Block Breakdown Prev'!U183","v":{"v":0,"d":"0.00"}},{"$f":"+'Block Breakdown This'!V183+'Block Breakdown Prev'!V183","v":{"v":0,"d":"0.00"}},{"$f":"+'Block Breakdown This'!W183+'Block Breakdown Prev'!W183","v":{"v":0,"d":"0.00"}},{"$f":"+'Block Breakdown This'!X183+'Block Breakdown Prev'!X183","v":{"v":0,"d":"0.00"}},{"$f":"+'Block Breakdown This'!Y183+'Block Breakdown Prev'!Y183","v":{"v":1,"d":"1.00"}},{"v":1,"d":"1.00"},{"$f":"G183*E183","v":0},{"$f":"H183*E183","v":0},{"$f":"I183*E183","v":0},{"$f":"J183*E183","v":0},{"$f":"K183*E183","v":0},{"$f":"L183*E183","v":0},0,{"$f":"N183*E183","v":0},{"$f":"O183*E183","v":0},{"$f":"P183*E183","v":0},{"$f":"Q183*E183","v":0},{"$f":"R183*E183","v":0},{"$f":"S183*E183","v":0},{"$f":"T183*E183","v":0},{"$f":"W183*E183","v":0},{"$f":"X183*E183","v":0},{"$f":"Y183*E183","v":{"v":1894,"d":"1,894"}},{"v":1894,"d":"1,894"},{"$f":"+E183*Z183","v":{"v":1894,"d":"1,894.00"}}]
[{"$nulls":32},0,{"$nulls":11}," "]
[2.23,"Ent, Opthalmology and Dental OPD",{"$nulls":30},0,{"$nulls":11}," "]
[null,"       Supply","each",1,{"v":17672.39,"d":"17,672.39"},{"v":17672.39,"d":"17,672.39"},{"$f":"+'Block Breakdown This'!G186+'Block Breakdown Prev'!G186","v":{"v":0,"d":"0.00"}},{"$f":"+'Block Breakdown This'!H186+'Block Breakdown Prev'!H186","v":{"v":0,"d":"0.00"}},{"$f":"+'Block Breakdown This'!I186+'Block Breakdown Prev'!I186","v":{"v":0,"d":"0.00"}},{"$f":"+'Block Breakdown This'!J186+'Block Breakdown Prev'!J186","v":{"v":0,"d":"0.00"}},{"$f":"+'Block Breakdown This'!K186+'Block Breakdown Prev'!K186","v":{"v":0,"d":"0.00"}},{"$f":"+'Block Breakdown This'!L186+'Block Breakdown Prev'!L186","v":{"v":0,"d":"0.00"}},{"$f":"+'Block Breakdown This'!M186+'Block Breakdown Prev'!M186","v":{"v":0,"d":"0.00"}},{"$f":"+'Block Breakdown This'!N186+'Block Breakdown Prev'!N186","v":{"v":0,"d":"0.00"}},{"$f":"+'Block Breakdown This'!O186+'Block Breakdown Prev'!O186","v":{"v":0,"d":"0.00"}},{"$f":"+'Block Breakdown This'!P186+'Block Breakdown Prev'!P186","v":{"v":0,"d":"0.00"}},{"$f":"+'Block Breakdown This'!Q186+'Block Breakdown Prev'!Q186","v":{"v":0,"d":"0.00"}},{"$f":"+'Block Breakdown This'!R186+'Block Breakdown Prev'!R186","v":{"v":0,"d":"0.00"}},{"$f":"+'Block Breakdown This'!S186+'Block Breakdown Prev'!S186","v":{"v":0,"d":"0.00"}},{"$f":"+'Block Breakdown This'!T186+'Block Breakdown Prev'!T186","v":{"v":0,"d":"0.00"}},{"$f":"+'Block Breakdown This'!U186+'Block Breakdown Prev'!U186","v":{"v":0,"d":"0.00"}},{"$f":"+'Block Breakdown This'!V186+'Block Breakdown Prev'!V186","v":{"v":0,"d":"0.00"}},{"$f":"+'Block Breakdown This'!W186+'Block Breakdown Prev'!W186","v":{"v":0,"d":"0.00"}},{"$f":"+'Block Breakdown This'!X186+'Block Breakdown Prev'!X186","v":{"v":0,"d":"0.00"}},{"$f":"+'Block Breakdown This'!Y186+'Block Breakdown Prev'!Y186","v":{"v":0,"d":"0.00"}},{"v":0,"d":"0.00"},{"$f":"G186*E186","v":0},{"$f":"H186*E186","v":0},{"$f":"I186*E186","v":0},{"$f":"J186*E186","v":0},{"$f":"K186*E186","v":0},{"$f":"L186*E186","v":0},0,{"$f":"N186*E186","v":0},{"$f":"O186*E186","v":0},{"$f":"P186*E186","v":0},{"$f":"Q186*E186","v":0},{"$f":"R186*E186","v":0},{"$f":"S186*E186","v":0},{"$f":"T186*E186","v":0},{"$f":"W186*E186","v":0},{"$f":"X186*E186","v":0},{"$f":"Y186*E186","v":0},0,{"$f":"+E186*Z186","v":{"v":0,"d":"0.00"}}]
[null,"       Install","each",1,{"v":1768,"d":"1,768.00"},{"v":1768,"d":"1,768.00"},{"$f":"+'Block Breakdown This'!G187+'Block Breakdown Prev'!G187","v":{"v":0,"d":"0.00"}},{"$f":"+'Block Breakdown This'!H187+'Block Breakdown Prev'!H187","v":{"v":0,"d":"0.00"}},{"$f":"+'Block Breakdown This'!I187+'Block Breakdown Prev'!I187","v":{"v":0,"d":"0.00"}},{"$f":"+'Block Breakdown This'!J187+'Block Breakdown Prev'!J187","v":{"v":0,"d":"0.00"}},{"$f":"+'Block Breakdown This'!K187+'Block Breakdown Prev'!K187","v":{"v":0,"d":"0.00"}},{"$f":"+'Block Breakdown This'!L187+'Block Breakdown Prev'!L187","v":{"v":0,"d":"0.00"}},{"$f":"+'Block Breakdown This'!M187+'Block Breakdown Prev'!M187","v":{"v":0,"d":"0.00"}},{"$f":"+'Block Breakdown This'!N187+'Block Breakdown Prev'!N187","v":{"v":0,"d":"0.00"}},{"$f":"+'Block Breakdown This'!O187+'Block Breakdown Prev'!O187","v":{"v":0,"d":"0.00"}},{"$f":"+'Block Breakdown This'!P187+'Block Breakdown Prev'!P187","v":{"v":0,"d":"0.00"}},{"$f":"+'Block Breakdown This'!Q187+'Block Breakdown Prev'!Q187","v":{"v":0,"d":"0.00"}},{"$f":"+'Block Breakdown This'!R187+'Block Breakdown Prev'!R187","v":{"v":0,"d":"0.00"}},{"$f":"+'Block Breakdown This'!S187+'Block Breakdown Prev'!S187","v":{"v":0,"d":"0.00"}},{"$f":"+'Block Breakdown This'!T187+'Block Breakdown Prev'!T187","v":{"v":0,"d":"0.00"}},{"$f":"+'Block Breakdown This'!U187+'Block Breakdown Prev'!U187","v":{"v":0,"d":"0.00"}},{"$f":"+'Block Breakdown This'!V187+'Block Breakdown Prev'!V187","v":{"v":0,"d":"0.00"}},{"$f":"+'Block Breakdown This'!W187+'Block Breakdown Prev'!W187","v":{"v":0,"d":"0.00"}},{"$f":"+'Block Breakdown This'!X187+'Block Breakdown Prev'!X187","v":{"v":0,"d":"0.00"}},{"$f":"+'Block Breakdown This'!Y187+'Block Breakdown Prev'!Y187","v":{"v":0,"d":"0.00"}},{"v":0,"d":"0.00"},{"$f":"G187*E187","v":0},{"$f":"H187*E187","v":0},{"$f":"I187*E187","v":0},{"$f":"J187*E187","v":0},{"$f":"K187*E187","v":0},{"$f":"L187*E187","v":0},0,{"$f":"N187*E187","v":0},{"$f":"O187*E187","v":0},{"$f":"P187*E187","v":0},{"$f":"Q187*E187","v":0},{"$f":"R187*E187","v":0},{"$f":"S187*E187","v":0},{"$f":"T187*E187","v":0},{"$f":"W187*E187","v":0},{"$f":"X187*E187","v":0},{"$f":"Y187*E187","v":0},0,{"$f":"+E187*Z187","v":{"v":0,"d":"0.00"}}]
[{"$nulls":32},0,{"$nulls":11}," "]
[2.24,"Main Dist Board 3 OPD",{"$nulls":30},0,{"$nulls":11}," "]
[null,"       Supply","each",1,{"v":64169.02,"d":"64,169.02"},{"v":64169.02,"d":"64,169.02"},{"$f":"+'Block Breakdown This'!G190+'Block Breakdown Prev'!G190","v":{"v":0,"d":"0.00"}},{"$f":"+'Block Breakdown This'!H190+'Block Breakdown Prev'!H190","v":{"v":0,"d":"0.00"}},{"$f":"+'Block Breakdown This'!I190+'Block Breakdown Prev'!I190","v":{"v":0,"d":"0.00"}},{"$f":"+'Block Breakdown This'!J190+'Block Breakdown Prev'!J190","v":{"v":0,"d":"0.00"}},{"$f":"+'Block Breakdown This'!K190+'Block Breakdown Prev'!K190","v":{"v":0,"d":"0.00"}},{"$f":"+'Block Breakdown This'!L190+'Block Breakdown Prev'!L190","v":{"v":0,"d":"0.00"}},{"$f":"+'Block Breakdown This'!M190+'Block Breakdown Prev'!M190","v":{"v":0,"d":"0.00"}},{"$f":"+'Block Breakdown This'!N190+'Block Breakdown Prev'!N190","v":{"v":0,"d":"0.00"}},{"$f":"+'Block Breakdown This'!O190+'Block Breakdown Prev'!O190","v":{"v":0,"d":"0.00"}},{"$f":"+'Block Breakdown This'!P190+'Block Breakdown Prev'!P190","v":{"v":0,"d":"0.00"}},{"$f":"+'Block Breakdown This'!Q190+'Block Breakdown Prev'!Q190","v":{"v":0,"d":"0.00"}},{"$f":"+'Block Breakdown This'!R190+'Block Breakdown Prev'!R190","v":{"v":0,"d":"0.00"}},{"$f":"+'Block Breakdown This'!S190+'Block Breakdown Prev'!S190","v":{"v":0,"d":"0.00"}},{"$f":"+'Block Breakdown This'!T190+'Block Breakdown Prev'!T190","v":{"v":0,"d":"0.00"}},{"$f":"+'Block Breakdown This'!U190+'Block Breakdown Prev'!U190","v":{"v":0,"d":"0.00"}},{"$f":"+'Block Breakdown This'!V190+'Block Breakdown Prev'!V190","v":{"v":0,"d":"0.00"}},{"$f":"+'Block Breakdown This'!W190+'Block Breakdown Prev'!W190","v":{"v":0,"d":"0.00"}},{"$f":"+'Block Breakdown This'!X190+'Block Breakdown Prev'!X190","v":{"v":0,"d":"0.00"}},{"$f":"+'Block Breakdown This'!Y190+'Block Breakdown Prev'!Y190","v":{"v":1,"d":"1.00"}},{"v":1,"d":"1.00"},{"$f":"G190*E190","v":0},{"$f":"H190*E190","v":0},{"$f":"I190*E190","v":0},{"$f":"J190*E190","v":0},{"$f":"K190*E190","v":0},{"$f":"L190*E190","v":0},0,{"$f":"N190*E190","v":0},{"$f":"O190*E190","v":0},{"$f":"P190*E190","v":0},{"$f":"Q190*E190","v":0},{"$f":"R190*E190","v":0},{"$f":"S190*E190","v":0},{"$f":"T190*E190","v":0},{"$f":"W190*E190","v":0},{"$f":"X190*E190","v":0},{"$f":"Y190*E190","v":{"v":64169.02,"d":"64,169"}},{"v":64169.02,"d":"64,169"},{"$f":"+E190*Z190","v":{"v":64169.02,"d":"64,169.02"}}]
[null,"       Install","each",1,{"v":6417,"d":"6,417.00"},{"v":6417,"d":"6,417.00"},{"$f":"+'Block Breakdown This'!G191+'Block Breakdown Prev'!G191","v":{"v":0,"d":"0.00"}},{"$f":"+'Block Breakdown This'!H191+'Block Breakdown Prev'!H191","v":{"v":0,"d":"0.00"}},{"$f":"+'Block Breakdown This'!I191+'Block Breakdown Prev'!I191","v":{"v":0,"d":"0.00"}},{"$f":"+'Block Breakdown This'!J191+'Block Breakdown Prev'!J191","v":{"v":0,"d":"0.00"}},{"$f":"+'Block Breakdown This'!K191+'Block Breakdown Prev'!K191","v":{"v":0,"d":"0.00"}},{"$f":"+'Block Breakdown This'!L191+'Block Breakdown Prev'!L191","v":{"v":0,"d":"0.00"}},{"$f":"+'Block Breakdown This'!M191+'Block Breakdown Prev'!M191","v":{"v":0,"d":"0.00"}},{"$f":"+'Block Breakdown This'!N191+'Block Breakdown Prev'!N191","v":{"v":0,"d":"0.00"}},{"$f":"+'Block Breakdown This'!O191+'Block Breakdown Prev'!O191","v":{"v":0,"d":"0.00"}},{"$f":"+'Block Breakdown This'!P191+'Block Breakdown Prev'!P191","v":{"v":0,"d":"0.00"}},{"$f":"+'Block Breakdown This'!Q191+'Block Breakdown Prev'!Q191","v":{"v":0,"d":"0.00"}},{"$f":"+'Block Breakdown This'!R191+'Block Breakdown Prev'!R191","v":{"v":0,"d":"0.00"}},{"$f":"+'Block Breakdown This'!S191+'Block Breakdown Prev'!S191","v":{"v":0,"d":"0.00"}},{"$f":"+'Block Breakdown This'!T191+'Block Breakdown Prev'!T191","v":{"v":0,"d":"0.00"}},{"$f":"+'Block Breakdown This'!U191+'Block Breakdown Prev'!U191","v":{"v":0,"d":"0.00"}},{"$f":"+'Block Breakdown This'!V191+'Block Breakdown Prev'!V191","v":{"v":0,"d":"0.00"}},{"$f":"+'Block Breakdown This'!W191+'Block Breakdown Prev'!W191","v":{"v":0,"d":"0.00"}},{"$f":"+'Block Breakdown This'!X191+'Block Breakdown Prev'!X191","v":{"v":0,"d":"0.00"}},{"$f":"+'Block Breakdown This'!Y191+'Block Breakdown Prev'!Y191","v":{"v":1,"d":"1.00"}},{"v":1,"d":"1.00"},{"$f":"G191*E191","v":0},{"$f":"H191*E191","v":0},{"$f":"I191*E191","v":0},{"$f":"J191*E191","v":0},{"$f":"K191*E191","v":0},{"$f":"L191*E191","v":0},0,{"$f":"N191*E191","v":0},{"$f":"O191*E191","v":0},{"$f":"P191*E191","v":0},{"$f":"Q191*E191","v":0},{"$f":"R191*E191","v":0},{"$f":"S191*E191","v":0},{"$f":"T191*E191","v":0},{"$f":"W191*E191","v":0},{"$f":"X191*E191","v":0},{"$f":"Y191*E191","v":{"v":6417,"d":"6,417"}},{"v":6417,"d":"6,417"},{"$f":"+E191*Z191","v":{"v":6417,"d":"6,417.00"}}]
[{"$nulls":32},0,{"$nulls":11}," "]
[2.25,"Radiology",{"$nulls":30},0,{"$nulls":11}," "]
[null,"       Supply","each",1,{"v":38396.48,"d":"38,396.48"},{"v":38396.48,"d":"38,396.48"},{"$f":"+'Block Breakdown This'!G194+'Block Breakdown Prev'!G194","v":{"v":0,"d":"0.00"}},{"$f":"+'Block Breakdown This'!H194+'Block Breakdown Prev'!H194","v":{"v":0,"d":"0.00"}},{"$f":"+'Block Breakdown This'!I194+'Block Breakdown Prev'!I194","v":{"v":0,"d":"0.00"}},{"$f":"+'Block Breakdown This'!J194+'Block Breakdown Prev'!J194","v":{"v":0,"d":"0.00"}},{"$f":"+'Block Breakdown This'!K194+'Block Breakdown Prev'!K194","v":{"v":0,"d":"0.00"}},{"$f":"+'Block Breakdown This'!L194+'Block Breakdown Prev'!L194","v":{"v":0,"d":"0.00"}},{"$f":"+'Block Breakdown This'!M194+'Block Breakdown Prev'!M194","v":{"v":0,"d":"0.00"}},{"$f":"+'Block Breakdown This'!N194+'Block Breakdown Prev'!N194","v":{"v":0,"d":"0.00"}},{"$f":"+'Block Breakdown This'!O194+'Block Breakdown Prev'!O194","v":{"v":0,"d":"0.00"}},{"$f":"+'Block Breakdown This'!P194+'Block Breakdown Prev'!P194","v":{"v":0,"d":"0.00"}},{"$f":"+'Block Breakdown This'!Q194+'Block Breakdown Prev'!Q194","v":{"v":0,"d":"0.00"}},{"$f":"+'Block Breakdown This'!R194+'Block Breakdown Prev'!R194","v":{"v":0,"d":"0.00"}},{"$f":"+'Block Breakdown This'!S194+'Block Breakdown Prev'!S194","v":{"v":0,"d":"0.00"}},{"$f":"+'Block Breakdown This'!T194+'Block Breakdown Prev'!T194","v":{"v":0,"d":"0.00"}},{"$f":"+'Block Breakdown This'!U194+'Block Breakdown Prev'!U194","v":{"v":0,"d":"0.00"}},{"$f":"+'Block Breakdown This'!V194+'Block Breakdown Prev'!V194","v":{"v":0,"d":"0.00"}},{"$f":"+'Block Breakdown This'!W194+'Block Breakdown Prev'!W194","v":{"v":0,"d":"0.00"}},{"$f":"+'Block Breakdown This'!X194+'Block Breakdown Prev'!X194","v":{"v":0,"d":"0.00"}},{"$f":"+'Block Breakdown This'!Y194+'Block Breakdown Prev'!Y194","v":{"v":0,"d":"0.00"}},{"v":0,"d":"0.00"},{"$f":"G194*E194","v":0},{"$f":"H194*E194","v":0},{"$f":"I194*E194","v":0},{"$f":"J194*E194","v":0},{"$f":"K194*E194","v":0},{"$f":"L194*E194","v":0},0,{"$f":"N194*E194","v":0},{"$f":"O194*E194","v":0},{"$f":"P194*E194","v":0},{"$f":"Q194*E194","v":0},{"$f":"R194*E194","v":0},{"$f":"S194*E194","v":0},{"$f":"T194*E194","v":0},{"$f":"W194*E194","v":0},{"$f":"X194*E194","v":0},{"$f":"Y194*E194","v":0},0,{"$f":"+E194*Z194","v":{"v":0,"d":"0.00"}}]
[null,"       Install","each",1,{"v":3840,"d":"3,840.00"},{"v":3840,"d":"3,840.00"},{"$f":"+'Block Breakdown This'!G195+'Block Breakdown Prev'!G195","v":{"v":0,"d":"0.00"}},{"$f":"+'Block Breakdown This'!H195+'Block Breakdown Prev'!H195","v":{"v":0,"d":"0.00"}},{"$f":"+'Block Breakdown This'!I195+'Block Breakdown Prev'!I195","v":{"v":0,"d":"0.00"}},{"$f":"+'Block Breakdown This'!J195+'Block Breakdown Prev'!J195","v":{"v":0,"d":"0.00"}},{"$f":"+'Block Breakdown This'!K195+'Block Breakdown Prev'!K195","v":{"v":0,"d":"0.00"}},{"$f":"+'Block Breakdown This'!L195+'Block Breakdown Prev'!L195","v":{"v":0,"d":"0.00"}},{"$f":"+'Block Breakdown This'!M195+'Block Breakdown Prev'!M195","v":{"v":0,"d":"0.00"}},{"$f":"+'Block Breakdown This'!N195+'Block Breakdown Prev'!N195","v":{"v":0,"d":"0.00"}},{"$f":"+'Block Breakdown This'!O195+'Block Breakdown Prev'!O195","v":{"v":0,"d":"0.00"}},{"$f":"+'Block Breakdown This'!P195+'Block Breakdown Prev'!P195","v":{"v":0,"d":"0.00"}},{"$f":"+'Block Breakdown This'!Q195+'Block Breakdown Prev'!Q195","v":{"v":0,"d":"0.00"}},{"$f":"+'Block Breakdown This'!R195+'Block Breakdown Prev'!R195","v":{"v":0,"d":"0.00"}},{"$f":"+'Block Breakdown This'!S195+'Block Breakdown Prev'!S195","v":{"v":0,"d":"0.00"}},{"$f":"+'Block Breakdown This'!T195+'Block Breakdown Prev'!T195","v":{"v":0,"d":"0.00"}},{"$f":"+'Block Breakdown This'!U195+'Block Breakdown Prev'!U195","v":{"v":0,"d":"0.00"}},{"$f":"+'Block Breakdown This'!V195+'Block Breakdown Prev'!V195","v":{"v":0,"d":"0.00"}},{"$f":"+'Block Breakdown This'!W195+'Block Breakdown Prev'!W195","v":{"v":0,"d":"0.00"}},{"$f":"+'Block Breakdown This'!X195+'Block Breakdown Prev'!X195","v":{"v":0,"d":"0.00"}},{"v":1,"d":"1.00"},{"v":1,"d":"1.00"},{"$f":"G195*E195","v":0},{"$f":"H195*E195","v":0},{"$f":"I195*E195","v":0},{"$f":"J195*E195","v":0},{"$f":"K195*E195","v":0},{"$f":"L195*E195","v":0},0,{"$f":"N195*E195","v":0},{"$f":"O195*E195","v":0},{"$f":"P195*E195","v":0},{"$f":"Q195*E195","v":0},{"$f":"R195*E195","v":0},{"$f":"S195*E195","v":0},{"$f":"T195*E195","v":0},{"$f":"W195*E195","v":0},{"$f":"X195*E195","v":0},{"$f":"Y195*E195","v":{"v":3840,"d":"3,840"}},{"v":3840,"d":"3,840"},{"$f":"+E195*Z195","v":{"v":3840,"d":"3,840.00"}}]
[{"$nulls":32},0,{"$nulls":11}," "]
[2.26,"Main Dist Board 1  Admissions",{"$nulls":30},0,{"$nulls":11}," "]
[null,"       Supply","each",1,{"v":62978.27,"d":"62,978.27"},{"v":62978.27,"d":"62,978.27"},{"$f":"+'Block Breakdown This'!G198+'Block Breakdown Prev'!G198","v":{"v":0,"d":"0.00"}},{"$f":"+'Block Breakdown This'!H198+'Block Breakdown Prev'!H198","v":{"v":0,"d":"0.00"}},{"$f":"+'Block Breakdown This'!I198+'Block Breakdown Prev'!I198","v":{"v":0,"d":"0.00"}},{"$f":"+'Block Breakdown This'!J198+'Block Breakdown Prev'!J198","v":{"v":0,"d":"0.00"}},{"$f":"+'Block Breakdown This'!K198+'Block Breakdown Prev'!K198","v":{"v":0,"d":"0.00"}},{"$f":"+'Block Breakdown This'!L198+'Block Breakdown Prev'!L198","v":{"v":0,"d":"0.00"}},{"$f":"+'Block Breakdown This'!M198+'Block Breakdown Prev'!M198","v":{"v":0,"d":"0.00"}},{"$f":"+'Block Breakdown This'!N198+'Block Breakdown Prev'!N198","v":{"v":0,"d":"0.00"}},{"$f":"+'Block Breakdown This'!O198+'Block Breakdown Prev'!O198","v":{"v":0,"d":"0.00"}},{"$f":"+'Block Breakdown This'!P198+'Block Breakdown Prev'!P198","v":{"v":0,"d":"0.00"}},{"$f":"+'Block Breakdown This'!Q198+'Block Breakdown Prev'!Q198","v":{"v":0,"d":"0.00"}},{"$f":"+'Block Breakdown This'!R198+'Block Breakdown Prev'!R198","v":{"v":0,"d":"0.00"}},{"$f":"+'Block Breakdown This'!S198+'Block Breakdown Prev'!S198","v":{"v":0,"d":"0.00"}},{"$f":"+'Block Breakdown This'!T198+'Block Breakdown Prev'!T198","v":{"v":0,"d":"0.00"}},{"$f":"+'Block Breakdown This'!U198+'Block Breakdown Prev'!U198","v":{"v":0,"d":"0.00"}},{"$f":"+'Block Breakdown This'!V198+'Block Breakdown Prev'!V198","v":{"v":0,"d":"0.00"}},{"$f":"+'Block Breakdown This'!W198+'Block Breakdown Prev'!W198","v":{"v":0,"d":"0.00"}},{"$f":"+'Block Breakdown This'!X198+'Block Breakdown Prev'!X198","v":{"v":0,"d":"0.00"}},{"$f":"+'Block Breakdown This'!Y198+'Block Breakdown Prev'!Y198","v":{"v":0,"d":"0.00"}},{"v":0,"d":"0.00"},{"$f":"G198*E198","v":0},{"$f":"H198*E198","v":0},{"$f":"I198*E198","v":0},{"$f":"J198*E198","v":0},{"$f":"K198*E198","v":0},{"$f":"L198*E198","v":0},0,{"$f":"N198*E198","v":0},{"$f":"O198*E198","v":0},{"$f":"P198*E198","v":0},{"$f":"Q198*E198","v":0},{"$f":"R198*E198","v":0},{"$f":"S198*E198","v":0},{"$f":"T198*E198","v":0},{"$f":"W198*E198","v":0},{"$f":"X198*E198","v":0},{"$f":"Y198*E198","v":0},0,{"$f":"+E198*Z198","v":{"v":0,"d":"0.00"}}]
[null,"       Install","each",1,{"v":6298,"d":"6,298.00"},{"v":6298,"d":"6,298.00"},{"$f":"+'Block Breakdown This'!G199+'Block Breakdown Prev'!G199","v":{"v":0,"d":"0.00"}},{"$f":"+'Block Breakdown This'!H199+'Block Breakdown Prev'!H199","v":{"v":0,"d":"0.00"}},{"$f":"+'Block Breakdown This'!I199+'Block Breakdown Prev'!I199","v":{"v":0,"d":"0.00"}},{"$f":"+'Block Breakdown This'!J199+'Block Breakdown Prev'!J199","v":{"v":0,"d":"0.00"}},{"$f":"+'Block Breakdown This'!K199+'Block Breakdown Prev'!K199","v":{"v":0,"d":"0.00"}},{"$f":"+'Block Breakdown This'!L199+'Block Breakdown Prev'!L199","v":{"v":1,"d":"1.00"}},{"$f":"+'Block Breakdown This'!M199+'Block Breakdown Prev'!M199","v":{"v":0,"d":"0.00"}},{"$f":"+'Block Breakdown This'!N199+'Block Breakdown Prev'!N199","v":{"v":0,"d":"0.00"}},{"$f":"+'Block Breakdown This'!O199+'Block Breakdown Prev'!O199","v":{"v":0,"d":"0.00"}},{"$f":"+'Block Breakdown This'!P199+'Block Breakdown Prev'!P199","v":{"v":0,"d":"0.00"}},{"$f":"+'Block Breakdown This'!Q199+'Block Breakdown Prev'!Q199","v":{"v":0,"d":"0.00"}},{"$f":"+'Block Breakdown This'!R199+'Block Breakdown Prev'!R199","v":{"v":0,"d":"0.00"}},{"$f":"+'Block Breakdown This'!S199+'Block Breakdown Prev'!S199","v":{"v":0,"d":"0.00"}},{"$f":"+'Block Breakdown This'!T199+'Block Breakdown Prev'!T199","v":{"v":0,"d":"0.00"}},{"$f":"+'Block Breakdown This'!U199+'Block Breakdown Prev'!U199","v":{"v":0,"d":"0.00"}},{"$f":"+'Block Breakdown This'!V199+'Block Breakdown Prev'!V199","v":{"v":0,"d":"0.00"}},{"$f":"+'Block Breakdown This'!W199+'Block Breakdown Prev'!W199","v":{"v":0,"d":"0.00"}},{"$f":"+'Block Breakdown This'!X199+'Block Breakdown Prev'!X199","v":{"v":0,"d":"0.00"}},{"$f":"+'Block Breakdown This'!Y199+'Block Breakdown Prev'!Y199","v":{"v":0,"d":"0.00"}},{"v":1,"d":"1.00"},{"$f":"G199*E199","v":0},{"$f":"H199*E199","v":0},{"$f":"I199*E199","v":0},{"$f":"J199*E199","v":0},{"$f":"K199*E199","v":0},{"$f":"L199*E199","v":{"v":6298,"d":"6,298"}},0,{"$f":"N199*E199","v":0},{"$f":"O199*E199","v":0},{"$f":"P199*E199","v":0},{"$f":"Q199*E199","v":0},{"$f":"R199*E199","v":0},{"$f":"S199*E199","v":0},{"$f":"T199*E199","v":0},{"$f":"W199*E199","v":0},{"$f":"X199*E199","v":0},{"$f":"Y199*E199","v":0},{"v":6298,"d":"6,298"},{"$f":"+E199*Z199","v":{"v":6298,"d":"6,298.00"}}]
[]
[null,"Amount Carried Forward",{"$nulls":3},{"$f":"SUM(F146:F199)","v":{"v":1028956.2100000002,"d":"1,028,956.21"}},{"$nulls":38},{"$f":"SUM(AS146:AS199)","v":{"v":777876.9800000001,"d":"777,876.98"}}]
[]
["MAIN HOSPITAL ELECTRICAL INSTALLATION"]
["CECILIA MAKIWANE HOSPITAL : PHASE 4C"]
[]
["BILL NO. 2 : DISTRIBUTION BOARDS"]
["ITEM","DESCRIPTION","UNIT","QTY","RATE","TENDER AMOUNT","A-LV05","B-LV04","D-LV03","E1-LV03","E2","F1","F2","G1","G2","H1","H2","J1","J2","J3","Substation","G/House","K","N","Other","Total Qty","A","B","D","E1","E2","F1","F2","G1","G2","H1","H2","J1","J2","J3","K","N","Other","Total Amount","Total Claimed"]
[null,"AMOUNT CARRIED FORWARD FROM PREVIOUS BILL",{"$nulls":3},{"$f":"F201","v":{"v":1028956.2100000002,"d":"1,028,956.21"}},{"$nulls":38},{"$f":"AS201","v":{"v":777876.9800000001,"d":"777,876.98"}}]
[]
[2.27,"Cafeteria"]
[null,"       Supply","each",1,{"v":18612.34,"d":"18,612.34"},{"$f":"$D211*E211","v":{"v":18612.34,"d":"18,612.34"}},{"$f":"+'Block Breakdown This'!G$211+'Block Breakdown Prev'!G$211","v":{"v":0,"d":"0.00"}},{"$f":"+'Block Breakdown This'!H211+'Block Breakdown Prev'!H211","v":{"v":0,"d":"0.00"}},{"$f":"+'Block Breakdown This'!I211+'Block Breakdown Prev'!I211","v":{"v":0,"d":"0.00"}},{"$f":"+'Block Breakdown This'!J211+'Block Breakdown Prev'!J211","v":{"v":0,"d":"0.00"}},{"$f":"+'Block Breakdown This'!K211+'Block Breakdown Prev'!K211","v":{"v":0,"d":"0.00"}},{"$f":"+'Block Breakdown This'!L211+'Block Breakdown Prev'!L211","v":{"v":0,"d":"0.00"}},{"$f":"+'Block Breakdown This'!M211+'Block Breakdown Prev'!M211","v":{"v":0,"d":"0.00"}},{"$f":"+'Block Breakdown This'!N211+'Block Breakdown Prev'!N211","v":{"v":0,"d":"0.00"}},{"$f":"+'Block Breakdown This'!O211+'Block Breakdown Prev'!O211","v":{"v":0,"d":"0.00"}},{"$f":"+'Block Breakdown This'!P211+'Block Breakdown Prev'!P211","v":{"v":0,"d":"0.00"}},{"$f":"+'Block Breakdown This'!Q211+'Block Breakdown Prev'!Q211","v":{"v":0,"d":"0.00"}},{"$f":"+'Block Breakdown This'!R211+'Block Breakdown Prev'!R211","v":{"v":0,"d":"0.00"}},{"$f":"+'Block Breakdown This'!S211+'Block Breakdown Prev'!S211","v":{"v":0,"d":"0.00"}},{"$f":"+'Block Breakdown This'!T211+'Block Breakdown Prev'!T211","v":{"v":0,"d":"0.00"}},{"$f":"+'Block Breakdown This'!U211+'Block Breakdown Prev'!U211","v":{"v":0,"d":"0.00"}},{"$f":"+'Block Breakdown This'!V211+'Block Breakdown Prev'!V211","v":{"v":0,"d":"0.00"}},{"$f":"+'Block Breakdown This'!W211+'Block Breakdown Prev'!W211","v":{"v":0,"d":"0.00"}},{"$f":"+'Block Breakdown This'!X211+'Block Breakdown Prev'!X211","v":{"v":0,"d":"0.00"}},{"$f":"+'Block Breakdown This'!Y211+'Block Breakdown Prev'!Y211","v":{"v":0,"d":"0.00"}},{"$f":"SUM(G211:Y211)","v":{"v":0,"d":"0.00"}},{"$f":"G211*E211","v":0},{"$f":"H211*E211","v":0},{"$f":"I211*E211","v":0},{"$f":"J211*E211","v":0},{"$f":"K211*E211","v":0},{"$f":"L211*E211","v":0},{"$f":"+M211*E211","v":0},{"$f":"N211*E211","v":0},{"$f":"O211*E211","v":0},{"$f":"P211*E211","v":0},{"$f":"Q211*E211","v":0},{"$f":"R211*E211","v":0},{"$f":"S211*E211","v":0},{"$f":"T211*E211","v":0},{"$f":"W211*E211","v":0},{"$f":"X211*E211","v":0},{"$f":"Y211*E211","v":0},{"$f":"SUM(AA211:AQ211)","v":0},{"$f":"+E211*Z211","v":{"v":0,"d":"0.00"}}]
[null,"       Install","each",1,{"v":1862,"d":"1,862.00"},{"$f":"$D212*E212","v":{"v":1862,"d":"1,862.00"}},{"$f":"+'Block Breakdown This'!G212+'Block Breakdown Prev'!G212","v":{"v":0,"d":"0.00"}},{"$f":"+'Block Breakdown This'!H212+'Block Breakdown Prev'!H212","v":{"v":0,"d":"0.00"}},{"$f":"+'Block Breakdown This'!I212+'Block Breakdown Prev'!I212","v":{"v":0,"d":"0.00"}},{"$f":"+'Block Breakdown This'!J212+'Block Breakdown Prev'!J212","v":{"v":2,"d":"2.00"}},{"$f":"+'Block Breakdown This'!K212+'Block Breakdown Prev'!K212","v":{"v":0,"d":"0.00"}},{"$f":"+'Block Breakdown This'!L212+'Block Breakdown Prev'!L212","v":{"v":0,"d":"0.00"}},{"$f":"+'Block Breakdown This'!M212+'Block Breakdown Prev'!M212","v":{"v":0,"d":"0.00"}},{"$f":"+'Block Breakdown This'!N212+'Block Breakdown Prev'!N212","v":{"v":0,"d":"0.00"}},{"$f":"+'Block Breakdown This'!O212+'Block Breakdown Prev'!O212","v":{"v":0,"d":"0.00"}},{"$f":"+'Block Breakdown This'!P212+'Block Breakdown Prev'!P212","v":{"v":0,"d":"0.00"}},{"$f":"+'Block Breakdown This'!Q212+'Block Breakdown Prev'!Q212","v":{"v":0,"d":"0.00"}},{"$f":"+'Block Breakdown This'!R212+'Block Breakdown Prev'!R212","v":{"v":0,"d":"0.00"}},{"$f":"+'Block Breakdown This'!S212+'Block Breakdown Prev'!S212","v":{"v":0,"d":"0.00"}},{"$f":"+'Block Breakdown This'!T212+'Block Breakdown Prev'!T212","v":{"v":0,"d":"0.00"}},{"$f":"+'Block Breakdown This'!U212+'Block Breakdown Prev'!U212","v":{"v":0,"d":"0.00"}},{"$f":"+'Block Breakdown This'!V212+'Block Breakdown Prev'!V212","v":{"v":0,"d":"0.00"}},{"$f":"+'Block Breakdown This'!W212+'Block Breakdown Prev'!W212","v":{"v":0,"d":"0.00"}},{"$f":"+'Block Breakdown This'!X212+'Block Breakdown Prev'!X212","v":{"v":0,"d":"0.00"}},{"$f":"+'Block Breakdown This'!Y212+'Block Breakdown Prev'!Y212","v":{"v":-1,"d":"-1.00"}},{"$f":"SUM(G212:Y212)","v":{"v":1,"d":"1.00"}},{"$f":"G212*E212","v":0},{"$f":"H212*E212","v":0},{"$f":"I212*E212","v":0},{"$f":"J212*E212","v":{"v":3724,"d":"3,724"}},{"$f":"K212*E212","v":0},{"$f":"L212*E212","v":0},0,{"$f":"N212*E212","v":0},{"$f":"O212*E212","v":0},{"$f":"P212*E212","v":0},{"$f":"Q212*E212","v":0},{"$f":"R212*E212","v":0},{"$f":"S212*E212","v":0},{"$f":"T212*E212","v":0},{"$f":"W212*E212","v":0},{"$f":"X212*E212","v":0},{"$f":"Y212*E212","v":{"v":-1862,"d":"-1,862"}},{"$f":"SUM(AA212:AQ212)","v":{"v":1862,"d":"1,862"}},{"$f":"+E212*Z212","v":{"v":1862,"d":"1,862.00"}}]
[{"$nulls":32},0,{"$nulls":11}," "]
[2.28,"Rehabilatation No1",{"$nulls":30},0,{"$nulls":11}," "]
[null,"       Supply","each",1,{"v":17559.16,"d":"17,559.16"},{"$f":"$D215*E215","v":{"v":17559.16,"d":"17,559.16"}},{"$f":"+'Block Breakdown This'!G215+'Block Breakdown Prev'!G215","v":{"v":0,"d":"0.00"}},{"$f":"+'Block Breakdown This'!H215+'Block Breakdown Prev'!H215","v":{"v":0,"d":"0.00"}},{"$f":"+'Block Breakdown This'!I215+'Block Breakdown Prev'!I215","v":{"v":2,"d":"2.00"}},{"$f":"+'Block Breakdown This'!J215+'Block Breakdown Prev'!J215","v":{"v":0,"d":"0.00"}},{"$f":"+'Block Breakdown This'!K215+'Block Breakdown Prev'!K215","v":{"v":0,"d":"0.00"}},{"$f":"+'Block Breakdown This'!L215+'Block Breakdown Prev'!L215","v":{"v":0,"d":"0.00"}},{"$f":"+'Block Breakdown This'!M215+'Block Breakdown Prev'!M215","v":{"v":0,"d":"0.00"}},{"$f":"+'Block Breakdown This'!N215+'Block Breakdown Prev'!N215","v":{"v":0,"d":"0.00"}},{"$f":"+'Block Breakdown This'!O215+'Block Breakdown Prev'!O215","v":{"v":0,"d":"0.00"}},{"$f":"+'Block Breakdown This'!P215+'Block Breakdown Prev'!P215","v":{"v":0,"d":"0.00"}},{"$f":"+'Block Breakdown This'!Q215+'Block Breakdown Prev'!Q215","v":{"v":0,"d":"0.00"}},{"$f":"+'Block Breakdown This'!R215+'Block Breakdown Prev'!R215","v":{"v":0,"d":"0.00"}},{"$f":"+'Block Breakdown This'!S215+'Block Breakdown Prev'!S215","v":{"v":0,"d":"0.00"}},{"$f":"+'Block Breakdown This'!T215+'Block Breakdown Prev'!T215","v":{"v":0,"d":"0.00"}},{"$f":"+'Block Breakdown This'!U215+'Block Breakdown Prev'!U215","v":{"v":0,"d":"0.00"}},{"$f":"+'Block Breakdown This'!V215+'Block Breakdown Prev'!V215","v":{"v":0,"d":"0.00"}},{"$f":"+'Block Breakdown This'!W215+'Block Breakdown Prev'!W215","v":{"v":0,"d":"0.00"}},{"$f":"+'Block Breakdown This'!X215+'Block Breakdown Prev'!X215","v":{"v":0,"d":"0.00"}},{"$f":"+'Block Breakdown This'!Y215+'Block Breakdown Prev'!Y215","v":{"v":-1,"d":"-1.00"}},{"v":1,"d":"1.00"},{"$f":"G215*E215","v":0},{"$f":"H215*E215","v":0},{"$f":"I215*E215","v":{"v":35118.32,"d":"35,118"}},{"$f":"J215*E215","v":0},{"$f":"K215*E215","v":0},{"$f":"L215*E215","v":0},0,{"$f":"N215*E215","v":0},{"$f":"O215*E215","v":0},{"$f":"P215*E215","v":0},{"$f":"Q215*E215","v":0},{"$f":"R215*E215","v":0},{"$f":"S215*E215","v":0},{"$f":"T215*E215","v":0},{"$f":"W215*E215","v":0},{"$f":"X215*E215","v":0},{"$f":"Y215*E215","v":{"v":-17559.16,"d":"-17,559"}},{"v":17559.16,"d":"17,559"},{"$f":"+E215*Z215","v":{"v":17559.16,"d":"17,559.16"}}]
[null,"       Install","each",1,{"v":1756,"d":"1,756.00"},{"v":1756,"d":"1,756.00"},{"$f":"+'Block Breakdown This'!G216+'Block Breakdown Prev'!G216","v":{"v":0,"d":"0.00"}},{"$f":"+'Block Breakdown This'!H216+'Block Breakdown Prev'!H216","v":{"v":0,"d":"0.00"}},{"$f":"+'Block Breakdown This'!I216+'Block Breakdown Prev'!I216","v":{"v":2,"d":"2.00"}},{"$f":"+'Block Breakdown This'!J216+'Block Breakdown Prev'!J216","v":{"v":0,"d":"0.00"}},{"$f":"+'Block Breakdown This'!K216+'Block Breakdown Prev'!K216","v":{"v":0,"d":"0.00"}},{"$f":"+'Block Breakdown This'!L216+'Block Breakdown Prev'!L216","v":{"v":0,"d":"0.00"}},{"$f":"+'Block Breakdown This'!M216+'Block Breakdown Prev'!M216","v":{"v":0,"d":"0.00"}},{"$f":"+'Block Breakdown This'!N216+'Block Breakdown Prev'!N216","v":{"v":0,"d":"0.00"}},{"$f":"+'Block Breakdown This'!O216+'Block Breakdown Prev'!O216","v":{"v":0,"d":"0.00"}},{"$f":"+'Block Breakdown This'!P216+'Block Breakdown Prev'!P216","v":{"v":0,"d":"0.00"}},{"$f":"+'Block Breakdown This'!Q216+'Block Breakdown Prev'!Q216","v":{"v":0,"d":"0.00"}},{"$f":"+'Block Breakdown This'!R216+'Block Breakdown Prev'!R216","v":{"v":0,"d":"0.00"}},{"$f":"+'Block Breakdown This'!S216+'Block Breakdown Prev'!S216","v":{"v":0,"d":"0.00"}},{"$f":"+'Block Breakdown This'!T216+'Block Breakdown Prev'!T216","v":{"v":0,"d":"0.00"}},{"$f":"+'Block Breakdown This'!U216+'Block Breakdown Prev'!U216","v":{"v":0,"d":"0.00"}},{"$f":"+'Block Breakdown This'!V216+'Block Breakdown Prev'!V216","v":{"v":0,"d":"0.00"}},{"$f":"+'Block Breakdown This'!W216+'Block Breakdown Prev'!W216","v":{"v":0,"d":"0.00"}},{"$f":"+'Block Breakdown This'!X216+'Block Breakdown Prev'!X216","v":{"v":0,"d":"0.00"}},{"$f":"+'Block Breakdown This'!Y216+'Block Breakdown Prev'!Y216","v":{"v":-1,"d":"-1.00"}},{"v":1,"d":"1.00"},{"$f":"G216*E216","v":0},{"$f":"H216*E216","v":0},{"$f":"I216*E216","v":{"v":3512,"d":"3,512"}},{"$f":"J216*E216","v":0},{"$f":"K216*E216","v":0},{"$f":"L216*E216","v":0},0,{"$f":"N216*E216","v":0},{"$f":"O216*E216","v":0},{"$f":"P216*E216","v":0},{"$f":"Q216*E216","v":0},{"$f":"R216*E216","v":0},{"$f":"S216*E216","v":0},{"$f":"T216*E216","v":0},{"$f":"W216*E216","v":0},{"$f":"X216*E216","v":0},{"$f":"Y216*E216","v":{"v":-1756,"d":"-1,756"}},{"v":1756,"d":"1,756"},{"$f":"+E216*Z216","v":{"v":1756,"d":"1,756.00"}}]
[{"$nulls":32},0,{"$nulls":11}," "]
[2.29,"Rehabilatation No2",{"$nulls":30},0,{"$nulls":11}," "]
[null,"       Supply","each",1,{"v":17946.75,"d":"17,946.75"},{"v":17946.75,"d":"17,946.75"},{"$f":"+'Block Breakdown This'!G219+'Block Breakdown Prev'!G219","v":{"v":0,"d":"0.00"}},{"$f":"+'Block Breakdown This'!H219+'Block Breakdown Prev'!H219","v":{"v":0,"d":"0.00"}},{"$f":"+'Block Breakdown This'!I219+'Block Breakdown Prev'!I219","v":{"v":2,"d":"2.00"}},{"$f":"+'Block Breakdown This'!J219+'Block Breakdown Prev'!J219","v":{"v":0,"d":"0.00"}},{"$f":"+'Block Breakdown This'!K219+'Block Breakdown Prev'!K219","v":{"v":0,"d":"0.00"}},{"$f":"+'Block Breakdown This'!L219+'Block Breakdown Prev'!L219","v":{"v":0,"d":"0.00"}},{"$f":"+'Block Breakdown This'!M219+'Block Breakdown Prev'!M219","v":{"v":0,"d":"0.00"}},{"$f":"+'Block Breakdown This'!N219+'Block Breakdown Prev'!N219","v":{"v":0,"d":"0.00"}},{"$f":"+'Block Breakdown This'!O219+'Block Breakdown Prev'!O219","v":{"v":0,"d":"0.00"}},{"$f":"+'Block Breakdown This'!P219+'Block Breakdown Prev'!P219","v":{"v":0,"d":"0.00"}},{"$f":"+'Block Breakdown This'!Q219+'Block Breakdown Prev'!Q219","v":{"v":0,"d":"0.00"}},{"$f":"+'Block Breakdown This'!R219+'Block Breakdown Prev'!R219","v":{"v":0,"d":"0.00"}},{"$f":"+'Block Breakdown This'!S219+'Block Breakdown Prev'!S219","v":{"v":0,"d":"0.00"}},{"$f":"+'Block Breakdown This'!T219+'Block Breakdown Prev'!T219","v":{"v":0,"d":"0.00"}},{"$f":"+'Block Breakdown This'!U219+'Block Breakdown Prev'!U219","v":{"v":0,"d":"0.00"}},{"$f":"+'Block Breakdown This'!V219+'Block Breakdown Prev'!V219","v":{"v":0,"d":"0.00"}},{"$f":"+'Block Breakdown This'!W219+'Block Breakdown Prev'!W219","v":{"v":0,"d":"0.00"}},{"$f":"+'Block Breakdown This'!X219+'Block Breakdown Prev'!X219","v":{"v":0,"d":"0.00"}},{"$f":"+'Block Breakdown This'!Y219+'Block Breakdown Prev'!Y219","v":{"v":-1,"d":"-1.00"}},{"v":1,"d":"1.00"},{"$f":"G219*E219","v":0},{"$f":"H219*E219","v":0},{"$f":"I219*E219","v":{"v":35893.5,"d":"35,894"}},{"$f":"J219*E219","v":0},{"$f":"K219*E219","v":0},{"$f":"L219*E219","v":0},0,{"$f":"N219*E219","v":0},{"$f":"O219*E219","v":0},{"$f":"P219*E219","v":0},{"$f":"Q219*E219","v":0},{"$f":"R219*E219","v":0},{"$f":"S219*E219","v":0},{"$f":"T219*E219","v":0},{"$f":"W219*E219","v":0},{"$f":"X219*E219","v":0},{"$f":"Y219*E219","v":{"v":-17946.75,"d":"-17,947"}},{"v":17946.75,"d":"17,947"},{"$f":"+E219*Z219","v":{"v":17946.75,"d":"17,946.75"}}]
[null,"       Install","each",1,{"v":1795,"d":"1,795.00"},{"v":1795,"d":"1,795.00"},{"$f":"+'Block Breakdown This'!G220+'Block Breakdown Prev'!G220","v":{"v":0,"d":"0.00"}},{"$f":"+'Block Breakdown This'!H220+'Block Breakdown Prev'!H220","v":{"v":0,"d":"0.00"}},{"$f":"+'Block Breakdown This'!I220+'Block Breakdown Prev'!I220","v":{"v":2,"d":"2.00"}},{"$f":"+'Block Breakdown This'!J220+'Block Breakdown Prev'!J220","v":{"v":0,"d":"0.00"}},{"$f":"+'Block Breakdown This'!K220+'Block Breakdown Prev'!K220","v":{"v":0,"d":"0.00"}},{"$f":"+'Block Breakdown This'!L220+'Block Breakdown Prev'!L220","v":{"v":0,"d":"0.00"}},{"$f":"+'Block Breakdown This'!M220+'Block Breakdown Prev'!M220","v":{"v":0,"d":"0.00"}},{"$f":"+'Block Breakdown This'!N220+'Block Breakdown Prev'!N220","v":{"v":0,"d":"0.00"}},{"$f":"+'Block Breakdown This'!O220+'Block Breakdown Prev'!O220","v":{"v":0,"d":"0.00"}},{"$f":"+'Block Breakdown This'!P220+'Block Breakdown Prev'!P220","v":{"v":0,"d":"0.00"}},{"$f":"+'Block Breakdown This'!Q220+'Block Breakdown Prev'!Q220","v":{"v":0,"d":"0.00"}},{"$f":"+'Block Breakdown This'!R220+'Block Breakdown Prev'!R220","v":{"v":0,"d":"0.00"}},{"$f":"+'Block Breakdown This'!S220+'Block Breakdown Prev'!S220","v":{"v":0,"d":"0.00"}},{"$f":"+'Block Breakdown This'!T220+'Block Breakdown Prev'!T220","v":{"v":0,"d":"0.00"}},{"$f":"+'Block Breakdown This'!U220+'Block Breakdown Prev'!U220","v":{"v":0,"d":"0.00"}},{"$f":"+'Block Breakdown This'!V220+'Block Breakdown Prev'!V220","v":{"v":0,"d":"0.00"}},{"$f":"+'Block Breakdown This'!W220+'Block Breakdown Prev'!W220","v":{"v":0,"d":"0.00"}},{"$f":"+'Block Breakdown This'!X220+'Block Breakdown Prev'!X220","v":{"v":0,"d":"0.00"}},{"$f":"+'Block Breakdown This'!Y220+'Block Breakdown Prev'!Y220","v":{"v":-1,"d":"-1.00"}},{"v":1,"d":"1.00"},{"$f":"G220*E220","v":0},{"$f":"H220*E220","v":0},{"$f":"I220*E220","v":{"v":3590,"d":"3,590"}},{"$f":"J220*E220","v":0},{"$f":"K220*E220","v":0},{"$f":"L220*E220","v":0},0,{"$f":"N220*E220","v":0},{"$f":"O220*E220","v":0},{"$f":"P220*E220","v":0},{"$f":"Q220*E220","v":0},{"$f":"R220*E220","v":0},{"$f":"S220*E220","v":0},{"$f":"T220*E220","v":0},{"$f":"W220*E220","v":0},{"$f":"X220*E220","v":0},{"$f":"Y220*E220","v":{"v":-1795,"d":"-1,795"}},{"v":1795,"d":"1,795"},{"$f":"+E220*Z220","v":{"v":1795,"d":"1,795.00"}}]
[{"$nulls":32},0,{"$nulls":11}," "]
[{"v":2.3,"d":"2.30"},"Accident and Emergency No1",{"$nulls":30},0,{"$nulls":11}," "]
[null,"       Supply","each",1,{"v":32030.88,"d":"32,030.88"},{"v":32030.88,"d":"32,030.88"},{"$f":"+'Block Breakdown This'!G223+'Block Breakdown Prev'!G223","v":{"v":0,"d":"0.00"}},{"$f":"+'Block Breakdown This'!H223+'Block Breakdown Prev'!H223","v":{"v":0,"d":"0.00"}},{"$f":"+'Block Breakdown This'!I223+'Block Breakdown Prev'!I223","v":{"v":0,"d":"0.00"}},{"$f":"+'Block Breakdown This'!J223+'Block Breakdown Prev'!J223","v":{"v":0,"d":"0.00"}},{"$f":"+'Block Breakdown This'!K223+'Block Breakdown Prev'!K223","v":{"v":0,"d":"0.00"}},{"$f":"+'Block Breakdown This'!L223+'Block Breakdown Prev'!L223","v":{"v":0,"d":"0.00"}},{"$f":"+'Block Breakdown This'!M223+'Block Breakdown Prev'!M223","v":{"v":0,"d":"0.00"}},{"$f":"+'Block Breakdown This'!N223+'Block Breakdown Prev'!N223","v":{"v":0,"d":"0.00"}},{"$f":"+'Block Breakdown This'!O223+'Block Breakdown Prev'!O223","v":{"v":0,"d":"0.00"}},{"$f":"+'Block Breakdown This'!P223+'Block Breakdown Prev'!P223","v":{"v":0,"d":"0.00"}},{"$f":"+'Block Breakdown This'!Q223+'Block Breakdown Prev'!Q223","v":{"v":0,"d":"0.00"}},{"$f":"+'Block Breakdown This'!R223+'Block Breakdown Prev'!R223","v":{"v":0,"d":"0.00"}},{"$f":"+'Block Breakdown This'!S223+'Block Breakdown Prev'!S223","v":{"v":0,"d":"0.00"}},{"$f":"+'Block Breakdown This'!T223+'Block Breakdown Prev'!T223","v":{"v":0,"d":"0.00"}},{"$f":"+'Block Breakdown This'!U223+'Block Breakdown Prev'!U223","v":{"v":0,"d":"0.00"}},{"$f":"+'Block Breakdown This'!V223+'Block Breakdown Prev'!V223","v":{"v":0,"d":"0.00"}},{"$f":"+'Block Breakdown This'!W223+'Block Breakdown Prev'!W223","v":{"v":0,"d":"0.00"}},{"$f":"+'Block Breakdown This'!X223+'Block Breakdown Prev'!X223","v":{"v":0,"d":"0.00"}},{"$f":"+'Block Breakdown This'!Y223+'Block Breakdown Prev'!Y223","v":{"v":0,"d":"0.00"}},{"v":0,"d":"0.00"},{"$f":"G223*E223","v":0},{"$f":"H223*E223","v":0},{"$f":"I223*E223","v":0},{"$f":"J223*E223","v":0},{"$f":"K223*E223","v":0},{"$f":"L223*E223","v":0},0,{"$f":"N223*E223","v":0},{"$f":"O223*E223","v":0},{"$f":"P223*E223","v":0},{"$f":"Q223*E223","v":0},{"$f":"R223*E223","v":0},{"$f":"S223*E223","v":0},{"$f":"T223*E223","v":0},{"$f":"W223*E223","v":0},{"$f":"X223*E223","v":0},{"$f":"Y223*E223","v":0},0,{"$f":"+E223*Z223","v":{"v":0,"d":"0.00"}}]
[null,"       Install","each",1,{"v":3204,"d":"3,204.00"},{"v":3204,"d":"3,204.00"},{"$f":"+'Block Breakdown This'!G224+'Block Breakdown Prev'!G224","v":{"v":0,"d":"0.00"}},{"$f":"+'Block Breakdown This'!H224+'Block Breakdown Prev'!H224","v":{"v":0,"d":"0.00"}},{"$f":"+'Block Breakdown This'!I224+'Block Breakdown Prev'!I224","v":{"v":0,"d":"0.00"}},{"$f":"+'Block Breakdown This'!J224+'Block Breakdown Prev'!J224","v":{"v":0,"d":"0.00"}},{"$f":"+'Block Breakdown This'!K224+'Block Breakdown Prev'!K224","v":{"v":0,"d":"0.00"}},{"$f":"+'Block Breakdown This'!L224+'Block Breakdown Prev'!L224","v":{"v":0,"d":"0.00"}},{"$f":"+'Block Breakdown This'!M224+'Block Breakdown Prev'!M224","v":{"v":0,"d":"0.00"}},{"$f":"+'Block Breakdown This'!N224+'Block Breakdown Prev'!N224","v":{"v":0,"d":"0.00"}},{"$f":"+'Block Breakdown This'!O224+'Block Breakdown Prev'!O224","v":{"v":0,"d":"0.00"}},{"$f":"+'Block Breakdown This'!P224+'Block Breakdown Prev'!P224","v":{"v":0,"d":"0.00"}},{"$f":"+'Block Breakdown This'!Q224+'Block Breakdown Prev'!Q224","v":{"v":0,"d":"0.00"}},{"$f":"+'Block Breakdown This'!R224+'Block Breakdown Prev'!R224","v":{"v":0,"d":"0.00"}},{"$f":"+'Block Breakdown This'!S224+'Block Breakdown Prev'!S224","v":{"v":0,"d":"0.00"}},{"$f":"+'Block Breakdown This'!T224+'Block Breakdown Prev'!T224","v":{"v":0,"d":"0.00"}},{"$f":"+'Block Breakdown This'!U224+'Block Breakdown Prev'!U224","v":{"v":0,"d":"0.00"}},{"$f":"+'Block Breakdown This'!V224+'Block Breakdown Prev'!V224","v":{"v":0,"d":"0.00"}},{"$f":"+'Block Breakdown This'!W224+'Block Breakdown Prev'!W224","v":{"v":0,"d":"0.00"}},{"$f":"+'Block Breakdown This'!X224+'Block Breakdown Prev'!X224","v":{"v":0,"d":"0.00"}},{"$f":"+'Block Breakdown This'!Y224+'Block Breakdown Prev'!Y224","v":{"v":0,"d":"0.00"}},{"v":0,"d":"0.00"},{"$f":"G224*E224","v":0},{"$f":"H224*E224","v":0},{"$f":"I224*E224","v":0},{"$f":"J224*E224","v":0},{"$f":"K224*E224","v":0},{"$f":"L224*E224","v":0},0,{"$f":"N224*E224","v":0},{"$f":"O224*E224","v":0},{"$f":"P224*E224","v":0},{"$f":"Q224*E224","v":0},{"$f":"R224*E224","v":0},{"$f":"S224*E224","v":0},{"$f":"T224*E224","v":0},{"$f":"W224*E224","v":0},{"$f":"X224*E224","v":0},{"$f":"Y224*E224","v":0},0,{"$f":"+E224*Z224","v":{"v":0,"d":"0.00"}}]
[{"$nulls":32},0,{"$nulls":11}," "]
[2.31,"Accident and Emergency No2",{"$nulls":30},0,{"$nulls":11}," "]
[null,"       Supply","each",1,{"v":47906.01,"d":"47,906.01"},{"v":47906.01,"d":"47,906.01"},{"$f":"+'Block Breakdown This'!G227+'Block Breakdown Prev'!G227","v":{"v":0,"d":"0.00"}},{"$f":"+'Block Breakdown This'!H227+'Block Breakdown Prev'!H227","v":{"v":0,"d":"0.00"}},{"$f":"+'Block Breakdown This'!I227+'Block Breakdown Prev'!I227","v":{"v":0,"d":"0.00"}},{"$f":"+'Block Breakdown This'!J227+'Block Breakdown Prev'!J227","v":{"v":0,"d":"0.00"}},{"$f":"+'Block Breakdown This'!K227+'Block Breakdown Prev'!K227","v":{"v":0,"d":"0.00"}},{"$f":"+'Block Breakdown This'!L227+'Block Breakdown Prev'!L227","v":{"v":0,"d":"0.00"}},{"$f":"+'Block Breakdown This'!M227+'Block Breakdown Prev'!M227","v":{"v":0,"d":"0.00"}},{"$f":"+'Block Breakdown This'!N227+'Block Breakdown Prev'!N227","v":{"v":0,"d":"0.00"}},{"$f":"+'Block Breakdown This'!O227+'Block Breakdown Prev'!O227","v":{"v":0,"d":"0.00"}},{"$f":"+'Block Breakdown This'!P227+'Block Breakdown Prev'!P227","v":{"v":0,"d":"0.00"}},{"$f":"+'Block Breakdown This'!Q227+'Block Breakdown Prev'!Q227","v":{"v":0,"d":"0.00"}},{"$f":"+'Block Breakdown This'!R227+'Block Breakdown Prev'!R227","v":{"v":0,"d":"0.00"}},{"$f":"+'Block Breakdown This'!S227+'Block Breakdown Prev'!S227","v":{"v":0,"d":"0.00"}},{"$f":"+'Block Breakdown This'!T227+'Block Breakdown Prev'!T227","v":{"v":0,"d":"0.00"}},{"$f":"+'Block Breakdown This'!U227+'Block Breakdown Prev'!U227","v":{"v":0,"d":"0.00"}},{"$f":"+'Block Breakdown This'!V227+'Block Breakdown Prev'!V227","v":{"v":0,"d":"0.00"}},{"$f":"+'Block Breakdown This'!W227+'Block Breakdown Prev'!W227","v":{"v":0,"d":"0.00"}},{"$f":"+'Block Breakdown This'!X227+'Block Breakdown Prev'!X227","v":{"v":0,"d":"0.00"}},{"$f":"+'Block Breakdown This'!Y227+'Block Breakdown Prev'!Y227","v":{"v":0,"d":"0.00"}},{"v":0,"d":"0.00"},{"$f":"G227*E227","v":0},{"$f":"H227*E227","v":0},{"$f":"I227*E227","v":0},{"$f":"J227*E227","v":0},{"$f":"K227*E227","v":0},{"$f":"L227*E227","v":0},0,{"$f":"N227*E227","v":0},{"$f":"O227*E227","v":0},{"$f":"P227*E227","v":0},{"$f":"Q227*E227","v":0},{"$f":"R227*E227","v":0},{"$f":"S227*E227","v":0},{"$f":"T227*E227","v":0},{"$f":"W227*E227","v":0},{"$f":"X227*E227","v":0},{"$f":"Y227*E227","v":0},0,{"$f":"+E227*Z227","v":{"v":0,"d":"0.00"}}]
[null,"       Install","each",1,{"v":4791,"d":"4,791.00"},{"v":4791,"d":"4,791.00"},{"$f":"+'Block Breakdown This'!G228+'Block Breakdown Prev'!G228","v":{"v":0,"d":"0.00"}},{"$f":"+'Block Breakdown This'!H228+'Block Breakdown Prev'!H228","v":{"v":0,"d":"0.00"}},{"$f":"+'Block Breakdown This'!I228+'Block Breakdown Prev'!I228","v":{"v":0,"d":"0.00"}},{"$f":"+'Block Breakdown This'!J228+'Block Breakdown Prev'!J228","v":{"v":0,"d":"0.00"}},{"$f":"+'Block Breakdown This'!K228+'Block Breakdown Prev'!K228","v":{"v":0,"d":"0.00"}},{"$f":"+'Block Breakdown This'!L228+'Block Breakdown Prev'!L228","v":{"v":0,"d":"0.00"}},{"$f":"+'Block Breakdown This'!M228+'Block Breakdown Prev'!M228","v":{"v":0,"d":"0.00"}},{"$f":"+'Block Breakdown This'!N228+'Block Breakdown Prev'!N228","v":{"v":0,"d":"0.00"}},{"$f":"+'Block Breakdown This'!O228+'Block Breakdown Prev'!O228","v":{"v":0,"d":"0.00"}},{"$f":"+'Block Breakdown This'!P228+'Block Breakdown Prev'!P228","v":{"v":0,"d":"0.00"}},{"$f":"+'Block Breakdown This'!Q228+'Block Breakdown Prev'!Q228","v":{"v":0,"d":"0.00"}},{"$f":"+'Block Breakdown This'!R228+'Block Breakdown Prev'!R228","v":{"v":0,"d":"0.00"}},{"$f":"+'Block Breakdown This'!S228+'Block Breakdown Prev'!S228","v":{"v":0,"d":"0.00"}},{"$f":"+'Block Breakdown This'!T228+'Block Breakdown Prev'!T228","v":{"v":0,"d":"0.00"}},{"$f":"+'Block Breakdown This'!U228+'Block Breakdown Prev'!U228","v":{"v":0,"d":"0.00"}},{"$f":"+'Block Breakdown This'!V228+'Block Breakdown Prev'!V228","v":{"v":0,"d":"0.00"}},{"$f":"+'Block Breakdown This'!W228+'Block Breakdown Prev'!W228","v":{"v":0,"d":"0.00"}},{"$f":"+'Block Breakdown This'!X228+'Block Breakdown Prev'!X228","v":{"v":0,"d":"0.00"}},{"$f":"+'Block Breakdown This'!Y228+'Block Breakdown Prev'!Y228","v":{"v":0,"d":"0.00"}},{"v":0,"d":"0.00"},{"$f":"G228*E228","v":0},{"$f":"H228*E228","v":0},{"$f":"I228*E228","v":0},{"$f":"J228*E228","v":0},{"$f":"K228*E228","v":0},{"$f":"L228*E228","v":0},0,{"$f":"N228*E228","v":0},{"$f":"O228*E228","v":0},{"$f":"P228*E228","v":0},{"$f":"Q228*E228","v":0},{"$f":"R228*E228","v":0},{"$f":"S228*E228","v":0},{"$f":"T228*E228","v":0},{"$f":"W228*E228","v":0},{"$f":"X228*E228","v":0},{"$f":"Y228*E228","v":0},0,{"$f":"+E228*Z228","v":{"v":0,"d":"0.00"}}]
[{"$nulls":32},0,{"$nulls":11}," "]
[2.32,"Burns Unit",{"$nulls":30},0,{"$nulls":11}," "]
[null,"       Supply","each",1,{"v":29463.63,"d":"29,463.63"},{"v":29463.63,"d":"29,463.63"},{"$f":"+'Block Breakdown This'!G231+'Block Breakdown Prev'!G231","v":{"v":0,"d":"0.00"}},{"$f":"+'Block Breakdown This'!H231+'Block Breakdown Prev'!H231","v":{"v":0,"d":"0.00"}},{"$f":"+'Block Breakdown This'!I231+'Block Breakdown Prev'!I231","v":{"v":0,"d":"0.00"}},{"$f":"+'Block Breakdown This'!J231+'Block Breakdown Prev'!J231","v":{"v":0,"d":"0.00"}},{"$f":"+'Block Breakdown This'!K231+'Block Breakdown Prev'!K231","v":{"v":0,"d":"0.00"}},{"$f":"+'Block Breakdown This'!L231+'Block Breakdown Prev'!L231","v":{"v":0,"d":"0.00"}},{"$f":"+'Block Breakdown This'!M231+'Block Breakdown Prev'!M231","v":{"v":0,"d":"0.00"}},{"$f":"+'Block Breakdown This'!N231+'Block Breakdown Prev'!N231","v":{"v":1,"d":"1.00"}},{"$f":"+'Block Breakdown This'!O231+'Block Breakdown Prev'!O231","v":{"v":0,"d":"0.00"}},{"$f":"+'Block Breakdown This'!P231+'Block Breakdown Prev'!P231","v":{"v":0,"d":"0.00"}},{"$f":"+'Block Breakdown This'!Q231+'Block Breakdown Prev'!Q231","v":{"v":0,"d":"0.00"}},{"$f":"+'Block Breakdown This'!R231+'Block Breakdown Prev'!R231","v":{"v":0,"d":"0.00"}},{"$f":"+'Block Breakdown This'!S231+'Block Breakdown Prev'!S231","v":{"v":0,"d":"0.00"}},{"$f":"+'Block Breakdown This'!T231+'Block Breakdown Prev'!T231","v":{"v":0,"d":"0.00"}},{"$f":"+'Block Breakdown This'!U231+'Block Breakdown Prev'!U231","v":{"v":0,"d":"0.00"}},{"$f":"+'Block Breakdown This'!V231+'Block Breakdown Prev'!V231","v":{"v":0,"d":"0.00"}},{"$f":"+'Block Breakdown This'!W231+'Block Breakdown Prev'!W231","v":{"v":0,"d":"0.00"}},{"$f":"+'Block Breakdown This'!X231+'Block Breakdown Prev'!X231","v":{"v":0,"d":"0.00"}},{"$f":"+'Block Breakdown This'!Y231+'Block Breakdown Prev'!Y231","v":{"v":0,"d":"0.00"}},{"v":1,"d":"1.00"},{"$f":"G231*E231","v":0},{"$f":"H231*E231","v":0},{"$f":"I231*E231","v":0},{"$f":"J231*E231","v":0},{"$f":"K231*E231","v":0},{"$f":"L231*E231","v":0},0,{"$f":"N231*E231","v":{"v":29463.63,"d":"29,464"}},{"$f":"O231*E231","v":0},{"$f":"P231*E231","v":0},{"$f":"Q231*E231","v":0},{"$f":"R231*E231","v":0},{"$f":"S231*E231","v":0},{"$f":"T231*E231","v":0},{"$f":"W231*E231","v":0},{"$f":"X231*E231","v":0},{"$f":"Y231*E231","v":0},{"v":29463.63,"d":"29,464"},{"$f":"+E231*Z231","v":{"v":29463.63,"d":"29,463.63"}}]
[null,"       Install","each",1,{"v":2947,"d":"2,947.00"},{"v":2947,"d":"2,947.00"},{"$f":"+'Block Breakdown This'!G232+'Block Breakdown Prev'!G232","v":{"v":0,"d":"0.00"}},{"$f":"+'Block Breakdown This'!H232+'Block Breakdown Prev'!H232","v":{"v":0,"d":"0.00"}},{"$f":"+'Block Breakdown This'!I232+'Block Breakdown Prev'!I232","v":{"v":0,"d":"0.00"}},{"$f":"+'Block Breakdown This'!J232+'Block Breakdown Prev'!J232","v":{"v":0,"d":"0.00"}},{"$f":"+'Block Breakdown This'!K232+'Block Breakdown Prev'!K232","v":{"v":0,"d":"0.00"}},{"$f":"+'Block Breakdown This'!L232+'Block Breakdown Prev'!L232","v":{"v":0,"d":"0.00"}},{"$f":"+'Block Breakdown This'!M232+'Block Breakdown Prev'!M232","v":{"v":0,"d":"0.00"}},{"$f":"+'Block Breakdown This'!N232+'Block Breakdown Prev'!N232","v":{"v":0,"d":"0.00"}},{"$f":"+'Block Breakdown This'!O232+'Block Breakdown Prev'!O232","v":{"v":0,"d":"0.00"}},{"$f":"+'Block Breakdown This'!P232+'Block Breakdown Prev'!P232","v":{"v":0,"d":"0.00"}},{"$f":"+'Block Breakdown This'!Q232+'Block Breakdown Prev'!Q232","v":{"v":0,"d":"0.00"}},{"$f":"+'Block Breakdown This'!R232+'Block Breakdown Prev'!R232","v":{"v":0,"d":"0.00"}},{"$f":"+'Block Breakdown This'!S232+'Block Breakdown Prev'!S232","v":{"v":0,"d":"0.00"}},{"$f":"+'Block Breakdown This'!T232+'Block Breakdown Prev'!T232","v":{"v":0,"d":"0.00"}},{"$f":"+'Block Breakdown This'!U232+'Block Breakdown Prev'!U232","v":{"v":0,"d":"0.00"}},{"$f":"+'Block Breakdown This'!V232+'Block Breakdown Prev'!V232","v":{"v":0,"d":"0.00"}},{"$f":"+'Block Breakdown This'!W232+'Block Breakdown Prev'!W232","v":{"v":0,"d":"0.00"}},{"$f":"+'Block Breakdown This'!X232+'Block Breakdown Prev'!X232","v":{"v":0,"d":"0.00"}},{"$f":"+'Block Breakdown This'!Y232+'Block Breakdown Prev'!Y232","v":{"v":1,"d":"1.00"}},{"v":1,"d":"1.00"},{"$f":"G232*E232","v":0},{"$f":"H232*E232","v":0},{"$f":"I232*E232","v":0},{"$f":"J232*E232","v":0},{"$f":"K232*E232","v":0},{"$f":"L232*E232","v":0},0,{"$f":"N232*E232","v":0},{"$f":"O232*E232","v":0},{"$f":"P232*E232","v":0},{"$f":"Q232*E232","v":0},{"$f":"R232*E232","v":0},{"$f":"S232*E232","v":0},{"$f":"T232*E232","v":0},{"$f":"W232*E232","v":0},{"$f":"X232*E232","v":0},{"$f":"Y232*E232","v":{"v":2947,"d":"2,947"}},{"v":2947,"d":"2,947"},{"$f":"+E232*Z232","v":{"v":2947,"d":"2,947.00"}}]
[{"$nulls":32},0,{"$nulls":11}," "]
[2.33,"Night Matron",{"$nulls":30},0,{"$nulls":11}," "]
[null,"       Supply","each",1,{"v":2793.21,"d":"2,793.21"},{"v":2793.21,"d":"2,793.21"},{"$f":"+'Block Breakdown This'!G235+'Block Breakdown Prev'!G235","v":{"v":0,"d":"0.00"}},{"$f":"+'Block Breakdown This'!H235+'Block Breakdown Prev'!H235","v":{"v":0,"d":"0.00"}},{"$f":"+'Block Breakdown This'!I235+'Block Breakdown Prev'!I235","v":{"v":0,"d":"0.00"}},{"$f":"+'Block Breakdown This'!J235+'Block Breakdown Prev'!J235","v":{"v":0,"d":"0.00"}},{"$f":"+'Block Breakdown This'!K235+'Block Breakdown Prev'!K235","v":{"v":0,"d":"0.00"}},{"$f":"+'Block Breakdown This'!L235+'Block Breakdown Prev'!L235","v":{"v":0,"d":"0.00"}},{"$f":"+'Block Breakdown This'!M235+'Block Breakdown Prev'!M235","v":{"v":0,"d":"0.00"}},{"$f":"+'Block Breakdown This'!N235+'Block Breakdown Prev'!N235","v":{"v":0,"d":"0.00"}},{"$f":"+'Block Breakdown This'!O235+'Block Breakdown Prev'!O235","v":{"v":0,"d":"0.00"}},{"$f":"+'Block Breakdown This'!P235+'Block Breakdown Prev'!P235","v":{"v":0,"d":"0.00"}},{"$f":"+'Block Breakdown This'!Q235+'Block Breakdown Prev'!Q235","v":{"v":0,"d":"0.00"}},{"$f":"+'Block Breakdown This'!R235+'Block Breakdown Prev'!R235","v":{"v":0,"d":"0.00"}},{"$f":"+'Block Breakdown This'!S235+'Block Breakdown Prev'!S235","v":{"v":0,"d":"0.00"}},{"$f":"+'Block Breakdown This'!T235+'Block Breakdown Prev'!T235","v":{"v":0,"d":"0.00"}},{"$f":"+'Block Breakdown This'!U235+'Block Breakdown Prev'!U235","v":{"v":0,"d":"0.00"}},{"$f":"+'Block Breakdown This'!V235+'Block Breakdown Prev'!V235","v":{"v":0,"d":"0.00"}},{"$f":"+'Block Breakdown This'!W235+'Block Breakdown Prev'!W235","v":{"v":0,"d":"0.00"}},{"$f":"+'Block Breakdown This'!X235+'Block Breakdown Prev'!X235","v":{"v":0,"d":"0.00"}},{"$f":"+'Block Breakdown This'!Y235+'Block Breakdown Prev'!Y235","v":{"v":0,"d":"0.00"}},{"v":0,"d":"0.00"},{"$f":"G235*E235","v":0},{"$f":"H235*E235","v":0},{"$f":"I235*E235","v":0},{"$f":"J235*E235","v":0},{"$f":"K235*E235","v":0},{"$f":"L235*E235","v":0},0,{"$f":"N235*E235","v":0},{"$f":"O235*E235","v":0},{"$f":"P235*E235","v":0},{"$f":"Q235*E235","v":0},{"$f":"R235*E235","v":0},{"$f":"S235*E235","v":0},{"$f":"T235*E235","v":0},{"$f":"W235*E235","v":0},{"$f":"X235*E235","v":0},{"$f":"Y235*E235","v":0},0,{"$f":"+E235*Z235","v":{"v":0,"d":"0.00"}}]
[null,"       Install","each",1,{"v":1250,"d":"1,250.00"},{"v":1250,"d":"1,250.00"},{"$f":"+'Block Breakdown This'!G236+'Block Breakdown Prev'!G236","v":{"v":0,"d":"0.00"}},{"$f":"+'Block Breakdown This'!H236+'Block Breakdown Prev'!H236","v":{"v":0,"d":"0.00"}},{"$f":"+'Block Breakdown This'!I236+'Block Breakdown Prev'!I236","v":{"v":0,"d":"0.00"}},{"$f":"+'Block Breakdown This'!J236+'Block Breakdown Prev'!J236","v":{"v":0,"d":"0.00"}},{"$f":"+'Block Breakdown This'!K236+'Block Breakdown Prev'!K236","v":{"v":0,"d":"0.00"}},{"$f":"+'Block Breakdown This'!L236+'Block Breakdown Prev'!L236","v":{"v":0,"d":"0.00"}},{"$f":"+'Block Breakdown This'!M236+'Block Breakdown Prev'!M236","v":{"v":0,"d":"0.00"}},{"$f":"+'Block Breakdown This'!N236+'Block Breakdown Prev'!N236","v":{"v":0,"d":"0.00"}},{"$f":"+'Block Breakdown This'!O236+'Block Breakdown Prev'!O236","v":{"v":0,"d":"0.00"}},{"$f":"+'Block Breakdown This'!P236+'Block Breakdown Prev'!P236","v":{"v":0,"d":"0.00"}},{"$f":"+'Block Breakdown This'!Q236+'Block Breakdown Prev'!Q236","v":{"v":0,"d":"0.00"}},{"$f":"+'Block Breakdown This'!R236+'Block Breakdown Prev'!R236","v":{"v":0,"d":"0.00"}},{"$f":"+'Block Breakdown This'!S236+'Block Breakdown Prev'!S236","v":{"v":0,"d":"0.00"}},{"$f":"+'Block Breakdown This'!T236+'Block Breakdown Prev'!T236","v":{"v":0,"d":"0.00"}},{"$f":"+'Block Breakdown This'!U236+'Block Breakdown Prev'!U236","v":{"v":0,"d":"0.00"}},{"$f":"+'Block Breakdown This'!V236+'Block Breakdown Prev'!V236","v":{"v":0,"d":"0.00"}},{"$f":"+'Block Breakdown This'!W236+'Block Breakdown Prev'!W236","v":{"v":0,"d":"0.00"}},{"$f":"+'Block Breakdown This'!X236+'Block Breakdown Prev'!X236","v":{"v":0,"d":"0.00"}},{"$f":"+'Block Breakdown This'!Y236+'Block Breakdown Prev'!Y236","v":{"v":0,"d":"0.00"}},{"v":0,"d":"0.00"},{"$f":"G236*E236","v":0},{"$f":"H236*E236","v":0},{"$f":"I236*E236","v":0},{"$f":"J236*E236","v":0},{"$f":"K236*E236","v":0},{"$f":"L236*E236","v":0},0,{"$f":"N236*E236","v":0},{"$f":"O236*E236","v":0},{"$f":"P236*E236","v":0},{"$f":"Q236*E236","v":0},{"$f":"R236*E236","v":0},{"$f":"S236*E236","v":0},{"$f":"T236*E236","v":0},{"$f":"W236*E236","v":0},{"$f":"X236*E236","v":0},{"$f":"Y236*E236","v":0},0,{"$f":"+E236*Z236","v":{"v":0,"d":"0.00"}}]
[{"$nulls":32},0,{"$nulls":11}," "]
[2.34,"Gynaecology Ward",{"$nulls":30},0,{"$nulls":11}," "]
[null,"       Supply","each",1,{"v":23629.95,"d":"23,629.95"},{"v":23629.95,"d":"23,629.95"},{"$f":"+'Block Breakdown This'!G239+'Block Breakdown Prev'!G239","v":{"v":0,"d":"0.00"}},{"$f":"+'Block Breakdown This'!H239+'Block Breakdown Prev'!H239","v":{"v":0,"d":"0.00"}},{"$f":"+'Block Breakdown This'!I239+'Block Breakdown Prev'!I239","v":{"v":0,"d":"0.00"}},{"$f":"+'Block Breakdown This'!J239+'Block Breakdown Prev'!J239","v":{"v":0,"d":"0.00"}},{"$f":"+'Block Breakdown This'!K239+'Block Breakdown Prev'!K239","v":{"v":0,"d":"0.00"}},{"$f":"+'Block Breakdown This'!L239+'Block Breakdown Prev'!L239","v":{"v":0,"d":"0.00"}},{"$f":"+'Block Breakdown This'!M239+'Block Breakdown Prev'!M239","v":{"v":0,"d":"0.00"}},{"$f":"+'Block Breakdown This'!N239+'Block Breakdown Prev'!N239","v":{"v":0,"d":"0.00"}},{"$f":"+'Block Breakdown This'!O239+'Block Breakdown Prev'!O239","v":{"v":0,"d":"0.00"}},{"$f":"+'Block Breakdown This'!P239+'Block Breakdown Prev'!P239","v":{"v":1,"d":"1.00"}},{"$f":"+'Block Breakdown This'!Q239+'Block Breakdown Prev'!Q239","v":{"v":0,"d":"0.00"}},{"$f":"+'Block Breakdown This'!R239+'Block Breakdown Prev'!R239","v":{"v":0,"d":"0.00"}},{"$f":"+'Block Breakdown This'!S239+'Block Breakdown Prev'!S239","v":{"v":0,"d":"0.00"}},{"$f":"+'Block Breakdown This'!T239+'Block Breakdown Prev'!T239","v":{"v":0,"d":"0.00"}},{"$f":"+'Block Breakdown This'!U239+'Block Breakdown Prev'!U239","v":{"v":0,"d":"0.00"}},{"$f":"+'Block Breakdown This'!V239+'Block Breakdown Prev'!V239","v":{"v":0,"d":"0.00"}},{"$f":"+'Block Breakdown This'!W239+'Block Breakdown Prev'!W239","v":{"v":0,"d":"0.00"}},{"$f":"+'Block Breakdown This'!X239+'Block Breakdown Prev'!X239","v":{"v":0,"d":"0.00"}},{"$f":"+'Block Breakdown This'!Y239+'Block Breakdown Prev'!Y239","v":{"v":0,"d":"0.00"}},{"v":1,"d":"1.00"},{"$f":"G239*E239","v":0},{"$f":"H239*E239","v":0},{"$f":"I239*E239","v":0},{"$f":"J239*E239","v":0},{"$f":"K239*E239","v":0},{"$f":"L239*E239","v":0},0,{"$f":"N239*E239","v":0},{"$f":"O239*E239","v":0},{"$f":"P239*E239","v":{"v":23629.95,"d":"23,630"}},{"$f":"Q239*E239","v":0},{"$f":"R239*E239","v":0},{"$f":"S239*E239","v":0},{"$f":"T239*E239","v":0},{"$f":"W239*E239","v":0},{"$f":"X239*E239","v":0},{"$f":"Y239*E239","v":0},{"v":23629.95,"d":"23,630"},{"$f":"+E239*Z239","v":{"v":23629.95,"d":"23,629.95"}}]
[null,"       Install","each",1,{"v":2363,"d":"2,363.00"},{"v":2363,"d":"2,363.00"},{"$f":"+'Block Breakdown This'!G240+'Block Breakdown Prev'!G240","v":{"v":0,"d":"0.00"}},{"$f":"+'Block Breakdown This'!H240+'Block Breakdown Prev'!H240","v":{"v":0,"d":"0.00"}},{"$f":"+'Block Breakdown This'!I240+'Block Breakdown Prev'!I240","v":{"v":0,"d":"0.00"}},{"$f":"+'Block Breakdown This'!J240+'Block Breakdown Prev'!J240","v":{"v":0,"d":"0.00"}},{"$f":"+'Block Breakdown This'!K240+'Block Breakdown Prev'!K240","v":{"v":0,"d":"0.00"}},{"$f":"+'Block Breakdown This'!L240+'Block Breakdown Prev'!L240","v":{"v":0,"d":"0.00"}},{"$f":"+'Block Breakdown This'!M240+'Block Breakdown Prev'!M240","v":{"v":0,"d":"0.00"}},{"$f":"+'Block Breakdown This'!N240+'Block Breakdown Prev'!N240","v":{"v":0,"d":"0.00"}},{"$f":"+'Block Breakdown This'!O240+'Block Breakdown Prev'!O240","v":{"v":0,"d":"0.00"}},{"$f":"+'Block Breakdown This'!P240+'Block Breakdown Prev'!P240","v":{"v":0,"d":"0.00"}},{"$f":"+'Block Breakdown This'!Q240+'Block Breakdown Prev'!Q240","v":{"v":0,"d":"0.00"}},{"$f":"+'Block Breakdown This'!R240+'Block Breakdown Prev'!R240","v":{"v":0,"d":"0.00"}},{"$f":"+'Block Breakdown This'!S240+'Block Breakdown Prev'!S240","v":{"v":0,"d":"0.00"}},{"$f":"+'Block Breakdown This'!T240+'Block Breakdown Prev'!T240","v":{"v":0,"d":"0.00"}},{"$f":"+'Block Breakdown This'!U240+'Block Breakdown Prev'!U240","v":{"v":0,"d":"0.00"}},{"$f":"+'Block Breakdown This'!V240+'Block Breakdown Prev'!V240","v":{"v":0,"d":"0.00"}},{"$f":"+'Block Breakdown This'!W240+'Block Breakdown Prev'!W240","v":{"v":0,"d":"0.00"}},{"$f":"+'Block Breakdown This'!X240+'Block Breakdown Prev'!X240","v":{"v":0,"d":"0.00"}},{"$f":"+'Block Breakdown This'!Y240+'Block Breakdown Prev'!Y240","v":{"v":1,"d":"1.00"}},{"v":1,"d":"1.00"},{"$f":"G240*E240","v":0},{"$f":"H240*E240","v":0},{"$f":"I240*E240","v":0},{"$f":"J240*E240","v":0},{"$f":"K240*E240","v":0},{"$f":"L240*E240","v":0},0,{"$f":"N240*E240","v":0},{"$f":"O240*E240","v":0},{"$f":"P240*E240","v":0},{"$f":"Q240*E240","v":0},{"$f":"R240*E240","v":0},{"$f":"S240*E240","v":0},{"$f":"T240*E240","v":0},{"$f":"W240*E240","v":0},{"$f":"X240*E240","v":0},{"$f":"Y240*E240","v":{"v":2363,"d":"2,363"}},{"v":2363,"d":"2,363"},{"$f":"+E240*Z240","v":{"v":2363,"d":"2,363.00"}}]
[{"$nulls":32},0,{"$nulls":11}," "]
[2.35,"Clinical Engineering",{"$nulls":30},0,{"$nulls":11}," "]
[null,"       Supply","each",1,{"v":15243.19,"d":"15,243.19"},{"v":15243.19,"d":"15,243.19"},{"$f":"+'Block Breakdown This'!G243+'Block Breakdown Prev'!G243","v":{"v":0,"d":"0.00"}},{"$f":"+'Block Breakdown This'!H243+'Block Breakdown Prev'!H243","v":{"v":0,"d":"0.00"}},{"$f":"+'Block Breakdown This'!I243+'Block Breakdown Prev'!I243","v":{"v":0,"d":"0.00"}},{"$f":"+'Block Breakdown This'!J243+'Block Breakdown Prev'!J243","v":{"v":0,"d":"0.00"}},{"$f":"+'Block Breakdown This'!K243+'Block Breakdown Prev'!K243","v":{"v":0,"d":"0.00"}},{"$f":"+'Block Breakdown This'!L243+'Block Breakdown Prev'!L243","v":{"v":0,"d":"0.00"}},{"$f":"+'Block Breakdown This'!M243+'Block Breakdown Prev'!M243","v":{"v":0,"d":"0.00"}},{"$f":"+'Block Breakdown This'!N243+'Block Breakdown Prev'!N243","v":{"v":0,"d":"0.00"}},{"$f":"+'Block Breakdown This'!O243+'Block Breakdown Prev'!O243","v":{"v":0,"d":"0.00"}},{"$f":"+'Block Breakdown This'!P243+'Block Breakdown Prev'!P243","v":{"v":0,"d":"0.00"}},{"$f":"+'Block Breakdown This'!Q243+'Block Breakdown Prev'!Q243","v":{"v":0,"d":"0.00"}},{"$f":"+'Block Breakdown This'!R243+'Block Breakdown Prev'!R243","v":{"v":0,"d":"0.00"}},{"$f":"+'Block Breakdown This'!S243+'Block Breakdown Prev'!S243","v":{"v":0,"d":"0.00"}},{"$f":"+'Block Breakdown This'!T243+'Block Breakdown Prev'!T243","v":{"v":0,"d":"0.00"}},{"$f":"+'Block Breakdown This'!U243+'Block Breakdown Prev'!U243","v":{"v":0,"d":"0.00"}},{"$f":"+'Block Breakdown This'!V243+'Block Breakdown Prev'!V243","v":{"v":0,"d":"0.00"}},{"$f":"+'Block Breakdown This'!W243+'Block Breakdown Prev'!W243","v":{"v":0,"d":"0.00"}},{"$f":"+'Block Breakdown This'!X243+'Block Breakdown Prev'!X243","v":{"v":0,"d":"0.00"}},{"$f":"+'Block Breakdown This'!Y243+'Block Breakdown Prev'!Y243","v":{"v":0,"d":"0.00"}},{"v":0,"d":"0.00"},{"$f":"G243*E243","v":0},{"$f":"H243*E243","v":0},{"$f":"I243*E243","v":0},{"$f":"J243*E243","v":0},{"$f":"K243*E243","v":0},{"$f":"L243*E243","v":0},{"$f":"+M243*E243","v":0},{"$f":"N243*E243","v":0},{"$f":"O243*E243","v":0},{"$f":"P243*E243","v":0},{"$f":"Q243*E243","v":0},{"$f":"R243*E243","v":0},{"$f":"S243*E243","v":0},{"$f":"T243*E243","v":0},{"$f":"W243*E243","v":0},{"$f":"X243*E243","v":0},{"$f":"Y243*E243","v":0},0,{"$f":"+E243*Z243","v":{"v":0,"d":"0.00"}}]
[null,"       Install","each",1,{"v":1525,"d":"1,525.00"},{"v":1525,"d":"1,525.00"},{"$f":"+'Block Breakdown This'!G244+'Block Breakdown Prev'!G244","v":{"v":0,"d":"0.00"}},{"$f":"+'Block Breakdown This'!H244+'Block Breakdown Prev'!H244","v":{"v":0,"d":"0.00"}},{"$f":"+'Block Breakdown This'!I244+'Block Breakdown Prev'!I244","v":{"v":0,"d":"0.00"}},{"$f":"+'Block Breakdown This'!J244+'Block Breakdown Prev'!J244","v":{"v":0,"d":"0.00"}},{"$f":"+'Block Breakdown This'!K244+'Block Breakdown Prev'!K244","v":{"v":0,"d":"0.00"}},{"$f":"+'Block Breakdown This'!L244+'Block Breakdown Prev'!L244","v":{"v":0,"d":"0.00"}},{"$f":"+'Block Breakdown This'!M244+'Block Breakdown Prev'!M244","v":{"v":0,"d":"0.00"}},{"$f":"+'Block Breakdown This'!N244+'Block Breakdown Prev'!N244","v":{"v":0,"d":"0.00"}},{"$f":"+'Block Breakdown This'!O244+'Block Breakdown Prev'!O244","v":{"v":0,"d":"0.00"}},{"$f":"+'Block Breakdown This'!P244+'Block Breakdown Prev'!P244","v":{"v":0,"d":"0.00"}},{"$f":"+'Block Breakdown This'!Q244+'Block Breakdown Prev'!Q244","v":{"v":0,"d":"0.00"}},{"$f":"+'Block Breakdown This'!R244+'Block Breakdown Prev'!R244","v":{"v":0,"d":"0.00"}},{"$f":"+'Block Breakdown This'!S244+'Block Breakdown Prev'!S244","v":{"v":0,"d":"0.00"}},{"$f":"+'Block Breakdown This'!T244+'Block Breakdown Prev'!T244","v":{"v":0,"d":"0.00"}},{"$f":"+'Block Breakdown This'!U244+'Block Breakdown Prev'!U244","v":{"v":0,"d":"0.00"}},{"$f":"+'Block Breakdown This'!V244+'Block Breakdown Prev'!V244","v":{"v":0,"d":"0.00"}},{"$f":"+'Block Breakdown This'!W244+'Block Breakdown Prev'!W244","v":{"v":0,"d":"0.00"}},{"$f":"+'Block Breakdown This'!X244+'Block Breakdown Prev'!X244","v":{"v":0,"d":"0.00"}},{"$f":"+'Block Breakdown This'!Y244+'Block Breakdown Prev'!Y244","v":{"v":0,"d":"0.00"}},{"v":0,"d":"0.00"},{"$f":"G244*E244","v":0},{"$f":"H244*E244","v":0},{"$f":"I244*E244","v":0},{"$f":"J244*E244","v":0},{"$f":"K244*E244","v":0},{"$f":"L244*E244","v":0},0,{"$f":"N244*E244","v":0},{"$f":"O244*E244","v":0},{"$f":"P244*E244","v":0},{"$f":"Q244*E244","v":0},{"$f":"R244*E244","v":0},{"$f":"S244*E244","v":0},{"$f":"T244*E244","v":0},{"$f":"W244*E244","v":0},{"$f":"X244*E244","v":0},{"$f":"Y244*E244","v":0},0,{"$f":"+E244*Z244","v":{"v":0,"d":"0.00"}}]
[{"$nulls":32},0,{"$nulls":11}," "]
[2.36,"Theatre Suite DB",{"$nulls":30},0,{"$nulls":11}," "]
[null,"       Supply","each",1,{"v":45134.9,"d":"45,134.90"},{"v":45134.9,"d":"45,134.90"},{"$f":"+'Block Breakdown This'!G247+'Block Breakdown Prev'!G247","v":{"v":0,"d":"0.00"}},{"$f":"+'Block Breakdown This'!H247+'Block Breakdown Prev'!H247","v":{"v":0,"d":"0.00"}},{"$f":"+'Block Breakdown This'!I247+'Block Breakdown Prev'!I247","v":{"v":0,"d":"0.00"}},{"$f":"+'Block Breakdown This'!J247+'Block Breakdown Prev'!J247","v":{"v":0,"d":"0.00"}},{"$f":"+'Block Breakdown This'!K247+'Block Breakdown Prev'!K247","v":{"v":0,"d":"0.00"}},{"$f":"+'Block Breakdown This'!L247+'Block Breakdown Prev'!L247","v":{"v":0,"d":"0.00"}},{"$f":"+'Block Breakdown This'!M247+'Block Breakdown Prev'!M247","v":{"v":0,"d":"0.00"}},{"$f":"+'Block Breakdown This'!N247+'Block Breakdown Prev'!N247","v":{"v":0,"d":"0.00"}},{"$f":"+'Block Breakdown This'!O247+'Block Breakdown Prev'!O247","v":{"v":0,"d":"0.00"}},{"$f":"+'Block Breakdown This'!P247+'Block Breakdown Prev'!P247","v":{"v":0,"d":"0.00"}},{"$f":"+'Block Breakdown This'!Q247+'Block Breakdown Prev'!Q247","v":{"v":0,"d":"0.00"}},{"$f":"+'Block Breakdown This'!R247+'Block Breakdown Prev'!R247","v":{"v":0,"d":"0.00"}},{"$f":"+'Block Breakdown This'!S247+'Block Breakdown Prev'!S247","v":{"v":0,"d":"0.00"}},{"$f":"+'Block Breakdown This'!T247+'Block Breakdown Prev'!T247","v":{"v":0,"d":"0.00"}},{"$f":"+'Block Breakdown This'!U247+'Block Breakdown Prev'!U247","v":{"v":0,"d":"0.00"}},{"$f":"+'Block Breakdown This'!V247+'Block Breakdown Prev'!V247","v":{"v":0,"d":"0.00"}},{"$f":"+'Block Breakdown This'!W247+'Block Breakdown Prev'!W247","v":{"v":0,"d":"0.00"}},{"$f":"+'Block Breakdown This'!X247+'Block Breakdown Prev'!X247","v":{"v":0,"d":"0.00"}},{"$f":"+'Block Breakdown This'!Y247+'Block Breakdown Prev'!Y247","v":{"v":0,"d":"0.00"}},{"v":0,"d":"0.00"},{"$f":"G247*E247","v":0},{"$f":"H247*E247","v":0},{"$f":"I247*E247","v":0},{"$f":"J247*E247","v":0},{"$f":"K247*E247","v":0},{"$f":"L247*E247","v":0},0,{"$f":"N247*E247","v":0},{"$f":"O247*E247","v":0},{"$f":"P247*E247","v":0},{"$f":"Q247*E247","v":0},{"$f":"R247*E247","v":0},{"$f":"S247*E247","v":0},{"$f":"T247*E247","v":0},{"$f":"W247*E247","v":0},{"$f":"X247*E247","v":0},{"$f":"Y247*E247","v":0},0,{"$f":"+E247*Z247","v":{"v":0,"d":"0.00"}}]
[null,"       Install","each",1,{"v":4514,"d":"4,514.00"},{"v":4514,"d":"4,514.00"},{"$f":"+'Block Breakdown This'!G248+'Block Breakdown Prev'!G248","v":{"v":0,"d":"0.00"}},{"$f":"+'Block Breakdown This'!H248+'Block Breakdown Prev'!H248","v":{"v":0,"d":"0.00"}},{"$f":"+'Block Breakdown This'!I248+'Block Breakdown Prev'!I248","v":{"v":0,"d":"0.00"}},{"$f":"+'Block Breakdown This'!J248+'Block Breakdown Prev'!J248","v":{"v":0,"d":"0.00"}},{"$f":"+'Block Breakdown This'!K248+'Block Breakdown Prev'!K248","v":{"v":0,"d":"0.00"}},{"$f":"+'Block Breakdown This'!L248+'Block Breakdown Prev'!L248","v":{"v":0,"d":"0.00"}},{"$f":"+'Block Breakdown This'!M248+'Block Breakdown Prev'!M248","v":{"v":0,"d":"0.00"}},{"$f":"+'Block Breakdown This'!N248+'Block Breakdown Prev'!N248","v":{"v":0,"d":"0.00"}},{"$f":"+'Block Breakdown This'!O248+'Block Breakdown Prev'!O248","v":{"v":0,"d":"0.00"}},{"$f":"+'Block Breakdown This'!P248+'Block Breakdown Prev'!P248","v":{"v":0,"d":"0.00"}},{"$f":"+'Block Breakdown This'!Q248+'Block Breakdown Prev'!Q248","v":{"v":0,"d":"0.00"}},{"$f":"+'Block Breakdown This'!R248+'Block Breakdown Prev'!R248","v":{"v":0,"d":"0.00"}},{"$f":"+'Block Breakdown This'!S248+'Block Breakdown Prev'!S248","v":{"v":0,"d":"0.00"}},{"$f":"+'Block Breakdown This'!T248+'Block Breakdown Prev'!T248","v":{"v":0,"d":"0.00"}},{"$f":"+'Block Breakdown This'!U248+'Block Breakdown Prev'!U248","v":{"v":0,"d":"0.00"}},{"$f":"+'Block Breakdown This'!V248+'Block Breakdown Prev'!V248","v":{"v":0,"d":"0.00"}},{"$f":"+'Block Breakdown This'!W248+'Block Breakdown Prev'!W248","v":{"v":0,"d":"0.00"}},{"$f":"+'Block Breakdown This'!X248+'Block Breakdown Prev'!X248","v":{"v":0,"d":"0.00"}},{"$f":"+'Block Breakdown This'!Y248+'Block Breakdown Prev'!Y248","v":{"v":0,"d":"0.00"}},{"v":0,"d":"0.00"},{"$f":"G248*E248","v":0},{"$f":"H248*E248","v":0},{"$f":"I248*E248","v":0},{"$f":"J248*E248","v":0},{"$f":"K248*E248","v":0},{"$f":"L248*E248","v":0},0,{"$f":"N248*E248","v":0},{"$f":"O248*E248","v":0},{"$f":"P248*E248","v":0},{"$f":"Q248*E248","v":0},{"$f":"R248*E248","v":0},{"$f":"S248*E248","v":0},{"$f":"T248*E248","v":0},{"$f":"W248*E248","v":0},{"$f":"X248*E248","v":0},{"$f":"Y248*E248","v":0},0,{"$f":"+E248*Z248","v":{"v":0,"d":"0.00"}}]
[{"$nulls":32},0,{"$nulls":11}," "]
[2.37,"EndoscopyAdministration/Bloodbank DB",{"$nulls":30},0,{"$nulls":11}," "]
[null,"       Supply","each",1,{"v":23559.03,"d":"23,559.03"},{"v":23559.03,"d":"23,559.03"},{"$f":"+'Block Breakdown This'!G251+'Block Breakdown Prev'!G251","v":{"v":0,"d":"0.00"}},{"$f":"+'Block Breakdown This'!H251+'Block Breakdown Prev'!H251","v":{"v":0,"d":"0.00"}},{"$f":"+'Block Breakdown This'!I251+'Block Breakdown Prev'!I251","v":{"v":0,"d":"0.00"}},{"$f":"+'Block Breakdown This'!J251+'Block Breakdown Prev'!J251","v":{"v":0,"d":"0.00"}},{"$f":"+'Block Breakdown This'!K251+'Block Breakdown Prev'!K251","v":{"v":0,"d":"0.00"}},{"$f":"+'Block Breakdown This'!L251+'Block Breakdown Prev'!L251","v":{"v":0,"d":"0.00"}},{"$f":"+'Block Breakdown This'!M251+'Block Breakdown Prev'!M251","v":{"v":0,"d":"0.00"}},{"$f":"+'Block Breakdown This'!N251+'Block Breakdown Prev'!N251","v":{"v":0,"d":"0.00"}},{"$f":"+'Block Breakdown This'!O251+'Block Breakdown Prev'!O251","v":{"v":0,"d":"0.00"}},{"$f":"+'Block Breakdown This'!P251+'Block Breakdown Prev'!P251","v":{"v":0,"d":"0.00"}},{"$f":"+'Block Breakdown This'!Q251+'Block Breakdown Prev'!Q251","v":{"v":0,"d":"0.00"}},{"$f":"+'Block Breakdown This'!R251+'Block Breakdown Prev'!R251","v":{"v":0,"d":"0.00"}},{"$f":"+'Block Breakdown This'!S251+'Block Breakdown Prev'!S251","v":{"v":0,"d":"0.00"}},{"$f":"+'Block Breakdown This'!T251+'Block Breakdown Prev'!T251","v":{"v":0,"d":"0.00"}},{"$f":"+'Block Breakdown This'!U251+'Block Breakdown Prev'!U251","v":{"v":0,"d":"0.00"}},{"$f":"+'Block Breakdown This'!V251+'Block Breakdown Prev'!V251","v":{"v":0,"d":"0.00"}},{"$f":"+'Block Breakdown This'!W251+'Block Breakdown Prev'!W251","v":{"v":0,"d":"0.00"}},{"$f":"+'Block Breakdown This'!X251+'Block Breakdown Prev'!X251","v":{"v":0,"d":"0.00"}},{"$f":"+'Block Breakdown This'!Y251+'Block Breakdown Prev'!Y251","v":{"v":1,"d":"1.00"}},{"v":1,"d":"1.00"},{"$f":"G251*E251","v":0},{"$f":"H251*E251","v":0},{"$f":"I251*E251","v":0},{"$f":"J251*E251","v":0},{"$f":"K251*E251","v":0},{"$f":"L251*E251","v":0},0,{"$f":"N251*E251","v":0},{"$f":"O251*E251","v":0},{"$f":"P251*E251","v":0},{"$f":"Q251*E251","v":0},{"$f":"R251*E251","v":0},{"$f":"S251*E251","v":0},{"$f":"T251*E251","v":0},{"$f":"W251*E251","v":0},{"$f":"X251*E251","v":0},{"$f":"Y251*E251","v":{"v":23559.03,"d":"23,559"}},{"v":23559.03,"d":"23,559"},{"$f":"+E251*Z251","v":{"v":23559.03,"d":"23,559.03"}}]
[null,"       Install","each",1,{"v":2356,"d":"2,356.00"},{"v":2356,"d":"2,356.00"},{"$f":"+'Block Breakdown This'!G252+'Block Breakdown Prev'!G252","v":{"v":0,"d":"0.00"}},{"$f":"+'Block Breakdown This'!H252+'Block Breakdown Prev'!H252","v":{"v":0,"d":"0.00"}},{"$f":"+'Block Breakdown This'!I252+'Block Breakdown Prev'!I252","v":{"v":0,"d":"0.00"}},{"$f":"+'Block Breakdown This'!J252+'Block Breakdown Prev'!J252","v":{"v":0,"d":"0.00"}},{"$f":"+'Block Breakdown This'!K252+'Block Breakdown Prev'!K252","v":{"v":0,"d":"0.00"}},{"$f":"+'Block Breakdown This'!L252+'Block Breakdown Prev'!L252","v":{"v":0,"d":"0.00"}},{"$f":"+'Block Breakdown This'!M252+'Block Breakdown Prev'!M252","v":{"v":0,"d":"0.00"}},{"$f":"+'Block Breakdown This'!N252+'Block Breakdown Prev'!N252","v":{"v":0,"d":"0.00"}},{"$f":"+'Block Breakdown This'!O252+'Block Breakdown Prev'!O252","v":{"v":0,"d":"0.00"}},{"$f":"+'Block Breakdown This'!P252+'Block Breakdown Prev'!P252","v":{"v":0,"d":"0.00"}},{"$f":"+'Block Breakdown This'!Q252+'Block Breakdown Prev'!Q252","v":{"v":0,"d":"0.00"}},{"$f":"+'Block Breakdown This'!R252+'Block Breakdown Prev'!R252","v":{"v":0,"d":"0.00"}},{"$f":"+'Block Breakdown This'!S252+'Block Breakdown Prev'!S252","v":{"v":0,"d":"0.00"}},{"$f":"+'Block Breakdown This'!T252+'Block Breakdown Prev'!T252","v":{"v":0,"d":"0.00"}},{"$f":"+'Block Breakdown This'!U252+'Block Breakdown Prev'!U252","v":{"v":0,"d":"0.00"}},{"$f":"+'Block Breakdown This'!V252+'Block Breakdown Prev'!V252","v":{"v":0,"d":"0.00"}},{"$f":"+'Block Breakdown This'!W252+'Block Breakdown Prev'!W252","v":{"v":0,"d":"0.00"}},{"$f":"+'Block Breakdown This'!X252+'Block Breakdown Prev'!X252","v":{"v":0,"d":"0.00"}},{"$f":"+'Block Breakdown This'!Y252+'Block Breakdown Prev'!Y252","v":{"v":1,"d":"1.00"}},{"v":1,"d":"1.00"},{"$f":"G252*E252","v":0},{"$f":"H252*E252","v":0},{"$f":"I252*E252","v":0},{"$f":"J252*E252","v":0},{"$f":"K252*E252","v":0},{"$f":"L252*E252","v":0},0,{"$f":"N252*E252","v":0},{"$f":"O252*E252","v":0},{"$f":"P252*E252","v":0},{"$f":"Q252*E252","v":0},{"$f":"R252*E252","v":0},{"$f":"S252*E252","v":0},{"$f":"T252*E252","v":0},{"$f":"W252*E252","v":0},{"$f":"X252*E252","v":0},{"$f":"Y252*E252","v":{"v":2356,"d":"2,356"}},{"v":2356,"d":"2,356"},{"$f":"+E252*Z252","v":{"v":2356,"d":"2,356.00"}}]
[{"$nulls":32},0,{"$nulls":11}," "]
[2.38,"Resource Centre",{"$nulls":30},0,{"$nulls":11}," "]
[null,"       Supply","each",1,{"v":22205.64,"d":"22,205.64"},{"v":22205.64,"d":"22,205.64"},{"$f":"+'Block Breakdown This'!G255+'Block Breakdown Prev'!G255","v":{"v":0,"d":"0.00"}},{"$f":"+'Block Breakdown This'!H255+'Block Breakdown Prev'!H255","v":{"v":0,"d":"0.00"}},{"$f":"+'Block Breakdown This'!I255+'Block Breakdown Prev'!I255","v":{"v":0,"d":"0.00"}},{"$f":"+'Block Breakdown This'!J255+'Block Breakdown Prev'!J255","v":{"v":0,"d":"0.00"}},{"$f":"+'Block Breakdown This'!K255+'Block Breakdown Prev'!K255","v":{"v":0,"d":"0.00"}},{"$f":"+'Block Breakdown This'!L255+'Block Breakdown Prev'!L255","v":{"v":0,"d":"0.00"}},{"$f":"+'Block Breakdown This'!M255+'Block Breakdown Prev'!M255","v":{"v":0,"d":"0.00"}},{"$f":"+'Block Breakdown This'!N255+'Block Breakdown Prev'!N255","v":{"v":0,"d":"0.00"}},{"$f":"+'Block Breakdown This'!O255+'Block Breakdown Prev'!O255","v":{"v":0,"d":"0.00"}},{"$f":"+'Block Breakdown This'!P255+'Block Breakdown Prev'!P255","v":{"v":0,"d":"0.00"}},{"$f":"+'Block Breakdown This'!Q255+'Block Breakdown Prev'!Q255","v":{"v":0,"d":"0.00"}},{"$f":"+'Block Breakdown This'!R255+'Block Breakdown Prev'!R255","v":{"v":0,"d":"0.00"}},{"$f":"+'Block Breakdown This'!S255+'Block Breakdown Prev'!S255","v":{"v":0,"d":"0.00"}},{"$f":"+'Block Breakdown This'!T255+'Block Breakdown Prev'!T255","v":{"v":0,"d":"0.00"}},{"$f":"+'Block Breakdown This'!U255+'Block Breakdown Prev'!U255","v":{"v":0,"d":"0.00"}},{"$f":"+'Block Breakdown This'!V255+'Block Breakdown Prev'!V255","v":{"v":0,"d":"0.00"}},{"$f":"+'Block Breakdown This'!W255+'Block Breakdown Prev'!W255","v":{"v":0,"d":"0.00"}},{"$f":"+'Block Breakdown This'!X255+'Block Breakdown Prev'!X255","v":{"v":0,"d":"0.00"}},{"$f":"+'Block Breakdown This'!Y255+'Block Breakdown Prev'!Y255","v":{"v":1,"d":"1.00"}},{"v":1,"d":"1.00"},{"$f":"G255*E255","v":0},{"$f":"H255*E255","v":0},{"$f":"I255*E255","v":0},{"$f":"J255*E255","v":0},{"$f":"K255*E255","v":0},{"$f":"L255*E255","v":0},0,{"$f":"N255*E255","v":0},{"$f":"O255*E255","v":0},{"$f":"P255*E255","v":0},{"$f":"Q255*E255","v":0},{"$f":"R255*E255","v":0},{"$f":"S255*E255","v":0},{"$f":"T255*E255","v":0},{"$f":"W255*E255","v":0},{"$f":"X255*E255","v":0},{"$f":"Y255*E255","v":{"v":22205.64,"d":"22,206"}},{"v":22205.64,"d":"22,206"},{"$f":"+E255*Z255","v":{"v":22205.64,"d":"22,205.64"}}]
[null,"       Install","each",1,{"v":2221,"d":"2,221.00"},{"v":2221,"d":"2,221.00"},{"$f":"+'Block Breakdown This'!G256+'Block Breakdown Prev'!G256","v":{"v":0,"d":"0.00"}},{"$f":"+'Block Breakdown This'!H256+'Block Breakdown Prev'!H256","v":{"v":0,"d":"0.00"}},{"$f":"+'Block Breakdown This'!I256+'Block Breakdown Prev'!I256","v":{"v":0,"d":"0.00"}},{"$f":"+'Block Breakdown This'!J256+'Block Breakdown Prev'!J256","v":{"v":0,"d":"0.00"}},{"$f":"+'Block Breakdown This'!K256+'Block Breakdown Prev'!K256","v":{"v":0,"d":"0.00"}},{"$f":"+'Block Breakdown This'!L256+'Block Breakdown Prev'!L256","v":{"v":0,"d":"0.00"}},{"$f":"+'Block Breakdown This'!M256+'Block Breakdown Prev'!M256","v":{"v":0,"d":"0.00"}},{"$f":"+'Block Breakdown This'!N256+'Block Breakdown Prev'!N256","v":{"v":0,"d":"0.00"}},{"$f":"+'Block Breakdown This'!O256+'Block Breakdown Prev'!O256","v":{"v":0,"d":"0.00"}},{"$f":"+'Block Breakdown This'!P256+'Block Breakdown Prev'!P256","v":{"v":0,"d":"0.00"}},{"$f":"+'Block Breakdown This'!Q256+'Block Breakdown Prev'!Q256","v":{"v":0,"d":"0.00"}},{"$f":"+'Block Breakdown This'!R256+'Block Breakdown Prev'!R256","v":{"v":0,"d":"0.00"}},{"$f":"+'Block Breakdown This'!S256+'Block Breakdown Prev'!S256","v":{"v":0,"d":"0.00"}},{"$f":"+'Block Breakdown This'!T256+'Block Breakdown Prev'!T256","v":{"v":0,"d":"0.00"}},{"$f":"+'Block Breakdown This'!U256+'Block Breakdown Prev'!U256","v":{"v":0,"d":"0.00"}},{"$f":"+'Block Breakdown This'!V256+'Block Breakdown Prev'!V256","v":{"v":0,"d":"0.00"}},{"$f":"+'Block Breakdown This'!W256+'Block Breakdown Prev'!W256","v":{"v":0,"d":"0.00"}},{"$f":"+'Block Breakdown This'!X256+'Block Breakdown Prev'!X256","v":{"v":0,"d":"0.00"}},{"$f":"+'Block Breakdown This'!Y256+'Block Breakdown Prev'!Y256","v":{"v":1,"d":"1.00"}},{"v":1,"d":"1.00"},{"$f":"G256*E256","v":0},{"$f":"H256*E256","v":0},{"$f":"I256*E256","v":0},{"$f":"J256*E256","v":0},{"$f":"K256*E256","v":0},{"$f":"L256*E256","v":0},0,{"$f":"N256*E256","v":0},{"$f":"O256*E256","v":0},{"$f":"P256*E256","v":0},{"$f":"Q256*E256","v":0},{"$f":"R256*E256","v":0},{"$f":"S256*E256","v":0},{"$f":"T256*E256","v":0},{"$f":"W256*E256","v":0},{"$f":"X256*E256","v":0},{"$f":"Y256*E256","v":{"v":2221,"d":"2,221"}},{"v":2221,"d":"2,221"},{"$f":"+E256*Z256","v":{"v":2221,"d":"2,221.00"}}]
[{"$nulls":32},0,{"$nulls":11}," "]
[2.39,"Security and IT DB",{"$nulls":30},0,{"$nulls":11}," "]
[null,"       Supply","each",1,{"v":20834.1,"d":"20,834.10"},{"v":20834.1,"d":"20,834.10"},{"$f":"+'Block Breakdown This'!G259+'Block Breakdown Prev'!G259","v":{"v":0,"d":"0.00"}},{"$f":"+'Block Breakdown This'!H259+'Block Breakdown Prev'!H259","v":{"v":0,"d":"0.00"}},{"$f":"+'Block Breakdown This'!I259+'Block Breakdown Prev'!I259","v":{"v":0,"d":"0.00"}},{"$f":"+'Block Breakdown This'!J259+'Block Breakdown Prev'!J259","v":{"v":0,"d":"0.00"}},{"$f":"+'Block Breakdown This'!K259+'Block Breakdown Prev'!K259","v":{"v":0,"d":"0.00"}},{"$f":"+'Block Breakdown This'!L259+'Block Breakdown Prev'!L259","v":{"v":0,"d":"0.00"}},{"$f":"+'Block Breakdown This'!M259+'Block Breakdown Prev'!M259","v":{"v":0,"d":"0.00"}},{"$f":"+'Block Breakdown This'!N259+'Block Breakdown Prev'!N259","v":{"v":0,"d":"0.00"}},{"$f":"+'Block Breakdown This'!O259+'Block Breakdown Prev'!O259","v":{"v":0,"d":"0.00"}},{"$f":"+'Block Breakdown This'!P259+'Block Breakdown Prev'!P259","v":{"v":0,"d":"0.00"}},{"$f":"+'Block Breakdown This'!Q259+'Block Breakdown Prev'!Q259","v":{"v":0,"d":"0.00"}},{"$f":"+'Block Breakdown This'!R259+'Block Breakdown Prev'!R259","v":{"v":0,"d":"0.00"}},{"$f":"+'Block Breakdown This'!S259+'Block Breakdown Prev'!S259","v":{"v":0,"d":"0.00"}},{"$f":"+'Block Breakdown This'!T259+'Block Breakdown Prev'!T259","v":{"v":0,"d":"0.00"}},{"$f":"+'Block Breakdown This'!U259+'Block Breakdown Prev'!U259","v":{"v":0,"d":"0.00"}},{"$f":"+'Block Breakdown This'!V259+'Block Breakdown Prev'!V259","v":{"v":0,"d":"0.00"}},{"$f":"+'Block Breakdown This'!W259+'Block Breakdown Prev'!W259","v":{"v":0,"d":"0.00"}},{"$f":"+'Block Breakdown This'!X259+'Block Breakdown Prev'!X259","v":{"v":0,"d":"0.00"}},{"$f":"+'Block Breakdown This'!Y259+'Block Breakdown Prev'!Y259","v":{"v":0,"d":"0.00"}},{"v":0,"d":"0.00"},{"$f":"G259*E259","v":0},{"$f":"H259*E259","v":0},{"$f":"I259*E259","v":0},{"$f":"J259*E259","v":0},{"$f":"K259*E259","v":0},{"$f":"L259*E259","v":0},0,{"$f":"N259*E259","v":0},{"$f":"O259*E259","v":0},{"$f":"P259*E259","v":0},{"$f":"Q259*E259","v":0},{"$f":"R259*E259","v":0},{"$f":"S259*E259","v":0},{"$f":"T259*E259","v":0},{"$f":"W259*E259","v":0},{"$f":"X259*E259","v":0},{"$f":"Y259*E259","v":0},0,{"$f":"+E259*Z259","v":{"v":0,"d":"0.00"}}]
[null,"       Install","each",1,{"v":2084,"d":"2,084.00"},{"v":2084,"d":"2,084.00"},{"$f":"+'Block Breakdown This'!G260+'Block Breakdown Prev'!G260","v":{"v":0,"d":"0.00"}},{"$f":"+'Block Breakdown This'!H260+'Block Breakdown Prev'!H260","v":{"v":0,"d":"0.00"}},{"$f":"+'Block Breakdown This'!I260+'Block Breakdown Prev'!I260","v":{"v":0,"d":"0.00"}},{"$f":"+'Block Breakdown This'!J260+'Block Breakdown Prev'!J260","v":{"v":0,"d":"0.00"}},{"$f":"+'Block Breakdown This'!K260+'Block Breakdown Prev'!K260","v":{"v":0,"d":"0.00"}},{"$f":"+'Block Breakdown This'!L260+'Block Breakdown Prev'!L260","v":{"v":0,"d":"0.00"}},{"$f":"+'Block Breakdown This'!M260+'Block Breakdown Prev'!M260","v":{"v":0,"d":"0.00"}},{"$f":"+'Block Breakdown This'!N260+'Block Breakdown Prev'!N260","v":{"v":0,"d":"0.00"}},{"$f":"+'Block Breakdown This'!O260+'Block Breakdown Prev'!O260","v":{"v":0,"d":"0.00"}},{"$f":"+'Block Breakdown This'!P260+'Block Breakdown Prev'!P260","v":{"v":0,"d":"0.00"}},{"$f":"+'Block Breakdown This'!Q260+'Block Breakdown Prev'!Q260","v":{"v":0,"d":"0.00"}},{"$f":"+'Block Breakdown This'!R260+'Block Breakdown Prev'!R260","v":{"v":0,"d":"0.00"}},{"$f":"+'Block Breakdown This'!S260+'Block Breakdown Prev'!S260","v":{"v":0,"d":"0.00"}},{"$f":"+'Block Breakdown This'!T260+'Block Breakdown Prev'!T260","v":{"v":0,"d":"0.00"}},{"$f":"+'Block Breakdown This'!U260+'Block Breakdown Prev'!U260","v":{"v":0,"d":"0.00"}},{"$f":"+'Block Breakdown This'!V260+'Block Breakdown Prev'!V260","v":{"v":0,"d":"0.00"}},{"$f":"+'Block Breakdown This'!W260+'Block Breakdown Prev'!W260","v":{"v":0,"d":"0.00"}},{"$f":"+'Block Breakdown This'!X260+'Block Breakdown Prev'!X260","v":{"v":0,"d":"0.00"}},{"$f":"+'Block Breakdown This'!Y260+'Block Breakdown Prev'!Y260","v":{"v":0,"d":"0.00"}},{"v":0,"d":"0.00"},{"$f":"G260*E260","v":0},{"$f":"H260*E260","v":0},{"$f":"I260*E260","v":0},{"$f":"J260*E260","v":0},{"$f":"K260*E260","v":0},{"$f":"L260*E260","v":0},0,{"$f":"N260*E260","v":0},{"$f":"O260*E260","v":0},{"$f":"P260*E260","v":0},{"$f":"Q260*E260","v":0},{"$f":"R260*E260","v":0},{"$f":"S260*E260","v":0},{"$f":"T260*E260","v":0},{"$f":"W260*E260","v":0},{"$f":"X260*E260","v":0},{"$f":"Y260*E260","v":0},0,{"$f":"+E260*Z260","v":{"v":0,"d":"0.00"}}]
[{"$nulls":44}," "]
[{"$nulls":4},"."]
[null,"Amount Carried Forward",{"$nulls":3},{"$f":"SUM(F208:F262)","v":{"v":1378542.9999999998,"d":"1,378,543.00"}},{"$nulls":38},{"$f":"SUM(AS208:AS262)","v":{"v":927541.1400000001,"d":"927,541.14"}}]
[]
["MAIN HOSPITAL ELECTRICAL INSTALLATION"]
["CECILIA MAKIWANE HOSPITAL : PHASE 4C"]
[]
["BILL NO. 2 : DISTRIBUTION BOARDS"]
["ITEM","DESCRIPTION","UNIT","QTY","RATE","TENDER AMOUNT","A-LV05","B-LV04","D-LV03","E1-LV03","E2","F1","F2","G1","G2","H1","H2","J1","J2","J3","Substation","G/House","K","N","Other","Total Qty","A","B","D","E1","E2","F1","F2","G1","G2","H1","H2","J1","J2","J3","K","N","Other","Total Amount","Total Claimed"]
[null,"AMOUNT CARRIED FORWARD FROM PREVIOUS BILL",{"$nulls":3},{"$f":"F263","v":{"v":1378542.9999999998,"d":"1,378,543.00"}},{"$nulls":38},{"$f":"AS263","v":{"v":927541.1400000001,"d":"927,541.14"}}]
[]
[]
[{"v":2.4,"d":"2.40"},"Main Dist Board 4 ICU / Highcare"]
[null,"       Supply","each",1,{"v":86742.68,"d":"86,742.68"},{"$f":"$D274*E274","v":{"v":86742.68,"d":"86,742.68"}},{"$f":"+'Block Breakdown This'!G$274+'Block Breakdown Prev'!G$274","v":{"v":0,"d":"0.00"}},{"$f":"+'Block Breakdown This'!H274+'Block Breakdown Prev'!H274","v":{"v":0,"d":"0.00"}},{"$f":"+'Block Breakdown This'!I274+'Block Breakdown Prev'!I274","v":{"v":0,"d":"0.00"}},{"$f":"+'Block Breakdown This'!J274+'Block Breakdown Prev'!J274","v":{"v":0,"d":"0.00"}},{"$f":"+'Block Breakdown This'!K274+'Block Breakdown Prev'!K274","v":{"v":0,"d":"0.00"}},{"$f":"+'Block Breakdown This'!L274+'Block Breakdown Prev'!L274","v":{"v":0,"d":"0.00"}},{"$f":"+'Block Breakdown This'!M274+'Block Breakdown Prev'!M274","v":{"v":0,"d":"0.00"}},{"$f":"+'Block Breakdown This'!N274+'Block Breakdown Prev'!N274","v":{"v":0,"d":"0.00"}},{"$f":"+'Block Breakdown This'!O274+'Block Breakdown Prev'!O274","v":{"v":0,"d":"0.00"}},{"$f":"+'Block Breakdown This'!P274+'Block Breakdown Prev'!P274","v":{"v":0,"d":"0.00"}},{"$f":"+'Block Breakdown This'!Q274+'Block Breakdown Prev'!Q274","v":{"v":0,"d":"0.00"}},{"$f":"+'Block Breakdown This'!R274+'Block Breakdown Prev'!R274","v":{"v":0,"d":"0.00"}},{"$f":"+'Block Breakdown This'!S274+'Block Breakdown Prev'!S274","v":{"v":0,"d":"0.00"}},{"$f":"+'Block Breakdown This'!T274+'Block Breakdown Prev'!T274","v":{"v":0,"d":"0.00"}},{"$f":"+'Block Breakdown This'!U274+'Block Breakdown Prev'!U274","v":{"v":0,"d":"0.00"}},{"$f":"+'Block Breakdown This'!V274+'Block Breakdown Prev'!V274","v":{"v":0,"d":"0.00"}},{"$f":"+'Block Breakdown This'!W274+'Block Breakdown Prev'!W274","v":{"v":0,"d":"0.00"}},{"$f":"+'Block Breakdown This'!X274+'Block Breakdown Prev'!X274","v":{"v":0,"d":"0.00"}},{"$f":"+'Block Breakdown This'!Y274+'Block Breakdown Prev'!Y274","v":{"v":0,"d":"0.00"}},{"$f":"SUM(G274:Y274)","v":{"v":0,"d":"0.00"}},{"$f":"G274*E274","v":0},{"$f":"H274*E274","v":0},{"$f":"I274*E274","v":0},{"$f":"J274*E274","v":0},{"$f":"K274*E274","v":0},{"$f":"L274*E274","v":0},{"$f":"+M274*E274","v":0},{"$f":"N274*E274","v":0},{"$f":"O274*E274","v":0},{"$f":"P274*E274","v":0},{"$f":"Q274*E274","v":0},{"$f":"R274*E274","v":0},{"$f":"S274*E274","v":0},{"$f":"T274*E274","v":0},{"$f":"W274*E274","v":0},{"$f":"X274*E274","v":0},{"$f":"Y274*E274","v":0},{"$f":"SUM(AA274:AQ274)","v":0},{"$f":"+E274*Z274","v":{"v":0,"d":"0.00"}}]
[null,"       Install","each",1,{"v":4338,"d":"4,338.00"},{"v":4338,"d":"4,338.00"},{"$f":"+'Block Breakdown This'!G275+'Block Breakdown Prev'!G275","v":{"v":0,"d":"0.00"}},{"$f":"+'Block Breakdown This'!H275+'Block Breakdown Prev'!H275","v":{"v":0,"d":"0.00"}},{"$f":"+'Block Breakdown This'!I275+'Block Breakdown Prev'!I275","v":{"v":0,"d":"0.00"}},{"$f":"+'Block Breakdown This'!J275+'Block Breakdown Prev'!J275","v":{"v":0,"d":"0.00"}},{"$f":"+'Block Breakdown This'!K275+'Block Breakdown Prev'!K275","v":{"v":0,"d":"0.00"}},{"$f":"+'Block Breakdown This'!L275+'Block Breakdown Prev'!L275","v":{"v":1,"d":"1.00"}},{"$f":"+'Block Breakdown This'!M275+'Block Breakdown Prev'!M275","v":{"v":0,"d":"0.00"}},{"$f":"+'Block Breakdown This'!N275+'Block Breakdown Prev'!N275","v":{"v":0,"d":"0.00"}},{"$f":"+'Block Breakdown This'!O275+'Block Breakdown Prev'!O275","v":{"v":0,"d":"0.00"}},{"$f":"+'Block Breakdown This'!P275+'Block Breakdown Prev'!P275","v":{"v":0,"d":"0.00"}},{"$f":"+'Block Breakdown This'!Q275+'Block Breakdown Prev'!Q275","v":{"v":0,"d":"0.00"}},{"$f":"+'Block Breakdown This'!R275+'Block Breakdown Prev'!R275","v":{"v":0,"d":"0.00"}},{"$f":"+'Block Breakdown This'!S275+'Block Breakdown Prev'!S275","v":{"v":0,"d":"0.00"}},{"$f":"+'Block Breakdown This'!T275+'Block Breakdown Prev'!T275","v":{"v":0,"d":"0.00"}},{"$f":"+'Block Breakdown This'!U275+'Block Breakdown Prev'!U275","v":{"v":0,"d":"0.00"}},{"$f":"+'Block Breakdown This'!V275+'Block Breakdown Prev'!V275","v":{"v":0,"d":"0.00"}},{"$f":"+'Block Breakdown This'!W275+'Block Breakdown Prev'!W275","v":{"v":0,"d":"0.00"}},{"$f":"+'Block Breakdown This'!X275+'Block Breakdown Prev'!X275","v":{"v":0,"d":"0.00"}},{"$f":"+'Block Breakdown This'!Y275+'Block Breakdown Prev'!Y275","v":{"v":0,"d":"0.00"}},{"$f":"SUM(G275:Y275)","v":{"v":1,"d":"1.00"}},{"$f":"G275*E275","v":0},{"$f":"H275*E275","v":0},{"$f":"I275*E275","v":0},{"$f":"J275*E275","v":0},{"$f":"K275*E275","v":0},{"$f":"L275*E275","v":{"v":4338,"d":"4,338"}},0,{"$f":"N275*E275","v":0},{"$f":"O275*E275","v":0},{"$f":"P275*E275","v":0},{"$f":"Q275*E275","v":0},{"$f":"R275*E275","v":0},{"$f":"S275*E275","v":0},{"$f":"T275*E275","v":0},{"$f":"W275*E275","v":0},{"$f":"X275*E275","v":0},{"$f":"Y275*E275","v":0},{"$f":"SUM(AA275:AQ275)","v":{"v":4338,"d":"4,338"}},{"$f":"+E275*Z275","v":{"v":4338,"d":"4,338.00"}}]
[{"$nulls":32},0]
[2.41,"Renal Ward",{"$nulls":30},0]
[null,"       Supply","each",1,{"v":20747.6,"d":"20,747.60"},{"v":20747.6,"d":"20,747.60"},{"$f":"+'Block Breakdown This'!G278+'Block Breakdown Prev'!G278","v":{"v":0,"d":"0.00"}},{"$f":"+'Block Breakdown This'!H278+'Block Breakdown Prev'!H278","v":{"v":0,"d":"0.00"}},{"$f":"+'Block Breakdown This'!I278+'Block Breakdown Prev'!I278","v":{"v":0,"d":"0.00"}},{"$f":"+'Block Breakdown This'!J278+'Block Breakdown Prev'!J278","v":{"v":0,"d":"0.00"}},{"$f":"+'Block Breakdown This'!K278+'Block Breakdown Prev'!K278","v":{"v":0,"d":"0.00"}},{"$f":"+'Block Breakdown This'!L278+'Block Breakdown Prev'!L278","v":{"v":0,"d":"0.00"}},{"$f":"+'Block Breakdown This'!M278+'Block Breakdown Prev'!M278","v":{"v":0,"d":"0.00"}},{"$f":"+'Block Breakdown This'!N278+'Block Breakdown Prev'!N278","v":{"v":0,"d":"0.00"}},{"$f":"+'Block Breakdown This'!O278+'Block Breakdown Prev'!O278","v":{"v":0,"d":"0.00"}},{"$f":"+'Block Breakdown This'!P278+'Block Breakdown Prev'!P278","v":{"v":0,"d":"0.00"}},{"$f":"+'Block Breakdown This'!Q278+'Block Breakdown Prev'!Q278","v":{"v":0,"d":"0.00"}},{"$f":"+'Block Breakdown This'!R278+'Block Breakdown Prev'!R278","v":{"v":0,"d":"0.00"}},{"$f":"+'Block Breakdown This'!S278+'Block Breakdown Prev'!S278","v":{"v":0,"d":"0.00"}},{"$f":"+'Block Breakdown This'!T278+'Block Breakdown Prev'!T278","v":{"v":0,"d":"0.00"}},{"$f":"+'Block Breakdown This'!U278+'Block Breakdown Prev'!U278","v":{"v":0,"d":"0.00"}},{"$f":"+'Block Breakdown This'!V278+'Block Breakdown Prev'!V278","v":{"v":0,"d":"0.00"}},{"$f":"+'Block Breakdown This'!W278+'Block Breakdown Prev'!W278","v":{"v":0,"d":"0.00"}},{"$f":"+'Block Breakdown This'!X278+'Block Breakdown Prev'!X278","v":{"v":0,"d":"0.00"}},{"$f":"+'Block Breakdown This'!Y278+'Block Breakdown Prev'!Y278","v":{"v":0,"d":"0.00"}},{"v":0,"d":"0.00"},{"$f":"G278*E278","v":0},{"$f":"H278*E278","v":0},{"$f":"I278*E278","v":0},{"$f":"J278*E278","v":0},{"$f":"K278*E278","v":0},{"$f":"L278*E278","v":0},0,{"$f":"N278*E278","v":0},{"$f":"O278*E278","v":0},{"$f":"P278*E278","v":0},{"$f":"Q278*E278","v":0},{"$f":"R278*E278","v":0},{"$f":"S278*E278","v":0},{"$f":"T278*E278","v":0},{"$f":"W278*E278","v":0},{"$f":"X278*E278","v":0},{"$f":"Y278*E278","v":0},0,{"$f":"+E278*Z278","v":{"v":0,"d":"0.00"}}]
[null,"       Install","each",1,{"v":2075,"d":"2,075.00"},{"v":2075,"d":"2,075.00"},{"$f":"+'Block Breakdown This'!G279+'Block Breakdown Prev'!G279","v":{"v":0,"d":"0.00"}},{"$f":"+'Block Breakdown This'!H279+'Block Breakdown Prev'!H279","v":{"v":0,"d":"0.00"}},{"$f":"+'Block Breakdown This'!I279+'Block Breakdown Prev'!I279","v":{"v":0,"d":"0.00"}},{"$f":"+'Block Breakdown This'!J279+'Block Breakdown Prev'!J279","v":{"v":0,"d":"0.00"}},{"$f":"+'Block Breakdown This'!K279+'Block Breakdown Prev'!K279","v":{"v":0,"d":"0.00"}},{"$f":"+'Block Breakdown This'!L279+'Block Breakdown Prev'!L279","v":{"v":0,"d":"0.00"}},{"$f":"+'Block Breakdown This'!M279+'Block Breakdown Prev'!M279","v":{"v":0,"d":"0.00"}},{"$f":"+'Block Breakdown This'!N279+'Block Breakdown Prev'!N279","v":{"v":0,"d":"0.00"}},{"$f":"+'Block Breakdown This'!O279+'Block Breakdown Prev'!O279","v":{"v":0,"d":"0.00"}},{"$f":"+'Block Breakdown This'!P279+'Block Breakdown Prev'!P279","v":{"v":0,"d":"0.00"}},{"$f":"+'Block Breakdown This'!Q279+'Block Breakdown Prev'!Q279","v":{"v":0,"d":"0.00"}},{"$f":"+'Block Breakdown This'!R279+'Block Breakdown Prev'!R279","v":{"v":0,"d":"0.00"}},{"$f":"+'Block Breakdown This'!S279+'Block Breakdown Prev'!S279","v":{"v":0,"d":"0.00"}},{"$f":"+'Block Breakdown This'!T279+'Block Breakdown Prev'!T279","v":{"v":0,"d":"0.00"}},{"$f":"+'Block Breakdown This'!U279+'Block Breakdown Prev'!U279","v":{"v":0,"d":"0.00"}},{"$f":"+'Block Breakdown This'!V279+'Block Breakdown Prev'!V279","v":{"v":0,"d":"0.00"}},{"$f":"+'Block Breakdown This'!W279+'Block Breakdown Prev'!W279","v":{"v":0,"d":"0.00"}},{"$f":"+'Block Breakdown This'!X279+'Block Breakdown Prev'!X279","v":{"v":0,"d":"0.00"}},{"$f":"+'Block Breakdown This'!Y279+'Block Breakdown Prev'!Y279","v":{"v":0,"d":"0.00"}},{"v":0,"d":"0.00"},{"$f":"G279*E279","v":0},{"$f":"H279*E279","v":0},{"$f":"I279*E279","v":0},{"$f":"J279*E279","v":0},{"$f":"K279*E279","v":0},{"$f":"L279*E279","v":0},0,{"$f":"N279*E279","v":0},{"$f":"O279*E279","v":0},{"$f":"P279*E279","v":0},{"$f":"Q279*E279","v":0},{"$f":"R279*E279","v":0},{"$f":"S279*E279","v":0},{"$f":"T279*E279","v":0},{"$f":"W279*E279","v":0},{"$f":"X279*E279","v":0},{"$f":"Y279*E279","v":0},0,{"$f":"+E279*Z279","v":{"v":0,"d":"0.00"}}]
[{"$nulls":32},0]
[2.42,"Senior Management SDB",{"$nulls":30},0]
[null,"       Supply","each",1,{"v":15164.31,"d":"15,164.31"},{"v":15164.31,"d":"15,164.31"},{"$f":"+'Block Breakdown This'!G282+'Block Breakdown Prev'!G282","v":{"v":0,"d":"0.00"}},{"$f":"+'Block Breakdown This'!H282+'Block Breakdown Prev'!H282","v":{"v":0,"d":"0.00"}},{"$f":"+'Block Breakdown This'!I282+'Block Breakdown Prev'!I282","v":{"v":0,"d":"0.00"}},{"$f":"+'Block Breakdown This'!J282+'Block Breakdown Prev'!J282","v":{"v":0,"d":"0.00"}},{"$f":"+'Block Breakdown This'!K282+'Block Breakdown Prev'!K282","v":{"v":0,"d":"0.00"}},{"$f":"+'Block Breakdown This'!L282+'Block Breakdown Prev'!L282","v":{"v":0,"d":"0.00"}},{"$f":"+'Block Breakdown This'!M282+'Block Breakdown Prev'!M282","v":{"v":0,"d":"0.00"}},{"$f":"+'Block Breakdown This'!N282+'Block Breakdown Prev'!N282","v":{"v":0,"d":"0.00"}},{"$f":"+'Block Breakdown This'!O282+'Block Breakdown Prev'!O282","v":{"v":0,"d":"0.00"}},{"$f":"+'Block Breakdown This'!P282+'Block Breakdown Prev'!P282","v":{"v":0,"d":"0.00"}},{"$f":"+'Block Breakdown This'!Q282+'Block Breakdown Prev'!Q282","v":{"v":0,"d":"0.00"}},{"$f":"+'Block Breakdown This'!R282+'Block Breakdown Prev'!R282","v":{"v":0,"d":"0.00"}},{"$f":"+'Block Breakdown This'!S282+'Block Breakdown Prev'!S282","v":{"v":0,"d":"0.00"}},{"$f":"+'Block Breakdown This'!T282+'Block Breakdown Prev'!T282","v":{"v":0,"d":"0.00"}},{"$f":"+'Block Breakdown This'!U282+'Block Breakdown Prev'!U282","v":{"v":0,"d":"0.00"}},{"$f":"+'Block Breakdown This'!V282+'Block Breakdown Prev'!V282","v":{"v":0,"d":"0.00"}},{"$f":"+'Block Breakdown This'!W282+'Block Breakdown Prev'!W282","v":{"v":0,"d":"0.00"}},{"$f":"+'Block Breakdown This'!X282+'Block Breakdown Prev'!X282","v":{"v":0,"d":"0.00"}},{"$f":"+'Block Breakdown This'!Y282+'Block Breakdown Prev'!Y282","v":{"v":0,"d":"0.00"}},{"v":0,"d":"0.00"},{"$f":"G282*E282","v":0},{"$f":"H282*E282","v":0},{"$f":"I282*E282","v":0},{"$f":"J282*E282","v":0},{"$f":"K282*E282","v":0},{"$f":"L282*E282","v":0},0,{"$f":"N282*E282","v":0},{"$f":"O282*E282","v":0},{"$f":"P282*E282","v":0},{"$f":"Q282*E282","v":0},{"$f":"R282*E282","v":0},{"$f":"S282*E282","v":0},{"$f":"T282*E282","v":0},{"$f":"W282*E282","v":0},{"$f":"X282*E282","v":0},{"$f":"Y282*E282","v":0},0,{"$f":"+E282*Z282","v":{"v":0,"d":"0.00"}}]
[null,"       Install","each",1,{"v":1517,"d":"1,517.00"},{"v":1517,"d":"1,517.00"},{"$f":"+'Block Breakdown This'!G283+'Block Breakdown Prev'!G283","v":{"v":0,"d":"0.00"}},{"$f":"+'Block Breakdown This'!H283+'Block Breakdown Prev'!H283","v":{"v":0,"d":"0.00"}},{"$f":"+'Block Breakdown This'!I283+'Block Breakdown Prev'!I283","v":{"v":0,"d":"0.00"}},{"$f":"+'Block Breakdown This'!J283+'Block Breakdown Prev'!J283","v":{"v":0,"d":"0.00"}},{"$f":"+'Block Breakdown This'!K283+'Block Breakdown Prev'!K283","v":{"v":0,"d":"0.00"}},{"$f":"+'Block Breakdown This'!L283+'Block Breakdown Prev'!L283","v":{"v":0,"d":"0.00"}},{"$f":"+'Block Breakdown This'!M283+'Block Breakdown Prev'!M283","v":{"v":0,"d":"0.00"}},{"$f":"+'Block Breakdown This'!N283+'Block Breakdown Prev'!N283","v":{"v":0,"d":"0.00"}},{"$f":"+'Block Breakdown This'!O283+'Block Breakdown Prev'!O283","v":{"v":0,"d":"0.00"}},{"$f":"+'Block Breakdown This'!P283+'Block Breakdown Prev'!P283","v":{"v":0,"d":"0.00"}},{"$f":"+'Block Breakdown This'!Q283+'Block Breakdown Prev'!Q283","v":{"v":0,"d":"0.00"}},{"$f":"+'Block Breakdown This'!R283+'Block Breakdown Prev'!R283","v":{"v":0,"d":"0.00"}},{"$f":"+'Block Breakdown This'!S283+'Block Breakdown Prev'!S283","v":{"v":0,"d":"0.00"}},{"$f":"+'Block Breakdown This'!T283+'Block Breakdown Prev'!T283","v":{"v":0,"d":"0.00"}},{"$f":"+'Block Breakdown This'!U283+'Block Breakdown Prev'!U283","v":{"v":0,"d":"0.00"}},{"$f":"+'Block Breakdown This'!V283+'Block Breakdown Prev'!V283","v":{"v":0,"d":"0.00"}},{"$f":"+'Block Breakdown This'!W283+'Block Breakdown Prev'!W283","v":{"v":0,"d":"0.00"}},{"$f":"+'Block Breakdown This'!X283+'Block Breakdown Prev'!X283","v":{"v":0,"d":"0.00"}},{"$f":"+'Block Breakdown This'!Y283+'Block Breakdown Prev'!Y283","v":{"v":0,"d":"0.00"}},{"v":0,"d":"0.00"},{"$f":"G283*E283","v":0},{"$f":"H283*E283","v":0},{"$f":"I283*E283","v":0},{"$f":"J283*E283","v":0},{"$f":"K283*E283","v":0},{"$f":"L283*E283","v":0},0,{"$f":"N283*E283","v":0},{"$f":"O283*E283","v":0},{"$f":"P283*E283","v":0},{"$f":"Q283*E283","v":0},{"$f":"R283*E283","v":0},{"$f":"S283*E283","v":0},{"$f":"T283*E283","v":0},{"$f":"W283*E283","v":0},{"$f":"X283*E283","v":0},{"$f":"Y283*E283","v":0},0,{"$f":"+E283*Z283","v":{"v":0,"d":"0.00"}}]
[{"$nulls":32},0]
[2.43,"Financial Resources SDB",{"$nulls":30},0]
[null,"       Supply","each",1,{"v":23023.26,"d":"23,023.26"},{"v":23023.26,"d":"23,023.26"},{"$f":"+'Block Breakdown This'!G286+'Block Breakdown Prev'!G286","v":{"v":0,"d":"0.00"}},{"$f":"+'Block Breakdown This'!H286+'Block Breakdown Prev'!H286","v":{"v":0,"d":"0.00"}},{"$f":"+'Block Breakdown This'!I286+'Block Breakdown Prev'!I286","v":{"v":0,"d":"0.00"}},{"$f":"+'Block Breakdown This'!J286+'Block Breakdown Prev'!J286","v":{"v":0,"d":"0.00"}},{"$f":"+'Block Breakdown This'!K286+'Block Breakdown Prev'!K286","v":{"v":0,"d":"0.00"}},{"$f":"+'Block Breakdown This'!L286+'Block Breakdown Prev'!L286","v":{"v":0,"d":"0.00"}},{"$f":"+'Block Breakdown This'!M286+'Block Breakdown Prev'!M286","v":{"v":0,"d":"0.00"}},{"$f":"+'Block Breakdown This'!N286+'Block Breakdown Prev'!N286","v":{"v":0,"d":"0.00"}},{"$f":"+'Block Breakdown This'!O286+'Block Breakdown Prev'!O286","v":{"v":0,"d":"0.00"}},{"$f":"+'Block Breakdown This'!P286+'Block Breakdown Prev'!P286","v":{"v":0,"d":"0.00"}},{"$f":"+'Block Breakdown This'!Q286+'Block Breakdown Prev'!Q286","v":{"v":0,"d":"0.00"}},{"$f":"+'Block Breakdown This'!R286+'Block Breakdown Prev'!R286","v":{"v":0,"d":"0.00"}},{"$f":"+'Block Breakdown This'!S286+'Block Breakdown Prev'!S286","v":{"v":0,"d":"0.00"}},{"$f":"+'Block Breakdown This'!T286+'Block Breakdown Prev'!T286","v":{"v":0,"d":"0.00"}},{"$f":"+'Block Breakdown This'!U286+'Block Breakdown Prev'!U286","v":{"v":0,"d":"0.00"}},{"$f":"+'Block Breakdown This'!V286+'Block Breakdown Prev'!V286","v":{"v":0,"d":"0.00"}},{"$f":"+'Block Breakdown This'!W286+'Block Breakdown Prev'!W286","v":{"v":0,"d":"0.00"}},{"$f":"+'Block Breakdown This'!X286+'Block Breakdown Prev'!X286","v":{"v":0,"d":"0.00"}},{"$f":"+'Block Breakdown This'!Y286+'Block Breakdown Prev'!Y286","v":{"v":0,"d":"0.00"}},{"v":0,"d":"0.00"},{"$f":"G286*E286","v":0},{"$f":"H286*E286","v":0},{"$f":"I286*E286","v":0},{"$f":"J286*E286","v":0},{"$f":"K286*E286","v":0},{"$f":"L286*E286","v":0},0,{"$f":"N286*E286","v":0},{"$f":"O286*E286","v":0},{"$f":"P286*E286","v":0},{"$f":"Q286*E286","v":0},{"$f":"R286*E286","v":0},{"$f":"S286*E286","v":0},{"$f":"T286*E286","v":0},{"$f":"W286*E286","v":0},{"$f":"X286*E286","v":0},{"$f":"Y286*E286","v":0},0,{"$f":"+E286*Z286","v":{"v":0,"d":"0.00"}}]
[null,"       Install","each",1,{"v":2303,"d":"2,303.00"},{"v":2303,"d":"2,303.00"},{"$f":"+'Block Breakdown This'!G287+'Block Breakdown Prev'!G287","v":{"v":0,"d":"0.00"}},{"$f":"+'Block Breakdown This'!H287+'Block Breakdown Prev'!H287","v":{"v":0,"d":"0.00"}},{"$f":"+'Block Breakdown This'!I287+'Block Breakdown Prev'!I287","v":{"v":0,"d":"0.00"}},{"$f":"+'Block Breakdown This'!J287+'Block Breakdown Prev'!J287","v":{"v":0,"d":"0.00"}},{"$f":"+'Block Breakdown This'!K287+'Block Breakdown Prev'!K287","v":{"v":0,"d":"0.00"}},{"$f":"+'Block Breakdown This'!L287+'Block Breakdown Prev'!L287","v":{"v":0,"d":"0.00"}},{"$f":"+'Block Breakdown This'!M287+'Block Breakdown Prev'!M287","v":{"v":0,"d":"0.00"}},{"$f":"+'Block Breakdown This'!N287+'Block Breakdown Prev'!N287","v":{"v":0,"d":"0.00"}},{"$f":"+'Block Breakdown This'!O287+'Block Breakdown Prev'!O287","v":{"v":0,"d":"0.00"}},{"$f":"+'Block Breakdown This'!P287+'Block Breakdown Prev'!P287","v":{"v":0,"d":"0.00"}},{"$f":"+'Block Breakdown This'!Q287+'Block Breakdown Prev'!Q287","v":{"v":0,"d":"0.00"}},{"$f":"+'Block Breakdown This'!R287+'Block Breakdown Prev'!R287","v":{"v":0,"d":"0.00"}},{"$f":"+'Block Breakdown This'!S287+'Block Breakdown Prev'!S287","v":{"v":0,"d":"0.00"}},{"$f":"+'Block Breakdown This'!T287+'Block Breakdown Prev'!T287","v":{"v":0,"d":"0.00"}},{"$f":"+'Block Breakdown This'!U287+'Block Breakdown Prev'!U287","v":{"v":0,"d":"0.00"}},{"$f":"+'Block Breakdown This'!V287+'Block Breakdown Prev'!V287","v":{"v":0,"d":"0.00"}},{"$f":"+'Block Breakdown This'!W287+'Block Breakdown Prev'!W287","v":{"v":0,"d":"0.00"}},{"$f":"+'Block Breakdown This'!X287+'Block Breakdown Prev'!X287","v":{"v":0,"d":"0.00"}},{"$f":"+'Block Breakdown This'!Y287+'Block Breakdown Prev'!Y287","v":{"v":0,"d":"0.00"}},{"v":0,"d":"0.00"},{"$f":"G287*E287","v":0},{"$f":"H287*E287","v":0},{"$f":"I287*E287","v":0},{"$f":"J287*E287","v":0},{"$f":"K287*E287","v":0},{"$f":"L287*E287","v":0},0,{"$f":"N287*E287","v":0},{"$f":"O287*E287","v":0},{"$f":"P287*E287","v":0},{"$f":"Q287*E287","v":0},{"$f":"R287*E287","v":0},{"$f":"S287*E287","v":0},{"$f":"T287*E287","v":0},{"$f":"W287*E287","v":0},{"$f":"X287*E287","v":0},{"$f":"Y287*E287","v":0},0,{"$f":"+E287*Z287","v":{"v":0,"d":"0.00"}}]
[{"$nulls":32},0]
[2.44,"Main LV Panel No 1 Mains / Standby",{"$nulls":30},0]
[null,"       Supply","each",1,{"v":1873581.65,"d":"1,873,581.65"},{"v":1873581.65,"d":"1,873,581.65"},{"$f":"+'Block Breakdown This'!G290+'Block Breakdown Prev'!G290","v":{"v":0,"d":"0.00"}},{"$f":"+'Block Breakdown This'!H290+'Block Breakdown Prev'!H290","v":{"v":0,"d":"0.00"}},{"$f":"+'Block Breakdown This'!I290+'Block Breakdown Prev'!I290","v":{"v":0,"d":"0.00"}},{"$f":"+'Block Breakdown This'!J290+'Block Breakdown Prev'!J290","v":{"v":0,"d":"0.00"}},{"$f":"+'Block Breakdown This'!K290+'Block Breakdown Prev'!K290","v":{"v":0,"d":"0.00"}},{"$f":"+'Block Breakdown This'!L290+'Block Breakdown Prev'!L290","v":{"v":0,"d":"0.00"}},{"$f":"+'Block Breakdown This'!M290+'Block Breakdown Prev'!M290","v":{"v":0,"d":"0.00"}},{"$f":"+'Block Breakdown This'!N290+'Block Breakdown Prev'!N290","v":{"v":0,"d":"0.00"}},{"$f":"+'Block Breakdown This'!O290+'Block Breakdown Prev'!O290","v":{"v":0,"d":"0.00"}},{"$f":"+'Block Breakdown This'!P290+'Block Breakdown Prev'!P290","v":{"v":0,"d":"0.00"}},{"$f":"+'Block Breakdown This'!Q290+'Block Breakdown Prev'!Q290","v":{"v":0,"d":"0.00"}},{"$f":"+'Block Breakdown This'!R290+'Block Breakdown Prev'!R290","v":{"v":0,"d":"0.00"}},{"$f":"+'Block Breakdown This'!S290+'Block Breakdown Prev'!S290","v":{"v":0,"d":"0.00"}},{"$f":"+'Block Breakdown This'!T290+'Block Breakdown Prev'!T290","v":{"v":0,"d":"0.00"}},{"$f":"+'Block Breakdown This'!U290+'Block Breakdown Prev'!U290","v":{"v":0,"d":"0.00"}},{"$f":"+'Block Breakdown This'!V290+'Block Breakdown Prev'!V290","v":{"v":0,"d":"0.00"}},{"$f":"+'Block Breakdown This'!W290+'Block Breakdown Prev'!W290","v":{"v":0,"d":"0.00"}},{"$f":"+'Block Breakdown This'!X290+'Block Breakdown Prev'!X290","v":{"v":0,"d":"0.00"}},{"$f":"+'Block Breakdown This'!Y290+'Block Breakdown Prev'!Y290","v":{"v":1,"d":"1.00"}},{"v":1,"d":"1.00"},{"$f":"G290*E290","v":0},{"$f":"H290*E290","v":0},{"$f":"I290*E290","v":0},{"$f":"J290*E290","v":0},{"$f":"K290*E290","v":0},{"$f":"L290*E290","v":0},0,{"$f":"N290*E290","v":0},{"$f":"O290*E290","v":0},{"$f":"P290*E290","v":0},{"$f":"Q290*E290","v":0},{"$f":"R290*E290","v":0},{"$f":"S290*E290","v":0},{"$f":"T290*E290","v":0},{"$f":"W290*E290","v":0},{"$f":"X290*E290","v":0},{"$f":"Y290*E290","v":{"v":1873581.65,"d":"1,873,582"}},{"v":1873581.65,"d":"1,873,582"},{"$f":"+E290*Z290","v":{"v":1873581.65,"d":"1,873,581.65"}}]
[null,"       Install","each",1,{"v":11250,"d":"11,250.00"},{"v":11250,"d":"11,250.00"},{"$f":"+'Block Breakdown This'!G291+'Block Breakdown Prev'!G291","v":{"v":0,"d":"0.00"}},{"$f":"+'Block Breakdown This'!H291+'Block Breakdown Prev'!H291","v":{"v":0,"d":"0.00"}},{"$f":"+'Block Breakdown This'!I291+'Block Breakdown Prev'!I291","v":{"v":0,"d":"0.00"}},{"$f":"+'Block Breakdown This'!J291+'Block Breakdown Prev'!J291","v":{"v":0,"d":"0.00"}},{"$f":"+'Block Breakdown This'!K291+'Block Breakdown Prev'!K291","v":{"v":0,"d":"0.00"}},{"$f":"+'Block Breakdown This'!L291+'Block Breakdown Prev'!L291","v":{"v":0,"d":"0.00"}},{"$f":"+'Block Breakdown This'!M291+'Block Breakdown Prev'!M291","v":{"v":0,"d":"0.00"}},{"$f":"+'Block Breakdown This'!N291+'Block Breakdown Prev'!N291","v":{"v":0,"d":"0.00"}},{"$f":"+'Block Breakdown This'!O291+'Block Breakdown Prev'!O291","v":{"v":0,"d":"0.00"}},{"$f":"+'Block Breakdown This'!P291+'Block Breakdown Prev'!P291","v":{"v":0,"d":"0.00"}},{"$f":"+'Block Breakdown This'!Q291+'Block Breakdown Prev'!Q291","v":{"v":0,"d":"0.00"}},{"$f":"+'Block Breakdown This'!R291+'Block Breakdown Prev'!R291","v":{"v":0,"d":"0.00"}},{"$f":"+'Block Breakdown This'!S291+'Block Breakdown Prev'!S291","v":{"v":0,"d":"0.00"}},{"$f":"+'Block Breakdown This'!T291+'Block Breakdown Prev'!T291","v":{"v":0,"d":"0.00"}},{"$f":"+'Block Breakdown This'!U291+'Block Breakdown Prev'!U291","v":{"v":0,"d":"0.00"}},{"$f":"+'Block Breakdown This'!V291+'Block Breakdown Prev'!V291","v":{"v":0,"d":"0.00"}},{"$f":"+'Block Breakdown This'!W291+'Block Breakdown Prev'!W291","v":{"v":0,"d":"0.00"}},{"$f":"+'Block Breakdown This'!X291+'Block Breakdown Prev'!X291","v":{"v":0,"d":"0.00"}},{"$f":"+'Block Breakdown This'!Y291+'Block Breakdown Prev'!Y291","v":{"v":1,"d":"1.00"}},{"v":1,"d":"1.00"},{"$f":"G291*E291","v":0},{"$f":"H291*E291","v":0},{"$f":"I291*E291","v":0},{"$f":"J291*E291","v":0},{"$f":"K291*E291","v":0},{"$f":"L291*E291","v":0},0,{"$f":"N291*E291","v":0},{"$f":"O291*E291","v":0},{"$f":"P291*E291","v":0},{"$f":"Q291*E291","v":0},{"$f":"R291*E291","v":0},{"$f":"S291*E291","v":0},{"$f":"T291*E291","v":0},{"$f":"W291*E291","v":0},{"$f":"X291*E291","v":0},{"$f":"Y291*E291","v":{"v":11250,"d":"11,250"}},{"v":11250,"d":"11,250"},{"$f":"+E291*Z291","v":{"v":11250,"d":"11,250.00"}}]
[{"$nulls":32},0]
[2.45,"Main LV Panel No 2  UPS",{"$nulls":30},0]
[null,"       Supply","each",1,{"v":85455.24,"d":"85,455.24"},{"v":85455.24,"d":"85,455.24"},{"$f":"+'Block Breakdown This'!G294+'Block Breakdown Prev'!G294","v":{"v":0,"d":"0.00"}},{"$f":"+'Block Breakdown This'!H294+'Block Breakdown Prev'!H294","v":{"v":0,"d":"0.00"}},{"$f":"+'Block Breakdown This'!I294+'Block Breakdown Prev'!I294","v":{"v":0,"d":"0.00"}},{"$f":"+'Block Breakdown This'!J294+'Block Breakdown Prev'!J294","v":{"v":0,"d":"0.00"}},{"$f":"+'Block Breakdown This'!K294+'Block Breakdown Prev'!K294","v":{"v":0,"d":"0.00"}},{"$f":"+'Block Breakdown This'!L294+'Block Breakdown Prev'!L294","v":{"v":0,"d":"0.00"}},{"$f":"+'Block Breakdown This'!M294+'Block Breakdown Prev'!M294","v":{"v":0,"d":"0.00"}},{"$f":"+'Block Breakdown This'!N294+'Block Breakdown Prev'!N294","v":{"v":0,"d":"0.00"}},{"$f":"+'Block Breakdown This'!O294+'Block Breakdown Prev'!O294","v":{"v":0,"d":"0.00"}},{"$f":"+'Block Breakdown This'!P294+'Block Breakdown Prev'!P294","v":{"v":0,"d":"0.00"}},{"$f":"+'Block Breakdown This'!Q294+'Block Breakdown Prev'!Q294","v":{"v":0,"d":"0.00"}},{"$f":"+'Block Breakdown This'!R294+'Block Breakdown Prev'!R294","v":{"v":0,"d":"0.00"}},{"$f":"+'Block Breakdown This'!S294+'Block Breakdown Prev'!S294","v":{"v":0,"d":"0.00"}},{"$f":"+'Block Breakdown This'!T294+'Block Breakdown Prev'!T294","v":{"v":0,"d":"0.00"}},{"$f":"+'Block Breakdown This'!U294+'Block Breakdown Prev'!U294","v":{"v":0,"d":"0.00"}},{"$f":"+'Block Breakdown This'!V294+'Block Breakdown Prev'!V294","v":{"v":0,"d":"0.00"}},{"$f":"+'Block Breakdown This'!W294+'Block Breakdown Prev'!W294","v":{"v":0,"d":"0.00"}},{"$f":"+'Block Breakdown This'!X294+'Block Breakdown Prev'!X294","v":{"v":0,"d":"0.00"}},{"$f":"+'Block Breakdown This'!Y294+'Block Breakdown Prev'!Y294","v":{"v":1,"d":"1.00"}},{"v":1,"d":"1.00"},{"$f":"G294*E294","v":0},{"$f":"H294*E294","v":0},{"$f":"I294*E294","v":0},{"$f":"J294*E294","v":0},{"$f":"K294*E294","v":0},{"$f":"L294*E294","v":0},0,{"$f":"N294*E294","v":0},{"$f":"O294*E294","v":0},{"$f":"P294*E294","v":0},{"$f":"Q294*E294","v":0},{"$f":"R294*E294","v":0},{"$f":"S294*E294","v":0},{"$f":"T294*E294","v":0},{"$f":"W294*E294","v":0},{"$f":"X294*E294","v":0},{"$f":"Y294*E294","v":{"v":85455.24,"d":"85,455"}},{"v":85455.24,"d":"85,455"},{"$f":"+E294*Z294","v":{"v":85455.24,"d":"85,455.24"}}]
[null,"       Install","each",1,{"v":4273,"d":"4,273.00"},{"v":4273,"d":"4,273.00"},{"$f":"+'Block Breakdown This'!G295+'Block Breakdown Prev'!G295","v":{"v":0,"d":"0.00"}},{"$f":"+'Block Breakdown This'!H295+'Block Breakdown Prev'!H295","v":{"v":0,"d":"0.00"}},{"$f":"+'Block Breakdown This'!I295+'Block Breakdown Prev'!I295","v":{"v":0,"d":"0.00"}},{"$f":"+'Block Breakdown This'!J295+'Block Breakdown Prev'!J295","v":{"v":0,"d":"0.00"}},{"$f":"+'Block Breakdown This'!K295+'Block Breakdown Prev'!K295","v":{"v":0,"d":"0.00"}},{"$f":"+'Block Breakdown This'!L295+'Block Breakdown Prev'!L295","v":{"v":0,"d":"0.00"}},{"$f":"+'Block Breakdown This'!M295+'Block Breakdown Prev'!M295","v":{"v":0,"d":"0.00"}},{"$f":"+'Block Breakdown This'!N295+'Block Breakdown Prev'!N295","v":{"v":0,"d":"0.00"}},{"$f":"+'Block Breakdown This'!O295+'Block Breakdown Prev'!O295","v":{"v":0,"d":"0.00"}},{"$f":"+'Block Breakdown This'!P295+'Block Breakdown Prev'!P295","v":{"v":0,"d":"0.00"}},{"$f":"+'Block Breakdown This'!Q295+'Block Breakdown Prev'!Q295","v":{"v":0,"d":"0.00"}},{"$f":"+'Block Breakdown This'!R295+'Block Breakdown Prev'!R295","v":{"v":0,"d":"0.00"}},{"$f":"+'Block Breakdown This'!S295+'Block Breakdown Prev'!S295","v":{"v":0,"d":"0.00"}},{"$f":"+'Block Breakdown This'!T295+'Block Breakdown Prev'!T295","v":{"v":0,"d":"0.00"}},{"$f":"+'Block Breakdown This'!U295+'Block Breakdown Prev'!U295","v":{"v":0,"d":"0.00"}},{"$f":"+'Block Breakdown This'!V295+'Block Breakdown Prev'!V295","v":{"v":0,"d":"0.00"}},{"$f":"+'Block Breakdown This'!W295+'Block Breakdown Prev'!W295","v":{"v":0,"d":"0.00"}},{"$f":"+'Block Breakdown This'!X295+'Block Breakdown Prev'!X295","v":{"v":0,"d":"0.00"}},{"$f":"+'Block Breakdown This'!Y295+'Block Breakdown Prev'!Y295","v":{"v":1,"d":"1.00"}},{"v":1,"d":"1.00"},{"$f":"G295*E295","v":0},{"$f":"H295*E295","v":0},{"$f":"I295*E295","v":0},{"$f":"J295*E295","v":0},{"$f":"K295*E295","v":0},{"$f":"L295*E295","v":0},0,{"$f":"N295*E295","v":0},{"$f":"O295*E295","v":0},{"$f":"P295*E295","v":0},{"$f":"Q295*E295","v":0},{"$f":"R295*E295","v":0},{"$f":"S295*E295","v":0},{"$f":"T295*E295","v":0},{"$f":"W295*E295","v":0},{"$f":"X295*E295","v":0},{"$f":"Y295*E295","v":{"v":4273,"d":"4,273"}},{"v":4273,"d":"4,273"},{"$f":"+E295*Z295","v":{"v":4273,"d":"4,273.00"}}]
[{"$nulls":32},0]
[2.46,"Hospital Substation Local DB",{"$nulls":30},0]
[null,"       Supply","each",1,{"v":5008.95,"d":"5,008.95"},{"v":5008.95,"d":"5,008.95"},{"$f":"+'Block Breakdown This'!G298+'Block Breakdown Prev'!G298","v":{"v":0,"d":"0.00"}},{"$f":"+'Block Breakdown This'!H298+'Block Breakdown Prev'!H298","v":{"v":0,"d":"0.00"}},{"$f":"+'Block Breakdown This'!I298+'Block Breakdown Prev'!I298","v":{"v":0,"d":"0.00"}},{"$f":"+'Block Breakdown This'!J298+'Block Breakdown Prev'!J298","v":{"v":0,"d":"0.00"}},{"$f":"+'Block Breakdown This'!K298+'Block Breakdown Prev'!K298","v":{"v":0,"d":"0.00"}},{"$f":"+'Block Breakdown This'!L298+'Block Breakdown Prev'!L298","v":{"v":0,"d":"0.00"}},{"$f":"+'Block Breakdown This'!M298+'Block Breakdown Prev'!M298","v":{"v":0,"d":"0.00"}},{"$f":"+'Block Breakdown This'!N298+'Block Breakdown Prev'!N298","v":{"v":0,"d":"0.00"}},{"$f":"+'Block Breakdown This'!O298+'Block Breakdown Prev'!O298","v":{"v":0,"d":"0.00"}},{"$f":"+'Block Breakdown This'!P298+'Block Breakdown Prev'!P298","v":{"v":0,"d":"0.00"}},{"$f":"+'Block Breakdown This'!Q298+'Block Breakdown Prev'!Q298","v":{"v":0,"d":"0.00"}},{"$f":"+'Block Breakdown This'!R298+'Block Breakdown Prev'!R298","v":{"v":0,"d":"0.00"}},{"$f":"+'Block Breakdown This'!S298+'Block Breakdown Prev'!S298","v":{"v":0,"d":"0.00"}},{"$f":"+'Block Breakdown This'!T298+'Block Breakdown Prev'!T298","v":{"v":0,"d":"0.00"}},{"$f":"+'Block Breakdown This'!U298+'Block Breakdown Prev'!U298","v":{"v":0,"d":"0.00"}},{"$f":"+'Block Breakdown This'!V298+'Block Breakdown Prev'!V298","v":{"v":0,"d":"0.00"}},{"$f":"+'Block Breakdown This'!W298+'Block Breakdown Prev'!W298","v":{"v":0,"d":"0.00"}},{"$f":"+'Block Breakdown This'!X298+'Block Breakdown Prev'!X298","v":{"v":0,"d":"0.00"}},{"$f":"+'Block Breakdown This'!Y298+'Block Breakdown Prev'!Y298","v":{"v":0,"d":"0.00"}},{"v":0,"d":"0.00"},{"$f":"G298*E298","v":0},{"$f":"H298*E298","v":0},{"$f":"I298*E298","v":0},{"$f":"J298*E298","v":0},{"$f":"K298*E298","v":0},{"$f":"L298*E298","v":0},0,{"$f":"N298*E298","v":0},{"$f":"O298*E298","v":0},{"$f":"P298*E298","v":0},{"$f":"Q298*E298","v":0},{"$f":"R298*E298","v":0},{"$f":"S298*E298","v":0},{"$f":"T298*E298","v":0},{"$f":"W298*E298","v":0},{"$f":"X298*E298","v":0},{"$f":"Y298*E298","v":0},0,{"$f":"+E298*Z298","v":{"v":0,"d":"0.00"}}]
[null,"       Install","each",1,{"v":1250,"d":"1,250.00"},{"v":1250,"d":"1,250.00"},{"$f":"+'Block Breakdown This'!G299+'Block Breakdown Prev'!G299","v":{"v":0,"d":"0.00"}},{"$f":"+'Block Breakdown This'!H299+'Block Breakdown Prev'!H299","v":{"v":0,"d":"0.00"}},{"$f":"+'Block Breakdown This'!I299+'Block Breakdown Prev'!I299","v":{"v":0,"d":"0.00"}},{"$f":"+'Block Breakdown This'!J299+'Block Breakdown Prev'!J299","v":{"v":0,"d":"0.00"}},{"$f":"+'Block Breakdown This'!K299+'Block Breakdown Prev'!K299","v":{"v":0,"d":"0.00"}},{"$f":"+'Block Breakdown This'!L299+'Block Breakdown Prev'!L299","v":{"v":0,"d":"0.00"}},{"$f":"+'Block Breakdown This'!M299+'Block Breakdown Prev'!M299","v":{"v":0,"d":"0.00"}},{"$f":"+'Block Breakdown This'!N299+'Block Breakdown Prev'!N299","v":{"v":0,"d":"0.00"}},{"$f":"+'Block Breakdown This'!O299+'Block Breakdown Prev'!O299","v":{"v":0,"d":"0.00"}},{"$f":"+'Block Breakdown This'!P299+'Block Breakdown Prev'!P299","v":{"v":0,"d":"0.00"}},{"$f":"+'Block Breakdown This'!Q299+'Block Breakdown Prev'!Q299","v":{"v":0,"d":"0.00"}},{"$f":"+'Block Breakdown This'!R299+'Block Breakdown Prev'!R299","v":{"v":0,"d":"0.00"}},{"$f":"+'Block Breakdown This'!S299+'Block Breakdown Prev'!S299","v":{"v":0,"d":"0.00"}},{"$f":"+'Block Breakdown This'!T299+'Block Breakdown Prev'!T299","v":{"v":0,"d":"0.00"}},{"$f":"+'Block Breakdown This'!U299+'Block Breakdown Prev'!U299","v":{"v":0,"d":"0.00"}},{"$f":"+'Block Breakdown This'!V299+'Block Breakdown Prev'!V299","v":{"v":0,"d":"0.00"}},{"$f":"+'Block Breakdown This'!W299+'Block Breakdown Prev'!W299","v":{"v":0,"d":"0.00"}},{"$f":"+'Block Breakdown This'!X299+'Block Breakdown Prev'!X299","v":{"v":0,"d":"0.00"}},{"$f":"+'Block Breakdown This'!Y299+'Block Breakdown Prev'!Y299","v":{"v":0,"d":"0.00"}},{"v":0,"d":"0.00"},{"$f":"G299*E299","v":0},{"$f":"H299*E299","v":0},{"$f":"I299*E299","v":0},{"$f":"J299*E299","v":0},{"$f":"K299*E299","v":0},{"$f":"L299*E299","v":0},0,{"$f":"N299*E299","v":0},{"$f":"O299*E299","v":0},{"$f":"P299*E299","v":0},{"$f":"Q299*E299","v":0},{"$f":"R299*E299","v":0},{"$f":"S299*E299","v":0},{"$f":"T299*E299","v":0},{"$f":"W299*E299","v":0},{"$f":"X299*E299","v":0},{"$f":"Y299*E299","v":0},0,{"$f":"+E299*Z299","v":{"v":0,"d":"0.00"}}]
[{"$nulls":32},0]
[2.47,"Main Intake Substation Plant Room ",{"$nulls":30},0]
[null,"       Supply","each",1,{"v":5008.95,"d":"5,008.95"},{"v":5008.95,"d":"5,008.95"},{"$f":"+'Block Breakdown This'!G302+'Block Breakdown Prev'!G302","v":{"v":0,"d":"0.00"}},{"$f":"+'Block Breakdown This'!H302+'Block Breakdown Prev'!H302","v":{"v":0,"d":"0.00"}},{"$f":"+'Block Breakdown This'!I302+'Block Breakdown Prev'!I302","v":{"v":0,"d":"0.00"}},{"$f":"+'Block Breakdown This'!J302+'Block Breakdown Prev'!J302","v":{"v":0,"d":"0.00"}},{"$f":"+'Block Breakdown This'!K302+'Block Breakdown Prev'!K302","v":{"v":0,"d":"0.00"}},{"$f":"+'Block Breakdown This'!L302+'Block Breakdown Prev'!L302","v":{"v":0,"d":"0.00"}},{"$f":"+'Block Breakdown This'!M302+'Block Breakdown Prev'!M302","v":{"v":0,"d":"0.00"}},{"$f":"+'Block Breakdown This'!N302+'Block Breakdown Prev'!N302","v":{"v":0,"d":"0.00"}},{"$f":"+'Block Breakdown This'!O302+'Block Breakdown Prev'!O302","v":{"v":0,"d":"0.00"}},{"$f":"+'Block Breakdown This'!P302+'Block Breakdown Prev'!P302","v":{"v":0,"d":"0.00"}},{"$f":"+'Block Breakdown This'!Q302+'Block Breakdown Prev'!Q302","v":{"v":0,"d":"0.00"}},{"$f":"+'Block Breakdown This'!R302+'Block Breakdown Prev'!R302","v":{"v":0,"d":"0.00"}},{"$f":"+'Block Breakdown This'!S302+'Block Breakdown Prev'!S302","v":{"v":0,"d":"0.00"}},{"$f":"+'Block Breakdown This'!T302+'Block Breakdown Prev'!T302","v":{"v":0,"d":"0.00"}},{"$f":"+'Block Breakdown This'!U302+'Block Breakdown Prev'!U302","v":{"v":0,"d":"0.00"}},{"$f":"+'Block Breakdown This'!V302+'Block Breakdown Prev'!V302","v":{"v":0,"d":"0.00"}},{"$f":"+'Block Breakdown This'!W302+'Block Breakdown Prev'!W302","v":{"v":0,"d":"0.00"}},{"$f":"+'Block Breakdown This'!X302+'Block Breakdown Prev'!X302","v":{"v":0,"d":"0.00"}},{"$f":"+'Block Breakdown This'!Y302+'Block Breakdown Prev'!Y302","v":{"v":1,"d":"1.00"}},{"v":1,"d":"1.00"},{"$f":"G302*E302","v":0},{"$f":"H302*E302","v":0},{"$f":"I302*E302","v":0},{"$f":"J302*E302","v":0},{"$f":"K302*E302","v":0},{"$f":"L302*E302","v":0},0,{"$f":"N302*E302","v":0},{"$f":"O302*E302","v":0},{"$f":"P302*E302","v":0},{"$f":"Q302*E302","v":0},{"$f":"R302*E302","v":0},{"$f":"S302*E302","v":0},{"$f":"T302*E302","v":0},{"$f":"W302*E302","v":0},{"$f":"X302*E302","v":0},{"$f":"Y302*E302","v":{"v":5008.95,"d":"5,009"}},{"v":5008.95,"d":"5,009"},{"$f":"+E302*Z302","v":{"v":5008.95,"d":"5,008.95"}}]
[null,"       Install","each",1,{"v":1250,"d":"1,250.00"},{"v":1250,"d":"1,250.00"},{"$f":"+'Block Breakdown This'!G303+'Block Breakdown Prev'!G303","v":{"v":0,"d":"0.00"}},{"$f":"+'Block Breakdown This'!H303+'Block Breakdown Prev'!H303","v":{"v":0,"d":"0.00"}},{"$f":"+'Block Breakdown This'!I303+'Block Breakdown Prev'!I303","v":{"v":0,"d":"0.00"}},{"$f":"+'Block Breakdown This'!J303+'Block Breakdown Prev'!J303","v":{"v":0,"d":"0.00"}},{"$f":"+'Block Breakdown This'!K303+'Block Breakdown Prev'!K303","v":{"v":0,"d":"0.00"}},{"$f":"+'Block Breakdown This'!L303+'Block Breakdown Prev'!L303","v":{"v":0,"d":"0.00"}},{"$f":"+'Block Breakdown This'!M303+'Block Breakdown Prev'!M303","v":{"v":0,"d":"0.00"}},{"$f":"+'Block Breakdown This'!N303+'Block Breakdown Prev'!N303","v":{"v":0,"d":"0.00"}},{"$f":"+'Block Breakdown This'!O303+'Block Breakdown Prev'!O303","v":{"v":0,"d":"0.00"}},{"$f":"+'Block Breakdown This'!P303+'Block Breakdown Prev'!P303","v":{"v":0,"d":"0.00"}},{"$f":"+'Block Breakdown This'!Q303+'Block Breakdown Prev'!Q303","v":{"v":0,"d":"0.00"}},{"$f":"+'Block Breakdown This'!R303+'Block Breakdown Prev'!R303","v":{"v":0,"d":"0.00"}},{"$f":"+'Block Breakdown This'!S303+'Block Breakdown Prev'!S303","v":{"v":0,"d":"0.00"}},{"$f":"+'Block Breakdown This'!T303+'Block Breakdown Prev'!T303","v":{"v":0,"d":"0.00"}},{"$f":"+'Block Breakdown This'!U303+'Block Breakdown Prev'!U303","v":{"v":0,"d":"0.00"}},{"$f":"+'Block Breakdown This'!V303+'Block Breakdown Prev'!V303","v":{"v":0,"d":"0.00"}},{"$f":"+'Block Breakdown This'!W303+'Block Breakdown Prev'!W303","v":{"v":0,"d":"0.00"}},{"$f":"+'Block Breakdown This'!X303+'Block Breakdown Prev'!X303","v":{"v":0,"d":"0.00"}},{"$f":"+'Block Breakdown This'!Y303+'Block Breakdown Prev'!Y303","v":{"v":1,"d":"1.00"}},{"v":1,"d":"1.00"},{"$f":"G303*E303","v":0},{"$f":"H303*E303","v":0},{"$f":"I303*E303","v":0},{"$f":"J303*E303","v":0},{"$f":"K303*E303","v":0},{"$f":"L303*E303","v":0},0,{"$f":"N303*E303","v":0},{"$f":"O303*E303","v":0},{"$f":"P303*E303","v":0},{"$f":"Q303*E303","v":0},{"$f":"R303*E303","v":0},{"$f":"S303*E303","v":0},{"$f":"T303*E303","v":0},{"$f":"W303*E303","v":0},{"$f":"X303*E303","v":0},{"$f":"Y303*E303","v":{"v":1250,"d":"1,250"}},{"v":1250,"d":"1,250"},{"$f":"+E303*Z303","v":{"v":1250,"d":"1,250.00"}}]
[{"$nulls":32},0]
[2.48,"Theatre DB No 1",{"$nulls":30},0]
[null,"       Supply","each",1,{"v":12369.24,"d":"12,369.24"},{"v":12369.24,"d":"12,369.24"},{"$f":"+'Block Breakdown This'!G306+'Block Breakdown Prev'!G306","v":{"v":0,"d":"0.00"}},{"$f":"+'Block Breakdown This'!H306+'Block Breakdown Prev'!H306","v":{"v":0,"d":"0.00"}},{"$f":"+'Block Breakdown This'!I306+'Block Breakdown Prev'!I306","v":{"v":0,"d":"0.00"}},{"$f":"+'Block Breakdown This'!J306+'Block Breakdown Prev'!J306","v":{"v":0,"d":"0.00"}},{"$f":"+'Block Breakdown This'!K306+'Block Breakdown Prev'!K306","v":{"v":0,"d":"0.00"}},{"$f":"+'Block Breakdown This'!L306+'Block Breakdown Prev'!L306","v":{"v":0,"d":"0.00"}},{"$f":"+'Block Breakdown This'!M306+'Block Breakdown Prev'!M306","v":{"v":0,"d":"0.00"}},{"$f":"+'Block Breakdown This'!N306+'Block Breakdown Prev'!N306","v":{"v":1,"d":"1.00"}},{"$f":"+'Block Breakdown This'!O306+'Block Breakdown Prev'!O306","v":{"v":0,"d":"0.00"}},{"$f":"+'Block Breakdown This'!P306+'Block Breakdown Prev'!P306","v":{"v":0,"d":"0.00"}},{"$f":"+'Block Breakdown This'!Q306+'Block Breakdown Prev'!Q306","v":{"v":0,"d":"0.00"}},{"$f":"+'Block Breakdown This'!R306+'Block Breakdown Prev'!R306","v":{"v":0,"d":"0.00"}},{"$f":"+'Block Breakdown This'!S306+'Block Breakdown Prev'!S306","v":{"v":0,"d":"0.00"}},{"$f":"+'Block Breakdown This'!T306+'Block Breakdown Prev'!T306","v":{"v":0,"d":"0.00"}},{"$f":"+'Block Breakdown This'!U306+'Block Breakdown Prev'!U306","v":{"v":0,"d":"0.00"}},{"$f":"+'Block Breakdown This'!V306+'Block Breakdown Prev'!V306","v":{"v":0,"d":"0.00"}},{"$f":"+'Block Breakdown This'!W306+'Block Breakdown Prev'!W306","v":{"v":0,"d":"0.00"}},{"$f":"+'Block Breakdown This'!X306+'Block Breakdown Prev'!X306","v":{"v":0,"d":"0.00"}},{"$f":"+'Block Breakdown This'!Y306+'Block Breakdown Prev'!Y306","v":{"v":0,"d":"0.00"}},{"v":1,"d":"1.00"},{"$f":"G306*E306","v":0},{"$f":"H306*E306","v":0},{"$f":"I306*E306","v":0},{"$f":"J306*E306","v":0},{"$f":"K306*E306","v":0},{"$f":"L306*E306","v":0},0,{"$f":"N306*E306","v":{"v":12369.24,"d":"12,369"}},{"$f":"O306*E306","v":0},{"$f":"P306*E306","v":0},{"$f":"Q306*E306","v":0},{"$f":"R306*E306","v":0},{"$f":"S306*E306","v":0},{"$f":"T306*E306","v":0},{"$f":"W306*E306","v":0},{"$f":"X306*E306","v":0},{"$f":"Y306*E306","v":0},{"v":12369.24,"d":"12,369"},{"$f":"+E306*Z306","v":{"v":12369.24,"d":"12,369.24"}}]
[null,"       Install","each",1,{"v":1250,"d":"1,250.00"},{"v":1250,"d":"1,250.00"},{"$f":"+'Block Breakdown This'!G307+'Block Breakdown Prev'!G307","v":{"v":0,"d":"0.00"}},{"$f":"+'Block Breakdown This'!H307+'Block Breakdown Prev'!H307","v":{"v":0,"d":"0.00"}},{"$f":"+'Block Breakdown This'!I307+'Block Breakdown Prev'!I307","v":{"v":0,"d":"0.00"}},{"$f":"+'Block Breakdown This'!J307+'Block Breakdown Prev'!J307","v":{"v":0,"d":"0.00"}},{"$f":"+'Block Breakdown This'!K307+'Block Breakdown Prev'!K307","v":{"v":0,"d":"0.00"}},{"$f":"+'Block Breakdown This'!L307+'Block Breakdown Prev'!L307","v":{"v":0,"d":"0.00"}},{"$f":"+'Block Breakdown This'!M307+'Block Breakdown Prev'!M307","v":{"v":0,"d":"0.00"}},{"$f":"+'Block Breakdown This'!N307+'Block Breakdown Prev'!N307","v":{"v":2,"d":"2.00"}},{"$f":"+'Block Breakdown This'!O307+'Block Breakdown Prev'!O307","v":{"v":0,"d":"0.00"}},{"$f":"+'Block Breakdown This'!P307+'Block Breakdown Prev'!P307","v":{"v":0,"d":"0.00"}},{"$f":"+'Block Breakdown This'!Q307+'Block Breakdown Prev'!Q307","v":{"v":0,"d":"0.00"}},{"$f":"+'Block Breakdown This'!R307+'Block Breakdown Prev'!R307","v":{"v":0,"d":"0.00"}},{"$f":"+'Block Breakdown This'!S307+'Block Breakdown Prev'!S307","v":{"v":0,"d":"0.00"}},{"$f":"+'Block Breakdown This'!T307+'Block Breakdown Prev'!T307","v":{"v":0,"d":"0.00"}},{"$f":"+'Block Breakdown This'!U307+'Block Breakdown Prev'!U307","v":{"v":0,"d":"0.00"}},{"$f":"+'Block Breakdown This'!V307+'Block Breakdown Prev'!V307","v":{"v":0,"d":"0.00"}},{"$f":"+'Block Breakdown This'!W307+'Block Breakdown Prev'!W307","v":{"v":0,"d":"0.00"}},{"$f":"+'Block Breakdown This'!X307+'Block Breakdown Prev'!X307","v":{"v":0,"d":"0.00"}},{"$f":"+'Block Breakdown This'!Y307+'Block Breakdown Prev'!Y307","v":{"v":-1,"d":"-1.00"}},{"v":1,"d":"1.00"},{"$f":"G307*E307","v":0},{"$f":"H307*E307","v":0},{"$f":"I307*E307","v":0},{"$f":"J307*E307","v":0},{"$f":"K307*E307","v":0},{"$f":"L307*E307","v":0},0,{"$f":"N307*E307","v":{"v":2500,"d":"2,500"}},{"$f":"O307*E307","v":0},{"$f":"P307*E307","v":0},{"$f":"Q307*E307","v":0},{"$f":"R307*E307","v":0},{"$f":"S307*E307","v":0},{"$f":"T307*E307","v":0},{"$f":"W307*E307","v":0},{"$f":"X307*E307","v":0},{"$f":"Y307*E307","v":{"v":-1250,"d":"-1,250"}},{"v":1250,"d":"1,250"},{"$f":"+E307*Z307","v":{"v":1250,"d":"1,250.00"}}]
[{"$nulls":32},0]
[2.49,"Theatre DB No 2",{"$nulls":30},0]
[null,"       Supply","each",1,{"v":12369.24,"d":"12,369.24"},{"v":12369.24,"d":"12,369.24"},{"$f":"+'Block Breakdown This'!G310+'Block Breakdown Prev'!G310","v":{"v":0,"d":"0.00"}},{"$f":"+'Block Breakdown This'!H310+'Block Breakdown Prev'!H310","v":{"v":0,"d":"0.00"}},{"$f":"+'Block Breakdown This'!I310+'Block Breakdown Prev'!I310","v":{"v":0,"d":"0.00"}},{"$f":"+'Block Breakdown This'!J310+'Block Breakdown Prev'!J310","v":{"v":0,"d":"0.00"}},{"$f":"+'Block Breakdown This'!K310+'Block Breakdown Prev'!K310","v":{"v":0,"d":"0.00"}},{"$f":"+'Block Breakdown This'!L310+'Block Breakdown Prev'!L310","v":{"v":0,"d":"0.00"}},{"$f":"+'Block Breakdown This'!M310+'Block Breakdown Prev'!M310","v":{"v":0,"d":"0.00"}},{"$f":"+'Block Breakdown This'!N310+'Block Breakdown Prev'!N310","v":{"v":1,"d":"1.00"}},{"$f":"+'Block Breakdown This'!O310+'Block Breakdown Prev'!O310","v":{"v":0,"d":"0.00"}},{"$f":"+'Block Breakdown This'!P310+'Block Breakdown Prev'!P310","v":{"v":0,"d":"0.00"}},{"$f":"+'Block Breakdown This'!Q310+'Block Breakdown Prev'!Q310","v":{"v":0,"d":"0.00"}},{"$f":"+'Block Breakdown This'!R310+'Block Breakdown Prev'!R310","v":{"v":0,"d":"0.00"}},{"$f":"+'Block Breakdown This'!S310+'Block Breakdown Prev'!S310","v":{"v":0,"d":"0.00"}},{"$f":"+'Block Breakdown This'!T310+'Block Breakdown Prev'!T310","v":{"v":0,"d":"0.00"}},{"$f":"+'Block Breakdown This'!U310+'Block Breakdown Prev'!U310","v":{"v":0,"d":"0.00"}},{"$f":"+'Block Breakdown This'!V310+'Block Breakdown Prev'!V310","v":{"v":0,"d":"0.00"}},{"$f":"+'Block Breakdown This'!W310+'Block Breakdown Prev'!W310","v":{"v":0,"d":"0.00"}},{"$f":"+'Block Breakdown This'!X310+'Block Breakdown Prev'!X310","v":{"v":0,"d":"0.00"}},{"$f":"+'Block Breakdown This'!Y310+'Block Breakdown Prev'!Y310","v":{"v":0,"d":"0.00"}},{"v":1,"d":"1.00"},{"$f":"G310*E310","v":0},{"$f":"H310*E310","v":0},{"$f":"I310*E310","v":0},{"$f":"J310*E310","v":0},{"$f":"K310*E310","v":0},{"$f":"L310*E310","v":0},0,{"$f":"N310*E310","v":{"v":12369.24,"d":"12,369"}},{"$f":"O310*E310","v":0},{"$f":"P310*E310","v":0},{"$f":"Q310*E310","v":0},{"$f":"R310*E310","v":0},{"$f":"S310*E310","v":0},{"$f":"T310*E310","v":0},{"$f":"W310*E310","v":0},{"$f":"X310*E310","v":0},{"$f":"Y310*E310","v":0},{"v":12369.24,"d":"12,369"},{"$f":"+E310*Z310","v":{"v":12369.24,"d":"12,369.24"}}]
[null,"       Install","each",1,{"v":1250,"d":"1,250.00"},{"v":1250,"d":"1,250.00"},{"$f":"+'Block Breakdown This'!G311+'Block Breakdown Prev'!G311","v":{"v":0,"d":"0.00"}},{"$f":"+'Block Breakdown This'!H311+'Block Breakdown Prev'!H311","v":{"v":0,"d":"0.00"}},{"$f":"+'Block Breakdown This'!I311+'Block Breakdown Prev'!I311","v":{"v":0,"d":"0.00"}},{"$f":"+'Block Breakdown This'!J311+'Block Breakdown Prev'!J311","v":{"v":0,"d":"0.00"}},{"$f":"+'Block Breakdown This'!K311+'Block Breakdown Prev'!K311","v":{"v":0,"d":"0.00"}},{"$f":"+'Block Breakdown This'!L311+'Block Breakdown Prev'!L311","v":{"v":0,"d":"0.00"}},{"$f":"+'Block Breakdown This'!M311+'Block Breakdown Prev'!M311","v":{"v":0,"d":"0.00"}},{"$f":"+'Block Breakdown This'!N311+'Block Breakdown Prev'!N311","v":{"v":2,"d":"2.00"}},{"$f":"+'Block Breakdown This'!O311+'Block Breakdown Prev'!O311","v":{"v":0,"d":"0.00"}},{"$f":"+'Block Breakdown This'!P311+'Block Breakdown Prev'!P311","v":{"v":0,"d":"0.00"}},{"$f":"+'Block Breakdown This'!Q311+'Block Breakdown Prev'!Q311","v":{"v":0,"d":"0.00"}},{"$f":"+'Block Breakdown This'!R311+'Block Breakdown Prev'!R311","v":{"v":0,"d":"0.00"}},{"$f":"+'Block Breakdown This'!S311+'Block Breakdown Prev'!S311","v":{"v":0,"d":"0.00"}},{"$f":"+'Block Breakdown This'!T311+'Block Breakdown Prev'!T311","v":{"v":0,"d":"0.00"}},{"$f":"+'Block Breakdown This'!U311+'Block Breakdown Prev'!U311","v":{"v":0,"d":"0.00"}},{"$f":"+'Block Breakdown This'!V311+'Block Breakdown Prev'!V311","v":{"v":0,"d":"0.00"}},{"$f":"+'Block Breakdown This'!W311+'Block Breakdown Prev'!W311","v":{"v":0,"d":"0.00"}},{"$f":"+'Block Breakdown This'!X311+'Block Breakdown Prev'!X311","v":{"v":0,"d":"0.00"}},{"$f":"+'Block Breakdown This'!Y311+'Block Breakdown Prev'!Y311","v":{"v":-1,"d":"-1.00"}},{"v":1,"d":"1.00"},{"$f":"G311*E311","v":0},{"$f":"H311*E311","v":0},{"$f":"I311*E311","v":0},{"$f":"J311*E311","v":0},{"$f":"K311*E311","v":0},{"$f":"L311*E311","v":0},0,{"$f":"N311*E311","v":{"v":2500,"d":"2,500"}},{"$f":"O311*E311","v":0},{"$f":"P311*E311","v":0},{"$f":"Q311*E311","v":0},{"$f":"R311*E311","v":0},{"$f":"S311*E311","v":0},{"$f":"T311*E311","v":0},{"$f":"W311*E311","v":0},{"$f":"X311*E311","v":0},{"$f":"Y311*E311","v":{"v":-1250,"d":"-1,250"}},{"v":1250,"d":"1,250"},{"$f":"+E311*Z311","v":{"v":1250,"d":"1,250.00"}}]
[{"$nulls":32},0]
[{"v":2.5,"d":"2.50"},"Theatre DB No 3",{"$nulls":30},0]
[null,"       Supply","each",1,{"v":12369.24,"d":"12,369.24"},{"v":12369.24,"d":"12,369.24"},{"$f":"+'Block Breakdown This'!G314+'Block Breakdown Prev'!G314","v":{"v":0,"d":"0.00"}},{"$f":"+'Block Breakdown This'!H314+'Block Breakdown Prev'!H314","v":{"v":0,"d":"0.00"}},{"$f":"+'Block Breakdown This'!I314+'Block Breakdown Prev'!I314","v":{"v":0,"d":"0.00"}},{"$f":"+'Block Breakdown This'!J314+'Block Breakdown Prev'!J314","v":{"v":0,"d":"0.00"}},{"$f":"+'Block Breakdown This'!K314+'Block Breakdown Prev'!K314","v":{"v":0,"d":"0.00"}},{"$f":"+'Block Breakdown This'!L314+'Block Breakdown Prev'!L314","v":{"v":0,"d":"0.00"}},{"$f":"+'Block Breakdown This'!M314+'Block Breakdown Prev'!M314","v":{"v":0,"d":"0.00"}},{"$f":"+'Block Breakdown This'!N314+'Block Breakdown Prev'!N314","v":{"v":1,"d":"1.00"}},{"$f":"+'Block Breakdown This'!O314+'Block Breakdown Prev'!O314","v":{"v":0,"d":"0.00"}},{"$f":"+'Block Breakdown This'!P314+'Block Breakdown Prev'!P314","v":{"v":0,"d":"0.00"}},{"$f":"+'Block Breakdown This'!Q314+'Block Breakdown Prev'!Q314","v":{"v":0,"d":"0.00"}},{"$f":"+'Block Breakdown This'!R314+'Block Breakdown Prev'!R314","v":{"v":0,"d":"0.00"}},{"$f":"+'Block Breakdown This'!S314+'Block Breakdown Prev'!S314","v":{"v":0,"d":"0.00"}},{"$f":"+'Block Breakdown This'!T314+'Block Breakdown Prev'!T314","v":{"v":0,"d":"0.00"}},{"$f":"+'Block Breakdown This'!U314+'Block Breakdown Prev'!U314","v":{"v":0,"d":"0.00"}},{"$f":"+'Block Breakdown This'!V314+'Block Breakdown Prev'!V314","v":{"v":0,"d":"0.00"}},{"$f":"+'Block Breakdown This'!W314+'Block Breakdown Prev'!W314","v":{"v":0,"d":"0.00"}},{"$f":"+'Block Breakdown This'!X314+'Block Breakdown Prev'!X314","v":{"v":0,"d":"0.00"}},{"$f":"+'Block Breakdown This'!Y314+'Block Breakdown Prev'!Y314","v":{"v":0,"d":"0.00"}},{"v":1,"d":"1.00"},{"$f":"G314*E314","v":0},{"$f":"H314*E314","v":0},{"$f":"I314*E314","v":0},{"$f":"J314*E314","v":0},{"$f":"K314*E314","v":0},{"$f":"L314*E314","v":0},0,{"$f":"N314*E314","v":{"v":12369.24,"d":"12,369"}},{"$f":"O314*E314","v":0},{"$f":"P314*E314","v":0},{"$f":"Q314*E314","v":0},{"$f":"R314*E314","v":0},{"$f":"S314*E314","v":0},{"$f":"T314*E314","v":0},{"$f":"W314*E314","v":0},{"$f":"X314*E314","v":0},{"$f":"Y314*E314","v":0},{"v":12369.24,"d":"12,369"},{"$f":"+E314*Z314","v":{"v":12369.24,"d":"12,369.24"}}]
[null,"       Install","each",1,{"v":1250,"d":"1,250.00"},{"v":1250,"d":"1,250.00"},{"$f":"+'Block Breakdown This'!G315+'Block Breakdown Prev'!G315","v":{"v":0,"d":"0.00"}},{"$f":"+'Block Breakdown This'!H315+'Block Breakdown Prev'!H315","v":{"v":0,"d":"0.00"}},{"$f":"+'Block Breakdown This'!I315+'Block Breakdown Prev'!I315","v":{"v":0,"d":"0.00"}},{"$f":"+'Block Breakdown This'!J315+'Block Breakdown Prev'!J315","v":{"v":0,"d":"0.00"}},{"$f":"+'Block Breakdown This'!K315+'Block Breakdown Prev'!K315","v":{"v":0,"d":"0.00"}},{"$f":"+'Block Breakdown This'!L315+'Block Breakdown Prev'!L315","v":{"v":0,"d":"0.00"}},{"$f":"+'Block Breakdown This'!M315+'Block Breakdown Prev'!M315","v":{"v":0,"d":"0.00"}},{"$f":"+'Block Breakdown This'!N315+'Block Breakdown Prev'!N315","v":{"v":2,"d":"2.00"}},{"$f":"+'Block Breakdown This'!O315+'Block Breakdown Prev'!O315","v":{"v":0,"d":"0.00"}},{"$f":"+'Block Breakdown This'!P315+'Block Breakdown Prev'!P315","v":{"v":0,"d":"0.00"}},{"$f":"+'Block Breakdown This'!Q315+'Block Breakdown Prev'!Q315","v":{"v":0,"d":"0.00"}},{"$f":"+'Block Breakdown This'!R315+'Block Breakdown Prev'!R315","v":{"v":0,"d":"0.00"}},{"$f":"+'Block Breakdown This'!S315+'Block Breakdown Prev'!S315","v":{"v":0,"d":"0.00"}},{"$f":"+'Block Breakdown This'!T315+'Block Breakdown Prev'!T315","v":{"v":0,"d":"0.00"}},{"$f":"+'Block Breakdown This'!U315+'Block Breakdown Prev'!U315","v":{"v":0,"d":"0.00"}},{"$f":"+'Block Breakdown This'!V315+'Block Breakdown Prev'!V315","v":{"v":0,"d":"0.00"}},{"$f":"+'Block Breakdown This'!W315+'Block Breakdown Prev'!W315","v":{"v":0,"d":"0.00"}},{"$f":"+'Block Breakdown This'!X315+'Block Breakdown Prev'!X315","v":{"v":0,"d":"0.00"}},{"$f":"+'Block Breakdown This'!Y315+'Block Breakdown Prev'!Y315","v":{"v":-1,"d":"-1.00"}},{"v":1,"d":"1.00"},{"$f":"G315*E315","v":0},{"$f":"H315*E315","v":0},{"$f":"I315*E315","v":0},{"$f":"J315*E315","v":0},{"$f":"K315*E315","v":0},{"$f":"L315*E315","v":0},0,{"$f":"N315*E315","v":{"v":2500,"d":"2,500"}},{"$f":"O315*E315","v":0},{"$f":"P315*E315","v":0},{"$f":"Q315*E315","v":0},{"$f":"R315*E315","v":0},{"$f":"S315*E315","v":0},{"$f":"T315*E315","v":0},{"$f":"W315*E315","v":0},{"$f":"X315*E315","v":0},{"$f":"Y315*E315","v":{"v":-1250,"d":"-1,250"}},{"v":1250,"d":"1,250"},{"$f":"+E315*Z315","v":{"v":1250,"d":"1,250.00"}}]
[{"$nulls":32},0]
[2.51,"Theatre DB No 4",{"$nulls":30},0]
[null,"       Supply","each",1,{"v":12369.24,"d":"12,369.24"},{"v":12369.24,"d":"12,369.24"},{"$f":"+'Block Breakdown This'!G318+'Block Breakdown Prev'!G318","v":{"v":0,"d":"0.00"}},{"$f":"+'Block Breakdown This'!H318+'Block Breakdown Prev'!H318","v":{"v":0,"d":"0.00"}},{"$f":"+'Block Breakdown This'!I318+'Block Breakdown Prev'!I318","v":{"v":0,"d":"0.00"}},{"$f":"+'Block Breakdown This'!J318+'Block Breakdown Prev'!J318","v":{"v":0,"d":"0.00"}},{"$f":"+'Block Breakdown This'!K318+'Block Breakdown Prev'!K318","v":{"v":0,"d":"0.00"}},{"$f":"+'Block Breakdown This'!L318+'Block Breakdown Prev'!L318","v":{"v":0,"d":"0.00"}},{"$f":"+'Block Breakdown This'!M318+'Block Breakdown Prev'!M318","v":{"v":0,"d":"0.00"}},{"$f":"+'Block Breakdown This'!N318+'Block Breakdown Prev'!N318","v":{"v":1,"d":"1.00"}},{"$f":"+'Block Breakdown This'!O318+'Block Breakdown Prev'!O318","v":{"v":0,"d":"0.00"}},{"$f":"+'Block Breakdown This'!P318+'Block Breakdown Prev'!P318","v":{"v":0,"d":"0.00"}},{"$f":"+'Block Breakdown This'!Q318+'Block Breakdown Prev'!Q318","v":{"v":0,"d":"0.00"}},{"$f":"+'Block Breakdown This'!R318+'Block Breakdown Prev'!R318","v":{"v":0,"d":"0.00"}},{"$f":"+'Block Breakdown This'!S318+'Block Breakdown Prev'!S318","v":{"v":0,"d":"0.00"}},{"$f":"+'Block Breakdown This'!T318+'Block Breakdown Prev'!T318","v":{"v":0,"d":"0.00"}},{"$f":"+'Block Breakdown This'!U318+'Block Breakdown Prev'!U318","v":{"v":0,"d":"0.00"}},{"$f":"+'Block Breakdown This'!V318+'Block Breakdown Prev'!V318","v":{"v":0,"d":"0.00"}},{"$f":"+'Block Breakdown This'!W318+'Block Breakdown Prev'!W318","v":{"v":0,"d":"0.00"}},{"$f":"+'Block Breakdown This'!X318+'Block Breakdown Prev'!X318","v":{"v":0,"d":"0.00"}},{"$f":"+'Block Breakdown This'!Y318+'Block Breakdown Prev'!Y318","v":{"v":0,"d":"0.00"}},{"v":1,"d":"1.00"},{"$f":"G318*E318","v":0},{"$f":"H318*E318","v":0},{"$f":"I318*E318","v":0},{"$f":"J318*E318","v":0},{"$f":"K318*E318","v":0},{"$f":"L318*E318","v":0},0,{"$f":"N318*E318","v":{"v":12369.24,"d":"12,369"}},{"$f":"O318*E318","v":0},{"$f":"P318*E318","v":0},{"$f":"Q318*E318","v":0},{"$f":"R318*E318","v":0},{"$f":"S318*E318","v":0},{"$f":"T318*E318","v":0},{"$f":"W318*E318","v":0},{"$f":"X318*E318","v":0},{"$f":"Y318*E318","v":0},{"v":12369.24,"d":"12,369"},{"$f":"+E318*Z318","v":{"v":12369.24,"d":"12,369.24"}}]
[null,"       Install","each",1,{"v":1250,"d":"1,250.00"},{"v":1250,"d":"1,250.00"},{"$f":"+'Block Breakdown This'!G319+'Block Breakdown Prev'!G319","v":{"v":0,"d":"0.00"}},{"$f":"+'Block Breakdown This'!H319+'Block Breakdown Prev'!H319","v":{"v":0,"d":"0.00"}},{"$f":"+'Block Breakdown This'!I319+'Block Breakdown Prev'!I319","v":{"v":0,"d":"0.00"}},{"$f":"+'Block Breakdown This'!J319+'Block Breakdown Prev'!J319","v":{"v":0,"d":"0.00"}},{"$f":"+'Block Breakdown This'!K319+'Block Breakdown Prev'!K319","v":{"v":0,"d":"0.00"}},{"$f":"+'Block Breakdown This'!L319+'Block Breakdown Prev'!L319","v":{"v":0,"d":"0.00"}},{"$f":"+'Block Breakdown This'!M319+'Block Breakdown Prev'!M319","v":{"v":0,"d":"0.00"}},{"$f":"+'Block Breakdown This'!N319+'Block Breakdown Prev'!N319","v":{"v":2,"d":"2.00"}},{"$f":"+'Block Breakdown This'!O319+'Block Breakdown Prev'!O319","v":{"v":0,"d":"0.00"}},{"$f":"+'Block Breakdown This'!P319+'Block Breakdown Prev'!P319","v":{"v":0,"d":"0.00"}},{"$f":"+'Block Breakdown This'!Q319+'Block Breakdown Prev'!Q319","v":{"v":0,"d":"0.00"}},{"$f":"+'Block Breakdown This'!R319+'Block Breakdown Prev'!R319","v":{"v":0,"d":"0.00"}},{"$f":"+'Block Breakdown This'!S319+'Block Breakdown Prev'!S319","v":{"v":0,"d":"0.00"}},{"$f":"+'Block Breakdown This'!T319+'Block Breakdown Prev'!T319","v":{"v":0,"d":"0.00"}},{"$f":"+'Block Breakdown This'!U319+'Block Breakdown Prev'!U319","v":{"v":0,"d":"0.00"}},{"$f":"+'Block Breakdown This'!V319+'Block Breakdown Prev'!V319","v":{"v":0,"d":"0.00"}},{"$f":"+'Block Breakdown This'!W319+'Block Breakdown Prev'!W319","v":{"v":0,"d":"0.00"}},{"$f":"+'Block Breakdown This'!X319+'Block Breakdown Prev'!X319","v":{"v":0,"d":"0.00"}},{"$f":"+'Block Breakdown This'!Y319+'Block Breakdown Prev'!Y319","v":{"v":-1,"d":"-1.00"}},{"v":1,"d":"1.00"},{"$f":"G319*E319","v":0},{"$f":"H319*E319","v":0},{"$f":"I319*E319","v":0},{"$f":"J319*E319","v":0},{"$f":"K319*E319","v":0},{"$f":"L319*E319","v":0},0,{"$f":"N319*E319","v":{"v":2500,"d":"2,500"}},{"$f":"O319*E319","v":0},{"$f":"P319*E319","v":0},{"$f":"Q319*E319","v":0},{"$f":"R319*E319","v":0},{"$f":"S319*E319","v":0},{"$f":"T319*E319","v":0},{"$f":"W319*E319","v":0},{"$f":"X319*E319","v":0},{"$f":"Y319*E319","v":{"v":-1250,"d":"-1,250"}},{"$f":"SUM(AA319:AQ319)","v":{"v":1250,"d":"1,250"}},{"$f":"+E319*Z319","v":{"v":1250,"d":"1,250.00"}}]
[]
[]
[null,"Amount Carried Forward",{"$nulls":3},{"$f":"SUM(F270:F321)","v":{"v":3576008.6000000015,"d":"3,576,008.60"}},{"$nulls":38},{"$f":"SUM(AS270:AS321)","v":{"v":2967174.9400000013,"d":"2,967,174.94"}}]
[]
["MAIN HOSPITAL ELECTRICAL INSTALLATION"]
["CECILIA MAKIWANE HOSPITAL : PHASE 4C"]
[]
["BILL NO. 2 : DISTRIBUTION BOARDS"]
["ITEM","DESCRIPTION","UNIT","QTY","RATE","TENDER AMOUNT","A-LV05","B-LV04","D-LV03","E1-LV03","E2","F1","F2","G1","G2","H1","H2","J1","J2","J3","Substation","G/House","K","N","Other","Total Qty","A","B","D","E1","E2","F1","F2","G1","G2","H1","H2","J1","J2","J3","K","N","Other","Total Amount","Total Claimed"]
[null,"AMOUNT CARRIED FORWARD FROM PREVIOUS BILL",{"$nulls":3},{"$f":"F322","v":{"v":3576008.6000000015,"d":"3,576,008.60"}},{"$nulls":38},{"$f":"AS322","v":{"v":2967174.9400000013,"d":"2,967,174.94"}}]
[]
[2.52,"Theatre DB No 5"]
[null,"       Supply","each",1,{"v":12369.24,"d":"12,369.24"},{"$f":"$D332*E332","v":{"v":12369.24,"d":"12,369.24"}},{"$f":"+'Block Breakdown This'!G$332+'Block Breakdown Prev'!G$332","v":{"v":0,"d":"0.00"}},{"$f":"+'Block Breakdown This'!H332+'Block Breakdown Prev'!H332","v":{"v":0,"d":"0.00"}},{"$f":"+'Block Breakdown This'!I332+'Block Breakdown Prev'!I332","v":{"v":0,"d":"0.00"}},{"$f":"+'Block Breakdown This'!J332+'Block Breakdown Prev'!J332","v":{"v":0,"d":"0.00"}},{"$f":"+'Block Breakdown This'!K332+'Block Breakdown Prev'!K332","v":{"v":0,"d":"0.00"}},{"$f":"+'Block Breakdown This'!L332+'Block Breakdown Prev'!L332","v":{"v":0,"d":"0.00"}},{"$f":"+'Block Breakdown This'!M332+'Block Breakdown Prev'!M332","v":{"v":0,"d":"0.00"}},{"$f":"+'Block Breakdown This'!N332+'Block Breakdown Prev'!N332","v":{"v":1,"d":"1.00"}},{"$f":"+'Block Breakdown This'!O332+'Block Breakdown Prev'!O332","v":{"v":0,"d":"0.00"}},{"$f":"+'Block Breakdown This'!P332+'Block Breakdown Prev'!P332","v":{"v":0,"d":"0.00"}},{"$f":"+'Block Breakdown This'!Q332+'Block Breakdown Prev'!Q332","v":{"v":0,"d":"0.00"}},{"$f":"+'Block Breakdown This'!R332+'Block Breakdown Prev'!R332","v":{"v":0,"d":"0.00"}},{"$f":"+'Block Breakdown This'!S332+'Block Breakdown Prev'!S332","v":{"v":0,"d":"0.00"}},{"$f":"+'Block Breakdown This'!T332+'Block Breakdown Prev'!T332","v":{"v":0,"d":"0.00"}},{"$f":"+'Block Breakdown This'!U332+'Block Breakdown Prev'!U332","v":{"v":0,"d":"0.00"}},{"$f":"+'Block Breakdown This'!V332+'Block Breakdown Prev'!V332","v":{"v":0,"d":"0.00"}},{"$f":"+'Block Breakdown This'!W332+'Block Breakdown Prev'!W332","v":{"v":0,"d":"0.00"}},{"$f":"+'Block Breakdown This'!X332+'Block Breakdown Prev'!X332","v":{"v":0,"d":"0.00"}},{"$f":"+'Block Breakdown This'!Y332+'Block Breakdown Prev'!Y332","v":{"v":0,"d":"0.00"}},{"$f":"SUM(G332:Y332)","v":{"v":1,"d":"1.00"}},{"$f":"G332*E332","v":0},{"$f":"H332*E332","v":0},{"$f":"I332*E332","v":0},{"$f":"J332*E332","v":0},{"$f":"K332*E332","v":0},{"$f":"L332*E332","v":0},{"$f":"+M332*E332","v":0},{"$f":"N332*E332","v":{"v":12369.24,"d":"12,369"}},{"$f":"O332*E332","v":0},{"$f":"P332*E332","v":0},{"$f":"Q332*E332","v":0},{"$f":"R332*E332","v":0},{"$f":"S332*E332","v":0},{"$f":"T332*E332","v":0},{"$f":"W332*E332","v":0},{"$f":"X332*E332","v":0},{"$f":"Y332*E332","v":0},{"$f":"SUM(AA332:AQ332)","v":{"v":12369.24,"d":"12,369"}},{"$f":"+E332*Z332","v":{"v":12369.24,"d":"12,369.24"}}]
[null,"       Install","each",1,{"v":1250,"d":"1,250.00"},{"v":1250,"d":"1,250.00"},{"$f":"+'Block Breakdown This'!G333+'Block Breakdown Prev'!G333","v":{"v":0,"d":"0.00"}},{"$f":"+'Block Breakdown This'!H333+'Block Breakdown Prev'!H333","v":{"v":0,"d":"0.00"}},{"$f":"+'Block Breakdown This'!I333+'Block Breakdown Prev'!I333","v":{"v":0,"d":"0.00"}},{"$f":"+'Block Breakdown This'!J333+'Block Breakdown Prev'!J333","v":{"v":0,"d":"0.00"}},{"$f":"+'Block Breakdown This'!K333+'Block Breakdown Prev'!K333","v":{"v":0,"d":"0.00"}},{"$f":"+'Block Breakdown This'!L333+'Block Breakdown Prev'!L333","v":{"v":0,"d":"0.00"}},{"$f":"+'Block Breakdown This'!M333+'Block Breakdown Prev'!M333","v":{"v":0,"d":"0.00"}},{"$f":"+'Block Breakdown This'!N333+'Block Breakdown Prev'!N333","v":{"v":2,"d":"2.00"}},{"$f":"+'Block Breakdown This'!O333+'Block Breakdown Prev'!O333","v":{"v":0,"d":"0.00"}},{"$f":"+'Block Breakdown This'!P333+'Block Breakdown Prev'!P333","v":{"v":0,"d":"0.00"}},{"$f":"+'Block Breakdown This'!Q333+'Block Breakdown Prev'!Q333","v":{"v":0,"d":"0.00"}},{"$f":"+'Block Breakdown This'!R333+'Block Breakdown Prev'!R333","v":{"v":0,"d":"0.00"}},{"$f":"+'Block Breakdown This'!S333+'Block Breakdown Prev'!S333","v":{"v":0,"d":"0.00"}},{"$f":"+'Block Breakdown This'!T333+'Block Breakdown Prev'!T333","v":{"v":0,"d":"0.00"}},{"$f":"+'Block Breakdown This'!U333+'Block Breakdown Prev'!U333","v":{"v":0,"d":"0.00"}},{"$f":"+'Block Breakdown This'!V333+'Block Breakdown Prev'!V333","v":{"v":0,"d":"0.00"}},{"$f":"+'Block Breakdown This'!W333+'Block Breakdown Prev'!W333","v":{"v":0,"d":"0.00"}},{"$f":"+'Block Breakdown This'!X333+'Block Breakdown Prev'!X333","v":{"v":0,"d":"0.00"}},{"$f":"+'Block Breakdown This'!Y333+'Block Breakdown Prev'!Y333","v":{"v":-1,"d":"-1.00"}},{"$f":"SUM(G333:Y333)","v":{"v":1,"d":"1.00"}},{"$f":"G333*E333","v":0},{"$f":"H333*E333","v":0},{"$f":"I333*E333","v":0},{"$f":"J333*E333","v":0},{"$f":"K333*E333","v":0},{"$f":"L333*E333","v":0},0,{"$f":"N333*E333","v":{"v":2500,"d":"2,500"}},{"$f":"O333*E333","v":0},{"$f":"P333*E333","v":0},{"$f":"Q333*E333","v":0},{"$f":"R333*E333","v":0},{"$f":"S333*E333","v":0},{"$f":"T333*E333","v":0},{"$f":"W333*E333","v":0},{"$f":"X333*E333","v":0},{"$f":"Y333*E333","v":{"v":-1250,"d":"-1,250"}},{"$f":"SUM(AA333:AQ333)","v":{"v":1250,"d":"1,250"}},{"$f":"+E333*Z333","v":{"v":1250,"d":"1,250.00"}}]
[{"$nulls":32},0]
[2.53,"Theatre Delivery Ward",{"$nulls":30},0]
[null,"       Supply","each",1,{"v":12369.24,"d":"12,369.24"},{"v":12369.24,"d":"12,369.24"},{"$f":"+'Block Breakdown This'!G336+'Block Breakdown Prev'!G336","v":{"v":0,"d":"0.00"}},{"$f":"+'Block Breakdown This'!H336+'Block Breakdown Prev'!H336","v":{"v":0,"d":"0.00"}},{"$f":"+'Block Breakdown This'!I336+'Block Breakdown Prev'!I336","v":{"v":0,"d":"0.00"}},{"$f":"+'Block Breakdown This'!J336+'Block Breakdown Prev'!J336","v":{"v":0,"d":"0.00"}},{"$f":"+'Block Breakdown This'!K336+'Block Breakdown Prev'!K336","v":{"v":0,"d":"0.00"}},{"$f":"+'Block Breakdown This'!L336+'Block Breakdown Prev'!L336","v":{"v":0,"d":"0.00"}},{"$f":"+'Block Breakdown This'!M336+'Block Breakdown Prev'!M336","v":{"v":0,"d":"0.00"}},{"$f":"+'Block Breakdown This'!N336+'Block Breakdown Prev'!N336","v":{"v":0,"d":"0.00"}},{"$f":"+'Block Breakdown This'!O336+'Block Breakdown Prev'!O336","v":{"v":0,"d":"0.00"}},{"$f":"+'Block Breakdown This'!P336+'Block Breakdown Prev'!P336","v":{"v":0,"d":"0.00"}},{"$f":"+'Block Breakdown This'!Q336+'Block Breakdown Prev'!Q336","v":{"v":0,"d":"0.00"}},{"$f":"+'Block Breakdown This'!R336+'Block Breakdown Prev'!R336","v":{"v":0,"d":"0.00"}},{"$f":"+'Block Breakdown This'!S336+'Block Breakdown Prev'!S336","v":{"v":0,"d":"0.00"}},{"$f":"+'Block Breakdown This'!T336+'Block Breakdown Prev'!T336","v":{"v":0,"d":"0.00"}},{"$f":"+'Block Breakdown This'!U336+'Block Breakdown Prev'!U336","v":{"v":0,"d":"0.00"}},{"$f":"+'Block Breakdown This'!V336+'Block Breakdown Prev'!V336","v":{"v":0,"d":"0.00"}},{"$f":"+'Block Breakdown This'!W336+'Block Breakdown Prev'!W336","v":{"v":0,"d":"0.00"}},{"$f":"+'Block Breakdown This'!X336+'Block Breakdown Prev'!X336","v":{"v":0,"d":"0.00"}},{"$f":"+'Block Breakdown This'!Y336+'Block Breakdown Prev'!Y336","v":{"v":1,"d":"1.00"}},{"v":1,"d":"1.00"},{"$f":"G336*E336","v":0},{"$f":"H336*E336","v":0},{"$f":"I336*E336","v":0},{"$f":"J336*E336","v":0},{"$f":"K336*E336","v":0},{"$f":"L336*E336","v":0},0,{"$f":"N336*E336","v":0},{"$f":"O336*E336","v":0},{"$f":"P336*E336","v":0},{"$f":"Q336*E336","v":0},{"$f":"R336*E336","v":0},{"$f":"S336*E336","v":0},{"$f":"T336*E336","v":0},{"$f":"W336*E336","v":0},{"$f":"X336*E336","v":0},{"$f":"Y336*E336","v":{"v":12369.24,"d":"12,369"}},{"v":12369.24,"d":"12,369"},{"$f":"+E336*Z336","v":{"v":12369.24,"d":"12,369.24"}}]
[null,"       Install","each",1,{"v":1250,"d":"1,250.00"},{"v":1250,"d":"1,250.00"},{"$f":"+'Block Breakdown This'!G337+'Block Breakdown Prev'!G337","v":{"v":0,"d":"0.00"}},{"$f":"+'Block Breakdown This'!H337+'Block Breakdown Prev'!H337","v":{"v":0,"d":"0.00"}},{"$f":"+'Block Breakdown This'!I337+'Block Breakdown Prev'!I337","v":{"v":0,"d":"0.00"}},{"$f":"+'Block Breakdown This'!J337+'Block Breakdown Prev'!J337","v":{"v":0,"d":"0.00"}},{"$f":"+'Block Breakdown This'!K337+'Block Breakdown Prev'!K337","v":{"v":0,"d":"0.00"}},{"$f":"+'Block Breakdown This'!L337+'Block Breakdown Prev'!L337","v":{"v":0,"d":"0.00"}},{"$f":"+'Block Breakdown This'!M337+'Block Breakdown Prev'!M337","v":{"v":0,"d":"0.00"}},{"$f":"+'Block Breakdown This'!N337+'Block Breakdown Prev'!N337","v":{"v":1,"d":"1.00"}},{"$f":"+'Block Breakdown This'!O337+'Block Breakdown Prev'!O337","v":{"v":0,"d":"0.00"}},{"$f":"+'Block Breakdown This'!P337+'Block Breakdown Prev'!P337","v":{"v":0,"d":"0.00"}},{"$f":"+'Block Breakdown This'!Q337+'Block Breakdown Prev'!Q337","v":{"v":0,"d":"0.00"}},{"$f":"+'Block Breakdown This'!R337+'Block Breakdown Prev'!R337","v":{"v":0,"d":"0.00"}},{"$f":"+'Block Breakdown This'!S337+'Block Breakdown Prev'!S337","v":{"v":0,"d":"0.00"}},{"$f":"+'Block Breakdown This'!T337+'Block Breakdown Prev'!T337","v":{"v":0,"d":"0.00"}},{"$f":"+'Block Breakdown This'!U337+'Block Breakdown Prev'!U337","v":{"v":0,"d":"0.00"}},{"$f":"+'Block Breakdown This'!V337+'Block Breakdown Prev'!V337","v":{"v":0,"d":"0.00"}},{"$f":"+'Block Breakdown This'!W337+'Block Breakdown Prev'!W337","v":{"v":0,"d":"0.00"}},{"$f":"+'Block Breakdown This'!X337+'Block Breakdown Prev'!X337","v":{"v":0,"d":"0.00"}},{"$f":"+'Block Breakdown This'!Y337+'Block Breakdown Prev'!Y337","v":{"v":0,"d":"0.00"}},{"v":1,"d":"1.00"},{"$f":"G337*E337","v":0},{"$f":"H337*E337","v":0},{"$f":"I337*E337","v":0},{"$f":"J337*E337","v":0},{"$f":"K337*E337","v":0},{"$f":"L337*E337","v":0},0,{"$f":"N337*E337","v":{"v":1250,"d":"1,250"}},{"$f":"O337*E337","v":0},{"$f":"P337*E337","v":0},{"$f":"Q337*E337","v":0},{"$f":"R337*E337","v":0},{"$f":"S337*E337","v":0},{"$f":"T337*E337","v":0},{"$f":"W337*E337","v":0},{"$f":"X337*E337","v":0},{"$f":"Y337*E337","v":0},{"v":1250,"d":"1,250"},{"$f":"+E337*Z337","v":{"v":1250,"d":"1,250.00"}}]
[{"$nulls":32},0]
[2.54,"Theatre A&E",{"$nulls":30},0]
[null,"       Supply","each",1,{"v":12369.24,"d":"12,369.24"},{"v":12369.24,"d":"12,369.24"},{"$f":"+'Block Breakdown This'!G340+'Block Breakdown Prev'!G340","v":{"v":0,"d":"0.00"}},{"$f":"+'Block Breakdown This'!H340+'Block Breakdown Prev'!H340","v":{"v":0,"d":"0.00"}},{"$f":"+'Block Breakdown This'!I340+'Block Breakdown Prev'!I340","v":{"v":0,"d":"0.00"}},{"$f":"+'Block Breakdown This'!J340+'Block Breakdown Prev'!J340","v":{"v":0,"d":"0.00"}},{"$f":"+'Block Breakdown This'!K340+'Block Breakdown Prev'!K340","v":{"v":0,"d":"0.00"}},{"$f":"+'Block Breakdown This'!L340+'Block Breakdown Prev'!L340","v":{"v":0,"d":"0.00"}},{"$f":"+'Block Breakdown This'!M340+'Block Breakdown Prev'!M340","v":{"v":0,"d":"0.00"}},{"$f":"+'Block Breakdown This'!N340+'Block Breakdown Prev'!N340","v":{"v":0,"d":"0.00"}},{"$f":"+'Block Breakdown This'!O340+'Block Breakdown Prev'!O340","v":{"v":0,"d":"0.00"}},{"$f":"+'Block Breakdown This'!P340+'Block Breakdown Prev'!P340","v":{"v":0,"d":"0.00"}},{"$f":"+'Block Breakdown This'!Q340+'Block Breakdown Prev'!Q340","v":{"v":0,"d":"0.00"}},{"$f":"+'Block Breakdown This'!R340+'Block Breakdown Prev'!R340","v":{"v":0,"d":"0.00"}},{"$f":"+'Block Breakdown This'!S340+'Block Breakdown Prev'!S340","v":{"v":0,"d":"0.00"}},{"$f":"+'Block Breakdown This'!T340+'Block Breakdown Prev'!T340","v":{"v":0,"d":"0.00"}},{"$f":"+'Block Breakdown This'!U340+'Block Breakdown Prev'!U340","v":{"v":0,"d":"0.00"}},{"$f":"+'Block Breakdown This'!V340+'Block Breakdown Prev'!V340","v":{"v":0,"d":"0.00"}},{"$f":"+'Block Breakdown This'!W340+'Block Breakdown Prev'!W340","v":{"v":0,"d":"0.00"}},{"$f":"+'Block Breakdown This'!X340+'Block Breakdown Prev'!X340","v":{"v":0,"d":"0.00"}},{"$f":"+'Block Breakdown This'!Y340+'Block Breakdown Prev'!Y340","v":{"v":1,"d":"1.00"}},{"v":1,"d":"1.00"},{"$f":"G340*E340","v":0},{"$f":"H340*E340","v":0},{"$f":"I340*E340","v":0},{"$f":"J340*E340","v":0},{"$f":"K340*E340","v":0},{"$f":"L340*E340","v":0},0,{"$f":"N340*E340","v":0},{"$f":"O340*E340","v":0},{"$f":"P340*E340","v":0},{"$f":"Q340*E340","v":0},{"$f":"R340*E340","v":0},{"$f":"S340*E340","v":0},{"$f":"T340*E340","v":0},{"$f":"W340*E340","v":0},{"$f":"X340*E340","v":0},{"$f":"Y340*E340","v":{"v":12369.24,"d":"12,369"}},{"v":12369.24,"d":"12,369"},{"$f":"+E340*Z340","v":{"v":12369.24,"d":"12,369.24"}}]
[null,"       Install","each",1,{"v":1250,"d":"1,250.00"},{"v":1250,"d":"1,250.00"},{"$f":"+'Block Breakdown This'!G341+'Block Breakdown Prev'!G341","v":{"v":0,"d":"0.00"}},{"$f":"+'Block Breakdown This'!H341+'Block Breakdown Prev'!H341","v":{"v":0,"d":"0.00"}},{"$f":"+'Block Breakdown This'!I341+'Block Breakdown Prev'!I341","v":{"v":0,"d":"0.00"}},{"$f":"+'Block Breakdown This'!J341+'Block Breakdown Prev'!J341","v":{"v":0,"d":"0.00"}},{"$f":"+'Block Breakdown This'!K341+'Block Breakdown Prev'!K341","v":{"v":0,"d":"0.00"}},{"$f":"+'Block Breakdown This'!L341+'Block Breakdown Prev'!L341","v":{"v":0,"d":"0.00"}},{"$f":"+'Block Breakdown This'!M341+'Block Breakdown Prev'!M341","v":{"v":0,"d":"0.00"}},{"$f":"+'Block Breakdown This'!N341+'Block Breakdown Prev'!N341","v":{"v":0,"d":"0.00"}},{"$f":"+'Block Breakdown This'!O341+'Block Breakdown Prev'!O341","v":{"v":0,"d":"0.00"}},{"$f":"+'Block Breakdown This'!P341+'Block Breakdown Prev'!P341","v":{"v":0,"d":"0.00"}},{"$f":"+'Block Breakdown This'!Q341+'Block Breakdown Prev'!Q341","v":{"v":0,"d":"0.00"}},{"$f":"+'Block Breakdown This'!R341+'Block Breakdown Prev'!R341","v":{"v":0,"d":"0.00"}},{"$f":"+'Block Breakdown This'!S341+'Block Breakdown Prev'!S341","v":{"v":0,"d":"0.00"}},{"$f":"+'Block Breakdown This'!T341+'Block Breakdown Prev'!T341","v":{"v":0,"d":"0.00"}},{"$f":"+'Block Breakdown This'!U341+'Block Breakdown Prev'!U341","v":{"v":0,"d":"0.00"}},{"$f":"+'Block Breakdown This'!V341+'Block Breakdown Prev'!V341","v":{"v":0,"d":"0.00"}},{"$f":"+'Block Breakdown This'!W341+'Block Breakdown Prev'!W341","v":{"v":0,"d":"0.00"}},{"$f":"+'Block Breakdown This'!X341+'Block Breakdown Prev'!X341","v":{"v":0,"d":"0.00"}},{"$f":"+'Block Breakdown This'!Y341+'Block Breakdown Prev'!Y341","v":{"v":1,"d":"1.00"}},{"v":1,"d":"1.00"},{"$f":"G341*E341","v":0},{"$f":"H341*E341","v":0},{"$f":"I341*E341","v":0},{"$f":"J341*E341","v":0},{"$f":"K341*E341","v":0},{"$f":"L341*E341","v":0},0,{"$f":"N341*E341","v":0},{"$f":"O341*E341","v":0},{"$f":"P341*E341","v":0},{"$f":"Q341*E341","v":0},{"$f":"R341*E341","v":0},{"$f":"S341*E341","v":0},{"$f":"T341*E341","v":0},{"$f":"W341*E341","v":0},{"$f":"X341*E341","v":0},{"$f":"Y341*E341","v":{"v":1250,"d":"1,250"}},{"v":1250,"d":"1,250"},{"$f":"+E341*Z341","v":{"v":1250,"d":"1,250.00"}}]
[{"$nulls":32},0]
[2.55,"Roof Plantroom DB No 1",{"$nulls":30},0]
[null,"       Supply","each",1,{"v":9377.1,"d":"9,377.10"},{"v":9377.1,"d":"9,377.10"},{"$f":"+'Block Breakdown This'!G344+'Block Breakdown Prev'!G344","v":{"v":0,"d":"0.00"}},{"$f":"+'Block Breakdown This'!H344+'Block Breakdown Prev'!H344","v":{"v":0,"d":"0.00"}},{"$f":"+'Block Breakdown This'!I344+'Block Breakdown Prev'!I344","v":{"v":0,"d":"0.00"}},{"$f":"+'Block Breakdown This'!J344+'Block Breakdown Prev'!J344","v":{"v":0,"d":"0.00"}},{"$f":"+'Block Breakdown This'!K344+'Block Breakdown Prev'!K344","v":{"v":0,"d":"0.00"}},{"$f":"+'Block Breakdown This'!L344+'Block Breakdown Prev'!L344","v":{"v":0,"d":"0.00"}},{"$f":"+'Block Breakdown This'!M344+'Block Breakdown Prev'!M344","v":{"v":0,"d":"0.00"}},{"$f":"+'Block Breakdown This'!N344+'Block Breakdown Prev'!N344","v":{"v":0,"d":"0.00"}},{"$f":"+'Block Breakdown This'!O344+'Block Breakdown Prev'!O344","v":{"v":0,"d":"0.00"}},{"$f":"+'Block Breakdown This'!P344+'Block Breakdown Prev'!P344","v":{"v":0,"d":"0.00"}},{"$f":"+'Block Breakdown This'!Q344+'Block Breakdown Prev'!Q344","v":{"v":0,"d":"0.00"}},{"$f":"+'Block Breakdown This'!R344+'Block Breakdown Prev'!R344","v":{"v":0,"d":"0.00"}},{"$f":"+'Block Breakdown This'!S344+'Block Breakdown Prev'!S344","v":{"v":0,"d":"0.00"}},{"$f":"+'Block Breakdown This'!T344+'Block Breakdown Prev'!T344","v":{"v":0,"d":"0.00"}},{"$f":"+'Block Breakdown This'!U344+'Block Breakdown Prev'!U344","v":{"v":0,"d":"0.00"}},{"$f":"+'Block Breakdown This'!V344+'Block Breakdown Prev'!V344","v":{"v":0,"d":"0.00"}},{"$f":"+'Block Breakdown This'!W344+'Block Breakdown Prev'!W344","v":{"v":0,"d":"0.00"}},{"$f":"+'Block Breakdown This'!X344+'Block Breakdown Prev'!X344","v":{"v":0,"d":"0.00"}},{"$f":"+'Block Breakdown This'!Y344+'Block Breakdown Prev'!Y344","v":{"v":0,"d":"0.00"}},{"v":0,"d":"0.00"},{"$f":"G344*E344","v":0},{"$f":"H344*E344","v":0},{"$f":"I344*E344","v":0},{"$f":"J344*E344","v":0},{"$f":"K344*E344","v":0},{"$f":"L344*E344","v":0},0,{"$f":"N344*E344","v":0},{"$f":"O344*E344","v":0},{"$f":"P344*E344","v":0},{"$f":"Q344*E344","v":0},{"$f":"R344*E344","v":0},{"$f":"S344*E344","v":0},{"$f":"T344*E344","v":0},{"$f":"W344*E344","v":0},{"$f":"X344*E344","v":0},{"$f":"Y344*E344","v":0},0,{"$f":"+E344*Z344","v":{"v":0,"d":"0.00"}}]
[null,"       Install","each",1,{"v":1250,"d":"1,250.00"},{"v":1250,"d":"1,250.00"},{"$f":"+'Block Breakdown This'!G345+'Block Breakdown Prev'!G345","v":{"v":0,"d":"0.00"}},{"$f":"+'Block Breakdown This'!H345+'Block Breakdown Prev'!H345","v":{"v":0,"d":"0.00"}},{"$f":"+'Block Breakdown This'!I345+'Block Breakdown Prev'!I345","v":{"v":0,"d":"0.00"}},{"$f":"+'Block Breakdown This'!J345+'Block Breakdown Prev'!J345","v":{"v":0,"d":"0.00"}},{"$f":"+'Block Breakdown This'!K345+'Block Breakdown Prev'!K345","v":{"v":0,"d":"0.00"}},{"$f":"+'Block Breakdown This'!L345+'Block Breakdown Prev'!L345","v":{"v":0,"d":"0.00"}},{"$f":"+'Block Breakdown This'!M345+'Block Breakdown Prev'!M345","v":{"v":0,"d":"0.00"}},{"$f":"+'Block Breakdown This'!N345+'Block Breakdown Prev'!N345","v":{"v":0,"d":"0.00"}},{"$f":"+'Block Breakdown This'!O345+'Block Breakdown Prev'!O345","v":{"v":0,"d":"0.00"}},{"$f":"+'Block Breakdown This'!P345+'Block Breakdown Prev'!P345","v":{"v":0,"d":"0.00"}},{"$f":"+'Block Breakdown This'!Q345+'Block Breakdown Prev'!Q345","v":{"v":0,"d":"0.00"}},{"$f":"+'Block Breakdown This'!R345+'Block Breakdown Prev'!R345","v":{"v":0,"d":"0.00"}},{"$f":"+'Block Breakdown This'!S345+'Block Breakdown Prev'!S345","v":{"v":0,"d":"0.00"}},{"$f":"+'Block Breakdown This'!T345+'Block Breakdown Prev'!T345","v":{"v":0,"d":"0.00"}},{"$f":"+'Block Breakdown This'!U345+'Block Breakdown Prev'!U345","v":{"v":0,"d":"0.00"}},{"$f":"+'Block Breakdown This'!V345+'Block Breakdown Prev'!V345","v":{"v":0,"d":"0.00"}},{"$f":"+'Block Breakdown This'!W345+'Block Breakdown Prev'!W345","v":{"v":0,"d":"0.00"}},{"$f":"+'Block Breakdown This'!X345+'Block Breakdown Prev'!X345","v":{"v":0,"d":"0.00"}},{"$f":"+'Block Breakdown This'!Y345+'Block Breakdown Prev'!Y345","v":{"v":0,"d":"0.00"}},{"v":0,"d":"0.00"},{"$f":"G345*E345","v":0},{"$f":"H345*E345","v":0},{"$f":"I345*E345","v":0},{"$f":"J345*E345","v":0},{"$f":"K345*E345","v":0},{"$f":"L345*E345","v":0},0,{"$f":"N345*E345","v":0},{"$f":"O345*E345","v":0},{"$f":"P345*E345","v":0},{"$f":"Q345*E345","v":0},{"$f":"R345*E345","v":0},{"$f":"S345*E345","v":0},{"$f":"T345*E345","v":0},{"$f":"W345*E345","v":0},{"$f":"X345*E345","v":0},{"$f":"Y345*E345","v":0},0,{"$f":"+E345*Z345","v":{"v":0,"d":"0.00"}}]
[{"$nulls":32},0]
[2.56,"Roof Plantroom DB No 2",{"$nulls":30},0]
[null,"       Supply","each",1,{"v":9377.1,"d":"9,377.10"},{"v":9377.1,"d":"9,377.10"},{"$f":"+'Block Breakdown This'!G348+'Block Breakdown Prev'!G348","v":{"v":0,"d":"0.00"}},{"$f":"+'Block Breakdown This'!H348+'Block Breakdown Prev'!H348","v":{"v":0,"d":"0.00"}},{"$f":"+'Block Breakdown This'!I348+'Block Breakdown Prev'!I348","v":{"v":0,"d":"0.00"}},{"$f":"+'Block Breakdown This'!J348+'Block Breakdown Prev'!J348","v":{"v":0,"d":"0.00"}},{"$f":"+'Block Breakdown This'!K348+'Block Breakdown Prev'!K348","v":{"v":0,"d":"0.00"}},{"$f":"+'Block Breakdown This'!L348+'Block Breakdown Prev'!L348","v":{"v":0,"d":"0.00"}},{"$f":"+'Block Breakdown This'!M348+'Block Breakdown Prev'!M348","v":{"v":0,"d":"0.00"}},{"$f":"+'Block Breakdown This'!N348+'Block Breakdown Prev'!N348","v":{"v":0,"d":"0.00"}},{"$f":"+'Block Breakdown This'!O348+'Block Breakdown Prev'!O348","v":{"v":0,"d":"0.00"}},{"$f":"+'Block Breakdown This'!P348+'Block Breakdown Prev'!P348","v":{"v":0,"d":"0.00"}},{"$f":"+'Block Breakdown This'!Q348+'Block Breakdown Prev'!Q348","v":{"v":0,"d":"0.00"}},{"$f":"+'Block Breakdown This'!R348+'Block Breakdown Prev'!R348","v":{"v":0,"d":"0.00"}},{"$f":"+'Block Breakdown This'!S348+'Block Breakdown Prev'!S348","v":{"v":0,"d":"0.00"}},{"$f":"+'Block Breakdown This'!T348+'Block Breakdown Prev'!T348","v":{"v":0,"d":"0.00"}},{"$f":"+'Block Breakdown This'!U348+'Block Breakdown Prev'!U348","v":{"v":0,"d":"0.00"}},{"$f":"+'Block Breakdown This'!V348+'Block Breakdown Prev'!V348","v":{"v":0,"d":"0.00"}},{"$f":"+'Block Breakdown This'!W348+'Block Breakdown Prev'!W348","v":{"v":0,"d":"0.00"}},{"$f":"+'Block Breakdown This'!X348+'Block Breakdown Prev'!X348","v":{"v":0,"d":"0.00"}},{"$f":"+'Block Breakdown This'!Y348+'Block Breakdown Prev'!Y348","v":{"v":0,"d":"0.00"}},{"v":0,"d":"0.00"},{"$f":"G348*E348","v":0},{"$f":"H348*E348","v":0},{"$f":"I348*E348","v":0},{"$f":"J348*E348","v":0},{"$f":"K348*E348","v":0},{"$f":"L348*E348","v":0},0,{"$f":"N348*E348","v":0},{"$f":"O348*E348","v":0},{"$f":"P348*E348","v":0},{"$f":"Q348*E348","v":0},{"$f":"R348*E348","v":0},{"$f":"S348*E348","v":0},{"$f":"T348*E348","v":0},{"$f":"W348*E348","v":0},{"$f":"X348*E348","v":0},{"$f":"Y348*E348","v":0},0,{"$f":"+E348*Z348","v":{"v":0,"d":"0.00"}}]
[null,"       Install","each",1,{"v":1250,"d":"1,250.00"},{"v":1250,"d":"1,250.00"},{"$f":"+'Block Breakdown This'!G349+'Block Breakdown Prev'!G349","v":{"v":0,"d":"0.00"}},{"$f":"+'Block Breakdown This'!H349+'Block Breakdown Prev'!H349","v":{"v":0,"d":"0.00"}},{"$f":"+'Block Breakdown This'!I349+'Block Breakdown Prev'!I349","v":{"v":0,"d":"0.00"}},{"$f":"+'Block Breakdown This'!J349+'Block Breakdown Prev'!J349","v":{"v":0,"d":"0.00"}},{"$f":"+'Block Breakdown This'!K349+'Block Breakdown Prev'!K349","v":{"v":0,"d":"0.00"}},{"$f":"+'Block Breakdown This'!L349+'Block Breakdown Prev'!L349","v":{"v":0,"d":"0.00"}},{"$f":"+'Block Breakdown This'!M349+'Block Breakdown Prev'!M349","v":{"v":0,"d":"0.00"}},{"$f":"+'Block Breakdown This'!N349+'Block Breakdown Prev'!N349","v":{"v":0,"d":"0.00"}},{"$f":"+'Block Breakdown This'!O349+'Block Breakdown Prev'!O349","v":{"v":0,"d":"0.00"}},{"$f":"+'Block Breakdown This'!P349+'Block Breakdown Prev'!P349","v":{"v":0,"d":"0.00"}},{"$f":"+'Block Breakdown This'!Q349+'Block Breakdown Prev'!Q349","v":{"v":0,"d":"0.00"}},{"$f":"+'Block Breakdown This'!R349+'Block Breakdown Prev'!R349","v":{"v":0,"d":"0.00"}},{"$f":"+'Block Breakdown This'!S349+'Block Breakdown Prev'!S349","v":{"v":0,"d":"0.00"}},{"$f":"+'Block Breakdown This'!T349+'Block Breakdown Prev'!T349","v":{"v":0,"d":"0.00"}},{"$f":"+'Block Breakdown This'!U349+'Block Breakdown Prev'!U349","v":{"v":0,"d":"0.00"}},{"$f":"+'Block Breakdown This'!V349+'Block Breakdown Prev'!V349","v":{"v":0,"d":"0.00"}},{"$f":"+'Block Breakdown This'!W349+'Block Breakdown Prev'!W349","v":{"v":0,"d":"0.00"}},{"$f":"+'Block Breakdown This'!X349+'Block Breakdown Prev'!X349","v":{"v":0,"d":"0.00"}},{"$f":"+'Block Breakdown This'!Y349+'Block Breakdown Prev'!Y349","v":{"v":0,"d":"0.00"}},{"v":0,"d":"0.00"},{"$f":"G349*E349","v":0},{"$f":"H349*E349","v":0},{"$f":"I349*E349","v":0},{"$f":"J349*E349","v":0},{"$f":"K349*E349","v":0},{"$f":"L349*E349","v":0},0,{"$f":"N349*E349","v":0},{"$f":"O349*E349","v":0},{"$f":"P349*E349","v":0},{"$f":"Q349*E349","v":0},{"$f":"R349*E349","v":0},{"$f":"S349*E349","v":0},{"$f":"T349*E349","v":0},{"$f":"W349*E349","v":0},{"$f":"X349*E349","v":0},{"$f":"Y349*E349","v":0},0,{"$f":"+E349*Z349","v":{"v":0,"d":"0.00"}}]
[{"$nulls":32},0]
[2.57,"Roof Plantroom DB No 3",{"$nulls":30},0]
[null,"       Supply","each",1,{"v":9377.1,"d":"9,377.10"},{"v":9377.1,"d":"9,377.10"},{"$f":"+'Block Breakdown This'!G352+'Block Breakdown Prev'!G352","v":{"v":0,"d":"0.00"}},{"$f":"+'Block Breakdown This'!H352+'Block Breakdown Prev'!H352","v":{"v":0,"d":"0.00"}},{"$f":"+'Block Breakdown This'!I352+'Block Breakdown Prev'!I352","v":{"v":0,"d":"0.00"}},{"$f":"+'Block Breakdown This'!J352+'Block Breakdown Prev'!J352","v":{"v":0,"d":"0.00"}},{"$f":"+'Block Breakdown This'!K352+'Block Breakdown Prev'!K352","v":{"v":0,"d":"0.00"}},{"$f":"+'Block Breakdown This'!L352+'Block Breakdown Prev'!L352","v":{"v":0,"d":"0.00"}},{"$f":"+'Block Breakdown This'!M352+'Block Breakdown Prev'!M352","v":{"v":0,"d":"0.00"}},{"$f":"+'Block Breakdown This'!N352+'Block Breakdown Prev'!N352","v":{"v":0,"d":"0.00"}},{"$f":"+'Block Breakdown This'!O352+'Block Breakdown Prev'!O352","v":{"v":0,"d":"0.00"}},{"$f":"+'Block Breakdown This'!P352+'Block Breakdown Prev'!P352","v":{"v":0,"d":"0.00"}},{"$f":"+'Block Breakdown This'!Q352+'Block Breakdown Prev'!Q352","v":{"v":0,"d":"0.00"}},{"$f":"+'Block Breakdown This'!R352+'Block Breakdown Prev'!R352","v":{"v":0,"d":"0.00"}},{"$f":"+'Block Breakdown This'!S352+'Block Breakdown Prev'!S352","v":{"v":0,"d":"0.00"}},{"$f":"+'Block Breakdown This'!T352+'Block Breakdown Prev'!T352","v":{"v":0,"d":"0.00"}},{"$f":"+'Block Breakdown This'!U352+'Block Breakdown Prev'!U352","v":{"v":0,"d":"0.00"}},{"$f":"+'Block Breakdown This'!V352+'Block Breakdown Prev'!V352","v":{"v":0,"d":"0.00"}},{"$f":"+'Block Breakdown This'!W352+'Block Breakdown Prev'!W352","v":{"v":0,"d":"0.00"}},{"$f":"+'Block Breakdown This'!X352+'Block Breakdown Prev'!X352","v":{"v":0,"d":"0.00"}},{"$f":"+'Block Breakdown This'!Y352+'Block Breakdown Prev'!Y352","v":{"v":0,"d":"0.00"}},{"v":0,"d":"0.00"},{"$f":"G352*E352","v":0},{"$f":"H352*E352","v":0},{"$f":"I352*E352","v":0},{"$f":"J352*E352","v":0},{"$f":"K352*E352","v":0},{"$f":"L352*E352","v":0},0,{"$f":"N352*E352","v":0},{"$f":"O352*E352","v":0},{"$f":"P352*E352","v":0},{"$f":"Q352*E352","v":0},{"$f":"R352*E352","v":0},{"$f":"S352*E352","v":0},{"$f":"T352*E352","v":0},{"$f":"W352*E352","v":0},{"$f":"X352*E352","v":0},{"$f":"Y352*E352","v":0},0,{"$f":"+E352*Z352","v":{"v":0,"d":"0.00"}}]
[null,"       Install","each",1,{"v":1250,"d":"1,250.00"},{"v":1250,"d":"1,250.00"},{"$f":"+'Block Breakdown This'!G353+'Block Breakdown Prev'!G353","v":{"v":0,"d":"0.00"}},{"$f":"+'Block Breakdown This'!H353+'Block Breakdown Prev'!H353","v":{"v":0,"d":"0.00"}},{"$f":"+'Block Breakdown This'!I353+'Block Breakdown Prev'!I353","v":{"v":0,"d":"0.00"}},{"$f":"+'Block Breakdown This'!J353+'Block Breakdown Prev'!J353","v":{"v":0,"d":"0.00"}},{"$f":"+'Block Breakdown This'!K353+'Block Breakdown Prev'!K353","v":{"v":0,"d":"0.00"}},{"$f":"+'Block Breakdown This'!L353+'Block Breakdown Prev'!L353","v":{"v":0,"d":"0.00"}},{"$f":"+'Block Breakdown This'!M353+'Block Breakdown Prev'!M353","v":{"v":0,"d":"0.00"}},{"$f":"+'Block Breakdown This'!N353+'Block Breakdown Prev'!N353","v":{"v":0,"d":"0.00"}},{"$f":"+'Block Breakdown This'!O353+'Block Breakdown Prev'!O353","v":{"v":0,"d":"0.00"}},{"$f":"+'Block Breakdown This'!P353+'Block Breakdown Prev'!P353","v":{"v":0,"d":"0.00"}},{"$f":"+'Block Breakdown This'!Q353+'Block Breakdown Prev'!Q353","v":{"v":0,"d":"0.00"}},{"$f":"+'Block Breakdown This'!R353+'Block Breakdown Prev'!R353","v":{"v":0,"d":"0.00"}},{"$f":"+'Block Breakdown This'!S353+'Block Breakdown Prev'!S353","v":{"v":0,"d":"0.00"}},{"$f":"+'Block Breakdown This'!T353+'Block Breakdown Prev'!T353","v":{"v":0,"d":"0.00"}},{"$f":"+'Block Breakdown This'!U353+'Block Breakdown Prev'!U353","v":{"v":0,"d":"0.00"}},{"$f":"+'Block Breakdown This'!V353+'Block Breakdown Prev'!V353","v":{"v":0,"d":"0.00"}},{"$f":"+'Block Breakdown This'!W353+'Block Breakdown Prev'!W353","v":{"v":0,"d":"0.00"}},{"$f":"+'Block Breakdown This'!X353+'Block Breakdown Prev'!X353","v":{"v":0,"d":"0.00"}},{"$f":"+'Block Breakdown This'!Y353+'Block Breakdown Prev'!Y353","v":{"v":0,"d":"0.00"}},{"v":0,"d":"0.00"},{"$f":"G353*E353","v":0},{"$f":"H353*E353","v":0},{"$f":"I353*E353","v":0},{"$f":"J353*E353","v":0},{"$f":"K353*E353","v":0},{"$f":"L353*E353","v":0},0,{"$f":"N353*E353","v":0},{"$f":"O353*E353","v":0},{"$f":"P353*E353","v":0},{"$f":"Q353*E353","v":0},{"$f":"R353*E353","v":0},{"$f":"S353*E353","v":0},{"$f":"T353*E353","v":0},{"$f":"W353*E353","v":0},{"$f":"X353*E353","v":0},{"$f":"Y353*E353","v":0},0,{"$f":"+E353*Z353","v":{"v":0,"d":"0.00"}}]
[{"$nulls":32},0]
[2.58,"Roof Plantroom DB No 4",{"$nulls":30},0]
[null,"       Supply","each",1,{"v":9554.77,"d":"9,554.77"},{"v":9554.77,"d":"9,554.77"},{"$f":"+'Block Breakdown This'!G356+'Block Breakdown Prev'!G356","v":{"v":0,"d":"0.00"}},{"$f":"+'Block Breakdown This'!H356+'Block Breakdown Prev'!H356","v":{"v":0,"d":"0.00"}},{"$f":"+'Block Breakdown This'!I356+'Block Breakdown Prev'!I356","v":{"v":0,"d":"0.00"}},{"$f":"+'Block Breakdown This'!J356+'Block Breakdown Prev'!J356","v":{"v":0,"d":"0.00"}},{"$f":"+'Block Breakdown This'!K356+'Block Breakdown Prev'!K356","v":{"v":0,"d":"0.00"}},{"$f":"+'Block Breakdown This'!L356+'Block Breakdown Prev'!L356","v":{"v":0,"d":"0.00"}},{"$f":"+'Block Breakdown This'!M356+'Block Breakdown Prev'!M356","v":{"v":0,"d":"0.00"}},{"$f":"+'Block Breakdown This'!N356+'Block Breakdown Prev'!N356","v":{"v":0,"d":"0.00"}},{"$f":"+'Block Breakdown This'!O356+'Block Breakdown Prev'!O356","v":{"v":0,"d":"0.00"}},{"$f":"+'Block Breakdown This'!P356+'Block Breakdown Prev'!P356","v":{"v":0,"d":"0.00"}},{"$f":"+'Block Breakdown This'!Q356+'Block Breakdown Prev'!Q356","v":{"v":0,"d":"0.00"}},{"$f":"+'Block Breakdown This'!R356+'Block Breakdown Prev'!R356","v":{"v":0,"d":"0.00"}},{"$f":"+'Block Breakdown This'!S356+'Block Breakdown Prev'!S356","v":{"v":0,"d":"0.00"}},{"$f":"+'Block Breakdown This'!T356+'Block Breakdown Prev'!T356","v":{"v":0,"d":"0.00"}},{"$f":"+'Block Breakdown This'!U356+'Block Breakdown Prev'!U356","v":{"v":0,"d":"0.00"}},{"$f":"+'Block Breakdown This'!V356+'Block Breakdown Prev'!V356","v":{"v":0,"d":"0.00"}},{"$f":"+'Block Breakdown This'!W356+'Block Breakdown Prev'!W356","v":{"v":0,"d":"0.00"}},{"$f":"+'Block Breakdown This'!X356+'Block Breakdown Prev'!X356","v":{"v":0,"d":"0.00"}},{"$f":"+'Block Breakdown This'!Y356+'Block Breakdown Prev'!Y356","v":{"v":0,"d":"0.00"}},{"v":0,"d":"0.00"},{"$f":"G356*E356","v":0},{"$f":"H356*E356","v":0},{"$f":"I356*E356","v":0},{"$f":"J356*E356","v":0},{"$f":"K356*E356","v":0},{"$f":"L356*E356","v":0},0,{"$f":"N356*E356","v":0},{"$f":"O356*E356","v":0},{"$f":"P356*E356","v":0},{"$f":"Q356*E356","v":0},{"$f":"R356*E356","v":0},{"$f":"S356*E356","v":0},{"$f":"T356*E356","v":0},{"$f":"W356*E356","v":0},{"$f":"X356*E356","v":0},{"$f":"Y356*E356","v":0},0,{"$f":"+E356*Z356","v":{"v":0,"d":"0.00"}}]
[null,"       Install","each",1,{"v":1250,"d":"1,250.00"},{"v":1250,"d":"1,250.00"},{"$f":"+'Block Breakdown This'!G357+'Block Breakdown Prev'!G357","v":{"v":0,"d":"0.00"}},{"$f":"+'Block Breakdown This'!H357+'Block Breakdown Prev'!H357","v":{"v":0,"d":"0.00"}},{"$f":"+'Block Breakdown This'!I357+'Block Breakdown Prev'!I357","v":{"v":0,"d":"0.00"}},{"$f":"+'Block Breakdown This'!J357+'Block Breakdown Prev'!J357","v":{"v":0,"d":"0.00"}},{"$f":"+'Block Breakdown This'!K357+'Block Breakdown Prev'!K357","v":{"v":0,"d":"0.00"}},{"$f":"+'Block Breakdown This'!L357+'Block Breakdown Prev'!L357","v":{"v":0,"d":"0.00"}},{"$f":"+'Block Breakdown This'!M357+'Block Breakdown Prev'!M357","v":{"v":0,"d":"0.00"}},{"$f":"+'Block Breakdown This'!N357+'Block Breakdown Prev'!N357","v":{"v":0,"d":"0.00"}},{"$f":"+'Block Breakdown This'!O357+'Block Breakdown Prev'!O357","v":{"v":0,"d":"0.00"}},{"$f":"+'Block Breakdown This'!P357+'Block Breakdown Prev'!P357","v":{"v":0,"d":"0.00"}},{"$f":"+'Block Breakdown This'!Q357+'Block Breakdown Prev'!Q357","v":{"v":0,"d":"0.00"}},{"$f":"+'Block Breakdown This'!R357+'Block Breakdown Prev'!R357","v":{"v":0,"d":"0.00"}},{"$f":"+'Block Breakdown This'!S357+'Block Breakdown Prev'!S357","v":{"v":0,"d":"0.00"}},{"$f":"+'Block Breakdown This'!T357+'Block Breakdown Prev'!T357","v":{"v":0,"d":"0.00"}},{"$f":"+'Block Breakdown This'!U357+'Block Breakdown Prev'!U357","v":{"v":0,"d":"0.00"}},{"$f":"+'Block Breakdown This'!V357+'Block Breakdown Prev'!V357","v":{"v":0,"d":"0.00"}},{"$f":"+'Block Breakdown This'!W357+'Block Breakdown Prev'!W357","v":{"v":0,"d":"0.00"}},{"$f":"+'Block Breakdown This'!X357+'Block Breakdown Prev'!X357","v":{"v":0,"d":"0.00"}},{"$f":"+'Block Breakdown This'!Y357+'Block Breakdown Prev'!Y357","v":{"v":0,"d":"0.00"}},{"v":0,"d":"0.00"},{"$f":"G357*E357","v":0},{"$f":"H357*E357","v":0},{"$f":"I357*E357","v":0},{"$f":"J357*E357","v":0},{"$f":"K357*E357","v":0},{"$f":"L357*E357","v":0},0,{"$f":"N357*E357","v":0},{"$f":"O357*E357","v":0},{"$f":"P357*E357","v":0},{"$f":"Q357*E357","v":0},{"$f":"R357*E357","v":0},{"$f":"S357*E357","v":0},{"$f":"T357*E357","v":0},{"$f":"W357*E357","v":0},{"$f":"X357*E357","v":0},{"$f":"Y357*E357","v":0},0,{"$f":"+E357*Z357","v":{"v":0,"d":"0.00"}}]
[{"$nulls":32},0,{"$nulls":11}," "]
[2.59,"Roof Plantroom DB No 5",{"$nulls":30},0,{"$nulls":11}," "]
[null,"       Supply","each",1,{"v":9294.51,"d":"9,294.51"},{"v":9294.51,"d":"9,294.51"},{"$f":"+'Block Breakdown This'!G360+'Block Breakdown Prev'!G360","v":{"v":0,"d":"0.00"}},{"$f":"+'Block Breakdown This'!H360+'Block Breakdown Prev'!H360","v":{"v":0,"d":"0.00"}},{"$f":"+'Block Breakdown This'!I360+'Block Breakdown Prev'!I360","v":{"v":0,"d":"0.00"}},{"$f":"+'Block Breakdown This'!J360+'Block Breakdown Prev'!J360","v":{"v":0,"d":"0.00"}},{"$f":"+'Block Breakdown This'!K360+'Block Breakdown Prev'!K360","v":{"v":0,"d":"0.00"}},{"$f":"+'Block Breakdown This'!L360+'Block Breakdown Prev'!L360","v":{"v":0,"d":"0.00"}},{"$f":"+'Block Breakdown This'!M360+'Block Breakdown Prev'!M360","v":{"v":0,"d":"0.00"}},{"$f":"+'Block Breakdown This'!N360+'Block Breakdown Prev'!N360","v":{"v":0,"d":"0.00"}},{"$f":"+'Block Breakdown This'!O360+'Block Breakdown Prev'!O360","v":{"v":0,"d":"0.00"}},{"$f":"+'Block Breakdown This'!P360+'Block Breakdown Prev'!P360","v":{"v":0,"d":"0.00"}},{"$f":"+'Block Breakdown This'!Q360+'Block Breakdown Prev'!Q360","v":{"v":0,"d":"0.00"}},{"$f":"+'Block Breakdown This'!R360+'Block Breakdown Prev'!R360","v":{"v":0,"d":"0.00"}},{"$f":"+'Block Breakdown This'!S360+'Block Breakdown Prev'!S360","v":{"v":0,"d":"0.00"}},{"$f":"+'Block Breakdown This'!T360+'Block Breakdown Prev'!T360","v":{"v":0,"d":"0.00"}},{"$f":"+'Block Breakdown This'!U360+'Block Breakdown Prev'!U360","v":{"v":0,"d":"0.00"}},{"$f":"+'Block Breakdown This'!V360+'Block Breakdown Prev'!V360","v":{"v":0,"d":"0.00"}},{"$f":"+'Block Breakdown This'!W360+'Block Breakdown Prev'!W360","v":{"v":0,"d":"0.00"}},{"$f":"+'Block Breakdown This'!X360+'Block Breakdown Prev'!X360","v":{"v":0,"d":"0.00"}},{"$f":"+'Block Breakdown This'!Y360+'Block Breakdown Prev'!Y360","v":{"v":0,"d":"0.00"}},{"v":0,"d":"0.00"},{"$f":"G360*E360","v":0},{"$f":"H360*E360","v":0},{"$f":"I360*E360","v":0},{"$f":"J360*E360","v":0},{"$f":"K360*E360","v":0},{"$f":"L360*E360","v":0},0,{"$f":"N360*E360","v":0},{"$f":"O360*E360","v":0},{"$f":"P360*E360","v":0},{"$f":"Q360*E360","v":0},{"$f":"R360*E360","v":0},{"$f":"S360*E360","v":0},{"$f":"T360*E360","v":0},{"$f":"W360*E360","v":0},{"$f":"X360*E360","v":0},{"$f":"Y360*E360","v":0},0,{"$f":"+E360*Z360","v":{"v":0,"d":"0.00"}}]
[null,"       Install","each",1,{"v":1250,"d":"1,250.00"},{"v":1250,"d":"1,250.00"},{"$f":"+'Block Breakdown This'!G361+'Block Breakdown Prev'!G361","v":{"v":0,"d":"0.00"}},{"$f":"+'Block Breakdown This'!H361+'Block Breakdown Prev'!H361","v":{"v":0,"d":"0.00"}},{"$f":"+'Block Breakdown This'!I361+'Block Breakdown Prev'!I361","v":{"v":0,"d":"0.00"}},{"$f":"+'Block Breakdown This'!J361+'Block Breakdown Prev'!J361","v":{"v":0,"d":"0.00"}},{"$f":"+'Block Breakdown This'!K361+'Block Breakdown Prev'!K361","v":{"v":0,"d":"0.00"}},{"$f":"+'Block Breakdown This'!L361+'Block Breakdown Prev'!L361","v":{"v":0,"d":"0.00"}},{"$f":"+'Block Breakdown This'!M361+'Block Breakdown Prev'!M361","v":{"v":0,"d":"0.00"}},{"$f":"+'Block Breakdown This'!N361+'Block Breakdown Prev'!N361","v":{"v":0,"d":"0.00"}},{"$f":"+'Block Breakdown This'!O361+'Block Breakdown Prev'!O361","v":{"v":0,"d":"0.00"}},{"$f":"+'Block Breakdown This'!P361+'Block Breakdown Prev'!P361","v":{"v":0,"d":"0.00"}},{"$f":"+'Block Breakdown This'!Q361+'Block Breakdown Prev'!Q361","v":{"v":0,"d":"0.00"}},{"$f":"+'Block Breakdown This'!R361+'Block Breakdown Prev'!R361","v":{"v":0,"d":"0.00"}},{"$f":"+'Block Breakdown This'!S361+'Block Breakdown Prev'!S361","v":{"v":0,"d":"0.00"}},{"$f":"+'Block Breakdown This'!T361+'Block Breakdown Prev'!T361","v":{"v":0,"d":"0.00"}},{"$f":"+'Block Breakdown This'!U361+'Block Breakdown Prev'!U361","v":{"v":0,"d":"0.00"}},{"$f":"+'Block Breakdown This'!V361+'Block Breakdown Prev'!V361","v":{"v":0,"d":"0.00"}},{"$f":"+'Block Breakdown This'!W361+'Block Breakdown Prev'!W361","v":{"v":0,"d":"0.00"}},{"$f":"+'Block Breakdown This'!X361+'Block Breakdown Prev'!X361","v":{"v":0,"d":"0.00"}},{"$f":"+'Block Breakdown This'!Y361+'Block Breakdown Prev'!Y361","v":{"v":0,"d":"0.00"}},{"v":0,"d":"0.00"},{"$f":"G361*E361","v":0},{"$f":"H361*E361","v":0},{"$f":"I361*E361","v":0},{"$f":"J361*E361","v":0},{"$f":"K361*E361","v":0},{"$f":"L361*E361","v":0},0,{"$f":"N361*E361","v":0},{"$f":"O361*E361","v":0},{"$f":"P361*E361","v":0},{"$f":"Q361*E361","v":0},{"$f":"R361*E361","v":0},{"$f":"S361*E361","v":0},{"$f":"T361*E361","v":0},{"$f":"W361*E361","v":0},{"$f":"X361*E361","v":0},{"$f":"Y361*E361","v":0},0,{"$f":"+E361*Z361","v":{"v":0,"d":"0.00"}}]
[{"$nulls":32},0,{"$nulls":11}," "]
[{"v":2.6,"d":"2.60"},"Roof Plantroom DB No 6",{"$nulls":30},0,{"$nulls":11}," "]
[null,"       Supply","each",1,{"v":9294.51,"d":"9,294.51"},{"v":9294.51,"d":"9,294.51"},{"$f":"+'Block Breakdown This'!G364+'Block Breakdown Prev'!G364","v":{"v":0,"d":"0.00"}},{"$f":"+'Block Breakdown This'!H364+'Block Breakdown Prev'!H364","v":{"v":0,"d":"0.00"}},{"$f":"+'Block Breakdown This'!I364+'Block Breakdown Prev'!I364","v":{"v":0,"d":"0.00"}},{"$f":"+'Block Breakdown This'!J364+'Block Breakdown Prev'!J364","v":{"v":0,"d":"0.00"}},{"$f":"+'Block Breakdown This'!K364+'Block Breakdown Prev'!K364","v":{"v":0,"d":"0.00"}},{"$f":"+'Block Breakdown This'!L364+'Block Breakdown Prev'!L364","v":{"v":0,"d":"0.00"}},{"$f":"+'Block Breakdown This'!M364+'Block Breakdown Prev'!M364","v":{"v":0,"d":"0.00"}},{"$f":"+'Block Breakdown This'!N364+'Block Breakdown Prev'!N364","v":{"v":0,"d":"0.00"}},{"$f":"+'Block Breakdown This'!O364+'Block Breakdown Prev'!O364","v":{"v":0,"d":"0.00"}},{"$f":"+'Block Breakdown This'!P364+'Block Breakdown Prev'!P364","v":{"v":0,"d":"0.00"}},{"$f":"+'Block Breakdown This'!Q364+'Block Breakdown Prev'!Q364","v":{"v":0,"d":"0.00"}},{"$f":"+'Block Breakdown This'!R364+'Block Breakdown Prev'!R364","v":{"v":0,"d":"0.00"}},{"$f":"+'Block Breakdown This'!S364+'Block Breakdown Prev'!S364","v":{"v":0,"d":"0.00"}},{"$f":"+'Block Breakdown This'!T364+'Block Breakdown Prev'!T364","v":{"v":0,"d":"0.00"}},{"$f":"+'Block Breakdown This'!U364+'Block Breakdown Prev'!U364","v":{"v":0,"d":"0.00"}},{"$f":"+'Block Breakdown This'!V364+'Block Breakdown Prev'!V364","v":{"v":0,"d":"0.00"}},{"$f":"+'Block Breakdown This'!W364+'Block Breakdown Prev'!W364","v":{"v":0,"d":"0.00"}},{"$f":"+'Block Breakdown This'!X364+'Block Breakdown Prev'!X364","v":{"v":0,"d":"0.00"}},{"$f":"+'Block Breakdown This'!Y364+'Block Breakdown Prev'!Y364","v":{"v":0,"d":"0.00"}},{"v":0,"d":"0.00"},{"$f":"G364*E364","v":0},{"$f":"H364*E364","v":0},{"$f":"I364*E364","v":0},{"$f":"J364*E364","v":0},{"$f":"K364*E364","v":0},{"$f":"L364*E364","v":0},0,{"$f":"N364*E364","v":0},{"$f":"O364*E364","v":0},{"$f":"P364*E364","v":0},{"$f":"Q364*E364","v":0},{"$f":"R364*E364","v":0},{"$f":"S364*E364","v":0},{"$f":"T364*E364","v":0},{"$f":"W364*E364","v":0},{"$f":"X364*E364","v":0},{"$f":"Y364*E364","v":0},0,{"$f":"+E364*Z364","v":{"v":0,"d":"0.00"}}]
[null,"       Install","each",1,{"v":1250,"d":"1,250.00"},{"v":1250,"d":"1,250.00"},{"$f":"+'Block Breakdown This'!G365+'Block Breakdown Prev'!G365","v":{"v":0,"d":"0.00"}},{"$f":"+'Block Breakdown This'!H365+'Block Breakdown Prev'!H365","v":{"v":0,"d":"0.00"}},{"$f":"+'Block Breakdown This'!I365+'Block Breakdown Prev'!I365","v":{"v":0,"d":"0.00"}},{"$f":"+'Block Breakdown This'!J365+'Block Breakdown Prev'!J365","v":{"v":0,"d":"0.00"}},{"$f":"+'Block Breakdown This'!K365+'Block Breakdown Prev'!K365","v":{"v":0,"d":"0.00"}},{"$f":"+'Block Breakdown This'!L365+'Block Breakdown Prev'!L365","v":{"v":0,"d":"0.00"}},{"$f":"+'Block Breakdown This'!M365+'Block Breakdown Prev'!M365","v":{"v":0,"d":"0.00"}},{"$f":"+'Block Breakdown This'!N365+'Block Breakdown Prev'!N365","v":{"v":0,"d":"0.00"}},{"$f":"+'Block Breakdown This'!O365+'Block Breakdown Prev'!O365","v":{"v":0,"d":"0.00"}},{"$f":"+'Block Breakdown This'!P365+'Block Breakdown Prev'!P365","v":{"v":0,"d":"0.00"}},{"$f":"+'Block Breakdown This'!Q365+'Block Breakdown Prev'!Q365","v":{"v":0,"d":"0.00"}},{"$f":"+'Block Breakdown This'!R365+'Block Breakdown Prev'!R365","v":{"v":0,"d":"0.00"}},{"$f":"+'Block Breakdown This'!S365+'Block Breakdown Prev'!S365","v":{"v":0,"d":"0.00"}},{"$f":"+'Block Breakdown This'!T365+'Block Breakdown Prev'!T365","v":{"v":0,"d":"0.00"}},{"$f":"+'Block Breakdown This'!U365+'Block Breakdown Prev'!U365","v":{"v":0,"d":"0.00"}},{"$f":"+'Block Breakdown This'!V365+'Block Breakdown Prev'!V365","v":{"v":0,"d":"0.00"}},{"$f":"+'Block Breakdown This'!W365+'Block Breakdown Prev'!W365","v":{"v":0,"d":"0.00"}},{"$f":"+'Block Breakdown This'!X365+'Block Breakdown Prev'!X365","v":{"v":0,"d":"0.00"}},{"$f":"+'Block Breakdown This'!Y365+'Block Breakdown Prev'!Y365","v":{"v":0,"d":"0.00"}},{"v":0,"d":"0.00"},{"$f":"G365*E365","v":0},{"$f":"H365*E365","v":0},{"$f":"I365*E365","v":0},{"$f":"J365*E365","v":0},{"$f":"K365*E365","v":0},{"$f":"L365*E365","v":0},0,{"$f":"N365*E365","v":0},{"$f":"O365*E365","v":0},{"$f":"P365*E365","v":0},{"$f":"Q365*E365","v":0},{"$f":"R365*E365","v":0},{"$f":"S365*E365","v":0},{"$f":"T365*E365","v":0},{"$f":"W365*E365","v":0},{"$f":"X365*E365","v":0},{"$f":"Y365*E365","v":0},0,{"$f":"+E365*Z365","v":{"v":0,"d":"0.00"}}]
[{"$nulls":32},0]
[2.61,"Roof Plantroom DB No 7",{"$nulls":30},0]
[null,"       Supply","each",1,{"v":9294.51,"d":"9,294.51"},{"v":9294.51,"d":"9,294.51"},{"$f":"+'Block Breakdown This'!G368+'Block Breakdown Prev'!G368","v":{"v":0,"d":"0.00"}},{"$f":"+'Block Breakdown This'!H368+'Block Breakdown Prev'!H368","v":{"v":0,"d":"0.00"}},{"$f":"+'Block Breakdown This'!I368+'Block Breakdown Prev'!I368","v":{"v":0,"d":"0.00"}},{"$f":"+'Block Breakdown This'!J368+'Block Breakdown Prev'!J368","v":{"v":0,"d":"0.00"}},{"$f":"+'Block Breakdown This'!K368+'Block Breakdown Prev'!K368","v":{"v":0,"d":"0.00"}},{"$f":"+'Block Breakdown This'!L368+'Block Breakdown Prev'!L368","v":{"v":0,"d":"0.00"}},{"$f":"+'Block Breakdown This'!M368+'Block Breakdown Prev'!M368","v":{"v":0,"d":"0.00"}},{"$f":"+'Block Breakdown This'!N368+'Block Breakdown Prev'!N368","v":{"v":0,"d":"0.00"}},{"$f":"+'Block Breakdown This'!O368+'Block Breakdown Prev'!O368","v":{"v":0,"d":"0.00"}},{"$f":"+'Block Breakdown This'!P368+'Block Breakdown Prev'!P368","v":{"v":0,"d":"0.00"}},{"$f":"+'Block Breakdown This'!Q368+'Block Breakdown Prev'!Q368","v":{"v":0,"d":"0.00"}},{"$f":"+'Block Breakdown This'!R368+'Block Breakdown Prev'!R368","v":{"v":0,"d":"0.00"}},{"$f":"+'Block Breakdown This'!S368+'Block Breakdown Prev'!S368","v":{"v":0,"d":"0.00"}},{"$f":"+'Block Breakdown This'!T368+'Block Breakdown Prev'!T368","v":{"v":0,"d":"0.00"}},{"$f":"+'Block Breakdown This'!U368+'Block Breakdown Prev'!U368","v":{"v":0,"d":"0.00"}},{"$f":"+'Block Breakdown This'!V368+'Block Breakdown Prev'!V368","v":{"v":0,"d":"0.00"}},{"$f":"+'Block Breakdown This'!W368+'Block Breakdown Prev'!W368","v":{"v":0,"d":"0.00"}},{"$f":"+'Block Breakdown This'!X368+'Block Breakdown Prev'!X368","v":{"v":0,"d":"0.00"}},{"$f":"+'Block Breakdown This'!Y368+'Block Breakdown Prev'!Y368","v":{"v":0,"d":"0.00"}},{"v":0,"d":"0.00"},{"$f":"G368*E368","v":0},{"$f":"H368*E368","v":0},{"$f":"I368*E368","v":0},{"$f":"J368*E368","v":0},{"$f":"K368*E368","v":0},{"$f":"L368*E368","v":0},0,{"$f":"N368*E368","v":0},{"$f":"O368*E368","v":0},{"$f":"P368*E368","v":0},{"$f":"Q368*E368","v":0},{"$f":"R368*E368","v":0},{"$f":"S368*E368","v":0},{"$f":"T368*E368","v":0},{"$f":"W368*E368","v":0},{"$f":"X368*E368","v":0},{"$f":"Y368*E368","v":0},0,{"$f":"+E368*Z368","v":{"v":0,"d":"0.00"}}]
[null,"       Install","each",1,{"v":1250,"d":"1,250.00"},{"v":1250,"d":"1,250.00"},{"$f":"+'Block Breakdown This'!G369+'Block Breakdown Prev'!G369","v":{"v":0,"d":"0.00"}},{"$f":"+'Block Breakdown This'!H369+'Block Breakdown Prev'!H369","v":{"v":0,"d":"0.00"}},{"$f":"+'Block Breakdown This'!I369+'Block Breakdown Prev'!I369","v":{"v":0,"d":"0.00"}},{"$f":"+'Block Breakdown This'!J369+'Block Breakdown Prev'!J369","v":{"v":0,"d":"0.00"}},{"$f":"+'Block Breakdown This'!K369+'Block Breakdown Prev'!K369","v":{"v":0,"d":"0.00"}},{"$f":"+'Block Breakdown This'!L369+'Block Breakdown Prev'!L369","v":{"v":0,"d":"0.00"}},{"$f":"+'Block Breakdown This'!M369+'Block Breakdown Prev'!M369","v":{"v":0,"d":"0.00"}},{"$f":"+'Block Breakdown This'!N369+'Block Breakdown Prev'!N369","v":{"v":0,"d":"0.00"}},{"$f":"+'Block Breakdown This'!O369+'Block Breakdown Prev'!O369","v":{"v":0,"d":"0.00"}},{"$f":"+'Block Breakdown This'!P369+'Block Breakdown Prev'!P369","v":{"v":0,"d":"0.00"}},{"$f":"+'Block Breakdown This'!Q369+'Block Breakdown Prev'!Q369","v":{"v":0,"d":"0.00"}},{"$f":"+'Block Breakdown This'!R369+'Block Breakdown Prev'!R369","v":{"v":0,"d":"0.00"}},{"$f":"+'Block Breakdown This'!S369+'Block Breakdown Prev'!S369","v":{"v":0,"d":"0.00"}},{"$f":"+'Block Breakdown This'!T369+'Block Breakdown Prev'!T369","v":{"v":0,"d":"0.00"}},{"$f":"+'Block Breakdown This'!U369+'Block Breakdown Prev'!U369","v":{"v":0,"d":"0.00"}},{"$f":"+'Block Breakdown This'!V369+'Block Breakdown Prev'!V369","v":{"v":0,"d":"0.00"}},{"$f":"+'Block Breakdown This'!W369+'Block Breakdown Prev'!W369","v":{"v":0,"d":"0.00"}},{"$f":"+'Block Breakdown This'!X369+'Block Breakdown Prev'!X369","v":{"v":0,"d":"0.00"}},{"$f":"+'Block Breakdown This'!Y369+'Block Breakdown Prev'!Y369","v":{"v":0,"d":"0.00"}},{"v":0,"d":"0.00"},{"$f":"G369*E369","v":0},{"$f":"H369*E369","v":0},{"$f":"I369*E369","v":0},{"$f":"J369*E369","v":0},{"$f":"K369*E369","v":0},{"$f":"L369*E369","v":0},0,{"$f":"N369*E369","v":0},{"$f":"O369*E369","v":0},{"$f":"P369*E369","v":0},{"$f":"Q369*E369","v":0},{"$f":"R369*E369","v":0},{"$f":"S369*E369","v":0},{"$f":"T369*E369","v":0},{"$f":"W369*E369","v":0},{"$f":"X369*E369","v":0},{"$f":"Y369*E369","v":0},0,{"$f":"+E369*Z369","v":{"v":0,"d":"0.00"}}]
[{"$nulls":32},0]
[2.62,"Roof Plantroom DB No 8",{"$nulls":30},0]
[null,"       Supply","each",1,{"v":9864.37,"d":"9,864.37"},{"v":9864.37,"d":"9,864.37"},{"$f":"+'Block Breakdown This'!G372+'Block Breakdown Prev'!G372","v":{"v":0,"d":"0.00"}},{"$f":"+'Block Breakdown This'!H372+'Block Breakdown Prev'!H372","v":{"v":0,"d":"0.00"}},{"$f":"+'Block Breakdown This'!I372+'Block Breakdown Prev'!I372","v":{"v":0,"d":"0.00"}},{"$f":"+'Block Breakdown This'!J372+'Block Breakdown Prev'!J372","v":{"v":0,"d":"0.00"}},{"$f":"+'Block Breakdown This'!K372+'Block Breakdown Prev'!K372","v":{"v":0,"d":"0.00"}},{"$f":"+'Block Breakdown This'!L372+'Block Breakdown Prev'!L372","v":{"v":0,"d":"0.00"}},{"$f":"+'Block Breakdown This'!M372+'Block Breakdown Prev'!M372","v":{"v":0,"d":"0.00"}},{"$f":"+'Block Breakdown This'!N372+'Block Breakdown Prev'!N372","v":{"v":0,"d":"0.00"}},{"$f":"+'Block Breakdown This'!O372+'Block Breakdown Prev'!O372","v":{"v":0,"d":"0.00"}},{"$f":"+'Block Breakdown This'!P372+'Block Breakdown Prev'!P372","v":{"v":0,"d":"0.00"}},{"$f":"+'Block Breakdown This'!Q372+'Block Breakdown Prev'!Q372","v":{"v":0,"d":"0.00"}},{"$f":"+'Block Breakdown This'!R372+'Block Breakdown Prev'!R372","v":{"v":0,"d":"0.00"}},{"$f":"+'Block Breakdown This'!S372+'Block Breakdown Prev'!S372","v":{"v":0,"d":"0.00"}},{"$f":"+'Block Breakdown This'!T372+'Block Breakdown Prev'!T372","v":{"v":0,"d":"0.00"}},{"$f":"+'Block Breakdown This'!U372+'Block Breakdown Prev'!U372","v":{"v":0,"d":"0.00"}},{"$f":"+'Block Breakdown This'!V372+'Block Breakdown Prev'!V372","v":{"v":0,"d":"0.00"}},{"$f":"+'Block Breakdown This'!W372+'Block Breakdown Prev'!W372","v":{"v":0,"d":"0.00"}},{"$f":"+'Block Breakdown This'!X372+'Block Breakdown Prev'!X372","v":{"v":0,"d":"0.00"}},{"$f":"+'Block Breakdown This'!Y372+'Block Breakdown Prev'!Y372","v":{"v":0,"d":"0.00"}},{"v":0,"d":"0.00"},{"$f":"G372*E372","v":0},{"$f":"H372*E372","v":0},{"$f":"I372*E372","v":0},{"$f":"J372*E372","v":0},{"$f":"K372*E372","v":0},{"$f":"L372*E372","v":0},0,{"$f":"N372*E372","v":0},{"$f":"O372*E372","v":0},{"$f":"P372*E372","v":0},{"$f":"Q372*E372","v":0},{"$f":"R372*E372","v":0},{"$f":"S372*E372","v":0},{"$f":"T372*E372","v":0},{"$f":"W372*E372","v":0},{"$f":"X372*E372","v":0},{"$f":"Y372*E372","v":0},0,{"$f":"+E372*Z372","v":{"v":0,"d":"0.00"}}]
[null,"       Install","each",1,{"v":1250,"d":"1,250.00"},{"v":1250,"d":"1,250.00"},{"$f":"+'Block Breakdown This'!G373+'Block Breakdown Prev'!G373","v":{"v":0,"d":"0.00"}},{"$f":"+'Block Breakdown This'!H373+'Block Breakdown Prev'!H373","v":{"v":0,"d":"0.00"}},{"$f":"+'Block Breakdown This'!I373+'Block Breakdown Prev'!I373","v":{"v":0,"d":"0.00"}},{"$f":"+'Block Breakdown This'!J373+'Block Breakdown Prev'!J373","v":{"v":0,"d":"0.00"}},{"$f":"+'Block Breakdown This'!K373+'Block Breakdown Prev'!K373","v":{"v":0,"d":"0.00"}},{"$f":"+'Block Breakdown This'!L373+'Block Breakdown Prev'!L373","v":{"v":0,"d":"0.00"}},{"$f":"+'Block Breakdown This'!M373+'Block Breakdown Prev'!M373","v":{"v":0,"d":"0.00"}},{"$f":"+'Block Breakdown This'!N373+'Block Breakdown Prev'!N373","v":{"v":0,"d":"0.00"}},{"$f":"+'Block Breakdown This'!O373+'Block Breakdown Prev'!O373","v":{"v":0,"d":"0.00"}},{"$f":"+'Block Breakdown This'!P373+'Block Breakdown Prev'!P373","v":{"v":0,"d":"0.00"}},{"$f":"+'Block Breakdown This'!Q373+'Block Breakdown Prev'!Q373","v":{"v":0,"d":"0.00"}},{"$f":"+'Block Breakdown This'!R373+'Block Breakdown Prev'!R373","v":{"v":0,"d":"0.00"}},{"$f":"+'Block Breakdown This'!S373+'Block Breakdown Prev'!S373","v":{"v":0,"d":"0.00"}},{"$f":"+'Block Breakdown This'!T373+'Block Breakdown Prev'!T373","v":{"v":0,"d":"0.00"}},{"$f":"+'Block Breakdown This'!U373+'Block Breakdown Prev'!U373","v":{"v":0,"d":"0.00"}},{"$f":"+'Block Breakdown This'!V373+'Block Breakdown Prev'!V373","v":{"v":0,"d":"0.00"}},{"$f":"+'Block Breakdown This'!W373+'Block Breakdown Prev'!W373","v":{"v":0,"d":"0.00"}},{"$f":"+'Block Breakdown This'!X373+'Block Breakdown Prev'!X373","v":{"v":0,"d":"0.00"}},{"$f":"+'Block Breakdown This'!Y373+'Block Breakdown Prev'!Y373","v":{"v":0,"d":"0.00"}},{"v":0,"d":"0.00"},{"$f":"G373*E373","v":0},{"$f":"H373*E373","v":0},{"$f":"I373*E373","v":0},{"$f":"J373*E373","v":0},{"$f":"K373*E373","v":0},{"$f":"L373*E373","v":0},0,{"$f":"N373*E373","v":0},{"$f":"O373*E373","v":0},{"$f":"P373*E373","v":0},{"$f":"Q373*E373","v":0},{"$f":"R373*E373","v":0},{"$f":"S373*E373","v":0},{"$f":"T373*E373","v":0},{"$f":"W373*E373","v":0},{"$f":"X373*E373","v":0},{"$f":"Y373*E373","v":0},0,{"$f":"+E373*Z373","v":{"v":0,"d":"0.00"}}]
[{"$nulls":32},0]
[2.63,"Roof Plantroom DB No 9",{"$nulls":30},0]
[null,"       Supply","each",1,{"v":9864.37,"d":"9,864.37"},{"v":9864.37,"d":"9,864.37"},{"$f":"+'Block Breakdown This'!G376+'Block Breakdown Prev'!G376","v":{"v":0,"d":"0.00"}},{"$f":"+'Block Breakdown This'!H376+'Block Breakdown Prev'!H376","v":{"v":0,"d":"0.00"}},{"$f":"+'Block Breakdown This'!I376+'Block Breakdown Prev'!I376","v":{"v":0,"d":"0.00"}},{"$f":"+'Block Breakdown This'!J376+'Block Breakdown Prev'!J376","v":{"v":0,"d":"0.00"}},{"$f":"+'Block Breakdown This'!K376+'Block Breakdown Prev'!K376","v":{"v":0,"d":"0.00"}},{"$f":"+'Block Breakdown This'!L376+'Block Breakdown Prev'!L376","v":{"v":0,"d":"0.00"}},{"$f":"+'Block Breakdown This'!M376+'Block Breakdown Prev'!M376","v":{"v":0,"d":"0.00"}},{"$f":"+'Block Breakdown This'!N376+'Block Breakdown Prev'!N376","v":{"v":0,"d":"0.00"}},{"$f":"+'Block Breakdown This'!O376+'Block Breakdown Prev'!O376","v":{"v":0,"d":"0.00"}},{"$f":"+'Block Breakdown This'!P376+'Block Breakdown Prev'!P376","v":{"v":0,"d":"0.00"}},{"$f":"+'Block Breakdown This'!Q376+'Block Breakdown Prev'!Q376","v":{"v":0,"d":"0.00"}},{"$f":"+'Block Breakdown This'!R376+'Block Breakdown Prev'!R376","v":{"v":0,"d":"0.00"}},{"$f":"+'Block Breakdown This'!S376+'Block Breakdown Prev'!S376","v":{"v":0,"d":"0.00"}},{"$f":"+'Block Breakdown This'!T376+'Block Breakdown Prev'!T376","v":{"v":0,"d":"0.00"}},{"$f":"+'Block Breakdown This'!U376+'Block Breakdown Prev'!U376","v":{"v":0,"d":"0.00"}},{"$f":"+'Block Breakdown This'!V376+'Block Breakdown Prev'!V376","v":{"v":0,"d":"0.00"}},{"$f":"+'Block Breakdown This'!W376+'Block Breakdown Prev'!W376","v":{"v":0,"d":"0.00"}},{"$f":"+'Block Breakdown This'!X376+'Block Breakdown Prev'!X376","v":{"v":0,"d":"0.00"}},{"$f":"+'Block Breakdown This'!Y376+'Block Breakdown Prev'!Y376","v":{"v":0,"d":"0.00"}},{"v":0,"d":"0.00"},{"$f":"G376*E376","v":0},{"$f":"H376*E376","v":0},{"$f":"I376*E376","v":0},{"$f":"J376*E376","v":0},{"$f":"K376*E376","v":0},{"$f":"L376*E376","v":0},0,{"$f":"N376*E376","v":0},{"$f":"O376*E376","v":0},{"$f":"P376*E376","v":0},{"$f":"Q376*E376","v":0},{"$f":"R376*E376","v":0},{"$f":"S376*E376","v":0},{"$f":"T376*E376","v":0},{"$f":"W376*E376","v":0},{"$f":"X376*E376","v":0},{"$f":"Y376*E376","v":0},0,{"$f":"+E376*Z376","v":{"v":0,"d":"0.00"}}]
[null,"       Install","each",1,{"v":1250,"d":"1,250.00"},{"v":1250,"d":"1,250.00"},{"$f":"+'Block Breakdown This'!G377+'Block Breakdown Prev'!G377","v":{"v":0,"d":"0.00"}},{"$f":"+'Block Breakdown This'!H377+'Block Breakdown Prev'!H377","v":{"v":0,"d":"0.00"}},{"$f":"+'Block Breakdown This'!I377+'Block Breakdown Prev'!I377","v":{"v":0,"d":"0.00"}},{"$f":"+'Block Breakdown This'!J377+'Block Breakdown Prev'!J377","v":{"v":0,"d":"0.00"}},{"$f":"+'Block Breakdown This'!K377+'Block Breakdown Prev'!K377","v":{"v":0,"d":"0.00"}},{"$f":"+'Block Breakdown This'!L377+'Block Breakdown Prev'!L377","v":{"v":0,"d":"0.00"}},{"$f":"+'Block Breakdown This'!M377+'Block Breakdown Prev'!M377","v":{"v":0,"d":"0.00"}},{"$f":"+'Block Breakdown This'!N377+'Block Breakdown Prev'!N377","v":{"v":0,"d":"0.00"}},{"$f":"+'Block Breakdown This'!O377+'Block Breakdown Prev'!O377","v":{"v":0,"d":"0.00"}},{"$f":"+'Block Breakdown This'!P377+'Block Breakdown Prev'!P377","v":{"v":0,"d":"0.00"}},{"$f":"+'Block Breakdown This'!Q377+'Block Breakdown Prev'!Q377","v":{"v":0,"d":"0.00"}},{"$f":"+'Block Breakdown This'!R377+'Block Breakdown Prev'!R377","v":{"v":0,"d":"0.00"}},{"$f":"+'Block Breakdown This'!S377+'Block Breakdown Prev'!S377","v":{"v":0,"d":"0.00"}},{"$f":"+'Block Breakdown This'!T377+'Block Breakdown Prev'!T377","v":{"v":0,"d":"0.00"}},{"$f":"+'Block Breakdown This'!U377+'Block Breakdown Prev'!U377","v":{"v":0,"d":"0.00"}},{"$f":"+'Block Breakdown This'!V377+'Block Breakdown Prev'!V377","v":{"v":0,"d":"0.00"}},{"$f":"+'Block Breakdown This'!W377+'Block Breakdown Prev'!W377","v":{"v":0,"d":"0.00"}},{"$f":"+'Block Breakdown This'!X377+'Block Breakdown Prev'!X377","v":{"v":0,"d":"0.00"}},{"$f":"+'Block Breakdown This'!Y377+'Block Breakdown Prev'!Y377","v":{"v":0,"d":"0.00"}},{"v":0,"d":"0.00"},{"$f":"G377*E377","v":0},{"$f":"H377*E377","v":0},{"$f":"I377*E377","v":0},{"$f":"J377*E377","v":0},{"$f":"K377*E377","v":0},{"$f":"L377*E377","v":0},0,{"$f":"N377*E377","v":0},{"$f":"O377*E377","v":0},{"$f":"P377*E377","v":0},{"$f":"Q377*E377","v":0},{"$f":"R377*E377","v":0},{"$f":"S377*E377","v":0},{"$f":"T377*E377","v":0},{"$f":"W377*E377","v":0},{"$f":"X377*E377","v":0},{"$f":"Y377*E377","v":0},0,{"$f":"+E377*Z377","v":{"v":0,"d":"0.00"}}]
[{"$nulls":5}," ",{"$nulls":38}," "]
[]
[null,"Amount Carried Forward",{"$nulls":3},{"$f":"SUM(F329:F379)","v":{"v":3713414.660000002,"d":"3,713,414.66"}},{"$nulls":38},{"$f":"SUM(AS329:AS379)","v":{"v":3008032.660000002,"d":"3,008,032.66"}}]
[]
["MAIN HOSPITAL ELECTRICAL INSTALLATION"]
["CECILIA MAKIWANE HOSPITAL : PHASE 4C"]
[]
["BILL NO. 2 : DISTRIBUTION BOARDS"]
["ITEM","DESCRIPTION","UNIT","QTY","RATE","TENDER AMOUNT","A-LV05","B-LV04","D-LV03","E1-LV03","E2","F1","F2","G1","G2","H1","H2","J1","J2","J3","Substation","G/House","K","N","Other","Total Qty","A","B","D","E1","E2","F1","F2","G1","G2","H1","H2","J1","J2","J3","K","N","Other","Total Amount","Total Claimed"]
[null,"AMOUNT CARRIED FORWARD FROM PREVIOUS BILL",{"$nulls":3},{"$f":"F380","v":{"v":3713414.660000002,"d":"3,713,414.66"}},{"$nulls":38},{"$f":"AS380","v":{"v":3008032.660000002,"d":"3,008,032.66"}}]
[]
[2.64,"Roof Plantroom DB No 10"]
[null,"       Supply","each",1,{"v":9494.14,"d":"9,494.14"},{"$f":"$D390*E390","v":{"v":9494.14,"d":"9,494.14"}},{"$f":"+'Block Breakdown This'!G$390+'Block Breakdown Prev'!G$390","v":{"v":0,"d":"0.00"}},{"$f":"+'Block Breakdown This'!H390+'Block Breakdown Prev'!H390","v":{"v":0,"d":"0.00"}},{"$f":"+'Block Breakdown This'!I390+'Block Breakdown Prev'!I390","v":{"v":0,"d":"0.00"}},{"$f":"+'Block Breakdown This'!J390+'Block Breakdown Prev'!J390","v":{"v":0,"d":"0.00"}},{"$f":"+'Block Breakdown This'!K390+'Block Breakdown Prev'!K390","v":{"v":0,"d":"0.00"}},{"$f":"+'Block Breakdown This'!L390+'Block Breakdown Prev'!L390","v":{"v":0,"d":"0.00"}},{"$f":"+'Block Breakdown This'!M390+'Block Breakdown Prev'!M390","v":{"v":0,"d":"0.00"}},{"$f":"+'Block Breakdown This'!N390+'Block Breakdown Prev'!N390","v":{"v":0,"d":"0.00"}},{"$f":"+'Block Breakdown This'!O390+'Block Breakdown Prev'!O390","v":{"v":0,"d":"0.00"}},{"$f":"+'Block Breakdown This'!P390+'Block Breakdown Prev'!P390","v":{"v":0,"d":"0.00"}},{"$f":"+'Block Breakdown This'!Q390+'Block Breakdown Prev'!Q390","v":{"v":0,"d":"0.00"}},{"$f":"+'Block Breakdown This'!R390+'Block Breakdown Prev'!R390","v":{"v":0,"d":"0.00"}},{"$f":"+'Block Breakdown This'!S390+'Block Breakdown Prev'!S390","v":{"v":0,"d":"0.00"}},{"$f":"+'Block Breakdown This'!T390+'Block Breakdown Prev'!T390","v":{"v":0,"d":"0.00"}},{"$f":"+'Block Breakdown This'!U390+'Block Breakdown Prev'!U390","v":{"v":0,"d":"0.00"}},{"$f":"+'Block Breakdown This'!V390+'Block Breakdown Prev'!V390","v":{"v":0,"d":"0.00"}},{"$f":"+'Block Breakdown This'!W390+'Block Breakdown Prev'!W390","v":{"v":0,"d":"0.00"}},{"$f":"+'Block Breakdown This'!X390+'Block Breakdown Prev'!X390","v":{"v":0,"d":"0.00"}},{"$f":"+'Block Breakdown This'!Y390+'Block Breakdown Prev'!Y390","v":{"v":0,"d":"0.00"}},{"$f":"SUM(G390:Y390)","v":{"v":0,"d":"0.00"}},{"$f":"G390*E390","v":0},{"$f":"H390*E390","v":0},{"$f":"I390*E390","v":0},{"$f":"J390*E390","v":0},{"$f":"K390*E390","v":0},{"$f":"L390*E390","v":0},{"$f":"+M390*E390","v":0},{"$f":"N390*E390","v":0},{"$f":"O390*E390","v":0},{"$f":"P390*E390","v":0},{"$f":"Q390*E390","v":0},{"$f":"R390*E390","v":0},{"$f":"S390*E390","v":0},{"$f":"T390*E390","v":0},{"$f":"W390*E390","v":0},{"$f":"X390*E390","v":0},{"$f":"Y390*E390","v":0},{"$f":"SUM(AA390:AQ390)","v":0},{"$f":"+E390*Z390","v":{"v":0,"d":"0.00"}}]
[null,"       Install","each",1,{"v":1250,"d":"1,250.00"},{"v":1250,"d":"1,250.00"},{"$f":"+'Block Breakdown This'!G391+'Block Breakdown Prev'!G391","v":{"v":0,"d":"0.00"}},{"$f":"+'Block Breakdown This'!H391+'Block Breakdown Prev'!H391","v":{"v":0,"d":"0.00"}},{"$f":"+'Block Breakdown This'!I391+'Block Breakdown Prev'!I391","v":{"v":0,"d":"0.00"}},{"$f":"+'Block Breakdown This'!J391+'Block Breakdown Prev'!J391","v":{"v":0,"d":"0.00"}},{"$f":"+'Block Breakdown This'!K391+'Block Breakdown Prev'!K391","v":{"v":0,"d":"0.00"}},{"$f":"+'Block Breakdown This'!L391+'Block Breakdown Prev'!L391","v":{"v":0,"d":"0.00"}},{"$f":"+'Block Breakdown This'!M391+'Block Breakdown Prev'!M391","v":{"v":0,"d":"0.00"}},{"$f":"+'Block Breakdown This'!N391+'Block Breakdown Prev'!N391","v":{"v":0,"d":"0.00"}},{"$f":"+'Block Breakdown This'!O391+'Block Breakdown Prev'!O391","v":{"v":0,"d":"0.00"}},{"$f":"+'Block Breakdown This'!P391+'Block Breakdown Prev'!P391","v":{"v":0,"d":"0.00"}},{"$f":"+'Block Breakdown This'!Q391+'Block Breakdown Prev'!Q391","v":{"v":0,"d":"0.00"}},{"$f":"+'Block Breakdown This'!R391+'Block Breakdown Prev'!R391","v":{"v":0,"d":"0.00"}},{"$f":"+'Block Breakdown This'!S391+'Block Breakdown Prev'!S391","v":{"v":0,"d":"0.00"}},{"$f":"+'Block Breakdown This'!T391+'Block Breakdown Prev'!T391","v":{"v":0,"d":"0.00"}},{"$f":"+'Block Breakdown This'!U391+'Block Breakdown Prev'!U391","v":{"v":0,"d":"0.00"}},{"$f":"+'Block Breakdown This'!V391+'Block Breakdown Prev'!V391","v":{"v":0,"d":"0.00"}},{"$f":"+'Block Breakdown This'!W391+'Block Breakdown Prev'!W391","v":{"v":0,"d":"0.00"}},{"$f":"+'Block Breakdown This'!X391+'Block Breakdown Prev'!X391","v":{"v":0,"d":"0.00"}},{"$f":"+'Block Breakdown This'!Y391+'Block Breakdown Prev'!Y391","v":{"v":0,"d":"0.00"}},{"$f":"SUM(G391:Y391)","v":{"v":0,"d":"0.00"}},{"$f":"G391*E391","v":0},{"$f":"H391*E391","v":0},{"$f":"I391*E391","v":0},{"$f":"J391*E391","v":0},{"$f":"K391*E391","v":0},{"$f":"L391*E391","v":0},0,{"$f":"N391*E391","v":0},{"$f":"O391*E391","v":0},{"$f":"P391*E391","v":0},{"$f":"Q391*E391","v":0},{"$f":"R391*E391","v":0},{"$f":"S391*E391","v":0},{"$f":"T391*E391","v":0},{"$f":"W391*E391","v":0},{"$f":"X391*E391","v":0},{"$f":"Y391*E391","v":0},{"$f":"SUM(AA391:AQ391)","v":0},{"$f":"+E391*Z391","v":{"v":0,"d":"0.00"}}]
[{"$nulls":32},0]
[2.65,"Roof Plantroom DB No 11",{"$nulls":30},0]
[null,"       Supply","each",1,{"v":9294.51,"d":"9,294.51"},{"v":9294.51,"d":"9,294.51"},{"$f":"+'Block Breakdown This'!G394+'Block Breakdown Prev'!G394","v":{"v":0,"d":"0.00"}},{"$f":"+'Block Breakdown This'!H394+'Block Breakdown Prev'!H394","v":{"v":0,"d":"0.00"}},{"$f":"+'Block Breakdown This'!I394+'Block Breakdown Prev'!I394","v":{"v":0,"d":"0.00"}},{"$f":"+'Block Breakdown This'!J394+'Block Breakdown Prev'!J394","v":{"v":0,"d":"0.00"}},{"$f":"+'Block Breakdown This'!K394+'Block Breakdown Prev'!K394","v":{"v":0,"d":"0.00"}},{"$f":"+'Block Breakdown This'!L394+'Block Breakdown Prev'!L394","v":{"v":0,"d":"0.00"}},{"$f":"+'Block Breakdown This'!M394+'Block Breakdown Prev'!M394","v":{"v":0,"d":"0.00"}},{"$f":"+'Block Breakdown This'!N394+'Block Breakdown Prev'!N394","v":{"v":0,"d":"0.00"}},{"$f":"+'Block Breakdown This'!O394+'Block Breakdown Prev'!O394","v":{"v":0,"d":"0.00"}},{"$f":"+'Block Breakdown This'!P394+'Block Breakdown Prev'!P394","v":{"v":0,"d":"0.00"}},{"$f":"+'Block Breakdown This'!Q394+'Block Breakdown Prev'!Q394","v":{"v":0,"d":"0.00"}},{"$f":"+'Block Breakdown This'!R394+'Block Breakdown Prev'!R394","v":{"v":0,"d":"0.00"}},{"$f":"+'Block Breakdown This'!S394+'Block Breakdown Prev'!S394","v":{"v":0,"d":"0.00"}},{"$f":"+'Block Breakdown This'!T394+'Block Breakdown Prev'!T394","v":{"v":0,"d":"0.00"}},{"$f":"+'Block Breakdown This'!U394+'Block Breakdown Prev'!U394","v":{"v":0,"d":"0.00"}},{"$f":"+'Block Breakdown This'!V394+'Block Breakdown Prev'!V394","v":{"v":0,"d":"0.00"}},{"$f":"+'Block Breakdown This'!W394+'Block Breakdown Prev'!W394","v":{"v":0,"d":"0.00"}},{"$f":"+'Block Breakdown This'!X394+'Block Breakdown Prev'!X394","v":{"v":0,"d":"0.00"}},{"$f":"+'Block Breakdown This'!Y394+'Block Breakdown Prev'!Y394","v":{"v":0,"d":"0.00"}},{"v":0,"d":"0.00"},{"$f":"G394*E394","v":0},{"$f":"H394*E394","v":0},{"$f":"I394*E394","v":0},{"$f":"J394*E394","v":0},{"$f":"K394*E394","v":0},{"$f":"L394*E394","v":0},0,{"$f":"N394*E394","v":0},{"$f":"O394*E394","v":0},{"$f":"P394*E394","v":0},{"$f":"Q394*E394","v":0},{"$f":"R394*E394","v":0},{"$f":"S394*E394","v":0},{"$f":"T394*E394","v":0},{"$f":"W394*E394","v":0},{"$f":"X394*E394","v":0},{"$f":"Y394*E394","v":0},0,{"$f":"+E394*Z394","v":{"v":0,"d":"0.00"}}]
[null,"       Install","each",1,{"v":1250,"d":"1,250.00"},{"v":1250,"d":"1,250.00"},{"$f":"+'Block Breakdown This'!G395+'Block Breakdown Prev'!G395","v":{"v":0,"d":"0.00"}},{"$f":"+'Block Breakdown This'!H395+'Block Breakdown Prev'!H395","v":{"v":0,"d":"0.00"}},{"$f":"+'Block Breakdown This'!I395+'Block Breakdown Prev'!I395","v":{"v":0,"d":"0.00"}},{"$f":"+'Block Breakdown This'!J395+'Block Breakdown Prev'!J395","v":{"v":0,"d":"0.00"}},{"$f":"+'Block Breakdown This'!K395+'Block Breakdown Prev'!K395","v":{"v":0,"d":"0.00"}},{"$f":"+'Block Breakdown This'!L395+'Block Breakdown Prev'!L395","v":{"v":0,"d":"0.00"}},{"$f":"+'Block Breakdown This'!M395+'Block Breakdown Prev'!M395","v":{"v":0,"d":"0.00"}},{"$f":"+'Block Breakdown This'!N395+'Block Breakdown Prev'!N395","v":{"v":0,"d":"0.00"}},{"$f":"+'Block Breakdown This'!O395+'Block Breakdown Prev'!O395","v":{"v":0,"d":"0.00"}},{"$f":"+'Block Breakdown This'!P395+'Block Breakdown Prev'!P395","v":{"v":0,"d":"0.00"}},{"$f":"+'Block Breakdown This'!Q395+'Block Breakdown Prev'!Q395","v":{"v":0,"d":"0.00"}},{"$f":"+'Block Breakdown This'!R395+'Block Breakdown Prev'!R395","v":{"v":0,"d":"0.00"}},{"$f":"+'Block Breakdown This'!S395+'Block Breakdown Prev'!S395","v":{"v":0,"d":"0.00"}},{"$f":"+'Block Breakdown This'!T395+'Block Breakdown Prev'!T395","v":{"v":0,"d":"0.00"}},{"$f":"+'Block Breakdown This'!U395+'Block Breakdown Prev'!U395","v":{"v":0,"d":"0.00"}},{"$f":"+'Block Breakdown This'!V395+'Block Breakdown Prev'!V395","v":{"v":0,"d":"0.00"}},{"$f":"+'Block Breakdown This'!W395+'Block Breakdown Prev'!W395","v":{"v":0,"d":"0.00"}},{"$f":"+'Block Breakdown This'!X395+'Block Breakdown Prev'!X395","v":{"v":0,"d":"0.00"}},{"$f":"+'Block Breakdown This'!Y395+'Block Breakdown Prev'!Y395","v":{"v":0,"d":"0.00"}},{"v":0,"d":"0.00"},{"$f":"G395*E395","v":0},{"$f":"H395*E395","v":0},{"$f":"I395*E395","v":0},{"$f":"J395*E395","v":0},{"$f":"K395*E395","v":0},{"$f":"L395*E395","v":0},0,{"$f":"N395*E395","v":0},{"$f":"O395*E395","v":0},{"$f":"P395*E395","v":0},{"$f":"Q395*E395","v":0},{"$f":"R395*E395","v":0},{"$f":"S395*E395","v":0},{"$f":"T395*E395","v":0},{"$f":"W395*E395","v":0},{"$f":"X395*E395","v":0},{"$f":"Y395*E395","v":0},0,{"$f":"+E395*Z395","v":{"v":0,"d":"0.00"}}]
[{"$nulls":32},0]
[2.66,"Roof Plantroom DB No 12",{"$nulls":30},0]
[null,"       Supply","each",1,{"v":9294.5,"d":"9,294.50"},{"v":9294.5,"d":"9,294.50"},{"$f":"+'Block Breakdown This'!G398+'Block Breakdown Prev'!G398","v":{"v":0,"d":"0.00"}},{"$f":"+'Block Breakdown This'!H398+'Block Breakdown Prev'!H398","v":{"v":0,"d":"0.00"}},{"$f":"+'Block Breakdown This'!I398+'Block Breakdown Prev'!I398","v":{"v":0,"d":"0.00"}},{"$f":"+'Block Breakdown This'!J398+'Block Breakdown Prev'!J398","v":{"v":0,"d":"0.00"}},{"$f":"+'Block Breakdown This'!K398+'Block Breakdown Prev'!K398","v":{"v":0,"d":"0.00"}},{"$f":"+'Block Breakdown This'!L398+'Block Breakdown Prev'!L398","v":{"v":0,"d":"0.00"}},{"$f":"+'Block Breakdown This'!M398+'Block Breakdown Prev'!M398","v":{"v":0,"d":"0.00"}},{"$f":"+'Block Breakdown This'!N398+'Block Breakdown Prev'!N398","v":{"v":0,"d":"0.00"}},{"$f":"+'Block Breakdown This'!O398+'Block Breakdown Prev'!O398","v":{"v":0,"d":"0.00"}},{"$f":"+'Block Breakdown This'!P398+'Block Breakdown Prev'!P398","v":{"v":0,"d":"0.00"}},{"$f":"+'Block Breakdown This'!Q398+'Block Breakdown Prev'!Q398","v":{"v":0,"d":"0.00"}},{"$f":"+'Block Breakdown This'!R398+'Block Breakdown Prev'!R398","v":{"v":0,"d":"0.00"}},{"$f":"+'Block Breakdown This'!S398+'Block Breakdown Prev'!S398","v":{"v":0,"d":"0.00"}},{"$f":"+'Block Breakdown This'!T398+'Block Breakdown Prev'!T398","v":{"v":0,"d":"0.00"}},{"$f":"+'Block Breakdown This'!U398+'Block Breakdown Prev'!U398","v":{"v":0,"d":"0.00"}},{"$f":"+'Block Breakdown This'!V398+'Block Breakdown Prev'!V398","v":{"v":0,"d":"0.00"}},{"$f":"+'Block Breakdown This'!W398+'Block Breakdown Prev'!W398","v":{"v":0,"d":"0.00"}},{"$f":"+'Block Breakdown This'!X398+'Block Breakdown Prev'!X398","v":{"v":0,"d":"0.00"}},{"$f":"+'Block Breakdown This'!Y398+'Block Breakdown Prev'!Y398","v":{"v":0,"d":"0.00"}},{"v":0,"d":"0.00"},{"$f":"G398*E398","v":0},{"$f":"H398*E398","v":0},{"$f":"I398*E398","v":0},{"$f":"J398*E398","v":0},{"$f":"K398*E398","v":0},{"$f":"L398*E398","v":0},0,{"$f":"N398*E398","v":0},{"$f":"O398*E398","v":0},{"$f":"P398*E398","v":0},{"$f":"Q398*E398","v":0},{"$f":"R398*E398","v":0},{"$f":"S398*E398","v":0},{"$f":"T398*E398","v":0},{"$f":"W398*E398","v":0},{"$f":"X398*E398","v":0},{"$f":"Y398*E398","v":0},0,{"$f":"+E398*Z398","v":{"v":0,"d":"0.00"}}]
[null,"       Install","each",1,{"v":1250,"d":"1,250.00"},{"v":1250,"d":"1,250.00"},{"$f":"+'Block Breakdown This'!G399+'Block Breakdown Prev'!G399","v":{"v":0,"d":"0.00"}},{"$f":"+'Block Breakdown This'!H399+'Block Breakdown Prev'!H399","v":{"v":0,"d":"0.00"}},{"$f":"+'Block Breakdown This'!I399+'Block Breakdown Prev'!I399","v":{"v":0,"d":"0.00"}},{"$f":"+'Block Breakdown This'!J399+'Block Breakdown Prev'!J399","v":{"v":0,"d":"0.00"}},{"$f":"+'Block Breakdown This'!K399+'Block Breakdown Prev'!K399","v":{"v":0,"d":"0.00"}},{"$f":"+'Block Breakdown This'!L399+'Block Breakdown Prev'!L399","v":{"v":0,"d":"0.00"}},{"$f":"+'Block Breakdown This'!M399+'Block Breakdown Prev'!M399","v":{"v":0,"d":"0.00"}},{"$f":"+'Block Breakdown This'!N399+'Block Breakdown Prev'!N399","v":{"v":0,"d":"0.00"}},{"$f":"+'Block Breakdown This'!O399+'Block Breakdown Prev'!O399","v":{"v":0,"d":"0.00"}},{"$f":"+'Block Breakdown This'!P399+'Block Breakdown Prev'!P399","v":{"v":0,"d":"0.00"}},{"$f":"+'Block Breakdown This'!Q399+'Block Breakdown Prev'!Q399","v":{"v":0,"d":"0.00"}},{"$f":"+'Block Breakdown This'!R399+'Block Breakdown Prev'!R399","v":{"v":0,"d":"0.00"}},{"$f":"+'Block Breakdown This'!S399+'Block Breakdown Prev'!S399","v":{"v":0,"d":"0.00"}},{"$f":"+'Block Breakdown This'!T399+'Block Breakdown Prev'!T399","v":{"v":0,"d":"0.00"}},{"$f":"+'Block Breakdown This'!U399+'Block Breakdown Prev'!U399","v":{"v":0,"d":"0.00"}},{"$f":"+'Block Breakdown This'!V399+'Block Breakdown Prev'!V399","v":{"v":0,"d":"0.00"}},{"$f":"+'Block Breakdown This'!W399+'Block Breakdown Prev'!W399","v":{"v":0,"d":"0.00"}},{"$f":"+'Block Breakdown This'!X399+'Block Breakdown Prev'!X399","v":{"v":0,"d":"0.00"}},{"$f":"+'Block Breakdown This'!Y399+'Block Breakdown Prev'!Y399","v":{"v":0,"d":"0.00"}},{"v":0,"d":"0.00"},{"$f":"G399*E399","v":0},{"$f":"H399*E399","v":0},{"$f":"I399*E399","v":0},{"$f":"J399*E399","v":0},{"$f":"K399*E399","v":0},{"$f":"L399*E399","v":0},0,{"$f":"N399*E399","v":0},{"$f":"O399*E399","v":0},{"$f":"P399*E399","v":0},{"$f":"Q399*E399","v":0},{"$f":"R399*E399","v":0},{"$f":"S399*E399","v":0},{"$f":"T399*E399","v":0},{"$f":"W399*E399","v":0},{"$f":"X399*E399","v":0},{"$f":"Y399*E399","v":0},0,{"$f":"+E399*Z399","v":{"v":0,"d":"0.00"}}]
[{"$nulls":32},0]
[2.67,"Roof Plantroom DB No 13",{"$nulls":30},0]
[null,"       Supply","each",1,{"v":9294.5,"d":"9,294.50"},{"v":9294.5,"d":"9,294.50"},{"$f":"+'Block Breakdown This'!G402+'Block Breakdown Prev'!G402","v":{"v":0,"d":"0.00"}},{"$f":"+'Block Breakdown This'!H402+'Block Breakdown Prev'!H402","v":{"v":0,"d":"0.00"}},{"$f":"+'Block Breakdown This'!I402+'Block Breakdown Prev'!I402","v":{"v":0,"d":"0.00"}},{"$f":"+'Block Breakdown This'!J402+'Block Breakdown Prev'!J402","v":{"v":0,"d":"0.00"}},{"$f":"+'Block Breakdown This'!K402+'Block Breakdown Prev'!K402","v":{"v":0,"d":"0.00"}},{"$f":"+'Block Breakdown This'!L402+'Block Breakdown Prev'!L402","v":{"v":0,"d":"0.00"}},{"$f":"+'Block Breakdown This'!M402+'Block Breakdown Prev'!M402","v":{"v":0,"d":"0.00"}},{"$f":"+'Block Breakdown This'!N402+'Block Breakdown Prev'!N402","v":{"v":0,"d":"0.00"}},{"$f":"+'Block Breakdown This'!O402+'Block Breakdown Prev'!O402","v":{"v":0,"d":"0.00"}},{"$f":"+'Block Breakdown This'!P402+'Block Breakdown Prev'!P402","v":{"v":0,"d":"0.00"}},{"$f":"+'Block Breakdown This'!Q402+'Block Breakdown Prev'!Q402","v":{"v":0,"d":"0.00"}},{"$f":"+'Block Breakdown This'!R402+'Block Breakdown Prev'!R402","v":{"v":0,"d":"0.00"}},{"$f":"+'Block Breakdown This'!S402+'Block Breakdown Prev'!S402","v":{"v":0,"d":"0.00"}},{"$f":"+'Block Breakdown This'!T402+'Block Breakdown Prev'!T402","v":{"v":0,"d":"0.00"}},{"$f":"+'Block Breakdown This'!U402+'Block Breakdown Prev'!U402","v":{"v":0,"d":"0.00"}},{"$f":"+'Block Breakdown This'!V402+'Block Breakdown Prev'!V402","v":{"v":0,"d":"0.00"}},{"$f":"+'Block Breakdown This'!W402+'Block Breakdown Prev'!W402","v":{"v":0,"d":"0.00"}},{"$f":"+'Block Breakdown This'!X402+'Block Breakdown Prev'!X402","v":{"v":0,"d":"0.00"}},{"$f":"+'Block Breakdown This'!Y402+'Block Breakdown Prev'!Y402","v":{"v":0,"d":"0.00"}},{"v":0,"d":"0.00"},{"$f":"G402*E402","v":0},{"$f":"H402*E402","v":0},{"$f":"I402*E402","v":0},{"$f":"J402*E402","v":0},{"$f":"K402*E402","v":0},{"$f":"L402*E402","v":0},0,{"$f":"N402*E402","v":0},{"$f":"O402*E402","v":0},{"$f":"P402*E402","v":0},{"$f":"Q402*E402","v":0},{"$f":"R402*E402","v":0},{"$f":"S402*E402","v":0},{"$f":"T402*E402","v":0},{"$f":"W402*E402","v":0},{"$f":"X402*E402","v":0},{"$f":"Y402*E402","v":0},0,{"$f":"+E402*Z402","v":{"v":0,"d":"0.00"}}]
[null,"       Install","each",1,{"v":1250,"d":"1,250.00"},{"v":1250,"d":"1,250.00"},{"$f":"+'Block Breakdown This'!G403+'Block Breakdown Prev'!G403","v":{"v":0,"d":"0.00"}},{"$f":"+'Block Breakdown This'!H403+'Block Breakdown Prev'!H403","v":{"v":0,"d":"0.00"}},{"$f":"+'Block Breakdown This'!I403+'Block Breakdown Prev'!I403","v":{"v":0,"d":"0.00"}},{"$f":"+'Block Breakdown This'!J403+'Block Breakdown Prev'!J403","v":{"v":0,"d":"0.00"}},{"$f":"+'Block Breakdown This'!K403+'Block Breakdown Prev'!K403","v":{"v":0,"d":"0.00"}},{"$f":"+'Block Breakdown This'!L403+'Block Breakdown Prev'!L403","v":{"v":0,"d":"0.00"}},{"$f":"+'Block Breakdown This'!M403+'Block Breakdown Prev'!M403","v":{"v":0,"d":"0.00"}},{"$f":"+'Block Breakdown This'!N403+'Block Breakdown Prev'!N403","v":{"v":0,"d":"0.00"}},{"$f":"+'Block Breakdown This'!O403+'Block Breakdown Prev'!O403","v":{"v":0,"d":"0.00"}},{"$f":"+'Block Breakdown This'!P403+'Block Breakdown Prev'!P403","v":{"v":0,"d":"0.00"}},{"$f":"+'Block Breakdown This'!Q403+'Block Breakdown Prev'!Q403","v":{"v":0,"d":"0.00"}},{"$f":"+'Block Breakdown This'!R403+'Block Breakdown Prev'!R403","v":{"v":0,"d":"0.00"}},{"$f":"+'Block Breakdown This'!S403+'Block Breakdown Prev'!S403","v":{"v":0,"d":"0.00"}},{"$f":"+'Block Breakdown This'!T403+'Block Breakdown Prev'!T403","v":{"v":0,"d":"0.00"}},{"$f":"+'Block Breakdown This'!U403+'Block Breakdown Prev'!U403","v":{"v":0,"d":"0.00"}},{"$f":"+'Block Breakdown This'!V403+'Block Breakdown Prev'!V403","v":{"v":0,"d":"0.00"}},{"$f":"+'Block Breakdown This'!W403+'Block Breakdown Prev'!W403","v":{"v":0,"d":"0.00"}},{"$f":"+'Block Breakdown This'!X403+'Block Breakdown Prev'!X403","v":{"v":0,"d":"0.00"}},{"$f":"+'Block Breakdown This'!Y403+'Block Breakdown Prev'!Y403","v":{"v":0,"d":"0.00"}},{"v":0,"d":"0.00"},{"$f":"G403*E403","v":0},{"$f":"H403*E403","v":0},{"$f":"I403*E403","v":0},{"$f":"J403*E403","v":0},{"$f":"K403*E403","v":0},{"$f":"L403*E403","v":0},0,{"$f":"N403*E403","v":0},{"$f":"O403*E403","v":0},{"$f":"P403*E403","v":0},{"$f":"Q403*E403","v":0},{"$f":"R403*E403","v":0},{"$f":"S403*E403","v":0},{"$f":"T403*E403","v":0},{"$f":"W403*E403","v":0},{"$f":"X403*E403","v":0},{"$f":"Y403*E403","v":0},0,{"$f":"+E403*Z403","v":{"v":0,"d":"0.00"}}]
[{"$nulls":32},0]
[2.68,"Roof Plantroom DB No 14",{"$nulls":30},0]
[null,"       Supply","each",1,{"v":9294.5,"d":"9,294.50"},{"v":9294.5,"d":"9,294.50"},{"$f":"+'Block Breakdown This'!G406+'Block Breakdown Prev'!G406","v":{"v":0,"d":"0.00"}},{"$f":"+'Block Breakdown This'!H406+'Block Breakdown Prev'!H406","v":{"v":0,"d":"0.00"}},{"$f":"+'Block Breakdown This'!I406+'Block Breakdown Prev'!I406","v":{"v":0,"d":"0.00"}},{"$f":"+'Block Breakdown This'!J406+'Block Breakdown Prev'!J406","v":{"v":0,"d":"0.00"}},{"$f":"+'Block Breakdown This'!K406+'Block Breakdown Prev'!K406","v":{"v":0,"d":"0.00"}},{"$f":"+'Block Breakdown This'!L406+'Block Breakdown Prev'!L406","v":{"v":0,"d":"0.00"}},{"$f":"+'Block Breakdown This'!M406+'Block Breakdown Prev'!M406","v":{"v":0,"d":"0.00"}},{"$f":"+'Block Breakdown This'!N406+'Block Breakdown Prev'!N406","v":{"v":0,"d":"0.00"}},{"$f":"+'Block Breakdown This'!O406+'Block Breakdown Prev'!O406","v":{"v":0,"d":"0.00"}},{"$f":"+'Block Breakdown This'!P406+'Block Breakdown Prev'!P406","v":{"v":0,"d":"0.00"}},{"$f":"+'Block Breakdown This'!Q406+'Block Breakdown Prev'!Q406","v":{"v":0,"d":"0.00"}},{"$f":"+'Block Breakdown This'!R406+'Block Breakdown Prev'!R406","v":{"v":0,"d":"0.00"}},{"$f":"+'Block Breakdown This'!S406+'Block Breakdown Prev'!S406","v":{"v":0,"d":"0.00"}},{"$f":"+'Block Breakdown This'!T406+'Block Breakdown Prev'!T406","v":{"v":0,"d":"0.00"}},{"$f":"+'Block Breakdown This'!U406+'Block Breakdown Prev'!U406","v":{"v":0,"d":"0.00"}},{"$f":"+'Block Breakdown This'!V406+'Block Breakdown Prev'!V406","v":{"v":0,"d":"0.00"}},{"$f":"+'Block Breakdown This'!W406+'Block Breakdown Prev'!W406","v":{"v":0,"d":"0.00"}},{"$f":"+'Block Breakdown This'!X406+'Block Breakdown Prev'!X406","v":{"v":0,"d":"0.00"}},{"$f":"+'Block Breakdown This'!Y406+'Block Breakdown Prev'!Y406","v":{"v":0,"d":"0.00"}},{"v":0,"d":"0.00"},{"$f":"G406*E406","v":0},{"$f":"H406*E406","v":0},{"$f":"I406*E406","v":0},{"$f":"J406*E406","v":0},{"$f":"K406*E406","v":0},{"$f":"L406*E406","v":0},0,{"$f":"N406*E406","v":0},{"$f":"O406*E406","v":0},{"$f":"P406*E406","v":0},{"$f":"Q406*E406","v":0},{"$f":"R406*E406","v":0},{"$f":"S406*E406","v":0},{"$f":"T406*E406","v":0},{"$f":"W406*E406","v":0},{"$f":"X406*E406","v":0},{"$f":"Y406*E406","v":0},0,{"$f":"+E406*Z406","v":{"v":0,"d":"0.00"}}]
[null,"       Install","each",1,{"v":1250,"d":"1,250.00"},{"v":1250,"d":"1,250.00"},{"$f":"+'Block Breakdown This'!G407+'Block Breakdown Prev'!G407","v":{"v":0,"d":"0.00"}},{"$f":"+'Block Breakdown This'!H407+'Block Breakdown Prev'!H407","v":{"v":0,"d":"0.00"}},{"$f":"+'Block Breakdown This'!I407+'Block Breakdown Prev'!I407","v":{"v":0,"d":"0.00"}},{"$f":"+'Block Breakdown This'!J407+'Block Breakdown Prev'!J407","v":{"v":0,"d":"0.00"}},{"$f":"+'Block Breakdown This'!K407+'Block Breakdown Prev'!K407","v":{"v":0,"d":"0.00"}},{"$f":"+'Block Breakdown This'!L407+'Block Breakdown Prev'!L407","v":{"v":0,"d":"0.00"}},{"$f":"+'Block Breakdown This'!M407+'Block Breakdown Prev'!M407","v":{"v":0,"d":"0.00"}},{"$f":"+'Block Breakdown This'!N407+'Block Breakdown Prev'!N407","v":{"v":0,"d":"0.00"}},{"$f":"+'Block Breakdown This'!O407+'Block Breakdown Prev'!O407","v":{"v":0,"d":"0.00"}},{"$f":"+'Block Breakdown This'!P407+'Block Breakdown Prev'!P407","v":{"v":0,"d":"0.00"}},{"$f":"+'Block Breakdown This'!Q407+'Block Breakdown Prev'!Q407","v":{"v":0,"d":"0.00"}},{"$f":"+'Block Breakdown This'!R407+'Block Breakdown Prev'!R407","v":{"v":0,"d":"0.00"}},{"$f":"+'Block Breakdown This'!S407+'Block Breakdown Prev'!S407","v":{"v":0,"d":"0.00"}},{"$f":"+'Block Breakdown This'!T407+'Block Breakdown Prev'!T407","v":{"v":0,"d":"0.00"}},{"$f":"+'Block Breakdown This'!U407+'Block Breakdown Prev'!U407","v":{"v":0,"d":"0.00"}},{"$f":"+'Block Breakdown This'!V407+'Block Breakdown Prev'!V407","v":{"v":0,"d":"0.00"}},{"$f":"+'Block Breakdown This'!W407+'Block Breakdown Prev'!W407","v":{"v":0,"d":"0.00"}},{"$f":"+'Block Breakdown This'!X407+'Block Breakdown Prev'!X407","v":{"v":0,"d":"0.00"}},{"$f":"+'Block Breakdown This'!Y407+'Block Breakdown Prev'!Y407","v":{"v":0,"d":"0.00"}},{"v":0,"d":"0.00"},{"$f":"G407*E407","v":0},{"$f":"H407*E407","v":0},{"$f":"I407*E407","v":0},{"$f":"J407*E407","v":0},{"$f":"K407*E407","v":0},{"$f":"L407*E407","v":0},0,{"$f":"N407*E407","v":0},{"$f":"O407*E407","v":0},{"$f":"P407*E407","v":0},{"$f":"Q407*E407","v":0},{"$f":"R407*E407","v":0},{"$f":"S407*E407","v":0},{"$f":"T407*E407","v":0},{"$f":"W407*E407","v":0},{"$f":"X407*E407","v":0},{"$f":"Y407*E407","v":0},0,{"$f":"+E407*Z407","v":{"v":0,"d":"0.00"}}]
[{"$nulls":32},0]
[2.69,"Roof Plantroom DB No 15",{"$nulls":30},0]
[null,"       Supply","each",1,{"v":9377.1,"d":"9,377.10"},{"v":9377.1,"d":"9,377.10"},{"$f":"+'Block Breakdown This'!G410+'Block Breakdown Prev'!G410","v":{"v":0,"d":"0.00"}},{"$f":"+'Block Breakdown This'!H410+'Block Breakdown Prev'!H410","v":{"v":0,"d":"0.00"}},{"$f":"+'Block Breakdown This'!I410+'Block Breakdown Prev'!I410","v":{"v":0,"d":"0.00"}},{"$f":"+'Block Breakdown This'!J410+'Block Breakdown Prev'!J410","v":{"v":0,"d":"0.00"}},{"$f":"+'Block Breakdown This'!K410+'Block Breakdown Prev'!K410","v":{"v":0,"d":"0.00"}},{"$f":"+'Block Breakdown This'!L410+'Block Breakdown Prev'!L410","v":{"v":0,"d":"0.00"}},{"$f":"+'Block Breakdown This'!M410+'Block Breakdown Prev'!M410","v":{"v":0,"d":"0.00"}},{"$f":"+'Block Breakdown This'!N410+'Block Breakdown Prev'!N410","v":{"v":0,"d":"0.00"}},{"$f":"+'Block Breakdown This'!O410+'Block Breakdown Prev'!O410","v":{"v":0,"d":"0.00"}},{"$f":"+'Block Breakdown This'!P410+'Block Breakdown Prev'!P410","v":{"v":0,"d":"0.00"}},{"$f":"+'Block Breakdown This'!Q410+'Block Breakdown Prev'!Q410","v":{"v":0,"d":"0.00"}},{"$f":"+'Block Breakdown This'!R410+'Block Breakdown Prev'!R410","v":{"v":0,"d":"0.00"}},{"$f":"+'Block Breakdown This'!S410+'Block Breakdown Prev'!S410","v":{"v":0,"d":"0.00"}},{"$f":"+'Block Breakdown This'!T410+'Block Breakdown Prev'!T410","v":{"v":0,"d":"0.00"}},{"$f":"+'Block Breakdown This'!U410+'Block Breakdown Prev'!U410","v":{"v":0,"d":"0.00"}},{"$f":"+'Block Breakdown This'!V410+'Block Breakdown Prev'!V410","v":{"v":0,"d":"0.00"}},{"$f":"+'Block Breakdown This'!W410+'Block Breakdown Prev'!W410","v":{"v":0,"d":"0.00"}},{"$f":"+'Block Breakdown This'!X410+'Block Breakdown Prev'!X410","v":{"v":0,"d":"0.00"}},{"$f":"+'Block Breakdown This'!Y410+'Block Breakdown Prev'!Y410","v":{"v":0,"d":"0.00"}},{"v":0,"d":"0.00"},{"$f":"G410*E410","v":0},{"$f":"H410*E410","v":0},{"$f":"I410*E410","v":0},{"$f":"J410*E410","v":0},{"$f":"K410*E410","v":0},{"$f":"L410*E410","v":0},0,{"$f":"N410*E410","v":0},{"$f":"O410*E410","v":0},{"$f":"P410*E410","v":0},{"$f":"Q410*E410","v":0},{"$f":"R410*E410","v":0},{"$f":"S410*E410","v":0},{"$f":"T410*E410","v":0},{"$f":"W410*E410","v":0},{"$f":"X410*E410","v":0},{"$f":"Y410*E410","v":0},0,{"$f":"+E410*Z410","v":{"v":0,"d":"0.00"}}]
[null,"       Install","each",1,{"v":1250,"d":"1,250.00"},{"v":1250,"d":"1,250.00"},{"$f":"+'Block Breakdown This'!G411+'Block Breakdown Prev'!G411","v":{"v":0,"d":"0.00"}},{"$f":"+'Block Breakdown This'!H411+'Block Breakdown Prev'!H411","v":{"v":0,"d":"0.00"}},{"$f":"+'Block Breakdown This'!I411+'Block Breakdown Prev'!I411","v":{"v":0,"d":"0.00"}},{"$f":"+'Block Breakdown This'!J411+'Block Breakdown Prev'!J411","v":{"v":0,"d":"0.00"}},{"$f":"+'Block Breakdown This'!K411+'Block Breakdown Prev'!K411","v":{"v":0,"d":"0.00"}},{"$f":"+'Block Breakdown This'!L411+'Block Breakdown Prev'!L411","v":{"v":0,"d":"0.00"}},{"$f":"+'Block Breakdown This'!M411+'Block Breakdown Prev'!M411","v":{"v":0,"d":"0.00"}},{"$f":"+'Block Breakdown This'!N411+'Block Breakdown Prev'!N411","v":{"v":0,"d":"0.00"}},{"$f":"+'Block Breakdown This'!O411+'Block Breakdown Prev'!O411","v":{"v":0,"d":"0.00"}},{"$f":"+'Block Breakdown This'!P411+'Block Breakdown Prev'!P411","v":{"v":0,"d":"0.00"}},{"$f":"+'Block Breakdown This'!Q411+'Block Breakdown Prev'!Q411","v":{"v":0,"d":"0.00"}},{"$f":"+'Block Breakdown This'!R411+'Block Breakdown Prev'!R411","v":{"v":0,"d":"0.00"}},{"$f":"+'Block Breakdown This'!S411+'Block Breakdown Prev'!S411","v":{"v":0,"d":"0.00"}},{"$f":"+'Block Breakdown This'!T411+'Block Breakdown Prev'!T411","v":{"v":0,"d":"0.00"}},{"$f":"+'Block Breakdown This'!U411+'Block Breakdown Prev'!U411","v":{"v":0,"d":"0.00"}},{"$f":"+'Block Breakdown This'!V411+'Block Breakdown Prev'!V411","v":{"v":0,"d":"0.00"}},{"$f":"+'Block Breakdown This'!W411+'Block Breakdown Prev'!W411","v":{"v":0,"d":"0.00"}},{"$f":"+'Block Breakdown This'!X411+'Block Breakdown Prev'!X411","v":{"v":0,"d":"0.00"}},{"$f":"+'Block Breakdown This'!Y411+'Block Breakdown Prev'!Y411","v":{"v":0,"d":"0.00"}},{"v":0,"d":"0.00"},{"$f":"G411*E411","v":0},{"$f":"H411*E411","v":0},{"$f":"I411*E411","v":0},{"$f":"J411*E411","v":0},{"$f":"K411*E411","v":0},{"$f":"L411*E411","v":0},0,{"$f":"N411*E411","v":0},{"$f":"O411*E411","v":0},{"$f":"P411*E411","v":0},{"$f":"Q411*E411","v":0},{"$f":"R411*E411","v":0},{"$f":"S411*E411","v":0},{"$f":"T411*E411","v":0},{"$f":"W411*E411","v":0},{"$f":"X411*E411","v":0},{"$f":"Y411*E411","v":0},0,{"$f":"+E411*Z411","v":{"v":0,"d":"0.00"}}]
[{"$nulls":32},0]
[{"v":2.7,"d":"2.70"},"Roof Plantroom DB No 16",{"$nulls":30},0]
[null,"       Supply","each",1,{"v":9294.51,"d":"9,294.51"},{"v":9294.51,"d":"9,294.51"},{"$f":"+'Block Breakdown This'!G414+'Block Breakdown Prev'!G414","v":{"v":0,"d":"0.00"}},{"$f":"+'Block Breakdown This'!H414+'Block Breakdown Prev'!H414","v":{"v":0,"d":"0.00"}},{"$f":"+'Block Breakdown This'!I414+'Block Breakdown Prev'!I414","v":{"v":0,"d":"0.00"}},{"$f":"+'Block Breakdown This'!J414+'Block Breakdown Prev'!J414","v":{"v":0,"d":"0.00"}},{"$f":"+'Block Breakdown This'!K414+'Block Breakdown Prev'!K414","v":{"v":0,"d":"0.00"}},{"$f":"+'Block Breakdown This'!L414+'Block Breakdown Prev'!L414","v":{"v":0,"d":"0.00"}},{"$f":"+'Block Breakdown This'!M414+'Block Breakdown Prev'!M414","v":{"v":0,"d":"0.00"}},{"$f":"+'Block Breakdown This'!N414+'Block Breakdown Prev'!N414","v":{"v":0,"d":"0.00"}},{"$f":"+'Block Breakdown This'!O414+'Block Breakdown Prev'!O414","v":{"v":0,"d":"0.00"}},{"$f":"+'Block Breakdown This'!P414+'Block Breakdown Prev'!P414","v":{"v":0,"d":"0.00"}},{"$f":"+'Block Breakdown This'!Q414+'Block Breakdown Prev'!Q414","v":{"v":0,"d":"0.00"}},{"$f":"+'Block Breakdown This'!R414+'Block Breakdown Prev'!R414","v":{"v":0,"d":"0.00"}},{"$f":"+'Block Breakdown This'!S414+'Block Breakdown Prev'!S414","v":{"v":0,"d":"0.00"}},{"$f":"+'Block Breakdown This'!T414+'Block Breakdown Prev'!T414","v":{"v":0,"d":"0.00"}},{"$f":"+'Block Breakdown This'!U414+'Block Breakdown Prev'!U414","v":{"v":0,"d":"0.00"}},{"$f":"+'Block Breakdown This'!V414+'Block Breakdown Prev'!V414","v":{"v":0,"d":"0.00"}},{"$f":"+'Block Breakdown This'!W414+'Block Breakdown Prev'!W414","v":{"v":0,"d":"0.00"}},{"$f":"+'Block Breakdown This'!X414+'Block Breakdown Prev'!X414","v":{"v":0,"d":"0.00"}},{"$f":"+'Block Breakdown This'!Y414+'Block Breakdown Prev'!Y414","v":{"v":0,"d":"0.00"}},{"v":0,"d":"0.00"},{"$f":"G414*E414","v":0},{"$f":"H414*E414","v":0},{"$f":"I414*E414","v":0},{"$f":"J414*E414","v":0},{"$f":"K414*E414","v":0},{"$f":"L414*E414","v":0},0,{"$f":"N414*E414","v":0},{"$f":"O414*E414","v":0},{"$f":"P414*E414","v":0},{"$f":"Q414*E414","v":0},{"$f":"R414*E414","v":0},{"$f":"S414*E414","v":0},{"$f":"T414*E414","v":0},{"$f":"W414*E414","v":0},{"$f":"X414*E414","v":0},{"$f":"Y414*E414","v":0},0,{"$f":"+E414*Z414","v":{"v":0,"d":"0.00"}}]
[null,"       Install","each",1,{"v":1250,"d":"1,250.00"},{"v":1250,"d":"1,250.00"},{"$f":"+'Block Breakdown This'!G415+'Block Breakdown Prev'!G415","v":{"v":0,"d":"0.00"}},{"$f":"+'Block Breakdown This'!H415+'Block Breakdown Prev'!H415","v":{"v":0,"d":"0.00"}},{"$f":"+'Block Breakdown This'!I415+'Block Breakdown Prev'!I415","v":{"v":0,"d":"0.00"}},{"$f":"+'Block Breakdown This'!J415+'Block Breakdown Prev'!J415","v":{"v":0,"d":"0.00"}},{"$f":"+'Block Breakdown This'!K415+'Block Breakdown Prev'!K415","v":{"v":0,"d":"0.00"}},{"$f":"+'Block Breakdown This'!L415+'Block Breakdown Prev'!L415","v":{"v":0,"d":"0.00"}},{"$f":"+'Block Breakdown This'!M415+'Block Breakdown Prev'!M415","v":{"v":0,"d":"0.00"}},{"$f":"+'Block Breakdown This'!N415+'Block Breakdown Prev'!N415","v":{"v":0,"d":"0.00"}},{"$f":"+'Block Breakdown This'!O415+'Block Breakdown Prev'!O415","v":{"v":0,"d":"0.00"}},{"$f":"+'Block Breakdown This'!P415+'Block Breakdown Prev'!P415","v":{"v":0,"d":"0.00"}},{"$f":"+'Block Breakdown This'!Q415+'Block Breakdown Prev'!Q415","v":{"v":0,"d":"0.00"}},{"$f":"+'Block Breakdown This'!R415+'Block Breakdown Prev'!R415","v":{"v":0,"d":"0.00"}},{"$f":"+'Block Breakdown This'!S415+'Block Breakdown Prev'!S415","v":{"v":0,"d":"0.00"}},{"$f":"+'Block Breakdown This'!T415+'Block Breakdown Prev'!T415","v":{"v":0,"d":"0.00"}},{"$f":"+'Block Breakdown This'!U415+'Block Breakdown Prev'!U415","v":{"v":0,"d":"0.00"}},{"$f":"+'Block Breakdown This'!V415+'Block Breakdown Prev'!V415","v":{"v":0,"d":"0.00"}},{"$f":"+'Block Breakdown This'!W415+'Block Breakdown Prev'!W415","v":{"v":0,"d":"0.00"}},{"$f":"+'Block Breakdown This'!X415+'Block Breakdown Prev'!X415","v":{"v":0,"d":"0.00"}},{"$f":"+'Block Breakdown This'!Y415+'Block Breakdown Prev'!Y415","v":{"v":0,"d":"0.00"}},{"v":0,"d":"0.00"},{"$f":"G415*E415","v":0},{"$f":"H415*E415","v":0},{"$f":"I415*E415","v":0},{"$f":"J415*E415","v":0},{"$f":"K415*E415","v":0},{"$f":"L415*E415","v":0},0,{"$f":"N415*E415","v":0},{"$f":"O415*E415","v":0},{"$f":"P415*E415","v":0},{"$f":"Q415*E415","v":0},{"$f":"R415*E415","v":0},{"$f":"S415*E415","v":0},{"$f":"T415*E415","v":0},{"$f":"W415*E415","v":0},{"$f":"X415*E415","v":0},{"$f":"Y415*E415","v":0},0,{"$f":"+E415*Z415","v":{"v":0,"d":"0.00"}}]
[{"$nulls":32},0]
[2.71,"Outdoor Lighting DB No 1",{"$nulls":30},0]
[null,"       Supply","each",1,{"v":6584.03,"d":"6,584.03"},{"v":6584.03,"d":"6,584.03"},{"$f":"+'Block Breakdown This'!G418+'Block Breakdown Prev'!G418","v":{"v":0,"d":"0.00"}},{"$f":"+'Block Breakdown This'!H418+'Block Breakdown Prev'!H418","v":{"v":0,"d":"0.00"}},{"$f":"+'Block Breakdown This'!I418+'Block Breakdown Prev'!I418","v":{"v":0,"d":"0.00"}},{"$f":"+'Block Breakdown This'!J418+'Block Breakdown Prev'!J418","v":{"v":0,"d":"0.00"}},{"$f":"+'Block Breakdown This'!K418+'Block Breakdown Prev'!K418","v":{"v":0,"d":"0.00"}},{"$f":"+'Block Breakdown This'!L418+'Block Breakdown Prev'!L418","v":{"v":0,"d":"0.00"}},{"$f":"+'Block Breakdown This'!M418+'Block Breakdown Prev'!M418","v":{"v":0,"d":"0.00"}},{"$f":"+'Block Breakdown This'!N418+'Block Breakdown Prev'!N418","v":{"v":0,"d":"0.00"}},{"$f":"+'Block Breakdown This'!O418+'Block Breakdown Prev'!O418","v":{"v":0,"d":"0.00"}},{"$f":"+'Block Breakdown This'!P418+'Block Breakdown Prev'!P418","v":{"v":0,"d":"0.00"}},{"$f":"+'Block Breakdown This'!Q418+'Block Breakdown Prev'!Q418","v":{"v":0,"d":"0.00"}},{"$f":"+'Block Breakdown This'!R418+'Block Breakdown Prev'!R418","v":{"v":0,"d":"0.00"}},{"$f":"+'Block Breakdown This'!S418+'Block Breakdown Prev'!S418","v":{"v":0,"d":"0.00"}},{"$f":"+'Block Breakdown This'!T418+'Block Breakdown Prev'!T418","v":{"v":0,"d":"0.00"}},{"$f":"+'Block Breakdown This'!U418+'Block Breakdown Prev'!U418","v":{"v":0,"d":"0.00"}},{"$f":"+'Block Breakdown This'!V418+'Block Breakdown Prev'!V418","v":{"v":0,"d":"0.00"}},{"$f":"+'Block Breakdown This'!W418+'Block Breakdown Prev'!W418","v":{"v":0,"d":"0.00"}},{"$f":"+'Block Breakdown This'!X418+'Block Breakdown Prev'!X418","v":{"v":0,"d":"0.00"}},{"$f":"+'Block Breakdown This'!Y418+'Block Breakdown Prev'!Y418","v":{"v":0,"d":"0.00"}},{"v":0,"d":"0.00"},{"$f":"G418*E418","v":0},{"$f":"H418*E418","v":0},{"$f":"I418*E418","v":0},{"$f":"J418*E418","v":0},{"$f":"K418*E418","v":0},{"$f":"L418*E418","v":0},0,{"$f":"N418*E418","v":0},{"$f":"O418*E418","v":0},{"$f":"P418*E418","v":0},{"$f":"Q418*E418","v":0},{"$f":"R418*E418","v":0},{"$f":"S418*E418","v":0},{"$f":"T418*E418","v":0},{"$f":"W418*E418","v":0},{"$f":"X418*E418","v":0},{"$f":"Y418*E418","v":0},0,{"$f":"+E418*Z418","v":{"v":0,"d":"0.00"}}]
[null,"       Install","each",1,{"v":1250,"d":"1,250.00"},{"v":1250,"d":"1,250.00"},{"$f":"+'Block Breakdown This'!G419+'Block Breakdown Prev'!G419","v":{"v":0,"d":"0.00"}},{"$f":"+'Block Breakdown This'!H419+'Block Breakdown Prev'!H419","v":{"v":0,"d":"0.00"}},{"$f":"+'Block Breakdown This'!I419+'Block Breakdown Prev'!I419","v":{"v":0,"d":"0.00"}},{"$f":"+'Block Breakdown This'!J419+'Block Breakdown Prev'!J419","v":{"v":0,"d":"0.00"}},{"$f":"+'Block Breakdown This'!K419+'Block Breakdown Prev'!K419","v":{"v":0,"d":"0.00"}},{"$f":"+'Block Breakdown This'!L419+'Block Breakdown Prev'!L419","v":{"v":0,"d":"0.00"}},{"$f":"+'Block Breakdown This'!M419+'Block Breakdown Prev'!M419","v":{"v":0,"d":"0.00"}},{"$f":"+'Block Breakdown This'!N419+'Block Breakdown Prev'!N419","v":{"v":0,"d":"0.00"}},{"$f":"+'Block Breakdown This'!O419+'Block Breakdown Prev'!O419","v":{"v":0,"d":"0.00"}},{"$f":"+'Block Breakdown This'!P419+'Block Breakdown Prev'!P419","v":{"v":0,"d":"0.00"}},{"$f":"+'Block Breakdown This'!Q419+'Block Breakdown Prev'!Q419","v":{"v":0,"d":"0.00"}},{"$f":"+'Block Breakdown This'!R419+'Block Breakdown Prev'!R419","v":{"v":0,"d":"0.00"}},{"$f":"+'Block Breakdown This'!S419+'Block Breakdown Prev'!S419","v":{"v":0,"d":"0.00"}},{"$f":"+'Block Breakdown This'!T419+'Block Breakdown Prev'!T419","v":{"v":0,"d":"0.00"}},{"$f":"+'Block Breakdown This'!U419+'Block Breakdown Prev'!U419","v":{"v":0,"d":"0.00"}},{"$f":"+'Block Breakdown This'!V419+'Block Breakdown Prev'!V419","v":{"v":0,"d":"0.00"}},{"$f":"+'Block Breakdown This'!W419+'Block Breakdown Prev'!W419","v":{"v":0,"d":"0.00"}},{"$f":"+'Block Breakdown This'!X419+'Block Breakdown Prev'!X419","v":{"v":0,"d":"0.00"}},{"$f":"+'Block Breakdown This'!Y419+'Block Breakdown Prev'!Y419","v":{"v":0,"d":"0.00"}},{"v":0,"d":"0.00"},{"$f":"G419*E419","v":0},{"$f":"H419*E419","v":0},{"$f":"I419*E419","v":0},{"$f":"J419*E419","v":0},{"$f":"K419*E419","v":0},{"$f":"L419*E419","v":0},0,{"$f":"N419*E419","v":0},{"$f":"O419*E419","v":0},{"$f":"P419*E419","v":0},{"$f":"Q419*E419","v":0},{"$f":"R419*E419","v":0},{"$f":"S419*E419","v":0},{"$f":"T419*E419","v":0},{"$f":"W419*E419","v":0},{"$f":"X419*E419","v":0},{"$f":"Y419*E419","v":0},0,{"$f":"+E419*Z419","v":{"v":0,"d":"0.00"}}]
[{"$nulls":32},0]
[2.72,"Outdoor Lighting DB No 2",{"$nulls":30},0]
[null,"       Supply","each",1,{"v":5575.58,"d":"5,575.58"},{"v":5575.58,"d":"5,575.58"},{"$f":"+'Block Breakdown This'!G422+'Block Breakdown Prev'!G422","v":{"v":0,"d":"0.00"}},{"$f":"+'Block Breakdown This'!H422+'Block Breakdown Prev'!H422","v":{"v":0,"d":"0.00"}},{"$f":"+'Block Breakdown This'!I422+'Block Breakdown Prev'!I422","v":{"v":0,"d":"0.00"}},{"$f":"+'Block Breakdown This'!J422+'Block Breakdown Prev'!J422","v":{"v":0,"d":"0.00"}},{"$f":"+'Block Breakdown This'!K422+'Block Breakdown Prev'!K422","v":{"v":0,"d":"0.00"}},{"$f":"+'Block Breakdown This'!L422+'Block Breakdown Prev'!L422","v":{"v":0,"d":"0.00"}},{"$f":"+'Block Breakdown This'!M422+'Block Breakdown Prev'!M422","v":{"v":0,"d":"0.00"}},{"$f":"+'Block Breakdown This'!N422+'Block Breakdown Prev'!N422","v":{"v":0,"d":"0.00"}},{"$f":"+'Block Breakdown This'!O422+'Block Breakdown Prev'!O422","v":{"v":0,"d":"0.00"}},{"$f":"+'Block Breakdown This'!P422+'Block Breakdown Prev'!P422","v":{"v":0,"d":"0.00"}},{"$f":"+'Block Breakdown This'!Q422+'Block Breakdown Prev'!Q422","v":{"v":0,"d":"0.00"}},{"$f":"+'Block Breakdown This'!R422+'Block Breakdown Prev'!R422","v":{"v":0,"d":"0.00"}},{"$f":"+'Block Breakdown This'!S422+'Block Breakdown Prev'!S422","v":{"v":0,"d":"0.00"}},{"$f":"+'Block Breakdown This'!T422+'Block Breakdown Prev'!T422","v":{"v":0,"d":"0.00"}},{"$f":"+'Block Breakdown This'!U422+'Block Breakdown Prev'!U422","v":{"v":0,"d":"0.00"}},{"$f":"+'Block Breakdown This'!V422+'Block Breakdown Prev'!V422","v":{"v":0,"d":"0.00"}},{"$f":"+'Block Breakdown This'!W422+'Block Breakdown Prev'!W422","v":{"v":0,"d":"0.00"}},{"$f":"+'Block Breakdown This'!X422+'Block Breakdown Prev'!X422","v":{"v":0,"d":"0.00"}},{"$f":"+'Block Breakdown This'!Y422+'Block Breakdown Prev'!Y422","v":{"v":0,"d":"0.00"}},{"v":0,"d":"0.00"},{"$f":"G422*E422","v":0},{"$f":"H422*E422","v":0},{"$f":"I422*E422","v":0},{"$f":"J422*E422","v":0},{"$f":"K422*E422","v":0},{"$f":"L422*E422","v":0},0,{"$f":"N422*E422","v":0},{"$f":"O422*E422","v":0},{"$f":"P422*E422","v":0},{"$f":"Q422*E422","v":0},{"$f":"R422*E422","v":0},{"$f":"S422*E422","v":0},{"$f":"T422*E422","v":0},{"$f":"W422*E422","v":0},{"$f":"X422*E422","v":0},{"$f":"Y422*E422","v":0},0,{"$f":"+E422*Z422","v":{"v":0,"d":"0.00"}}]
[null,"       Install","each",1,{"v":1250,"d":"1,250.00"},{"v":1250,"d":"1,250.00"},{"$f":"+'Block Breakdown This'!G423+'Block Breakdown Prev'!G423","v":{"v":0,"d":"0.00"}},{"$f":"+'Block Breakdown This'!H423+'Block Breakdown Prev'!H423","v":{"v":0,"d":"0.00"}},{"$f":"+'Block Breakdown This'!I423+'Block Breakdown Prev'!I423","v":{"v":0,"d":"0.00"}},{"$f":"+'Block Breakdown This'!J423+'Block Breakdown Prev'!J423","v":{"v":0,"d":"0.00"}},{"$f":"+'Block Breakdown This'!K423+'Block Breakdown Prev'!K423","v":{"v":0,"d":"0.00"}},{"$f":"+'Block Breakdown This'!L423+'Block Breakdown Prev'!L423","v":{"v":0,"d":"0.00"}},{"$f":"+'Block Breakdown This'!M423+'Block Breakdown Prev'!M423","v":{"v":0,"d":"0.00"}},{"$f":"+'Block Breakdown This'!N423+'Block Breakdown Prev'!N423","v":{"v":0,"d":"0.00"}},{"$f":"+'Block Breakdown This'!O423+'Block Breakdown Prev'!O423","v":{"v":0,"d":"0.00"}},{"$f":"+'Block Breakdown This'!P423+'Block Breakdown Prev'!P423","v":{"v":0,"d":"0.00"}},{"$f":"+'Block Breakdown This'!Q423+'Block Breakdown Prev'!Q423","v":{"v":0,"d":"0.00"}},{"$f":"+'Block Breakdown This'!R423+'Block Breakdown Prev'!R423","v":{"v":0,"d":"0.00"}},{"$f":"+'Block Breakdown This'!S423+'Block Breakdown Prev'!S423","v":{"v":0,"d":"0.00"}},{"$f":"+'Block Breakdown This'!T423+'Block Breakdown Prev'!T423","v":{"v":0,"d":"0.00"}},{"$f":"+'Block Breakdown This'!U423+'Block Breakdown Prev'!U423","v":{"v":0,"d":"0.00"}},{"$f":"+'Block Breakdown This'!V423+'Block Breakdown Prev'!V423","v":{"v":0,"d":"0.00"}},{"$f":"+'Block Breakdown This'!W423+'Block Breakdown Prev'!W423","v":{"v":0,"d":"0.00"}},{"$f":"+'Block Breakdown This'!X423+'Block Breakdown Prev'!X423","v":{"v":0,"d":"0.00"}},{"$f":"+'Block Breakdown This'!Y423+'Block Breakdown Prev'!Y423","v":{"v":0,"d":"0.00"}},{"v":0,"d":"0.00"},{"$f":"G423*E423","v":0},{"$f":"H423*E423","v":0},{"$f":"I423*E423","v":0},{"$f":"J423*E423","v":0},{"$f":"K423*E423","v":0},{"$f":"L423*E423","v":0},0,{"$f":"N423*E423","v":0},{"$f":"O423*E423","v":0},{"$f":"P423*E423","v":0},{"$f":"Q423*E423","v":0},{"$f":"R423*E423","v":0},{"$f":"S423*E423","v":0},{"$f":"T423*E423","v":0},{"$f":"W423*E423","v":0},{"$f":"X423*E423","v":0},{"$f":"Y423*E423","v":0},0,{"$f":"+E423*Z423","v":{"v":0,"d":"0.00"}}]
[{"$nulls":32},0]
[2.73,"Outdoor Lighting DB No 3",{"$nulls":30},0]
[null,"       Supply","each",1,{"v":6865.17,"d":"6,865.17"},{"v":6865.17,"d":"6,865.17"},{"$f":"+'Block Breakdown This'!G426+'Block Breakdown Prev'!G426","v":{"v":0,"d":"0.00"}},{"$f":"+'Block Breakdown This'!H426+'Block Breakdown Prev'!H426","v":{"v":0,"d":"0.00"}},{"$f":"+'Block Breakdown This'!I426+'Block Breakdown Prev'!I426","v":{"v":0,"d":"0.00"}},{"$f":"+'Block Breakdown This'!J426+'Block Breakdown Prev'!J426","v":{"v":0,"d":"0.00"}},{"$f":"+'Block Breakdown This'!K426+'Block Breakdown Prev'!K426","v":{"v":0,"d":"0.00"}},{"$f":"+'Block Breakdown This'!L426+'Block Breakdown Prev'!L426","v":{"v":0,"d":"0.00"}},{"$f":"+'Block Breakdown This'!M426+'Block Breakdown Prev'!M426","v":{"v":0,"d":"0.00"}},{"$f":"+'Block Breakdown This'!N426+'Block Breakdown Prev'!N426","v":{"v":0,"d":"0.00"}},{"$f":"+'Block Breakdown This'!O426+'Block Breakdown Prev'!O426","v":{"v":0,"d":"0.00"}},{"$f":"+'Block Breakdown This'!P426+'Block Breakdown Prev'!P426","v":{"v":0,"d":"0.00"}},{"$f":"+'Block Breakdown This'!Q426+'Block Breakdown Prev'!Q426","v":{"v":0,"d":"0.00"}},{"$f":"+'Block Breakdown This'!R426+'Block Breakdown Prev'!R426","v":{"v":0,"d":"0.00"}},{"$f":"+'Block Breakdown This'!S426+'Block Breakdown Prev'!S426","v":{"v":0,"d":"0.00"}},{"$f":"+'Block Breakdown This'!T426+'Block Breakdown Prev'!T426","v":{"v":0,"d":"0.00"}},{"$f":"+'Block Breakdown This'!U426+'Block Breakdown Prev'!U426","v":{"v":0,"d":"0.00"}},{"$f":"+'Block Breakdown This'!V426+'Block Breakdown Prev'!V426","v":{"v":0,"d":"0.00"}},{"$f":"+'Block Breakdown This'!W426+'Block Breakdown Prev'!W426","v":{"v":0,"d":"0.00"}},{"$f":"+'Block Breakdown This'!X426+'Block Breakdown Prev'!X426","v":{"v":0,"d":"0.00"}},{"$f":"+'Block Breakdown This'!Y426+'Block Breakdown Prev'!Y426","v":{"v":0,"d":"0.00"}},{"v":0,"d":"0.00"},{"$f":"G426*E426","v":0},{"$f":"H426*E426","v":0},{"$f":"I426*E426","v":0},{"$f":"J426*E426","v":0},{"$f":"K426*E426","v":0},{"$f":"L426*E426","v":0},0,{"$f":"N426*E426","v":0},{"$f":"O426*E426","v":0},{"$f":"P426*E426","v":0},{"$f":"Q426*E426","v":0},{"$f":"R426*E426","v":0},{"$f":"S426*E426","v":0},{"$f":"T426*E426","v":0},{"$f":"W426*E426","v":0},{"$f":"X426*E426","v":0},{"$f":"Y426*E426","v":0},0,{"$f":"+E426*Z426","v":{"v":0,"d":"0.00"}}]
[null,"       Install","each",1,{"v":1250,"d":"1,250.00"},{"v":1250,"d":"1,250.00"},{"$f":"+'Block Breakdown This'!G427+'Block Breakdown Prev'!G427","v":{"v":0,"d":"0.00"}},{"$f":"+'Block Breakdown This'!H427+'Block Breakdown Prev'!H427","v":{"v":0,"d":"0.00"}},{"$f":"+'Block Breakdown This'!I427+'Block Breakdown Prev'!I427","v":{"v":0,"d":"0.00"}},{"$f":"+'Block Breakdown This'!J427+'Block Breakdown Prev'!J427","v":{"v":0,"d":"0.00"}},{"$f":"+'Block Breakdown This'!K427+'Block Breakdown Prev'!K427","v":{"v":0,"d":"0.00"}},{"$f":"+'Block Breakdown This'!L427+'Block Breakdown Prev'!L427","v":{"v":0,"d":"0.00"}},{"$f":"+'Block Breakdown This'!M427+'Block Breakdown Prev'!M427","v":{"v":0,"d":"0.00"}},{"$f":"+'Block Breakdown This'!N427+'Block Breakdown Prev'!N427","v":{"v":0,"d":"0.00"}},{"$f":"+'Block Breakdown This'!O427+'Block Breakdown Prev'!O427","v":{"v":0,"d":"0.00"}},{"$f":"+'Block Breakdown This'!P427+'Block Breakdown Prev'!P427","v":{"v":0,"d":"0.00"}},{"$f":"+'Block Breakdown This'!Q427+'Block Breakdown Prev'!Q427","v":{"v":0,"d":"0.00"}},{"$f":"+'Block Breakdown This'!R427+'Block Breakdown Prev'!R427","v":{"v":0,"d":"0.00"}},{"$f":"+'Block Breakdown This'!S427+'Block Breakdown Prev'!S427","v":{"v":0,"d":"0.00"}},{"$f":"+'Block Breakdown This'!T427+'Block Breakdown Prev'!T427","v":{"v":0,"d":"0.00"}},{"$f":"+'Block Breakdown This'!U427+'Block Breakdown Prev'!U427","v":{"v":0,"d":"0.00"}},{"$f":"+'Block Breakdown This'!V427+'Block Breakdown Prev'!V427","v":{"v":0,"d":"0.00"}},{"$f":"+'Block Breakdown This'!W427+'Block Breakdown Prev'!W427","v":{"v":0,"d":"0.00"}},{"$f":"+'Block Breakdown This'!X427+'Block Breakdown Prev'!X427","v":{"v":0,"d":"0.00"}},{"$f":"+'Block Breakdown This'!Y427+'Block Breakdown Prev'!Y427","v":{"v":0,"d":"0.00"}},{"v":0,"d":"0.00"},{"$f":"G427*E427","v":0},{"$f":"H427*E427","v":0},{"$f":"I427*E427","v":0},{"$f":"J427*E427","v":0},{"$f":"K427*E427","v":0},{"$f":"L427*E427","v":0},0,{"$f":"N427*E427","v":0},{"$f":"O427*E427","v":0},{"$f":"P427*E427","v":0},{"$f":"Q427*E427","v":0},{"$f":"R427*E427","v":0},{"$f":"S427*E427","v":0},{"$f":"T427*E427","v":0},{"$f":"W427*E427","v":0},{"$f":"X427*E427","v":0},{"$f":"Y427*E427","v":0},0,{"$f":"+E427*Z427","v":{"v":0,"d":"0.00"}}]
[{"$nulls":32},0]
[2.74,"Outdoor Lighting DB No 4",{"$nulls":30},0]
[null,"       Supply","each",1,{"v":9971.46,"d":"9,971.46"},{"v":9971.46,"d":"9,971.46"},{"$f":"+'Block Breakdown This'!G430+'Block Breakdown Prev'!G430","v":{"v":0,"d":"0.00"}},{"$f":"+'Block Breakdown This'!H430+'Block Breakdown Prev'!H430","v":{"v":0,"d":"0.00"}},{"$f":"+'Block Breakdown This'!I430+'Block Breakdown Prev'!I430","v":{"v":0,"d":"0.00"}},{"$f":"+'Block Breakdown This'!J430+'Block Breakdown Prev'!J430","v":{"v":0,"d":"0.00"}},{"$f":"+'Block Breakdown This'!K430+'Block Breakdown Prev'!K430","v":{"v":0,"d":"0.00"}},{"$f":"+'Block Breakdown This'!L430+'Block Breakdown Prev'!L430","v":{"v":0,"d":"0.00"}},{"$f":"+'Block Breakdown This'!M430+'Block Breakdown Prev'!M430","v":{"v":0,"d":"0.00"}},{"$f":"+'Block Breakdown This'!N430+'Block Breakdown Prev'!N430","v":{"v":0,"d":"0.00"}},{"$f":"+'Block Breakdown This'!O430+'Block Breakdown Prev'!O430","v":{"v":0,"d":"0.00"}},{"$f":"+'Block Breakdown This'!P430+'Block Breakdown Prev'!P430","v":{"v":0,"d":"0.00"}},{"$f":"+'Block Breakdown This'!Q430+'Block Breakdown Prev'!Q430","v":{"v":0,"d":"0.00"}},{"$f":"+'Block Breakdown This'!R430+'Block Breakdown Prev'!R430","v":{"v":0,"d":"0.00"}},{"$f":"+'Block Breakdown This'!S430+'Block Breakdown Prev'!S430","v":{"v":0,"d":"0.00"}},{"$f":"+'Block Breakdown This'!T430+'Block Breakdown Prev'!T430","v":{"v":0,"d":"0.00"}},{"$f":"+'Block Breakdown This'!U430+'Block Breakdown Prev'!U430","v":{"v":0,"d":"0.00"}},{"$f":"+'Block Breakdown This'!V430+'Block Breakdown Prev'!V430","v":{"v":0,"d":"0.00"}},{"$f":"+'Block Breakdown This'!W430+'Block Breakdown Prev'!W430","v":{"v":0,"d":"0.00"}},{"$f":"+'Block Breakdown This'!X430+'Block Breakdown Prev'!X430","v":{"v":0,"d":"0.00"}},{"$f":"+'Block Breakdown This'!Y430+'Block Breakdown Prev'!Y430","v":{"v":0,"d":"0.00"}},{"v":0,"d":"0.00"},{"$f":"G430*E430","v":0},{"$f":"H430*E430","v":0},{"$f":"I430*E430","v":0},{"$f":"J430*E430","v":0},{"$f":"K430*E430","v":0},{"$f":"L430*E430","v":0},0,{"$f":"N430*E430","v":0},{"$f":"O430*E430","v":0},{"$f":"P430*E430","v":0},{"$f":"Q430*E430","v":0},{"$f":"R430*E430","v":0},{"$f":"S430*E430","v":0},{"$f":"T430*E430","v":0},{"$f":"W430*E430","v":0},{"$f":"X430*E430","v":0},{"$f":"Y430*E430","v":0},0,{"$f":"+E430*Z430","v":{"v":0,"d":"0.00"}}]
[null,"       Install","each",1,{"v":1250,"d":"1,250.00"},{"v":1250,"d":"1,250.00"},{"$f":"+'Block Breakdown This'!G431+'Block Breakdown Prev'!G431","v":{"v":0,"d":"0.00"}},{"$f":"+'Block Breakdown This'!H431+'Block Breakdown Prev'!H431","v":{"v":0,"d":"0.00"}},{"$f":"+'Block Breakdown This'!I431+'Block Breakdown Prev'!I431","v":{"v":0,"d":"0.00"}},{"$f":"+'Block Breakdown This'!J431+'Block Breakdown Prev'!J431","v":{"v":0,"d":"0.00"}},{"$f":"+'Block Breakdown This'!K431+'Block Breakdown Prev'!K431","v":{"v":0,"d":"0.00"}},{"$f":"+'Block Breakdown This'!L431+'Block Breakdown Prev'!L431","v":{"v":0,"d":"0.00"}},{"$f":"+'Block Breakdown This'!M431+'Block Breakdown Prev'!M431","v":{"v":0,"d":"0.00"}},{"$f":"+'Block Breakdown This'!N431+'Block Breakdown Prev'!N431","v":{"v":0,"d":"0.00"}},{"$f":"+'Block Breakdown This'!O431+'Block Breakdown Prev'!O431","v":{"v":0,"d":"0.00"}},{"$f":"+'Block Breakdown This'!P431+'Block Breakdown Prev'!P431","v":{"v":0,"d":"0.00"}},{"$f":"+'Block Breakdown This'!Q431+'Block Breakdown Prev'!Q431","v":{"v":0,"d":"0.00"}},{"$f":"+'Block Breakdown This'!R431+'Block Breakdown Prev'!R431","v":{"v":0,"d":"0.00"}},{"$f":"+'Block Breakdown This'!S431+'Block Breakdown Prev'!S431","v":{"v":0,"d":"0.00"}},{"$f":"+'Block Breakdown This'!T431+'Block Breakdown Prev'!T431","v":{"v":0,"d":"0.00"}},{"$f":"+'Block Breakdown This'!U431+'Block Breakdown Prev'!U431","v":{"v":0,"d":"0.00"}},{"$f":"+'Block Breakdown This'!V431+'Block Breakdown Prev'!V431","v":{"v":0,"d":"0.00"}},{"$f":"+'Block Breakdown This'!W431+'Block Breakdown Prev'!W431","v":{"v":0,"d":"0.00"}},{"$f":"+'Block Breakdown This'!X431+'Block Breakdown Prev'!X431","v":{"v":0,"d":"0.00"}},{"$f":"+'Block Breakdown This'!Y431+'Block Breakdown Prev'!Y431","v":{"v":0,"d":"0.00"}},{"v":0,"d":"0.00"},{"$f":"G431*E431","v":0},{"$f":"H431*E431","v":0},{"$f":"I431*E431","v":0},{"$f":"J431*E431","v":0},{"$f":"K431*E431","v":0},{"$f":"L431*E431","v":0},0,{"$f":"N431*E431","v":0},{"$f":"O431*E431","v":0},{"$f":"P431*E431","v":0},{"$f":"Q431*E431","v":0},{"$f":"R431*E431","v":0},{"$f":"S431*E431","v":0},{"$f":"T431*E431","v":0},{"$f":"W431*E431","v":0},{"$f":"X431*E431","v":0},{"$f":"Y431*E431","v":0},0,{"$f":"+E431*Z431","v":{"v":0,"d":"0.00"}}]
[{"$nulls":32},0,{"$nulls":11}," "]
[2.75,"Pedistrian Gate House",{"$nulls":30},0,{"$nulls":11}," "]
[null,"       Supply","each",1,{"v":2163.47,"d":"2,163.47"},{"v":2163.47,"d":"2,163.47"},{"$f":"+'Block Breakdown This'!G434+'Block Breakdown Prev'!G434","v":{"v":0,"d":"0.00"}},{"$f":"+'Block Breakdown This'!H434+'Block Breakdown Prev'!H434","v":{"v":0,"d":"0.00"}},{"$f":"+'Block Breakdown This'!I434+'Block Breakdown Prev'!I434","v":{"v":0,"d":"0.00"}},{"$f":"+'Block Breakdown This'!J434+'Block Breakdown Prev'!J434","v":{"v":0,"d":"0.00"}},{"$f":"+'Block Breakdown This'!K434+'Block Breakdown Prev'!K434","v":{"v":0,"d":"0.00"}},{"$f":"+'Block Breakdown This'!L434+'Block Breakdown Prev'!L434","v":{"v":0,"d":"0.00"}},{"$f":"+'Block Breakdown This'!M434+'Block Breakdown Prev'!M434","v":{"v":0,"d":"0.00"}},{"$f":"+'Block Breakdown This'!N434+'Block Breakdown Prev'!N434","v":{"v":0,"d":"0.00"}},{"$f":"+'Block Breakdown This'!O434+'Block Breakdown Prev'!O434","v":{"v":0,"d":"0.00"}},{"$f":"+'Block Breakdown This'!P434+'Block Breakdown Prev'!P434","v":{"v":0,"d":"0.00"}},{"$f":"+'Block Breakdown This'!Q434+'Block Breakdown Prev'!Q434","v":{"v":0,"d":"0.00"}},{"$f":"+'Block Breakdown This'!R434+'Block Breakdown Prev'!R434","v":{"v":0,"d":"0.00"}},{"$f":"+'Block Breakdown This'!S434+'Block Breakdown Prev'!S434","v":{"v":0,"d":"0.00"}},{"$f":"+'Block Breakdown This'!T434+'Block Breakdown Prev'!T434","v":{"v":0,"d":"0.00"}},{"$f":"+'Block Breakdown This'!U434+'Block Breakdown Prev'!U434","v":{"v":0,"d":"0.00"}},{"$f":"+'Block Breakdown This'!V434+'Block Breakdown Prev'!V434","v":{"v":0,"d":"0.00"}},{"$f":"+'Block Breakdown This'!W434+'Block Breakdown Prev'!W434","v":{"v":0,"d":"0.00"}},{"$f":"+'Block Breakdown This'!X434+'Block Breakdown Prev'!X434","v":{"v":0,"d":"0.00"}},{"$f":"+'Block Breakdown This'!Y434+'Block Breakdown Prev'!Y434","v":{"v":0,"d":"0.00"}},{"v":0,"d":"0.00"},{"$f":"G434*E434","v":0},{"$f":"H434*E434","v":0},{"$f":"I434*E434","v":0},{"$f":"J434*E434","v":0},{"$f":"K434*E434","v":0},{"$f":"L434*E434","v":0},0,{"$f":"N434*E434","v":0},{"$f":"O434*E434","v":0},{"$f":"P434*E434","v":0},{"$f":"Q434*E434","v":0},{"$f":"R434*E434","v":0},{"$f":"S434*E434","v":0},{"$f":"T434*E434","v":0},{"$f":"W434*E434","v":0},{"$f":"X434*E434","v":0},{"$f":"Y434*E434","v":0},0,{"$f":"+E434*Z434","v":{"v":0,"d":"0.00"}}]
[null,"       Install","each",1,{"v":1250,"d":"1,250.00"},{"v":1250,"d":"1,250.00"},{"$f":"+'Block Breakdown This'!G435+'Block Breakdown Prev'!G435","v":{"v":0,"d":"0.00"}},{"$f":"+'Block Breakdown This'!H435+'Block Breakdown Prev'!H435","v":{"v":0,"d":"0.00"}},{"$f":"+'Block Breakdown This'!I435+'Block Breakdown Prev'!I435","v":{"v":0,"d":"0.00"}},{"$f":"+'Block Breakdown This'!J435+'Block Breakdown Prev'!J435","v":{"v":0,"d":"0.00"}},{"$f":"+'Block Breakdown This'!K435+'Block Breakdown Prev'!K435","v":{"v":0,"d":"0.00"}},{"$f":"+'Block Breakdown This'!L435+'Block Breakdown Prev'!L435","v":{"v":0,"d":"0.00"}},{"$f":"+'Block Breakdown This'!M435+'Block Breakdown Prev'!M435","v":{"v":0,"d":"0.00"}},{"$f":"+'Block Breakdown This'!N435+'Block Breakdown Prev'!N435","v":{"v":0,"d":"0.00"}},{"$f":"+'Block Breakdown This'!O435+'Block Breakdown Prev'!O435","v":{"v":0,"d":"0.00"}},{"$f":"+'Block Breakdown This'!P435+'Block Breakdown Prev'!P435","v":{"v":0,"d":"0.00"}},{"$f":"+'Block Breakdown This'!Q435+'Block Breakdown Prev'!Q435","v":{"v":0,"d":"0.00"}},{"$f":"+'Block Breakdown This'!R435+'Block Breakdown Prev'!R435","v":{"v":0,"d":"0.00"}},{"$f":"+'Block Breakdown This'!S435+'Block Breakdown Prev'!S435","v":{"v":0,"d":"0.00"}},{"$f":"+'Block Breakdown This'!T435+'Block Breakdown Prev'!T435","v":{"v":0,"d":"0.00"}},{"$f":"+'Block Breakdown This'!U435+'Block Breakdown Prev'!U435","v":{"v":0,"d":"0.00"}},{"$f":"+'Block Breakdown This'!V435+'Block Breakdown Prev'!V435","v":{"v":0,"d":"0.00"}},{"$f":"+'Block Breakdown This'!W435+'Block Breakdown Prev'!W435","v":{"v":0,"d":"0.00"}},{"$f":"+'Block Breakdown This'!X435+'Block Breakdown Prev'!X435","v":{"v":0,"d":"0.00"}},{"$f":"+'Block Breakdown This'!Y435+'Block Breakdown Prev'!Y435","v":{"v":0,"d":"0.00"}},{"v":0,"d":"0.00"},{"$f":"G435*E435","v":0},{"$f":"H435*E435","v":0},{"$f":"I435*E435","v":0},{"$f":"J435*E435","v":0},{"$f":"K435*E435","v":0},{"$f":"L435*E435","v":0},0,{"$f":"N435*E435","v":0},{"$f":"O435*E435","v":0},{"$f":"P435*E435","v":0},{"$f":"Q435*E435","v":0},{"$f":"R435*E435","v":0},{"$f":"S435*E435","v":0},{"$f":"T435*E435","v":0},{"$f":"W435*E435","v":0},{"$f":"X435*E435","v":0},{"$f":"Y435*E435","v":0},0,{"$f":"+E435*Z435","v":{"v":0,"d":"0.00"}}]
[{"$nulls":5}," ",{"$nulls":38}," "]
[]
[null,"Amount Carried Forward",{"$nulls":3},{"$f":"SUM(F387:F437)","v":{"v":3824918.1300000018,"d":"3,824,918.13"}},{"$nulls":38},{"$f":"SUM(AS387:AS437)","v":{"v":3008032.660000002,"d":"3,008,032.66"}}]
[]
["MAIN HOSPITAL ELECTRICAL INSTALLATION"]
["CECILIA MAKIWANE HOSPITAL : PHASE 4C"]
[]
["BILL NO. 2 : DISTRIBUTION BOARDS"]
["ITEM","DESCRIPTION","UNIT","QTY","RATE","TENDER AMOUNT","A-LV05","B-LV04","D-LV03","E1-LV03","E2","F1","F2","G1","G2","H1","H2","J1","J2","J3","Substation","G/House","K","N","Other","Total Qty","A","B","D","E1","E2","F1","F2","G1","G2","H1","H2","J1","J2","J3","K","N","Other","Total Amount","Total Claimed"]
[null,"AMOUNT CARRIED FORWARD FROM PREVIOUS BILL",{"$nulls":3},{"$f":"F438","v":{"v":3824918.1300000018,"d":"3,824,918.13"}},{"$nulls":38},{"$f":"AS438","v":{"v":3008032.660000002,"d":"3,008,032.66"}}]
[]
[]
[2.76,"Vehicle Gate House"]
[null,"       Supply","each",1,{"v":2322.53,"d":"2,322.53"},{"$f":"$D449*E449","v":{"v":2322.53,"d":"2,322.53"}},{"$f":"+'Block Breakdown This'!G$449+'Block Breakdown Prev'!G$449","v":{"v":0,"d":"0.00"}},{"$f":"+'Block Breakdown This'!H449+'Block Breakdown Prev'!H449","v":{"v":0,"d":"0.00"}},{"$f":"+'Block Breakdown This'!I449+'Block Breakdown Prev'!I449","v":{"v":0,"d":"0.00"}},{"$f":"+'Block Breakdown This'!J449+'Block Breakdown Prev'!J449","v":{"v":0,"d":"0.00"}},{"$f":"+'Block Breakdown This'!K449+'Block Breakdown Prev'!K449","v":{"v":0,"d":"0.00"}},{"$f":"+'Block Breakdown This'!L449+'Block Breakdown Prev'!L449","v":{"v":0,"d":"0.00"}},{"$f":"+'Block Breakdown This'!M449+'Block Breakdown Prev'!M449","v":{"v":0,"d":"0.00"}},{"$f":"+'Block Breakdown This'!N449+'Block Breakdown Prev'!N449","v":{"v":0,"d":"0.00"}},{"$f":"+'Block Breakdown This'!O449+'Block Breakdown Prev'!O449","v":{"v":0,"d":"0.00"}},{"$f":"+'Block Breakdown This'!P449+'Block Breakdown Prev'!P449","v":{"v":0,"d":"0.00"}},{"$f":"+'Block Breakdown This'!Q449+'Block Breakdown Prev'!Q449","v":{"v":0,"d":"0.00"}},{"$f":"+'Block Breakdown This'!R449+'Block Breakdown Prev'!R449","v":{"v":0,"d":"0.00"}},{"$f":"+'Block Breakdown This'!S449+'Block Breakdown Prev'!S449","v":{"v":0,"d":"0.00"}},{"$f":"+'Block Breakdown This'!T449+'Block Breakdown Prev'!T449","v":{"v":0,"d":"0.00"}},{"$f":"+'Block Breakdown This'!U449+'Block Breakdown Prev'!U449","v":{"v":0,"d":"0.00"}},{"$f":"+'Block Breakdown This'!V449+'Block Breakdown Prev'!V449","v":{"v":0,"d":"0.00"}},{"$f":"+'Block Breakdown This'!W449+'Block Breakdown Prev'!W449","v":{"v":0,"d":"0.00"}},{"$f":"+'Block Breakdown This'!X449+'Block Breakdown Prev'!X449","v":{"v":0,"d":"0.00"}},{"$f":"+'Block Breakdown This'!Y449+'Block Breakdown Prev'!Y449","v":{"v":0,"d":"0.00"}},{"$f":"SUM(G449:Y449)","v":{"v":0,"d":"0.00"}},{"$f":"G449*E449","v":0},{"$f":"H449*E449","v":0},{"$f":"I449*E449","v":0},{"$f":"J449*E449","v":0},{"$f":"K449*E449","v":0},{"$f":"L449*E449","v":0},{"$f":"+M449*E449","v":0},{"$f":"N449*E449","v":0},{"$f":"O449*E449","v":0},{"$f":"P449*E449","v":0},{"$f":"Q449*E449","v":0},{"$f":"R449*E449","v":0},{"$f":"S449*E449","v":0},{"$f":"T449*E449","v":0},{"$f":"W449*E449","v":0},{"$f":"X449*E449","v":0},{"$f":"Y449*E449","v":0},{"$f":"SUM(AA449:AQ449)","v":0},{"$f":"+E449*Z449","v":{"v":0,"d":"0.00"}}]
[null,"       Install","each",1,{"v":1250,"d":"1,250.00"},{"v":1250,"d":"1,250.00"},{"$f":"+'Block Breakdown This'!G450+'Block Breakdown Prev'!G450","v":{"v":0,"d":"0.00"}},{"$f":"+'Block Breakdown This'!H450+'Block Breakdown Prev'!H450","v":{"v":0,"d":"0.00"}},{"$f":"+'Block Breakdown This'!I450+'Block Breakdown Prev'!I450","v":{"v":0,"d":"0.00"}},{"$f":"+'Block Breakdown This'!J450+'Block Breakdown Prev'!J450","v":{"v":0,"d":"0.00"}},{"$f":"+'Block Breakdown This'!K450+'Block Breakdown Prev'!K450","v":{"v":0,"d":"0.00"}},{"$f":"+'Block Breakdown This'!L450+'Block Breakdown Prev'!L450","v":{"v":0,"d":"0.00"}},{"$f":"+'Block Breakdown This'!M450+'Block Breakdown Prev'!M450","v":{"v":0,"d":"0.00"}},{"$f":"+'Block Breakdown This'!N450+'Block Breakdown Prev'!N450","v":{"v":0,"d":"0.00"}},{"$f":"+'Block Breakdown This'!O450+'Block Breakdown Prev'!O450","v":{"v":0,"d":"0.00"}},{"$f":"+'Block Breakdown This'!P450+'Block Breakdown Prev'!P450","v":{"v":0,"d":"0.00"}},{"$f":"+'Block Breakdown This'!Q450+'Block Breakdown Prev'!Q450","v":{"v":0,"d":"0.00"}},{"$f":"+'Block Breakdown This'!R450+'Block Breakdown Prev'!R450","v":{"v":0,"d":"0.00"}},{"$f":"+'Block Breakdown This'!S450+'Block Breakdown Prev'!S450","v":{"v":0,"d":"0.00"}},{"$f":"+'Block Breakdown This'!T450+'Block Breakdown Prev'!T450","v":{"v":0,"d":"0.00"}},{"$f":"+'Block Breakdown This'!U450+'Block Breakdown Prev'!U450","v":{"v":0,"d":"0.00"}},{"$f":"+'Block Breakdown This'!V450+'Block Breakdown Prev'!V450","v":{"v":0,"d":"0.00"}},{"$f":"+'Block Breakdown This'!W450+'Block Breakdown Prev'!W450","v":{"v":0,"d":"0.00"}},{"$f":"+'Block Breakdown This'!X450+'Block Breakdown Prev'!X450","v":{"v":0,"d":"0.00"}},{"$f":"+'Block Breakdown This'!Y450+'Block Breakdown Prev'!Y450","v":{"v":0,"d":"0.00"}},{"$f":"SUM(G450:Y450)","v":{"v":0,"d":"0.00"}},0,0,0,0,0,0,0,0,0,0,0,0,0,0,0,0,0,{"$f":"SUM(AA450:AQ450)","v":0},{"$f":"+E450*Z450","v":{"v":0,"d":"0.00"}}]
[{"$nulls":5}," ",{"$nulls":20},0,0,0,0,0,0,0,0,0,0,0,0,0,0,0,0,0,0," "]
[2.77,"IT SDB",{"$nulls":3}," ",{"$nulls":20},0,0,0,0,0,0,0,0,0,0,0,0,0,0,0,0,0,0," "]
[null,"       Supply","each",1,{"v":4359.09,"d":"4,359.09"},{"v":4359.09,"d":"4,359.09"},{"$f":"+'Block Breakdown This'!G453+'Block Breakdown Prev'!G453","v":{"v":0,"d":"0.00"}},{"$f":"+'Block Breakdown This'!H453+'Block Breakdown Prev'!H453","v":{"v":0,"d":"0.00"}},{"$f":"+'Block Breakdown This'!I453+'Block Breakdown Prev'!I453","v":{"v":0,"d":"0.00"}},{"$f":"+'Block Breakdown This'!J453+'Block Breakdown Prev'!J453","v":{"v":0,"d":"0.00"}},{"$f":"+'Block Breakdown This'!K453+'Block Breakdown Prev'!K453","v":{"v":0,"d":"0.00"}},{"$f":"+'Block Breakdown This'!L453+'Block Breakdown Prev'!L453","v":{"v":0,"d":"0.00"}},{"$f":"+'Block Breakdown This'!M453+'Block Breakdown Prev'!M453","v":{"v":0,"d":"0.00"}},{"$f":"+'Block Breakdown This'!N453+'Block Breakdown Prev'!N453","v":{"v":0,"d":"0.00"}},{"$f":"+'Block Breakdown This'!O453+'Block Breakdown Prev'!O453","v":{"v":0,"d":"0.00"}},{"$f":"+'Block Breakdown This'!P453+'Block Breakdown Prev'!P453","v":{"v":0,"d":"0.00"}},{"$f":"+'Block Breakdown This'!Q453+'Block Breakdown Prev'!Q453","v":{"v":0,"d":"0.00"}},{"$f":"+'Block Breakdown This'!R453+'Block Breakdown Prev'!R453","v":{"v":0,"d":"0.00"}},{"$f":"+'Block Breakdown This'!S453+'Block Breakdown Prev'!S453","v":{"v":0,"d":"0.00"}},{"$f":"+'Block Breakdown This'!T453+'Block Breakdown Prev'!T453","v":{"v":0,"d":"0.00"}},{"$f":"+'Block Breakdown This'!U453+'Block Breakdown Prev'!U453","v":{"v":0,"d":"0.00"}},{"$f":"+'Block Breakdown This'!V453+'Block Breakdown Prev'!V453","v":{"v":0,"d":"0.00"}},{"$f":"+'Block Breakdown This'!W453+'Block Breakdown Prev'!W453","v":{"v":0,"d":"0.00"}},{"$f":"+'Block Breakdown This'!X453+'Block Breakdown Prev'!X453","v":{"v":0,"d":"0.00"}},{"$f":"+'Block Breakdown This'!Y453+'Block Breakdown Prev'!Y453","v":{"v":0,"d":"0.00"}},{"v":0,"d":"0.00"},0,0,0,0,0,0,0,0,0,0,0,0,0,0,0,0,0,0,{"$f":"+E453*Z453","v":{"v":0,"d":"0.00"}}]
[null,"       Install","each",1,{"v":1250,"d":"1,250.00"},{"v":1250,"d":"1,250.00"},{"$f":"+'Block Breakdown This'!G454+'Block Breakdown Prev'!G454","v":{"v":0,"d":"0.00"}},{"$f":"+'Block Breakdown This'!H454+'Block Breakdown Prev'!H454","v":{"v":0,"d":"0.00"}},{"$f":"+'Block Breakdown This'!I454+'Block Breakdown Prev'!I454","v":{"v":0,"d":"0.00"}},{"$f":"+'Block Breakdown This'!J454+'Block Breakdown Prev'!J454","v":{"v":1,"d":"1.00"}},{"$f":"+'Block Breakdown This'!K454+'Block Breakdown Prev'!K454","v":{"v":0,"d":"0.00"}},{"$f":"+'Block Breakdown This'!L454+'Block Breakdown Prev'!L454","v":{"v":0,"d":"0.00"}},{"$f":"+'Block Breakdown This'!M454+'Block Breakdown Prev'!M454","v":{"v":0,"d":"0.00"}},{"$f":"+'Block Breakdown This'!N454+'Block Breakdown Prev'!N454","v":{"v":0,"d":"0.00"}},{"$f":"+'Block Breakdown This'!O454+'Block Breakdown Prev'!O454","v":{"v":0,"d":"0.00"}},{"$f":"+'Block Breakdown This'!P454+'Block Breakdown Prev'!P454","v":{"v":0,"d":"0.00"}},{"$f":"+'Block Breakdown This'!Q454+'Block Breakdown Prev'!Q454","v":{"v":0,"d":"0.00"}},{"$f":"+'Block Breakdown This'!R454+'Block Breakdown Prev'!R454","v":{"v":0,"d":"0.00"}},{"$f":"+'Block Breakdown This'!S454+'Block Breakdown Prev'!S454","v":{"v":0,"d":"0.00"}},{"$f":"+'Block Breakdown This'!T454+'Block Breakdown Prev'!T454","v":{"v":0,"d":"0.00"}},{"$f":"+'Block Breakdown This'!U454+'Block Breakdown Prev'!U454","v":{"v":0,"d":"0.00"}},{"$f":"+'Block Breakdown This'!V454+'Block Breakdown Prev'!V454","v":{"v":0,"d":"0.00"}},{"$f":"+'Block Breakdown This'!W454+'Block Breakdown Prev'!W454","v":{"v":0,"d":"0.00"}},{"$f":"+'Block Breakdown This'!X454+'Block Breakdown Prev'!X454","v":{"v":0,"d":"0.00"}},{"$f":"+'Block Breakdown This'!Y454+'Block Breakdown Prev'!Y454","v":{"v":0,"d":"0.00"}},{"v":1,"d":"1.00"},0,0,0,{"v":1250,"d":"1,250"},0,0,0,0,0,0,0,0,0,0,0,0,0,{"v":1250,"d":"1,250"},{"$f":"+E454*Z454","v":{"v":1250,"d":"1,250.00"}}]
[{"$nulls":5}," ",{"$nulls":20},0,0,0,0,0,0,0,0,0,0,0,0,0,0,0,0,0,0," "]
[2.78,"Security SDB",{"$nulls":3}," ",{"$nulls":20},0,0,0,0,0,0,0,0,0,0,0,0,0,0,0,0,0,0," "]
[null,"       Supply","each",1,{"v":4359.09,"d":"4,359.09"},{"v":4359.09,"d":"4,359.09"},{"$f":"+'Block Breakdown This'!G457+'Block Breakdown Prev'!G457","v":{"v":0,"d":"0.00"}},{"$f":"+'Block Breakdown This'!H457+'Block Breakdown Prev'!H457","v":{"v":0,"d":"0.00"}},{"$f":"+'Block Breakdown This'!I457+'Block Breakdown Prev'!I457","v":{"v":0,"d":"0.00"}},{"$f":"+'Block Breakdown This'!J457+'Block Breakdown Prev'!J457","v":{"v":0,"d":"0.00"}},{"$f":"+'Block Breakdown This'!K457+'Block Breakdown Prev'!K457","v":{"v":0,"d":"0.00"}},{"$f":"+'Block Breakdown This'!L457+'Block Breakdown Prev'!L457","v":{"v":0,"d":"0.00"}},{"$f":"+'Block Breakdown This'!M457+'Block Breakdown Prev'!M457","v":{"v":0,"d":"0.00"}},{"$f":"+'Block Breakdown This'!N457+'Block Breakdown Prev'!N457","v":{"v":0,"d":"0.00"}},{"$f":"+'Block Breakdown This'!O457+'Block Breakdown Prev'!O457","v":{"v":0,"d":"0.00"}},{"$f":"+'Block Breakdown This'!P457+'Block Breakdown Prev'!P457","v":{"v":0,"d":"0.00"}},{"$f":"+'Block Breakdown This'!Q457+'Block Breakdown Prev'!Q457","v":{"v":0,"d":"0.00"}},{"$f":"+'Block Breakdown This'!R457+'Block Breakdown Prev'!R457","v":{"v":0,"d":"0.00"}},{"$f":"+'Block Breakdown This'!S457+'Block Breakdown Prev'!S457","v":{"v":0,"d":"0.00"}},{"$f":"+'Block Breakdown This'!T457+'Block Breakdown Prev'!T457","v":{"v":0,"d":"0.00"}},{"$f":"+'Block Breakdown This'!U457+'Block Breakdown Prev'!U457","v":{"v":0,"d":"0.00"}},{"$f":"+'Block Breakdown This'!V457+'Block Breakdown Prev'!V457","v":{"v":0,"d":"0.00"}},{"$f":"+'Block Breakdown This'!W457+'Block Breakdown Prev'!W457","v":{"v":0,"d":"0.00"}},{"$f":"+'Block Breakdown This'!X457+'Block Breakdown Prev'!X457","v":{"v":0,"d":"0.00"}},{"$f":"+'Block Breakdown This'!Y457+'Block Breakdown Prev'!Y457","v":{"v":0,"d":"0.00"}},{"v":0,"d":"0.00"},0,0,0,0,0,0,0,0,0,0,0,0,0,0,0,0,0,0,{"$f":"+E457*Z457","v":{"v":0,"d":"0.00"}}]
[null,"       Install","each",1,{"v":1250,"d":"1,250.00"},{"v":1250,"d":"1,250.00"},{"$f":"+'Block Breakdown This'!G458+'Block Breakdown Prev'!G458","v":{"v":0,"d":"0.00"}},{"$f":"+'Block Breakdown This'!H458+'Block Breakdown Prev'!H458","v":{"v":0,"d":"0.00"}},{"$f":"+'Block Breakdown This'!I458+'Block Breakdown Prev'!I458","v":{"v":0,"d":"0.00"}},{"$f":"+'Block Breakdown This'!J458+'Block Breakdown Prev'!J458","v":{"v":1,"d":"1.00"}},{"$f":"+'Block Breakdown This'!K458+'Block Breakdown Prev'!K458","v":{"v":0,"d":"0.00"}},{"$f":"+'Block Breakdown This'!L458+'Block Breakdown Prev'!L458","v":{"v":0,"d":"0.00"}},{"$f":"+'Block Breakdown This'!M458+'Block Breakdown Prev'!M458","v":{"v":0,"d":"0.00"}},{"$f":"+'Block Breakdown This'!N458+'Block Breakdown Prev'!N458","v":{"v":0,"d":"0.00"}},{"$f":"+'Block Breakdown This'!O458+'Block Breakdown Prev'!O458","v":{"v":0,"d":"0.00"}},{"$f":"+'Block Breakdown This'!P458+'Block Breakdown Prev'!P458","v":{"v":0,"d":"0.00"}},{"$f":"+'Block Breakdown This'!Q458+'Block Breakdown Prev'!Q458","v":{"v":0,"d":"0.00"}},{"$f":"+'Block Breakdown This'!R458+'Block Breakdown Prev'!R458","v":{"v":0,"d":"0.00"}},{"$f":"+'Block Breakdown This'!S458+'Block Breakdown Prev'!S458","v":{"v":0,"d":"0.00"}},{"$f":"+'Block Breakdown This'!T458+'Block Breakdown Prev'!T458","v":{"v":0,"d":"0.00"}},{"$f":"+'Block Breakdown This'!U458+'Block Breakdown Prev'!U458","v":{"v":0,"d":"0.00"}},{"$f":"+'Block Breakdown This'!V458+'Block Breakdown Prev'!V458","v":{"v":0,"d":"0.00"}},{"$f":"+'Block Breakdown This'!W458+'Block Breakdown Prev'!W458","v":{"v":0,"d":"0.00"}},{"$f":"+'Block Breakdown This'!X458+'Block Breakdown Prev'!X458","v":{"v":0,"d":"0.00"}},{"$f":"+'Block Breakdown This'!Y458+'Block Breakdown Prev'!Y458","v":{"v":0,"d":"0.00"}},{"v":1,"d":"1.00"},0,0,0,{"v":1250,"d":"1,250"},0,0,0,0,0,0,0,0,0,0,0,0,0,{"v":1250,"d":"1,250"},{"$f":"+E458*Z458","v":{"v":1250,"d":"1,250.00"}}]
[{"$nulls":5}," ",{"$nulls":20},0,0,0,0,0,0,0,0,0,0,0,0,0,0,0,0,0,0," "]
[2.79,"Kitchen SDB",{"$nulls":3}," ",{"$nulls":20},0,0,0,0,0,0,0,0,0,0,0,0,0,0,0,0,0,0," "]
[null,"       Supply","each",1,{"v":4968.33,"d":"4,968.33"},{"v":4968.33,"d":"4,968.33"},{"$f":"+'Block Breakdown This'!G461+'Block Breakdown Prev'!G461","v":{"v":0,"d":"0.00"}},{"$f":"+'Block Breakdown This'!H461+'Block Breakdown Prev'!H461","v":{"v":0,"d":"0.00"}},{"$f":"+'Block Breakdown This'!I461+'Block Breakdown Prev'!I461","v":{"v":0,"d":"0.00"}},{"$f":"+'Block Breakdown This'!J461+'Block Breakdown Prev'!J461","v":{"v":0,"d":"0.00"}},{"$f":"+'Block Breakdown This'!K461+'Block Breakdown Prev'!K461","v":{"v":0,"d":"0.00"}},{"$f":"+'Block Breakdown This'!L461+'Block Breakdown Prev'!L461","v":{"v":0,"d":"0.00"}},{"$f":"+'Block Breakdown This'!M461+'Block Breakdown Prev'!M461","v":{"v":0,"d":"0.00"}},{"$f":"+'Block Breakdown This'!N461+'Block Breakdown Prev'!N461","v":{"v":0,"d":"0.00"}},{"$f":"+'Block Breakdown This'!O461+'Block Breakdown Prev'!O461","v":{"v":0,"d":"0.00"}},{"$f":"+'Block Breakdown This'!P461+'Block Breakdown Prev'!P461","v":{"v":0,"d":"0.00"}},{"$f":"+'Block Breakdown This'!Q461+'Block Breakdown Prev'!Q461","v":{"v":0,"d":"0.00"}},{"$f":"+'Block Breakdown This'!R461+'Block Breakdown Prev'!R461","v":{"v":0,"d":"0.00"}},{"$f":"+'Block Breakdown This'!S461+'Block Breakdown Prev'!S461","v":{"v":0,"d":"0.00"}},{"$f":"+'Block Breakdown This'!T461+'Block Breakdown Prev'!T461","v":{"v":0,"d":"0.00"}},{"$f":"+'Block Breakdown This'!U461+'Block Breakdown Prev'!U461","v":{"v":0,"d":"0.00"}},{"$f":"+'Block Breakdown This'!V461+'Block Breakdown Prev'!V461","v":{"v":0,"d":"0.00"}},{"$f":"+'Block Breakdown This'!W461+'Block Breakdown Prev'!W461","v":{"v":0,"d":"0.00"}},{"$f":"+'Block Breakdown This'!X461+'Block Breakdown Prev'!X461","v":{"v":0,"d":"0.00"}},{"$f":"+'Block Breakdown This'!Y461+'Block Breakdown Prev'!Y461","v":{"v":0,"d":"0.00"}},{"v":0,"d":"0.00"},0,0,0,0,0,0,0,0,0,0,0,0,0,0,0,0,0,0,{"$f":"+E461*Z461","v":{"v":0,"d":"0.00"}}]
[null,"       Install","each",1,{"v":1250,"d":"1,250.00"},{"v":1250,"d":"1,250.00"},{"$f":"+'Block Breakdown This'!G462+'Block Breakdown Prev'!G462","v":{"v":0,"d":"0.00"}},{"$f":"+'Block Breakdown This'!H462+'Block Breakdown Prev'!H462","v":{"v":0,"d":"0.00"}},{"$f":"+'Block Breakdown This'!I462+'Block Breakdown Prev'!I462","v":{"v":0,"d":"0.00"}},{"$f":"+'Block Breakdown This'!J462+'Block Breakdown Prev'!J462","v":{"v":1,"d":"1.00"}},{"$f":"+'Block Breakdown This'!K462+'Block Breakdown Prev'!K462","v":{"v":0,"d":"0.00"}},{"$f":"+'Block Breakdown This'!L462+'Block Breakdown Prev'!L462","v":{"v":0,"d":"0.00"}},{"$f":"+'Block Breakdown This'!M462+'Block Breakdown Prev'!M462","v":{"v":0,"d":"0.00"}},{"$f":"+'Block Breakdown This'!N462+'Block Breakdown Prev'!N462","v":{"v":0,"d":"0.00"}},{"$f":"+'Block Breakdown This'!O462+'Block Breakdown Prev'!O462","v":{"v":0,"d":"0.00"}},{"$f":"+'Block Breakdown This'!P462+'Block Breakdown Prev'!P462","v":{"v":0,"d":"0.00"}},{"$f":"+'Block Breakdown This'!Q462+'Block Breakdown Prev'!Q462","v":{"v":0,"d":"0.00"}},{"$f":"+'Block Breakdown This'!R462+'Block Breakdown Prev'!R462","v":{"v":0,"d":"0.00"}},{"$f":"+'Block Breakdown This'!S462+'Block Breakdown Prev'!S462","v":{"v":0,"d":"0.00"}},{"$f":"+'Block Breakdown This'!T462+'Block Breakdown Prev'!T462","v":{"v":0,"d":"0.00"}},{"$f":"+'Block Breakdown This'!U462+'Block Breakdown Prev'!U462","v":{"v":0,"d":"0.00"}},{"$f":"+'Block Breakdown This'!V462+'Block Breakdown Prev'!V462","v":{"v":0,"d":"0.00"}},{"$f":"+'Block Breakdown This'!W462+'Block Breakdown Prev'!W462","v":{"v":0,"d":"0.00"}},{"$f":"+'Block Breakdown This'!X462+'Block Breakdown Prev'!X462","v":{"v":0,"d":"0.00"}},{"$f":"+'Block Breakdown This'!Y462+'Block Breakdown Prev'!Y462","v":{"v":0,"d":"0.00"}},{"v":1,"d":"1.00"},0,0,0,{"v":1250,"d":"1,250"},0,0,0,0,0,0,0,0,0,0,0,0,0,{"v":1250,"d":"1,250"},{"$f":"+E462*Z462","v":{"v":1250,"d":"1,250.00"}}]
[]
[{"$nulls":5}," "]
[null,"Amount Carried Forward to Summary Page",{"$nulls":3},{"$f":"SUM(F445:F464)","v":{"v":3845927.1700000013,"d":"3,845,927.17"}},{"$nulls":38},{"$f":"SUM(AS445:AS464)","v":{"v":3011782.660000002,"d":"3,011,782.66"}}]
[]
["MAIN HOSPITAL ELECTRICAL INSTALLATION"]
["CECILIA MAKIWANE HOSPITAL : PHASE 4C"]
[]
["BILL NO. 3 : SLEEVES (SMME PACKAGE No1)"]
["ITEM","DESCRIPTION","UNIT","QTY","RATE","TENDER AMOUNT","A","B","D","E1","E2","F1","F2","G1","G2","H1","H2","J1","J2","J3","Substation","G/House","K","N","Other","Total Qty","A","B","D","E1","E2","F1","F2","G1","G2","H1","H2","J1","J2","J3","K","N","Other","Total Amount","Total Claimed"]
[]
[]
[]
[{"v":3.1,"d":"3.10"},"Sleeves"]
[null,"Solid or flexible PVC cable sleeves chased or built into brickwork or laid in the open trench or under concrete floor including couplings,backfilling and compacting. NOTE:  Sleeves for future use to be sealed at both ends"]
["3.1.1","200mm diameter (power cables)"]
[null,"       Supply","m",200,{"v":50,"d":"50.00"},{"$f":"$D478*E478","v":{"v":10000,"d":"10,000.00"}},{"$f":"+'Block Breakdown This'!G$478+'Block Breakdown Prev'!G$478","v":{"v":0,"d":"0.00"}},{"$f":"+'Block Breakdown This'!H478+'Block Breakdown Prev'!H478","v":{"v":0,"d":"0.00"}},{"$f":"+'Block Breakdown This'!I478+'Block Breakdown Prev'!I478","v":{"v":0,"d":"0.00"}},{"$f":"+'Block Breakdown This'!J478+'Block Breakdown Prev'!J478","v":{"v":0,"d":"0.00"}},{"$f":"+'Block Breakdown This'!K478+'Block Breakdown Prev'!K478","v":{"v":0,"d":"0.00"}},{"$f":"+'Block Breakdown This'!L478+'Block Breakdown Prev'!L478","v":{"v":0,"d":"0.00"}},{"$f":"+'Block Breakdown This'!M478+'Block Breakdown Prev'!M478","v":{"v":0,"d":"0.00"}},{"$f":"+'Block Breakdown This'!N478+'Block Breakdown Prev'!N478","v":{"v":0,"d":"0.00"}},{"$f":"+'Block Breakdown This'!O478+'Block Breakdown Prev'!O478","v":{"v":0,"d":"0.00"}},{"$f":"+'Block Breakdown This'!P478+'Block Breakdown Prev'!P478","v":{"v":0,"d":"0.00"}},{"$f":"+'Block Breakdown This'!Q478+'Block Breakdown Prev'!Q478","v":{"v":0,"d":"0.00"}},{"$f":"+'Block Breakdown This'!R478+'Block Breakdown Prev'!R478","v":{"v":0,"d":"0.00"}},{"$f":"+'Block Breakdown This'!S478+'Block Breakdown Prev'!S478","v":{"v":0,"d":"0.00"}},{"$f":"+'Block Breakdown This'!T478+'Block Breakdown Prev'!T478","v":{"v":0,"d":"0.00"}},{"$f":"+'Block Breakdown This'!U478+'Block Breakdown Prev'!U478","v":{"v":0,"d":"0.00"}},{"$f":"+'Block Breakdown This'!V478+'Block Breakdown Prev'!V478","v":{"v":0,"d":"0.00"}},{"$f":"+'Block Breakdown This'!W478+'Block Breakdown Prev'!W478","v":{"v":0,"d":"0.00"}},{"$f":"+'Block Breakdown This'!X478+'Block Breakdown Prev'!X478","v":{"v":0,"d":"0.00"}},{"$f":"+'Block Breakdown This'!Y478+'Block Breakdown Prev'!Y478","v":{"v":0,"d":"0.00"}},{"$f":"SUM(G478:Y478)","v":{"v":0,"d":"0.00"}},{"$f":"G478*E478","v":0},{"$f":"H478*E478","v":0},{"$f":"I478*E478","v":0},{"$f":"J478*E478","v":0},{"$f":"K478*E478","v":0},{"$f":"L478*E478","v":0},{"$f":"+M478*E478","v":0},{"$f":"N478*E478","v":0},{"$f":"O478*E478","v":0},{"$f":"P478*E478","v":0},{"$f":"Q478*E478","v":0},{"$f":"R478*E478","v":0},{"$f":"S478*E478","v":0},{"$f":"T478*E478","v":0},{"$f":"W478*E478","v":0},{"$f":"X478*E478","v":0},{"$f":"Y478*E478","v":0},{"$f":"SUM(AA478:AQ478)","v":0},{"$f":"+E478*Z478","v":{"v":0,"d":"0.00"}}]
[null,"       Install","m",{"$f":"D478","v":200},{"v":19,"d":"19.00"},{"v":3800,"d":"3,800.00"},{"$f":"+'Block Breakdown This'!G479+'Block Breakdown Prev'!G479","v":{"v":0,"d":"0.00"}},{"$f":"+'Block Breakdown This'!H479+'Block Breakdown Prev'!H479","v":{"v":0,"d":"0.00"}},{"$f":"+'Block Breakdown This'!I479+'Block Breakdown Prev'!I479","v":{"v":0,"d":"0.00"}},{"$f":"+'Block Breakdown This'!J479+'Block Breakdown Prev'!J479","v":{"v":0,"d":"0.00"}},{"$f":"+'Block Breakdown This'!K479+'Block Breakdown Prev'!K479","v":{"v":0,"d":"0.00"}},{"$f":"+'Block Breakdown This'!L479+'Block Breakdown Prev'!L479","v":{"v":0,"d":"0.00"}},{"$f":"+'Block Breakdown This'!M479+'Block Breakdown Prev'!M479","v":{"v":0,"d":"0.00"}},{"$f":"+'Block Breakdown This'!N479+'Block Breakdown Prev'!N479","v":{"v":0,"d":"0.00"}},{"$f":"+'Block Breakdown This'!O479+'Block Breakdown Prev'!O479","v":{"v":0,"d":"0.00"}},{"$f":"+'Block Breakdown This'!P479+'Block Breakdown Prev'!P479","v":{"v":0,"d":"0.00"}},{"$f":"+'Block Breakdown This'!Q479+'Block Breakdown Prev'!Q479","v":{"v":0,"d":"0.00"}},{"$f":"+'Block Breakdown This'!R479+'Block Breakdown Prev'!R479","v":{"v":0,"d":"0.00"}},{"$f":"+'Block Breakdown This'!S479+'Block Breakdown Prev'!S479","v":{"v":0,"d":"0.00"}},{"$f":"+'Block Breakdown This'!T479+'Block Breakdown Prev'!T479","v":{"v":0,"d":"0.00"}},{"$f":"+'Block Breakdown This'!U479+'Block Breakdown Prev'!U479","v":{"v":0,"d":"0.00"}},{"$f":"+'Block Breakdown This'!V479+'Block Breakdown Prev'!V479","v":{"v":0,"d":"0.00"}},{"$f":"+'Block Breakdown This'!W479+'Block Breakdown Prev'!W479","v":{"v":0,"d":"0.00"}},{"$f":"+'Block Breakdown This'!X479+'Block Breakdown Prev'!X479","v":{"v":0,"d":"0.00"}},{"$f":"+'Block Breakdown This'!Y479+'Block Breakdown Prev'!Y479","v":{"v":0,"d":"0.00"}},{"$f":"SUM(G479:Y479)","v":{"v":0,"d":"0.00"}},0,0,0,0,0,0,0,0,0,0,0,0,0,0,0,0,0,{"$f":"SUM(AA479:AQ479)","v":0},{"$f":"+E479*Z479","v":{"v":0,"d":"0.00"}}]
[{"$nulls":26},0,0,0,0,0,0,0,0,0,0,0,0,0,0,0,0,0,0,"  "]
["3.1.2","160mm diameter (power cables)",{"$nulls":24},0,0,0,0,0,0,0,0,0,0,0,0,0,0,0,0,0,0," "]
[null,"       Supply","m",200,{"v":42,"d":"42.00"},{"v":8400,"d":"8,400.00"},{"$f":"+'Block Breakdown This'!G482+'Block Breakdown Prev'!G482","v":{"v":0,"d":"0.00"}},{"$f":"+'Block Breakdown This'!H482+'Block Breakdown Prev'!H482","v":{"v":0,"d":"0.00"}},{"$f":"+'Block Breakdown This'!I482+'Block Breakdown Prev'!I482","v":{"v":0,"d":"0.00"}},{"$f":"+'Block Breakdown This'!J482+'Block Breakdown Prev'!J482","v":{"v":0,"d":"0.00"}},{"$f":"+'Block Breakdown This'!K482+'Block Breakdown Prev'!K482","v":{"v":0,"d":"0.00"}},{"$f":"+'Block Breakdown This'!L482+'Block Breakdown Prev'!L482","v":{"v":0,"d":"0.00"}},{"$f":"+'Block Breakdown This'!M482+'Block Breakdown Prev'!M482","v":{"v":0,"d":"0.00"}},{"$f":"+'Block Breakdown This'!N482+'Block Breakdown Prev'!N482","v":{"v":0,"d":"0.00"}},{"$f":"+'Block Breakdown This'!O482+'Block Breakdown Prev'!O482","v":{"v":0,"d":"0.00"}},{"$f":"+'Block Breakdown This'!P482+'Block Breakdown Prev'!P482","v":{"v":0,"d":"0.00"}},{"$f":"+'Block Breakdown This'!Q482+'Block Breakdown Prev'!Q482","v":{"v":0,"d":"0.00"}},{"$f":"+'Block Breakdown This'!R482+'Block Breakdown Prev'!R482","v":{"v":0,"d":"0.00"}},{"$f":"+'Block Breakdown This'!S482+'Block Breakdown Prev'!S482","v":{"v":0,"d":"0.00"}},{"$f":"+'Block Breakdown This'!T482+'Block Breakdown Prev'!T482","v":{"v":0,"d":"0.00"}},{"$f":"+'Block Breakdown This'!U482+'Block Breakdown Prev'!U482","v":{"v":0,"d":"0.00"}},{"$f":"+'Block Breakdown This'!V482+'Block Breakdown Prev'!V482","v":{"v":0,"d":"0.00"}},{"$f":"+'Block Breakdown This'!W482+'Block Breakdown Prev'!W482","v":{"v":0,"d":"0.00"}},{"$f":"+'Block Breakdown This'!X482+'Block Breakdown Prev'!X482","v":{"v":0,"d":"0.00"}},{"$f":"+'Block Breakdown This'!Y482+'Block Breakdown Prev'!Y482","v":{"v":240,"d":"240.00"}},{"v":240,"d":"240.00"},0,0,0,0,0,0,0,0,0,0,0,0,0,0,0,0,{"v":10080,"d":"10,080"},{"v":10080,"d":"10,080"},{"$f":"+E482*Z482","v":{"v":10080,"d":"10,080.00"}}]
[null,"       Install","m",{"$f":"D482","v":200},{"v":17,"d":"17.00"},{"v":3400,"d":"3,400.00"},{"$f":"+'Block Breakdown This'!G483+'Block Breakdown Prev'!G483","v":{"v":0,"d":"0.00"}},{"$f":"+'Block Breakdown This'!H483+'Block Breakdown Prev'!H483","v":{"v":0,"d":"0.00"}},{"$f":"+'Block Breakdown This'!I483+'Block Breakdown Prev'!I483","v":{"v":0,"d":"0.00"}},{"$f":"+'Block Breakdown This'!J483+'Block Breakdown Prev'!J483","v":{"v":0,"d":"0.00"}},{"$f":"+'Block Breakdown This'!K483+'Block Breakdown Prev'!K483","v":{"v":0,"d":"0.00"}},{"$f":"+'Block Breakdown This'!L483+'Block Breakdown Prev'!L483","v":{"v":0,"d":"0.00"}},{"$f":"+'Block Breakdown This'!M483+'Block Breakdown Prev'!M483","v":{"v":0,"d":"0.00"}},{"$f":"+'Block Breakdown This'!N483+'Block Breakdown Prev'!N483","v":{"v":0,"d":"0.00"}},{"$f":"+'Block Breakdown This'!O483+'Block Breakdown Prev'!O483","v":{"v":0,"d":"0.00"}},{"$f":"+'Block Breakdown This'!P483+'Block Breakdown Prev'!P483","v":{"v":0,"d":"0.00"}},{"$f":"+'Block Breakdown This'!Q483+'Block Breakdown Prev'!Q483","v":{"v":0,"d":"0.00"}},{"$f":"+'Block Breakdown This'!R483+'Block Breakdown Prev'!R483","v":{"v":0,"d":"0.00"}},{"$f":"+'Block Breakdown This'!S483+'Block Breakdown Prev'!S483","v":{"v":0,"d":"0.00"}},{"$f":"+'Block Breakdown This'!T483+'Block Breakdown Prev'!T483","v":{"v":0,"d":"0.00"}},{"$f":"+'Block Breakdown This'!U483+'Block Breakdown Prev'!U483","v":{"v":0,"d":"0.00"}},{"$f":"+'Block Breakdown This'!V483+'Block Breakdown Prev'!V483","v":{"v":0,"d":"0.00"}},{"$f":"+'Block Breakdown This'!W483+'Block Breakdown Prev'!W483","v":{"v":0,"d":"0.00"}},{"$f":"+'Block Breakdown This'!X483+'Block Breakdown Prev'!X483","v":{"v":0,"d":"0.00"}},{"$f":"+'Block Breakdown This'!Y483+'Block Breakdown Prev'!Y483","v":{"v":240,"d":"240.00"}},{"v":240,"d":"240.00"},0,0,0,0,0,0,0,0,0,0,0,0,0,0,0,0,{"v":4080,"d":"4,080"},{"v":4080,"d":"4,080"},{"$f":"+E483*Z483","v":{"v":4080,"d":"4,080.00"}}]
[{"$nulls":26},0,0,0,0,0,0,0,0,0,0,0,0,0,0,0,0,0,0," "]
["3.1.3","110mm diameter (power cables)",{"$nulls":24},0,0,0,0,0,0,0,0,0,0,0,0,0,0,0,0,0,0," "]
[null,"       Supply","m",600,{"v":17.5,"d":"17.50"},{"v":10500,"d":"10,500.00"},{"$f":"+'Block Breakdown This'!G486+'Block Breakdown Prev'!G486","v":{"v":0,"d":"0.00"}},{"$f":"+'Block Breakdown This'!H486+'Block Breakdown Prev'!H486","v":{"v":0,"d":"0.00"}},{"$f":"+'Block Breakdown This'!I486+'Block Breakdown Prev'!I486","v":{"v":0,"d":"0.00"}},{"$f":"+'Block Breakdown This'!J486+'Block Breakdown Prev'!J486","v":{"v":0,"d":"0.00"}},{"$f":"+'Block Breakdown This'!K486+'Block Breakdown Prev'!K486","v":{"v":0,"d":"0.00"}},{"$f":"+'Block Breakdown This'!L486+'Block Breakdown Prev'!L486","v":{"v":0,"d":"0.00"}},{"$f":"+'Block Breakdown This'!M486+'Block Breakdown Prev'!M486","v":{"v":0,"d":"0.00"}},{"$f":"+'Block Breakdown This'!N486+'Block Breakdown Prev'!N486","v":{"v":0,"d":"0.00"}},{"$f":"+'Block Breakdown This'!O486+'Block Breakdown Prev'!O486","v":{"v":0,"d":"0.00"}},{"$f":"+'Block Breakdown This'!P486+'Block Breakdown Prev'!P486","v":{"v":0,"d":"0.00"}},{"$f":"+'Block Breakdown This'!Q486+'Block Breakdown Prev'!Q486","v":{"v":0,"d":"0.00"}},{"$f":"+'Block Breakdown This'!R486+'Block Breakdown Prev'!R486","v":{"v":0,"d":"0.00"}},{"$f":"+'Block Breakdown This'!S486+'Block Breakdown Prev'!S486","v":{"v":0,"d":"0.00"}},{"$f":"+'Block Breakdown This'!T486+'Block Breakdown Prev'!T486","v":{"v":0,"d":"0.00"}},{"$f":"+'Block Breakdown This'!U486+'Block Breakdown Prev'!U486","v":{"v":0,"d":"0.00"}},{"$f":"+'Block Breakdown This'!V486+'Block Breakdown Prev'!V486","v":{"v":0,"d":"0.00"}},{"$f":"+'Block Breakdown This'!W486+'Block Breakdown Prev'!W486","v":{"v":0,"d":"0.00"}},{"$f":"+'Block Breakdown This'!X486+'Block Breakdown Prev'!X486","v":{"v":0,"d":"0.00"}},{"$f":"+'Block Breakdown This'!Y486+'Block Breakdown Prev'!Y486","v":{"v":766,"d":"766.00"}},{"v":766,"d":"766.00"},0,0,0,0,0,0,0,0,0,0,0,0,0,0,0,0,{"v":13405,"d":"13,405"},{"v":13405,"d":"13,405"},{"$f":"+E486*Z486","v":{"v":13405,"d":"13,405.00"}}]
[null,"       Install","m",{"$f":"D486","v":600},{"v":15,"d":"15.00"},{"v":9000,"d":"9,000.00"},{"$f":"+'Block Breakdown This'!G487+'Block Breakdown Prev'!G487","v":{"v":0,"d":"0.00"}},{"$f":"+'Block Breakdown This'!H487+'Block Breakdown Prev'!H487","v":{"v":0,"d":"0.00"}},{"$f":"+'Block Breakdown This'!I487+'Block Breakdown Prev'!I487","v":{"v":0,"d":"0.00"}},{"$f":"+'Block Breakdown This'!J487+'Block Breakdown Prev'!J487","v":{"v":0,"d":"0.00"}},{"$f":"+'Block Breakdown This'!K487+'Block Breakdown Prev'!K487","v":{"v":0,"d":"0.00"}},{"$f":"+'Block Breakdown This'!L487+'Block Breakdown Prev'!L487","v":{"v":0,"d":"0.00"}},{"$f":"+'Block Breakdown This'!M487+'Block Breakdown Prev'!M487","v":{"v":0,"d":"0.00"}},{"$f":"+'Block Breakdown This'!N487+'Block Breakdown Prev'!N487","v":{"v":0,"d":"0.00"}},{"$f":"+'Block Breakdown This'!O487+'Block Breakdown Prev'!O487","v":{"v":0,"d":"0.00"}},{"$f":"+'Block Breakdown This'!P487+'Block Breakdown Prev'!P487","v":{"v":0,"d":"0.00"}},{"$f":"+'Block Breakdown This'!Q487+'Block Breakdown Prev'!Q487","v":{"v":0,"d":"0.00"}},{"$f":"+'Block Breakdown This'!R487+'Block Breakdown Prev'!R487","v":{"v":0,"d":"0.00"}},{"$f":"+'Block Breakdown This'!S487+'Block Breakdown Prev'!S487","v":{"v":0,"d":"0.00"}},{"$f":"+'Block Breakdown This'!T487+'Block Breakdown Prev'!T487","v":{"v":0,"d":"0.00"}},{"$f":"+'Block Breakdown This'!U487+'Block Breakdown Prev'!U487","v":{"v":0,"d":"0.00"}},{"$f":"+'Block Breakdown This'!V487+'Block Breakdown Prev'!V487","v":{"v":0,"d":"0.00"}},{"$f":"+'Block Breakdown This'!W487+'Block Breakdown Prev'!W487","v":{"v":0,"d":"0.00"}},{"$f":"+'Block Breakdown This'!X487+'Block Breakdown Prev'!X487","v":{"v":0,"d":"0.00"}},{"$f":"+'Block Breakdown This'!Y487+'Block Breakdown Prev'!Y487","v":{"v":567,"d":"567.00"}},{"v":567,"d":"567.00"},0,0,0,0,0,0,0,0,0,0,0,0,0,0,0,0,{"v":8505,"d":"8,505"},{"v":8505,"d":"8,505"},{"$f":"+E487*Z487","v":{"v":8505,"d":"8,505.00"}}]
[{"$nulls":26},0,0,0,0,0,0,0,0,0,0,0,0,0,0,0,0,0,0," "]
["3.1.4","75mm diameter (power cables)",{"$nulls":24},0,0,0,0,0,0,0,0,0,0,0,0,0,0,0,0,0,0," "]
[null,"       Supply","m",400,{"v":13.5,"d":"13.50"},{"v":5400,"d":"5,400.00"},{"$f":"+'Block Breakdown This'!G490+'Block Breakdown Prev'!G490","v":{"v":0,"d":"0.00"}},{"$f":"+'Block Breakdown This'!H490+'Block Breakdown Prev'!H490","v":{"v":0,"d":"0.00"}},{"$f":"+'Block Breakdown This'!I490+'Block Breakdown Prev'!I490","v":{"v":0,"d":"0.00"}},{"$f":"+'Block Breakdown This'!J490+'Block Breakdown Prev'!J490","v":{"v":0,"d":"0.00"}},{"$f":"+'Block Breakdown This'!K490+'Block Breakdown Prev'!K490","v":{"v":0,"d":"0.00"}},{"$f":"+'Block Breakdown This'!L490+'Block Breakdown Prev'!L490","v":{"v":0,"d":"0.00"}},{"$f":"+'Block Breakdown This'!M490+'Block Breakdown Prev'!M490","v":{"v":0,"d":"0.00"}},{"$f":"+'Block Breakdown This'!N490+'Block Breakdown Prev'!N490","v":{"v":0,"d":"0.00"}},{"$f":"+'Block Breakdown This'!O490+'Block Breakdown Prev'!O490","v":{"v":0,"d":"0.00"}},{"$f":"+'Block Breakdown This'!P490+'Block Breakdown Prev'!P490","v":{"v":0,"d":"0.00"}},{"$f":"+'Block Breakdown This'!Q490+'Block Breakdown Prev'!Q490","v":{"v":0,"d":"0.00"}},{"$f":"+'Block Breakdown This'!R490+'Block Breakdown Prev'!R490","v":{"v":0,"d":"0.00"}},{"$f":"+'Block Breakdown This'!S490+'Block Breakdown Prev'!S490","v":{"v":0,"d":"0.00"}},{"$f":"+'Block Breakdown This'!T490+'Block Breakdown Prev'!T490","v":{"v":0,"d":"0.00"}},{"$f":"+'Block Breakdown This'!U490+'Block Breakdown Prev'!U490","v":{"v":0,"d":"0.00"}},{"$f":"+'Block Breakdown This'!V490+'Block Breakdown Prev'!V490","v":{"v":0,"d":"0.00"}},{"$f":"+'Block Breakdown This'!W490+'Block Breakdown Prev'!W490","v":{"v":0,"d":"0.00"}},{"$f":"+'Block Breakdown This'!X490+'Block Breakdown Prev'!X490","v":{"v":0,"d":"0.00"}},{"$f":"+'Block Breakdown This'!Y490+'Block Breakdown Prev'!Y490","v":{"v":0,"d":"0.00"}},{"v":0,"d":"0.00"},0,0,0,0,0,0,0,0,0,0,0,0,0,0,0,0,0,0,{"$f":"+E490*Z490","v":{"v":0,"d":"0.00"}}]
[null,"       Install","m",{"$f":"D490","v":400},{"v":12,"d":"12.00"},{"v":4800,"d":"4,800.00"},{"$f":"+'Block Breakdown This'!G491+'Block Breakdown Prev'!G491","v":{"v":0,"d":"0.00"}},{"$f":"+'Block Breakdown This'!H491+'Block Breakdown Prev'!H491","v":{"v":0,"d":"0.00"}},{"$f":"+'Block Breakdown This'!I491+'Block Breakdown Prev'!I491","v":{"v":0,"d":"0.00"}},{"$f":"+'Block Breakdown This'!J491+'Block Breakdown Prev'!J491","v":{"v":0,"d":"0.00"}},{"$f":"+'Block Breakdown This'!K491+'Block Breakdown Prev'!K491","v":{"v":0,"d":"0.00"}},{"$f":"+'Block Breakdown This'!L491+'Block Breakdown Prev'!L491","v":{"v":0,"d":"0.00"}},{"$f":"+'Block Breakdown This'!M491+'Block Breakdown Prev'!M491","v":{"v":0,"d":"0.00"}},{"$f":"+'Block Breakdown This'!N491+'Block Breakdown Prev'!N491","v":{"v":0,"d":"0.00"}},{"$f":"+'Block Breakdown This'!O491+'Block Breakdown Prev'!O491","v":{"v":0,"d":"0.00"}},{"$f":"+'Block Breakdown This'!P491+'Block Breakdown Prev'!P491","v":{"v":0,"d":"0.00"}},{"$f":"+'Block Breakdown This'!Q491+'Block Breakdown Prev'!Q491","v":{"v":0,"d":"0.00"}},{"$f":"+'Block Breakdown This'!R491+'Block Breakdown Prev'!R491","v":{"v":0,"d":"0.00"}},{"$f":"+'Block Breakdown This'!S491+'Block Breakdown Prev'!S491","v":{"v":0,"d":"0.00"}},{"$f":"+'Block Breakdown This'!T491+'Block Breakdown Prev'!T491","v":{"v":0,"d":"0.00"}},{"$f":"+'Block Breakdown This'!U491+'Block Breakdown Prev'!U491","v":{"v":0,"d":"0.00"}},{"$f":"+'Block Breakdown This'!V491+'Block Breakdown Prev'!V491","v":{"v":0,"d":"0.00"}},{"$f":"+'Block Breakdown This'!W491+'Block Breakdown Prev'!W491","v":{"v":0,"d":"0.00"}},{"$f":"+'Block Breakdown This'!X491+'Block Breakdown Prev'!X491","v":{"v":0,"d":"0.00"}},{"$f":"+'Block Breakdown This'!Y491+'Block Breakdown Prev'!Y491","v":{"v":0,"d":"0.00"}},{"v":0,"d":"0.00"},0,0,0,0,0,0,0,0,0,0,0,0,0,0,0,0,0,0,{"$f":"+E491*Z491","v":{"v":0,"d":"0.00"}}]
[{"$nulls":26},0,0,0,0,0,0,0,0,0,0,0,0,0,0,0,0,0,0," "]
["3.1.5","50mm diameter (power cables)",{"$nulls":24},0,0,0,0,0,0,0,0,0,0,0,0,0,0,0,0,0,0," "]
[null,"       Supply","m",600,{"v":14.5,"d":"14.50"},{"v":8700,"d":"8,700.00"},{"$f":"+'Block Breakdown This'!G494+'Block Breakdown Prev'!G494","v":{"v":0,"d":"0.00"}},{"$f":"+'Block Breakdown This'!H494+'Block Breakdown Prev'!H494","v":{"v":0,"d":"0.00"}},{"$f":"+'Block Breakdown This'!I494+'Block Breakdown Prev'!I494","v":{"v":0,"d":"0.00"}},{"$f":"+'Block Breakdown This'!J494+'Block Breakdown Prev'!J494","v":{"v":0,"d":"0.00"}},{"$f":"+'Block Breakdown This'!K494+'Block Breakdown Prev'!K494","v":{"v":0,"d":"0.00"}},{"$f":"+'Block Breakdown This'!L494+'Block Breakdown Prev'!L494","v":{"v":0,"d":"0.00"}},{"$f":"+'Block Breakdown This'!M494+'Block Breakdown Prev'!M494","v":{"v":0,"d":"0.00"}},{"$f":"+'Block Breakdown This'!N494+'Block Breakdown Prev'!N494","v":{"v":0,"d":"0.00"}},{"$f":"+'Block Breakdown This'!O494+'Block Breakdown Prev'!O494","v":{"v":0,"d":"0.00"}},{"$f":"+'Block Breakdown This'!P494+'Block Breakdown Prev'!P494","v":{"v":0,"d":"0.00"}},{"$f":"+'Block Breakdown This'!Q494+'Block Breakdown Prev'!Q494","v":{"v":0,"d":"0.00"}},{"$f":"+'Block Breakdown This'!R494+'Block Breakdown Prev'!R494","v":{"v":0,"d":"0.00"}},{"$f":"+'Block Breakdown This'!S494+'Block Breakdown Prev'!S494","v":{"v":0,"d":"0.00"}},{"$f":"+'Block Breakdown This'!T494+'Block Breakdown Prev'!T494","v":{"v":0,"d":"0.00"}},{"$f":"+'Block Breakdown This'!U494+'Block Breakdown Prev'!U494","v":{"v":0,"d":"0.00"}},{"$f":"+'Block Breakdown This'!V494+'Block Breakdown Prev'!V494","v":{"v":0,"d":"0.00"}},{"$f":"+'Block Breakdown This'!W494+'Block Breakdown Prev'!W494","v":{"v":0,"d":"0.00"}},{"$f":"+'Block Breakdown This'!X494+'Block Breakdown Prev'!X494","v":{"v":0,"d":"0.00"}},{"$f":"+'Block Breakdown This'!Y494+'Block Breakdown Prev'!Y494","v":{"v":0,"d":"0.00"}},{"v":0,"d":"0.00"},0,0,0,0,0,0,0,0,0,0,0,0,0,0,0,0,0,0,{"$f":"+E494*Z494","v":{"v":0,"d":"0.00"}}]
[null,"       Install","m",{"$f":"D494","v":600},{"v":10,"d":"10.00"},{"v":6000,"d":"6,000.00"},{"$f":"+'Block Breakdown This'!G495+'Block Breakdown Prev'!G495","v":{"v":0,"d":"0.00"}},{"$f":"+'Block Breakdown This'!H495+'Block Breakdown Prev'!H495","v":{"v":0,"d":"0.00"}},{"$f":"+'Block Breakdown This'!I495+'Block Breakdown Prev'!I495","v":{"v":0,"d":"0.00"}},{"$f":"+'Block Breakdown This'!J495+'Block Breakdown Prev'!J495","v":{"v":0,"d":"0.00"}},{"$f":"+'Block Breakdown This'!K495+'Block Breakdown Prev'!K495","v":{"v":0,"d":"0.00"}},{"$f":"+'Block Breakdown This'!L495+'Block Breakdown Prev'!L495","v":{"v":0,"d":"0.00"}},{"$f":"+'Block Breakdown This'!M495+'Block Breakdown Prev'!M495","v":{"v":0,"d":"0.00"}},{"$f":"+'Block Breakdown This'!N495+'Block Breakdown Prev'!N495","v":{"v":0,"d":"0.00"}},{"$f":"+'Block Breakdown This'!O495+'Block Breakdown Prev'!O495","v":{"v":0,"d":"0.00"}},{"$f":"+'Block Breakdown This'!P495+'Block Breakdown Prev'!P495","v":{"v":0,"d":"0.00"}},{"$f":"+'Block Breakdown This'!Q495+'Block Breakdown Prev'!Q495","v":{"v":0,"d":"0.00"}},{"$f":"+'Block Breakdown This'!R495+'Block Breakdown Prev'!R495","v":{"v":0,"d":"0.00"}},{"$f":"+'Block Breakdown This'!S495+'Block Breakdown Prev'!S495","v":{"v":0,"d":"0.00"}},{"$f":"+'Block Breakdown This'!T495+'Block Breakdown Prev'!T495","v":{"v":0,"d":"0.00"}},{"$f":"+'Block Breakdown This'!U495+'Block Breakdown Prev'!U495","v":{"v":0,"d":"0.00"}},{"$f":"+'Block Breakdown This'!V495+'Block Breakdown Prev'!V495","v":{"v":0,"d":"0.00"}},{"$f":"+'Block Breakdown This'!W495+'Block Breakdown Prev'!W495","v":{"v":0,"d":"0.00"}},{"$f":"+'Block Breakdown This'!X495+'Block Breakdown Prev'!X495","v":{"v":0,"d":"0.00"}},{"$f":"+'Block Breakdown This'!Y495+'Block Breakdown Prev'!Y495","v":{"v":0,"d":"0.00"}},{"v":0,"d":"0.00"},0,0,0,0,0,0,0,0,0,0,0,0,0,0,0,0,0,0,{"$f":"+E495*Z495","v":{"v":0,"d":"0.00"}}]
[{"$nulls":26},0,0,0,0,0,0,0,0,0,0,0,0,0,0,0,0,0,0," "]
["3.1.6","32mm diameter (power cables)",{"$nulls":24},0,0,0,0,0,0,0,0,0,0,0,0,0,0,0,0,0,0," "]
[null,"       Supply","m",500,5.65,{"v":2825,"d":"2,825.00"},{"$f":"+'Block Breakdown This'!G498+'Block Breakdown Prev'!G498","v":{"v":0,"d":"0.00"}},{"$f":"+'Block Breakdown This'!H498+'Block Breakdown Prev'!H498","v":{"v":0,"d":"0.00"}},{"$f":"+'Block Breakdown This'!I498+'Block Breakdown Prev'!I498","v":{"v":0,"d":"0.00"}},{"$f":"+'Block Breakdown This'!J498+'Block Breakdown Prev'!J498","v":{"v":0,"d":"0.00"}},{"$f":"+'Block Breakdown This'!K498+'Block Breakdown Prev'!K498","v":{"v":0,"d":"0.00"}},{"$f":"+'Block Breakdown This'!L498+'Block Breakdown Prev'!L498","v":{"v":0,"d":"0.00"}},{"$f":"+'Block Breakdown This'!M498+'Block Breakdown Prev'!M498","v":{"v":0,"d":"0.00"}},{"$f":"+'Block Breakdown This'!N498+'Block Breakdown Prev'!N498","v":{"v":0,"d":"0.00"}},{"$f":"+'Block Breakdown This'!O498+'Block Breakdown Prev'!O498","v":{"v":0,"d":"0.00"}},{"$f":"+'Block Breakdown This'!P498+'Block Breakdown Prev'!P498","v":{"v":0,"d":"0.00"}},{"$f":"+'Block Breakdown This'!Q498+'Block Breakdown Prev'!Q498","v":{"v":0,"d":"0.00"}},{"$f":"+'Block Breakdown This'!R498+'Block Breakdown Prev'!R498","v":{"v":0,"d":"0.00"}},{"$f":"+'Block Breakdown This'!S498+'Block Breakdown Prev'!S498","v":{"v":0,"d":"0.00"}},{"$f":"+'Block Breakdown This'!T498+'Block Breakdown Prev'!T498","v":{"v":0,"d":"0.00"}},{"$f":"+'Block Breakdown This'!U498+'Block Breakdown Prev'!U498","v":{"v":0,"d":"0.00"}},{"$f":"+'Block Breakdown This'!V498+'Block Breakdown Prev'!V498","v":{"v":0,"d":"0.00"}},{"$f":"+'Block Breakdown This'!W498+'Block Breakdown Prev'!W498","v":{"v":0,"d":"0.00"}},{"$f":"+'Block Breakdown This'!X498+'Block Breakdown Prev'!X498","v":{"v":0,"d":"0.00"}},{"$f":"+'Block Breakdown This'!Y498+'Block Breakdown Prev'!Y498","v":{"v":428,"d":"428.00"}},{"v":428,"d":"428.00"},0,0,0,0,0,0,0,0,0,0,0,0,0,0,0,0,{"v":2418.2000000000003,"d":"2,418"},{"v":2418.2000000000003,"d":"2,418"},{"$f":"+E498*Z498","v":{"v":2418.2000000000003,"d":"2,418.20"}}]
[null,"       Install","m",{"$f":"D498","v":500},{"v":8,"d":"8.00"},{"v":4000,"d":"4,000.00"},{"$f":"+'Block Breakdown This'!G499+'Block Breakdown Prev'!G499","v":{"v":0,"d":"0.00"}},{"$f":"+'Block Breakdown This'!H499+'Block Breakdown Prev'!H499","v":{"v":0,"d":"0.00"}},{"$f":"+'Block Breakdown This'!I499+'Block Breakdown Prev'!I499","v":{"v":0,"d":"0.00"}},{"$f":"+'Block Breakdown This'!J499+'Block Breakdown Prev'!J499","v":{"v":0,"d":"0.00"}},{"$f":"+'Block Breakdown This'!K499+'Block Breakdown Prev'!K499","v":{"v":0,"d":"0.00"}},{"$f":"+'Block Breakdown This'!L499+'Block Breakdown Prev'!L499","v":{"v":0,"d":"0.00"}},{"$f":"+'Block Breakdown This'!M499+'Block Breakdown Prev'!M499","v":{"v":0,"d":"0.00"}},{"$f":"+'Block Breakdown This'!N499+'Block Breakdown Prev'!N499","v":{"v":0,"d":"0.00"}},{"$f":"+'Block Breakdown This'!O499+'Block Breakdown Prev'!O499","v":{"v":0,"d":"0.00"}},{"$f":"+'Block Breakdown This'!P499+'Block Breakdown Prev'!P499","v":{"v":0,"d":"0.00"}},{"$f":"+'Block Breakdown This'!Q499+'Block Breakdown Prev'!Q499","v":{"v":0,"d":"0.00"}},{"$f":"+'Block Breakdown This'!R499+'Block Breakdown Prev'!R499","v":{"v":0,"d":"0.00"}},{"$f":"+'Block Breakdown This'!S499+'Block Breakdown Prev'!S499","v":{"v":0,"d":"0.00"}},{"$f":"+'Block Breakdown This'!T499+'Block Breakdown Prev'!T499","v":{"v":0,"d":"0.00"}},{"$f":"+'Block Breakdown This'!U499+'Block Breakdown Prev'!U499","v":{"v":0,"d":"0.00"}},{"$f":"+'Block Breakdown This'!V499+'Block Breakdown Prev'!V499","v":{"v":0,"d":"0.00"}},{"$f":"+'Block Breakdown This'!W499+'Block Breakdown Prev'!W499","v":{"v":0,"d":"0.00"}},{"$f":"+'Block Breakdown This'!X499+'Block Breakdown Prev'!X499","v":{"v":0,"d":"0.00"}},{"$f":"+'Block Breakdown This'!Y499+'Block Breakdown Prev'!Y499","v":{"v":368,"d":"368.00"}},{"v":368,"d":"368.00"},0,0,0,0,0,0,0,0,0,0,0,0,0,0,0,0,{"v":2944,"d":"2,944"},{"v":2944,"d":"2,944"},{"$f":"+E499*Z499","v":{"v":2944,"d":"2,944.00"}}]
[{"$nulls":26},0,0,0,0,0,0,0,0,0,0,0,0,0,0,0,0,0,0," "]
["3.1.7","90 degrees slow bends for 200mm dia. sleeve",{"$nulls":24},0,0,0,0,0,0,0,0,0,0,0,0,0,0,0,0,0,0," "]
[null,"       Supply","each",50,{"v":190,"d":"190.00"},{"v":9500,"d":"9,500.00"},{"$f":"+'Block Breakdown This'!G502+'Block Breakdown Prev'!G502","v":{"v":0,"d":"0.00"}},{"$f":"+'Block Breakdown This'!H502+'Block Breakdown Prev'!H502","v":{"v":0,"d":"0.00"}},{"$f":"+'Block Breakdown This'!I502+'Block Breakdown Prev'!I502","v":{"v":0,"d":"0.00"}},{"$f":"+'Block Breakdown This'!J502+'Block Breakdown Prev'!J502","v":{"v":0,"d":"0.00"}},{"$f":"+'Block Breakdown This'!K502+'Block Breakdown Prev'!K502","v":{"v":0,"d":"0.00"}},{"$f":"+'Block Breakdown This'!L502+'Block Breakdown Prev'!L502","v":{"v":0,"d":"0.00"}},{"$f":"+'Block Breakdown This'!M502+'Block Breakdown Prev'!M502","v":{"v":0,"d":"0.00"}},{"$f":"+'Block Breakdown This'!N502+'Block Breakdown Prev'!N502","v":{"v":0,"d":"0.00"}},{"$f":"+'Block Breakdown This'!O502+'Block Breakdown Prev'!O502","v":{"v":0,"d":"0.00"}},{"$f":"+'Block Breakdown This'!P502+'Block Breakdown Prev'!P502","v":{"v":0,"d":"0.00"}},{"$f":"+'Block Breakdown This'!Q502+'Block Breakdown Prev'!Q502","v":{"v":0,"d":"0.00"}},{"$f":"+'Block Breakdown This'!R502+'Block Breakdown Prev'!R502","v":{"v":0,"d":"0.00"}},{"$f":"+'Block Breakdown This'!S502+'Block Breakdown Prev'!S502","v":{"v":0,"d":"0.00"}},{"$f":"+'Block Breakdown This'!T502+'Block Breakdown Prev'!T502","v":{"v":0,"d":"0.00"}},{"$f":"+'Block Breakdown This'!U502+'Block Breakdown Prev'!U502","v":{"v":0,"d":"0.00"}},{"$f":"+'Block Breakdown This'!V502+'Block Breakdown Prev'!V502","v":{"v":0,"d":"0.00"}},{"$f":"+'Block Breakdown This'!W502+'Block Breakdown Prev'!W502","v":{"v":0,"d":"0.00"}},{"$f":"+'Block Breakdown This'!X502+'Block Breakdown Prev'!X502","v":{"v":0,"d":"0.00"}},{"$f":"+'Block Breakdown This'!Y502+'Block Breakdown Prev'!Y502","v":{"v":0,"d":"0.00"}},{"v":0,"d":"0.00"},0,0,0,0,0,0,0,0,0,0,0,0,0,0,0,0,0,0,{"$f":"+E502*Z502","v":{"v":0,"d":"0.00"}}]
[null,"       Install","each",{"$f":"D502","v":50},{"v":30,"d":"30.00"},{"v":1500,"d":"1,500.00"},{"$f":"+'Block Breakdown This'!G503+'Block Breakdown Prev'!G503","v":{"v":0,"d":"0.00"}},{"$f":"+'Block Breakdown This'!H503+'Block Breakdown Prev'!H503","v":{"v":0,"d":"0.00"}},{"$f":"+'Block Breakdown This'!I503+'Block Breakdown Prev'!I503","v":{"v":0,"d":"0.00"}},{"$f":"+'Block Breakdown This'!J503+'Block Breakdown Prev'!J503","v":{"v":0,"d":"0.00"}},{"$f":"+'Block Breakdown This'!K503+'Block Breakdown Prev'!K503","v":{"v":0,"d":"0.00"}},{"$f":"+'Block Breakdown This'!L503+'Block Breakdown Prev'!L503","v":{"v":0,"d":"0.00"}},{"$f":"+'Block Breakdown This'!M503+'Block Breakdown Prev'!M503","v":{"v":0,"d":"0.00"}},{"$f":"+'Block Breakdown This'!N503+'Block Breakdown Prev'!N503","v":{"v":0,"d":"0.00"}},{"$f":"+'Block Breakdown This'!O503+'Block Breakdown Prev'!O503","v":{"v":0,"d":"0.00"}},{"$f":"+'Block Breakdown This'!P503+'Block Breakdown Prev'!P503","v":{"v":0,"d":"0.00"}},{"$f":"+'Block Breakdown This'!Q503+'Block Breakdown Prev'!Q503","v":{"v":0,"d":"0.00"}},{"$f":"+'Block Breakdown This'!R503+'Block Breakdown Prev'!R503","v":{"v":0,"d":"0.00"}},{"$f":"+'Block Breakdown This'!S503+'Block Breakdown Prev'!S503","v":{"v":0,"d":"0.00"}},{"$f":"+'Block Breakdown This'!T503+'Block Breakdown Prev'!T503","v":{"v":0,"d":"0.00"}},{"$f":"+'Block Breakdown This'!U503+'Block Breakdown Prev'!U503","v":{"v":0,"d":"0.00"}},{"$f":"+'Block Breakdown This'!V503+'Block Breakdown Prev'!V503","v":{"v":0,"d":"0.00"}},{"$f":"+'Block Breakdown This'!W503+'Block Breakdown Prev'!W503","v":{"v":0,"d":"0.00"}},{"$f":"+'Block Breakdown This'!X503+'Block Breakdown Prev'!X503","v":{"v":0,"d":"0.00"}},{"$f":"+'Block Breakdown This'!Y503+'Block Breakdown Prev'!Y503","v":{"v":0,"d":"0.00"}},{"v":0,"d":"0.00"},0,0,0,0,0,0,0,0,0,0,0,0,0,0,0,0,0,0,{"$f":"+E503*Z503","v":{"v":0,"d":"0.00"}}]
[{"$nulls":26},0,0,0,0,0,0,0,0,0,0,0,0,0,0,0,0,0,0," "]
["3.1.8","90 degrees slow bends for 160mm dia. sleeve",{"$nulls":24},0,0,0,0,0,0,0,0,0,0,0,0,0,0,0,0,0,0," "]
[null,"       Supply","each",80,{"v":175,"d":"175.00"},{"v":14000,"d":"14,000.00"},{"$f":"+'Block Breakdown This'!G506+'Block Breakdown Prev'!G506","v":{"v":0,"d":"0.00"}},{"$f":"+'Block Breakdown This'!H506+'Block Breakdown Prev'!H506","v":{"v":0,"d":"0.00"}},{"$f":"+'Block Breakdown This'!I506+'Block Breakdown Prev'!I506","v":{"v":0,"d":"0.00"}},{"$f":"+'Block Breakdown This'!J506+'Block Breakdown Prev'!J506","v":{"v":0,"d":"0.00"}},{"$f":"+'Block Breakdown This'!K506+'Block Breakdown Prev'!K506","v":{"v":0,"d":"0.00"}},{"$f":"+'Block Breakdown This'!L506+'Block Breakdown Prev'!L506","v":{"v":0,"d":"0.00"}},{"$f":"+'Block Breakdown This'!M506+'Block Breakdown Prev'!M506","v":{"v":0,"d":"0.00"}},{"$f":"+'Block Breakdown This'!N506+'Block Breakdown Prev'!N506","v":{"v":0,"d":"0.00"}},{"$f":"+'Block Breakdown This'!O506+'Block Breakdown Prev'!O506","v":{"v":0,"d":"0.00"}},{"$f":"+'Block Breakdown This'!P506+'Block Breakdown Prev'!P506","v":{"v":0,"d":"0.00"}},{"$f":"+'Block Breakdown This'!Q506+'Block Breakdown Prev'!Q506","v":{"v":0,"d":"0.00"}},{"$f":"+'Block Breakdown This'!R506+'Block Breakdown Prev'!R506","v":{"v":0,"d":"0.00"}},{"$f":"+'Block Breakdown This'!S506+'Block Breakdown Prev'!S506","v":{"v":0,"d":"0.00"}},{"$f":"+'Block Breakdown This'!T506+'Block Breakdown Prev'!T506","v":{"v":0,"d":"0.00"}},{"$f":"+'Block Breakdown This'!U506+'Block Breakdown Prev'!U506","v":{"v":0,"d":"0.00"}},{"$f":"+'Block Breakdown This'!V506+'Block Breakdown Prev'!V506","v":{"v":0,"d":"0.00"}},{"$f":"+'Block Breakdown This'!W506+'Block Breakdown Prev'!W506","v":{"v":0,"d":"0.00"}},{"$f":"+'Block Breakdown This'!X506+'Block Breakdown Prev'!X506","v":{"v":0,"d":"0.00"}},{"$f":"+'Block Breakdown This'!Y506+'Block Breakdown Prev'!Y506","v":{"v":0,"d":"0.00"}},{"v":0,"d":"0.00"},0,0,0,0,0,0,0,0,0,0,0,0,0,0,0,0,0,0,{"$f":"+E506*Z506","v":{"v":0,"d":"0.00"}}]
[null,"       Install","each",{"$f":"D506","v":80},{"v":28,"d":"28.00"},{"v":2240,"d":"2,240.00"},{"$f":"+'Block Breakdown This'!G507+'Block Breakdown Prev'!G507","v":{"v":0,"d":"0.00"}},{"$f":"+'Block Breakdown This'!H507+'Block Breakdown Prev'!H507","v":{"v":0,"d":"0.00"}},{"$f":"+'Block Breakdown This'!I507+'Block Breakdown Prev'!I507","v":{"v":0,"d":"0.00"}},{"$f":"+'Block Breakdown This'!J507+'Block Breakdown Prev'!J507","v":{"v":0,"d":"0.00"}},{"$f":"+'Block Breakdown This'!K507+'Block Breakdown Prev'!K507","v":{"v":0,"d":"0.00"}},{"$f":"+'Block Breakdown This'!L507+'Block Breakdown Prev'!L507","v":{"v":0,"d":"0.00"}},{"$f":"+'Block Breakdown This'!M507+'Block Breakdown Prev'!M507","v":{"v":0,"d":"0.00"}},{"$f":"+'Block Breakdown This'!N507+'Block Breakdown Prev'!N507","v":{"v":0,"d":"0.00"}},{"$f":"+'Block Breakdown This'!O507+'Block Breakdown Prev'!O507","v":{"v":0,"d":"0.00"}},{"$f":"+'Block Breakdown This'!P507+'Block Breakdown Prev'!P507","v":{"v":0,"d":"0.00"}},{"$f":"+'Block Breakdown This'!Q507+'Block Breakdown Prev'!Q507","v":{"v":0,"d":"0.00"}},{"$f":"+'Block Breakdown This'!R507+'Block Breakdown Prev'!R507","v":{"v":0,"d":"0.00"}},{"$f":"+'Block Breakdown This'!S507+'Block Breakdown Prev'!S507","v":{"v":0,"d":"0.00"}},{"$f":"+'Block Breakdown This'!T507+'Block Breakdown Prev'!T507","v":{"v":0,"d":"0.00"}},{"$f":"+'Block Breakdown This'!U507+'Block Breakdown Prev'!U507","v":{"v":0,"d":"0.00"}},{"$f":"+'Block Breakdown This'!V507+'Block Breakdown Prev'!V507","v":{"v":0,"d":"0.00"}},{"$f":"+'Block Breakdown This'!W507+'Block Breakdown Prev'!W507","v":{"v":0,"d":"0.00"}},{"$f":"+'Block Breakdown This'!X507+'Block Breakdown Prev'!X507","v":{"v":0,"d":"0.00"}},{"$f":"+'Block Breakdown This'!Y507+'Block Breakdown Prev'!Y507","v":{"v":0,"d":"0.00"}},{"v":0,"d":"0.00"},0,0,0,0,0,0,0,0,0,0,0,0,0,0,0,0,0,0,{"$f":"+E507*Z507","v":{"v":0,"d":"0.00"}}]
[{"$nulls":26},0,0,0,0,0,0,0,0,0,0,0,0,0,0,0,0,0,0]
["3.1.9","90 degrees slow bends for 110mm dia. sleeve",{"$nulls":24},0,0,0,0,0,0,0,0,0,0,0,0,0,0,0,0,0,0," "]
[null,"       Supply","each",80,{"v":46,"d":"46.00"},{"v":3680,"d":"3,680.00"},{"$f":"+'Block Breakdown This'!G510+'Block Breakdown Prev'!G510","v":{"v":0,"d":"0.00"}},{"$f":"+'Block Breakdown This'!H510+'Block Breakdown Prev'!H510","v":{"v":0,"d":"0.00"}},{"$f":"+'Block Breakdown This'!I510+'Block Breakdown Prev'!I510","v":{"v":0,"d":"0.00"}},{"$f":"+'Block Breakdown This'!J510+'Block Breakdown Prev'!J510","v":{"v":0,"d":"0.00"}},{"$f":"+'Block Breakdown This'!K510+'Block Breakdown Prev'!K510","v":{"v":0,"d":"0.00"}},{"$f":"+'Block Breakdown This'!L510+'Block Breakdown Prev'!L510","v":{"v":0,"d":"0.00"}},{"$f":"+'Block Breakdown This'!M510+'Block Breakdown Prev'!M510","v":{"v":0,"d":"0.00"}},{"$f":"+'Block Breakdown This'!N510+'Block Breakdown Prev'!N510","v":{"v":0,"d":"0.00"}},{"$f":"+'Block Breakdown This'!O510+'Block Breakdown Prev'!O510","v":{"v":0,"d":"0.00"}},{"$f":"+'Block Breakdown This'!P510+'Block Breakdown Prev'!P510","v":{"v":0,"d":"0.00"}},{"$f":"+'Block Breakdown This'!Q510+'Block Breakdown Prev'!Q510","v":{"v":0,"d":"0.00"}},{"$f":"+'Block Breakdown This'!R510+'Block Breakdown Prev'!R510","v":{"v":0,"d":"0.00"}},{"$f":"+'Block Breakdown This'!S510+'Block Breakdown Prev'!S510","v":{"v":0,"d":"0.00"}},{"$f":"+'Block Breakdown This'!T510+'Block Breakdown Prev'!T510","v":{"v":0,"d":"0.00"}},{"$f":"+'Block Breakdown This'!U510+'Block Breakdown Prev'!U510","v":{"v":0,"d":"0.00"}},{"$f":"+'Block Breakdown This'!V510+'Block Breakdown Prev'!V510","v":{"v":0,"d":"0.00"}},{"$f":"+'Block Breakdown This'!W510+'Block Breakdown Prev'!W510","v":{"v":0,"d":"0.00"}},{"$f":"+'Block Breakdown This'!X510+'Block Breakdown Prev'!X510","v":{"v":0,"d":"0.00"}},{"$f":"+'Block Breakdown This'!Y510+'Block Breakdown Prev'!Y510","v":{"v":0,"d":"0.00"}},{"v":0,"d":"0.00"},0,0,0,0,0,0,0,0,0,0,0,0,0,0,0,0,0,0,{"$f":"+E510*Z510","v":{"v":0,"d":"0.00"}}]
[null,"       Install","each",{"$f":"D510","v":80},{"v":25,"d":"25.00"},{"v":2000,"d":"2,000.00"},{"$f":"+'Block Breakdown This'!G511+'Block Breakdown Prev'!G511","v":{"v":0,"d":"0.00"}},{"$f":"+'Block Breakdown This'!H511+'Block Breakdown Prev'!H511","v":{"v":0,"d":"0.00"}},{"$f":"+'Block Breakdown This'!I511+'Block Breakdown Prev'!I511","v":{"v":0,"d":"0.00"}},{"$f":"+'Block Breakdown This'!J511+'Block Breakdown Prev'!J511","v":{"v":0,"d":"0.00"}},{"$f":"+'Block Breakdown This'!K511+'Block Breakdown Prev'!K511","v":{"v":0,"d":"0.00"}},{"$f":"+'Block Breakdown This'!L511+'Block Breakdown Prev'!L511","v":{"v":0,"d":"0.00"}},{"$f":"+'Block Breakdown This'!M511+'Block Breakdown Prev'!M511","v":{"v":0,"d":"0.00"}},{"$f":"+'Block Breakdown This'!N511+'Block Breakdown Prev'!N511","v":{"v":0,"d":"0.00"}},{"$f":"+'Block Breakdown This'!O511+'Block Breakdown Prev'!O511","v":{"v":0,"d":"0.00"}},{"$f":"+'Block Breakdown This'!P511+'Block Breakdown Prev'!P511","v":{"v":0,"d":"0.00"}},{"$f":"+'Block Breakdown This'!Q511+'Block Breakdown Prev'!Q511","v":{"v":0,"d":"0.00"}},{"$f":"+'Block Breakdown This'!R511+'Block Breakdown Prev'!R511","v":{"v":0,"d":"0.00"}},{"$f":"+'Block Breakdown This'!S511+'Block Breakdown Prev'!S511","v":{"v":0,"d":"0.00"}},{"$f":"+'Block Breakdown This'!T511+'Block Breakdown Prev'!T511","v":{"v":0,"d":"0.00"}},{"$f":"+'Block Breakdown This'!U511+'Block Breakdown Prev'!U511","v":{"v":0,"d":"0.00"}},{"$f":"+'Block Breakdown This'!V511+'Block Breakdown Prev'!V511","v":{"v":0,"d":"0.00"}},{"$f":"+'Block Breakdown This'!W511+'Block Breakdown Prev'!W511","v":{"v":0,"d":"0.00"}},{"$f":"+'Block Breakdown This'!X511+'Block Breakdown Prev'!X511","v":{"v":0,"d":"0.00"}},{"$f":"+'Block Breakdown This'!Y511+'Block Breakdown Prev'!Y511","v":{"v":0,"d":"0.00"}},{"v":0,"d":"0.00"},0,0,0,0,0,0,0,0,0,0,0,0,0,0,0,0,0,0,{"$f":"+E511*Z511","v":{"v":0,"d":"0.00"}}]
[{"$nulls":26},0,0,0,0,0,0,0,0,0,0,0,0,0,0,0,0,0,0," "]
["3.1.10","90 degrees slow bends for 75mm dia. sleeve",{"$nulls":24},0,0,0,0,0,0,0,0,0,0,0,0,0,0,0,0,0,0," "]
[null,"       Supply","each",60,{"v":27.7,"d":"27.70"},{"v":1662,"d":"1,662.00"},{"$f":"+'Block Breakdown This'!G514+'Block Breakdown Prev'!G514","v":{"v":0,"d":"0.00"}},{"$f":"+'Block Breakdown This'!H514+'Block Breakdown Prev'!H514","v":{"v":0,"d":"0.00"}},{"$f":"+'Block Breakdown This'!I514+'Block Breakdown Prev'!I514","v":{"v":0,"d":"0.00"}},{"$f":"+'Block Breakdown This'!J514+'Block Breakdown Prev'!J514","v":{"v":0,"d":"0.00"}},{"$f":"+'Block Breakdown This'!K514+'Block Breakdown Prev'!K514","v":{"v":0,"d":"0.00"}},{"$f":"+'Block Breakdown This'!L514+'Block Breakdown Prev'!L514","v":{"v":0,"d":"0.00"}},{"$f":"+'Block Breakdown This'!M514+'Block Breakdown Prev'!M514","v":{"v":0,"d":"0.00"}},{"$f":"+'Block Breakdown This'!N514+'Block Breakdown Prev'!N514","v":{"v":0,"d":"0.00"}},{"$f":"+'Block Breakdown This'!O514+'Block Breakdown Prev'!O514","v":{"v":0,"d":"0.00"}},{"$f":"+'Block Breakdown This'!P514+'Block Breakdown Prev'!P514","v":{"v":0,"d":"0.00"}},{"$f":"+'Block Breakdown This'!Q514+'Block Breakdown Prev'!Q514","v":{"v":0,"d":"0.00"}},{"$f":"+'Block Breakdown This'!R514+'Block Breakdown Prev'!R514","v":{"v":0,"d":"0.00"}},{"$f":"+'Block Breakdown This'!S514+'Block Breakdown Prev'!S514","v":{"v":0,"d":"0.00"}},{"$f":"+'Block Breakdown This'!T514+'Block Breakdown Prev'!T514","v":{"v":0,"d":"0.00"}},{"$f":"+'Block Breakdown This'!U514+'Block Breakdown Prev'!U514","v":{"v":0,"d":"0.00"}},{"$f":"+'Block Breakdown This'!V514+'Block Breakdown Prev'!V514","v":{"v":0,"d":"0.00"}},{"$f":"+'Block Breakdown This'!W514+'Block Breakdown Prev'!W514","v":{"v":0,"d":"0.00"}},{"$f":"+'Block Breakdown This'!X514+'Block Breakdown Prev'!X514","v":{"v":0,"d":"0.00"}},{"$f":"+'Block Breakdown This'!Y514+'Block Breakdown Prev'!Y514","v":{"v":0,"d":"0.00"}},{"v":0,"d":"0.00"},0,0,0,0,0,0,0,0,0,0,0,0,0,0,0,0,0,0,{"$f":"+E514*Z514","v":{"v":0,"d":"0.00"}}]
[null,"       Install","each",{"$f":"D514","v":60},{"v":22,"d":"22.00"},{"v":1320,"d":"1,320.00"},{"$f":"+'Block Breakdown This'!G515+'Block Breakdown Prev'!G515","v":{"v":0,"d":"0.00"}},{"$f":"+'Block Breakdown This'!H515+'Block Breakdown Prev'!H515","v":{"v":0,"d":"0.00"}},{"$f":"+'Block Breakdown This'!I515+'Block Breakdown Prev'!I515","v":{"v":0,"d":"0.00"}},{"$f":"+'Block Breakdown This'!J515+'Block Breakdown Prev'!J515","v":{"v":0,"d":"0.00"}},{"$f":"+'Block Breakdown This'!K515+'Block Breakdown Prev'!K515","v":{"v":0,"d":"0.00"}},{"$f":"+'Block Breakdown This'!L515+'Block Breakdown Prev'!L515","v":{"v":0,"d":"0.00"}},{"$f":"+'Block Breakdown This'!M515+'Block Breakdown Prev'!M515","v":{"v":0,"d":"0.00"}},{"$f":"+'Block Breakdown This'!N515+'Block Breakdown Prev'!N515","v":{"v":0,"d":"0.00"}},{"$f":"+'Block Breakdown This'!O515+'Block Breakdown Prev'!O515","v":{"v":0,"d":"0.00"}},{"$f":"+'Block Breakdown This'!P515+'Block Breakdown Prev'!P515","v":{"v":0,"d":"0.00"}},{"$f":"+'Block Breakdown This'!Q515+'Block Breakdown Prev'!Q515","v":{"v":0,"d":"0.00"}},{"$f":"+'Block Breakdown This'!R515+'Block Breakdown Prev'!R515","v":{"v":0,"d":"0.00"}},{"$f":"+'Block Breakdown This'!S515+'Block Breakdown Prev'!S515","v":{"v":0,"d":"0.00"}},{"$f":"+'Block Breakdown This'!T515+'Block Breakdown Prev'!T515","v":{"v":0,"d":"0.00"}},{"$f":"+'Block Breakdown This'!U515+'Block Breakdown Prev'!U515","v":{"v":0,"d":"0.00"}},{"$f":"+'Block Breakdown This'!V515+'Block Breakdown Prev'!V515","v":{"v":0,"d":"0.00"}},{"$f":"+'Block Breakdown This'!W515+'Block Breakdown Prev'!W515","v":{"v":0,"d":"0.00"}},{"$f":"+'Block Breakdown This'!X515+'Block Breakdown Prev'!X515","v":{"v":0,"d":"0.00"}},{"$f":"+'Block Breakdown This'!Y515+'Block Breakdown Prev'!Y515","v":{"v":0,"d":"0.00"}},{"v":0,"d":"0.00"},0,0,0,0,0,0,0,0,0,0,0,0,0,0,0,0,0,0,{"$f":"+E515*Z515","v":{"v":0,"d":"0.00"}}]
[{"$nulls":26},0,0,0,0,0,0,0,0,0,0,0,0,0,0,0,0,0,0," "]
["3.1.11","90 degrees slow bends for 50mm dia. Sleeve",{"$nulls":24},0,0,0,0,0,0,0,0,0,0,0,0,0,0,0,0,0,0," "]
[null,"       Supply","each",80,{"v":19,"d":"19.00"},{"v":1520,"d":"1,520.00"},{"$f":"+'Block Breakdown This'!G518+'Block Breakdown Prev'!G518","v":{"v":0,"d":"0.00"}},{"$f":"+'Block Breakdown This'!H518+'Block Breakdown Prev'!H518","v":{"v":0,"d":"0.00"}},{"$f":"+'Block Breakdown This'!I518+'Block Breakdown Prev'!I518","v":{"v":0,"d":"0.00"}},{"$f":"+'Block Breakdown This'!J518+'Block Breakdown Prev'!J518","v":{"v":0,"d":"0.00"}},{"$f":"+'Block Breakdown This'!K518+'Block Breakdown Prev'!K518","v":{"v":0,"d":"0.00"}},{"$f":"+'Block Breakdown This'!L518+'Block Breakdown Prev'!L518","v":{"v":0,"d":"0.00"}},{"$f":"+'Block Breakdown This'!M518+'Block Breakdown Prev'!M518","v":{"v":0,"d":"0.00"}},{"$f":"+'Block Breakdown This'!N518+'Block Breakdown Prev'!N518","v":{"v":0,"d":"0.00"}},{"$f":"+'Block Breakdown This'!O518+'Block Breakdown Prev'!O518","v":{"v":0,"d":"0.00"}},{"$f":"+'Block Breakdown This'!P518+'Block Breakdown Prev'!P518","v":{"v":0,"d":"0.00"}},{"$f":"+'Block Breakdown This'!Q518+'Block Breakdown Prev'!Q518","v":{"v":0,"d":"0.00"}},{"$f":"+'Block Breakdown This'!R518+'Block Breakdown Prev'!R518","v":{"v":0,"d":"0.00"}},{"$f":"+'Block Breakdown This'!S518+'Block Breakdown Prev'!S518","v":{"v":0,"d":"0.00"}},{"$f":"+'Block Breakdown This'!T518+'Block Breakdown Prev'!T518","v":{"v":0,"d":"0.00"}},{"$f":"+'Block Breakdown This'!U518+'Block Breakdown Prev'!U518","v":{"v":0,"d":"0.00"}},{"$f":"+'Block Breakdown This'!V518+'Block Breakdown Prev'!V518","v":{"v":0,"d":"0.00"}},{"$f":"+'Block Breakdown This'!W518+'Block Breakdown Prev'!W518","v":{"v":0,"d":"0.00"}},{"$f":"+'Block Breakdown This'!X518+'Block Breakdown Prev'!X518","v":{"v":0,"d":"0.00"}},{"$f":"+'Block Breakdown This'!Y518+'Block Breakdown Prev'!Y518","v":{"v":0,"d":"0.00"}},{"v":0,"d":"0.00"},0,0,0,0,0,0,0,0,0,0,0,0,0,0,0,0,0,0,{"$f":"+E518*Z518","v":{"v":0,"d":"0.00"}}]
[null,"       Install","each",{"$f":"D518","v":80},{"v":20,"d":"20.00"},{"v":1600,"d":"1,600.00"},{"$f":"+'Block Breakdown This'!G519+'Block Breakdown Prev'!G519","v":{"v":0,"d":"0.00"}},{"$f":"+'Block Breakdown This'!H519+'Block Breakdown Prev'!H519","v":{"v":0,"d":"0.00"}},{"$f":"+'Block Breakdown This'!I519+'Block Breakdown Prev'!I519","v":{"v":0,"d":"0.00"}},{"$f":"+'Block Breakdown This'!J519+'Block Breakdown Prev'!J519","v":{"v":0,"d":"0.00"}},{"$f":"+'Block Breakdown This'!K519+'Block Breakdown Prev'!K519","v":{"v":0,"d":"0.00"}},{"$f":"+'Block Breakdown This'!L519+'Block Breakdown Prev'!L519","v":{"v":0,"d":"0.00"}},{"$f":"+'Block Breakdown This'!M519+'Block Breakdown Prev'!M519","v":{"v":0,"d":"0.00"}},{"$f":"+'Block Breakdown This'!N519+'Block Breakdown Prev'!N519","v":{"v":0,"d":"0.00"}},{"$f":"+'Block Breakdown This'!O519+'Block Breakdown Prev'!O519","v":{"v":0,"d":"0.00"}},{"$f":"+'Block Breakdown This'!P519+'Block Breakdown Prev'!P519","v":{"v":0,"d":"0.00"}},{"$f":"+'Block Breakdown This'!Q519+'Block Breakdown Prev'!Q519","v":{"v":0,"d":"0.00"}},{"$f":"+'Block Breakdown This'!R519+'Block Breakdown Prev'!R519","v":{"v":0,"d":"0.00"}},{"$f":"+'Block Breakdown This'!S519+'Block Breakdown Prev'!S519","v":{"v":0,"d":"0.00"}},{"$f":"+'Block Breakdown This'!T519+'Block Breakdown Prev'!T519","v":{"v":0,"d":"0.00"}},{"$f":"+'Block Breakdown This'!U519+'Block Breakdown Prev'!U519","v":{"v":0,"d":"0.00"}},{"$f":"+'Block Breakdown This'!V519+'Block Breakdown Prev'!V519","v":{"v":0,"d":"0.00"}},{"$f":"+'Block Breakdown This'!W519+'Block Breakdown Prev'!W519","v":{"v":0,"d":"0.00"}},{"$f":"+'Block Breakdown This'!X519+'Block Breakdown Prev'!X519","v":{"v":0,"d":"0.00"}},{"$f":"+'Block Breakdown This'!Y519+'Block Breakdown Prev'!Y519","v":{"v":0,"d":"0.00"}},{"v":0,"d":"0.00"},0,0,0,0,0,0,0,0,0,0,0,0,0,0,0,0,0,0,{"$f":"+E519*Z519","v":{"v":0,"d":"0.00"}}]
[{"$nulls":26},0,0,0,0,0,0,0,0,0,0,0,0,0,0,0,0,0,0," "]
["3.1.12","90 degrees slow bends for 32mm dia. sleeve",{"$nulls":24},0,0,0,0,0,0,0,0,0,0,0,0,0,0,0,0,0,0," "]
[null,"       Supply","each",70,{"v":8,"d":"8.00"},{"v":560,"d":"560.00"},{"$f":"+'Block Breakdown This'!G522+'Block Breakdown Prev'!G522","v":{"v":0,"d":"0.00"}},{"$f":"+'Block Breakdown This'!H522+'Block Breakdown Prev'!H522","v":{"v":0,"d":"0.00"}},{"$f":"+'Block Breakdown This'!I522+'Block Breakdown Prev'!I522","v":{"v":0,"d":"0.00"}},{"$f":"+'Block Breakdown This'!J522+'Block Breakdown Prev'!J522","v":{"v":0,"d":"0.00"}},{"$f":"+'Block Breakdown This'!K522+'Block Breakdown Prev'!K522","v":{"v":0,"d":"0.00"}},{"$f":"+'Block Breakdown This'!L522+'Block Breakdown Prev'!L522","v":{"v":0,"d":"0.00"}},{"$f":"+'Block Breakdown This'!M522+'Block Breakdown Prev'!M522","v":{"v":0,"d":"0.00"}},{"$f":"+'Block Breakdown This'!N522+'Block Breakdown Prev'!N522","v":{"v":0,"d":"0.00"}},{"$f":"+'Block Breakdown This'!O522+'Block Breakdown Prev'!O522","v":{"v":0,"d":"0.00"}},{"$f":"+'Block Breakdown This'!P522+'Block Breakdown Prev'!P522","v":{"v":0,"d":"0.00"}},{"$f":"+'Block Breakdown This'!Q522+'Block Breakdown Prev'!Q522","v":{"v":0,"d":"0.00"}},{"$f":"+'Block Breakdown This'!R522+'Block Breakdown Prev'!R522","v":{"v":0,"d":"0.00"}},{"$f":"+'Block Breakdown This'!S522+'Block Breakdown Prev'!S522","v":{"v":0,"d":"0.00"}},{"$f":"+'Block Breakdown This'!T522+'Block Breakdown Prev'!T522","v":{"v":0,"d":"0.00"}},{"$f":"+'Block Breakdown This'!U522+'Block Breakdown Prev'!U522","v":{"v":0,"d":"0.00"}},{"$f":"+'Block Breakdown This'!V522+'Block Breakdown Prev'!V522","v":{"v":0,"d":"0.00"}},{"$f":"+'Block Breakdown This'!W522+'Block Breakdown Prev'!W522","v":{"v":0,"d":"0.00"}},{"$f":"+'Block Breakdown This'!X522+'Block Breakdown Prev'!X522","v":{"v":0,"d":"0.00"}},{"$f":"+'Block Breakdown This'!Y522+'Block Breakdown Prev'!Y522","v":{"v":0,"d":"0.00"}},{"v":0,"d":"0.00"},0,0,0,0,0,0,0,0,0,0,0,0,0,0,0,0,0,0,{"$f":"+E522*Z522","v":{"v":0,"d":"0.00"}}]
[null,"       Install","each",{"$f":"D522","v":70},{"v":18,"d":"18.00"},{"v":1260,"d":"1,260.00"},{"$f":"+'Block Breakdown This'!G523+'Block Breakdown Prev'!G523","v":{"v":0,"d":"0.00"}},{"$f":"+'Block Breakdown This'!H523+'Block Breakdown Prev'!H523","v":{"v":0,"d":"0.00"}},{"$f":"+'Block Breakdown This'!I523+'Block Breakdown Prev'!I523","v":{"v":0,"d":"0.00"}},{"$f":"+'Block Breakdown This'!J523+'Block Breakdown Prev'!J523","v":{"v":0,"d":"0.00"}},{"$f":"+'Block Breakdown This'!K523+'Block Breakdown Prev'!K523","v":{"v":0,"d":"0.00"}},{"$f":"+'Block Breakdown This'!L523+'Block Breakdown Prev'!L523","v":{"v":0,"d":"0.00"}},{"$f":"+'Block Breakdown This'!M523+'Block Breakdown Prev'!M523","v":{"v":0,"d":"0.00"}},{"$f":"+'Block Breakdown This'!N523+'Block Breakdown Prev'!N523","v":{"v":0,"d":"0.00"}},{"$f":"+'Block Breakdown This'!O523+'Block Breakdown Prev'!O523","v":{"v":0,"d":"0.00"}},{"$f":"+'Block Breakdown This'!P523+'Block Breakdown Prev'!P523","v":{"v":0,"d":"0.00"}},{"$f":"+'Block Breakdown This'!Q523+'Block Breakdown Prev'!Q523","v":{"v":0,"d":"0.00"}},{"$f":"+'Block Breakdown This'!R523+'Block Breakdown Prev'!R523","v":{"v":0,"d":"0.00"}},{"$f":"+'Block Breakdown This'!S523+'Block Breakdown Prev'!S523","v":{"v":0,"d":"0.00"}},{"$f":"+'Block Breakdown This'!T523+'Block Breakdown Prev'!T523","v":{"v":0,"d":"0.00"}},{"$f":"+'Block Breakdown This'!U523+'Block Breakdown Prev'!U523","v":{"v":0,"d":"0.00"}},{"$f":"+'Block Breakdown This'!V523+'Block Breakdown Prev'!V523","v":{"v":0,"d":"0.00"}},{"$f":"+'Block Breakdown This'!W523+'Block Breakdown Prev'!W523","v":{"v":0,"d":"0.00"}},{"$f":"+'Block Breakdown This'!X523+'Block Breakdown Prev'!X523","v":{"v":0,"d":"0.00"}},{"$f":"+'Block Breakdown This'!Y523+'Block Breakdown Prev'!Y523","v":{"v":0,"d":"0.00"}},{"v":0,"d":"0.00"},0,0,0,0,0,0,0,0,0,0,0,0,0,0,0,0,0,{"$f":"SUM(AA523:AQ523)","v":0},{"$f":"+E523*Z523","v":{"v":0,"d":"0.00"}}]
[{"$nulls":5}," ",{"$nulls":38}," "]
[]
[null,"Amount Carried Forward",{"$nulls":3},{"$f":"SUM(F474:F525)","v":{"v":117667,"d":"117,667.00"}},{"$nulls":38},{"$f":"SUM(AS474:AS525)","v":{"v":41432.2,"d":"41,432.20"}}]
[]
["MAIN HOSPITAL ELECTRICAL INSTALLATION"]
["CECILIA MAKIWANE HOSPITAL : PHASE 4C"]
[]
[{"$f":"A470","v":"BILL NO. 3 : SLEEVES (SMME PACKAGE No1)"}]
["ITEM","DESCRIPTION","UNIT","QTY","RATE","TENDER AMOUNT","A","B","D","E1","E2","F1","F2","G1","G2","H1","H2","J1","J2","J3","Substation","G/House","K","N","Other","Total Qty","A","B","D","E1","E2","F1","F2","G1","G2","H1","H2","J1","J2","J3","K","N","Other","Total Amount","Total Claimed"]
[null,"AMOUNT CARRIED FORWARD FROM PREVIOUS BILL",{"$nulls":3},{"$f":"F526","v":{"v":117667,"d":"117,667.00"}},{"$nulls":38},{"$f":"+AS526","v":{"v":41432.2,"d":"41,432.20"}}]
[]
[{"v":3.2,"d":"3.20"},"Cable Tape"]
[" ","Laid in an open trench and 150mm above a cable 150mm wide 800 gauge cable marker tape."]
[null,"       Supply","m",{"v":5500,"d":"5,500"},1.35,{"$f":"$D537*E537","v":{"v":7425.000000000001,"d":"7,425.00"}},{"$f":"+'Block Breakdown This'!G$537+'Block Breakdown Prev'!G$537","v":{"v":0,"d":"0.00"}},{"$f":"+'Block Breakdown This'!H537+'Block Breakdown Prev'!H537","v":{"v":0,"d":"0.00"}},{"$f":"+'Block Breakdown This'!I537+'Block Breakdown Prev'!I537","v":{"v":0,"d":"0.00"}},{"$f":"+'Block Breakdown This'!J537+'Block Breakdown Prev'!J537","v":{"v":0,"d":"0.00"}},{"$f":"+'Block Breakdown This'!K537+'Block Breakdown Prev'!K537","v":{"v":0,"d":"0.00"}},{"$f":"+'Block Breakdown This'!L537+'Block Breakdown Prev'!L537","v":{"v":0,"d":"0.00"}},{"$f":"+'Block Breakdown This'!M537+'Block Breakdown Prev'!M537","v":{"v":0,"d":"0.00"}},{"$f":"+'Block Breakdown This'!N537+'Block Breakdown Prev'!N537","v":{"v":0,"d":"0.00"}},{"$f":"+'Block Breakdown This'!O537+'Block Breakdown Prev'!O537","v":{"v":0,"d":"0.00"}},{"$f":"+'Block Breakdown This'!P537+'Block Breakdown Prev'!P537","v":{"v":0,"d":"0.00"}},{"$f":"+'Block Breakdown This'!Q537+'Block Breakdown Prev'!Q537","v":{"v":0,"d":"0.00"}},{"$f":"+'Block Breakdown This'!R537+'Block Breakdown Prev'!R537","v":{"v":0,"d":"0.00"}},{"$f":"+'Block Breakdown This'!S537+'Block Breakdown Prev'!S537","v":{"v":0,"d":"0.00"}},{"$f":"+'Block Breakdown This'!T537+'Block Breakdown Prev'!T537","v":{"v":0,"d":"0.00"}},{"$f":"+'Block Breakdown This'!U537+'Block Breakdown Prev'!U537","v":{"v":0,"d":"0.00"}},{"$f":"+'Block Breakdown This'!V537+'Block Breakdown Prev'!V537","v":{"v":0,"d":"0.00"}},{"$f":"+'Block Breakdown This'!W537+'Block Breakdown Prev'!W537","v":{"v":0,"d":"0.00"}},{"$f":"+'Block Breakdown This'!X537+'Block Breakdown Prev'!X537","v":{"v":0,"d":"0.00"}},{"$f":"+'Block Breakdown This'!Y537+'Block Breakdown Prev'!Y537","v":{"v":680,"d":"680.00"}},{"$f":"SUM(G537:Y537)","v":{"v":680,"d":"680.00"}},{"$f":"G537*E537","v":0},{"$f":"H537*E537","v":0},{"$f":"I537*E537","v":0},{"$f":"J537*E537","v":0},{"$f":"K537*E537","v":0},{"$f":"L537*E537","v":0},{"$f":"+M537*E537","v":0},{"$f":"N537*E537","v":0},{"$f":"O537*E537","v":0},{"$f":"P537*E537","v":0},{"$f":"Q537*E537","v":0},{"$f":"R537*E537","v":0},{"$f":"S537*E537","v":0},{"$f":"T537*E537","v":0},{"$f":"W537*E537","v":0},{"$f":"X537*E537","v":0},{"$f":"Y537*E537","v":{"v":918.0000000000001,"d":"918"}},{"$f":"SUM(AA537:AQ537)","v":{"v":918.0000000000001,"d":"918"}},{"$f":"+E537*Z537","v":{"v":918.0000000000001,"d":"918.00"}}]
[null,"       Install","m",{"$f":"D537","v":{"v":5500,"d":"5,500"}},{"v":2,"d":"2.00"},{"$f":"$D538*E538","v":{"v":11000,"d":"11,000.00"}},{"$f":"+'Block Breakdown This'!G538+'Block Breakdown Prev'!G538","v":{"v":0,"d":"0.00"}},{"$f":"+'Block Breakdown This'!H538+'Block Breakdown Prev'!H538","v":{"v":0,"d":"0.00"}},{"$f":"+'Block Breakdown This'!I538+'Block Breakdown Prev'!I538","v":{"v":0,"d":"0.00"}},{"$f":"+'Block Breakdown This'!J538+'Block Breakdown Prev'!J538","v":{"v":0,"d":"0.00"}},{"$f":"+'Block Breakdown This'!K538+'Block Breakdown Prev'!K538","v":{"v":0,"d":"0.00"}},{"$f":"+'Block Breakdown This'!L538+'Block Breakdown Prev'!L538","v":{"v":0,"d":"0.00"}},{"$f":"+'Block Breakdown This'!M538+'Block Breakdown Prev'!M538","v":{"v":0,"d":"0.00"}},{"$f":"+'Block Breakdown This'!N538+'Block Breakdown Prev'!N538","v":{"v":0,"d":"0.00"}},{"$f":"+'Block Breakdown This'!O538+'Block Breakdown Prev'!O538","v":{"v":0,"d":"0.00"}},{"$f":"+'Block Breakdown This'!P538+'Block Breakdown Prev'!P538","v":{"v":0,"d":"0.00"}},{"$f":"+'Block Breakdown This'!Q538+'Block Breakdown Prev'!Q538","v":{"v":0,"d":"0.00"}},{"$f":"+'Block Breakdown This'!R538+'Block Breakdown Prev'!R538","v":{"v":0,"d":"0.00"}},{"$f":"+'Block Breakdown This'!S538+'Block Breakdown Prev'!S538","v":{"v":0,"d":"0.00"}},{"$f":"+'Block Breakdown This'!T538+'Block Breakdown Prev'!T538","v":{"v":0,"d":"0.00"}},{"$f":"+'Block Breakdown This'!U538+'Block Breakdown Prev'!U538","v":{"v":0,"d":"0.00"}},{"$f":"+'Block Breakdown This'!V538+'Block Breakdown Prev'!V538","v":{"v":0,"d":"0.00"}},{"$f":"+'Block Breakdown This'!W538+'Block Breakdown Prev'!W538","v":{"v":0,"d":"0.00"}},{"$f":"+'Block Breakdown This'!X538+'Block Breakdown Prev'!X538","v":{"v":0,"d":"0.00"}},{"$f":"+'Block Breakdown This'!Y538+'Block Breakdown Prev'!Y538","v":{"v":566,"d":"566.00"}},{"$f":"SUM(G538:Y538)","v":{"v":566,"d":"566.00"}},0,0,0,0,0,0,0,0,0,0,0,0,0,0,0,0,{"v":1132,"d":"1,132"},{"$f":"SUM(AA538:AQ538)","v":{"v":1132,"d":"1,132"}},{"$f":"+E538*Z538","v":{"v":1132,"d":"1,132.00"}}]
[{"$nulls":26},0,0,0,0,0,0,0,0,0,0,0,0,0,0,0,0,0,0]
[{"v":3.3,"d":"3.30"},"LV Trenching",{"$nulls":24},0,0,0,0,0,0,0,0,0,0,0,0,0,0,0,0,0,0]
[null,"Excavation of cable trench 600mm deep, 400mm wide including backfilling, compacting & rubble removal (see Specification for classification of materials)",{"$nulls":24},0,0,0,0,0,0,0,0,0,0,0,0,0,0,0,0,0,0]
[{"$nulls":26},0,0,0,0,0,0,0,0,0,0,0,0,0,0,0,0,0,0]
["3.3.1","In earth","m",{"v":5500,"d":"5,500"},{"v":29,"d":"29.00"},{"$f":"$D543*E543","v":{"v":159500,"d":"159,500.00"}},{"$f":"+'Block Breakdown This'!G543+'Block Breakdown Prev'!G543","v":{"v":0,"d":"0.00"}},{"$f":"+'Block Breakdown This'!H543+'Block Breakdown Prev'!H543","v":{"v":0,"d":"0.00"}},{"$f":"+'Block Breakdown This'!I543+'Block Breakdown Prev'!I543","v":{"v":0,"d":"0.00"}},{"$f":"+'Block Breakdown This'!J543+'Block Breakdown Prev'!J543","v":{"v":0,"d":"0.00"}},{"$f":"+'Block Breakdown This'!K543+'Block Breakdown Prev'!K543","v":{"v":0,"d":"0.00"}},{"$f":"+'Block Breakdown This'!L543+'Block Breakdown Prev'!L543","v":{"v":0,"d":"0.00"}},{"$f":"+'Block Breakdown This'!M543+'Block Breakdown Prev'!M543","v":{"v":0,"d":"0.00"}},{"$f":"+'Block Breakdown This'!N543+'Block Breakdown Prev'!N543","v":{"v":0,"d":"0.00"}},{"$f":"+'Block Breakdown This'!O543+'Block Breakdown Prev'!O543","v":{"v":0,"d":"0.00"}},{"$f":"+'Block Breakdown This'!P543+'Block Breakdown Prev'!P543","v":{"v":0,"d":"0.00"}},{"$f":"+'Block Breakdown This'!Q543+'Block Breakdown Prev'!Q543","v":{"v":0,"d":"0.00"}},{"$f":"+'Block Breakdown This'!R543+'Block Breakdown Prev'!R543","v":{"v":0,"d":"0.00"}},{"$f":"+'Block Breakdown This'!S543+'Block Breakdown Prev'!S543","v":{"v":0,"d":"0.00"}},{"$f":"+'Block Breakdown This'!T543+'Block Breakdown Prev'!T543","v":{"v":0,"d":"0.00"}},{"$f":"+'Block Breakdown This'!U543+'Block Breakdown Prev'!U543","v":{"v":0,"d":"0.00"}},{"$f":"+'Block Breakdown This'!V543+'Block Breakdown Prev'!V543","v":{"v":0,"d":"0.00"}},{"$f":"+'Block Breakdown This'!W543+'Block Breakdown Prev'!W543","v":{"v":0,"d":"0.00"}},{"$f":"+'Block Breakdown This'!X543+'Block Breakdown Prev'!X543","v":{"v":0,"d":"0.00"}},{"$f":"+'Block Breakdown This'!Y543+'Block Breakdown Prev'!Y543","v":{"v":493,"d":"493.00"}},{"v":493,"d":"493.00"},0,0,0,0,0,0,0,0,0,0,0,0,0,0,0,0,{"v":14297,"d":"14,297"},{"v":14297,"d":"14,297"},{"$f":"+E543*Z543","v":{"v":14297,"d":"14,297.00"}}]
["3.3.2","Soft rock EXTRA OVER earth ","m",{"$f":"D543*0.25","v":{"v":1375,"d":"1,375"}},{"v":39,"d":"39.00"},{"$f":"$D544*E544","v":{"v":53625,"d":"53,625.00"}},{"$f":"+'Block Breakdown This'!G544+'Block Breakdown Prev'!G544","v":{"v":0,"d":"0.00"}},{"$f":"+'Block Breakdown This'!H544+'Block Breakdown Prev'!H544","v":{"v":0,"d":"0.00"}},{"$f":"+'Block Breakdown This'!I544+'Block Breakdown Prev'!I544","v":{"v":0,"d":"0.00"}},{"$f":"+'Block Breakdown This'!J544+'Block Breakdown Prev'!J544","v":{"v":0,"d":"0.00"}},{"$f":"+'Block Breakdown This'!K544+'Block Breakdown Prev'!K544","v":{"v":0,"d":"0.00"}},{"$f":"+'Block Breakdown This'!L544+'Block Breakdown Prev'!L544","v":{"v":0,"d":"0.00"}},{"$f":"+'Block Breakdown This'!M544+'Block Breakdown Prev'!M544","v":{"v":0,"d":"0.00"}},{"$f":"+'Block Breakdown This'!N544+'Block Breakdown Prev'!N544","v":{"v":0,"d":"0.00"}},{"$f":"+'Block Breakdown This'!O544+'Block Breakdown Prev'!O544","v":{"v":0,"d":"0.00"}},{"$f":"+'Block Breakdown This'!P544+'Block Breakdown Prev'!P544","v":{"v":0,"d":"0.00"}},{"$f":"+'Block Breakdown This'!Q544+'Block Breakdown Prev'!Q544","v":{"v":0,"d":"0.00"}},{"$f":"+'Block Breakdown This'!R544+'Block Breakdown Prev'!R544","v":{"v":0,"d":"0.00"}},{"$f":"+'Block Breakdown This'!S544+'Block Breakdown Prev'!S544","v":{"v":0,"d":"0.00"}},{"$f":"+'Block Breakdown This'!T544+'Block Breakdown Prev'!T544","v":{"v":0,"d":"0.00"}},{"$f":"+'Block Breakdown This'!U544+'Block Breakdown Prev'!U544","v":{"v":0,"d":"0.00"}},{"$f":"+'Block Breakdown This'!V544+'Block Breakdown Prev'!V544","v":{"v":0,"d":"0.00"}},{"$f":"+'Block Breakdown This'!W544+'Block Breakdown Prev'!W544","v":{"v":0,"d":"0.00"}},{"$f":"+'Block Breakdown This'!X544+'Block Breakdown Prev'!X544","v":{"v":0,"d":"0.00"}},{"$f":"+'Block Breakdown This'!Y544+'Block Breakdown Prev'!Y544","v":{"v":0,"d":"0.00"}},{"v":0,"d":"0.00"},0,0,0,0,0,0,0,0,0,0,0,0,0,0,0,0,0,0,{"$f":"+E544*Z544","v":{"v":0,"d":"0.00"}}]
["3.3.3","Hard rock","m",{"$f":"D544*0.8","v":{"v":1100,"d":"1,100"}},{"v":49,"d":"49.00"},{"$f":"$D545*E545","v":{"v":53900,"d":"53,900.00"}},{"$f":"+'Block Breakdown This'!G545+'Block Breakdown Prev'!G545","v":{"v":0,"d":"0.00"}},{"$f":"+'Block Breakdown This'!H545+'Block Breakdown Prev'!H545","v":{"v":0,"d":"0.00"}},{"$f":"+'Block Breakdown This'!I545+'Block Breakdown Prev'!I545","v":{"v":0,"d":"0.00"}},{"$f":"+'Block Breakdown This'!J545+'Block Breakdown Prev'!J545","v":{"v":0,"d":"0.00"}},{"$f":"+'Block Breakdown This'!K545+'Block Breakdown Prev'!K545","v":{"v":0,"d":"0.00"}},{"$f":"+'Block Breakdown This'!L545+'Block Breakdown Prev'!L545","v":{"v":0,"d":"0.00"}},{"$f":"+'Block Breakdown This'!M545+'Block Breakdown Prev'!M545","v":{"v":0,"d":"0.00"}},{"$f":"+'Block Breakdown This'!N545+'Block Breakdown Prev'!N545","v":{"v":0,"d":"0.00"}},{"$f":"+'Block Breakdown This'!O545+'Block Breakdown Prev'!O545","v":{"v":0,"d":"0.00"}},{"$f":"+'Block Breakdown This'!P545+'Block Breakdown Prev'!P545","v":{"v":0,"d":"0.00"}},{"$f":"+'Block Breakdown This'!Q545+'Block Breakdown Prev'!Q545","v":{"v":0,"d":"0.00"}},{"$f":"+'Block Breakdown This'!R545+'Block Breakdown Prev'!R545","v":{"v":0,"d":"0.00"}},{"$f":"+'Block Breakdown This'!S545+'Block Breakdown Prev'!S545","v":{"v":0,"d":"0.00"}},{"$f":"+'Block Breakdown This'!T545+'Block Breakdown Prev'!T545","v":{"v":0,"d":"0.00"}},{"$f":"+'Block Breakdown This'!U545+'Block Breakdown Prev'!U545","v":{"v":0,"d":"0.00"}},{"$f":"+'Block Breakdown This'!V545+'Block Breakdown Prev'!V545","v":{"v":0,"d":"0.00"}},{"$f":"+'Block Breakdown This'!W545+'Block Breakdown Prev'!W545","v":{"v":0,"d":"0.00"}},{"$f":"+'Block Breakdown This'!X545+'Block Breakdown Prev'!X545","v":{"v":0,"d":"0.00"}},{"$f":"+'Block Breakdown This'!Y545+'Block Breakdown Prev'!Y545","v":{"v":0,"d":"0.00"}},{"v":0,"d":"0.00"},0,0,0,0,0,0,0,0,0,0,0,0,0,0,0,0,0,0,{"$f":"+E545*Z545","v":{"v":0,"d":"0.00"}}]
["3.3.4","Imported fines bedding 100mm under cable and 100mm on top of cable.",{"$nulls":24},0,0,0,0,0,0,0,0,0,0,0,0,0,0,0,0,0,0," "]
[null,"           Supply","m",{"v":6600,"d":"6,600"},{"v":8,"d":"8.00"},{"$f":"$D547*E547","v":{"v":52800,"d":"52,800.00"}},{"$f":"+'Block Breakdown This'!G547+'Block Breakdown Prev'!G547","v":{"v":0,"d":"0.00"}},{"$f":"+'Block Breakdown This'!H547+'Block Breakdown Prev'!H547","v":{"v":0,"d":"0.00"}},{"$f":"+'Block Breakdown This'!I547+'Block Breakdown Prev'!I547","v":{"v":0,"d":"0.00"}},{"$f":"+'Block Breakdown This'!J547+'Block Breakdown Prev'!J547","v":{"v":0,"d":"0.00"}},{"$f":"+'Block Breakdown This'!K547+'Block Breakdown Prev'!K547","v":{"v":0,"d":"0.00"}},{"$f":"+'Block Breakdown This'!L547+'Block Breakdown Prev'!L547","v":{"v":0,"d":"0.00"}},{"$f":"+'Block Breakdown This'!M547+'Block Breakdown Prev'!M547","v":{"v":0,"d":"0.00"}},{"$f":"+'Block Breakdown This'!N547+'Block Breakdown Prev'!N547","v":{"v":0,"d":"0.00"}},{"$f":"+'Block Breakdown This'!O547+'Block Breakdown Prev'!O547","v":{"v":0,"d":"0.00"}},{"$f":"+'Block Breakdown This'!P547+'Block Breakdown Prev'!P547","v":{"v":0,"d":"0.00"}},{"$f":"+'Block Breakdown This'!Q547+'Block Breakdown Prev'!Q547","v":{"v":0,"d":"0.00"}},{"$f":"+'Block Breakdown This'!R547+'Block Breakdown Prev'!R547","v":{"v":0,"d":"0.00"}},{"$f":"+'Block Breakdown This'!S547+'Block Breakdown Prev'!S547","v":{"v":0,"d":"0.00"}},{"$f":"+'Block Breakdown This'!T547+'Block Breakdown Prev'!T547","v":{"v":0,"d":"0.00"}},{"$f":"+'Block Breakdown This'!U547+'Block Breakdown Prev'!U547","v":{"v":0,"d":"0.00"}},{"$f":"+'Block Breakdown This'!V547+'Block Breakdown Prev'!V547","v":{"v":0,"d":"0.00"}},{"$f":"+'Block Breakdown This'!W547+'Block Breakdown Prev'!W547","v":{"v":0,"d":"0.00"}},{"$f":"+'Block Breakdown This'!X547+'Block Breakdown Prev'!X547","v":{"v":0,"d":"0.00"}},{"$f":"+'Block Breakdown This'!Y547+'Block Breakdown Prev'!Y547","v":{"v":313,"d":"313.00"}},{"v":313,"d":"313.00"},0,0,0,0,0,0,0,0,0,0,0,0,0,0,0,0,{"v":2504,"d":"2,504"},{"v":2504,"d":"2,504"},{"$f":"+E547*Z547","v":{"v":2504,"d":"2,504.00"}}]
[null,"           Install","m",{"$f":"D547","v":{"v":6600,"d":"6,600"}},{"v":5,"d":"5.00"},{"$f":"$D548*E548","v":{"v":33000,"d":"33,000.00"}},{"$f":"+'Block Breakdown This'!G548+'Block Breakdown Prev'!G548","v":{"v":0,"d":"0.00"}},{"$f":"+'Block Breakdown This'!H548+'Block Breakdown Prev'!H548","v":{"v":0,"d":"0.00"}},{"$f":"+'Block Breakdown This'!I548+'Block Breakdown Prev'!I548","v":{"v":0,"d":"0.00"}},{"$f":"+'Block Breakdown This'!J548+'Block Breakdown Prev'!J548","v":{"v":0,"d":"0.00"}},{"$f":"+'Block Breakdown This'!K548+'Block Breakdown Prev'!K548","v":{"v":0,"d":"0.00"}},{"$f":"+'Block Breakdown This'!L548+'Block Breakdown Prev'!L548","v":{"v":0,"d":"0.00"}},{"$f":"+'Block Breakdown This'!M548+'Block Breakdown Prev'!M548","v":{"v":0,"d":"0.00"}},{"$f":"+'Block Breakdown This'!N548+'Block Breakdown Prev'!N548","v":{"v":0,"d":"0.00"}},{"$f":"+'Block Breakdown This'!O548+'Block Breakdown Prev'!O548","v":{"v":0,"d":"0.00"}},{"$f":"+'Block Breakdown This'!P548+'Block Breakdown Prev'!P548","v":{"v":0,"d":"0.00"}},{"$f":"+'Block Breakdown This'!Q548+'Block Breakdown Prev'!Q548","v":{"v":0,"d":"0.00"}},{"$f":"+'Block Breakdown This'!R548+'Block Breakdown Prev'!R548","v":{"v":0,"d":"0.00"}},{"$f":"+'Block Breakdown This'!S548+'Block Breakdown Prev'!S548","v":{"v":0,"d":"0.00"}},{"$f":"+'Block Breakdown This'!T548+'Block Breakdown Prev'!T548","v":{"v":0,"d":"0.00"}},{"$f":"+'Block Breakdown This'!U548+'Block Breakdown Prev'!U548","v":{"v":0,"d":"0.00"}},{"$f":"+'Block Breakdown This'!V548+'Block Breakdown Prev'!V548","v":{"v":0,"d":"0.00"}},{"$f":"+'Block Breakdown This'!W548+'Block Breakdown Prev'!W548","v":{"v":0,"d":"0.00"}},{"$f":"+'Block Breakdown This'!X548+'Block Breakdown Prev'!X548","v":{"v":0,"d":"0.00"}},{"$f":"+'Block Breakdown This'!Y548+'Block Breakdown Prev'!Y548","v":{"v":313,"d":"313.00"}},{"v":313,"d":"313.00"},0,0,0,0,0,0,0,0,0,0,0,0,0,0,0,0,{"v":1565,"d":"1,565"},{"v":1565,"d":"1,565"},{"$f":"+E548*Z548","v":{"v":1565,"d":"1,565.00"}}]
[{"$nulls":26},0,0,0,0,0,0,0,0,0,0,0,0,0,0,0,0,0,0," "]
[{"v":3.4,"d":"3.40"},"Sleeve Sealing"," ",{"$nulls":23},0,0,0,0,0,0,0,0,0,0,0,0,0,0,0,0,0,0," "]
[null,"Sealing off of all sleeves against ingress of moisture, mud, sand and vermin after Cables have been installed, including spare sleeves","Sum",1,{"v":1400,"d":"1,400.00"},{"$f":"$D551*E551","v":{"v":1400,"d":"1,400.00"}},{"$f":"+'Block Breakdown This'!G551+'Block Breakdown Prev'!G551","v":{"v":0,"d":"0.00"}},{"$f":"+'Block Breakdown This'!H551+'Block Breakdown Prev'!H551","v":{"v":0,"d":"0.00"}},{"$f":"+'Block Breakdown This'!I551+'Block Breakdown Prev'!I551","v":{"v":0,"d":"0.00"}},{"$f":"+'Block Breakdown This'!J551+'Block Breakdown Prev'!J551","v":{"v":0,"d":"0.00"}},{"$f":"+'Block Breakdown This'!K551+'Block Breakdown Prev'!K551","v":{"v":0,"d":"0.00"}},{"$f":"+'Block Breakdown This'!L551+'Block Breakdown Prev'!L551","v":{"v":0,"d":"0.00"}},{"$f":"+'Block Breakdown This'!M551+'Block Breakdown Prev'!M551","v":{"v":0,"d":"0.00"}},{"$f":"+'Block Breakdown This'!N551+'Block Breakdown Prev'!N551","v":{"v":0,"d":"0.00"}},{"$f":"+'Block Breakdown This'!O551+'Block Breakdown Prev'!O551","v":{"v":0,"d":"0.00"}},{"$f":"+'Block Breakdown This'!P551+'Block Breakdown Prev'!P551","v":{"v":0,"d":"0.00"}},{"$f":"+'Block Breakdown This'!Q551+'Block Breakdown Prev'!Q551","v":{"v":0,"d":"0.00"}},{"$f":"+'Block Breakdown This'!R551+'Block Breakdown Prev'!R551","v":{"v":0,"d":"0.00"}},{"$f":"+'Block Breakdown This'!S551+'Block Breakdown Prev'!S551","v":{"v":0,"d":"0.00"}},{"$f":"+'Block Breakdown This'!T551+'Block Breakdown Prev'!T551","v":{"v":0,"d":"0.00"}},{"$f":"+'Block Breakdown This'!U551+'Block Breakdown Prev'!U551","v":{"v":0,"d":"0.00"}},{"$f":"+'Block Breakdown This'!V551+'Block Breakdown Prev'!V551","v":{"v":0,"d":"0.00"}},{"$f":"+'Block Breakdown This'!W551+'Block Breakdown Prev'!W551","v":{"v":0,"d":"0.00"}},{"$f":"+'Block Breakdown This'!X551+'Block Breakdown Prev'!X551","v":{"v":0,"d":"0.00"}},{"$f":"+'Block Breakdown This'!Y551+'Block Breakdown Prev'!Y551","v":{"v":0,"d":"0.00"}},{"v":0,"d":"0.00"},0,0,0,0,0,0,0,0,0,0,0,0,0,0,0,0,0,0,{"$f":"+E551*Z551","v":{"v":0,"d":"0.00"}}]
[{"$nulls":26},0,0,0,0,0,0,0,0,0,0,0,0,0,0,0,0,0,0," "]
[{"v":3.5,"d":"3.50"},"Pyramid Concrete Cable Markers",{"$nulls":24},0,0,0,0,0,0,0,0,0,0,0,0,0,0,0,0,0,0," "]
[null,"           Supply","m",470,{"v":95,"d":"95.00"},{"$f":"$D554*E554","v":{"v":44650,"d":"44,650.00"}},{"$f":"+'Block Breakdown This'!G554+'Block Breakdown Prev'!G554","v":{"v":0,"d":"0.00"}},{"$f":"+'Block Breakdown This'!H554+'Block Breakdown Prev'!H554","v":{"v":0,"d":"0.00"}},{"$f":"+'Block Breakdown This'!I554+'Block Breakdown Prev'!I554","v":{"v":0,"d":"0.00"}},{"$f":"+'Block Breakdown This'!J554+'Block Breakdown Prev'!J554","v":{"v":0,"d":"0.00"}},{"$f":"+'Block Breakdown This'!K554+'Block Breakdown Prev'!K554","v":{"v":0,"d":"0.00"}},{"$f":"+'Block Breakdown This'!L554+'Block Breakdown Prev'!L554","v":{"v":0,"d":"0.00"}},{"$f":"+'Block Breakdown This'!M554+'Block Breakdown Prev'!M554","v":{"v":0,"d":"0.00"}},{"$f":"+'Block Breakdown This'!N554+'Block Breakdown Prev'!N554","v":{"v":0,"d":"0.00"}},{"$f":"+'Block Breakdown This'!O554+'Block Breakdown Prev'!O554","v":{"v":0,"d":"0.00"}},{"$f":"+'Block Breakdown This'!P554+'Block Breakdown Prev'!P554","v":{"v":0,"d":"0.00"}},{"$f":"+'Block Breakdown This'!Q554+'Block Breakdown Prev'!Q554","v":{"v":0,"d":"0.00"}},{"$f":"+'Block Breakdown This'!R554+'Block Breakdown Prev'!R554","v":{"v":0,"d":"0.00"}},{"$f":"+'Block Breakdown This'!S554+'Block Breakdown Prev'!S554","v":{"v":0,"d":"0.00"}},{"$f":"+'Block Breakdown This'!T554+'Block Breakdown Prev'!T554","v":{"v":0,"d":"0.00"}},{"$f":"+'Block Breakdown This'!U554+'Block Breakdown Prev'!U554","v":{"v":0,"d":"0.00"}},{"$f":"+'Block Breakdown This'!V554+'Block Breakdown Prev'!V554","v":{"v":0,"d":"0.00"}},{"$f":"+'Block Breakdown This'!W554+'Block Breakdown Prev'!W554","v":{"v":0,"d":"0.00"}},{"$f":"+'Block Breakdown This'!X554+'Block Breakdown Prev'!X554","v":{"v":0,"d":"0.00"}},{"$f":"+'Block Breakdown This'!Y554+'Block Breakdown Prev'!Y554","v":{"v":16,"d":"16.00"}},{"v":16,"d":"16.00"},0,0,0,0,0,0,0,0,0,0,0,0,0,0,0,0,{"v":1520,"d":"1,520"},{"v":1520,"d":"1,520"},{"$f":"+E554*Z554","v":{"v":1520,"d":"1,520.00"}}]
[null,"           Install","m",{"$f":"D554","v":470},{"v":30,"d":"30.00"},{"$f":"$D555*E555","v":{"v":14100,"d":"14,100.00"}},{"$f":"+'Block Breakdown This'!G555+'Block Breakdown Prev'!G555","v":{"v":0,"d":"0.00"}},{"$f":"+'Block Breakdown This'!H555+'Block Breakdown Prev'!H555","v":{"v":0,"d":"0.00"}},{"$f":"+'Block Breakdown This'!I555+'Block Breakdown Prev'!I555","v":{"v":0,"d":"0.00"}},{"$f":"+'Block Breakdown This'!J555+'Block Breakdown Prev'!J555","v":{"v":0,"d":"0.00"}},{"$f":"+'Block Breakdown This'!K555+'Block Breakdown Prev'!K555","v":{"v":0,"d":"0.00"}},{"$f":"+'Block Breakdown This'!L555+'Block Breakdown Prev'!L555","v":{"v":0,"d":"0.00"}},{"$f":"+'Block Breakdown This'!M555+'Block Breakdown Prev'!M555","v":{"v":0,"d":"0.00"}},{"$f":"+'Block Breakdown This'!N555+'Block Breakdown Prev'!N555","v":{"v":0,"d":"0.00"}},{"$f":"+'Block Breakdown This'!O555+'Block Breakdown Prev'!O555","v":{"v":0,"d":"0.00"}},{"$f":"+'Block Breakdown This'!P555+'Block Breakdown Prev'!P555","v":{"v":0,"d":"0.00"}},{"$f":"+'Block Breakdown This'!Q555+'Block Breakdown Prev'!Q555","v":{"v":0,"d":"0.00"}},{"$f":"+'Block Breakdown This'!R555+'Block Breakdown Prev'!R555","v":{"v":0,"d":"0.00"}},{"$f":"+'Block Breakdown This'!S555+'Block Breakdown Prev'!S555","v":{"v":0,"d":"0.00"}},{"$f":"+'Block Breakdown This'!T555+'Block Breakdown Prev'!T555","v":{"v":0,"d":"0.00"}},{"$f":"+'Block Breakdown This'!U555+'Block Breakdown Prev'!U555","v":{"v":0,"d":"0.00"}},{"$f":"+'Block Breakdown This'!V555+'Block Breakdown Prev'!V555","v":{"v":0,"d":"0.00"}},{"$f":"+'Block Breakdown This'!W555+'Block Breakdown Prev'!W555","v":{"v":0,"d":"0.00"}},{"$f":"+'Block Breakdown This'!X555+'Block Breakdown Prev'!X555","v":{"v":0,"d":"0.00"}},{"$f":"+'Block Breakdown This'!Y555+'Block Breakdown Prev'!Y555","v":{"v":16,"d":"16.00"}},{"v":16,"d":"16.00"},0,0,0,0,0,0,0,0,0,0,0,0,0,0,0,0,480,480,{"$f":"+E555*Z555","v":{"v":480,"d":"480.00"}}]
[{"$nulls":26},0,0,0,0,0,0,0,0,0,0,0,0,0,0,0,0,0,0," "]
[{"v":3.6,"d":"3.60"},"Mentoring and Management",{"$nulls":24},0,0,0,0,0,0,0,0,0,0,0,0,0,0,0,0,0,0," "]
[null,"A percentage of the SMME Package amoiunt to provide the Mentoring and Management of the SMME Contractors","%",1,{"v":549067,"d":"549,067.00"},{"$f":"E558*2.5%","v":{"v":13726.675000000001,"d":"13,726.68"}},{"$f":"+'Block Breakdown This'!G558+'Block Breakdown Prev'!G558","v":{"v":0,"d":"0.00"}},{"$f":"+'Block Breakdown This'!H558+'Block Breakdown Prev'!H558","v":{"v":0,"d":"0.00"}},{"$f":"+'Block Breakdown This'!I558+'Block Breakdown Prev'!I558","v":{"v":0,"d":"0.00"}},{"$f":"+'Block Breakdown This'!J558+'Block Breakdown Prev'!J558","v":{"v":0,"d":"0.00"}},{"$f":"+'Block Breakdown This'!K558+'Block Breakdown Prev'!K558","v":{"v":0,"d":"0.00"}},{"$f":"+'Block Breakdown This'!L558+'Block Breakdown Prev'!L558","v":{"v":0,"d":"0.00"}},{"$f":"+'Block Breakdown This'!M558+'Block Breakdown Prev'!M558","v":{"v":0,"d":"0.00"}},{"$f":"+'Block Breakdown This'!N558+'Block Breakdown Prev'!N558","v":{"v":0,"d":"0.00"}},{"$f":"+'Block Breakdown This'!O558+'Block Breakdown Prev'!O558","v":{"v":0,"d":"0.00"}},{"$f":"+'Block Breakdown This'!P558+'Block Breakdown Prev'!P558","v":{"v":0,"d":"0.00"}},{"$f":"+'Block Breakdown This'!Q558+'Block Breakdown Prev'!Q558","v":{"v":0,"d":"0.00"}},{"$f":"+'Block Breakdown This'!R558+'Block Breakdown Prev'!R558","v":{"v":0,"d":"0.00"}},{"$f":"+'Block Breakdown This'!S558+'Block Breakdown Prev'!S558","v":{"v":0,"d":"0.00"}},{"$f":"+'Block Breakdown This'!T558+'Block Breakdown Prev'!T558","v":{"v":0,"d":"0.00"}},{"$f":"+'Block Breakdown This'!U558+'Block Breakdown Prev'!U558","v":{"v":0,"d":"0.00"}},{"$f":"+'Block Breakdown This'!V558+'Block Breakdown Prev'!V558","v":{"v":0,"d":"0.00"}},{"$f":"+'Block Breakdown This'!W558+'Block Breakdown Prev'!W558","v":{"v":0,"d":"0.00"}},{"$f":"+'Block Breakdown This'!X558+'Block Breakdown Prev'!X558","v":{"v":0,"d":"0.00"}},{"$f":"+'Block Breakdown This'!Y558+'Block Breakdown Prev'!Y558","v":0.05},0.05,0,0,0,0,0,0,0,0,0,0,0,0,0,0,0,0,{"v":27453.350000000002,"d":"27,453"},{"v":27453.350000000002,"d":"27,453"},{"$f":"+E558*Z558","v":{"v":27453.350000000002,"d":"27,453.35"}}]
[null," "," "," "]
[]
[null,"Amount Carried Forward to Summary Page",{"$nulls":3},{"$f":"SUM(F533:F560)","v":{"v":562793.675,"d":"562,793.68"}},{"$nulls":38},{"$f":"SUM(AS533:AS560)","v":{"v":91301.55,"d":"91,301.55"}}]
[]
["MAIN HOSPITAL ELECTRICAL INSTALLATION"]
["CECILIA MAKIWANE HOSPITAL : PHASE 4C"]
[]
["BILL NO. 4 : CABLES (SMME PACKAGE No2)"]
["ITEM","DESCRIPTION","UNIT","QTY","RATE","TENDER AMOUNT","A","B","D","E1","E2","F1","F2","G1","G2","H1","H2","J1","J2","J3","Substation","G/House","K","N","Other","Total Qty","A","B","D","E1","E2","F1","F2","G1","G2","H1","H2","J1","J2","J3","K","N","Other","Total Amount","Total Claimed"]
[]
[{"$nulls":3}," "]
[{"v":4.1,"d":"4.10"},"Cables"]
[null,"PVC SWA PVC ECC Cable drawn into building entry sleeve, mounted on Tray or Wire Basket. All 600/1000V Copper Cables as specified must be Fire Retardant type."]
[]
["4.1.1","630mm² 1 Core"]
[null,"       Supply","m",600,{"v":580,"d":"580.00"},{"$f":"$D574*E574","v":{"v":348000,"d":"348,000.00"}},{"$f":"+'Block Breakdown This'!$G574+'Block Breakdown Prev'!$G574","v":{"v":0,"d":"0.00"}},{"$f":"+'Block Breakdown This'!H$574+'Block Breakdown Prev'!H$574","v":{"v":0,"d":"0.00"}},{"$f":"+'Block Breakdown This'!I$574+'Block Breakdown Prev'!I$574","v":{"v":0,"d":"0.00"}},{"$f":"+'Block Breakdown This'!J$574+'Block Breakdown Prev'!J$574","v":{"v":0,"d":"0.00"}},{"$f":"+'Block Breakdown This'!K$574+'Block Breakdown Prev'!K$574","v":{"v":0,"d":"0.00"}},{"$f":"+'Block Breakdown This'!L$574+'Block Breakdown Prev'!L$574","v":{"v":0,"d":"0.00"}},{"$f":"+'Block Breakdown This'!M$574+'Block Breakdown Prev'!M$574","v":{"v":0,"d":"0.00"}},{"$f":"+'Block Breakdown This'!N$574+'Block Breakdown Prev'!N$574","v":{"v":0,"d":"0.00"}},{"$f":"+'Block Breakdown This'!O$574+'Block Breakdown Prev'!O$574","v":{"v":0,"d":"0.00"}},{"$f":"+'Block Breakdown This'!P$574+'Block Breakdown Prev'!P$574","v":{"v":0,"d":"0.00"}},{"$f":"+'Block Breakdown This'!Q$574+'Block Breakdown Prev'!Q$574","v":{"v":0,"d":"0.00"}},{"$f":"+'Block Breakdown This'!R$574+'Block Breakdown Prev'!R$574","v":{"v":0,"d":"0.00"}},{"$f":"+'Block Breakdown This'!S$574+'Block Breakdown Prev'!S$574","v":{"v":0,"d":"0.00"}},{"$f":"+'Block Breakdown This'!T$574+'Block Breakdown Prev'!T$574","v":{"v":0,"d":"0.00"}},{"$f":"+'Block Breakdown This'!U$574+'Block Breakdown Prev'!U$574","v":{"v":0,"d":"0.00"}},{"$f":"+'Block Breakdown This'!V$574+'Block Breakdown Prev'!V$574","v":{"v":0,"d":"0.00"}},{"$f":"+'Block Breakdown This'!W$574+'Block Breakdown Prev'!W$574","v":{"v":0,"d":"0.00"}},{"$f":"+'Block Breakdown This'!X$574+'Block Breakdown Prev'!X$574","v":{"v":0,"d":"0.00"}},{"$f":"+'Block Breakdown This'!Y$574+'Block Breakdown Prev'!Y$574","v":{"v":0,"d":"0.00"}},{"$f":"SUM(G574:Y574)","v":{"v":0,"d":"0.00"}},{"$f":"G574*E574","v":0},{"$f":"H574*E574","v":0},{"$f":"I574*E574","v":0},{"$f":"J574*E574","v":0},{"$f":"K574*E574","v":0},{"$f":"L574*E574","v":0},{"$f":"+M574*E574","v":0},{"$f":"N574*E574","v":0},{"$f":"O574*E574","v":0},{"$f":"P574*E574","v":0},{"$f":"Q574*E574","v":0},{"$f":"R574*E574","v":0},{"$f":"S574*E574","v":0},{"$f":"T574*E574","v":0},{"$f":"W574*E574","v":0},{"$f":"X574*E574","v":0},{"$f":"Y574*E574","v":0},{"$f":"SUM(AA574:AQ574)","v":0},{"$f":"+E574*Z574","v":{"v":0,"d":"0.00"}}]
[null,"       Install","m",{"$f":"D574","v":600},{"v":29,"d":"29.00"},{"$f":"$D575*E575","v":{"v":17400,"d":"17,400.00"}},{"$f":"+'Block Breakdown This'!G$575+'Block Breakdown Prev'!G$575","v":{"v":0,"d":"0.00"}},{"$f":"+'Block Breakdown This'!H$575+'Block Breakdown Prev'!H$575","v":{"v":0,"d":"0.00"}},{"$f":"+'Block Breakdown This'!I$575+'Block Breakdown Prev'!I$575","v":{"v":0,"d":"0.00"}},{"$f":"+'Block Breakdown This'!J$575+'Block Breakdown Prev'!J$575","v":{"v":0,"d":"0.00"}},{"$f":"+'Block Breakdown This'!K$575+'Block Breakdown Prev'!K$575","v":{"v":0,"d":"0.00"}},{"$f":"+'Block Breakdown This'!L$575+'Block Breakdown Prev'!L$575","v":{"v":0,"d":"0.00"}},{"$f":"+'Block Breakdown This'!M$575+'Block Breakdown Prev'!M$575","v":{"v":0,"d":"0.00"}},{"$f":"+'Block Breakdown This'!N$575+'Block Breakdown Prev'!N$575","v":{"v":0,"d":"0.00"}},{"$f":"+'Block Breakdown This'!O$575+'Block Breakdown Prev'!O$575","v":{"v":0,"d":"0.00"}},{"$f":"+'Block Breakdown This'!P$575+'Block Breakdown Prev'!P$575","v":{"v":0,"d":"0.00"}},{"$f":"+'Block Breakdown This'!Q$575+'Block Breakdown Prev'!Q$575","v":{"v":0,"d":"0.00"}},{"$f":"+'Block Breakdown This'!R$575+'Block Breakdown Prev'!R$575","v":{"v":0,"d":"0.00"}},{"$f":"+'Block Breakdown This'!S$575+'Block Breakdown Prev'!S$575","v":{"v":0,"d":"0.00"}},{"$f":"+'Block Breakdown This'!T$575+'Block Breakdown Prev'!T$575","v":{"v":0,"d":"0.00"}},{"$f":"+'Block Breakdown This'!U$575+'Block Breakdown Prev'!U$575","v":{"v":0,"d":"0.00"}},{"$f":"+'Block Breakdown This'!V$575+'Block Breakdown Prev'!V$575","v":{"v":0,"d":"0.00"}},{"$f":"+'Block Breakdown This'!W$575+'Block Breakdown Prev'!W$575","v":{"v":0,"d":"0.00"}},{"$f":"+'Block Breakdown This'!X$575+'Block Breakdown Prev'!X$575","v":{"v":0,"d":"0.00"}},{"$f":"+'Block Breakdown This'!Y$575+'Block Breakdown Prev'!Y$575","v":{"v":0,"d":"0.00"}},{"$f":"SUM(G575:Y575)","v":{"v":0,"d":"0.00"}},0,0,0,0,0,0,0,0,0,0,0,0,0,0,0,0,0,{"$f":"SUM(AA575:AQ575)","v":0},{"$f":"+E575*Z575","v":{"v":0,"d":"0.00"}}]
[{"$nulls":26},0,0,0,0,0,0,0,0,0,0,0,0,0,0,0,0,0,0," "]
["4.1.2","Termination for 630mm² 1 core cable"," ",{"$nulls":23},0,0,0,0,0,0,0,0,0,0,0,0,0,0,0,0,0,0," "]
[null,"       Supply","each",12,609.63,{"$f":"$D578*E578","v":{"v":7315.5599999999995,"d":"7,315.56"}},{"$f":"+'Block Breakdown This'!G$578+'Block Breakdown Prev'!G$578","v":{"v":0,"d":"0.00"}},{"$f":"+'Block Breakdown This'!H$578+'Block Breakdown Prev'!H$578","v":{"v":0,"d":"0.00"}},{"$f":"+'Block Breakdown This'!I$578+'Block Breakdown Prev'!I$578","v":{"v":0,"d":"0.00"}},{"$f":"+'Block Breakdown This'!J$578+'Block Breakdown Prev'!J$578","v":{"v":0,"d":"0.00"}},{"$f":"+'Block Breakdown This'!K$578+'Block Breakdown Prev'!K$578","v":{"v":0,"d":"0.00"}},{"$f":"+'Block Breakdown This'!L$578+'Block Breakdown Prev'!L$578","v":{"v":0,"d":"0.00"}},{"$f":"+'Block Breakdown This'!M$578+'Block Breakdown Prev'!M$578","v":{"v":0,"d":"0.00"}},{"$f":"+'Block Breakdown This'!N$578+'Block Breakdown Prev'!N$578","v":{"v":0,"d":"0.00"}},{"$f":"+'Block Breakdown This'!O$578+'Block Breakdown Prev'!O$578","v":{"v":0,"d":"0.00"}},{"$f":"+'Block Breakdown This'!P$578+'Block Breakdown Prev'!P$578","v":{"v":0,"d":"0.00"}},{"$f":"+'Block Breakdown This'!Q$578+'Block Breakdown Prev'!Q$578","v":{"v":0,"d":"0.00"}},{"$f":"+'Block Breakdown This'!R$578+'Block Breakdown Prev'!R$578","v":{"v":0,"d":"0.00"}},{"$f":"+'Block Breakdown This'!S$578+'Block Breakdown Prev'!S$578","v":{"v":0,"d":"0.00"}},{"$f":"+'Block Breakdown This'!T$578+'Block Breakdown Prev'!T$578","v":{"v":0,"d":"0.00"}},{"$f":"+'Block Breakdown This'!U$578+'Block Breakdown Prev'!U$578","v":{"v":0,"d":"0.00"}},{"$f":"+'Block Breakdown This'!V$578+'Block Breakdown Prev'!V$578","v":{"v":0,"d":"0.00"}},{"$f":"+'Block Breakdown This'!W$578+'Block Breakdown Prev'!W$578","v":{"v":0,"d":"0.00"}},{"$f":"+'Block Breakdown This'!X$578+'Block Breakdown Prev'!X$578","v":{"v":0,"d":"0.00"}},{"$f":"+'Block Breakdown This'!Y$578+'Block Breakdown Prev'!Y$578","v":{"v":0,"d":"0.00"}},{"v":0,"d":"0.00"},0,0,0,0,0,0,0,0,0,0,0,0,0,0,0,0,0,0,{"$f":"+E578*Z578","v":{"v":0,"d":"0.00"}}]
[null,"       Install","each",{"$f":"D578","v":12},{"v":220,"d":"220.00"},{"$f":"$D579*E579","v":{"v":2640,"d":"2,640.00"}},{"$f":"+'Block Breakdown This'!G$579+'Block Breakdown Prev'!G$579","v":{"v":0,"d":"0.00"}},{"$f":"+'Block Breakdown This'!H$579+'Block Breakdown Prev'!H$579","v":{"v":0,"d":"0.00"}},{"$f":"+'Block Breakdown This'!I$579+'Block Breakdown Prev'!I$579","v":{"v":0,"d":"0.00"}},{"$f":"+'Block Breakdown This'!J$579+'Block Breakdown Prev'!J$579","v":{"v":0,"d":"0.00"}},{"$f":"+'Block Breakdown This'!K$579+'Block Breakdown Prev'!K$579","v":{"v":0,"d":"0.00"}},{"$f":"+'Block Breakdown This'!L$579+'Block Breakdown Prev'!L$579","v":{"v":0,"d":"0.00"}},{"$f":"+'Block Breakdown This'!M$579+'Block Breakdown Prev'!M$579","v":{"v":0,"d":"0.00"}},{"$f":"+'Block Breakdown This'!N$579+'Block Breakdown Prev'!N$579","v":{"v":0,"d":"0.00"}},{"$f":"+'Block Breakdown This'!O$579+'Block Breakdown Prev'!O$579","v":{"v":0,"d":"0.00"}},{"$f":"+'Block Breakdown This'!P$579+'Block Breakdown Prev'!P$579","v":{"v":0,"d":"0.00"}},{"$f":"+'Block Breakdown This'!Q$579+'Block Breakdown Prev'!Q$579","v":{"v":0,"d":"0.00"}},{"$f":"+'Block Breakdown This'!R$579+'Block Breakdown Prev'!R$579","v":{"v":0,"d":"0.00"}},{"$f":"+'Block Breakdown This'!S$579+'Block Breakdown Prev'!S$579","v":{"v":0,"d":"0.00"}},{"$f":"+'Block Breakdown This'!T$579+'Block Breakdown Prev'!T$579","v":{"v":0,"d":"0.00"}},{"$f":"+'Block Breakdown This'!U$579+'Block Breakdown Prev'!U$579","v":{"v":0,"d":"0.00"}},{"$f":"+'Block Breakdown This'!V$579+'Block Breakdown Prev'!V$579","v":{"v":0,"d":"0.00"}},{"$f":"+'Block Breakdown This'!W$579+'Block Breakdown Prev'!W$579","v":{"v":0,"d":"0.00"}},{"$f":"+'Block Breakdown This'!X$579+'Block Breakdown Prev'!X$579","v":{"v":0,"d":"0.00"}},{"$f":"+'Block Breakdown This'!Y$579+'Block Breakdown Prev'!Y$579","v":{"v":0,"d":"0.00"}},{"v":0,"d":"0.00"},0,0,0,0,0,0,0,0,0,0,0,0,0,0,0,0,0,0,{"$f":"+E579*Z579","v":{"v":0,"d":"0.00"}}]
[{"$nulls":26},0,0,0,0,0,0,0,0,0,0,0,0,0,0,0,0,0,0,{"$f":"+E580*Z580","v":{"v":0,"d":"0.00"}}]
["4.1.3","500mm² 1 Core",{"$nulls":24},0,0,0,0,0,0,0,0,0,0,0,0,0,0,0,0,0,0," "]
[null,"       Supply","m",400,{"v":448,"d":"448.00"},{"$f":"$D582*E582","v":{"v":179200,"d":"179,200.00"}},{"$f":"+'Block Breakdown This'!G$582+'Block Breakdown Prev'!G$582","v":{"v":0,"d":"0.00"}},{"$f":"+'Block Breakdown This'!H$582+'Block Breakdown Prev'!H$582","v":{"v":0,"d":"0.00"}},{"$f":"+'Block Breakdown This'!I$582+'Block Breakdown Prev'!I$582","v":{"v":0,"d":"0.00"}},{"$f":"+'Block Breakdown This'!J$582+'Block Breakdown Prev'!J$582","v":{"v":0,"d":"0.00"}},{"$f":"+'Block Breakdown This'!K$582+'Block Breakdown Prev'!K$582","v":{"v":0,"d":"0.00"}},{"$f":"+'Block Breakdown This'!L$582+'Block Breakdown Prev'!L$582","v":{"v":0,"d":"0.00"}},{"$f":"+'Block Breakdown This'!M$582+'Block Breakdown Prev'!M$582","v":{"v":0,"d":"0.00"}},{"$f":"+'Block Breakdown This'!N$582+'Block Breakdown Prev'!N$582","v":{"v":0,"d":"0.00"}},{"$f":"+'Block Breakdown This'!O$582+'Block Breakdown Prev'!O$582","v":{"v":0,"d":"0.00"}},{"$f":"+'Block Breakdown This'!P$582+'Block Breakdown Prev'!P$582","v":{"v":0,"d":"0.00"}},{"$f":"+'Block Breakdown This'!Q$582+'Block Breakdown Prev'!Q$582","v":{"v":0,"d":"0.00"}},{"$f":"+'Block Breakdown This'!R$582+'Block Breakdown Prev'!R$582","v":{"v":0,"d":"0.00"}},{"$f":"+'Block Breakdown This'!S$582+'Block Breakdown Prev'!S$582","v":{"v":0,"d":"0.00"}},{"$f":"+'Block Breakdown This'!T$582+'Block Breakdown Prev'!T$582","v":{"v":0,"d":"0.00"}},{"$f":"+'Block Breakdown This'!U$582+'Block Breakdown Prev'!U$582","v":{"v":0,"d":"0.00"}},{"$f":"+'Block Breakdown This'!V$582+'Block Breakdown Prev'!V$582","v":{"v":0,"d":"0.00"}},{"$f":"+'Block Breakdown This'!W$582+'Block Breakdown Prev'!W$582","v":{"v":0,"d":"0.00"}},{"$f":"+'Block Breakdown This'!X$582+'Block Breakdown Prev'!X$582","v":{"v":0,"d":"0.00"}},{"$f":"+'Block Breakdown This'!Y$582+'Block Breakdown Prev'!Y$582","v":{"v":0,"d":"0.00"}},{"v":0,"d":"0.00"},0,0,0,0,0,0,0,0,0,0,0,0,0,0,0,0,0,0,{"$f":"+E582*Z582","v":{"v":0,"d":"0.00"}}]
[" ","       Install","m",{"$f":"D582","v":400},{"v":27,"d":"27.00"},{"$f":"$D583*E583","v":{"v":10800,"d":"10,800.00"}},{"$f":"+'Block Breakdown This'!G$583+'Block Breakdown Prev'!G$583","v":{"v":0,"d":"0.00"}},{"$f":"+'Block Breakdown This'!H$583+'Block Breakdown Prev'!H$583","v":{"v":0,"d":"0.00"}},{"$f":"+'Block Breakdown This'!I$583+'Block Breakdown Prev'!I$583","v":{"v":0,"d":"0.00"}},{"$f":"+'Block Breakdown This'!J$583+'Block Breakdown Prev'!J$583","v":{"v":0,"d":"0.00"}},{"$f":"+'Block Breakdown This'!K$583+'Block Breakdown Prev'!K$583","v":{"v":0,"d":"0.00"}},{"$f":"+'Block Breakdown This'!L$583+'Block Breakdown Prev'!L$583","v":{"v":0,"d":"0.00"}},{"$f":"+'Block Breakdown This'!M$583+'Block Breakdown Prev'!M$583","v":{"v":0,"d":"0.00"}},{"$f":"+'Block Breakdown This'!N$583+'Block Breakdown Prev'!N$583","v":{"v":0,"d":"0.00"}},{"$f":"+'Block Breakdown This'!O$583+'Block Breakdown Prev'!O$583","v":{"v":0,"d":"0.00"}},{"$f":"+'Block Breakdown This'!P$583+'Block Breakdown Prev'!P$583","v":{"v":0,"d":"0.00"}},{"$f":"+'Block Breakdown This'!Q$583+'Block Breakdown Prev'!Q$583","v":{"v":0,"d":"0.00"}},{"$f":"+'Block Breakdown This'!R$583+'Block Breakdown Prev'!R$583","v":{"v":0,"d":"0.00"}},{"$f":"+'Block Breakdown This'!S$583+'Block Breakdown Prev'!S$583","v":{"v":0,"d":"0.00"}},{"$f":"+'Block Breakdown This'!T$583+'Block Breakdown Prev'!T$583","v":{"v":0,"d":"0.00"}},{"$f":"+'Block Breakdown This'!U$583+'Block Breakdown Prev'!U$583","v":{"v":0,"d":"0.00"}},{"$f":"+'Block Breakdown This'!V$583+'Block Breakdown Prev'!V$583","v":{"v":0,"d":"0.00"}},{"$f":"+'Block Breakdown This'!W$583+'Block Breakdown Prev'!W$583","v":{"v":0,"d":"0.00"}},{"$f":"+'Block Breakdown This'!X$583+'Block Breakdown Prev'!X$583","v":{"v":0,"d":"0.00"}},{"$f":"+'Block Breakdown This'!Y$583+'Block Breakdown Prev'!Y$583","v":{"v":0,"d":"0.00"}},{"v":0,"d":"0.00"},0,0,0,0,0,0,0,0,0,0,0,0,0,0,0,0,0,0,{"$f":"+E583*Z583","v":{"v":0,"d":"0.00"}}]
[{"$nulls":26},0,0,0,0,0,0,0,0,0,0,0,0,0,0,0,0,0,0," "]
["4.1.4","Termination for 500mm² 1 core cable",{"$nulls":24},0,0,0,0,0,0,0,0,0,0,0,0,0,0,0,0,0,0," "]
[null,"       Supply","each",16,399.66,{"$f":"$D586*E586","v":{"v":6394.56,"d":"6,394.56"}},{"$f":"+'Block Breakdown This'!G$586+'Block Breakdown Prev'!G$586","v":{"v":0,"d":"0.00"}},{"$f":"+'Block Breakdown This'!H$586+'Block Breakdown Prev'!H$586","v":{"v":0,"d":"0.00"}},{"$f":"+'Block Breakdown This'!I$586+'Block Breakdown Prev'!I$586","v":{"v":0,"d":"0.00"}},{"$f":"+'Block Breakdown This'!J$586+'Block Breakdown Prev'!J$586","v":{"v":0,"d":"0.00"}},{"$f":"+'Block Breakdown This'!K$586+'Block Breakdown Prev'!K$586","v":{"v":0,"d":"0.00"}},{"$f":"+'Block Breakdown This'!L$586+'Block Breakdown Prev'!L$586","v":{"v":0,"d":"0.00"}},{"$f":"+'Block Breakdown This'!M$586+'Block Breakdown Prev'!M$586","v":{"v":0,"d":"0.00"}},{"$f":"+'Block Breakdown This'!N$586+'Block Breakdown Prev'!N$586","v":{"v":0,"d":"0.00"}},{"$f":"+'Block Breakdown This'!O$586+'Block Breakdown Prev'!O$586","v":{"v":0,"d":"0.00"}},{"$f":"+'Block Breakdown This'!P$586+'Block Breakdown Prev'!P$586","v":{"v":0,"d":"0.00"}},{"$f":"+'Block Breakdown This'!Q$586+'Block Breakdown Prev'!Q$586","v":{"v":0,"d":"0.00"}},{"$f":"+'Block Breakdown This'!R$586+'Block Breakdown Prev'!R$586","v":{"v":0,"d":"0.00"}},{"$f":"+'Block Breakdown This'!S$586+'Block Breakdown Prev'!S$586","v":{"v":0,"d":"0.00"}},{"$f":"+'Block Breakdown This'!T$586+'Block Breakdown Prev'!T$586","v":{"v":0,"d":"0.00"}},{"$f":"+'Block Breakdown This'!U$586+'Block Breakdown Prev'!U$586","v":{"v":0,"d":"0.00"}},{"$f":"+'Block Breakdown This'!V$586+'Block Breakdown Prev'!V$586","v":{"v":0,"d":"0.00"}},{"$f":"+'Block Breakdown This'!W$586+'Block Breakdown Prev'!W$586","v":{"v":0,"d":"0.00"}},{"$f":"+'Block Breakdown This'!X$586+'Block Breakdown Prev'!X$586","v":{"v":0,"d":"0.00"}},{"$f":"+'Block Breakdown This'!Y$586+'Block Breakdown Prev'!Y$586","v":{"v":0,"d":"0.00"}},{"v":0,"d":"0.00"},0,0,0,0,0,0,0,0,0,0,0,0,0,0,0,0,0,0,{"$f":"+E586*Z586","v":{"v":0,"d":"0.00"}}]
[null,"       Install","each",{"$f":"D586","v":16},{"v":200,"d":"200.00"},{"$f":"$D587*E587","v":{"v":3200,"d":"3,200.00"}},{"$f":"+'Block Breakdown This'!G$587+'Block Breakdown Prev'!G$587","v":{"v":0,"d":"0.00"}},{"$f":"+'Block Breakdown This'!H$587+'Block Breakdown Prev'!H$587","v":{"v":0,"d":"0.00"}},{"$f":"+'Block Breakdown This'!I$587+'Block Breakdown Prev'!I$587","v":{"v":0,"d":"0.00"}},{"$f":"+'Block Breakdown This'!J$587+'Block Breakdown Prev'!J$587","v":{"v":0,"d":"0.00"}},{"$f":"+'Block Breakdown This'!K$587+'Block Breakdown Prev'!K$587","v":{"v":0,"d":"0.00"}},{"$f":"+'Block Breakdown This'!L$587+'Block Breakdown Prev'!L$587","v":{"v":0,"d":"0.00"}},{"$f":"+'Block Breakdown This'!M$587+'Block Breakdown Prev'!M$587","v":{"v":0,"d":"0.00"}},{"$f":"+'Block Breakdown This'!N$587+'Block Breakdown Prev'!N$587","v":{"v":0,"d":"0.00"}},{"$f":"+'Block Breakdown This'!O$587+'Block Breakdown Prev'!O$587","v":{"v":0,"d":"0.00"}},{"$f":"+'Block Breakdown This'!P$587+'Block Breakdown Prev'!P$587","v":{"v":0,"d":"0.00"}},{"$f":"+'Block Breakdown This'!Q$587+'Block Breakdown Prev'!Q$587","v":{"v":0,"d":"0.00"}},{"$f":"+'Block Breakdown This'!R$587+'Block Breakdown Prev'!R$587","v":{"v":0,"d":"0.00"}},{"$f":"+'Block Breakdown This'!S$587+'Block Breakdown Prev'!S$587","v":{"v":0,"d":"0.00"}},{"$f":"+'Block Breakdown This'!T$587+'Block Breakdown Prev'!T$587","v":{"v":0,"d":"0.00"}},{"$f":"+'Block Breakdown This'!U$587+'Block Breakdown Prev'!U$587","v":{"v":0,"d":"0.00"}},{"$f":"+'Block Breakdown This'!V$587+'Block Breakdown Prev'!V$587","v":{"v":0,"d":"0.00"}},{"$f":"+'Block Breakdown This'!W$587+'Block Breakdown Prev'!W$587","v":{"v":0,"d":"0.00"}},{"$f":"+'Block Breakdown This'!X$587+'Block Breakdown Prev'!X$587","v":{"v":0,"d":"0.00"}},{"$f":"+'Block Breakdown This'!Y$587+'Block Breakdown Prev'!Y$587","v":{"v":0,"d":"0.00"}},{"v":0,"d":"0.00"},0,0,0,0,0,0,0,0,0,0,0,0,0,0,0,0,0,0,{"$f":"+E587*Z587","v":{"v":0,"d":"0.00"}}]
[{"$nulls":26},0,0,0,0,0,0,0,0,0,0,0,0,0,0,0,0,0,0," "]
["4.1.5","240mm² 4 Core",{"$nulls":24},0,0,0,0,0,0,0,0,0,0,0,0,0,0,0,0,0,0," "]
[null,"       Supply","m",920,{"v":922,"d":"922.00"},{"$f":"$D590*E590","v":{"v":848240,"d":"848,240.00"}},{"$f":"+'Block Breakdown This'!G$590+'Block Breakdown Prev'!G$590","v":{"v":0,"d":"0.00"}},{"$f":"+'Block Breakdown This'!H$590+'Block Breakdown Prev'!H$590","v":{"v":0,"d":"0.00"}},{"$f":"+'Block Breakdown This'!I$590+'Block Breakdown Prev'!I$590","v":{"v":0,"d":"0.00"}},{"$f":"+'Block Breakdown This'!J$590+'Block Breakdown Prev'!J$590","v":{"v":0,"d":"0.00"}},{"$f":"+'Block Breakdown This'!K$590+'Block Breakdown Prev'!K$590","v":{"v":0,"d":"0.00"}},{"$f":"+'Block Breakdown This'!L$590+'Block Breakdown Prev'!L$590","v":{"v":0,"d":"0.00"}},{"$f":"+'Block Breakdown This'!M$590+'Block Breakdown Prev'!M$590","v":{"v":0,"d":"0.00"}},{"$f":"+'Block Breakdown This'!N$590+'Block Breakdown Prev'!N$590","v":{"v":0,"d":"0.00"}},{"$f":"+'Block Breakdown This'!O$590+'Block Breakdown Prev'!O$590","v":{"v":0,"d":"0.00"}},{"$f":"+'Block Breakdown This'!P$590+'Block Breakdown Prev'!P$590","v":{"v":0,"d":"0.00"}},{"$f":"+'Block Breakdown This'!Q$590+'Block Breakdown Prev'!Q$590","v":{"v":0,"d":"0.00"}},{"$f":"+'Block Breakdown This'!R$590+'Block Breakdown Prev'!R$590","v":{"v":0,"d":"0.00"}},{"$f":"+'Block Breakdown This'!S$590+'Block Breakdown Prev'!S$590","v":{"v":0,"d":"0.00"}},{"$f":"+'Block Breakdown This'!T$590+'Block Breakdown Prev'!T$590","v":{"v":0,"d":"0.00"}},{"$f":"+'Block Breakdown This'!U$590+'Block Breakdown Prev'!U$590","v":{"v":0,"d":"0.00"}},{"$f":"+'Block Breakdown This'!V$590+'Block Breakdown Prev'!V$590","v":{"v":0,"d":"0.00"}},{"$f":"+'Block Breakdown This'!W$590+'Block Breakdown Prev'!W$590","v":{"v":0,"d":"0.00"}},{"$f":"+'Block Breakdown This'!X$590+'Block Breakdown Prev'!X$590","v":{"v":0,"d":"0.00"}},{"$f":"+'Block Breakdown This'!Y$590+'Block Breakdown Prev'!Y$590","v":{"v":373,"d":"373.00"}},{"v":373,"d":"373.00"},0,0,0,0,0,0,0,0,0,0,0,0,0,0,0,0,{"v":343906,"d":"343,906"},{"v":343906,"d":"343,906"},{"$f":"+E590*Z590","v":{"v":343906,"d":"343,906.00"}}]
[null,"       Install","m",{"$f":"D590","v":920},{"v":29,"d":"29.00"},{"$f":"$D591*E591","v":{"v":26680,"d":"26,680.00"}},{"$f":"+'Block Breakdown This'!G$591+'Block Breakdown Prev'!G$591","v":{"v":0,"d":"0.00"}},{"$f":"+'Block Breakdown This'!H$591+'Block Breakdown Prev'!H$591","v":{"v":0,"d":"0.00"}},{"$f":"+'Block Breakdown This'!I$591+'Block Breakdown Prev'!I$591","v":{"v":0,"d":"0.00"}},{"$f":"+'Block Breakdown This'!J$591+'Block Breakdown Prev'!J$591","v":{"v":0,"d":"0.00"}},{"$f":"+'Block Breakdown This'!K$591+'Block Breakdown Prev'!K$591","v":{"v":0,"d":"0.00"}},{"$f":"+'Block Breakdown This'!L$591+'Block Breakdown Prev'!L$591","v":{"v":0,"d":"0.00"}},{"$f":"+'Block Breakdown This'!M$591+'Block Breakdown Prev'!M$591","v":{"v":193,"d":"193.00"}},{"$f":"+'Block Breakdown This'!N$591+'Block Breakdown Prev'!N$591","v":{"v":0,"d":"0.00"}},{"$f":"+'Block Breakdown This'!O$591+'Block Breakdown Prev'!O$591","v":{"v":0,"d":"0.00"}},{"$f":"+'Block Breakdown This'!P$591+'Block Breakdown Prev'!P$591","v":{"v":0,"d":"0.00"}},{"$f":"+'Block Breakdown This'!Q$591+'Block Breakdown Prev'!Q$591","v":{"v":0,"d":"0.00"}},{"$f":"+'Block Breakdown This'!R$591+'Block Breakdown Prev'!R$591","v":{"v":0,"d":"0.00"}},{"$f":"+'Block Breakdown This'!S$591+'Block Breakdown Prev'!S$591","v":{"v":0,"d":"0.00"}},{"$f":"+'Block Breakdown This'!T$591+'Block Breakdown Prev'!T$591","v":{"v":0,"d":"0.00"}},{"$f":"+'Block Breakdown This'!U$591+'Block Breakdown Prev'!U$591","v":{"v":0,"d":"0.00"}},{"$f":"+'Block Breakdown This'!V$591+'Block Breakdown Prev'!V$591","v":{"v":0,"d":"0.00"}},{"$f":"+'Block Breakdown This'!W$591+'Block Breakdown Prev'!W$591","v":{"v":0,"d":"0.00"}},{"$f":"+'Block Breakdown This'!X$591+'Block Breakdown Prev'!X$591","v":{"v":0,"d":"0.00"}},{"$f":"+'Block Breakdown This'!Y$591+'Block Breakdown Prev'!Y$591","v":{"v":180,"d":"180.00"}},{"v":373,"d":"373.00"},0,0,0,0,0,0,{"v":5597,"d":"5,597"},0,0,0,0,0,0,0,0,0,{"v":5220,"d":"5,220"},{"v":10817,"d":"10,817"},{"$f":"+E591*Z591","v":{"v":10817,"d":"10,817.00"}}]
[{"$nulls":26},0,0,0,0,0,0,0,0,0,0,0,0,0,0,0,0,0,0," "]
["4.1.6","Termination for 240mm² 4 core cable",{"$nulls":24},0,0,0,0,0,0,0,0,0,0,0,0,0,0,0,0,0,0," "]
[null,"       Supply","each",16,{"v":948.3,"d":"948.30"},{"$f":"$D594*E594","v":{"v":15172.8,"d":"15,172.80"}},{"$f":"+'Block Breakdown This'!G$594+'Block Breakdown Prev'!G$594","v":{"v":0,"d":"0.00"}},{"$f":"+'Block Breakdown This'!H$594+'Block Breakdown Prev'!H$594","v":{"v":0,"d":"0.00"}},{"$f":"+'Block Breakdown This'!I$594+'Block Breakdown Prev'!I$594","v":{"v":0,"d":"0.00"}},{"$f":"+'Block Breakdown This'!J$594+'Block Breakdown Prev'!J$594","v":{"v":0,"d":"0.00"}},{"$f":"+'Block Breakdown This'!K$594+'Block Breakdown Prev'!K$594","v":{"v":0,"d":"0.00"}},{"$f":"+'Block Breakdown This'!L$594+'Block Breakdown Prev'!L$594","v":{"v":0,"d":"0.00"}},{"$f":"+'Block Breakdown This'!M$594+'Block Breakdown Prev'!M$594","v":{"v":0,"d":"0.00"}},{"$f":"+'Block Breakdown This'!N$594+'Block Breakdown Prev'!N$594","v":{"v":0,"d":"0.00"}},{"$f":"+'Block Breakdown This'!O$594+'Block Breakdown Prev'!O$594","v":{"v":0,"d":"0.00"}},{"$f":"+'Block Breakdown This'!P$594+'Block Breakdown Prev'!P$594","v":{"v":0,"d":"0.00"}},{"$f":"+'Block Breakdown This'!Q$594+'Block Breakdown Prev'!Q$594","v":{"v":0,"d":"0.00"}},{"$f":"+'Block Breakdown This'!R$594+'Block Breakdown Prev'!R$594","v":{"v":0,"d":"0.00"}},{"$f":"+'Block Breakdown This'!S$594+'Block Breakdown Prev'!S$594","v":{"v":0,"d":"0.00"}},{"$f":"+'Block Breakdown This'!T$594+'Block Breakdown Prev'!T$594","v":{"v":0,"d":"0.00"}},{"$f":"+'Block Breakdown This'!U$594+'Block Breakdown Prev'!U$594","v":{"v":0,"d":"0.00"}},{"$f":"+'Block Breakdown This'!V$594+'Block Breakdown Prev'!V$594","v":{"v":0,"d":"0.00"}},{"$f":"+'Block Breakdown This'!W$594+'Block Breakdown Prev'!W$594","v":{"v":0,"d":"0.00"}},{"$f":"+'Block Breakdown This'!X$594+'Block Breakdown Prev'!X$594","v":{"v":0,"d":"0.00"}},{"$f":"+'Block Breakdown This'!Y$594+'Block Breakdown Prev'!Y$594","v":{"v":3,"d":"3.00"}},{"v":3,"d":"3.00"},0,0,0,0,0,0,0,0,0,0,0,0,0,0,0,0,{"v":2844.8999999999996,"d":"2,845"},{"v":2844.8999999999996,"d":"2,845"},{"$f":"+E594*Z594","v":{"v":2844.8999999999996,"d":"2,844.90"}}]
[null,"       Install","each",{"$f":"D594","v":16},{"v":420,"d":"420.00"},{"$f":"$D595*E595","v":{"v":6720,"d":"6,720.00"}},{"$f":"+'Block Breakdown This'!G$595+'Block Breakdown Prev'!G$595","v":{"v":0,"d":"0.00"}},{"$f":"+'Block Breakdown This'!H$595+'Block Breakdown Prev'!H$595","v":{"v":0,"d":"0.00"}},{"$f":"+'Block Breakdown This'!I$595+'Block Breakdown Prev'!I$595","v":{"v":0,"d":"0.00"}},{"$f":"+'Block Breakdown This'!J$595+'Block Breakdown Prev'!J$595","v":{"v":0,"d":"0.00"}},{"$f":"+'Block Breakdown This'!K$595+'Block Breakdown Prev'!K$595","v":{"v":0,"d":"0.00"}},{"$f":"+'Block Breakdown This'!L$595+'Block Breakdown Prev'!L$595","v":{"v":0,"d":"0.00"}},{"$f":"+'Block Breakdown This'!M$595+'Block Breakdown Prev'!M$595","v":{"v":0,"d":"0.00"}},{"$f":"+'Block Breakdown This'!N$595+'Block Breakdown Prev'!N$595","v":{"v":0,"d":"0.00"}},{"$f":"+'Block Breakdown This'!O$595+'Block Breakdown Prev'!O$595","v":{"v":0,"d":"0.00"}},{"$f":"+'Block Breakdown This'!P$595+'Block Breakdown Prev'!P$595","v":{"v":0,"d":"0.00"}},{"$f":"+'Block Breakdown This'!Q$595+'Block Breakdown Prev'!Q$595","v":{"v":0,"d":"0.00"}},{"$f":"+'Block Breakdown This'!R$595+'Block Breakdown Prev'!R$595","v":{"v":0,"d":"0.00"}},{"$f":"+'Block Breakdown This'!S$595+'Block Breakdown Prev'!S$595","v":{"v":0,"d":"0.00"}},{"$f":"+'Block Breakdown This'!T$595+'Block Breakdown Prev'!T$595","v":{"v":0,"d":"0.00"}},{"$f":"+'Block Breakdown This'!U$595+'Block Breakdown Prev'!U$595","v":{"v":0,"d":"0.00"}},{"$f":"+'Block Breakdown This'!V$595+'Block Breakdown Prev'!V$595","v":{"v":0,"d":"0.00"}},{"$f":"+'Block Breakdown This'!W$595+'Block Breakdown Prev'!W$595","v":{"v":0,"d":"0.00"}},{"$f":"+'Block Breakdown This'!X$595+'Block Breakdown Prev'!X$595","v":{"v":0,"d":"0.00"}},{"$f":"+'Block Breakdown This'!Y$595+'Block Breakdown Prev'!Y$595","v":{"v":3,"d":"3.00"}},{"v":3,"d":"3.00"},0,0,0,0,0,0,0,0,0,0,0,0,0,0,0,0,{"v":1260,"d":"1,260"},{"v":1260,"d":"1,260"},{"$f":"+E595*Z595","v":{"v":1260,"d":"1,260.00"}}]
[{"$nulls":26},0,0,0,0,0,0,0,0,0,0,0,0,0,0,0,0,0,0," "]
["4.1.7","185mm² 4 Core",{"$nulls":24},0,0,0,0,0,0,0,0,0,0,0,0,0,0,0,0,0,0," "]
[null,"       Supply","m",{"v":1160,"d":"1,160"},667.93,{"$f":"$D598*E598","v":{"v":774798.7999999999,"d":"774,798.80"}},{"$f":"+'Block Breakdown This'!G$598+'Block Breakdown Prev'!G$598","v":{"v":0,"d":"0.00"}},{"$f":"+'Block Breakdown This'!H$598+'Block Breakdown Prev'!H$598","v":{"v":0,"d":"0.00"}},{"$f":"+'Block Breakdown This'!I$598+'Block Breakdown Prev'!I$598","v":{"v":0,"d":"0.00"}},{"$f":"+'Block Breakdown This'!J$598+'Block Breakdown Prev'!J$598","v":{"v":0,"d":"0.00"}},{"$f":"+'Block Breakdown This'!K$598+'Block Breakdown Prev'!K$598","v":{"v":0,"d":"0.00"}},{"$f":"+'Block Breakdown This'!L$598+'Block Breakdown Prev'!L$598","v":{"v":0,"d":"0.00"}},{"$f":"+'Block Breakdown This'!M$598+'Block Breakdown Prev'!M$598","v":{"v":0,"d":"0.00"}},{"$f":"+'Block Breakdown This'!N$598+'Block Breakdown Prev'!N$598","v":{"v":0,"d":"0.00"}},{"$f":"+'Block Breakdown This'!O$598+'Block Breakdown Prev'!O$598","v":{"v":0,"d":"0.00"}},{"$f":"+'Block Breakdown This'!P$598+'Block Breakdown Prev'!P$598","v":{"v":0,"d":"0.00"}},{"$f":"+'Block Breakdown This'!Q$598+'Block Breakdown Prev'!Q$598","v":{"v":0,"d":"0.00"}},{"$f":"+'Block Breakdown This'!R$598+'Block Breakdown Prev'!R$598","v":{"v":0,"d":"0.00"}},{"$f":"+'Block Breakdown This'!S$598+'Block Breakdown Prev'!S$598","v":{"v":0,"d":"0.00"}},{"$f":"+'Block Breakdown This'!T$598+'Block Breakdown Prev'!T$598","v":{"v":0,"d":"0.00"}},{"$f":"+'Block Breakdown This'!U$598+'Block Breakdown Prev'!U$598","v":{"v":0,"d":"0.00"}},{"$f":"+'Block Breakdown This'!V$598+'Block Breakdown Prev'!V$598","v":{"v":0,"d":"0.00"}},{"$f":"+'Block Breakdown This'!W$598+'Block Breakdown Prev'!W$598","v":{"v":0,"d":"0.00"}},{"$f":"+'Block Breakdown This'!X$598+'Block Breakdown Prev'!X$598","v":{"v":0,"d":"0.00"}},{"$f":"+'Block Breakdown This'!Y$598+'Block Breakdown Prev'!Y$598","v":{"v":824,"d":"824.00"}},{"v":824,"d":"824.00"},0,0,0,0,0,0,0,0,0,0,0,0,0,0,0,0,{"v":550374.32,"d":"550,374"},{"v":550374.32,"d":"550,374"},{"$f":"+E598*Z598","v":{"v":550374.32,"d":"550,374.32"}}]
[null,"       Install","m",{"$f":"D598","v":{"v":1160,"d":"1,160"}},{"v":27,"d":"27.00"},{"$f":"$D599*E599","v":{"v":31320,"d":"31,320.00"}},{"$f":"+'Block Breakdown This'!G$599+'Block Breakdown Prev'!G$599","v":{"v":0,"d":"0.00"}},{"$f":"+'Block Breakdown This'!H$599+'Block Breakdown Prev'!H$599","v":{"v":0,"d":"0.00"}},{"$f":"+'Block Breakdown This'!I$599+'Block Breakdown Prev'!I$599","v":{"v":0,"d":"0.00"}},{"$f":"+'Block Breakdown This'!J$599+'Block Breakdown Prev'!J$599","v":{"v":0,"d":"0.00"}},{"$f":"+'Block Breakdown This'!K$599+'Block Breakdown Prev'!K$599","v":{"v":0,"d":"0.00"}},{"$f":"+'Block Breakdown This'!L$599+'Block Breakdown Prev'!L$599","v":{"v":0,"d":"0.00"}},{"$f":"+'Block Breakdown This'!M$599+'Block Breakdown Prev'!M$599","v":{"v":193,"d":"193.00"}},{"$f":"+'Block Breakdown This'!N$599+'Block Breakdown Prev'!N$599","v":{"v":0,"d":"0.00"}},{"$f":"+'Block Breakdown This'!O$599+'Block Breakdown Prev'!O$599","v":{"v":0,"d":"0.00"}},{"$f":"+'Block Breakdown This'!P$599+'Block Breakdown Prev'!P$599","v":{"v":0,"d":"0.00"}},{"$f":"+'Block Breakdown This'!Q$599+'Block Breakdown Prev'!Q$599","v":{"v":0,"d":"0.00"}},{"$f":"+'Block Breakdown This'!R$599+'Block Breakdown Prev'!R$599","v":{"v":0,"d":"0.00"}},{"$f":"+'Block Breakdown This'!S$599+'Block Breakdown Prev'!S$599","v":{"v":0,"d":"0.00"}},{"$f":"+'Block Breakdown This'!T$599+'Block Breakdown Prev'!T$599","v":{"v":0,"d":"0.00"}},{"$f":"+'Block Breakdown This'!U$599+'Block Breakdown Prev'!U$599","v":{"v":0,"d":"0.00"}},{"$f":"+'Block Breakdown This'!V$599+'Block Breakdown Prev'!V$599","v":{"v":0,"d":"0.00"}},{"$f":"+'Block Breakdown This'!W$599+'Block Breakdown Prev'!W$599","v":{"v":0,"d":"0.00"}},{"$f":"+'Block Breakdown This'!X$599+'Block Breakdown Prev'!X$599","v":{"v":0,"d":"0.00"}},{"$f":"+'Block Breakdown This'!Y$599+'Block Breakdown Prev'!Y$599","v":{"v":631,"d":"631.00"}},{"v":824,"d":"824.00"},0,0,0,0,0,0,{"v":5211,"d":"5,211"},0,0,0,0,0,0,0,0,0,{"v":17037,"d":"17,037"},{"v":22248,"d":"22,248"},{"$f":"+E599*Z599","v":{"v":22248,"d":"22,248.00"}}]
[{"$nulls":26},0,0,0,0,0,0,0,0,0,0,0,0,0,0,0,0,0,0," "]
["4.1.8","Termination for 185mm² 4 core cable",{"$nulls":24},0,0,0,0,0,0,0,0,0,0,0,0,0,0,0,0,0,0," "]
[null,"       Supply","each",20,538.85,{"$f":"$D602*E602","v":{"v":10777,"d":"10,777.00"}},{"$f":"+'Block Breakdown This'!G$602+'Block Breakdown Prev'!G$602","v":{"v":0,"d":"0.00"}},{"$f":"+'Block Breakdown This'!H$602+'Block Breakdown Prev'!H$602","v":{"v":0,"d":"0.00"}},{"$f":"+'Block Breakdown This'!I$602+'Block Breakdown Prev'!I$602","v":{"v":0,"d":"0.00"}},{"$f":"+'Block Breakdown This'!J$602+'Block Breakdown Prev'!J$602","v":{"v":0,"d":"0.00"}},{"$f":"+'Block Breakdown This'!K$602+'Block Breakdown Prev'!K$602","v":{"v":0,"d":"0.00"}},{"$f":"+'Block Breakdown This'!L$602+'Block Breakdown Prev'!L$602","v":{"v":0,"d":"0.00"}},{"$f":"+'Block Breakdown This'!M$602+'Block Breakdown Prev'!M$602","v":{"v":0,"d":"0.00"}},{"$f":"+'Block Breakdown This'!N$602+'Block Breakdown Prev'!N$602","v":{"v":0,"d":"0.00"}},{"$f":"+'Block Breakdown This'!O$602+'Block Breakdown Prev'!O$602","v":{"v":0,"d":"0.00"}},{"$f":"+'Block Breakdown This'!P$602+'Block Breakdown Prev'!P$602","v":{"v":0,"d":"0.00"}},{"$f":"+'Block Breakdown This'!Q$602+'Block Breakdown Prev'!Q$602","v":{"v":0,"d":"0.00"}},{"$f":"+'Block Breakdown This'!R$602+'Block Breakdown Prev'!R$602","v":{"v":0,"d":"0.00"}},{"$f":"+'Block Breakdown This'!S$602+'Block Breakdown Prev'!S$602","v":{"v":0,"d":"0.00"}},{"$f":"+'Block Breakdown This'!T$602+'Block Breakdown Prev'!T$602","v":{"v":0,"d":"0.00"}},{"$f":"+'Block Breakdown This'!U$602+'Block Breakdown Prev'!U$602","v":{"v":0,"d":"0.00"}},{"$f":"+'Block Breakdown This'!V$602+'Block Breakdown Prev'!V$602","v":{"v":0,"d":"0.00"}},{"$f":"+'Block Breakdown This'!W$602+'Block Breakdown Prev'!W$602","v":{"v":0,"d":"0.00"}},{"$f":"+'Block Breakdown This'!X$602+'Block Breakdown Prev'!X$602","v":{"v":0,"d":"0.00"}},{"$f":"+'Block Breakdown This'!Y$602+'Block Breakdown Prev'!Y$602","v":{"v":12,"d":"12.00"}},{"v":12,"d":"12.00"},0,0,0,0,0,0,0,0,0,0,0,0,0,0,0,0,{"v":6466.200000000001,"d":"6,466"},{"v":6466.200000000001,"d":"6,466"},{"$f":"+E602*Z602","v":{"v":6466.200000000001,"d":"6,466.20"}}]
[null,"       Install","each",{"$f":"D602","v":20},{"v":400,"d":"400.00"},{"$f":"$D603*E603","v":{"v":8000,"d":"8,000.00"}},{"$f":"+'Block Breakdown This'!G$602+'Block Breakdown Prev'!G$602","v":{"v":0,"d":"0.00"}},{"$f":"+'Block Breakdown This'!H$602+'Block Breakdown Prev'!H$602","v":{"v":0,"d":"0.00"}},{"$f":"+'Block Breakdown This'!I$602+'Block Breakdown Prev'!I$602","v":{"v":0,"d":"0.00"}},{"$f":"+'Block Breakdown This'!J$602+'Block Breakdown Prev'!J$602","v":{"v":0,"d":"0.00"}},{"$f":"+'Block Breakdown This'!K$602+'Block Breakdown Prev'!K$602","v":{"v":0,"d":"0.00"}},{"$f":"+'Block Breakdown This'!L$602+'Block Breakdown Prev'!L$602","v":{"v":0,"d":"0.00"}},{"$f":"+'Block Breakdown This'!M$602+'Block Breakdown Prev'!M$602","v":{"v":0,"d":"0.00"}},{"$f":"+'Block Breakdown This'!N$602+'Block Breakdown Prev'!N$602","v":{"v":0,"d":"0.00"}},{"$f":"+'Block Breakdown This'!O$602+'Block Breakdown Prev'!O$602","v":{"v":0,"d":"0.00"}},{"$f":"+'Block Breakdown This'!P$602+'Block Breakdown Prev'!P$602","v":{"v":0,"d":"0.00"}},{"$f":"+'Block Breakdown This'!Q$602+'Block Breakdown Prev'!Q$602","v":{"v":0,"d":"0.00"}},{"$f":"+'Block Breakdown This'!R$602+'Block Breakdown Prev'!R$602","v":{"v":0,"d":"0.00"}},{"$f":"+'Block Breakdown This'!S$602+'Block Breakdown Prev'!S$602","v":{"v":0,"d":"0.00"}},{"$f":"+'Block Breakdown This'!T$602+'Block Breakdown Prev'!T$602","v":{"v":0,"d":"0.00"}},{"$f":"+'Block Breakdown This'!U$602+'Block Breakdown Prev'!U$602","v":{"v":0,"d":"0.00"}},{"$f":"+'Block Breakdown This'!V$602+'Block Breakdown Prev'!V$602","v":{"v":0,"d":"0.00"}},{"$f":"+'Block Breakdown This'!W$602+'Block Breakdown Prev'!W$602","v":{"v":0,"d":"0.00"}},{"$f":"+'Block Breakdown This'!X$602+'Block Breakdown Prev'!X$602","v":{"v":0,"d":"0.00"}},{"$f":"+'Block Breakdown This'!Y$602+'Block Breakdown Prev'!Y$602","v":{"v":12,"d":"12.00"}},{"v":12,"d":"12.00"},0,0,0,0,0,0,0,0,0,0,0,0,0,0,0,0,{"v":4800,"d":"4,800"},{"v":4800,"d":"4,800"},{"$f":"+E603*Z603","v":{"v":4800,"d":"4,800.00"}}]
[{"$nulls":26},0,0,0,0,0,0,0,0,0,0,0,0,0,0,0,0,0,0," "]
["4.1.9","150mm² 4 Core",{"$nulls":24},0,0,0,0,0,0,0,0,0,0,0,0,0,0,0,0,0,0," "]
[null,"       Supply","m",550,{"v":580,"d":"580.00"},{"$f":"$D606*E606","v":{"v":319000,"d":"319,000.00"}},{"$f":"+'Block Breakdown This'!G$606+'Block Breakdown Prev'!G$606","v":{"v":0,"d":"0.00"}},{"$f":"+'Block Breakdown This'!H$606+'Block Breakdown Prev'!H$606","v":{"v":0,"d":"0.00"}},{"$f":"+'Block Breakdown This'!I$606+'Block Breakdown Prev'!I$606","v":{"v":0,"d":"0.00"}},{"$f":"+'Block Breakdown This'!J$606+'Block Breakdown Prev'!J$606","v":{"v":0,"d":"0.00"}},{"$f":"+'Block Breakdown This'!K$606+'Block Breakdown Prev'!K$606","v":{"v":0,"d":"0.00"}},{"$f":"+'Block Breakdown This'!L$606+'Block Breakdown Prev'!L$606","v":{"v":0,"d":"0.00"}},{"$f":"+'Block Breakdown This'!M$606+'Block Breakdown Prev'!M$606","v":{"v":0,"d":"0.00"}},{"$f":"+'Block Breakdown This'!N$606+'Block Breakdown Prev'!N$606","v":{"v":0,"d":"0.00"}},{"$f":"+'Block Breakdown This'!O$606+'Block Breakdown Prev'!O$606","v":{"v":0,"d":"0.00"}},{"$f":"+'Block Breakdown This'!P$606+'Block Breakdown Prev'!P$606","v":{"v":0,"d":"0.00"}},{"$f":"+'Block Breakdown This'!Q$606+'Block Breakdown Prev'!Q$606","v":{"v":0,"d":"0.00"}},{"$f":"+'Block Breakdown This'!R$606+'Block Breakdown Prev'!R$606","v":{"v":0,"d":"0.00"}},{"$f":"+'Block Breakdown This'!S$606+'Block Breakdown Prev'!S$606","v":{"v":0,"d":"0.00"}},{"$f":"+'Block Breakdown This'!T$606+'Block Breakdown Prev'!T$606","v":{"v":0,"d":"0.00"}},{"$f":"+'Block Breakdown This'!U$606+'Block Breakdown Prev'!U$606","v":{"v":0,"d":"0.00"}},{"$f":"+'Block Breakdown This'!V$606+'Block Breakdown Prev'!V$606","v":{"v":0,"d":"0.00"}},{"$f":"+'Block Breakdown This'!W$606+'Block Breakdown Prev'!W$606","v":{"v":0,"d":"0.00"}},{"$f":"+'Block Breakdown This'!X$606+'Block Breakdown Prev'!X$606","v":{"v":0,"d":"0.00"}},{"$f":"+'Block Breakdown This'!Y$606+'Block Breakdown Prev'!Y$606","v":{"v":380,"d":"380.00"}},{"v":380,"d":"380.00"},0,0,0,0,0,0,0,0,0,0,0,0,0,0,0,0,{"v":220400,"d":"220,400"},{"v":220400,"d":"220,400"},{"$f":"+E606*Z606","v":{"v":220400,"d":"220,400.00"}}]
[null,"       Install","m",{"$f":"D606","v":550},{"v":25,"d":"25.00"},{"$f":"$D607*E607","v":{"v":13750,"d":"13,750.00"}},{"$f":"+'Block Breakdown This'!G$607+'Block Breakdown Prev'!G$607","v":{"v":0,"d":"0.00"}},{"$f":"+'Block Breakdown This'!H$607+'Block Breakdown Prev'!H$607","v":{"v":0,"d":"0.00"}},{"$f":"+'Block Breakdown This'!I$607+'Block Breakdown Prev'!I$607","v":{"v":0,"d":"0.00"}},{"$f":"+'Block Breakdown This'!J$607+'Block Breakdown Prev'!J$607","v":{"v":0,"d":"0.00"}},{"$f":"+'Block Breakdown This'!K$607+'Block Breakdown Prev'!K$607","v":{"v":0,"d":"0.00"}},{"$f":"+'Block Breakdown This'!L$607+'Block Breakdown Prev'!L$607","v":{"v":130,"d":"130.00"}},{"$f":"+'Block Breakdown This'!M$607+'Block Breakdown Prev'!M$607","v":{"v":0,"d":"0.00"}},{"$f":"+'Block Breakdown This'!N$607+'Block Breakdown Prev'!N$607","v":{"v":0,"d":"0.00"}},{"$f":"+'Block Breakdown This'!O$607+'Block Breakdown Prev'!O$607","v":{"v":0,"d":"0.00"}},{"$f":"+'Block Breakdown This'!P$607+'Block Breakdown Prev'!P$607","v":{"v":0,"d":"0.00"}},{"$f":"+'Block Breakdown This'!Q$607+'Block Breakdown Prev'!Q$607","v":{"v":0,"d":"0.00"}},{"$f":"+'Block Breakdown This'!R$607+'Block Breakdown Prev'!R$607","v":{"v":0,"d":"0.00"}},{"$f":"+'Block Breakdown This'!S$607+'Block Breakdown Prev'!S$607","v":{"v":0,"d":"0.00"}},{"$f":"+'Block Breakdown This'!T$607+'Block Breakdown Prev'!T$607","v":{"v":0,"d":"0.00"}},{"$f":"+'Block Breakdown This'!U$607+'Block Breakdown Prev'!U$607","v":{"v":0,"d":"0.00"}},{"$f":"+'Block Breakdown This'!V$607+'Block Breakdown Prev'!V$607","v":{"v":0,"d":"0.00"}},{"$f":"+'Block Breakdown This'!W$607+'Block Breakdown Prev'!W$607","v":{"v":0,"d":"0.00"}},{"$f":"+'Block Breakdown This'!X$607+'Block Breakdown Prev'!X$607","v":{"v":0,"d":"0.00"}},{"$f":"+'Block Breakdown This'!Y$607+'Block Breakdown Prev'!Y$607","v":{"v":250,"d":"250.00"}},{"v":380,"d":"380.00"},0,0,0,0,0,{"v":3250,"d":"3,250"},0,0,0,0,0,0,0,0,0,0,{"v":6250,"d":"6,250"},{"v":9500,"d":"9,500"},{"$f":"+E607*Z607","v":{"v":9500,"d":"9,500.00"}}]
[{"$nulls":26},0,0,0,0,0,0,0,0,0,0,0,0,0,0,0,0,0,0," "]
["4.1.10","Termination for 150mm² 4 core cable",{"$nulls":24},0,0,0,0,0,0,0,0,0,0,0,0,0,0,0,0,0,0," "]
[null,"       Supply","each",6,493.97,{"$f":"$D610*E610","v":{"v":2963.82,"d":"2,963.82"}},{"$f":"+'Block Breakdown This'!G$610+'Block Breakdown Prev'!G$610","v":{"v":0,"d":"0.00"}},{"$f":"+'Block Breakdown This'!H$610+'Block Breakdown Prev'!H$610","v":{"v":0,"d":"0.00"}},{"$f":"+'Block Breakdown This'!I$610+'Block Breakdown Prev'!I$610","v":{"v":0,"d":"0.00"}},{"$f":"+'Block Breakdown This'!J$610+'Block Breakdown Prev'!J$610","v":{"v":0,"d":"0.00"}},{"$f":"+'Block Breakdown This'!K$610+'Block Breakdown Prev'!K$610","v":{"v":0,"d":"0.00"}},{"$f":"+'Block Breakdown This'!L$610+'Block Breakdown Prev'!L$610","v":{"v":0,"d":"0.00"}},{"$f":"+'Block Breakdown This'!M$610+'Block Breakdown Prev'!M$610","v":{"v":0,"d":"0.00"}},{"$f":"+'Block Breakdown This'!N$610+'Block Breakdown Prev'!N$610","v":{"v":0,"d":"0.00"}},{"$f":"+'Block Breakdown This'!O$610+'Block Breakdown Prev'!O$610","v":{"v":0,"d":"0.00"}},{"$f":"+'Block Breakdown This'!P$610+'Block Breakdown Prev'!P$610","v":{"v":0,"d":"0.00"}},{"$f":"+'Block Breakdown This'!Q$610+'Block Breakdown Prev'!Q$610","v":{"v":0,"d":"0.00"}},{"$f":"+'Block Breakdown This'!R$610+'Block Breakdown Prev'!R$610","v":{"v":0,"d":"0.00"}},{"$f":"+'Block Breakdown This'!S$610+'Block Breakdown Prev'!S$610","v":{"v":0,"d":"0.00"}},{"$f":"+'Block Breakdown This'!T$610+'Block Breakdown Prev'!T$610","v":{"v":0,"d":"0.00"}},{"$f":"+'Block Breakdown This'!U$610+'Block Breakdown Prev'!U$610","v":{"v":0,"d":"0.00"}},{"$f":"+'Block Breakdown This'!V$610+'Block Breakdown Prev'!V$610","v":{"v":0,"d":"0.00"}},{"$f":"+'Block Breakdown This'!W$610+'Block Breakdown Prev'!W$610","v":{"v":0,"d":"0.00"}},{"$f":"+'Block Breakdown This'!X$610+'Block Breakdown Prev'!X$610","v":{"v":0,"d":"0.00"}},{"$f":"+'Block Breakdown This'!Y$610+'Block Breakdown Prev'!Y$610","v":{"v":8,"d":"8.00"}},{"v":8,"d":"8.00"},0,0,0,0,0,0,0,0,0,0,0,0,0,0,0,0,{"v":3951.76,"d":"3,952"},{"v":3951.76,"d":"3,952"},{"$f":"+E610*Z610","v":{"v":3951.76,"d":"3,951.76"}}]
[null,"       Install","each",{"$f":"D610","v":6},{"v":380,"d":"380.00"},{"$f":"$D611*E611","v":{"v":2280,"d":"2,280.00"}},{"$f":"+'Block Breakdown This'!G$611+'Block Breakdown Prev'!G$611","v":{"v":0,"d":"0.00"}},{"$f":"+'Block Breakdown This'!H$611+'Block Breakdown Prev'!H$611","v":{"v":0,"d":"0.00"}},{"$f":"+'Block Breakdown This'!I$611+'Block Breakdown Prev'!I$611","v":{"v":0,"d":"0.00"}},{"$f":"+'Block Breakdown This'!J$611+'Block Breakdown Prev'!J$611","v":{"v":0,"d":"0.00"}},{"$f":"+'Block Breakdown This'!K$611+'Block Breakdown Prev'!K$611","v":{"v":0,"d":"0.00"}},{"$f":"+'Block Breakdown This'!L$611+'Block Breakdown Prev'!L$611","v":{"v":0,"d":"0.00"}},{"$f":"+'Block Breakdown This'!M$611+'Block Breakdown Prev'!M$611","v":{"v":0,"d":"0.00"}},{"$f":"+'Block Breakdown This'!N$611+'Block Breakdown Prev'!N$611","v":{"v":0,"d":"0.00"}},{"$f":"+'Block Breakdown This'!O$611+'Block Breakdown Prev'!O$611","v":{"v":0,"d":"0.00"}},{"$f":"+'Block Breakdown This'!P$611+'Block Breakdown Prev'!P$611","v":{"v":0,"d":"0.00"}},{"$f":"+'Block Breakdown This'!Q$611+'Block Breakdown Prev'!Q$611","v":{"v":0,"d":"0.00"}},{"$f":"+'Block Breakdown This'!R$611+'Block Breakdown Prev'!R$611","v":{"v":0,"d":"0.00"}},{"$f":"+'Block Breakdown This'!S$611+'Block Breakdown Prev'!S$611","v":{"v":0,"d":"0.00"}},{"$f":"+'Block Breakdown This'!T$611+'Block Breakdown Prev'!T$611","v":{"v":0,"d":"0.00"}},{"$f":"+'Block Breakdown This'!U$611+'Block Breakdown Prev'!U$611","v":{"v":0,"d":"0.00"}},{"$f":"+'Block Breakdown This'!V$611+'Block Breakdown Prev'!V$611","v":{"v":0,"d":"0.00"}},{"$f":"+'Block Breakdown This'!W$611+'Block Breakdown Prev'!W$611","v":{"v":0,"d":"0.00"}},{"$f":"+'Block Breakdown This'!X$611+'Block Breakdown Prev'!X$611","v":{"v":0,"d":"0.00"}},{"$f":"+'Block Breakdown This'!Y$611+'Block Breakdown Prev'!Y$611","v":{"v":8,"d":"8.00"}},{"v":8,"d":"8.00"},0,0,0,0,0,0,0,0,0,0,0,0,0,0,0,0,{"v":3040,"d":"3,040"},{"v":3040,"d":"3,040"},{"$f":"+E611*Z611","v":{"v":3040,"d":"3,040.00"}}]
[{"$nulls":26},0,0,0,0,0,0,0,0,0,0,0,0,0,0,0,0,0,0," "]
["4.1.11","120mm² 4 Core",{"$nulls":24},0,0,0,0,0,0,0,0,0,0,0,0,0,0,0,0,0,0," "]
[null,"       Supply","m",200,{"v":470,"d":"470.00"},{"$f":"$D614*E614","v":{"v":94000,"d":"94,000.00"}},{"$f":"+'Block Breakdown This'!G$614+'Block Breakdown Prev'!G$614","v":{"v":0,"d":"0.00"}},{"$f":"+'Block Breakdown This'!H$614+'Block Breakdown Prev'!H$614","v":{"v":0,"d":"0.00"}},{"$f":"+'Block Breakdown This'!I$614+'Block Breakdown Prev'!I$614","v":{"v":0,"d":"0.00"}},{"$f":"+'Block Breakdown This'!J$614+'Block Breakdown Prev'!J$614","v":{"v":0,"d":"0.00"}},{"$f":"+'Block Breakdown This'!K$614+'Block Breakdown Prev'!K$614","v":{"v":0,"d":"0.00"}},{"$f":"+'Block Breakdown This'!L$614+'Block Breakdown Prev'!L$614","v":{"v":0,"d":"0.00"}},{"$f":"+'Block Breakdown This'!M$614+'Block Breakdown Prev'!M$614","v":{"v":0,"d":"0.00"}},{"$f":"+'Block Breakdown This'!N$614+'Block Breakdown Prev'!N$614","v":{"v":0,"d":"0.00"}},{"$f":"+'Block Breakdown This'!O$614+'Block Breakdown Prev'!O$614","v":{"v":0,"d":"0.00"}},{"$f":"+'Block Breakdown This'!P$614+'Block Breakdown Prev'!P$614","v":{"v":0,"d":"0.00"}},{"$f":"+'Block Breakdown This'!Q$614+'Block Breakdown Prev'!Q$614","v":{"v":0,"d":"0.00"}},{"$f":"+'Block Breakdown This'!R$614+'Block Breakdown Prev'!R$614","v":{"v":0,"d":"0.00"}},{"$f":"+'Block Breakdown This'!S$614+'Block Breakdown Prev'!S$614","v":{"v":0,"d":"0.00"}},{"$f":"+'Block Breakdown This'!T$614+'Block Breakdown Prev'!T$614","v":{"v":0,"d":"0.00"}},{"$f":"+'Block Breakdown This'!U$614+'Block Breakdown Prev'!U$614","v":{"v":0,"d":"0.00"}},{"$f":"+'Block Breakdown This'!V$614+'Block Breakdown Prev'!V$614","v":{"v":0,"d":"0.00"}},{"$f":"+'Block Breakdown This'!W$614+'Block Breakdown Prev'!W$614","v":{"v":0,"d":"0.00"}},{"$f":"+'Block Breakdown This'!X$614+'Block Breakdown Prev'!X$614","v":{"v":0,"d":"0.00"}},{"$f":"+'Block Breakdown This'!Y$614+'Block Breakdown Prev'!Y$614","v":{"v":200,"d":"200.00"}},{"v":200,"d":"200.00"},0,0,0,0,0,0,0,0,0,0,0,0,0,0,0,0,{"v":94000,"d":"94,000"},{"v":94000,"d":"94,000"},{"$f":"+E614*Z614","v":{"v":94000,"d":"94,000.00"}}]
[null,"       Install","m",{"$f":"D614","v":200},{"v":22,"d":"22.00"},{"$f":"$D615*E615","v":{"v":4400,"d":"4,400.00"}},{"$f":"+'Block Breakdown This'!G$615+'Block Breakdown Prev'!G$615","v":{"v":0,"d":"0.00"}},{"$f":"+'Block Breakdown This'!H$615+'Block Breakdown Prev'!H$615","v":{"v":0,"d":"0.00"}},{"$f":"+'Block Breakdown This'!I$615+'Block Breakdown Prev'!I$615","v":{"v":0,"d":"0.00"}},{"$f":"+'Block Breakdown This'!J$615+'Block Breakdown Prev'!J$615","v":{"v":0,"d":"0.00"}},{"$f":"+'Block Breakdown This'!K$615+'Block Breakdown Prev'!K$615","v":{"v":0,"d":"0.00"}},{"$f":"+'Block Breakdown This'!L$615+'Block Breakdown Prev'!L$615","v":{"v":0,"d":"0.00"}},{"$f":"+'Block Breakdown This'!M$615+'Block Breakdown Prev'!M$615","v":{"v":0,"d":"0.00"}},{"$f":"+'Block Breakdown This'!N$615+'Block Breakdown Prev'!N$615","v":{"v":0,"d":"0.00"}},{"$f":"+'Block Breakdown This'!O$615+'Block Breakdown Prev'!O$615","v":{"v":0,"d":"0.00"}},{"$f":"+'Block Breakdown This'!P$615+'Block Breakdown Prev'!P$615","v":{"v":0,"d":"0.00"}},{"$f":"+'Block Breakdown This'!Q$615+'Block Breakdown Prev'!Q$615","v":{"v":0,"d":"0.00"}},{"$f":"+'Block Breakdown This'!R$615+'Block Breakdown Prev'!R$615","v":{"v":0,"d":"0.00"}},{"$f":"+'Block Breakdown This'!S$615+'Block Breakdown Prev'!S$615","v":{"v":0,"d":"0.00"}},{"$f":"+'Block Breakdown This'!T$615+'Block Breakdown Prev'!T$615","v":{"v":0,"d":"0.00"}},{"$f":"+'Block Breakdown This'!U$615+'Block Breakdown Prev'!U$615","v":{"v":0,"d":"0.00"}},{"$f":"+'Block Breakdown This'!V$615+'Block Breakdown Prev'!V$615","v":{"v":0,"d":"0.00"}},{"$f":"+'Block Breakdown This'!W$615+'Block Breakdown Prev'!W$615","v":{"v":0,"d":"0.00"}},{"$f":"+'Block Breakdown This'!X$615+'Block Breakdown Prev'!X$615","v":{"v":0,"d":"0.00"}},{"$f":"+'Block Breakdown This'!Y$615+'Block Breakdown Prev'!Y$615","v":{"v":200,"d":"200.00"}},{"v":200,"d":"200.00"},0,0,0,0,0,0,0,0,0,0,0,0,0,0,0,0,{"v":4400,"d":"4,400"},{"v":4400,"d":"4,400"},{"$f":"+E615*Z615","v":{"v":4400,"d":"4,400.00"}}]
[{"$nulls":26},0,0,0,0,0,0,0,0,0,0,0,0,0,0,0,0,0,0,{"$f":"+E616*Z616","v":{"v":0,"d":"0.00"}}]
["4.1.12","Termination for 120mm² 4 core cable",{"$nulls":24},0,0,0,0,0,0,0,0,0,0,0,0,0,0,0,0,0,0," "]
[null,"       Supply","each",8,362.09,{"$f":"$D618*E618","v":{"v":2896.72,"d":"2,896.72"}},{"$f":"+'Block Breakdown This'!G$618+'Block Breakdown Prev'!G$618","v":{"v":0,"d":"0.00"}},{"$f":"+'Block Breakdown This'!H$618+'Block Breakdown Prev'!H$618","v":{"v":0,"d":"0.00"}},{"$f":"+'Block Breakdown This'!I$618+'Block Breakdown Prev'!I$618","v":{"v":0,"d":"0.00"}},{"$f":"+'Block Breakdown This'!J$618+'Block Breakdown Prev'!J$618","v":{"v":0,"d":"0.00"}},{"$f":"+'Block Breakdown This'!K$618+'Block Breakdown Prev'!K$618","v":{"v":0,"d":"0.00"}},{"$f":"+'Block Breakdown This'!L$618+'Block Breakdown Prev'!L$618","v":{"v":0,"d":"0.00"}},{"$f":"+'Block Breakdown This'!M$618+'Block Breakdown Prev'!M$618","v":{"v":0,"d":"0.00"}},{"$f":"+'Block Breakdown This'!N$618+'Block Breakdown Prev'!N$618","v":{"v":0,"d":"0.00"}},{"$f":"+'Block Breakdown This'!O$618+'Block Breakdown Prev'!O$618","v":{"v":0,"d":"0.00"}},{"$f":"+'Block Breakdown This'!P$618+'Block Breakdown Prev'!P$618","v":{"v":0,"d":"0.00"}},{"$f":"+'Block Breakdown This'!Q$618+'Block Breakdown Prev'!Q$618","v":{"v":0,"d":"0.00"}},{"$f":"+'Block Breakdown This'!R$618+'Block Breakdown Prev'!R$618","v":{"v":0,"d":"0.00"}},{"$f":"+'Block Breakdown This'!S$618+'Block Breakdown Prev'!S$618","v":{"v":0,"d":"0.00"}},{"$f":"+'Block Breakdown This'!T$618+'Block Breakdown Prev'!T$618","v":{"v":0,"d":"0.00"}},{"$f":"+'Block Breakdown This'!U$618+'Block Breakdown Prev'!U$618","v":{"v":0,"d":"0.00"}},{"$f":"+'Block Breakdown This'!V$618+'Block Breakdown Prev'!V$618","v":{"v":0,"d":"0.00"}},{"$f":"+'Block Breakdown This'!W$618+'Block Breakdown Prev'!W$618","v":{"v":0,"d":"0.00"}},{"$f":"+'Block Breakdown This'!X$618+'Block Breakdown Prev'!X$618","v":{"v":0,"d":"0.00"}},{"$f":"+'Block Breakdown This'!Y$618+'Block Breakdown Prev'!Y$618","v":{"v":12,"d":"12.00"}},{"v":12,"d":"12.00"},0,0,0,0,0,0,0,0,0,0,0,0,0,0,0,0,{"v":4345.08,"d":"4,345"},{"v":4345.08,"d":"4,345"},{"$f":"+E618*Z618","v":{"v":4345.08,"d":"4,345.08"}}]
[null,"       Install","each",{"$f":"D618","v":8},{"v":320,"d":"320.00"},{"$f":"$D619*E619","v":{"v":2560,"d":"2,560.00"}},{"$f":"+'Block Breakdown This'!G$619+'Block Breakdown Prev'!G$619","v":{"v":0,"d":"0.00"}},{"$f":"+'Block Breakdown This'!H$619+'Block Breakdown Prev'!H$619","v":{"v":0,"d":"0.00"}},{"$f":"+'Block Breakdown This'!I$619+'Block Breakdown Prev'!I$619","v":{"v":0,"d":"0.00"}},{"$f":"+'Block Breakdown This'!J$619+'Block Breakdown Prev'!J$619","v":{"v":0,"d":"0.00"}},{"$f":"+'Block Breakdown This'!K$619+'Block Breakdown Prev'!K$619","v":{"v":0,"d":"0.00"}},{"$f":"+'Block Breakdown This'!L$619+'Block Breakdown Prev'!L$619","v":{"v":0,"d":"0.00"}},{"$f":"+'Block Breakdown This'!M$619+'Block Breakdown Prev'!M$619","v":{"v":0,"d":"0.00"}},{"$f":"+'Block Breakdown This'!N$619+'Block Breakdown Prev'!N$619","v":{"v":0,"d":"0.00"}},{"$f":"+'Block Breakdown This'!O$619+'Block Breakdown Prev'!O$619","v":{"v":0,"d":"0.00"}},{"$f":"+'Block Breakdown This'!P$619+'Block Breakdown Prev'!P$619","v":{"v":0,"d":"0.00"}},{"$f":"+'Block Breakdown This'!Q$619+'Block Breakdown Prev'!Q$619","v":{"v":0,"d":"0.00"}},{"$f":"+'Block Breakdown This'!R$619+'Block Breakdown Prev'!R$619","v":{"v":0,"d":"0.00"}},{"$f":"+'Block Breakdown This'!S$619+'Block Breakdown Prev'!S$619","v":{"v":0,"d":"0.00"}},{"$f":"+'Block Breakdown This'!T$619+'Block Breakdown Prev'!T$619","v":{"v":0,"d":"0.00"}},{"$f":"+'Block Breakdown This'!U$619+'Block Breakdown Prev'!U$619","v":{"v":0,"d":"0.00"}},{"$f":"+'Block Breakdown This'!V$619+'Block Breakdown Prev'!V$619","v":{"v":0,"d":"0.00"}},{"$f":"+'Block Breakdown This'!W$619+'Block Breakdown Prev'!W$619","v":{"v":0,"d":"0.00"}},{"$f":"+'Block Breakdown This'!X$619+'Block Breakdown Prev'!X$619","v":{"v":0,"d":"0.00"}},{"$f":"+'Block Breakdown This'!Y$619+'Block Breakdown Prev'!Y$619","v":{"v":0,"d":"0.00"}},{"v":0,"d":"0.00"},0,0,0,0,0,0,0,0,0,0,0,0,0,0,0,0,0,{"$f":"SUM(AA619:AQ619)","v":0},{"$f":"+E619*Z619","v":{"v":0,"d":"0.00"}}]
[{"$nulls":5}," ",{"$nulls":38}," "]
[]
[null,"Amount Carried Forward",{"$nulls":3},{"$f":"SUM(F570:F621)","v":{"v":2738509.2600000002,"d":"2,738,509.26"}},{"$nulls":38},{"$f":"SUM(AS568:AS621)","v":{"v":1282353.26,"d":"1,282,353.26"}}]
[]
["MAIN HOSPITAL ELECTRICAL INSTALLATION"]
["CECILIA MAKIWANE HOSPITAL : PHASE 4C"]
[]
[{"$f":"A566","v":"BILL NO. 4 : CABLES (SMME PACKAGE No2)"}]
["ITEM","DESCRIPTION","UNIT","QTY","RATE","TENDER AMOUNT","A","B","D","E1","E2","F1","F2","G1","G2","H1","H2","J1","J2","J3","Substation","G/House","K","N","Other","Total Qty","A","B","D","E1","E2","F1","F2","G1","G2","H1","H2","J1","J2","J3","K","N","Other","Total Amount","Total Claimed"]
[null,"AMOUNT CARRIED FORWARD FROM PREVIOUS BILL",{"$nulls":3},{"$f":"F622","v":{"v":2738509.2600000002,"d":"2,738,509.26"}},{"$nulls":38},{"$f":"AS622","v":{"v":1282353.26,"d":"1,282,353.26"}}]
[]
["4.1.13","95mm² 4 Core",null," ",null," "]
[null,"       Supply","m",{"v":2000,"d":"2,000"},{"v":376,"d":"376.00"},{"$f":"$D632*E632","v":{"v":752000,"d":"752,000.00"}},{"$f":"+'Block Breakdown This'!G$632+'Block Breakdown Prev'!G$632","v":{"v":0,"d":"0.00"}},{"$f":"+'Block Breakdown This'!H632+'Block Breakdown Prev'!H632","v":{"v":0,"d":"0.00"}},{"$f":"+'Block Breakdown This'!I632+'Block Breakdown Prev'!I632","v":{"v":0,"d":"0.00"}},{"$f":"+'Block Breakdown This'!J632+'Block Breakdown Prev'!J632","v":{"v":0,"d":"0.00"}},{"$f":"+'Block Breakdown This'!K632+'Block Breakdown Prev'!K632","v":{"v":0,"d":"0.00"}},{"$f":"+'Block Breakdown This'!L632+'Block Breakdown Prev'!L632","v":{"v":0,"d":"0.00"}},{"$f":"+'Block Breakdown This'!M632+'Block Breakdown Prev'!M632","v":{"v":0,"d":"0.00"}},{"$f":"+'Block Breakdown This'!N632+'Block Breakdown Prev'!N632","v":{"v":0,"d":"0.00"}},{"$f":"+'Block Breakdown This'!O632+'Block Breakdown Prev'!O632","v":{"v":0,"d":"0.00"}},{"$f":"+'Block Breakdown This'!P632+'Block Breakdown Prev'!P632","v":{"v":0,"d":"0.00"}},{"$f":"+'Block Breakdown This'!Q632+'Block Breakdown Prev'!Q632","v":{"v":0,"d":"0.00"}},{"$f":"+'Block Breakdown This'!R632+'Block Breakdown Prev'!R632","v":{"v":0,"d":"0.00"}},{"$f":"+'Block Breakdown This'!S632+'Block Breakdown Prev'!S632","v":{"v":0,"d":"0.00"}},{"$f":"+'Block Breakdown This'!T632+'Block Breakdown Prev'!T632","v":{"v":0,"d":"0.00"}},{"$f":"+'Block Breakdown This'!U632+'Block Breakdown Prev'!U632","v":{"v":0,"d":"0.00"}},{"$f":"+'Block Breakdown This'!V632+'Block Breakdown Prev'!V632","v":{"v":0,"d":"0.00"}},{"$f":"+'Block Breakdown This'!W632+'Block Breakdown Prev'!W632","v":{"v":0,"d":"0.00"}},{"$f":"+'Block Breakdown This'!X632+'Block Breakdown Prev'!X632","v":{"v":0,"d":"0.00"}},{"$f":"+'Block Breakdown This'!Y632+'Block Breakdown Prev'!Y632","v":{"v":150,"d":"150.00"}},{"$f":"SUM(G632:Y632)","v":{"v":150,"d":"150.00"}},{"$f":"G632*E632","v":0},{"$f":"H632*E632","v":0},{"$f":"I632*E632","v":0},{"$f":"J632*E632","v":0},{"$f":"K632*E632","v":0},{"$f":"L632*E632","v":0},{"$f":"+M632*E632","v":0},{"$f":"N632*E632","v":0},{"$f":"O632*E632","v":0},{"$f":"P632*E632","v":0},{"$f":"Q632*E632","v":0},{"$f":"R632*E632","v":0},{"$f":"S632*E632","v":0},{"$f":"T632*E632","v":0},{"$f":"W632*E632","v":0},{"$f":"X632*E632","v":0},{"$f":"Y632*E632","v":{"v":56400,"d":"56,400"}},{"$f":"SUM(AA632:AQ632)","v":{"v":56400,"d":"56,400"}},{"$f":"+E632*Z632","v":{"v":56400,"d":"56,400.00"}}]
[null,"       Install","m",{"$f":"D632","v":{"v":2000,"d":"2,000"}},{"v":20,"d":"20.00"},{"v":40000,"d":"40,000.00"},{"$f":"+'Block Breakdown This'!G633+'Block Breakdown Prev'!G633","v":{"v":0,"d":"0.00"}},{"$f":"+'Block Breakdown This'!H633+'Block Breakdown Prev'!H633","v":{"v":0,"d":"0.00"}},{"$f":"+'Block Breakdown This'!I633+'Block Breakdown Prev'!I633","v":{"v":0,"d":"0.00"}},{"$f":"+'Block Breakdown This'!J633+'Block Breakdown Prev'!J633","v":{"v":0,"d":"0.00"}},{"$f":"+'Block Breakdown This'!K633+'Block Breakdown Prev'!K633","v":{"v":0,"d":"0.00"}},{"$f":"+'Block Breakdown This'!L633+'Block Breakdown Prev'!L633","v":{"v":0,"d":"0.00"}},{"$f":"+'Block Breakdown This'!M633+'Block Breakdown Prev'!M633","v":{"v":0,"d":"0.00"}},{"$f":"+'Block Breakdown This'!N633+'Block Breakdown Prev'!N633","v":{"v":0,"d":"0.00"}},{"$f":"+'Block Breakdown This'!O633+'Block Breakdown Prev'!O633","v":{"v":0,"d":"0.00"}},{"$f":"+'Block Breakdown This'!P633+'Block Breakdown Prev'!P633","v":{"v":0,"d":"0.00"}},{"$f":"+'Block Breakdown This'!Q633+'Block Breakdown Prev'!Q633","v":{"v":0,"d":"0.00"}},{"$f":"+'Block Breakdown This'!R633+'Block Breakdown Prev'!R633","v":{"v":0,"d":"0.00"}},{"$f":"+'Block Breakdown This'!S633+'Block Breakdown Prev'!S633","v":{"v":0,"d":"0.00"}},{"$f":"+'Block Breakdown This'!T633+'Block Breakdown Prev'!T633","v":{"v":0,"d":"0.00"}},{"$f":"+'Block Breakdown This'!U633+'Block Breakdown Prev'!U633","v":{"v":0,"d":"0.00"}},{"$f":"+'Block Breakdown This'!V633+'Block Breakdown Prev'!V633","v":{"v":0,"d":"0.00"}},{"$f":"+'Block Breakdown This'!W633+'Block Breakdown Prev'!W633","v":{"v":0,"d":"0.00"}},{"$f":"+'Block Breakdown This'!X633+'Block Breakdown Prev'!X633","v":{"v":0,"d":"0.00"}},{"$f":"+'Block Breakdown This'!Y633+'Block Breakdown Prev'!Y633","v":{"v":150,"d":"150.00"}},{"$f":"SUM(G633:Y633)","v":{"v":150,"d":"150.00"}},0,0,0,0,0,0,0,0,0,0,0,0,0,0,0,0,{"v":3000,"d":"3,000"},{"$f":"SUM(AA633:AQ633)","v":{"v":3000,"d":"3,000"}},{"$f":"+E633*Z633","v":{"v":3000,"d":"3,000.00"}}]
[{"$nulls":26},0,0,0,0,0,0,0,0,0,0,0,0,0,0,0,0,0,0," "]
["4.1.14","Termination for 95mm² 4 core cable",{"$nulls":24},0,0,0,0,0,0,0,0,0,0,0,0,0,0,0,0,0,0," "]
[null,"       Supply","each",28,313.96,{"v":8790.88,"d":"8,790.88"},{"$f":"+'Block Breakdown This'!G636+'Block Breakdown Prev'!G636","v":{"v":0,"d":"0.00"}},{"$f":"+'Block Breakdown This'!H636+'Block Breakdown Prev'!H636","v":{"v":0,"d":"0.00"}},{"$f":"+'Block Breakdown This'!I636+'Block Breakdown Prev'!I636","v":{"v":0,"d":"0.00"}},{"$f":"+'Block Breakdown This'!J636+'Block Breakdown Prev'!J636","v":{"v":0,"d":"0.00"}},{"$f":"+'Block Breakdown This'!K636+'Block Breakdown Prev'!K636","v":{"v":0,"d":"0.00"}},{"$f":"+'Block Breakdown This'!L636+'Block Breakdown Prev'!L636","v":{"v":0,"d":"0.00"}},{"$f":"+'Block Breakdown This'!M636+'Block Breakdown Prev'!M636","v":{"v":0,"d":"0.00"}},{"$f":"+'Block Breakdown This'!N636+'Block Breakdown Prev'!N636","v":{"v":0,"d":"0.00"}},{"$f":"+'Block Breakdown This'!O636+'Block Breakdown Prev'!O636","v":{"v":0,"d":"0.00"}},{"$f":"+'Block Breakdown This'!P636+'Block Breakdown Prev'!P636","v":{"v":0,"d":"0.00"}},{"$f":"+'Block Breakdown This'!Q636+'Block Breakdown Prev'!Q636","v":{"v":0,"d":"0.00"}},{"$f":"+'Block Breakdown This'!R636+'Block Breakdown Prev'!R636","v":{"v":0,"d":"0.00"}},{"$f":"+'Block Breakdown This'!S636+'Block Breakdown Prev'!S636","v":{"v":0,"d":"0.00"}},{"$f":"+'Block Breakdown This'!T636+'Block Breakdown Prev'!T636","v":{"v":0,"d":"0.00"}},{"$f":"+'Block Breakdown This'!U636+'Block Breakdown Prev'!U636","v":{"v":0,"d":"0.00"}},{"$f":"+'Block Breakdown This'!V636+'Block Breakdown Prev'!V636","v":{"v":0,"d":"0.00"}},{"$f":"+'Block Breakdown This'!W636+'Block Breakdown Prev'!W636","v":{"v":0,"d":"0.00"}},{"$f":"+'Block Breakdown This'!X636+'Block Breakdown Prev'!X636","v":{"v":0,"d":"0.00"}},{"$f":"+'Block Breakdown This'!Y636+'Block Breakdown Prev'!Y636","v":{"v":0,"d":"0.00"}},{"v":0,"d":"0.00"},0,0,0,0,0,0,0,0,0,0,0,0,0,0,0,0,0,0,{"$f":"+E636*Z636","v":{"v":0,"d":"0.00"}}]
[null,"       Install","each",{"$f":"D636","v":28},{"v":300,"d":"300.00"},{"v":8400,"d":"8,400.00"},{"$f":"+'Block Breakdown This'!G637+'Block Breakdown Prev'!G637","v":{"v":0,"d":"0.00"}},{"$f":"+'Block Breakdown This'!H637+'Block Breakdown Prev'!H637","v":{"v":0,"d":"0.00"}},{"$f":"+'Block Breakdown This'!I637+'Block Breakdown Prev'!I637","v":{"v":0,"d":"0.00"}},{"$f":"+'Block Breakdown This'!J637+'Block Breakdown Prev'!J637","v":{"v":0,"d":"0.00"}},{"$f":"+'Block Breakdown This'!K637+'Block Breakdown Prev'!K637","v":{"v":0,"d":"0.00"}},{"$f":"+'Block Breakdown This'!L637+'Block Breakdown Prev'!L637","v":{"v":0,"d":"0.00"}},{"$f":"+'Block Breakdown This'!M637+'Block Breakdown Prev'!M637","v":{"v":0,"d":"0.00"}},{"$f":"+'Block Breakdown This'!N637+'Block Breakdown Prev'!N637","v":{"v":0,"d":"0.00"}},{"$f":"+'Block Breakdown This'!O637+'Block Breakdown Prev'!O637","v":{"v":0,"d":"0.00"}},{"$f":"+'Block Breakdown This'!P637+'Block Breakdown Prev'!P637","v":{"v":0,"d":"0.00"}},{"$f":"+'Block Breakdown This'!Q637+'Block Breakdown Prev'!Q637","v":{"v":0,"d":"0.00"}},{"$f":"+'Block Breakdown This'!R637+'Block Breakdown Prev'!R637","v":{"v":0,"d":"0.00"}},{"$f":"+'Block Breakdown This'!S637+'Block Breakdown Prev'!S637","v":{"v":0,"d":"0.00"}},{"$f":"+'Block Breakdown This'!T637+'Block Breakdown Prev'!T637","v":{"v":0,"d":"0.00"}},{"$f":"+'Block Breakdown This'!U637+'Block Breakdown Prev'!U637","v":{"v":0,"d":"0.00"}},{"$f":"+'Block Breakdown This'!V637+'Block Breakdown Prev'!V637","v":{"v":0,"d":"0.00"}},{"$f":"+'Block Breakdown This'!W637+'Block Breakdown Prev'!W637","v":{"v":0,"d":"0.00"}},{"$f":"+'Block Breakdown This'!X637+'Block Breakdown Prev'!X637","v":{"v":0,"d":"0.00"}},{"$f":"+'Block Breakdown This'!Y637+'Block Breakdown Prev'!Y637","v":{"v":0,"d":"0.00"}},{"v":0,"d":"0.00"},0,0,0,0,0,0,0,0,0,0,0,0,0,0,0,0,0,0,{"$f":"+E637*Z637","v":{"v":0,"d":"0.00"}}]
[{"$nulls":26},0,0,0,0,0,0,0,0,0,0,0,0,0,0,0,0,0,0," "]
["4.1.15","70mm² 4 Core",{"$nulls":24},0,0,0,0,0,0,0,0,0,0,0,0,0,0,0,0,0,0," "]
[null,"       Supply","m",700,{"v":272,"d":"272.00"},{"v":190400,"d":"190,400.00"},{"$f":"+'Block Breakdown This'!G640+'Block Breakdown Prev'!G640","v":{"v":0,"d":"0.00"}},{"$f":"+'Block Breakdown This'!H640+'Block Breakdown Prev'!H640","v":{"v":0,"d":"0.00"}},{"$f":"+'Block Breakdown This'!I640+'Block Breakdown Prev'!I640","v":{"v":0,"d":"0.00"}},{"$f":"+'Block Breakdown This'!J640+'Block Breakdown Prev'!J640","v":{"v":0,"d":"0.00"}},{"$f":"+'Block Breakdown This'!K640+'Block Breakdown Prev'!K640","v":{"v":0,"d":"0.00"}},{"$f":"+'Block Breakdown This'!L640+'Block Breakdown Prev'!L640","v":{"v":0,"d":"0.00"}},{"$f":"+'Block Breakdown This'!M640+'Block Breakdown Prev'!M640","v":{"v":0,"d":"0.00"}},{"$f":"+'Block Breakdown This'!N640+'Block Breakdown Prev'!N640","v":{"v":0,"d":"0.00"}},{"$f":"+'Block Breakdown This'!O640+'Block Breakdown Prev'!O640","v":{"v":0,"d":"0.00"}},{"$f":"+'Block Breakdown This'!P640+'Block Breakdown Prev'!P640","v":{"v":0,"d":"0.00"}},{"$f":"+'Block Breakdown This'!Q640+'Block Breakdown Prev'!Q640","v":{"v":0,"d":"0.00"}},{"$f":"+'Block Breakdown This'!R640+'Block Breakdown Prev'!R640","v":{"v":0,"d":"0.00"}},{"$f":"+'Block Breakdown This'!S640+'Block Breakdown Prev'!S640","v":{"v":0,"d":"0.00"}},{"$f":"+'Block Breakdown This'!T640+'Block Breakdown Prev'!T640","v":{"v":0,"d":"0.00"}},{"$f":"+'Block Breakdown This'!U640+'Block Breakdown Prev'!U640","v":{"v":0,"d":"0.00"}},{"$f":"+'Block Breakdown This'!V640+'Block Breakdown Prev'!V640","v":{"v":0,"d":"0.00"}},{"$f":"+'Block Breakdown This'!W640+'Block Breakdown Prev'!W640","v":{"v":0,"d":"0.00"}},{"$f":"+'Block Breakdown This'!X640+'Block Breakdown Prev'!X640","v":{"v":0,"d":"0.00"}},{"$f":"+'Block Breakdown This'!Y640+'Block Breakdown Prev'!Y640","v":{"v":500,"d":"500.00"}},{"v":500,"d":"500.00"},0,0,0,0,0,0,0,0,0,0,0,0,0,0,0,0,{"v":136000,"d":"136,000"},{"v":136000,"d":"136,000"},{"$f":"+E640*Z640","v":{"v":136000,"d":"136,000.00"}}]
[null,"       Install","m",{"$f":"D640","v":700},{"v":18,"d":"18.00"},{"v":12600,"d":"12,600.00"},{"$f":"+'Block Breakdown This'!G641+'Block Breakdown Prev'!G641","v":{"v":0,"d":"0.00"}},{"$f":"+'Block Breakdown This'!H641+'Block Breakdown Prev'!H641","v":{"v":0,"d":"0.00"}},{"$f":"+'Block Breakdown This'!I641+'Block Breakdown Prev'!I641","v":{"v":0,"d":"0.00"}},{"$f":"+'Block Breakdown This'!J641+'Block Breakdown Prev'!J641","v":{"v":0,"d":"0.00"}},{"$f":"+'Block Breakdown This'!K641+'Block Breakdown Prev'!K641","v":{"v":0,"d":"0.00"}},{"$f":"+'Block Breakdown This'!L641+'Block Breakdown Prev'!L641","v":{"v":0,"d":"0.00"}},{"$f":"+'Block Breakdown This'!M641+'Block Breakdown Prev'!M641","v":{"v":0,"d":"0.00"}},{"$f":"+'Block Breakdown This'!N641+'Block Breakdown Prev'!N641","v":{"v":0,"d":"0.00"}},{"$f":"+'Block Breakdown This'!O641+'Block Breakdown Prev'!O641","v":{"v":0,"d":"0.00"}},{"$f":"+'Block Breakdown This'!P641+'Block Breakdown Prev'!P641","v":{"v":0,"d":"0.00"}},{"$f":"+'Block Breakdown This'!Q641+'Block Breakdown Prev'!Q641","v":{"v":0,"d":"0.00"}},{"$f":"+'Block Breakdown This'!R641+'Block Breakdown Prev'!R641","v":{"v":0,"d":"0.00"}},{"$f":"+'Block Breakdown This'!S641+'Block Breakdown Prev'!S641","v":{"v":0,"d":"0.00"}},{"$f":"+'Block Breakdown This'!T641+'Block Breakdown Prev'!T641","v":{"v":0,"d":"0.00"}},{"$f":"+'Block Breakdown This'!U641+'Block Breakdown Prev'!U641","v":{"v":0,"d":"0.00"}},{"$f":"+'Block Breakdown This'!V641+'Block Breakdown Prev'!V641","v":{"v":0,"d":"0.00"}},{"$f":"+'Block Breakdown This'!W641+'Block Breakdown Prev'!W641","v":{"v":0,"d":"0.00"}},{"$f":"+'Block Breakdown This'!X641+'Block Breakdown Prev'!X641","v":{"v":0,"d":"0.00"}},{"$f":"+'Block Breakdown This'!Y641+'Block Breakdown Prev'!Y641","v":{"v":467,"d":"467.00"}},{"v":467,"d":"467.00"},0,0,0,0,0,0,0,0,0,0,0,0,0,0,0,0,{"v":8406,"d":"8,406"},{"v":8406,"d":"8,406"},{"$f":"+E641*Z641","v":{"v":8406,"d":"8,406.00"}}]
[{"$nulls":26},0,0,0,0,0,0,0,0,0,0,0,0,0,0,0,0,0,0," "]
["4.1.16","Termination for 70mm² 4 core cable",{"$nulls":24},0,0,0,0,0,0,0,0,0,0,0,0,0,0,0,0,0,0," "]
[null,"       Supply","each",16,289.56,{"v":4632.96,"d":"4,632.96"},{"$f":"+'Block Breakdown This'!G644+'Block Breakdown Prev'!G644","v":{"v":0,"d":"0.00"}},{"$f":"+'Block Breakdown This'!H644+'Block Breakdown Prev'!H644","v":{"v":0,"d":"0.00"}},{"$f":"+'Block Breakdown This'!I644+'Block Breakdown Prev'!I644","v":{"v":0,"d":"0.00"}},{"$f":"+'Block Breakdown This'!J644+'Block Breakdown Prev'!J644","v":{"v":0,"d":"0.00"}},{"$f":"+'Block Breakdown This'!K644+'Block Breakdown Prev'!K644","v":{"v":0,"d":"0.00"}},{"$f":"+'Block Breakdown This'!L644+'Block Breakdown Prev'!L644","v":{"v":0,"d":"0.00"}},{"$f":"+'Block Breakdown This'!M644+'Block Breakdown Prev'!M644","v":{"v":0,"d":"0.00"}},{"$f":"+'Block Breakdown This'!N644+'Block Breakdown Prev'!N644","v":{"v":0,"d":"0.00"}},{"$f":"+'Block Breakdown This'!O644+'Block Breakdown Prev'!O644","v":{"v":0,"d":"0.00"}},{"$f":"+'Block Breakdown This'!P644+'Block Breakdown Prev'!P644","v":{"v":0,"d":"0.00"}},{"$f":"+'Block Breakdown This'!Q644+'Block Breakdown Prev'!Q644","v":{"v":0,"d":"0.00"}},{"$f":"+'Block Breakdown This'!R644+'Block Breakdown Prev'!R644","v":{"v":0,"d":"0.00"}},{"$f":"+'Block Breakdown This'!S644+'Block Breakdown Prev'!S644","v":{"v":0,"d":"0.00"}},{"$f":"+'Block Breakdown This'!T644+'Block Breakdown Prev'!T644","v":{"v":0,"d":"0.00"}},{"$f":"+'Block Breakdown This'!U644+'Block Breakdown Prev'!U644","v":{"v":0,"d":"0.00"}},{"$f":"+'Block Breakdown This'!V644+'Block Breakdown Prev'!V644","v":{"v":0,"d":"0.00"}},{"$f":"+'Block Breakdown This'!W644+'Block Breakdown Prev'!W644","v":{"v":0,"d":"0.00"}},{"$f":"+'Block Breakdown This'!X644+'Block Breakdown Prev'!X644","v":{"v":0,"d":"0.00"}},{"$f":"+'Block Breakdown This'!Y644+'Block Breakdown Prev'!Y644","v":{"v":18,"d":"18.00"}},{"v":18,"d":"18.00"},0,0,0,0,0,0,0,0,0,0,0,0,0,0,0,0,{"v":5212.08,"d":"5,212"},{"v":5212.08,"d":"5,212"},{"$f":"+E644*Z644","v":{"v":5212.08,"d":"5,212.08"}}]
[null,"       Install","each",{"$f":"D644","v":16},{"v":280,"d":"280.00"},{"v":4480,"d":"4,480.00"},{"$f":"+'Block Breakdown This'!G645+'Block Breakdown Prev'!G645","v":{"v":0,"d":"0.00"}},{"$f":"+'Block Breakdown This'!H645+'Block Breakdown Prev'!H645","v":{"v":0,"d":"0.00"}},{"$f":"+'Block Breakdown This'!I645+'Block Breakdown Prev'!I645","v":{"v":0,"d":"0.00"}},{"$f":"+'Block Breakdown This'!J645+'Block Breakdown Prev'!J645","v":{"v":0,"d":"0.00"}},{"$f":"+'Block Breakdown This'!K645+'Block Breakdown Prev'!K645","v":{"v":0,"d":"0.00"}},{"$f":"+'Block Breakdown This'!L645+'Block Breakdown Prev'!L645","v":{"v":0,"d":"0.00"}},{"$f":"+'Block Breakdown This'!M645+'Block Breakdown Prev'!M645","v":{"v":0,"d":"0.00"}},{"$f":"+'Block Breakdown This'!N645+'Block Breakdown Prev'!N645","v":{"v":0,"d":"0.00"}},{"$f":"+'Block Breakdown This'!O645+'Block Breakdown Prev'!O645","v":{"v":0,"d":"0.00"}},{"$f":"+'Block Breakdown This'!P645+'Block Breakdown Prev'!P645","v":{"v":0,"d":"0.00"}},{"$f":"+'Block Breakdown This'!Q645+'Block Breakdown Prev'!Q645","v":{"v":0,"d":"0.00"}},{"$f":"+'Block Breakdown This'!R645+'Block Breakdown Prev'!R645","v":{"v":0,"d":"0.00"}},{"$f":"+'Block Breakdown This'!S645+'Block Breakdown Prev'!S645","v":{"v":0,"d":"0.00"}},{"$f":"+'Block Breakdown This'!T645+'Block Breakdown Prev'!T645","v":{"v":0,"d":"0.00"}},{"$f":"+'Block Breakdown This'!U645+'Block Breakdown Prev'!U645","v":{"v":0,"d":"0.00"}},{"$f":"+'Block Breakdown This'!V645+'Block Breakdown Prev'!V645","v":{"v":0,"d":"0.00"}},{"$f":"+'Block Breakdown This'!W645+'Block Breakdown Prev'!W645","v":{"v":0,"d":"0.00"}},{"$f":"+'Block Breakdown This'!X645+'Block Breakdown Prev'!X645","v":{"v":0,"d":"0.00"}},{"$f":"+'Block Breakdown This'!Y645+'Block Breakdown Prev'!Y645","v":{"v":2,"d":"2.00"}},{"v":2,"d":"2.00"},0,0,0,0,0,0,0,0,0,0,0,0,0,0,0,0,560,560,{"$f":"+E645*Z645","v":{"v":560,"d":"560.00"}}]
[{"$nulls":26},0,0,0,0,0,0,0,0,0,0,0,0,0,0,0,0,0,0," "]
["4.1.17","50mm² 4 core",{"$nulls":24},0,0,0,0,0,0,0,0,0,0,0,0,0,0,0,0,0,0," "]
[null,"       Supply","m",{"v":1700,"d":"1,700"},{"v":193,"d":"193.00"},{"v":328100,"d":"328,100.00"},{"$f":"+'Block Breakdown This'!G648+'Block Breakdown Prev'!G648","v":{"v":35,"d":"35.00"}},{"$f":"+'Block Breakdown This'!H648+'Block Breakdown Prev'!H648","v":{"v":0,"d":"0.00"}},{"$f":"+'Block Breakdown This'!I648+'Block Breakdown Prev'!I648","v":{"v":0,"d":"0.00"}},{"$f":"+'Block Breakdown This'!J648+'Block Breakdown Prev'!J648","v":{"v":125,"d":"125.00"}},{"$f":"+'Block Breakdown This'!K648+'Block Breakdown Prev'!K648","v":{"v":0,"d":"0.00"}},{"$f":"+'Block Breakdown This'!L648+'Block Breakdown Prev'!L648","v":{"v":0,"d":"0.00"}},{"$f":"+'Block Breakdown This'!M648+'Block Breakdown Prev'!M648","v":{"v":0,"d":"0.00"}},{"$f":"+'Block Breakdown This'!N648+'Block Breakdown Prev'!N648","v":{"v":0,"d":"0.00"}},{"$f":"+'Block Breakdown This'!O648+'Block Breakdown Prev'!O648","v":{"v":0,"d":"0.00"}},{"$f":"+'Block Breakdown This'!P648+'Block Breakdown Prev'!P648","v":{"v":0,"d":"0.00"}},{"$f":"+'Block Breakdown This'!Q648+'Block Breakdown Prev'!Q648","v":{"v":0,"d":"0.00"}},{"$f":"+'Block Breakdown This'!R648+'Block Breakdown Prev'!R648","v":{"v":0,"d":"0.00"}},{"$f":"+'Block Breakdown This'!S648+'Block Breakdown Prev'!S648","v":{"v":0,"d":"0.00"}},{"$f":"+'Block Breakdown This'!T648+'Block Breakdown Prev'!T648","v":{"v":0,"d":"0.00"}},{"$f":"+'Block Breakdown This'!U648+'Block Breakdown Prev'!U648","v":{"v":0,"d":"0.00"}},{"$f":"+'Block Breakdown This'!V648+'Block Breakdown Prev'!V648","v":{"v":0,"d":"0.00"}},{"$f":"+'Block Breakdown This'!W648+'Block Breakdown Prev'!W648","v":{"v":0,"d":"0.00"}},{"$f":"+'Block Breakdown This'!X648+'Block Breakdown Prev'!X648","v":{"v":0,"d":"0.00"}},{"$f":"+'Block Breakdown This'!Y648+'Block Breakdown Prev'!Y648","v":{"v":375,"d":"375.00"}},{"v":535,"d":"535.00"},{"v":6755,"d":"6,755"},0,0,{"v":24125,"d":"24,125"},0,0,0,0,0,0,0,0,0,0,0,0,{"v":72375,"d":"72,375"},{"v":103255,"d":"103,255"},{"$f":"+E648*Z648","v":{"v":103255,"d":"103,255.00"}}]
[null,"       Install","m",{"v":1700,"d":"1,700"},{"v":16,"d":"16.00"},{"v":27200,"d":"27,200.00"},{"$f":"+'Block Breakdown This'!G649+'Block Breakdown Prev'!G649","v":{"v":35,"d":"35.00"}},{"$f":"+'Block Breakdown This'!H649+'Block Breakdown Prev'!H649","v":{"v":0,"d":"0.00"}},{"$f":"+'Block Breakdown This'!I649+'Block Breakdown Prev'!I649","v":{"v":0,"d":"0.00"}},{"$f":"+'Block Breakdown This'!J649+'Block Breakdown Prev'!J649","v":{"v":125,"d":"125.00"}},{"$f":"+'Block Breakdown This'!K649+'Block Breakdown Prev'!K649","v":{"v":0,"d":"0.00"}},{"$f":"+'Block Breakdown This'!L649+'Block Breakdown Prev'!L649","v":{"v":130,"d":"130.00"}},{"$f":"+'Block Breakdown This'!M649+'Block Breakdown Prev'!M649","v":{"v":193,"d":"193.00"}},{"$f":"+'Block Breakdown This'!N649+'Block Breakdown Prev'!N649","v":{"v":0,"d":"0.00"}},{"$f":"+'Block Breakdown This'!O649+'Block Breakdown Prev'!O649","v":{"v":0,"d":"0.00"}},{"$f":"+'Block Breakdown This'!P649+'Block Breakdown Prev'!P649","v":{"v":0,"d":"0.00"}},{"$f":"+'Block Breakdown This'!Q649+'Block Breakdown Prev'!Q649","v":{"v":0,"d":"0.00"}},{"$f":"+'Block Breakdown This'!R649+'Block Breakdown Prev'!R649","v":{"v":0,"d":"0.00"}},{"$f":"+'Block Breakdown This'!S649+'Block Breakdown Prev'!S649","v":{"v":0,"d":"0.00"}},{"$f":"+'Block Breakdown This'!T649+'Block Breakdown Prev'!T649","v":{"v":0,"d":"0.00"}},{"$f":"+'Block Breakdown This'!U649+'Block Breakdown Prev'!U649","v":{"v":0,"d":"0.00"}},{"$f":"+'Block Breakdown This'!V649+'Block Breakdown Prev'!V649","v":{"v":0,"d":"0.00"}},{"$f":"+'Block Breakdown This'!W649+'Block Breakdown Prev'!W649","v":{"v":0,"d":"0.00"}},{"$f":"+'Block Breakdown This'!X649+'Block Breakdown Prev'!X649","v":{"v":0,"d":"0.00"}},{"$f":"+'Block Breakdown This'!Y649+'Block Breakdown Prev'!Y649","v":{"v":-160,"d":"-160.00"}},{"v":323,"d":"323.00"},560,0,0,{"v":2000,"d":"2,000"},0,{"v":2080,"d":"2,080"},{"v":3088,"d":"3,088"},0,0,0,0,0,0,0,0,0,{"v":-2560,"d":"-2,560"},{"v":5168,"d":"5,168"},{"$f":"+E649*Z649","v":{"v":5168,"d":"5,168.00"}}]
[{"$nulls":26},0,0,0,0,0,0,0,0,0,0,0,0,0,0,0,0,0,0," "]
["4.1.18","Termination for 50mm² 4 core cable",{"$nulls":24},0,0,0,0,0,0,0,0,0,0,0,0,0,0,0,0,0,0," "]
[null,"       Supply","each",44,185.38,{"v":8156.719999999999,"d":"8,156.72"},{"$f":"+'Block Breakdown This'!G652+'Block Breakdown Prev'!G652","v":{"v":2,"d":"2.00"}},{"$f":"+'Block Breakdown This'!H652+'Block Breakdown Prev'!H652","v":{"v":0,"d":"0.00"}},{"$f":"+'Block Breakdown This'!I652+'Block Breakdown Prev'!I652","v":{"v":0,"d":"0.00"}},{"$f":"+'Block Breakdown This'!J652+'Block Breakdown Prev'!J652","v":{"v":0,"d":"0.00"}},{"$f":"+'Block Breakdown This'!K652+'Block Breakdown Prev'!K652","v":{"v":0,"d":"0.00"}},{"$f":"+'Block Breakdown This'!L652+'Block Breakdown Prev'!L652","v":{"v":0,"d":"0.00"}},{"$f":"+'Block Breakdown This'!M652+'Block Breakdown Prev'!M652","v":{"v":0,"d":"0.00"}},{"$f":"+'Block Breakdown This'!N652+'Block Breakdown Prev'!N652","v":{"v":0,"d":"0.00"}},{"$f":"+'Block Breakdown This'!O652+'Block Breakdown Prev'!O652","v":{"v":0,"d":"0.00"}},{"$f":"+'Block Breakdown This'!P652+'Block Breakdown Prev'!P652","v":{"v":0,"d":"0.00"}},{"$f":"+'Block Breakdown This'!Q652+'Block Breakdown Prev'!Q652","v":{"v":0,"d":"0.00"}},{"$f":"+'Block Breakdown This'!R652+'Block Breakdown Prev'!R652","v":{"v":0,"d":"0.00"}},{"$f":"+'Block Breakdown This'!S652+'Block Breakdown Prev'!S652","v":{"v":0,"d":"0.00"}},{"$f":"+'Block Breakdown This'!T652+'Block Breakdown Prev'!T652","v":{"v":0,"d":"0.00"}},{"$f":"+'Block Breakdown This'!U652+'Block Breakdown Prev'!U652","v":{"v":0,"d":"0.00"}},{"$f":"+'Block Breakdown This'!V652+'Block Breakdown Prev'!V652","v":{"v":0,"d":"0.00"}},{"$f":"+'Block Breakdown This'!W652+'Block Breakdown Prev'!W652","v":{"v":0,"d":"0.00"}},{"$f":"+'Block Breakdown This'!X652+'Block Breakdown Prev'!X652","v":{"v":0,"d":"0.00"}},{"$f":"+'Block Breakdown This'!Y652+'Block Breakdown Prev'!Y652","v":{"v":14,"d":"14.00"}},{"v":16,"d":"16.00"},{"v":370.76,"d":"371"},0,0,0,0,0,0,0,0,0,0,0,0,0,0,0,{"v":2595.3199999999997,"d":"2,595"},{"v":2966.08,"d":"2,966"},{"$f":"+E652*Z652","v":{"v":2966.08,"d":"2,966.08"}}]
[null,"       Install","each",{"$f":"D652","v":44},{"v":260,"d":"260.00"},{"v":11440,"d":"11,440.00"},{"$f":"+'Block Breakdown This'!G653+'Block Breakdown Prev'!G653","v":{"v":2,"d":"2.00"}},{"$f":"+'Block Breakdown This'!H653+'Block Breakdown Prev'!H653","v":{"v":0,"d":"0.00"}},{"$f":"+'Block Breakdown This'!I653+'Block Breakdown Prev'!I653","v":{"v":0,"d":"0.00"}},{"$f":"+'Block Breakdown This'!J653+'Block Breakdown Prev'!J653","v":{"v":0,"d":"0.00"}},{"$f":"+'Block Breakdown This'!K653+'Block Breakdown Prev'!K653","v":{"v":0,"d":"0.00"}},{"$f":"+'Block Breakdown This'!L653+'Block Breakdown Prev'!L653","v":{"v":0,"d":"0.00"}},{"$f":"+'Block Breakdown This'!M653+'Block Breakdown Prev'!M653","v":{"v":0,"d":"0.00"}},{"$f":"+'Block Breakdown This'!N653+'Block Breakdown Prev'!N653","v":{"v":0,"d":"0.00"}},{"$f":"+'Block Breakdown This'!O653+'Block Breakdown Prev'!O653","v":{"v":0,"d":"0.00"}},{"$f":"+'Block Breakdown This'!P653+'Block Breakdown Prev'!P653","v":{"v":0,"d":"0.00"}},{"$f":"+'Block Breakdown This'!Q653+'Block Breakdown Prev'!Q653","v":{"v":0,"d":"0.00"}},{"$f":"+'Block Breakdown This'!R653+'Block Breakdown Prev'!R653","v":{"v":0,"d":"0.00"}},{"$f":"+'Block Breakdown This'!S653+'Block Breakdown Prev'!S653","v":{"v":0,"d":"0.00"}},{"$f":"+'Block Breakdown This'!T653+'Block Breakdown Prev'!T653","v":{"v":0,"d":"0.00"}},{"$f":"+'Block Breakdown This'!U653+'Block Breakdown Prev'!U653","v":{"v":0,"d":"0.00"}},{"$f":"+'Block Breakdown This'!V653+'Block Breakdown Prev'!V653","v":{"v":0,"d":"0.00"}},{"$f":"+'Block Breakdown This'!W653+'Block Breakdown Prev'!W653","v":{"v":0,"d":"0.00"}},{"$f":"+'Block Breakdown This'!X653+'Block Breakdown Prev'!X653","v":{"v":0,"d":"0.00"}},{"$f":"+'Block Breakdown This'!Y653+'Block Breakdown Prev'!Y653","v":{"v":0,"d":"0.00"}},{"v":2,"d":"2.00"},520,0,0,0,0,0,0,0,0,0,0,0,0,0,0,0,0,520,{"$f":"+E653*Z653","v":{"v":520,"d":"520.00"}}]
[{"$nulls":26},0,0,0,0,0,0,0,0,0,0,0,0,0,0,0,0,0,0," "]
["4.1.19","35mm² 4 core",{"$nulls":24},0,0,0,0,0,0,0,0,0,0,0,0,0,0,0,0,0,0," "]
[null,"       Supply","m",{"v":1500,"d":"1,500"},{"v":144,"d":"144.00"},{"v":216000,"d":"216,000.00"},{"$f":"+'Block Breakdown This'!G656+'Block Breakdown Prev'!G656","v":{"v":0,"d":"0.00"}},{"$f":"+'Block Breakdown This'!H656+'Block Breakdown Prev'!H656","v":{"v":0,"d":"0.00"}},{"$f":"+'Block Breakdown This'!I656+'Block Breakdown Prev'!I656","v":{"v":0,"d":"0.00"}},{"$f":"+'Block Breakdown This'!J656+'Block Breakdown Prev'!J656","v":{"v":0,"d":"0.00"}},{"$f":"+'Block Breakdown This'!K656+'Block Breakdown Prev'!K656","v":{"v":0,"d":"0.00"}},{"$f":"+'Block Breakdown This'!L656+'Block Breakdown Prev'!L656","v":{"v":0,"d":"0.00"}},{"$f":"+'Block Breakdown This'!M656+'Block Breakdown Prev'!M656","v":{"v":0,"d":"0.00"}},{"$f":"+'Block Breakdown This'!N656+'Block Breakdown Prev'!N656","v":{"v":0,"d":"0.00"}},{"$f":"+'Block Breakdown This'!O656+'Block Breakdown Prev'!O656","v":{"v":0,"d":"0.00"}},{"$f":"+'Block Breakdown This'!P656+'Block Breakdown Prev'!P656","v":{"v":0,"d":"0.00"}},{"$f":"+'Block Breakdown This'!Q656+'Block Breakdown Prev'!Q656","v":{"v":0,"d":"0.00"}},{"$f":"+'Block Breakdown This'!R656+'Block Breakdown Prev'!R656","v":{"v":0,"d":"0.00"}},{"$f":"+'Block Breakdown This'!S656+'Block Breakdown Prev'!S656","v":{"v":0,"d":"0.00"}},{"$f":"+'Block Breakdown This'!T656+'Block Breakdown Prev'!T656","v":{"v":0,"d":"0.00"}},{"$f":"+'Block Breakdown This'!U656+'Block Breakdown Prev'!U656","v":{"v":0,"d":"0.00"}},{"$f":"+'Block Breakdown This'!V656+'Block Breakdown Prev'!V656","v":{"v":0,"d":"0.00"}},{"$f":"+'Block Breakdown This'!W656+'Block Breakdown Prev'!W656","v":{"v":0,"d":"0.00"}},{"$f":"+'Block Breakdown This'!X656+'Block Breakdown Prev'!X656","v":{"v":0,"d":"0.00"}},{"$f":"+'Block Breakdown This'!Y656+'Block Breakdown Prev'!Y656","v":{"v":690,"d":"690.00"}},{"v":690,"d":"690.00"},0,0,0,0,0,0,0,0,0,0,0,0,0,0,0,0,{"v":99360,"d":"99,360"},{"v":99360,"d":"99,360"},{"$f":"+E656*Z656","v":{"v":99360,"d":"99,360.00"}}]
[null,"       Install","m",{"$f":"D656","v":{"v":1500,"d":"1,500"}},{"v":14,"d":"14.00"},{"v":21000,"d":"21,000.00"},{"$f":"+'Block Breakdown This'!G657+'Block Breakdown Prev'!G657","v":{"v":0,"d":"0.00"}},{"$f":"+'Block Breakdown This'!H657+'Block Breakdown Prev'!H657","v":{"v":0,"d":"0.00"}},{"$f":"+'Block Breakdown This'!I657+'Block Breakdown Prev'!I657","v":{"v":0,"d":"0.00"}},{"$f":"+'Block Breakdown This'!J657+'Block Breakdown Prev'!J657","v":{"v":0,"d":"0.00"}},{"$f":"+'Block Breakdown This'!K657+'Block Breakdown Prev'!K657","v":{"v":0,"d":"0.00"}},{"$f":"+'Block Breakdown This'!L657+'Block Breakdown Prev'!L657","v":{"v":0,"d":"0.00"}},{"$f":"+'Block Breakdown This'!M657+'Block Breakdown Prev'!M657","v":{"v":0,"d":"0.00"}},{"$f":"+'Block Breakdown This'!N657+'Block Breakdown Prev'!N657","v":{"v":0,"d":"0.00"}},{"$f":"+'Block Breakdown This'!O657+'Block Breakdown Prev'!O657","v":{"v":0,"d":"0.00"}},{"$f":"+'Block Breakdown This'!P657+'Block Breakdown Prev'!P657","v":{"v":0,"d":"0.00"}},{"$f":"+'Block Breakdown This'!Q657+'Block Breakdown Prev'!Q657","v":{"v":0,"d":"0.00"}},{"$f":"+'Block Breakdown This'!R657+'Block Breakdown Prev'!R657","v":{"v":0,"d":"0.00"}},{"$f":"+'Block Breakdown This'!S657+'Block Breakdown Prev'!S657","v":{"v":0,"d":"0.00"}},{"$f":"+'Block Breakdown This'!T657+'Block Breakdown Prev'!T657","v":{"v":0,"d":"0.00"}},{"$f":"+'Block Breakdown This'!U657+'Block Breakdown Prev'!U657","v":{"v":0,"d":"0.00"}},{"$f":"+'Block Breakdown This'!V657+'Block Breakdown Prev'!V657","v":{"v":0,"d":"0.00"}},{"$f":"+'Block Breakdown This'!W657+'Block Breakdown Prev'!W657","v":{"v":0,"d":"0.00"}},{"$f":"+'Block Breakdown This'!X657+'Block Breakdown Prev'!X657","v":{"v":0,"d":"0.00"}},{"$f":"+'Block Breakdown This'!Y657+'Block Breakdown Prev'!Y657","v":{"v":159,"d":"159.00"}},{"v":159,"d":"159.00"},0,0,0,0,0,0,0,0,0,0,0,0,0,0,0,0,{"v":2226,"d":"2,226"},{"v":2226,"d":"2,226"},{"$f":"+E657*Z657","v":{"v":2226,"d":"2,226.00"}}]
[{"$nulls":26},0,0,0,0,0,0,0,0,0,0,0,0,0,0,0,0,0,0," "]
["4.1.20","Termination for 35mm² 4 core cable",{"$nulls":24},0,0,0,0,0,0,0,0,0,0,0,0,0,0,0,0,0,0," "]
[null,"       Supply","each",18,164.05,{"v":2952.9,"d":"2,952.90"},{"$f":"+'Block Breakdown This'!G660+'Block Breakdown Prev'!G660","v":{"v":0,"d":"0.00"}},{"$f":"+'Block Breakdown This'!H660+'Block Breakdown Prev'!H660","v":{"v":0,"d":"0.00"}},{"$f":"+'Block Breakdown This'!I660+'Block Breakdown Prev'!I660","v":{"v":0,"d":"0.00"}},{"$f":"+'Block Breakdown This'!J660+'Block Breakdown Prev'!J660","v":{"v":0,"d":"0.00"}},{"$f":"+'Block Breakdown This'!K660+'Block Breakdown Prev'!K660","v":{"v":0,"d":"0.00"}},{"$f":"+'Block Breakdown This'!L660+'Block Breakdown Prev'!L660","v":{"v":0,"d":"0.00"}},{"$f":"+'Block Breakdown This'!M660+'Block Breakdown Prev'!M660","v":{"v":0,"d":"0.00"}},{"$f":"+'Block Breakdown This'!N660+'Block Breakdown Prev'!N660","v":{"v":0,"d":"0.00"}},{"$f":"+'Block Breakdown This'!O660+'Block Breakdown Prev'!O660","v":{"v":0,"d":"0.00"}},{"$f":"+'Block Breakdown This'!P660+'Block Breakdown Prev'!P660","v":{"v":0,"d":"0.00"}},{"$f":"+'Block Breakdown This'!Q660+'Block Breakdown Prev'!Q660","v":{"v":0,"d":"0.00"}},{"$f":"+'Block Breakdown This'!R660+'Block Breakdown Prev'!R660","v":{"v":0,"d":"0.00"}},{"$f":"+'Block Breakdown This'!S660+'Block Breakdown Prev'!S660","v":{"v":0,"d":"0.00"}},{"$f":"+'Block Breakdown This'!T660+'Block Breakdown Prev'!T660","v":{"v":0,"d":"0.00"}},{"$f":"+'Block Breakdown This'!U660+'Block Breakdown Prev'!U660","v":{"v":0,"d":"0.00"}},{"$f":"+'Block Breakdown This'!V660+'Block Breakdown Prev'!V660","v":{"v":0,"d":"0.00"}},{"$f":"+'Block Breakdown This'!W660+'Block Breakdown Prev'!W660","v":{"v":0,"d":"0.00"}},{"$f":"+'Block Breakdown This'!X660+'Block Breakdown Prev'!X660","v":{"v":0,"d":"0.00"}},{"$f":"+'Block Breakdown This'!Y660+'Block Breakdown Prev'!Y660","v":{"v":2,"d":"2.00"}},{"v":2,"d":"2.00"},0,0,0,0,0,0,0,0,0,0,0,0,0,0,0,0,{"v":328.1,"d":"328"},{"v":328.1,"d":"328"},{"$f":"+E660*Z660","v":{"v":328.1,"d":"328.10"}}]
[null,"       Install","each",{"$f":"D660","v":18},{"v":240,"d":"240.00"},{"v":4320,"d":"4,320.00"},{"$f":"+'Block Breakdown This'!G661+'Block Breakdown Prev'!G661","v":{"v":0,"d":"0.00"}},{"$f":"+'Block Breakdown This'!H661+'Block Breakdown Prev'!H661","v":{"v":0,"d":"0.00"}},{"$f":"+'Block Breakdown This'!I661+'Block Breakdown Prev'!I661","v":{"v":0,"d":"0.00"}},{"$f":"+'Block Breakdown This'!J661+'Block Breakdown Prev'!J661","v":{"v":0,"d":"0.00"}},{"$f":"+'Block Breakdown This'!K661+'Block Breakdown Prev'!K661","v":{"v":0,"d":"0.00"}},{"$f":"+'Block Breakdown This'!L661+'Block Breakdown Prev'!L661","v":{"v":0,"d":"0.00"}},{"$f":"+'Block Breakdown This'!M661+'Block Breakdown Prev'!M661","v":{"v":0,"d":"0.00"}},{"$f":"+'Block Breakdown This'!N661+'Block Breakdown Prev'!N661","v":{"v":0,"d":"0.00"}},{"$f":"+'Block Breakdown This'!O661+'Block Breakdown Prev'!O661","v":{"v":0,"d":"0.00"}},{"$f":"+'Block Breakdown This'!P661+'Block Breakdown Prev'!P661","v":{"v":0,"d":"0.00"}},{"$f":"+'Block Breakdown This'!Q661+'Block Breakdown Prev'!Q661","v":{"v":0,"d":"0.00"}},{"$f":"+'Block Breakdown This'!R661+'Block Breakdown Prev'!R661","v":{"v":0,"d":"0.00"}},{"$f":"+'Block Breakdown This'!S661+'Block Breakdown Prev'!S661","v":{"v":0,"d":"0.00"}},{"$f":"+'Block Breakdown This'!T661+'Block Breakdown Prev'!T661","v":{"v":0,"d":"0.00"}},{"$f":"+'Block Breakdown This'!U661+'Block Breakdown Prev'!U661","v":{"v":0,"d":"0.00"}},{"$f":"+'Block Breakdown This'!V661+'Block Breakdown Prev'!V661","v":{"v":0,"d":"0.00"}},{"$f":"+'Block Breakdown This'!W661+'Block Breakdown Prev'!W661","v":{"v":0,"d":"0.00"}},{"$f":"+'Block Breakdown This'!X661+'Block Breakdown Prev'!X661","v":{"v":0,"d":"0.00"}},{"$f":"+'Block Breakdown This'!Y661+'Block Breakdown Prev'!Y661","v":{"v":2,"d":"2.00"}},{"v":2,"d":"2.00"},0,0,0,0,0,0,0,0,0,0,0,0,0,0,0,0,480,480,{"$f":"+E661*Z661","v":{"v":480,"d":"480.00"}}]
[{"$nulls":26},0,0,0,0,0,0,0,0,0,0,0,0,0,0,0,0,0,0," "]
["4.1.21","25mm² 4 core",{"$nulls":24},0,0,0,0,0,0,0,0,0,0,0,0,0,0,0,0,0,0," "]
[null,"       Supply","m",900,{"v":108.9,"d":"108.90"},{"v":98010,"d":"98,010.00"},{"$f":"+'Block Breakdown This'!G664+'Block Breakdown Prev'!G664","v":{"v":85,"d":"85.00"}},{"$f":"+'Block Breakdown This'!H664+'Block Breakdown Prev'!H664","v":{"v":0,"d":"0.00"}},{"$f":"+'Block Breakdown This'!I664+'Block Breakdown Prev'!I664","v":{"v":0,"d":"0.00"}},{"$f":"+'Block Breakdown This'!J664+'Block Breakdown Prev'!J664","v":{"v":0,"d":"0.00"}},{"$f":"+'Block Breakdown This'!K664+'Block Breakdown Prev'!K664","v":{"v":0,"d":"0.00"}},{"$f":"+'Block Breakdown This'!L664+'Block Breakdown Prev'!L664","v":{"v":0,"d":"0.00"}},{"$f":"+'Block Breakdown This'!M664+'Block Breakdown Prev'!M664","v":{"v":0,"d":"0.00"}},{"$f":"+'Block Breakdown This'!N664+'Block Breakdown Prev'!N664","v":{"v":450,"d":"450.00"}},{"$f":"+'Block Breakdown This'!O664+'Block Breakdown Prev'!O664","v":{"v":0,"d":"0.00"}},{"$f":"+'Block Breakdown This'!P664+'Block Breakdown Prev'!P664","v":{"v":0,"d":"0.00"}},{"$f":"+'Block Breakdown This'!Q664+'Block Breakdown Prev'!Q664","v":{"v":0,"d":"0.00"}},{"$f":"+'Block Breakdown This'!R664+'Block Breakdown Prev'!R664","v":{"v":0,"d":"0.00"}},{"$f":"+'Block Breakdown This'!S664+'Block Breakdown Prev'!S664","v":{"v":0,"d":"0.00"}},{"$f":"+'Block Breakdown This'!T664+'Block Breakdown Prev'!T664","v":{"v":0,"d":"0.00"}},{"$f":"+'Block Breakdown This'!U664+'Block Breakdown Prev'!U664","v":{"v":0,"d":"0.00"}},{"$f":"+'Block Breakdown This'!V664+'Block Breakdown Prev'!V664","v":{"v":0,"d":"0.00"}},{"$f":"+'Block Breakdown This'!W664+'Block Breakdown Prev'!W664","v":{"v":0,"d":"0.00"}},{"$f":"+'Block Breakdown This'!X664+'Block Breakdown Prev'!X664","v":{"v":0,"d":"0.00"}},{"$f":"+'Block Breakdown This'!Y664+'Block Breakdown Prev'!Y664","v":{"v":3165,"d":"3,165.00"}},{"v":3700,"d":"3,700.00"},{"$f":"G664*E664","v":{"v":9256.5,"d":"9,257"}},{"$f":"H664*E664","v":0},{"$f":"I664*E664","v":0},{"$f":"J664*E664","v":0},{"$f":"K664*E664","v":0},{"$f":"L664*E664","v":0},{"$f":"+M664*E664","v":0},{"$f":"N664*E664","v":{"v":49005,"d":"49,005"}},{"$f":"O664*E664","v":0},{"$f":"P664*E664","v":0},{"$f":"Q664*E664","v":0},{"$f":"R664*E664","v":0},{"$f":"S664*E664","v":0},{"$f":"T664*E664","v":0},{"$f":"W664*E664","v":0},{"$f":"X664*E664","v":0},{"$f":"Y664*E664","v":{"v":344668.5,"d":"344,669"}},{"v":402930,"d":"402,930"},{"$f":"+E664*Z664","v":{"v":402930,"d":"402,930.00"}}]
[null,"       Install","m",{"$f":"D664","v":900},{"v":12,"d":"12.00"},{"v":10800,"d":"10,800.00"},{"$f":"+'Block Breakdown This'!G665+'Block Breakdown Prev'!G665","v":{"v":35,"d":"35.00"}},{"$f":"+'Block Breakdown This'!H665+'Block Breakdown Prev'!H665","v":{"v":0,"d":"0.00"}},{"$f":"+'Block Breakdown This'!I665+'Block Breakdown Prev'!I665","v":{"v":0,"d":"0.00"}},{"$f":"+'Block Breakdown This'!J665+'Block Breakdown Prev'!J665","v":{"v":0,"d":"0.00"}},{"$f":"+'Block Breakdown This'!K665+'Block Breakdown Prev'!K665","v":{"v":0,"d":"0.00"}},{"$f":"+'Block Breakdown This'!L665+'Block Breakdown Prev'!L665","v":{"v":0,"d":"0.00"}},{"$f":"+'Block Breakdown This'!M665+'Block Breakdown Prev'!M665","v":{"v":0,"d":"0.00"}},{"$f":"+'Block Breakdown This'!N665+'Block Breakdown Prev'!N665","v":{"v":0,"d":"0.00"}},{"$f":"+'Block Breakdown This'!O665+'Block Breakdown Prev'!O665","v":{"v":0,"d":"0.00"}},{"$f":"+'Block Breakdown This'!P665+'Block Breakdown Prev'!P665","v":{"v":0,"d":"0.00"}},{"$f":"+'Block Breakdown This'!Q665+'Block Breakdown Prev'!Q665","v":{"v":0,"d":"0.00"}},{"$f":"+'Block Breakdown This'!R665+'Block Breakdown Prev'!R665","v":{"v":0,"d":"0.00"}},{"$f":"+'Block Breakdown This'!S665+'Block Breakdown Prev'!S665","v":{"v":0,"d":"0.00"}},{"$f":"+'Block Breakdown This'!T665+'Block Breakdown Prev'!T665","v":{"v":0,"d":"0.00"}},{"$f":"+'Block Breakdown This'!U665+'Block Breakdown Prev'!U665","v":{"v":0,"d":"0.00"}},{"$f":"+'Block Breakdown This'!V665+'Block Breakdown Prev'!V665","v":{"v":0,"d":"0.00"}},{"$f":"+'Block Breakdown This'!W665+'Block Breakdown Prev'!W665","v":{"v":0,"d":"0.00"}},{"$f":"+'Block Breakdown This'!X665+'Block Breakdown Prev'!X665","v":{"v":0,"d":"0.00"}},{"$f":"+'Block Breakdown This'!Y665+'Block Breakdown Prev'!Y665","v":{"v":2053,"d":"2,053.00"}},{"v":2088,"d":"2,088.00"},420,0,0,0,0,0,0,0,0,0,0,0,0,0,0,0,{"v":24636,"d":"24,636"},{"v":25056,"d":"25,056"},{"$f":"+E665*Z665","v":{"v":25056,"d":"25,056.00"}}]
[{"$nulls":26},0,0,0,0,0,0,0,0,0,0,0,0,0,0,0,0,0,0," "]
["4.1.22","Termination for 25mm² 4 core cable",{"$nulls":24},0,0,0,0,0,0,0,0,0,0,0,0,0,0,0,0,0,0," "]
[null,"       Supply","each",32,116.45,{"v":3726.4,"d":"3,726.40"},{"$f":"+'Block Breakdown This'!G668+'Block Breakdown Prev'!G668","v":{"v":2,"d":"2.00"}},{"$f":"+'Block Breakdown This'!H668+'Block Breakdown Prev'!H668","v":{"v":0,"d":"0.00"}},{"$f":"+'Block Breakdown This'!I668+'Block Breakdown Prev'!I668","v":{"v":0,"d":"0.00"}},{"$f":"+'Block Breakdown This'!J668+'Block Breakdown Prev'!J668","v":{"v":0,"d":"0.00"}},{"$f":"+'Block Breakdown This'!K668+'Block Breakdown Prev'!K668","v":{"v":0,"d":"0.00"}},{"$f":"+'Block Breakdown This'!L668+'Block Breakdown Prev'!L668","v":{"v":0,"d":"0.00"}},{"$f":"+'Block Breakdown This'!M668+'Block Breakdown Prev'!M668","v":{"v":0,"d":"0.00"}},{"$f":"+'Block Breakdown This'!N668+'Block Breakdown Prev'!N668","v":{"v":2,"d":"2.00"}},{"$f":"+'Block Breakdown This'!O668+'Block Breakdown Prev'!O668","v":{"v":0,"d":"0.00"}},{"$f":"+'Block Breakdown This'!P668+'Block Breakdown Prev'!P668","v":{"v":0,"d":"0.00"}},{"$f":"+'Block Breakdown This'!Q668+'Block Breakdown Prev'!Q668","v":{"v":0,"d":"0.00"}},{"$f":"+'Block Breakdown This'!R668+'Block Breakdown Prev'!R668","v":{"v":0,"d":"0.00"}},{"$f":"+'Block Breakdown This'!S668+'Block Breakdown Prev'!S668","v":{"v":0,"d":"0.00"}},{"$f":"+'Block Breakdown This'!T668+'Block Breakdown Prev'!T668","v":{"v":0,"d":"0.00"}},{"$f":"+'Block Breakdown This'!U668+'Block Breakdown Prev'!U668","v":{"v":0,"d":"0.00"}},{"$f":"+'Block Breakdown This'!V668+'Block Breakdown Prev'!V668","v":{"v":0,"d":"0.00"}},{"$f":"+'Block Breakdown This'!W668+'Block Breakdown Prev'!W668","v":{"v":0,"d":"0.00"}},{"$f":"+'Block Breakdown This'!X668+'Block Breakdown Prev'!X668","v":{"v":0,"d":"0.00"}},{"$f":"+'Block Breakdown This'!Y668+'Block Breakdown Prev'!Y668","v":{"v":72,"d":"72.00"}},{"v":76,"d":"76.00"},{"v":232.9,"d":"233"},0,0,0,0,0,0,{"v":232.9,"d":"233"},0,0,0,0,0,0,0,0,{"v":8384.4,"d":"8,384"},{"v":8850.199999999999,"d":"8,850"},{"$f":"+E668*Z668","v":{"v":8850.2,"d":"8,850.20"}}]
[null,"       Install","each",{"$f":"D668","v":32},{"v":220,"d":"220.00"},{"v":7040,"d":"7,040.00"},{"$f":"+'Block Breakdown This'!G669+'Block Breakdown Prev'!G669","v":{"v":2,"d":"2.00"}},{"$f":"+'Block Breakdown This'!H669+'Block Breakdown Prev'!H669","v":{"v":0,"d":"0.00"}},{"$f":"+'Block Breakdown This'!I669+'Block Breakdown Prev'!I669","v":{"v":0,"d":"0.00"}},{"$f":"+'Block Breakdown This'!J669+'Block Breakdown Prev'!J669","v":{"v":0,"d":"0.00"}},{"$f":"+'Block Breakdown This'!K669+'Block Breakdown Prev'!K669","v":{"v":0,"d":"0.00"}},{"$f":"+'Block Breakdown This'!L669+'Block Breakdown Prev'!L669","v":{"v":0,"d":"0.00"}},{"$f":"+'Block Breakdown This'!M669+'Block Breakdown Prev'!M669","v":{"v":0,"d":"0.00"}},{"$f":"+'Block Breakdown This'!N669+'Block Breakdown Prev'!N669","v":{"v":2,"d":"2.00"}},{"$f":"+'Block Breakdown This'!O669+'Block Breakdown Prev'!O669","v":{"v":0,"d":"0.00"}},{"$f":"+'Block Breakdown This'!P669+'Block Breakdown Prev'!P669","v":{"v":0,"d":"0.00"}},{"$f":"+'Block Breakdown This'!Q669+'Block Breakdown Prev'!Q669","v":{"v":0,"d":"0.00"}},{"$f":"+'Block Breakdown This'!R669+'Block Breakdown Prev'!R669","v":{"v":0,"d":"0.00"}},{"$f":"+'Block Breakdown This'!S669+'Block Breakdown Prev'!S669","v":{"v":0,"d":"0.00"}},{"$f":"+'Block Breakdown This'!T669+'Block Breakdown Prev'!T669","v":{"v":0,"d":"0.00"}},{"$f":"+'Block Breakdown This'!U669+'Block Breakdown Prev'!U669","v":{"v":0,"d":"0.00"}},{"$f":"+'Block Breakdown This'!V669+'Block Breakdown Prev'!V669","v":{"v":0,"d":"0.00"}},{"$f":"+'Block Breakdown This'!W669+'Block Breakdown Prev'!W669","v":{"v":0,"d":"0.00"}},{"$f":"+'Block Breakdown This'!X669+'Block Breakdown Prev'!X669","v":{"v":0,"d":"0.00"}},{"$f":"+'Block Breakdown This'!Y669+'Block Breakdown Prev'!Y669","v":{"v":68,"d":"68.00"}},{"v":72,"d":"72.00"},440,0,0,0,0,0,0,440,0,0,0,0,0,0,0,0,{"v":14960,"d":"14,960"},{"v":15840,"d":"15,840"},{"$f":"+E669*Z669","v":{"v":15840,"d":"15,840.00"}}]
[{"$nulls":26},0,0,0,0,0,0,0,0,0,0,0,0,0,0,0,0,0,0]
["4.1.23","16mm² 4 core",{"$nulls":24},0,0,0,0,0,0,0,0,0,0,0,0,0,0,0,0,0,0," "]
[null,"       Supply","m",{"$f":"3000+385","v":{"v":3385,"d":"3,385"}},{"v":69.5,"d":"69.50"},{"v":235257.5,"d":"235,257.50"},{"$f":"+'Block Breakdown This'!G672+'Block Breakdown Prev'!G672","v":{"v":35,"d":"35.00"}},{"$f":"+'Block Breakdown This'!H672+'Block Breakdown Prev'!H672","v":{"v":0,"d":"0.00"}},{"$f":"+'Block Breakdown This'!I672+'Block Breakdown Prev'!I672","v":{"v":0,"d":"0.00"}},{"$f":"+'Block Breakdown This'!J672+'Block Breakdown Prev'!J672","v":{"v":0,"d":"0.00"}},{"$f":"+'Block Breakdown This'!K672+'Block Breakdown Prev'!K672","v":{"v":0,"d":"0.00"}},{"$f":"+'Block Breakdown This'!L672+'Block Breakdown Prev'!L672","v":{"v":0,"d":"0.00"}},{"$f":"+'Block Breakdown This'!M672+'Block Breakdown Prev'!M672","v":{"v":0,"d":"0.00"}},{"$f":"+'Block Breakdown This'!N672+'Block Breakdown Prev'!N672","v":{"v":0,"d":"0.00"}},{"$f":"+'Block Breakdown This'!O672+'Block Breakdown Prev'!O672","v":{"v":0,"d":"0.00"}},{"$f":"+'Block Breakdown This'!P672+'Block Breakdown Prev'!P672","v":{"v":0,"d":"0.00"}},{"$f":"+'Block Breakdown This'!Q672+'Block Breakdown Prev'!Q672","v":{"v":0,"d":"0.00"}},{"$f":"+'Block Breakdown This'!R672+'Block Breakdown Prev'!R672","v":{"v":0,"d":"0.00"}},{"$f":"+'Block Breakdown This'!S672+'Block Breakdown Prev'!S672","v":{"v":0,"d":"0.00"}},{"$f":"+'Block Breakdown This'!T672+'Block Breakdown Prev'!T672","v":{"v":0,"d":"0.00"}},{"$f":"+'Block Breakdown This'!U672+'Block Breakdown Prev'!U672","v":{"v":0,"d":"0.00"}},{"$f":"+'Block Breakdown This'!V672+'Block Breakdown Prev'!V672","v":{"v":0,"d":"0.00"}},{"$f":"+'Block Breakdown This'!W672+'Block Breakdown Prev'!W672","v":{"v":0,"d":"0.00"}},{"$f":"+'Block Breakdown This'!X672+'Block Breakdown Prev'!X672","v":{"v":0,"d":"0.00"}},{"$f":"+'Block Breakdown This'!Y672+'Block Breakdown Prev'!Y672","v":{"v":898,"d":"898.00"}},{"v":933,"d":"933.00"},{"v":2432.5,"d":"2,433"},0,0,0,0,0,0,0,0,0,0,0,0,0,0,0,{"v":62411,"d":"62,411"},{"v":64843.5,"d":"64,844"},{"$f":"+E672*Z672","v":{"v":64843.5,"d":"64,843.50"}}]
[null,"       Install","m",{"$f":"D672","v":{"v":3385,"d":"3,385"}},{"v":11,"d":"11.00"},{"v":37235,"d":"37,235.00"},{"$f":"+'Block Breakdown This'!G673+'Block Breakdown Prev'!G673","v":{"v":35,"d":"35.00"}},{"$f":"+'Block Breakdown This'!H673+'Block Breakdown Prev'!H673","v":{"v":0,"d":"0.00"}},{"$f":"+'Block Breakdown This'!I673+'Block Breakdown Prev'!I673","v":{"v":0,"d":"0.00"}},{"$f":"+'Block Breakdown This'!J673+'Block Breakdown Prev'!J673","v":{"v":0,"d":"0.00"}},{"$f":"+'Block Breakdown This'!K673+'Block Breakdown Prev'!